{"text_format":"3","workbook":"xlsx","n_sheets":4,"sheets":["Table S1","Table S2","Table S3","Table S4"],"read":"whole","date_system":"1900"}

{"sheet":"Table S1","index":0,"n_rows":7144,"n_cols":40,"rows_kept":2250,"cut":true,"bounds":{"rows_first":1000,"rows_last":250,"rows_between":1000,"halvings":1}}
["SNP","effect_allele.exposure","other_allele.exposure","effect_allele.outcome","other_allele.outcome","beta.exposure","beta.outcome","eaf.exposure","eaf.outcome","remove","palindromic","ambiguous","id.outcome","pos.outcome","pval.outcome","se.outcome","outcome","mr_keep.outcome","data_source.outcome","id.exposure","chr.exposure","pos.exposure","se.exposure","pval.exposure","samplesize.exposure","exposure","mr_keep.exposure","pval_origin.exposure","data_source.exposure","action","mr_keep","rsq.exposure","effective_n.exposure","steiger_dir","steiger_pval","is_steiger_succ","R2","F","FMean","F_pow_beta_se"]
["rs10112022","A","C","A","C",0.044871746,0.015619813,0.2157,0.356181359,false,false,false,"ebi-eas-GCST90018603",null,0.493891406,0.022831556,"Chronic sinusitis || id:ebi-eas-GCST90018603",true,"MedicineITLab","enigma3-withglobal-bankssts-surfavg",8,58674089,0.009859352,{"v":5.33e-6,"d":"5.33E-06"},30386,"wSA_Mean_bankssts_surfavg || id:enigma3-withglobal-bankssts-surfavg",true,"reported","MedicineITLab",2,true,0.000681253,30386,true,0.000100483,null,0.000681253,20.71329574,25.26983511,20.71329574]
["rs10760464","A","G","A","G",0.039704958,0.027497509,0.6979,0.702096376,false,false,false,"ebi-eas-GCST90018603",null,0.241779442,0.023491089,"Chronic sinusitis || id:ebi-eas-GCST90018603",true,"MedicineITLab","enigma3-withglobal-bankssts-surfavg",9,129661019,0.008831738,{"v":6.94e-6,"d":"6.94E-06"},30386,"wSA_Mean_bankssts_surfavg || id:enigma3-withglobal-bankssts-surfavg",true,"reported","MedicineITLab",2,true,0.000664758,30386,true,0.000269775,null,0.000664758,20.2114347,25.26983511,20.2114347]
["rs10784446","A","G","A","G",-0.036956322,-0.0124845,0.3811,0.415029117,false,false,false,"ebi-eas-GCST90018603",null,0.564155008,0.021648887,"Chronic sinusitis || id:ebi-eas-GCST90018603",true,"MedicineITLab","enigma3-withglobal-bankssts-surfavg",12,65764979,0.008350123,{"v":9.61e-6,"d":"9.61E-06"},30386,"wSA_Mean_bankssts_surfavg || id:enigma3-withglobal-bankssts-surfavg",true,"reported","MedicineITLab",2,true,0.000644269,30386,true,0.000134525,null,0.000644269,19.58807453,25.26983511,19.58807453]
["rs10875240","T","C","T","C",0.036512101,0.017958066,0.4728,0.833157524,false,false,false,"ebi-eas-GCST90018603",null,0.531973594,0.028733084,"Chronic sinusitis || id:ebi-eas-GCST90018603",true,"MedicineITLab","enigma3-withglobal-bankssts-surfavg",1,100099532,0.008122538,{"v":6.96e-6,"d":"6.96E-06"},30386,"wSA_Mean_bankssts_surfavg || id:enigma3-withglobal-bankssts-surfavg",true,"reported","MedicineITLab",2,true,0.000664594,30386,true,0.000112471,null,0.000664594,20.20645791,25.26983511,20.20645791]
["rs12354622","A","G","A","G",0.042709255,-0.00296408,0.2538,0.175066662,false,false,false,"ebi-eas-GCST90018603",null,0.916653479,0.028323722,"Chronic sinusitis || id:ebi-eas-GCST90018603",true,"MedicineITLab","enigma3-withglobal-bankssts-surfavg",10,126842554,0.009377485,{"v":5.25e-6,"d":"5.25E-06"},30004,"wSA_Mean_bankssts_surfavg || id:enigma3-withglobal-bankssts-surfavg",true,"reported","MedicineITLab",2,true,0.000690909,30004,true,{"v":3.62e-5,"d":"3.62E-05"},null,0.000690909,20.74298339,25.26983511,20.74298339]
["rs12516225","T","G","T","G",-0.041636761,-0.029361547,0.3045,0.271050006,false,false,false,"ebi-eas-GCST90018603",null,0.218969968,0.02388532,"Chronic sinusitis || id:ebi-eas-GCST90018603",true,"MedicineITLab","enigma3-withglobal-bankssts-surfavg",5,94001174,0.008811722,{"v":2.3e-6,"d":"2.30E-06"},30386,"wSA_Mean_bankssts_surfavg || id:enigma3-withglobal-bankssts-surfavg",true,"reported","MedicineITLab",2,true,0.000734291,30386,true,0.000128671,null,0.000734291,22.32709723,25.26983511,22.32709723]
["rs13112241","A","G","A","G",0.043618774,0.030156962,0.256,0.540441716,false,false,false,"ebi-eas-GCST90018603",null,0.179696719,0.022476857,"Chronic sinusitis || id:ebi-eas-GCST90018603",true,"MedicineITLab","enigma3-withglobal-bankssts-surfavg",4,40966515,0.009291774,{"v":2.67e-6,"d":"2.67E-06"},30386,"wSA_Mean_bankssts_surfavg || id:enigma3-withglobal-bankssts-surfavg",true,"reported","MedicineITLab",2,true,0.000724753,30386,true,0.000172989,null,0.000724753,22.03685597,25.26983511,22.03685597]
["rs13392894","T","C","T","C",-0.039768441,-0.033782432,0.2981,0.264044324,false,false,false,"ebi-eas-GCST90018603",null,0.162674553,0.024197151,"Chronic sinusitis || id:ebi-eas-GCST90018603",true,"MedicineITLab","enigma3-withglobal-bankssts-surfavg",2,58124471,0.008865437,{"v":7.27e-6,"d":"7.27E-06"},30386,"wSA_Mean_bankssts_surfavg || id:enigma3-withglobal-bankssts-surfavg",true,"reported","MedicineITLab",2,true,0.000661827,30386,true,0.000395962,null,0.000661827,20.12226279,25.26983511,20.12226279]
["rs160458","T","C","T","C",-0.054879046,0.002185229,0.5145,0.687476899,false,false,false,"ebi-eas-GCST90018603",null,0.92603517,0.02353902,"Chronic sinusitis || id:ebi-eas-GCST90018603",true,"MedicineITLab","enigma3-withglobal-bankssts-surfavg",14,59074878,0.008110512,{"v":1.32e-11,"d":"1.32E-11"},30386,"wSA_Mean_bankssts_surfavg || id:enigma3-withglobal-bankssts-surfavg",true,"reported","MedicineITLab",2,true,0.001504588,30386,true,{"v":7.55e-10,"d":"7.55E-10"},null,0.001504588,45.78430046,25.26983511,45.78430046]
["rs2043294","A","T","A","T",-0.057646924,-0.037949359,0.8211,0.945293801,false,true,false,"ebi-eas-GCST90018603",null,0.421750382,0.047236639,"Chronic sinusitis || id:ebi-eas-GCST90018603",true,"MedicineITLab","enigma3-withglobal-bankssts-surfavg",19,32207820,0.010818864,{"v":9.91e-8,"d":"9.91E-08"},29054,"wSA_Mean_bankssts_surfavg || id:enigma3-withglobal-bankssts-surfavg",true,"reported","MedicineITLab",2,true,0.000976312,29054,true,{"v":4.74e-6,"d":"4.74E-06"},null,0.000976312,28.39153807,25.26983511,28.39153807]
["rs2237430","T","C","T","C",-0.041739482,0.009690524,0.6745,0.163905144,false,false,false,"ebi-eas-GCST90018603",null,0.74131863,0.029355649,"Chronic sinusitis || id:ebi-eas-GCST90018603",true,"MedicineITLab","enigma3-withglobal-bankssts-surfavg",7,42026272,0.008654259,{"v":1.41e-6,"d":"1.41E-06"},30386,"wSA_Mean_bankssts_surfavg || id:enigma3-withglobal-bankssts-surfavg",true,"reported","MedicineITLab",2,true,0.000764992,30386,true,{"v":1.86e-5,"d":"1.86E-05"},null,0.000764992,23.26132052,25.26983511,23.26132052]
["rs2783680","A","G","A","G",0.0365768,0.01898203,0.4147,0.007614909,false,false,false,"ebi-eas-GCST90018603",null,0.877507946,0.123156692,"Chronic sinusitis || id:ebi-eas-GCST90018603",true,"MedicineITLab","enigma3-withglobal-bankssts-surfavg",1,26511700,0.008231238,{"v":8.84e-6,"d":"8.84E-06"},30386,"wSA_Mean_bankssts_surfavg || id:enigma3-withglobal-bankssts-surfavg",true,"reported","MedicineITLab",2,true,0.000649462,30386,true,{"v":6.21e-5,"d":"6.21E-05"},null,0.000649462,19.7460881,25.26983511,19.7460881]
["rs60856912","T","G","T","G",0.0514154,-0.05053625,0.1743,0.661117343,false,false,false,"ebi-eas-GCST90018603",null,0.032748008,0.02366861,"Chronic sinusitis || id:ebi-eas-GCST90018603",true,"MedicineITLab","enigma3-withglobal-bankssts-surfavg",17,65892343,0.010689008,{"v":1.51e-6,"d":"1.51E-06"},30386,"wSA_Mean_bankssts_surfavg || id:enigma3-withglobal-bankssts-surfavg",true,"reported","MedicineITLab",2,true,0.000760915,30386,true,0.000397413,null,0.000760915,23.13724476,25.26983511,23.13724476]
["rs62247579","A","G","A","G",-0.050330296,0.050888275,0.1508,0.269455268,false,false,false,"ebi-eas-GCST90018603",null,0.034853041,0.02411696,"Chronic sinusitis || id:ebi-eas-GCST90018603",true,"MedicineITLab","enigma3-withglobal-bankssts-surfavg",3,64557793,0.011332245,{"v":8.95e-6,"d":"8.95E-06"},30386,"wSA_Mean_bankssts_surfavg || id:enigma3-withglobal-bankssts-surfavg",true,"reported","MedicineITLab",2,true,0.000648784,30386,true,0.001306748,null,0.000648784,19.72545775,25.26983511,19.72545775]
["rs62384380","A","C","A","C",-0.154364848,-0.035210953,0.0193,0.086578998,false,false,false,"ebi-eas-GCST90018603",null,0.360944142,0.038542256,"Chronic sinusitis || id:ebi-eas-GCST90018603",true,"MedicineITLab","enigma3-withglobal-bankssts-surfavg",5,167315039,0.030995394,{"v":6.35e-7,"d":"6.35E-07"},27474,"wSA_Mean_bankssts_surfavg || id:enigma3-withglobal-bankssts-surfavg",true,"reported","MedicineITLab",2,true,0.000902029,27474,true,{"v":2.23e-5,"d":"2.23E-05"},null,0.000902029,24.80290202,25.26983511,24.80290202]
["rs626186","T","C","T","C",-0.048044183,0.033322715,0.793,0.782269006,false,false,false,"ebi-eas-GCST90018603",null,0.204624232,0.026269663,"Chronic sinusitis || id:ebi-eas-GCST90018603",true,"MedicineITLab","enigma3-withglobal-bankssts-surfavg",2,4545705,0.010008665,{"v":1.59e-6,"d":"1.59E-06"},30386,"wSA_Mean_bankssts_surfavg || id:enigma3-withglobal-bankssts-surfavg",true,"reported","MedicineITLab",2,true,0.000757801,30386,true,0.000103642,null,0.000757801,23.04248573,25.26983511,23.04248573]
["rs6565627","T","C","T","C",-0.047370223,-0.033641061,0.2994,0.172083586,false,false,false,"ebi-eas-GCST90018603",null,0.236139827,0.028396496,"Chronic sinusitis || id:ebi-eas-GCST90018603",true,"MedicineITLab","enigma3-withglobal-bankssts-surfavg",17,77829370,0.008943515,{"v":1.18e-7,"d":"1.18E-07"},29775,"wSA_Mean_bankssts_surfavg || id:enigma3-withglobal-bankssts-surfavg",true,"reported","MedicineITLab",2,true,0.000941375,29775,true,{"v":1.18e-5,"d":"1.18E-05"},null,0.000941375,28.05397535,25.26983511,28.05397535]
["rs66743582","T","C","T","C",0.037414064,0.024768715,0.4032,0.362476214,false,false,false,"ebi-eas-GCST90018603",null,0.264444344,0.022195221,"Chronic sinusitis || id:ebi-eas-GCST90018603",true,"MedicineITLab","enigma3-withglobal-bankssts-surfavg",11,30603413,0.008266878,{"v":6.01e-6,"d":"6.01E-06"},30386,"wSA_Mean_bankssts_surfavg || id:enigma3-withglobal-bankssts-surfavg",true,"reported","MedicineITLab",2,true,0.000673673,30386,true,0.000222303,null,0.000673673,20.48267708,25.26983511,20.48267708]
["rs7079002","T","C","T","C",0.038025578,-0.026548063,0.6277,0.485667696,false,false,false,"ebi-eas-GCST90018603",null,0.213817931,0.021355729,"Chronic sinusitis || id:ebi-eas-GCST90018603",true,"MedicineITLab","enigma3-withglobal-bankssts-surfavg",10,34714686,0.008388671,{"v":5.82e-6,"d":"5.82E-06"},30386,"wSA_Mean_bankssts_surfavg || id:enigma3-withglobal-bankssts-surfavg",true,"reported","MedicineITLab",2,true,0.000675813,30386,true,0.000264738,null,0.000675813,20.54780149,25.26983511,20.54780149]
["rs7158872","T","G","T","G",-0.036836294,0.016880327,0.5963,0.145026768,false,false,false,"ebi-eas-GCST90018603",null,0.576833868,0.030250648,"Chronic sinusitis || id:ebi-eas-GCST90018603",true,"MedicineITLab","enigma3-withglobal-bankssts-surfavg",14,49426842,0.008291543,{"v":8.9e-6,"d":"8.90E-06"},30194,"wSA_Mean_bankssts_surfavg || id:enigma3-withglobal-bankssts-surfavg",true,"reported","MedicineITLab",2,true,0.000653289,30194,true,0.000121249,null,0.000653289,19.73699895,25.26983511,19.73699895]
["rs73006822","T","C","T","C",0.067693676,0.01203645,0.15,0.20287745,false,false,false,"ebi-eas-GCST90018603",null,0.652646989,0.026742438,"Chronic sinusitis || id:ebi-eas-GCST90018603",true,"MedicineITLab","enigma3-withglobal-bankssts-surfavg",19,13109955,0.011900297,{"v":1.28e-8,"d":"1.28E-08"},27661,"wSA_Mean_bankssts_surfavg || id:enigma3-withglobal-bankssts-surfavg",true,"reported","MedicineITLab",2,true,0.001168521,27661,true,{"v":3.99e-7,"d":"3.99E-07"},null,0.001168521,32.35792211,25.26983511,32.35792211]
["rs76289875","A","G","A","G",0.064285227,-0.016850383,0.0996,0.143985724,false,false,false,"ebi-eas-GCST90018603",null,0.583857047,0.030762374,"Chronic sinusitis || id:ebi-eas-GCST90018603",true,"MedicineITLab","enigma3-withglobal-bankssts-surfavg",4,44457091,0.013540214,{"v":2.06e-6,"d":"2.06E-06"},30390,"wSA_Mean_bankssts_surfavg || id:enigma3-withglobal-bankssts-surfavg",true,"reported","MedicineITLab",2,true,0.00074122,30390,true,{"v":3.72e-5,"d":"3.72E-05"},null,0.00074122,22.54090393,25.26983511,22.54090393]
["rs7862092","T","G","T","G",0.083312925,0.019128478,0.9222,0.92575688,false,false,false,"ebi-eas-GCST90018603",null,0.637179276,0.040556829,"Chronic sinusitis || id:ebi-eas-GCST90018603",true,"MedicineITLab","enigma3-withglobal-bankssts-surfavg",9,126603989,0.015137138,{"v":3.71e-8,"d":"3.71E-08"},30386,"wSA_Mean_bankssts_surfavg || id:enigma3-withglobal-bankssts-surfavg",true,"reported","MedicineITLab",2,true,0.000996,30386,true,{"v":1.26e-6,"d":"1.26E-06"},null,0.000996,30.29264535,25.26983511,30.29264535]
["rs8107678","A","C","A","C",-0.091248705,-0.057896616,0.9418,0.824956654,false,false,false,"ebi-eas-GCST90018603",null,0.047208068,0.029175458,"Chronic sinusitis || id:ebi-eas-GCST90018603",true,"MedicineITLab","enigma3-withglobal-bankssts-surfavg",19,55933246,0.020553251,{"v":9.01e-6,"d":"9.01E-06"},21576,"wSA_Mean_bankssts_surfavg || id:enigma3-withglobal-bankssts-surfavg",true,"reported","MedicineITLab",2,true,0.000912778,21576,true,0.000516985,null,0.000912778,19.71026019,25.26983511,19.71026019]
["rs9321751","A","G","A","G",-0.040334664,-0.014890145,0.6233,0.929730167,false,false,false,"ebi-eas-GCST90018603",null,0.719654353,0.041485882,"Chronic sinusitis || id:ebi-eas-GCST90018603",true,"MedicineITLab","enigma3-withglobal-bankssts-surfavg",6,140003761,0.00845654,{"v":1.85e-6,"d":"1.85E-06"},29757,"wSA_Mean_bankssts_surfavg || id:enigma3-withglobal-bankssts-surfavg",true,"reported","MedicineITLab",2,true,0.000763976,29757,true,{"v":2.35e-5,"d":"2.35E-05"},null,0.000763976,22.74948161,25.26983511,22.74948161]
["rs9436222","C","G","C","G",0.044812157,-0.042661249,0.6752,0.772902002,false,true,false,"ebi-eas-GCST90018603",null,0.098468064,0.025818902,"Chronic sinusitis || id:ebi-eas-GCST90018603",true,"MedicineITLab","enigma3-withglobal-bankssts-surfavg",1,62903363,0.008658586,{"v":2.27e-7,"d":"2.27E-07"},30386,"wSA_Mean_bankssts_surfavg || id:enigma3-withglobal-bankssts-surfavg",true,"reported","MedicineITLab",2,true,0.000880785,30386,true,{"v":4.69e-5,"d":"4.69E-05"},null,0.000880785,26.78537799,25.26983511,26.78537799]
["rs9634160","T","C","T","C",-0.040763283,0.002931313,0.4236,0.178187942,false,false,false,"ebi-eas-GCST90018603",null,0.925719192,0.031441031,"Chronic sinusitis || id:ebi-eas-GCST90018603",true,"MedicineITLab","enigma3-withglobal-bankssts-surfavg",12,6826967,0.008912424,{"v":4.79e-6,"d":"4.79E-06"},25762,"wSA_Mean_bankssts_surfavg || id:enigma3-withglobal-bankssts-surfavg",true,"reported","MedicineITLab",2,true,0.000811425,25762,true,{"v":2.63e-5,"d":"2.63E-05"},null,0.000811425,20.91927457,25.26983511,20.91927457]
["rs10112022","A","C","A","C",0.044871746,{"v":9.32e-5,"d":"9.32E-05"},0.2157,0.2208,false,false,false,"ukb-b-69",null,0.649999,0.000204843,"Non-cancer illness code, self-reported: chronic sinusitis || id:ukb-b-69",true,"igd","enigma3-withglobal-bankssts-surfavg",8,58674089,0.009859352,{"v":5.33e-6,"d":"5.33E-06"},30386,"wSA_Mean_bankssts_surfavg || id:enigma3-withglobal-bankssts-surfavg",true,"reported","MedicineITLab",2,true,0.000681253,30386,true,{"v":1.74e-5,"d":"1.74E-05"},null,0.000681253,20.71329574,25.26983511,20.71329574]
["rs10760464","A","G","A","G",0.039704958,{"v":2.93e-5,"d":"2.93E-05"},0.6979,0.688523,false,false,false,"ukb-b-69",null,0.87,0.000176963,"Non-cancer illness code, self-reported: chronic sinusitis || id:ukb-b-69",true,"igd","enigma3-withglobal-bankssts-surfavg",9,129661019,0.008831738,{"v":6.94e-6,"d":"6.94E-06"},30386,"wSA_Mean_bankssts_surfavg || id:enigma3-withglobal-bankssts-surfavg",true,"reported","MedicineITLab",2,true,0.000664758,30386,true,{"v":1.61e-5,"d":"1.61E-05"},null,0.000664758,20.2114347,25.26983511,20.2114347]
["rs10784446","A","G","A","G",-0.036956322,{"v":5.85e-5,"d":"5.85E-05"},0.3811,0.373194,false,false,false,"ukb-b-69",null,0.73,0.000169527,"Non-cancer illness code, self-reported: chronic sinusitis || id:ukb-b-69",true,"igd","enigma3-withglobal-bankssts-surfavg",12,65764979,0.008350123,{"v":9.61e-6,"d":"9.61E-06"},30386,"wSA_Mean_bankssts_surfavg || id:enigma3-withglobal-bankssts-surfavg",true,"reported","MedicineITLab",2,true,0.000644269,30386,true,{"v":2.65e-5,"d":"2.65E-05"},null,0.000644269,19.58807453,25.26983511,19.58807453]
["rs10875240","T","C","T","C",0.036512101,0.000236855,0.4728,0.467676,false,false,false,"ukb-b-69",null,0.15,0.000164504,"Non-cancer illness code, self-reported: chronic sinusitis || id:ukb-b-69",true,"igd","enigma3-withglobal-bankssts-surfavg",1,100099532,0.008122538,{"v":6.96e-6,"d":"6.96E-06"},30386,"wSA_Mean_bankssts_surfavg || id:enigma3-withglobal-bankssts-surfavg",true,"reported","MedicineITLab",2,true,0.000664594,30386,true,{"v":6.42e-5,"d":"6.42E-05"},null,0.000664594,20.20645791,25.26983511,20.20645791]
["rs12354622","A","G","A","G",0.042709255,0.000110327,0.2538,0.262042,false,false,false,"ukb-b-69",null,0.56,0.000187398,"Non-cancer illness code, self-reported: chronic sinusitis || id:ukb-b-69",true,"igd","enigma3-withglobal-bankssts-surfavg",10,126842554,0.009377485,{"v":5.25e-6,"d":"5.25E-06"},30004,"wSA_Mean_bankssts_surfavg || id:enigma3-withglobal-bankssts-surfavg",true,"reported","MedicineITLab",2,true,0.000690909,30004,true,{"v":1.97e-5,"d":"1.97E-05"},null,0.000690909,20.74298339,25.26983511,20.74298339]
["rs12516225","T","G","T","G",-0.041636761,{"v":7.2e-5,"d":"7.20E-05"},0.3045,0.306352,false,false,false,"ukb-b-69",null,0.69,0.000177786,"Non-cancer illness code, self-reported: chronic sinusitis || id:ukb-b-69",true,"igd","enigma3-withglobal-bankssts-surfavg",5,94001174,0.008811722,{"v":2.3e-6,"d":"2.30E-06"},30386,"wSA_Mean_bankssts_surfavg || id:enigma3-withglobal-bankssts-surfavg",true,"reported","MedicineITLab",2,true,0.000734291,30386,true,{"v":7.6e-6,"d":"7.60E-06"},null,0.000734291,22.32709723,25.26983511,22.32709723]
["rs13112241","A","G","A","G",0.043618774,0.000231563,0.256,0.255535,false,false,false,"ukb-b-69",null,0.22,0.000188377,"Non-cancer illness code, self-reported: chronic sinusitis || id:ukb-b-69",true,"igd","enigma3-withglobal-bankssts-surfavg",4,40966515,0.009291774,{"v":2.67e-6,"d":"2.67E-06"},30386,"wSA_Mean_bankssts_surfavg || id:enigma3-withglobal-bankssts-surfavg",true,"reported","MedicineITLab",2,true,0.000724753,30386,true,{"v":2.22e-5,"d":"2.22E-05"},null,0.000724753,22.03685597,25.26983511,22.03685597]
["rs13392894","T","C","T","C",-0.039768441,0.00012958,0.2981,0.305624,false,false,false,"ukb-b-69",null,0.47,0.000178125,"Non-cancer illness code, self-reported: chronic sinusitis || id:ukb-b-69",true,"igd","enigma3-withglobal-bankssts-surfavg",2,58124471,0.008865437,{"v":7.27e-6,"d":"7.27E-06"},30386,"wSA_Mean_bankssts_surfavg || id:enigma3-withglobal-bankssts-surfavg",true,"reported","MedicineITLab",2,true,0.000661827,30386,true,{"v":3.12e-5,"d":"3.12E-05"},null,0.000661827,20.12226279,25.26983511,20.12226279]
["rs160458","T","C","T","C",-0.054879046,-0.000370884,0.5145,0.516174,false,false,false,"ukb-b-69",null,0.0239999,0.000164586,"Non-cancer illness code, self-reported: chronic sinusitis || id:ukb-b-69",true,"igd","enigma3-withglobal-bankssts-surfavg",14,59074878,0.008110512,{"v":1.32e-11,"d":"1.32E-11"},30386,"wSA_Mean_bankssts_surfavg || id:enigma3-withglobal-bankssts-surfavg",true,"reported","MedicineITLab",2,true,0.001504588,30386,true,{"v":2.05e-9,"d":"2.05E-09"},null,0.001504588,45.78430046,25.26983511,45.78430046]
["rs2043294","A","T","A","T",-0.057646924,-0.00014702,0.8211,0.818489,false,true,false,"ukb-b-69",null,0.49,0.00021492,"Non-cancer illness code, self-reported: chronic sinusitis || id:ukb-b-69",true,"igd","enigma3-withglobal-bankssts-surfavg",19,32207820,0.010818864,{"v":9.91e-8,"d":"9.91E-08"},29054,"wSA_Mean_bankssts_surfavg || id:enigma3-withglobal-bankssts-surfavg",true,"reported","MedicineITLab",2,true,0.000976312,29054,true,{"v":5.69e-7,"d":"5.69E-07"},null,0.000976312,28.39153807,25.26983511,28.39153807]
["rs2237430","T","C","T","C",-0.041739482,-0.000211939,0.6745,0.684899,false,false,false,"ukb-b-69",null,0.23,0.000176708,"Non-cancer illness code, self-reported: chronic sinusitis || id:ukb-b-69",true,"igd","enigma3-withglobal-bankssts-surfavg",7,42026272,0.008654259,{"v":1.41e-6,"d":"1.41E-06"},30386,"wSA_Mean_bankssts_surfavg || id:enigma3-withglobal-bankssts-surfavg",true,"reported","MedicineITLab",2,true,0.000764992,30386,true,{"v":1.22e-5,"d":"1.22E-05"},null,0.000764992,23.26132052,25.26983511,23.26132052]
["rs2573727","A","G","A","G",-0.043884898,0.000242935,0.6568,0.659899,false,false,false,"ukb-b-69",null,0.16,0.000173254,"Non-cancer illness code, self-reported: chronic sinusitis || id:ukb-b-69",true,"igd","enigma3-withglobal-bankssts-surfavg",2,237926489,0.008738011,{"v":5.1e-7,"d":"5.10E-07"},29028,"wSA_Mean_bankssts_surfavg || id:enigma3-withglobal-bankssts-surfavg",true,"reported","MedicineITLab",2,true,0.000868242,29028,true,{"v":5.88e-6,"d":"5.88E-06"},null,0.000868242,25.22348178,25.26983511,25.22348178]
["rs2783680","A","G","A","G",0.0365768,{"v":1.29e-5,"d":"1.29E-05"},0.4147,0.415713,false,false,false,"ukb-b-69",null,0.94,0.000166558,"Non-cancer illness code, self-reported: chronic sinusitis || id:ukb-b-69",true,"igd","enigma3-withglobal-bankssts-surfavg",1,26511700,0.008231238,{"v":8.84e-6,"d":"8.84E-06"},30386,"wSA_Mean_bankssts_surfavg || id:enigma3-withglobal-bankssts-surfavg",true,"reported","MedicineITLab",2,true,0.000649462,30386,true,{"v":1.83e-5,"d":"1.83E-05"},null,0.000649462,19.7460881,25.26983511,19.7460881]
["rs60856912","T","G","T","G",0.0514154,-0.000173347,0.1743,0.162997,false,false,false,"ukb-b-69",null,0.44,0.000222934,"Non-cancer illness code, self-reported: chronic sinusitis || id:ukb-b-69",true,"igd","enigma3-withglobal-bankssts-surfavg",17,65892343,0.010689008,{"v":1.51e-6,"d":"1.51E-06"},30386,"wSA_Mean_bankssts_surfavg || id:enigma3-withglobal-bankssts-surfavg",true,"reported","MedicineITLab",2,true,0.000760915,30386,true,{"v":7.97e-6,"d":"7.97E-06"},null,0.000760915,23.13724476,25.26983511,23.13724476]
["rs62247579","A","G","A","G",-0.050330296,-0.000399886,0.1508,0.153835,false,false,false,"ukb-b-69",null,0.0810009,0.00022919,"Non-cancer illness code, self-reported: chronic sinusitis || id:ukb-b-69",true,"igd","enigma3-withglobal-bankssts-surfavg",3,64557793,0.011332245,{"v":8.95e-6,"d":"8.95E-06"},30386,"wSA_Mean_bankssts_surfavg || id:enigma3-withglobal-bankssts-surfavg",true,"reported","MedicineITLab",2,true,0.000648784,30386,true,0.00010935,null,0.000648784,19.72545775,25.26983511,19.72545775]
["rs626186","T","C","T","C",-0.048044183,-0.000156453,0.793,0.7986,false,false,false,"ukb-b-69",null,0.450001,0.000204902,"Non-cancer illness code, self-reported: chronic sinusitis || id:ukb-b-69",true,"igd","enigma3-withglobal-bankssts-surfavg",2,4545705,0.010008665,{"v":1.59e-6,"d":"1.59E-06"},30386,"wSA_Mean_bankssts_surfavg || id:enigma3-withglobal-bankssts-surfavg",true,"reported","MedicineITLab",2,true,0.000757801,30386,true,{"v":8.2e-6,"d":"8.20E-06"},null,0.000757801,23.04248573,25.26983511,23.04248573]
["rs6565627","T","C","T","C",-0.047370223,{"v":7.99e-5,"d":"7.99E-05"},0.2994,0.298796,false,false,false,"ukb-b-69",null,0.66,0.000179114,"Non-cancer illness code, self-reported: chronic sinusitis || id:ukb-b-69",true,"igd","enigma3-withglobal-bankssts-surfavg",17,77829370,0.008943515,{"v":1.18e-7,"d":"1.18E-07"},29775,"wSA_Mean_bankssts_surfavg || id:enigma3-withglobal-bankssts-surfavg",true,"reported","MedicineITLab",2,true,0.000941375,29775,true,{"v":5.07e-7,"d":"5.07E-07"},null,0.000941375,28.05397535,25.26983511,28.05397535]
["rs66743582","T","C","T","C",0.037414064,0.000194804,0.4032,0.410763,false,false,false,"ukb-b-69",null,0.24,0.000166892,"Non-cancer illness code, self-reported: chronic sinusitis || id:ukb-b-69",true,"igd","enigma3-withglobal-bankssts-surfavg",11,30603413,0.008266878,{"v":6.01e-6,"d":"6.01E-06"},30386,"wSA_Mean_bankssts_surfavg || id:enigma3-withglobal-bankssts-surfavg",true,"reported","MedicineITLab",2,true,0.000673673,30386,true,{"v":4.24e-5,"d":"4.24E-05"},null,0.000673673,20.48267708,25.26983511,20.48267708]
["rs7079002","T","C","T","C",0.038025578,{"v":-6.42e-5,"d":"-6.42E-05"},0.6277,0.634839,false,false,false,"ukb-b-69",null,0.709999,0.000170506,"Non-cancer illness code, self-reported: chronic sinusitis || id:ukb-b-69",true,"igd","enigma3-withglobal-bankssts-surfavg",10,34714686,0.008388671,{"v":5.82e-6,"d":"5.82E-06"},30386,"wSA_Mean_bankssts_surfavg || id:enigma3-withglobal-bankssts-surfavg",true,"reported","MedicineITLab",2,true,0.000675813,30386,true,{"v":1.73e-5,"d":"1.73E-05"},null,0.000675813,20.54780149,25.26983511,20.54780149]
["rs7158872","T","G","T","G",-0.036836294,0.000157387,0.5963,0.598767,false,false,false,"ukb-b-69",null,0.35,0.000167327,"Non-cancer illness code, self-reported: chronic sinusitis || id:ukb-b-69",true,"igd","enigma3-withglobal-bankssts-surfavg",14,49426842,0.008291543,{"v":8.9e-6,"d":"8.90E-06"},30194,"wSA_Mean_bankssts_surfavg || id:enigma3-withglobal-bankssts-surfavg",true,"reported","MedicineITLab",2,true,0.000653289,30194,true,{"v":4.68e-5,"d":"4.68E-05"},null,0.000653289,19.73699895,25.26983511,19.73699895]
["rs73006822","T","C","T","C",0.067693676,0.000328633,0.15,0.151352,false,false,false,"ukb-b-69",null,0.15,0.000228308,"Non-cancer illness code, self-reported: chronic sinusitis || id:ukb-b-69",true,"igd","enigma3-withglobal-bankssts-surfavg",19,13109955,0.011900297,{"v":1.28e-8,"d":"1.28E-08"},27661,"wSA_Mean_bankssts_surfavg || id:enigma3-withglobal-bankssts-surfavg",true,"reported","MedicineITLab",2,true,0.001168521,27661,true,{"v":2.19e-7,"d":"2.19E-07"},null,0.001168521,32.35792211,25.26983511,32.35792211]
["rs9321751","A","G","A","G",-0.040334664,-0.000124824,0.6233,0.605267,false,false,false,"ukb-b-69",null,0.46,0.000168694,"Non-cancer illness code, self-reported: chronic sinusitis || id:ukb-b-69",true,"igd","enigma3-withglobal-bankssts-surfavg",6,140003761,0.00845654,{"v":1.85e-6,"d":"1.85E-06"},29757,"wSA_Mean_bankssts_surfavg || id:enigma3-withglobal-bankssts-surfavg",true,"reported","MedicineITLab",2,true,0.000763976,29757,true,{"v":8.96e-6,"d":"8.96E-06"},null,0.000763976,22.74948161,25.26983511,22.74948161]
["rs9436222","C","G","C","G",0.044812157,0.000117098,0.6752,0.658938,false,true,false,"ukb-b-69",null,0.5,0.000174258,"Non-cancer illness code, self-reported: chronic sinusitis || id:ukb-b-69",true,"igd","enigma3-withglobal-bankssts-surfavg",1,62903363,0.008658586,{"v":2.27e-7,"d":"2.27E-07"},30386,"wSA_Mean_bankssts_surfavg || id:enigma3-withglobal-bankssts-surfavg",true,"reported","MedicineITLab",2,true,0.000880785,30386,true,{"v":1.26e-6,"d":"1.26E-06"},null,0.000880785,26.78537799,25.26983511,26.78537799]
["rs9634160","T","C","T","C",-0.040763283,-0.000239039,0.4236,0.422207,false,false,false,"ukb-b-69",null,0.16,0.000169721,"Non-cancer illness code, self-reported: chronic sinusitis || id:ukb-b-69",true,"igd","enigma3-withglobal-bankssts-surfavg",12,6826967,0.008912424,{"v":4.79e-6,"d":"4.79E-06"},25762,"wSA_Mean_bankssts_surfavg || id:enigma3-withglobal-bankssts-surfavg",true,"reported","MedicineITLab",2,true,0.000811425,25762,true,{"v":3.67e-5,"d":"3.67E-05"},null,0.000811425,20.91927457,25.26983511,20.91927457]
["rs10112022","A","C","A","C",0.044871746,{"v":-4.98e-5,"d":"-4.98E-05"},0.2157,0.22219,false,false,false,"ukb-d-J32",null,0.771719,0.00017174,"Diagnoses - main ICD10: J32 Chronic sinusitis || id:ukb-d-J32",true,"igd","enigma3-withglobal-bankssts-surfavg",8,58674089,0.009859352,{"v":5.33e-6,"d":"5.33E-06"},30386,"wSA_Mean_bankssts_surfavg || id:enigma3-withglobal-bankssts-surfavg",true,"reported","MedicineITLab",2,true,0.000681253,30386,true,{"v":1.79e-5,"d":"1.79E-05"},null,0.000681253,20.71329574,25.26983511,20.71329574]
["rs10760464","A","G","A","G",0.039704958,-0.000149267,0.6979,0.690655,false,false,false,"ukb-d-J32",null,0.316876,0.000149133,"Diagnoses - main ICD10: J32 Chronic sinusitis || id:ukb-d-J32",true,"igd","enigma3-withglobal-bankssts-surfavg",9,129661019,0.008831738,{"v":6.94e-6,"d":"6.94E-06"},30386,"wSA_Mean_bankssts_surfavg || id:enigma3-withglobal-bankssts-surfavg",true,"reported","MedicineITLab",2,true,0.000664758,30386,true,{"v":5.38e-5,"d":"5.38E-05"},null,0.000664758,20.2114347,25.26983511,20.2114347]
["rs10784446","A","G","A","G",-0.036956322,{"v":5.71e-5,"d":"5.71E-05"},0.3811,0.372864,false,false,false,"ukb-d-J32",null,0.68863,0.000142484,"Diagnoses - main ICD10: J32 Chronic sinusitis || id:ukb-d-J32",true,"igd","enigma3-withglobal-bankssts-surfavg",12,65764979,0.008350123,{"v":9.61e-6,"d":"9.61E-06"},30386,"wSA_Mean_bankssts_surfavg || id:enigma3-withglobal-bankssts-surfavg",true,"reported","MedicineITLab",2,true,0.000644269,30386,true,{"v":3.5e-5,"d":"3.50E-05"},null,0.000644269,19.58807453,25.26983511,19.58807453]
["rs10875240","T","C","T","C",0.036512101,{"v":-4.02e-5,"d":"-4.02E-05"},0.4728,0.464826,false,false,false,"ukb-d-J32",null,0.771555,0.000138294,"Diagnoses - main ICD10: J32 Chronic sinusitis || id:ukb-d-J32",true,"igd","enigma3-withglobal-bankssts-surfavg",1,100099532,0.008122538,{"v":6.96e-6,"d":"6.96E-06"},30386,"wSA_Mean_bankssts_surfavg || id:enigma3-withglobal-bankssts-surfavg",true,"reported","MedicineITLab",2,true,0.000664594,30386,true,{"v":2.28e-5,"d":"2.28E-05"},null,0.000664594,20.20645791,25.26983511,20.20645791]
["rs113379601","A","G","A","G",-0.116502007,0.00046277,0.0262,0.0237834,false,false,false,"ukb-d-J32",null,0.305358,0.000451477,"Diagnoses - main ICD10: J32 Chronic sinusitis || id:ukb-d-J32",true,"igd","enigma3-withglobal-bankssts-surfavg",6,163584625,0.026274976,{"v":9.25e-6,"d":"9.25E-06"},28369,"wSA_Mean_bankssts_surfavg || id:enigma3-withglobal-bankssts-surfavg",true,"reported","MedicineITLab",2,true,0.000692577,28369,true,{"v":6.54e-5,"d":"6.54E-05"},null,0.000692577,19.65993904,25.26983511,19.65993904]
["rs11727676","T","C","T","C",0.075283054,-0.000134655,0.906,0.9038854,false,false,false,"ukb-d-J32",null,0.563629,0.000233184,"Diagnoses - main ICD10: J32 Chronic sinusitis || id:ukb-d-J32",true,"igd","enigma3-withglobal-bankssts-surfavg",4,145659064,0.01603101,{"v":2.65e-6,"d":"2.65E-06"},22825,"wSA_Mean_bankssts_surfavg || id:enigma3-withglobal-bankssts-surfavg",true,"reported","MedicineITLab",2,true,0.00096534,22825,true,{"v":1.02e-5,"d":"1.02E-05"},null,0.00096534,22.0532537,25.26983511,22.0532537]
["rs12354622","A","G","A","G",0.042709255,0.000219597,0.2538,0.263367,false,false,false,"ukb-d-J32",null,0.162214,0.000157117,"Diagnoses - main ICD10: J32 Chronic sinusitis || id:ukb-d-J32",true,"igd","enigma3-withglobal-bankssts-surfavg",10,126842554,0.009377485,{"v":5.25e-6,"d":"5.25E-06"},30004,"wSA_Mean_bankssts_surfavg || id:enigma3-withglobal-bankssts-surfavg",true,"reported","MedicineITLab",2,true,0.000690909,30004,true,{"v":6.64e-5,"d":"6.64E-05"},null,0.000690909,20.74298339,25.26983511,20.74298339]
["rs12516225","T","G","T","G",-0.041636761,-0.000145878,0.3045,0.307841,false,false,false,"ukb-d-J32",null,0.328374,0.000149252,"Diagnoses - main ICD10: J32 Chronic sinusitis || id:ukb-d-J32",true,"igd","enigma3-withglobal-bankssts-surfavg",5,94001174,0.008811722,{"v":2.3e-6,"d":"2.30E-06"},30386,"wSA_Mean_bankssts_surfavg || id:enigma3-withglobal-bankssts-surfavg",true,"reported","MedicineITLab",2,true,0.000734291,30386,true,{"v":2e-5,"d":"2.00E-05"},null,0.000734291,22.32709723,25.26983511,22.32709723]
["rs13112241","A","G","A","G",0.043618774,-0.000200474,0.256,0.256505,false,false,false,"ukb-d-J32",null,0.204948,0.000158155,"Diagnoses - main ICD10: J32 Chronic sinusitis || id:ukb-d-J32",true,"igd","enigma3-withglobal-bankssts-surfavg",4,40966515,0.009291774,{"v":2.67e-6,"d":"2.67E-06"},30386,"wSA_Mean_bankssts_surfavg || id:enigma3-withglobal-bankssts-surfavg",true,"reported","MedicineITLab",2,true,0.000724753,30386,true,{"v":3.26e-5,"d":"3.26E-05"},null,0.000724753,22.03685597,25.26983511,22.03685597]
["rs13392894","T","C","T","C",-0.039768441,{"v":6.16e-5,"d":"6.16E-05"},0.2981,0.306652,false,false,false,"ukb-d-J32",null,0.680592,0.000149547,"Diagnoses - main ICD10: J32 Chronic sinusitis || id:ukb-d-J32",true,"igd","enigma3-withglobal-bankssts-surfavg",2,58124471,0.008865437,{"v":7.27e-6,"d":"7.27E-06"},30386,"wSA_Mean_bankssts_surfavg || id:enigma3-withglobal-bankssts-surfavg",true,"reported","MedicineITLab",2,true,0.000661827,30386,true,{"v":2.75e-5,"d":"2.75E-05"},null,0.000661827,20.12226279,25.26983511,20.12226279]
["rs160458","T","C","T","C",-0.054879046,{"v":-5.02e-5,"d":"-5.02E-05"},0.5145,0.518163,false,false,false,"ukb-d-J32",null,0.716259,0.000138253,"Diagnoses - main ICD10: J32 Chronic sinusitis || id:ukb-d-J32",true,"igd","enigma3-withglobal-bankssts-surfavg",14,59074878,0.008110512,{"v":1.32e-11,"d":"1.32E-11"},30386,"wSA_Mean_bankssts_surfavg || id:enigma3-withglobal-bankssts-surfavg",true,"reported","MedicineITLab",2,true,0.001504588,30386,true,{"v":1.6e-10,"d":"1.60E-10"},null,0.001504588,45.78430046,25.26983511,45.78430046]
["rs16824642","A","G","A","G",0.061532948,-0.000200831,0.0984,0.101985,false,false,false,"ukb-d-J32",null,0.376986,0.000227323,"Diagnoses - main ICD10: J32 Chronic sinusitis || id:ukb-d-J32",true,"igd","enigma3-withglobal-bankssts-surfavg",2,229183017,0.013843145,{"v":8.79e-6,"d":"8.79E-06"},29392,"wSA_Mean_bankssts_surfavg || id:enigma3-withglobal-bankssts-surfavg",true,"reported","MedicineITLab",2,true,0.000671822,29392,true,{"v":5.54e-5,"d":"5.54E-05"},null,0.000671822,19.7581324,25.26983511,19.7581324]
["rs2043294","A","T","A","T",-0.057646924,0.000141036,0.8211,0.818943,false,true,false,"ukb-d-J32",null,0.435821,0.000180985,"Diagnoses - main ICD10: J32 Chronic sinusitis || id:ukb-d-J32",true,"igd","enigma3-withglobal-bankssts-surfavg",19,32207820,0.010818864,{"v":9.91e-8,"d":"9.91E-08"},29054,"wSA_Mean_bankssts_surfavg || id:enigma3-withglobal-bankssts-surfavg",true,"reported","MedicineITLab",2,true,0.000976312,29054,true,{"v":8.98e-7,"d":"8.98E-07"},null,0.000976312,28.39153807,25.26983511,28.39153807]
["rs2237430","T","C","T","C",-0.041739482,{"v":5.47e-5,"d":"5.47E-05"},0.6745,0.686851,false,false,false,"ukb-d-J32",null,0.713443,0.000148819,"Diagnoses - main ICD10: J32 Chronic sinusitis || id:ukb-d-J32",true,"igd","enigma3-withglobal-bankssts-surfavg",7,42026272,0.008654259,{"v":1.41e-6,"d":"1.41E-06"},30386,"wSA_Mean_bankssts_surfavg || id:enigma3-withglobal-bankssts-surfavg",true,"reported","MedicineITLab",2,true,0.000764992,30386,true,{"v":5.92e-6,"d":"5.92E-06"},null,0.000764992,23.26132052,25.26983511,23.26132052]
["rs2573727","A","G","A","G",-0.043884898,{"v":-9.72e-6,"d":"-9.72E-06"},0.6568,0.659443,false,false,false,"ukb-d-J32",null,0.946722,0.000145518,"Diagnoses - main ICD10: J32 Chronic sinusitis || id:ukb-d-J32",true,"igd","enigma3-withglobal-bankssts-surfavg",2,237926489,0.008738011,{"v":5.1e-7,"d":"5.10E-07"},29028,"wSA_Mean_bankssts_surfavg || id:enigma3-withglobal-bankssts-surfavg",true,"reported","MedicineITLab",2,true,0.000868242,29028,true,{"v":1.49e-6,"d":"1.49E-06"},null,0.000868242,25.22348178,25.26983511,25.22348178]
["rs2783680","A","G","A","G",0.0365768,0.000187865,0.4147,0.416091,false,false,false,"ukb-d-J32",null,0.179436,0.000139937,"Diagnoses - main ICD10: J32 Chronic sinusitis || id:ukb-d-J32",true,"igd","enigma3-withglobal-bankssts-surfavg",1,26511700,0.008231238,{"v":8.84e-6,"d":"8.84E-06"},30386,"wSA_Mean_bankssts_surfavg || id:enigma3-withglobal-bankssts-surfavg",true,"reported","MedicineITLab",2,true,0.000649462,30386,true,{"v":9.89e-5,"d":"9.89E-05"},null,0.000649462,19.7460881,25.26983511,19.7460881]
["rs60856912","T","G","T","G",0.0514154,{"v":-1.68e-5,"d":"-1.68E-05"},0.1743,0.162603,false,false,false,"ukb-d-J32",null,0.928477,0.000187479,"Diagnoses - main ICD10: J32 Chronic sinusitis || id:ukb-d-J32",true,"igd","enigma3-withglobal-bankssts-surfavg",17,65892343,0.010689008,{"v":1.51e-6,"d":"1.51E-06"},30386,"wSA_Mean_bankssts_surfavg || id:enigma3-withglobal-bankssts-surfavg",true,"reported","MedicineITLab",2,true,0.000760915,30386,true,{"v":4.35e-6,"d":"4.35E-06"},null,0.000760915,23.13724476,25.26983511,23.13724476]
["rs61678585","A","T","A","T",-0.061871696,{"v":-4.41e-5,"d":"-4.41E-05"},0.9068,0.9052428,false,true,false,"ukb-d-J32",null,0.851339,0.000235297,"Diagnoses - main ICD10: J32 Chronic sinusitis || id:ukb-d-J32",true,"igd","enigma3-withglobal-bankssts-surfavg",4,187239323,0.013949488,{"v":9.18e-6,"d":"9.18E-06"},30386,"wSA_Mean_bankssts_surfavg || id:enigma3-withglobal-bankssts-surfavg",true,"reported","MedicineITLab",2,true,0.000647055,30386,true,{"v":2.59e-5,"d":"2.59E-05"},null,0.000647055,19.67286041,25.26983511,19.67286041]
["rs62247579","A","G","A","G",-0.050330296,-0.000114682,0.1508,0.154366,false,false,false,"ukb-d-J32",null,0.550725,0.000192201,"Diagnoses - main ICD10: J32 Chronic sinusitis || id:ukb-d-J32",true,"igd","enigma3-withglobal-bankssts-surfavg",3,64557793,0.011332245,{"v":8.95e-6,"d":"8.95E-06"},30386,"wSA_Mean_bankssts_surfavg || id:enigma3-withglobal-bankssts-surfavg",true,"reported","MedicineITLab",2,true,0.000648784,30386,true,{"v":4.15e-5,"d":"4.15E-05"},null,0.000648784,19.72545775,25.26983511,19.72545775]
["rs62384380","A","C","A","C",-0.154364848,-0.000856982,0.0193,0.0213625,false,false,false,"ukb-d-J32",null,0.0712066,0.000475003,"Diagnoses - main ICD10: J32 Chronic sinusitis || id:ukb-d-J32",true,"igd","enigma3-withglobal-bankssts-surfavg",5,167315039,0.030995394,{"v":6.35e-7,"d":"6.35E-07"},27474,"wSA_Mean_bankssts_surfavg || id:enigma3-withglobal-bankssts-surfavg",true,"reported","MedicineITLab",2,true,0.000902029,27474,true,{"v":1.56e-5,"d":"1.56E-05"},null,0.000902029,24.80290202,25.26983511,24.80290202]
["rs626186","T","C","T","C",-0.048044183,-0.000132612,0.793,0.799876,false,false,false,"ukb-d-J32",null,0.442338,0.000172616,"Diagnoses - main ICD10: J32 Chronic sinusitis || id:ukb-d-J32",true,"igd","enigma3-withglobal-bankssts-surfavg",2,4545705,0.010008665,{"v":1.59e-6,"d":"1.59E-06"},30386,"wSA_Mean_bankssts_surfavg || id:enigma3-withglobal-bankssts-surfavg",true,"reported","MedicineITLab",2,true,0.000757801,30386,true,{"v":1.1e-5,"d":"1.10E-05"},null,0.000757801,23.04248573,25.26983511,23.04248573]
["rs6565627","T","C","T","C",-0.047370223,0.000232971,0.2994,0.299388,false,false,false,"ukb-d-J32",null,0.121457,0.000150431,"Diagnoses - main ICD10: J32 Chronic sinusitis || id:ukb-d-J32",true,"igd","enigma3-withglobal-bankssts-surfavg",17,77829370,0.008943515,{"v":1.18e-7,"d":"1.18E-07"},29775,"wSA_Mean_bankssts_surfavg || id:enigma3-withglobal-bankssts-surfavg",true,"reported","MedicineITLab",2,true,0.000941375,29775,true,{"v":3.12e-6,"d":"3.12E-06"},null,0.000941375,28.05397535,25.26983511,28.05397535]
["rs66743582","T","C","T","C",0.037414064,0.000380137,0.4032,0.409883,false,false,false,"ukb-d-J32",null,0.0066876,0.000140167,"Diagnoses - main ICD10: J32 Chronic sinusitis || id:ukb-d-J32",true,"igd","enigma3-withglobal-bankssts-surfavg",11,30603413,0.008266878,{"v":6.01e-6,"d":"6.01E-06"},30386,"wSA_Mean_bankssts_surfavg || id:enigma3-withglobal-bankssts-surfavg",true,"reported","MedicineITLab",2,true,0.000673673,30386,true,0.000329853,null,0.000673673,20.48267708,25.26983511,20.48267708]
["rs7079002","T","C","T","C",0.038025578,{"v":2.9e-5,"d":"2.90E-05"},0.6277,0.635653,false,false,false,"ukb-d-J32",null,0.839725,0.000143268,"Diagnoses - main ICD10: J32 Chronic sinusitis || id:ukb-d-J32",true,"igd","enigma3-withglobal-bankssts-surfavg",10,34714686,0.008388671,{"v":5.82e-6,"d":"5.82E-06"},30386,"wSA_Mean_bankssts_surfavg || id:enigma3-withglobal-bankssts-surfavg",true,"reported","MedicineITLab",2,true,0.000675813,30386,true,{"v":1.73e-5,"d":"1.73E-05"},null,0.000675813,20.54780149,25.26983511,20.54780149]
["rs7158872","T","G","T","G",-0.036836294,-0.000223528,0.5963,0.60151,false,false,false,"ukb-d-J32",null,0.112231,0.000140738,"Diagnoses - main ICD10: J32 Chronic sinusitis || id:ukb-d-J32",true,"igd","enigma3-withglobal-bankssts-surfavg",14,49426842,0.008291543,{"v":8.9e-6,"d":"8.90E-06"},30194,"wSA_Mean_bankssts_surfavg || id:enigma3-withglobal-bankssts-surfavg",true,"reported","MedicineITLab",2,true,0.000653289,30194,true,0.000130143,null,0.000653289,19.73699895,25.26983511,19.73699895]
["rs73006822","T","C","T","C",0.067693676,{"v":-3.9e-5,"d":"-3.90E-05"},0.15,0.149615,false,false,false,"ukb-d-J32",null,0.839738,0.000192839,"Diagnoses - main ICD10: J32 Chronic sinusitis || id:ukb-d-J32",true,"igd","enigma3-withglobal-bankssts-surfavg",19,13109955,0.011900297,{"v":1.28e-8,"d":"1.28E-08"},27661,"wSA_Mean_bankssts_surfavg || id:enigma3-withglobal-bankssts-surfavg",true,"reported","MedicineITLab",2,true,0.001168521,27661,true,{"v":5.72e-8,"d":"5.72E-08"},null,0.001168521,32.35792211,25.26983511,32.35792211]
["rs76289875","A","G","A","G",0.064285227,{"v":-6.24e-5,"d":"-6.24E-05"},0.0996,0.0977898,false,false,false,"ukb-d-J32",null,0.789349,0.000233747,"Diagnoses - main ICD10: J32 Chronic sinusitis || id:ukb-d-J32",true,"igd","enigma3-withglobal-bankssts-surfavg",4,44457091,0.013540214,{"v":2.06e-6,"d":"2.06E-06"},30390,"wSA_Mean_bankssts_surfavg || id:enigma3-withglobal-bankssts-surfavg",true,"reported","MedicineITLab",2,true,0.00074122,30390,true,{"v":7.3e-6,"d":"7.30E-06"},null,0.00074122,22.54090393,25.26983511,22.54090393]
["rs78113262","A","G","A","G",0.116098462,0.000389818,0.0263,0.0213495,false,false,false,"ukb-d-J32",null,0.416845,0.000480126,"Diagnoses - main ICD10: J32 Chronic sinusitis || id:ukb-d-J32",true,"igd","enigma3-withglobal-bankssts-surfavg",1,231242084,0.025625009,{"v":5.88e-6,"d":"5.88E-06"},29716,"wSA_Mean_bankssts_surfavg || id:enigma3-withglobal-bankssts-surfavg",true,"reported","MedicineITLab",2,true,0.000690341,29716,true,{"v":3.62e-5,"d":"3.62E-05"},null,0.000690341,20.52697167,25.26983511,20.52697167]
["rs7862092","T","G","T","G",0.083312925,-0.000412737,0.9222,0.9325925,false,false,false,"ukb-d-J32",null,0.132991,0.000274716,"Diagnoses - main ICD10: J32 Chronic sinusitis || id:ukb-d-J32",true,"igd","enigma3-withglobal-bankssts-surfavg",9,126603989,0.015137138,{"v":3.71e-8,"d":"3.71E-08"},30386,"wSA_Mean_bankssts_surfavg || id:enigma3-withglobal-bankssts-surfavg",true,"reported","MedicineITLab",2,true,0.000996,30386,true,{"v":1.14e-6,"d":"1.14E-06"},null,0.000996,30.29264535,25.26983511,30.29264535]
["rs79898982","T","C","T","C",0.040545147,{"v":-4.99e-6,"d":"-4.99E-06"},0.6328,0.579125,false,false,false,"ukb-d-J32",null,0.97266,0.000145576,"Diagnoses - main ICD10: J32 Chronic sinusitis || id:ukb-d-J32",true,"igd","enigma3-withglobal-bankssts-surfavg",13,111704546,0.008516309,{"v":1.93e-6,"d":"1.93E-06"},29648,"wSA_Mean_bankssts_surfavg || id:enigma3-withglobal-bankssts-surfavg",true,"reported","MedicineITLab",2,true,0.000763971,29648,true,{"v":4.96e-6,"d":"4.96E-06"},null,0.000763971,22.66600133,25.26983511,22.66600133]
["rs8107678","A","C","A","C",-0.091248705,{"v":-7.52e-5,"d":"-7.52E-05"},0.9418,0.9473001,false,false,false,"ukb-d-J32",null,0.809136,0.00031147,"Diagnoses - main ICD10: J32 Chronic sinusitis || id:ukb-d-J32",true,"igd","enigma3-withglobal-bankssts-surfavg",19,55933246,0.020553251,{"v":9.01e-6,"d":"9.01E-06"},21576,"wSA_Mean_bankssts_surfavg || id:enigma3-withglobal-bankssts-surfavg",true,"reported","MedicineITLab",2,true,0.000912778,21576,true,{"v":2.09e-5,"d":"2.09E-05"},null,0.000912778,19.71026019,25.26983511,19.71026019]
["rs9321751","A","G","A","G",-0.040334664,{"v":-8.21e-5,"d":"-8.21E-05"},0.6233,0.604095,false,false,false,"ukb-d-J32",null,0.562216,0.000141657,"Diagnoses - main ICD10: J32 Chronic sinusitis || id:ukb-d-J32",true,"igd","enigma3-withglobal-bankssts-surfavg",6,140003761,0.00845654,{"v":1.85e-6,"d":"1.85E-06"},29757,"wSA_Mean_bankssts_surfavg || id:enigma3-withglobal-bankssts-surfavg",true,"reported","MedicineITLab",2,true,0.000763976,29757,true,{"v":9.69e-6,"d":"9.69E-06"},null,0.000763976,22.74948161,25.26983511,22.74948161]
["rs9436222","C","G","C","G",0.044812157,-0.000264738,0.6752,0.657195,false,true,false,"ukb-d-J32",null,0.070249,0.000146239,"Diagnoses - main ICD10: J32 Chronic sinusitis || id:ukb-d-J32",true,"igd","enigma3-withglobal-bankssts-surfavg",1,62903363,0.008658586,{"v":2.27e-7,"d":"2.27E-07"},30386,"wSA_Mean_bankssts_surfavg || id:enigma3-withglobal-bankssts-surfavg",true,"reported","MedicineITLab",2,true,0.000880785,30386,true,{"v":7.99e-6,"d":"7.99E-06"},null,0.000880785,26.78537799,25.26983511,26.78537799]
["rs9634160","T","C","T","C",-0.040763283,-0.000107788,0.4236,0.421139,false,false,false,"ukb-d-J32",null,0.449698,0.000142592,"Diagnoses - main ICD10: J32 Chronic sinusitis || id:ukb-d-J32",true,"igd","enigma3-withglobal-bankssts-surfavg",12,6826967,0.008912424,{"v":4.79e-6,"d":"4.79E-06"},25762,"wSA_Mean_bankssts_surfavg || id:enigma3-withglobal-bankssts-surfavg",true,"reported","MedicineITLab",2,true,0.000811425,25762,true,{"v":2.41e-5,"d":"2.41E-05"},null,0.000811425,20.91927457,25.26983511,20.91927457]
["rs10112022","A","C","A","C",0.044871746,0.039,0.2157,0.22,false,false,false,"ukb-saige-471",null,0.21,0.031,"Nasal polyps || id:ukb-saige-471",true,"MedicineITLab","enigma3-withglobal-bankssts-surfavg",8,58674089,0.009859352,{"v":5.33e-6,"d":"5.33E-06"},30386,"wSA_Mean_bankssts_surfavg || id:enigma3-withglobal-bankssts-surfavg",true,"reported","MedicineITLab",2,true,0.000681253,30386,true,{"v":5.18e-5,"d":"5.18E-05"},null,0.000681253,20.71329574,25.26983511,20.71329574]
["rs10760464","A","G","A","G",0.039704958,-0.017,0.6979,0.69,false,false,false,"ukb-saige-471",null,0.53,0.027,"Nasal polyps || id:ukb-saige-471",true,"MedicineITLab","enigma3-withglobal-bankssts-surfavg",9,129661019,0.008831738,{"v":6.94e-6,"d":"6.94E-06"},30386,"wSA_Mean_bankssts_surfavg || id:enigma3-withglobal-bankssts-surfavg",true,"reported","MedicineITLab",2,true,0.000664758,30386,true,{"v":3.15e-5,"d":"3.15E-05"},null,0.000664758,20.2114347,25.26983511,20.2114347]
["rs10784446","A","G","A","G",-0.036956322,-0.026,0.3811,0.37,false,false,false,"ukb-saige-471",null,0.31,0.026,"Nasal polyps || id:ukb-saige-471",true,"MedicineITLab","enigma3-withglobal-bankssts-surfavg",12,65764979,0.008350123,{"v":9.61e-6,"d":"9.61E-06"},30386,"wSA_Mean_bankssts_surfavg || id:enigma3-withglobal-bankssts-surfavg",true,"reported","MedicineITLab",2,true,0.000644269,30386,true,{"v":6.44e-5,"d":"6.44E-05"},null,0.000644269,19.58807453,25.26983511,19.58807453]
["rs10875240","T","C","T","C",0.036512101,-0.0064,0.4728,0.47,false,false,false,"ukb-saige-471",null,0.8,0.025,"Nasal polyps || id:ukb-saige-471",true,"MedicineITLab","enigma3-withglobal-bankssts-surfavg",1,100099532,0.008122538,{"v":6.96e-6,"d":"6.96E-06"},30386,"wSA_Mean_bankssts_surfavg || id:enigma3-withglobal-bankssts-surfavg",true,"reported","MedicineITLab",2,true,0.000664594,30386,true,{"v":2.03e-5,"d":"2.03E-05"},null,0.000664594,20.20645791,25.26983511,20.20645791]
["rs113379601","A","G","A","G",-0.116502007,{"v":-0.0003,"d":"-3.00E-04"},0.0262,0.024,false,false,false,"ukb-saige-471",null,1,0.082,"Nasal polyps || id:ukb-saige-471",true,"MedicineITLab","enigma3-withglobal-bankssts-surfavg",6,163584625,0.026274976,{"v":9.25e-6,"d":"9.25E-06"},28369,"wSA_Mean_bankssts_surfavg || id:enigma3-withglobal-bankssts-surfavg",true,"reported","MedicineITLab",2,true,0.000692577,28369,true,{"v":1.86e-5,"d":"1.86E-05"},null,0.000692577,19.65993904,25.26983511,19.65993904]
["rs11727676","T","C","T","C",0.075283054,0.032,0.906,0.904,false,false,false,"ukb-saige-471",null,0.45,0.042,"Nasal polyps || id:ukb-saige-471",true,"MedicineITLab","enigma3-withglobal-bankssts-surfavg",4,145659064,0.01603101,{"v":2.65e-6,"d":"2.65E-06"},22825,"wSA_Mean_bankssts_surfavg || id:enigma3-withglobal-bankssts-surfavg",true,"reported","MedicineITLab",2,true,0.00096534,22825,true,{"v":1.15e-5,"d":"1.15E-05"},null,0.00096534,22.0532537,25.26983511,22.0532537]
["rs117332214","T","G","T","G",0.130629688,-0.19,0.9771,0.984,false,false,false,"ukb-saige-471",null,0.1,0.11,"Nasal polyps || id:ukb-saige-471",true,"MedicineITLab","enigma3-withglobal-bankssts-surfavg",6,117079850,0.028561863,{"v":4.8e-6,"d":"4.80E-06"},27373,"wSA_Mean_bankssts_surfavg || id:enigma3-withglobal-bankssts-surfavg",true,"reported","MedicineITLab",2,true,0.000763639,27373,true,{"v":6.86e-5,"d":"6.86E-05"},null,0.000763639,20.91754473,25.26983511,20.91754473]
["rs12354622","A","G","A","G",0.042709255,0.012,0.2538,0.26,false,false,false,"ukb-saige-471",null,0.67,0.029,"Nasal polyps || id:ukb-saige-471",true,"MedicineITLab","enigma3-withglobal-bankssts-surfavg",10,126842554,0.009377485,{"v":5.25e-6,"d":"5.25E-06"},30004,"wSA_Mean_bankssts_surfavg || id:enigma3-withglobal-bankssts-surfavg",true,"reported","MedicineITLab",2,true,0.000690909,30004,true,{"v":1.87e-5,"d":"1.87E-05"},null,0.000690909,20.74298339,25.26983511,20.74298339]
["rs12516225","T","G","T","G",-0.041636761,-0.0089,0.3045,0.31,false,false,false,"ukb-saige-471",null,0.74,0.027,"Nasal polyps || id:ukb-saige-471",true,"MedicineITLab","enigma3-withglobal-bankssts-surfavg",5,94001174,0.008811722,{"v":2.3e-6,"d":"2.30E-06"},30386,"wSA_Mean_bankssts_surfavg || id:enigma3-withglobal-bankssts-surfavg",true,"reported","MedicineITLab",2,true,0.000734291,30386,true,{"v":8.06e-6,"d":"8.06E-06"},null,0.000734291,22.32709723,25.26983511,22.32709723]
["rs13112241","A","G","A","G",0.043618774,-0.022,0.256,0.26,false,false,false,"ukb-saige-471",null,0.45,0.029,"Nasal polyps || id:ukb-saige-471",true,"MedicineITLab","enigma3-withglobal-bankssts-surfavg",4,40966515,0.009291774,{"v":2.67e-6,"d":"2.67E-06"},30386,"wSA_Mean_bankssts_surfavg || id:enigma3-withglobal-bankssts-surfavg",true,"reported","MedicineITLab",2,true,0.000724753,30386,true,{"v":1.57e-5,"d":"1.57E-05"},null,0.000724753,22.03685597,25.26983511,22.03685597]
["rs13392894","T","C","T","C",-0.039768441,0.006,0.2981,0.31,false,false,false,"ukb-saige-471",null,0.82,0.027,"Nasal polyps || id:ukb-saige-471",true,"MedicineITLab","enigma3-withglobal-bankssts-surfavg",2,58124471,0.008865437,{"v":7.27e-6,"d":"7.27E-06"},30386,"wSA_Mean_bankssts_surfavg || id:enigma3-withglobal-bankssts-surfavg",true,"reported","MedicineITLab",2,true,0.000661827,30386,true,{"v":2.03e-5,"d":"2.03E-05"},null,0.000661827,20.12226279,25.26983511,20.12226279]
["rs160458","T","C","T","C",-0.054879046,0.02,0.5145,0.52,false,false,false,"ukb-saige-471",null,0.42,0.025,"Nasal polyps || id:ukb-saige-471",true,"MedicineITLab","enigma3-withglobal-bankssts-surfavg",14,59074878,0.008110512,{"v":1.32e-11,"d":"1.32E-11"},30386,"wSA_Mean_bankssts_surfavg || id:enigma3-withglobal-bankssts-surfavg",true,"reported","MedicineITLab",2,true,0.001504588,30386,true,{"v":2.91e-10,"d":"2.91E-10"},null,0.001504588,45.78430046,25.26983511,45.78430046]
["rs16824642","A","G","A","G",0.061532948,-0.066,0.0984,0.1,false,false,false,"ukb-saige-471",null,0.11,0.041,"Nasal polyps || id:ukb-saige-471",true,"MedicineITLab","enigma3-withglobal-bankssts-surfavg",2,229183017,0.013843145,{"v":8.79e-6,"d":"8.79E-06"},29392,"wSA_Mean_bankssts_surfavg || id:enigma3-withglobal-bankssts-surfavg",true,"reported","MedicineITLab",2,true,0.000671822,29392,true,0.000112127,null,0.000671822,19.7581324,25.26983511,19.7581324]
["rs2043294","A","T","A","T",-0.057646924,-0.014,0.8211,0.82,false,true,false,"ukb-saige-471",null,0.67,0.033,"Nasal polyps || id:ukb-saige-471",true,"MedicineITLab","enigma3-withglobal-bankssts-surfavg",19,32207820,0.010818864,{"v":9.91e-8,"d":"9.91E-08"},29054,"wSA_Mean_bankssts_surfavg || id:enigma3-withglobal-bankssts-surfavg",true,"reported","MedicineITLab",2,true,0.000976312,29054,true,{"v":4.91e-7,"d":"4.91E-07"},null,0.000976312,28.39153807,25.26983511,28.39153807]
["rs2237430","T","C","T","C",-0.041739482,-0.033,0.6745,0.69,false,false,false,"ukb-saige-471",null,0.22,0.027,"Nasal polyps || id:ukb-saige-471",true,"MedicineITLab","enigma3-withglobal-bankssts-surfavg",7,42026272,0.008654259,{"v":1.41e-6,"d":"1.41E-06"},30386,"wSA_Mean_bankssts_surfavg || id:enigma3-withglobal-bankssts-surfavg",true,"reported","MedicineITLab",2,true,0.000764992,30386,true,{"v":1.57e-5,"d":"1.57E-05"},null,0.000764992,23.26132052,25.26983511,23.26132052]
["rs2573727","A","G","A","G",-0.043884898,-0.0057,0.6568,0.66,false,false,false,"ukb-saige-471",null,0.83,0.026,"Nasal polyps || id:ukb-saige-471",true,"MedicineITLab","enigma3-withglobal-bankssts-surfavg",2,237926489,0.008738011,{"v":5.1e-7,"d":"5.10E-07"},29028,"wSA_Mean_bankssts_surfavg || id:enigma3-withglobal-bankssts-surfavg",true,"reported","MedicineITLab",2,true,0.000868242,29028,true,{"v":1.68e-6,"d":"1.68E-06"},null,0.000868242,25.22348178,25.26983511,25.22348178]
["rs2783680","A","G","A","G",0.0365768,0.0052,0.4147,0.42,false,false,false,"ukb-saige-471",null,0.84,0.025,"Nasal polyps || id:ukb-saige-471",true,"MedicineITLab","enigma3-withglobal-bankssts-surfavg",1,26511700,0.008231238,{"v":8.84e-6,"d":"8.84E-06"},30386,"wSA_Mean_bankssts_surfavg || id:enigma3-withglobal-bankssts-surfavg",true,"reported","MedicineITLab",2,true,0.000649462,30386,true,{"v":2.39e-5,"d":"2.39E-05"},null,0.000649462,19.7460881,25.26983511,19.7460881]
["rs60856912","T","G","T","G",0.0514154,-0.037,0.1743,0.16,false,false,false,"ukb-saige-471",null,0.27,0.034,"Nasal polyps || id:ukb-saige-471",true,"MedicineITLab","enigma3-withglobal-bankssts-surfavg",17,65892343,0.010689008,{"v":1.51e-6,"d":"1.51E-06"},30386,"wSA_Mean_bankssts_surfavg || id:enigma3-withglobal-bankssts-surfavg",true,"reported","MedicineITLab",2,true,0.000760915,30386,true,{"v":1.41e-5,"d":"1.41E-05"},null,0.000760915,23.13724476,25.26983511,23.13724476]
["rs61678585","A","T","A","T",-0.061871696,-0.024,0.9068,0.905,false,true,false,"ukb-saige-471",null,0.57,0.043,"Nasal polyps || id:ukb-saige-471",true,"MedicineITLab","enigma3-withglobal-bankssts-surfavg",4,187239323,0.013949488,{"v":9.18e-6,"d":"9.18E-06"},30386,"wSA_Mean_bankssts_surfavg || id:enigma3-withglobal-bankssts-surfavg",true,"reported","MedicineITLab",2,true,0.000647055,30386,true,{"v":3.73e-5,"d":"3.73E-05"},null,0.000647055,19.67286041,25.26983511,19.67286041]
["rs62247579","A","G","A","G",-0.050330296,-0.021,0.1508,0.15,false,false,false,"ukb-saige-471",null,0.55,0.035,"Nasal polyps || id:ukb-saige-471",true,"MedicineITLab","enigma3-withglobal-bankssts-surfavg",3,64557793,0.011332245,{"v":8.95e-6,"d":"8.95E-06"},30386,"wSA_Mean_bankssts_surfavg || id:enigma3-withglobal-bankssts-surfavg",true,"reported","MedicineITLab",2,true,0.000648784,30386,true,{"v":3.82e-5,"d":"3.82E-05"},null,0.000648784,19.72545775,25.26983511,19.72545775]
["rs62384380","A","C","A","C",-0.154364848,-0.09,0.0193,0.021,false,false,false,"ukb-saige-471",null,0.29,0.086,"Nasal polyps || id:ukb-saige-471",true,"MedicineITLab","enigma3-withglobal-bankssts-surfavg",5,167315039,0.030995394,{"v":6.35e-7,"d":"6.35E-07"},27474,"wSA_Mean_bankssts_surfavg || id:enigma3-withglobal-bankssts-surfavg",true,"reported","MedicineITLab",2,true,0.000902029,27474,true,{"v":5.45e-6,"d":"5.45E-06"},null,0.000902029,24.80290202,25.26983511,24.80290202]
["rs626186","T","C","T","C",-0.048044183,0.033,0.793,0.8,false,false,false,"ukb-saige-471",null,0.29,0.031,"Nasal polyps || id:ukb-saige-471",true,"MedicineITLab","enigma3-withglobal-bankssts-surfavg",2,4545705,0.010008665,{"v":1.59e-6,"d":"1.59E-06"},30386,"wSA_Mean_bankssts_surfavg || id:enigma3-withglobal-bankssts-surfavg",true,"reported","MedicineITLab",2,true,0.000757801,30386,true,{"v":1.43e-5,"d":"1.43E-05"},null,0.000757801,23.04248573,25.26983511,23.04248573]
["rs6565627","T","C","T","C",-0.047370223,-0.015,0.2994,0.3,false,false,false,"ukb-saige-471",null,0.58,0.027,"Nasal polyps || id:ukb-saige-471",true,"MedicineITLab","enigma3-withglobal-bankssts-surfavg",17,77829370,0.008943515,{"v":1.18e-7,"d":"1.18E-07"},29775,"wSA_Mean_bankssts_surfavg || id:enigma3-withglobal-bankssts-surfavg",true,"reported","MedicineITLab",2,true,0.000941375,29775,true,{"v":7.1e-7,"d":"7.10E-07"},null,0.000941375,28.05397535,25.26983511,28.05397535]
["rs66743582","T","C","T","C",0.037414064,-0.018,0.4032,0.41,false,false,false,"ukb-saige-471",null,0.49,0.025,"Nasal polyps || id:ukb-saige-471",true,"MedicineITLab","enigma3-withglobal-bankssts-surfavg",11,30603413,0.008266878,{"v":6.01e-6,"d":"6.01E-06"},30386,"wSA_Mean_bankssts_surfavg || id:enigma3-withglobal-bankssts-surfavg",true,"reported","MedicineITLab",2,true,0.000673673,30386,true,{"v":3.08e-5,"d":"3.08E-05"},null,0.000673673,20.48267708,25.26983511,20.48267708]
["rs7079002","T","C","T","C",0.038025578,-0.00067,0.6277,0.63,false,false,false,"ukb-saige-471",null,0.98,0.026,"Nasal polyps || id:ukb-saige-471",true,"MedicineITLab","enigma3-withglobal-bankssts-surfavg",10,34714686,0.008388671,{"v":5.82e-6,"d":"5.82E-06"},30386,"wSA_Mean_bankssts_surfavg || id:enigma3-withglobal-bankssts-surfavg",true,"reported","MedicineITLab",2,true,0.000675813,30386,true,{"v":1.3e-5,"d":"1.30E-05"},null,0.000675813,20.54780149,25.26983511,20.54780149]
["rs7158872","T","G","T","G",-0.036836294,0.0086,0.5963,0.6,false,false,false,"ukb-saige-471",null,0.74,0.025,"Nasal polyps || id:ukb-saige-471",true,"MedicineITLab","enigma3-withglobal-bankssts-surfavg",14,49426842,0.008291543,{"v":8.9e-6,"d":"8.90E-06"},30194,"wSA_Mean_bankssts_surfavg || id:enigma3-withglobal-bankssts-surfavg",true,"reported","MedicineITLab",2,true,0.000653289,30194,true,{"v":2.8e-5,"d":"2.80E-05"},null,0.000653289,19.73699895,25.26983511,19.73699895]
["rs73006822","T","C","T","C",0.067693676,0.007,0.15,0.15,false,false,false,"ukb-saige-471",null,0.84,0.035,"Nasal polyps || id:ukb-saige-471",true,"MedicineITLab","enigma3-withglobal-bankssts-surfavg",19,13109955,0.011900297,{"v":1.28e-8,"d":"1.28E-08"},27661,"wSA_Mean_bankssts_surfavg || id:enigma3-withglobal-bankssts-surfavg",true,"reported","MedicineITLab",2,true,0.001168521,27661,true,{"v":5.15e-8,"d":"5.15E-08"},null,0.001168521,32.35792211,25.26983511,32.35792211]
["rs76289875","A","G","A","G",0.064285227,-0.052,0.0996,0.098,false,false,false,"ukb-saige-471",null,0.22,0.043,"Nasal polyps || id:ukb-saige-471",true,"MedicineITLab","enigma3-withglobal-bankssts-surfavg",4,44457091,0.013540214,{"v":2.06e-6,"d":"2.06E-06"},30390,"wSA_Mean_bankssts_surfavg || id:enigma3-withglobal-bankssts-surfavg",true,"reported","MedicineITLab",2,true,0.00074122,30390,true,{"v":2.14e-5,"d":"2.14E-05"},null,0.00074122,22.54090393,25.26983511,22.54090393]
["rs78113262","A","G","A","G",0.116098462,0.093,0.0263,0.021,false,false,false,"ukb-saige-471",null,0.29,0.088,"Nasal polyps || id:ukb-saige-471",true,"MedicineITLab","enigma3-withglobal-bankssts-surfavg",1,231242084,0.025625009,{"v":5.88e-6,"d":"5.88E-06"},29716,"wSA_Mean_bankssts_surfavg || id:enigma3-withglobal-bankssts-surfavg",true,"reported","MedicineITLab",2,true,0.000690341,29716,true,{"v":4.35e-5,"d":"4.35E-05"},null,0.000690341,20.52697167,25.26983511,20.52697167]
["rs7862092","T","G","T","G",0.083312925,0.04,0.9222,0.933,false,false,false,"ukb-saige-471",null,0.43,0.05,"Nasal polyps || id:ukb-saige-471",true,"MedicineITLab","enigma3-withglobal-bankssts-surfavg",9,126603989,0.015137138,{"v":3.71e-8,"d":"3.71E-08"},30386,"wSA_Mean_bankssts_surfavg || id:enigma3-withglobal-bankssts-surfavg",true,"reported","MedicineITLab",2,true,0.000996,30386,true,{"v":3.62e-7,"d":"3.62E-07"},null,0.000996,30.29264535,25.26983511,30.29264535]
["rs8107678","A","C","A","C",-0.091248705,-0.013,0.9418,0.947,false,false,false,"ukb-saige-471",null,0.82,0.057,"Nasal polyps || id:ukb-saige-471",true,"MedicineITLab","enigma3-withglobal-bankssts-surfavg",19,55933246,0.020553251,{"v":9.01e-6,"d":"9.01E-06"},21576,"wSA_Mean_bankssts_surfavg || id:enigma3-withglobal-bankssts-surfavg",true,"reported","MedicineITLab",2,true,0.000912778,21576,true,{"v":1.96e-5,"d":"1.96E-05"},null,0.000912778,19.71026019,25.26983511,19.71026019]
["rs9321751","A","G","A","G",-0.040334664,-0.026,0.6233,0.6,false,false,false,"ukb-saige-471",null,0.32,0.026,"Nasal polyps || id:ukb-saige-471",true,"MedicineITLab","enigma3-withglobal-bankssts-surfavg",6,140003761,0.00845654,{"v":1.85e-6,"d":"1.85E-06"},29757,"wSA_Mean_bankssts_surfavg || id:enigma3-withglobal-bankssts-surfavg",true,"reported","MedicineITLab",2,true,0.000763976,29757,true,{"v":1.47e-5,"d":"1.47E-05"},null,0.000763976,22.74948161,25.26983511,22.74948161]
["rs9436222","C","G","C","G",0.044812157,-0.011,0.6752,0.66,false,true,false,"ukb-saige-471",null,0.69,0.026,"Nasal polyps || id:ukb-saige-471",true,"MedicineITLab","enigma3-withglobal-bankssts-surfavg",1,62903363,0.008658586,{"v":2.27e-7,"d":"2.27E-07"},30386,"wSA_Mean_bankssts_surfavg || id:enigma3-withglobal-bankssts-surfavg",true,"reported","MedicineITLab",2,true,0.000880785,30386,true,{"v":1.1e-6,"d":"1.10E-06"},null,0.000880785,26.78537799,25.26983511,26.78537799]
["rs9634160","T","C","T","C",-0.040763283,0.024,0.4236,0.42,false,false,false,"ukb-saige-471",null,0.35,0.026,"Nasal polyps || id:ukb-saige-471",true,"MedicineITLab","enigma3-withglobal-bankssts-surfavg",12,6826967,0.008912424,{"v":4.79e-6,"d":"4.79E-06"},25762,"wSA_Mean_bankssts_surfavg || id:enigma3-withglobal-bankssts-surfavg",true,"reported","MedicineITLab",2,true,0.000811425,25762,true,{"v":2.65e-5,"d":"2.65E-05"},null,0.000811425,20.91927457,25.26983511,20.91927457]
["rs10215130","A","C","A","C",0.066885437,0.023730637,0.9219,0.836103269,false,false,false,"ebi-eas-GCST90018603",null,0.411751469,0.028911055,"Chronic sinusitis || id:ebi-eas-GCST90018603",true,"MedicineITLab","enigma3-withglobal-bankssts-thickavg",7,64941453,0.015128849,{"v":8.87e-6,"d":"8.87E-06"},30323,"wTHICK_Mean_bankssts_thickavg || id:enigma3-withglobal-bankssts-thickavg",true,"reported","MedicineITLab",2,true,0.000644211,30323,true,0.000202192,null,0.000644211,19.54570637,25.26983511,19.54570637]
["rs10850351","A","G","A","G",0.040551418,0.011799266,0.7289,0.73153527,false,false,false,"ebi-eas-GCST90018603",null,0.623227878,0.024017358,"Chronic sinusitis || id:ebi-eas-GCST90018603",true,"MedicineITLab","enigma3-withglobal-bankssts-thickavg",12,115020738,0.009103379,{"v":7.35e-6,"d":"7.35E-06"},30515,"wTHICK_Mean_bankssts_thickavg || id:enigma3-withglobal-bankssts-thickavg",true,"reported","MedicineITLab",2,true,0.00064989,30515,true,0.00010578,null,0.00064989,19.84297521,25.26983511,19.84297521]
["rs11710662","A","G","A","G",-0.05196796,-0.065251274,0.7921,0.946131082,false,false,false,"ebi-eas-GCST90018603",null,0.188714224,0.049643683,"Chronic sinusitis || id:ebi-eas-GCST90018603",true,"MedicineITLab","enigma3-withglobal-bankssts-thickavg",3,103723657,0.010083336,{"v":3.44e-7,"d":"3.44E-07"},29838,"wTHICK_Mean_bankssts_thickavg || id:enigma3-withglobal-bankssts-thickavg",true,"reported","MedicineITLab",2,true,0.000889479,29838,true,{"v":2.69e-5,"d":"2.69E-05"},null,0.000889479,26.56213018,25.26983511,26.56213018]
["rs13311548","T","C","T","C",0.053623528,-0.02934293,0.1719,0.082245903,false,false,false,"ebi-eas-GCST90018603",null,0.447696621,0.038646712,"Chronic sinusitis || id:ebi-eas-GCST90018603",true,"MedicineITLab","enigma3-withglobal-bankssts-thickavg",7,31881786,0.010724706,{"v":3.16e-7,"d":"3.16E-07"},30515,"wTHICK_Mean_bankssts_thickavg || id:enigma3-withglobal-bankssts-thickavg",true,"reported","MedicineITLab",2,true,0.000818652,30515,true,{"v":1.98e-5,"d":"1.98E-05"},null,0.000818652,25,25.26983511,25]
["rs149142","T","C","T","C",-0.067007454,-0.026209759,0.6052,0.857766621,false,false,false,"ebi-eas-GCST90018603",null,0.394002919,0.030748895,"Chronic sinusitis || id:ebi-eas-GCST90018603",true,"MedicineITLab","enigma3-withglobal-bankssts-thickavg",14,59071725,0.008272525,{"v":2.02e-17,"d":"2.02E-17"},30515,"wTHICK_Mean_bankssts_thickavg || id:enigma3-withglobal-bankssts-thickavg",true,"reported","MedicineITLab",2,true,0.002145617,30515,true,{"v":1.61e-12,"d":"1.61E-12"},null,0.002145617,65.61,25.26983511,65.61]
["rs1514497","T","C","T","C",0.046250494,0.007961846,0.244,0.608041662,false,false,false,"ebi-eas-GCST90018603",null,0.714638856,0.021775505,"Chronic sinusitis || id:ebi-eas-GCST90018603",true,"MedicineITLab","enigma3-withglobal-bankssts-thickavg",1,97617831,0.009421397,{"v":1.37e-6,"d":"1.37E-06"},30515,"wTHICK_Mean_bankssts_thickavg || id:enigma3-withglobal-bankssts-thickavg",true,"reported","MedicineITLab",2,true,0.000789177,30515,true,{"v":1.4e-5,"d":"1.40E-05"},null,0.000789177,24.09917355,25.26983511,24.09917355]
["rs1913808","A","G","A","G",-0.041817356,0.041767001,0.3149,0.732380626,false,false,false,"ebi-eas-GCST90018603",null,0.092319465,0.024812756,"Chronic sinusitis || id:ebi-eas-GCST90018603",true,"MedicineITLab","enigma3-withglobal-bankssts-thickavg",2,162804678,0.008711949,{"v":3.59e-6,"d":"3.59E-06"},30515,"wTHICK_Mean_bankssts_thickavg || id:enigma3-withglobal-bankssts-thickavg",true,"reported","MedicineITLab",2,true,0.000754518,30515,true,0.000205746,null,0.000754518,23.04,25.26983511,23.04]
["rs2416560","A","C","A","C",0.047609606,0.037245186,0.5945,0.598997824,false,false,false,"ebi-eas-GCST90018603",null,0.088207972,0.021845615,"Chronic sinusitis || id:ebi-eas-GCST90018603",true,"MedicineITLab","enigma3-withglobal-bankssts-thickavg",9,119252207,0.008240124,{"v":3.64e-8,"d":"3.64E-08"},30515,"wTHICK_Mean_bankssts_thickavg || id:enigma3-withglobal-bankssts-thickavg",true,"reported","MedicineITLab",2,true,0.001092853,30515,true,{"v":4.28e-6,"d":"4.28E-06"},null,0.001092853,33.38271605,25.26983511,33.38271605]
["rs2568168","A","G","A","G",0.054362384,-0.005885518,0.8641,0.41408451,false,false,false,"ebi-eas-GCST90018603",null,0.785617399,0.021637456,"Chronic sinusitis || id:ebi-eas-GCST90018603",true,"MedicineITLab","enigma3-withglobal-bankssts-thickavg",2,218324481,0.01208053,{"v":4.61e-6,"d":"4.61E-06"},29157,"wTHICK_Mean_bankssts_thickavg || id:enigma3-withglobal-bankssts-thickavg",true,"reported","MedicineITLab",2,true,0.000694081,29157,true,{"v":5.72e-5,"d":"5.72E-05"},null,0.000694081,20.25,25.26983511,20.25]
["rs28423057","T","C","T","C",0.111535674,0.039129437,0.0285,0.0100297,false,false,false,"ebi-eas-GCST90018603",null,0.715851072,0.10749571,"Chronic sinusitis || id:ebi-eas-GCST90018603",true,"MedicineITLab","enigma3-withglobal-bankssts-thickavg",6,16630327,0.02442387,{"v":4.77e-6,"d":"4.77E-06"},30254,"wTHICK_Mean_bankssts_thickavg || id:enigma3-withglobal-bankssts-thickavg",true,"reported","MedicineITLab",2,true,0.000688883,30254,true,{"v":5.48e-5,"d":"5.48E-05"},null,0.000688883,20.85444444,25.26983511,20.85444444]
["rs2844452","A","G","A","G",0.035964024,-0.078113931,0.5526,0.20897568,false,false,false,"ebi-eas-GCST90018603",null,0.003118466,0.026427228,"Chronic sinusitis || id:ebi-eas-GCST90018603",true,"MedicineITLab","enigma3-withglobal-bankssts-thickavg",6,31882024,0.008173642,{"v":8.47e-6,"d":"8.47E-06"},30254,"wTHICK_Mean_bankssts_thickavg || id:enigma3-withglobal-bankssts-thickavg",true,"reported","MedicineITLab",2,true,0.000639548,30254,true,0.004517502,null,0.000639548,19.36,25.26983511,19.36]
["rs34061468","T","G","T","G",0.045021435,0.111512453,0.2237,0.025837827,false,false,false,"ebi-eas-GCST90018603",null,0.103493759,0.068490416,"Chronic sinusitis || id:ebi-eas-GCST90018603",true,"MedicineITLab","enigma3-withglobal-bankssts-thickavg",2,43839244,0.009710506,{"v":4.98e-6,"d":"4.98E-06"},30515,"wTHICK_Mean_bankssts_thickavg || id:enigma3-withglobal-bankssts-thickavg",true,"reported","MedicineITLab",2,true,0.000703986,30515,true,0.000337797,null,0.000703986,21.49586777,25.26983511,21.49586777]
["rs37976","T","C","T","C",0.035043932,0.001934952,0.5586,0.538758591,false,false,false,"ebi-eas-GCST90018603",null,0.927960237,0.021401623,"Chronic sinusitis || id:ebi-eas-GCST90018603",true,"MedicineITLab","enigma3-withglobal-bankssts-thickavg",7,8014957,0.008149752,{"v":7.44e-6,"d":"7.44E-06"},30515,"wTHICK_Mean_bankssts_thickavg || id:enigma3-withglobal-bankssts-thickavg",true,"reported","MedicineITLab",2,true,0.000605604,30515,true,{"v":9.72e-5,"d":"9.72E-05"},null,0.000605604,18.49,25.26983511,18.49]
["rs4704310","T","G","T","G",-0.048109505,-0.012031673,0.8156,0.487527005,false,false,false,"ebi-eas-GCST90018603",null,0.587728509,0.022193308,"Chronic sinusitis || id:ebi-eas-GCST90018603",true,"MedicineITLab","enigma3-withglobal-bankssts-thickavg",5,75711230,0.010496619,{"v":5.4e-6,"d":"5.40E-06"},30155,"wTHICK_Mean_bankssts_thickavg || id:enigma3-withglobal-bankssts-thickavg",true,"reported","MedicineITLab",2,true,0.000696193,30155,true,{"v":6.91e-5,"d":"6.91E-05"},null,0.000696193,21.00694444,25.26983511,21.00694444]
["rs10850351","A","G","A","G",0.040551418,{"v":7.45e-5,"d":"7.45E-05"},0.7289,0.732612,false,false,false,"ukb-b-69",null,0.69,0.000185585,"Non-cancer illness code, self-reported: chronic sinusitis || id:ukb-b-69",true,"igd","enigma3-withglobal-bankssts-thickavg",12,115020738,0.009103379,{"v":7.35e-6,"d":"7.35E-06"},30515,"wTHICK_Mean_bankssts_thickavg || id:enigma3-withglobal-bankssts-thickavg",true,"reported","MedicineITLab",2,true,0.00064989,30515,true,{"v":2.51e-5,"d":"2.51E-05"},null,0.00064989,19.84297521,25.26983511,19.84297521]
["rs11259736","A","G","A","G",-0.060974488,0.000127137,0.1658,0.171744,false,false,false,"ukb-b-69",null,0.58,0.000229741,"Non-cancer illness code, self-reported: chronic sinusitis || id:ukb-b-69",true,"igd","enigma3-withglobal-bankssts-thickavg",10,15595361,0.01185615,{"v":4.24e-7,"d":"4.24E-07"},25693,"wTHICK_Mean_bankssts_thickavg || id:enigma3-withglobal-bankssts-thickavg",true,"reported","MedicineITLab",2,true,0.001028445,25693,true,{"v":1.07e-6,"d":"1.07E-06"},null,0.001028445,26.44897959,25.26983511,26.44897959]
["rs11710662","A","G","A","G",-0.05196796,0.000433527,0.7921,0.787063,false,false,false,"ukb-b-69",null,0.0340001,0.000204674,"Non-cancer illness code, self-reported: chronic sinusitis || id:ukb-b-69",true,"igd","enigma3-withglobal-bankssts-thickavg",3,103723657,0.010083336,{"v":3.44e-7,"d":"3.44E-07"},29838,"wTHICK_Mean_bankssts_thickavg || id:enigma3-withglobal-bankssts-thickavg",true,"reported","MedicineITLab",2,true,0.000889479,29838,true,{"v":7.7e-6,"d":"7.70E-06"},null,0.000889479,26.56213018,25.26983511,26.56213018]
["rs13311548","T","C","T","C",0.053623528,{"v":8.17e-5,"d":"8.17E-05"},0.1719,0.17405,false,false,false,"ukb-b-69",null,0.709999,0.000216031,"Non-cancer illness code, self-reported: chronic sinusitis || id:ukb-b-69",true,"igd","enigma3-withglobal-bankssts-thickavg",7,31881786,0.010724706,{"v":3.16e-7,"d":"3.16E-07"},30515,"wTHICK_Mean_bankssts_thickavg || id:enigma3-withglobal-bankssts-thickavg",true,"reported","MedicineITLab",2,true,0.000818652,30515,true,{"v":2.05e-6,"d":"2.05E-06"},null,0.000818652,25,25.26983511,25]
["rs149142","T","C","T","C",-0.067007454,-0.000459577,0.6052,0.608641,false,false,false,"ukb-b-69",null,0.0064,0.000168665,"Non-cancer illness code, self-reported: chronic sinusitis || id:ukb-b-69",true,"igd","enigma3-withglobal-bankssts-thickavg",14,59071725,0.008272525,{"v":2.02e-17,"d":"2.02E-17"},30515,"wTHICK_Mean_bankssts_thickavg || id:enigma3-withglobal-bankssts-thickavg",true,"reported","MedicineITLab",2,true,0.002145617,30515,true,{"v":7.77e-13,"d":"7.77E-13"},null,0.002145617,65.61,25.26983511,65.61]
["rs1514497","T","C","T","C",0.046250494,0.000105444,0.244,0.242548,false,false,false,"ukb-b-69",null,0.58,0.000191439,"Non-cancer illness code, self-reported: chronic sinusitis || id:ukb-b-69",true,"igd","enigma3-withglobal-bankssts-thickavg",1,97617831,0.009421397,{"v":1.37e-6,"d":"1.37E-06"},30515,"wTHICK_Mean_bankssts_thickavg || id:enigma3-withglobal-bankssts-thickavg",true,"reported","MedicineITLab",2,true,0.000789177,30515,true,{"v":3.89e-6,"d":"3.89E-06"},null,0.000789177,24.09917355,25.26983511,24.09917355]
["rs1913808","A","G","A","G",-0.041817356,0.000260471,0.3149,0.288803,false,false,false,"ukb-b-69",null,0.15,0.00018088,"Non-cancer illness code, self-reported: chronic sinusitis || id:ukb-b-69",true,"igd","enigma3-withglobal-bankssts-thickavg",2,162804678,0.008711949,{"v":3.59e-6,"d":"3.59E-06"},30515,"wTHICK_Mean_bankssts_thickavg || id:enigma3-withglobal-bankssts-thickavg",true,"reported","MedicineITLab",2,true,0.000754518,30515,true,{"v":1.78e-5,"d":"1.78E-05"},null,0.000754518,23.04,25.26983511,23.04]
["rs2416560","A","C","A","C",0.047609606,{"v":4.71e-5,"d":"4.71E-05"},0.5945,0.583568,false,false,false,"ukb-b-69",null,0.780001,0.000166106,"Non-cancer illness code, self-reported: chronic sinusitis || id:ukb-b-69",true,"igd","enigma3-withglobal-bankssts-thickavg",9,119252207,0.008240124,{"v":3.64e-8,"d":"3.64E-08"},30515,"wTHICK_Mean_bankssts_thickavg || id:enigma3-withglobal-bankssts-thickavg",true,"reported","MedicineITLab",2,true,0.001092853,30515,true,{"v":3.3e-8,"d":"3.30E-08"},null,0.001092853,33.38271605,25.26983511,33.38271605]
["rs2568168","A","G","A","G",0.054362384,0.000428346,0.8641,0.86637,false,false,false,"ukb-b-69",null,0.0749998,0.000240201,"Non-cancer illness code, self-reported: chronic sinusitis || id:ukb-b-69",true,"igd","enigma3-withglobal-bankssts-thickavg",2,218324481,0.01208053,{"v":4.61e-6,"d":"4.61E-06"},29157,"wTHICK_Mean_bankssts_thickavg || id:enigma3-withglobal-bankssts-thickavg",true,"reported","MedicineITLab",2,true,0.000694081,29157,true,{"v":8.49e-5,"d":"8.49E-05"},null,0.000694081,20.25,25.26983511,20.25]
["rs2844452","A","G","A","G",0.035964024,-0.000180821,0.5526,0.579795,false,false,false,"ukb-b-69",null,0.27,0.000165201,"Non-cancer illness code, self-reported: chronic sinusitis || id:ukb-b-69",true,"igd","enigma3-withglobal-bankssts-thickavg",6,31882024,0.008173642,{"v":8.47e-6,"d":"8.47E-06"},30254,"wTHICK_Mean_bankssts_thickavg || id:enigma3-withglobal-bankssts-thickavg",true,"reported","MedicineITLab",2,true,0.000639548,30254,true,{"v":6.57e-5,"d":"6.57E-05"},null,0.000639548,19.36,25.26983511,19.36]
["rs34061468","T","G","T","G",0.045021435,{"v":-3.35e-7,"d":"-3.35E-07"},0.2237,0.225031,false,false,false,"ukb-b-69",null,1,0.000196754,"Non-cancer illness code, self-reported: chronic sinusitis || id:ukb-b-69",true,"igd","enigma3-withglobal-bankssts-thickavg",2,43839244,0.009710506,{"v":4.98e-6,"d":"4.98E-06"},30515,"wTHICK_Mean_bankssts_thickavg || id:enigma3-withglobal-bankssts-thickavg",true,"reported","MedicineITLab",2,true,0.000703986,30515,true,{"v":7.13e-6,"d":"7.13E-06"},null,0.000703986,21.49586777,25.26983511,21.49586777]
["rs37976","T","C","T","C",0.035043932,0.000232308,0.5586,0.558746,false,false,false,"ukb-b-69",null,0.16,0.000165807,"Non-cancer illness code, self-reported: chronic sinusitis || id:ukb-b-69",true,"igd","enigma3-withglobal-bankssts-thickavg",7,8014957,0.008149752,{"v":7.44e-6,"d":"7.44E-06"},30515,"wTHICK_Mean_bankssts_thickavg || id:enigma3-withglobal-bankssts-thickavg",true,"reported","MedicineITLab",2,true,0.000605604,30515,true,0.000135608,null,0.000605604,18.49,25.26983511,18.49]
["rs4704310","T","G","T","G",-0.048109505,0.000114716,0.8156,0.830528,false,false,false,"ukb-b-69",null,0.6,0.000218381,"Non-cancer illness code, self-reported: chronic sinusitis || id:ukb-b-69",true,"igd","enigma3-withglobal-bankssts-thickavg",5,75711230,0.010496619,{"v":5.4e-6,"d":"5.40E-06"},30155,"wTHICK_Mean_bankssts_thickavg || id:enigma3-withglobal-bankssts-thickavg",true,"reported","MedicineITLab",2,true,0.000696193,30155,true,{"v":1.63e-5,"d":"1.63E-05"},null,0.000696193,21.00694444,25.26983511,21.00694444]
["rs10215130","A","C","A","C",0.066885437,0.000111775,0.9219,0.9349782,false,false,false,"ukb-d-J32",null,0.68719,0.000277583,"Diagnoses - main ICD10: J32 Chronic sinusitis || id:ukb-d-J32",true,"igd","enigma3-withglobal-bankssts-thickavg",7,64941453,0.015128849,{"v":8.87e-6,"d":"8.87E-06"},30323,"wTHICK_Mean_bankssts_thickavg || id:enigma3-withglobal-bankssts-thickavg",true,"reported","MedicineITLab",2,true,0.000644211,30323,true,{"v":3.57e-5,"d":"3.57E-05"},null,0.000644211,19.54570637,25.26983511,19.54570637]
["rs10850351","A","G","A","G",0.040551418,0.000138159,0.7289,0.733442,false,false,false,"ukb-d-J32",null,0.375576,0.000155922,"Diagnoses - main ICD10: J32 Chronic sinusitis || id:ukb-d-J32",true,"igd","enigma3-withglobal-bankssts-thickavg",12,115020738,0.009103379,{"v":7.35e-6,"d":"7.35E-06"},30515,"wTHICK_Mean_bankssts_thickavg || id:enigma3-withglobal-bankssts-thickavg",true,"reported","MedicineITLab",2,true,0.00064989,30515,true,{"v":5.58e-5,"d":"5.58E-05"},null,0.00064989,19.84297521,25.26983511,19.84297521]
["rs11259736","A","G","A","G",-0.060974488,{"v":7.44e-5,"d":"7.44E-05"},0.1658,0.172706,false,false,false,"ukb-d-J32",null,0.698902,0.000192447,"Diagnoses - main ICD10: J32 Chronic sinusitis || id:ukb-d-J32",true,"igd","enigma3-withglobal-bankssts-thickavg",10,15595361,0.01185615,{"v":4.24e-7,"d":"4.24E-07"},25693,"wTHICK_Mean_bankssts_thickavg || id:enigma3-withglobal-bankssts-thickavg",true,"reported","MedicineITLab",2,true,0.001028445,25693,true,{"v":1.12e-6,"d":"1.12E-06"},null,0.001028445,26.44897959,25.26983511,26.44897959]
["rs11710662","A","G","A","G",-0.05196796,0.000223464,0.7921,0.786856,false,false,false,"ukb-d-J32",null,0.193071,0.000171691,"Diagnoses - main ICD10: J32 Chronic sinusitis || id:ukb-d-J32",true,"igd","enigma3-withglobal-bankssts-thickavg",3,103723657,0.010083336,{"v":3.44e-7,"d":"3.44E-07"},29838,"wTHICK_Mean_bankssts_thickavg || id:enigma3-withglobal-bankssts-thickavg",true,"reported","MedicineITLab",2,true,0.000889479,29838,true,{"v":4.37e-6,"d":"4.37E-06"},null,0.000889479,26.56213018,25.26983511,26.56213018]
["rs117988800","A","G","A","G",0.096700977,-0.000454409,0.9608,0.9605372,false,false,false,"ukb-d-J32",null,0.207132,0.000360215,"Diagnoses - main ICD10: J32 Chronic sinusitis || id:ukb-d-J32",true,"igd","enigma3-withglobal-bankssts-thickavg",17,28028851,0.0213199,{"v":6.62e-6,"d":"6.62E-06"},29188,"wTHICK_Mean_bankssts_thickavg || id:enigma3-withglobal-bankssts-thickavg",true,"reported","MedicineITLab",2,true,0.000704386,29188,true,{"v":5.89e-5,"d":"5.89E-05"},null,0.000704386,20.57270408,25.26983511,20.57270408]
["rs13311548","T","C","T","C",0.053623528,-0.000219839,0.1719,0.172697,false,false,false,"ukb-d-J32",null,0.227626,0.000182212,"Diagnoses - main ICD10: J32 Chronic sinusitis || id:ukb-d-J32",true,"igd","enigma3-withglobal-bankssts-thickavg",7,31881786,0.010724706,{"v":3.16e-7,"d":"3.16E-07"},30515,"wTHICK_Mean_bankssts_thickavg || id:enigma3-withglobal-bankssts-thickavg",true,"reported","MedicineITLab",2,true,0.000818652,30515,true,{"v":8.05e-6,"d":"8.05E-06"},null,0.000818652,25,25.26983511,25]
["rs138213230","A","G","A","G",-0.196211715,0.000174904,0.0121,0.0111245,false,false,false,"ukb-d-J32",null,0.793456,0.000668023,"Diagnoses - main ICD10: J32 Chronic sinusitis || id:ukb-d-J32",true,"igd","enigma3-withglobal-bankssts-thickavg",3,26066742,0.042850834,{"v":5.55e-6,"d":"5.55E-06"},22761,"wTHICK_Mean_bankssts_thickavg || id:enigma3-withglobal-bankssts-thickavg",true,"reported","MedicineITLab",2,true,0.000920403,22761,true,{"v":1.21e-5,"d":"1.21E-05"},null,0.000920403,20.966759,25.26983511,20.966759]
["rs149142","T","C","T","C",-0.067007454,-0.000134829,0.6052,0.610507,false,false,false,"ukb-d-J32",null,0.341837,0.000141844,"Diagnoses - main ICD10: J32 Chronic sinusitis || id:ukb-d-J32",true,"igd","enigma3-withglobal-bankssts-thickavg",14,59071725,0.008272525,{"v":2.02e-17,"d":"2.02E-17"},30515,"wTHICK_Mean_bankssts_thickavg || id:enigma3-withglobal-bankssts-thickavg",true,"reported","MedicineITLab",2,true,0.002145617,30515,true,{"v":5.92e-14,"d":"5.92E-14"},null,0.002145617,65.61,25.26983511,65.61]
["rs1514497","T","C","T","C",0.046250494,{"v":-1.07e-5,"d":"-1.07E-05"},0.244,0.243186,false,false,false,"ukb-d-J32",null,0.946756,0.000160654,"Diagnoses - main ICD10: J32 Chronic sinusitis || id:ukb-d-J32",true,"igd","enigma3-withglobal-bankssts-thickavg",1,97617831,0.009421397,{"v":1.37e-6,"d":"1.37E-06"},30515,"wTHICK_Mean_bankssts_thickavg || id:enigma3-withglobal-bankssts-thickavg",true,"reported","MedicineITLab",2,true,0.000789177,30515,true,{"v":2.67e-6,"d":"2.67E-06"},null,0.000789177,24.09917355,25.26983511,24.09917355]
["rs1913808","A","G","A","G",-0.041817356,{"v":-3.33e-6,"d":"-3.33E-06"},0.3149,0.287003,false,false,false,"ukb-d-J32",null,0.982548,0.000152339,"Diagnoses - main ICD10: J32 Chronic sinusitis || id:ukb-d-J32",true,"igd","enigma3-withglobal-bankssts-thickavg",2,162804678,0.008711949,{"v":3.59e-6,"d":"3.59E-06"},30515,"wTHICK_Mean_bankssts_thickavg || id:enigma3-withglobal-bankssts-thickavg",true,"reported","MedicineITLab",2,true,0.000754518,30515,true,{"v":4.17e-6,"d":"4.17E-06"},null,0.000754518,23.04,25.26983511,23.04]
["rs2416560","A","C","A","C",0.047609606,-0.000109391,0.5945,0.581463,false,false,false,"ukb-d-J32",null,0.433216,0.000139582,"Diagnoses - main ICD10: J32 Chronic sinusitis || id:ukb-d-J32",true,"igd","enigma3-withglobal-bankssts-thickavg",9,119252207,0.008240124,{"v":3.64e-8,"d":"3.64E-08"},30515,"wTHICK_Mean_bankssts_thickavg || id:enigma3-withglobal-bankssts-thickavg",true,"reported","MedicineITLab",2,true,0.001092853,30515,true,{"v":9.91e-8,"d":"9.91E-08"},null,0.001092853,33.38271605,25.26983511,33.38271605]
["rs2568168","A","G","A","G",0.054362384,-0.000429751,0.8641,0.867105,false,false,false,"ukb-d-J32",null,0.0336643,0.000202324,"Diagnoses - main ICD10: J32 Chronic sinusitis || id:ukb-d-J32",true,"igd","enigma3-withglobal-bankssts-thickavg",2,218324481,0.01208053,{"v":4.61e-6,"d":"4.61E-06"},29157,"wTHICK_Mean_bankssts_thickavg || id:enigma3-withglobal-bankssts-thickavg",true,"reported","MedicineITLab",2,true,0.000694081,29157,true,0.000178514,null,0.000694081,20.25,25.26983511,20.25]
["rs28423057","T","C","T","C",0.111535674,-0.000654445,0.0285,0.0239392,false,false,false,"ukb-d-J32",null,0.14844,0.000452882,"Diagnoses - main ICD10: J32 Chronic sinusitis || id:ukb-d-J32",true,"igd","enigma3-withglobal-bankssts-thickavg",6,16630327,0.02442387,{"v":4.77e-6,"d":"4.77E-06"},30254,"wTHICK_Mean_bankssts_thickavg || id:enigma3-withglobal-bankssts-thickavg",true,"reported","MedicineITLab",2,true,0.000688883,30254,true,{"v":6.77e-5,"d":"6.77E-05"},null,0.000688883,20.85444444,25.26983511,20.85444444]
["rs2844452","A","G","A","G",0.035964024,-0.000203259,0.5526,0.586627,false,false,false,"ukb-d-J32",null,0.145143,0.000139514,"Diagnoses - main ICD10: J32 Chronic sinusitis || id:ukb-d-J32",true,"igd","enigma3-withglobal-bankssts-thickavg",6,31882024,0.008173642,{"v":8.47e-6,"d":"8.47E-06"},30254,"wTHICK_Mean_bankssts_thickavg || id:enigma3-withglobal-bankssts-thickavg",true,"reported","MedicineITLab",2,true,0.000639548,30254,true,0.000132894,null,0.000639548,19.36,25.26983511,19.36]
["rs34061468","T","G","T","G",0.045021435,-0.000411573,0.2237,0.22516,false,false,false,"ukb-d-J32",null,0.0128834,0.00016549,"Diagnoses - main ICD10: J32 Chronic sinusitis || id:ukb-d-J32",true,"igd","enigma3-withglobal-bankssts-thickavg",2,43839244,0.009710506,{"v":4.98e-6,"d":"4.98E-06"},30515,"wTHICK_Mean_bankssts_thickavg || id:enigma3-withglobal-bankssts-thickavg",true,"reported","MedicineITLab",2,true,0.000703986,30515,true,0.000171676,null,0.000703986,21.49586777,25.26983511,21.49586777]
["rs37976","T","C","T","C",0.035043932,{"v":9.27e-5,"d":"9.27E-05"},0.5586,0.557036,false,false,false,"ukb-d-J32",null,0.505404,0.000139249,"Diagnoses - main ICD10: J32 Chronic sinusitis || id:ukb-d-J32",true,"igd","enigma3-withglobal-bankssts-thickavg",7,8014957,0.008149752,{"v":7.44e-6,"d":"7.44E-06"},30515,"wTHICK_Mean_bankssts_thickavg || id:enigma3-withglobal-bankssts-thickavg",true,"reported","MedicineITLab",2,true,0.000605604,30515,true,{"v":8.05e-5,"d":"8.05E-05"},null,0.000605604,18.49,25.26983511,18.49]
["rs4704310","T","G","T","G",-0.048109505,{"v":1.86e-5,"d":"1.86E-05"},0.8156,0.831506,false,false,false,"ukb-d-J32",null,0.919537,0.000183901,"Diagnoses - main ICD10: J32 Chronic sinusitis || id:ukb-d-J32",true,"igd","enigma3-withglobal-bankssts-thickavg",5,75711230,0.010496619,{"v":5.4e-6,"d":"5.40E-06"},30155,"wTHICK_Mean_bankssts_thickavg || id:enigma3-withglobal-bankssts-thickavg",true,"reported","MedicineITLab",2,true,0.000696193,30155,true,{"v":1.22e-5,"d":"1.22E-05"},null,0.000696193,21.00694444,25.26983511,21.00694444]
["rs10215130","A","C","A","C",0.066885437,-0.014,0.9219,0.935,false,false,false,"ukb-saige-471",null,0.79,0.05,"Nasal polyps || id:ukb-saige-471",true,"MedicineITLab","enigma3-withglobal-bankssts-thickavg",7,64941453,0.015128849,{"v":8.87e-6,"d":"8.87E-06"},30323,"wTHICK_Mean_bankssts_thickavg || id:enigma3-withglobal-bankssts-thickavg",true,"reported","MedicineITLab",2,true,0.000644211,30323,true,{"v":2.86e-5,"d":"2.86E-05"},null,0.000644211,19.54570637,25.26983511,19.54570637]
["rs10850351","A","G","A","G",0.040551418,0.0019,0.7289,0.73,false,false,false,"ukb-saige-471",null,0.95,0.028,"Nasal polyps || id:ukb-saige-471",true,"MedicineITLab","enigma3-withglobal-bankssts-thickavg",12,115020738,0.009103379,{"v":7.35e-6,"d":"7.35E-06"},30515,"wTHICK_Mean_bankssts_thickavg || id:enigma3-withglobal-bankssts-thickavg",true,"reported","MedicineITLab",2,true,0.00064989,30515,true,{"v":1.93e-5,"d":"1.93E-05"},null,0.00064989,19.84297521,25.26983511,19.84297521]
["rs11259736","A","G","A","G",-0.060974488,-0.0018,0.1658,0.17,false,false,false,"ukb-saige-471",null,0.96,0.035,"Nasal polyps || id:ukb-saige-471",true,"MedicineITLab","enigma3-withglobal-bankssts-thickavg",10,15595361,0.01185615,{"v":4.24e-7,"d":"4.24E-07"},25693,"wTHICK_Mean_bankssts_thickavg || id:enigma3-withglobal-bankssts-thickavg",true,"reported","MedicineITLab",2,true,0.001028445,25693,true,{"v":6.73e-7,"d":"6.73E-07"},null,0.001028445,26.44897959,25.26983511,26.44897959]
["rs11710662","A","G","A","G",-0.05196796,-0.013,0.7921,0.79,false,false,false,"ukb-saige-471",null,0.67,0.031,"Nasal polyps || id:ukb-saige-471",true,"MedicineITLab","enigma3-withglobal-bankssts-thickavg",3,103723657,0.010083336,{"v":3.44e-7,"d":"3.44E-07"},29838,"wTHICK_Mean_bankssts_thickavg || id:enigma3-withglobal-bankssts-thickavg",true,"reported","MedicineITLab",2,true,0.000889479,29838,true,{"v":1.19e-6,"d":"1.19E-06"},null,0.000889479,26.56213018,25.26983511,26.56213018]
["rs117988800","A","G","A","G",0.096700977,-0.055,0.9608,0.961,false,false,false,"ukb-saige-471",null,0.4,0.065,"Nasal polyps || id:ukb-saige-471",true,"MedicineITLab","enigma3-withglobal-bankssts-thickavg",17,28028851,0.0213199,{"v":6.62e-6,"d":"6.62E-06"},29188,"wTHICK_Mean_bankssts_thickavg || id:enigma3-withglobal-bankssts-thickavg",true,"reported","MedicineITLab",2,true,0.000704386,29188,true,{"v":3.28e-5,"d":"3.28E-05"},null,0.000704386,20.57270408,25.26983511,20.57270408]
["rs13311548","T","C","T","C",0.053623528,0.044,0.1719,0.17,false,false,false,"ukb-saige-471",null,0.18,0.033,"Nasal polyps || id:ukb-saige-471",true,"MedicineITLab","enigma3-withglobal-bankssts-thickavg",7,31881786,0.010724706,{"v":3.16e-7,"d":"3.16E-07"},30515,"wTHICK_Mean_bankssts_thickavg || id:enigma3-withglobal-bankssts-thickavg",true,"reported","MedicineITLab",2,true,0.000818652,30515,true,{"v":8.26e-6,"d":"8.26E-06"},null,0.000818652,25,25.26983511,25]
["rs138213230","A","G","A","G",-0.196211715,-0.038,0.0121,0.011,false,false,false,"ukb-saige-471",null,0.75,0.12,"Nasal polyps || id:ukb-saige-471",true,"MedicineITLab","enigma3-withglobal-bankssts-thickavg",3,26066742,0.042850834,{"v":5.55e-6,"d":"5.55E-06"},22761,"wTHICK_Mean_bankssts_thickavg || id:enigma3-withglobal-bankssts-thickavg",true,"reported","MedicineITLab",2,true,0.000920403,22761,true,{"v":1.2e-5,"d":"1.20E-05"},null,0.000920403,20.966759,25.26983511,20.966759]
["rs149142","T","C","T","C",-0.067007454,0.032,0.6052,0.61,false,false,false,"ukb-saige-471",null,0.21,0.026,"Nasal polyps || id:ukb-saige-471",true,"MedicineITLab","enigma3-withglobal-bankssts-thickavg",14,59071725,0.008272525,{"v":2.02e-17,"d":"2.02E-17"},30515,"wTHICK_Mean_bankssts_thickavg || id:enigma3-withglobal-bankssts-thickavg",true,"reported","MedicineITLab",2,true,0.002145617,30515,true,{"v":8.03e-14,"d":"8.03E-14"},null,0.002145617,65.61,25.26983511,65.61]
["rs1514497","T","C","T","C",0.046250494,0.081,0.244,0.24,false,false,false,"ukb-saige-471",null,0.0055,0.029,"Nasal polyps || id:ukb-saige-471",true,"MedicineITLab","enigma3-withglobal-bankssts-thickavg",1,97617831,0.009421397,{"v":1.37e-6,"d":"1.37E-06"},30515,"wTHICK_Mean_bankssts_thickavg || id:enigma3-withglobal-bankssts-thickavg",true,"reported","MedicineITLab",2,true,0.000789177,30515,true,{"v":6.92e-5,"d":"6.92E-05"},null,0.000789177,24.09917355,25.26983511,24.09917355]
["rs1913808","A","G","A","G",-0.041817356,0.052,0.3149,0.29,false,false,false,"ukb-saige-471",null,0.059,0.028,"Nasal polyps || id:ukb-saige-471",true,"MedicineITLab","enigma3-withglobal-bankssts-thickavg",2,162804678,0.008711949,{"v":3.59e-6,"d":"3.59E-06"},30515,"wTHICK_Mean_bankssts_thickavg || id:enigma3-withglobal-bankssts-thickavg",true,"reported","MedicineITLab",2,true,0.000754518,30515,true,{"v":3.71e-5,"d":"3.71E-05"},null,0.000754518,23.04,25.26983511,23.04]
["rs2416560","A","C","A","C",0.047609606,0.00072,0.5945,0.58,false,false,false,"ukb-saige-471",null,0.98,0.025,"Nasal polyps || id:ukb-saige-471",true,"MedicineITLab","enigma3-withglobal-bankssts-thickavg",9,119252207,0.008240124,{"v":3.64e-8,"d":"3.64E-08"},30515,"wTHICK_Mean_bankssts_thickavg || id:enigma3-withglobal-bankssts-thickavg",true,"reported","MedicineITLab",2,true,0.001092853,30515,true,{"v":2.74e-8,"d":"2.74E-08"},null,0.001092853,33.38271605,25.26983511,33.38271605]
["rs2568168","A","G","A","G",0.054362384,-0.046,0.8641,0.87,false,false,false,"ukb-saige-471",null,0.2,0.037,"Nasal polyps || id:ukb-saige-471",true,"MedicineITLab","enigma3-withglobal-bankssts-thickavg",2,218324481,0.01208053,{"v":4.61e-6,"d":"4.61E-06"},29157,"wTHICK_Mean_bankssts_thickavg || id:enigma3-withglobal-bankssts-thickavg",true,"reported","MedicineITLab",2,true,0.000694081,29157,true,{"v":5.95e-5,"d":"5.95E-05"},null,0.000694081,20.25,25.26983511,20.25]
["rs28423057","T","C","T","C",0.111535674,0.12,0.0285,0.024,false,false,false,"ukb-saige-471",null,0.15,0.082,"Nasal polyps || id:ukb-saige-471",true,"MedicineITLab","enigma3-withglobal-bankssts-thickavg",6,16630327,0.02442387,{"v":4.77e-6,"d":"4.77E-06"},30254,"wTHICK_Mean_bankssts_thickavg || id:enigma3-withglobal-bankssts-thickavg",true,"reported","MedicineITLab",2,true,0.000688883,30254,true,{"v":6.1e-5,"d":"6.10E-05"},null,0.000688883,20.85444444,25.26983511,20.85444444]
["rs2844452","A","G","A","G",0.035964024,-0.089,0.5526,0.59,false,false,false,"ukb-saige-471",null,0.00041,0.025,"Nasal polyps || id:ukb-saige-471",true,"MedicineITLab","enigma3-withglobal-bankssts-thickavg",6,31882024,0.008173642,{"v":8.47e-6,"d":"8.47E-06"},30254,"wTHICK_Mean_bankssts_thickavg || id:enigma3-withglobal-bankssts-thickavg",true,"reported","MedicineITLab",2,true,0.000639548,30254,true,0.001008603,null,0.000639548,19.36,25.26983511,19.36]
["rs34061468","T","G","T","G",0.045021435,0.0065,0.2237,0.23,false,false,false,"ukb-saige-471",null,0.83,0.03,"Nasal polyps || id:ukb-saige-471",true,"MedicineITLab","enigma3-withglobal-bankssts-thickavg",2,43839244,0.009710506,{"v":4.98e-6,"d":"4.98E-06"},30515,"wTHICK_Mean_bankssts_thickavg || id:enigma3-withglobal-bankssts-thickavg",true,"reported","MedicineITLab",2,true,0.000703986,30515,true,{"v":1.05e-5,"d":"1.05E-05"},null,0.000703986,21.49586777,25.26983511,21.49586777]
["rs37976","T","C","T","C",0.035043932,-0.02,0.5586,0.56,false,false,false,"ukb-saige-471",null,0.42,0.025,"Nasal polyps || id:ukb-saige-471",true,"MedicineITLab","enigma3-withglobal-bankssts-thickavg",7,8014957,0.008149752,{"v":7.44e-6,"d":"7.44E-06"},30515,"wTHICK_Mean_bankssts_thickavg || id:enigma3-withglobal-bankssts-thickavg",true,"reported","MedicineITLab",2,true,0.000605604,30515,true,{"v":8.59e-5,"d":"8.59E-05"},null,0.000605604,18.49,25.26983511,18.49]
["rs4704310","T","G","T","G",-0.048109505,-0.0081,0.8156,0.83,false,false,false,"ukb-saige-471",null,0.81,0.033,"Nasal polyps || id:ukb-saige-471",true,"MedicineITLab","enigma3-withglobal-bankssts-thickavg",5,75711230,0.010496619,{"v":5.4e-6,"d":"5.40E-06"},30155,"wTHICK_Mean_bankssts_thickavg || id:enigma3-withglobal-bankssts-thickavg",true,"reported","MedicineITLab",2,true,0.000696193,30155,true,{"v":1.35e-5,"d":"1.35E-05"},null,0.000696193,21.00694444,25.26983511,21.00694444]
["rs10171821","A","G","A","G",0.037170823,0.008311481,0.5171,0.682581995,false,false,false,"ebi-eas-GCST90018603",null,0.722284297,0.023385775,"Chronic sinusitis || id:ebi-eas-GCST90018603",true,"MedicineITLab","enigma3-withglobal-caudalanteriorcingulate-surfavg",2,206544094,0.00799157,{"v":3.3e-6,"d":"3.30E-06"},31333,"wSA_Mean_caudalanteriorcingulate_surfavg || id:enigma3-withglobal-caudalanteriorcingulate-surfavg",true,"reported","MedicineITLab",2,true,0.000690027,31333,true,{"v":4.12e-5,"d":"4.12E-05"},null,0.000690027,21.63416486,25.26983511,21.63416486]
["rs10845985","A","G","A","G",0.041141609,-0.008361243,0.4449,0.637027311,false,false,false,"ebi-eas-GCST90018603",null,0.709468095,0.022442041,"Chronic sinusitis || id:ebi-eas-GCST90018603",true,"MedicineITLab","enigma3-withglobal-caudalanteriorcingulate-surfavg",12,14511348,0.007910254,{"v":1.98e-7,"d":"1.98E-07"},32331,"wSA_Mean_caudalanteriorcingulate_surfavg || id:enigma3-withglobal-caudalanteriorcingulate-surfavg",true,"reported","MedicineITLab",2,true,0.000836038,32331,true,{"v":4.63e-6,"d":"4.63E-06"},null,0.000836038,27.05089828,25.26983511,27.05089828]
["rs11135715","A","G","A","G",0.041416668,0.005824538,0.7162,0.563501056,false,false,false,"ebi-eas-GCST90018603",null,0.795769698,0.022503706,"Chronic sinusitis || id:ebi-eas-GCST90018603",true,"MedicineITLab","enigma3-withglobal-caudalanteriorcingulate-surfavg",8,23113246,0.008671802,{"v":1.79e-6,"d":"1.79E-06"},32691,"wSA_Mean_caudalanteriorcingulate_surfavg || id:enigma3-withglobal-caudalanteriorcingulate-surfavg",true,"reported","MedicineITLab",2,true,0.000697312,32691,true,{"v":2.27e-5,"d":"2.27E-05"},null,0.000697312,22.81033176,25.26983511,22.81033176]
["rs12045189","A","G","A","G",0.042647471,-0.039981138,0.7534,0.695206797,false,false,false,"ebi-eas-GCST90018603",null,0.083919432,0.023132095,"Chronic sinusitis || id:ebi-eas-GCST90018603",true,"MedicineITLab","enigma3-withglobal-caudalanteriorcingulate-surfavg",1,69778600,0.009124042,{"v":2.95e-6,"d":"2.95E-06"},32308,"wSA_Mean_caudalanteriorcingulate_surfavg || id:enigma3-withglobal-caudalanteriorcingulate-surfavg",true,"reported","MedicineITLab",2,true,0.000675827,32308,true,0.000397843,null,0.000675827,21.84801764,25.26983511,21.84801764]
["rs13021985","A","G","A","G",0.046716405,-0.059528167,0.4254,0.085552494,false,false,false,"ebi-eas-GCST90018603",null,0.119452871,0.038230784,"Chronic sinusitis || id:ebi-eas-GCST90018603",true,"MedicineITLab","enigma3-withglobal-caudalanteriorcingulate-surfavg",2,162822709,0.007906255,{"v":3.45e-9,"d":"3.45E-09"},32691,"wSA_Mean_caudalanteriorcingulate_surfavg || id:enigma3-withglobal-caudalanteriorcingulate-surfavg",true,"reported","MedicineITLab",2,true,0.00106692,32691,true,{"v":2.27e-6,"d":"2.27E-06"},null,0.00106692,34.91380497,25.26983511,34.91380497]
["rs149041077","T","G","T","G",0.048544037,-0.089015592,0.8348,0.993791806,false,false,false,"ebi-eas-GCST90018603",null,0.517980614,0.137696694,"Chronic sinusitis || id:ebi-eas-GCST90018603",true,"MedicineITLab","enigma3-withglobal-caudalanteriorcingulate-surfavg",22,28784075,0.010523837,{"v":3.97e-6,"d":"3.97E-06"},32717,"wSA_Mean_caudalanteriorcingulate_surfavg || id:enigma3-withglobal-caudalanteriorcingulate-surfavg",true,"reported","MedicineITLab",2,true,0.000649971,32717,true,{"v":8.61e-5,"d":"8.61E-05"},null,0.000649971,21.27764508,25.26983511,21.27764508]
["rs1854131","A","C","A","C",0.035628649,-0.025224763,0.5072,0.345671036,false,false,false,"ebi-eas-GCST90018603",null,0.261040906,0.022443272,"Chronic sinusitis || id:ebi-eas-GCST90018603",true,"MedicineITLab","enigma3-withglobal-caudalanteriorcingulate-surfavg",9,78103915,0.007820263,{"v":5.22e-6,"d":"5.22E-06"},32691,"wSA_Mean_caudalanteriorcingulate_surfavg || id:enigma3-withglobal-caudalanteriorcingulate-surfavg",true,"reported","MedicineITLab",2,true,0.000634569,32691,true,0.000235797,null,0.000634569,20.7565881,25.26983511,20.7565881]
["rs2053395","A","G","A","G",-0.036296251,0.022321255,0.4281,0.416404902,false,false,false,"ebi-eas-GCST90018603",null,0.320517954,0.022469688,"Chronic sinusitis || id:ebi-eas-GCST90018603",true,"MedicineITLab","enigma3-withglobal-caudalanteriorcingulate-surfavg",2,42296499,0.007945406,{"v":4.91e-6,"d":"4.91E-06"},32331,"wSA_Mean_caudalanteriorcingulate_surfavg || id:enigma3-withglobal-caudalanteriorcingulate-surfavg",true,"reported","MedicineITLab",2,true,0.000645088,32331,true,0.000177957,null,0.000645088,20.86850699,25.26983511,20.86850699]
["rs2509765","T","C","T","C",0.055716027,-0.029847204,0.8388,0.476589678,false,false,false,"ebi-eas-GCST90018603",null,0.161852228,0.021336666,"Chronic sinusitis || id:ebi-eas-GCST90018603",true,"MedicineITLab","enigma3-withglobal-caudalanteriorcingulate-surfavg",8,102490380,0.010734171,{"v":2.1e-7,"d":"2.10E-07"},32068,"wSA_Mean_caudalanteriorcingulate_surfavg || id:enigma3-withglobal-caudalanteriorcingulate-surfavg",true,"reported","MedicineITLab",2,true,0.000839487,32068,true,{"v":3.29e-5,"d":"3.29E-05"},null,0.000839487,26.9415928,25.26983511,26.9415928]
["rs2647416","T","C","T","C",-0.039408021,-0.018309972,0.3861,0.557025441,false,false,false,"ebi-eas-GCST90018603",null,0.393545532,0.021460221,"Chronic sinusitis || id:ebi-eas-GCST90018603",true,"MedicineITLab","enigma3-withglobal-caudalanteriorcingulate-surfavg",6,76375540,0.008030185,{"v":9.23e-7,"d":"9.23E-07"},32691,"wSA_Mean_caudalanteriorcingulate_surfavg || id:enigma3-withglobal-caudalanteriorcingulate-surfavg",true,"reported","MedicineITLab",2,true,0.000736201,32691,true,{"v":3.97e-5,"d":"3.97E-05"},null,0.000736201,24.0834203,25.26983511,24.0834203]
["rs2889558","A","G","A","G",0.0505976,0.010188186,0.1686,0.421079691,false,false,false,"ebi-eas-GCST90018603",null,0.645422517,0.022141946,"Chronic sinusitis || id:ebi-eas-GCST90018603",true,"MedicineITLab","enigma3-withglobal-caudalanteriorcingulate-surfavg",3,184424019,0.011103406,{"v":5.19e-6,"d":"5.19E-06"},28914,"wSA_Mean_caudalanteriorcingulate_surfavg || id:enigma3-withglobal-caudalanteriorcingulate-surfavg",true,"reported","MedicineITLab",2,true,0.000717724,28914,true,{"v":6.2e-5,"d":"6.20E-05"},null,0.000717724,20.76573815,25.26983511,20.76573815]
["rs292110","A","G","A","G",0.037839839,0.01356839,0.659,0.308791769,false,false,false,"ebi-eas-GCST90018603",null,0.555637766,0.02302329,"Chronic sinusitis || id:ebi-eas-GCST90018603",true,"MedicineITLab","enigma3-withglobal-caudalanteriorcingulate-surfavg",11,86090340,0.008247541,{"v":4.48e-6,"d":"4.48E-06"},32691,"wSA_Mean_caudalanteriorcingulate_surfavg || id:enigma3-withglobal-caudalanteriorcingulate-surfavg",true,"reported","MedicineITLab",2,true,0.000643529,32691,true,{"v":8.55e-5,"d":"8.55E-05"},null,0.000643529,21.04987717,25.26983511,21.04987717]
["rs3741588","A","G","A","G",-0.047203821,-0.003389275,0.8229,0.961524682,false,false,false,"ebi-eas-GCST90018603",null,0.956687261,0.062404774,"Chronic sinusitis || id:ebi-eas-GCST90018603",true,"MedicineITLab","enigma3-withglobal-caudalanteriorcingulate-surfavg",12,122216892,0.010257753,{"v":4.19e-6,"d":"4.19E-06"},32587,"wSA_Mean_caudalanteriorcingulate_surfavg || id:enigma3-withglobal-caudalanteriorcingulate-surfavg",true,"reported","MedicineITLab",2,true,0.000649456,32587,true,{"v":3.12e-5,"d":"3.12E-05"},null,0.000649456,21.17628632,25.26983511,21.17628632]
["rs4747503","C","G","C","G",-0.045499148,0.032195354,0.6059,0.809353777,false,true,false,"ebi-eas-GCST90018603",null,0.236353435,0.027188563,"Chronic sinusitis || id:ebi-eas-GCST90018603",true,"MedicineITLab","enigma3-withglobal-caudalanteriorcingulate-surfavg",10,25123182,0.007999553,{"v":1.29e-8,"d":"1.29E-08"},32691,"wSA_Mean_caudalanteriorcingulate_surfavg || id:enigma3-withglobal-caudalanteriorcingulate-surfavg",true,"reported","MedicineITLab",2,true,0.000988653,32691,true,{"v":2.85e-6,"d":"2.85E-06"},null,0.000988653,32.35006249,25.26983511,32.35006249]
["rs56851678","A","C","A","C",0.036383331,0.019572873,0.4096,0.344147495,false,false,false,"ebi-eas-GCST90018603",null,0.388681853,0.022706078,"Chronic sinusitis || id:ebi-eas-GCST90018603",true,"MedicineITLab","enigma3-withglobal-caudalanteriorcingulate-surfavg",8,18814359,0.007950455,{"v":4.74e-6,"d":"4.74E-06"},32691,"wSA_Mean_caudalanteriorcingulate_surfavg || id:enigma3-withglobal-caudalanteriorcingulate-surfavg",true,"reported","MedicineITLab",2,true,0.000640238,32691,true,0.000142112,null,0.000640238,20.94213602,25.26983511,20.94213602]
["rs59249511","A","C","A","C",0.049233853,0.04461081,0.1613,0.21098072,false,false,false,"ebi-eas-GCST90018603",null,0.091297539,0.026418931,"Chronic sinusitis || id:ebi-eas-GCST90018603",true,"MedicineITLab","enigma3-withglobal-caudalanteriorcingulate-surfavg",14,59292217,0.010629705,{"v":3.63e-6,"d":"3.63E-06"},32691,"wSA_Mean_caudalanteriorcingulate_surfavg || id:enigma3-withglobal-caudalanteriorcingulate-surfavg",true,"reported","MedicineITLab",2,true,0.000655841,32691,true,0.000445368,null,0.000655841,21.45286098,25.26983511,21.45286098]
["rs6976801","A","G","A","G",-0.038085542,-0.011750635,0.6393,0.235542574,false,false,false,"ebi-eas-GCST90018603",null,0.652828899,0.026122059,"Chronic sinusitis || id:ebi-eas-GCST90018603",true,"MedicineITLab","enigma3-withglobal-caudalanteriorcingulate-surfavg",7,2534863,0.008598323,{"v":9.45e-6,"d":"9.45E-06"},29311,"wSA_Mean_caudalanteriorcingulate_surfavg || id:enigma3-withglobal-caudalanteriorcingulate-surfavg",true,"reported","MedicineITLab",2,true,0.000668961,29311,true,0.000101582,null,0.000668961,19.61971707,25.26983511,19.61971707]
["rs7604555","A","G","A","G",0.071270921,0.051614944,0.8701,0.945864498,false,false,false,"ebi-eas-GCST90018603",null,0.351676678,0.055419967,"Chronic sinusitis || id:ebi-eas-GCST90018603",true,"MedicineITLab","enigma3-withglobal-caudalanteriorcingulate-surfavg",2,16549538,0.014727878,{"v":1.3e-6,"d":"1.30E-06"},20373,"wSA_Mean_caudalanteriorcingulate_surfavg || id:enigma3-withglobal-caudalanteriorcingulate-surfavg",true,"reported","MedicineITLab",2,true,0.001148241,20373,true,{"v":2.28e-5,"d":"2.28E-05"},null,0.001148241,23.41770686,25.26983511,23.41770686]
["rs7711454","T","C","T","C",-0.05350402,-0.012424202,0.8686,0.798561319,false,false,false,"ebi-eas-GCST90018603",null,0.643646668,0.026856972,"Chronic sinusitis || id:ebi-eas-GCST90018603",true,"MedicineITLab","enigma3-withglobal-caudalanteriorcingulate-surfavg",5,125729835,0.011610766,{"v":4.06e-6,"d":"4.06E-06"},32477,"wSA_Mean_caudalanteriorcingulate_surfavg || id:enigma3-withglobal-caudalanteriorcingulate-surfavg",true,"reported","MedicineITLab",2,true,0.000653458,32477,true,{"v":6.28e-5,"d":"6.28E-05"},null,0.000653458,21.23494069,25.26983511,21.23494069]
["rs7728751","A","G","A","G",0.054857267,0.018783603,0.7924,0.628270434,false,false,false,"ebi-eas-GCST90018603",null,0.394392368,0.022054796,"Chronic sinusitis || id:ebi-eas-GCST90018603",true,"MedicineITLab","enigma3-withglobal-caudalanteriorcingulate-surfavg",5,82843609,0.009637917,{"v":1.26e-8,"d":"1.26E-08"},32691,"wSA_Mean_caudalanteriorcingulate_surfavg || id:enigma3-withglobal-caudalanteriorcingulate-surfavg",true,"reported","MedicineITLab",2,true,0.00099008,32691,true,{"v":1.41e-6,"d":"1.41E-06"},null,0.00099008,32.39678975,25.26983511,32.39678975]
["rs78281653","T","C","T","C",-0.104816006,0.007750524,0.9655,0.643910327,false,false,false,"ebi-eas-GCST90018603",null,0.729816253,0.022441221,"Chronic sinusitis || id:ebi-eas-GCST90018603",true,"MedicineITLab","enigma3-withglobal-caudalanteriorcingulate-surfavg",2,186265044,0.021880296,{"v":1.66e-6,"d":"1.66E-06"},31333,"wSA_Mean_caudalanteriorcingulate_surfavg || id:enigma3-withglobal-caudalanteriorcingulate-surfavg",true,"reported","MedicineITLab",2,true,0.000731908,31333,true,{"v":2.32e-5,"d":"2.32E-05"},null,0.000731908,22.94821042,25.26983511,22.94821042]
["rs924762","T","C","T","C",0.040697354,-0.017941993,0.2788,0.171576185,false,false,false,"ebi-eas-GCST90018603",null,0.53418175,0.028862575,"Chronic sinusitis || id:ebi-eas-GCST90018603",true,"MedicineITLab","enigma3-withglobal-caudalanteriorcingulate-surfavg",3,147223899,0.008718972,{"v":3.04e-6,"d":"3.04E-06"},32691,"wSA_Mean_caudalanteriorcingulate_surfavg || id:enigma3-withglobal-caudalanteriorcingulate-surfavg",true,"reported","MedicineITLab",2,true,0.000666056,32691,true,{"v":6.68e-5,"d":"6.68E-05"},null,0.000666056,21.78722072,25.26983511,21.78722072]
["rs10016547","T","C","T","C",0.043455206,0.000483893,0.7853,0.784621,false,false,false,"ukb-b-69",null,0.016,0.000200233,"Non-cancer illness code, self-reported: chronic sinusitis || id:ukb-b-69",true,"igd","enigma3-withglobal-caudalanteriorcingulate-surfavg",4,81765067,0.009521646,{"v":5.02e-6,"d":"5.02E-06"},32691,"wSA_Mean_caudalanteriorcingulate_surfavg || id:enigma3-withglobal-caudalanteriorcingulate-surfavg",true,"reported","MedicineITLab",2,true,0.000636768,32691,true,0.000150891,null,0.000636768,20.82857324,25.26983511,20.82857324]
["rs10171821","A","G","A","G",0.037170823,0.000231456,0.5171,0.517167,false,false,false,"ukb-b-69",null,0.16,0.000165324,"Non-cancer illness code, self-reported: chronic sinusitis || id:ukb-b-69",true,"igd","enigma3-withglobal-caudalanteriorcingulate-surfavg",2,206544094,0.00799157,{"v":3.3e-6,"d":"3.30E-06"},31333,"wSA_Mean_caudalanteriorcingulate_surfavg || id:enigma3-withglobal-caudalanteriorcingulate-surfavg",true,"reported","MedicineITLab",2,true,0.000690027,31333,true,{"v":3.35e-5,"d":"3.35E-05"},null,0.000690027,21.63416486,25.26983511,21.63416486]
["rs10845985","A","G","A","G",0.041141609,-0.000109644,0.4449,0.433915,false,false,false,"ukb-b-69",null,0.51,0.000164995,"Non-cancer illness code, self-reported: chronic sinusitis || id:ukb-b-69",true,"igd","enigma3-withglobal-caudalanteriorcingulate-surfavg",12,14511348,0.007910254,{"v":1.98e-7,"d":"1.98E-07"},32331,"wSA_Mean_caudalanteriorcingulate_surfavg || id:enigma3-withglobal-caudalanteriorcingulate-surfavg",true,"reported","MedicineITLab",2,true,0.000836038,32331,true,{"v":1.19e-6,"d":"1.19E-06"},null,0.000836038,27.05089828,25.26983511,27.05089828]
["rs11135715","A","G","A","G",0.041416668,-0.00027656,0.7162,0.718905,false,false,false,"ukb-b-69",null,0.14,0.0001861,"Non-cancer illness code, self-reported: chronic sinusitis || id:ukb-b-69",true,"igd","enigma3-withglobal-caudalanteriorcingulate-surfavg",8,23113246,0.008671802,{"v":1.79e-6,"d":"1.79E-06"},32691,"wSA_Mean_caudalanteriorcingulate_surfavg || id:enigma3-withglobal-caudalanteriorcingulate-surfavg",true,"reported","MedicineITLab",2,true,0.000697312,32691,true,{"v":2.3e-5,"d":"2.30E-05"},null,0.000697312,22.81033176,25.26983511,22.81033176]
["rs13021985","A","G","A","G",0.046716405,{"v":2.45e-5,"d":"2.45E-05"},0.4254,0.4478,false,false,false,"ukb-b-69",null,0.88,0.000164882,"Non-cancer illness code, self-reported: chronic sinusitis || id:ukb-b-69",true,"igd","enigma3-withglobal-caudalanteriorcingulate-surfavg",2,162822709,0.007906255,{"v":3.45e-9,"d":"3.45E-09"},32691,"wSA_Mean_caudalanteriorcingulate_surfavg || id:enigma3-withglobal-caudalanteriorcingulate-surfavg",true,"reported","MedicineITLab",2,true,0.00106692,32691,true,{"v":1.42e-8,"d":"1.42E-08"},null,0.00106692,34.91380497,25.26983511,34.91380497]
["rs1854131","A","C","A","C",0.035628649,0.000123637,0.5072,0.505109,false,false,false,"ukb-b-69",null,0.450001,0.000163859,"Non-cancer illness code, self-reported: chronic sinusitis || id:ukb-b-69",true,"igd","enigma3-withglobal-caudalanteriorcingulate-surfavg",9,78103915,0.007820263,{"v":5.22e-6,"d":"5.22E-06"},32691,"wSA_Mean_caudalanteriorcingulate_surfavg || id:enigma3-withglobal-caudalanteriorcingulate-surfavg",true,"reported","MedicineITLab",2,true,0.000634569,32691,true,{"v":2.57e-5,"d":"2.57E-05"},null,0.000634569,20.7565881,25.26983511,20.7565881]
["rs2053395","A","G","A","G",-0.036296251,0.000102122,0.4281,0.413857,false,false,false,"ukb-b-69",null,0.55,0.000169912,"Non-cancer illness code, self-reported: chronic sinusitis || id:ukb-b-69",true,"igd","enigma3-withglobal-caudalanteriorcingulate-surfavg",2,42296499,0.007945406,{"v":4.91e-6,"d":"4.91E-06"},32331,"wSA_Mean_caudalanteriorcingulate_surfavg || id:enigma3-withglobal-caudalanteriorcingulate-surfavg",true,"reported","MedicineITLab",2,true,0.000645088,32331,true,{"v":2.02e-5,"d":"2.02E-05"},null,0.000645088,20.86850699,25.26983511,20.86850699]
["rs2509765","T","C","T","C",0.055716027,-0.000162727,0.8388,0.846527,false,false,false,"ukb-b-69",null,0.47,0.000227154,"Non-cancer illness code, self-reported: chronic sinusitis || id:ukb-b-69",true,"igd","enigma3-withglobal-caudalanteriorcingulate-surfavg",8,102490380,0.010734171,{"v":2.1e-7,"d":"2.10E-07"},32068,"wSA_Mean_caudalanteriorcingulate_surfavg || id:enigma3-withglobal-caudalanteriorcingulate-surfavg",true,"reported","MedicineITLab",2,true,0.000839487,32068,true,{"v":1.32e-6,"d":"1.32E-06"},null,0.000839487,26.9415928,25.26983511,26.9415928]
["rs2647416","T","C","T","C",-0.039408021,0.000203026,0.3861,0.385591,false,false,false,"ukb-b-69",null,0.23,0.000168122,"Non-cancer illness code, self-reported: chronic sinusitis || id:ukb-b-69",true,"igd","enigma3-withglobal-caudalanteriorcingulate-surfavg",6,76375540,0.008030185,{"v":9.23e-7,"d":"9.23E-07"},32691,"wSA_Mean_caudalanteriorcingulate_surfavg || id:enigma3-withglobal-caudalanteriorcingulate-surfavg",true,"reported","MedicineITLab",2,true,0.000736201,32691,true,{"v":9.33e-6,"d":"9.33E-06"},null,0.000736201,24.0834203,25.26983511,24.0834203]
["rs2889558","A","G","A","G",0.0505976,{"v":5.43e-5,"d":"5.43E-05"},0.1686,0.168843,false,false,false,"ukb-b-69",null,0.81,0.0002207,"Non-cancer illness code, self-reported: chronic sinusitis || id:ukb-b-69",true,"igd","enigma3-withglobal-caudalanteriorcingulate-surfavg",3,184424019,0.011103406,{"v":5.19e-6,"d":"5.19E-06"},28914,"wSA_Mean_caudalanteriorcingulate_surfavg || id:enigma3-withglobal-caudalanteriorcingulate-surfavg",true,"reported","MedicineITLab",2,true,0.000717724,28914,true,{"v":1.3e-5,"d":"1.30E-05"},null,0.000717724,20.76573815,25.26983511,20.76573815]
["rs292110","A","G","A","G",0.037839839,{"v":7.99e-5,"d":"7.99E-05"},0.659,0.674084,false,false,false,"ukb-b-69",null,0.649999,0.000175862,"Non-cancer illness code, self-reported: chronic sinusitis || id:ukb-b-69",true,"igd","enigma3-withglobal-caudalanteriorcingulate-surfavg",11,86090340,0.008247541,{"v":4.48e-6,"d":"4.48E-06"},32691,"wSA_Mean_caudalanteriorcingulate_surfavg || id:enigma3-withglobal-caudalanteriorcingulate-surfavg",true,"reported","MedicineITLab",2,true,0.000643529,32691,true,{"v":1.58e-5,"d":"1.58E-05"},null,0.000643529,21.04987717,25.26983511,21.04987717]
["rs3741588","A","G","A","G",-0.047203821,-0.000258981,0.8229,0.817938,false,false,false,"ukb-b-69",null,0.22,0.000212311,"Non-cancer illness code, self-reported: chronic sinusitis || id:ukb-b-69",true,"igd","enigma3-withglobal-caudalanteriorcingulate-surfavg",12,122216892,0.010257753,{"v":4.19e-6,"d":"4.19E-06"},32587,"wSA_Mean_caudalanteriorcingulate_surfavg || id:enigma3-withglobal-caudalanteriorcingulate-surfavg",true,"reported","MedicineITLab",2,true,0.000649456,32587,true,{"v":3.56e-5,"d":"3.56E-05"},null,0.000649456,21.17628632,25.26983511,21.17628632]
["rs4747503","C","G","C","G",-0.045499148,{"v":7.08e-5,"d":"7.08E-05"},0.6059,0.608783,false,true,false,"ukb-b-69",null,0.67,0.00016774,"Non-cancer illness code, self-reported: chronic sinusitis || id:ukb-b-69",true,"igd","enigma3-withglobal-caudalanteriorcingulate-surfavg",10,25123182,0.007999553,{"v":1.29e-8,"d":"1.29E-08"},32691,"wSA_Mean_caudalanteriorcingulate_surfavg || id:enigma3-withglobal-caudalanteriorcingulate-surfavg",true,"reported","MedicineITLab",2,true,0.000988653,32691,true,{"v":7.14e-8,"d":"7.14E-08"},null,0.000988653,32.35006249,25.26983511,32.35006249]
["rs56851678","A","C","A","C",0.036383331,0.000266045,0.4096,0.415143,false,false,false,"ukb-b-69",null,0.11,0.000166596,"Non-cancer illness code, self-reported: chronic sinusitis || id:ukb-b-69",true,"igd","enigma3-withglobal-caudalanteriorcingulate-surfavg",8,18814359,0.007950455,{"v":4.74e-6,"d":"4.74E-06"},32691,"wSA_Mean_caudalanteriorcingulate_surfavg || id:enigma3-withglobal-caudalanteriorcingulate-surfavg",true,"reported","MedicineITLab",2,true,0.000640238,32691,true,{"v":6.02e-5,"d":"6.02E-05"},null,0.000640238,20.94213602,25.26983511,20.94213602]
["rs59249511","A","C","A","C",0.049233853,{"v":-6.41e-5,"d":"-6.41E-05"},0.1613,0.164057,false,false,false,"ukb-b-69",null,0.77,0.000222782,"Non-cancer illness code, self-reported: chronic sinusitis || id:ukb-b-69",true,"igd","enigma3-withglobal-caudalanteriorcingulate-surfavg",14,59292217,0.010629705,{"v":3.63e-6,"d":"3.63E-06"},32691,"wSA_Mean_caudalanteriorcingulate_surfavg || id:enigma3-withglobal-caudalanteriorcingulate-surfavg",true,"reported","MedicineITLab",2,true,0.000655841,32691,true,{"v":1.07e-5,"d":"1.07E-05"},null,0.000655841,21.45286098,25.26983511,21.45286098]
["rs6976801","A","G","A","G",-0.038085542,{"v":3.97e-5,"d":"3.97E-05"},0.6393,0.638568,false,false,false,"ukb-b-69",null,0.82,0.000171754,"Non-cancer illness code, self-reported: chronic sinusitis || id:ukb-b-69",true,"igd","enigma3-withglobal-caudalanteriorcingulate-surfavg",7,2534863,0.008598323,{"v":9.45e-6,"d":"9.45E-06"},29311,"wSA_Mean_caudalanteriorcingulate_surfavg || id:enigma3-withglobal-caudalanteriorcingulate-surfavg",true,"reported","MedicineITLab",2,true,0.000668961,29311,true,{"v":2.25e-5,"d":"2.25E-05"},null,0.000668961,19.61971707,25.26983511,19.61971707]
["rs7604555","A","G","A","G",0.071270921,-0.000210659,0.8701,0.87251,false,false,false,"ukb-b-69",null,0.39,0.000245386,"Non-cancer illness code, self-reported: chronic sinusitis || id:ukb-b-69",true,"igd","enigma3-withglobal-caudalanteriorcingulate-surfavg",2,16549538,0.014727878,{"v":1.3e-6,"d":"1.30E-06"},20373,"wSA_Mean_caudalanteriorcingulate_surfavg || id:enigma3-withglobal-caudalanteriorcingulate-surfavg",true,"reported","MedicineITLab",2,true,0.001148241,20373,true,{"v":5.14e-6,"d":"5.14E-06"},null,0.001148241,23.41770686,25.26983511,23.41770686]
["rs7711454","T","C","T","C",-0.05350402,-0.000258847,0.8686,0.866689,false,false,false,"ukb-b-69",null,0.29,0.000243865,"Non-cancer illness code, self-reported: chronic sinusitis || id:ukb-b-69",true,"igd","enigma3-withglobal-caudalanteriorcingulate-surfavg",5,125729835,0.011610766,{"v":4.06e-6,"d":"4.06E-06"},32477,"wSA_Mean_caudalanteriorcingulate_surfavg || id:enigma3-withglobal-caudalanteriorcingulate-surfavg",true,"reported","MedicineITLab",2,true,0.000653458,32477,true,{"v":2.89e-5,"d":"2.89E-05"},null,0.000653458,21.23494069,25.26983511,21.23494069]
["rs7728751","A","G","A","G",0.054857267,0.000121373,0.7924,0.797453,false,false,false,"ukb-b-69",null,0.55,0.000204208,"Non-cancer illness code, self-reported: chronic sinusitis || id:ukb-b-69",true,"igd","enigma3-withglobal-caudalanteriorcingulate-surfavg",5,82843609,0.009637917,{"v":1.26e-8,"d":"1.26E-08"},32691,"wSA_Mean_caudalanteriorcingulate_surfavg || id:enigma3-withglobal-caudalanteriorcingulate-surfavg",true,"reported","MedicineITLab",2,true,0.00099008,32691,true,{"v":8.93e-8,"d":"8.93E-08"},null,0.00099008,32.39678975,25.26983511,32.39678975]
["rs924762","T","C","T","C",0.040697354,0.000147617,0.2788,0.277784,false,false,false,"ukb-b-69",null,0.42,0.000183992,"Non-cancer illness code, self-reported: chronic sinusitis || id:ukb-b-69",true,"igd","enigma3-withglobal-caudalanteriorcingulate-surfavg",3,147223899,0.008718972,{"v":3.04e-6,"d":"3.04E-06"},32691,"wSA_Mean_caudalanteriorcingulate_surfavg || id:enigma3-withglobal-caudalanteriorcingulate-surfavg",true,"reported","MedicineITLab",2,true,0.000666056,32691,true,{"v":1.67e-5,"d":"1.67E-05"},null,0.000666056,21.78722072,25.26983511,21.78722072]
["rs10016547","T","C","T","C",0.043455206,{"v":7.67e-5,"d":"7.67E-05"},0.7853,0.787257,false,false,false,"ukb-d-J32",null,0.650215,0.000169138,"Diagnoses - main ICD10: J32 Chronic sinusitis || id:ukb-d-J32",true,"igd","enigma3-withglobal-caudalanteriorcingulate-surfavg",4,81765067,0.009521646,{"v":5.02e-6,"d":"5.02E-06"},32691,"wSA_Mean_caudalanteriorcingulate_surfavg || id:enigma3-withglobal-caudalanteriorcingulate-surfavg",true,"reported","MedicineITLab",2,true,0.000636768,32691,true,{"v":2.24e-5,"d":"2.24E-05"},null,0.000636768,20.82857324,25.26983511,20.82857324]
["rs10171821","A","G","A","G",0.037170823,0.000131835,0.5171,0.51852,false,false,false,"ukb-d-J32",null,0.342813,0.000138975,"Diagnoses - main ICD10: J32 Chronic sinusitis || id:ukb-d-J32",true,"igd","enigma3-withglobal-caudalanteriorcingulate-surfavg",2,206544094,0.00799157,{"v":3.3e-6,"d":"3.30E-06"},31333,"wSA_Mean_caudalanteriorcingulate_surfavg || id:enigma3-withglobal-caudalanteriorcingulate-surfavg",true,"reported","MedicineITLab",2,true,0.000690027,31333,true,{"v":2.75e-5,"d":"2.75E-05"},null,0.000690027,21.63416486,25.26983511,21.63416486]
["rs10845985","A","G","A","G",0.041141609,-0.00016207,0.4449,0.432575,false,false,false,"ukb-d-J32",null,0.242519,0.000138674,"Diagnoses - main ICD10: J32 Chronic sinusitis || id:ukb-d-J32",true,"igd","enigma3-withglobal-caudalanteriorcingulate-surfavg",12,14511348,0.007910254,{"v":1.98e-7,"d":"1.98E-07"},32331,"wSA_Mean_caudalanteriorcingulate_surfavg || id:enigma3-withglobal-caudalanteriorcingulate-surfavg",true,"reported","MedicineITLab",2,true,0.000836038,32331,true,{"v":3.37e-6,"d":"3.37E-06"},null,0.000836038,27.05089828,25.26983511,27.05089828]
["rs11031433","T","C","T","C",0.069251355,-0.000147938,0.9333,0.9258584,false,false,false,"ukb-d-J32",null,0.572749,0.000262296,"Diagnoses - main ICD10: J32 Chronic sinusitis || id:ukb-d-J32",true,"igd","enigma3-withglobal-caudalanteriorcingulate-surfavg",11,31652904,0.015670431,{"v":9.91e-6,"d":"9.91E-06"},32691,"wSA_Mean_caudalanteriorcingulate_surfavg || id:enigma3-withglobal-caudalanteriorcingulate-surfavg",true,"reported","MedicineITLab",2,true,0.000597082,32691,true,{"v":4.72e-5,"d":"4.72E-05"},null,0.000597082,19.52965932,25.26983511,19.52965932]
["rs11135715","A","G","A","G",0.041416668,{"v":5.25e-5,"d":"5.25E-05"},0.7162,0.719317,false,false,false,"ukb-d-J32",null,0.737089,0.000156238,"Diagnoses - main ICD10: J32 Chronic sinusitis || id:ukb-d-J32",true,"igd","enigma3-withglobal-caudalanteriorcingulate-surfavg",8,23113246,0.008671802,{"v":1.79e-6,"d":"1.79E-06"},32691,"wSA_Mean_caudalanteriorcingulate_surfavg || id:enigma3-withglobal-caudalanteriorcingulate-surfavg",true,"reported","MedicineITLab",2,true,0.000697312,32691,true,{"v":7.6e-6,"d":"7.60E-06"},null,0.000697312,22.81033176,25.26983511,22.81033176]
["rs12045189","A","G","A","G",0.042647471,0.000102096,0.7534,0.768357,false,false,false,"ukb-d-J32",null,0.535905,0.000164932,"Diagnoses - main ICD10: J32 Chronic sinusitis || id:ukb-d-J32",true,"igd","enigma3-withglobal-caudalanteriorcingulate-surfavg",1,69778600,0.009124042,{"v":2.95e-6,"d":"2.95E-06"},32308,"wSA_Mean_caudalanteriorcingulate_surfavg || id:enigma3-withglobal-caudalanteriorcingulate-surfavg",true,"reported","MedicineITLab",2,true,0.000675827,32308,true,{"v":1.71e-5,"d":"1.71E-05"},null,0.000675827,21.84801764,25.26983511,21.84801764]
["rs13021985","A","G","A","G",0.046716405,{"v":7.49e-5,"d":"7.49E-05"},0.4254,0.450788,false,false,false,"ukb-d-J32",null,0.588642,0.000138508,"Diagnoses - main ICD10: J32 Chronic sinusitis || id:ukb-d-J32",true,"igd","enigma3-withglobal-caudalanteriorcingulate-surfavg",2,162822709,0.007906255,{"v":3.45e-9,"d":"3.45E-09"},32691,"wSA_Mean_caudalanteriorcingulate_surfavg || id:enigma3-withglobal-caudalanteriorcingulate-surfavg",true,"reported","MedicineITLab",2,true,0.00106692,32691,true,{"v":3.77e-8,"d":"3.77E-08"},null,0.00106692,34.91380497,25.26983511,34.91380497]
["rs149041077","T","G","T","G",0.048544037,-0.000138142,0.8348,0.880989,false,false,false,"ukb-d-J32",null,0.515585,0.000212471,"Diagnoses - main ICD10: J32 Chronic sinusitis || id:ukb-d-J32",true,"igd","enigma3-withglobal-caudalanteriorcingulate-surfavg",22,28784075,0.010523837,{"v":3.97e-6,"d":"3.97E-06"},32717,"wSA_Mean_caudalanteriorcingulate_surfavg || id:enigma3-withglobal-caudalanteriorcingulate-surfavg",true,"reported","MedicineITLab",2,true,0.000649971,32717,true,{"v":2.35e-5,"d":"2.35E-05"},null,0.000649971,21.27764508,25.26983511,21.27764508]
["rs1854131","A","C","A","C",0.035628649,0.000125838,0.5072,0.507332,false,false,false,"ukb-d-J32",null,0.360826,0.00013771,"Diagnoses - main ICD10: J32 Chronic sinusitis || id:ukb-d-J32",true,"igd","enigma3-withglobal-caudalanteriorcingulate-surfavg",9,78103915,0.007820263,{"v":5.22e-6,"d":"5.22E-06"},32691,"wSA_Mean_caudalanteriorcingulate_surfavg || id:enigma3-withglobal-caudalanteriorcingulate-surfavg",true,"reported","MedicineITLab",2,true,0.000634569,32691,true,{"v":4.15e-5,"d":"4.15E-05"},null,0.000634569,20.7565881,25.26983511,20.7565881]
["rs2053395","A","G","A","G",-0.036296251,0.000184727,0.4281,0.413588,false,false,false,"ukb-d-J32",null,0.195704,0.000142769,"Diagnoses - main ICD10: J32 Chronic sinusitis || id:ukb-d-J32",true,"igd","enigma3-withglobal-caudalanteriorcingulate-surfavg",2,42296499,0.007945406,{"v":4.91e-6,"d":"4.91E-06"},32331,"wSA_Mean_caudalanteriorcingulate_surfavg || id:enigma3-withglobal-caudalanteriorcingulate-surfavg",true,"reported","MedicineITLab",2,true,0.000645088,32331,true,{"v":6.2e-5,"d":"6.20E-05"},null,0.000645088,20.86850699,25.26983511,20.86850699]
["rs2509765","T","C","T","C",0.055716027,{"v":-7.69e-5,"d":"-7.69E-05"},0.8388,0.847878,false,false,false,"ukb-d-J32",null,0.687983,0.000191432,"Diagnoses - main ICD10: J32 Chronic sinusitis || id:ukb-d-J32",true,"igd","enigma3-withglobal-caudalanteriorcingulate-surfavg",8,102490380,0.010734171,{"v":2.1e-7,"d":"2.10E-07"},32068,"wSA_Mean_caudalanteriorcingulate_surfavg || id:enigma3-withglobal-caudalanteriorcingulate-surfavg",true,"reported","MedicineITLab",2,true,0.000839487,32068,true,{"v":1.18e-6,"d":"1.18E-06"},null,0.000839487,26.9415928,25.26983511,26.9415928]
["rs2647416","T","C","T","C",-0.039408021,{"v":-3.64e-6,"d":"-3.64E-06"},0.3861,0.384695,false,false,false,"ukb-d-J32",null,0.979426,0.000141317,"Diagnoses - main ICD10: J32 Chronic sinusitis || id:ukb-d-J32",true,"igd","enigma3-withglobal-caudalanteriorcingulate-surfavg",6,76375540,0.008030185,{"v":9.23e-7,"d":"9.23E-07"},32691,"wSA_Mean_caudalanteriorcingulate_surfavg || id:enigma3-withglobal-caudalanteriorcingulate-surfavg",true,"reported","MedicineITLab",2,true,0.000736201,32691,true,{"v":2.71e-6,"d":"2.71E-06"},null,0.000736201,24.0834203,25.26983511,24.0834203]
["rs2889558","A","G","A","G",0.0505976,{"v":1.21e-5,"d":"1.21E-05"},0.1686,0.167503,false,false,false,"ukb-d-J32",null,0.948292,0.000185959,"Diagnoses - main ICD10: J32 Chronic sinusitis || id:ukb-d-J32",true,"igd","enigma3-withglobal-caudalanteriorcingulate-surfavg",3,184424019,0.011103406,{"v":5.19e-6,"d":"5.19E-06"},28914,"wSA_Mean_caudalanteriorcingulate_surfavg || id:enigma3-withglobal-caudalanteriorcingulate-surfavg",true,"reported","MedicineITLab",2,true,0.000717724,28914,true,{"v":1.26e-5,"d":"1.26E-05"},null,0.000717724,20.76573815,25.26983511,20.76573815]
["rs292110","A","G","A","G",0.037839839,{"v":1.87e-5,"d":"1.87E-05"},0.659,0.676986,false,false,false,"ukb-d-J32",null,0.899476,0.000147991,"Diagnoses - main ICD10: J32 Chronic sinusitis || id:ukb-d-J32",true,"igd","enigma3-withglobal-caudalanteriorcingulate-surfavg",11,86090340,0.008247541,{"v":4.48e-6,"d":"4.48E-06"},32691,"wSA_Mean_caudalanteriorcingulate_surfavg || id:enigma3-withglobal-caudalanteriorcingulate-surfavg",true,"reported","MedicineITLab",2,true,0.000643529,32691,true,{"v":1.32e-5,"d":"1.32E-05"},null,0.000643529,21.04987717,25.26983511,21.04987717]
["rs3741588","A","G","A","G",-0.047203821,{"v":-6.72e-5,"d":"-6.72E-05"},0.8229,0.817255,false,false,false,"ukb-d-J32",null,0.705828,0.000178007,"Diagnoses - main ICD10: J32 Chronic sinusitis || id:ukb-d-J32",true,"igd","enigma3-withglobal-caudalanteriorcingulate-surfavg",12,122216892,0.010257753,{"v":4.19e-6,"d":"4.19E-06"},32587,"wSA_Mean_caudalanteriorcingulate_surfavg || id:enigma3-withglobal-caudalanteriorcingulate-surfavg",true,"reported","MedicineITLab",2,true,0.000649456,32587,true,{"v":1.72e-5,"d":"1.72E-05"},null,0.000649456,21.17628632,25.26983511,21.17628632]
["rs4747503","C","G","C","G",-0.045499148,{"v":-5.58e-5,"d":"-5.58E-05"},0.6059,0.606197,false,true,false,"ukb-d-J32",null,0.691997,0.000140875,"Diagnoses - main ICD10: J32 Chronic sinusitis || id:ukb-d-J32",true,"igd","enigma3-withglobal-caudalanteriorcingulate-surfavg",10,25123182,0.007999553,{"v":1.29e-8,"d":"1.29E-08"},32691,"wSA_Mean_caudalanteriorcingulate_surfavg || id:enigma3-withglobal-caudalanteriorcingulate-surfavg",true,"reported","MedicineITLab",2,true,0.000988653,32691,true,{"v":9.74e-8,"d":"9.74E-08"},null,0.000988653,32.35006249,25.26983511,32.35006249]
["rs56851678","A","C","A","C",0.036383331,{"v":4.76e-5,"d":"4.76E-05"},0.4096,0.417834,false,false,false,"ukb-d-J32",null,0.73362,0.000139976,"Diagnoses - main ICD10: J32 Chronic sinusitis || id:ukb-d-J32",true,"igd","enigma3-withglobal-caudalanteriorcingulate-surfavg",8,18814359,0.007950455,{"v":4.74e-6,"d":"4.74E-06"},32691,"wSA_Mean_caudalanteriorcingulate_surfavg || id:enigma3-withglobal-caudalanteriorcingulate-surfavg",true,"reported","MedicineITLab",2,true,0.000640238,32691,true,{"v":1.84e-5,"d":"1.84E-05"},null,0.000640238,20.94213602,25.26983511,20.94213602]
["rs59249511","A","C","A","C",0.049233853,0.000105476,0.1613,0.164819,false,false,false,"ukb-d-J32",null,0.572217,0.000186753,"Diagnoses - main ICD10: J32 Chronic sinusitis || id:ukb-d-J32",true,"igd","enigma3-withglobal-caudalanteriorcingulate-surfavg",14,59292217,0.010629705,{"v":3.63e-6,"d":"3.63E-06"},32691,"wSA_Mean_caudalanteriorcingulate_surfavg || id:enigma3-withglobal-caudalanteriorcingulate-surfavg",true,"reported","MedicineITLab",2,true,0.000655841,32691,true,{"v":1.94e-5,"d":"1.94E-05"},null,0.000655841,21.45286098,25.26983511,21.45286098]
["rs6976801","A","G","A","G",-0.038085542,{"v":-4.78e-5,"d":"-4.78E-05"},0.6393,0.639183,false,false,false,"ukb-d-J32",null,0.740831,0.000144433,"Diagnoses - main ICD10: J32 Chronic sinusitis || id:ukb-d-J32",true,"igd","enigma3-withglobal-caudalanteriorcingulate-surfavg",7,2534863,0.008598323,{"v":9.45e-6,"d":"9.45E-06"},29311,"wSA_Mean_caudalanteriorcingulate_surfavg || id:enigma3-withglobal-caudalanteriorcingulate-surfavg",true,"reported","MedicineITLab",2,true,0.000668961,29311,true,{"v":3.06e-5,"d":"3.06E-05"},null,0.000668961,19.61971707,25.26983511,19.61971707]
["rs7604555","A","G","A","G",0.071270921,{"v":8e-5,"d":"8.00E-05"},0.8701,0.874158,false,false,false,"ukb-d-J32",null,0.699636,0.000207227,"Diagnoses - main ICD10: J32 Chronic sinusitis || id:ukb-d-J32",true,"igd","enigma3-withglobal-caudalanteriorcingulate-surfavg",2,16549538,0.014727878,{"v":1.3e-6,"d":"1.30E-06"},20373,"wSA_Mean_caudalanteriorcingulate_surfavg || id:enigma3-withglobal-caudalanteriorcingulate-surfavg",true,"reported","MedicineITLab",2,true,0.001148241,20373,true,{"v":3.87e-6,"d":"3.87E-06"},null,0.001148241,23.41770686,25.26983511,23.41770686]
["rs7711454","T","C","T","C",-0.05350402,-0.000163049,0.8686,0.867305,false,false,false,"ukb-d-J32",null,0.426298,0.000204952,"Diagnoses - main ICD10: J32 Chronic sinusitis || id:ukb-d-J32",true,"igd","enigma3-withglobal-caudalanteriorcingulate-surfavg",5,125729835,0.011610766,{"v":4.06e-6,"d":"4.06E-06"},32477,"wSA_Mean_caudalanteriorcingulate_surfavg || id:enigma3-withglobal-caudalanteriorcingulate-surfavg",true,"reported","MedicineITLab",2,true,0.000653458,32477,true,{"v":2.85e-5,"d":"2.85E-05"},null,0.000653458,21.23494069,25.26983511,21.23494069]
["rs7728751","A","G","A","G",0.054857267,{"v":1.43e-5,"d":"1.43E-05"},0.7924,0.798336,false,false,false,"ukb-d-J32",null,0.933562,0.000171798,"Diagnoses - main ICD10: J32 Chronic sinusitis || id:ukb-d-J32",true,"igd","enigma3-withglobal-caudalanteriorcingulate-surfavg",5,82843609,0.009637917,{"v":1.26e-8,"d":"1.26E-08"},32691,"wSA_Mean_caudalanteriorcingulate_surfavg || id:enigma3-withglobal-caudalanteriorcingulate-surfavg",true,"reported","MedicineITLab",2,true,0.00099008,32691,true,{"v":5.78e-8,"d":"5.78E-08"},null,0.00099008,32.39678975,25.26983511,32.39678975]
["rs77616139","A","G","A","G",0.100449032,-0.000172125,0.0376,0.0368826,false,false,false,"ukb-d-J32",null,0.642896,0.000371237,"Diagnoses - main ICD10: J32 Chronic sinusitis || id:ukb-d-J32",true,"igd","enigma3-withglobal-caudalanteriorcingulate-surfavg",15,62546386,0.020666099,{"v":1.17e-6,"d":"1.17E-06"},32331,"wSA_Mean_caudalanteriorcingulate_surfavg || id:enigma3-withglobal-caudalanteriorcingulate-surfavg",true,"reported","MedicineITLab",2,true,0.000730239,32331,true,{"v":6.09e-6,"d":"6.09E-06"},null,0.000730239,23.62514537,25.26983511,23.62514537]
["rs78281653","T","C","T","C",-0.104816006,-0.000883019,0.9655,0.9703755,false,false,false,"ukb-d-J32",null,0.0301898,0.000407371,"Diagnoses - main ICD10: J32 Chronic sinusitis || id:ukb-d-J32",true,"igd","enigma3-withglobal-caudalanteriorcingulate-surfavg",2,186265044,0.021880296,{"v":1.66e-6,"d":"1.66E-06"},31333,"wSA_Mean_caudalanteriorcingulate_surfavg || id:enigma3-withglobal-caudalanteriorcingulate-surfavg",true,"reported","MedicineITLab",2,true,0.000731908,31333,true,{"v":6.83e-5,"d":"6.83E-05"},null,0.000731908,22.94821042,25.26983511,22.94821042]
["rs924762","T","C","T","C",0.040697354,0.000121704,0.2788,0.277587,false,false,false,"ukb-d-J32",null,0.430993,0.000154546,"Diagnoses - main ICD10: J32 Chronic sinusitis || id:ukb-d-J32",true,"igd","enigma3-withglobal-caudalanteriorcingulate-surfavg",3,147223899,0.008718972,{"v":3.04e-6,"d":"3.04E-06"},32691,"wSA_Mean_caudalanteriorcingulate_surfavg || id:enigma3-withglobal-caudalanteriorcingulate-surfavg",true,"reported","MedicineITLab",2,true,0.000666056,32691,true,{"v":2.21e-5,"d":"2.21E-05"},null,0.000666056,21.78722072,25.26983511,21.78722072]
["rs10016547","T","C","T","C",0.043455206,0.0057,0.7853,0.79,false,false,false,"ukb-saige-471",null,0.85,0.031,"Nasal polyps || id:ukb-saige-471",true,"MedicineITLab","enigma3-withglobal-caudalanteriorcingulate-surfavg",4,81765067,0.009521646,{"v":5.02e-6,"d":"5.02E-06"},32691,"wSA_Mean_caudalanteriorcingulate_surfavg || id:enigma3-withglobal-caudalanteriorcingulate-surfavg",true,"reported","MedicineITLab",2,true,0.000636768,32691,true,{"v":1.47e-5,"d":"1.47E-05"},null,0.000636768,20.82857324,25.26983511,20.82857324]
["rs10171821","A","G","A","G",0.037170823,-0.0045,0.5171,0.52,false,false,false,"ukb-saige-471",null,0.86,0.025,"Nasal polyps || id:ukb-saige-471",true,"MedicineITLab","enigma3-withglobal-caudalanteriorcingulate-surfavg",2,206544094,0.00799157,{"v":3.3e-6,"d":"3.30E-06"},31333,"wSA_Mean_caudalanteriorcingulate_surfavg || id:enigma3-withglobal-caudalanteriorcingulate-surfavg",true,"reported","MedicineITLab",2,true,0.000690027,31333,true,{"v":9.56e-6,"d":"9.56E-06"},null,0.000690027,21.63416486,25.26983511,21.63416486]
["rs10845985","A","G","A","G",0.041141609,0.014,0.4449,0.43,false,false,false,"ukb-saige-471",null,0.58,0.025,"Nasal polyps || id:ukb-saige-471",true,"MedicineITLab","enigma3-withglobal-caudalanteriorcingulate-surfavg",12,14511348,0.007910254,{"v":1.98e-7,"d":"1.98E-07"},32331,"wSA_Mean_caudalanteriorcingulate_surfavg || id:enigma3-withglobal-caudalanteriorcingulate-surfavg",true,"reported","MedicineITLab",2,true,0.000836038,32331,true,{"v":1.27e-6,"d":"1.27E-06"},null,0.000836038,27.05089828,25.26983511,27.05089828]
["rs11031433","T","C","T","C",0.069251355,-0.03,0.9333,0.926,false,false,false,"ukb-saige-471",null,0.53,0.048,"Nasal polyps || id:ukb-saige-471",true,"MedicineITLab","enigma3-withglobal-caudalanteriorcingulate-surfavg",11,31652904,0.015670431,{"v":9.91e-6,"d":"9.91E-06"},32691,"wSA_Mean_caudalanteriorcingulate_surfavg || id:enigma3-withglobal-caudalanteriorcingulate-surfavg",true,"reported","MedicineITLab",2,true,0.000597082,32691,true,{"v":4.65e-5,"d":"4.65E-05"},null,0.000597082,19.52965932,25.26983511,19.52965932]
["rs11135715","A","G","A","G",0.041416668,-0.04,0.7162,0.72,false,false,false,"ukb-saige-471",null,0.16,0.028,"Nasal polyps || id:ukb-saige-471",true,"MedicineITLab","enigma3-withglobal-caudalanteriorcingulate-surfavg",8,23113246,0.008671802,{"v":1.79e-6,"d":"1.79E-06"},32691,"wSA_Mean_caudalanteriorcingulate_surfavg || id:enigma3-withglobal-caudalanteriorcingulate-surfavg",true,"reported","MedicineITLab",2,true,0.000697312,32691,true,{"v":2.75e-5,"d":"2.75E-05"},null,0.000697312,22.81033176,25.26983511,22.81033176]
["rs13021985","A","G","A","G",0.046716405,-0.057,0.4254,0.45,false,false,false,"ukb-saige-471",null,0.023,0.025,"Nasal polyps || id:ukb-saige-471",true,"MedicineITLab","enigma3-withglobal-caudalanteriorcingulate-surfavg",2,162822709,0.007906255,{"v":3.45e-9,"d":"3.45E-09"},32691,"wSA_Mean_caudalanteriorcingulate_surfavg || id:enigma3-withglobal-caudalanteriorcingulate-surfavg",true,"reported","MedicineITLab",2,true,0.00106692,32691,true,{"v":4.54e-7,"d":"4.54E-07"},null,0.00106692,34.91380497,25.26983511,34.91380497]
["rs143020784","A","G","A","G",-0.198436203,-0.074,0.0117,0.0083,false,false,false,"ukb-saige-471",null,0.61,0.14,"Nasal polyps || id:ukb-saige-471",true,"MedicineITLab","enigma3-withglobal-caudalanteriorcingulate-surfavg",11,86598953,0.044241414,{"v":7.28e-6,"d":"7.28E-06"},22074,"wSA_Mean_caudalanteriorcingulate_surfavg || id:enigma3-withglobal-caudalanteriorcingulate-surfavg",true,"reported","MedicineITLab",2,true,0.000910639,22074,true,{"v":2.22e-5,"d":"2.22E-05"},null,0.000910639,20.11795465,25.26983511,20.11795465]
["rs1854131","A","C","A","C",0.035628649,-0.0021,0.5072,0.51,false,false,false,"ukb-saige-471",null,0.93,0.025,"Nasal polyps || id:ukb-saige-471",true,"MedicineITLab","enigma3-withglobal-caudalanteriorcingulate-surfavg",9,78103915,0.007820263,{"v":5.22e-6,"d":"5.22E-06"},32691,"wSA_Mean_caudalanteriorcingulate_surfavg || id:enigma3-withglobal-caudalanteriorcingulate-surfavg",true,"reported","MedicineITLab",2,true,0.000634569,32691,true,{"v":1.34e-5,"d":"1.34E-05"},null,0.000634569,20.7565881,25.26983511,20.7565881]
["rs2053395","A","G","A","G",-0.036296251,0.011,0.4281,0.41,false,false,false,"ukb-saige-471",null,0.67,0.026,"Nasal polyps || id:ukb-saige-471",true,"MedicineITLab","enigma3-withglobal-caudalanteriorcingulate-surfavg",2,42296499,0.007945406,{"v":4.91e-6,"d":"4.91E-06"},32331,"wSA_Mean_caudalanteriorcingulate_surfavg || id:enigma3-withglobal-caudalanteriorcingulate-surfavg",true,"reported","MedicineITLab",2,true,0.000645088,32331,true,{"v":1.92e-5,"d":"1.92E-05"},null,0.000645088,20.86850699,25.26983511,20.86850699]
["rs2509765","T","C","T","C",0.055716027,-0.022,0.8388,0.85,false,false,false,"ukb-saige-471",null,0.53,0.035,"Nasal polyps || id:ukb-saige-471",true,"MedicineITLab","enigma3-withglobal-caudalanteriorcingulate-surfavg",8,102490380,0.010734171,{"v":2.1e-7,"d":"2.10E-07"},32068,"wSA_Mean_caudalanteriorcingulate_surfavg || id:enigma3-withglobal-caudalanteriorcingulate-surfavg",true,"reported","MedicineITLab",2,true,0.000839487,32068,true,{"v":1.45e-6,"d":"1.45E-06"},null,0.000839487,26.9415928,25.26983511,26.9415928]
["rs2647416","T","C","T","C",-0.039408021,-0.066,0.3861,0.38,false,false,false,"ukb-saige-471",null,0.0097,0.026,"Nasal polyps || id:ukb-saige-471",true,"MedicineITLab","enigma3-withglobal-caudalanteriorcingulate-surfavg",6,76375540,0.008030185,{"v":9.23e-7,"d":"9.23E-07"},32691,"wSA_Mean_caudalanteriorcingulate_surfavg || id:enigma3-withglobal-caudalanteriorcingulate-surfavg",true,"reported","MedicineITLab",2,true,0.000736201,32691,true,{"v":6.03e-5,"d":"6.03E-05"},null,0.000736201,24.0834203,25.26983511,24.0834203]
["rs2889558","A","G","A","G",0.0505976,0.0024,0.1686,0.17,false,false,false,"ukb-saige-471",null,0.94,0.034,"Nasal polyps || id:ukb-saige-471",true,"MedicineITLab","enigma3-withglobal-caudalanteriorcingulate-surfavg",3,184424019,0.011103406,{"v":5.19e-6,"d":"5.19E-06"},28914,"wSA_Mean_caudalanteriorcingulate_surfavg || id:enigma3-withglobal-caudalanteriorcingulate-surfavg",true,"reported","MedicineITLab",2,true,0.000717724,28914,true,{"v":1.19e-5,"d":"1.19E-05"},null,0.000717724,20.76573815,25.26983511,20.76573815]
["rs292110","A","G","A","G",0.037839839,0.021,0.659,0.68,false,false,false,"ukb-saige-471",null,0.43,0.027,"Nasal polyps || id:ukb-saige-471",true,"MedicineITLab","enigma3-withglobal-caudalanteriorcingulate-surfavg",11,86090340,0.008247541,{"v":4.48e-6,"d":"4.48E-06"},32691,"wSA_Mean_caudalanteriorcingulate_surfavg || id:enigma3-withglobal-caudalanteriorcingulate-surfavg",true,"reported","MedicineITLab",2,true,0.000643529,32691,true,{"v":2.76e-5,"d":"2.76E-05"},null,0.000643529,21.04987717,25.26983511,21.04987717]
["rs3741588","A","G","A","G",-0.047203821,-0.015,0.8229,0.82,false,false,false,"ukb-saige-471",null,0.64,0.032,"Nasal polyps || id:ukb-saige-471",true,"MedicineITLab","enigma3-withglobal-caudalanteriorcingulate-surfavg",12,122216892,0.010257753,{"v":4.19e-6,"d":"4.19E-06"},32587,"wSA_Mean_caudalanteriorcingulate_surfavg || id:enigma3-withglobal-caudalanteriorcingulate-surfavg",true,"reported","MedicineITLab",2,true,0.000649456,32587,true,{"v":1.77e-5,"d":"1.77E-05"},null,0.000649456,21.17628632,25.26983511,21.17628632]
["rs4747503","C","G","C","G",-0.045499148,0.012,0.6059,0.61,false,true,false,"ukb-saige-471",null,0.64,0.026,"Nasal polyps || id:ukb-saige-471",true,"MedicineITLab","enigma3-withglobal-caudalanteriorcingulate-surfavg",10,25123182,0.007999553,{"v":1.29e-8,"d":"1.29E-08"},32691,"wSA_Mean_caudalanteriorcingulate_surfavg || id:enigma3-withglobal-caudalanteriorcingulate-surfavg",true,"reported","MedicineITLab",2,true,0.000988653,32691,true,{"v":9.48e-8,"d":"9.48E-08"},null,0.000988653,32.35006249,25.26983511,32.35006249]
["rs56851678","A","C","A","C",0.036383331,-0.0069,0.4096,0.42,false,false,false,"ukb-saige-471",null,0.78,0.025,"Nasal polyps || id:ukb-saige-471",true,"MedicineITLab","enigma3-withglobal-caudalanteriorcingulate-surfavg",8,18814359,0.007950455,{"v":4.74e-6,"d":"4.74E-06"},32691,"wSA_Mean_caudalanteriorcingulate_surfavg || id:enigma3-withglobal-caudalanteriorcingulate-surfavg",true,"reported","MedicineITLab",2,true,0.000640238,32691,true,{"v":1.56e-5,"d":"1.56E-05"},null,0.000640238,20.94213602,25.26983511,20.94213602]
["rs59249511","A","C","A","C",0.049233853,0.0096,0.1613,0.17,false,false,false,"ukb-saige-471",null,0.78,0.034,"Nasal polyps || id:ukb-saige-471",true,"MedicineITLab","enigma3-withglobal-caudalanteriorcingulate-surfavg",14,59292217,0.010629705,{"v":3.63e-6,"d":"3.63E-06"},32691,"wSA_Mean_caudalanteriorcingulate_surfavg || id:enigma3-withglobal-caudalanteriorcingulate-surfavg",true,"reported","MedicineITLab",2,true,0.000655841,32691,true,{"v":1.23e-5,"d":"1.23E-05"},null,0.000655841,21.45286098,25.26983511,21.45286098]
["rs6976801","A","G","A","G",-0.038085542,{"v":5.5e-5,"d":"5.50E-05"},0.6393,0.64,false,false,false,"ukb-saige-471",null,1,0.026,"Nasal polyps || id:ukb-saige-471",true,"MedicineITLab","enigma3-withglobal-caudalanteriorcingulate-surfavg",7,2534863,0.008598323,{"v":9.45e-6,"d":"9.45E-06"},29311,"wSA_Mean_caudalanteriorcingulate_surfavg || id:enigma3-withglobal-caudalanteriorcingulate-surfavg",true,"reported","MedicineITLab",2,true,0.000668961,29311,true,{"v":1.94e-5,"d":"1.94E-05"},null,0.000668961,19.61971707,25.26983511,19.61971707]
["rs7604555","A","G","A","G",0.071270921,-0.0058,0.8701,0.87,false,false,false,"ukb-saige-471",null,0.88,0.038,"Nasal polyps || id:ukb-saige-471",true,"MedicineITLab","enigma3-withglobal-caudalanteriorcingulate-surfavg",2,16549538,0.014727878,{"v":1.3e-6,"d":"1.30E-06"},20373,"wSA_Mean_caudalanteriorcingulate_surfavg || id:enigma3-withglobal-caudalanteriorcingulate-surfavg",true,"reported","MedicineITLab",2,true,0.001148241,20373,true,{"v":2.82e-6,"d":"2.82E-06"},null,0.001148241,23.41770686,25.26983511,23.41770686]
["rs7711454","T","C","T","C",-0.05350402,-0.082,0.8686,0.87,false,false,false,"ukb-saige-471",null,0.027,0.037,"Nasal polyps || id:ukb-saige-471",true,"MedicineITLab","enigma3-withglobal-caudalanteriorcingulate-surfavg",5,125729835,0.011610766,{"v":4.06e-6,"d":"4.06E-06"},32477,"wSA_Mean_caudalanteriorcingulate_surfavg || id:enigma3-withglobal-caudalanteriorcingulate-surfavg",true,"reported","MedicineITLab",2,true,0.000653458,32477,true,0.000135425,null,0.000653458,21.23494069,25.26983511,21.23494069]
["rs7728751","A","G","A","G",0.054857267,-0.043,0.7924,0.8,false,false,false,"ukb-saige-471",null,0.16,0.031,"Nasal polyps || id:ukb-saige-471",true,"MedicineITLab","enigma3-withglobal-caudalanteriorcingulate-surfavg",5,82843609,0.009637917,{"v":1.26e-8,"d":"1.26E-08"},32691,"wSA_Mean_caudalanteriorcingulate_surfavg || id:enigma3-withglobal-caudalanteriorcingulate-surfavg",true,"reported","MedicineITLab",2,true,0.00099008,32691,true,{"v":3.7e-7,"d":"3.70E-07"},null,0.00099008,32.39678975,25.26983511,32.39678975]
["rs77616139","A","G","A","G",0.100449032,0.033,0.0376,0.037,false,false,false,"ukb-saige-471",null,0.62,0.068,"Nasal polyps || id:ukb-saige-471",true,"MedicineITLab","enigma3-withglobal-caudalanteriorcingulate-surfavg",15,62546386,0.020666099,{"v":1.17e-6,"d":"1.17E-06"},32331,"wSA_Mean_caudalanteriorcingulate_surfavg || id:enigma3-withglobal-caudalanteriorcingulate-surfavg",true,"reported","MedicineITLab",2,true,0.000730239,32331,true,{"v":5.68e-6,"d":"5.68E-06"},null,0.000730239,23.62514537,25.26983511,23.62514537]
["rs78281653","T","C","T","C",-0.104816006,0.038,0.9655,0.97,false,false,false,"ukb-saige-471",null,0.61,0.074,"Nasal polyps || id:ukb-saige-471",true,"MedicineITLab","enigma3-withglobal-caudalanteriorcingulate-surfavg",2,186265044,0.021880296,{"v":1.66e-6,"d":"1.66E-06"},31333,"wSA_Mean_caudalanteriorcingulate_surfavg || id:enigma3-withglobal-caudalanteriorcingulate-surfavg",true,"reported","MedicineITLab",2,true,0.000731908,31333,true,{"v":7.81e-6,"d":"7.81E-06"},null,0.000731908,22.94821042,25.26983511,22.94821042]
["rs80241863","A","G","A","G",0.239567369,0.083,0.0127,0.0099,false,false,false,"ukb-saige-471",null,0.51,0.13,"Nasal polyps || id:ukb-saige-471",true,"MedicineITLab","enigma3-withglobal-caudalanteriorcingulate-surfavg",16,60827388,0.040305592,{"v":2.79e-9,"d":"2.79E-09"},24513,"wSA_Mean_caudalanteriorcingulate_surfavg || id:enigma3-withglobal-caudalanteriorcingulate-surfavg",true,"reported","MedicineITLab",2,true,0.001439256,24513,true,{"v":2.02e-8,"d":"2.02E-08"},null,0.001439256,35.32846138,25.26983511,35.32846138]
["rs924762","T","C","T","C",0.040697354,-0.0074,0.2788,0.28,false,false,false,"ukb-saige-471",null,0.79,0.028,"Nasal polyps || id:ukb-saige-471",true,"MedicineITLab","enigma3-withglobal-caudalanteriorcingulate-surfavg",3,147223899,0.008718972,{"v":3.04e-6,"d":"3.04E-06"},32691,"wSA_Mean_caudalanteriorcingulate_surfavg || id:enigma3-withglobal-caudalanteriorcingulate-surfavg",true,"reported","MedicineITLab",2,true,0.000666056,32691,true,{"v":1.03e-5,"d":"1.03E-05"},null,0.000666056,21.78722072,25.26983511,21.78722072]
["rs10980625","T","C","T","C",0.059225745,0.022980072,0.1086,0.188522368,false,false,false,"ebi-eas-GCST90018603",null,0.400143572,0.027312851,"Chronic sinusitis || id:ebi-eas-GCST90018603",true,"MedicineITLab","enigma3-withglobal-caudalanteriorcingulate-thickavg",9,113665018,0.012547827,{"v":2.18e-6,"d":"2.18E-06"},32784,"wTHICK_Mean_caudalanteriorcingulate_thickavg || id:enigma3-withglobal-caudalanteriorcingulate-thickavg",true,"reported","MedicineITLab",2,true,0.000679131,32784,true,{"v":8.07e-5,"d":"8.07E-05"},null,0.000679131,22.2784,25.26983511,22.2784]
["rs11778360","T","C","T","C",-0.039040074,0.001357712,0.5032,0.714403288,false,false,false,"ebi-eas-GCST90018603",null,0.95434511,0.023715002,"Chronic sinusitis || id:ebi-eas-GCST90018603",true,"MedicineITLab","enigma3-withglobal-caudalanteriorcingulate-thickavg",8,26053694,0.007808015,{"v":2.65e-7,"d":"2.65E-07"},32784,"wTHICK_Mean_caudalanteriorcingulate_thickavg || id:enigma3-withglobal-caudalanteriorcingulate-thickavg",true,"reported","MedicineITLab",2,true,0.000762032,32784,true,{"v":6.1e-6,"d":"6.10E-06"},null,0.000762032,25,25.26983511,25]
["rs12724105","A","G","A","G",0.039657354,0.005360203,0.7144,0.670184897,false,false,false,"ebi-eas-GCST90018603",null,0.813923667,0.022773779,"Chronic sinusitis || id:ebi-eas-GCST90018603",true,"MedicineITLab","enigma3-withglobal-caudalanteriorcingulate-thickavg",1,237366914,0.008643269,{"v":5.91e-6,"d":"5.91E-06"},32784,"wTHICK_Mean_caudalanteriorcingulate_thickavg || id:enigma3-withglobal-caudalanteriorcingulate-thickavg",true,"reported","MedicineITLab",2,true,0.000641767,32784,true,{"v":4.61e-5,"d":"4.61E-05"},null,0.000641767,21.05190311,25.26983511,21.05190311]
["rs12949143","T","C","T","C",-0.040639205,0.054569245,0.6627,0.835400881,false,false,false,"ebi-eas-GCST90018603",null,0.061009256,0.029128012,"Chronic sinusitis || id:ebi-eas-GCST90018603",true,"MedicineITLab","enigma3-withglobal-caudalanteriorcingulate-thickavg",17,9368928,0.008708401,{"v":1.89e-6,"d":"1.89E-06"},29476,"wTHICK_Mean_caudalanteriorcingulate_thickavg || id:enigma3-withglobal-caudalanteriorcingulate-thickavg",true,"reported","MedicineITLab",2,true,0.000738335,29476,true,0.000406301,null,0.000738335,21.77777778,25.26983511,21.77777778]
["rs4419169","T","C","T","C",0.040263347,0.001925032,0.5789,0.482026213,false,false,false,"ebi-eas-GCST90018603",null,0.932906475,0.022865711,"Chronic sinusitis || id:ebi-eas-GCST90018603",true,"MedicineITLab","enigma3-withglobal-caudalanteriorcingulate-thickavg",19,2019126,0.008995003,{"v":5.45e-6,"d":"5.45E-06"},25332,"wTHICK_Mean_caudalanteriorcingulate_thickavg || id:enigma3-withglobal-caudalanteriorcingulate-thickavg",true,"reported","MedicineITLab",2,true,0.000790385,25332,true,{"v":3.77e-5,"d":"3.77E-05"},null,0.000790385,20.03628118,25.26983511,20.03628118]
["rs57604499","T","C","T","C",-0.134360759,-0.024542821,0.9793,0.923872405,false,false,false,"ebi-eas-GCST90018603",null,0.547622634,0.040814477,"Chronic sinusitis || id:ebi-eas-GCST90018603",true,"MedicineITLab","enigma3-withglobal-caudalanteriorcingulate-thickavg",3,32635378,0.027991825,{"v":1.54e-6,"d":"1.54E-06"},31458,"wTHICK_Mean_caudalanteriorcingulate_thickavg || id:enigma3-withglobal-caudalanteriorcingulate-thickavg",true,"reported","MedicineITLab",2,true,0.000731916,31458,true,{"v":3.56e-5,"d":"3.56E-05"},null,0.000731916,23.04,25.26983511,23.04]
["rs61966705","A","G","A","G",-0.039379673,0.034759868,0.656,0.838917874,false,false,false,"ebi-eas-GCST90018603",null,0.233729928,0.029190213,"Chronic sinusitis || id:ebi-eas-GCST90018603",true,"MedicineITLab","enigma3-withglobal-caudalanteriorcingulate-thickavg",13,114501906,0.008474107,{"v":3.69e-6,"d":"3.69E-06"},30835,"wTHICK_Mean_caudalanteriorcingulate_thickavg || id:enigma3-withglobal-caudalanteriorcingulate-thickavg",true,"reported","MedicineITLab",2,true,0.000699901,30835,true,0.000166552,null,0.000699901,21.59515571,25.26983511,21.59515571]
["rs7624249","T","C","T","C",-0.045163678,-0.020590457,0.8194,0.260099428,false,false,false,"ebi-eas-GCST90018603",null,0.398718693,0.024398825,"Chronic sinusitis || id:ebi-eas-GCST90018603",true,"MedicineITLab","enigma3-withglobal-caudalanteriorcingulate-thickavg",3,80341601,0.010149141,{"v":7.14e-6,"d":"7.14E-06"},32784,"wTHICK_Mean_caudalanteriorcingulate_thickavg || id:enigma3-withglobal-caudalanteriorcingulate-thickavg",true,"reported","MedicineITLab",2,true,0.000603702,32784,true,0.000219231,null,0.000603702,19.8025,25.26983511,19.8025]
["rs76634805","T","G","T","G",-0.09451152,-0.973276537,0.0363,0.000682948,false,false,false,"ebi-eas-GCST90018603",null,0.040552777,0.47521558,"Chronic sinusitis || id:ebi-eas-GCST90018603",true,"MedicineITLab","enigma3-withglobal-caudalanteriorcingulate-thickavg",4,66880611,0.021100246,{"v":8.4e-6,"d":"8.40E-06"},32085,"wTHICK_Mean_caudalanteriorcingulate_thickavg || id:enigma3-withglobal-caudalanteriorcingulate-thickavg",true,"reported","MedicineITLab",2,true,0.000624954,32085,true,0.001209208,null,0.000624954,20.06293403,25.26983511,20.06293403]
["rs7737603","T","C","T","C",0.058617162,0.068962555,0.8748,0.937698058,false,false,false,"ebi-eas-GCST90018603",null,0.120874411,0.044460023,"Chronic sinusitis || id:ebi-eas-GCST90018603",true,"MedicineITLab","enigma3-withglobal-caudalanteriorcingulate-thickavg",5,82827762,0.011723432,{"v":8.9e-7,"d":"8.90E-07"},33193,"wTHICK_Mean_caudalanteriorcingulate_thickavg || id:enigma3-withglobal-caudalanteriorcingulate-thickavg",true,"reported","MedicineITLab",2,true,0.000752649,33193,true,{"v":9.88e-5,"d":"9.88E-05"},null,0.000752649,25,25.26983511,25]
["rs9467373","T","C","T","C",-0.033982053,-0.071498548,0.5671,0.734645211,false,false,false,"ebi-eas-GCST90018603",null,0.003646957,0.024593726,"Chronic sinusitis || id:ebi-eas-GCST90018603",true,"MedicineITLab","enigma3-withglobal-caudalanteriorcingulate-thickavg",6,24981223,0.007879896,{"v":8.11e-6,"d":"8.11E-06"},32784,"wTHICK_Mean_caudalanteriorcingulate_thickavg || id:enigma3-withglobal-caudalanteriorcingulate-thickavg",true,"reported","MedicineITLab",2,true,0.000566991,32784,true,0.006670067,null,0.000566991,18.59765625,25.26983511,18.59765625]
["rs9929528","T","G","T","G",0.054118406,-0.016120062,0.6087,0.61237042,false,false,false,"ebi-eas-GCST90018603",null,0.467007197,0.022162513,"Chronic sinusitis || id:ebi-eas-GCST90018603",true,"MedicineITLab","enigma3-withglobal-caudalanteriorcingulate-thickavg",16,70658843,0.009921708,{"v":7.67e-8,"d":"7.67E-08"},21297,"wTHICK_Mean_caudalanteriorcingulate_thickavg || id:enigma3-withglobal-caudalanteriorcingulate-thickavg",true,"reported","MedicineITLab",2,true,0.001395189,21297,true,{"v":1.14e-6,"d":"1.14E-06"},null,0.001395189,29.75206612,25.26983511,29.75206612]
["rs11778360","T","C","T","C",-0.039040074,{"v":2.32e-5,"d":"2.32E-05"},0.5032,0.491742,false,false,false,"ukb-b-69",null,0.89,0.000163997,"Non-cancer illness code, self-reported: chronic sinusitis || id:ukb-b-69",true,"igd","enigma3-withglobal-caudalanteriorcingulate-thickavg",8,26053694,0.007808015,{"v":2.65e-7,"d":"2.65E-07"},32784,"wTHICK_Mean_caudalanteriorcingulate_thickavg || id:enigma3-withglobal-caudalanteriorcingulate-thickavg",true,"reported","MedicineITLab",2,true,0.000762032,32784,true,{"v":1.63e-6,"d":"1.63E-06"},null,0.000762032,25,25.26983511,25]
["rs1207616","T","G","T","G",0.04912273,0.000144235,0.1754,0.171558,false,false,false,"ukb-b-69",null,0.51,0.000218596,"Non-cancer illness code, self-reported: chronic sinusitis || id:ukb-b-69",true,"igd","enigma3-withglobal-caudalanteriorcingulate-thickavg",22,25800512,0.010807001,{"v":4.39e-6,"d":"4.39E-06"},29581,"wTHICK_Mean_caudalanteriorcingulate_thickavg || id:enigma3-withglobal-caudalanteriorcingulate-thickavg",true,"reported","MedicineITLab",2,true,0.00069802,29581,true,{"v":2.19e-5,"d":"2.19E-05"},null,0.00069802,20.66115702,25.26983511,20.66115702]
["rs12724105","A","G","A","G",0.039657354,{"v":7.03e-5,"d":"7.03E-05"},0.7144,0.700688,false,false,false,"ukb-b-69",null,0.69,0.000178912,"Non-cancer illness code, self-reported: chronic sinusitis || id:ukb-b-69",true,"igd","enigma3-withglobal-caudalanteriorcingulate-thickavg",1,237366914,0.008643269,{"v":5.91e-6,"d":"5.91E-06"},32784,"wTHICK_Mean_caudalanteriorcingulate_thickavg || id:enigma3-withglobal-caudalanteriorcingulate-thickavg",true,"reported","MedicineITLab",2,true,0.000641767,32784,true,{"v":1.47e-5,"d":"1.47E-05"},null,0.000641767,21.05190311,25.26983511,21.05190311]
["rs12949143","T","C","T","C",-0.040639205,{"v":7.82e-5,"d":"7.82E-05"},0.6627,0.665219,false,false,false,"ukb-b-69",null,0.649999,0.00017381,"Non-cancer illness code, self-reported: chronic sinusitis || id:ukb-b-69",true,"igd","enigma3-withglobal-caudalanteriorcingulate-thickavg",17,9368928,0.008708401,{"v":1.89e-6,"d":"1.89E-06"},29476,"wTHICK_Mean_caudalanteriorcingulate_thickavg || id:enigma3-withglobal-caudalanteriorcingulate-thickavg",true,"reported","MedicineITLab",2,true,0.000738335,29476,true,{"v":1.01e-5,"d":"1.01E-05"},null,0.000738335,21.77777778,25.26983511,21.77777778]
["rs61966705","A","G","A","G",-0.039379673,{"v":3.74e-5,"d":"3.74E-05"},0.656,0.658761,false,false,false,"ukb-b-69",null,0.83,0.000172813,"Non-cancer illness code, self-reported: chronic sinusitis || id:ukb-b-69",true,"igd","enigma3-withglobal-caudalanteriorcingulate-thickavg",13,114501906,0.008474107,{"v":3.69e-6,"d":"3.69E-06"},30835,"wTHICK_Mean_caudalanteriorcingulate_thickavg || id:enigma3-withglobal-caudalanteriorcingulate-thickavg",true,"reported","MedicineITLab",2,true,0.000699901,30835,true,{"v":8.79e-6,"d":"8.79E-06"},null,0.000699901,21.59515571,25.26983511,21.59515571]
["rs73528979","A","G","A","G",0.056595456,{"v":-6.73e-5,"d":"-6.73E-05"},0.146,0.144885,false,false,false,"ukb-b-69",null,0.77,0.000234572,"Non-cancer illness code, self-reported: chronic sinusitis || id:ukb-b-69",true,"igd","enigma3-withglobal-caudalanteriorcingulate-thickavg",6,111430404,0.011116965,{"v":2.3e-7,"d":"2.30E-07"},32424,"wTHICK_Mean_caudalanteriorcingulate_thickavg || id:enigma3-withglobal-caudalanteriorcingulate-thickavg",true,"reported","MedicineITLab",2,true,0.000798737,32424,true,{"v":1.25e-6,"d":"1.25E-06"},null,0.000798737,25.91735537,25.26983511,25.91735537]
["rs7624249","T","C","T","C",-0.045163678,0.000333605,0.8194,0.809984,false,false,false,"ukb-b-69",null,0.11,0.000208435,"Non-cancer illness code, self-reported: chronic sinusitis || id:ukb-b-69",true,"igd","enigma3-withglobal-caudalanteriorcingulate-thickavg",3,80341601,0.010149141,{"v":7.14e-6,"d":"7.14E-06"},32784,"wTHICK_Mean_caudalanteriorcingulate_thickavg || id:enigma3-withglobal-caudalanteriorcingulate-thickavg",true,"reported","MedicineITLab",2,true,0.000603702,32784,true,0.000100964,null,0.000603702,19.8025,25.26983511,19.8025]
["rs7737603","T","C","T","C",0.058617162,0.000439366,0.8748,0.876343,false,false,false,"ukb-b-69",null,0.0810009,0.000251528,"Non-cancer illness code, self-reported: chronic sinusitis || id:ukb-b-69",true,"igd","enigma3-withglobal-caudalanteriorcingulate-thickavg",5,82827762,0.011723432,{"v":8.9e-7,"d":"8.90E-07"},33193,"wTHICK_Mean_caudalanteriorcingulate_thickavg || id:enigma3-withglobal-caudalanteriorcingulate-thickavg",true,"reported","MedicineITLab",2,true,0.000752649,33193,true,{"v":1.2e-5,"d":"1.20E-05"},null,0.000752649,25,25.26983511,25]
["rs77868392","A","G","A","G",0.042569004,{"v":1.34e-5,"d":"1.34E-05"},0.7585,0.763807,false,false,false,"ukb-b-69",null,0.94,0.000193428,"Non-cancer illness code, self-reported: chronic sinusitis || id:ukb-b-69",true,"igd","enigma3-withglobal-caudalanteriorcingulate-thickavg",18,27693889,0.00912193,{"v":4.13e-6,"d":"4.13E-06"},32784,"wTHICK_Mean_caudalanteriorcingulate_thickavg || id:enigma3-withglobal-caudalanteriorcingulate-thickavg",true,"reported","MedicineITLab",2,true,0.00066388,32784,true,{"v":7.08e-6,"d":"7.08E-06"},null,0.00066388,21.77777778,25.26983511,21.77777778]
["rs9467373","T","C","T","C",-0.033982053,0.000198943,0.5671,0.563476,false,false,false,"ukb-b-69",null,0.23,0.000165843,"Non-cancer illness code, self-reported: chronic sinusitis || id:ukb-b-69",true,"igd","enigma3-withglobal-caudalanteriorcingulate-thickavg",6,24981223,0.007879896,{"v":8.11e-6,"d":"8.11E-06"},32784,"wTHICK_Mean_caudalanteriorcingulate_thickavg || id:enigma3-withglobal-caudalanteriorcingulate-thickavg",true,"reported","MedicineITLab",2,true,0.000566991,32784,true,0.00011407,null,0.000566991,18.59765625,25.26983511,18.59765625]
["rs10980625","T","C","T","C",0.059225745,0.000287408,0.1086,0.105163,false,false,false,"ukb-d-J32",null,0.200528,0.000224529,"Diagnoses - main ICD10: J32 Chronic sinusitis || id:ukb-d-J32",true,"igd","enigma3-withglobal-caudalanteriorcingulate-thickavg",9,113665018,0.012547827,{"v":2.18e-6,"d":"2.18E-06"},32784,"wTHICK_Mean_caudalanteriorcingulate_thickavg || id:enigma3-withglobal-caudalanteriorcingulate-thickavg",true,"reported","MedicineITLab",2,true,0.000679131,32784,true,{"v":3.33e-5,"d":"3.33E-05"},null,0.000679131,22.2784,25.26983511,22.2784]
["rs111635253","A","G","A","G",-0.091158282,0.000117646,0.0512,0.042906,false,false,false,"ukb-d-J32",null,0.732227,0.000343828,"Diagnoses - main ICD10: J32 Chronic sinusitis || id:ukb-d-J32",true,"igd","enigma3-withglobal-caudalanteriorcingulate-thickavg",15,71053128,0.017764178,{"v":2.1e-7,"d":"2.10E-07"},32592,"wTHICK_Mean_caudalanteriorcingulate_thickavg || id:enigma3-withglobal-caudalanteriorcingulate-thickavg",true,"reported","MedicineITLab",2,true,0.000807359,32592,true,{"v":1.47e-6,"d":"1.47E-06"},null,0.000807359,26.33310249,25.26983511,26.33310249]
["rs116803501","A","G","A","G",-0.096940626,{"v":-5.87e-5,"d":"-5.87E-05"},0.0375,0.0331345,false,false,false,"ukb-d-J32",null,0.878326,0.000383668,"Diagnoses - main ICD10: J32 Chronic sinusitis || id:ukb-d-J32",true,"igd","enigma3-withglobal-caudalanteriorcingulate-thickavg",5,157055607,0.020549626,{"v":2.37e-6,"d":"2.37E-06"},32784,"wTHICK_Mean_caudalanteriorcingulate_thickavg || id:enigma3-withglobal-caudalanteriorcingulate-thickavg",true,"reported","MedicineITLab",2,true,0.000678381,32784,true,{"v":7.74e-6,"d":"7.74E-06"},null,0.000678381,22.25378072,25.26983511,22.25378072]
["rs11778360","T","C","T","C",-0.039040074,{"v":8.43e-5,"d":"8.43E-05"},0.5032,0.490021,false,false,false,"ukb-d-J32",null,0.540639,0.000137815,"Diagnoses - main ICD10: J32 Chronic sinusitis || id:ukb-d-J32",true,"igd","enigma3-withglobal-caudalanteriorcingulate-thickavg",8,26053694,0.007808015,{"v":2.65e-7,"d":"2.65E-07"},32784,"wTHICK_Mean_caudalanteriorcingulate_thickavg || id:enigma3-withglobal-caudalanteriorcingulate-thickavg",true,"reported","MedicineITLab",2,true,0.000762032,32784,true,{"v":4.02e-6,"d":"4.02E-06"},null,0.000762032,25,25.26983511,25]
["rs1207616","T","G","T","G",0.04912273,{"v":6.28e-5,"d":"6.28E-05"},0.1754,0.171858,false,false,false,"ukb-d-J32",null,0.732131,0.000183399,"Diagnoses - main ICD10: J32 Chronic sinusitis || id:ukb-d-J32",true,"igd","enigma3-withglobal-caudalanteriorcingulate-thickavg",22,25800512,0.010807001,{"v":4.39e-6,"d":"4.39E-06"},29581,"wTHICK_Mean_caudalanteriorcingulate_thickavg || id:enigma3-withglobal-caudalanteriorcingulate-thickavg",true,"reported","MedicineITLab",2,true,0.00069802,29581,true,{"v":1.91e-5,"d":"1.91E-05"},null,0.00069802,20.66115702,25.26983511,20.66115702]
["rs12724105","A","G","A","G",0.039657354,-0.000137447,0.7144,0.699419,false,false,false,"ukb-d-J32",null,0.359892,0.000150121,"Diagnoses - main ICD10: J32 Chronic sinusitis || id:ukb-d-J32",true,"igd","enigma3-withglobal-caudalanteriorcingulate-thickavg",1,237366914,0.008643269,{"v":5.91e-6,"d":"5.91E-06"},32784,"wTHICK_Mean_caudalanteriorcingulate_thickavg || id:enigma3-withglobal-caudalanteriorcingulate-thickavg",true,"reported","MedicineITLab",2,true,0.000641767,32784,true,{"v":3.65e-5,"d":"3.65E-05"},null,0.000641767,21.05190311,25.26983511,21.05190311]
["rs12949143","T","C","T","C",-0.040639205,-0.000145876,0.6627,0.664991,false,false,false,"ukb-d-J32",null,0.317686,0.000145989,"Diagnoses - main ICD10: J32 Chronic sinusitis || id:ukb-d-J32",true,"igd","enigma3-withglobal-caudalanteriorcingulate-thickavg",17,9368928,0.008708401,{"v":1.89e-6,"d":"1.89E-06"},29476,"wTHICK_Mean_caudalanteriorcingulate_thickavg || id:enigma3-withglobal-caudalanteriorcingulate-thickavg",true,"reported","MedicineITLab",2,true,0.000738335,29476,true,{"v":2.53e-5,"d":"2.53E-05"},null,0.000738335,21.77777778,25.26983511,21.77777778]
["rs4419169","T","C","T","C",0.040263347,-0.000110025,0.5789,0.567594,false,false,false,"ukb-d-J32",null,0.449064,0.000145348,"Diagnoses - main ICD10: J32 Chronic sinusitis || id:ukb-d-J32",true,"igd","enigma3-withglobal-caudalanteriorcingulate-thickavg",19,2019126,0.008995003,{"v":5.45e-6,"d":"5.45E-06"},25332,"wTHICK_Mean_caudalanteriorcingulate_thickavg || id:enigma3-withglobal-caudalanteriorcingulate-thickavg",true,"reported","MedicineITLab",2,true,0.000790385,25332,true,{"v":3.59e-5,"d":"3.59E-05"},null,0.000790385,20.03628118,25.26983511,20.03628118]
["rs57604499","T","C","T","C",-0.134360759,-0.000716814,0.9793,0.9828522,false,false,false,"ukb-d-J32",null,0.178735,0.000533081,"Diagnoses - main ICD10: J32 Chronic sinusitis || id:ukb-d-J32",true,"igd","enigma3-withglobal-caudalanteriorcingulate-thickavg",3,32635378,0.027991825,{"v":1.54e-6,"d":"1.54E-06"},31458,"wTHICK_Mean_caudalanteriorcingulate_thickavg || id:enigma3-withglobal-caudalanteriorcingulate-thickavg",true,"reported","MedicineITLab",2,true,0.000731916,31458,true,{"v":2.42e-5,"d":"2.42E-05"},null,0.000731916,23.04,25.26983511,23.04]
["rs61966705","A","G","A","G",-0.039379673,-0.000248452,0.656,0.660037,false,false,false,"ukb-d-J32",null,0.0873675,0.00014534,"Diagnoses - main ICD10: J32 Chronic sinusitis || id:ukb-d-J32",true,"igd","enigma3-withglobal-caudalanteriorcingulate-thickavg",13,114501906,0.008474107,{"v":3.69e-6,"d":"3.69E-06"},30835,"wTHICK_Mean_caudalanteriorcingulate_thickavg || id:enigma3-withglobal-caudalanteriorcingulate-thickavg",true,"reported","MedicineITLab",2,true,0.000699901,30835,true,{"v":6.87e-5,"d":"6.87E-05"},null,0.000699901,21.59515571,25.26983511,21.59515571]
["rs73528979","A","G","A","G",0.056595456,{"v":-1.07e-5,"d":"-1.07E-05"},0.146,0.144615,false,false,false,"ukb-d-J32",null,0.95663,0.000197226,"Diagnoses - main ICD10: J32 Chronic sinusitis || id:ukb-d-J32",true,"igd","enigma3-withglobal-caudalanteriorcingulate-thickavg",6,111430404,0.011116965,{"v":2.3e-7,"d":"2.30E-07"},32424,"wTHICK_Mean_caudalanteriorcingulate_thickavg || id:enigma3-withglobal-caudalanteriorcingulate-thickavg",true,"reported","MedicineITLab",2,true,0.000798737,32424,true,{"v":1.17e-6,"d":"1.17E-06"},null,0.000798737,25.91735537,25.26983511,25.91735537]
["rs7624249","T","C","T","C",-0.045163678,0.000192128,0.8194,0.810502,false,false,false,"ukb-d-J32",null,0.274008,0.000175639,"Diagnoses - main ICD10: J32 Chronic sinusitis || id:ukb-d-J32",true,"igd","enigma3-withglobal-caudalanteriorcingulate-thickavg",3,80341601,0.010149141,{"v":7.14e-6,"d":"7.14E-06"},32784,"wTHICK_Mean_caudalanteriorcingulate_thickavg || id:enigma3-withglobal-caudalanteriorcingulate-thickavg",true,"reported","MedicineITLab",2,true,0.000603702,32784,true,{"v":7.99e-5,"d":"7.99E-05"},null,0.000603702,19.8025,25.26983511,19.8025]
["rs76634805","T","G","T","G",-0.09451152,-0.000120596,0.0363,0.0304538,false,false,false,"ukb-d-J32",null,0.773795,0.000419592,"Diagnoses - main ICD10: J32 Chronic sinusitis || id:ukb-d-J32",true,"igd","enigma3-withglobal-caudalanteriorcingulate-thickavg",4,66880611,0.021100246,{"v":8.4e-6,"d":"8.40E-06"},32085,"wTHICK_Mean_caudalanteriorcingulate_thickavg || id:enigma3-withglobal-caudalanteriorcingulate-thickavg",true,"reported","MedicineITLab",2,true,0.000624954,32085,true,{"v":2.55e-5,"d":"2.55E-05"},null,0.000624954,20.06293403,25.26983511,20.06293403]
["rs77222791","T","C","T","C",-0.089233825,-0.000732099,0.9481,0.9534457,false,false,false,"ukb-d-J32",null,0.0266692,0.000330319,"Diagnoses - main ICD10: J32 Chronic sinusitis || id:ukb-d-J32",true,"igd","enigma3-withglobal-caudalanteriorcingulate-thickavg",20,30050817,0.01905514,{"v":3.23e-6,"d":"3.23E-06"},27965,"wTHICK_Mean_caudalanteriorcingulate_thickavg || id:enigma3-withglobal-caudalanteriorcingulate-thickavg",true,"reported","MedicineITLab",2,true,0.000783629,27965,true,{"v":8.97e-5,"d":"8.97E-05"},null,0.000783629,21.92980369,25.26983511,21.92980369]
["rs7737603","T","C","T","C",0.058617162,{"v":-4.55e-5,"d":"-4.55E-05"},0.8748,0.87699,false,false,false,"ukb-d-J32",null,0.829912,0.000211618,"Diagnoses - main ICD10: J32 Chronic sinusitis || id:ukb-d-J32",true,"igd","enigma3-withglobal-caudalanteriorcingulate-thickavg",5,82827762,0.011723432,{"v":8.9e-7,"d":"8.90E-07"},33193,"wTHICK_Mean_caudalanteriorcingulate_thickavg || id:enigma3-withglobal-caudalanteriorcingulate-thickavg",true,"reported","MedicineITLab",2,true,0.000752649,33193,true,{"v":2.34e-6,"d":"2.34E-06"},null,0.000752649,25,25.26983511,25]
["rs77868392","A","G","A","G",0.042569004,0.000162623,0.7585,0.76423,false,false,false,"ukb-d-J32",null,0.317214,0.000162591,"Diagnoses - main ICD10: J32 Chronic sinusitis || id:ukb-d-J32",true,"igd","enigma3-withglobal-caudalanteriorcingulate-thickavg",18,27693889,0.00912193,{"v":4.13e-6,"d":"4.13E-06"},32784,"wTHICK_Mean_caudalanteriorcingulate_thickavg || id:enigma3-withglobal-caudalanteriorcingulate-thickavg",true,"reported","MedicineITLab",2,true,0.00066388,32784,true,{"v":2.92e-5,"d":"2.92E-05"},null,0.00066388,21.77777778,25.26983511,21.77777778]
["rs78185953","T","G","T","G",0.122745241,{"v":-1.65e-5,"d":"-1.65E-05"},0.0262,0.0244026,false,false,false,"ukb-d-J32",null,0.971315,0.000458724,"Diagnoses - main ICD10: J32 Chronic sinusitis || id:ukb-d-J32",true,"igd","enigma3-withglobal-caudalanteriorcingulate-thickavg",14,95184383,0.026036869,{"v":2.92e-6,"d":"2.92E-06"},28888,"wTHICK_Mean_caudalanteriorcingulate_thickavg || id:enigma3-withglobal-caudalanteriorcingulate-thickavg",true,"reported","MedicineITLab",2,true,0.000768795,28888,true,{"v":6.01e-6,"d":"6.01E-06"},null,0.000768795,22.2244898,25.26983511,22.2244898]
["rs9467373","T","C","T","C",-0.033982053,{"v":-9.23e-5,"d":"-9.23E-05"},0.5671,0.563305,false,false,false,"ukb-d-J32",null,0.507957,0.000139373,"Diagnoses - main ICD10: J32 Chronic sinusitis || id:ukb-d-J32",true,"igd","enigma3-withglobal-caudalanteriorcingulate-thickavg",6,24981223,0.007879896,{"v":8.11e-6,"d":"8.11E-06"},32784,"wTHICK_Mean_caudalanteriorcingulate_thickavg || id:enigma3-withglobal-caudalanteriorcingulate-thickavg",true,"reported","MedicineITLab",2,true,0.000566991,32784,true,{"v":8.22e-5,"d":"8.22E-05"},null,0.000566991,18.59765625,25.26983511,18.59765625]
["rs9929528","T","G","T","G",0.054118406,{"v":1.23e-5,"d":"1.23E-05"},0.6087,0.540435,false,false,false,"ukb-d-J32",null,0.92952,0.000139165,"Diagnoses - main ICD10: J32 Chronic sinusitis || id:ukb-d-J32",true,"igd","enigma3-withglobal-caudalanteriorcingulate-thickavg",16,70658843,0.009921708,{"v":7.67e-8,"d":"7.67E-08"},21297,"wTHICK_Mean_caudalanteriorcingulate_thickavg || id:enigma3-withglobal-caudalanteriorcingulate-thickavg",true,"reported","MedicineITLab",2,true,0.001395189,21297,true,{"v":1.3e-7,"d":"1.30E-07"},null,0.001395189,29.75206612,25.26983511,29.75206612]
["rs10980625","T","C","T","C",0.059225745,0.076,0.1086,0.11,false,false,false,"ukb-saige-471",null,0.062,0.041,"Nasal polyps || id:ukb-saige-471",true,"MedicineITLab","enigma3-withglobal-caudalanteriorcingulate-thickavg",9,113665018,0.012547827,{"v":2.18e-6,"d":"2.18E-06"},32784,"wTHICK_Mean_caudalanteriorcingulate_thickavg || id:enigma3-withglobal-caudalanteriorcingulate-thickavg",true,"reported","MedicineITLab",2,true,0.000679131,32784,true,{"v":5.82e-5,"d":"5.82E-05"},null,0.000679131,22.2784,25.26983511,22.2784]
["rs111635253","A","G","A","G",-0.091158282,-0.033,0.0512,0.043,false,false,false,"ukb-saige-471",null,0.6,0.063,"Nasal polyps || id:ukb-saige-471",true,"MedicineITLab","enigma3-withglobal-caudalanteriorcingulate-thickavg",15,71053128,0.017764178,{"v":2.1e-7,"d":"2.10E-07"},32592,"wTHICK_Mean_caudalanteriorcingulate_thickavg || id:enigma3-withglobal-caudalanteriorcingulate-thickavg",true,"reported","MedicineITLab",2,true,0.000807359,32592,true,{"v":1.7e-6,"d":"1.70E-06"},null,0.000807359,26.33310249,25.26983511,26.33310249]
["rs116803501","A","G","A","G",-0.096940626,0.18,0.0375,0.033,false,false,false,"ukb-saige-471",null,0.0085,0.07,"Nasal polyps || id:ukb-saige-471",true,"MedicineITLab","enigma3-withglobal-caudalanteriorcingulate-thickavg",5,157055607,0.020549626,{"v":2.37e-6,"d":"2.37E-06"},32784,"wTHICK_Mean_caudalanteriorcingulate_thickavg || id:enigma3-withglobal-caudalanteriorcingulate-thickavg",true,"reported","MedicineITLab",2,true,0.000678381,32784,true,0.000134247,null,0.000678381,22.25378072,25.26983511,22.25378072]
["rs11778360","T","C","T","C",-0.039040074,0.00044,0.5032,0.49,false,false,false,"ukb-saige-471",null,0.99,0.025,"Nasal polyps || id:ukb-saige-471",true,"MedicineITLab","enigma3-withglobal-caudalanteriorcingulate-thickavg",8,26053694,0.007808015,{"v":2.65e-7,"d":"2.65E-07"},32784,"wTHICK_Mean_caudalanteriorcingulate_thickavg || id:enigma3-withglobal-caudalanteriorcingulate-thickavg",true,"reported","MedicineITLab",2,true,0.000762032,32784,true,{"v":1.6e-6,"d":"1.60E-06"},null,0.000762032,25,25.26983511,25]
["rs1207616","T","G","T","G",0.04912273,0.032,0.1754,0.17,false,false,false,"ukb-saige-471",null,0.34,0.033,"Nasal polyps || id:ukb-saige-471",true,"MedicineITLab","enigma3-withglobal-caudalanteriorcingulate-thickavg",22,25800512,0.010807001,{"v":4.39e-6,"d":"4.39E-06"},29581,"wTHICK_Mean_caudalanteriorcingulate_thickavg || id:enigma3-withglobal-caudalanteriorcingulate-thickavg",true,"reported","MedicineITLab",2,true,0.00069802,29581,true,{"v":3.68e-5,"d":"3.68E-05"},null,0.00069802,20.66115702,25.26983511,20.66115702]
["rs12724105","A","G","A","G",0.039657354,-0.0045,0.7144,0.7,false,false,false,"ukb-saige-471",null,0.87,0.027,"Nasal polyps || id:ukb-saige-471",true,"MedicineITLab","enigma3-withglobal-caudalanteriorcingulate-thickavg",1,237366914,0.008643269,{"v":5.91e-6,"d":"5.91E-06"},32784,"wTHICK_Mean_caudalanteriorcingulate_thickavg || id:enigma3-withglobal-caudalanteriorcingulate-thickavg",true,"reported","MedicineITLab",2,true,0.000641767,32784,true,{"v":1.29e-5,"d":"1.29E-05"},null,0.000641767,21.05190311,25.26983511,21.05190311]
["rs12949143","T","C","T","C",-0.040639205,0.0053,0.6627,0.66,false,false,false,"ukb-saige-471",null,0.84,0.026,"Nasal polyps || id:ukb-saige-471",true,"MedicineITLab","enigma3-withglobal-caudalanteriorcingulate-thickavg",17,9368928,0.008708401,{"v":1.89e-6,"d":"1.89E-06"},29476,"wTHICK_Mean_caudalanteriorcingulate_thickavg || id:enigma3-withglobal-caudalanteriorcingulate-thickavg",true,"reported","MedicineITLab",2,true,0.000738335,29476,true,{"v":8.72e-6,"d":"8.72E-06"},null,0.000738335,21.77777778,25.26983511,21.77777778]
["rs57604499","T","C","T","C",-0.134360759,-0.057,0.9793,0.983,false,false,false,"ukb-saige-471",null,0.56,0.097,"Nasal polyps || id:ukb-saige-471",true,"MedicineITLab","enigma3-withglobal-caudalanteriorcingulate-thickavg",3,32635378,0.027991825,{"v":1.54e-6,"d":"1.54E-06"},31458,"wTHICK_Mean_caudalanteriorcingulate_thickavg || id:enigma3-withglobal-caudalanteriorcingulate-thickavg",true,"reported","MedicineITLab",2,true,0.000731916,31458,true,{"v":8.26e-6,"d":"8.26E-06"},null,0.000731916,23.04,25.26983511,23.04]
["rs61966705","A","G","A","G",-0.039379673,-0.013,0.656,0.66,false,false,false,"ukb-saige-471",null,0.64,0.026,"Nasal polyps || id:ukb-saige-471",true,"MedicineITLab","enigma3-withglobal-caudalanteriorcingulate-thickavg",13,114501906,0.008474107,{"v":3.69e-6,"d":"3.69E-06"},30835,"wTHICK_Mean_caudalanteriorcingulate_thickavg || id:enigma3-withglobal-caudalanteriorcingulate-thickavg",true,"reported","MedicineITLab",2,true,0.000699901,30835,true,{"v":1.43e-5,"d":"1.43E-05"},null,0.000699901,21.59515571,25.26983511,21.59515571]
["rs73528979","A","G","A","G",0.056595456,0.058,0.146,0.14,false,false,false,"ukb-saige-471",null,0.1,0.036,"Nasal polyps || id:ukb-saige-471",true,"MedicineITLab","enigma3-withglobal-caudalanteriorcingulate-thickavg",6,111430404,0.011116965,{"v":2.3e-7,"d":"2.30E-07"},32424,"wTHICK_Mean_caudalanteriorcingulate_thickavg || id:enigma3-withglobal-caudalanteriorcingulate-thickavg",true,"reported","MedicineITLab",2,true,0.000798737,32424,true,{"v":8.67e-6,"d":"8.67E-06"},null,0.000798737,25.91735537,25.26983511,25.91735537]
["rs7624249","T","C","T","C",-0.045163678,-0.06,0.8194,0.81,false,false,false,"ukb-saige-471",null,0.06,0.032,"Nasal polyps || id:ukb-saige-471",true,"MedicineITLab","enigma3-withglobal-caudalanteriorcingulate-thickavg",3,80341601,0.010149141,{"v":7.14e-6,"d":"7.14E-06"},32784,"wTHICK_Mean_caudalanteriorcingulate_thickavg || id:enigma3-withglobal-caudalanteriorcingulate-thickavg",true,"reported","MedicineITLab",2,true,0.000603702,32784,true,0.000173427,null,0.000603702,19.8025,25.26983511,19.8025]
["rs76634805","T","G","T","G",-0.09451152,-0.038,0.0363,0.03,false,false,false,"ukb-saige-471",null,0.61,0.076,"Nasal polyps || id:ukb-saige-471",true,"MedicineITLab","enigma3-withglobal-caudalanteriorcingulate-thickavg",4,66880611,0.021100246,{"v":8.4e-6,"d":"8.40E-06"},32085,"wTHICK_Mean_caudalanteriorcingulate_thickavg || id:enigma3-withglobal-caudalanteriorcingulate-thickavg",true,"reported","MedicineITLab",2,true,0.000624954,32085,true,{"v":3.06e-5,"d":"3.06E-05"},null,0.000624954,20.06293403,25.26983511,20.06293403]
["rs77222791","T","C","T","C",-0.089233825,0.0029,0.9481,0.954,false,false,false,"ukb-saige-471",null,0.96,0.06,"Nasal polyps || id:ukb-saige-471",true,"MedicineITLab","enigma3-withglobal-caudalanteriorcingulate-thickavg",20,30050817,0.01905514,{"v":3.23e-6,"d":"3.23E-06"},27965,"wTHICK_Mean_caudalanteriorcingulate_thickavg || id:enigma3-withglobal-caudalanteriorcingulate-thickavg",true,"reported","MedicineITLab",2,true,0.000783629,27965,true,{"v":6.43e-6,"d":"6.43E-06"},null,0.000783629,21.92980369,25.26983511,21.92980369]
["rs7737603","T","C","T","C",0.058617162,-0.058,0.8748,0.88,false,false,false,"ukb-saige-471",null,0.13,0.038,"Nasal polyps || id:ukb-saige-471",true,"MedicineITLab","enigma3-withglobal-caudalanteriorcingulate-thickavg",5,82827762,0.011723432,{"v":8.9e-7,"d":"8.90E-07"},33193,"wTHICK_Mean_caudalanteriorcingulate_thickavg || id:enigma3-withglobal-caudalanteriorcingulate-thickavg",true,"reported","MedicineITLab",2,true,0.000752649,33193,true,{"v":1.21e-5,"d":"1.21E-05"},null,0.000752649,25,25.26983511,25]
["rs77868392","A","G","A","G",0.042569004,0.0031,0.7585,0.76,false,false,false,"ukb-saige-471",null,0.92,0.029,"Nasal polyps || id:ukb-saige-471",true,"MedicineITLab","enigma3-withglobal-caudalanteriorcingulate-thickavg",18,27693889,0.00912193,{"v":4.13e-6,"d":"4.13E-06"},32784,"wTHICK_Mean_caudalanteriorcingulate_thickavg || id:enigma3-withglobal-caudalanteriorcingulate-thickavg",true,"reported","MedicineITLab",2,true,0.00066388,32784,true,{"v":8.45e-6,"d":"8.45E-06"},null,0.00066388,21.77777778,25.26983511,21.77777778]
["rs78185953","T","G","T","G",0.122745241,-0.045,0.0262,0.025,false,false,false,"ukb-saige-471",null,0.59,0.083,"Nasal polyps || id:ukb-saige-471",true,"MedicineITLab","enigma3-withglobal-caudalanteriorcingulate-thickavg",14,95184383,0.026036869,{"v":2.92e-6,"d":"2.92E-06"},28888,"wTHICK_Mean_caudalanteriorcingulate_thickavg || id:enigma3-withglobal-caudalanteriorcingulate-thickavg",true,"reported","MedicineITLab",2,true,0.000768795,28888,true,{"v":1.04e-5,"d":"1.04E-05"},null,0.000768795,22.2244898,25.26983511,22.2244898]
["rs9467373","T","C","T","C",-0.033982053,-0.015,0.5671,0.56,false,false,false,"ukb-saige-471",null,0.56,0.025,"Nasal polyps || id:ukb-saige-471",true,"MedicineITLab","enigma3-withglobal-caudalanteriorcingulate-thickavg",6,24981223,0.007879896,{"v":8.11e-6,"d":"8.11E-06"},32784,"wTHICK_Mean_caudalanteriorcingulate_thickavg || id:enigma3-withglobal-caudalanteriorcingulate-thickavg",true,"reported","MedicineITLab",2,true,0.000566991,32784,true,{"v":7e-5,"d":"7.00E-05"},null,0.000566991,18.59765625,25.26983511,18.59765625]
["rs12542760","C","G","C","G",0.038922531,-0.018223341,0.3253,0.412204024,false,true,false,"ebi-eas-GCST90018603",null,0.400626969,0.021681496,"Chronic sinusitis || id:ebi-eas-GCST90018603",true,"MedicineITLab","enigma3-withglobal-caudalmiddlefrontal-surfavg",8,20214697,0.008357204,{"v":3.2e-6,"d":"3.20E-06"},32598,"wSA_Mean_caudalmiddlefrontal_surfavg || id:enigma3-withglobal-caudalmiddlefrontal-surfavg",true,"reported","MedicineITLab",2,true,0.000665008,32598,true,0.000100824,null,0.000665008,21.69102828,25.26983511,21.69102828]
["rs1261073","A","C","A","C",0.043853275,0.018900252,0.6156,0.731928994,false,false,false,"ebi-eas-GCST90018603",null,0.432963992,0.024103476,"Chronic sinusitis || id:ebi-eas-GCST90018603",true,"MedicineITLab","enigma3-withglobal-caudalmiddlefrontal-surfavg",18,52907820,0.008047558,{"v":5.06e-8,"d":"5.06E-08"},32598,"wSA_Mean_caudalmiddlefrontal_surfavg || id:enigma3-withglobal-caudalmiddlefrontal-surfavg",true,"reported","MedicineITLab",2,true,0.000910156,32598,true,{"v":3.62e-6,"d":"3.62E-06"},null,0.000910156,29.69448662,25.26983511,29.69448662]
["rs13198440","A","C","A","C",0.035329538,0.028706415,0.583,0.590725858,false,false,false,"ebi-eas-GCST90018603",null,0.188981051,0.021853249,"Chronic sinusitis || id:ebi-eas-GCST90018603",true,"MedicineITLab","enigma3-withglobal-caudalmiddlefrontal-surfavg",6,52061857,0.007940882,{"v":8.63e-6,"d":"8.63E-06"},32598,"wSA_Mean_caudalmiddlefrontal_surfavg || id:enigma3-withglobal-caudalmiddlefrontal-surfavg",true,"reported","MedicineITLab",2,true,0.000606891,32598,true,0.000460233,null,0.000606891,19.79422401,25.26983511,19.79422401]
["rs30641","A","G","A","G",-0.05670926,-0.006018887,0.7634,0.560590227,false,false,false,"ebi-eas-GCST90018603",null,0.779474456,0.021495718,"Chronic sinusitis || id:ebi-eas-GCST90018603",true,"MedicineITLab","enigma3-withglobal-caudalmiddlefrontal-surfavg",5,129018314,0.00915305,{"v":5.8e-10,"d":"5.80E-10"},33006,"wSA_Mean_caudalmiddlefrontal_surfavg || id:enigma3-withglobal-caudalmiddlefrontal-surfavg",true,"reported","MedicineITLab",2,true,0.001161729,33006,true,{"v":3.52e-8,"d":"3.52E-08"},null,0.001161729,38.38630074,25.26983511,38.38630074]
["rs4273712","A","G","A","G",-0.078822154,0.012059372,0.7313,0.531684413,false,false,false,"ebi-eas-GCST90018603",null,0.572057241,0.021343103,"Chronic sinusitis || id:ebi-eas-GCST90018603",true,"MedicineITLab","enigma3-withglobal-caudalmiddlefrontal-surfavg",6,126964510,0.008910622,{"v":9.07e-19,"d":"9.07E-19"},31971,"wSA_Mean_caudalmiddlefrontal_surfavg || id:enigma3-withglobal-caudalmiddlefrontal-surfavg",true,"reported","MedicineITLab",2,true,0.002441686,31971,true,{"v":5.02e-15,"d":"5.02E-15"},null,0.002441686,78.24932455,25.26983511,78.24932455]
["rs448939","T","C","T","C",0.039851921,-0.025376689,0.5498,0.545898327,false,false,false,"ebi-eas-GCST90018603",null,0.235186577,0.021376971,"Chronic sinusitis || id:ebi-eas-GCST90018603",true,"MedicineITLab","enigma3-withglobal-caudalmiddlefrontal-surfavg",6,145808320,0.007901562,{"v":4.57e-7,"d":"4.57E-07"},32331,"wSA_Mean_caudalmiddlefrontal_surfavg || id:enigma3-withglobal-caudalmiddlefrontal-surfavg",true,"reported","MedicineITLab",2,true,0.00078621,32331,true,{"v":4.11e-5,"d":"4.11E-05"},null,0.00078621,25.43739329,25.26983511,25.43739329]
["rs655045","T","C","T","C",-0.047123719,-0.01412582,0.4059,0.259891026,false,false,false,"ebi-eas-GCST90018603",null,0.563306537,0.024441791,"Chronic sinusitis || id:ebi-eas-GCST90018603",true,"MedicineITLab","enigma3-withglobal-caudalmiddlefrontal-surfavg",3,193549449,0.008142756,{"v":7.15e-9,"d":"7.15E-09"},31240,"wSA_Mean_caudalmiddlefrontal_surfavg || id:enigma3-withglobal-caudalmiddlefrontal-surfavg",true,"reported","MedicineITLab",2,true,0.001070996,31240,true,{"v":4.46e-7,"d":"4.46E-07"},null,0.001070996,33.49163275,25.26983511,33.49163275]
["rs6753397","T","C","T","C",0.041281007,-0.019429126,0.2739,0.52041692,false,false,false,"ebi-eas-GCST90018603",null,0.362127496,0.021319794,"Chronic sinusitis || id:ebi-eas-GCST90018603",true,"MedicineITLab","enigma3-withglobal-caudalmiddlefrontal-surfavg",2,105466651,0.00877933,{"v":2.58e-6,"d":"2.58E-06"},32598,"wSA_Mean_caudalmiddlefrontal_surfavg || id:enigma3-withglobal-caudalmiddlefrontal-surfavg",true,"reported","MedicineITLab",2,true,0.000677827,32598,true,{"v":9.62e-5,"d":"9.62E-05"},null,0.000677827,22.1094439,25.26983511,22.1094439]
["rs6994044","T","C","T","C",0.038282519,0.007132638,0.3999,0.488094939,false,false,false,"ebi-eas-GCST90018603",null,0.7382388,0.021343283,"Chronic sinusitis || id:ebi-eas-GCST90018603",true,"MedicineITLab","enigma3-withglobal-caudalmiddlefrontal-surfavg",8,1903059,0.008404614,{"v":5.24e-6,"d":"5.24E-06"},29477,"wSA_Mean_caudalmiddlefrontal_surfavg || id:enigma3-withglobal-caudalmiddlefrontal-surfavg",true,"reported","MedicineITLab",2,true,0.000703406,29477,true,{"v":5.22e-5,"d":"5.22E-05"},null,0.000703406,20.74748488,25.26983511,20.74748488]
["rs7184835","T","C","T","C",-0.049763791,0.004973859,0.5271,0.264895381,false,false,false,"ebi-eas-GCST90018603",null,0.840807361,0.024762705,"Chronic sinusitis || id:ebi-eas-GCST90018603",true,"MedicineITLab","enigma3-withglobal-caudalmiddlefrontal-surfavg",16,52538337,0.007839772,{"v":2.19e-10,"d":"2.19E-10"},32598,"wSA_Mean_caudalmiddlefrontal_surfavg || id:enigma3-withglobal-caudalmiddlefrontal-surfavg",true,"reported","MedicineITLab",2,true,0.00123458,32598,true,{"v":1.26e-8,"d":"1.26E-08"},null,0.00123458,40.2921137,25.26983511,40.2921137]
["rs72878187","A","T","A","T",0.051197801,-0.316029604,0.8625,0.998444692,false,true,false,"ebi-eas-GCST90018603",null,0.265707254,0.283943241,"Chronic sinusitis || id:ebi-eas-GCST90018603",true,"MedicineITLab","enigma3-withglobal-caudalmiddlefrontal-surfavg",2,170669593,0.01129889,{"v":5.87e-6,"d":"5.87E-06"},33006,"wSA_Mean_caudalmiddlefrontal_surfavg || id:enigma3-withglobal-caudalmiddlefrontal-surfavg",true,"reported","MedicineITLab",2,true,0.000621719,33006,true,0.000258163,null,0.000621719,20.53199232,25.26983511,20.53199232]
["rs7356095","A","G","A","G",-0.043828549,-0.015668428,0.2786,0.387490713,false,false,false,"ebi-eas-GCST90018603",null,0.474717867,0.021919284,"Chronic sinusitis || id:ebi-eas-GCST90018603",true,"MedicineITLab","enigma3-withglobal-caudalmiddlefrontal-surfavg",3,177198714,0.008920661,{"v":8.97e-7,"d":"8.97E-07"},31240,"wSA_Mean_caudalmiddlefrontal_surfavg || id:enigma3-withglobal-caudalmiddlefrontal-surfavg",true,"reported","MedicineITLab",2,true,0.00077215,31240,true,{"v":2.73e-5,"d":"2.73E-05"},null,0.00077215,24.1390467,25.26983511,24.1390467]
["rs74928761","A","G","A","G",-0.077866219,0.00703941,0.0524,0.135976854,false,false,false,"ebi-eas-GCST90018603",null,0.823137459,0.031494626,"Chronic sinusitis || id:ebi-eas-GCST90018603",true,"MedicineITLab","enigma3-withglobal-caudalmiddlefrontal-surfavg",16,78813225,0.017570895,{"v":9.36e-6,"d":"9.36E-06"},32598,"wSA_Mean_caudalmiddlefrontal_surfavg || id:enigma3-withglobal-caudalmiddlefrontal-surfavg",true,"reported","MedicineITLab",2,true,0.000602122,32598,true,{"v":8.18e-5,"d":"8.18E-05"},null,0.000602122,19.63859396,25.26983511,19.63859396]
["rs7541994","A","G","A","G",-0.04054876,-0.002798663,0.2625,0.427223452,false,false,false,"ebi-eas-GCST90018603",null,0.896697642,0.021555677,"Chronic sinusitis || id:ebi-eas-GCST90018603",true,"MedicineITLab","enigma3-withglobal-caudalmiddlefrontal-surfavg",1,96984344,0.008898543,{"v":5.19e-6,"d":"5.19E-06"},32598,"wSA_Mean_caudalmiddlefrontal_surfavg || id:enigma3-withglobal-caudalmiddlefrontal-surfavg",true,"reported","MedicineITLab",2,true,0.000636614,32598,true,{"v":4.28e-5,"d":"4.28E-05"},null,0.000636614,20.76430282,25.26983511,20.76430282]
["rs7562708","T","G","T","G",0.044711172,0.003756712,0.3836,0.079265315,false,false,false,"ebi-eas-GCST90018603",null,0.92461873,0.039704243,"Chronic sinusitis || id:ebi-eas-GCST90018603",true,"MedicineITLab","enigma3-withglobal-caudalmiddlefrontal-surfavg",2,65971846,0.008050574,{"v":2.8e-8,"d":"2.80E-08"},32598,"wSA_Mean_caudalmiddlefrontal_surfavg || id:enigma3-withglobal-caudalmiddlefrontal-surfavg",true,"reported","MedicineITLab",2,true,0.000945373,32598,true,{"v":5.35e-7,"d":"5.35E-07"},null,0.000945373,30.84454789,25.26983511,30.84454789]
["rs7580560","A","G","A","G",0.047229669,0.000232356,0.8095,0.762684515,false,false,false,"ebi-eas-GCST90018603",null,0.992685619,0.025346039,"Chronic sinusitis || id:ebi-eas-GCST90018603",true,"MedicineITLab","enigma3-withglobal-caudalmiddlefrontal-surfavg",2,122460595,0.009970053,{"v":2.17e-6,"d":"2.17E-06"},32598,"wSA_Mean_caudalmiddlefrontal_surfavg || id:enigma3-withglobal-caudalmiddlefrontal-surfavg",true,"reported","MedicineITLab",2,true,0.000687973,32598,true,{"v":1.66e-5,"d":"1.66E-05"},null,0.000687973,22.4406192,25.26983511,22.4406192]
["rs7853181","A","G","A","G",0.036917559,-0.010505332,0.5633,0.697465894,false,false,false,"ebi-eas-GCST90018603",null,0.651064137,0.023227271,"Chronic sinusitis || id:ebi-eas-GCST90018603",true,"MedicineITLab","enigma3-withglobal-caudalmiddlefrontal-surfavg",9,128223024,0.007893975,{"v":2.92e-6,"d":"2.92E-06"},32598,"wSA_Mean_caudalmiddlefrontal_surfavg || id:enigma3-withglobal-caudalmiddlefrontal-surfavg",true,"reported","MedicineITLab",2,true,0.000670531,32598,true,{"v":4.76e-5,"d":"4.76E-05"},null,0.000670531,21.87129495,25.26983511,21.87129495]
["rs9345125","A","G","A","G",0.066587067,-0.012955822,0.82,0.745784276,false,false,false,"ebi-eas-GCST90018603",null,0.597521315,0.024539013,"Chronic sinusitis || id:ebi-eas-GCST90018603",true,"MedicineITLab","enigma3-withglobal-caudalmiddlefrontal-surfavg",6,92002653,0.010187679,{"v":6.32e-11,"d":"6.32E-11"},32598,"wSA_Mean_caudalmiddlefrontal_surfavg || id:enigma3-withglobal-caudalmiddlefrontal-surfavg",true,"reported","MedicineITLab",2,true,0.001308869,32598,true,{"v":1.02e-8,"d":"1.02E-08"},null,0.001308869,42.71980334,25.26983511,42.71980334]
["rs9402979","T","C","T","C",-0.046541024,0.010551047,0.2545,0.530748708,false,false,false,"ebi-eas-GCST90018603",null,0.635605671,0.02226656,"Chronic sinusitis || id:ebi-eas-GCST90018603",true,"MedicineITLab","enigma3-withglobal-caudalmiddlefrontal-surfavg",6,138833114,0.009024904,{"v":2.51e-7,"d":"2.51E-07"},32331,"wSA_Mean_caudalmiddlefrontal_surfavg || id:enigma3-withglobal-caudalmiddlefrontal-surfavg",true,"reported","MedicineITLab",2,true,0.000821935,32331,true,{"v":6.83e-6,"d":"6.83E-06"},null,0.000821935,26.59418413,25.26983511,26.59418413]
["rs12542760","C","G","C","G",0.038922531,{"v":-5.32e-5,"d":"-5.32E-05"},0.3253,0.325108,false,true,false,"ukb-b-69",null,0.760001,0.000174711,"Non-cancer illness code, self-reported: chronic sinusitis || id:ukb-b-69",true,"igd","enigma3-withglobal-caudalmiddlefrontal-surfavg",8,20214697,0.008357204,{"v":3.2e-6,"d":"3.20E-06"},32598,"wSA_Mean_caudalmiddlefrontal_surfavg || id:enigma3-withglobal-caudalmiddlefrontal-surfavg",true,"reported","MedicineITLab",2,true,0.000665008,32598,true,{"v":9.74e-6,"d":"9.74E-06"},null,0.000665008,21.69102828,25.26983511,21.69102828]
["rs1261073","A","C","A","C",0.043853275,0.000101885,0.6156,0.619962,false,false,false,"ukb-b-69",null,0.55,0.000169026,"Non-cancer illness code, self-reported: chronic sinusitis || id:ukb-b-69",true,"igd","enigma3-withglobal-caudalmiddlefrontal-surfavg",18,52907820,0.008047558,{"v":5.06e-8,"d":"5.06E-08"},32598,"wSA_Mean_caudalmiddlefrontal_surfavg || id:enigma3-withglobal-caudalmiddlefrontal-surfavg",true,"reported","MedicineITLab",2,true,0.000910156,32598,true,{"v":3.2e-7,"d":"3.20E-07"},null,0.000910156,29.69448662,25.26983511,29.69448662]
["rs13198440","A","C","A","C",0.035329538,0.000398539,0.583,0.584099,false,false,false,"ukb-b-69",null,0.016,0.000165939,"Non-cancer illness code, self-reported: chronic sinusitis || id:ukb-b-69",true,"igd","enigma3-withglobal-caudalmiddlefrontal-surfavg",6,52061857,0.007940882,{"v":8.63e-6,"d":"8.63E-06"},32598,"wSA_Mean_caudalmiddlefrontal_surfavg || id:enigma3-withglobal-caudalmiddlefrontal-surfavg",true,"reported","MedicineITLab",2,true,0.000606891,32598,true,0.000229803,null,0.000606891,19.79422401,25.26983511,19.79422401]
["rs30641","A","G","A","G",-0.05670926,-0.000411387,0.7634,0.772813,false,false,false,"ukb-b-69",null,0.0350002,0.000195512,"Non-cancer illness code, self-reported: chronic sinusitis || id:ukb-b-69",true,"igd","enigma3-withglobal-caudalmiddlefrontal-surfavg",5,129018314,0.00915305,{"v":5.8e-10,"d":"5.80E-10"},33006,"wSA_Mean_caudalmiddlefrontal_surfavg || id:enigma3-withglobal-caudalmiddlefrontal-surfavg",true,"reported","MedicineITLab",2,true,0.001161729,33006,true,{"v":5.27e-8,"d":"5.27E-08"},null,0.001161729,38.38630074,25.26983511,38.38630074]
["rs4273712","A","G","A","G",-0.078822154,0.000161437,0.7313,0.733102,false,false,false,"ukb-b-69",null,0.38,0.000185021,"Non-cancer illness code, self-reported: chronic sinusitis || id:ukb-b-69",true,"igd","enigma3-withglobal-caudalmiddlefrontal-surfavg",6,126964510,0.008910622,{"v":9.07e-19,"d":"9.07E-19"},31971,"wSA_Mean_caudalmiddlefrontal_surfavg || id:enigma3-withglobal-caudalmiddlefrontal-surfavg",true,"reported","MedicineITLab",2,true,0.002441686,31971,true,{"v":8.08e-17,"d":"8.08E-17"},null,0.002441686,78.24932455,25.26983511,78.24932455]
["rs448939","T","C","T","C",0.039851921,-0.000122641,0.5498,0.553189,false,false,false,"ukb-b-69",null,0.46,0.000165122,"Non-cancer illness code, self-reported: chronic sinusitis || id:ukb-b-69",true,"igd","enigma3-withglobal-caudalmiddlefrontal-surfavg",6,145808320,0.007901562,{"v":4.57e-7,"d":"4.57E-07"},32331,"wSA_Mean_caudalmiddlefrontal_surfavg || id:enigma3-withglobal-caudalmiddlefrontal-surfavg",true,"reported","MedicineITLab",2,true,0.00078621,32331,true,{"v":2.79e-6,"d":"2.79E-06"},null,0.00078621,25.43739329,25.26983511,25.43739329]
["rs655045","T","C","T","C",-0.047123719,{"v":-8.46e-5,"d":"-8.46E-05"},0.4059,0.407262,false,false,false,"ukb-b-69",null,0.61,0.000166465,"Non-cancer illness code, self-reported: chronic sinusitis || id:ukb-b-69",true,"igd","enigma3-withglobal-caudalmiddlefrontal-surfavg",3,193549449,0.008142756,{"v":7.15e-9,"d":"7.15E-09"},31240,"wSA_Mean_caudalmiddlefrontal_surfavg || id:enigma3-withglobal-caudalmiddlefrontal-surfavg",true,"reported","MedicineITLab",2,true,0.001070996,31240,true,{"v":4.44e-8,"d":"4.44E-08"},null,0.001070996,33.49163275,25.26983511,33.49163275]
["rs6753397","T","C","T","C",0.041281007,{"v":-5.7e-5,"d":"-5.70E-05"},0.2739,0.274134,false,false,false,"ukb-b-69",null,0.760001,0.000185065,"Non-cancer illness code, self-reported: chronic sinusitis || id:ukb-b-69",true,"igd","enigma3-withglobal-caudalmiddlefrontal-surfavg",2,105466651,0.00877933,{"v":2.58e-6,"d":"2.58E-06"},32598,"wSA_Mean_caudalmiddlefrontal_surfavg || id:enigma3-withglobal-caudalmiddlefrontal-surfavg",true,"reported","MedicineITLab",2,true,0.000677827,32598,true,{"v":8e-6,"d":"8.00E-06"},null,0.000677827,22.1094439,25.26983511,22.1094439]
["rs6994044","T","C","T","C",0.038282519,{"v":3.48e-5,"d":"3.48E-05"},0.3999,0.403021,false,false,false,"ukb-b-69",null,0.84,0.000167097,"Non-cancer illness code, self-reported: chronic sinusitis || id:ukb-b-69",true,"igd","enigma3-withglobal-caudalmiddlefrontal-surfavg",8,1903059,0.008404614,{"v":5.24e-6,"d":"5.24E-06"},29477,"wSA_Mean_caudalmiddlefrontal_surfavg || id:enigma3-withglobal-caudalmiddlefrontal-surfavg",true,"reported","MedicineITLab",2,true,0.000703406,29477,true,{"v":1.27e-5,"d":"1.27E-05"},null,0.000703406,20.74748488,25.26983511,20.74748488]
["rs7184835","T","C","T","C",-0.049763791,-0.000153639,0.5271,0.528,false,false,false,"ukb-b-69",null,0.35,0.000164216,"Non-cancer illness code, self-reported: chronic sinusitis || id:ukb-b-69",true,"igd","enigma3-withglobal-caudalmiddlefrontal-surfavg",16,52538337,0.007839772,{"v":2.19e-10,"d":"2.19E-10"},32598,"wSA_Mean_caudalmiddlefrontal_surfavg || id:enigma3-withglobal-caudalmiddlefrontal-surfavg",true,"reported","MedicineITLab",2,true,0.00123458,32598,true,{"v":3.77e-9,"d":"3.77E-09"},null,0.00123458,40.2921137,25.26983511,40.2921137]
["rs72878187","A","T","A","T",0.051197801,{"v":-3.69e-5,"d":"-3.69E-05"},0.8625,0.860093,false,true,false,"ukb-b-69",null,0.88,0.000236776,"Non-cancer illness code, self-reported: chronic sinusitis || id:ukb-b-69",true,"igd","enigma3-withglobal-caudalmiddlefrontal-surfavg",2,170669593,0.01129889,{"v":5.87e-6,"d":"5.87E-06"},33006,"wSA_Mean_caudalmiddlefrontal_surfavg || id:enigma3-withglobal-caudalmiddlefrontal-surfavg",true,"reported","MedicineITLab",2,true,0.000621719,33006,true,{"v":1.44e-5,"d":"1.44E-05"},null,0.000621719,20.53199232,25.26983511,20.53199232]
["rs7356095","A","G","A","G",-0.043828549,{"v":3.04e-6,"d":"3.04E-06"},0.2786,0.278913,false,false,false,"ukb-b-69",null,0.99,0.000183759,"Non-cancer illness code, self-reported: chronic sinusitis || id:ukb-b-69",true,"igd","enigma3-withglobal-caudalmiddlefrontal-surfavg",3,177198714,0.008920661,{"v":8.97e-7,"d":"8.97E-07"},31240,"wSA_Mean_caudalmiddlefrontal_surfavg || id:enigma3-withglobal-caudalmiddlefrontal-surfavg",true,"reported","MedicineITLab",2,true,0.00077215,31240,true,{"v":2.03e-6,"d":"2.03E-06"},null,0.00077215,24.1390467,25.26983511,24.1390467]
["rs736436","T","C","T","C",-0.055467522,0.000387936,0.8015,0.801935,false,false,false,"ukb-b-69",null,0.0619998,0.000207687,"Non-cancer illness code, self-reported: chronic sinusitis || id:ukb-b-69",true,"igd","enigma3-withglobal-caudalmiddlefrontal-surfavg",4,1794188,0.012403685,{"v":7.76e-6,"d":"7.76E-06"},20409,"wSA_Mean_caudalmiddlefrontal_surfavg || id:enigma3-withglobal-caudalmiddlefrontal-surfavg",true,"reported","MedicineITLab",2,true,0.000978975,20409,true,{"v":6.56e-5,"d":"6.56E-05"},null,0.000978975,19.99751828,25.26983511,19.99751828]
["rs7541994","A","G","A","G",-0.04054876,0.00026167,0.2625,0.272461,false,false,false,"ukb-b-69",null,0.16,0.000184367,"Non-cancer illness code, self-reported: chronic sinusitis || id:ukb-b-69",true,"igd","enigma3-withglobal-caudalmiddlefrontal-surfavg",1,96984344,0.008898543,{"v":5.19e-6,"d":"5.19E-06"},32598,"wSA_Mean_caudalmiddlefrontal_surfavg || id:enigma3-withglobal-caudalmiddlefrontal-surfavg",true,"reported","MedicineITLab",2,true,0.000636614,32598,true,{"v":5.35e-5,"d":"5.35E-05"},null,0.000636614,20.76430282,25.26983511,20.76430282]
["rs7562708","T","G","T","G",0.044711172,{"v":2.03e-5,"d":"2.03E-05"},0.3836,0.391549,false,false,false,"ukb-b-69",null,0.9,0.000167712,"Non-cancer illness code, self-reported: chronic sinusitis || id:ukb-b-69",true,"igd","enigma3-withglobal-caudalmiddlefrontal-surfavg",2,65971846,0.008050574,{"v":2.8e-8,"d":"2.80E-08"},32598,"wSA_Mean_caudalmiddlefrontal_surfavg || id:enigma3-withglobal-caudalmiddlefrontal-surfavg",true,"reported","MedicineITLab",2,true,0.000945373,32598,true,{"v":9.5e-8,"d":"9.50E-08"},null,0.000945373,30.84454789,25.26983511,30.84454789]
["rs7580560","A","G","A","G",0.047229669,-0.00017056,0.8095,0.818785,false,false,false,"ukb-b-69",null,0.43,0.000215529,"Non-cancer illness code, self-reported: chronic sinusitis || id:ukb-b-69",true,"igd","enigma3-withglobal-caudalmiddlefrontal-surfavg",2,122460595,0.009970053,{"v":2.17e-6,"d":"2.17E-06"},32598,"wSA_Mean_caudalmiddlefrontal_surfavg || id:enigma3-withglobal-caudalmiddlefrontal-surfavg",true,"reported","MedicineITLab",2,true,0.000687973,32598,true,{"v":1.21e-5,"d":"1.21E-05"},null,0.000687973,22.4406192,25.26983511,22.4406192]
["rs7853181","A","G","A","G",0.036917559,0.000136667,0.5633,0.561451,false,false,false,"ukb-b-69",null,0.41,0.000165101,"Non-cancer illness code, self-reported: chronic sinusitis || id:ukb-b-69",true,"igd","enigma3-withglobal-caudalmiddlefrontal-surfavg",9,128223024,0.007893975,{"v":2.92e-6,"d":"2.92E-06"},32598,"wSA_Mean_caudalmiddlefrontal_surfavg || id:enigma3-withglobal-caudalmiddlefrontal-surfavg",true,"reported","MedicineITLab",2,true,0.000670531,32598,true,{"v":1.65e-5,"d":"1.65E-05"},null,0.000670531,21.87129495,25.26983511,21.87129495]
["rs9345125","A","G","A","G",0.066587067,-0.000175372,0.82,0.827566,false,false,false,"ukb-b-69",null,0.42,0.000216456,"Non-cancer illness code, self-reported: chronic sinusitis || id:ukb-b-69",true,"igd","enigma3-withglobal-caudalmiddlefrontal-surfavg",6,92002653,0.010187679,{"v":6.32e-11,"d":"6.32E-11"},32598,"wSA_Mean_caudalmiddlefrontal_surfavg || id:enigma3-withglobal-caudalmiddlefrontal-surfavg",true,"reported","MedicineITLab",2,true,0.001308869,32598,true,{"v":1.01e-9,"d":"1.01E-09"},null,0.001308869,42.71980334,25.26983511,42.71980334]
["rs9402979","T","C","T","C",-0.046541024,0.000208852,0.2545,0.255472,false,false,false,"ukb-b-69",null,0.27,0.000188256,"Non-cancer illness code, self-reported: chronic sinusitis || id:ukb-b-69",true,"igd","enigma3-withglobal-caudalmiddlefrontal-surfavg",6,138833114,0.009024904,{"v":2.51e-7,"d":"2.51E-07"},32331,"wSA_Mean_caudalmiddlefrontal_surfavg || id:enigma3-withglobal-caudalmiddlefrontal-surfavg",true,"reported","MedicineITLab",2,true,0.000821935,32331,true,{"v":2.58e-6,"d":"2.58E-06"},null,0.000821935,26.59418413,25.26983511,26.59418413]
["rs112847669","A","G","A","G",-0.089303295,0.000225358,0.9585,0.9563962,false,false,false,"ukb-d-J32",null,0.503469,0.000336837,"Diagnoses - main ICD10: J32 Chronic sinusitis || id:ukb-d-J32",true,"igd","enigma3-withglobal-caudalmiddlefrontal-surfavg",5,117724972,0.019631113,{"v":5.39e-6,"d":"5.39E-06"},32598,"wSA_Mean_caudalmiddlefrontal_surfavg || id:enigma3-withglobal-caudalmiddlefrontal-surfavg",true,"reported","MedicineITLab",2,true,0.000634461,32598,true,{"v":3.13e-5,"d":"3.13E-05"},null,0.000634461,20.69403217,25.26983511,20.69403217]
["rs114248263","C","G","C","G",-0.145693086,-0.00106658,0.0168,0.011862,false,true,false,"ukb-d-J32",null,0.0931923,0.000635322,"Diagnoses - main ICD10: J32 Chronic sinusitis || id:ukb-d-J32",true,"igd","enigma3-withglobal-caudalmiddlefrontal-surfavg",1,213127112,0.031577515,{"v":3.95e-6,"d":"3.95E-06"},30338,"wSA_Mean_caudalmiddlefrontal_surfavg || id:enigma3-withglobal-caudalmiddlefrontal-surfavg",true,"reported","MedicineITLab",2,true,0.000701228,30338,true,{"v":7.38e-5,"d":"7.38E-05"},null,0.000701228,21.28736928,25.26983511,21.28736928]
["rs12542760","C","G","C","G",0.038922531,{"v":-5.61e-5,"d":"-5.61E-05"},0.3253,0.325663,false,true,false,"ukb-d-J32",null,0.702113,0.000146672,"Diagnoses - main ICD10: J32 Chronic sinusitis || id:ukb-d-J32",true,"igd","enigma3-withglobal-caudalmiddlefrontal-surfavg",8,20214697,0.008357204,{"v":3.2e-6,"d":"3.20E-06"},32598,"wSA_Mean_caudalmiddlefrontal_surfavg || id:enigma3-withglobal-caudalmiddlefrontal-surfavg",true,"reported","MedicineITLab",2,true,0.000665008,32598,true,{"v":1.36e-5,"d":"1.36E-05"},null,0.000665008,21.69102828,25.26983511,21.69102828]
["rs1261073","A","C","A","C",0.043853275,0.000100304,0.6156,0.621208,false,false,false,"ukb-d-J32",null,0.480285,0.000142105,"Diagnoses - main ICD10: J32 Chronic sinusitis || id:ukb-d-J32",true,"igd","enigma3-withglobal-caudalmiddlefrontal-surfavg",18,52907820,0.008047558,{"v":5.06e-8,"d":"5.06E-08"},32598,"wSA_Mean_caudalmiddlefrontal_surfavg || id:enigma3-withglobal-caudalmiddlefrontal-surfavg",true,"reported","MedicineITLab",2,true,0.000910156,32598,true,{"v":5.31e-7,"d":"5.31E-07"},null,0.000910156,29.69448662,25.26983511,29.69448662]
["rs13198440","A","C","A","C",0.035329538,{"v":5.72e-5,"d":"5.72E-05"},0.583,0.587077,false,false,false,"ukb-d-J32",null,0.682106,0.000139589,"Diagnoses - main ICD10: J32 Chronic sinusitis || id:ukb-d-J32",true,"igd","enigma3-withglobal-caudalmiddlefrontal-surfavg",6,52061857,0.007940882,{"v":8.63e-6,"d":"8.63E-06"},32598,"wSA_Mean_caudalmiddlefrontal_surfavg || id:enigma3-withglobal-caudalmiddlefrontal-surfavg",true,"reported","MedicineITLab",2,true,0.000606891,32598,true,{"v":3.43e-5,"d":"3.43E-05"},null,0.000606891,19.79422401,25.26983511,19.79422401]
["rs2589230","T","C","T","C",0.083306594,0.000236236,0.9407,0.945215,false,false,false,"ukb-d-J32",null,0.434112,0.000302024,"Diagnoses - main ICD10: J32 Chronic sinusitis || id:ukb-d-J32",true,"igd","enigma3-withglobal-caudalmiddlefrontal-surfavg",15,96750222,0.016668377,{"v":5.8e-7,"d":"5.80E-07"},32238,"wSA_Mean_caudalmiddlefrontal_surfavg || id:enigma3-withglobal-caudalmiddlefrontal-surfavg",true,"reported","MedicineITLab",2,true,0.000774274,32238,true,{"v":5.01e-6,"d":"5.01E-06"},null,0.000774274,24.97883192,25.26983511,24.97883192]
["rs2807246","A","T","A","T",0.10849617,0.00030328,0.9722,0.9698891,false,true,false,"ukb-d-J32",null,0.452019,0.000403268,"Diagnoses - main ICD10: J32 Chronic sinusitis || id:ukb-d-J32",true,"igd","enigma3-withglobal-caudalmiddlefrontal-surfavg",10,25620532,0.023815759,{"v":5.22e-6,"d":"5.22E-06"},32598,"wSA_Mean_caudalmiddlefrontal_surfavg || id:enigma3-withglobal-caudalmiddlefrontal-surfavg",true,"reported","MedicineITLab",2,true,0.000636296,32598,true,{"v":3.38e-5,"d":"3.38E-05"},null,0.000636296,20.75391141,25.26983511,20.75391141]
["rs30641","A","G","A","G",-0.05670926,{"v":5.37e-5,"d":"5.37E-05"},0.7634,0.773021,false,false,false,"ukb-d-J32",null,0.743853,0.000164368,"Diagnoses - main ICD10: J32 Chronic sinusitis || id:ukb-d-J32",true,"igd","enigma3-withglobal-caudalmiddlefrontal-surfavg",5,129018314,0.00915305,{"v":5.8e-10,"d":"5.80E-10"},33006,"wSA_Mean_caudalmiddlefrontal_surfavg || id:enigma3-withglobal-caudalmiddlefrontal-surfavg",true,"reported","MedicineITLab",2,true,0.001161729,33006,true,{"v":5.38e-9,"d":"5.38E-09"},null,0.001161729,38.38630074,25.26983511,38.38630074]
["rs4273712","A","G","A","G",-0.078822154,-0.00013859,0.7313,0.7341,false,false,false,"ukb-d-J32",null,0.373517,0.000155736,"Diagnoses - main ICD10: J32 Chronic sinusitis || id:ukb-d-J32",true,"igd","enigma3-withglobal-caudalmiddlefrontal-surfavg",6,126964510,0.008910622,{"v":9.07e-19,"d":"9.07E-19"},31971,"wSA_Mean_caudalmiddlefrontal_surfavg || id:enigma3-withglobal-caudalmiddlefrontal-surfavg",true,"reported","MedicineITLab",2,true,0.002441686,31971,true,{"v":2.01e-16,"d":"2.01E-16"},null,0.002441686,78.24932455,25.26983511,78.24932455]
["rs448939","T","C","T","C",0.039851921,{"v":-6.36e-6,"d":"-6.36E-06"},0.5498,0.55429,false,false,false,"ukb-d-J32",null,0.963438,0.00013871,"Diagnoses - main ICD10: J32 Chronic sinusitis || id:ukb-d-J32",true,"igd","enigma3-withglobal-caudalmiddlefrontal-surfavg",6,145808320,0.007901562,{"v":4.57e-7,"d":"4.57E-07"},32331,"wSA_Mean_caudalmiddlefrontal_surfavg || id:enigma3-withglobal-caudalmiddlefrontal-surfavg",true,"reported","MedicineITLab",2,true,0.00078621,32331,true,{"v":1.45e-6,"d":"1.45E-06"},null,0.00078621,25.43739329,25.26983511,25.43739329]
["rs5992727","A","G","A","G",0.079716558,-0.000362253,0.9429,0.9413634,false,false,false,"ukb-d-J32",null,0.217525,0.000293765,"Diagnoses - main ICD10: J32 Chronic sinusitis || id:ukb-d-J32",true,"igd","enigma3-withglobal-caudalmiddlefrontal-surfavg",22,17993124,0.017803885,{"v":7.55e-6,"d":"7.55E-06"},29280,"wSA_Mean_caudalmiddlefrontal_surfavg || id:enigma3-withglobal-caudalmiddlefrontal-surfavg",true,"reported","MedicineITLab",2,true,0.000684272,29280,true,{"v":7.24e-5,"d":"7.24E-05"},null,0.000684272,20.0478361,25.26983511,20.0478361]
["rs655045","T","C","T","C",-0.047123719,{"v":3.81e-5,"d":"3.81E-05"},0.4059,0.407612,false,false,false,"ukb-d-J32",null,0.785366,0.000139784,"Diagnoses - main ICD10: J32 Chronic sinusitis || id:ukb-d-J32",true,"igd","enigma3-withglobal-caudalmiddlefrontal-surfavg",3,193549449,0.008142756,{"v":7.15e-9,"d":"7.15E-09"},31240,"wSA_Mean_caudalmiddlefrontal_surfavg || id:enigma3-withglobal-caudalmiddlefrontal-surfavg",true,"reported","MedicineITLab",2,true,0.001070996,31240,true,{"v":4.4e-8,"d":"4.40E-08"},null,0.001070996,33.49163275,25.26983511,33.49163275]
["rs6753397","T","C","T","C",0.041281007,{"v":5.21e-5,"d":"5.21E-05"},0.2739,0.275549,false,false,false,"ukb-d-J32",null,0.737233,0.000155344,"Diagnoses - main ICD10: J32 Chronic sinusitis || id:ukb-d-J32",true,"igd","enigma3-withglobal-caudalmiddlefrontal-surfavg",2,105466651,0.00877933,{"v":2.58e-6,"d":"2.58E-06"},32598,"wSA_Mean_caudalmiddlefrontal_surfavg || id:enigma3-withglobal-caudalmiddlefrontal-surfavg",true,"reported","MedicineITLab",2,true,0.000677827,32598,true,{"v":1.05e-5,"d":"1.05E-05"},null,0.000677827,22.1094439,25.26983511,22.1094439]
["rs6994044","T","C","T","C",0.038282519,0.000108274,0.3999,0.403103,false,false,false,"ukb-d-J32",null,0.44047,0.000140361,"Diagnoses - main ICD10: J32 Chronic sinusitis || id:ukb-d-J32",true,"igd","enigma3-withglobal-caudalmiddlefrontal-surfavg",8,1903059,0.008404614,{"v":5.24e-6,"d":"5.24E-06"},29477,"wSA_Mean_caudalmiddlefrontal_surfavg || id:enigma3-withglobal-caudalmiddlefrontal-surfavg",true,"reported","MedicineITLab",2,true,0.000703406,29477,true,{"v":3.08e-5,"d":"3.08E-05"},null,0.000703406,20.74748488,25.26983511,20.74748488]
["rs7184835","T","C","T","C",-0.049763791,{"v":5.76e-5,"d":"5.76E-05"},0.5271,0.53119,false,false,false,"ukb-d-J32",null,0.676422,0.000138051,"Diagnoses - main ICD10: J32 Chronic sinusitis || id:ukb-d-J32",true,"igd","enigma3-withglobal-caudalmiddlefrontal-surfavg",16,52538337,0.007839772,{"v":2.19e-10,"d":"2.19E-10"},32598,"wSA_Mean_caudalmiddlefrontal_surfavg || id:enigma3-withglobal-caudalmiddlefrontal-surfavg",true,"reported","MedicineITLab",2,true,0.00123458,32598,true,{"v":2.56e-9,"d":"2.56E-09"},null,0.00123458,40.2921137,25.26983511,40.2921137]
["rs72669652","C","G","C","G",0.099630905,{"v":7.85e-5,"d":"7.85E-05"},0.9665,0.9685498,false,true,false,"ukb-d-J32",null,0.844266,0.000399597,"Diagnoses - main ICD10: J32 Chronic sinusitis || id:ukb-d-J32",true,"igd","enigma3-withglobal-caudalmiddlefrontal-surfavg",8,98582484,0.021950115,{"v":5.65e-6,"d":"5.65E-06"},32033,"wSA_Mean_caudalmiddlefrontal_surfavg || id:enigma3-withglobal-caudalmiddlefrontal-surfavg",true,"reported","MedicineITLab",2,true,0.000642784,32033,true,{"v":1.76e-5,"d":"1.76E-05"},null,0.000642784,20.60224557,25.26983511,20.60224557]
["rs72878187","A","T","A","T",0.051197801,0.000550523,0.8625,0.858654,false,true,false,"ukb-d-J32",null,0.00545055,0.000198091,"Diagnoses - main ICD10: J32 Chronic sinusitis || id:ukb-d-J32",true,"igd","enigma3-withglobal-caudalmiddlefrontal-surfavg",2,170669593,0.01129889,{"v":5.87e-6,"d":"5.87E-06"},33006,"wSA_Mean_caudalmiddlefrontal_surfavg || id:enigma3-withglobal-caudalmiddlefrontal-surfavg",true,"reported","MedicineITLab",2,true,0.000621719,33006,true,0.000411273,null,0.000621719,20.53199232,25.26983511,20.53199232]
["rs7356095","A","G","A","G",-0.043828549,0.000133036,0.2786,0.278451,false,false,false,"ukb-d-J32",null,0.38921,0.000154504,"Diagnoses - main ICD10: J32 Chronic sinusitis || id:ukb-d-J32",true,"igd","enigma3-withglobal-caudalmiddlefrontal-surfavg",3,177198714,0.008920661,{"v":8.97e-7,"d":"8.97E-07"},31240,"wSA_Mean_caudalmiddlefrontal_surfavg || id:enigma3-withglobal-caudalmiddlefrontal-surfavg",true,"reported","MedicineITLab",2,true,0.00077215,31240,true,{"v":7.82e-6,"d":"7.82E-06"},null,0.00077215,24.1390467,25.26983511,24.1390467]
["rs736436","T","C","T","C",-0.055467522,{"v":7.82e-5,"d":"7.82E-05"},0.8015,0.80384,false,false,false,"ukb-d-J32",null,0.65536,0.000175159,"Diagnoses - main ICD10: J32 Chronic sinusitis || id:ukb-d-J32",true,"igd","enigma3-withglobal-caudalmiddlefrontal-surfavg",4,1794188,0.012403685,{"v":7.76e-6,"d":"7.76E-06"},20409,"wSA_Mean_caudalmiddlefrontal_surfavg || id:enigma3-withglobal-caudalmiddlefrontal-surfavg",true,"reported","MedicineITLab",2,true,0.000978975,20409,true,{"v":2.17e-5,"d":"2.17E-05"},null,0.000978975,19.99751828,25.26983511,19.99751828]
["rs74928761","A","G","A","G",-0.077866219,{"v":-4.42e-5,"d":"-4.42E-05"},0.0524,0.0500908,false,false,false,"ukb-d-J32",null,0.889155,0.000317162,"Diagnoses - main ICD10: J32 Chronic sinusitis || id:ukb-d-J32",true,"igd","enigma3-withglobal-caudalmiddlefrontal-surfavg",16,78813225,0.017570895,{"v":9.36e-6,"d":"9.36E-06"},32598,"wSA_Mean_caudalmiddlefrontal_surfavg || id:enigma3-withglobal-caudalmiddlefrontal-surfavg",true,"reported","MedicineITLab",2,true,0.000602122,32598,true,{"v":2.63e-5,"d":"2.63E-05"},null,0.000602122,19.63859396,25.26983511,19.63859396]
["rs7541994","A","G","A","G",-0.04054876,0.000107017,0.2625,0.27219,false,false,false,"ukb-d-J32",null,0.490029,0.000155038,"Diagnoses - main ICD10: J32 Chronic sinusitis || id:ukb-d-J32",true,"igd","enigma3-withglobal-caudalmiddlefrontal-surfavg",1,96984344,0.008898543,{"v":5.19e-6,"d":"5.19E-06"},32598,"wSA_Mean_caudalmiddlefrontal_surfavg || id:enigma3-withglobal-caudalmiddlefrontal-surfavg",true,"reported","MedicineITLab",2,true,0.000636614,32598,true,{"v":3.11e-5,"d":"3.11E-05"},null,0.000636614,20.76430282,25.26983511,20.76430282]
["rs7562708","T","G","T","G",0.044711172,{"v":-6.06e-5,"d":"-6.06E-05"},0.3836,0.393035,false,false,false,"ukb-d-J32",null,0.666784,0.000140859,"Diagnoses - main ICD10: J32 Chronic sinusitis || id:ukb-d-J32",true,"igd","enigma3-withglobal-caudalmiddlefrontal-surfavg",2,65971846,0.008050574,{"v":2.8e-8,"d":"2.80E-08"},32598,"wSA_Mean_caudalmiddlefrontal_surfavg || id:enigma3-withglobal-caudalmiddlefrontal-surfavg",true,"reported","MedicineITLab",2,true,0.000945373,32598,true,{"v":2.06e-7,"d":"2.06E-07"},null,0.000945373,30.84454789,25.26983511,30.84454789]
["rs7580560","A","G","A","G",0.047229669,-0.000143286,0.8095,0.818716,false,false,false,"ukb-d-J32",null,0.428559,0.000180994,"Diagnoses - main ICD10: J32 Chronic sinusitis || id:ukb-d-J32",true,"igd","enigma3-withglobal-caudalmiddlefrontal-surfavg",2,122460595,0.009970053,{"v":2.17e-6,"d":"2.17E-06"},32598,"wSA_Mean_caudalmiddlefrontal_surfavg || id:enigma3-withglobal-caudalmiddlefrontal-surfavg",true,"reported","MedicineITLab",2,true,0.000687973,32598,true,{"v":1.64e-5,"d":"1.64E-05"},null,0.000687973,22.4406192,25.26983511,22.4406192]
["rs75892048","A","G","A","G",-0.084341945,0.000495799,0.9535,0.9481817,false,false,false,"ukb-d-J32",null,0.113173,0.000312986,"Diagnoses - main ICD10: J32 Chronic sinusitis || id:ukb-d-J32",true,"igd","enigma3-withglobal-caudalmiddlefrontal-surfavg",4,94448607,0.018717555,{"v":6.61e-6,"d":"6.61E-06"},32170,"wSA_Mean_caudalmiddlefrontal_surfavg || id:enigma3-withglobal-caudalmiddlefrontal-surfavg",true,"reported","MedicineITLab",2,true,0.000630799,32170,true,0.000111385,null,0.000630799,20.30434439,25.26983511,20.30434439]
["rs7853181","A","G","A","G",0.036917559,-0.000108888,0.5633,0.562034,false,false,false,"ukb-d-J32",null,0.432423,0.000138702,"Diagnoses - main ICD10: J32 Chronic sinusitis || id:ukb-d-J32",true,"igd","enigma3-withglobal-caudalmiddlefrontal-surfavg",9,128223024,0.007893975,{"v":2.92e-6,"d":"2.92E-06"},32598,"wSA_Mean_caudalmiddlefrontal_surfavg || id:enigma3-withglobal-caudalmiddlefrontal-surfavg",true,"reported","MedicineITLab",2,true,0.000670531,32598,true,{"v":2.11e-5,"d":"2.11E-05"},null,0.000670531,21.87129495,25.26983511,21.87129495]
["rs9345125","A","G","A","G",0.066587067,-0.000170119,0.82,0.829967,false,false,false,"ukb-d-J32",null,0.352444,0.000182951,"Diagnoses - main ICD10: J32 Chronic sinusitis || id:ukb-d-J32",true,"igd","enigma3-withglobal-caudalmiddlefrontal-surfavg",6,92002653,0.010187679,{"v":6.32e-11,"d":"6.32E-11"},32598,"wSA_Mean_caudalmiddlefrontal_surfavg || id:enigma3-withglobal-caudalmiddlefrontal-surfavg",true,"reported","MedicineITLab",2,true,0.001308869,32598,true,{"v":2.09e-9,"d":"2.09E-09"},null,0.001308869,42.71980334,25.26983511,42.71980334]
["rs9402979","T","C","T","C",-0.046541024,{"v":3.98e-5,"d":"3.98E-05"},0.2545,0.253048,false,false,false,"ukb-d-J32",null,0.802274,0.000158794,"Diagnoses - main ICD10: J32 Chronic sinusitis || id:ukb-d-J32",true,"igd","enigma3-withglobal-caudalmiddlefrontal-surfavg",6,138833114,0.009024904,{"v":2.51e-7,"d":"2.51E-07"},32331,"wSA_Mean_caudalmiddlefrontal_surfavg || id:enigma3-withglobal-caudalmiddlefrontal-surfavg",true,"reported","MedicineITLab",2,true,0.000821935,32331,true,{"v":1.13e-6,"d":"1.13E-06"},null,0.000821935,26.59418413,25.26983511,26.59418413]
["rs112847669","A","G","A","G",-0.089303295,-0.059,0.9585,0.956,false,false,false,"ukb-saige-471",null,0.33,0.061,"Nasal polyps || id:ukb-saige-471",true,"MedicineITLab","enigma3-withglobal-caudalmiddlefrontal-surfavg",5,117724972,0.019631113,{"v":5.39e-6,"d":"5.39E-06"},32598,"wSA_Mean_caudalmiddlefrontal_surfavg || id:enigma3-withglobal-caudalmiddlefrontal-surfavg",true,"reported","MedicineITLab",2,true,0.000634461,32598,true,{"v":4.07e-5,"d":"4.07E-05"},null,0.000634461,20.69403217,25.26983511,20.69403217]
["rs114248263","C","G","C","G",-0.145693086,0.14,0.0168,0.012,false,true,false,"ukb-saige-471",null,0.21,0.12,"Nasal polyps || id:ukb-saige-471",true,"MedicineITLab","enigma3-withglobal-caudalmiddlefrontal-surfavg",1,213127112,0.031577515,{"v":3.95e-6,"d":"3.95E-06"},30338,"wSA_Mean_caudalmiddlefrontal_surfavg || id:enigma3-withglobal-caudalmiddlefrontal-surfavg",true,"reported","MedicineITLab",2,true,0.000701228,30338,true,{"v":3.58e-5,"d":"3.58E-05"},null,0.000701228,21.28736928,25.26983511,21.28736928]
["rs12542760","C","G","C","G",0.038922531,0.013,0.3253,0.33,false,true,false,"ukb-saige-471",null,0.64,0.027,"Nasal polyps || id:ukb-saige-471",true,"MedicineITLab","enigma3-withglobal-caudalmiddlefrontal-surfavg",8,20214697,0.008357204,{"v":3.2e-6,"d":"3.20E-06"},32598,"wSA_Mean_caudalmiddlefrontal_surfavg || id:enigma3-withglobal-caudalmiddlefrontal-surfavg",true,"reported","MedicineITLab",2,true,0.000665008,32598,true,{"v":1.41e-5,"d":"1.41E-05"},null,0.000665008,21.69102828,25.26983511,21.69102828]
["rs1261073","A","C","A","C",0.043853275,-0.016,0.6156,0.62,false,false,false,"ukb-saige-471",null,0.53,0.026,"Nasal polyps || id:ukb-saige-471",true,"MedicineITLab","enigma3-withglobal-caudalmiddlefrontal-surfavg",18,52907820,0.008047558,{"v":5.06e-8,"d":"5.06E-08"},32598,"wSA_Mean_caudalmiddlefrontal_surfavg || id:enigma3-withglobal-caudalmiddlefrontal-surfavg",true,"reported","MedicineITLab",2,true,0.000910156,32598,true,{"v":4.07e-7,"d":"4.07E-07"},null,0.000910156,29.69448662,25.26983511,29.69448662]
["rs13198440","A","C","A","C",0.035329538,0.016,0.583,0.59,false,false,false,"ukb-saige-471",null,0.53,0.025,"Nasal polyps || id:ukb-saige-471",true,"MedicineITLab","enigma3-withglobal-caudalmiddlefrontal-surfavg",6,52061857,0.007940882,{"v":8.63e-6,"d":"8.63E-06"},32598,"wSA_Mean_caudalmiddlefrontal_surfavg || id:enigma3-withglobal-caudalmiddlefrontal-surfavg",true,"reported","MedicineITLab",2,true,0.000606891,32598,true,{"v":4.17e-5,"d":"4.17E-05"},null,0.000606891,19.79422401,25.26983511,19.79422401]
["rs144390115","A","G","A","G",0.237883425,-0.19,0.9908,0.9945,false,false,false,"ukb-saige-471",null,0.28,0.18,"Nasal polyps || id:ukb-saige-471",true,"MedicineITLab","enigma3-withglobal-caudalmiddlefrontal-surfavg",15,37573123,0.051751285,{"v":4.29e-6,"d":"4.29E-06"},20462,"wSA_Mean_caudalmiddlefrontal_surfavg || id:enigma3-withglobal-caudalmiddlefrontal-surfavg",true,"reported","MedicineITLab",2,true,0.00103165,20462,true,{"v":2.18e-5,"d":"2.18E-05"},null,0.00103165,21.12934749,25.26983511,21.12934749]
["rs2589230","T","C","T","C",0.083306594,0.074,0.9407,0.945,false,false,false,"ukb-saige-471",null,0.18,0.055,"Nasal polyps || id:ukb-saige-471",true,"MedicineITLab","enigma3-withglobal-caudalmiddlefrontal-surfavg",15,96750222,0.016668377,{"v":5.8e-7,"d":"5.80E-07"},32238,"wSA_Mean_caudalmiddlefrontal_surfavg || id:enigma3-withglobal-caudalmiddlefrontal-surfavg",true,"reported","MedicineITLab",2,true,0.000774274,32238,true,{"v":9.25e-6,"d":"9.25E-06"},null,0.000774274,24.97883192,25.26983511,24.97883192]
["rs2807246","A","T","A","T",0.10849617,0.14,0.9722,0.97,false,true,false,"ukb-saige-471",null,0.048,0.073,"Nasal polyps || id:ukb-saige-471",true,"MedicineITLab","enigma3-withglobal-caudalmiddlefrontal-surfavg",10,25620532,0.023815759,{"v":5.22e-6,"d":"5.22E-06"},32598,"wSA_Mean_caudalmiddlefrontal_surfavg || id:enigma3-withglobal-caudalmiddlefrontal-surfavg",true,"reported","MedicineITLab",2,true,0.000636296,32598,true,0.000119661,null,0.000636296,20.75391141,25.26983511,20.75391141]
["rs30641","A","G","A","G",-0.05670926,-0.1,0.7634,0.77,false,false,false,"ukb-saige-471",null,0.00055,0.03,"Nasal polyps || id:ukb-saige-471",true,"MedicineITLab","enigma3-withglobal-caudalmiddlefrontal-surfavg",5,129018314,0.00915305,{"v":5.8e-10,"d":"5.80E-10"},33006,"wSA_Mean_caudalmiddlefrontal_surfavg || id:enigma3-withglobal-caudalmiddlefrontal-surfavg",true,"reported","MedicineITLab",2,true,0.001161729,33006,true,{"v":5.1e-7,"d":"5.10E-07"},null,0.001161729,38.38630074,25.26983511,38.38630074]
["rs4273712","A","G","A","G",-0.078822154,-0.0036,0.7313,0.73,false,false,false,"ukb-saige-471",null,0.9,0.028,"Nasal polyps || id:ukb-saige-471",true,"MedicineITLab","enigma3-withglobal-caudalmiddlefrontal-surfavg",6,126964510,0.008910622,{"v":9.07e-19,"d":"9.07E-19"},31971,"wSA_Mean_caudalmiddlefrontal_surfavg || id:enigma3-withglobal-caudalmiddlefrontal-surfavg",true,"reported","MedicineITLab",2,true,0.002441686,31971,true,{"v":2.49e-17,"d":"2.49E-17"},null,0.002441686,78.24932455,25.26983511,78.24932455]
["rs448939","T","C","T","C",0.039851921,-0.04,0.5498,0.55,false,false,false,"ukb-saige-471",null,0.11,0.025,"Nasal polyps || id:ukb-saige-471",true,"MedicineITLab","enigma3-withglobal-caudalmiddlefrontal-surfavg",6,145808320,0.007901562,{"v":4.57e-7,"d":"4.57E-07"},32331,"wSA_Mean_caudalmiddlefrontal_surfavg || id:enigma3-withglobal-caudalmiddlefrontal-surfavg",true,"reported","MedicineITLab",2,true,0.00078621,32331,true,{"v":1.05e-5,"d":"1.05E-05"},null,0.00078621,25.43739329,25.26983511,25.43739329]
["rs5992727","A","G","A","G",0.079716558,0.047,0.9429,0.941,false,false,false,"ukb-saige-471",null,0.37,0.053,"Nasal polyps || id:ukb-saige-471",true,"MedicineITLab","enigma3-withglobal-caudalmiddlefrontal-surfavg",22,17993124,0.017803885,{"v":7.55e-6,"d":"7.55E-06"},29280,"wSA_Mean_caudalmiddlefrontal_surfavg || id:enigma3-withglobal-caudalmiddlefrontal-surfavg",true,"reported","MedicineITLab",2,true,0.000684272,29280,true,{"v":4.4e-5,"d":"4.40E-05"},null,0.000684272,20.0478361,25.26983511,20.0478361]
["rs655045","T","C","T","C",-0.047123719,0.028,0.4059,0.41,false,false,false,"ukb-saige-471",null,0.27,0.025,"Nasal polyps || id:ukb-saige-471",true,"MedicineITLab","enigma3-withglobal-caudalmiddlefrontal-surfavg",3,193549449,0.008142756,{"v":7.15e-9,"d":"7.15E-09"},31240,"wSA_Mean_caudalmiddlefrontal_surfavg || id:enigma3-withglobal-caudalmiddlefrontal-surfavg",true,"reported","MedicineITLab",2,true,0.001070996,31240,true,{"v":1.4e-7,"d":"1.40E-07"},null,0.001070996,33.49163275,25.26983511,33.49163275]
["rs6753397","T","C","T","C",0.041281007,0.027,0.2739,0.28,false,false,false,"ukb-saige-471",null,0.34,0.028,"Nasal polyps || id:ukb-saige-471",true,"MedicineITLab","enigma3-withglobal-caudalmiddlefrontal-surfavg",2,105466651,0.00877933,{"v":2.58e-6,"d":"2.58E-06"},32598,"wSA_Mean_caudalmiddlefrontal_surfavg || id:enigma3-withglobal-caudalmiddlefrontal-surfavg",true,"reported","MedicineITLab",2,true,0.000677827,32598,true,{"v":2.13e-5,"d":"2.13E-05"},null,0.000677827,22.1094439,25.26983511,22.1094439]
["rs6994044","T","C","T","C",0.038282519,0.0051,0.3999,0.4,false,false,false,"ukb-saige-471",null,0.84,0.025,"Nasal polyps || id:ukb-saige-471",true,"MedicineITLab","enigma3-withglobal-caudalmiddlefrontal-surfavg",8,1903059,0.008404614,{"v":5.24e-6,"d":"5.24E-06"},29477,"wSA_Mean_caudalmiddlefrontal_surfavg || id:enigma3-withglobal-caudalmiddlefrontal-surfavg",true,"reported","MedicineITLab",2,true,0.000703406,29477,true,{"v":1.43e-5,"d":"1.43E-05"},null,0.000703406,20.74748488,25.26983511,20.74748488]
["rs7184835","T","C","T","C",-0.049763791,0.00094,0.5271,0.53,false,false,false,"ukb-saige-471",null,0.97,0.025,"Nasal polyps || id:ukb-saige-471",true,"MedicineITLab","enigma3-withglobal-caudalmiddlefrontal-surfavg",16,52538337,0.007839772,{"v":2.19e-10,"d":"2.19E-10"},32598,"wSA_Mean_caudalmiddlefrontal_surfavg || id:enigma3-withglobal-caudalmiddlefrontal-surfavg",true,"reported","MedicineITLab",2,true,0.00123458,32598,true,{"v":1.14e-9,"d":"1.14E-09"},null,0.00123458,40.2921137,25.26983511,40.2921137]
["rs72669652","C","G","C","G",0.099630905,0.054,0.9665,0.969,false,true,false,"ukb-saige-471",null,0.46,0.073,"Nasal polyps || id:ukb-saige-471",true,"MedicineITLab","enigma3-withglobal-caudalmiddlefrontal-surfavg",8,98582484,0.021950115,{"v":5.65e-6,"d":"5.65E-06"},32033,"wSA_Mean_caudalmiddlefrontal_surfavg || id:enigma3-withglobal-caudalmiddlefrontal-surfavg",true,"reported","MedicineITLab",2,true,0.000642784,32033,true,{"v":3.17e-5,"d":"3.17E-05"},null,0.000642784,20.60224557,25.26983511,20.60224557]
["rs72878187","A","T","A","T",0.051197801,0.066,0.8625,0.86,false,true,false,"ukb-saige-471",null,0.068,0.036,"Nasal polyps || id:ukb-saige-471",true,"MedicineITLab","enigma3-withglobal-caudalmiddlefrontal-surfavg",2,170669593,0.01129889,{"v":5.87e-6,"d":"5.87E-06"},33006,"wSA_Mean_caudalmiddlefrontal_surfavg || id:enigma3-withglobal-caudalmiddlefrontal-surfavg",true,"reported","MedicineITLab",2,true,0.000621719,33006,true,0.00012217,null,0.000621719,20.53199232,25.26983511,20.53199232]
["rs7356095","A","G","A","G",-0.043828549,-0.021,0.2786,0.28,false,false,false,"ukb-saige-471",null,0.45,0.028,"Nasal polyps || id:ukb-saige-471",true,"MedicineITLab","enigma3-withglobal-caudalmiddlefrontal-surfavg",3,177198714,0.008920661,{"v":8.97e-7,"d":"8.97E-07"},31240,"wSA_Mean_caudalmiddlefrontal_surfavg || id:enigma3-withglobal-caudalmiddlefrontal-surfavg",true,"reported","MedicineITLab",2,true,0.00077215,31240,true,{"v":6.04e-6,"d":"6.04E-06"},null,0.00077215,24.1390467,25.26983511,24.1390467]
["rs736436","T","C","T","C",-0.055467522,-0.03,0.8015,0.8,false,false,false,"ukb-saige-471",null,0.35,0.032,"Nasal polyps || id:ukb-saige-471",true,"MedicineITLab","enigma3-withglobal-caudalmiddlefrontal-surfavg",4,1794188,0.012403685,{"v":7.76e-6,"d":"7.76E-06"},20409,"wSA_Mean_caudalmiddlefrontal_surfavg || id:enigma3-withglobal-caudalmiddlefrontal-surfavg",true,"reported","MedicineITLab",2,true,0.000978975,20409,true,{"v":3.31e-5,"d":"3.31E-05"},null,0.000978975,19.99751828,25.26983511,19.99751828]
["rs74928761","A","G","A","G",-0.077866219,-0.051,0.0524,0.05,false,false,false,"ukb-saige-471",null,0.37,0.058,"Nasal polyps || id:ukb-saige-471",true,"MedicineITLab","enigma3-withglobal-caudalmiddlefrontal-surfavg",16,78813225,0.017570895,{"v":9.36e-6,"d":"9.36E-06"},32598,"wSA_Mean_caudalmiddlefrontal_surfavg || id:enigma3-withglobal-caudalmiddlefrontal-surfavg",true,"reported","MedicineITLab",2,true,0.000602122,32598,true,{"v":5.95e-5,"d":"5.95E-05"},null,0.000602122,19.63859396,25.26983511,19.63859396]
["rs7541994","A","G","A","G",-0.04054876,0.02,0.2625,0.27,false,false,false,"ukb-saige-471",null,0.47,0.028,"Nasal polyps || id:ukb-saige-471",true,"MedicineITLab","enigma3-withglobal-caudalmiddlefrontal-surfavg",1,96984344,0.008898543,{"v":5.19e-6,"d":"5.19E-06"},32598,"wSA_Mean_caudalmiddlefrontal_surfavg || id:enigma3-withglobal-caudalmiddlefrontal-surfavg",true,"reported","MedicineITLab",2,true,0.000636614,32598,true,{"v":2.9e-5,"d":"2.90E-05"},null,0.000636614,20.76430282,25.26983511,20.76430282]
["rs7562708","T","G","T","G",0.044711172,-0.00074,0.3836,0.39,false,false,false,"ukb-saige-471",null,0.98,0.026,"Nasal polyps || id:ukb-saige-471",true,"MedicineITLab","enigma3-withglobal-caudalmiddlefrontal-surfavg",2,65971846,0.008050574,{"v":2.8e-8,"d":"2.80E-08"},32598,"wSA_Mean_caudalmiddlefrontal_surfavg || id:enigma3-withglobal-caudalmiddlefrontal-surfavg",true,"reported","MedicineITLab",2,true,0.000945373,32598,true,{"v":9.92e-8,"d":"9.92E-08"},null,0.000945373,30.84454789,25.26983511,30.84454789]
["rs7580560","A","G","A","G",0.047229669,0.023,0.8095,0.82,false,false,false,"ukb-saige-471",null,0.48,0.033,"Nasal polyps || id:ukb-saige-471",true,"MedicineITLab","enigma3-withglobal-caudalmiddlefrontal-surfavg",2,122460595,0.009970053,{"v":2.17e-6,"d":"2.17E-06"},32598,"wSA_Mean_caudalmiddlefrontal_surfavg || id:enigma3-withglobal-caudalmiddlefrontal-surfavg",true,"reported","MedicineITLab",2,true,0.000687973,32598,true,{"v":1.31e-5,"d":"1.31E-05"},null,0.000687973,22.4406192,25.26983511,22.4406192]
["rs75892048","A","G","A","G",-0.084341945,0.14,0.9535,0.948,false,false,false,"ukb-saige-471",null,0.018,0.057,"Nasal polyps || id:ukb-saige-471",true,"MedicineITLab","enigma3-withglobal-caudalmiddlefrontal-surfavg",4,94448607,0.018717555,{"v":6.61e-6,"d":"6.61E-06"},32170,"wSA_Mean_caudalmiddlefrontal_surfavg || id:enigma3-withglobal-caudalmiddlefrontal-surfavg",true,"reported","MedicineITLab",2,true,0.000630799,32170,true,0.000255634,null,0.000630799,20.30434439,25.26983511,20.30434439]
["rs7853181","A","G","A","G",0.036917559,0.011,0.5633,0.56,false,false,false,"ukb-saige-471",null,0.67,0.025,"Nasal polyps || id:ukb-saige-471",true,"MedicineITLab","enigma3-withglobal-caudalmiddlefrontal-surfavg",9,128223024,0.007893975,{"v":2.92e-6,"d":"2.92E-06"},32598,"wSA_Mean_caudalmiddlefrontal_surfavg || id:enigma3-withglobal-caudalmiddlefrontal-surfavg",true,"reported","MedicineITLab",2,true,0.000670531,32598,true,{"v":1.23e-5,"d":"1.23E-05"},null,0.000670531,21.87129495,25.26983511,21.87129495]
["rs9345125","A","G","A","G",0.066587067,0.036,0.82,0.83,false,false,false,"ukb-saige-471",null,0.28,0.033,"Nasal polyps || id:ukb-saige-471",true,"MedicineITLab","enigma3-withglobal-caudalmiddlefrontal-surfavg",6,92002653,0.010187679,{"v":6.32e-11,"d":"6.32E-11"},32598,"wSA_Mean_caudalmiddlefrontal_surfavg || id:enigma3-withglobal-caudalmiddlefrontal-surfavg",true,"reported","MedicineITLab",2,true,0.001308869,32598,true,{"v":2.26e-9,"d":"2.26E-09"},null,0.001308869,42.71980334,25.26983511,42.71980334]
["rs9402979","T","C","T","C",-0.046541024,-0.0036,0.2545,0.25,false,false,false,"ukb-saige-471",null,0.9,0.029,"Nasal polyps || id:ukb-saige-471",true,"MedicineITLab","enigma3-withglobal-caudalmiddlefrontal-surfavg",6,138833114,0.009024904,{"v":2.51e-7,"d":"2.51E-07"},32331,"wSA_Mean_caudalmiddlefrontal_surfavg || id:enigma3-withglobal-caudalmiddlefrontal-surfavg",true,"reported","MedicineITLab",2,true,0.000821935,32331,true,{"v":8.55e-7,"d":"8.55E-07"},null,0.000821935,26.59418413,25.26983511,26.59418413]
["rs10503002","T","C","T","C",0.049902536,-0.010090757,0.1893,0.461426382,false,false,false,"ebi-eas-GCST90018603",null,0.637481138,0.021413951,"Chronic sinusitis || id:ebi-eas-GCST90018603",true,"MedicineITLab","enigma3-withglobal-caudalmiddlefrontal-thickavg",18,53109202,0.009980507,{"v":1.88e-6,"d":"1.88E-06"},32685,"wTHICK_Mean_caudalmiddlefrontal_thickavg || id:enigma3-withglobal-caudalmiddlefrontal-thickavg",true,"reported","MedicineITLab",2,true,0.000764339,32685,true,{"v":1.35e-5,"d":"1.35E-05"},null,0.000764339,25,25.26983511,25]
["rs11748651","A","T","A","T",0.055139344,0.019735674,0.6716,0.986027641,false,true,false,"ebi-eas-GCST90018603",null,0.832464428,0.093294389,"Chronic sinusitis || id:ebi-eas-GCST90018603",true,"MedicineITLab","enigma3-withglobal-caudalmiddlefrontal-thickavg",5,171931939,0.00832292,{"v":1.07e-11,"d":"1.07E-11"},32685,"wTHICK_Mean_caudalmiddlefrontal_thickavg || id:enigma3-withglobal-caudalmiddlefrontal-thickavg",true,"reported","MedicineITLab",2,true,0.001341118,32685,true,{"v":2.89e-9,"d":"2.89E-09"},null,0.001341118,43.890625,25.26983511,43.890625]
["rs12376503","A","G","A","G",-0.047590133,-0.479243302,0.8097,0.999702663,false,false,false,"ebi-eas-GCST90018603",null,0.441632299,0.622847081,"Chronic sinusitis || id:ebi-eas-GCST90018603",true,"MedicineITLab","enigma3-withglobal-caudalmiddlefrontal-thickavg",9,24121196,0.009960725,{"v":6.69e-6,"d":"6.69E-06"},32685,"wTHICK_Mean_caudalmiddlefrontal_thickavg || id:enigma3-withglobal-caudalmiddlefrontal-thickavg",true,"reported","MedicineITLab",2,true,0.000697954,32685,true,{"v":5.67e-5,"d":"5.67E-05"},null,0.000697954,22.82716049,25.26983511,22.82716049]
["rs12448922","A","G","A","G",-0.037198154,0.045406027,0.5667,0.204141534,false,false,false,"ebi-eas-GCST90018603",null,0.088160191,0.026628234,"Chronic sinusitis || id:ebi-eas-GCST90018603",true,"MedicineITLab","enigma3-withglobal-caudalmiddlefrontal-thickavg",16,77503047,0.007890517,{"v":1.93e-6,"d":"1.93E-06"},32685,"wTHICK_Mean_caudalmiddlefrontal_thickavg || id:enigma3-withglobal-caudalmiddlefrontal-thickavg",true,"reported","MedicineITLab",2,true,0.000679539,32685,true,0.000343672,null,0.000679539,22.2244898,25.26983511,22.2244898]
["rs12562345","A","G","A","G",-0.048746934,-0.010509766,0.8186,0.532405004,false,false,false,"ebi-eas-GCST90018603",null,0.633922756,0.022069472,"Chronic sinusitis || id:ebi-eas-GCST90018603",true,"MedicineITLab","enigma3-withglobal-caudalmiddlefrontal-thickavg",1,247738962,0.010202847,{"v":6e-6,"d":"6.00E-06"},32325,"wTHICK_Mean_caudalmiddlefrontal_thickavg || id:enigma3-withglobal-caudalmiddlefrontal-thickavg",true,"reported","MedicineITLab",2,true,0.000705722,32325,true,{"v":3.28e-5,"d":"3.28E-05"},null,0.000705722,22.82716049,25.26983511,22.82716049]
["rs143143078","T","C","T","C",-0.050934124,-0.014418253,0.1823,0.371756632,false,false,false,"ebi-eas-GCST90018603",null,0.515604092,0.022177272,"Chronic sinusitis || id:ebi-eas-GCST90018603",true,"MedicineITLab","enigma3-withglobal-caudalmiddlefrontal-thickavg",7,150273536,0.010186825,{"v":1.54e-6,"d":"1.54E-06"},32300,"wTHICK_Mean_caudalmiddlefrontal_thickavg || id:enigma3-withglobal-caudalmiddlefrontal-thickavg",true,"reported","MedicineITLab",2,true,0.000773443,32300,true,{"v":1.84e-5,"d":"1.84E-05"},null,0.000773443,25,25.26983511,25]
["rs2294654","A","G","A","G",0.035663614,-0.002435956,0.3589,0.075864449,false,false,false,"ebi-eas-GCST90018603",null,0.956815692,0.044985377,"Chronic sinusitis || id:ebi-eas-GCST90018603",true,"MedicineITLab","enigma3-withglobal-caudalmiddlefrontal-thickavg",1,176525194,0.008151683,{"v":5.39e-6,"d":"5.39E-06"},32685,"wTHICK_Mean_caudalmiddlefrontal_thickavg || id:enigma3-withglobal-caudalmiddlefrontal-thickavg",true,"reported","MedicineITLab",2,true,0.000585302,32685,true,{"v":7.59e-5,"d":"7.59E-05"},null,0.000585302,19.140625,25.26983511,19.140625]
["rs3845731","A","G","A","G",-0.043131268,-0.039841368,0.207,0.298275245,false,false,false,"ebi-eas-GCST90018603",null,0.088170651,0.023365624,"Chronic sinusitis || id:ebi-eas-GCST90018603",true,"MedicineITLab","enigma3-withglobal-caudalmiddlefrontal-thickavg",2,170187105,0.009704535,{"v":4.17e-6,"d":"4.17E-06"},32325,"wTHICK_Mean_caudalmiddlefrontal_thickavg || id:enigma3-withglobal-caudalmiddlefrontal-thickavg",true,"reported","MedicineITLab",2,true,0.000610742,32325,true,0.000832812,null,0.000610742,19.75308642,25.26983511,19.75308642]
["rs58186954","T","C","T","C",-0.058641362,0.041509971,0.128,0.057384298,false,false,false,"ebi-eas-GCST90018603",null,0.380125119,0.047295874,"Chronic sinusitis || id:ebi-eas-GCST90018603",true,"MedicineITLab","enigma3-withglobal-caudalmiddlefrontal-thickavg",9,107949180,0.01234555,{"v":3.93e-6,"d":"3.93E-06"},29371,"wTHICK_Mean_caudalmiddlefrontal_thickavg || id:enigma3-withglobal-caudalmiddlefrontal-thickavg",true,"reported","MedicineITLab",2,true,0.000767652,29371,true,{"v":6.07e-5,"d":"6.07E-05"},null,0.000767652,22.5625,25.26983511,22.5625]
["rs633862","T","C","T","C",-0.03589364,0.062775481,0.5448,0.533322332,false,false,false,"ebi-eas-GCST90018603",null,0.003273991,0.021346624,"Chronic sinusitis || id:ebi-eas-GCST90018603",true,"MedicineITLab","enigma3-withglobal-caudalmiddlefrontal-thickavg",9,136155444,0.007851734,{"v":4.78e-6,"d":"4.78E-06"},32685,"wTHICK_Mean_caudalmiddlefrontal_thickavg || id:enigma3-withglobal-caudalmiddlefrontal-thickavg",true,"reported","MedicineITLab",2,true,0.000639005,32685,true,0.003314629,null,0.000639005,20.89795918,25.26983511,20.89795918]
["rs6566442","T","G","T","G",0.035823536,-0.062421167,0.3169,0.348559962,false,false,false,"ebi-eas-GCST90018603",null,0.005393121,0.022432966,"Chronic sinusitis || id:ebi-eas-GCST90018603",true,"MedicineITLab","enigma3-withglobal-caudalmiddlefrontal-thickavg",18,67421503,0.008429067,{"v":9.99e-6,"d":"9.99E-06"},32493,"wTHICK_Mean_caudalmiddlefrontal_thickavg || id:enigma3-withglobal-caudalmiddlefrontal-thickavg",true,"reported","MedicineITLab",2,true,0.000555614,32493,true,0.006625582,null,0.000555614,18.0625,25.26983511,18.0625]
["rs697510","T","C","T","C",-0.036954273,0.036532731,0.5346,0.319732934,false,false,false,"ebi-eas-GCST90018603",null,0.112793285,0.023037964,"Chronic sinusitis || id:ebi-eas-GCST90018603",true,"MedicineITLab","enigma3-withglobal-caudalmiddlefrontal-thickavg",7,16700553,0.007838785,{"v":2.48e-6,"d":"2.48E-06"},32685,"wTHICK_Mean_caudalmiddlefrontal_thickavg || id:enigma3-withglobal-caudalmiddlefrontal-thickavg",true,"reported","MedicineITLab",2,true,0.000679539,32685,true,0.000283936,null,0.000679539,22.2244898,25.26983511,22.2244898]
["rs73004648","A","G","A","G",0.060624304,-0.005286037,0.8771,0.855158656,false,false,false,"ebi-eas-GCST90018603",null,0.86176702,0.030357667,"Chronic sinusitis || id:ebi-eas-GCST90018603",true,"MedicineITLab","enigma3-withglobal-caudalmiddlefrontal-thickavg",3,147137674,0.011908345,{"v":6.11e-7,"d":"6.11E-07"},32685,"wTHICK_Mean_caudalmiddlefrontal_thickavg || id:enigma3-withglobal-caudalmiddlefrontal-thickavg",true,"reported","MedicineITLab",2,true,0.000792364,32685,true,{"v":5.16e-6,"d":"5.16E-06"},null,0.000792364,25.91735537,25.26983511,25.91735537]
["rs73006822","T","C","T","C",-0.058378517,0.01203645,0.151,0.20287745,false,false,false,"ebi-eas-GCST90018603",null,0.652646989,0.026742438,"Chronic sinusitis || id:ebi-eas-GCST90018603",true,"MedicineITLab","enigma3-withglobal-caudalmiddlefrontal-thickavg",19,13109955,0.011467209,{"v":8.18e-7,"d":"8.18E-07"},29636,"wTHICK_Mean_caudalmiddlefrontal_thickavg || id:enigma3-withglobal-caudalmiddlefrontal-thickavg",true,"reported","MedicineITLab",2,true,0.000873818,29636,true,{"v":7.16e-6,"d":"7.16E-06"},null,0.000873818,25.91735537,25.26983511,25.91735537]
["rs74700892","T","C","T","C",-0.204874953,0.004071346,0.0108,0.073268248,false,false,false,"ebi-eas-GCST90018603",null,0.92117793,0.041145468,"Chronic sinusitis || id:ebi-eas-GCST90018603",true,"MedicineITLab","enigma3-withglobal-caudalmiddlefrontal-thickavg",2,138053299,0.041171043,{"v":8.23e-7,"d":"8.23E-07"},27588,"wTHICK_Mean_caudalmiddlefrontal_thickavg || id:enigma3-withglobal-caudalmiddlefrontal-thickavg",true,"reported","MedicineITLab",2,true,0.000896841,27588,true,{"v":5.37e-6,"d":"5.37E-06"},null,0.000896841,24.76247166,25.26983511,24.76247166]
["rs7557243","T","C","T","C",-0.040934635,0.00434136,0.7669,0.733688628,false,false,false,"ebi-eas-GCST90018603",null,0.866167862,0.025760458,"Chronic sinusitis || id:ebi-eas-GCST90018603",true,"MedicineITLab","enigma3-withglobal-caudalmiddlefrontal-thickavg",2,228521287,0.009446454,{"v":7.11e-6,"d":"7.11E-06"},31327,"wTHICK_Mean_caudalmiddlefrontal_thickavg || id:enigma3-withglobal-caudalmiddlefrontal-thickavg",true,"reported","MedicineITLab",2,true,0.000599091,31327,true,0.000101483,null,0.000599091,18.77777778,25.26983511,18.77777778]
["rs76399414","A","G","A","G",-0.061049891,-0.00872249,0.8912,0.98172895,false,false,false,"ebi-eas-GCST90018603",null,0.917545447,0.084254025,"Chronic sinusitis || id:ebi-eas-GCST90018603",true,"MedicineITLab","enigma3-withglobal-caudalmiddlefrontal-thickavg",14,25640496,0.012631012,{"v":1.01e-6,"d":"1.01E-06"},32300,"wTHICK_Mean_caudalmiddlefrontal_thickavg || id:enigma3-withglobal-caudalmiddlefrontal-thickavg",true,"reported","MedicineITLab",2,true,0.000722776,32300,true,{"v":1.31e-5,"d":"1.31E-05"},null,0.000722776,23.36111111,25.26983511,23.36111111]
["rs77715911","A","C","A","C",-0.153539901,0.036221856,0.0169,0.395815636,false,false,false,"ebi-eas-GCST90018603",null,0.100704768,0.022067035,"Chronic sinusitis || id:ebi-eas-GCST90018603",true,"MedicineITLab","enigma3-withglobal-caudalmiddlefrontal-thickavg",8,36174334,0.03393147,{"v":6.04e-6,"d":"6.04E-06"},26120,"wTHICK_Mean_caudalmiddlefrontal_thickavg || id:enigma3-withglobal-caudalmiddlefrontal-thickavg",true,"reported","MedicineITLab",2,true,0.000783352,26120,true,0.000358618,null,0.000783352,20.475625,25.26983511,20.475625]
["rs9351273","C","G","C","G",-0.086017001,-0.052387441,0.9468,0.890121507,false,true,false,"ebi-eas-GCST90018603",null,0.124517744,0.034104539,"Chronic sinusitis || id:ebi-eas-GCST90018603",true,"MedicineITLab","enigma3-withglobal-caudalmiddlefrontal-thickavg",6,92262153,0.017421165,{"v":1.28e-6,"d":"1.28E-06"},32685,"wTHICK_Mean_caudalmiddlefrontal_thickavg || id:enigma3-withglobal-caudalmiddlefrontal-thickavg",true,"reported","MedicineITLab",2,true,0.000745364,32685,true,0.000116611,null,0.000745364,24.37890625,25.26983511,24.37890625]
["rs10503002","T","C","T","C",0.049902536,-0.000165372,0.1893,0.198231,false,false,false,"ukb-b-69",null,0.42,0.000205691,"Non-cancer illness code, self-reported: chronic sinusitis || id:ukb-b-69",true,"igd","enigma3-withglobal-caudalmiddlefrontal-thickavg",18,53109202,0.009980507,{"v":1.88e-6,"d":"1.88E-06"},32685,"wTHICK_Mean_caudalmiddlefrontal_thickavg || id:enigma3-withglobal-caudalmiddlefrontal-thickavg",true,"reported","MedicineITLab",2,true,0.000764339,32685,true,{"v":3.74e-6,"d":"3.74E-06"},null,0.000764339,25,25.26983511,25]
["rs10875632","T","G","T","G",-0.043786181,0.000124128,0.2093,0.21005,false,false,false,"ukb-b-69",null,0.54,0.000201907,"Non-cancer illness code, self-reported: chronic sinusitis || id:ukb-b-69",true,"igd","enigma3-withglobal-caudalmiddlefrontal-thickavg",5,139711059,0.009611601,{"v":2.23e-6,"d":"2.23E-06"},32685,"wTHICK_Mean_caudalmiddlefrontal_thickavg || id:enigma3-withglobal-caudalmiddlefrontal-thickavg",true,"reported","MedicineITLab",2,true,0.000634578,32685,true,{"v":2.19e-5,"d":"2.19E-05"},null,0.000634578,20.75308642,25.26983511,20.75308642]
["rs11748651","A","T","A","T",0.055139344,-0.00014013,0.6716,0.667679,false,true,false,"ukb-b-69",null,0.42,0.000174591,"Non-cancer illness code, self-reported: chronic sinusitis || id:ukb-b-69",true,"igd","enigma3-withglobal-caudalmiddlefrontal-thickavg",5,171931939,0.00832292,{"v":1.07e-11,"d":"1.07E-11"},32685,"wTHICK_Mean_caudalmiddlefrontal_thickavg || id:enigma3-withglobal-caudalmiddlefrontal-thickavg",true,"reported","MedicineITLab",2,true,0.001341118,32685,true,{"v":5.82e-10,"d":"5.82E-10"},null,0.001341118,43.890625,25.26983511,43.890625]
["rs12376503","A","G","A","G",-0.047590133,-0.000246793,0.8097,0.810659,false,false,false,"ukb-b-69",null,0.24,0.000209935,"Non-cancer illness code, self-reported: chronic sinusitis || id:ukb-b-69",true,"igd","enigma3-withglobal-caudalmiddlefrontal-thickavg",9,24121196,0.009960725,{"v":6.69e-6,"d":"6.69E-06"},32685,"wTHICK_Mean_caudalmiddlefrontal_thickavg || id:enigma3-withglobal-caudalmiddlefrontal-thickavg",true,"reported","MedicineITLab",2,true,0.000697954,32685,true,{"v":1.6e-5,"d":"1.60E-05"},null,0.000697954,22.82716049,25.26983511,22.82716049]
["rs12448922","A","G","A","G",-0.037198154,-0.000182806,0.5667,0.573942,false,false,false,"ukb-b-69",null,0.27,0.00016543,"Non-cancer illness code, self-reported: chronic sinusitis || id:ukb-b-69",true,"igd","enigma3-withglobal-caudalmiddlefrontal-thickavg",16,77503047,0.007890517,{"v":1.93e-6,"d":"1.93E-06"},32685,"wTHICK_Mean_caudalmiddlefrontal_thickavg || id:enigma3-withglobal-caudalmiddlefrontal-thickavg",true,"reported","MedicineITLab",2,true,0.000679539,32685,true,{"v":1.94e-5,"d":"1.94E-05"},null,0.000679539,22.2244898,25.26983511,22.2244898]
["rs12562345","A","G","A","G",-0.048746934,{"v":-6.63e-6,"d":"-6.63E-06"},0.8186,0.818067,false,false,false,"ukb-b-69",null,0.98,0.000213552,"Non-cancer illness code, self-reported: chronic sinusitis || id:ukb-b-69",true,"igd","enigma3-withglobal-caudalmiddlefrontal-thickavg",1,247738962,0.010202847,{"v":6e-6,"d":"6.00E-06"},32325,"wTHICK_Mean_caudalmiddlefrontal_thickavg || id:enigma3-withglobal-caudalmiddlefrontal-thickavg",true,"reported","MedicineITLab",2,true,0.000705722,32325,true,{"v":4.01e-6,"d":"4.01E-06"},null,0.000705722,22.82716049,25.26983511,22.82716049]
["rs199441","A","G","A","G",-0.045888427,-0.000118642,0.2097,0.216632,false,false,false,"ukb-b-69",null,0.55,0.000198859,"Non-cancer illness code, self-reported: chronic sinusitis || id:ukb-b-69",true,"igd","enigma3-withglobal-caudalmiddlefrontal-thickavg",17,44773783,0.009604555,{"v":4.97e-6,"d":"4.97E-06"},32685,"wTHICK_Mean_caudalmiddlefrontal_thickavg || id:enigma3-withglobal-caudalmiddlefrontal-thickavg",true,"reported","MedicineITLab",2,true,0.000697954,32685,true,{"v":8.05e-6,"d":"8.05E-06"},null,0.000697954,22.82716049,25.26983511,22.82716049]
["rs2294654","A","G","A","G",0.035663614,-0.000281349,0.3589,0.355798,false,false,false,"ukb-b-69",null,0.1,0.000170915,"Non-cancer illness code, self-reported: chronic sinusitis || id:ukb-b-69",true,"igd","enigma3-withglobal-caudalmiddlefrontal-thickavg",1,176525194,0.008151683,{"v":5.39e-6,"d":"5.39E-06"},32685,"wTHICK_Mean_caudalmiddlefrontal_thickavg || id:enigma3-withglobal-caudalmiddlefrontal-thickavg",true,"reported","MedicineITLab",2,true,0.000585302,32685,true,0.000141748,null,0.000585302,19.140625,25.26983511,19.140625]
["rs2764684","T","C","T","C",0.046093672,0.000135957,0.8244,0.821351,false,false,false,"ukb-b-69",null,0.53,0.000214813,"Non-cancer illness code, self-reported: chronic sinusitis || id:ukb-b-69",true,"igd","enigma3-withglobal-caudalmiddlefrontal-thickavg",1,58537919,0.010243038,{"v":2.73e-6,"d":"2.73E-06"},32901,"wTHICK_Mean_caudalmiddlefrontal_thickavg || id:enigma3-withglobal-caudalmiddlefrontal-thickavg",true,"reported","MedicineITLab",2,true,0.000615142,32901,true,{"v":2.86e-5,"d":"2.86E-05"},null,0.000615142,20.25,25.26983511,20.25]
["rs3845731","A","G","A","G",-0.043131268,0.000137722,0.207,0.209845,false,false,false,"ukb-b-69",null,0.49,0.000201316,"Non-cancer illness code, self-reported: chronic sinusitis || id:ukb-b-69",true,"igd","enigma3-withglobal-caudalmiddlefrontal-thickavg",2,170187105,0.009704535,{"v":4.17e-6,"d":"4.17E-06"},32325,"wTHICK_Mean_caudalmiddlefrontal_thickavg || id:enigma3-withglobal-caudalmiddlefrontal-thickavg",true,"reported","MedicineITLab",2,true,0.000610742,32325,true,{"v":3.76e-5,"d":"3.76E-05"},null,0.000610742,19.75308642,25.26983511,19.75308642]
["rs58186954","T","C","T","C",-0.058641362,{"v":-3.57e-5,"d":"-3.57E-05"},0.128,0.129128,false,false,false,"ukb-b-69",null,0.88,0.000244475,"Non-cancer illness code, self-reported: chronic sinusitis || id:ukb-b-69",true,"igd","enigma3-withglobal-caudalmiddlefrontal-thickavg",9,107949180,0.01234555,{"v":3.93e-6,"d":"3.93E-06"},29371,"wTHICK_Mean_caudalmiddlefrontal_thickavg || id:enigma3-withglobal-caudalmiddlefrontal-thickavg",true,"reported","MedicineITLab",2,true,0.000767652,29371,true,{"v":4.88e-6,"d":"4.88E-06"},null,0.000767652,22.5625,25.26983511,22.5625]
["rs633862","T","C","T","C",-0.03589364,-0.000172403,0.5448,0.528281,false,false,false,"ukb-b-69",null,0.29,0.000164476,"Non-cancer illness code, self-reported: chronic sinusitis || id:ukb-b-69",true,"igd","enigma3-withglobal-caudalmiddlefrontal-thickavg",9,136155444,0.007851734,{"v":4.78e-6,"d":"4.78E-06"},32685,"wTHICK_Mean_caudalmiddlefrontal_thickavg || id:enigma3-withglobal-caudalmiddlefrontal-thickavg",true,"reported","MedicineITLab",2,true,0.000639005,32685,true,{"v":3.35e-5,"d":"3.35E-05"},null,0.000639005,20.89795918,25.26983511,20.89795918]
["rs6566442","T","G","T","G",0.035823536,-0.000248193,0.3169,0.320429,false,false,false,"ukb-b-69",null,0.16,0.00017544,"Non-cancer illness code, self-reported: chronic sinusitis || id:ukb-b-69",true,"igd","enigma3-withglobal-caudalmiddlefrontal-thickavg",18,67421503,0.008429067,{"v":9.99e-6,"d":"9.99E-06"},32493,"wTHICK_Mean_caudalmiddlefrontal_thickavg || id:enigma3-withglobal-caudalmiddlefrontal-thickavg",true,"reported","MedicineITLab",2,true,0.000555614,32493,true,0.000179998,null,0.000555614,18.0625,25.26983511,18.0625]
["rs697510","T","C","T","C",-0.036954273,{"v":-4.38e-5,"d":"-4.38E-05"},0.5346,0.523935,false,false,false,"ukb-b-69",null,0.79,0.000162717,"Non-cancer illness code, self-reported: chronic sinusitis || id:ukb-b-69",true,"igd","enigma3-withglobal-caudalmiddlefrontal-thickavg",7,16700553,0.007838785,{"v":2.48e-6,"d":"2.48E-06"},32685,"wTHICK_Mean_caudalmiddlefrontal_thickavg || id:enigma3-withglobal-caudalmiddlefrontal-thickavg",true,"reported","MedicineITLab",2,true,0.000679539,32685,true,{"v":7.24e-6,"d":"7.24E-06"},null,0.000679539,22.2244898,25.26983511,22.2244898]
["rs73004648","A","G","A","G",0.060624304,-0.000300235,0.8771,0.87563,false,false,false,"ukb-b-69",null,0.23,0.000248654,"Non-cancer illness code, self-reported: chronic sinusitis || id:ukb-b-69",true,"igd","enigma3-withglobal-caudalmiddlefrontal-thickavg",3,147137674,0.011908345,{"v":6.11e-7,"d":"6.11E-07"},32685,"wTHICK_Mean_caudalmiddlefrontal_thickavg || id:enigma3-withglobal-caudalmiddlefrontal-thickavg",true,"reported","MedicineITLab",2,true,0.000792364,32685,true,{"v":4.04e-6,"d":"4.04E-06"},null,0.000792364,25.91735537,25.26983511,25.91735537]
["rs73006822","T","C","T","C",-0.058378517,0.000328633,0.151,0.151352,false,false,false,"ukb-b-69",null,0.15,0.000228308,"Non-cancer illness code, self-reported: chronic sinusitis || id:ukb-b-69",true,"igd","enigma3-withglobal-caudalmiddlefrontal-thickavg",19,13109955,0.011467209,{"v":8.18e-7,"d":"8.18E-07"},29636,"wTHICK_Mean_caudalmiddlefrontal_thickavg || id:enigma3-withglobal-caudalmiddlefrontal-thickavg",true,"reported","MedicineITLab",2,true,0.000873818,29636,true,{"v":4.62e-6,"d":"4.62E-06"},null,0.000873818,25.91735537,25.26983511,25.91735537]
["rs7557243","T","C","T","C",-0.040934635,0.000315819,0.7669,0.759592,false,false,false,"ukb-b-69",null,0.1,0.000192616,"Non-cancer illness code, self-reported: chronic sinusitis || id:ukb-b-69",true,"igd","enigma3-withglobal-caudalmiddlefrontal-thickavg",2,228521287,0.009446454,{"v":7.11e-6,"d":"7.11E-06"},31327,"wTHICK_Mean_caudalmiddlefrontal_thickavg || id:enigma3-withglobal-caudalmiddlefrontal-thickavg",true,"reported","MedicineITLab",2,true,0.000599091,31327,true,0.000156505,null,0.000599091,18.77777778,25.26983511,18.77777778]
["rs10503002","T","C","T","C",0.049902536,{"v":-2.36e-5,"d":"-2.36E-05"},0.1893,0.198124,false,false,false,"ukb-d-J32",null,0.891486,0.000172919,"Diagnoses - main ICD10: J32 Chronic sinusitis || id:ukb-d-J32",true,"igd","enigma3-withglobal-caudalmiddlefrontal-thickavg",18,53109202,0.009980507,{"v":1.88e-6,"d":"1.88E-06"},32685,"wTHICK_Mean_caudalmiddlefrontal_thickavg || id:enigma3-withglobal-caudalmiddlefrontal-thickavg",true,"reported","MedicineITLab",2,true,0.000764339,32685,true,{"v":2.05e-6,"d":"2.05E-06"},null,0.000764339,25,25.26983511,25]
["rs10875632","T","G","T","G",-0.043786181,-0.000125412,0.2093,0.207242,false,false,false,"ukb-d-J32",null,0.462074,0.000170527,"Diagnoses - main ICD10: J32 Chronic sinusitis || id:ukb-d-J32",true,"igd","enigma3-withglobal-caudalmiddlefrontal-thickavg",5,139711059,0.009611601,{"v":2.23e-6,"d":"2.23E-06"},32685,"wTHICK_Mean_caudalmiddlefrontal_thickavg || id:enigma3-withglobal-caudalmiddlefrontal-thickavg",true,"reported","MedicineITLab",2,true,0.000634578,32685,true,{"v":3.32e-5,"d":"3.32E-05"},null,0.000634578,20.75308642,25.26983511,20.75308642]
["rs112274031","C","G","C","G",-0.134427668,-0.000264024,0.0219,0.0227839,false,true,false,"ukb-d-J32",null,0.575782,0.000471845,"Diagnoses - main ICD10: J32 Chronic sinusitis || id:ukb-d-J32",true,"igd","enigma3-withglobal-caudalmiddlefrontal-thickavg",6,12706276,0.029555019,{"v":5.94e-6,"d":"5.94E-06"},26704,"wTHICK_Mean_caudalmiddlefrontal_thickavg || id:enigma3-withglobal-caudalmiddlefrontal-thickavg",true,"reported","MedicineITLab",2,true,0.000774167,26704,true,{"v":2.22e-5,"d":"2.22E-05"},null,0.000774167,20.68782518,25.26983511,20.68782518]
["rs112911263","T","C","T","C",-0.084633416,0.000234345,0.9572,0.9576972,false,false,false,"ukb-d-J32",null,0.501093,0.000348328,"Diagnoses - main ICD10: J32 Chronic sinusitis || id:ukb-d-J32",true,"igd","enigma3-withglobal-caudalmiddlefrontal-thickavg",10,15495115,0.019318497,{"v":8.41e-6,"d":"8.41E-06"},32685,"wTHICK_Mean_caudalmiddlefrontal_thickavg || id:enigma3-withglobal-caudalmiddlefrontal-thickavg",true,"reported","MedicineITLab",2,true,0.000586895,32685,true,{"v":6.31e-5,"d":"6.31E-05"},null,0.000586895,19.19274376,25.26983511,19.19274376]
["rs115066334","T","C","T","C",0.084509386,0.000138106,0.95,0.9511488,false,false,false,"ukb-d-J32",null,0.669245,0.000323293,"Diagnoses - main ICD10: J32 Chronic sinusitis || id:ukb-d-J32",true,"igd","enigma3-withglobal-caudalmiddlefrontal-thickavg",3,43657849,0.018990873,{"v":7.37e-6,"d":"7.37E-06"},29169,"wTHICK_Mean_caudalmiddlefrontal_thickavg || id:enigma3-withglobal-caudalmiddlefrontal-thickavg",true,"reported","MedicineITLab",2,true,0.000678474,29169,true,{"v":3.14e-5,"d":"3.14E-05"},null,0.000678474,19.8025,25.26983511,19.8025]
["rs11647755","A","G","A","G",0.096649724,0.000293281,0.051,0.0486082,false,false,false,"ukb-d-J32",null,0.361296,0.000321263,"Diagnoses - main ICD10: J32 Chronic sinusitis || id:ukb-d-J32",true,"igd","enigma3-withglobal-caudalmiddlefrontal-thickavg",16,88673442,0.019927778,{"v":1.22e-6,"d":"1.22E-06"},25993,"wTHICK_Mean_caudalmiddlefrontal_thickavg || id:enigma3-withglobal-caudalmiddlefrontal-thickavg",true,"reported","MedicineITLab",2,true,0.000904206,25993,true,{"v":8.7e-6,"d":"8.70E-06"},null,0.000904206,23.5225,25.26983511,23.5225]
["rs11748651","A","T","A","T",0.055139344,0.000274418,0.6716,0.666967,false,true,false,"ukb-d-J32",null,0.0611928,0.000146583,"Diagnoses - main ICD10: J32 Chronic sinusitis || id:ukb-d-J32",true,"igd","enigma3-withglobal-caudalmiddlefrontal-thickavg",5,171931939,0.00832292,{"v":1.07e-11,"d":"1.07E-11"},32685,"wTHICK_Mean_caudalmiddlefrontal_thickavg || id:enigma3-withglobal-caudalmiddlefrontal-thickavg",true,"reported","MedicineITLab",2,true,0.001341118,32685,true,{"v":6.5e-9,"d":"6.50E-09"},null,0.001341118,43.890625,25.26983511,43.890625]
["rs117869227","C","G","C","G",-0.115138728,0.000419746,0.0255,0.0174628,false,true,false,"ukb-d-J32",null,0.445084,0.000549666,"Diagnoses - main ICD10: J32 Chronic sinusitis || id:ukb-d-J32",true,"igd","enigma3-withglobal-caudalmiddlefrontal-thickavg",13,61424462,0.025384916,{"v":8.01e-6,"d":"8.01E-06"},31206,"wTHICK_Mean_caudalmiddlefrontal_thickavg || id:enigma3-withglobal-caudalmiddlefrontal-thickavg",true,"reported","MedicineITLab",2,true,0.000658863,31206,true,{"v":3.54e-5,"d":"3.54E-05"},null,0.000658863,20.57270408,25.26983511,20.57270408]
["rs12376503","A","G","A","G",-0.047590133,0.000105462,0.8097,0.810953,false,false,false,"ukb-d-J32",null,0.550171,0.000176505,"Diagnoses - main ICD10: J32 Chronic sinusitis || id:ukb-d-J32",true,"igd","enigma3-withglobal-caudalmiddlefrontal-thickavg",9,24121196,0.009960725,{"v":6.69e-6,"d":"6.69E-06"},32685,"wTHICK_Mean_caudalmiddlefrontal_thickavg || id:enigma3-withglobal-caudalmiddlefrontal-thickavg",true,"reported","MedicineITLab",2,true,0.000697954,32685,true,{"v":1.07e-5,"d":"1.07E-05"},null,0.000697954,22.82716049,25.26983511,22.82716049]
["rs12448922","A","G","A","G",-0.037198154,{"v":3.24e-5,"d":"3.24E-05"},0.5667,0.576013,false,false,false,"ukb-d-J32",null,0.815534,0.000139083,"Diagnoses - main ICD10: J32 Chronic sinusitis || id:ukb-d-J32",true,"igd","enigma3-withglobal-caudalmiddlefrontal-thickavg",16,77503047,0.007890517,{"v":1.93e-6,"d":"1.93E-06"},32685,"wTHICK_Mean_caudalmiddlefrontal_thickavg || id:enigma3-withglobal-caudalmiddlefrontal-thickavg",true,"reported","MedicineITLab",2,true,0.000679539,32685,true,{"v":8.72e-6,"d":"8.72E-06"},null,0.000679539,22.2244898,25.26983511,22.2244898]
["rs12562345","A","G","A","G",-0.048746934,-0.000372418,0.8186,0.818237,false,false,false,"ukb-d-J32",null,0.0379918,0.000179483,"Diagnoses - main ICD10: J32 Chronic sinusitis || id:ukb-d-J32",true,"igd","enigma3-withglobal-caudalmiddlefrontal-thickavg",1,247738962,0.010202847,{"v":6e-6,"d":"6.00E-06"},32325,"wTHICK_Mean_caudalmiddlefrontal_thickavg || id:enigma3-withglobal-caudalmiddlefrontal-thickavg",true,"reported","MedicineITLab",2,true,0.000705722,32325,true,{"v":6.83e-5,"d":"6.83E-05"},null,0.000705722,22.82716049,25.26983511,22.82716049]
["rs13135092","A","G","A","G",-0.081996598,-0.000398263,0.9236,0.916902,false,false,false,"ukb-d-J32",null,0.111924,0.000250541,"Diagnoses - main ICD10: J32 Chronic sinusitis || id:ukb-d-J32",true,"igd","enigma3-withglobal-caudalmiddlefrontal-thickavg",4,103198082,0.014717338,{"v":4.8e-8,"d":"4.80E-08"},32685,"wTHICK_Mean_caudalmiddlefrontal_thickavg || id:enigma3-withglobal-caudalmiddlefrontal-thickavg",true,"reported","MedicineITLab",2,true,0.000948853,32685,true,{"v":1.08e-6,"d":"1.08E-06"},null,0.000948853,31.04081633,25.26983511,31.04081633]
["rs143143078","T","C","T","C",-0.050934124,-0.00014529,0.1823,0.212586,false,false,false,"ukb-d-J32",null,0.389481,0.000168831,"Diagnoses - main ICD10: J32 Chronic sinusitis || id:ukb-d-J32",true,"igd","enigma3-withglobal-caudalmiddlefrontal-thickavg",7,150273536,0.010186825,{"v":1.54e-6,"d":"1.54E-06"},32300,"wTHICK_Mean_caudalmiddlefrontal_thickavg || id:enigma3-withglobal-caudalmiddlefrontal-thickavg",true,"reported","MedicineITLab",2,true,0.000773443,32300,true,{"v":5.54e-6,"d":"5.54E-06"},null,0.000773443,25,25.26983511,25]
["rs145889522","T","C","T","C",-0.133451919,0.000136397,0.0195,0.0172536,false,false,false,"ukb-d-J32",null,0.797089,0.00053049,"Diagnoses - main ICD10: J32 Chronic sinusitis || id:ukb-d-J32",true,"igd","enigma3-withglobal-caudalmiddlefrontal-thickavg",15,42123526,0.02913387,{"v":5.6e-6,"d":"5.60E-06"},30791,"wTHICK_Mean_caudalmiddlefrontal_thickavg || id:enigma3-withglobal-caudalmiddlefrontal-thickavg",true,"reported","MedicineITLab",2,true,0.000681023,30791,true,{"v":1.53e-5,"d":"1.53E-05"},null,0.000681023,20.98231009,25.26983511,20.98231009]
["rs199441","A","G","A","G",-0.045888427,{"v":3.79e-5,"d":"3.79E-05"},0.2097,0.216924,false,false,false,"ukb-d-J32",null,0.820619,0.000167082,"Diagnoses - main ICD10: J32 Chronic sinusitis || id:ukb-d-J32",true,"igd","enigma3-withglobal-caudalmiddlefrontal-thickavg",17,44773783,0.009604555,{"v":4.97e-6,"d":"4.97E-06"},32685,"wTHICK_Mean_caudalmiddlefrontal_thickavg || id:enigma3-withglobal-caudalmiddlefrontal-thickavg",true,"reported","MedicineITLab",2,true,0.000697954,32685,true,{"v":6.5e-6,"d":"6.50E-06"},null,0.000697954,22.82716049,25.26983511,22.82716049]
["rs2294654","A","G","A","G",0.035663614,{"v":-1.31e-5,"d":"-1.31E-05"},0.3589,0.352792,false,false,false,"ukb-d-J32",null,0.927661,0.000143919,"Diagnoses - main ICD10: J32 Chronic sinusitis || id:ukb-d-J32",true,"igd","enigma3-withglobal-caudalmiddlefrontal-thickavg",1,176525194,0.008151683,{"v":5.39e-6,"d":"5.39E-06"},32685,"wTHICK_Mean_caudalmiddlefrontal_thickavg || id:enigma3-withglobal-caudalmiddlefrontal-thickavg",true,"reported","MedicineITLab",2,true,0.000585302,32685,true,{"v":3.14e-5,"d":"3.14E-05"},null,0.000585302,19.140625,25.26983511,19.140625]
["rs2764684","T","C","T","C",0.046093672,{"v":-5.79e-5,"d":"-5.79E-05"},0.8244,0.819439,false,false,false,"ukb-d-J32",null,0.747174,0.0001797,"Diagnoses - main ICD10: J32 Chronic sinusitis || id:ukb-d-J32",true,"igd","enigma3-withglobal-caudalmiddlefrontal-thickavg",1,58537919,0.010243038,{"v":2.73e-6,"d":"2.73E-06"},32901,"wTHICK_Mean_caudalmiddlefrontal_thickavg || id:enigma3-withglobal-caudalmiddlefrontal-thickavg",true,"reported","MedicineITLab",2,true,0.000615142,32901,true,{"v":2.5e-5,"d":"2.50E-05"},null,0.000615142,20.25,25.26983511,20.25]
["rs35233427","A","G","A","G",-0.13916618,0.000191505,0.0177,0.0189135,false,false,false,"ukb-d-J32",null,0.708724,0.000512634,"Diagnoses - main ICD10: J32 Chronic sinusitis || id:ukb-d-J32",true,"igd","enigma3-withglobal-caudalmiddlefrontal-thickavg",4,27524672,0.029959386,{"v":2.4e-6,"d":"2.40E-06"},32020,"wTHICK_Mean_caudalmiddlefrontal_thickavg || id:enigma3-withglobal-caudalmiddlefrontal-thickavg",true,"reported","MedicineITLab",2,true,0.000673465,32020,true,{"v":1.39e-5,"d":"1.39E-05"},null,0.000673465,21.57752341,25.26983511,21.57752341]
["rs3845731","A","G","A","G",-0.043131268,0.000107682,0.207,0.210324,false,false,false,"ukb-d-J32",null,0.523549,0.00016881,"Diagnoses - main ICD10: J32 Chronic sinusitis || id:ukb-d-J32",true,"igd","enigma3-withglobal-caudalmiddlefrontal-thickavg",2,170187105,0.009704535,{"v":4.17e-6,"d":"4.17E-06"},32325,"wTHICK_Mean_caudalmiddlefrontal_thickavg || id:enigma3-withglobal-caudalmiddlefrontal-thickavg",true,"reported","MedicineITLab",2,true,0.000610742,32325,true,{"v":4.61e-5,"d":"4.61E-05"},null,0.000610742,19.75308642,25.26983511,19.75308642]
["rs58186954","T","C","T","C",-0.058641362,0.000323363,0.128,0.130609,false,false,false,"ukb-d-J32",null,0.113503,0.000204318,"Diagnoses - main ICD10: J32 Chronic sinusitis || id:ukb-d-J32",true,"igd","enigma3-withglobal-caudalmiddlefrontal-thickavg",9,107949180,0.01234555,{"v":3.93e-6,"d":"3.93E-06"},29371,"wTHICK_Mean_caudalmiddlefrontal_thickavg || id:enigma3-withglobal-caudalmiddlefrontal-thickavg",true,"reported","MedicineITLab",2,true,0.000767652,29371,true,{"v":3.58e-5,"d":"3.58E-05"},null,0.000767652,22.5625,25.26983511,22.5625]
["rs633862","T","C","T","C",-0.03589364,{"v":1.35e-5,"d":"1.35E-05"},0.5448,0.527002,false,false,false,"ukb-d-J32",null,0.922332,0.000138368,"Diagnoses - main ICD10: J32 Chronic sinusitis || id:ukb-d-J32",true,"igd","enigma3-withglobal-caudalmiddlefrontal-thickavg",9,136155444,0.007851734,{"v":4.78e-6,"d":"4.78E-06"},32685,"wTHICK_Mean_caudalmiddlefrontal_thickavg || id:enigma3-withglobal-caudalmiddlefrontal-thickavg",true,"reported","MedicineITLab",2,true,0.000639005,32685,true,{"v":1.37e-5,"d":"1.37E-05"},null,0.000639005,20.89795918,25.26983511,20.89795918]
["rs6566442","T","G","T","G",0.035823536,-0.00010272,0.3169,0.316977,false,false,false,"ukb-d-J32",null,0.487355,0.000147901,"Diagnoses - main ICD10: J32 Chronic sinusitis || id:ukb-d-J32",true,"igd","enigma3-withglobal-caudalmiddlefrontal-thickavg",18,67421503,0.008429067,{"v":9.99e-6,"d":"9.99E-06"},32493,"wTHICK_Mean_caudalmiddlefrontal_thickavg || id:enigma3-withglobal-caudalmiddlefrontal-thickavg",true,"reported","MedicineITLab",2,true,0.000555614,32493,true,0.000108438,null,0.000555614,18.0625,25.26983511,18.0625]
["rs6602994","T","C","T","C",-0.040811844,-0.000204719,0.2989,0.27574,false,false,false,"ukb-d-J32",null,0.211795,0.000163952,"Diagnoses - main ICD10: J32 Chronic sinusitis || id:ukb-d-J32",true,"igd","enigma3-withglobal-caudalmiddlefrontal-thickavg",15,84490757,0.008591967,{"v":7.24e-6,"d":"7.24E-06"},32300,"wTHICK_Mean_caudalmiddlefrontal_thickavg || id:enigma3-withglobal-caudalmiddlefrontal-thickavg",true,"reported","MedicineITLab",2,true,0.000698085,32300,true,{"v":2.76e-5,"d":"2.76E-05"},null,0.000698085,22.5625,25.26983511,22.5625]
["rs73004648","A","G","A","G",0.060624304,-0.000146078,0.8771,0.877146,false,false,false,"ukb-d-J32",null,0.486604,0.000209966,"Diagnoses - main ICD10: J32 Chronic sinusitis || id:ukb-d-J32",true,"igd","enigma3-withglobal-caudalmiddlefrontal-thickavg",3,147137674,0.011908345,{"v":6.11e-7,"d":"6.11E-07"},32685,"wTHICK_Mean_caudalmiddlefrontal_thickavg || id:enigma3-withglobal-caudalmiddlefrontal-thickavg",true,"reported","MedicineITLab",2,true,0.000792364,32685,true,{"v":2.95e-6,"d":"2.95E-06"},null,0.000792364,25.91735537,25.26983511,25.91735537]
["rs73006822","T","C","T","C",-0.058378517,{"v":-3.9e-5,"d":"-3.90E-05"},0.151,0.149615,false,false,false,"ukb-d-J32",null,0.839738,0.000192839,"Diagnoses - main ICD10: J32 Chronic sinusitis || id:ukb-d-J32",true,"igd","enigma3-withglobal-caudalmiddlefrontal-thickavg",19,13109955,0.011467209,{"v":8.18e-7,"d":"8.18E-07"},29636,"wTHICK_Mean_caudalmiddlefrontal_thickavg || id:enigma3-withglobal-caudalmiddlefrontal-thickavg",true,"reported","MedicineITLab",2,true,0.000873818,29636,true,{"v":1.31e-6,"d":"1.31E-06"},null,0.000873818,25.91735537,25.26983511,25.91735537]
["rs7557243","T","C","T","C",-0.040934635,{"v":5.76e-5,"d":"5.76E-05"},0.7669,0.759811,false,false,false,"ukb-d-J32",null,0.721863,0.000161919,"Diagnoses - main ICD10: J32 Chronic sinusitis || id:ukb-d-J32",true,"igd","enigma3-withglobal-caudalmiddlefrontal-thickavg",2,228521287,0.009446454,{"v":7.11e-6,"d":"7.11E-06"},31327,"wTHICK_Mean_caudalmiddlefrontal_thickavg || id:enigma3-withglobal-caudalmiddlefrontal-thickavg",true,"reported","MedicineITLab",2,true,0.000599091,31327,true,{"v":5e-5,"d":"5.00E-05"},null,0.000599091,18.77777778,25.26983511,18.77777778]
["rs76264002","A","G","A","G",-0.147543312,0.000830158,0.9836,0.9845881,false,false,false,"ukb-d-J32",null,0.152807,0.000580656,"Diagnoses - main ICD10: J32 Chronic sinusitis || id:ukb-d-J32",true,"igd","enigma3-withglobal-caudalmiddlefrontal-thickavg",13,21683840,0.032156876,{"v":4.37e-6,"d":"4.37E-06"},29956,"wTHICK_Mean_caudalmiddlefrontal_thickavg || id:enigma3-withglobal-caudalmiddlefrontal-thickavg",true,"reported","MedicineITLab",2,true,0.000702314,29956,true,{"v":6e-5,"d":"6.00E-05"},null,0.000702314,21.05190311,25.26983511,21.05190311]
["rs76399414","A","G","A","G",-0.061049891,-0.000459011,0.8912,0.886308,false,false,false,"ukb-d-J32",null,0.0345939,0.000217223,"Diagnoses - main ICD10: J32 Chronic sinusitis || id:ukb-d-J32",true,"igd","enigma3-withglobal-caudalmiddlefrontal-thickavg",14,25640496,0.012631012,{"v":1.01e-6,"d":"1.01E-06"},32300,"wTHICK_Mean_caudalmiddlefrontal_thickavg || id:enigma3-withglobal-caudalmiddlefrontal-thickavg",true,"reported","MedicineITLab",2,true,0.000722776,32300,true,{"v":5.7e-5,"d":"5.70E-05"},null,0.000722776,23.36111111,25.26983511,23.36111111]
["rs7673956","A","G","A","G",0.073264665,-0.000231731,0.0664,0.0611068,false,false,false,"ukb-d-J32",null,0.420443,0.000287631,"Diagnoses - main ICD10: J32 Chronic sinusitis || id:ukb-d-J32",true,"igd","enigma3-withglobal-caudalmiddlefrontal-thickavg",4,163982417,0.016281037,{"v":7.97e-6,"d":"7.97E-06"},30410,"wTHICK_Mean_caudalmiddlefrontal_thickavg || id:enigma3-withglobal-caudalmiddlefrontal-thickavg",true,"reported","MedicineITLab",2,true,0.0006655,30410,true,{"v":4.19e-5,"d":"4.19E-05"},null,0.0006655,20.25,25.26983511,20.25]
["rs9351273","C","G","C","G",-0.086017001,0.000412094,0.9468,0.9463779,false,true,false,"ukb-d-J32",null,0.180538,0.000307739,"Diagnoses - main ICD10: J32 Chronic sinusitis || id:ukb-d-J32",true,"igd","enigma3-withglobal-caudalmiddlefrontal-thickavg",6,92262153,0.017421165,{"v":1.28e-6,"d":"1.28E-06"},32685,"wTHICK_Mean_caudalmiddlefrontal_thickavg || id:enigma3-withglobal-caudalmiddlefrontal-thickavg",true,"reported","MedicineITLab",2,true,0.000745364,32685,true,{"v":1.41e-5,"d":"1.41E-05"},null,0.000745364,24.37890625,25.26983511,24.37890625]
["rs10503002","T","C","T","C",0.049902536,-0.0038,0.1893,0.2,false,false,false,"ukb-saige-471",null,0.9,0.031,"Nasal polyps || id:ukb-saige-471",true,"MedicineITLab","enigma3-withglobal-caudalmiddlefrontal-thickavg",18,53109202,0.009980507,{"v":1.88e-6,"d":"1.88E-06"},32685,"wTHICK_Mean_caudalmiddlefrontal_thickavg || id:enigma3-withglobal-caudalmiddlefrontal-thickavg",true,"reported","MedicineITLab",2,true,0.000764339,32685,true,{"v":1.84e-6,"d":"1.84E-06"},null,0.000764339,25,25.26983511,25]
["rs10875632","T","G","T","G",-0.043786181,-0.011,0.2093,0.21,false,false,false,"ukb-saige-471",null,0.73,0.031,"Nasal polyps || id:ukb-saige-471",true,"MedicineITLab","enigma3-withglobal-caudalmiddlefrontal-thickavg",5,139711059,0.009611601,{"v":2.23e-6,"d":"2.23E-06"},32685,"wTHICK_Mean_caudalmiddlefrontal_thickavg || id:enigma3-withglobal-caudalmiddlefrontal-thickavg",true,"reported","MedicineITLab",2,true,0.000634578,32685,true,{"v":1.88e-5,"d":"1.88E-05"},null,0.000634578,20.75308642,25.26983511,20.75308642]
["rs112274031","C","G","C","G",-0.134427668,0.085,0.0219,0.023,false,true,false,"ukb-saige-471",null,0.32,0.086,"Nasal polyps || id:ukb-saige-471",true,"MedicineITLab","enigma3-withglobal-caudalmiddlefrontal-thickavg",6,12706276,0.029555019,{"v":5.94e-6,"d":"5.94E-06"},26704,"wTHICK_Mean_caudalmiddlefrontal_thickavg || id:enigma3-withglobal-caudalmiddlefrontal-thickavg",true,"reported","MedicineITLab",2,true,0.000774167,26704,true,{"v":3.3e-5,"d":"3.30E-05"},null,0.000774167,20.68782518,25.26983511,20.68782518]
["rs112911263","T","C","T","C",-0.084633416,0.058,0.9572,0.958,false,false,false,"ukb-saige-471",null,0.36,0.063,"Nasal polyps || id:ukb-saige-471",true,"MedicineITLab","enigma3-withglobal-caudalmiddlefrontal-thickavg",10,15495115,0.019318497,{"v":8.41e-6,"d":"8.41E-06"},32685,"wTHICK_Mean_caudalmiddlefrontal_thickavg || id:enigma3-withglobal-caudalmiddlefrontal-thickavg",true,"reported","MedicineITLab",2,true,0.000586895,32685,true,{"v":7.68e-5,"d":"7.68E-05"},null,0.000586895,19.19274376,25.26983511,19.19274376]
["rs115066334","T","C","T","C",0.084509386,-0.1,0.95,0.951,false,false,false,"ukb-saige-471",null,0.078,0.059,"Nasal polyps || id:ukb-saige-471",true,"MedicineITLab","enigma3-withglobal-caudalmiddlefrontal-thickavg",3,43657849,0.018990873,{"v":7.37e-6,"d":"7.37E-06"},29169,"wTHICK_Mean_caudalmiddlefrontal_thickavg || id:enigma3-withglobal-caudalmiddlefrontal-thickavg",true,"reported","MedicineITLab",2,true,0.000678474,29169,true,0.000119185,null,0.000678474,19.8025,25.26983511,19.8025]
["rs11647755","A","G","A","G",0.096649724,0.089,0.051,0.049,false,false,false,"ukb-saige-471",null,0.12,0.058,"Nasal polyps || id:ukb-saige-471",true,"MedicineITLab","enigma3-withglobal-caudalmiddlefrontal-thickavg",16,88673442,0.019927778,{"v":1.22e-6,"d":"1.22E-06"},25993,"wTHICK_Mean_caudalmiddlefrontal_thickavg || id:enigma3-withglobal-caudalmiddlefrontal-thickavg",true,"reported","MedicineITLab",2,true,0.000904206,25993,true,{"v":1.6e-5,"d":"1.60E-05"},null,0.000904206,23.5225,25.26983511,23.5225]
["rs11748651","A","T","A","T",0.055139344,0.007,0.6716,0.67,false,true,false,"ukb-saige-471",null,0.79,0.027,"Nasal polyps || id:ukb-saige-471",true,"MedicineITLab","enigma3-withglobal-caudalmiddlefrontal-thickavg",5,171931939,0.00832292,{"v":1.07e-11,"d":"1.07E-11"},32685,"wTHICK_Mean_caudalmiddlefrontal_thickavg || id:enigma3-withglobal-caudalmiddlefrontal-thickavg",true,"reported","MedicineITLab",2,true,0.001341118,32685,true,{"v":3.12e-10,"d":"3.12E-10"},null,0.001341118,43.890625,25.26983511,43.890625]
["rs117869227","C","G","C","G",-0.115138728,0.038,0.0255,0.017,false,true,false,"ukb-saige-471",null,0.71,0.1,"Nasal polyps || id:ukb-saige-471",true,"MedicineITLab","enigma3-withglobal-caudalmiddlefrontal-thickavg",13,61424462,0.025384916,{"v":8.01e-6,"d":"8.01E-06"},31206,"wTHICK_Mean_caudalmiddlefrontal_thickavg || id:enigma3-withglobal-caudalmiddlefrontal-thickavg",true,"reported","MedicineITLab",2,true,0.000658863,31206,true,{"v":2.02e-5,"d":"2.02E-05"},null,0.000658863,20.57270408,25.26983511,20.57270408]
["rs12376503","A","G","A","G",-0.047590133,-0.025,0.8097,0.81,false,false,false,"ukb-saige-471",null,0.44,0.032,"Nasal polyps || id:ukb-saige-471",true,"MedicineITLab","enigma3-withglobal-caudalmiddlefrontal-thickavg",9,24121196,0.009960725,{"v":6.69e-6,"d":"6.69E-06"},32685,"wTHICK_Mean_caudalmiddlefrontal_thickavg || id:enigma3-withglobal-caudalmiddlefrontal-thickavg",true,"reported","MedicineITLab",2,true,0.000697954,32685,true,{"v":1.22e-5,"d":"1.22E-05"},null,0.000697954,22.82716049,25.26983511,22.82716049]
["rs12448922","A","G","A","G",-0.037198154,0.0011,0.5667,0.58,false,false,false,"ukb-saige-471",null,0.97,0.025,"Nasal polyps || id:ukb-saige-471",true,"MedicineITLab","enigma3-withglobal-caudalmiddlefrontal-thickavg",16,77503047,0.007890517,{"v":1.93e-6,"d":"1.93E-06"},32685,"wTHICK_Mean_caudalmiddlefrontal_thickavg || id:enigma3-withglobal-caudalmiddlefrontal-thickavg",true,"reported","MedicineITLab",2,true,0.000679539,32685,true,{"v":6.27e-6,"d":"6.27E-06"},null,0.000679539,22.2244898,25.26983511,22.2244898]
["rs12562345","A","G","A","G",-0.048746934,-0.065,0.8186,0.82,false,false,false,"ukb-saige-471",null,0.048,0.033,"Nasal polyps || id:ukb-saige-471",true,"MedicineITLab","enigma3-withglobal-caudalmiddlefrontal-thickavg",1,247738962,0.010202847,{"v":6e-6,"d":"6.00E-06"},32325,"wTHICK_Mean_caudalmiddlefrontal_thickavg || id:enigma3-withglobal-caudalmiddlefrontal-thickavg",true,"reported","MedicineITLab",2,true,0.000705722,32325,true,{"v":5.13e-5,"d":"5.13E-05"},null,0.000705722,22.82716049,25.26983511,22.82716049]
["rs13135092","A","G","A","G",-0.081996598,0.03,0.9236,0.917,false,false,false,"ukb-saige-471",null,0.51,0.045,"Nasal polyps || id:ukb-saige-471",true,"MedicineITLab","enigma3-withglobal-caudalmiddlefrontal-thickavg",4,103198082,0.014717338,{"v":4.8e-8,"d":"4.80E-08"},32685,"wTHICK_Mean_caudalmiddlefrontal_thickavg || id:enigma3-withglobal-caudalmiddlefrontal-thickavg",true,"reported","MedicineITLab",2,true,0.000948853,32685,true,{"v":2.37e-7,"d":"2.37E-07"},null,0.000948853,31.04081633,25.26983511,31.04081633]
["rs144182557","A","C","A","C",-0.248071633,-0.1,0.0155,0.0026,false,false,false,"ukb-saige-471",null,0.72,0.29,"Nasal polyps || id:ukb-saige-471",true,"MedicineITLab","enigma3-withglobal-caudalmiddlefrontal-thickavg",3,58521112,0.05028479,{"v":8.08e-7,"d":"8.08E-07"},12936,"wTHICK_Mean_caudalmiddlefrontal_thickavg || id:enigma3-withglobal-caudalmiddlefrontal-thickavg",true,"reported","MedicineITLab",2,true,0.001878156,12936,true,{"v":1.66e-6,"d":"1.66E-06"},null,0.001878156,24.33777778,25.26983511,24.33777778]
["rs145889522","T","C","T","C",-0.133451919,-0.04,0.0195,0.017,false,false,false,"ukb-saige-471",null,0.68,0.096,"Nasal polyps || id:ukb-saige-471",true,"MedicineITLab","enigma3-withglobal-caudalmiddlefrontal-thickavg",15,42123526,0.02913387,{"v":5.6e-6,"d":"5.60E-06"},30791,"wTHICK_Mean_caudalmiddlefrontal_thickavg || id:enigma3-withglobal-caudalmiddlefrontal-thickavg",true,"reported","MedicineITLab",2,true,0.000681023,30791,true,{"v":1.72e-5,"d":"1.72E-05"},null,0.000681023,20.98231009,25.26983511,20.98231009]
["rs199441","A","G","A","G",-0.045888427,0.065,0.2097,0.22,false,false,false,"ukb-saige-471",null,0.033,0.03,"Nasal polyps || id:ukb-saige-471",true,"MedicineITLab","enigma3-withglobal-caudalmiddlefrontal-thickavg",17,44773783,0.009604555,{"v":4.97e-6,"d":"4.97E-06"},32685,"wTHICK_Mean_caudalmiddlefrontal_thickavg || id:enigma3-withglobal-caudalmiddlefrontal-thickavg",true,"reported","MedicineITLab",2,true,0.000697954,32685,true,{"v":6.6e-5,"d":"6.60E-05"},null,0.000697954,22.82716049,25.26983511,22.82716049]
["rs2294654","A","G","A","G",0.035663614,-0.028,0.3589,0.35,false,false,false,"ukb-saige-471",null,0.29,0.026,"Nasal polyps || id:ukb-saige-471",true,"MedicineITLab","enigma3-withglobal-caudalmiddlefrontal-thickavg",1,176525194,0.008151683,{"v":5.39e-6,"d":"5.39E-06"},32685,"wTHICK_Mean_caudalmiddlefrontal_thickavg || id:enigma3-withglobal-caudalmiddlefrontal-thickavg",true,"reported","MedicineITLab",2,true,0.000585302,32685,true,{"v":9.42e-5,"d":"9.42E-05"},null,0.000585302,19.140625,25.26983511,19.140625]
["rs2764684","T","C","T","C",0.046093672,0.054,0.8244,0.82,false,false,false,"ukb-saige-471",null,0.096,0.033,"Nasal polyps || id:ukb-saige-471",true,"MedicineITLab","enigma3-withglobal-caudalmiddlefrontal-thickavg",1,58537919,0.010243038,{"v":2.73e-6,"d":"2.73E-06"},32901,"wTHICK_Mean_caudalmiddlefrontal_thickavg || id:enigma3-withglobal-caudalmiddlefrontal-thickavg",true,"reported","MedicineITLab",2,true,0.000615142,32901,true,0.000109845,null,0.000615142,20.25,25.26983511,20.25]
["rs35233427","A","G","A","G",-0.13916618,0.0084,0.0177,0.019,false,false,false,"ukb-saige-471",null,0.93,0.093,"Nasal polyps || id:ukb-saige-471",true,"MedicineITLab","enigma3-withglobal-caudalmiddlefrontal-thickavg",4,27524672,0.029959386,{"v":2.4e-6,"d":"2.40E-06"},32020,"wTHICK_Mean_caudalmiddlefrontal_thickavg || id:enigma3-withglobal-caudalmiddlefrontal-thickavg",true,"reported","MedicineITLab",2,true,0.000673465,32020,true,{"v":8.93e-6,"d":"8.93E-06"},null,0.000673465,21.57752341,25.26983511,21.57752341]
["rs3845731","A","G","A","G",-0.043131268,-0.024,0.207,0.21,false,false,false,"ukb-saige-471",null,0.44,0.031,"Nasal polyps || id:ukb-saige-471",true,"MedicineITLab","enigma3-withglobal-caudalmiddlefrontal-thickavg",2,170187105,0.009704535,{"v":4.17e-6,"d":"4.17E-06"},32325,"wTHICK_Mean_caudalmiddlefrontal_thickavg || id:enigma3-withglobal-caudalmiddlefrontal-thickavg",true,"reported","MedicineITLab",2,true,0.000610742,32325,true,{"v":4.94e-5,"d":"4.94E-05"},null,0.000610742,19.75308642,25.26983511,19.75308642]
["rs58186954","T","C","T","C",-0.058641362,0.094,0.128,0.13,false,false,false,"ukb-saige-471",null,0.011,0.037,"Nasal polyps || id:ukb-saige-471",true,"MedicineITLab","enigma3-withglobal-caudalmiddlefrontal-thickavg",9,107949180,0.01234555,{"v":3.93e-6,"d":"3.93E-06"},29371,"wTHICK_Mean_caudalmiddlefrontal_thickavg || id:enigma3-withglobal-caudalmiddlefrontal-thickavg",true,"reported","MedicineITLab",2,true,0.000767652,29371,true,{"v":9.16e-5,"d":"9.16E-05"},null,0.000767652,22.5625,25.26983511,22.5625]
["rs633862","T","C","T","C",-0.03589364,0.037,0.5448,0.53,false,false,false,"ukb-saige-471",null,0.14,0.025,"Nasal polyps || id:ukb-saige-471",true,"MedicineITLab","enigma3-withglobal-caudalmiddlefrontal-thickavg",9,136155444,0.007851734,{"v":4.78e-6,"d":"4.78E-06"},32685,"wTHICK_Mean_caudalmiddlefrontal_thickavg || id:enigma3-withglobal-caudalmiddlefrontal-thickavg",true,"reported","MedicineITLab",2,true,0.000639005,32685,true,{"v":6.83e-5,"d":"6.83E-05"},null,0.000639005,20.89795918,25.26983511,20.89795918]
["rs6566442","T","G","T","G",0.035823536,0.024,0.3169,0.32,false,false,false,"ukb-saige-471",null,0.37,0.027,"Nasal polyps || id:ukb-saige-471",true,"MedicineITLab","enigma3-withglobal-caudalmiddlefrontal-thickavg",18,67421503,0.008429067,{"v":9.99e-6,"d":"9.99E-06"},32493,"wTHICK_Mean_caudalmiddlefrontal_thickavg || id:enigma3-withglobal-caudalmiddlefrontal-thickavg",true,"reported","MedicineITLab",2,true,0.000555614,32493,true,0.000123693,null,0.000555614,18.0625,25.26983511,18.0625]
["rs697510","T","C","T","C",-0.036954273,-0.021,0.5346,0.52,false,false,false,"ukb-saige-471",null,0.39,0.025,"Nasal polyps || id:ukb-saige-471",true,"MedicineITLab","enigma3-withglobal-caudalmiddlefrontal-thickavg",7,16700553,0.007838785,{"v":2.48e-6,"d":"2.48E-06"},32685,"wTHICK_Mean_caudalmiddlefrontal_thickavg || id:enigma3-withglobal-caudalmiddlefrontal-thickavg",true,"reported","MedicineITLab",2,true,0.000679539,32685,true,{"v":1.73e-5,"d":"1.73E-05"},null,0.000679539,22.2244898,25.26983511,22.2244898]
["rs73004648","A","G","A","G",0.060624304,0.0021,0.8771,0.88,false,false,false,"ukb-saige-471",null,0.96,0.038,"Nasal polyps || id:ukb-saige-471",true,"MedicineITLab","enigma3-withglobal-caudalmiddlefrontal-thickavg",3,147137674,0.011908345,{"v":6.11e-7,"d":"6.11E-07"},32685,"wTHICK_Mean_caudalmiddlefrontal_thickavg || id:enigma3-withglobal-caudalmiddlefrontal-thickavg",true,"reported","MedicineITLab",2,true,0.000792364,32685,true,{"v":1.08e-6,"d":"1.08E-06"},null,0.000792364,25.91735537,25.26983511,25.91735537]
["rs73006822","T","C","T","C",-0.058378517,0.007,0.151,0.15,false,false,false,"ukb-saige-471",null,0.84,0.035,"Nasal polyps || id:ukb-saige-471",true,"MedicineITLab","enigma3-withglobal-caudalmiddlefrontal-thickavg",19,13109955,0.011467209,{"v":8.18e-7,"d":"8.18E-07"},29636,"wTHICK_Mean_caudalmiddlefrontal_thickavg || id:enigma3-withglobal-caudalmiddlefrontal-thickavg",true,"reported","MedicineITLab",2,true,0.000873818,29636,true,{"v":1.2e-6,"d":"1.20E-06"},null,0.000873818,25.91735537,25.26983511,25.91735537]
["rs74700892","T","C","T","C",-0.204874953,-0.17,0.0108,0.0073,false,false,false,"ukb-saige-471",null,0.25,0.15,"Nasal polyps || id:ukb-saige-471",true,"MedicineITLab","enigma3-withglobal-caudalmiddlefrontal-thickavg",2,138053299,0.041171043,{"v":8.23e-7,"d":"8.23E-07"},27588,"wTHICK_Mean_caudalmiddlefrontal_thickavg || id:enigma3-withglobal-caudalmiddlefrontal-thickavg",true,"reported","MedicineITLab",2,true,0.000896841,27588,true,{"v":6.2e-6,"d":"6.20E-06"},null,0.000896841,24.76247166,25.26983511,24.76247166]
["rs7557243","T","C","T","C",-0.040934635,0.033,0.7669,0.76,false,false,false,"ukb-saige-471",null,0.26,0.029,"Nasal polyps || id:ukb-saige-471",true,"MedicineITLab","enigma3-withglobal-caudalmiddlefrontal-thickavg",2,228521287,0.009446454,{"v":7.11e-6,"d":"7.11E-06"},31327,"wTHICK_Mean_caudalmiddlefrontal_thickavg || id:enigma3-withglobal-caudalmiddlefrontal-thickavg",true,"reported","MedicineITLab",2,true,0.000599091,31327,true,0.000112956,null,0.000599091,18.77777778,25.26983511,18.77777778]
["rs76264002","A","G","A","G",-0.147543312,0.16,0.9836,0.984,false,false,false,"ukb-saige-471",null,0.13,0.11,"Nasal polyps || id:ukb-saige-471",true,"MedicineITLab","enigma3-withglobal-caudalmiddlefrontal-thickavg",13,21683840,0.032156876,{"v":4.37e-6,"d":"4.37E-06"},29956,"wTHICK_Mean_caudalmiddlefrontal_thickavg || id:enigma3-withglobal-caudalmiddlefrontal-thickavg",true,"reported","MedicineITLab",2,true,0.000702314,29956,true,{"v":5.45e-5,"d":"5.45E-05"},null,0.000702314,21.05190311,25.26983511,21.05190311]
["rs7673956","A","G","A","G",0.073264665,0.012,0.0664,0.062,false,false,false,"ukb-saige-471",null,0.82,0.052,"Nasal polyps || id:ukb-saige-471",true,"MedicineITLab","enigma3-withglobal-caudalmiddlefrontal-thickavg",4,163982417,0.016281037,{"v":7.97e-6,"d":"7.97E-06"},30410,"wTHICK_Mean_caudalmiddlefrontal_thickavg || id:enigma3-withglobal-caudalmiddlefrontal-thickavg",true,"reported","MedicineITLab",2,true,0.0006655,30410,true,{"v":1.93e-5,"d":"1.93E-05"},null,0.0006655,20.25,25.26983511,20.25]
["rs77715911","A","C","A","C",-0.153539901,0.087,0.0169,0.0087,false,false,false,"ukb-saige-471",null,0.53,0.14,"Nasal polyps || id:ukb-saige-471",true,"MedicineITLab","enigma3-withglobal-caudalmiddlefrontal-thickavg",8,36174334,0.03393147,{"v":6.04e-6,"d":"6.04E-06"},26120,"wTHICK_Mean_caudalmiddlefrontal_thickavg || id:enigma3-withglobal-caudalmiddlefrontal-thickavg",true,"reported","MedicineITLab",2,true,0.000783352,26120,true,{"v":2.38e-5,"d":"2.38E-05"},null,0.000783352,20.475625,25.26983511,20.475625]
["rs9351273","C","G","C","G",-0.086017001,-0.033,0.9468,0.947,false,true,false,"ukb-saige-471",null,0.56,0.056,"Nasal polyps || id:ukb-saige-471",true,"MedicineITLab","enigma3-withglobal-caudalmiddlefrontal-thickavg",6,92262153,0.017421165,{"v":1.28e-6,"d":"1.28E-06"},32685,"wTHICK_Mean_caudalmiddlefrontal_thickavg || id:enigma3-withglobal-caudalmiddlefrontal-thickavg",true,"reported","MedicineITLab",2,true,0.000745364,32685,true,{"v":4.64e-6,"d":"4.64E-06"},null,0.000745364,24.37890625,25.26983511,24.37890625]
["rs10765918","A","G","A","G",0.060020415,-0.028926897,0.7309,0.807868453,false,false,false,"ebi-eas-GCST90018603",null,0.299781113,0.027897402,"Chronic sinusitis || id:ebi-eas-GCST90018603",true,"MedicineITLab","enigma3-withglobal-cuneus-surfavg",11,12071855,0.009465864,{"v":2.29e-10,"d":"2.29E-10"},28333,"wSA_Mean_cuneus_surfavg || id:enigma3-withglobal-cuneus-surfavg",true,"reported","MedicineITLab",2,true,0.001417097,28333,true,{"v":5.68e-8,"d":"5.68E-08"},null,0.001417097,40.20475518,25.26983511,40.20475518]
["rs10941099","C","G","C","G",0.051054315,0.019106059,0.8284,0.630465497,false,true,false,"ebi-eas-GCST90018603",null,0.391953302,0.022318066,"Chronic sinusitis || id:ebi-eas-GCST90018603",true,"MedicineITLab","enigma3-withglobal-cuneus-surfavg",5,33816922,0.01047531,{"v":1.09e-6,"d":"1.09E-06"},32032,"wSA_Mean_cuneus_surfavg || id:enigma3-withglobal-cuneus-surfavg",true,"reported","MedicineITLab",2,true,0.000741058,32032,true,{"v":4.35e-5,"d":"4.35E-05"},null,0.000741058,23.75369512,25.26983511,23.75369512]
["rs11149178","A","G","A","G",-0.038832442,0.017139947,0.3557,0.315390975,false,false,false,"ebi-eas-GCST90018603",null,0.456664493,0.023026717,"Chronic sinusitis || id:ebi-eas-GCST90018603",true,"MedicineITLab","enigma3-withglobal-cuneus-surfavg",13,81357671,0.008250312,{"v":2.52e-6,"d":"2.52E-06"},32032,"wSA_Mean_cuneus_surfavg || id:enigma3-withglobal-cuneus-surfavg",true,"reported","MedicineITLab",2,true,0.00069118,32032,true,{"v":6.83e-5,"d":"6.83E-05"},null,0.00069118,22.15381999,25.26983511,22.15381999]
["rs115917585","T","C","T","C",0.037422312,-0.001222135,0.5371,0.715178973,false,false,false,"ebi-eas-GCST90018603",null,0.959101043,0.023831801,"Chronic sinusitis || id:ebi-eas-GCST90018603",true,"MedicineITLab","enigma3-withglobal-cuneus-surfavg",6,102741690,0.008013553,{"v":3.01e-6,"d":"3.01E-06"},31297,"wSA_Mean_cuneus_surfavg || id:enigma3-withglobal-cuneus-surfavg",true,"reported","MedicineITLab",2,true,0.00069636,31297,true,{"v":2.21e-5,"d":"2.21E-05"},null,0.00069636,21.80775935,25.26983511,21.80775935]
["rs116483964","A","G","A","G",-0.039955412,0.04857824,0.3196,0.049484216,false,false,false,"ebi-eas-GCST90018603",null,0.323129922,0.04916595,"Chronic sinusitis || id:ebi-eas-GCST90018603",true,"MedicineITLab","enigma3-withglobal-cuneus-surfavg",3,37102696,0.008469742,{"v":2.39e-6,"d":"2.39E-06"},32032,"wSA_Mean_cuneus_surfavg || id:enigma3-withglobal-cuneus-surfavg",true,"reported","MedicineITLab",2,true,0.000694308,32032,true,{"v":9.97e-5,"d":"9.97E-05"},null,0.000694308,22.25414315,25.26983511,22.25414315]
["rs11652557","A","G","A","G",-0.095903518,-0.060214741,0.0713,0.056151281,false,false,false,"ebi-eas-GCST90018603",null,0.195600615,0.046527056,"Chronic sinusitis || id:ebi-eas-GCST90018603",true,"MedicineITLab","enigma3-withglobal-cuneus-surfavg",17,63912574,0.015255454,{"v":3.25e-10,"d":"3.25E-10"},32408,"wSA_Mean_cuneus_surfavg || id:enigma3-withglobal-cuneus-surfavg",true,"reported","MedicineITLab",2,true,0.001218047,32408,true,{"v":2.15e-7,"d":"2.15E-07"},null,0.001218047,39.52016875,25.26983511,39.52016875]
["rs13448","T","C","T","C",0.042225831,-0.047672575,0.7308,0.319645623,false,false,false,"ebi-eas-GCST90018603",null,0.036911653,0.02284548,"Chronic sinusitis || id:ebi-eas-GCST90018603",true,"MedicineITLab","enigma3-withglobal-cuneus-surfavg",11,46695414,0.00890466,{"v":2.12e-6,"d":"2.12E-06"},32032,"wSA_Mean_cuneus_surfavg || id:enigma3-withglobal-cuneus-surfavg",true,"reported","MedicineITLab",2,true,0.000701552,32032,true,0.000537474,null,0.000701552,22.48649261,25.26983511,22.48649261]
["rs1468323","A","T","A","T",0.039711707,-0.018105057,0.6475,0.755541129,false,true,false,"ebi-eas-GCST90018603",null,0.498243933,0.026732983,"Chronic sinusitis || id:ebi-eas-GCST90018603",true,"MedicineITLab","enigma3-withglobal-cuneus-surfavg",20,52441183,0.008287519,{"v":1.65e-6,"d":"1.65E-06"},31874,"wSA_Mean_cuneus_surfavg || id:enigma3-withglobal-cuneus-surfavg",true,"reported","MedicineITLab",2,true,0.00071989,31874,true,{"v":4.32e-5,"d":"4.32E-05"},null,0.00071989,22.96085542,25.26983511,22.96085542]
["rs16829649","A","G","A","G",0.066117712,-0.04024485,0.8884,0.925610411,false,false,false,"ebi-eas-GCST90018603",null,0.320229046,0.040488294,"Chronic sinusitis || id:ebi-eas-GCST90018603",true,"MedicineITLab","enigma3-withglobal-cuneus-surfavg",3,118995379,0.012542435,{"v":1.35e-7,"d":"1.35E-07"},32032,"wSA_Mean_cuneus_surfavg || id:enigma3-withglobal-cuneus-surfavg",true,"reported","MedicineITLab",2,true,0.000866839,32032,true,{"v":1.11e-5,"d":"1.11E-05"},null,0.000866839,27.78893741,25.26983511,27.78893741]
["rs17707224","C","G","C","G",-0.039621056,0.009447127,0.3251,0.163731397,false,true,false,"ebi-eas-GCST90018603",null,0.747166307,0.029304498,"Chronic sinusitis || id:ebi-eas-GCST90018603",true,"MedicineITLab","enigma3-withglobal-cuneus-surfavg",7,42024178,0.008431963,{"v":2.62e-6,"d":"2.62E-06"},32032,"wSA_Mean_cuneus_surfavg || id:enigma3-withglobal-cuneus-surfavg",true,"reported","MedicineITLab",2,true,0.000688872,32032,true,{"v":3.34e-5,"d":"3.34E-05"},null,0.000688872,22.07977794,25.26983511,22.07977794]
["rs1951694","A","G","A","G",0.037458875,0.046520783,0.3316,0.711239702,false,false,false,"ebi-eas-GCST90018603",null,0.049882771,0.023723378,"Chronic sinusitis || id:ebi-eas-GCST90018603",true,"MedicineITLab","enigma3-withglobal-cuneus-surfavg",6,54467267,0.008389691,{"v":8.01e-6,"d":"8.01E-06"},32032,"wSA_Mean_cuneus_surfavg || id:enigma3-withglobal-cuneus-surfavg",true,"reported","MedicineITLab",2,true,0.000622,32032,true,0.001111392,null,0.000622,19.93506124,25.26983511,19.93506124]
["rs2004689","A","G","A","G",-0.037501884,0.024639009,0.6743,0.51234968,false,false,false,"ebi-eas-GCST90018603",null,0.248877695,0.021368003,"Chronic sinusitis || id:ebi-eas-GCST90018603",true,"MedicineITLab","enigma3-withglobal-cuneus-surfavg",18,8807992,0.00842824,{"v":8.61e-6,"d":"8.61E-06"},32032,"wSA_Mean_cuneus_surfavg || id:enigma3-withglobal-cuneus-surfavg",true,"reported","MedicineITLab",2,true,0.000617742,32032,true,0.000344345,null,0.000617742,19.79850428,25.26983511,19.79850428]
["rs2155645","T","C","T","C",-0.044871957,-0.016981817,0.2627,0.347129682,false,false,false,"ebi-eas-GCST90018603",null,0.447579409,0.02236048,"Chronic sinusitis || id:ebi-eas-GCST90018603",true,"MedicineITLab","enigma3-withglobal-cuneus-surfavg",11,112912947,0.008973977,{"v":5.73e-7,"d":"5.73E-07"},32032,"wSA_Mean_cuneus_surfavg || id:enigma3-withglobal-cuneus-surfavg",true,"reported","MedicineITLab",2,true,0.000779982,32032,true,{"v":2.2e-5,"d":"2.20E-05"},null,0.000779982,25.00230952,25.26983511,25.00230952]
["rs2440590","A","G","A","G",-0.068289127,-0.004249861,0.9195,0.92232471,false,false,false,"ebi-eas-GCST90018603",null,0.91466007,0.039658098,"Chronic sinusitis || id:ebi-eas-GCST90018603",true,"MedicineITLab","enigma3-withglobal-cuneus-surfavg",9,94179857,0.014517197,{"v":2.55e-6,"d":"2.55E-06"},32032,"wSA_Mean_cuneus_surfavg || id:enigma3-withglobal-cuneus-surfavg",true,"reported","MedicineITLab",2,true,0.000690368,32032,true,{"v":2.22e-5,"d":"2.22E-05"},null,0.000690368,22.12776766,25.26983511,22.12776766]
["rs244432","A","G","A","G",0.058565179,-0.039690525,0.8923,0.76174876,false,false,false,"ebi-eas-GCST90018603",null,0.112932332,0.025038976,"Chronic sinusitis || id:ebi-eas-GCST90018603",true,"MedicineITLab","enigma3-withglobal-cuneus-surfavg",5,110104037,0.012704459,{"v":4.03e-6,"d":"4.03E-06"},32216,"wSA_Mean_cuneus_surfavg || id:enigma3-withglobal-cuneus-surfavg",true,"reported","MedicineITLab",2,true,0.000659228,32216,true,0.000394254,null,0.000659228,21.25037439,25.26983511,21.25037439]
["rs2783130","A","G","A","G",-0.035320917,0.02917046,0.5234,0.722040374,false,false,false,"ebi-eas-GCST90018603",null,0.222436989,0.023908772,"Chronic sinusitis || id:ebi-eas-GCST90018603",true,"MedicineITLab","enigma3-withglobal-cuneus-surfavg",13,80170160,0.007908197,{"v":7.96e-6,"d":"7.96E-06"},32032,"wSA_Mean_cuneus_surfavg || id:enigma3-withglobal-cuneus-surfavg",true,"reported","MedicineITLab",2,true,0.000622417,32032,true,0.00036087,null,0.000622417,19.94844407,25.26983511,19.94844407]
["rs35575289","T","C","T","C",-0.057250437,0.009473841,0.8778,0.963462051,false,false,false,"ebi-eas-GCST90018603",null,0.868286564,0.057128013,"Chronic sinusitis || id:ebi-eas-GCST90018603",true,"MedicineITLab","enigma3-withglobal-cuneus-surfavg",5,107308489,0.012059253,{"v":2.06e-6,"d":"2.06E-06"},32032,"wSA_Mean_cuneus_surfavg || id:enigma3-withglobal-cuneus-surfavg",true,"reported","MedicineITLab",2,true,0.00070316,32032,true,{"v":2.07e-5,"d":"2.07E-05"},null,0.00070316,22.53807496,25.26983511,22.53807496]
["rs4668527","T","C","T","C",-0.036182144,0.027651315,0.3938,0.554769194,false,false,false,"ebi-eas-GCST90018603",null,0.197226707,0.021443553,"Chronic sinusitis || id:ebi-eas-GCST90018603",true,"MedicineITLab","enigma3-withglobal-cuneus-surfavg",2,7358774,0.008083975,{"v":7.62e-6,"d":"7.62E-06"},32032,"wSA_Mean_cuneus_surfavg || id:enigma3-withglobal-cuneus-surfavg",true,"reported","MedicineITLab",2,true,0.000625043,32032,true,0.000389417,null,0.000625043,20.03266395,25.26983511,20.03266395]
["rs4843552","A","G","A","G",-0.037066562,-0.014978521,0.572,0.210656141,false,false,false,"ebi-eas-GCST90018603",null,0.569929381,0.026363418,"Chronic sinusitis || id:ebi-eas-GCST90018603",true,"MedicineITLab","enigma3-withglobal-cuneus-surfavg",16,87233516,0.008006562,{"v":3.66e-6,"d":"3.66E-06"},31840,"wSA_Mean_cuneus_surfavg || id:enigma3-withglobal-cuneus-surfavg",true,"reported","MedicineITLab",2,true,0.00067272,31840,true,{"v":6.69e-5,"d":"6.69E-05"},null,0.00067272,21.43248022,25.26983511,21.43248022]
["rs4895120","T","C","T","C",-0.054943139,0.021186006,0.5161,0.163489017,false,false,false,"ebi-eas-GCST90018603",null,0.465564313,0.029033254,"Chronic sinusitis || id:ebi-eas-GCST90018603",true,"MedicineITLab","enigma3-withglobal-cuneus-surfavg",3,104647183,0.007944902,{"v":4.67e-12,"d":"4.67E-12"},31672,"wSA_Mean_cuneus_surfavg || id:enigma3-withglobal-cuneus-surfavg",true,"reported","MedicineITLab",2,true,0.001507809,31672,true,{"v":1.89e-9,"d":"1.89E-09"},null,0.001507809,47.82443026,25.26983511,47.82443026]
["rs56075776","A","G","A","G",-0.037064221,-0.005274589,0.3944,0.033575339,false,false,false,"ebi-eas-GCST90018603",null,0.930465525,0.060447402,"Chronic sinusitis || id:ebi-eas-GCST90018603",true,"MedicineITLab","enigma3-withglobal-cuneus-surfavg",1,18986508,0.008081698,{"v":4.51e-6,"d":"4.51E-06"},32032,"wSA_Mean_cuneus_surfavg || id:enigma3-withglobal-cuneus-surfavg",true,"reported","MedicineITLab",2,true,0.00065624,32032,true,{"v":3.43e-5,"d":"3.43E-05"},null,0.00065624,21.03316104,25.26983511,21.03316104]
["rs6009630","T","C","T","C",0.041443722,0.002377417,0.3073,0.507392431,false,false,false,"ebi-eas-GCST90018603",null,0.911826165,0.021469343,"Chronic sinusitis || id:ebi-eas-GCST90018603",true,"MedicineITLab","enigma3-withglobal-cuneus-surfavg",22,49741437,0.008560395,{"v":1.29e-6,"d":"1.29E-06"},32032,"wSA_Mean_cuneus_surfavg || id:enigma3-withglobal-cuneus-surfavg",true,"reported","MedicineITLab",2,true,0.000731232,32032,true,{"v":1.27e-5,"d":"1.27E-05"},null,0.000731232,23.43850332,25.26983511,23.43850332]
["rs6747649","A","C","A","C",0.038419969,0.018324654,0.2939,0.527381547,false,false,false,"ebi-eas-GCST90018603",null,0.390284284,0.021330011,"Chronic sinusitis || id:ebi-eas-GCST90018603",true,"MedicineITLab","enigma3-withglobal-cuneus-surfavg",2,55651140,0.008670428,{"v":9.37e-6,"d":"9.37E-06"},32032,"wSA_Mean_cuneus_surfavg || id:enigma3-withglobal-cuneus-surfavg",true,"reported","MedicineITLab",2,true,0.000612646,32032,true,0.000229848,null,0.000612646,19.63509029,25.26983511,19.63509029]
["rs7177857","A","G","A","G",0.041607275,-0.010314124,0.7119,0.369488847,false,false,false,"ebi-eas-GCST90018603",null,0.641644626,0.02216182,"Chronic sinusitis || id:ebi-eas-GCST90018603",true,"MedicineITLab","enigma3-withglobal-cuneus-surfavg",15,40015063,0.008721098,{"v":1.84e-6,"d":"1.84E-06"},32032,"wSA_Mean_cuneus_surfavg || id:enigma3-withglobal-cuneus-surfavg",true,"reported","MedicineITLab",2,true,0.000710118,32032,true,{"v":3.25e-5,"d":"3.25E-05"},null,0.000710118,22.76125708,25.26983511,22.76125708]
["rs73092904","T","C","T","C",-0.050764756,-0.00521564,0.1969,0.224159191,false,false,false,"ebi-eas-GCST90018603",null,0.838961174,0.025664685,"Chronic sinusitis || id:ebi-eas-GCST90018603",true,"MedicineITLab","enigma3-withglobal-cuneus-surfavg",1,228239301,0.00994829,{"v":3.34e-7,"d":"3.34E-07"},31925,"wSA_Mean_cuneus_surfavg || id:enigma3-withglobal-cuneus-surfavg",true,"reported","MedicineITLab",2,true,0.000815023,31925,true,{"v":4.94e-6,"d":"4.94E-06"},null,0.000815023,26.03920627,25.26983511,26.03920627]
["rs7502836","A","T","A","T",-0.038132208,0.074779994,0.3768,0.046180038,false,true,false,"ebi-eas-GCST90018603",null,0.15581365,0.052688205,"Chronic sinusitis || id:ebi-eas-GCST90018603",true,"MedicineITLab","enigma3-withglobal-cuneus-surfavg",17,7204078,0.008223442,{"v":3.54e-6,"d":"3.54E-06"},31467,"wSA_Mean_cuneus_surfavg || id:enigma3-withglobal-cuneus-surfavg",true,"reported","MedicineITLab",2,true,0.000682892,31467,true,0.00026101,null,0.000682892,21.50189133,25.26983511,21.50189133]
["rs9376461","T","G","T","G",-0.039703383,-0.024955426,0.6593,0.554902036,false,false,false,"ebi-eas-GCST90018603",null,0.247199295,0.021565746,"Chronic sinusitis || id:ebi-eas-GCST90018603",true,"MedicineITLab","enigma3-withglobal-cuneus-surfavg",6,140091162,0.008418383,{"v":2.4e-6,"d":"2.40E-06"},31389,"wSA_Mean_cuneus_surfavg || id:enigma3-withglobal-cuneus-surfavg",true,"reported","MedicineITLab",2,true,0.000708174,31389,true,0.000127086,null,0.000708174,22.24322203,25.26983511,22.24322203]
["rs9834227","A","G","A","G",-0.046496799,-0.010181278,0.3058,0.707840512,false,false,false,"ebi-eas-GCST90018603",null,0.66541302,0.023543146,"Chronic sinusitis || id:ebi-eas-GCST90018603",true,"MedicineITLab","enigma3-withglobal-cuneus-surfavg",3,55365293,0.008571288,{"v":5.81e-8,"d":"5.81E-08"},32032,"wSA_Mean_cuneus_surfavg || id:enigma3-withglobal-cuneus-surfavg",true,"reported","MedicineITLab",2,true,0.000917906,32032,true,{"v":1.89e-6,"d":"1.89E-06"},null,0.000917906,29.42754023,25.26983511,29.42754023]
["rs10765918","A","G","A","G",0.060020415,-0.000195953,0.7309,0.732196,false,false,false,"ukb-b-69",null,0.29,0.000185294,"Non-cancer illness code, self-reported: chronic sinusitis || id:ukb-b-69",true,"igd","enigma3-withglobal-cuneus-surfavg",11,12071855,0.009465864,{"v":2.29e-10,"d":"2.29E-10"},28333,"wSA_Mean_cuneus_surfavg || id:enigma3-withglobal-cuneus-surfavg",true,"reported","MedicineITLab",2,true,0.001417097,28333,true,{"v":3.64e-9,"d":"3.64E-09"},null,0.001417097,40.20475518,25.26983511,40.20475518]
["rs10846487","A","G","A","G",-0.042774679,{"v":-5.57e-5,"d":"-5.57E-05"},0.2303,0.212196,false,false,false,"ukb-b-69",null,0.780001,0.000200445,"Non-cancer illness code, self-reported: chronic sinusitis || id:ukb-b-69",true,"igd","enigma3-withglobal-cuneus-surfavg",12,123726134,0.009463087,{"v":6.17e-6,"d":"6.17E-06"},31480,"wSA_Mean_cuneus_surfavg || id:enigma3-withglobal-cuneus-surfavg",true,"reported","MedicineITLab",2,true,0.000648663,31480,true,{"v":1.68e-5,"d":"1.68E-05"},null,0.000648663,20.43185809,25.26983511,20.43185809]
["rs10941099","C","G","C","G",0.051054315,-0.000130616,0.8284,0.830429,false,true,false,"ukb-b-69",null,0.55,0.000219963,"Non-cancer illness code, self-reported: chronic sinusitis || id:ukb-b-69",true,"igd","enigma3-withglobal-cuneus-surfavg",5,33816922,0.01047531,{"v":1.09e-6,"d":"1.09E-06"},32032,"wSA_Mean_cuneus_surfavg || id:enigma3-withglobal-cuneus-surfavg",true,"reported","MedicineITLab",2,true,0.000741058,32032,true,{"v":5.07e-6,"d":"5.07E-06"},null,0.000741058,23.75369512,25.26983511,23.75369512]
["rs11149178","A","G","A","G",-0.038832442,{"v":6.68e-6,"d":"6.68E-06"},0.3557,0.351692,false,false,false,"ukb-b-69",null,0.97,0.000172024,"Non-cancer illness code, self-reported: chronic sinusitis || id:ukb-b-69",true,"igd","enigma3-withglobal-cuneus-surfavg",13,81357671,0.008250312,{"v":2.52e-6,"d":"2.52E-06"},32032,"wSA_Mean_cuneus_surfavg || id:enigma3-withglobal-cuneus-surfavg",true,"reported","MedicineITLab",2,true,0.00069118,32032,true,{"v":5.59e-6,"d":"5.59E-06"},null,0.00069118,22.15381999,25.26983511,22.15381999]
["rs112484789","T","C","T","C",0.066088787,{"v":4.88e-5,"d":"4.88E-05"},0.135,0.144649,false,false,false,"ukb-b-69",null,0.84,0.000236767,"Non-cancer illness code, self-reported: chronic sinusitis || id:ukb-b-69",true,"igd","enigma3-withglobal-cuneus-surfavg",14,103919097,0.012616487,{"v":1.62e-7,"d":"1.62E-07"},26874,"wSA_Mean_cuneus_surfavg || id:enigma3-withglobal-cuneus-surfavg",true,"reported","MedicineITLab",2,true,0.001020083,26874,true,{"v":4.57e-7,"d":"4.57E-07"},null,0.001020083,27.43965616,25.26983511,27.43965616]
["rs116483964","A","G","A","G",-0.039955412,{"v":-2.89e-5,"d":"-2.89E-05"},0.3196,0.324322,false,false,false,"ukb-b-69",null,0.87,0.000175015,"Non-cancer illness code, self-reported: chronic sinusitis || id:ukb-b-69",true,"igd","enigma3-withglobal-cuneus-surfavg",3,37102696,0.008469742,{"v":2.39e-6,"d":"2.39E-06"},32032,"wSA_Mean_cuneus_surfavg || id:enigma3-withglobal-cuneus-surfavg",true,"reported","MedicineITLab",2,true,0.000694308,32032,true,{"v":6.19e-6,"d":"6.19E-06"},null,0.000694308,22.25414315,25.26983511,22.25414315]
["rs12536836","T","C","T","C",0.048869645,-0.000115566,0.4003,0.386338,false,false,false,"ukb-b-69",null,0.49,0.000168628,"Non-cancer illness code, self-reported: chronic sinusitis || id:ukb-b-69",true,"igd","enigma3-withglobal-cuneus-surfavg",7,18881075,0.008059305,{"v":1.33e-9,"d":"1.33E-09"},32032,"wSA_Mean_cuneus_surfavg || id:enigma3-withglobal-cuneus-surfavg",true,"reported","MedicineITLab",2,true,0.001146642,32032,true,{"v":1.28e-8,"d":"1.28E-08"},null,0.001146642,36.76911776,25.26983511,36.76911776]
["rs13009394","T","C","T","C",0.053987539,-0.000205943,0.8576,0.855762,false,false,false,"ukb-b-69",null,0.38,0.000233073,"Non-cancer illness code, self-reported: chronic sinusitis || id:ukb-b-69",true,"igd","enigma3-withglobal-cuneus-surfavg",2,239855860,0.011868131,{"v":5.39e-6,"d":"5.39E-06"},29049,"wSA_Mean_cuneus_surfavg || id:enigma3-withglobal-cuneus-surfavg",true,"reported","MedicineITLab",2,true,0.000711888,29049,true,{"v":2.7e-5,"d":"2.70E-05"},null,0.000711888,20.69294862,25.26983511,20.69294862]
["rs13448","T","C","T","C",0.042225831,-0.000155552,0.7308,0.733293,false,false,false,"ukb-b-69",null,0.4,0.000185233,"Non-cancer illness code, self-reported: chronic sinusitis || id:ukb-b-69",true,"igd","enigma3-withglobal-cuneus-surfavg",11,46695414,0.00890466,{"v":2.12e-6,"d":"2.12E-06"},32032,"wSA_Mean_cuneus_surfavg || id:enigma3-withglobal-cuneus-surfavg",true,"reported","MedicineITLab",2,true,0.000701552,32032,true,{"v":1.23e-5,"d":"1.23E-05"},null,0.000701552,22.48649261,25.26983511,22.48649261]
["rs1468323","A","T","A","T",0.039711707,0.000261815,0.6475,0.641982,false,true,false,"ukb-b-69",null,0.13,0.000173029,"Non-cancer illness code, self-reported: chronic sinusitis || id:ukb-b-69",true,"igd","enigma3-withglobal-cuneus-surfavg",20,52441183,0.008287519,{"v":1.65e-6,"d":"1.65E-06"},31874,"wSA_Mean_cuneus_surfavg || id:enigma3-withglobal-cuneus-surfavg",true,"reported","MedicineITLab",2,true,0.00071989,31874,true,{"v":2.14e-5,"d":"2.14E-05"},null,0.00071989,22.96085542,25.26983511,22.96085542]
["rs17707224","C","G","C","G",-0.039621056,0.000188405,0.3251,0.315051,false,true,false,"ukb-b-69",null,0.29,0.000176692,"Non-cancer illness code, self-reported: chronic sinusitis || id:ukb-b-69",true,"igd","enigma3-withglobal-cuneus-surfavg",7,42024178,0.008431963,{"v":2.62e-6,"d":"2.62E-06"},32032,"wSA_Mean_cuneus_surfavg || id:enigma3-withglobal-cuneus-surfavg",true,"reported","MedicineITLab",2,true,0.000688872,32032,true,{"v":1.93e-5,"d":"1.93E-05"},null,0.000688872,22.07977794,25.26983511,22.07977794]
["rs1951694","A","G","A","G",0.037458875,0.000117722,0.3316,0.333765,false,false,false,"ukb-b-69",null,0.5,0.000174744,"Non-cancer illness code, self-reported: chronic sinusitis || id:ukb-b-69",true,"igd","enigma3-withglobal-cuneus-surfavg",6,54467267,0.008389691,{"v":8.01e-6,"d":"8.01E-06"},32032,"wSA_Mean_cuneus_surfavg || id:enigma3-withglobal-cuneus-surfavg",true,"reported","MedicineITLab",2,true,0.000622,32032,true,{"v":3.38e-5,"d":"3.38E-05"},null,0.000622,19.93506124,25.26983511,19.93506124]
["rs2004689","A","G","A","G",-0.037501884,{"v":-6.51e-5,"d":"-6.51E-05"},0.6743,0.671647,false,false,false,"ukb-b-69",null,0.709999,0.000174733,"Non-cancer illness code, self-reported: chronic sinusitis || id:ukb-b-69",true,"igd","enigma3-withglobal-cuneus-surfavg",18,8807992,0.00842824,{"v":8.61e-6,"d":"8.61E-06"},32032,"wSA_Mean_cuneus_surfavg || id:enigma3-withglobal-cuneus-surfavg",true,"reported","MedicineITLab",2,true,0.000617742,32032,true,{"v":2.58e-5,"d":"2.58E-05"},null,0.000617742,19.79850428,25.26983511,19.79850428]
["rs2155645","T","C","T","C",-0.044871957,0.000152943,0.2627,0.252675,false,false,false,"ukb-b-69",null,0.42,0.000188985,"Non-cancer illness code, self-reported: chronic sinusitis || id:ukb-b-69",true,"igd","enigma3-withglobal-cuneus-surfavg",11,112912947,0.008973977,{"v":5.73e-7,"d":"5.73E-07"},32032,"wSA_Mean_cuneus_surfavg || id:enigma3-withglobal-cuneus-surfavg",true,"reported","MedicineITLab",2,true,0.000779982,32032,true,{"v":3.67e-6,"d":"3.67E-06"},null,0.000779982,25.00230952,25.26983511,25.00230952]
["rs2783130","A","G","A","G",-0.035320917,0.000220745,0.5234,0.523925,false,false,false,"ukb-b-69",null,0.18,0.000163941,"Non-cancer illness code, self-reported: chronic sinusitis || id:ukb-b-69",true,"igd","enigma3-withglobal-cuneus-surfavg",13,80170160,0.007908197,{"v":7.96e-6,"d":"7.96E-06"},32032,"wSA_Mean_cuneus_surfavg || id:enigma3-withglobal-cuneus-surfavg",true,"reported","MedicineITLab",2,true,0.000622417,32032,true,{"v":7e-5,"d":"7.00E-05"},null,0.000622417,19.94844407,25.26983511,19.94844407]
["rs4668527","T","C","T","C",-0.036182144,{"v":7.74e-5,"d":"7.74E-05"},0.3938,0.393337,false,false,false,"ukb-b-69",null,0.649999,0.000169832,"Non-cancer illness code, self-reported: chronic sinusitis || id:ukb-b-69",true,"igd","enigma3-withglobal-cuneus-surfavg",2,7358774,0.008083975,{"v":7.62e-6,"d":"7.62E-06"},32032,"wSA_Mean_cuneus_surfavg || id:enigma3-withglobal-cuneus-surfavg",true,"reported","MedicineITLab",2,true,0.000625043,32032,true,{"v":2.53e-5,"d":"2.53E-05"},null,0.000625043,20.03266395,25.26983511,20.03266395]
["rs4843552","A","G","A","G",-0.037066562,0.000558701,0.572,0.577551,false,false,false,"ukb-b-69",null,0.000759994,0.000165881,"Non-cancer illness code, self-reported: chronic sinusitis || id:ukb-b-69",true,"igd","enigma3-withglobal-cuneus-surfavg",16,87233516,0.008006562,{"v":3.66e-6,"d":"3.66E-06"},31840,"wSA_Mean_cuneus_surfavg || id:enigma3-withglobal-cuneus-surfavg",true,"reported","MedicineITLab",2,true,0.00067272,31840,true,0.000291032,null,0.00067272,21.43248022,25.26983511,21.43248022]
["rs4895120","T","C","T","C",-0.054943139,0.000166933,0.5161,0.516384,false,false,false,"ukb-b-69",null,0.31,0.000164058,"Non-cancer illness code, self-reported: chronic sinusitis || id:ukb-b-69",true,"igd","enigma3-withglobal-cuneus-surfavg",3,104647183,0.007944902,{"v":4.67e-12,"d":"4.67E-12"},31672,"wSA_Mean_cuneus_surfavg || id:enigma3-withglobal-cuneus-surfavg",true,"reported","MedicineITLab",2,true,0.001507809,31672,true,{"v":1.27e-10,"d":"1.27E-10"},null,0.001507809,47.82443026,25.26983511,47.82443026]
["rs56075776","A","G","A","G",-0.037064221,{"v":-2.42e-5,"d":"-2.42E-05"},0.3944,0.383676,false,false,false,"ukb-b-69",null,0.89,0.000168588,"Non-cancer illness code, self-reported: chronic sinusitis || id:ukb-b-69",true,"igd","enigma3-withglobal-cuneus-surfavg",1,18986508,0.008081698,{"v":4.51e-6,"d":"4.51E-06"},32032,"wSA_Mean_cuneus_surfavg || id:enigma3-withglobal-cuneus-surfavg",true,"reported","MedicineITLab",2,true,0.00065624,32032,true,{"v":1.09e-5,"d":"1.09E-05"},null,0.00065624,21.03316104,25.26983511,21.03316104]
["rs6009630","T","C","T","C",0.041443722,{"v":-8.28e-5,"d":"-8.28E-05"},0.3073,0.305493,false,false,false,"ukb-b-69",null,0.649999,0.000180351,"Non-cancer illness code, self-reported: chronic sinusitis || id:ukb-b-69",true,"igd","enigma3-withglobal-cuneus-surfavg",22,49741437,0.008560395,{"v":1.29e-6,"d":"1.29E-06"},32032,"wSA_Mean_cuneus_surfavg || id:enigma3-withglobal-cuneus-surfavg",true,"reported","MedicineITLab",2,true,0.000731232,32032,true,{"v":5e-6,"d":"5.00E-06"},null,0.000731232,23.43850332,25.26983511,23.43850332]
["rs6747649","A","C","A","C",0.038419969,{"v":-5.03e-5,"d":"-5.03E-05"},0.2939,0.298593,false,false,false,"ukb-b-69",null,0.780001,0.000179309,"Non-cancer illness code, self-reported: chronic sinusitis || id:ukb-b-69",true,"igd","enigma3-withglobal-cuneus-surfavg",2,55651140,0.008670428,{"v":9.37e-6,"d":"9.37E-06"},32032,"wSA_Mean_cuneus_surfavg || id:enigma3-withglobal-cuneus-surfavg",true,"reported","MedicineITLab",2,true,0.000612646,32032,true,{"v":2.51e-5,"d":"2.51E-05"},null,0.000612646,19.63509029,25.26983511,19.63509029]
["rs71427711","A","G","A","G",-0.060864139,{"v":7.14e-6,"d":"7.14E-06"},0.8395,0.836227,false,false,false,"ukb-b-69",null,0.97,0.00022274,"Non-cancer illness code, self-reported: chronic sinusitis || id:ukb-b-69",true,"igd","enigma3-withglobal-cuneus-surfavg",2,204517033,0.010993835,{"v":3.09e-8,"d":"3.09E-08"},30674,"wSA_Mean_cuneus_surfavg || id:enigma3-withglobal-cuneus-surfavg",true,"reported","MedicineITLab",2,true,0.000998272,30674,true,{"v":8.68e-8,"d":"8.68E-08"},null,0.000998272,30.64958219,25.26983511,30.64958219]
["rs7177857","A","G","A","G",0.041607275,{"v":4.28e-5,"d":"4.28E-05"},0.7119,0.710316,false,false,false,"ukb-b-69",null,0.81,0.000181216,"Non-cancer illness code, self-reported: chronic sinusitis || id:ukb-b-69",true,"igd","enigma3-withglobal-cuneus-surfavg",15,40015063,0.008721098,{"v":1.84e-6,"d":"1.84E-06"},32032,"wSA_Mean_cuneus_surfavg || id:enigma3-withglobal-cuneus-surfavg",true,"reported","MedicineITLab",2,true,0.000710118,32032,true,{"v":5.28e-6,"d":"5.28E-06"},null,0.000710118,22.76125708,25.26983511,22.76125708]
["rs73092904","T","C","T","C",-0.050764756,-0.000228919,0.1969,0.19356,false,false,false,"ukb-b-69",null,0.27,0.000207963,"Non-cancer illness code, self-reported: chronic sinusitis || id:ukb-b-69",true,"igd","enigma3-withglobal-cuneus-surfavg",1,228239301,0.00994829,{"v":3.34e-7,"d":"3.34E-07"},31925,"wSA_Mean_cuneus_surfavg || id:enigma3-withglobal-cuneus-surfavg",true,"reported","MedicineITLab",2,true,0.000815023,31925,true,{"v":3.24e-6,"d":"3.24E-06"},null,0.000815023,26.03920627,25.26983511,26.03920627]
["rs73313052","A","G","A","G",-0.097890199,{"v":6.67e-5,"d":"6.67E-05"},0.1266,0.123478,false,false,false,"ukb-b-69",null,0.79,0.000249899,"Non-cancer illness code, self-reported: chronic sinusitis || id:ukb-b-69",true,"igd","enigma3-withglobal-cuneus-surfavg",14,59625997,0.011869227,{"v":1.62e-16,"d":"1.62E-16"},32032,"wSA_Mean_cuneus_surfavg || id:enigma3-withglobal-cuneus-surfavg",true,"reported","MedicineITLab",2,true,0.002119119,32032,true,{"v":2.67e-15,"d":"2.67E-15"},null,0.002119119,68.01951814,25.26983511,68.01951814]
["rs7502836","A","T","A","T",-0.038132208,0.000164235,0.3768,0.369799,false,true,false,"ukb-b-69",null,0.33,0.000169596,"Non-cancer illness code, self-reported: chronic sinusitis || id:ukb-b-69",true,"igd","enigma3-withglobal-cuneus-surfavg",17,7204078,0.008223442,{"v":3.54e-6,"d":"3.54E-06"},31467,"wSA_Mean_cuneus_surfavg || id:enigma3-withglobal-cuneus-surfavg",true,"reported","MedicineITLab",2,true,0.000682892,31467,true,{"v":2.21e-5,"d":"2.21E-05"},null,0.000682892,21.50189133,25.26983511,21.50189133]
["rs9834227","A","G","A","G",-0.046496799,-0.00011958,0.3058,0.301209,false,false,false,"ukb-b-69",null,0.5,0.000178596,"Non-cancer illness code, self-reported: chronic sinusitis || id:ukb-b-69",true,"igd","enigma3-withglobal-cuneus-surfavg",3,55365293,0.008571288,{"v":5.81e-8,"d":"5.81E-08"},32032,"wSA_Mean_cuneus_surfavg || id:enigma3-withglobal-cuneus-surfavg",true,"reported","MedicineITLab",2,true,0.000917906,32032,true,{"v":3.87e-7,"d":"3.87E-07"},null,0.000917906,29.42754023,25.26983511,29.42754023]
["rs10765918","A","G","A","G",0.060020415,0.000119051,0.7309,0.732188,false,false,false,"ukb-d-J32",null,0.44427,0.000155622,"Diagnoses - main ICD10: J32 Chronic sinusitis || id:ukb-d-J32",true,"igd","enigma3-withglobal-cuneus-surfavg",11,12071855,0.009465864,{"v":2.29e-10,"d":"2.29E-10"},28333,"wSA_Mean_cuneus_surfavg || id:enigma3-withglobal-cuneus-surfavg",true,"reported","MedicineITLab",2,true,0.001417097,28333,true,{"v":3.68e-9,"d":"3.68E-09"},null,0.001417097,40.20475518,25.26983511,40.20475518]
["rs10846487","A","G","A","G",-0.042774679,{"v":5.01e-5,"d":"5.01E-05"},0.2303,0.21046,false,false,false,"ukb-d-J32",null,0.76677,0.000168955,"Diagnoses - main ICD10: J32 Chronic sinusitis || id:ukb-d-J32",true,"igd","enigma3-withglobal-cuneus-surfavg",12,123726134,0.009463087,{"v":6.17e-6,"d":"6.17E-06"},31480,"wSA_Mean_cuneus_surfavg || id:enigma3-withglobal-cuneus-surfavg",true,"reported","MedicineITLab",2,true,0.000648663,31480,true,{"v":2.13e-5,"d":"2.13E-05"},null,0.000648663,20.43185809,25.26983511,20.43185809]
["rs10941099","C","G","C","G",0.051054315,{"v":6.82e-5,"d":"6.82E-05"},0.8284,0.831964,false,true,false,"ukb-d-J32",null,0.712997,0.000185486,"Diagnoses - main ICD10: J32 Chronic sinusitis || id:ukb-d-J32",true,"igd","enigma3-withglobal-cuneus-surfavg",5,33816922,0.01047531,{"v":1.09e-6,"d":"1.09E-06"},32032,"wSA_Mean_cuneus_surfavg || id:enigma3-withglobal-cuneus-surfavg",true,"reported","MedicineITLab",2,true,0.000741058,32032,true,{"v":4.98e-6,"d":"4.98E-06"},null,0.000741058,23.75369512,25.26983511,23.75369512]
["rs111269833","A","G","A","G",-0.101242375,{"v":-3.17e-5,"d":"-3.17E-05"},0.9681,0.9703789,false,false,false,"ukb-d-J32",null,0.939251,0.000416083,"Diagnoses - main ICD10: J32 Chronic sinusitis || id:ukb-d-J32",true,"igd","enigma3-withglobal-cuneus-surfavg",2,158838196,0.022818834,{"v":9.13e-6,"d":"9.13E-06"},31076,"wSA_Mean_cuneus_surfavg || id:enigma3-withglobal-cuneus-surfavg",true,"reported","MedicineITLab",2,true,0.00063309,31076,true,{"v":2.28e-5,"d":"2.28E-05"},null,0.00063309,19.68510518,25.26983511,19.68510518]
["rs11149178","A","G","A","G",-0.038832442,-0.000107481,0.3557,0.351644,false,false,false,"ukb-d-J32",null,0.457052,0.00014452,"Diagnoses - main ICD10: J32 Chronic sinusitis || id:ukb-d-J32",true,"igd","enigma3-withglobal-cuneus-surfavg",13,81357671,0.008250312,{"v":2.52e-6,"d":"2.52E-06"},32032,"wSA_Mean_cuneus_surfavg || id:enigma3-withglobal-cuneus-surfavg",true,"reported","MedicineITLab",2,true,0.00069118,32032,true,{"v":1.72e-5,"d":"1.72E-05"},null,0.00069118,22.15381999,25.26983511,22.15381999]
["rs112484789","T","C","T","C",0.066088787,{"v":-9.7e-5,"d":"-9.70E-05"},0.135,0.147157,false,false,false,"ukb-d-J32",null,0.623616,0.000197618,"Diagnoses - main ICD10: J32 Chronic sinusitis || id:ukb-d-J32",true,"igd","enigma3-withglobal-cuneus-surfavg",14,103919097,0.012616487,{"v":1.62e-7,"d":"1.62E-07"},26874,"wSA_Mean_cuneus_surfavg || id:enigma3-withglobal-cuneus-surfavg",true,"reported","MedicineITLab",2,true,0.001020083,26874,true,{"v":8.5e-7,"d":"8.50E-07"},null,0.001020083,27.43965616,25.26983511,27.43965616]
["rs115136616","T","C","T","C",0.098181326,0.000265599,0.0473,0.048887,false,false,false,"ukb-d-J32",null,0.406216,0.000319779,"Diagnoses - main ICD10: J32 Chronic sinusitis || id:ukb-d-J32",true,"igd","enigma3-withglobal-cuneus-surfavg",5,93021116,0.018604121,{"v":1.31e-7,"d":"1.31E-07"},32032,"wSA_Mean_cuneus_surfavg || id:enigma3-withglobal-cuneus-surfavg",true,"reported","MedicineITLab",2,true,0.000868771,32032,true,{"v":1.44e-6,"d":"1.44E-06"},null,0.000868771,27.85091668,25.26983511,27.85091668]
["rs115917585","T","C","T","C",0.037422312,-0.000105181,0.5371,0.496349,false,false,false,"ukb-d-J32",null,0.4484,0.000138745,"Diagnoses - main ICD10: J32 Chronic sinusitis || id:ukb-d-J32",true,"igd","enigma3-withglobal-cuneus-surfavg",6,102741690,0.008013553,{"v":3.01e-6,"d":"3.01E-06"},31297,"wSA_Mean_cuneus_surfavg || id:enigma3-withglobal-cuneus-surfavg",true,"reported","MedicineITLab",2,true,0.00069636,31297,true,{"v":2e-5,"d":"2.00E-05"},null,0.00069636,21.80775935,25.26983511,21.80775935]
["rs116192056","A","G","A","G",0.182030122,-0.000917046,0.989,0.9887096,false,false,false,"ukb-d-J32",null,0.166215,0.00066238,"Diagnoses - main ICD10: J32 Chronic sinusitis || id:ukb-d-J32",true,"igd","enigma3-withglobal-cuneus-surfavg",4,88662429,0.040725327,{"v":7.83e-6,"d":"7.83E-06"},27693,"wSA_Mean_cuneus_surfavg || id:enigma3-withglobal-cuneus-surfavg",true,"reported","MedicineITLab",2,true,0.000720951,27693,true,{"v":8.23e-5,"d":"8.23E-05"},null,0.000720951,19.97824573,25.26983511,19.97824573]
["rs116483964","A","G","A","G",-0.039955412,{"v":7.34e-6,"d":"7.34E-06"},0.3196,0.325642,false,false,false,"ukb-d-J32",null,0.960189,0.000146966,"Diagnoses - main ICD10: J32 Chronic sinusitis || id:ukb-d-J32",true,"igd","enigma3-withglobal-cuneus-surfavg",3,37102696,0.008469742,{"v":2.39e-6,"d":"2.39E-06"},32032,"wSA_Mean_cuneus_surfavg || id:enigma3-withglobal-cuneus-surfavg",true,"reported","MedicineITLab",2,true,0.000694308,32032,true,{"v":6.59e-6,"d":"6.59E-06"},null,0.000694308,22.25414315,25.26983511,22.25414315]
["rs11652557","A","G","A","G",-0.095903518,0.000610341,0.0713,0.0687293,false,false,false,"ukb-d-J32",null,0.0252203,0.000272714,"Diagnoses - main ICD10: J32 Chronic sinusitis || id:ukb-d-J32",true,"igd","enigma3-withglobal-cuneus-surfavg",17,63912574,0.015255454,{"v":3.25e-10,"d":"3.25E-10"},32408,"wSA_Mean_cuneus_surfavg || id:enigma3-withglobal-cuneus-surfavg",true,"reported","MedicineITLab",2,true,0.001218047,32408,true,{"v":7.5e-8,"d":"7.50E-08"},null,0.001218047,39.52016875,25.26983511,39.52016875]
["rs12536836","T","C","T","C",0.048869645,0.00013553,0.4003,0.383787,false,false,false,"ukb-d-J32",null,0.339949,0.000142025,"Diagnoses - main ICD10: J32 Chronic sinusitis || id:ukb-d-J32",true,"igd","enigma3-withglobal-cuneus-surfavg",7,18881075,0.008059305,{"v":1.33e-9,"d":"1.33E-09"},32032,"wSA_Mean_cuneus_surfavg || id:enigma3-withglobal-cuneus-surfavg",true,"reported","MedicineITLab",2,true,0.001146642,32032,true,{"v":3.06e-8,"d":"3.06E-08"},null,0.001146642,36.76911776,25.26983511,36.76911776]
["rs13009394","T","C","T","C",0.053987539,{"v":-5.12e-5,"d":"-5.12E-05"},0.8576,0.856041,false,false,false,"ukb-d-J32",null,0.793683,0.000195934,"Diagnoses - main ICD10: J32 Chronic sinusitis || id:ukb-d-J32",true,"igd","enigma3-withglobal-cuneus-surfavg",2,239855860,0.011868131,{"v":5.39e-6,"d":"5.39E-06"},29049,"wSA_Mean_cuneus_surfavg || id:enigma3-withglobal-cuneus-surfavg",true,"reported","MedicineITLab",2,true,0.000711888,29049,true,{"v":1.67e-5,"d":"1.67E-05"},null,0.000711888,20.69294862,25.26983511,20.69294862]
["rs13448","T","C","T","C",0.042225831,0.000161552,0.7308,0.733312,false,false,false,"ukb-d-J32",null,0.299581,0.000155738,"Diagnoses - main ICD10: J32 Chronic sinusitis || id:ukb-d-J32",true,"igd","enigma3-withglobal-cuneus-surfavg",11,46695414,0.00890466,{"v":2.12e-6,"d":"2.12E-06"},32032,"wSA_Mean_cuneus_surfavg || id:enigma3-withglobal-cuneus-surfavg",true,"reported","MedicineITLab",2,true,0.000701552,32032,true,{"v":2.16e-5,"d":"2.16E-05"},null,0.000701552,22.48649261,25.26983511,22.48649261]
["rs144412271","T","C","T","C",0.11042326,{"v":8.38e-5,"d":"8.38E-05"},0.9743,0.9761388,false,false,false,"ukb-d-J32",null,0.852944,0.000452273,"Diagnoses - main ICD10: J32 Chronic sinusitis || id:ukb-d-J32",true,"igd","enigma3-withglobal-cuneus-surfavg",1,42894245,0.024960943,{"v":9.7e-6,"d":"9.70E-06"},32032,"wSA_Mean_cuneus_surfavg || id:enigma3-withglobal-cuneus-surfavg",true,"reported","MedicineITLab",2,true,0.000610628,32032,true,{"v":2.83e-5,"d":"2.83E-05"},null,0.000610628,19.57037585,25.26983511,19.57037585]
["rs1468323","A","T","A","T",0.039711707,-0.000184525,0.6475,0.640282,false,true,false,"ukb-d-J32",null,0.203563,0.000145127,"Diagnoses - main ICD10: J32 Chronic sinusitis || id:ukb-d-J32",true,"igd","enigma3-withglobal-cuneus-surfavg",20,52441183,0.008287519,{"v":1.65e-6,"d":"1.65E-06"},31874,"wSA_Mean_cuneus_surfavg || id:enigma3-withglobal-cuneus-surfavg",true,"reported","MedicineITLab",2,true,0.00071989,31874,true,{"v":2.33e-5,"d":"2.33E-05"},null,0.00071989,22.96085542,25.26983511,22.96085542]
["rs16829649","A","G","A","G",0.066117712,-0.000241279,0.8884,0.891111,false,false,false,"ukb-d-J32",null,0.275057,0.000221054,"Diagnoses - main ICD10: J32 Chronic sinusitis || id:ukb-d-J32",true,"igd","enigma3-withglobal-cuneus-surfavg",3,118995379,0.012542435,{"v":1.35e-7,"d":"1.35E-07"},32032,"wSA_Mean_cuneus_surfavg || id:enigma3-withglobal-cuneus-surfavg",true,"reported","MedicineITLab",2,true,0.000866839,32032,true,{"v":2.14e-6,"d":"2.14E-06"},null,0.000866839,27.78893741,25.26983511,27.78893741]
["rs17707224","C","G","C","G",-0.039621056,{"v":-5.39e-5,"d":"-5.39E-05"},0.3251,0.313134,false,true,false,"ukb-d-J32",null,0.717208,0.000148805,"Diagnoses - main ICD10: J32 Chronic sinusitis || id:ukb-d-J32",true,"igd","enigma3-withglobal-cuneus-surfavg",7,42024178,0.008431963,{"v":2.62e-6,"d":"2.62E-06"},32032,"wSA_Mean_cuneus_surfavg || id:enigma3-withglobal-cuneus-surfavg",true,"reported","MedicineITLab",2,true,0.000688872,32032,true,{"v":1.08e-5,"d":"1.08E-05"},null,0.000688872,22.07977794,25.26983511,22.07977794]
["rs1951694","A","G","A","G",0.037458875,0.000307569,0.3316,0.333785,false,false,false,"ukb-d-J32",null,0.0362593,0.00014688,"Diagnoses - main ICD10: J32 Chronic sinusitis || id:ukb-d-J32",true,"igd","enigma3-withglobal-cuneus-surfavg",6,54467267,0.008389691,{"v":8.01e-6,"d":"8.01E-06"},32032,"wSA_Mean_cuneus_surfavg || id:enigma3-withglobal-cuneus-surfavg",true,"reported","MedicineITLab",2,true,0.000622,32032,true,0.000232295,null,0.000622,19.93506124,25.26983511,19.93506124]
["rs2004689","A","G","A","G",-0.037501884,{"v":5.58e-5,"d":"5.58E-05"},0.6743,0.6724,false,false,false,"ukb-d-J32",null,0.703934,0.000146836,"Diagnoses - main ICD10: J32 Chronic sinusitis || id:ukb-d-J32",true,"igd","enigma3-withglobal-cuneus-surfavg",18,8807992,0.00842824,{"v":8.61e-6,"d":"8.61E-06"},32032,"wSA_Mean_cuneus_surfavg || id:enigma3-withglobal-cuneus-surfavg",true,"reported","MedicineITLab",2,true,0.000617742,32032,true,{"v":3.25e-5,"d":"3.25E-05"},null,0.000617742,19.79850428,25.26983511,19.79850428]
["rs2155645","T","C","T","C",-0.044871957,{"v":8.08e-5,"d":"8.08E-05"},0.2627,0.251635,false,false,false,"ukb-d-J32",null,0.611356,0.000158988,"Diagnoses - main ICD10: J32 Chronic sinusitis || id:ukb-d-J32",true,"igd","enigma3-withglobal-cuneus-surfavg",11,112912947,0.008973977,{"v":5.73e-7,"d":"5.73E-07"},32032,"wSA_Mean_cuneus_surfavg || id:enigma3-withglobal-cuneus-surfavg",true,"reported","MedicineITLab",2,true,0.000779982,32032,true,{"v":3.38e-6,"d":"3.38E-06"},null,0.000779982,25.00230952,25.26983511,25.00230952]
["rs2440590","A","G","A","G",-0.068289127,{"v":7.54e-5,"d":"7.54E-05"},0.9195,0.9134544,false,false,false,"ukb-d-J32",null,0.757986,0.000244651,"Diagnoses - main ICD10: J32 Chronic sinusitis || id:ukb-d-J32",true,"igd","enigma3-withglobal-cuneus-surfavg",9,94179857,0.014517197,{"v":2.55e-6,"d":"2.55E-06"},32032,"wSA_Mean_cuneus_surfavg || id:enigma3-withglobal-cuneus-surfavg",true,"reported","MedicineITLab",2,true,0.000690368,32032,true,{"v":9.88e-6,"d":"9.88E-06"},null,0.000690368,22.12776766,25.26983511,22.12776766]
["rs244432","A","G","A","G",0.058565179,{"v":1.16e-5,"d":"1.16E-05"},0.8923,0.9036709,false,false,false,"ukb-d-J32",null,0.960382,0.000233218,"Diagnoses - main ICD10: J32 Chronic sinusitis || id:ukb-d-J32",true,"igd","enigma3-withglobal-cuneus-surfavg",5,110104037,0.012704459,{"v":4.03e-6,"d":"4.03E-06"},32216,"wSA_Mean_cuneus_surfavg || id:enigma3-withglobal-cuneus-surfavg",true,"reported","MedicineITLab",2,true,0.000659228,32216,true,{"v":1.07e-5,"d":"1.07E-05"},null,0.000659228,21.25037439,25.26983511,21.25037439]
["rs2783130","A","G","A","G",-0.035320917,{"v":-3.56e-5,"d":"-3.56E-05"},0.5234,0.52422,false,false,false,"ukb-d-J32",null,0.796098,0.00013776,"Diagnoses - main ICD10: J32 Chronic sinusitis || id:ukb-d-J32",true,"igd","enigma3-withglobal-cuneus-surfavg",13,80170160,0.007908197,{"v":7.96e-6,"d":"7.96E-06"},32032,"wSA_Mean_cuneus_surfavg || id:enigma3-withglobal-cuneus-surfavg",true,"reported","MedicineITLab",2,true,0.000622417,32032,true,{"v":2.6e-5,"d":"2.60E-05"},null,0.000622417,19.94844407,25.26983511,19.94844407]
["rs35225200","A","C","A","C",-0.064965178,-0.000179332,0.9192,0.9170693,false,false,false,"ukb-d-J32",null,0.485252,0.000256966,"Diagnoses - main ICD10: J32 Chronic sinusitis || id:ukb-d-J32",true,"igd","enigma3-withglobal-cuneus-surfavg",4,103146888,0.014493046,{"v":7.38e-6,"d":"7.38E-06"},32032,"wSA_Mean_cuneus_surfavg || id:enigma3-withglobal-cuneus-surfavg",true,"reported","MedicineITLab",2,true,0.000626921,32032,true,{"v":4.2e-5,"d":"4.20E-05"},null,0.000626921,20.0928681,25.26983511,20.0928681]
["rs35575289","T","C","T","C",-0.057250437,{"v":7.17e-5,"d":"7.17E-05"},0.8778,0.881782,false,false,false,"ukb-d-J32",null,0.737079,0.000213659,"Diagnoses - main ICD10: J32 Chronic sinusitis || id:ukb-d-J32",true,"igd","enigma3-withglobal-cuneus-surfavg",5,107308489,0.012059253,{"v":2.06e-6,"d":"2.06E-06"},32032,"wSA_Mean_cuneus_surfavg || id:enigma3-withglobal-cuneus-surfavg",true,"reported","MedicineITLab",2,true,0.00070316,32032,true,{"v":8.45e-6,"d":"8.45E-06"},null,0.00070316,22.53807496,25.26983511,22.53807496]
["rs4668527","T","C","T","C",-0.036182144,-0.000116217,0.3938,0.392462,false,false,false,"ukb-d-J32",null,0.415471,0.000142719,"Diagnoses - main ICD10: J32 Chronic sinusitis || id:ukb-d-J32",true,"igd","enigma3-withglobal-cuneus-surfavg",2,7358774,0.008083975,{"v":7.62e-6,"d":"7.62E-06"},32032,"wSA_Mean_cuneus_surfavg || id:enigma3-withglobal-cuneus-surfavg",true,"reported","MedicineITLab",2,true,0.000625043,32032,true,{"v":4.98e-5,"d":"4.98E-05"},null,0.000625043,20.03266395,25.26983511,20.03266395]
["rs4843552","A","G","A","G",-0.037066562,0.000139379,0.572,0.576545,false,false,false,"ukb-d-J32",null,0.316817,0.000139236,"Diagnoses - main ICD10: J32 Chronic sinusitis || id:ukb-d-J32",true,"igd","enigma3-withglobal-cuneus-surfavg",16,87233516,0.008006562,{"v":3.66e-6,"d":"3.66E-06"},31840,"wSA_Mean_cuneus_surfavg || id:enigma3-withglobal-cuneus-surfavg",true,"reported","MedicineITLab",2,true,0.00067272,31840,true,{"v":3.29e-5,"d":"3.29E-05"},null,0.00067272,21.43248022,25.26983511,21.43248022]
["rs4895120","T","C","T","C",-0.054943139,{"v":9.47e-5,"d":"9.47E-05"},0.5161,0.514441,false,false,false,"ukb-d-J32",null,0.491842,0.000137795,"Diagnoses - main ICD10: J32 Chronic sinusitis || id:ukb-d-J32",true,"igd","enigma3-withglobal-cuneus-surfavg",3,104647183,0.007944902,{"v":4.67e-12,"d":"4.67E-12"},31672,"wSA_Mean_cuneus_surfavg || id:enigma3-withglobal-cuneus-surfavg",true,"reported","MedicineITLab",2,true,0.001507809,31672,true,{"v":1.24e-10,"d":"1.24E-10"},null,0.001507809,47.82443026,25.26983511,47.82443026]
["rs56075776","A","G","A","G",-0.037064221,0.000124307,0.3944,0.38462,false,false,false,"ukb-d-J32",null,0.379813,0.000141541,"Diagnoses - main ICD10: J32 Chronic sinusitis || id:ukb-d-J32",true,"igd","enigma3-withglobal-cuneus-surfavg",1,18986508,0.008081698,{"v":4.51e-6,"d":"4.51E-06"},32032,"wSA_Mean_cuneus_surfavg || id:enigma3-withglobal-cuneus-surfavg",true,"reported","MedicineITLab",2,true,0.00065624,32032,true,{"v":3.41e-5,"d":"3.41E-05"},null,0.00065624,21.03316104,25.26983511,21.03316104]
["rs6009630","T","C","T","C",0.041443722,{"v":-1.15e-5,"d":"-1.15E-05"},0.3073,0.306747,false,false,false,"ukb-d-J32",null,0.939539,0.000151314,"Diagnoses - main ICD10: J32 Chronic sinusitis || id:ukb-d-J32",true,"igd","enigma3-withglobal-cuneus-surfavg",22,49741437,0.008560395,{"v":1.29e-6,"d":"1.29E-06"},32032,"wSA_Mean_cuneus_surfavg || id:enigma3-withglobal-cuneus-surfavg",true,"reported","MedicineITLab",2,true,0.000731232,32032,true,{"v":3.88e-6,"d":"3.88E-06"},null,0.000731232,23.43850332,25.26983511,23.43850332]
["rs6747649","A","C","A","C",0.038419969,{"v":-2.35e-6,"d":"-2.35E-06"},0.2939,0.299912,false,false,false,"ukb-d-J32",null,0.987567,0.000150533,"Diagnoses - main ICD10: J32 Chronic sinusitis || id:ukb-d-J32",true,"igd","enigma3-withglobal-cuneus-surfavg",2,55651140,0.008670428,{"v":9.37e-6,"d":"9.37E-06"},32032,"wSA_Mean_cuneus_surfavg || id:enigma3-withglobal-cuneus-surfavg",true,"reported","MedicineITLab",2,true,0.000612646,32032,true,{"v":2.22e-5,"d":"2.22E-05"},null,0.000612646,19.63509029,25.26983511,19.63509029]
["rs71427711","A","G","A","G",-0.060864139,{"v":-2.43e-5,"d":"-2.43E-05"},0.8395,0.833796,false,false,false,"ukb-d-J32",null,0.896228,0.000186106,"Diagnoses - main ICD10: J32 Chronic sinusitis || id:ukb-d-J32",true,"igd","enigma3-withglobal-cuneus-surfavg",2,204517033,0.010993835,{"v":3.09e-8,"d":"3.09E-08"},30674,"wSA_Mean_cuneus_surfavg || id:enigma3-withglobal-cuneus-surfavg",true,"reported","MedicineITLab",2,true,0.000998272,30674,true,{"v":1.31e-7,"d":"1.31E-07"},null,0.000998272,30.64958219,25.26983511,30.64958219]
["rs7177857","A","G","A","G",0.041607275,-0.000132785,0.7119,0.710396,false,false,false,"ukb-d-J32",null,0.383078,0.000152234,"Diagnoses - main ICD10: J32 Chronic sinusitis || id:ukb-d-J32",true,"igd","enigma3-withglobal-cuneus-surfavg",15,40015063,0.008721098,{"v":1.84e-6,"d":"1.84E-06"},32032,"wSA_Mean_cuneus_surfavg || id:enigma3-withglobal-cuneus-surfavg",true,"reported","MedicineITLab",2,true,0.000710118,32032,true,{"v":1.54e-5,"d":"1.54E-05"},null,0.000710118,22.76125708,25.26983511,22.76125708]
["rs73092904","T","C","T","C",-0.050764756,{"v":1.01e-5,"d":"1.01E-05"},0.1969,0.193754,false,false,false,"ukb-d-J32",null,0.953986,0.000174736,"Diagnoses - main ICD10: J32 Chronic sinusitis || id:ukb-d-J32",true,"igd","enigma3-withglobal-cuneus-surfavg",1,228239301,0.00994829,{"v":3.34e-7,"d":"3.34E-07"},31925,"wSA_Mean_cuneus_surfavg || id:enigma3-withglobal-cuneus-surfavg",true,"reported","MedicineITLab",2,true,0.000815023,31925,true,{"v":1.09e-6,"d":"1.09E-06"},null,0.000815023,26.03920627,25.26983511,26.03920627]
["rs73189423","C","G","C","G",0.107480825,0.000155144,0.039,0.0368113,false,true,false,"ukb-d-J32",null,0.677269,0.000372769,"Diagnoses - main ICD10: J32 Chronic sinusitis || id:ukb-d-J32",true,"igd","enigma3-withglobal-cuneus-surfavg",4,2749075,0.024149202,{"v":8.56e-6,"d":"8.56E-06"},22858,"wSA_Mean_cuneus_surfavg || id:enigma3-withglobal-cuneus-surfavg",true,"reported","MedicineITLab",2,true,0.000865924,22858,true,{"v":2.51e-5,"d":"2.51E-05"},null,0.000865924,19.80872057,25.26983511,19.80872057]
["rs73313052","A","G","A","G",-0.097890199,-0.000110573,0.1266,0.124158,false,false,false,"ukb-d-J32",null,0.597676,0.000209519,"Diagnoses - main ICD10: J32 Chronic sinusitis || id:ukb-d-J32",true,"igd","enigma3-withglobal-cuneus-surfavg",14,59625997,0.011869227,{"v":1.62e-16,"d":"1.62E-16"},32032,"wSA_Mean_cuneus_surfavg || id:enigma3-withglobal-cuneus-surfavg",true,"reported","MedicineITLab",2,true,0.002119119,32032,true,{"v":9.13e-15,"d":"9.13E-15"},null,0.002119119,68.01951814,25.26983511,68.01951814]
["rs7502836","A","T","A","T",-0.038132208,-0.000211737,0.3768,0.368461,false,true,false,"ukb-d-J32",null,0.137831,0.000142688,"Diagnoses - main ICD10: J32 Chronic sinusitis || id:ukb-d-J32",true,"igd","enigma3-withglobal-cuneus-surfavg",17,7204078,0.008223442,{"v":3.54e-6,"d":"3.54E-06"},31467,"wSA_Mean_cuneus_surfavg || id:enigma3-withglobal-cuneus-surfavg",true,"reported","MedicineITLab",2,true,0.000682892,31467,true,{"v":5.66e-5,"d":"5.66E-05"},null,0.000682892,21.50189133,25.26983511,21.50189133]
["rs76470478","T","C","T","C",-0.121021303,-0.000641938,0.0409,0.0397239,false,false,false,"ukb-d-J32",null,0.0707913,0.000355287,"Diagnoses - main ICD10: J32 Chronic sinusitis || id:ukb-d-J32",true,"igd","enigma3-withglobal-cuneus-surfavg",6,126613946,0.020527235,{"v":3.73e-9,"d":"3.73E-09"},30217,"wSA_Mean_cuneus_surfavg || id:enigma3-withglobal-cuneus-surfavg",true,"reported","MedicineITLab",2,true,0.001149055,30217,true,{"v":2.46e-7,"d":"2.46E-07"},null,0.001149055,34.75863867,25.26983511,34.75863867]
["rs9376461","T","G","T","G",-0.039703383,{"v":7.43e-5,"d":"7.43E-05"},0.6593,0.649448,false,false,false,"ukb-d-J32",null,0.607579,0.000144587,"Diagnoses - main ICD10: J32 Chronic sinusitis || id:ukb-d-J32",true,"igd","enigma3-withglobal-cuneus-surfavg",6,140091162,0.008418383,{"v":2.4e-6,"d":"2.40E-06"},31389,"wSA_Mean_cuneus_surfavg || id:enigma3-withglobal-cuneus-surfavg",true,"reported","MedicineITLab",2,true,0.000708174,31389,true,{"v":1.2e-5,"d":"1.20E-05"},null,0.000708174,22.24322203,25.26983511,22.24322203]
["rs9834227","A","G","A","G",-0.046496799,0.000165351,0.3058,0.299639,false,false,false,"ukb-d-J32",null,0.271353,0.000150326,"Diagnoses - main ICD10: J32 Chronic sinusitis || id:ukb-d-J32",true,"igd","enigma3-withglobal-cuneus-surfavg",3,55365293,0.008571288,{"v":5.81e-8,"d":"5.81E-08"},32032,"wSA_Mean_cuneus_surfavg || id:enigma3-withglobal-cuneus-surfavg",true,"reported","MedicineITLab",2,true,0.000917906,32032,true,{"v":1.04e-6,"d":"1.04E-06"},null,0.000917906,29.42754023,25.26983511,29.42754023]
["rs10765918","A","G","A","G",0.060020415,0.019,0.7309,0.73,false,false,false,"ukb-saige-471",null,0.49,0.028,"Nasal polyps || id:ukb-saige-471",true,"MedicineITLab","enigma3-withglobal-cuneus-surfavg",11,12071855,0.009465864,{"v":2.29e-10,"d":"2.29E-10"},28333,"wSA_Mean_cuneus_surfavg || id:enigma3-withglobal-cuneus-surfavg",true,"reported","MedicineITLab",2,true,0.001417097,28333,true,{"v":2.74e-9,"d":"2.74E-09"},null,0.001417097,40.20475518,25.26983511,40.20475518]
["rs10846487","A","G","A","G",-0.042774679,0.011,0.2303,0.21,false,false,false,"ukb-saige-471",null,0.72,0.031,"Nasal polyps || id:ukb-saige-471",true,"MedicineITLab","enigma3-withglobal-cuneus-surfavg",12,123726134,0.009463087,{"v":6.17e-6,"d":"6.17E-06"},31480,"wSA_Mean_cuneus_surfavg || id:enigma3-withglobal-cuneus-surfavg",true,"reported","MedicineITLab",2,true,0.000648663,31480,true,{"v":2.12e-5,"d":"2.12E-05"},null,0.000648663,20.43185809,25.26983511,20.43185809]
["rs10941099","C","G","C","G",0.051054315,-0.0027,0.8284,0.83,false,true,false,"ukb-saige-471",null,0.94,0.034,"Nasal polyps || id:ukb-saige-471",true,"MedicineITLab","enigma3-withglobal-cuneus-surfavg",5,33816922,0.01047531,{"v":1.09e-6,"d":"1.09E-06"},32032,"wSA_Mean_cuneus_surfavg || id:enigma3-withglobal-cuneus-surfavg",true,"reported","MedicineITLab",2,true,0.000741058,32032,true,{"v":3.1e-6,"d":"3.10E-06"},null,0.000741058,23.75369512,25.26983511,23.75369512]
["rs111269833","A","G","A","G",-0.101242375,0.0052,0.9681,0.971,false,false,false,"ukb-saige-471",null,0.94,0.076,"Nasal polyps || id:ukb-saige-471",true,"MedicineITLab","enigma3-withglobal-cuneus-surfavg",2,158838196,0.022818834,{"v":9.13e-6,"d":"9.13E-06"},31076,"wSA_Mean_cuneus_surfavg || id:enigma3-withglobal-cuneus-surfavg",true,"reported","MedicineITLab",2,true,0.00063309,31076,true,{"v":2.12e-5,"d":"2.12E-05"},null,0.00063309,19.68510518,25.26983511,19.68510518]
["rs11149178","A","G","A","G",-0.038832442,0.0063,0.3557,0.35,false,false,false,"ukb-saige-471",null,0.81,0.026,"Nasal polyps || id:ukb-saige-471",true,"MedicineITLab","enigma3-withglobal-cuneus-surfavg",13,81357671,0.008250312,{"v":2.52e-6,"d":"2.52E-06"},32032,"wSA_Mean_cuneus_surfavg || id:enigma3-withglobal-cuneus-surfavg",true,"reported","MedicineITLab",2,true,0.00069118,32032,true,{"v":8.23e-6,"d":"8.23E-06"},null,0.00069118,22.15381999,25.26983511,22.15381999]
["rs112484789","T","C","T","C",0.066088787,0.021,0.135,0.15,false,false,false,"ukb-saige-471",null,0.57,0.036,"Nasal polyps || id:ukb-saige-471",true,"MedicineITLab","enigma3-withglobal-cuneus-surfavg",14,103919097,0.012616487,{"v":1.62e-7,"d":"1.62E-07"},26874,"wSA_Mean_cuneus_surfavg || id:enigma3-withglobal-cuneus-surfavg",true,"reported","MedicineITLab",2,true,0.001020083,26874,true,{"v":8.67e-7,"d":"8.67E-07"},null,0.001020083,27.43965616,25.26983511,27.43965616]
["rs115136616","T","C","T","C",0.098181326,-0.0079,0.0473,0.049,false,false,false,"ukb-saige-471",null,0.89,0.058,"Nasal polyps || id:ukb-saige-471",true,"MedicineITLab","enigma3-withglobal-cuneus-surfavg",5,93021116,0.018604121,{"v":1.31e-7,"d":"1.31E-07"},32032,"wSA_Mean_cuneus_surfavg || id:enigma3-withglobal-cuneus-surfavg",true,"reported","MedicineITLab",2,true,0.000868771,32032,true,{"v":4.74e-7,"d":"4.74E-07"},null,0.000868771,27.85091668,25.26983511,27.85091668]
["rs116192056","A","G","A","G",0.182030122,-0.12,0.989,0.989,false,false,false,"ukb-saige-471",null,0.34,0.12,"Nasal polyps || id:ukb-saige-471",true,"MedicineITLab","enigma3-withglobal-cuneus-surfavg",4,88662429,0.040725327,{"v":7.83e-6,"d":"7.83E-06"},27693,"wSA_Mean_cuneus_surfavg || id:enigma3-withglobal-cuneus-surfavg",true,"reported","MedicineITLab",2,true,0.000720951,27693,true,{"v":4.84e-5,"d":"4.84E-05"},null,0.000720951,19.97824573,25.26983511,19.97824573]
["rs116483964","A","G","A","G",-0.039955412,-0.021,0.3196,0.33,false,false,false,"ukb-saige-471",null,0.43,0.027,"Nasal polyps || id:ukb-saige-471",true,"MedicineITLab","enigma3-withglobal-cuneus-surfavg",3,37102696,0.008469742,{"v":2.39e-6,"d":"2.39E-06"},32032,"wSA_Mean_cuneus_surfavg || id:enigma3-withglobal-cuneus-surfavg",true,"reported","MedicineITLab",2,true,0.000694308,32032,true,{"v":1.54e-5,"d":"1.54E-05"},null,0.000694308,22.25414315,25.26983511,22.25414315]
["rs11652557","A","G","A","G",-0.095903518,0.014,0.0713,0.069,false,false,false,"ukb-saige-471",null,0.78,0.05,"Nasal polyps || id:ukb-saige-471",true,"MedicineITLab","enigma3-withglobal-cuneus-surfavg",17,63912574,0.015255454,{"v":3.25e-10,"d":"3.25E-10"},32408,"wSA_Mean_cuneus_surfavg || id:enigma3-withglobal-cuneus-surfavg",true,"reported","MedicineITLab",2,true,0.001218047,32408,true,{"v":2.46e-9,"d":"2.46E-09"},null,0.001218047,39.52016875,25.26983511,39.52016875]
["rs12536836","T","C","T","C",0.048869645,0.009,0.4003,0.38,false,false,false,"ukb-saige-471",null,0.73,0.026,"Nasal polyps || id:ukb-saige-471",true,"MedicineITLab","enigma3-withglobal-cuneus-surfavg",7,18881075,0.008059305,{"v":1.33e-9,"d":"1.33E-09"},32032,"wSA_Mean_cuneus_surfavg || id:enigma3-withglobal-cuneus-surfavg",true,"reported","MedicineITLab",2,true,0.001146642,32032,true,{"v":9.76e-9,"d":"9.76E-09"},null,0.001146642,36.76911776,25.26983511,36.76911776]
["rs13009394","T","C","T","C",0.053987539,-0.03,0.8576,0.86,false,false,false,"ukb-saige-471",null,0.4,0.036,"Nasal polyps || id:ukb-saige-471",true,"MedicineITLab","enigma3-withglobal-cuneus-surfavg",2,239855860,0.011868131,{"v":5.39e-6,"d":"5.39E-06"},29049,"wSA_Mean_cuneus_surfavg || id:enigma3-withglobal-cuneus-surfavg",true,"reported","MedicineITLab",2,true,0.000711888,29049,true,{"v":3.04e-5,"d":"3.04E-05"},null,0.000711888,20.69294862,25.26983511,20.69294862]
["rs13448","T","C","T","C",0.042225831,0.014,0.7308,0.73,false,false,false,"ukb-saige-471",null,0.62,0.028,"Nasal polyps || id:ukb-saige-471",true,"MedicineITLab","enigma3-withglobal-cuneus-surfavg",11,46695414,0.00890466,{"v":2.12e-6,"d":"2.12E-06"},32032,"wSA_Mean_cuneus_surfavg || id:enigma3-withglobal-cuneus-surfavg",true,"reported","MedicineITLab",2,true,0.000701552,32032,true,{"v":9.77e-6,"d":"9.77E-06"},null,0.000701552,22.48649261,25.26983511,22.48649261]
["rs144412271","T","C","T","C",0.11042326,-0.062,0.9743,0.976,false,false,false,"ukb-saige-471",null,0.45,0.082,"Nasal polyps || id:ukb-saige-471",true,"MedicineITLab","enigma3-withglobal-cuneus-surfavg",1,42894245,0.024960943,{"v":9.7e-6,"d":"9.70E-06"},32032,"wSA_Mean_cuneus_surfavg || id:enigma3-withglobal-cuneus-surfavg",true,"reported","MedicineITLab",2,true,0.000610628,32032,true,{"v":5.21e-5,"d":"5.21E-05"},null,0.000610628,19.57037585,25.26983511,19.57037585]
["rs1468323","A","T","A","T",0.039711707,0.017,0.6475,0.64,false,true,false,"ukb-saige-471",null,0.52,0.026,"Nasal polyps || id:ukb-saige-471",true,"MedicineITLab","enigma3-withglobal-cuneus-surfavg",20,52441183,0.008287519,{"v":1.65e-6,"d":"1.65E-06"},31874,"wSA_Mean_cuneus_surfavg || id:enigma3-withglobal-cuneus-surfavg",true,"reported","MedicineITLab",2,true,0.00071989,31874,true,{"v":9.46e-6,"d":"9.46E-06"},null,0.00071989,22.96085542,25.26983511,22.96085542]
["rs151130796","A","G","A","G",-0.199444436,-0.055,0.0099,0.0077,false,false,false,"ukb-saige-471",null,0.7,0.14,"Nasal polyps || id:ukb-saige-471",true,"MedicineITLab","enigma3-withglobal-cuneus-surfavg",14,60704107,0.043526938,{"v":4.6e-6,"d":"4.60E-06"},26905,"wSA_Mean_cuneus_surfavg || id:enigma3-withglobal-cuneus-surfavg",true,"reported","MedicineITLab",2,true,0.000779809,26905,true,{"v":1.47e-5,"d":"1.47E-05"},null,0.000779809,20.99556723,25.26983511,20.99556723]
["rs16829649","A","G","A","G",0.066117712,0.012,0.8884,0.89,false,false,false,"ukb-saige-471",null,0.77,0.04,"Nasal polyps || id:ukb-saige-471",true,"MedicineITLab","enigma3-withglobal-cuneus-surfavg",3,118995379,0.012542435,{"v":1.35e-7,"d":"1.35E-07"},32032,"wSA_Mean_cuneus_surfavg || id:enigma3-withglobal-cuneus-surfavg",true,"reported","MedicineITLab",2,true,0.000866839,32032,true,{"v":6.16e-7,"d":"6.16E-07"},null,0.000866839,27.78893741,25.26983511,27.78893741]
["rs17707224","C","G","C","G",-0.039621056,0.031,0.3251,0.31,false,true,false,"ukb-saige-471",null,0.25,0.027,"Nasal polyps || id:ukb-saige-471",true,"MedicineITLab","enigma3-withglobal-cuneus-surfavg",7,42024178,0.008431963,{"v":2.62e-6,"d":"2.62E-06"},32032,"wSA_Mean_cuneus_surfavg || id:enigma3-withglobal-cuneus-surfavg",true,"reported","MedicineITLab",2,true,0.000688872,32032,true,{"v":2.64e-5,"d":"2.64E-05"},null,0.000688872,22.07977794,25.26983511,22.07977794]
["rs1951694","A","G","A","G",0.037458875,0.022,0.3316,0.33,false,false,false,"ukb-saige-471",null,0.42,0.027,"Nasal polyps || id:ukb-saige-471",true,"MedicineITLab","enigma3-withglobal-cuneus-surfavg",6,54467267,0.008389691,{"v":8.01e-6,"d":"8.01E-06"},32032,"wSA_Mean_cuneus_surfavg || id:enigma3-withglobal-cuneus-surfavg",true,"reported","MedicineITLab",2,true,0.000622,32032,true,{"v":4.71e-5,"d":"4.71E-05"},null,0.000622,19.93506124,25.26983511,19.93506124]
["rs2004689","A","G","A","G",-0.037501884,-0.026,0.6743,0.67,false,false,false,"ukb-saige-471",null,0.33,0.027,"Nasal polyps || id:ukb-saige-471",true,"MedicineITLab","enigma3-withglobal-cuneus-surfavg",18,8807992,0.00842824,{"v":8.61e-6,"d":"8.61E-06"},32032,"wSA_Mean_cuneus_surfavg || id:enigma3-withglobal-cuneus-surfavg",true,"reported","MedicineITLab",2,true,0.000617742,32032,true,{"v":5.97e-5,"d":"5.97E-05"},null,0.000617742,19.79850428,25.26983511,19.79850428]
["rs2155645","T","C","T","C",-0.044871957,0.038,0.2627,0.25,false,false,false,"ukb-saige-471",null,0.18,0.029,"Nasal polyps || id:ukb-saige-471",true,"MedicineITLab","enigma3-withglobal-cuneus-surfavg",11,112912947,0.008973977,{"v":5.73e-7,"d":"5.73E-07"},32032,"wSA_Mean_cuneus_surfavg || id:enigma3-withglobal-cuneus-surfavg",true,"reported","MedicineITLab",2,true,0.000779982,32032,true,{"v":8.67e-6,"d":"8.67E-06"},null,0.000779982,25.00230952,25.26983511,25.00230952]
["rs2440590","A","G","A","G",-0.068289127,0.024,0.9195,0.914,false,false,false,"ukb-saige-471",null,0.59,0.044,"Nasal polyps || id:ukb-saige-471",true,"MedicineITLab","enigma3-withglobal-cuneus-surfavg",9,94179857,0.014517197,{"v":2.55e-6,"d":"2.55E-06"},32032,"wSA_Mean_cuneus_surfavg || id:enigma3-withglobal-cuneus-surfavg",true,"reported","MedicineITLab",2,true,0.000690368,32032,true,{"v":1.22e-5,"d":"1.22E-05"},null,0.000690368,22.12776766,25.26983511,22.12776766]
["rs244432","A","G","A","G",0.058565179,-0.059,0.8923,0.904,false,false,false,"ukb-saige-471",null,0.16,0.042,"Nasal polyps || id:ukb-saige-471",true,"MedicineITLab","enigma3-withglobal-cuneus-surfavg",5,110104037,0.012704459,{"v":4.03e-6,"d":"4.03E-06"},32216,"wSA_Mean_cuneus_surfavg || id:enigma3-withglobal-cuneus-surfavg",true,"reported","MedicineITLab",2,true,0.000659228,32216,true,{"v":5.24e-5,"d":"5.24E-05"},null,0.000659228,21.25037439,25.26983511,21.25037439]
["rs2783130","A","G","A","G",-0.035320917,0.047,0.5234,0.52,false,false,false,"ukb-saige-471",null,0.058,0.025,"Nasal polyps || id:ukb-saige-471",true,"MedicineITLab","enigma3-withglobal-cuneus-surfavg",13,80170160,0.007908197,{"v":7.96e-6,"d":"7.96E-06"},32032,"wSA_Mean_cuneus_surfavg || id:enigma3-withglobal-cuneus-surfavg",true,"reported","MedicineITLab",2,true,0.000622417,32032,true,0.000157744,null,0.000622417,19.94844407,25.26983511,19.94844407]
["rs35225200","A","C","A","C",-0.064965178,0.045,0.9192,0.918,false,false,false,"ukb-saige-471",null,0.33,0.046,"Nasal polyps || id:ukb-saige-471",true,"MedicineITLab","enigma3-withglobal-cuneus-surfavg",4,103146888,0.014493046,{"v":7.38e-6,"d":"7.38E-06"},32032,"wSA_Mean_cuneus_surfavg || id:enigma3-withglobal-cuneus-surfavg",true,"reported","MedicineITLab",2,true,0.000626921,32032,true,{"v":5.31e-5,"d":"5.31E-05"},null,0.000626921,20.0928681,25.26983511,20.0928681]
["rs35575289","T","C","T","C",-0.057250437,0.033,0.8778,0.88,false,false,false,"ukb-saige-471",null,0.4,0.039,"Nasal polyps || id:ukb-saige-471",true,"MedicineITLab","enigma3-withglobal-cuneus-surfavg",5,107308489,0.012059253,{"v":2.06e-6,"d":"2.06E-06"},32032,"wSA_Mean_cuneus_surfavg || id:enigma3-withglobal-cuneus-surfavg",true,"reported","MedicineITLab",2,true,0.00070316,32032,true,{"v":1.47e-5,"d":"1.47E-05"},null,0.00070316,22.53807496,25.26983511,22.53807496]
["rs4668527","T","C","T","C",-0.036182144,-0.0055,0.3938,0.39,false,false,false,"ukb-saige-471",null,0.83,0.026,"Nasal polyps || id:ukb-saige-471",true,"MedicineITLab","enigma3-withglobal-cuneus-surfavg",2,7358774,0.008083975,{"v":7.62e-6,"d":"7.62E-06"},32032,"wSA_Mean_cuneus_surfavg || id:enigma3-withglobal-cuneus-surfavg",true,"reported","MedicineITLab",2,true,0.000625043,32032,true,{"v":2.18e-5,"d":"2.18E-05"},null,0.000625043,20.03266395,25.26983511,20.03266395]
["rs4843552","A","G","A","G",-0.037066562,0.031,0.572,0.58,false,false,false,"ukb-saige-471",null,0.22,0.025,"Nasal polyps || id:ukb-saige-471",true,"MedicineITLab","enigma3-withglobal-cuneus-surfavg",16,87233516,0.008006562,{"v":3.66e-6,"d":"3.66E-06"},31840,"wSA_Mean_cuneus_surfavg || id:enigma3-withglobal-cuneus-surfavg",true,"reported","MedicineITLab",2,true,0.00067272,31840,true,{"v":3.91e-5,"d":"3.91E-05"},null,0.00067272,21.43248022,25.26983511,21.43248022]
["rs4895120","T","C","T","C",-0.054943139,-0.033,0.5161,0.51,false,false,false,"ukb-saige-471",null,0.18,0.025,"Nasal polyps || id:ukb-saige-471",true,"MedicineITLab","enigma3-withglobal-cuneus-surfavg",3,104647183,0.007944902,{"v":4.67e-12,"d":"4.67E-12"},31672,"wSA_Mean_cuneus_surfavg || id:enigma3-withglobal-cuneus-surfavg",true,"reported","MedicineITLab",2,true,0.001507809,31672,true,{"v":3.16e-10,"d":"3.16E-10"},null,0.001507809,47.82443026,25.26983511,47.82443026]
["rs56075776","A","G","A","G",-0.037064221,-0.033,0.3944,0.38,false,false,false,"ukb-saige-471",null,0.2,0.026,"Nasal polyps || id:ukb-saige-471",true,"MedicineITLab","enigma3-withglobal-cuneus-surfavg",1,18986508,0.008081698,{"v":4.51e-6,"d":"4.51E-06"},32032,"wSA_Mean_cuneus_surfavg || id:enigma3-withglobal-cuneus-surfavg",true,"reported","MedicineITLab",2,true,0.00065624,32032,true,{"v":4.88e-5,"d":"4.88E-05"},null,0.00065624,21.03316104,25.26983511,21.03316104]
["rs6009630","T","C","T","C",0.041443722,0.033,0.3073,0.31,false,false,false,"ukb-saige-471",null,0.23,0.027,"Nasal polyps || id:ukb-saige-471",true,"MedicineITLab","enigma3-withglobal-cuneus-surfavg",22,49741437,0.008560395,{"v":1.29e-6,"d":"1.29E-06"},32032,"wSA_Mean_cuneus_surfavg || id:enigma3-withglobal-cuneus-surfavg",true,"reported","MedicineITLab",2,true,0.000731232,32032,true,{"v":1.56e-5,"d":"1.56E-05"},null,0.000731232,23.43850332,25.26983511,23.43850332]
["rs6747649","A","C","A","C",0.038419969,-0.025,0.2939,0.3,false,false,false,"ukb-saige-471",null,0.35,0.027,"Nasal polyps || id:ukb-saige-471",true,"MedicineITLab","enigma3-withglobal-cuneus-surfavg",2,55651140,0.008670428,{"v":9.37e-6,"d":"9.37E-06"},32032,"wSA_Mean_cuneus_surfavg || id:enigma3-withglobal-cuneus-surfavg",true,"reported","MedicineITLab",2,true,0.000612646,32032,true,{"v":6.16e-5,"d":"6.16E-05"},null,0.000612646,19.63509029,25.26983511,19.63509029]
["rs71427711","A","G","A","G",-0.060864139,-0.036,0.8395,0.83,false,false,false,"ukb-saige-471",null,0.28,0.034,"Nasal polyps || id:ukb-saige-471",true,"MedicineITLab","enigma3-withglobal-cuneus-surfavg",2,204517033,0.010993835,{"v":3.09e-8,"d":"3.09E-08"},30674,"wSA_Mean_cuneus_surfavg || id:enigma3-withglobal-cuneus-surfavg",true,"reported","MedicineITLab",2,true,0.000998272,30674,true,{"v":4.5e-7,"d":"4.50E-07"},null,0.000998272,30.64958219,25.26983511,30.64958219]
["rs7177857","A","G","A","G",0.041607275,0.014,0.7119,0.71,false,false,false,"ukb-saige-471",null,0.61,0.028,"Nasal polyps || id:ukb-saige-471",true,"MedicineITLab","enigma3-withglobal-cuneus-surfavg",15,40015063,0.008721098,{"v":1.84e-6,"d":"1.84E-06"},32032,"wSA_Mean_cuneus_surfavg || id:enigma3-withglobal-cuneus-surfavg",true,"reported","MedicineITLab",2,true,0.000710118,32032,true,{"v":8.59e-6,"d":"8.59E-06"},null,0.000710118,22.76125708,25.26983511,22.76125708]
["rs73092904","T","C","T","C",-0.050764756,0.025,0.1969,0.19,false,false,false,"ukb-saige-471",null,0.43,0.032,"Nasal polyps || id:ukb-saige-471",true,"MedicineITLab","enigma3-withglobal-cuneus-surfavg",1,228239301,0.00994829,{"v":3.34e-7,"d":"3.34E-07"},31925,"wSA_Mean_cuneus_surfavg || id:enigma3-withglobal-cuneus-surfavg",true,"reported","MedicineITLab",2,true,0.000815023,31925,true,{"v":2.69e-6,"d":"2.69E-06"},null,0.000815023,26.03920627,25.26983511,26.03920627]
["rs73189423","C","G","C","G",0.107480825,0.039,0.039,0.037,false,true,false,"ukb-saige-471",null,0.56,0.068,"Nasal polyps || id:ukb-saige-471",true,"MedicineITLab","enigma3-withglobal-cuneus-surfavg",4,2749075,0.024149202,{"v":8.56e-6,"d":"8.56E-06"},22858,"wSA_Mean_cuneus_surfavg || id:enigma3-withglobal-cuneus-surfavg",true,"reported","MedicineITLab",2,true,0.000865924,22858,true,{"v":2.77e-5,"d":"2.77E-05"},null,0.000865924,19.80872057,25.26983511,19.80872057]
["rs73313052","A","G","A","G",-0.097890199,-0.027,0.1266,0.12,false,false,false,"ukb-saige-471",null,0.47,0.038,"Nasal polyps || id:ukb-saige-471",true,"MedicineITLab","enigma3-withglobal-cuneus-surfavg",14,59625997,0.011869227,{"v":1.62e-16,"d":"1.62E-16"},32032,"wSA_Mean_cuneus_surfavg || id:enigma3-withglobal-cuneus-surfavg",true,"reported","MedicineITLab",2,true,0.002119119,32032,true,{"v":1.05e-14,"d":"1.05E-14"},null,0.002119119,68.01951814,25.26983511,68.01951814]
["rs7502836","A","T","A","T",-0.038132208,0.013,0.3768,0.37,false,true,false,"ukb-saige-471",null,0.63,0.026,"Nasal polyps || id:ukb-saige-471",true,"MedicineITLab","enigma3-withglobal-cuneus-surfavg",17,7204078,0.008223442,{"v":3.54e-6,"d":"3.54E-06"},31467,"wSA_Mean_cuneus_surfavg || id:enigma3-withglobal-cuneus-surfavg",true,"reported","MedicineITLab",2,true,0.000682892,31467,true,{"v":1.52e-5,"d":"1.52E-05"},null,0.000682892,21.50189133,25.26983511,21.50189133]
["rs76321369","A","G","A","G",0.108657611,-0.013,0.033,0.038,false,false,false,"ukb-saige-471",null,0.84,0.066,"Nasal polyps || id:ukb-saige-471",true,"MedicineITLab","enigma3-withglobal-cuneus-surfavg",10,3450521,0.022472027,{"v":1.33e-6,"d":"1.33E-06"},31006,"wSA_Mean_cuneus_surfavg || id:enigma3-withglobal-cuneus-surfavg",true,"reported","MedicineITLab",2,true,0.000753513,31006,true,{"v":4.2e-6,"d":"4.20E-06"},null,0.000753513,23.37953208,25.26983511,23.37953208]
["rs76470478","T","C","T","C",-0.121021303,0.019,0.0409,0.04,false,false,false,"ukb-saige-471",null,0.77,0.065,"Nasal polyps || id:ukb-saige-471",true,"MedicineITLab","enigma3-withglobal-cuneus-surfavg",6,126613946,0.020527235,{"v":3.73e-9,"d":"3.73E-09"},30217,"wSA_Mean_cuneus_surfavg || id:enigma3-withglobal-cuneus-surfavg",true,"reported","MedicineITLab",2,true,0.001149055,30217,true,{"v":2.12e-8,"d":"2.12E-08"},null,0.001149055,34.75863867,25.26983511,34.75863867]
["rs9834227","A","G","A","G",-0.046496799,-0.017,0.3058,0.3,false,false,false,"ukb-saige-471",null,0.54,0.027,"Nasal polyps || id:ukb-saige-471",true,"MedicineITLab","enigma3-withglobal-cuneus-surfavg",3,55365293,0.008571288,{"v":5.81e-8,"d":"5.81E-08"},32032,"wSA_Mean_cuneus_surfavg || id:enigma3-withglobal-cuneus-surfavg",true,"reported","MedicineITLab",2,true,0.000917906,32032,true,{"v":4.59e-7,"d":"4.59E-07"},null,0.000917906,29.42754023,25.26983511,29.42754023]
["rs10508126","T","C","T","C",-0.053477925,0.012783911,0.1331,0.128664333,false,false,false,"ebi-eas-GCST90018603",null,0.689848928,0.032035052,"Chronic sinusitis || id:ebi-eas-GCST90018603",true,"MedicineITLab","enigma3-withglobal-cuneus-thickavg",13,104622142,0.011667911,{"v":5.97e-6,"d":"5.97E-06"},31811,"wTHICK_Mean_cuneus_thickavg || id:enigma3-withglobal-cuneus-thickavg",true,"reported","MedicineITLab",2,true,0.000659973,31811,true,{"v":5.95e-5,"d":"5.95E-05"},null,0.000659973,21.00694444,25.26983511,21.00694444]
["rs11086598","T","C","T","C",0.035231017,0.003544189,0.4983,0.622932274,false,false,false,"ebi-eas-GCST90018603",null,0.872437191,0.02207344,"Chronic sinusitis || id:ebi-eas-GCST90018603",true,"MedicineITLab","enigma3-withglobal-cuneus-thickavg",20,55743803,0.007926979,{"v":2.23e-6,"d":"2.23E-06"},31811,"wTHICK_Mean_cuneus_thickavg || id:enigma3-withglobal-cuneus-thickavg",true,"reported","MedicineITLab",2,true,0.000620605,31811,true,{"v":6.72e-5,"d":"6.72E-05"},null,0.000620605,19.75308642,25.26983511,19.75308642]
["rs12206069","A","G","A","G",0.053587689,-0.013160521,0.1508,0.329979349,false,false,false,"ebi-eas-GCST90018603",null,0.563179855,0.022764151,"Chronic sinusitis || id:ebi-eas-GCST90018603",true,"MedicineITLab","enigma3-withglobal-cuneus-thickavg",6,144014595,0.011121973,{"v":2.65e-6,"d":"2.65E-06"},31543,"wTHICK_Mean_cuneus_thickavg || id:enigma3-withglobal-cuneus-thickavg",true,"reported","MedicineITLab",2,true,0.000735481,31543,true,{"v":3.19e-5,"d":"3.19E-05"},null,0.000735481,23.21487603,25.26983511,23.21487603]
["rs12810533","A","G","A","G",0.045995918,-0.005638966,0.2687,0.441954306,false,false,false,"ebi-eas-GCST90018603",null,0.793040259,0.02149285,"Chronic sinusitis || id:ebi-eas-GCST90018603",true,"MedicineITLab","enigma3-withglobal-cuneus-thickavg",12,130862376,0.009018807,{"v":7.16e-7,"d":"7.16E-07"},31259,"wTHICK_Mean_cuneus_thickavg || id:enigma3-withglobal-cuneus-thickavg",true,"reported","MedicineITLab",2,true,0.000831442,31259,true,{"v":5.38e-6,"d":"5.38E-06"},null,0.000831442,26.01,25.26983511,26.01]
["rs17247310","T","C","T","C",-0.035679802,0.024314292,0.6049,0.711717575,false,false,false,"ebi-eas-GCST90018603",null,0.301188098,0.023517315,"Chronic sinusitis || id:ebi-eas-GCST90018603",true,"MedicineITLab","enigma3-withglobal-cuneus-thickavg",2,2222968,0.0082338,{"v":8.83e-6,"d":"8.83E-06"},30842,"wTHICK_Mean_cuneus_thickavg || id:enigma3-withglobal-cuneus-thickavg",true,"reported","MedicineITLab",2,true,0.000608507,30842,true,0.000397433,null,0.000608507,18.77777778,25.26983511,18.77777778]
["rs2372776","C","G","C","G",-0.051211105,-0.024537338,0.8483,0.897746679,false,true,false,"ebi-eas-GCST90018603",null,0.487547848,0.035345482,"Chronic sinusitis || id:ebi-eas-GCST90018603",true,"MedicineITLab","enigma3-withglobal-cuneus-thickavg",3,44585513,0.011045532,{"v":5.33e-6,"d":"5.33E-06"},31827,"wTHICK_Mean_cuneus_thickavg || id:enigma3-withglobal-cuneus-thickavg",true,"reported","MedicineITLab",2,true,0.000674984,31827,true,{"v":8.09e-5,"d":"8.09E-05"},null,0.000674984,21.49586777,25.26983511,21.49586777]
["rs34163390","T","C","T","C",0.040936005,-0.024102029,0.347,0.352753328,false,false,false,"ebi-eas-GCST90018603",null,0.280804765,0.022347458,"Chronic sinusitis || id:ebi-eas-GCST90018603",true,"MedicineITLab","enigma3-withglobal-cuneus-thickavg",8,58624834,0.008373274,{"v":4.02e-7,"d":"4.02E-07"},31451,"wTHICK_Mean_cuneus_thickavg || id:enigma3-withglobal-cuneus-thickavg",true,"reported","MedicineITLab",2,true,0.000759423,31451,true,{"v":5.81e-5,"d":"5.81E-05"},null,0.000759423,23.90123457,25.26983511,23.90123457]
["rs67967684","T","C","T","C",0.085323299,0.136779168,0.9532,0.993687793,false,false,false,"ebi-eas-GCST90018603",null,0.326893553,0.139515032,"Chronic sinusitis || id:ebi-eas-GCST90018603",true,"MedicineITLab","enigma3-withglobal-cuneus-thickavg",22,32747253,0.01886094,{"v":4e-6,"d":"4.00E-06"},31489,"wTHICK_Mean_cuneus_thickavg || id:enigma3-withglobal-cuneus-thickavg",true,"reported","MedicineITLab",2,true,0.000649524,31489,true,0.000193788,null,0.000649524,20.46485261,25.26983511,20.46485261]
["rs923931","A","G","A","G",0.063966816,0.048217406,0.111,0.034446748,false,false,false,"ebi-eas-GCST90018603",null,0.413417102,0.058953046,"Chronic sinusitis || id:ebi-eas-GCST90018603",true,"MedicineITLab","enigma3-withglobal-cuneus-thickavg",3,194085047,0.013777468,{"v":6.7e-6,"d":"6.70E-06"},26674,"wTHICK_Mean_cuneus_thickavg || id:enigma3-withglobal-cuneus-thickavg",true,"reported","MedicineITLab",2,true,0.00080754,26674,true,{"v":6.9e-5,"d":"6.90E-05"},null,0.00080754,21.55612245,25.26983511,21.55612245]
["rs9511935","T","C","T","C",-0.047570373,-0.004685057,0.7887,0.940645341,false,false,false,"ebi-eas-GCST90018603",null,0.921726469,0.047680586,"Chronic sinusitis || id:ebi-eas-GCST90018603",true,"MedicineITLab","enigma3-withglobal-cuneus-thickavg",13,26411866,0.009708239,{"v":2.69e-6,"d":"2.69E-06"},31811,"wTHICK_Mean_cuneus_thickavg || id:enigma3-withglobal-cuneus-thickavg",true,"reported","MedicineITLab",2,true,0.000754248,31811,true,{"v":9.56e-6,"d":"9.56E-06"},null,0.000754248,24.01,25.26983511,24.01]
["rs10485804","A","G","A","G",0.040591861,{"v":-4.83e-5,"d":"-4.83E-05"},0.3918,0.39201,false,false,false,"ukb-b-69",null,0.77,0.000167769,"Non-cancer illness code, self-reported: chronic sinusitis || id:ukb-b-69",true,"igd","enigma3-withglobal-cuneus-thickavg",20,54805704,0.008824318,{"v":2.87e-6,"d":"2.87E-06"},26927,"wTHICK_Mean_cuneus_thickavg || id:enigma3-withglobal-cuneus-thickavg",true,"reported","MedicineITLab",2,true,0.00078527,26927,true,{"v":1.06e-5,"d":"1.06E-05"},null,0.00078527,21.16,25.26983511,21.16]
["rs10508126","T","C","T","C",-0.053477925,{"v":5.04e-6,"d":"5.04E-06"},0.1331,0.134019,false,false,false,"ukb-b-69",null,0.98,0.000241183,"Non-cancer illness code, self-reported: chronic sinusitis || id:ukb-b-69",true,"igd","enigma3-withglobal-cuneus-thickavg",13,104622142,0.011667911,{"v":5.97e-6,"d":"5.97E-06"},31811,"wTHICK_Mean_cuneus_thickavg || id:enigma3-withglobal-cuneus-thickavg",true,"reported","MedicineITLab",2,true,0.000659973,31811,true,{"v":9.52e-6,"d":"9.52E-06"},null,0.000659973,21.00694444,25.26983511,21.00694444]
["rs11086598","T","C","T","C",0.035231017,-0.000180574,0.4983,0.496163,false,false,false,"ukb-b-69",null,0.27,0.000163811,"Non-cancer illness code, self-reported: chronic sinusitis || id:ukb-b-69",true,"igd","enigma3-withglobal-cuneus-thickavg",20,55743803,0.007926979,{"v":2.23e-6,"d":"2.23E-06"},31811,"wTHICK_Mean_cuneus_thickavg || id:enigma3-withglobal-cuneus-thickavg",true,"reported","MedicineITLab",2,true,0.000620605,31811,true,{"v":5.84e-5,"d":"5.84E-05"},null,0.000620605,19.75308642,25.26983511,19.75308642]
["rs12206069","A","G","A","G",0.053587689,0.000124173,0.1508,0.148477,false,false,false,"ukb-b-69",null,0.59,0.000230817,"Non-cancer illness code, self-reported: chronic sinusitis || id:ukb-b-69",true,"igd","enigma3-withglobal-cuneus-thickavg",6,144014595,0.011121973,{"v":2.65e-6,"d":"2.65E-06"},31543,"wTHICK_Mean_cuneus_thickavg || id:enigma3-withglobal-cuneus-thickavg",true,"reported","MedicineITLab",2,true,0.000735481,31543,true,{"v":6.03e-6,"d":"6.03E-06"},null,0.000735481,23.21487603,25.26983511,23.21487603]
["rs12810533","A","G","A","G",0.045995918,{"v":-1.71e-5,"d":"-1.71E-05"},0.2687,0.262072,false,false,false,"ukb-b-69",null,0.93,0.000188835,"Non-cancer illness code, self-reported: chronic sinusitis || id:ukb-b-69",true,"igd","enigma3-withglobal-cuneus-thickavg",12,130862376,0.009018807,{"v":7.16e-7,"d":"7.16E-07"},31259,"wTHICK_Mean_cuneus_thickavg || id:enigma3-withglobal-cuneus-thickavg",true,"reported","MedicineITLab",2,true,0.000831442,31259,true,{"v":8.99e-7,"d":"8.99E-07"},null,0.000831442,26.01,25.26983511,26.01]
["rs17247310","T","C","T","C",-0.035679802,0.00019169,0.6049,0.595323,false,false,false,"ukb-b-69",null,0.26,0.000170593,"Non-cancer illness code, self-reported: chronic sinusitis || id:ukb-b-69",true,"igd","enigma3-withglobal-cuneus-thickavg",2,2222968,0.0082338,{"v":8.83e-6,"d":"8.83E-06"},30842,"wTHICK_Mean_cuneus_thickavg || id:enigma3-withglobal-cuneus-thickavg",true,"reported","MedicineITLab",2,true,0.000608507,30842,true,{"v":9.06e-5,"d":"9.06E-05"},null,0.000608507,18.77777778,25.26983511,18.77777778]
["rs2372776","C","G","C","G",-0.051211105,-0.000251477,0.8483,0.843402,false,true,false,"ukb-b-69",null,0.26,0.000225136,"Non-cancer illness code, self-reported: chronic sinusitis || id:ukb-b-69",true,"igd","enigma3-withglobal-cuneus-thickavg",3,44585513,0.011045532,{"v":5.33e-6,"d":"5.33E-06"},31827,"wTHICK_Mean_cuneus_thickavg || id:enigma3-withglobal-cuneus-thickavg",true,"reported","MedicineITLab",2,true,0.000674984,31827,true,{"v":2.66e-5,"d":"2.66E-05"},null,0.000674984,21.49586777,25.26983511,21.49586777]
["rs34163390","T","C","T","C",0.040936005,0.000209314,0.347,0.343054,false,false,false,"ukb-b-69",null,0.22,0.000172391,"Non-cancer illness code, self-reported: chronic sinusitis || id:ukb-b-69",true,"igd","enigma3-withglobal-cuneus-thickavg",8,58624834,0.008373274,{"v":4.02e-7,"d":"4.02E-07"},31451,"wTHICK_Mean_cuneus_thickavg || id:enigma3-withglobal-cuneus-thickavg",true,"reported","MedicineITLab",2,true,0.000759423,31451,true,{"v":9.69e-6,"d":"9.69E-06"},null,0.000759423,23.90123457,25.26983511,23.90123457]
["rs8005394","C","G","C","G",0.093793444,{"v":-9.85e-5,"d":"-9.85E-05"},0.8718,0.876432,false,true,false,"ukb-b-69",null,0.69,0.000249647,"Non-cancer illness code, self-reported: chronic sinusitis || id:ukb-b-69",true,"igd","enigma3-withglobal-cuneus-thickavg",14,59619564,0.011847593,{"v":1.54e-14,"d":"1.54E-14"},31811,"wTHICK_Mean_cuneus_thickavg || id:enigma3-withglobal-cuneus-thickavg",true,"reported","MedicineITLab",2,true,0.001966436,31811,true,{"v":4.18e-14,"d":"4.18E-14"},null,0.001966436,62.67361111,25.26983511,62.67361111]
["rs9511935","T","C","T","C",-0.047570373,{"v":5.94e-5,"d":"5.94E-05"},0.7887,0.784594,false,false,false,"ukb-b-69",null,0.77,0.000199977,"Non-cancer illness code, self-reported: chronic sinusitis || id:ukb-b-69",true,"igd","enigma3-withglobal-cuneus-thickavg",13,26411866,0.009708239,{"v":2.69e-6,"d":"2.69E-06"},31811,"wTHICK_Mean_cuneus_thickavg || id:enigma3-withglobal-cuneus-thickavg",true,"reported","MedicineITLab",2,true,0.000754248,31811,true,{"v":3.1e-6,"d":"3.10E-06"},null,0.000754248,24.01,25.26983511,24.01]
["rs10485804","A","G","A","G",0.040591861,{"v":-2.75e-5,"d":"-2.75E-05"},0.3918,0.390063,false,false,false,"ukb-d-J32",null,0.845431,0.000141086,"Diagnoses - main ICD10: J32 Chronic sinusitis || id:ukb-d-J32",true,"igd","enigma3-withglobal-cuneus-thickavg",20,54805704,0.008824318,{"v":2.87e-6,"d":"2.87E-06"},26927,"wTHICK_Mean_cuneus_thickavg || id:enigma3-withglobal-cuneus-thickavg",true,"reported","MedicineITLab",2,true,0.00078527,26927,true,{"v":1.16e-5,"d":"1.16E-05"},null,0.00078527,21.16,25.26983511,21.16]
["rs10508126","T","C","T","C",-0.053477925,0.000451086,0.1331,0.133974,false,false,false,"ukb-d-J32",null,0.0259573,0.000202566,"Diagnoses - main ICD10: J32 Chronic sinusitis || id:ukb-d-J32",true,"igd","enigma3-withglobal-cuneus-thickavg",13,104622142,0.011667911,{"v":5.97e-6,"d":"5.97E-06"},31811,"wTHICK_Mean_cuneus_thickavg || id:enigma3-withglobal-cuneus-thickavg",true,"reported","MedicineITLab",2,true,0.000659973,31811,true,0.000170006,null,0.000659973,21.00694444,25.26983511,21.00694444]
["rs11086598","T","C","T","C",0.035231017,0.000183959,0.4983,0.498151,false,false,false,"ukb-d-J32",null,0.181595,0.000137708,"Diagnoses - main ICD10: J32 Chronic sinusitis || id:ukb-d-J32",true,"igd","enigma3-withglobal-cuneus-thickavg",20,55743803,0.007926979,{"v":2.23e-6,"d":"2.23E-06"},31811,"wTHICK_Mean_cuneus_thickavg || id:enigma3-withglobal-cuneus-thickavg",true,"reported","MedicineITLab",2,true,0.000620605,31811,true,0.000104354,null,0.000620605,19.75308642,25.26983511,19.75308642]
["rs117666139","T","C","T","C",0.136792837,0.0003731,0.0263,0.0237864,false,false,false,"ukb-d-J32",null,0.408266,0.000451176,"Diagnoses - main ICD10: J32 Chronic sinusitis || id:ukb-d-J32",true,"igd","enigma3-withglobal-cuneus-thickavg",20,16636212,0.030201016,{"v":8.09e-6,"d":"8.09E-06"},21388,"wTHICK_Mean_cuneus_thickavg || id:enigma3-withglobal-cuneus-thickavg",true,"reported","MedicineITLab",2,true,0.00095838,21388,true,{"v":2.61e-5,"d":"2.61E-05"},null,0.00095838,20.51557093,25.26983511,20.51557093]
["rs117923045","T","G","T","G",0.233510025,0.000429575,0.0109,0.0121849,false,false,false,"ukb-d-J32",null,0.49686,0.000632249,"Diagnoses - main ICD10: J32 Chronic sinusitis || id:ukb-d-J32",true,"igd","enigma3-withglobal-cuneus-thickavg",8,24918490,0.043671722,{"v":7.69e-8,"d":"7.69E-08"},24290,"wTHICK_Mean_cuneus_thickavg || id:enigma3-withglobal-cuneus-thickavg",true,"reported","MedicineITLab",2,true,0.00117573,24290,true,{"v":5.61e-7,"d":"5.61E-07"},null,0.00117573,28.58975427,25.26983511,28.58975427]
["rs12206069","A","G","A","G",0.053587689,{"v":5.24e-5,"d":"5.24E-05"},0.1508,0.148514,false,false,false,"ukb-d-J32",null,0.786977,0.000193829,"Diagnoses - main ICD10: J32 Chronic sinusitis || id:ukb-d-J32",true,"igd","enigma3-withglobal-cuneus-thickavg",6,144014595,0.011121973,{"v":2.65e-6,"d":"2.65E-06"},31543,"wTHICK_Mean_cuneus_thickavg || id:enigma3-withglobal-cuneus-thickavg",true,"reported","MedicineITLab",2,true,0.000735481,31543,true,{"v":5.53e-6,"d":"5.53E-06"},null,0.000735481,23.21487603,25.26983511,23.21487603]
["rs12810533","A","G","A","G",0.045995918,{"v":-3.92e-5,"d":"-3.92E-05"},0.2687,0.260847,false,false,false,"ukb-d-J32",null,0.805081,0.000158842,"Diagnoses - main ICD10: J32 Chronic sinusitis || id:ukb-d-J32",true,"igd","enigma3-withglobal-cuneus-thickavg",12,130862376,0.009018807,{"v":7.16e-7,"d":"7.16E-07"},31259,"wTHICK_Mean_cuneus_thickavg || id:enigma3-withglobal-cuneus-thickavg",true,"reported","MedicineITLab",2,true,0.000831442,31259,true,{"v":1.42e-6,"d":"1.42E-06"},null,0.000831442,26.01,25.26983511,26.01]
["rs13107325","T","C","T","C",-0.090323665,0.000357278,0.0702,0.0748227,false,false,false,"ukb-d-J32",null,0.172347,0.000261799,"Diagnoses - main ICD10: J32 Chronic sinusitis || id:ukb-d-J32",true,"igd","enigma3-withglobal-cuneus-thickavg",4,103188709,0.015510124,{"v":6.25e-9,"d":"6.25E-09"},31811,"wTHICK_Mean_cuneus_thickavg || id:enigma3-withglobal-cuneus-thickavg",true,"reported","MedicineITLab",2,true,0.001065025,31811,true,{"v":2.06e-7,"d":"2.06E-07"},null,0.001065025,33.91349481,25.26983511,33.91349481]
["rs144129284","T","C","T","C",-0.08024574,{"v":-8.46e-5,"d":"-8.46E-05"},0.0497,0.0493538,false,false,false,"ukb-d-J32",null,0.791795,0.000320606,"Diagnoses - main ICD10: J32 Chronic sinusitis || id:ukb-d-J32",true,"igd","enigma3-withglobal-cuneus-thickavg",1,55839484,0.018237668,{"v":7.97e-6,"d":"7.97E-06"},31811,"wTHICK_Mean_cuneus_thickavg || id:enigma3-withglobal-cuneus-thickavg",true,"reported","MedicineITLab",2,true,0.000608263,31811,true,{"v":3.43e-5,"d":"3.43E-05"},null,0.000608263,19.36,25.26983511,19.36]
["rs148030340","T","C","T","C",0.140628842,0.000620518,0.9836,0.9815132,false,false,false,"ukb-d-J32",null,0.235247,0.000522782,"Diagnoses - main ICD10: J32 Chronic sinusitis || id:ukb-d-J32",true,"igd","enigma3-withglobal-cuneus-thickavg",7,114807667,0.031350379,{"v":7.42e-6,"d":"7.42E-06"},31519,"wTHICK_Mean_cuneus_thickavg || id:enigma3-withglobal-cuneus-thickavg",true,"reported","MedicineITLab",2,true,0.00063803,31519,true,{"v":7.33e-5,"d":"7.33E-05"},null,0.00063803,20.12163265,25.26983511,20.12163265]
["rs17247310","T","C","T","C",-0.035679802,{"v":4.21e-5,"d":"4.21E-05"},0.6049,0.593046,false,false,false,"ukb-d-J32",null,0.768805,0.000143218,"Diagnoses - main ICD10: J32 Chronic sinusitis || id:ukb-d-J32",true,"igd","enigma3-withglobal-cuneus-thickavg",2,2222968,0.0082338,{"v":8.83e-6,"d":"8.83E-06"},30842,"wTHICK_Mean_cuneus_thickavg || id:enigma3-withglobal-cuneus-thickavg",true,"reported","MedicineITLab",2,true,0.000608507,30842,true,{"v":4.57e-5,"d":"4.57E-05"},null,0.000608507,18.77777778,25.26983511,18.77777778]
["rs184548348","A","G","A","G",0.09763917,{"v":6.74e-6,"d":"6.74E-06"},0.9596,0.9623877,false,false,false,"ukb-d-J32",null,0.985158,0.000362069,"Diagnoses - main ICD10: J32 Chronic sinusitis || id:ukb-d-J32",true,"igd","enigma3-withglobal-cuneus-thickavg",20,15393864,0.021697593,{"v":8.59e-6,"d":"8.59E-06"},27377,"wTHICK_Mean_cuneus_thickavg || id:enigma3-withglobal-cuneus-thickavg",true,"reported","MedicineITLab",2,true,0.000739179,27377,true,{"v":1.47e-5,"d":"1.47E-05"},null,0.000739179,20.25,25.26983511,20.25]
["rs2372776","C","G","C","G",-0.051211105,0.000103221,0.8483,0.841633,false,true,false,"ukb-d-J32",null,0.583686,0.000188357,"Diagnoses - main ICD10: J32 Chronic sinusitis || id:ukb-d-J32",true,"igd","enigma3-withglobal-cuneus-thickavg",3,44585513,0.011045532,{"v":5.33e-6,"d":"5.33E-06"},31827,"wTHICK_Mean_cuneus_thickavg || id:enigma3-withglobal-cuneus-thickavg",true,"reported","MedicineITLab",2,true,0.000674984,31827,true,{"v":1.8e-5,"d":"1.80E-05"},null,0.000674984,21.49586777,25.26983511,21.49586777]
["rs34163390","T","C","T","C",0.040936005,{"v":7.77e-5,"d":"7.77E-05"},0.347,0.343022,false,false,false,"ukb-d-J32",null,0.591628,0.000144799,"Diagnoses - main ICD10: J32 Chronic sinusitis || id:ukb-d-J32",true,"igd","enigma3-withglobal-cuneus-thickavg",8,58624834,0.008373274,{"v":4.02e-7,"d":"4.02E-07"},31451,"wTHICK_Mean_cuneus_thickavg || id:enigma3-withglobal-cuneus-thickavg",true,"reported","MedicineITLab",2,true,0.000759423,31451,true,{"v":5.72e-6,"d":"5.72E-06"},null,0.000759423,23.90123457,25.26983511,23.90123457]
["rs67967684","T","C","T","C",0.085323299,0.0001857,0.9532,0.953192,false,false,false,"ukb-d-J32",null,0.567966,0.000325191,"Diagnoses - main ICD10: J32 Chronic sinusitis || id:ukb-d-J32",true,"igd","enigma3-withglobal-cuneus-thickavg",22,32747253,0.01886094,{"v":4e-6,"d":"4.00E-06"},31489,"wTHICK_Mean_cuneus_thickavg || id:enigma3-withglobal-cuneus-thickavg",true,"reported","MedicineITLab",2,true,0.000649524,31489,true,{"v":2.96e-5,"d":"2.96E-05"},null,0.000649524,20.46485261,25.26983511,20.46485261]
["rs78871416","T","C","T","C",-0.181691764,-0.000503179,0.0147,0.0143411,false,false,false,"ukb-d-J32",null,0.39589,0.000592682,"Diagnoses - main ICD10: J32 Chronic sinusitis || id:ukb-d-J32",true,"igd","enigma3-withglobal-cuneus-thickavg",4,181964809,0.039610527,{"v":3.58e-6,"d":"3.58E-06"},21983,"wTHICK_Mean_cuneus_thickavg || id:enigma3-withglobal-cuneus-thickavg",true,"reported","MedicineITLab",2,true,0.000956283,21983,true,{"v":2.14e-5,"d":"2.14E-05"},null,0.000956283,21.04017013,25.26983511,21.04017013]
["rs8005394","C","G","C","G",0.093793444,0.000140533,0.8718,0.875611,false,true,false,"ukb-d-J32",null,0.501772,0.000209218,"Diagnoses - main ICD10: J32 Chronic sinusitis || id:ukb-d-J32",true,"igd","enigma3-withglobal-cuneus-thickavg",14,59619564,0.011847593,{"v":1.54e-14,"d":"1.54E-14"},31811,"wTHICK_Mean_cuneus_thickavg || id:enigma3-withglobal-cuneus-thickavg",true,"reported","MedicineITLab",2,true,0.001966436,31811,true,{"v":1.41e-13,"d":"1.41E-13"},null,0.001966436,62.67361111,25.26983511,62.67361111]
["rs923931","A","G","A","G",0.063966816,{"v":-4.64e-5,"d":"-4.64E-05"},0.111,0.110871,false,false,false,"ukb-d-J32",null,0.832503,0.000219182,"Diagnoses - main ICD10: J32 Chronic sinusitis || id:ukb-d-J32",true,"igd","enigma3-withglobal-cuneus-thickavg",3,194085047,0.013777468,{"v":6.7e-6,"d":"6.70E-06"},26674,"wTHICK_Mean_cuneus_thickavg || id:enigma3-withglobal-cuneus-thickavg",true,"reported","MedicineITLab",2,true,0.00080754,26674,true,{"v":9.68e-6,"d":"9.68E-06"},null,0.00080754,21.55612245,25.26983511,21.55612245]
["rs9511935","T","C","T","C",-0.047570373,-0.000149773,0.7887,0.782718,false,false,false,"ukb-d-J32",null,0.370641,0.000167293,"Diagnoses - main ICD10: J32 Chronic sinusitis || id:ukb-d-J32",true,"igd","enigma3-withglobal-cuneus-thickavg",13,26411866,0.009708239,{"v":2.69e-6,"d":"2.69E-06"},31811,"wTHICK_Mean_cuneus_thickavg || id:enigma3-withglobal-cuneus-thickavg",true,"reported","MedicineITLab",2,true,0.000754248,31811,true,{"v":8.91e-6,"d":"8.91E-06"},null,0.000754248,24.01,25.26983511,24.01]
["rs10485804","A","G","A","G",0.040591861,0.0022,0.3918,0.39,false,false,false,"ukb-saige-471",null,0.93,0.026,"Nasal polyps || id:ukb-saige-471",true,"MedicineITLab","enigma3-withglobal-cuneus-thickavg",20,54805704,0.008824318,{"v":2.87e-6,"d":"2.87E-06"},26927,"wTHICK_Mean_cuneus_thickavg || id:enigma3-withglobal-cuneus-thickavg",true,"reported","MedicineITLab",2,true,0.00078527,26927,true,{"v":9.51e-6,"d":"9.51E-06"},null,0.00078527,21.16,25.26983511,21.16]
["rs10508126","T","C","T","C",-0.053477925,-0.0045,0.1331,0.13,false,false,false,"ukb-saige-471",null,0.9,0.037,"Nasal polyps || id:ukb-saige-471",true,"MedicineITLab","enigma3-withglobal-cuneus-thickavg",13,104622142,0.011667911,{"v":5.97e-6,"d":"5.97E-06"},31811,"wTHICK_Mean_cuneus_thickavg || id:enigma3-withglobal-cuneus-thickavg",true,"reported","MedicineITLab",2,true,0.000659973,31811,true,{"v":1.22e-5,"d":"1.22E-05"},null,0.000659973,21.00694444,25.26983511,21.00694444]
["rs11086598","T","C","T","C",0.035231017,0.0033,0.4983,0.5,false,false,false,"ukb-saige-471",null,0.9,0.025,"Nasal polyps || id:ukb-saige-471",true,"MedicineITLab","enigma3-withglobal-cuneus-thickavg",20,55743803,0.007926979,{"v":2.23e-6,"d":"2.23E-06"},31811,"wTHICK_Mean_cuneus_thickavg || id:enigma3-withglobal-cuneus-thickavg",true,"reported","MedicineITLab",2,true,0.000620605,31811,true,{"v":2.25e-5,"d":"2.25E-05"},null,0.000620605,19.75308642,25.26983511,19.75308642]
["rs117666139","T","C","T","C",0.136792837,0.077,0.0263,0.024,false,false,false,"ukb-saige-471",null,0.35,0.082,"Nasal polyps || id:ukb-saige-471",true,"MedicineITLab","enigma3-withglobal-cuneus-thickavg",20,16636212,0.030201016,{"v":8.09e-6,"d":"8.09E-06"},21388,"wTHICK_Mean_cuneus_thickavg || id:enigma3-withglobal-cuneus-thickavg",true,"reported","MedicineITLab",2,true,0.00095838,21388,true,{"v":2.7e-5,"d":"2.70E-05"},null,0.00095838,20.51557093,25.26983511,20.51557093]
["rs117923045","T","G","T","G",0.233510025,0.019,0.0109,0.012,false,false,false,"ukb-saige-471",null,0.87,0.12,"Nasal polyps || id:ukb-saige-471",true,"MedicineITLab","enigma3-withglobal-cuneus-thickavg",8,24918490,0.043671722,{"v":7.69e-8,"d":"7.69E-08"},24290,"wTHICK_Mean_cuneus_thickavg || id:enigma3-withglobal-cuneus-thickavg",true,"reported","MedicineITLab",2,true,0.00117573,24290,true,{"v":2.61e-7,"d":"2.61E-07"},null,0.00117573,28.58975427,25.26983511,28.58975427]
["rs12206069","A","G","A","G",0.053587689,0.0038,0.1508,0.15,false,false,false,"ukb-saige-471",null,0.92,0.035,"Nasal polyps || id:ukb-saige-471",true,"MedicineITLab","enigma3-withglobal-cuneus-thickavg",6,144014595,0.011121973,{"v":2.65e-6,"d":"2.65E-06"},31543,"wTHICK_Mean_cuneus_thickavg || id:enigma3-withglobal-cuneus-thickavg",true,"reported","MedicineITLab",2,true,0.000735481,31543,true,{"v":4.11e-6,"d":"4.11E-06"},null,0.000735481,23.21487603,25.26983511,23.21487603]
["rs12810533","A","G","A","G",0.045995918,0.0016,0.2687,0.26,false,false,false,"ukb-saige-471",null,0.96,0.029,"Nasal polyps || id:ukb-saige-471",true,"MedicineITLab","enigma3-withglobal-cuneus-thickavg",12,130862376,0.009018807,{"v":7.16e-7,"d":"7.16E-07"},31259,"wTHICK_Mean_cuneus_thickavg || id:enigma3-withglobal-cuneus-thickavg",true,"reported","MedicineITLab",2,true,0.000831442,31259,true,{"v":9.93e-7,"d":"9.93E-07"},null,0.000831442,26.01,25.26983511,26.01]
["rs13107325","T","C","T","C",-0.090323665,-0.045,0.0702,0.074,false,false,false,"ukb-saige-471",null,0.34,0.047,"Nasal polyps || id:ukb-saige-471",true,"MedicineITLab","enigma3-withglobal-cuneus-thickavg",4,103188709,0.015510124,{"v":6.25e-9,"d":"6.25E-09"},31811,"wTHICK_Mean_cuneus_thickavg || id:enigma3-withglobal-cuneus-thickavg",true,"reported","MedicineITLab",2,true,0.001065025,31811,true,{"v":9.37e-8,"d":"9.37E-08"},null,0.001065025,33.91349481,25.26983511,33.91349481]
["rs144129284","T","C","T","C",-0.08024574,-0.069,0.0497,0.049,false,false,false,"ukb-saige-471",null,0.24,0.058,"Nasal polyps || id:ukb-saige-471",true,"MedicineITLab","enigma3-withglobal-cuneus-thickavg",1,55839484,0.018237668,{"v":7.97e-6,"d":"7.97E-06"},31811,"wTHICK_Mean_cuneus_thickavg || id:enigma3-withglobal-cuneus-thickavg",true,"reported","MedicineITLab",2,true,0.000608263,31811,true,{"v":9.37e-5,"d":"9.37E-05"},null,0.000608263,19.36,25.26983511,19.36]
["rs148030340","T","C","T","C",0.140628842,0.072,0.9836,0.982,false,false,false,"ukb-saige-471",null,0.44,0.094,"Nasal polyps || id:ukb-saige-471",true,"MedicineITLab","enigma3-withglobal-cuneus-thickavg",7,114807667,0.031350379,{"v":7.42e-6,"d":"7.42E-06"},31519,"wTHICK_Mean_cuneus_thickavg || id:enigma3-withglobal-cuneus-thickavg",true,"reported","MedicineITLab",2,true,0.00063803,31519,true,{"v":4.01e-5,"d":"4.01E-05"},null,0.00063803,20.12163265,25.26983511,20.12163265]
["rs17247310","T","C","T","C",-0.035679802,0.044,0.6049,0.59,false,false,false,"ukb-saige-471",null,0.093,0.026,"Nasal polyps || id:ukb-saige-471",true,"MedicineITLab","enigma3-withglobal-cuneus-thickavg",2,2222968,0.0082338,{"v":8.83e-6,"d":"8.83E-06"},30842,"wTHICK_Mean_cuneus_thickavg || id:enigma3-withglobal-cuneus-thickavg",true,"reported","MedicineITLab",2,true,0.000608507,30842,true,0.000202357,null,0.000608507,18.77777778,25.26983511,18.77777778]
["rs2372776","C","G","C","G",-0.051211105,0.0076,0.8483,0.84,false,true,false,"ukb-saige-471",null,0.82,0.034,"Nasal polyps || id:ukb-saige-471",true,"MedicineITLab","enigma3-withglobal-cuneus-thickavg",3,44585513,0.011045532,{"v":5.33e-6,"d":"5.33E-06"},31827,"wTHICK_Mean_cuneus_thickavg || id:enigma3-withglobal-cuneus-thickavg",true,"reported","MedicineITLab",2,true,0.000674984,31827,true,{"v":1.09e-5,"d":"1.09E-05"},null,0.000674984,21.49586777,25.26983511,21.49586777]
["rs34163390","T","C","T","C",0.040936005,-0.029,0.347,0.34,false,false,false,"ukb-saige-471",null,0.27,0.026,"Nasal polyps || id:ukb-saige-471",true,"MedicineITLab","enigma3-withglobal-cuneus-thickavg",8,58624834,0.008373274,{"v":4.02e-7,"d":"4.02E-07"},31451,"wTHICK_Mean_cuneus_thickavg || id:enigma3-withglobal-cuneus-thickavg",true,"reported","MedicineITLab",2,true,0.000759423,31451,true,{"v":1.08e-5,"d":"1.08E-05"},null,0.000759423,23.90123457,25.26983511,23.90123457]
["rs67967684","T","C","T","C",0.085323299,0.12,0.9532,0.953,false,false,false,"ukb-saige-471",null,0.042,0.059,"Nasal polyps || id:ukb-saige-471",true,"MedicineITLab","enigma3-withglobal-cuneus-thickavg",22,32747253,0.01886094,{"v":4e-6,"d":"4.00E-06"},31489,"wTHICK_Mean_cuneus_thickavg || id:enigma3-withglobal-cuneus-thickavg",true,"reported","MedicineITLab",2,true,0.000649524,31489,true,0.000145453,null,0.000649524,20.46485261,25.26983511,20.46485261]
["rs78871416","T","C","T","C",-0.181691764,-0.36,0.0147,0.015,false,false,false,"ukb-saige-471",null,0.00082,0.11,"Nasal polyps || id:ukb-saige-471",true,"MedicineITLab","enigma3-withglobal-cuneus-thickavg",4,181964809,0.039610527,{"v":3.58e-6,"d":"3.58E-06"},21983,"wTHICK_Mean_cuneus_thickavg || id:enigma3-withglobal-cuneus-thickavg",true,"reported","MedicineITLab",2,true,0.000956283,21983,true,0.000207059,null,0.000956283,21.04017013,25.26983511,21.04017013]
["rs8005394","C","G","C","G",0.093793444,0.045,0.8718,0.88,false,true,false,"ukb-saige-471",null,0.24,0.038,"Nasal polyps || id:ukb-saige-471",true,"MedicineITLab","enigma3-withglobal-cuneus-thickavg",14,59619564,0.011847593,{"v":1.54e-14,"d":"1.54E-14"},31811,"wTHICK_Mean_cuneus_thickavg || id:enigma3-withglobal-cuneus-thickavg",true,"reported","MedicineITLab",2,true,0.001966436,31811,true,{"v":3.14e-13,"d":"3.14E-13"},null,0.001966436,62.67361111,25.26983511,62.67361111]
["rs923931","A","G","A","G",0.063966816,0.037,0.111,0.11,false,false,false,"ukb-saige-471",null,0.35,0.04,"Nasal polyps || id:ukb-saige-471",true,"MedicineITLab","enigma3-withglobal-cuneus-thickavg",3,194085047,0.013777468,{"v":6.7e-6,"d":"6.70E-06"},26674,"wTHICK_Mean_cuneus_thickavg || id:enigma3-withglobal-cuneus-thickavg",true,"reported","MedicineITLab",2,true,0.00080754,26674,true,{"v":2.05e-5,"d":"2.05E-05"},null,0.00080754,21.55612245,25.26983511,21.55612245]
["rs9511935","T","C","T","C",-0.047570373,0.01,0.7887,0.78,false,false,false,"ukb-saige-471",null,0.73,0.03,"Nasal polyps || id:ukb-saige-471",true,"MedicineITLab","enigma3-withglobal-cuneus-thickavg",13,26411866,0.009708239,{"v":2.69e-6,"d":"2.69E-06"},31811,"wTHICK_Mean_cuneus_thickavg || id:enigma3-withglobal-cuneus-thickavg",true,"reported","MedicineITLab",2,true,0.000754248,31811,true,{"v":3.81e-6,"d":"3.81E-06"},null,0.000754248,24.01,25.26983511,24.01]
["rs11128112","A","T","A","T",0.125286049,-0.056332779,0.9736,0.83930131,false,true,false,"ebi-eas-GCST90018603",null,0.052596943,0.029064251,"Chronic sinusitis || id:ebi-eas-GCST90018603",true,"MedicineITLab","enigma3-withglobal-entorhinal-surfavg",3,69153935,0.028347678,{"v":9.89e-6,"d":"9.89E-06"},24190,"wSA_Mean_entorhinal_surfavg || id:enigma3-withglobal-entorhinal-surfavg",true,"reported","MedicineITLab",2,true,0.0008069,24190,true,0.000662403,null,0.0008069,19.53306747,25.26983511,19.53306747]
["rs12921392","A","G","A","G",0.045733756,-0.021135794,0.3878,0.675178213,false,false,false,"ebi-eas-GCST90018603",null,0.352640276,0.02273937,"Chronic sinusitis || id:ebi-eas-GCST90018603",true,"MedicineITLab","enigma3-withglobal-entorhinal-surfavg",16,77320605,0.008214095,{"v":2.59e-8,"d":"2.59E-08"},31185,"wSA_Mean_entorhinal_surfavg || id:enigma3-withglobal-entorhinal-surfavg",true,"reported","MedicineITLab",2,true,0.000993127,31185,true,{"v":2.53e-6,"d":"2.53E-06"},null,0.000993127,30.99947101,25.26983511,30.99947101]
["rs1659832","A","G","A","G",-0.042768717,-0.004200446,0.2698,0.631090151,false,false,false,"ebi-eas-GCST90018603",null,0.849368267,0.022116393,"Chronic sinusitis || id:ebi-eas-GCST90018603",true,"MedicineITLab","enigma3-withglobal-entorhinal-surfavg",7,138281355,0.009018361,{"v":2.11e-6,"d":"2.11E-06"},31185,"wSA_Mean_entorhinal_surfavg || id:enigma3-withglobal-entorhinal-surfavg",true,"reported","MedicineITLab",2,true,0.000720719,31185,true,{"v":2.11e-5,"d":"2.11E-05"},null,0.000720719,22.49040247,25.26983511,22.49040247]
["rs2274116","T","C","T","C",-0.037818526,0.045967848,0.3314,0.119524195,false,false,false,"ebi-eas-GCST90018603",null,0.182453264,0.034478316,"Chronic sinusitis || id:ebi-eas-GCST90018603",true,"MedicineITLab","enigma3-withglobal-entorhinal-surfavg",9,139094805,0.008518739,{"v":9.01e-6,"d":"9.01E-06"},31078,"wSA_Mean_entorhinal_surfavg || id:enigma3-withglobal-entorhinal-surfavg",true,"reported","MedicineITLab",2,true,0.000633808,31078,true,0.000442834,null,0.000633808,19.70872448,25.26983511,19.70872448]
["rs247787","A","G","A","G",-0.054736331,0.039573016,0.8304,0.962172951,false,false,false,"ebi-eas-GCST90018603",null,0.489429624,0.057251277,"Chronic sinusitis || id:ebi-eas-GCST90018603",true,"MedicineITLab","enigma3-withglobal-entorhinal-surfavg",19,19863248,0.010665621,{"v":2.86e-7,"d":"2.86E-07"},31185,"wSA_Mean_entorhinal_surfavg || id:enigma3-withglobal-entorhinal-surfavg",true,"reported","MedicineITLab",2,true,0.000843907,31185,true,{"v":1.06e-5,"d":"1.06E-05"},null,0.000843907,26.337776,25.26983511,26.337776]
["rs2589562","A","G","A","G",0.043985427,0.000989982,0.7514,0.304480089,false,false,false,"ebi-eas-GCST90018603",null,0.965891894,0.02315141,"Chronic sinusitis || id:ebi-eas-GCST90018603",true,"MedicineITLab","enigma3-withglobal-entorhinal-surfavg",10,9053672,0.009269265,{"v":2.08e-6,"d":"2.08E-06"},31133,"wSA_Mean_entorhinal_surfavg || id:enigma3-withglobal-entorhinal-surfavg",true,"reported","MedicineITLab",2,true,0.000722803,31133,true,{"v":1.58e-5,"d":"1.58E-05"},null,0.000722803,22.51785526,25.26983511,22.51785526]
["rs3171927","A","G","A","G",-0.041222831,0.005952062,0.7056,0.717875088,false,false,false,"ebi-eas-GCST90018603",null,0.802778224,0.023831775,"Chronic sinusitis || id:ebi-eas-GCST90018603",true,"MedicineITLab","enigma3-withglobal-entorhinal-surfavg",2,96952833,0.008782628,{"v":2.69e-6,"d":"2.69E-06"},31185,"wSA_Mean_entorhinal_surfavg || id:enigma3-withglobal-entorhinal-surfavg",true,"reported","MedicineITLab",2,true,0.000705996,31185,true,{"v":2.86e-5,"d":"2.86E-05"},null,0.000705996,22.03061468,25.26983511,22.03061468]
["rs3743462","A","G","A","G",-0.063964958,0.003068848,0.844,0.537466216,false,false,false,"ebi-eas-GCST90018603",null,0.886061841,0.021417175,"Chronic sinusitis || id:ebi-eas-GCST90018603",true,"MedicineITLab","enigma3-withglobal-entorhinal-surfavg",15,96870817,0.01225125,{"v":1.78e-7,"d":"1.78E-07"},25276,"wSA_Mean_entorhinal_surfavg || id:enigma3-withglobal-entorhinal-surfavg",true,"reported","MedicineITLab",2,true,0.001077411,25276,true,{"v":1.66e-6,"d":"1.66E-06"},null,0.001077411,27.2598475,25.26983511,27.2598475]
["rs3790598","A","G","A","G",0.052087223,0.073103653,0.1634,0.080042913,false,false,false,"ebi-eas-GCST90018603",null,0.065404094,0.03967664,"Chronic sinusitis || id:ebi-eas-GCST90018603",true,"MedicineITLab","enigma3-withglobal-entorhinal-surfavg",1,113196896,0.010826298,{"v":1.5e-6,"d":"1.50E-06"},31185,"wSA_Mean_entorhinal_surfavg || id:enigma3-withglobal-entorhinal-surfavg",true,"reported","MedicineITLab",2,true,0.000741758,31185,true,0.000269252,null,0.000741758,23.14741382,25.26983511,23.14741382]
["rs4135","T","G","T","G",-0.07430567,0.136886217,0.9382,0.98474763,false,false,false,"ebi-eas-GCST90018603",null,0.118681859,0.087729003,"Chronic sinusitis || id:ebi-eas-GCST90018603",true,"MedicineITLab","enigma3-withglobal-entorhinal-surfavg",4,29332747,0.016624364,{"v":7.84e-6,"d":"7.84E-06"},31185,"wSA_Mean_entorhinal_surfavg || id:enigma3-withglobal-entorhinal-surfavg",true,"reported","MedicineITLab",2,true,0.000640262,31185,true,0.000568233,null,0.000640262,19.97808504,25.26983511,19.97808504]
["rs4147321","C","G","C","G",0.054879036,0.000620566,0.7697,0.904289802,false,true,false,"ebi-eas-GCST90018603",null,0.986365665,0.036313877,"Chronic sinusitis || id:ebi-eas-GCST90018603",true,"MedicineITLab","enigma3-withglobal-entorhinal-surfavg",5,81882571,0.00950575,{"v":7.76e-9,"d":"7.76E-09"},31185,"wSA_Mean_entorhinal_surfavg || id:enigma3-withglobal-entorhinal-surfavg",true,"reported","MedicineITLab",2,true,0.001067722,31185,true,{"v":1.4e-7,"d":"1.40E-07"},null,0.001067722,33.33037649,25.26983511,33.33037649]
["rs4408506","T","C","T","C",0.046936912,-0.02724848,0.8082,0.373434706,false,false,false,"ebi-eas-GCST90018603",null,0.217514673,0.0220964,"Chronic sinusitis || id:ebi-eas-GCST90018603",true,"MedicineITLab","enigma3-withglobal-entorhinal-surfavg",15,79250141,0.010184515,{"v":4.06e-6,"d":"4.06E-06"},31078,"wSA_Mean_entorhinal_surfavg || id:enigma3-withglobal-entorhinal-surfavg",true,"reported","MedicineITLab",2,true,0.000683009,31078,true,0.000208598,null,0.000683009,21.23969725,25.26983511,21.23969725]
["rs4434446","A","C","A","C",0.03910183,0.004765289,0.6758,0.824850853,false,false,false,"ebi-eas-GCST90018603",null,0.865710343,0.028178683,"Chronic sinusitis || id:ebi-eas-GCST90018603",true,"MedicineITLab","enigma3-withglobal-entorhinal-surfavg",6,83715789,0.008551946,{"v":4.82e-6,"d":"4.82E-06"},31185,"wSA_Mean_entorhinal_surfavg || id:enigma3-withglobal-entorhinal-surfavg",true,"reported","MedicineITLab",2,true,0.00066997,31185,true,{"v":4.02e-5,"d":"4.02E-05"},null,0.00066997,20.90568106,25.26983511,20.90568106]
["rs4888640","A","T","A","T",0.043027434,0.00074028,0.3432,0.201707265,false,true,false,"ebi-eas-GCST90018603",null,0.977831944,0.026641127,"Chronic sinusitis || id:ebi-eas-GCST90018603",true,"MedicineITLab","enigma3-withglobal-entorhinal-surfavg",16,77545392,0.008430523,{"v":3.33e-7,"d":"3.33E-07"},31185,"wSA_Mean_entorhinal_surfavg || id:enigma3-withglobal-entorhinal-surfavg",true,"reported","MedicineITLab",2,true,0.000834644,31185,true,{"v":3.33e-6,"d":"3.33E-06"},null,0.000834644,26.04844781,25.26983511,26.04844781]
["rs62174436","C","G","C","G",-0.094274166,-0.02328243,0.9622,0.887949483,false,true,false,"ebi-eas-GCST90018603",null,0.497137121,0.034289233,"Chronic sinusitis || id:ebi-eas-GCST90018603",true,"MedicineITLab","enigma3-withglobal-entorhinal-surfavg",2,169576260,0.02120261,{"v":8.73e-6,"d":"8.73E-06"},30562,"wSA_Mean_entorhinal_surfavg || id:enigma3-withglobal-entorhinal-surfavg",true,"reported","MedicineITLab",2,true,0.000646506,30562,true,0.000148841,null,0.000646506,19.77000428,25.26983511,19.77000428]
["rs623815","T","C","T","C",-0.039235182,-0.00105869,0.3072,0.606504556,false,false,false,"ebi-eas-GCST90018603",null,0.961628318,0.022005466,"Chronic sinusitis || id:ebi-eas-GCST90018603",true,"MedicineITLab","enigma3-withglobal-entorhinal-surfavg",6,131475230,0.008825703,{"v":8.78e-6,"d":"8.78E-06"},30143,"wSA_Mean_entorhinal_surfavg || id:enigma3-withglobal-entorhinal-surfavg",true,"reported","MedicineITLab",2,true,0.000655255,30143,true,{"v":5.08e-5,"d":"5.08E-05"},null,0.000655255,19.76299483,25.26983511,19.76299483]
["rs6693283","A","C","A","C",-0.043178528,0.057131115,0.4206,0.429105739,false,false,false,"ebi-eas-GCST90018603",null,0.007874112,0.02149871,"Chronic sinusitis || id:ebi-eas-GCST90018603",true,"MedicineITLab","enigma3-withglobal-entorhinal-surfavg",1,178740427,0.008107832,{"v":1.01e-7,"d":"1.01E-07"},31185,"wSA_Mean_entorhinal_surfavg || id:enigma3-withglobal-entorhinal-surfavg",true,"reported","MedicineITLab",2,true,0.000908685,31185,true,0.000156248,null,0.000908685,28.36129965,25.26983511,28.36129965]
["rs7141150","A","C","A","C",0.051438438,-0.036584932,0.5206,0.221204557,false,false,false,"ebi-eas-GCST90018603",null,0.158686183,0.02595589,"Chronic sinusitis || id:ebi-eas-GCST90018603",true,"MedicineITLab","enigma3-withglobal-entorhinal-surfavg",14,59860705,0.008010101,{"v":1.35e-10,"d":"1.35E-10"},31185,"wSA_Mean_entorhinal_surfavg || id:enigma3-withglobal-entorhinal-surfavg",true,"reported","MedicineITLab",2,true,0.001320711,31185,true,{"v":1.23e-7,"d":"1.23E-07"},null,0.001320711,41.23818906,25.26983511,41.23818906]
["rs7727904","A","G","A","G",0.04621554,-0.037325919,0.7719,0.98832038,false,false,false,"ebi-eas-GCST90018603",null,0.703963574,0.098232426,"Chronic sinusitis || id:ebi-eas-GCST90018603",true,"MedicineITLab","enigma3-withglobal-entorhinal-surfavg",5,121921114,0.009605982,{"v":1.5e-6,"d":"1.50E-06"},30754,"wSA_Mean_entorhinal_surfavg || id:enigma3-withglobal-entorhinal-surfavg",true,"reported","MedicineITLab",2,true,0.000752129,30754,true,{"v":2.19e-5,"d":"2.19E-05"},null,0.000752129,23.14688301,25.26983511,23.14688301]
["rs990906","C","G","C","G",0.064166204,-0.004542714,0.8612,0.747385815,false,true,false,"ebi-eas-GCST90018603",null,0.86432912,0.026586408,"Chronic sinusitis || id:ebi-eas-GCST90018603",true,"MedicineITLab","enigma3-withglobal-entorhinal-surfavg",13,34116150,0.013252839,{"v":1.29e-6,"d":"1.29E-06"},23794,"wSA_Mean_entorhinal_surfavg || id:enigma3-withglobal-entorhinal-surfavg",true,"reported","MedicineITLab",2,true,0.00098432,23794,true,{"v":8.64e-6,"d":"8.64E-06"},null,0.00098432,23.44200851,25.26983511,23.44200851]
["rs10188387","T","C","T","C",0.053353027,0.000289149,0.1295,0.13332,false,false,false,"ukb-b-69",null,0.23,0.000241607,"Non-cancer illness code, self-reported: chronic sinusitis || id:ukb-b-69",true,"igd","enigma3-withglobal-entorhinal-surfavg",2,159664713,0.011922501,{"v":7.65e-6,"d":"7.65E-06"},31185,"wSA_Mean_entorhinal_surfavg || id:enigma3-withglobal-entorhinal-surfavg",true,"reported","MedicineITLab",2,true,0.000641781,31185,true,{"v":5.57e-5,"d":"5.57E-05"},null,0.000641781,20.02549993,25.26983511,20.02549993]
["rs12921392","A","G","A","G",0.045733756,0.000335966,0.3878,0.383031,false,false,false,"ukb-b-69",null,0.0470002,0.000168803,"Non-cancer illness code, self-reported: chronic sinusitis || id:ukb-b-69",true,"igd","enigma3-withglobal-entorhinal-surfavg",16,77320605,0.008214095,{"v":2.59e-8,"d":"2.59E-08"},31185,"wSA_Mean_entorhinal_surfavg || id:enigma3-withglobal-entorhinal-surfavg",true,"reported","MedicineITLab",2,true,0.000993127,31185,true,{"v":1.02e-6,"d":"1.02E-06"},null,0.000993127,30.99947101,25.26983511,30.99947101]
["rs1659832","A","G","A","G",-0.042768717,-0.000134696,0.2698,0.276705,false,false,false,"ukb-b-69",null,0.46,0.000183511,"Non-cancer illness code, self-reported: chronic sinusitis || id:ukb-b-69",true,"igd","enigma3-withglobal-entorhinal-surfavg",7,138281355,0.009018361,{"v":2.11e-6,"d":"2.11E-06"},31185,"wSA_Mean_entorhinal_surfavg || id:enigma3-withglobal-entorhinal-surfavg",true,"reported","MedicineITLab",2,true,0.000720719,31185,true,{"v":1.06e-5,"d":"1.06E-05"},null,0.000720719,22.49040247,25.26983511,22.49040247]
["rs17698176","T","G","T","G",-0.056088974,-0.00031672,0.7794,0.773434,false,false,false,"ukb-b-69",null,0.11,0.000197354,"Non-cancer illness code, self-reported: chronic sinusitis || id:ukb-b-69",true,"igd","enigma3-withglobal-entorhinal-surfavg",17,44819595,0.010548851,{"v":1.05e-7,"d":"1.05E-07"},26107,"wSA_Mean_entorhinal_surfavg || id:enigma3-withglobal-entorhinal-surfavg",true,"reported","MedicineITLab",2,true,0.00108181,26107,true,{"v":1.58e-6,"d":"1.58E-06"},null,0.00108181,28.27122792,25.26983511,28.27122792]
["rs2270027","A","G","A","G",-0.051328316,0.000422363,0.8121,0.807835,false,false,false,"ukb-b-69",null,0.0439997,0.000209427,"Non-cancer illness code, self-reported: chronic sinusitis || id:ukb-b-69",true,"igd","enigma3-withglobal-entorhinal-surfavg",7,29105776,0.010246682,{"v":5.47e-7,"d":"5.47E-07"},31185,"wSA_Mean_entorhinal_surfavg || id:enigma3-withglobal-entorhinal-surfavg",true,"reported","MedicineITLab",2,true,0.000804045,31185,true,{"v":1.42e-5,"d":"1.42E-05"},null,0.000804045,25.09270847,25.26983511,25.09270847]
["rs2274116","T","C","T","C",-0.037818526,{"v":-7.56e-5,"d":"-7.56E-05"},0.3314,0.341338,false,false,false,"ukb-b-69",null,0.66,0.000173557,"Non-cancer illness code, self-reported: chronic sinusitis || id:ukb-b-69",true,"igd","enigma3-withglobal-entorhinal-surfavg",9,139094805,0.008518739,{"v":9.01e-6,"d":"9.01E-06"},31078,"wSA_Mean_entorhinal_surfavg || id:enigma3-withglobal-entorhinal-surfavg",true,"reported","MedicineITLab",2,true,0.000633808,31078,true,{"v":2.82e-5,"d":"2.82E-05"},null,0.000633808,19.70872448,25.26983511,19.70872448]
["rs247787","A","G","A","G",-0.054736331,-0.000490908,0.8304,0.827904,false,false,false,"ukb-b-69",null,0.0230001,0.000216644,"Non-cancer illness code, self-reported: chronic sinusitis || id:ukb-b-69",true,"igd","enigma3-withglobal-entorhinal-surfavg",19,19863248,0.010665621,{"v":2.86e-7,"d":"2.86E-07"},31185,"wSA_Mean_entorhinal_surfavg || id:enigma3-withglobal-entorhinal-surfavg",true,"reported","MedicineITLab",2,true,0.000843907,31185,true,{"v":1.1e-5,"d":"1.10E-05"},null,0.000843907,26.337776,25.26983511,26.337776]
["rs2589562","A","G","A","G",0.043985427,-0.000246341,0.7514,0.759167,false,false,false,"ukb-b-69",null,0.2,0.000191504,"Non-cancer illness code, self-reported: chronic sinusitis || id:ukb-b-69",true,"igd","enigma3-withglobal-entorhinal-surfavg",10,9053672,0.009269265,{"v":2.08e-6,"d":"2.08E-06"},31133,"wSA_Mean_entorhinal_surfavg || id:enigma3-withglobal-entorhinal-surfavg",true,"reported","MedicineITLab",2,true,0.000722803,31133,true,{"v":1.96e-5,"d":"1.96E-05"},null,0.000722803,22.51785526,25.26983511,22.51785526]
["rs3171927","A","G","A","G",-0.041222831,-0.000176104,0.7056,0.693061,false,false,false,"ukb-b-69",null,0.32,0.000177176,"Non-cancer illness code, self-reported: chronic sinusitis || id:ukb-b-69",true,"igd","enigma3-withglobal-entorhinal-surfavg",2,96952833,0.008782628,{"v":2.69e-6,"d":"2.69E-06"},31185,"wSA_Mean_entorhinal_surfavg || id:enigma3-withglobal-entorhinal-surfavg",true,"reported","MedicineITLab",2,true,0.000705996,31185,true,{"v":1.76e-5,"d":"1.76E-05"},null,0.000705996,22.03061468,25.26983511,22.03061468]
["rs35004829","A","G","A","G",-0.048821165,0.000315557,0.2341,0.23423,false,false,false,"ukb-b-69",null,0.1,0.000193135,"Non-cancer illness code, self-reported: chronic sinusitis || id:ukb-b-69",true,"igd","enigma3-withglobal-entorhinal-surfavg",7,101049687,0.009452651,{"v":2.41e-7,"d":"2.41E-07"},31185,"wSA_Mean_entorhinal_surfavg || id:enigma3-withglobal-entorhinal-surfavg",true,"reported","MedicineITLab",2,true,0.000854712,31185,true,{"v":4.48e-6,"d":"4.48E-06"},null,0.000854712,26.67528166,25.26983511,26.67528166]
["rs35510610","T","G","T","G",0.041847736,{"v":-8.24e-5,"d":"-8.24E-05"},0.2619,0.278128,false,false,false,"ukb-b-69",null,0.649999,0.000184296,"Non-cancer illness code, self-reported: chronic sinusitis || id:ukb-b-69",true,"igd","enigma3-withglobal-entorhinal-surfavg",9,101639524,0.009104448,{"v":4.3e-6,"d":"4.30E-06"},31185,"wSA_Mean_entorhinal_surfavg || id:enigma3-withglobal-entorhinal-surfavg",true,"reported","MedicineITLab",2,true,0.000677056,31185,true,{"v":1.45e-5,"d":"1.45E-05"},null,0.000677056,21.12694365,25.26983511,21.12694365]
["rs3743462","A","G","A","G",-0.063964958,{"v":-5.33e-5,"d":"-5.33E-05"},0.844,0.850404,false,false,false,"ukb-b-69",null,0.83,0.000249778,"Non-cancer illness code, self-reported: chronic sinusitis || id:ukb-b-69",true,"igd","enigma3-withglobal-entorhinal-surfavg",15,96870817,0.01225125,{"v":1.78e-7,"d":"1.78E-07"},25276,"wSA_Mean_entorhinal_surfavg || id:enigma3-withglobal-entorhinal-surfavg",true,"reported","MedicineITLab",2,true,0.001077411,25276,true,{"v":4.79e-7,"d":"4.79E-07"},null,0.001077411,27.2598475,25.26983511,27.2598475]
["rs3790598","A","G","A","G",0.052087223,{"v":-5.22e-5,"d":"-5.22E-05"},0.1634,0.166102,false,false,false,"ukb-b-69",null,0.81,0.0002198,"Non-cancer illness code, self-reported: chronic sinusitis || id:ukb-b-69",true,"igd","enigma3-withglobal-entorhinal-surfavg",1,113196896,0.010826298,{"v":1.5e-6,"d":"1.50E-06"},31185,"wSA_Mean_entorhinal_surfavg || id:enigma3-withglobal-entorhinal-surfavg",true,"reported","MedicineITLab",2,true,0.000741758,31185,true,{"v":4.3e-6,"d":"4.30E-06"},null,0.000741758,23.14741382,25.26983511,23.14741382]
["rs4147321","C","G","C","G",0.054879036,{"v":-8.18e-5,"d":"-8.18E-05"},0.7697,0.769575,false,true,false,"ukb-b-69",null,0.67,0.000194669,"Non-cancer illness code, self-reported: chronic sinusitis || id:ukb-b-69",true,"igd","enigma3-withglobal-entorhinal-surfavg",5,81882571,0.00950575,{"v":7.76e-9,"d":"7.76E-09"},31185,"wSA_Mean_entorhinal_surfavg || id:enigma3-withglobal-entorhinal-surfavg",true,"reported","MedicineITLab",2,true,0.001067722,31185,true,{"v":4.22e-8,"d":"4.22E-08"},null,0.001067722,33.33037649,25.26983511,33.33037649]
["rs4408506","T","C","T","C",0.046936912,{"v":-2.42e-5,"d":"-2.42E-05"},0.8082,0.823049,false,false,false,"ukb-b-69",null,0.91,0.000214705,"Non-cancer illness code, self-reported: chronic sinusitis || id:ukb-b-69",true,"igd","enigma3-withglobal-entorhinal-surfavg",15,79250141,0.010184515,{"v":4.06e-6,"d":"4.06E-06"},31078,"wSA_Mean_entorhinal_surfavg || id:enigma3-withglobal-entorhinal-surfavg",true,"reported","MedicineITLab",2,true,0.000683009,31078,true,{"v":9.31e-6,"d":"9.31E-06"},null,0.000683009,21.23969725,25.26983511,21.23969725]
["rs4434446","A","C","A","C",0.03910183,-0.000247398,0.6758,0.685182,false,false,false,"ukb-b-69",null,0.16,0.00017669,"Non-cancer illness code, self-reported: chronic sinusitis || id:ukb-b-69",true,"igd","enigma3-withglobal-entorhinal-surfavg",6,83715789,0.008551946,{"v":4.82e-6,"d":"4.82E-06"},31185,"wSA_Mean_entorhinal_surfavg || id:enigma3-withglobal-entorhinal-surfavg",true,"reported","MedicineITLab",2,true,0.00066997,31185,true,{"v":4.63e-5,"d":"4.63E-05"},null,0.00066997,20.90568106,25.26983511,20.90568106]
["rs4888640","A","T","A","T",0.043027434,{"v":-5.93e-6,"d":"-5.93E-06"},0.3432,0.340799,false,true,false,"ukb-b-69",null,0.97,0.000174142,"Non-cancer illness code, self-reported: chronic sinusitis || id:ukb-b-69",true,"igd","enigma3-withglobal-entorhinal-surfavg",16,77545392,0.008430523,{"v":3.33e-7,"d":"3.33E-07"},31185,"wSA_Mean_entorhinal_surfavg || id:enigma3-withglobal-entorhinal-surfavg",true,"reported","MedicineITLab",2,true,0.000834644,31185,true,{"v":8.19e-7,"d":"8.19E-07"},null,0.000834644,26.04844781,25.26983511,26.04844781]
["rs623815","T","C","T","C",-0.039235182,{"v":9.03e-5,"d":"9.03E-05"},0.3072,0.299266,false,false,false,"ukb-b-69",null,0.62,0.000180836,"Non-cancer illness code, self-reported: chronic sinusitis || id:ukb-b-69",true,"igd","enigma3-withglobal-entorhinal-surfavg",6,131475230,0.008825703,{"v":8.78e-6,"d":"8.78E-06"},30143,"wSA_Mean_entorhinal_surfavg || id:enigma3-withglobal-entorhinal-surfavg",true,"reported","MedicineITLab",2,true,0.000655255,30143,true,{"v":2.87e-5,"d":"2.87E-05"},null,0.000655255,19.76299483,25.26983511,19.76299483]
["rs6693283","A","C","A","C",-0.043178528,{"v":-4.65e-5,"d":"-4.65E-05"},0.4206,0.425112,false,false,false,"ukb-b-69",null,0.780001,0.000165583,"Non-cancer illness code, self-reported: chronic sinusitis || id:ukb-b-69",true,"igd","enigma3-withglobal-entorhinal-surfavg",1,178740427,0.008107832,{"v":1.01e-7,"d":"1.01E-07"},31185,"wSA_Mean_entorhinal_surfavg || id:enigma3-withglobal-entorhinal-surfavg",true,"reported","MedicineITLab",2,true,0.000908685,31185,true,{"v":3.71e-7,"d":"3.71E-07"},null,0.000908685,28.36129965,25.26983511,28.36129965]
["rs67951074","C","G","C","G",0.045357013,{"v":4.26e-5,"d":"4.26E-05"},0.3915,0.38655,false,true,false,"ukb-b-69",null,0.8,0.000169783,"Non-cancer illness code, self-reported: chronic sinusitis || id:ukb-b-69",true,"igd","enigma3-withglobal-entorhinal-surfavg",21,29283215,0.009279729,{"v":1.02e-6,"d":"1.02E-06"},24351,"wSA_Mean_entorhinal_surfavg || id:enigma3-withglobal-entorhinal-surfavg",true,"reported","MedicineITLab",2,true,0.000980192,24351,true,{"v":2.51e-6,"d":"2.51E-06"},null,0.000980192,23.89011701,25.26983511,23.89011701]
["rs7141150","A","C","A","C",0.051438438,{"v":-2.82e-5,"d":"-2.82E-05"},0.5206,0.523766,false,false,false,"ukb-b-69",null,0.86,0.000164426,"Non-cancer illness code, self-reported: chronic sinusitis || id:ukb-b-69",true,"igd","enigma3-withglobal-entorhinal-surfavg",14,59860705,0.008010101,{"v":1.35e-10,"d":"1.35E-10"},31185,"wSA_Mean_entorhinal_surfavg || id:enigma3-withglobal-entorhinal-surfavg",true,"reported","MedicineITLab",2,true,0.001320711,31185,true,{"v":6.78e-10,"d":"6.78E-10"},null,0.001320711,41.23818906,25.26983511,41.23818906]
["rs7727904","A","G","A","G",0.04621554,{"v":3.77e-5,"d":"3.77E-05"},0.7719,0.780013,false,false,false,"ukb-b-69",null,0.85,0.00019743,"Non-cancer illness code, self-reported: chronic sinusitis || id:ukb-b-69",true,"igd","enigma3-withglobal-entorhinal-surfavg",5,121921114,0.009605982,{"v":1.5e-6,"d":"1.50E-06"},30754,"wSA_Mean_entorhinal_surfavg || id:enigma3-withglobal-entorhinal-surfavg",true,"reported","MedicineITLab",2,true,0.000752129,30754,true,{"v":4.01e-6,"d":"4.01E-06"},null,0.000752129,23.14688301,25.26983511,23.14688301]
["rs990906","C","G","C","G",0.064166204,-0.000517471,0.8612,0.86261,false,true,false,"ukb-b-69",null,0.0329997,0.000242656,"Non-cancer illness code, self-reported: chronic sinusitis || id:ukb-b-69",true,"igd","enigma3-withglobal-entorhinal-surfavg",13,34116150,0.013252839,{"v":1.29e-6,"d":"1.29E-06"},23794,"wSA_Mean_entorhinal_surfavg || id:enigma3-withglobal-entorhinal-surfavg",true,"reported","MedicineITLab",2,true,0.00098432,23794,true,{"v":2.14e-5,"d":"2.14E-05"},null,0.00098432,23.44200851,25.26983511,23.44200851]
["rs10188387","T","C","T","C",0.053353027,0.00033125,0.1295,0.133127,false,false,false,"ukb-d-J32",null,0.102593,0.00020292,"Diagnoses - main ICD10: J32 Chronic sinusitis || id:ukb-d-J32",true,"igd","enigma3-withglobal-entorhinal-surfavg",2,159664713,0.011922501,{"v":7.65e-6,"d":"7.65E-06"},31185,"wSA_Mean_entorhinal_surfavg || id:enigma3-withglobal-entorhinal-surfavg",true,"reported","MedicineITLab",2,true,0.000641781,31185,true,0.000126704,null,0.000641781,20.02549993,25.26983511,20.02549993]
["rs11012387","A","C","A","C",-0.069430972,{"v":2.98e-5,"d":"2.98E-05"},0.093,0.105894,false,false,false,"ukb-d-J32",null,0.895206,0.000226152,"Diagnoses - main ICD10: J32 Chronic sinusitis || id:ukb-d-J32",true,"igd","enigma3-withglobal-entorhinal-surfavg",10,21204293,0.014801032,{"v":2.72e-6,"d":"2.72E-06"},27038,"wSA_Mean_entorhinal_surfavg || id:enigma3-withglobal-entorhinal-surfavg",true,"reported","MedicineITLab",2,true,0.000813255,27038,true,{"v":7.15e-6,"d":"7.15E-06"},null,0.000813255,22.00505669,25.26983511,22.00505669]
["rs11128112","A","T","A","T",0.125286049,-0.000103623,0.9736,0.9728726,false,true,false,"ukb-d-J32",null,0.81281,0.000437591,"Diagnoses - main ICD10: J32 Chronic sinusitis || id:ukb-d-J32",true,"igd","enigma3-withglobal-entorhinal-surfavg",3,69153935,0.028347678,{"v":9.89e-6,"d":"9.89E-06"},24190,"wSA_Mean_entorhinal_surfavg || id:enigma3-withglobal-entorhinal-surfavg",true,"reported","MedicineITLab",2,true,0.0008069,24190,true,{"v":2.46e-5,"d":"2.46E-05"},null,0.0008069,19.53306747,25.26983511,19.53306747]
["rs12921392","A","G","A","G",0.045733756,{"v":6.26e-5,"d":"6.26E-05"},0.3878,0.382026,false,false,false,"ukb-d-J32",null,0.65927,0.000141942,"Diagnoses - main ICD10: J32 Chronic sinusitis || id:ukb-d-J32",true,"igd","enigma3-withglobal-entorhinal-surfavg",16,77320605,0.008214095,{"v":2.59e-8,"d":"2.59E-08"},31185,"wSA_Mean_entorhinal_surfavg || id:enigma3-withglobal-entorhinal-surfavg",true,"reported","MedicineITLab",2,true,0.000993127,31185,true,{"v":1.82e-7,"d":"1.82E-07"},null,0.000993127,30.99947101,25.26983511,30.99947101]
["rs138332936","A","T","A","T",0.102525003,-0.000329244,0.0333,0.0371124,false,true,false,"ukb-d-J32",null,0.375082,0.00037119,"Diagnoses - main ICD10: J32 Chronic sinusitis || id:ukb-d-J32",true,"igd","enigma3-withglobal-entorhinal-surfavg",11,80023301,0.022537226,{"v":5.39e-6,"d":"5.39E-06"},30561,"wSA_Mean_entorhinal_surfavg || id:enigma3-withglobal-entorhinal-surfavg",true,"reported","MedicineITLab",2,true,0.000676746,30561,true,{"v":3.79e-5,"d":"3.79E-05"},null,0.000676746,20.69467805,25.26983511,20.69467805]
["rs139358502","C","G","C","G",-0.109516982,0.00093048,0.029,0.0238035,false,true,false,"ukb-d-J32",null,0.0405835,0.000454387,"Diagnoses - main ICD10: J32 Chronic sinusitis || id:ukb-d-J32",true,"igd","enigma3-withglobal-entorhinal-surfavg",5,52541536,0.023701855,{"v":3.82e-6,"d":"3.82E-06"},31588,"wSA_Mean_entorhinal_surfavg || id:enigma3-withglobal-entorhinal-surfavg",true,"reported","MedicineITLab",2,true,0.000675476,31588,true,0.000118278,null,0.000675476,21.35001781,25.26983511,21.35001781]
["rs141912254","T","C","T","C",-0.135282964,{"v":-9.14e-5,"d":"-9.14E-05"},0.9753,0.9743873,false,false,false,"ukb-d-J32",null,0.837772,0.000446552,"Diagnoses - main ICD10: J32 Chronic sinusitis || id:ukb-d-J32",true,"igd","enigma3-withglobal-entorhinal-surfavg",3,21153917,0.025938115,{"v":1.83e-7,"d":"1.83E-07"},30825,"wSA_Mean_entorhinal_surfavg || id:enigma3-withglobal-entorhinal-surfavg",true,"reported","MedicineITLab",2,true,0.000881762,30825,true,{"v":7.49e-7,"d":"7.49E-07"},null,0.000881762,27.20253709,25.26983511,27.20253709]
["rs151130682","C","G","C","G",0.178134959,{"v":-1.16e-5,"d":"-1.16E-05"},0.9871,0.9890366,false,true,false,"ukb-d-J32",null,0.986126,0.000669725,"Diagnoses - main ICD10: J32 Chronic sinusitis || id:ukb-d-J32",true,"igd","enigma3-withglobal-entorhinal-surfavg",3,113951746,0.037808939,{"v":2.46e-6,"d":"2.46E-06"},27448,"wSA_Mean_entorhinal_surfavg || id:enigma3-withglobal-entorhinal-surfavg",true,"reported","MedicineITLab",2,true,0.000808126,27448,true,{"v":5.71e-6,"d":"5.71E-06"},null,0.000808126,22.19776964,25.26983511,22.19776964]
["rs1659832","A","G","A","G",-0.042768717,0.000123636,0.2698,0.277996,false,false,false,"ukb-d-J32",null,0.422252,0.000154059,"Diagnoses - main ICD10: J32 Chronic sinusitis || id:ukb-d-J32",true,"igd","enigma3-withglobal-entorhinal-surfavg",7,138281355,0.009018361,{"v":2.11e-6,"d":"2.11E-06"},31185,"wSA_Mean_entorhinal_surfavg || id:enigma3-withglobal-entorhinal-surfavg",true,"reported","MedicineITLab",2,true,0.000720719,31185,true,{"v":1.54e-5,"d":"1.54E-05"},null,0.000720719,22.49040247,25.26983511,22.49040247]
["rs17698176","T","G","T","G",-0.056088974,0.000247186,0.7794,0.770607,false,false,false,"ukb-d-J32",null,0.134491,0.000165162,"Diagnoses - main ICD10: J32 Chronic sinusitis || id:ukb-d-J32",true,"igd","enigma3-withglobal-entorhinal-surfavg",17,44819595,0.010548851,{"v":1.05e-7,"d":"1.05E-07"},26107,"wSA_Mean_entorhinal_surfavg || id:enigma3-withglobal-entorhinal-surfavg",true,"reported","MedicineITLab",2,true,0.00108181,26107,true,{"v":2.08e-6,"d":"2.08E-06"},null,0.00108181,28.27122792,25.26983511,28.27122792]
["rs17700444","A","G","A","G",-0.094279889,{"v":3.31e-5,"d":"3.31E-05"},0.0376,0.0366098,false,false,false,"ukb-d-J32",null,0.928725,0.000370566,"Diagnoses - main ICD10: J32 Chronic sinusitis || id:ukb-d-J32",true,"igd","enigma3-withglobal-entorhinal-surfavg",10,89379003,0.021043336,{"v":7.46e-6,"d":"7.46E-06"},31185,"wSA_Mean_entorhinal_surfavg || id:enigma3-withglobal-entorhinal-surfavg",true,"reported","MedicineITLab",2,true,0.000643297,31185,true,{"v":1.93e-5,"d":"1.93E-05"},null,0.000643297,20.07284582,25.26983511,20.07284582]
["rs2270027","A","G","A","G",-0.051328316,-0.000224711,0.8121,0.807338,false,false,false,"ukb-d-J32",null,0.20123,0.000175822,"Diagnoses - main ICD10: J32 Chronic sinusitis || id:ukb-d-J32",true,"igd","enigma3-withglobal-entorhinal-surfavg",7,29105776,0.010246682,{"v":5.47e-7,"d":"5.47E-07"},31185,"wSA_Mean_entorhinal_surfavg || id:enigma3-withglobal-entorhinal-surfavg",true,"reported","MedicineITLab",2,true,0.000804045,31185,true,{"v":8.79e-6,"d":"8.79E-06"},null,0.000804045,25.09270847,25.26983511,25.09270847]
["rs2274116","T","C","T","C",-0.037818526,{"v":7.05e-5,"d":"7.05E-05"},0.3314,0.344392,false,false,false,"ukb-d-J32",null,0.628267,0.000145522,"Diagnoses - main ICD10: J32 Chronic sinusitis || id:ukb-d-J32",true,"igd","enigma3-withglobal-entorhinal-surfavg",9,139094805,0.008518739,{"v":9.01e-6,"d":"9.01E-06"},31078,"wSA_Mean_entorhinal_surfavg || id:enigma3-withglobal-entorhinal-surfavg",true,"reported","MedicineITLab",2,true,0.000633808,31078,true,{"v":3.74e-5,"d":"3.74E-05"},null,0.000633808,19.70872448,25.26983511,19.70872448]
["rs247787","A","G","A","G",-0.054736331,-0.000146258,0.8304,0.827607,false,false,false,"ukb-d-J32",null,0.42142,0.000181922,"Diagnoses - main ICD10: J32 Chronic sinusitis || id:ukb-d-J32",true,"igd","enigma3-withglobal-entorhinal-surfavg",19,19863248,0.010665621,{"v":2.86e-7,"d":"2.86E-07"},31185,"wSA_Mean_entorhinal_surfavg || id:enigma3-withglobal-entorhinal-surfavg",true,"reported","MedicineITLab",2,true,0.000843907,31185,true,{"v":2.65e-6,"d":"2.65E-06"},null,0.000843907,26.337776,25.26983511,26.337776]
["rs2589562","A","G","A","G",0.043985427,-0.000193726,0.7514,0.759356,false,false,false,"ukb-d-J32",null,0.228804,0.000160975,"Diagnoses - main ICD10: J32 Chronic sinusitis || id:ukb-d-J32",true,"igd","enigma3-withglobal-entorhinal-surfavg",10,9053672,0.009269265,{"v":2.08e-6,"d":"2.08E-06"},31133,"wSA_Mean_entorhinal_surfavg || id:enigma3-withglobal-entorhinal-surfavg",true,"reported","MedicineITLab",2,true,0.000722803,31133,true,{"v":2.51e-5,"d":"2.51E-05"},null,0.000722803,22.51785526,25.26983511,22.51785526]
["rs3171927","A","G","A","G",-0.041222831,{"v":4.94e-5,"d":"4.94E-05"},0.7056,0.695662,false,false,false,"ukb-d-J32",null,0.740745,0.000149355,"Diagnoses - main ICD10: J32 Chronic sinusitis || id:ukb-d-J32",true,"igd","enigma3-withglobal-entorhinal-surfavg",2,96952833,0.008782628,{"v":2.69e-6,"d":"2.69E-06"},31185,"wSA_Mean_entorhinal_surfavg || id:enigma3-withglobal-entorhinal-surfavg",true,"reported","MedicineITLab",2,true,0.000705996,31185,true,{"v":1.04e-5,"d":"1.04E-05"},null,0.000705996,22.03061468,25.26983511,22.03061468]
["rs35004829","A","G","A","G",-0.048821165,0.000371034,0.2341,0.233535,false,false,false,"ukb-d-J32",null,0.0223867,0.000162467,"Diagnoses - main ICD10: J32 Chronic sinusitis || id:ukb-d-J32",true,"igd","enigma3-withglobal-entorhinal-surfavg",7,101049687,0.009452651,{"v":2.41e-7,"d":"2.41E-07"},31185,"wSA_Mean_entorhinal_surfavg || id:enigma3-withglobal-entorhinal-surfavg",true,"reported","MedicineITLab",2,true,0.000854712,31185,true,{"v":1.63e-5,"d":"1.63E-05"},null,0.000854712,26.67528166,25.26983511,26.67528166]
["rs35510610","T","G","T","G",0.041847736,0.00014448,0.2619,0.276739,false,false,false,"ukb-d-J32",null,0.351664,0.000155126,"Diagnoses - main ICD10: J32 Chronic sinusitis || id:ukb-d-J32",true,"igd","enigma3-withglobal-entorhinal-surfavg",9,101639524,0.009104448,{"v":4.3e-6,"d":"4.30E-06"},31185,"wSA_Mean_entorhinal_surfavg || id:enigma3-withglobal-entorhinal-surfavg",true,"reported","MedicineITLab",2,true,0.000677056,31185,true,{"v":3.37e-5,"d":"3.37E-05"},null,0.000677056,21.12694365,25.26983511,21.12694365]
["rs3743462","A","G","A","G",-0.063964958,0.000217114,0.844,0.850118,false,false,false,"ukb-d-J32",null,0.299979,0.000209473,"Diagnoses - main ICD10: J32 Chronic sinusitis || id:ukb-d-J32",true,"igd","enigma3-withglobal-entorhinal-surfavg",15,96870817,0.01225125,{"v":1.78e-7,"d":"1.78E-07"},25276,"wSA_Mean_entorhinal_surfavg || id:enigma3-withglobal-entorhinal-surfavg",true,"reported","MedicineITLab",2,true,0.001077411,25276,true,{"v":1.74e-6,"d":"1.74E-06"},null,0.001077411,27.2598475,25.26983511,27.2598475]
["rs3790598","A","G","A","G",0.052087223,{"v":8.7e-5,"d":"8.70E-05"},0.1634,0.166275,false,false,false,"ukb-d-J32",null,0.637231,0.000184546,"Diagnoses - main ICD10: J32 Chronic sinusitis || id:ukb-d-J32",true,"igd","enigma3-withglobal-entorhinal-surfavg",1,113196896,0.010826298,{"v":1.5e-6,"d":"1.50E-06"},31185,"wSA_Mean_entorhinal_surfavg || id:enigma3-withglobal-entorhinal-surfavg",true,"reported","MedicineITLab",2,true,0.000741758,31185,true,{"v":7.38e-6,"d":"7.38E-06"},null,0.000741758,23.14741382,25.26983511,23.14741382]
["rs41298605","T","C","T","C",0.169131242,-0.000786326,0.0188,0.0163101,false,false,false,"ukb-d-J32",null,0.152645,0.000549781,"Diagnoses - main ICD10: J32 Chronic sinusitis || id:ukb-d-J32",true,"igd","enigma3-withglobal-entorhinal-surfavg",22,19741910,0.035915462,{"v":2.49e-6,"d":"2.49E-06"},20993,"wSA_Mean_entorhinal_surfavg || id:enigma3-withglobal-entorhinal-surfavg",true,"reported","MedicineITLab",2,true,0.001055342,20993,true,{"v":2.22e-5,"d":"2.22E-05"},null,0.001055342,22.17607897,25.26983511,22.17607897]
["rs4135","T","G","T","G",-0.07430567,-0.000300182,0.9382,0.9376052,false,false,false,"ukb-d-J32",null,0.291748,0.000284722,"Diagnoses - main ICD10: J32 Chronic sinusitis || id:ukb-d-J32",true,"igd","enigma3-withglobal-entorhinal-surfavg",4,29332747,0.016624364,{"v":7.84e-6,"d":"7.84E-06"},31185,"wSA_Mean_entorhinal_surfavg || id:enigma3-withglobal-entorhinal-surfavg",true,"reported","MedicineITLab",2,true,0.000640262,31185,true,{"v":6.59e-5,"d":"6.59E-05"},null,0.000640262,19.97808504,25.26983511,19.97808504]
["rs4147321","C","G","C","G",0.054879036,{"v":4.18e-5,"d":"4.18E-05"},0.7697,0.76818,false,true,false,"ukb-d-J32",null,0.797799,0.000163315,"Diagnoses - main ICD10: J32 Chronic sinusitis || id:ukb-d-J32",true,"igd","enigma3-withglobal-entorhinal-surfavg",5,81882571,0.00950575,{"v":7.76e-9,"d":"7.76E-09"},31185,"wSA_Mean_entorhinal_surfavg || id:enigma3-withglobal-entorhinal-surfavg",true,"reported","MedicineITLab",2,true,0.001067722,31185,true,{"v":4.61e-8,"d":"4.61E-08"},null,0.001067722,33.33037649,25.26983511,33.33037649]
["rs4408506","T","C","T","C",0.046936912,0.000315599,0.8082,0.82466,false,false,false,"ukb-d-J32",null,0.0814235,0.000181119,"Diagnoses - main ICD10: J32 Chronic sinusitis || id:ukb-d-J32",true,"igd","enigma3-withglobal-entorhinal-surfavg",15,79250141,0.010184515,{"v":4.06e-6,"d":"4.06E-06"},31078,"wSA_Mean_entorhinal_surfavg || id:enigma3-withglobal-entorhinal-surfavg",true,"reported","MedicineITLab",2,true,0.000683009,31078,true,{"v":8.45e-5,"d":"8.45E-05"},null,0.000683009,21.23969725,25.26983511,21.23969725]
["rs4434446","A","C","A","C",0.03910183,{"v":-7.16e-5,"d":"-7.16E-05"},0.6758,0.684387,false,false,false,"ukb-d-J32",null,0.629182,0.000148263,"Diagnoses - main ICD10: J32 Chronic sinusitis || id:ukb-d-J32",true,"igd","enigma3-withglobal-entorhinal-surfavg",6,83715789,0.008551946,{"v":4.82e-6,"d":"4.82E-06"},31185,"wSA_Mean_entorhinal_surfavg || id:enigma3-withglobal-entorhinal-surfavg",true,"reported","MedicineITLab",2,true,0.00066997,31185,true,{"v":2.14e-5,"d":"2.14E-05"},null,0.00066997,20.90568106,25.26983511,20.90568106]
["rs4888640","A","T","A","T",0.043027434,{"v":8.79e-5,"d":"8.79E-05"},0.3432,0.338682,false,true,false,"ukb-d-J32",null,0.548626,0.000146502,"Diagnoses - main ICD10: J32 Chronic sinusitis || id:ukb-d-J32",true,"igd","enigma3-withglobal-entorhinal-surfavg",16,77545392,0.008430523,{"v":3.33e-7,"d":"3.33E-07"},31185,"wSA_Mean_entorhinal_surfavg || id:enigma3-withglobal-entorhinal-surfavg",true,"reported","MedicineITLab",2,true,0.000834644,31185,true,{"v":2.28e-6,"d":"2.28E-06"},null,0.000834644,26.04844781,25.26983511,26.04844781]
["rs61837172","T","C","T","C",-0.089516185,-0.000294289,0.0528,0.0509006,false,false,false,"ukb-d-J32",null,0.346205,0.000312417,"Diagnoses - main ICD10: J32 Chronic sinusitis || id:ukb-d-J32",true,"igd","enigma3-withglobal-entorhinal-surfavg",1,235299492,0.019399106,{"v":3.94e-6,"d":"3.94E-06"},26547,"wSA_Mean_entorhinal_surfavg || id:enigma3-withglobal-entorhinal-surfavg",true,"reported","MedicineITLab",2,true,0.00080151,26547,true,{"v":2.59e-5,"d":"2.59E-05"},null,0.00080151,21.29313939,25.26983511,21.29313939]
["rs62174436","C","G","C","G",-0.094274166,-0.000331991,0.9622,0.9617963,false,true,false,"ukb-d-J32",null,0.356487,0.000360046,"Diagnoses - main ICD10: J32 Chronic sinusitis || id:ukb-d-J32",true,"igd","enigma3-withglobal-entorhinal-surfavg",2,169576260,0.02120261,{"v":8.73e-6,"d":"8.73E-06"},30562,"wSA_Mean_entorhinal_surfavg || id:enigma3-withglobal-entorhinal-surfavg",true,"reported","MedicineITLab",2,true,0.000646506,30562,true,{"v":6.04e-5,"d":"6.04E-05"},null,0.000646506,19.77000428,25.26983511,19.77000428]
["rs623815","T","C","T","C",-0.039235182,-0.000172724,0.3072,0.299522,false,false,false,"ukb-d-J32",null,0.255468,0.000151889,"Diagnoses - main ICD10: J32 Chronic sinusitis || id:ukb-d-J32",true,"igd","enigma3-withglobal-entorhinal-surfavg",6,131475230,0.008825703,{"v":8.78e-6,"d":"8.78E-06"},30143,"wSA_Mean_entorhinal_surfavg || id:enigma3-withglobal-entorhinal-surfavg",true,"reported","MedicineITLab",2,true,0.000655255,30143,true,{"v":7.66e-5,"d":"7.66E-05"},null,0.000655255,19.76299483,25.26983511,19.76299483]
["rs62416354","A","G","A","G",0.106044147,0.000464197,0.0381,0.0374812,false,false,false,"ukb-d-J32",null,0.197567,0.000360257,"Diagnoses - main ICD10: J32 Chronic sinusitis || id:ukb-d-J32",true,"igd","enigma3-withglobal-entorhinal-surfavg",6,42905788,0.023537373,{"v":6.63e-6,"d":"6.63E-06"},24608,"wSA_Mean_entorhinal_surfavg || id:enigma3-withglobal-entorhinal-surfavg",true,"reported","MedicineITLab",2,true,0.000824249,24608,true,{"v":5.5e-5,"d":"5.50E-05"},null,0.000824249,20.29819562,25.26983511,20.29819562]
["rs6693283","A","C","A","C",-0.043178528,-0.000118687,0.4206,0.424826,false,false,false,"ukb-d-J32",null,0.393599,0.000139123,"Diagnoses - main ICD10: J32 Chronic sinusitis || id:ukb-d-J32",true,"igd","enigma3-withglobal-entorhinal-surfavg",1,178740427,0.008107832,{"v":1.01e-7,"d":"1.01E-07"},31185,"wSA_Mean_entorhinal_surfavg || id:enigma3-withglobal-entorhinal-surfavg",true,"reported","MedicineITLab",2,true,0.000908685,31185,true,{"v":1.13e-6,"d":"1.13E-06"},null,0.000908685,28.36129965,25.26983511,28.36129965]
["rs67951074","C","G","C","G",0.045357013,{"v":8.22e-5,"d":"8.22E-05"},0.3915,0.38479,false,true,false,"ukb-d-J32",null,0.564368,0.000142626,"Diagnoses - main ICD10: J32 Chronic sinusitis || id:ukb-d-J32",true,"igd","enigma3-withglobal-entorhinal-surfavg",21,29283215,0.009279729,{"v":1.02e-6,"d":"1.02E-06"},24351,"wSA_Mean_entorhinal_surfavg || id:enigma3-withglobal-entorhinal-surfavg",true,"reported","MedicineITLab",2,true,0.000980192,24351,true,{"v":4.54e-6,"d":"4.54E-06"},null,0.000980192,23.89011701,25.26983511,23.89011701]
["rs7141150","A","C","A","C",0.051438438,{"v":-7.94e-5,"d":"-7.94E-05"},0.5206,0.521226,false,false,false,"ukb-d-J32",null,0.565379,0.000138188,"Diagnoses - main ICD10: J32 Chronic sinusitis || id:ukb-d-J32",true,"igd","enigma3-withglobal-entorhinal-surfavg",14,59860705,0.008010101,{"v":1.35e-10,"d":"1.35E-10"},31185,"wSA_Mean_entorhinal_surfavg || id:enigma3-withglobal-entorhinal-surfavg",true,"reported","MedicineITLab",2,true,0.001320711,31185,true,{"v":2e-9,"d":"2.00E-09"},null,0.001320711,41.23818906,25.26983511,41.23818906]
["rs72656074","A","G","A","G",0.043733064,{"v":7.1e-5,"d":"7.10E-05"},0.7047,0.702685,false,false,false,"ukb-d-J32",null,0.644647,0.000153906,"Diagnoses - main ICD10: J32 Chronic sinusitis || id:ukb-d-J32",true,"igd","enigma3-withglobal-entorhinal-surfavg",4,73415833,0.008943234,{"v":1.01e-6,"d":"1.01E-06"},30019,"wSA_Mean_entorhinal_surfavg || id:enigma3-withglobal-entorhinal-surfavg",true,"reported","MedicineITLab",2,true,0.000796008,30019,true,{"v":4.87e-6,"d":"4.87E-06"},null,0.000796008,23.9128121,25.26983511,23.9128121]
["rs73205654","T","C","T","C",-0.066502867,-0.000641339,0.0973,0.0939229,false,false,false,"ukb-d-J32",null,0.00740815,0.000239491,"Diagnoses - main ICD10: J32 Chronic sinusitis || id:ukb-d-J32",true,"igd","enigma3-withglobal-entorhinal-surfavg",8,16809771,0.013512142,{"v":8.58e-7,"d":"8.58E-07"},31157,"wSA_Mean_entorhinal_surfavg || id:enigma3-withglobal-entorhinal-surfavg",true,"reported","MedicineITLab",2,true,0.000776903,31157,true,{"v":7.28e-5,"d":"7.28E-05"},null,0.000776903,24.2232444,25.26983511,24.2232444]
["rs7727904","A","G","A","G",0.04621554,0.000130516,0.7719,0.780842,false,false,false,"ukb-d-J32",null,0.432018,0.000166104,"Diagnoses - main ICD10: J32 Chronic sinusitis || id:ukb-d-J32",true,"igd","enigma3-withglobal-entorhinal-surfavg",5,121921114,0.009605982,{"v":1.5e-6,"d":"1.50E-06"},30754,"wSA_Mean_entorhinal_surfavg || id:enigma3-withglobal-entorhinal-surfavg",true,"reported","MedicineITLab",2,true,0.000752129,30754,true,{"v":1.09e-5,"d":"1.09E-05"},null,0.000752129,23.14688301,25.26983511,23.14688301]
["rs990906","C","G","C","G",0.064166204,{"v":-3.14e-5,"d":"-3.14E-05"},0.8612,0.862945,false,true,false,"ukb-d-J32",null,0.877666,0.000203857,"Diagnoses - main ICD10: J32 Chronic sinusitis || id:ukb-d-J32",true,"igd","enigma3-withglobal-entorhinal-surfavg",13,34116150,0.013252839,{"v":1.29e-6,"d":"1.29E-06"},23794,"wSA_Mean_entorhinal_surfavg || id:enigma3-withglobal-entorhinal-surfavg",true,"reported","MedicineITLab",2,true,0.00098432,23794,true,{"v":3.31e-6,"d":"3.31E-06"},null,0.00098432,23.44200851,25.26983511,23.44200851]
["rs10188387","T","C","T","C",0.053353027,-0.031,0.1295,0.13,false,false,false,"ukb-saige-471",null,0.4,0.037,"Nasal polyps || id:ukb-saige-471",true,"MedicineITLab","enigma3-withglobal-entorhinal-surfavg",2,159664713,0.011922501,{"v":7.65e-6,"d":"7.65E-06"},31185,"wSA_Mean_entorhinal_surfavg || id:enigma3-withglobal-entorhinal-surfavg",true,"reported","MedicineITLab",2,true,0.000641781,31185,true,{"v":4.51e-5,"d":"4.51E-05"},null,0.000641781,20.02549993,25.26983511,20.02549993]
["rs11128112","A","T","A","T",0.125286049,-0.042,0.9736,0.973,false,true,false,"ukb-saige-471",null,0.6,0.079,"Nasal polyps || id:ukb-saige-471",true,"MedicineITLab","enigma3-withglobal-entorhinal-surfavg",3,69153935,0.028347678,{"v":9.89e-6,"d":"9.89E-06"},24190,"wSA_Mean_entorhinal_surfavg || id:enigma3-withglobal-entorhinal-surfavg",true,"reported","MedicineITLab",2,true,0.0008069,24190,true,{"v":3.17e-5,"d":"3.17E-05"},null,0.0008069,19.53306747,25.26983511,19.53306747]
["rs114791303","T","C","T","C",-0.184877297,-0.062,0.9885,0.9923,false,false,false,"ukb-saige-471",null,0.66,0.14,"Nasal polyps || id:ukb-saige-471",true,"MedicineITLab","enigma3-withglobal-entorhinal-surfavg",21,37099169,0.041577368,{"v":8.73e-6,"d":"8.73E-06"},25426,"wSA_Mean_entorhinal_surfavg || id:enigma3-withglobal-entorhinal-surfavg",true,"reported","MedicineITLab",2,true,0.000777091,25426,true,{"v":2.67e-5,"d":"2.67E-05"},null,0.000777091,19.77211702,25.26983511,19.77211702]
["rs12921392","A","G","A","G",0.045733756,-0.029,0.3878,0.38,false,false,false,"ukb-saige-471",null,0.25,0.026,"Nasal polyps || id:ukb-saige-471",true,"MedicineITLab","enigma3-withglobal-entorhinal-surfavg",16,77320605,0.008214095,{"v":2.59e-8,"d":"2.59E-08"},31185,"wSA_Mean_entorhinal_surfavg || id:enigma3-withglobal-entorhinal-surfavg",true,"reported","MedicineITLab",2,true,0.000993127,31185,true,{"v":4.28e-7,"d":"4.28E-07"},null,0.000993127,30.99947101,25.26983511,30.99947101]
["rs138332936","A","T","A","T",0.102525003,-0.062,0.0333,0.037,false,true,false,"ukb-saige-471",null,0.36,0.067,"Nasal polyps || id:ukb-saige-471",true,"MedicineITLab","enigma3-withglobal-entorhinal-surfavg",11,80023301,0.022537226,{"v":5.39e-6,"d":"5.39E-06"},30561,"wSA_Mean_entorhinal_surfavg || id:enigma3-withglobal-entorhinal-surfavg",true,"reported","MedicineITLab",2,true,0.000676746,30561,true,{"v":3.58e-5,"d":"3.58E-05"},null,0.000676746,20.69467805,25.26983511,20.69467805]
["rs139358502","C","G","C","G",-0.109516982,0.021,0.029,0.024,false,true,false,"ukb-saige-471",null,0.8,0.083,"Nasal polyps || id:ukb-saige-471",true,"MedicineITLab","enigma3-withglobal-entorhinal-surfavg",5,52541536,0.023701855,{"v":3.82e-6,"d":"3.82E-06"},31588,"wSA_Mean_entorhinal_surfavg || id:enigma3-withglobal-entorhinal-surfavg",true,"reported","MedicineITLab",2,true,0.000675476,31588,true,{"v":1.21e-5,"d":"1.21E-05"},null,0.000675476,21.35001781,25.26983511,21.35001781]
["rs140984211","A","T","A","T",0.091149243,0.062,0.9571,0.973,false,true,false,"ukb-saige-471",null,0.49,0.09,"Nasal polyps || id:ukb-saige-471",true,"MedicineITLab","enigma3-withglobal-entorhinal-surfavg",2,169389850,0.019754705,{"v":3.95e-6,"d":"3.95E-06"},31185,"wSA_Mean_entorhinal_surfavg || id:enigma3-withglobal-entorhinal-surfavg",true,"reported","MedicineITLab",2,true,0.000682261,31185,true,{"v":2.1e-5,"d":"2.10E-05"},null,0.000682261,21.28947897,25.26983511,21.28947897]
["rs141912254","T","C","T","C",-0.135282964,0.1,0.9753,0.974,false,false,false,"ukb-saige-471",null,0.21,0.081,"Nasal polyps || id:ukb-saige-471",true,"MedicineITLab","enigma3-withglobal-entorhinal-surfavg",3,21153917,0.025938115,{"v":1.83e-7,"d":"1.83E-07"},30825,"wSA_Mean_entorhinal_surfavg || id:enigma3-withglobal-entorhinal-surfavg",true,"reported","MedicineITLab",2,true,0.000881762,30825,true,{"v":2.75e-6,"d":"2.75E-06"},null,0.000881762,27.20253709,25.26983511,27.20253709]
["rs1659832","A","G","A","G",-0.042768717,0.053,0.2698,0.28,false,false,false,"ukb-saige-471",null,0.059,0.028,"Nasal polyps || id:ukb-saige-471",true,"MedicineITLab","enigma3-withglobal-entorhinal-surfavg",7,138281355,0.009018361,{"v":2.11e-6,"d":"2.11E-06"},31185,"wSA_Mean_entorhinal_surfavg || id:enigma3-withglobal-entorhinal-surfavg",true,"reported","MedicineITLab",2,true,0.000720719,31185,true,{"v":5.09e-5,"d":"5.09E-05"},null,0.000720719,22.49040247,25.26983511,22.49040247]
["rs17698176","T","G","T","G",-0.056088974,0.011,0.7794,0.77,false,false,false,"ukb-saige-471",null,0.72,0.03,"Nasal polyps || id:ukb-saige-471",true,"MedicineITLab","enigma3-withglobal-entorhinal-surfavg",17,44819595,0.010548851,{"v":1.05e-7,"d":"1.05E-07"},26107,"wSA_Mean_entorhinal_surfavg || id:enigma3-withglobal-entorhinal-surfavg",true,"reported","MedicineITLab",2,true,0.00108181,26107,true,{"v":4.27e-7,"d":"4.27E-07"},null,0.00108181,28.27122792,25.26983511,28.27122792]
["rs17700444","A","G","A","G",-0.094279889,0.12,0.0376,0.037,false,false,false,"ukb-saige-471",null,0.062,0.067,"Nasal polyps || id:ukb-saige-471",true,"MedicineITLab","enigma3-withglobal-entorhinal-surfavg",10,89379003,0.021043336,{"v":7.46e-6,"d":"7.46E-06"},31185,"wSA_Mean_entorhinal_surfavg || id:enigma3-withglobal-entorhinal-surfavg",true,"reported","MedicineITLab",2,true,0.000643297,31185,true,0.000129891,null,0.000643297,20.07284582,25.26983511,20.07284582]
["rs2270027","A","G","A","G",-0.051328316,0.0057,0.8121,0.81,false,false,false,"ukb-saige-471",null,0.86,0.032,"Nasal polyps || id:ukb-saige-471",true,"MedicineITLab","enigma3-withglobal-entorhinal-surfavg",7,29105776,0.010246682,{"v":5.47e-7,"d":"5.47E-07"},31185,"wSA_Mean_entorhinal_surfavg || id:enigma3-withglobal-entorhinal-surfavg",true,"reported","MedicineITLab",2,true,0.000804045,31185,true,{"v":1.82e-6,"d":"1.82E-06"},null,0.000804045,25.09270847,25.26983511,25.09270847]
["rs2274116","T","C","T","C",-0.037818526,0.011,0.3314,0.34,false,false,false,"ukb-saige-471",null,0.67,0.026,"Nasal polyps || id:ukb-saige-471",true,"MedicineITLab","enigma3-withglobal-entorhinal-surfavg",9,139094805,0.008518739,{"v":9.01e-6,"d":"9.01E-06"},31078,"wSA_Mean_entorhinal_surfavg || id:enigma3-withglobal-entorhinal-surfavg",true,"reported","MedicineITLab",2,true,0.000633808,31078,true,{"v":3.2e-5,"d":"3.20E-05"},null,0.000633808,19.70872448,25.26983511,19.70872448]
["rs247787","A","G","A","G",-0.054736331,0.0016,0.8304,0.83,false,false,false,"ukb-saige-471",null,0.96,0.033,"Nasal polyps || id:ukb-saige-471",true,"MedicineITLab","enigma3-withglobal-entorhinal-surfavg",19,19863248,0.010665621,{"v":2.86e-7,"d":"2.86E-07"},31185,"wSA_Mean_entorhinal_surfavg || id:enigma3-withglobal-entorhinal-surfavg",true,"reported","MedicineITLab",2,true,0.000843907,31185,true,{"v":8.39e-7,"d":"8.39E-07"},null,0.000843907,26.337776,25.26983511,26.337776]
["rs2589562","A","G","A","G",0.043985427,-0.095,0.7514,0.76,false,false,false,"ukb-saige-471",null,0.0012,0.029,"Nasal polyps || id:ukb-saige-471",true,"MedicineITLab","enigma3-withglobal-entorhinal-surfavg",10,9053672,0.009269265,{"v":2.08e-6,"d":"2.08E-06"},31133,"wSA_Mean_entorhinal_surfavg || id:enigma3-withglobal-entorhinal-surfavg",true,"reported","MedicineITLab",2,true,0.000722803,31133,true,0.000233014,null,0.000722803,22.51785526,25.26983511,22.51785526]
["rs3171927","A","G","A","G",-0.041222831,-0.049,0.7056,0.7,false,false,false,"ukb-saige-471",null,0.07,0.027,"Nasal polyps || id:ukb-saige-471",true,"MedicineITLab","enigma3-withglobal-entorhinal-surfavg",2,96952833,0.008782628,{"v":2.69e-6,"d":"2.69E-06"},31185,"wSA_Mean_entorhinal_surfavg || id:enigma3-withglobal-entorhinal-surfavg",true,"reported","MedicineITLab",2,true,0.000705996,31185,true,{"v":5.68e-5,"d":"5.68E-05"},null,0.000705996,22.03061468,25.26983511,22.03061468]
["rs35004829","A","G","A","G",-0.048821165,-0.0036,0.2341,0.23,false,false,false,"ukb-saige-471",null,0.9,0.029,"Nasal polyps || id:ukb-saige-471",true,"MedicineITLab","enigma3-withglobal-entorhinal-surfavg",7,101049687,0.009452651,{"v":2.41e-7,"d":"2.41E-07"},31185,"wSA_Mean_entorhinal_surfavg || id:enigma3-withglobal-entorhinal-surfavg",true,"reported","MedicineITLab",2,true,0.000854712,31185,true,{"v":7.93e-7,"d":"7.93E-07"},null,0.000854712,26.67528166,25.26983511,26.67528166]
["rs35510610","T","G","T","G",0.041847736,0.03,0.2619,0.28,false,false,false,"ukb-saige-471",null,0.28,0.028,"Nasal polyps || id:ukb-saige-471",true,"MedicineITLab","enigma3-withglobal-entorhinal-surfavg",9,101639524,0.009104448,{"v":4.3e-6,"d":"4.30E-06"},31185,"wSA_Mean_entorhinal_surfavg || id:enigma3-withglobal-entorhinal-surfavg",true,"reported","MedicineITLab",2,true,0.000677056,31185,true,{"v":3.57e-5,"d":"3.57E-05"},null,0.000677056,21.12694365,25.26983511,21.12694365]
["rs3743462","A","G","A","G",-0.063964958,-0.032,0.844,0.85,false,false,false,"ukb-saige-471",null,0.4,0.038,"Nasal polyps || id:ukb-saige-471",true,"MedicineITLab","enigma3-withglobal-entorhinal-surfavg",15,96870817,0.01225125,{"v":1.78e-7,"d":"1.78E-07"},25276,"wSA_Mean_entorhinal_surfavg || id:enigma3-withglobal-entorhinal-surfavg",true,"reported","MedicineITLab",2,true,0.001077411,25276,true,{"v":1.22e-6,"d":"1.22E-06"},null,0.001077411,27.2598475,25.26983511,27.2598475]
["rs3790598","A","G","A","G",0.052087223,-0.018,0.1634,0.17,false,false,false,"ukb-saige-471",null,0.59,0.034,"Nasal polyps || id:ukb-saige-471",true,"MedicineITLab","enigma3-withglobal-entorhinal-surfavg",1,113196896,0.010826298,{"v":1.5e-6,"d":"1.50E-06"},31185,"wSA_Mean_entorhinal_surfavg || id:enigma3-withglobal-entorhinal-surfavg",true,"reported","MedicineITLab",2,true,0.000741758,31185,true,{"v":7.22e-6,"d":"7.22E-06"},null,0.000741758,23.14741382,25.26983511,23.14741382]
["rs41298605","T","C","T","C",0.169131242,-0.22,0.0188,0.016,false,false,false,"ukb-saige-471",null,0.027,0.1,"Nasal polyps || id:ukb-saige-471",true,"MedicineITLab","enigma3-withglobal-entorhinal-surfavg",22,19741910,0.035915462,{"v":2.49e-6,"d":"2.49E-06"},20993,"wSA_Mean_entorhinal_surfavg || id:enigma3-withglobal-entorhinal-surfavg",true,"reported","MedicineITLab",2,true,0.001055342,20993,true,{"v":4.27e-5,"d":"4.27E-05"},null,0.001055342,22.17607897,25.26983511,22.17607897]
["rs4135","T","G","T","G",-0.07430567,0.035,0.9382,0.938,false,false,false,"ukb-saige-471",null,0.51,0.052,"Nasal polyps || id:ukb-saige-471",true,"MedicineITLab","enigma3-withglobal-entorhinal-surfavg",4,29332747,0.016624364,{"v":7.84e-6,"d":"7.84E-06"},31185,"wSA_Mean_entorhinal_surfavg || id:enigma3-withglobal-entorhinal-surfavg",true,"reported","MedicineITLab",2,true,0.000640262,31185,true,{"v":3.8e-5,"d":"3.80E-05"},null,0.000640262,19.97808504,25.26983511,19.97808504]
["rs4147321","C","G","C","G",0.054879036,-0.01,0.7697,0.77,false,true,false,"ukb-saige-471",null,0.73,0.03,"Nasal polyps || id:ukb-saige-471",true,"MedicineITLab","enigma3-withglobal-entorhinal-surfavg",5,81882571,0.00950575,{"v":7.76e-9,"d":"7.76E-09"},31185,"wSA_Mean_entorhinal_surfavg || id:enigma3-withglobal-entorhinal-surfavg",true,"reported","MedicineITLab",2,true,0.001067722,31185,true,{"v":4.61e-8,"d":"4.61E-08"},null,0.001067722,33.33037649,25.26983511,33.33037649]
["rs4408506","T","C","T","C",0.046936912,-0.013,0.8082,0.82,false,false,false,"ukb-saige-471",null,0.7,0.033,"Nasal polyps || id:ukb-saige-471",true,"MedicineITLab","enigma3-withglobal-entorhinal-surfavg",15,79250141,0.010184515,{"v":4.06e-6,"d":"4.06E-06"},31078,"wSA_Mean_entorhinal_surfavg || id:enigma3-withglobal-entorhinal-surfavg",true,"reported","MedicineITLab",2,true,0.000683009,31078,true,{"v":1.49e-5,"d":"1.49E-05"},null,0.000683009,21.23969725,25.26983511,21.23969725]
["rs4434446","A","C","A","C",0.03910183,-0.023,0.6758,0.69,false,false,false,"ukb-saige-471",null,0.39,0.027,"Nasal polyps || id:ukb-saige-471",true,"MedicineITLab","enigma3-withglobal-entorhinal-surfavg",6,83715789,0.008551946,{"v":4.82e-6,"d":"4.82E-06"},31185,"wSA_Mean_entorhinal_surfavg || id:enigma3-withglobal-entorhinal-surfavg",true,"reported","MedicineITLab",2,true,0.00066997,31185,true,{"v":3.05e-5,"d":"3.05E-05"},null,0.00066997,20.90568106,25.26983511,20.90568106]
["rs4888640","A","T","A","T",0.043027434,0.016,0.3432,0.34,false,true,false,"ukb-saige-471",null,0.54,0.026,"Nasal polyps || id:ukb-saige-471",true,"MedicineITLab","enigma3-withglobal-entorhinal-surfavg",16,77545392,0.008430523,{"v":3.33e-7,"d":"3.33E-07"},31185,"wSA_Mean_entorhinal_surfavg || id:enigma3-withglobal-entorhinal-surfavg",true,"reported","MedicineITLab",2,true,0.000834644,31185,true,{"v":2.08e-6,"d":"2.08E-06"},null,0.000834644,26.04844781,25.26983511,26.04844781]
["rs61837172","T","C","T","C",-0.089516185,-0.03,0.0528,0.051,false,false,false,"ukb-saige-471",null,0.59,0.057,"Nasal polyps || id:ukb-saige-471",true,"MedicineITLab","enigma3-withglobal-entorhinal-surfavg",1,235299492,0.019399106,{"v":3.94e-6,"d":"3.94E-06"},26547,"wSA_Mean_entorhinal_surfavg || id:enigma3-withglobal-entorhinal-surfavg",true,"reported","MedicineITLab",2,true,0.00080151,26547,true,{"v":1.47e-5,"d":"1.47E-05"},null,0.00080151,21.29313939,25.26983511,21.29313939]
["rs62174436","C","G","C","G",-0.094274166,-0.028,0.9622,0.962,false,true,false,"ukb-saige-471",null,0.67,0.065,"Nasal polyps || id:ukb-saige-471",true,"MedicineITLab","enigma3-withglobal-entorhinal-surfavg",2,169576260,0.02120261,{"v":8.73e-6,"d":"8.73E-06"},30562,"wSA_Mean_entorhinal_surfavg || id:enigma3-withglobal-entorhinal-surfavg",true,"reported","MedicineITLab",2,true,0.000646506,30562,true,{"v":3.09e-5,"d":"3.09E-05"},null,0.000646506,19.77000428,25.26983511,19.77000428]
["rs623815","T","C","T","C",-0.039235182,-0.027,0.3072,0.3,false,false,false,"ukb-saige-471",null,0.33,0.028,"Nasal polyps || id:ukb-saige-471",true,"MedicineITLab","enigma3-withglobal-entorhinal-surfavg",6,131475230,0.008825703,{"v":8.78e-6,"d":"8.78E-06"},30143,"wSA_Mean_entorhinal_surfavg || id:enigma3-withglobal-entorhinal-surfavg",true,"reported","MedicineITLab",2,true,0.000655255,30143,true,{"v":5.66e-5,"d":"5.66E-05"},null,0.000655255,19.76299483,25.26983511,19.76299483]
["rs62416354","A","G","A","G",0.106044147,0.029,0.0381,0.038,false,false,false,"ukb-saige-471",null,0.66,0.066,"Nasal polyps || id:ukb-saige-471",true,"MedicineITLab","enigma3-withglobal-entorhinal-surfavg",6,42905788,0.023537373,{"v":6.63e-6,"d":"6.63E-06"},24608,"wSA_Mean_entorhinal_surfavg || id:enigma3-withglobal-entorhinal-surfavg",true,"reported","MedicineITLab",2,true,0.000824249,24608,true,{"v":2.01e-5,"d":"2.01E-05"},null,0.000824249,20.29819562,25.26983511,20.29819562]
["rs6693283","A","C","A","C",-0.043178528,0.051,0.4206,0.42,false,false,false,"ukb-saige-471",null,0.045,0.025,"Nasal polyps || id:ukb-saige-471",true,"MedicineITLab","enigma3-withglobal-entorhinal-surfavg",1,178740427,0.008107832,{"v":1.01e-7,"d":"1.01E-07"},31185,"wSA_Mean_entorhinal_surfavg || id:enigma3-withglobal-entorhinal-surfavg",true,"reported","MedicineITLab",2,true,0.000908685,31185,true,{"v":4.82e-6,"d":"4.82E-06"},null,0.000908685,28.36129965,25.26983511,28.36129965]
["rs67951074","C","G","C","G",0.045357013,0.014,0.3915,0.38,false,true,false,"ukb-saige-471",null,0.59,0.026,"Nasal polyps || id:ukb-saige-471",true,"MedicineITLab","enigma3-withglobal-entorhinal-surfavg",21,29283215,0.009279729,{"v":1.02e-6,"d":"1.02E-06"},24351,"wSA_Mean_entorhinal_surfavg || id:enigma3-withglobal-entorhinal-surfavg",true,"reported","MedicineITLab",2,true,0.000980192,24351,true,{"v":3.98e-6,"d":"3.98E-06"},null,0.000980192,23.89011701,25.26983511,23.89011701]
["rs7141150","A","C","A","C",0.051438438,-0.04,0.5206,0.52,false,false,false,"ukb-saige-471",null,0.11,0.025,"Nasal polyps || id:ukb-saige-471",true,"MedicineITLab","enigma3-withglobal-entorhinal-surfavg",14,59860705,0.008010101,{"v":1.35e-10,"d":"1.35E-10"},31185,"wSA_Mean_entorhinal_surfavg || id:enigma3-withglobal-entorhinal-surfavg",true,"reported","MedicineITLab",2,true,0.001320711,31185,true,{"v":9.12e-9,"d":"9.12E-09"},null,0.001320711,41.23818906,25.26983511,41.23818906]
["rs73205654","T","C","T","C",-0.066502867,0.0034,0.0973,0.094,false,false,false,"ukb-saige-471",null,0.94,0.043,"Nasal polyps || id:ukb-saige-471",true,"MedicineITLab","enigma3-withglobal-entorhinal-surfavg",8,16809771,0.013512142,{"v":8.58e-7,"d":"8.58E-07"},31157,"wSA_Mean_entorhinal_surfavg || id:enigma3-withglobal-entorhinal-surfavg",true,"reported","MedicineITLab",2,true,0.000776903,31157,true,{"v":2.41e-6,"d":"2.41E-06"},null,0.000776903,24.2232444,25.26983511,24.2232444]
["rs7727904","A","G","A","G",0.04621554,-0.026,0.7719,0.78,false,false,false,"ukb-saige-471",null,0.39,0.03,"Nasal polyps || id:ukb-saige-471",true,"MedicineITLab","enigma3-withglobal-entorhinal-surfavg",5,121921114,0.009605982,{"v":1.5e-6,"d":"1.50E-06"},30754,"wSA_Mean_entorhinal_surfavg || id:enigma3-withglobal-entorhinal-surfavg",true,"reported","MedicineITLab",2,true,0.000752129,30754,true,{"v":1.09e-5,"d":"1.09E-05"},null,0.000752129,23.14688301,25.26983511,23.14688301]
["rs990906","C","G","C","G",0.064166204,0.022,0.8612,0.86,false,true,false,"ukb-saige-471",null,0.56,0.037,"Nasal polyps || id:ukb-saige-471",true,"MedicineITLab","enigma3-withglobal-entorhinal-surfavg",13,34116150,0.013252839,{"v":1.29e-6,"d":"1.29E-06"},23794,"wSA_Mean_entorhinal_surfavg || id:enigma3-withglobal-entorhinal-surfavg",true,"reported","MedicineITLab",2,true,0.00098432,23794,true,{"v":5.15e-6,"d":"5.15E-06"},null,0.00098432,23.44200851,25.26983511,23.44200851]
["rs10790066","A","G","A","G",-0.036894818,0.003792893,0.4745,0.202404615,false,false,false,"ebi-eas-GCST90018603",null,0.886362055,0.02654062,"Chronic sinusitis || id:ebi-eas-GCST90018603",true,"MedicineITLab","enigma3-withglobal-entorhinal-thickavg",11,115005415,0.007977258,{"v":3.11e-6,"d":"3.11E-06"},31491,"wTHICK_Mean_entorhinal_thickavg || id:enigma3-withglobal-entorhinal-thickavg",true,"reported","MedicineITLab",2,true,0.000678844,31491,true,{"v":3.16e-5,"d":"3.16E-05"},null,0.000678844,21.390625,25.26983511,21.390625]
["rs111658633","T","C","T","C",-0.08602972,0.041824892,0.0654,0.056856507,false,false,false,"ebi-eas-GCST90018603",null,0.373881711,0.047035173,"Chronic sinusitis || id:ebi-eas-GCST90018603",true,"MedicineITLab","enigma3-withglobal-entorhinal-thickavg",17,9063565,0.016110434,{"v":7.19e-8,"d":"7.19E-08"},31491,"wTHICK_Mean_entorhinal_thickavg || id:enigma3-withglobal-entorhinal-thickavg",true,"reported","MedicineITLab",2,true,0.000904754,31491,true,{"v":6.52e-6,"d":"6.52E-06"},null,0.000904754,28.5156,25.26983511,28.5156]
["rs1268180","C","G","C","G",-0.04059275,-0.002400556,0.6563,0.789373162,false,true,false,"ebi-eas-GCST90018603",null,0.926879804,0.026158047,"Chronic sinusitis || id:ebi-eas-GCST90018603",true,"MedicineITLab","enigma3-withglobal-entorhinal-thickavg",6,109015223,0.008386932,{"v":1.73e-6,"d":"1.73E-06"},31491,"wTHICK_Mean_entorhinal_thickavg || id:enigma3-withglobal-entorhinal-thickavg",true,"reported","MedicineITLab",2,true,0.000743377,31491,true,{"v":1.19e-5,"d":"1.19E-05"},null,0.000743377,23.4256,25.26983511,23.4256]
["rs147439352","A","G","A","G",0.051123068,-0.05589273,0.1574,0.162634409,false,false,false,"ebi-eas-GCST90018603",null,0.053742872,0.028976429,"Chronic sinusitis || id:ebi-eas-GCST90018603",true,"MedicineITLab","enigma3-withglobal-entorhinal-thickavg",1,94398510,0.011001166,{"v":2.38e-6,"d":"2.38E-06"},31131,"wTHICK_Mean_entorhinal_thickavg || id:enigma3-withglobal-entorhinal-thickavg",true,"reported","MedicineITLab",2,true,0.00069325,31131,true,0.00054145,null,0.00069325,21.59515571,25.26983511,21.59515571]
["rs16949009","A","G","A","G",-0.080372823,-0.072363161,0.9475,0.98542439,false,false,false,"ebi-eas-GCST90018603",null,0.42066136,0.089861496,"Chronic sinusitis || id:ebi-eas-GCST90018603",true,"MedicineITLab","enigma3-withglobal-entorhinal-thickavg",15,94901233,0.017860627,{"v":8.55e-6,"d":"8.55E-06"},31491,"wTHICK_Mean_entorhinal_thickavg || id:enigma3-withglobal-entorhinal-thickavg",true,"reported","MedicineITLab",2,true,0.000642668,31491,true,0.000158836,null,0.000642668,20.25,25.26983511,20.25]
["rs17790394","T","C","T","C",0.051479101,-0.05839213,0.2133,0.031599653,false,false,false,"ebi-eas-GCST90018603",null,0.371457259,0.065334069,"Chronic sinusitis || id:ebi-eas-GCST90018603",true,"MedicineITLab","enigma3-withglobal-entorhinal-thickavg",5,81720103,0.009790504,{"v":1.49e-7,"d":"1.49E-07"},31060,"wTHICK_Mean_entorhinal_thickavg || id:enigma3-withglobal-entorhinal-thickavg",true,"reported","MedicineITLab",2,true,0.000889389,31060,true,{"v":9.01e-6,"d":"9.01E-06"},null,0.000889389,27.64724246,25.26983511,27.64724246]
["rs2361359","C","G","C","G",-0.052915752,0.008368533,0.1406,0.057283161,false,true,false,"ebi-eas-GCST90018603",null,0.855120355,0.045832571,"Chronic sinusitis || id:ebi-eas-GCST90018603",true,"MedicineITLab","enigma3-withglobal-entorhinal-thickavg",12,94562875,0.011386934,{"v":3.65e-6,"d":"3.65E-06"},31894,"wTHICK_Mean_entorhinal_thickavg || id:enigma3-withglobal-entorhinal-thickavg",true,"reported","MedicineITLab",2,true,0.000676676,31894,true,{"v":3.17e-5,"d":"3.17E-05"},null,0.000676676,21.59515571,25.26983511,21.59515571]
["rs2916159","A","G","A","G",0.038507704,-0.018083099,0.4006,0.412666957,false,false,false,"ebi-eas-GCST90018603",null,0.404233063,0.021680162,"Chronic sinusitis || id:ebi-eas-GCST90018603",true,"MedicineITLab","enigma3-withglobal-entorhinal-thickavg",8,122009640,0.008178627,{"v":3.92e-6,"d":"3.92E-06"},31110,"wTHICK_Mean_entorhinal_thickavg || id:enigma3-withglobal-entorhinal-thickavg",true,"reported","MedicineITLab",2,true,0.00071212,31110,true,{"v":7.46e-5,"d":"7.46E-05"},null,0.00071212,22.16840278,25.26983511,22.16840278]
["rs4415974","T","C","T","C",-0.038816478,0.013499273,0.6761,0.661242946,false,false,false,"ebi-eas-GCST90018603",null,0.549028047,0.02252818,"Chronic sinusitis || id:ebi-eas-GCST90018603",true,"MedicineITLab","enigma3-withglobal-entorhinal-thickavg",15,33584776,0.008512385,{"v":6.8e-6,"d":"6.80E-06"},31491,"wTHICK_Mean_entorhinal_thickavg || id:enigma3-withglobal-entorhinal-thickavg",true,"reported","MedicineITLab",2,true,0.000659909,31491,true,{"v":9.01e-5,"d":"9.01E-05"},null,0.000659909,20.7936,25.26983511,20.7936]
["rs59529964","C","G","C","G",0.065871751,-0.016162328,0.0872,0.028265108,false,true,false,"ebi-eas-GCST90018603",null,0.803542152,0.064970126,"Chronic sinusitis || id:ebi-eas-GCST90018603",true,"MedicineITLab","enigma3-withglobal-entorhinal-thickavg",10,21766962,0.014277621,{"v":5.03e-6,"d":"5.03E-06"},30796,"wTHICK_Mean_entorhinal_thickavg || id:enigma3-withglobal-entorhinal-thickavg",true,"reported","MedicineITLab",2,true,0.000690749,30796,true,{"v":3.84e-5,"d":"3.84E-05"},null,0.000690749,21.2856405,25.26983511,21.2856405]
["rs72638497","A","G","A","G",0.076848533,0.007514318,0.0568,0.110054291,false,false,false,"ebi-eas-GCST90018603",null,0.824885983,0.033960693,"Chronic sinusitis || id:ebi-eas-GCST90018603",true,"MedicineITLab","enigma3-withglobal-entorhinal-thickavg",14,26502881,0.017224671,{"v":8.34e-6,"d":"8.34E-06"},31439,"wTHICK_Mean_entorhinal_thickavg || id:enigma3-withglobal-entorhinal-thickavg",true,"reported","MedicineITLab",2,true,0.000632781,31439,true,{"v":6.86e-5,"d":"6.86E-05"},null,0.000632781,19.90532544,25.26983511,19.90532544]
["rs72812170","A","C","A","C",-0.070557981,-0.063314897,0.1174,0.091926746,false,false,false,"ebi-eas-GCST90018603",null,0.088386396,0.037157249,"Chronic sinusitis || id:ebi-eas-GCST90018603",true,"MedicineITLab","enigma3-withglobal-entorhinal-thickavg",2,55936611,0.012372726,{"v":1.43e-8,"d":"1.43E-08"},31491,"wTHICK_Mean_entorhinal_thickavg || id:enigma3-withglobal-entorhinal-thickavg",true,"reported","MedicineITLab",2,true,0.001031702,31491,true,{"v":6.59e-6,"d":"6.59E-06"},null,0.001031702,32.52081812,25.26983511,32.52081812]
["rs8044158","A","G","A","G",0.059486471,-0.08438414,0.7781,0.873775987,false,false,false,"ebi-eas-GCST90018603",null,0.008294675,0.031965705,"Chronic sinusitis || id:ebi-eas-GCST90018603",true,"MedicineITLab","enigma3-withglobal-entorhinal-thickavg",16,69116681,0.009583931,{"v":3.92e-10,"d":"3.92E-10"},31491,"wTHICK_Mean_entorhinal_thickavg || id:enigma3-withglobal-entorhinal-thickavg",true,"reported","MedicineITLab",2,true,0.001221966,31491,true,{"v":4.57e-6,"d":"4.57E-06"},null,0.001221966,38.5255648,25.26983511,38.5255648]
["rs9872099","A","G","A","G",-0.056926227,-0.043067587,0.1379,0.068423113,false,false,false,"ebi-eas-GCST90018603",null,0.315127616,0.04287376,"Chronic sinusitis || id:ebi-eas-GCST90018603",true,"MedicineITLab","enigma3-withglobal-entorhinal-thickavg",3,128034860,0.011710538,{"v":1.4e-6,"d":"1.40E-06"},30647,"wTHICK_Mean_entorhinal_thickavg || id:enigma3-withglobal-entorhinal-thickavg",true,"reported","MedicineITLab",2,true,0.000770507,30647,true,{"v":5.36e-5,"d":"5.36E-05"},null,0.000770507,23.63040123,25.26983511,23.63040123]
["rs10790066","A","G","A","G",-0.036894818,{"v":7e-5,"d":"7.00E-05"},0.4745,0.478003,false,false,false,"ukb-b-69",null,0.67,0.00016627,"Non-cancer illness code, self-reported: chronic sinusitis || id:ukb-b-69",true,"igd","enigma3-withglobal-entorhinal-thickavg",11,115005415,0.007977258,{"v":3.11e-6,"d":"3.11E-06"},31491,"wTHICK_Mean_entorhinal_thickavg || id:enigma3-withglobal-entorhinal-thickavg",true,"reported","MedicineITLab",2,true,0.000678844,31491,true,{"v":1.25e-5,"d":"1.25E-05"},null,0.000678844,21.390625,25.26983511,21.390625]
["rs1268180","C","G","C","G",-0.04059275,-0.000238085,0.6563,0.66068,false,true,false,"ukb-b-69",null,0.18,0.000175813,"Non-cancer illness code, self-reported: chronic sinusitis || id:ukb-b-69",true,"igd","enigma3-withglobal-entorhinal-thickavg",6,109015223,0.008386932,{"v":1.73e-6,"d":"1.73E-06"},31491,"wTHICK_Mean_entorhinal_thickavg || id:enigma3-withglobal-entorhinal-thickavg",true,"reported","MedicineITLab",2,true,0.000743377,31491,true,{"v":1.42e-5,"d":"1.42E-05"},null,0.000743377,23.4256,25.26983511,23.4256]
["rs147439352","A","G","A","G",0.051123068,0.000292606,0.1574,0.158076,false,false,false,"ukb-b-69",null,0.19,0.000224806,"Non-cancer illness code, self-reported: chronic sinusitis || id:ukb-b-69",true,"igd","enigma3-withglobal-entorhinal-thickavg",1,94398510,0.011001166,{"v":2.38e-6,"d":"2.38E-06"},31131,"wTHICK_Mean_entorhinal_thickavg || id:enigma3-withglobal-entorhinal-thickavg",true,"reported","MedicineITLab",2,true,0.00069325,31131,true,{"v":3.03e-5,"d":"3.03E-05"},null,0.00069325,21.59515571,25.26983511,21.59515571]
["rs1567051","C","G","C","G",0.045678979,-0.000233531,0.2056,0.207124,false,true,false,"ukb-b-69",null,0.25,0.000204382,"Non-cancer illness code, self-reported: chronic sinusitis || id:ukb-b-69",true,"igd","enigma3-withglobal-entorhinal-thickavg",1,64090377,0.010011831,{"v":5.17e-6,"d":"5.17E-06"},30522,"wTHICK_Mean_entorhinal_thickavg || id:enigma3-withglobal-entorhinal-thickavg",true,"reported","MedicineITLab",2,true,0.000681593,30522,true,{"v":3.56e-5,"d":"3.56E-05"},null,0.000681593,20.81640625,25.26983511,20.81640625]
["rs17790394","T","C","T","C",0.051479101,{"v":5.15e-5,"d":"5.15E-05"},0.2133,0.214291,false,false,false,"ukb-b-69",null,0.8,0.000200091,"Non-cancer illness code, self-reported: chronic sinusitis || id:ukb-b-69",true,"igd","enigma3-withglobal-entorhinal-thickavg",5,81720103,0.009790504,{"v":1.49e-7,"d":"1.49E-07"},31060,"wTHICK_Mean_entorhinal_thickavg || id:enigma3-withglobal-entorhinal-thickavg",true,"reported","MedicineITLab",2,true,0.000889389,31060,true,{"v":5.04e-7,"d":"5.04E-07"},null,0.000889389,27.64724246,25.26983511,27.64724246]
["rs2361359","C","G","C","G",-0.052915752,{"v":-1.46e-5,"d":"-1.46E-05"},0.1406,0.141635,false,true,false,"ukb-b-69",null,0.95,0.000235692,"Non-cancer illness code, self-reported: chronic sinusitis || id:ukb-b-69",true,"igd","enigma3-withglobal-entorhinal-thickavg",12,94562875,0.011386934,{"v":3.65e-6,"d":"3.65E-06"},31894,"wTHICK_Mean_entorhinal_thickavg || id:enigma3-withglobal-entorhinal-thickavg",true,"reported","MedicineITLab",2,true,0.000676676,31894,true,{"v":7.51e-6,"d":"7.51E-06"},null,0.000676676,21.59515571,25.26983511,21.59515571]
["rs4415974","T","C","T","C",-0.038816478,{"v":7.51e-5,"d":"7.51E-05"},0.6761,0.6823,false,false,false,"ukb-b-69",null,0.67,0.000175785,"Non-cancer illness code, self-reported: chronic sinusitis || id:ukb-b-69",true,"igd","enigma3-withglobal-entorhinal-thickavg",15,33584776,0.008512385,{"v":6.8e-6,"d":"6.80E-06"},31491,"wTHICK_Mean_entorhinal_thickavg || id:enigma3-withglobal-entorhinal-thickavg",true,"reported","MedicineITLab",2,true,0.000659909,31491,true,{"v":1.68e-5,"d":"1.68E-05"},null,0.000659909,20.7936,25.26983511,20.7936]
["rs8044158","A","G","A","G",0.059486471,{"v":-4.06e-7,"d":"-4.06E-07"},0.7781,0.775722,false,false,false,"ukb-b-69",null,1,0.000196798,"Non-cancer illness code, self-reported: chronic sinusitis || id:ukb-b-69",true,"igd","enigma3-withglobal-entorhinal-thickavg",16,69116681,0.009583931,{"v":3.92e-10,"d":"3.92E-10"},31491,"wTHICK_Mean_entorhinal_thickavg || id:enigma3-withglobal-entorhinal-thickavg",true,"reported","MedicineITLab",2,true,0.001221966,31491,true,{"v":1.92e-9,"d":"1.92E-09"},null,0.001221966,38.5255648,25.26983511,38.5255648]
["rs9872099","A","G","A","G",-0.056926227,-0.000209686,0.1379,0.129008,false,false,false,"ukb-b-69",null,0.39,0.000246327,"Non-cancer illness code, self-reported: chronic sinusitis || id:ukb-b-69",true,"igd","enigma3-withglobal-entorhinal-thickavg",3,128034860,0.011710538,{"v":1.4e-6,"d":"1.40E-06"},30647,"wTHICK_Mean_entorhinal_thickavg || id:enigma3-withglobal-entorhinal-thickavg",true,"reported","MedicineITLab",2,true,0.000770507,30647,true,{"v":6.96e-6,"d":"6.96E-06"},null,0.000770507,23.63040123,25.26983511,23.63040123]
["rs10790066","A","G","A","G",-0.036894818,-0.000110785,0.4745,0.477707,false,false,false,"ukb-d-J32",null,0.427594,0.000139647,"Diagnoses - main ICD10: J32 Chronic sinusitis || id:ukb-d-J32",true,"igd","enigma3-withglobal-entorhinal-thickavg",11,115005415,0.007977258,{"v":3.11e-6,"d":"3.11E-06"},31491,"wTHICK_Mean_entorhinal_thickavg || id:enigma3-withglobal-entorhinal-thickavg",true,"reported","MedicineITLab",2,true,0.000678844,31491,true,{"v":2.55e-5,"d":"2.55E-05"},null,0.000678844,21.390625,25.26983511,21.390625]
["rs111658633","T","C","T","C",-0.08602972,-0.000315069,0.0654,0.062264,false,false,false,"ukb-d-J32",null,0.26851,0.000284743,"Diagnoses - main ICD10: J32 Chronic sinusitis || id:ukb-d-J32",true,"igd","enigma3-withglobal-entorhinal-thickavg",17,9063565,0.016110434,{"v":7.19e-8,"d":"7.19E-08"},31491,"wTHICK_Mean_entorhinal_thickavg || id:enigma3-withglobal-entorhinal-thickavg",true,"reported","MedicineITLab",2,true,0.000904754,31491,true,{"v":1.53e-6,"d":"1.53E-06"},null,0.000904754,28.5156,25.26983511,28.5156]
["rs1268180","C","G","C","G",-0.04059275,{"v":-2.97e-5,"d":"-2.97E-05"},0.6563,0.661387,false,true,false,"ukb-d-J32",null,0.840921,0.000147814,"Diagnoses - main ICD10: J32 Chronic sinusitis || id:ukb-d-J32",true,"igd","enigma3-withglobal-entorhinal-thickavg",6,109015223,0.008386932,{"v":1.73e-6,"d":"1.73E-06"},31491,"wTHICK_Mean_entorhinal_thickavg || id:enigma3-withglobal-entorhinal-thickavg",true,"reported","MedicineITLab",2,true,0.000743377,31491,true,{"v":4.55e-6,"d":"4.55E-06"},null,0.000743377,23.4256,25.26983511,23.4256]
["rs138173299","A","G","A","G",0.142259951,-0.000443243,0.9786,0.9865865,false,false,false,"ukb-d-J32",null,0.470654,0.000614407,"Diagnoses - main ICD10: J32 Chronic sinusitis || id:ukb-d-J32",true,"igd","enigma3-withglobal-entorhinal-thickavg",6,71076869,0.031269019,{"v":5.06e-6,"d":"5.06E-06"},24400,"wTHICK_Mean_entorhinal_thickavg || id:enigma3-withglobal-entorhinal-thickavg",true,"reported","MedicineITLab",2,true,0.000847646,24400,true,{"v":2.43e-5,"d":"2.43E-05"},null,0.000847646,20.6984011,25.26983511,20.6984011]
["rs147439352","A","G","A","G",0.051123068,0.000110912,0.1574,0.159127,false,false,false,"ukb-d-J32",null,0.555931,0.000188339,"Diagnoses - main ICD10: J32 Chronic sinusitis || id:ukb-d-J32",true,"igd","enigma3-withglobal-entorhinal-thickavg",1,94398510,0.011001166,{"v":2.38e-6,"d":"2.38E-06"},31131,"wTHICK_Mean_entorhinal_thickavg || id:enigma3-withglobal-entorhinal-thickavg",true,"reported","MedicineITLab",2,true,0.00069325,31131,true,{"v":1.77e-5,"d":"1.77E-05"},null,0.00069325,21.59515571,25.26983511,21.59515571]
["rs1567051","C","G","C","G",0.045678979,0.000261127,0.2056,0.207101,false,true,false,"ukb-d-J32",null,0.128301,0.000171699,"Diagnoses - main ICD10: J32 Chronic sinusitis || id:ukb-d-J32",true,"igd","enigma3-withglobal-entorhinal-thickavg",1,64090377,0.010011831,{"v":5.17e-6,"d":"5.17E-06"},30522,"wTHICK_Mean_entorhinal_thickavg || id:enigma3-withglobal-entorhinal-thickavg",true,"reported","MedicineITLab",2,true,0.000681593,30522,true,{"v":7.62e-5,"d":"7.62E-05"},null,0.000681593,20.81640625,25.26983511,20.81640625]
["rs16949009","A","G","A","G",-0.080372823,{"v":3.92e-5,"d":"3.92E-05"},0.9475,0.9477519,false,false,false,"ukb-d-J32",null,0.899275,0.000309517,"Diagnoses - main ICD10: J32 Chronic sinusitis || id:ukb-d-J32",true,"igd","enigma3-withglobal-entorhinal-thickavg",15,94901233,0.017860627,{"v":8.55e-6,"d":"8.55E-06"},31491,"wTHICK_Mean_entorhinal_thickavg || id:enigma3-withglobal-entorhinal-thickavg",true,"reported","MedicineITLab",2,true,0.000642668,31491,true,{"v":1.87e-5,"d":"1.87E-05"},null,0.000642668,20.25,25.26983511,20.25]
["rs17790394","T","C","T","C",0.051479101,{"v":1.5e-5,"d":"1.50E-05"},0.2133,0.215666,false,false,false,"ukb-d-J32",null,0.928813,0.000167789,"Diagnoses - main ICD10: J32 Chronic sinusitis || id:ukb-d-J32",true,"igd","enigma3-withglobal-entorhinal-thickavg",5,81720103,0.009790504,{"v":1.49e-7,"d":"1.49E-07"},31060,"wTHICK_Mean_entorhinal_thickavg || id:enigma3-withglobal-entorhinal-thickavg",true,"reported","MedicineITLab",2,true,0.000889389,31060,true,{"v":5.18e-7,"d":"5.18E-07"},null,0.000889389,27.64724246,25.26983511,27.64724246]
["rs2361359","C","G","C","G",-0.052915752,{"v":-6.85e-5,"d":"-6.85E-05"},0.1406,0.141047,false,true,false,"ukb-d-J32",null,0.729809,0.000198348,"Diagnoses - main ICD10: J32 Chronic sinusitis || id:ukb-d-J32",true,"igd","enigma3-withglobal-entorhinal-thickavg",12,94562875,0.011386934,{"v":3.65e-6,"d":"3.65E-06"},31894,"wTHICK_Mean_entorhinal_thickavg || id:enigma3-withglobal-entorhinal-thickavg",true,"reported","MedicineITLab",2,true,0.000676676,31894,true,{"v":1.33e-5,"d":"1.33E-05"},null,0.000676676,21.59515571,25.26983511,21.59515571]
["rs240311","A","C","A","C",0.104522904,0.00158133,0.0317,0.0203472,false,false,false,"ukb-d-J32",null,0.00125606,0.000490204,"Diagnoses - main ICD10: J32 Chronic sinusitis || id:ukb-d-J32",true,"igd","enigma3-withglobal-entorhinal-thickavg",6,80660334,0.022660792,{"v":4.09e-6,"d":"4.09E-06"},31702,"wTHICK_Mean_entorhinal_thickavg || id:enigma3-withglobal-entorhinal-thickavg",true,"reported","MedicineITLab",2,true,0.00067069,31702,true,0.000455465,null,0.00067069,21.27515625,25.26983511,21.27515625]
["rs2916159","A","G","A","G",0.038507704,{"v":6.81e-5,"d":"6.81E-05"},0.4006,0.40956,false,false,false,"ukb-d-J32",null,0.627924,0.000140422,"Diagnoses - main ICD10: J32 Chronic sinusitis || id:ukb-d-J32",true,"igd","enigma3-withglobal-entorhinal-thickavg",8,122009640,0.008178627,{"v":3.92e-6,"d":"3.92E-06"},31110,"wTHICK_Mean_entorhinal_thickavg || id:enigma3-withglobal-entorhinal-thickavg",true,"reported","MedicineITLab",2,true,0.00071212,31110,true,{"v":1.18e-5,"d":"1.18E-05"},null,0.00071212,22.16840278,25.26983511,22.16840278]
["rs4415974","T","C","T","C",-0.038816478,0.000208745,0.6761,0.684753,false,false,false,"ukb-d-J32",null,0.158447,0.000148013,"Diagnoses - main ICD10: J32 Chronic sinusitis || id:ukb-d-J32",true,"igd","enigma3-withglobal-entorhinal-thickavg",15,33584776,0.008512385,{"v":6.8e-6,"d":"6.80E-06"},31491,"wTHICK_Mean_entorhinal_thickavg || id:enigma3-withglobal-entorhinal-thickavg",true,"reported","MedicineITLab",2,true,0.000659909,31491,true,{"v":7.08e-5,"d":"7.08E-05"},null,0.000659909,20.7936,25.26983511,20.7936]
["rs4674936","T","C","T","C",0.04093075,{"v":-1.38e-5,"d":"-1.38E-05"},0.6483,0.653011,false,false,false,"ukb-d-J32",null,0.924283,0.000144766,"Diagnoses - main ICD10: J32 Chronic sinusitis || id:ukb-d-J32",true,"igd","enigma3-withglobal-entorhinal-thickavg",2,225553731,0.008582254,{"v":1.56e-6,"d":"1.56E-06"},29752,"wTHICK_Mean_entorhinal_thickavg || id:enigma3-withglobal-entorhinal-thickavg",true,"reported","MedicineITLab",2,true,0.000763973,29752,true,{"v":5.18e-6,"d":"5.18E-06"},null,0.000763973,22.74556213,25.26983511,22.74556213]
["rs59529964","C","G","C","G",0.065871751,-0.000355619,0.0872,0.0756237,false,true,false,"ukb-d-J32",null,0.172996,0.000260978,"Diagnoses - main ICD10: J32 Chronic sinusitis || id:ukb-d-J32",true,"igd","enigma3-withglobal-entorhinal-thickavg",10,21766962,0.014277621,{"v":5.03e-6,"d":"5.03E-06"},30796,"wTHICK_Mean_entorhinal_thickavg || id:enigma3-withglobal-entorhinal-thickavg",true,"reported","MedicineITLab",2,true,0.000690749,30796,true,{"v":5.21e-5,"d":"5.21E-05"},null,0.000690749,21.2856405,25.26983511,21.2856405]
["rs72638497","A","G","A","G",0.076848533,-0.000204399,0.0568,0.0533452,false,false,false,"ukb-d-J32",null,0.504543,0.00030628,"Diagnoses - main ICD10: J32 Chronic sinusitis || id:ukb-d-J32",true,"igd","enigma3-withglobal-entorhinal-thickavg",14,26502881,0.017224671,{"v":8.34e-6,"d":"8.34E-06"},31439,"wTHICK_Mean_entorhinal_thickavg || id:enigma3-withglobal-entorhinal-thickavg",true,"reported","MedicineITLab",2,true,0.000632781,31439,true,{"v":4.32e-5,"d":"4.32E-05"},null,0.000632781,19.90532544,25.26983511,19.90532544]
["rs72812170","A","C","A","C",-0.070557981,{"v":-8.34e-5,"d":"-8.34E-05"},0.1174,0.118201,false,false,false,"ukb-d-J32",null,0.695977,0.000213425,"Diagnoses - main ICD10: J32 Chronic sinusitis || id:ukb-d-J32",true,"igd","enigma3-withglobal-entorhinal-thickavg",2,55936611,0.012372726,{"v":1.43e-8,"d":"1.43E-08"},31491,"wTHICK_Mean_entorhinal_thickavg || id:enigma3-withglobal-entorhinal-thickavg",true,"reported","MedicineITLab",2,true,0.001031702,31491,true,{"v":8.43e-8,"d":"8.43E-08"},null,0.001031702,32.52081812,25.26983511,32.52081812]
["rs73557202","A","G","A","G",-0.07100822,{"v":8.76e-5,"d":"8.76E-05"},0.9156,0.9201856,false,false,false,"ukb-d-J32",null,0.729583,0.000253526,"Diagnoses - main ICD10: J32 Chronic sinusitis || id:ukb-d-J32",true,"igd","enigma3-withglobal-entorhinal-thickavg",8,23819930,0.01514842,{"v":2.56e-6,"d":"2.56E-06"},28176,"wTHICK_Mean_entorhinal_thickavg || id:enigma3-withglobal-entorhinal-thickavg",true,"reported","MedicineITLab",2,true,0.000779283,28176,true,{"v":9.82e-6,"d":"9.82E-06"},null,0.000779283,21.97265625,25.26983511,21.97265625]
["rs77556388","A","G","A","G",-0.082825046,-0.000153433,0.0887,0.0898438,false,false,false,"ukb-d-J32",null,0.528971,0.000243707,"Diagnoses - main ICD10: J32 Chronic sinusitis || id:ukb-d-J32",true,"igd","enigma3-withglobal-entorhinal-thickavg",4,65051919,0.017242389,{"v":1.66e-6,"d":"1.66E-06"},20785,"wTHICK_Mean_entorhinal_thickavg || id:enigma3-withglobal-entorhinal-thickavg",true,"reported","MedicineITLab",2,true,0.001109017,20785,true,{"v":6.09e-6,"d":"6.09E-06"},null,0.001109017,23.07429847,25.26983511,23.07429847]
["rs79892443","A","T","A","T",-0.19321633,-0.000173803,0.9868,0.9889444,false,true,false,"ukb-d-J32",null,0.803325,0.00069787,"Diagnoses - main ICD10: J32 Chronic sinusitis || id:ukb-d-J32",true,"igd","enigma3-withglobal-entorhinal-thickavg",4,103087414,0.043340856,{"v":8.06e-6,"d":"8.06E-06"},20417,"wTHICK_Mean_entorhinal_thickavg || id:enigma3-withglobal-entorhinal-thickavg",true,"reported","MedicineITLab",2,true,0.00097257,20417,true,{"v":1.88e-5,"d":"1.88E-05"},null,0.00097257,19.87433923,25.26983511,19.87433923]
["rs8044158","A","G","A","G",0.059486471,-0.000277052,0.7781,0.774827,false,false,false,"ukb-d-J32",null,0.0931837,0.000165025,"Diagnoses - main ICD10: J32 Chronic sinusitis || id:ukb-d-J32",true,"igd","enigma3-withglobal-entorhinal-thickavg",16,69116681,0.009583931,{"v":3.92e-10,"d":"3.92E-10"},31491,"wTHICK_Mean_entorhinal_thickavg || id:enigma3-withglobal-entorhinal-thickavg",true,"reported","MedicineITLab",2,true,0.001221966,31491,true,{"v":4.35e-8,"d":"4.35E-08"},null,0.001221966,38.5255648,25.26983511,38.5255648]
["rs8081747","A","G","A","G",-0.110765002,-0.000572854,0.0284,0.0255944,false,false,false,"ukb-d-J32",null,0.191678,0.000438755,"Diagnoses - main ICD10: J32 Chronic sinusitis || id:ukb-d-J32",true,"igd","enigma3-withglobal-entorhinal-thickavg",17,79268813,0.02481136,{"v":8.44e-6,"d":"8.44E-06"},29417,"wTHICK_Mean_entorhinal_thickavg || id:enigma3-withglobal-entorhinal-thickavg",true,"reported","MedicineITLab",2,true,0.000677082,29417,true,{"v":8.35e-5,"d":"8.35E-05"},null,0.000677082,19.92984694,25.26983511,19.92984694]
["rs9872099","A","G","A","G",-0.056926227,{"v":6.13e-5,"d":"6.13E-05"},0.1379,0.128387,false,false,false,"ukb-d-J32",null,0.767508,0.000207351,"Diagnoses - main ICD10: J32 Chronic sinusitis || id:ukb-d-J32",true,"igd","enigma3-withglobal-entorhinal-thickavg",3,128034860,0.011710538,{"v":1.4e-6,"d":"1.40E-06"},30647,"wTHICK_Mean_entorhinal_thickavg || id:enigma3-withglobal-entorhinal-thickavg",true,"reported","MedicineITLab",2,true,0.000770507,30647,true,{"v":4.57e-6,"d":"4.57E-06"},null,0.000770507,23.63040123,25.26983511,23.63040123]
["rs10023486","T","G","T","G",-0.184537881,-0.01,0.9893,0.9913,false,false,false,"ukb-saige-471",null,0.94,0.14,"Nasal polyps || id:ukb-saige-471",true,"MedicineITLab","enigma3-withglobal-entorhinal-thickavg",4,4494782,0.041602743,{"v":9.46e-6,"d":"9.46E-06"},27273,"wTHICK_Mean_entorhinal_thickavg || id:enigma3-withglobal-entorhinal-thickavg",true,"reported","MedicineITLab",2,true,0.000720963,27273,true,{"v":1.95e-5,"d":"1.95E-05"},null,0.000720963,19.67556122,25.26983511,19.67556122]
["rs10790066","A","G","A","G",-0.036894818,-0.015,0.4745,0.48,false,false,false,"ukb-saige-471",null,0.56,0.025,"Nasal polyps || id:ukb-saige-471",true,"MedicineITLab","enigma3-withglobal-entorhinal-thickavg",11,115005415,0.007977258,{"v":3.11e-6,"d":"3.11E-06"},31491,"wTHICK_Mean_entorhinal_thickavg || id:enigma3-withglobal-entorhinal-thickavg",true,"reported","MedicineITLab",2,true,0.000678844,31491,true,{"v":1.82e-5,"d":"1.82E-05"},null,0.000678844,21.390625,25.26983511,21.390625]
["rs111658633","T","C","T","C",-0.08602972,0.09,0.0654,0.062,false,false,false,"ukb-saige-471",null,0.08,0.051,"Nasal polyps || id:ukb-saige-471",true,"MedicineITLab","enigma3-withglobal-entorhinal-thickavg",17,9063565,0.016110434,{"v":7.19e-8,"d":"7.19E-08"},31491,"wTHICK_Mean_entorhinal_thickavg || id:enigma3-withglobal-entorhinal-thickavg",true,"reported","MedicineITLab",2,true,0.000904754,31491,true,{"v":3.21e-6,"d":"3.21E-06"},null,0.000904754,28.5156,25.26983511,28.5156]
["rs1268180","C","G","C","G",-0.04059275,0.007,0.6563,0.66,false,true,false,"ukb-saige-471",null,0.8,0.027,"Nasal polyps || id:ukb-saige-471",true,"MedicineITLab","enigma3-withglobal-entorhinal-thickavg",6,109015223,0.008386932,{"v":1.73e-6,"d":"1.73E-06"},31491,"wTHICK_Mean_entorhinal_thickavg || id:enigma3-withglobal-entorhinal-thickavg",true,"reported","MedicineITLab",2,true,0.000743377,31491,true,{"v":4.52e-6,"d":"4.52E-06"},null,0.000743377,23.4256,25.26983511,23.4256]
["rs138173299","A","G","A","G",0.142259951,0.12,0.9786,0.987,false,false,false,"ukb-saige-471",null,0.29,0.11,"Nasal polyps || id:ukb-saige-471",true,"MedicineITLab","enigma3-withglobal-entorhinal-thickavg",6,71076869,0.031269019,{"v":5.06e-6,"d":"5.06E-06"},24400,"wTHICK_Mean_entorhinal_thickavg || id:enigma3-withglobal-entorhinal-thickavg",true,"reported","MedicineITLab",2,true,0.000847646,24400,true,{"v":3.32e-5,"d":"3.32E-05"},null,0.000847646,20.6984011,25.26983511,20.6984011]
["rs147439352","A","G","A","G",0.051123068,0.0084,0.1574,0.16,false,false,false,"ukb-saige-471",null,0.81,0.034,"Nasal polyps || id:ukb-saige-471",true,"MedicineITLab","enigma3-withglobal-entorhinal-thickavg",1,94398510,0.011001166,{"v":2.38e-6,"d":"2.38E-06"},31131,"wTHICK_Mean_entorhinal_thickavg || id:enigma3-withglobal-entorhinal-thickavg",true,"reported","MedicineITLab",2,true,0.00069325,31131,true,{"v":1.05e-5,"d":"1.05E-05"},null,0.00069325,21.59515571,25.26983511,21.59515571]
["rs151173926","T","C","T","C",-0.189418758,0.01,0.0138,0.0095,false,false,false,"ukb-saige-471",null,0.94,0.13,"Nasal polyps || id:ukb-saige-471",true,"MedicineITLab","enigma3-withglobal-entorhinal-thickavg",11,26316844,0.038877615,{"v":1.13e-6,"d":"1.13E-06"},24285,"wTHICK_Mean_entorhinal_thickavg || id:enigma3-withglobal-entorhinal-thickavg",true,"reported","MedicineITLab",2,true,0.000976607,24285,true,{"v":2.49e-6,"d":"2.49E-06"},null,0.000976607,23.73814235,25.26983511,23.73814235]
["rs1567051","C","G","C","G",0.045678979,0.0051,0.2056,0.21,false,true,false,"ukb-saige-471",null,0.87,0.031,"Nasal polyps || id:ukb-saige-471",true,"MedicineITLab","enigma3-withglobal-entorhinal-thickavg",1,64090377,0.010011831,{"v":5.17e-6,"d":"5.17E-06"},30522,"wTHICK_Mean_entorhinal_thickavg || id:enigma3-withglobal-entorhinal-thickavg",true,"reported","MedicineITLab",2,true,0.000681593,30522,true,{"v":1.36e-5,"d":"1.36E-05"},null,0.000681593,20.81640625,25.26983511,20.81640625]
["rs16949009","A","G","A","G",-0.080372823,0.019,0.9475,0.948,false,false,false,"ukb-saige-471",null,0.73,0.056,"Nasal polyps || id:ukb-saige-471",true,"MedicineITLab","enigma3-withglobal-entorhinal-thickavg",15,94901233,0.017860627,{"v":8.55e-6,"d":"8.55E-06"},31491,"wTHICK_Mean_entorhinal_thickavg || id:enigma3-withglobal-entorhinal-thickavg",true,"reported","MedicineITLab",2,true,0.000642668,31491,true,{"v":2.26e-5,"d":"2.26E-05"},null,0.000642668,20.25,25.26983511,20.25]
["rs17790394","T","C","T","C",0.051479101,0.012,0.2133,0.22,false,false,false,"ukb-saige-471",null,0.7,0.03,"Nasal polyps || id:ukb-saige-471",true,"MedicineITLab","enigma3-withglobal-entorhinal-thickavg",5,81720103,0.009790504,{"v":1.49e-7,"d":"1.49E-07"},31060,"wTHICK_Mean_entorhinal_thickavg || id:enigma3-withglobal-entorhinal-thickavg",true,"reported","MedicineITLab",2,true,0.000889389,31060,true,{"v":7.31e-7,"d":"7.31E-07"},null,0.000889389,27.64724246,25.26983511,27.64724246]
["rs2361359","C","G","C","G",-0.052915752,-0.059,0.1406,0.14,false,true,false,"ukb-saige-471",null,0.098,0.036,"Nasal polyps || id:ukb-saige-471",true,"MedicineITLab","enigma3-withglobal-entorhinal-thickavg",12,94562875,0.011386934,{"v":3.65e-6,"d":"3.65E-06"},31894,"wTHICK_Mean_entorhinal_thickavg || id:enigma3-withglobal-entorhinal-thickavg",true,"reported","MedicineITLab",2,true,0.000676676,31894,true,{"v":5.82e-5,"d":"5.82E-05"},null,0.000676676,21.59515571,25.26983511,21.59515571]
["rs240311","A","C","A","C",0.104522904,-0.056,0.0317,0.02,false,false,false,"ukb-saige-471",null,0.53,0.089,"Nasal polyps || id:ukb-saige-471",true,"MedicineITLab","enigma3-withglobal-entorhinal-thickavg",6,80660334,0.022660792,{"v":4.09e-6,"d":"4.09E-06"},31702,"wTHICK_Mean_entorhinal_thickavg || id:enigma3-withglobal-entorhinal-thickavg",true,"reported","MedicineITLab",2,true,0.00067069,31702,true,{"v":2e-5,"d":"2.00E-05"},null,0.00067069,21.27515625,25.26983511,21.27515625]
["rs4415974","T","C","T","C",-0.038816478,0.011,0.6761,0.68,false,false,false,"ukb-saige-471",null,0.69,0.027,"Nasal polyps || id:ukb-saige-471",true,"MedicineITLab","enigma3-withglobal-entorhinal-thickavg",15,33584776,0.008512385,{"v":6.8e-6,"d":"6.80E-06"},31491,"wTHICK_Mean_entorhinal_thickavg || id:enigma3-withglobal-entorhinal-thickavg",true,"reported","MedicineITLab",2,true,0.000659909,31491,true,{"v":1.9e-5,"d":"1.90E-05"},null,0.000659909,20.7936,25.26983511,20.7936]
["rs59529964","C","G","C","G",0.065871751,0.097,0.0872,0.076,false,true,false,"ukb-saige-471",null,0.042,0.048,"Nasal polyps || id:ukb-saige-471",true,"MedicineITLab","enigma3-withglobal-entorhinal-thickavg",10,21766962,0.014277621,{"v":5.03e-6,"d":"5.03E-06"},30796,"wTHICK_Mean_entorhinal_thickavg || id:enigma3-withglobal-entorhinal-thickavg",true,"reported","MedicineITLab",2,true,0.000690749,30796,true,{"v":9.7e-5,"d":"9.70E-05"},null,0.000690749,21.2856405,25.26983511,21.2856405]
["rs72638497","A","G","A","G",0.076848533,-0.039,0.0568,0.053,false,false,false,"ukb-saige-471",null,0.48,0.056,"Nasal polyps || id:ukb-saige-471",true,"MedicineITLab","enigma3-withglobal-entorhinal-thickavg",14,26502881,0.017224671,{"v":8.34e-6,"d":"8.34E-06"},31439,"wTHICK_Mean_entorhinal_thickavg || id:enigma3-withglobal-entorhinal-thickavg",true,"reported","MedicineITLab",2,true,0.000632781,31439,true,{"v":4.07e-5,"d":"4.07E-05"},null,0.000632781,19.90532544,25.26983511,19.90532544]
["rs72812170","A","C","A","C",-0.070557981,0.0046,0.1174,0.12,false,false,false,"ukb-saige-471",null,0.91,0.039,"Nasal polyps || id:ukb-saige-471",true,"MedicineITLab","enigma3-withglobal-entorhinal-thickavg",2,55936611,0.012372726,{"v":1.43e-8,"d":"1.43E-08"},31491,"wTHICK_Mean_entorhinal_thickavg || id:enigma3-withglobal-entorhinal-thickavg",true,"reported","MedicineITLab",2,true,0.001031702,31491,true,{"v":4.92e-8,"d":"4.92E-08"},null,0.001031702,32.52081812,25.26983511,32.52081812]
["rs73557202","A","G","A","G",-0.07100822,-0.05,0.9156,0.92,false,false,false,"ukb-saige-471",null,0.28,0.046,"Nasal polyps || id:ukb-saige-471",true,"MedicineITLab","enigma3-withglobal-entorhinal-thickavg",8,23819930,0.01514842,{"v":2.56e-6,"d":"2.56E-06"},28176,"wTHICK_Mean_entorhinal_thickavg || id:enigma3-withglobal-entorhinal-thickavg",true,"reported","MedicineITLab",2,true,0.000779283,28176,true,{"v":2.17e-5,"d":"2.17E-05"},null,0.000779283,21.97265625,25.26983511,21.97265625]
["rs77556388","A","G","A","G",-0.082825046,0.01,0.0887,0.09,false,false,false,"ukb-saige-471",null,0.82,0.044,"Nasal polyps || id:ukb-saige-471",true,"MedicineITLab","enigma3-withglobal-entorhinal-thickavg",4,65051919,0.017242389,{"v":1.66e-6,"d":"1.66E-06"},20785,"wTHICK_Mean_entorhinal_thickavg || id:enigma3-withglobal-entorhinal-thickavg",true,"reported","MedicineITLab",2,true,0.001109017,20785,true,{"v":3.66e-6,"d":"3.66E-06"},null,0.001109017,23.07429847,25.26983511,23.07429847]
["rs79892443","A","T","A","T",-0.19321633,-0.015,0.9868,0.989,false,true,false,"ukb-saige-471",null,0.9,0.13,"Nasal polyps || id:ukb-saige-471",true,"MedicineITLab","enigma3-withglobal-entorhinal-thickavg",4,103087414,0.043340856,{"v":8.06e-6,"d":"8.06E-06"},20417,"wTHICK_Mean_entorhinal_thickavg || id:enigma3-withglobal-entorhinal-thickavg",true,"reported","MedicineITLab",2,true,0.00097257,20417,true,{"v":1.56e-5,"d":"1.56E-05"},null,0.00097257,19.87433923,25.26983511,19.87433923]
["rs8044158","A","G","A","G",0.059486471,-0.039,0.7781,0.78,false,false,false,"ukb-saige-471",null,0.19,0.03,"Nasal polyps || id:ukb-saige-471",true,"MedicineITLab","enigma3-withglobal-entorhinal-thickavg",16,69116681,0.009583931,{"v":3.92e-10,"d":"3.92E-10"},31491,"wTHICK_Mean_entorhinal_thickavg || id:enigma3-withglobal-entorhinal-thickavg",true,"reported","MedicineITLab",2,true,0.001221966,31491,true,{"v":1.94e-8,"d":"1.94E-08"},null,0.001221966,38.5255648,25.26983511,38.5255648]
["rs8081747","A","G","A","G",-0.110765002,-0.066,0.0284,0.026,false,false,false,"ukb-saige-471",null,0.4,0.079,"Nasal polyps || id:ukb-saige-471",true,"MedicineITLab","enigma3-withglobal-entorhinal-thickavg",17,79268813,0.02481136,{"v":8.44e-6,"d":"8.44E-06"},29417,"wTHICK_Mean_entorhinal_thickavg || id:enigma3-withglobal-entorhinal-thickavg",true,"reported","MedicineITLab",2,true,0.000677082,29417,true,{"v":4.4e-5,"d":"4.40E-05"},null,0.000677082,19.92984694,25.26983511,19.92984694]
["rs9872099","A","G","A","G",-0.056926227,0.0097,0.1379,0.13,false,false,false,"ukb-saige-471",null,0.8,0.038,"Nasal polyps || id:ukb-saige-471",true,"MedicineITLab","enigma3-withglobal-entorhinal-thickavg",3,128034860,0.011710538,{"v":1.4e-6,"d":"1.40E-06"},30647,"wTHICK_Mean_entorhinal_thickavg || id:enigma3-withglobal-entorhinal-thickavg",true,"reported","MedicineITLab",2,true,0.000770507,30647,true,{"v":3.97e-6,"d":"3.97E-06"},null,0.000770507,23.63040123,25.26983511,23.63040123]
["rs1054442","A","C","A","C",0.040447236,0.001566667,0.6253,0.63628618,false,false,false,"ebi-eas-GCST90018603",null,0.943600053,0.02214501,"Chronic sinusitis || id:ebi-eas-GCST90018603",true,"MedicineITLab","enigma3-withglobal-frontalpole-surfavg",12,49389320,0.008062118,{"v":5.25e-7,"d":"5.25E-07"},32809,"wSA_Mean_frontalpole_surfavg || id:enigma3-withglobal-frontalpole-surfavg",true,"reported","MedicineITLab",2,true,0.000766619,32809,true,{"v":5.83e-6,"d":"5.83E-06"},null,0.000766619,25.1697788,25.26983511,25.1697788]
["rs10824617","A","G","A","G",0.062147535,-0.00757182,0.9087,0.846197815,false,false,false,"ebi-eas-GCST90018603",null,0.80114794,0.030063402,"Chronic sinusitis || id:ebi-eas-GCST90018603",true,"MedicineITLab","enigma3-withglobal-frontalpole-surfavg",10,80230227,0.013549301,{"v":4.51e-6,"d":"4.51E-06"},32809,"wSA_Mean_frontalpole_surfavg || id:enigma3-withglobal-frontalpole-surfavg",true,"reported","MedicineITLab",2,true,0.000640869,32809,true,{"v":4.78e-5,"d":"4.78E-05"},null,0.000640869,21.03846475,25.26983511,21.03846475]
["rs11060178","C","G","C","G",0.063814834,-0.024892792,0.909,0.907344925,false,true,false,"ebi-eas-GCST90018603",null,0.50156387,0.037041129,"Chronic sinusitis || id:ebi-eas-GCST90018603",true,"MedicineITLab","enigma3-withglobal-frontalpole-surfavg",12,129653371,0.013569154,{"v":2.56e-6,"d":"2.56E-06"},32809,"wSA_Mean_frontalpole_surfavg || id:enigma3-withglobal-frontalpole-surfavg",true,"reported","MedicineITLab",2,true,0.000673719,32809,true,{"v":6.42e-5,"d":"6.42E-05"},null,0.000673719,22.11758807,25.26983511,22.11758807]
["rs117894693","T","C","T","C",-0.150540831,0.00376589,0.0152,0.092569227,false,false,false,"ebi-eas-GCST90018603",null,0.921164905,0.03805219,"Chronic sinusitis || id:ebi-eas-GCST90018603",true,"MedicineITLab","enigma3-withglobal-frontalpole-surfavg",6,21177018,0.033099922,{"v":5.42e-6,"d":"5.42E-06"},30469,"wSA_Mean_frontalpole_surfavg || id:enigma3-withglobal-frontalpole-surfavg",true,"reported","MedicineITLab",2,true,0.000678469,30469,true,{"v":3.77e-5,"d":"3.77E-05"},null,0.000678469,20.68496013,25.26983511,20.68496013]
["rs12190908","T","C","T","C",-0.038002526,-0.026654663,0.2978,0.040843704,false,false,false,"ebi-eas-GCST90018603",null,0.627078333,0.054862684,"Chronic sinusitis || id:ebi-eas-GCST90018603",true,"MedicineITLab","enigma3-withglobal-frontalpole-surfavg",6,112527786,0.008534494,{"v":8.47e-6,"d":"8.47E-06"},32809,"wSA_Mean_frontalpole_surfavg || id:enigma3-withglobal-frontalpole-surfavg",true,"reported","MedicineITLab",2,true,0.000604005,32809,true,0.000119638,null,0.000604005,19.82756344,25.26983511,19.82756344]
["rs13145280","T","C","T","C",0.042168607,-0.045379137,0.2345,0.029616003,false,false,false,"ebi-eas-GCST90018603",null,0.487012233,0.065287267,"Chronic sinusitis || id:ebi-eas-GCST90018603",true,"MedicineITLab","enigma3-withglobal-frontalpole-surfavg",4,55056865,0.00921126,{"v":4.68e-6,"d":"4.68E-06"},32809,"wSA_Mean_frontalpole_surfavg || id:enigma3-withglobal-frontalpole-surfavg",true,"reported","MedicineITLab",2,true,0.000638405,32809,true,0.000107239,null,0.000638405,20.95754542,25.26983511,20.95754542]
["rs16981939","T","C","T","C",0.038810307,0.016513346,0.3822,0.333264612,false,false,false,"ebi-eas-GCST90018603",null,0.465684285,0.022635938,"Chronic sinusitis || id:ebi-eas-GCST90018603",true,"MedicineITLab","enigma3-withglobal-frontalpole-surfavg",2,19376903,0.008031154,{"v":1.35e-6,"d":"1.35E-06"},32809,"wSA_Mean_frontalpole_surfavg || id:enigma3-withglobal-frontalpole-surfavg",true,"reported","MedicineITLab",2,true,0.000711316,32809,true,{"v":4.3e-5,"d":"4.30E-05"},null,0.000711316,23.35276413,25.26983511,23.35276413]
["rs17464221","T","C","T","C",-0.05319429,0.038613236,0.299,0.064575741,false,false,false,"ebi-eas-GCST90018603",null,0.375186018,0.043542163,"Chronic sinusitis || id:ebi-eas-GCST90018603",true,"MedicineITLab","enigma3-withglobal-frontalpole-surfavg",2,188278203,0.008704208,{"v":9.83e-10,"d":"9.83E-10"},31451,"wSA_Mean_frontalpole_surfavg || id:enigma3-withglobal-frontalpole-surfavg",true,"reported","MedicineITLab",2,true,0.001186176,31451,true,{"v":1.85e-7,"d":"1.85E-07"},null,0.001186176,37.34835973,25.26983511,37.34835973]
["rs3106408","A","G","A","G",-0.036809331,0.014264723,0.568,0.730383712,false,false,false,"ebi-eas-GCST90018603",null,0.591264095,0.026563477,"Chronic sinusitis || id:ebi-eas-GCST90018603",true,"MedicineITLab","enigma3-withglobal-frontalpole-surfavg",3,192110805,0.008301294,{"v":9.25e-6,"d":"9.25E-06"},29552,"wSA_Mean_frontalpole_surfavg || id:enigma3-withglobal-frontalpole-surfavg",true,"reported","MedicineITLab",2,true,0.000664933,29552,true,0.000116588,null,0.000664933,19.66184597,25.26983511,19.66184597]
["rs4341759","A","G","A","G",-0.035793823,-0.005845273,0.3994,0.86514505,false,false,false,"ebi-eas-GCST90018603",null,0.867200534,0.034956538,"Chronic sinusitis || id:ebi-eas-GCST90018603",true,"MedicineITLab","enigma3-withglobal-frontalpole-surfavg",16,30514103,0.008056685,{"v":8.84e-6,"d":"8.84E-06"},32094,"wSA_Mean_frontalpole_surfavg || id:enigma3-withglobal-frontalpole-surfavg",true,"reported","MedicineITLab",2,true,0.000614667,32094,true,{"v":6.94e-5,"d":"6.94E-05"},null,0.000614667,19.73801061,25.26983511,19.73801061]
["rs4735408","T","C","T","C",-0.03566,0.004221164,0.378,0.513434566,false,false,false,"ebi-eas-GCST90018603",null,0.843264616,0.021349266,"Chronic sinusitis || id:ebi-eas-GCST90018603",true,"MedicineITLab","enigma3-withglobal-frontalpole-surfavg",8,97051059,0.008048793,{"v":9.37e-6,"d":"9.37E-06"},32809,"wSA_Mean_frontalpole_surfavg || id:enigma3-withglobal-frontalpole-surfavg",true,"reported","MedicineITLab",2,true,0.000597964,32809,true,{"v":7.93e-5,"d":"7.93E-05"},null,0.000597964,19.62913381,25.26983511,19.62913381]
["rs58179076","T","C","T","C",0.0522826,0.054424401,0.1401,0.088955635,false,false,false,"ebi-eas-GCST90018603",null,0.169687192,0.039632988,"Chronic sinusitis || id:ebi-eas-GCST90018603",true,"MedicineITLab","enigma3-withglobal-frontalpole-surfavg",4,146654304,0.011749322,{"v":8.6e-6,"d":"8.60E-06"},30047,"wSA_Mean_frontalpole_surfavg || id:enigma3-withglobal-frontalpole-surfavg",true,"reported","MedicineITLab",2,true,0.000658613,30047,true,0.000422861,null,0.000658613,19.80107527,25.26983511,19.80107527]
["rs74979230","A","G","A","G",-0.049852099,0.001888391,0.1573,0.256508538,false,false,false,"ebi-eas-GCST90018603",null,0.938843506,0.024612938,"Chronic sinusitis || id:ebi-eas-GCST90018603",true,"MedicineITLab","enigma3-withglobal-frontalpole-surfavg",1,115898685,0.010719086,{"v":3.3e-6,"d":"3.30E-06"},32809,"wSA_Mean_frontalpole_surfavg || id:enigma3-withglobal-frontalpole-surfavg",true,"reported","MedicineITLab",2,true,0.000658868,32809,true,{"v":2.7e-5,"d":"2.70E-05"},null,0.000658868,21.6297436,25.26983511,21.6297436]
["rs80316816","T","C","T","C",-0.0684997,0.009921404,0.9212,0.751963816,false,false,false,"ebi-eas-GCST90018603",null,0.690296631,0.024899838,"Chronic sinusitis || id:ebi-eas-GCST90018603",true,"MedicineITLab","enigma3-withglobal-frontalpole-surfavg",3,118521532,0.014474255,{"v":2.21e-6,"d":"2.21E-06"},32857,"wSA_Mean_frontalpole_surfavg || id:enigma3-withglobal-frontalpole-surfavg",true,"reported","MedicineITLab",2,true,0.00068122,32857,true,{"v":3.52e-5,"d":"3.52E-05"},null,0.00068122,22.39674502,25.26983511,22.39674502]
["rs872505","T","C","T","C",-0.039119605,0.040576008,0.4151,0.78159217,false,false,false,"ebi-eas-GCST90018603",null,0.119650462,0.026073064,"Chronic sinusitis || id:ebi-eas-GCST90018603",true,"MedicineITLab","enigma3-withglobal-frontalpole-surfavg",1,230904268,0.007919963,{"v":7.87e-7,"d":"7.87E-07"},32809,"wSA_Mean_frontalpole_surfavg || id:enigma3-withglobal-frontalpole-surfavg",true,"reported","MedicineITLab",2,true,0.00074311,32809,true,0.000121049,null,0.00074311,24.39734943,25.26983511,24.39734943]
["rs1054442","A","C","A","C",0.040447236,-0.000174138,0.6253,0.625713,false,false,false,"ukb-b-69",null,0.3,0.0001691,"Non-cancer illness code, self-reported: chronic sinusitis || id:ukb-b-69",true,"igd","enigma3-withglobal-frontalpole-surfavg",12,49389320,0.008062118,{"v":5.25e-7,"d":"5.25E-07"},32809,"wSA_Mean_frontalpole_surfavg || id:enigma3-withglobal-frontalpole-surfavg",true,"reported","MedicineITLab",2,true,0.000766619,32809,true,{"v":4.59e-6,"d":"4.59E-06"},null,0.000766619,25.1697788,25.26983511,25.1697788]
["rs12190908","T","C","T","C",-0.038002526,-0.000190973,0.2978,0.307838,false,false,false,"ukb-b-69",null,0.29,0.000179835,"Non-cancer illness code, self-reported: chronic sinusitis || id:ukb-b-69",true,"igd","enigma3-withglobal-frontalpole-surfavg",6,112527786,0.008534494,{"v":8.47e-6,"d":"8.47E-06"},32809,"wSA_Mean_frontalpole_surfavg || id:enigma3-withglobal-frontalpole-surfavg",true,"reported","MedicineITLab",2,true,0.000604005,32809,true,{"v":5.59e-5,"d":"5.59E-05"},null,0.000604005,19.82756344,25.26983511,19.82756344]
["rs13145280","T","C","T","C",0.042168607,0.000123686,0.2345,0.237429,false,false,false,"ukb-b-69",null,0.52,0.000194075,"Non-cancer illness code, self-reported: chronic sinusitis || id:ukb-b-69",true,"igd","enigma3-withglobal-frontalpole-surfavg",4,55056865,0.00921126,{"v":4.68e-6,"d":"4.68E-06"},32809,"wSA_Mean_frontalpole_surfavg || id:enigma3-withglobal-frontalpole-surfavg",true,"reported","MedicineITLab",2,true,0.000638405,32809,true,{"v":2.05e-5,"d":"2.05E-05"},null,0.000638405,20.95754542,25.26983511,20.95754542]
["rs16981939","T","C","T","C",0.038810307,{"v":-1.66e-5,"d":"-1.66E-05"},0.3822,0.380715,false,false,false,"ukb-b-69",null,0.92,0.000169103,"Non-cancer illness code, self-reported: chronic sinusitis || id:ukb-b-69",true,"igd","enigma3-withglobal-frontalpole-surfavg",2,19376903,0.008031154,{"v":1.35e-6,"d":"1.35E-06"},32809,"wSA_Mean_frontalpole_surfavg || id:enigma3-withglobal-frontalpole-surfavg",true,"reported","MedicineITLab",2,true,0.000711316,32809,true,{"v":3.42e-6,"d":"3.42E-06"},null,0.000711316,23.35276413,25.26983511,23.35276413]
["rs17464221","T","C","T","C",-0.05319429,{"v":-3.35e-5,"d":"-3.35E-05"},0.299,0.289957,false,false,false,"ukb-b-69",null,0.85,0.000180988,"Non-cancer illness code, self-reported: chronic sinusitis || id:ukb-b-69",true,"igd","enigma3-withglobal-frontalpole-surfavg",2,188278203,0.008704208,{"v":9.83e-10,"d":"9.83E-10"},31451,"wSA_Mean_frontalpole_surfavg || id:enigma3-withglobal-frontalpole-surfavg",true,"reported","MedicineITLab",2,true,0.001186176,31451,true,{"v":4.47e-9,"d":"4.47E-09"},null,0.001186176,37.34835973,25.26983511,37.34835973]
["rs3106408","A","G","A","G",-0.036809331,-0.000225237,0.568,0.557794,false,false,false,"ukb-b-69",null,0.18,0.000167122,"Non-cancer illness code, self-reported: chronic sinusitis || id:ukb-b-69",true,"igd","enigma3-withglobal-frontalpole-surfavg",3,192110805,0.008301294,{"v":9.25e-6,"d":"9.25E-06"},29552,"wSA_Mean_frontalpole_surfavg || id:enigma3-withglobal-frontalpole-surfavg",true,"reported","MedicineITLab",2,true,0.000664933,29552,true,{"v":7.24e-5,"d":"7.24E-05"},null,0.000664933,19.66184597,25.26983511,19.66184597]
["rs4341759","A","G","A","G",-0.035793823,-0.000271153,0.3994,0.389627,false,false,false,"ukb-b-69",null,0.11,0.000167776,"Non-cancer illness code, self-reported: chronic sinusitis || id:ukb-b-69",true,"igd","enigma3-withglobal-frontalpole-surfavg",16,30514103,0.008056685,{"v":8.84e-6,"d":"8.84E-06"},32094,"wSA_Mean_frontalpole_surfavg || id:enigma3-withglobal-frontalpole-surfavg",true,"reported","MedicineITLab",2,true,0.000614667,32094,true,0.000102613,null,0.000614667,19.73801061,25.26983511,19.73801061]
["rs4735408","T","C","T","C",-0.03566,0.000118457,0.378,0.376552,false,false,false,"ukb-b-69",null,0.48,0.000169323,"Non-cancer illness code, self-reported: chronic sinusitis || id:ukb-b-69",true,"igd","enigma3-withglobal-frontalpole-surfavg",8,97051059,0.008048793,{"v":9.37e-6,"d":"9.37E-06"},32809,"wSA_Mean_frontalpole_surfavg || id:enigma3-withglobal-frontalpole-surfavg",true,"reported","MedicineITLab",2,true,0.000597964,32809,true,{"v":4.12e-5,"d":"4.12E-05"},null,0.000597964,19.62913381,25.26983511,19.62913381]
["rs74979230","A","G","A","G",-0.049852099,{"v":3.72e-5,"d":"3.72E-05"},0.1573,0.154091,false,false,false,"ukb-b-69",null,0.87,0.000226576,"Non-cancer illness code, self-reported: chronic sinusitis || id:ukb-b-69",true,"igd","enigma3-withglobal-frontalpole-surfavg",1,115898685,0.010719086,{"v":3.3e-6,"d":"3.30E-06"},32809,"wSA_Mean_frontalpole_surfavg || id:enigma3-withglobal-frontalpole-surfavg",true,"reported","MedicineITLab",2,true,0.000658868,32809,true,{"v":8.53e-6,"d":"8.53E-06"},null,0.000658868,21.6297436,25.26983511,21.6297436]
["rs872505","T","C","T","C",-0.039119605,{"v":-6.21e-5,"d":"-6.21E-05"},0.4151,0.401924,false,false,false,"ukb-b-69",null,0.709999,0.000167047,"Non-cancer illness code, self-reported: chronic sinusitis || id:ukb-b-69",true,"igd","enigma3-withglobal-frontalpole-surfavg",1,230904268,0.007919963,{"v":7.87e-7,"d":"7.87E-07"},32809,"wSA_Mean_frontalpole_surfavg || id:enigma3-withglobal-frontalpole-surfavg",true,"reported","MedicineITLab",2,true,0.00074311,32809,true,{"v":2.91e-6,"d":"2.91E-06"},null,0.00074311,24.39734943,25.26983511,24.39734943]
["rs1054442","A","C","A","C",0.040447236,{"v":9.69e-5,"d":"9.69E-05"},0.6253,0.625518,false,false,false,"ukb-d-J32",null,0.495459,0.00014213,"Diagnoses - main ICD10: J32 Chronic sinusitis || id:ukb-d-J32",true,"igd","enigma3-withglobal-frontalpole-surfavg",12,49389320,0.008062118,{"v":5.25e-7,"d":"5.25E-07"},32809,"wSA_Mean_frontalpole_surfavg || id:enigma3-withglobal-frontalpole-surfavg",true,"reported","MedicineITLab",2,true,0.000766619,32809,true,{"v":4.1e-6,"d":"4.10E-06"},null,0.000766619,25.1697788,25.26983511,25.1697788]
["rs10824617","A","G","A","G",0.062147535,-0.000195339,0.9087,0.9075419,false,false,false,"ukb-d-J32",null,0.412062,0.000238139,"Diagnoses - main ICD10: J32 Chronic sinusitis || id:ukb-d-J32",true,"igd","enigma3-withglobal-frontalpole-surfavg",10,80230227,0.013549301,{"v":4.51e-6,"d":"4.51E-06"},32809,"wSA_Mean_frontalpole_surfavg || id:enigma3-withglobal-frontalpole-surfavg",true,"reported","MedicineITLab",2,true,0.000640869,32809,true,{"v":3.26e-5,"d":"3.26E-05"},null,0.000640869,21.03846475,25.26983511,21.03846475]
["rs11060178","C","G","C","G",0.063814834,0.000533175,0.909,0.9196076,false,true,false,"ukb-d-J32",null,0.0380645,0.000257055,"Diagnoses - main ICD10: J32 Chronic sinusitis || id:ukb-d-J32",true,"igd","enigma3-withglobal-frontalpole-surfavg",12,129653371,0.013569154,{"v":2.56e-6,"d":"2.56E-06"},32809,"wSA_Mean_frontalpole_surfavg || id:enigma3-withglobal-frontalpole-surfavg",true,"reported","MedicineITLab",2,true,0.000673719,32809,true,{"v":9.47e-5,"d":"9.47E-05"},null,0.000673719,22.11758807,25.26983511,22.11758807]
["rs113050298","T","C","T","C",-0.09245362,{"v":-5.34e-5,"d":"-5.34E-05"},0.0548,0.0584615,false,false,false,"ukb-d-J32",null,0.857198,0.000296587,"Diagnoses - main ICD10: J32 Chronic sinusitis || id:ukb-d-J32",true,"igd","enigma3-withglobal-frontalpole-surfavg",16,86088307,0.017196173,{"v":7.58e-8,"d":"7.58E-08"},32617,"wSA_Mean_frontalpole_surfavg || id:enigma3-withglobal-frontalpole-surfavg",true,"reported","MedicineITLab",2,true,0.000885487,32617,true,{"v":3.46e-7,"d":"3.46E-07"},null,0.000885487,28.90574873,25.26983511,28.90574873]
["rs113210713","T","C","T","C",0.144232147,0.000211013,0.9765,0.978141,false,false,false,"ukb-d-J32",null,0.655952,0.000473645,"Diagnoses - main ICD10: J32 Chronic sinusitis || id:ukb-d-J32",true,"igd","enigma3-withglobal-frontalpole-surfavg",18,64808919,0.031812472,{"v":5.79e-6,"d":"5.79E-06"},21511,"wSA_Mean_frontalpole_surfavg || id:enigma3-withglobal-frontalpole-surfavg",true,"reported","MedicineITLab",2,true,0.00095476,21511,true,{"v":1.72e-5,"d":"1.72E-05"},null,0.00095476,20.55555983,25.26983511,20.55555983]
["rs114620601","C","G","C","G",0.181142991,0.000184937,0.981,0.9821123,false,true,false,"ukb-d-J32",null,0.730246,0.000536361,"Diagnoses - main ICD10: J32 Chronic sinusitis || id:ukb-d-J32",true,"igd","enigma3-withglobal-frontalpole-surfavg",5,131636693,0.035757248,{"v":4.06e-7,"d":"4.06E-07"},20957,"wSA_Mean_frontalpole_surfavg || id:enigma3-withglobal-frontalpole-surfavg",true,"reported","MedicineITLab",2,true,0.001223195,20957,true,{"v":1.28e-6,"d":"1.28E-06"},null,0.001223195,25.66344129,25.26983511,25.66344129]
["rs117894693","T","C","T","C",-0.150540831,-0.00041862,0.0152,0.0124772,false,false,false,"ukb-d-J32",null,0.506917,0.000630788,"Diagnoses - main ICD10: J32 Chronic sinusitis || id:ukb-d-J32",true,"igd","enigma3-withglobal-frontalpole-surfavg",6,21177018,0.033099922,{"v":5.42e-6,"d":"5.42E-06"},30469,"wSA_Mean_frontalpole_surfavg || id:enigma3-withglobal-frontalpole-surfavg",true,"reported","MedicineITLab",2,true,0.000678469,30469,true,{"v":2.89e-5,"d":"2.89E-05"},null,0.000678469,20.68496013,25.26983511,20.68496013]
["rs12190908","T","C","T","C",-0.038002526,-0.000362275,0.2978,0.307353,false,false,false,"ukb-d-J32",null,0.0166556,0.000151312,"Diagnoses - main ICD10: J32 Chronic sinusitis || id:ukb-d-J32",true,"igd","enigma3-withglobal-frontalpole-surfavg",6,112527786,0.008534494,{"v":8.47e-6,"d":"8.47E-06"},32809,"wSA_Mean_frontalpole_surfavg || id:enigma3-withglobal-frontalpole-surfavg",true,"reported","MedicineITLab",2,true,0.000604005,32809,true,0.000354203,null,0.000604005,19.82756344,25.26983511,19.82756344]
["rs13145280","T","C","T","C",0.042168607,-0.000401802,0.2345,0.235962,false,false,false,"ukb-d-J32",null,0.0139207,0.00016338,"Diagnoses - main ICD10: J32 Chronic sinusitis || id:ukb-d-J32",true,"igd","enigma3-withglobal-frontalpole-surfavg",4,55056865,0.00921126,{"v":4.68e-6,"d":"4.68E-06"},32809,"wSA_Mean_frontalpole_surfavg || id:enigma3-withglobal-frontalpole-surfavg",true,"reported","MedicineITLab",2,true,0.000638405,32809,true,0.000239691,null,0.000638405,20.95754542,25.26983511,20.95754542]
["rs16981939","T","C","T","C",0.038810307,{"v":6.14e-5,"d":"6.14E-05"},0.3822,0.377695,false,false,false,"ukb-d-J32",null,0.666245,0.000142325,"Diagnoses - main ICD10: J32 Chronic sinusitis || id:ukb-d-J32",true,"igd","enigma3-withglobal-frontalpole-surfavg",2,19376903,0.008031154,{"v":1.35e-6,"d":"1.35E-06"},32809,"wSA_Mean_frontalpole_surfavg || id:enigma3-withglobal-frontalpole-surfavg",true,"reported","MedicineITLab",2,true,0.000711316,32809,true,{"v":6.74e-6,"d":"6.74E-06"},null,0.000711316,23.35276413,25.26983511,23.35276413]
["rs17464221","T","C","T","C",-0.05319429,{"v":3.91e-6,"d":"3.91E-06"},0.299,0.287592,false,false,false,"ukb-d-J32",null,0.979536,0.000152481,"Diagnoses - main ICD10: J32 Chronic sinusitis || id:ukb-d-J32",true,"igd","enigma3-withglobal-frontalpole-surfavg",2,188278203,0.008704208,{"v":9.83e-10,"d":"9.83E-10"},31451,"wSA_Mean_frontalpole_surfavg || id:enigma3-withglobal-frontalpole-surfavg",true,"reported","MedicineITLab",2,true,0.001186176,31451,true,{"v":4.83e-9,"d":"4.83E-09"},null,0.001186176,37.34835973,25.26983511,37.34835973]
["rs185509891","A","T","A","T",-0.069296417,-0.000312077,0.0725,0.0731599,false,true,false,"ukb-d-J32",null,0.239166,0.000265128,"Diagnoses - main ICD10: J32 Chronic sinusitis || id:ukb-d-J32",true,"igd","enigma3-withglobal-frontalpole-surfavg",6,9435138,0.015138591,{"v":4.7e-6,"d":"4.70E-06"},32426,"wSA_Mean_frontalpole_surfavg || id:enigma3-withglobal-frontalpole-surfavg",true,"reported","MedicineITLab",2,true,0.000645808,32426,true,{"v":5.2e-5,"d":"5.20E-05"},null,0.000645808,20.95321336,25.26983511,20.95321336]
["rs306984","A","G","A","G",0.074030367,{"v":-2.2e-5,"d":"-2.20E-05"},0.0701,0.076647,false,false,false,"ukb-d-J32",null,0.933082,0.000261682,"Diagnoses - main ICD10: J32 Chronic sinusitis || id:ukb-d-J32",true,"igd","enigma3-withglobal-frontalpole-surfavg",8,142045969,0.016290673,{"v":5.5e-6,"d":"5.50E-06"},28884,"wSA_Mean_frontalpole_surfavg || id:enigma3-withglobal-frontalpole-surfavg",true,"reported","MedicineITLab",2,true,0.000714503,28884,true,{"v":1.36e-5,"d":"1.36E-05"},null,0.000714503,20.65103151,25.26983511,20.65103151]
["rs3106408","A","G","A","G",-0.036809331,{"v":-6.12e-5,"d":"-6.12E-05"},0.568,0.556273,false,false,false,"ukb-d-J32",null,0.662795,0.000140323,"Diagnoses - main ICD10: J32 Chronic sinusitis || id:ukb-d-J32",true,"igd","enigma3-withglobal-frontalpole-surfavg",3,192110805,0.008301294,{"v":9.25e-6,"d":"9.25E-06"},29552,"wSA_Mean_frontalpole_surfavg || id:enigma3-withglobal-frontalpole-surfavg",true,"reported","MedicineITLab",2,true,0.000664933,29552,true,{"v":3.43e-5,"d":"3.43E-05"},null,0.000664933,19.66184597,25.26983511,19.66184597]
["rs403351","A","G","A","G",0.083363079,0.000802569,0.0862,0.08898,false,false,false,"ukb-d-J32",null,0.00133801,0.000250199,"Diagnoses - main ICD10: J32 Chronic sinusitis || id:ukb-d-J32",true,"igd","enigma3-withglobal-frontalpole-surfavg",8,70815503,0.016614868,{"v":5.23e-7,"d":"5.23E-07"},22971,"wSA_Mean_frontalpole_surfavg || id:enigma3-withglobal-frontalpole-surfavg",true,"reported","MedicineITLab",2,true,0.001094803,22971,true,{"v":4.51e-5,"d":"4.51E-05"},null,0.001094803,25.17408644,25.26983511,25.17408644]
["rs4341759","A","G","A","G",-0.035793823,{"v":4.45e-5,"d":"4.45E-05"},0.3994,0.389521,false,false,false,"ukb-d-J32",null,0.752716,0.000141097,"Diagnoses - main ICD10: J32 Chronic sinusitis || id:ukb-d-J32",true,"igd","enigma3-withglobal-frontalpole-surfavg",16,30514103,0.008056685,{"v":8.84e-6,"d":"8.84E-06"},32094,"wSA_Mean_frontalpole_surfavg || id:enigma3-withglobal-frontalpole-surfavg",true,"reported","MedicineITLab",2,true,0.000614667,32094,true,{"v":3.08e-5,"d":"3.08E-05"},null,0.000614667,19.73801061,25.26983511,19.73801061]
["rs4735408","T","C","T","C",-0.03566,-0.000334838,0.378,0.374647,false,false,false,"ukb-d-J32",null,0.0187137,0.000142412,"Diagnoses - main ICD10: J32 Chronic sinusitis || id:ukb-d-J32",true,"igd","enigma3-withglobal-frontalpole-surfavg",8,97051059,0.008048793,{"v":9.37e-6,"d":"9.37E-06"},32809,"wSA_Mean_frontalpole_surfavg || id:enigma3-withglobal-frontalpole-surfavg",true,"reported","MedicineITLab",2,true,0.000597964,32809,true,0.000366525,null,0.000597964,19.62913381,25.26983511,19.62913381]
["rs58179076","T","C","T","C",0.0522826,0.000291299,0.1401,0.140151,false,false,false,"ukb-d-J32",null,0.145035,0.00019989,"Diagnoses - main ICD10: J32 Chronic sinusitis || id:ukb-d-J32",true,"igd","enigma3-withglobal-frontalpole-surfavg",4,146654304,0.011749322,{"v":8.6e-6,"d":"8.60E-06"},30047,"wSA_Mean_frontalpole_surfavg || id:enigma3-withglobal-frontalpole-surfavg",true,"reported","MedicineITLab",2,true,0.000658613,30047,true,0.000108305,null,0.000658613,19.80107527,25.26983511,19.80107527]
["rs74979230","A","G","A","G",-0.049852099,0.000510916,0.1573,0.15346,false,false,false,"ukb-d-J32",null,0.0073969,0.000190751,"Diagnoses - main ICD10: J32 Chronic sinusitis || id:ukb-d-J32",true,"igd","enigma3-withglobal-frontalpole-surfavg",1,115898685,0.010719086,{"v":3.3e-6,"d":"3.30E-06"},32809,"wSA_Mean_frontalpole_surfavg || id:enigma3-withglobal-frontalpole-surfavg",true,"reported","MedicineITLab",2,true,0.000658868,32809,true,0.000233679,null,0.000658868,21.6297436,25.26983511,21.6297436]
["rs77536429","A","T","A","T",-0.089957048,0.000489427,0.9482,0.9457157,false,true,false,"ukb-d-J32",null,0.111728,0.000307723,"Diagnoses - main ICD10: J32 Chronic sinusitis || id:ukb-d-J32",true,"igd","enigma3-withglobal-frontalpole-surfavg",11,95277844,0.019733429,{"v":5.14e-6,"d":"5.14E-06"},26123,"wSA_Mean_frontalpole_surfavg || id:enigma3-withglobal-frontalpole-surfavg",true,"reported","MedicineITLab",2,true,0.000794932,26123,true,{"v":6.65e-5,"d":"6.65E-05"},null,0.000794932,20.78094397,25.26983511,20.78094397]
["rs80242188","A","C","A","C",-0.082703882,-0.000118555,0.067,0.0633399,false,false,false,"ukb-d-J32",null,0.67411,0.000281929,"Diagnoses - main ICD10: J32 Chronic sinusitis || id:ukb-d-J32",true,"igd","enigma3-withglobal-frontalpole-surfavg",3,16132989,0.01769588,{"v":2.96e-6,"d":"2.96E-06"},25523,"wSA_Mean_frontalpole_surfavg || id:enigma3-withglobal-frontalpole-surfavg",true,"reported","MedicineITLab",2,true,0.000855142,25523,true,{"v":1.04e-5,"d":"1.04E-05"},null,0.000855142,21.84275761,25.26983511,21.84275761]
["rs80316816","T","C","T","C",-0.0684997,0.00044694,0.9212,0.9213971,false,false,false,"ukb-d-J32",null,0.081098,0.00025622,"Diagnoses - main ICD10: J32 Chronic sinusitis || id:ukb-d-J32",true,"igd","enigma3-withglobal-frontalpole-surfavg",3,118521532,0.014474255,{"v":2.21e-6,"d":"2.21E-06"},32857,"wSA_Mean_frontalpole_surfavg || id:enigma3-withglobal-frontalpole-surfavg",true,"reported","MedicineITLab",2,true,0.00068122,32857,true,{"v":5.66e-5,"d":"5.66E-05"},null,0.00068122,22.39674502,25.26983511,22.39674502]
["rs872505","T","C","T","C",-0.039119605,{"v":2.34e-5,"d":"2.34E-05"},0.4151,0.397611,false,false,false,"ukb-d-J32",null,0.867832,0.000140676,"Diagnoses - main ICD10: J32 Chronic sinusitis || id:ukb-d-J32",true,"igd","enigma3-withglobal-frontalpole-surfavg",1,230904268,0.007919963,{"v":7.87e-7,"d":"7.87E-07"},32809,"wSA_Mean_frontalpole_surfavg || id:enigma3-withglobal-frontalpole-surfavg",true,"reported","MedicineITLab",2,true,0.00074311,32809,true,{"v":2.86e-6,"d":"2.86E-06"},null,0.00074311,24.39734943,25.26983511,24.39734943]
["rs1054442","A","C","A","C",0.040447236,0.0098,0.6253,0.63,false,false,false,"ukb-saige-471",null,0.7,0.026,"Nasal polyps || id:ukb-saige-471",true,"MedicineITLab","enigma3-withglobal-frontalpole-surfavg",12,49389320,0.008062118,{"v":5.25e-7,"d":"5.25E-07"},32809,"wSA_Mean_frontalpole_surfavg || id:enigma3-withglobal-frontalpole-surfavg",true,"reported","MedicineITLab",2,true,0.000766619,32809,true,{"v":2.42e-6,"d":"2.42E-06"},null,0.000766619,25.1697788,25.26983511,25.1697788]
["rs10824617","A","G","A","G",0.062147535,-0.035,0.9087,0.907,false,false,false,"ukb-saige-471",null,0.41,0.043,"Nasal polyps || id:ukb-saige-471",true,"MedicineITLab","enigma3-withglobal-frontalpole-surfavg",10,80230227,0.013549301,{"v":4.51e-6,"d":"4.51E-06"},32809,"wSA_Mean_frontalpole_surfavg || id:enigma3-withglobal-frontalpole-surfavg",true,"reported","MedicineITLab",2,true,0.000640869,32809,true,{"v":2.91e-5,"d":"2.91E-05"},null,0.000640869,21.03846475,25.26983511,21.03846475]
["rs11060178","C","G","C","G",0.063814834,0.1,0.909,0.92,false,true,false,"ukb-saige-471",null,0.034,0.047,"Nasal polyps || id:ukb-saige-471",true,"MedicineITLab","enigma3-withglobal-frontalpole-surfavg",12,129653371,0.013569154,{"v":2.56e-6,"d":"2.56E-06"},32809,"wSA_Mean_frontalpole_surfavg || id:enigma3-withglobal-frontalpole-surfavg",true,"reported","MedicineITLab",2,true,0.000673719,32809,true,{"v":8.59e-5,"d":"8.59E-05"},null,0.000673719,22.11758807,25.26983511,22.11758807]
["rs113050298","T","C","T","C",-0.09245362,-0.02,0.0548,0.058,false,false,false,"ukb-saige-471",null,0.71,0.054,"Nasal polyps || id:ukb-saige-471",true,"MedicineITLab","enigma3-withglobal-frontalpole-surfavg",16,86088307,0.017196173,{"v":7.58e-8,"d":"7.58E-08"},32617,"wSA_Mean_frontalpole_surfavg || id:enigma3-withglobal-frontalpole-surfavg",true,"reported","MedicineITLab",2,true,0.000885487,32617,true,{"v":4.12e-7,"d":"4.12E-07"},null,0.000885487,28.90574873,25.26983511,28.90574873]
["rs113210713","T","C","T","C",0.144232147,0.15,0.9765,0.978,false,false,false,"ukb-saige-471",null,0.071,0.086,"Nasal polyps || id:ukb-saige-471",true,"MedicineITLab","enigma3-withglobal-frontalpole-surfavg",18,64808919,0.031812472,{"v":5.79e-6,"d":"5.79E-06"},21511,"wSA_Mean_frontalpole_surfavg || id:enigma3-withglobal-frontalpole-surfavg",true,"reported","MedicineITLab",2,true,0.00095476,21511,true,{"v":5.9e-5,"d":"5.90E-05"},null,0.00095476,20.55555983,25.26983511,20.55555983]
["rs114620601","C","G","C","G",0.181142991,-0.079,0.981,0.982,false,true,false,"ukb-saige-471",null,0.42,0.097,"Nasal polyps || id:ukb-saige-471",true,"MedicineITLab","enigma3-withglobal-frontalpole-surfavg",5,131636693,0.035757248,{"v":4.06e-7,"d":"4.06E-07"},20957,"wSA_Mean_frontalpole_surfavg || id:enigma3-withglobal-frontalpole-surfavg",true,"reported","MedicineITLab",2,true,0.001223195,20957,true,{"v":2.02e-6,"d":"2.02E-06"},null,0.001223195,25.66344129,25.26983511,25.66344129]
["rs115104111","A","G","A","G",-0.10308741,-0.0093,0.9652,0.965,false,false,false,"ukb-saige-471",null,0.89,0.068,"Nasal polyps || id:ukb-saige-471",true,"MedicineITLab","enigma3-withglobal-frontalpole-surfavg",5,171221113,0.022769778,{"v":5.97e-6,"d":"5.97E-06"},28693,"wSA_Mean_frontalpole_surfavg || id:enigma3-withglobal-frontalpole-surfavg",true,"reported","MedicineITLab",2,true,0.000713901,28693,true,{"v":1.46e-5,"d":"1.46E-05"},null,0.000713901,20.49715783,25.26983511,20.49715783]
["rs117894693","T","C","T","C",-0.150540831,-0.055,0.0152,0.012,false,false,false,"ukb-saige-471",null,0.64,0.12,"Nasal polyps || id:ukb-saige-471",true,"MedicineITLab","enigma3-withglobal-frontalpole-surfavg",6,21177018,0.033099922,{"v":5.42e-6,"d":"5.42E-06"},30469,"wSA_Mean_frontalpole_surfavg || id:enigma3-withglobal-frontalpole-surfavg",true,"reported","MedicineITLab",2,true,0.000678469,30469,true,{"v":2.06e-5,"d":"2.06E-05"},null,0.000678469,20.68496013,25.26983511,20.68496013]
["rs12190908","T","C","T","C",-0.038002526,0.0055,0.2978,0.31,false,false,false,"ukb-saige-471",null,0.84,0.027,"Nasal polyps || id:ukb-saige-471",true,"MedicineITLab","enigma3-withglobal-frontalpole-surfavg",6,112527786,0.008534494,{"v":8.47e-6,"d":"8.47E-06"},32809,"wSA_Mean_frontalpole_surfavg || id:enigma3-withglobal-frontalpole-surfavg",true,"reported","MedicineITLab",2,true,0.000604005,32809,true,{"v":2.43e-5,"d":"2.43E-05"},null,0.000604005,19.82756344,25.26983511,19.82756344]
["rs13145280","T","C","T","C",0.042168607,0.014,0.2345,0.24,false,false,false,"ukb-saige-471",null,0.63,0.03,"Nasal polyps || id:ukb-saige-471",true,"MedicineITLab","enigma3-withglobal-frontalpole-surfavg",4,55056865,0.00921126,{"v":4.68e-6,"d":"4.68E-06"},32809,"wSA_Mean_frontalpole_surfavg || id:enigma3-withglobal-frontalpole-surfavg",true,"reported","MedicineITLab",2,true,0.000638405,32809,true,{"v":1.97e-5,"d":"1.97E-05"},null,0.000638405,20.95754542,25.26983511,20.95754542]
["rs16981939","T","C","T","C",0.038810307,-0.014,0.3822,0.38,false,false,false,"ukb-saige-471",null,0.59,0.026,"Nasal polyps || id:ukb-saige-471",true,"MedicineITLab","enigma3-withglobal-frontalpole-surfavg",2,19376903,0.008031154,{"v":1.35e-6,"d":"1.35E-06"},32809,"wSA_Mean_frontalpole_surfavg || id:enigma3-withglobal-frontalpole-surfavg",true,"reported","MedicineITLab",2,true,0.000711316,32809,true,{"v":7.03e-6,"d":"7.03E-06"},null,0.000711316,23.35276413,25.26983511,23.35276413]
["rs17464221","T","C","T","C",-0.05319429,-0.038,0.299,0.29,false,false,false,"ukb-saige-471",null,0.17,0.028,"Nasal polyps || id:ukb-saige-471",true,"MedicineITLab","enigma3-withglobal-frontalpole-surfavg",2,188278203,0.008704208,{"v":9.83e-10,"d":"9.83E-10"},31451,"wSA_Mean_frontalpole_surfavg || id:enigma3-withglobal-frontalpole-surfavg",true,"reported","MedicineITLab",2,true,0.001186176,31451,true,{"v":3.58e-8,"d":"3.58E-08"},null,0.001186176,37.34835973,25.26983511,37.34835973]
["rs306984","A","G","A","G",0.074030367,0.078,0.0701,0.08,false,false,false,"ukb-saige-471",null,0.097,0.047,"Nasal polyps || id:ukb-saige-471",true,"MedicineITLab","enigma3-withglobal-frontalpole-surfavg",8,142045969,0.016290673,{"v":5.5e-6,"d":"5.50E-06"},28884,"wSA_Mean_frontalpole_surfavg || id:enigma3-withglobal-frontalpole-surfavg",true,"reported","MedicineITLab",2,true,0.000714503,28884,true,{"v":7.77e-5,"d":"7.77E-05"},null,0.000714503,20.65103151,25.26983511,20.65103151]
["rs3106408","A","G","A","G",-0.036809331,-0.018,0.568,0.56,false,false,false,"ukb-saige-471",null,0.49,0.025,"Nasal polyps || id:ukb-saige-471",true,"MedicineITLab","enigma3-withglobal-frontalpole-surfavg",3,192110805,0.008301294,{"v":9.25e-6,"d":"9.25E-06"},29552,"wSA_Mean_frontalpole_surfavg || id:enigma3-withglobal-frontalpole-surfavg",true,"reported","MedicineITLab",2,true,0.000664933,29552,true,{"v":4.4e-5,"d":"4.40E-05"},null,0.000664933,19.66184597,25.26983511,19.66184597]
["rs403351","A","G","A","G",0.083363079,-0.079,0.0862,0.09,false,false,false,"ukb-saige-471",null,0.081,0.045,"Nasal polyps || id:ukb-saige-471",true,"MedicineITLab","enigma3-withglobal-frontalpole-surfavg",8,70815503,0.016614868,{"v":5.23e-7,"d":"5.23E-07"},22971,"wSA_Mean_frontalpole_surfavg || id:enigma3-withglobal-frontalpole-surfavg",true,"reported","MedicineITLab",2,true,0.001094803,22971,true,{"v":8.06e-6,"d":"8.06E-06"},null,0.001094803,25.17408644,25.26983511,25.17408644]
["rs4341759","A","G","A","G",-0.035793823,-0.02,0.3994,0.39,false,false,false,"ukb-saige-471",null,0.43,0.026,"Nasal polyps || id:ukb-saige-471",true,"MedicineITLab","enigma3-withglobal-frontalpole-surfavg",16,30514103,0.008056685,{"v":8.84e-6,"d":"8.84E-06"},32094,"wSA_Mean_frontalpole_surfavg || id:enigma3-withglobal-frontalpole-surfavg",true,"reported","MedicineITLab",2,true,0.000614667,32094,true,{"v":4.9e-5,"d":"4.90E-05"},null,0.000614667,19.73801061,25.26983511,19.73801061]
["rs4735408","T","C","T","C",-0.03566,-0.017,0.378,0.37,false,false,false,"ukb-saige-471",null,0.51,0.026,"Nasal polyps || id:ukb-saige-471",true,"MedicineITLab","enigma3-withglobal-frontalpole-surfavg",8,97051059,0.008048793,{"v":9.37e-6,"d":"9.37E-06"},32809,"wSA_Mean_frontalpole_surfavg || id:enigma3-withglobal-frontalpole-surfavg",true,"reported","MedicineITLab",2,true,0.000597964,32809,true,{"v":4.61e-5,"d":"4.61E-05"},null,0.000597964,19.62913381,25.26983511,19.62913381]
["rs74979230","A","G","A","G",-0.049852099,0.037,0.1573,0.15,false,false,false,"ukb-saige-471",null,0.28,0.035,"Nasal polyps || id:ukb-saige-471",true,"MedicineITLab","enigma3-withglobal-frontalpole-surfavg",1,115898685,0.010719086,{"v":3.3e-6,"d":"3.30E-06"},32809,"wSA_Mean_frontalpole_surfavg || id:enigma3-withglobal-frontalpole-surfavg",true,"reported","MedicineITLab",2,true,0.000658868,32809,true,{"v":2.99e-5,"d":"2.99E-05"},null,0.000658868,21.6297436,25.26983511,21.6297436]
["rs77536429","A","T","A","T",-0.089957048,-0.096,0.9482,0.945,false,true,false,"ukb-saige-471",null,0.083,0.056,"Nasal polyps || id:ukb-saige-471",true,"MedicineITLab","enigma3-withglobal-frontalpole-surfavg",11,95277844,0.019733429,{"v":5.14e-6,"d":"5.14E-06"},26123,"wSA_Mean_frontalpole_surfavg || id:enigma3-withglobal-frontalpole-surfavg",true,"reported","MedicineITLab",2,true,0.000794932,26123,true,{"v":6.72e-5,"d":"6.72E-05"},null,0.000794932,20.78094397,25.26983511,20.78094397]
["rs80242188","A","C","A","C",-0.082703882,-0.073,0.067,0.063,false,false,false,"ukb-saige-471",null,0.15,0.051,"Nasal polyps || id:ukb-saige-471",true,"MedicineITLab","enigma3-withglobal-frontalpole-surfavg",3,16132989,0.01769588,{"v":2.96e-6,"d":"2.96E-06"},25523,"wSA_Mean_frontalpole_surfavg || id:enigma3-withglobal-frontalpole-surfavg",true,"reported","MedicineITLab",2,true,0.000855142,25523,true,{"v":2.98e-5,"d":"2.98E-05"},null,0.000855142,21.84275761,25.26983511,21.84275761]
["rs80316816","T","C","T","C",-0.0684997,-0.032,0.9212,0.921,false,false,false,"ukb-saige-471",null,0.49,0.046,"Nasal polyps || id:ukb-saige-471",true,"MedicineITLab","enigma3-withglobal-frontalpole-surfavg",3,118521532,0.014474255,{"v":2.21e-6,"d":"2.21E-06"},32857,"wSA_Mean_frontalpole_surfavg || id:enigma3-withglobal-frontalpole-surfavg",true,"reported","MedicineITLab",2,true,0.00068122,32857,true,{"v":1.34e-5,"d":"1.34E-05"},null,0.00068122,22.39674502,25.26983511,22.39674502]
["rs872505","T","C","T","C",-0.039119605,{"v":0.0005,"d":"5.00E-04"},0.4151,0.4,false,false,false,"ukb-saige-471",null,0.98,0.025,"Nasal polyps || id:ukb-saige-471",true,"MedicineITLab","enigma3-withglobal-frontalpole-surfavg",1,230904268,0.007919963,{"v":7.87e-7,"d":"7.87E-07"},32809,"wSA_Mean_frontalpole_surfavg || id:enigma3-withglobal-frontalpole-surfavg",true,"reported","MedicineITLab",2,true,0.00074311,32809,true,{"v":2.15e-6,"d":"2.15E-06"},null,0.00074311,24.39734943,25.26983511,24.39734943]
["rs10760271","T","C","T","C",0.053216313,0.045149292,0.1272,0.675361236,false,false,false,"ebi-eas-GCST90018603",null,0.047099979,0.022740652,"Chronic sinusitis || id:ebi-eas-GCST90018603",true,"MedicineITLab","enigma3-withglobal-frontalpole-thickavg",9,126044010,0.011773521,{"v":5.73e-6,"d":"5.73E-06"},32472,"wTHICK_Mean_frontalpole_thickavg || id:enigma3-withglobal-frontalpole-thickavg",true,"reported","MedicineITLab",2,true,0.000628813,32472,true,0.000996776,null,0.000628813,20.4304,25.26983511,20.4304]
["rs12120639","A","G","A","G",-0.040216658,-0.033377972,0.2769,0.095071192,false,false,false,"ebi-eas-GCST90018603",null,0.355814376,0.03614799,"Chronic sinusitis || id:ebi-eas-GCST90018603",true,"MedicineITLab","enigma3-withglobal-frontalpole-thickavg",1,28552929,0.008721685,{"v":5.62e-6,"d":"5.62E-06"},32809,"wTHICK_Mean_frontalpole_thickavg || id:enigma3-withglobal-frontalpole-thickavg",true,"reported","MedicineITLab",2,true,0.000647684,32809,true,0.000139642,null,0.000647684,21.26234568,25.26983511,21.26234568]
["rs1413205","T","C","T","C",-0.039678415,-0.001325604,0.6274,0.440809062,false,false,false,"ebi-eas-GCST90018603",null,0.95337472,0.022671747,"Chronic sinusitis || id:ebi-eas-GCST90018603",true,"MedicineITLab","enigma3-withglobal-frontalpole-thickavg",1,242844530,0.008116039,{"v":1.82e-6,"d":"1.82E-06"},32449,"wTHICK_Mean_frontalpole_thickavg || id:enigma3-withglobal-frontalpole-thickavg",true,"reported","MedicineITLab",2,true,0.000736082,32449,true,{"v":9.63e-6,"d":"9.63E-06"},null,0.000736082,23.90123457,25.26983511,23.90123457]
["rs1973171","A","G","A","G",-0.054896034,0.049180742,0.1223,0.416958385,false,false,false,"ebi-eas-GCST90018603",null,0.023101792,0.021648864,"Chronic sinusitis || id:ebi-eas-GCST90018603",true,"MedicineITLab","enigma3-withglobal-frontalpole-thickavg",14,98434682,0.011994091,{"v":3.68e-6,"d":"3.68E-06"},32360,"wTHICK_Mean_frontalpole_thickavg || id:enigma3-withglobal-frontalpole-thickavg",true,"reported","MedicineITLab",2,true,0.000646971,32360,true,0.001249989,null,0.000646971,20.94822485,25.26983511,20.94822485]
["rs2133593","A","C","A","C",-0.039616259,-0.010309648,0.6268,0.516102777,false,false,false,"ebi-eas-GCST90018603",null,0.628117481,0.021284294,"Chronic sinusitis || id:ebi-eas-GCST90018603",true,"MedicineITLab","enigma3-withglobal-frontalpole-thickavg",3,177301992,0.008291775,{"v":1.24e-6,"d":"1.24E-06"},31068,"wTHICK_Mean_frontalpole_thickavg || id:enigma3-withglobal-frontalpole-thickavg",true,"reported","MedicineITLab",2,true,0.000734256,31068,true,{"v":3.08e-5,"d":"3.08E-05"},null,0.000734256,22.82716049,25.26983511,22.82716049]
["rs23085","A","T","A","T",-0.039582416,-0.006123251,0.7081,0.615660759,false,true,false,"ebi-eas-GCST90018603",null,0.784519422,0.022393871,"Chronic sinusitis || id:ebi-eas-GCST90018603",true,"MedicineITLab","enigma3-withglobal-frontalpole-thickavg",22,36530206,0.008584138,{"v":5.21e-6,"d":"5.21E-06"},32809,"wTHICK_Mean_frontalpole_thickavg || id:enigma3-withglobal-frontalpole-thickavg",true,"reported","MedicineITLab",2,true,0.000647684,32809,true,{"v":4.52e-5,"d":"4.52E-05"},null,0.000647684,21.26234568,25.26983511,21.26234568]
["rs28548172","C","G","C","G",-0.044644019,0.010191744,0.1995,0.240676845,false,true,false,"ebi-eas-GCST90018603",null,0.682635547,0.024926653,"Chronic sinusitis || id:ebi-eas-GCST90018603",true,"MedicineITLab","enigma3-withglobal-frontalpole-thickavg",17,56555745,0.009765879,{"v":3.89e-6,"d":"3.89E-06"},32809,"wTHICK_Mean_frontalpole_thickavg || id:enigma3-withglobal-frontalpole-thickavg",true,"reported","MedicineITLab",2,true,0.000636591,32809,true,{"v":6.7e-5,"d":"6.70E-05"},null,0.000636591,20.89795918,25.26983511,20.89795918]
["rs55770838","A","C","A","C",-0.049436867,0.133566665,0.8481,0.98542389,false,false,false,"ebi-eas-GCST90018603",null,0.152698438,0.093399033,"Chronic sinusitis || id:ebi-eas-GCST90018603",true,"MedicineITLab","enigma3-withglobal-frontalpole-thickavg",3,32505740,0.01093736,{"v":8.98e-6,"d":"8.98E-06"},32426,"wTHICK_Mean_frontalpole_thickavg || id:enigma3-withglobal-frontalpole-thickavg",true,"reported","MedicineITLab",2,true,0.000629704,32426,true,0.000427874,null,0.000629704,20.4304,25.26983511,20.4304]
["rs56023709","A","C","A","C",0.065627443,0.027007342,0.3881,0.838734038,false,false,false,"ebi-eas-GCST90018603",null,0.352805663,0.029066375,"Chronic sinusitis || id:ebi-eas-GCST90018603",true,"MedicineITLab","enigma3-withglobal-frontalpole-thickavg",16,87229344,0.008026378,{"v":9.65e-16,"d":"9.65E-16"},32617,"wTHICK_Mean_frontalpole_thickavg || id:enigma3-withglobal-frontalpole-thickavg",true,"reported","MedicineITLab",2,true,0.00204562,32617,true,{"v":1.77e-12,"d":"1.77E-12"},null,0.00204562,66.85467128,25.26983511,66.85467128]
["rs59446042","T","C","T","C",0.042695004,-0.020787023,0.2051,0.33527104,false,false,false,"ebi-eas-GCST90018603",null,0.366461569,0.023016869,"Chronic sinusitis || id:ebi-eas-GCST90018603",true,"MedicineITLab","enigma3-withglobal-frontalpole-thickavg",4,37224796,0.009722625,{"v":9.93e-6,"d":"9.93E-06"},32426,"wTHICK_Mean_frontalpole_thickavg || id:enigma3-withglobal-frontalpole-thickavg",true,"reported","MedicineITLab",2,true,0.000594377,32426,true,0.000290925,null,0.000594377,19.28355388,25.26983511,19.28355388]
["rs66900966","A","G","A","G",0.06810727,0.021000723,0.9077,0.964776641,false,false,false,"ebi-eas-GCST90018603",null,0.725893319,0.059900489,"Chronic sinusitis || id:ebi-eas-GCST90018603",true,"MedicineITLab","enigma3-withglobal-frontalpole-thickavg",19,54569262,0.014500257,{"v":2.44e-6,"d":"2.44E-06"},28364,"wTHICK_Mean_frontalpole_thickavg || id:enigma3-withglobal-frontalpole-thickavg",true,"reported","MedicineITLab",2,true,0.00077725,28364,true,{"v":2.86e-5,"d":"2.86E-05"},null,0.00077725,22.06152433,25.26983511,22.06152433]
["rs73596628","T","C","T","C",-0.082790908,0.016297398,0.9396,0.837412984,false,false,false,"ebi-eas-GCST90018603",null,0.576598774,0.02918799,"Chronic sinusitis || id:ebi-eas-GCST90018603",true,"MedicineITLab","enigma3-withglobal-frontalpole-thickavg",11,117572183,0.016381089,{"v":3.26e-7,"d":"3.26E-07"},32809,"wTHICK_Mean_frontalpole_thickavg || id:enigma3-withglobal-frontalpole-thickavg",true,"reported","MedicineITLab",2,true,0.000777992,32809,true,{"v":1.28e-5,"d":"1.28E-05"},null,0.000777992,25.54346238,25.26983511,25.54346238]
["rs748319","T","C","T","C",-0.054551902,-0.002448605,0.1476,0.183936816,false,false,false,"ebi-eas-GCST90018603",null,0.929240889,0.02757439,"Chronic sinusitis || id:ebi-eas-GCST90018603",true,"MedicineITLab","enigma3-withglobal-frontalpole-thickavg",21,43613057,0.011002064,{"v":7.96e-7,"d":"7.96E-07"},32809,"wTHICK_Mean_frontalpole_thickavg || id:enigma3-withglobal-frontalpole-thickavg",true,"reported","MedicineITLab",2,true,0.000748824,32809,true,{"v":7.77e-6,"d":"7.77E-06"},null,0.000748824,24.58506944,25.26983511,24.58506944]
["rs7723073","A","G","A","G",0.039990724,-0.025941797,0.2917,0.280640301,false,false,false,"ebi-eas-GCST90018603",null,0.326535303,0.026441098,"Chronic sinusitis || id:ebi-eas-GCST90018603",true,"MedicineITLab","enigma3-withglobal-frontalpole-thickavg",5,123837684,0.008747971,{"v":3.86e-6,"d":"3.86E-06"},31604,"wTHICK_Mean_frontalpole_thickavg || id:enigma3-withglobal-frontalpole-thickavg",true,"reported","MedicineITLab",2,true,0.000660849,31604,true,0.0001644,null,0.000660849,20.89795918,25.26983511,20.89795918]
["rs79121298","C","G","C","G",-0.14340956,-0.006445414,0.9821,0.761377513,false,true,false,"ebi-eas-GCST90018603",null,0.796964141,0.025052329,"Chronic sinusitis || id:ebi-eas-GCST90018603",true,"MedicineITLab","enigma3-withglobal-frontalpole-thickavg",2,35264142,0.030529766,{"v":2.48e-6,"d":"2.48E-06"},30495,"wTHICK_Mean_frontalpole_thickavg || id:enigma3-withglobal-frontalpole-thickavg",true,"reported","MedicineITLab",2,true,0.000723094,30495,true,{"v":2.74e-5,"d":"2.74E-05"},null,0.000723094,22.06527008,25.26983511,22.06527008]
["rs9828792","A","G","A","G",-0.042125108,-0.023628171,0.7286,0.550861477,false,false,false,"ebi-eas-GCST90018603",null,0.277998887,0.021780616,"Chronic sinusitis || id:ebi-eas-GCST90018603",true,"MedicineITLab","enigma3-withglobal-frontalpole-thickavg",3,149233279,0.008776064,{"v":8.68e-7,"d":"8.68E-07"},32809,"wTHICK_Mean_frontalpole_thickavg || id:enigma3-withglobal-frontalpole-thickavg",true,"reported","MedicineITLab",2,true,0.000701796,32809,true,{"v":9.1e-5,"d":"9.10E-05"},null,0.000701796,23.04,25.26983511,23.04]
["rs10760271","T","C","T","C",0.053216313,{"v":-5.65e-5,"d":"-5.65E-05"},0.1272,0.128185,false,false,false,"ukb-b-69",null,0.82,0.00024489,"Non-cancer illness code, self-reported: chronic sinusitis || id:ukb-b-69",true,"igd","enigma3-withglobal-frontalpole-thickavg",9,126044010,0.011773521,{"v":5.73e-6,"d":"5.73E-06"},32472,"wTHICK_Mean_frontalpole_thickavg || id:enigma3-withglobal-frontalpole-thickavg",true,"reported","MedicineITLab",2,true,0.000628813,32472,true,{"v":1.63e-5,"d":"1.63E-05"},null,0.000628813,20.4304,25.26983511,20.4304]
["rs12120639","A","G","A","G",-0.040216658,{"v":-4.84e-6,"d":"-4.84E-06"},0.2769,0.269681,false,false,false,"ukb-b-69",null,0.98,0.000185482,"Non-cancer illness code, self-reported: chronic sinusitis || id:ukb-b-69",true,"igd","enigma3-withglobal-frontalpole-thickavg",1,28552929,0.008721685,{"v":5.62e-6,"d":"5.62E-06"},32809,"wTHICK_Mean_frontalpole_thickavg || id:enigma3-withglobal-frontalpole-thickavg",true,"reported","MedicineITLab",2,true,0.000647684,32809,true,{"v":8.64e-6,"d":"8.64E-06"},null,0.000647684,21.26234568,25.26983511,21.26234568]
["rs1413205","T","C","T","C",-0.039678415,{"v":-5.45e-5,"d":"-5.45E-05"},0.6274,0.632922,false,false,false,"ukb-b-69",null,0.75,0.000170388,"Non-cancer illness code, self-reported: chronic sinusitis || id:ukb-b-69",true,"igd","enigma3-withglobal-frontalpole-thickavg",1,242844530,0.008116039,{"v":1.82e-6,"d":"1.82E-06"},32449,"wTHICK_Mean_frontalpole_thickavg || id:enigma3-withglobal-frontalpole-thickavg",true,"reported","MedicineITLab",2,true,0.000736082,32449,true,{"v":3.43e-6,"d":"3.43E-06"},null,0.000736082,23.90123457,25.26983511,23.90123457]
["rs23085","A","T","A","T",-0.039582416,-0.000118509,0.7081,0.701836,false,true,false,"ukb-b-69",null,0.51,0.000179676,"Non-cancer illness code, self-reported: chronic sinusitis || id:ukb-b-69",true,"igd","enigma3-withglobal-frontalpole-thickavg",22,36530206,0.008584138,{"v":5.21e-6,"d":"5.21E-06"},32809,"wTHICK_Mean_frontalpole_thickavg || id:enigma3-withglobal-frontalpole-thickavg",true,"reported","MedicineITLab",2,true,0.000647684,32809,true,{"v":1.82e-5,"d":"1.82E-05"},null,0.000647684,21.26234568,25.26983511,21.26234568]
["rs28548172","C","G","C","G",-0.044644019,-0.000120598,0.1995,0.187731,false,true,false,"ukb-b-69",null,0.57,0.000210079,"Non-cancer illness code, self-reported: chronic sinusitis || id:ukb-b-69",true,"igd","enigma3-withglobal-frontalpole-thickavg",17,56555745,0.009765879,{"v":3.89e-6,"d":"3.89E-06"},32809,"wTHICK_Mean_frontalpole_thickavg || id:enigma3-withglobal-frontalpole-thickavg",true,"reported","MedicineITLab",2,true,0.000636591,32809,true,{"v":1.96e-5,"d":"1.96E-05"},null,0.000636591,20.89795918,25.26983511,20.89795918]
["rs748319","T","C","T","C",-0.054551902,-0.00037197,0.1476,0.141012,false,false,false,"ukb-b-69",null,0.12,0.000238378,"Non-cancer illness code, self-reported: chronic sinusitis || id:ukb-b-69",true,"igd","enigma3-withglobal-frontalpole-thickavg",21,43613057,0.011002064,{"v":7.96e-7,"d":"7.96E-07"},32809,"wTHICK_Mean_frontalpole_thickavg || id:enigma3-withglobal-frontalpole-thickavg",true,"reported","MedicineITLab",2,true,0.000748824,32809,true,{"v":1.14e-5,"d":"1.14E-05"},null,0.000748824,24.58506944,25.26983511,24.58506944]
["rs78759106","T","C","T","C",-0.053053248,-0.000495133,0.8465,0.848609,false,false,false,"ukb-b-69",null,0.0299999,0.00022831,"Non-cancer illness code, self-reported: chronic sinusitis || id:ukb-b-69",true,"igd","enigma3-withglobal-frontalpole-thickavg",16,88788535,0.010882718,{"v":7.14e-7,"d":"7.14E-07"},32469,"wTHICK_Mean_frontalpole_thickavg || id:enigma3-withglobal-frontalpole-thickavg",true,"reported","MedicineITLab",2,true,0.000731458,32469,true,{"v":3.23e-5,"d":"3.23E-05"},null,0.000731458,23.765625,25.26983511,23.765625]
["rs9828792","A","G","A","G",-0.042125108,0.000221238,0.7286,0.744828,false,false,false,"ukb-b-69",null,0.24,0.000188286,"Non-cancer illness code, self-reported: chronic sinusitis || id:ukb-b-69",true,"igd","enigma3-withglobal-frontalpole-thickavg",3,149233279,0.008776064,{"v":8.68e-7,"d":"8.68E-07"},32809,"wTHICK_Mean_frontalpole_thickavg || id:enigma3-withglobal-frontalpole-thickavg",true,"reported","MedicineITLab",2,true,0.000701796,32809,true,{"v":1.45e-5,"d":"1.45E-05"},null,0.000701796,23.04,25.26983511,23.04]
["rs10760271","T","C","T","C",0.053216313,-0.000298241,0.1272,0.127769,false,false,false,"ukb-d-J32",null,0.147551,0.000205933,"Diagnoses - main ICD10: J32 Chronic sinusitis || id:ukb-d-J32",true,"igd","enigma3-withglobal-frontalpole-thickavg",9,126044010,0.011773521,{"v":5.73e-6,"d":"5.73E-06"},32472,"wTHICK_Mean_frontalpole_thickavg || id:enigma3-withglobal-frontalpole-thickavg",true,"reported","MedicineITLab",2,true,0.000628813,32472,true,{"v":9.11e-5,"d":"9.11E-05"},null,0.000628813,20.4304,25.26983511,20.4304]
["rs116222054","A","G","A","G",-0.142539632,0.000551603,0.0196,0.0150521,false,false,false,"ukb-d-J32",null,0.35837,0.000600564,"Diagnoses - main ICD10: J32 Chronic sinusitis || id:ukb-d-J32",true,"igd","enigma3-withglobal-frontalpole-thickavg",2,177582221,0.031765975,{"v":7.9e-6,"d":"7.90E-06"},25768,"wTHICK_Mean_frontalpole_thickavg || id:enigma3-withglobal-frontalpole-thickavg",true,"reported","MedicineITLab",2,true,0.000780837,25768,true,{"v":4.18e-5,"d":"4.18E-05"},null,0.000780837,20.13477975,25.26983511,20.13477975]
["rs12120639","A","G","A","G",-0.040216658,{"v":-8.86e-5,"d":"-8.86E-05"},0.2769,0.269048,false,false,false,"ukb-d-J32",null,0.569596,0.000155828,"Diagnoses - main ICD10: J32 Chronic sinusitis || id:ukb-d-J32",true,"igd","enigma3-withglobal-frontalpole-thickavg",1,28552929,0.008721685,{"v":5.62e-6,"d":"5.62E-06"},32809,"wTHICK_Mean_frontalpole_thickavg || id:enigma3-withglobal-frontalpole-thickavg",true,"reported","MedicineITLab",2,true,0.000647684,32809,true,{"v":2.13e-5,"d":"2.13E-05"},null,0.000647684,21.26234568,25.26983511,21.26234568]
["rs141110615","T","C","T","C",0.152558732,0.000295494,0.0179,0.0159891,false,false,false,"ukb-d-J32",null,0.603579,0.000569066,"Diagnoses - main ICD10: J32 Chronic sinusitis || id:ukb-d-J32",true,"igd","enigma3-withglobal-frontalpole-thickavg",4,14444386,0.033947385,{"v":6.98e-6,"d":"6.98E-06"},24662,"wTHICK_Mean_frontalpole_thickavg || id:enigma3-withglobal-frontalpole-thickavg",true,"reported","MedicineITLab",2,true,0.000818301,24662,true,{"v":2.49e-5,"d":"2.49E-05"},null,0.000818301,20.19581942,25.26983511,20.19581942]
["rs1413205","T","C","T","C",-0.039678415,{"v":-2.58e-5,"d":"-2.58E-05"},0.6274,0.633435,false,false,false,"ukb-d-J32",null,0.856825,0.000143118,"Diagnoses - main ICD10: J32 Chronic sinusitis || id:ukb-d-J32",true,"igd","enigma3-withglobal-frontalpole-thickavg",1,242844530,0.008116039,{"v":1.82e-6,"d":"1.82E-06"},32449,"wTHICK_Mean_frontalpole_thickavg || id:enigma3-withglobal-frontalpole-thickavg",true,"reported","MedicineITLab",2,true,0.000736082,32449,true,{"v":3.65e-6,"d":"3.65E-06"},null,0.000736082,23.90123457,25.26983511,23.90123457]
["rs1973171","A","G","A","G",-0.054896034,{"v":2.38e-5,"d":"2.38E-05"},0.1223,0.12029,false,false,false,"ukb-d-J32",null,0.910755,0.000212087,"Diagnoses - main ICD10: J32 Chronic sinusitis || id:ukb-d-J32",true,"igd","enigma3-withglobal-frontalpole-thickavg",14,98434682,0.011994091,{"v":3.68e-6,"d":"3.68E-06"},32360,"wTHICK_Mean_frontalpole_thickavg || id:enigma3-withglobal-frontalpole-thickavg",true,"reported","MedicineITLab",2,true,0.000646971,32360,true,{"v":1.35e-5,"d":"1.35E-05"},null,0.000646971,20.94822485,25.26983511,20.94822485]
["rs2133593","A","C","A","C",-0.039616259,0.000203514,0.6268,0.610582,false,false,false,"ukb-d-J32",null,0.149214,0.000141102,"Diagnoses - main ICD10: J32 Chronic sinusitis || id:ukb-d-J32",true,"igd","enigma3-withglobal-frontalpole-thickavg",3,177301992,0.008291775,{"v":1.24e-6,"d":"1.24E-06"},31068,"wTHICK_Mean_frontalpole_thickavg || id:enigma3-withglobal-frontalpole-thickavg",true,"reported","MedicineITLab",2,true,0.000734256,31068,true,{"v":2.94e-5,"d":"2.94E-05"},null,0.000734256,22.82716049,25.26983511,22.82716049]
["rs23085","A","T","A","T",-0.039582416,{"v":-7.95e-5,"d":"-7.95E-05"},0.7081,0.700299,false,true,false,"ukb-d-J32",null,0.598147,0.000150871,"Diagnoses - main ICD10: J32 Chronic sinusitis || id:ukb-d-J32",true,"igd","enigma3-withglobal-frontalpole-thickavg",22,36530206,0.008584138,{"v":5.21e-6,"d":"5.21E-06"},32809,"wTHICK_Mean_frontalpole_thickavg || id:enigma3-withglobal-frontalpole-thickavg",true,"reported","MedicineITLab",2,true,0.000647684,32809,true,{"v":2.02e-5,"d":"2.02E-05"},null,0.000647684,21.26234568,25.26983511,21.26234568]
["rs2586128","A","G","A","G",0.070201309,0.000736571,0.0706,0.048912,false,false,false,"ukb-d-J32",null,0.0211218,0.000319442,"Diagnoses - main ICD10: J32 Chronic sinusitis || id:ukb-d-J32",true,"igd","enigma3-withglobal-frontalpole-thickavg",13,71342222,0.015419941,{"v":5.11e-6,"d":"5.11E-06"},32029,"wTHICK_Mean_frontalpole_thickavg || id:enigma3-withglobal-frontalpole-thickavg",true,"reported","MedicineITLab",2,true,0.000646737,32029,true,0.00021163,null,0.000646737,20.72645429,25.26983511,20.72645429]
["rs72829976","A","C","A","C",0.073519764,0.000104537,0.0703,0.0660867,false,false,false,"ukb-d-J32",null,0.707613,0.00027872,"Diagnoses - main ICD10: J32 Chronic sinusitis || id:ukb-d-J32",true,"igd","enigma3-withglobal-frontalpole-thickavg",6,8682244,0.016291311,{"v":5.11e-6,"d":"5.11E-06"},28806,"wTHICK_Mean_frontalpole_thickavg || id:enigma3-withglobal-frontalpole-thickavg",true,"reported","MedicineITLab",2,true,0.000706539,28806,true,{"v":2.23e-5,"d":"2.23E-05"},null,0.000706539,20.36554898,25.26983511,20.36554898]
["rs77128055","A","G","A","G",-0.076700157,0.000428473,0.9313,0.9291844,false,false,false,"ukb-d-J32",null,0.116472,0.000272954,"Diagnoses - main ICD10: J32 Chronic sinusitis || id:ukb-d-J32",true,"igd","enigma3-withglobal-frontalpole-thickavg",12,5429172,0.015428192,{"v":8.51e-7,"d":"8.51E-07"},32809,"wTHICK_Mean_frontalpole_thickavg || id:enigma3-withglobal-frontalpole-thickavg",true,"reported","MedicineITLab",2,true,0.000752781,32809,true,{"v":1.66e-5,"d":"1.66E-05"},null,0.000752781,24.71510204,25.26983511,24.71510204]
["rs116222054","A","G","A","G",-0.142539632,0.076,0.0196,0.015,false,false,false,"ukb-saige-471",null,0.49,0.11,"Nasal polyps || id:ukb-saige-471",true,"MedicineITLab","enigma3-withglobal-frontalpole-thickavg",2,177582221,0.031765975,{"v":7.9e-6,"d":"7.90E-06"},25768,"wTHICK_Mean_frontalpole_thickavg || id:enigma3-withglobal-frontalpole-thickavg",true,"reported","MedicineITLab",2,true,0.000780837,25768,true,{"v":2.98e-5,"d":"2.98E-05"},null,0.000780837,20.13477975,25.26983511,20.13477975]
["rs56023709","A","C","A","C",0.065627443,-0.032,0.3881,0.38,false,false,false,"ukb-saige-471",null,0.21,0.026,"Nasal polyps || id:ukb-saige-471",true,"MedicineITLab","enigma3-withglobal-frontalpole-thickavg",16,87229344,0.008026378,{"v":9.65e-16,"d":"9.65E-16"},32617,"wTHICK_Mean_frontalpole_thickavg || id:enigma3-withglobal-frontalpole-thickavg",true,"reported","MedicineITLab",2,true,0.00204562,32617,true,{"v":5.74e-14,"d":"5.74E-14"},null,0.00204562,66.85467128,25.26983511,66.85467128]
["rs72758426","C","G","C","G",0.123307009,-0.13,0.0218,0.018,false,true,false,"ukb-saige-471",null,0.18,0.095,"Nasal polyps || id:ukb-saige-471",true,"MedicineITLab","enigma3-withglobal-frontalpole-thickavg",15,69775675,0.027026194,{"v":4.95e-6,"d":"4.95E-06"},32082,"wTHICK_Mean_frontalpole_thickavg || id:enigma3-withglobal-frontalpole-thickavg",true,"reported","MedicineITLab",2,true,0.00064847,32082,true,{"v":6.05e-5,"d":"6.05E-05"},null,0.00064847,20.81640625,25.26983511,20.81640625]
["rs79614943","A","G","A","G",-0.157440997,-0.047,0.0169,0.016,false,false,false,"ukb-saige-471",null,0.64,0.1,"Nasal polyps || id:ukb-saige-471",true,"MedicineITLab","enigma3-withglobal-frontalpole-thickavg",5,139299728,0.034582415,{"v":5.98e-6,"d":"5.98E-06"},25145,"wTHICK_Mean_frontalpole_thickavg || id:enigma3-withglobal-frontalpole-thickavg",true,"reported","MedicineITLab",2,true,0.000823664,25145,true,{"v":1.72e-5,"d":"1.72E-05"},null,0.000823664,20.72645429,25.26983511,20.72645429]
["rs10842230","A","G","A","G",-0.045948252,0.019148168,0.8114,0.485152856,false,false,false,"ebi-eas-GCST90018603",null,0.369615663,0.021342294,"Chronic sinusitis || id:ebi-eas-GCST90018603",true,"MedicineITLab","enigma3-withglobal-fusiform-surfavg",12,23979982,0.010056086,{"v":4.89e-6,"d":"4.89E-06"},32291,"wSA_Mean_fusiform_surfavg || id:enigma3-withglobal-fusiform-surfavg",true,"reported","MedicineITLab",2,true,0.000646167,32291,true,0.000150821,null,0.000646167,20.8775721,25.26983511,20.8775721]
["rs2302276","T","C","T","C",0.037419368,0.071693671,0.6056,0.122533386,false,false,false,"ebi-eas-GCST90018603",null,0.030114226,0.03306012,"Chronic sinusitis || id:ebi-eas-GCST90018603",true,"MedicineITLab","enigma3-withglobal-fusiform-surfavg",17,30791503,0.008073207,{"v":3.57e-6,"d":"3.57E-06"},32099,"wSA_Mean_fusiform_surfavg || id:enigma3-withglobal-fusiform-surfavg",true,"reported","MedicineITLab",2,true,0.000668876,32099,true,0.000872632,null,0.000668876,21.48328465,25.26983511,21.48328465]
["rs62385213","A","G","A","G",0.047898084,-0.022182432,0.8221,0.808369466,false,false,false,"ebi-eas-GCST90018603",null,0.413415358,0.027121265,"Chronic sinusitis || id:ebi-eas-GCST90018603",true,"MedicineITLab","enigma3-withglobal-fusiform-surfavg",5,115486803,0.010347426,{"v":3.68e-6,"d":"3.68E-06"},31911,"wSA_Mean_fusiform_surfavg || id:enigma3-withglobal-fusiform-surfavg",true,"reported","MedicineITLab",2,true,0.000671069,31911,true,0.000103263,null,0.000671069,21.42750471,25.26983511,21.42750471]
["rs73538570","A","G","A","G",-0.060300291,0.035060436,0.0955,0.130592038,false,false,false,"ebi-eas-GCST90018603",null,0.272592271,0.031957015,"Chronic sinusitis || id:ebi-eas-GCST90018603",true,"MedicineITLab","enigma3-withglobal-fusiform-surfavg",9,98812407,0.013384905,{"v":6.63e-6,"d":"6.63E-06"},32291,"wSA_Mean_fusiform_surfavg || id:enigma3-withglobal-fusiform-surfavg",true,"reported","MedicineITLab",2,true,0.000628175,32291,true,0.000263512,null,0.000628175,20.29589713,25.26983511,20.29589713]
["rs12915259","T","C","T","C",0.044475048,-0.000127377,0.2325,0.231157,false,false,false,"ukb-b-69",null,0.51,0.000194423,"Non-cancer illness code, self-reported: chronic sinusitis || id:ukb-b-69",true,"igd","enigma3-withglobal-fusiform-surfavg",15,50704256,0.009777353,{"v":5.4e-6,"d":"5.40E-06"},29292,"wSA_Mean_fusiform_surfavg || id:enigma3-withglobal-fusiform-surfavg",true,"reported","MedicineITLab",2,true,0.000705934,29292,true,{"v":2.13e-5,"d":"2.13E-05"},null,0.000705934,20.69141798,25.26983511,20.69141798]
["rs4925071","T","C","T","C",-0.038986715,{"v":4.12e-5,"d":"4.12E-05"},0.7023,0.693413,false,false,false,"ukb-b-69",null,0.82,0.000177587,"Non-cancer illness code, self-reported: chronic sinusitis || id:ukb-b-69",true,"igd","enigma3-withglobal-fusiform-surfavg",17,19954499,0.008603376,{"v":5.86e-6,"d":"5.86E-06"},32291,"wSA_Mean_fusiform_surfavg || id:enigma3-withglobal-fusiform-surfavg",true,"reported","MedicineITLab",2,true,0.000635572,32291,true,{"v":1.55e-5,"d":"1.55E-05"},null,0.000635572,20.53503768,25.26983511,20.53503768]
["rs62351955","A","C","A","C",0.046782998,0.000125267,0.1976,0.195176,false,false,false,"ukb-b-69",null,0.54,0.000206441,"Non-cancer illness code, self-reported: chronic sinusitis || id:ukb-b-69",true,"igd","enigma3-withglobal-fusiform-surfavg",4,182886480,0.009964657,{"v":2.67e-6,"d":"2.67E-06"},31739,"wSA_Mean_fusiform_surfavg || id:enigma3-withglobal-fusiform-surfavg",true,"reported","MedicineITLab",2,true,0.000694039,31739,true,{"v":1.15e-5,"d":"1.15E-05"},null,0.000694039,22.04201731,25.26983511,22.04201731]
["rs114804232","T","G","T","G",0.12346107,0.0012916,0.0221,0.0183478,false,false,false,"ukb-d-J32",null,0.012444,0.000516783,"Diagnoses - main ICD10: J32 Chronic sinusitis || id:ukb-d-J32",true,"igd","enigma3-withglobal-fusiform-surfavg",1,205473049,0.027625685,{"v":7.86e-6,"d":"7.86E-06"},30297,"wSA_Mean_fusiform_surfavg || id:enigma3-withglobal-fusiform-surfavg",true,"reported","MedicineITLab",2,true,0.000658835,30297,true,0.000322051,null,0.000658835,19.97257062,25.26983511,19.97257062]
["rs11867144","T","C","T","C",0.038398203,-0.000197394,0.6912,0.677138,false,false,false,"ukb-d-J32",null,0.183366,0.000148365,"Diagnoses - main ICD10: J32 Chronic sinusitis || id:ukb-d-J32",true,"igd","enigma3-withglobal-fusiform-surfavg",16,21231959,0.008514918,{"v":6.5e-6,"d":"6.50E-06"},32291,"wSA_Mean_fusiform_surfavg || id:enigma3-withglobal-fusiform-surfavg",true,"reported","MedicineITLab",2,true,0.000629409,32291,true,{"v":8.19e-5,"d":"8.19E-05"},null,0.000629409,20.33578093,25.26983511,20.33578093]
["rs2074404","T","G","T","G",0.05983147,{"v":-6.53e-5,"d":"-6.53E-05"},0.7538,0.752947,false,false,false,"ukb-d-J32",null,0.697252,0.000167776,"Diagnoses - main ICD10: J32 Chronic sinusitis || id:ukb-d-J32",true,"igd","enigma3-withglobal-fusiform-surfavg",17,44865439,0.009128447,{"v":5.58e-11,"d":"5.58E-11"},32291,"wSA_Mean_fusiform_surfavg || id:enigma3-withglobal-fusiform-surfavg",true,"reported","MedicineITLab",2,true,0.00132872,32291,true,{"v":6.97e-10,"d":"6.97E-10"},null,0.00132872,42.96012781,25.26983511,42.96012781]
["rs61784835","T","C","T","C",0.04288503,{"v":-1.12e-5,"d":"-1.12E-05"},0.3646,0.354463,false,false,false,"ukb-d-J32",null,0.938002,0.000144278,"Diagnoses - main ICD10: J32 Chronic sinusitis || id:ukb-d-J32",true,"igd","enigma3-withglobal-fusiform-surfavg",1,47974123,0.008227326,{"v":1.86e-7,"d":"1.86E-07"},31860,"wSA_Mean_fusiform_surfavg || id:enigma3-withglobal-fusiform-surfavg",true,"reported","MedicineITLab",2,true,0.000852129,31860,true,{"v":6.56e-7,"d":"6.56E-07"},null,0.000852129,27.17027526,25.26983511,27.17027526]
["rs6801733","A","G","A","G",-0.086068029,0.000252145,0.946,0.949097,false,false,false,"ukb-d-J32",null,0.420491,0.000313002,"Diagnoses - main ICD10: J32 Chronic sinusitis || id:ukb-d-J32",true,"igd","enigma3-withglobal-fusiform-surfavg",3,78436430,0.01729488,{"v":6.47e-7,"d":"6.47E-07"},32700,"wSA_Mean_fusiform_surfavg || id:enigma3-withglobal-fusiform-surfavg",true,"reported","MedicineITLab",2,true,0.00075683,32700,true,{"v":5.82e-6,"d":"5.82E-06"},null,0.00075683,24.76558622,25.26983511,24.76558622]
["rs77694980","A","C","A","C",-0.119263946,-0.000473313,0.9705,0.9718351,false,false,false,"ukb-d-J32",null,0.254053,0.000414982,"Diagnoses - main ICD10: J32 Chronic sinusitis || id:ukb-d-J32",true,"igd","enigma3-withglobal-fusiform-surfavg",6,19867244,0.024890235,{"v":1.66e-6,"d":"1.66E-06"},28169,"wSA_Mean_fusiform_surfavg || id:enigma3-withglobal-fusiform-surfavg",true,"reported","MedicineITLab",2,true,0.000814453,28169,true,{"v":1.65e-5,"d":"1.65E-05"},null,0.000814453,22.95939032,25.26983511,22.95939032]
["rs12915259","T","C","T","C",0.044475048,0.032,0.2325,0.23,false,false,false,"ukb-saige-471",null,0.28,0.03,"Nasal polyps || id:ukb-saige-471",true,"MedicineITLab","enigma3-withglobal-fusiform-surfavg",15,50704256,0.009777353,{"v":5.4e-6,"d":"5.40E-06"},29292,"wSA_Mean_fusiform_surfavg || id:enigma3-withglobal-fusiform-surfavg",true,"reported","MedicineITLab",2,true,0.000705934,29292,true,{"v":4.01e-5,"d":"4.01E-05"},null,0.000705934,20.69141798,25.26983511,20.69141798]
["rs12939002","T","C","T","C",0.041391015,-0.024,0.7322,0.74,false,false,false,"ukb-saige-471",null,0.41,0.029,"Nasal polyps || id:ukb-saige-471",true,"MedicineITLab","enigma3-withglobal-fusiform-surfavg",17,1965096,0.008883654,{"v":3.18e-6,"d":"3.18E-06"},32291,"wSA_Mean_fusiform_surfavg || id:enigma3-withglobal-fusiform-surfavg",true,"reported","MedicineITLab",2,true,0.000671866,32291,true,{"v":2.13e-5,"d":"2.13E-05"},null,0.000671866,21.70845514,25.26983511,21.70845514]
["rs35314484","T","G","T","G",-0.04810134,0.016,0.1605,0.16,false,false,false,"ukb-saige-471",null,0.63,0.034,"Nasal polyps || id:ukb-saige-471",true,"MedicineITLab","enigma3-withglobal-fusiform-surfavg",5,81814633,0.010717029,{"v":7.18e-6,"d":"7.18E-06"},32291,"wSA_Mean_fusiform_surfavg || id:enigma3-withglobal-fusiform-surfavg",true,"reported","MedicineITLab",2,true,0.000623505,32291,true,{"v":2.86e-5,"d":"2.86E-05"},null,0.000623505,20.14492025,25.26983511,20.14492025]
["rs4654656","A","C","A","C",0.05562595,0.031,0.8916,0.9,false,false,false,"ukb-saige-471",null,0.46,0.041,"Nasal polyps || id:ukb-saige-471",true,"MedicineITLab","enigma3-withglobal-fusiform-surfavg",1,228910356,0.012574619,{"v":9.7e-6,"d":"9.70E-06"},32700,"wSA_Mean_fusiform_surfavg || id:enigma3-withglobal-fusiform-surfavg",true,"reported","MedicineITLab",2,true,0.000598114,32700,true,{"v":5.33e-5,"d":"5.33E-05"},null,0.000598114,19.56884759,25.26983511,19.56884759]
["rs7102547","C","G","C","G",-0.050367399,0.021,0.1617,0.16,false,true,false,"ukb-saige-471",null,0.52,0.033,"Nasal polyps || id:ukb-saige-471",true,"MedicineITLab","enigma3-withglobal-fusiform-surfavg",11,102333837,0.010617451,{"v":2.1e-6,"d":"2.10E-06"},32700,"wSA_Mean_fusiform_surfavg || id:enigma3-withglobal-fusiform-surfavg",true,"reported","MedicineITLab",2,true,0.000687763,32700,true,{"v":1.18e-5,"d":"1.18E-05"},null,0.000687763,22.5039376,25.26983511,22.5039376]
["rs2237526","T","C","T","C",0.037086881,0.038260243,0.3327,0.144473411,false,false,false,"ebi-eas-GCST90018603",null,0.205847264,0.030243647,"Chronic sinusitis || id:ebi-eas-GCST90018603",true,"MedicineITLab","enigma3-withglobal-fusiform-thickavg",7,82012494,0.008344548,{"v":5.58e-6,"d":"5.58E-06"},32326,"wTHICK_Mean_fusiform_thickavg || id:enigma3-withglobal-fusiform-thickavg",true,"reported","MedicineITLab",2,true,0.000610723,32326,true,0.000425826,null,0.000610723,19.75308642,25.26983511,19.75308642]
["rs380129","A","G","A","G",-0.036206266,-0.050947595,0.3877,0.504425382,false,false,false,"ebi-eas-GCST90018603",null,0.016908113,0.021328589,"Chronic sinusitis || id:ebi-eas-GCST90018603",true,"MedicineITLab","enigma3-withglobal-fusiform-thickavg",8,17565556,0.008045837,{"v":4.87e-6,"d":"4.87E-06"},32518,"wTHICK_Mean_fusiform_thickavg || id:enigma3-withglobal-fusiform-thickavg",true,"reported","MedicineITLab",2,true,0.000622383,32518,true,0.001901892,null,0.000622383,20.25,25.26983511,20.25]
["rs11927006","A","G","A","G",0.037258013,{"v":1.65e-5,"d":"1.65E-05"},0.6607,0.661078,false,false,false,"ukb-b-69",null,0.92,0.000173495,"Non-cancer illness code, self-reported: chronic sinusitis || id:ukb-b-69",true,"igd","enigma3-withglobal-fusiform-thickavg",3,78451130,0.008279558,{"v":7.03e-6,"d":"7.03E-06"},32518,"wTHICK_Mean_fusiform_thickavg || id:enigma3-withglobal-fusiform-thickavg",true,"reported","MedicineITLab",2,true,0.000622383,32518,true,{"v":1.53e-5,"d":"1.53E-05"},null,0.000622383,20.25,25.26983511,20.25]
["rs380129","A","G","A","G",-0.036206266,-0.000131758,0.3877,0.380735,false,false,false,"ukb-b-69",null,0.43,0.000168716,"Non-cancer illness code, self-reported: chronic sinusitis || id:ukb-b-69",true,"igd","enigma3-withglobal-fusiform-thickavg",8,17565556,0.008045837,{"v":4.87e-6,"d":"4.87E-06"},32518,"wTHICK_Mean_fusiform_thickavg || id:enigma3-withglobal-fusiform-thickavg",true,"reported","MedicineITLab",2,true,0.000622383,32518,true,{"v":3.34e-5,"d":"3.34E-05"},null,0.000622383,20.25,25.26983511,20.25]
["rs7237355","T","C","T","C",0.037527111,{"v":-4.55e-5,"d":"-4.55E-05"},0.3712,0.369398,false,false,false,"ukb-b-69",null,0.79,0.000169798,"Non-cancer illness code, self-reported: chronic sinusitis || id:ukb-b-69",true,"igd","enigma3-withglobal-fusiform-thickavg",18,69443974,0.00811397,{"v":3.12e-6,"d":"3.12E-06"},32518,"wTHICK_Mean_fusiform_thickavg || id:enigma3-withglobal-fusiform-thickavg",true,"reported","MedicineITLab",2,true,0.000657417,32518,true,{"v":1.08e-5,"d":"1.08E-05"},null,0.000657417,21.390625,25.26983511,21.390625]
["rs3742960","T","C","T","C",-0.040575368,0.000277012,0.5462,0.550236,false,false,false,"ukb-d-J32",null,0.0454015,0.000138442,"Diagnoses - main ICD10: J32 Chronic sinusitis || id:ukb-d-J32",true,"igd","enigma3-withglobal-fusiform-thickavg",15,58248088,0.007917145,{"v":2.72e-7,"d":"2.72E-07"},32158,"wTHICK_Mean_fusiform_thickavg || id:enigma3-withglobal-fusiform-thickavg",true,"reported","MedicineITLab",2,true,0.000816152,32158,true,{"v":1.44e-5,"d":"1.44E-05"},null,0.000816152,26.265625,25.26983511,26.265625]
["rs61819721","A","G","A","G",0.058741168,{"v":-6.31e-6,"d":"-6.31E-06"},0.1341,0.138686,false,false,false,"ukb-d-J32",null,0.975193,0.000203014,"Diagnoses - main ICD10: J32 Chronic sinusitis || id:ukb-d-J32",true,"igd","enigma3-withglobal-fusiform-thickavg",1,201535387,0.012316697,{"v":3.2e-6,"d":"3.20E-06"},28364,"wTHICK_Mean_fusiform_thickavg || id:enigma3-withglobal-fusiform-thickavg",true,"reported","MedicineITLab",2,true,0.00080133,28364,true,{"v":4.58e-6,"d":"4.58E-06"},null,0.00080133,22.74556213,25.26983511,22.74556213]
["rs11927006","A","G","A","G",0.037258013,-0.009,0.6607,0.66,false,false,false,"ukb-saige-471",null,0.73,0.026,"Nasal polyps || id:ukb-saige-471",true,"MedicineITLab","enigma3-withglobal-fusiform-thickavg",3,78451130,0.008279558,{"v":7.03e-6,"d":"7.03E-06"},32518,"wTHICK_Mean_fusiform_thickavg || id:enigma3-withglobal-fusiform-thickavg",true,"reported","MedicineITLab",2,true,0.000622383,32518,true,{"v":2.35e-5,"d":"2.35E-05"},null,0.000622383,20.25,25.26983511,20.25]
["rs62308301","A","G","A","G",-0.129327095,0.037,0.0225,0.023,false,false,false,"ukb-saige-471",null,0.65,0.083,"Nasal polyps || id:ukb-saige-471",true,"MedicineITLab","enigma3-withglobal-fusiform-thickavg",4,57986945,0.026431815,{"v":8.13e-7,"d":"8.13E-07"},32518,"wTHICK_Mean_fusiform_thickavg || id:enigma3-withglobal-fusiform-thickavg",true,"reported","MedicineITLab",2,true,0.000735713,32518,true,{"v":4.68e-6,"d":"4.68E-06"},null,0.000735713,23.94005102,25.26983511,23.94005102]
["rs7237355","T","C","T","C",0.037527111,0.02,0.3712,0.37,false,false,false,"ukb-saige-471",null,0.44,0.026,"Nasal polyps || id:ukb-saige-471",true,"MedicineITLab","enigma3-withglobal-fusiform-thickavg",18,69443974,0.00811397,{"v":3.12e-6,"d":"3.12E-06"},32518,"wTHICK_Mean_fusiform_thickavg || id:enigma3-withglobal-fusiform-thickavg",true,"reported","MedicineITLab",2,true,0.000657417,32518,true,{"v":2.32e-5,"d":"2.32E-05"},null,0.000657417,21.390625,25.26983511,21.390625]
["rs17019370","A","C","A","C",0.046936539,-0.048334005,0.7125,0.734984891,false,false,false,"ebi-eas-GCST90018603",null,0.048364005,0.024483376,"Chronic sinusitis || id:ebi-eas-GCST90018603",true,"MedicineITLab","enigma3-withglobal-inferiorparietal-surfavg",4,145381766,0.008737004,{"v":7.78e-8,"d":"7.78E-08"},31949,"wSA_Mean_inferiorparietal_surfavg || id:enigma3-withglobal-inferiorparietal-surfavg",true,"reported","MedicineITLab",2,true,0.000902557,31949,true,{"v":4.43e-5,"d":"4.43E-05"},null,0.000902557,28.86004924,25.26983511,28.86004924]
["rs34146683","C","G","C","G",-0.070521971,-0.255446518,0.9057,0.999519802,false,true,false,"ebi-eas-GCST90018603",null,0.619324408,0.514175466,"Chronic sinusitis || id:ebi-eas-GCST90018603",true,"MedicineITLab","enigma3-withglobal-inferiorparietal-surfavg",15,56103093,0.013445855,{"v":1.56e-7,"d":"1.56E-07"},32356,"wSA_Mean_inferiorparietal_surfavg || id:enigma3-withglobal-inferiorparietal-surfavg",true,"reported","MedicineITLab",2,true,0.000849523,32356,true,{"v":4.9e-6,"d":"4.90E-06"},null,0.000849523,27.50882398,25.26983511,27.50882398]
["rs3748770","A","G","A","G",-0.043168105,-0.020020253,0.2631,0.261244197,false,false,false,"ebi-eas-GCST90018603",null,0.40882829,0.024238846,"Chronic sinusitis || id:ebi-eas-GCST90018603",true,"MedicineITLab","enigma3-withglobal-inferiorparietal-surfavg",1,82265905,0.008931307,{"v":1.34e-6,"d":"1.34E-06"},32309,"wSA_Mean_inferiorparietal_surfavg || id:enigma3-withglobal-inferiorparietal-surfavg",true,"reported","MedicineITLab",2,true,0.000722579,32309,true,{"v":4.92e-5,"d":"4.92E-05"},null,0.000722579,23.36124241,25.26983511,23.36124241]
["rs75911833","A","C","A","C",-0.079751621,-0.025511295,0.0643,0.036234849,false,false,false,"ebi-eas-GCST90018603",null,0.67905051,0.061657358,"Chronic sinusitis || id:ebi-eas-GCST90018603",true,"MedicineITLab","enigma3-withglobal-inferiorparietal-surfavg",2,5187031,0.016074428,{"v":7e-7,"d":"7.00E-07"},32140,"wSA_Mean_inferiorparietal_surfavg || id:enigma3-withglobal-inferiorparietal-surfavg",true,"reported","MedicineITLab",2,true,0.000765344,32140,true,{"v":1.37e-5,"d":"1.37E-05"},null,0.000765344,24.61546209,25.26983511,24.61546209]
["rs7862092","T","G","T","G",0.073402806,0.019128478,0.9226,0.92575688,false,false,false,"ebi-eas-GCST90018603",null,0.637179276,0.040556829,"Chronic sinusitis || id:ebi-eas-GCST90018603",true,"MedicineITLab","enigma3-withglobal-inferiorparietal-surfavg",9,126603989,0.014716086,{"v":6.1e-7,"d":"6.10E-07"},32309,"wSA_Mean_inferiorparietal_surfavg || id:enigma3-withglobal-inferiorparietal-surfavg",true,"reported","MedicineITLab",2,true,0.000769502,32309,true,{"v":1.38e-5,"d":"1.38E-05"},null,0.000769502,24.87944474,25.26983511,24.87944474]
["rs148683230","A","G","A","G",0.057481298,-0.000202243,0.15,0.148819,false,false,false,"ukb-b-69",null,0.38,0.000230849,"Non-cancer illness code, self-reported: chronic sinusitis || id:ukb-b-69",true,"igd","enigma3-withglobal-inferiorparietal-surfavg",11,46141422,0.01101282,{"v":1.79e-7,"d":"1.79E-07"},32309,"wSA_Mean_inferiorparietal_surfavg || id:enigma3-withglobal-inferiorparietal-surfavg",true,"reported","MedicineITLab",2,true,0.000842545,32309,true,{"v":1.42e-6,"d":"1.42E-06"},null,0.000842545,27.24306752,25.26983511,27.24306752]
["rs3748770","A","G","A","G",-0.043168105,{"v":9.59e-5,"d":"9.59E-05"},0.2631,0.267206,false,false,false,"ukb-b-69",null,0.61,0.000186366,"Non-cancer illness code, self-reported: chronic sinusitis || id:ukb-b-69",true,"igd","enigma3-withglobal-inferiorparietal-surfavg",1,82265905,0.008931307,{"v":1.34e-6,"d":"1.34E-06"},32309,"wSA_Mean_inferiorparietal_surfavg || id:enigma3-withglobal-inferiorparietal-surfavg",true,"reported","MedicineITLab",2,true,0.000722579,32309,true,{"v":5.6e-6,"d":"5.60E-06"},null,0.000722579,23.36124241,25.26983511,23.36124241]
["rs7649084","A","G","A","G",0.045014752,0.000236888,0.7768,0.775351,false,false,false,"ukb-b-69",null,0.23,0.000197956,"Non-cancer illness code, self-reported: chronic sinusitis || id:ukb-b-69",true,"igd","enigma3-withglobal-inferiorparietal-surfavg",3,64566061,0.009444573,{"v":1.88e-6,"d":"1.88E-06"},32309,"wSA_Mean_inferiorparietal_surfavg || id:enigma3-withglobal-inferiorparietal-surfavg",true,"reported","MedicineITLab",2,true,0.000702657,32309,true,{"v":1.69e-5,"d":"1.69E-05"},null,0.000702657,22.71668868,25.26983511,22.71668868]
["rs10009241","A","G","A","G",0.060886962,0.000525261,0.0915,0.0877786,false,false,false,"ukb-d-J32",null,0.031017,0.00024353,"Diagnoses - main ICD10: J32 Chronic sinusitis || id:ukb-d-J32",true,"igd","enigma3-withglobal-inferiorparietal-surfavg",4,93264193,0.013640484,{"v":8.06e-6,"d":"8.06E-06"},32309,"wSA_Mean_inferiorparietal_surfavg || id:enigma3-withglobal-inferiorparietal-surfavg",true,"reported","MedicineITLab",2,true,0.000616346,32309,true,0.000254165,null,0.000616346,19.92457276,25.26983511,19.92457276]
["rs148683230","A","G","A","G",0.057481298,{"v":-2.26e-5,"d":"-2.26E-05"},0.15,0.150512,false,false,false,"ukb-d-J32",null,0.906846,0.00019321,"Diagnoses - main ICD10: J32 Chronic sinusitis || id:ukb-d-J32",true,"igd","enigma3-withglobal-inferiorparietal-surfavg",11,46141422,0.01101282,{"v":1.79e-7,"d":"1.79E-07"},32309,"wSA_Mean_inferiorparietal_surfavg || id:enigma3-withglobal-inferiorparietal-surfavg",true,"reported","MedicineITLab",2,true,0.000842545,32309,true,{"v":6.82e-7,"d":"6.82E-07"},null,0.000842545,27.24306752,25.26983511,27.24306752]
["rs150234581","A","T","A","T",0.148569969,-0.000183644,0.9833,0.9819,false,true,false,"ukb-d-J32",null,0.732023,0.000536289,"Diagnoses - main ICD10: J32 Chronic sinusitis || id:ukb-d-J32",true,"igd","enigma3-withglobal-inferiorparietal-surfavg",2,134211499,0.032918739,{"v":6.38e-6,"d":"6.38E-06"},28080,"wSA_Mean_inferiorparietal_surfavg || id:enigma3-withglobal-inferiorparietal-surfavg",true,"reported","MedicineITLab",2,true,0.000724927,28080,true,{"v":2.09e-5,"d":"2.09E-05"},null,0.000724927,20.36928032,25.26983511,20.36928032]
["rs27540","A","G","A","G",-0.054539531,-0.000129634,0.5659,0.572003,false,false,false,"ukb-d-J32",null,0.351775,0.000139219,"Diagnoses - main ICD10: J32 Chronic sinusitis || id:ukb-d-J32",true,"igd","enigma3-withglobal-inferiorparietal-surfavg",5,92134273,0.007931482,{"v":6.14e-12,"d":"6.14E-12"},32309,"wSA_Mean_inferiorparietal_surfavg || id:enigma3-withglobal-inferiorparietal-surfavg",true,"reported","MedicineITLab",2,true,0.001461444,32309,true,{"v":2.62e-10,"d":"2.62E-10"},null,0.001461444,47.28398424,25.26983511,47.28398424]
["rs4889898","A","C","A","C",-0.041148594,-0.00012662,0.3743,0.376683,false,false,false,"ukb-d-J32",null,0.373196,0.000142189,"Diagnoses - main ICD10: J32 Chronic sinusitis || id:ukb-d-J32",true,"igd","enigma3-withglobal-inferiorparietal-surfavg",17,77798404,0.008163892,{"v":4.65e-7,"d":"4.65E-07"},32009,"wSA_Mean_inferiorparietal_surfavg || id:enigma3-withglobal-inferiorparietal-surfavg",true,"reported","MedicineITLab",2,true,0.000793096,32009,true,{"v":4.74e-6,"d":"4.74E-06"},null,0.000793096,25.40478536,25.26983511,25.40478536]
["rs639016","C","G","C","G",0.067514932,0.000129281,0.2066,0.199923,false,true,false,"ukb-d-J32",null,0.453901,0.000172622,"Diagnoses - main ICD10: J32 Chronic sinusitis || id:ukb-d-J32",true,"igd","enigma3-withglobal-inferiorparietal-surfavg",2,4554304,0.009709586,{"v":3.57e-12,"d":"3.57E-12"},32309,"wSA_Mean_inferiorparietal_surfavg || id:enigma3-withglobal-inferiorparietal-surfavg",true,"reported","MedicineITLab",2,true,0.001494349,32309,true,{"v":1.15e-10,"d":"1.15E-10"},null,0.001494349,48.35020041,25.26983511,48.35020041]
["rs9856782","A","C","A","C",-0.052638349,{"v":-9.45e-5,"d":"-9.45E-05"},0.7537,0.775133,false,false,false,"ukb-d-J32",null,0.574107,0.00016815,"Diagnoses - main ICD10: J32 Chronic sinusitis || id:ukb-d-J32",true,"igd","enigma3-withglobal-inferiorparietal-surfavg",3,104724219,0.009180319,{"v":9.82e-9,"d":"9.82E-09"},31928,"wSA_Mean_inferiorparietal_surfavg || id:enigma3-withglobal-inferiorparietal-surfavg",true,"reported","MedicineITLab",2,true,0.001028721,31928,true,{"v":9.56e-8,"d":"9.56E-08"},null,0.001028721,32.87675578,25.26983511,32.87675578]
["rs1413536","T","C","T","C",0.055762963,-0.032,0.5065,0.51,false,false,false,"ukb-saige-471",null,0.2,0.025,"Nasal polyps || id:ukb-saige-471",true,"MedicineITLab","enigma3-withglobal-inferiorparietal-surfavg",1,88423397,0.007915318,{"v":1.86e-12,"d":"1.86E-12"},31880,"wSA_Mean_inferiorparietal_surfavg || id:enigma3-withglobal-inferiorparietal-surfavg",true,"reported","MedicineITLab",2,true,0.001554491,31880,true,{"v":1.33e-10,"d":"1.33E-10"},null,0.001554491,49.63122375,25.26983511,49.63122375]
["rs148683230","A","G","A","G",0.057481298,0.0044,0.15,0.15,false,false,false,"ukb-saige-471",null,0.9,0.035,"Nasal polyps || id:ukb-saige-471",true,"MedicineITLab","enigma3-withglobal-inferiorparietal-surfavg",11,46141422,0.01101282,{"v":1.79e-7,"d":"1.79E-07"},32309,"wSA_Mean_inferiorparietal_surfavg || id:enigma3-withglobal-inferiorparietal-surfavg",true,"reported","MedicineITLab",2,true,0.000842545,32309,true,{"v":6.29e-7,"d":"6.29E-07"},null,0.000842545,27.24306752,25.26983511,27.24306752]
["rs2336714","T","C","T","C",-0.072186041,-0.021,0.3614,0.36,false,false,false,"ukb-saige-471",null,0.42,0.026,"Nasal polyps || id:ukb-saige-471",true,"MedicineITLab","enigma3-withglobal-inferiorparietal-surfavg",12,65797106,0.008179095,{"v":1.09e-18,"d":"1.09E-18"},32309,"wSA_Mean_inferiorparietal_surfavg || id:enigma3-withglobal-inferiorparietal-surfavg",true,"reported","MedicineITLab",2,true,0.002405213,32309,true,{"v":1.48e-16,"d":"1.48E-16"},null,0.002405213,77.8925589,25.26983511,77.8925589]
["rs2405569","A","G","A","G",-0.138000066,-0.11,0.9834,0.98,false,false,false,"ukb-saige-471",null,0.26,0.098,"Nasal polyps || id:ukb-saige-471",true,"MedicineITLab","enigma3-withglobal-inferiorparietal-surfavg",3,162049921,0.031091946,{"v":9.06e-6,"d":"9.06E-06"},31666,"wSA_Mean_inferiorparietal_surfavg || id:enigma3-withglobal-inferiorparietal-surfavg",true,"reported","MedicineITLab",2,true,0.000621766,31666,true,{"v":7.4e-5,"d":"7.40E-05"},null,0.000621766,19.69984319,25.26983511,19.69984319]
["rs62399042","C","G","C","G",0.098480934,-0.11,0.9118,0.912,false,true,false,"ukb-saige-471",null,0.012,0.044,"Nasal polyps || id:ukb-saige-471",true,"MedicineITLab","enigma3-withglobal-inferiorparietal-surfavg",5,128971797,0.013775111,{"v":8.73e-13,"d":"8.73E-13"},32716,"wSA_Mean_inferiorparietal_surfavg || id:enigma3-withglobal-inferiorparietal-surfavg",true,"reported","MedicineITLab",2,true,0.001559921,32716,true,{"v":6.63e-10,"d":"6.63E-10"},null,0.001559921,51.11097041,25.26983511,51.11097041]
["rs7862092","T","G","T","G",0.073402806,0.04,0.9226,0.933,false,false,false,"ukb-saige-471",null,0.43,0.05,"Nasal polyps || id:ukb-saige-471",true,"MedicineITLab","enigma3-withglobal-inferiorparietal-surfavg",9,126603989,0.014716086,{"v":6.1e-7,"d":"6.10E-07"},32309,"wSA_Mean_inferiorparietal_surfavg || id:enigma3-withglobal-inferiorparietal-surfavg",true,"reported","MedicineITLab",2,true,0.000769502,32309,true,{"v":4.79e-6,"d":"4.79E-06"},null,0.000769502,24.87944474,25.26983511,24.87944474]
["rs11588755","A","G","A","G",0.035354974,0.013626615,0.5216,0.103569212,false,false,false,"ebi-eas-GCST90018603",null,0.696361497,0.034918842,"Chronic sinusitis || id:ebi-eas-GCST90018603",true,"MedicineITLab","enigma3-withglobal-inferiorparietal-thickavg",1,57819204,0.007856661,{"v":5.18e-6,"d":"5.18E-06"},32443,"wTHICK_Mean_inferiorparietal_thickavg || id:enigma3-withglobal-inferiorparietal-thickavg",true,"reported","MedicineITLab",2,true,0.000623821,32443,true,{"v":8.35e-5,"d":"8.35E-05"},null,0.000623821,20.25,25.26983511,20.25]
["rs58238824","C","G","C","G",0.03678783,0.009527839,0.6496,0.73495355,false,true,false,"ebi-eas-GCST90018603",null,0.701533285,0.024860539,"Chronic sinusitis || id:ebi-eas-GCST90018603",true,"MedicineITLab","enigma3-withglobal-inferiorparietal-thickavg",4,137417809,0.008175073,{"v":4.2e-6,"d":"4.20E-06"},32850,"wTHICK_Mean_inferiorparietal_thickavg || id:enigma3-withglobal-inferiorparietal-thickavg",true,"reported","MedicineITLab",2,true,0.000616096,32850,true,{"v":8.43e-5,"d":"8.43E-05"},null,0.000616096,20.25,25.26983511,20.25]
["rs78101336","C","G","C","G",0.078320997,-0.170917206,0.9469,0.982615912,false,true,false,"ebi-eas-GCST90018603",null,0.034228812,0.080721623,"Chronic sinusitis || id:ebi-eas-GCST90018603",true,"MedicineITLab","enigma3-withglobal-inferiorparietal-thickavg",3,14888569,0.017554706,{"v":6.16e-6,"d":"6.16E-06"},32251,"wTHICK_Mean_inferiorparietal_thickavg || id:enigma3-withglobal-inferiorparietal-thickavg",true,"reported","MedicineITLab",2,true,0.000616858,32251,true,0.001430446,null,0.000616858,19.90532544,25.26983511,19.90532544]
["rs11588755","A","G","A","G",0.035354974,-0.000192589,0.5216,0.521691,false,false,false,"ukb-b-69",null,0.24,0.000163939,"Non-cancer illness code, self-reported: chronic sinusitis || id:ukb-b-69",true,"igd","enigma3-withglobal-inferiorparietal-thickavg",1,57819204,0.007856661,{"v":5.18e-6,"d":"5.18E-06"},32443,"wTHICK_Mean_inferiorparietal_thickavg || id:enigma3-withglobal-inferiorparietal-thickavg",true,"reported","MedicineITLab",2,true,0.000623821,32443,true,{"v":5.14e-5,"d":"5.14E-05"},null,0.000623821,20.25,25.26983511,20.25]
["rs708540","T","C","T","C",0.044743844,0.000184945,0.8332,0.836365,false,false,false,"ukb-b-69",null,0.4,0.000221739,"Non-cancer illness code, self-reported: chronic sinusitis || id:ukb-b-69",true,"igd","enigma3-withglobal-inferiorparietal-thickavg",14,52904237,0.010527963,{"v":7.95e-6,"d":"7.95E-06"},32443,"wTHICK_Mean_inferiorparietal_thickavg || id:enigma3-withglobal-inferiorparietal-thickavg",true,"reported","MedicineITLab",2,true,0.00055647,32443,true,{"v":9.84e-5,"d":"9.84E-05"},null,0.00055647,18.0625,25.26983511,18.0625]
["rs7124343","T","G","T","G",-0.039598749,{"v":-8.96e-5,"d":"-8.96E-05"},0.5668,0.564551,false,false,false,"ukb-b-69",null,0.59,0.000165181,"Non-cancer illness code, self-reported: chronic sinusitis || id:ukb-b-69",true,"igd","enigma3-withglobal-inferiorparietal-thickavg",11,14646930,0.00791975,{"v":2.21e-7,"d":"2.21E-07"},32443,"wTHICK_Mean_inferiorparietal_thickavg || id:enigma3-withglobal-inferiorparietal-thickavg",true,"reported","MedicineITLab",2,true,0.000770036,32443,true,{"v":2.68e-6,"d":"2.68E-06"},null,0.000770036,25,25.26983511,25]
["rs12584216","C","G","C","G",-0.038862048,{"v":6.01e-5,"d":"6.01E-05"},0.2915,0.288105,false,true,false,"ukb-d-J32",null,0.69224,0.000151937,"Diagnoses - main ICD10: J32 Chronic sinusitis || id:ukb-d-J32",true,"igd","enigma3-withglobal-inferiorparietal-thickavg",13,38435036,0.008636011,{"v":6.18e-6,"d":"6.18E-06"},32443,"wTHICK_Mean_inferiorparietal_thickavg || id:enigma3-withglobal-inferiorparietal-thickavg",true,"reported","MedicineITLab",2,true,0.000623821,32443,true,{"v":2.71e-5,"d":"2.71E-05"},null,0.000623821,20.25,25.26983511,20.25]
["rs4845672","T","C","T","C",0.047045335,{"v":-8.55e-5,"d":"-8.55E-05"},0.1946,0.20317,false,false,false,"ukb-d-J32",null,0.618549,0.000171739,"Diagnoses - main ICD10: J32 Chronic sinusitis || id:ukb-d-J32",true,"igd","enigma3-withglobal-inferiorparietal-thickavg",1,154767341,0.009979313,{"v":7.37e-6,"d":"7.37E-06"},32014,"wTHICK_Mean_inferiorparietal_thickavg || id:enigma3-withglobal-inferiorparietal-thickavg",true,"reported","MedicineITLab",2,true,0.000693773,32014,true,{"v":1.21e-5,"d":"1.21E-05"},null,0.000693773,22.2244898,25.26983511,22.2244898]
["rs708540","T","C","T","C",0.044743844,0.000209808,0.8332,0.836791,false,false,false,"ukb-d-J32",null,0.26029,0.000186378,"Diagnoses - main ICD10: J32 Chronic sinusitis || id:ukb-d-J32",true,"igd","enigma3-withglobal-inferiorparietal-thickavg",14,52904237,0.010527963,{"v":7.95e-6,"d":"7.95E-06"},32443,"wTHICK_Mean_inferiorparietal_thickavg || id:enigma3-withglobal-inferiorparietal-thickavg",true,"reported","MedicineITLab",2,true,0.00055647,32443,true,0.000178602,null,0.00055647,18.0625,25.26983511,18.0625]
["rs11259243","A","G","A","G",-0.035372817,0.007,0.4732,0.46,false,false,false,"ukb-saige-471",null,0.78,0.025,"Nasal polyps || id:ukb-saige-471",true,"MedicineITLab","enigma3-withglobal-inferiorparietal-thickavg",10,14678053,0.007860626,{"v":2.79e-6,"d":"2.79E-06"},32443,"wTHICK_Mean_inferiorparietal_thickavg || id:enigma3-withglobal-inferiorparietal-thickavg",true,"reported","MedicineITLab",2,true,0.000623821,32443,true,{"v":2.16e-5,"d":"2.16E-05"},null,0.000623821,20.25,25.26983511,20.25]
["rs11588755","A","G","A","G",0.035354974,-0.0057,0.5216,0.52,false,false,false,"ukb-saige-471",null,0.82,0.025,"Nasal polyps || id:ukb-saige-471",true,"MedicineITLab","enigma3-withglobal-inferiorparietal-thickavg",1,57819204,0.007856661,{"v":5.18e-6,"d":"5.18E-06"},32443,"wTHICK_Mean_inferiorparietal_thickavg || id:enigma3-withglobal-inferiorparietal-thickavg",true,"reported","MedicineITLab",2,true,0.000623821,32443,true,{"v":2.03e-5,"d":"2.03E-05"},null,0.000623821,20.25,25.26983511,20.25]
["rs256374","A","G","A","G",0.036766176,-0.016,0.5431,0.53,false,false,false,"ukb-saige-471",null,0.53,0.025,"Nasal polyps || id:ukb-saige-471",true,"MedicineITLab","enigma3-withglobal-inferiorparietal-thickavg",5,60500191,0.007878466,{"v":2.09e-6,"d":"2.09E-06"},32443,"wTHICK_Mean_inferiorparietal_thickavg || id:enigma3-withglobal-inferiorparietal-thickavg",true,"reported","MedicineITLab",2,true,0.000670854,32443,true,{"v":1.65e-5,"d":"1.65E-05"},null,0.000670854,21.77777778,25.26983511,21.77777778]
["rs7277952","A","G","A","G",-0.065578622,0.0012,0.923,0.934,false,false,false,"ukb-saige-471",null,0.98,0.051,"Nasal polyps || id:ukb-saige-471",true,"MedicineITLab","enigma3-withglobal-inferiorparietal-thickavg",21,18186664,0.014721731,{"v":7.43e-6,"d":"7.43E-06"},32443,"wTHICK_Mean_inferiorparietal_thickavg || id:enigma3-withglobal-inferiorparietal-thickavg",true,"reported","MedicineITLab",2,true,0.00061129,32443,true,{"v":1.92e-5,"d":"1.92E-05"},null,0.00061129,19.84297521,25.26983511,19.84297521]
["rs72811394","A","G","A","G",-0.04176947,0.043,0.7464,0.75,false,false,false,"ukb-saige-471",null,0.14,0.029,"Nasal polyps || id:ukb-saige-471",true,"MedicineITLab","enigma3-withglobal-inferiorparietal-thickavg",2,57407733,0.009137072,{"v":7.67e-6,"d":"7.67E-06"},31621,"wTHICK_Mean_inferiorparietal_thickavg || id:enigma3-withglobal-inferiorparietal-thickavg",true,"reported","MedicineITLab",2,true,0.000660494,31621,true,{"v":6.52e-5,"d":"6.52E-05"},null,0.000660494,20.89795918,25.26983511,20.89795918]
["rs12351219","A","G","A","G",-0.058177447,0.02653621,0.8579,0.986649607,false,false,false,"ebi-eas-GCST90018603",null,0.777393755,0.093861376,"Chronic sinusitis || id:ebi-eas-GCST90018603",true,"MedicineITLab","enigma3-withglobal-inferiortemporal-surfavg",9,82226701,0.01133573,{"v":2.86e-7,"d":"2.86E-07"},31894,"wSA_Mean_inferiortemporal_surfavg || id:enigma3-withglobal-inferiortemporal-surfavg",true,"reported","MedicineITLab",2,true,0.000825221,31894,true,{"v":5.08e-6,"d":"5.08E-06"},null,0.000825221,26.33967127,25.26983511,26.33967127]
["rs1979746","T","C","T","C",-0.041849559,-0.139067213,0.2298,0.027349143,false,false,false,"ebi-eas-GCST90018603",null,0.034626014,0.065824242,"Chronic sinusitis || id:ebi-eas-GCST90018603",true,"MedicineITLab","enigma3-withglobal-inferiortemporal-surfavg",6,170341941,0.00932594,{"v":7.21e-6,"d":"7.21E-06"},32463,"wSA_Mean_inferiortemporal_surfavg || id:enigma3-withglobal-inferiortemporal-surfavg",true,"reported","MedicineITLab",2,true,0.000619962,32463,true,0.001330675,null,0.000619962,20.13708192,25.26983511,20.13708192]
["rs2252655","A","G","A","G",0.040239095,-0.011530641,0.5925,0.458109077,false,false,false,"ebi-eas-GCST90018603",null,0.589638246,0.021378363,"Chronic sinusitis || id:ebi-eas-GCST90018603",true,"MedicineITLab","enigma3-withglobal-inferiortemporal-surfavg",10,34705559,0.008001625,{"v":4.93e-7,"d":"4.93E-07"},32321,"wSA_Mean_inferiortemporal_surfavg || id:enigma3-withglobal-inferiortemporal-surfavg",true,"reported","MedicineITLab",2,true,0.000781884,32321,true,{"v":1.33e-5,"d":"1.33E-05"},null,0.000781884,25.28948466,25.26983511,25.28948466]
["rs6139961","A","T","A","T",0.046547405,-0.008332131,0.1886,0.362964901,false,true,false,"ebi-eas-GCST90018603",null,0.74171528,0.025280849,"Chronic sinusitis || id:ebi-eas-GCST90018603",true,"MedicineITLab","enigma3-withglobal-inferiortemporal-surfavg",20,682306,0.010051333,{"v":3.64e-6,"d":"3.64E-06"},32321,"wSA_Mean_inferiortemporal_surfavg || id:enigma3-withglobal-inferiortemporal-surfavg",true,"reported","MedicineITLab",2,true,0.000663128,32321,true,{"v":4.5e-5,"d":"4.50E-05"},null,0.000663128,21.44586825,25.26983511,21.44586825]
["rs78824439","T","C","T","C",-0.039490298,0.021910531,0.6999,0.678120183,false,false,false,"ebi-eas-GCST90018603",null,0.338169684,0.022876181,"Chronic sinusitis || id:ebi-eas-GCST90018603",true,"MedicineITLab","enigma3-withglobal-inferiortemporal-surfavg",1,86628978,0.008715548,{"v":5.87e-6,"d":"5.87E-06"},31320,"wSA_Mean_inferiortemporal_surfavg || id:enigma3-withglobal-inferiortemporal-surfavg",true,"reported","MedicineITLab",2,true,0.000655108,31320,true,0.000180015,null,0.000655108,20.53011751,25.26983511,20.53011751]
["rs12351219","A","G","A","G",-0.058177447,0.00022967,0.8579,0.855418,false,false,false,"ukb-b-69",null,0.32,0.000233292,"Non-cancer illness code, self-reported: chronic sinusitis || id:ukb-b-69",true,"igd","enigma3-withglobal-inferiortemporal-surfavg",9,82226701,0.01133573,{"v":2.86e-7,"d":"2.86E-07"},31894,"wSA_Mean_inferiortemporal_surfavg || id:enigma3-withglobal-inferiortemporal-surfavg",true,"reported","MedicineITLab",2,true,0.000825221,31894,true,{"v":2.44e-6,"d":"2.44E-06"},null,0.000825221,26.33967127,25.26983511,26.33967127]
["rs13278049","A","C","A","C",-0.052030166,-0.000110585,0.8514,0.849115,false,false,false,"ukb-b-69",null,0.630001,0.000228364,"Non-cancer illness code, self-reported: chronic sinusitis || id:ukb-b-69",true,"igd","enigma3-withglobal-inferiortemporal-surfavg",8,19688616,0.011054294,{"v":2.52e-6,"d":"2.52E-06"},32321,"wSA_Mean_inferiortemporal_surfavg || id:enigma3-withglobal-inferiortemporal-surfavg",true,"reported","MedicineITLab",2,true,0.000685004,32321,true,{"v":9.59e-6,"d":"9.59E-06"},null,0.000685004,22.15380767,25.26983511,22.15380767]
["rs1979746","T","C","T","C",-0.041849559,0.00011525,0.2298,0.23519,false,false,false,"ukb-b-69",null,0.55,0.000193064,"Non-cancer illness code, self-reported: chronic sinusitis || id:ukb-b-69",true,"igd","enigma3-withglobal-inferiortemporal-surfavg",6,170341941,0.00932594,{"v":7.21e-6,"d":"7.21E-06"},32463,"wSA_Mean_inferiortemporal_surfavg || id:enigma3-withglobal-inferiortemporal-surfavg",true,"reported","MedicineITLab",2,true,0.000619962,32463,true,{"v":2.86e-5,"d":"2.86E-05"},null,0.000619962,20.13708192,25.26983511,20.13708192]
["rs4895534","T","C","T","C",0.044551888,0.000312544,0.2857,0.27976,false,false,false,"ukb-b-69",null,0.0870001,0.000182652,"Non-cancer illness code, self-reported: chronic sinusitis || id:ukb-b-69",true,"igd","enigma3-withglobal-inferiortemporal-surfavg",6,138871197,0.008738807,{"v":3.43e-7,"d":"3.43E-07"},32059,"wSA_Mean_inferiortemporal_surfavg || id:enigma3-withglobal-inferiortemporal-surfavg",true,"reported","MedicineITLab",2,true,0.000810127,32059,true,{"v":6.99e-6,"d":"6.99E-06"},null,0.000810127,25.99129786,25.26983511,25.99129786]
["rs761740","A","C","A","C",-0.047820217,{"v":1.15e-5,"d":"1.15E-05"},0.8305,0.837888,false,false,false,"ukb-b-69",null,0.96,0.000223563,"Non-cancer illness code, self-reported: chronic sinusitis || id:ukb-b-69",true,"igd","enigma3-withglobal-inferiortemporal-surfavg",22,43781850,0.010415112,{"v":4.4e-6,"d":"4.40E-06"},32725,"wSA_Mean_inferiortemporal_surfavg || id:enigma3-withglobal-inferiortemporal-surfavg",true,"reported","MedicineITLab",2,true,0.000643817,32725,true,{"v":9.71e-6,"d":"9.71E-06"},null,0.000643817,21.08119533,25.26983511,21.08119533]
["rs115840240","A","G","A","G",-0.102765069,0.000306594,0.0342,0.0388927,false,false,false,"ukb-d-J32",null,0.395057,0.000360494,"Diagnoses - main ICD10: J32 Chronic sinusitis || id:ukb-d-J32",true,"igd","enigma3-withglobal-inferiortemporal-surfavg",5,93509229,0.021653652,{"v":2.08e-6,"d":"2.08E-06"},32264,"wSA_Mean_inferiortemporal_surfavg || id:enigma3-withglobal-inferiortemporal-surfavg",true,"reported","MedicineITLab",2,true,0.000697645,32264,true,{"v":1.69e-5,"d":"1.69E-05"},null,0.000697645,22.52312837,25.26983511,22.52312837]
["rs13278049","A","C","A","C",-0.052030166,-0.00016467,0.8514,0.849708,false,false,false,"ukb-d-J32",null,0.391685,0.000192245,"Diagnoses - main ICD10: J32 Chronic sinusitis || id:ukb-d-J32",true,"igd","enigma3-withglobal-inferiortemporal-surfavg",8,19688616,0.011054294,{"v":2.52e-6,"d":"2.52E-06"},32321,"wSA_Mean_inferiortemporal_surfavg || id:enigma3-withglobal-inferiortemporal-surfavg",true,"reported","MedicineITLab",2,true,0.000685004,32321,true,{"v":2.01e-5,"d":"2.01E-05"},null,0.000685004,22.15380767,25.26983511,22.15380767]
["rs2252655","A","G","A","G",0.040239095,{"v":-7.17e-6,"d":"-7.17E-06"},0.5925,0.598046,false,false,false,"ukb-d-J32",null,0.959238,0.000140293,"Diagnoses - main ICD10: J32 Chronic sinusitis || id:ukb-d-J32",true,"igd","enigma3-withglobal-inferiortemporal-surfavg",10,34705559,0.008001625,{"v":4.93e-7,"d":"4.93E-07"},32321,"wSA_Mean_inferiortemporal_surfavg || id:enigma3-withglobal-inferiortemporal-surfavg",true,"reported","MedicineITLab",2,true,0.000781884,32321,true,{"v":1.57e-6,"d":"1.57E-06"},null,0.000781884,25.28948466,25.26983511,25.28948466]
["rs28514429","A","C","A","C",0.036356042,{"v":-1.24e-5,"d":"-1.24E-05"},0.4724,0.469316,false,false,false,"ukb-d-J32",null,0.929446,0.000140125,"Diagnoses - main ICD10: J32 Chronic sinusitis || id:ukb-d-J32",true,"igd","enigma3-withglobal-inferiortemporal-surfavg",15,63297719,0.00792296,{"v":4.46e-6,"d":"4.46E-06"},31939,"wSA_Mean_inferiortemporal_surfavg || id:enigma3-withglobal-inferiortemporal-surfavg",true,"reported","MedicineITLab",2,true,0.000658867,31939,true,{"v":1.23e-5,"d":"1.23E-05"},null,0.000658867,21.05611377,25.26983511,21.05611377]
["rs62054449","T","C","T","C",0.050259543,{"v":-9.63e-5,"d":"-9.63E-05"},0.2275,0.22723,false,false,false,"ukb-d-J32",null,0.560642,0.000165521,"Diagnoses - main ICD10: J32 Chronic sinusitis || id:ukb-d-J32",true,"igd","enigma3-withglobal-inferiortemporal-surfavg",17,13648251,0.009748802,{"v":2.53e-7,"d":"2.53E-07"},29911,"wSA_Mean_inferiortemporal_surfavg || id:enigma3-withglobal-inferiortemporal-surfavg",true,"reported","MedicineITLab",2,true,0.000887865,29911,true,{"v":1.65e-6,"d":"1.65E-06"},null,0.000887865,26.57875346,25.26983511,26.57875346]
["rs6855246","A","G","A","G",0.064456143,-0.000368215,0.9207,0.9198722,false,false,false,"ukb-d-J32",null,0.161734,0.000263149,"Diagnoses - main ICD10: J32 Chronic sinusitis || id:ukb-d-J32",true,"igd","enigma3-withglobal-inferiortemporal-surfavg",4,103112470,0.014552198,{"v":9.46e-6,"d":"9.46E-06"},32321,"wSA_Mean_inferiortemporal_surfavg || id:enigma3-withglobal-inferiortemporal-surfavg",true,"reported","MedicineITLab",2,true,0.000606666,32321,true,0.00012202,null,0.000606666,19.61875385,25.26983511,19.61875385]
["rs78824439","T","C","T","C",-0.039490298,{"v":8.26e-5,"d":"8.26E-05"},0.6999,0.742292,false,false,false,"ukb-d-J32",null,0.599973,0.000157546,"Diagnoses - main ICD10: J32 Chronic sinusitis || id:ukb-d-J32",true,"igd","enigma3-withglobal-inferiortemporal-surfavg",1,86628978,0.008715548,{"v":5.87e-6,"d":"5.87E-06"},31320,"wSA_Mean_inferiortemporal_surfavg || id:enigma3-withglobal-inferiortemporal-surfavg",true,"reported","MedicineITLab",2,true,0.000655108,31320,true,{"v":2.69e-5,"d":"2.69E-05"},null,0.000655108,20.53011751,25.26983511,20.53011751]
["rs117106733","A","G","A","G",0.126529616,-0.08,0.0226,0.024,false,false,false,"ukb-saige-471",null,0.35,0.085,"Nasal polyps || id:ukb-saige-471",true,"MedicineITLab","enigma3-withglobal-inferiortemporal-surfavg",10,64030619,0.028014245,{"v":6.28e-6,"d":"6.28E-06"},28824,"wSA_Mean_inferiortemporal_surfavg || id:enigma3-withglobal-inferiortemporal-surfavg",true,"reported","MedicineITLab",2,true,0.000707286,28824,true,{"v":3.9e-5,"d":"3.90E-05"},null,0.000707286,20.39982988,25.26983511,20.39982988]
["rs12622901","C","G","C","G",-0.036671616,-0.027,0.6011,0.6,false,true,false,"ukb-saige-471",null,0.28,0.025,"Nasal polyps || id:ukb-saige-471",true,"MedicineITLab","enigma3-withglobal-inferiortemporal-surfavg",2,170622775,0.008029908,{"v":4.95e-6,"d":"4.95E-06"},32321,"wSA_Mean_inferiortemporal_surfavg || id:enigma3-withglobal-inferiortemporal-surfavg",true,"reported","MedicineITLab",2,true,0.000644913,32321,true,{"v":4.28e-5,"d":"4.28E-05"},null,0.000644913,20.85638096,25.26983511,20.85638096]
["rs2075378","A","G","A","G",-0.038559201,0.024,0.3462,0.35,false,false,false,"ukb-saige-471",null,0.35,0.026,"Nasal polyps || id:ukb-saige-471",true,"MedicineITLab","enigma3-withglobal-inferiortemporal-surfavg",12,27788021,0.008264638,{"v":3.08e-6,"d":"3.08E-06"},32321,"wSA_Mean_inferiortemporal_surfavg || id:enigma3-withglobal-inferiortemporal-surfavg",true,"reported","MedicineITLab",2,true,0.000673067,32321,true,{"v":2.34e-5,"d":"2.34E-05"},null,0.000673067,21.76748957,25.26983511,21.76748957]
["rs4895534","T","C","T","C",0.044551888,-0.0037,0.2857,0.28,false,false,false,"ukb-saige-471",null,0.9,0.028,"Nasal polyps || id:ukb-saige-471",true,"MedicineITLab","enigma3-withglobal-inferiortemporal-surfavg",6,138871197,0.008738807,{"v":3.43e-7,"d":"3.43E-07"},32059,"wSA_Mean_inferiortemporal_surfavg || id:enigma3-withglobal-inferiortemporal-surfavg",true,"reported","MedicineITLab",2,true,0.000810127,32059,true,{"v":1.14e-6,"d":"1.14E-06"},null,0.000810127,25.99129786,25.26983511,25.99129786]
["rs62054449","T","C","T","C",0.050259543,-0.013,0.2275,0.23,false,false,false,"ukb-saige-471",null,0.67,0.03,"Nasal polyps || id:ukb-saige-471",true,"MedicineITLab","enigma3-withglobal-inferiortemporal-surfavg",17,13648251,0.009748802,{"v":2.53e-7,"d":"2.53E-07"},29911,"wSA_Mean_inferiortemporal_surfavg || id:enigma3-withglobal-inferiortemporal-surfavg",true,"reported","MedicineITLab",2,true,0.000887865,29911,true,{"v":1.21e-6,"d":"1.21E-06"},null,0.000887865,26.57875346,25.26983511,26.57875346]
["rs73006822","T","C","T","C",0.061023398,0.007,0.1508,0.15,false,false,false,"ukb-saige-471",null,0.84,0.035,"Nasal polyps || id:ukb-saige-471",true,"MedicineITLab","enigma3-withglobal-inferiortemporal-surfavg",19,13109955,0.011533878,{"v":1.22e-7,"d":"1.22E-07"},29324,"wSA_Mean_inferiortemporal_surfavg || id:enigma3-withglobal-inferiortemporal-surfavg",true,"reported","MedicineITLab",2,true,0.000953749,29324,true,{"v":4.41e-7,"d":"4.41E-07"},null,0.000953749,27.99252585,25.26983511,27.99252585]
["rs78672121","A","T","A","T",-0.090659399,-0.056,0.0466,0.046,false,true,false,"ukb-saige-471",null,0.35,0.06,"Nasal polyps || id:ukb-saige-471",true,"MedicineITLab","enigma3-withglobal-inferiortemporal-surfavg",11,91915544,0.01890583,{"v":1.62e-6,"d":"1.62E-06"},31465,"wSA_Mean_inferiortemporal_surfavg || id:enigma3-withglobal-inferiortemporal-surfavg",true,"reported","MedicineITLab",2,true,0.000730326,31465,true,{"v":1.3e-5,"d":"1.30E-05"},null,0.000730326,22.9950392,25.26983511,22.9950392]
["rs17263352","A","G","A","G",0.114339381,0.035132607,0.0238,0.016564785,false,false,false,"ebi-eas-GCST90018603",null,0.670861165,0.082671492,"Chronic sinusitis || id:ebi-eas-GCST90018603",true,"MedicineITLab","enigma3-withglobal-inferiortemporal-thickavg",9,124811573,0.025790838,{"v":7.26e-6,"d":"7.26E-06"},32336,"wTHICK_Mean_inferiortemporal_thickavg || id:enigma3-withglobal-inferiortemporal-thickavg",true,"reported","MedicineITLab",2,true,0.000607488,32336,true,0.000113125,null,0.000607488,19.65444444,25.26983511,19.65444444]
["rs60239918","T","C","T","C",-0.105213072,-0.022997599,0.0394,0.16858327,false,false,false,"ebi-eas-GCST90018603",null,0.486627944,0.033057626,"Chronic sinusitis || id:ebi-eas-GCST90018603",true,"MedicineITLab","enigma3-withglobal-inferiortemporal-thickavg",19,45580372,0.022769993,{"v":2.46e-6,"d":"2.46E-06"},25461,"wTHICK_Mean_inferiortemporal_thickavg || id:enigma3-withglobal-inferiortemporal-thickavg",true,"reported","MedicineITLab",2,true,0.000837931,25461,true,{"v":5.69e-5,"d":"5.69E-05"},null,0.000837931,21.35077289,25.26983511,21.35077289]
["rs7507079","A","G","A","G",-0.043350384,0.012561422,0.2707,0.279234436,false,false,false,"ebi-eas-GCST90018603",null,0.604588944,0.02425862,"Chronic sinusitis || id:ebi-eas-GCST90018603",true,"MedicineITLab","enigma3-withglobal-inferiortemporal-thickavg",18,51995694,0.008847017,{"v":4.88e-7,"d":"4.88E-07"},32336,"wTHICK_Mean_inferiortemporal_thickavg || id:enigma3-withglobal-inferiortemporal-thickavg",true,"reported","MedicineITLab",2,true,0.000742011,32336,true,{"v":2.17e-5,"d":"2.17E-05"},null,0.000742011,24.01,25.26983511,24.01]
["rs201030","A","G","A","G",0.036171275,{"v":-4.81e-5,"d":"-4.81E-05"},0.5085,0.506902,false,false,false,"ukb-b-69",null,0.780001,0.000171405,"Non-cancer illness code, self-reported: chronic sinusitis || id:ukb-b-69",true,"igd","enigma3-withglobal-inferiortemporal-thickavg",6,6674532,0.007863321,{"v":5.84e-6,"d":"5.84E-06"},32336,"wTHICK_Mean_inferiortemporal_thickavg || id:enigma3-withglobal-inferiortemporal-thickavg",true,"reported","MedicineITLab",2,true,0.000653992,32336,true,{"v":1.21e-5,"d":"1.21E-05"},null,0.000653992,21.16,25.26983511,21.16]
["rs907278","T","C","T","C",0.040287706,{"v":-9.52e-5,"d":"-9.52E-05"},0.5487,0.546573,false,false,false,"ukb-b-69",null,0.58,0.000170299,"Non-cancer illness code, self-reported: chronic sinusitis || id:ukb-b-69",true,"igd","enigma3-withglobal-inferiortemporal-thickavg",18,76535692,0.008393272,{"v":1.96e-6,"d":"1.96E-06"},28641,"wTHICK_Mean_inferiortemporal_thickavg || id:enigma3-withglobal-inferiortemporal-thickavg",true,"reported","MedicineITLab",2,true,0.000803851,28641,true,{"v":6.11e-6,"d":"6.11E-06"},null,0.000803851,23.04,25.26983511,23.04]
["rs11959627","A","G","A","G",-0.037646883,0.000137689,0.4825,0.470216,false,false,false,"ukb-d-J32",null,0.32126,0.000138817,"Diagnoses - main ICD10: J32 Chronic sinusitis || id:ukb-d-J32",true,"igd","enigma3-withglobal-inferiortemporal-thickavg",5,44979491,0.008627411,{"v":6.03e-6,"d":"6.03E-06"},26886,"wTHICK_Mean_inferiortemporal_thickavg || id:enigma3-withglobal-inferiortemporal-thickavg",true,"reported","MedicineITLab",2,true,0.000707776,26886,true,{"v":7.88e-5,"d":"7.88E-05"},null,0.000707776,19.04132231,25.26983511,19.04132231]
["rs1844861","T","C","T","C",-0.038412254,-0.000135654,0.3053,0.321986,false,false,false,"ukb-d-J32",null,0.359026,0.000147896,"Diagnoses - main ICD10: J32 Chronic sinusitis || id:ukb-d-J32",true,"igd","enigma3-withglobal-inferiortemporal-thickavg",15,84149985,0.008536057,{"v":2.85e-6,"d":"2.85E-06"},32336,"wTHICK_Mean_inferiortemporal_thickavg || id:enigma3-withglobal-inferiortemporal-thickavg",true,"reported","MedicineITLab",2,true,0.000625884,32336,true,{"v":5.17e-5,"d":"5.17E-05"},null,0.000625884,20.25,25.26983511,20.25]
["rs2124546","A","G","A","G",-0.043755934,{"v":-5.2e-5,"d":"-5.20E-05"},0.7152,0.725582,false,false,false,"ukb-d-J32",null,0.738037,0.000155535,"Diagnoses - main ICD10: J32 Chronic sinusitis || id:ukb-d-J32",true,"igd","enigma3-withglobal-inferiortemporal-thickavg",3,171835889,0.00911582,{"v":3.81e-6,"d":"3.81E-06"},29519,"wTHICK_Mean_inferiortemporal_thickavg || id:enigma3-withglobal-inferiortemporal-thickavg",true,"reported","MedicineITLab",2,true,0.000779958,29519,true,{"v":6.11e-6,"d":"6.11E-06"},null,0.000779958,23.04,25.26983511,23.04]
["rs6498934","A","G","A","G",-0.034948501,-0.000300007,0.5082,0.506631,false,false,false,"ukb-d-J32",null,0.0314594,0.000139459,"Diagnoses - main ICD10: J32 Chronic sinusitis || id:ukb-d-J32",true,"igd","enigma3-withglobal-inferiortemporal-thickavg",16,64105828,0.007863413,{"v":6.81e-6,"d":"6.81E-06"},32336,"wTHICK_Mean_inferiortemporal_thickavg || id:enigma3-withglobal-inferiortemporal-thickavg",true,"reported","MedicineITLab",2,true,0.000610535,32336,true,0.000271767,null,0.000610535,19.75308642,25.26983511,19.75308642]
["rs7507079","A","G","A","G",-0.043350384,0.00013031,0.2707,0.276689,false,false,false,"ukb-d-J32",null,0.396956,0.000153835,"Diagnoses - main ICD10: J32 Chronic sinusitis || id:ukb-d-J32",true,"igd","enigma3-withglobal-inferiortemporal-thickavg",18,51995694,0.008847017,{"v":4.88e-7,"d":"4.88E-07"},32336,"wTHICK_Mean_inferiortemporal_thickavg || id:enigma3-withglobal-inferiortemporal-thickavg",true,"reported","MedicineITLab",2,true,0.000742011,32336,true,{"v":8.55e-6,"d":"8.55E-06"},null,0.000742011,24.01,25.26983511,24.01]
["rs139736769","A","G","A","G",-0.0676507,-0.045,0.0803,0.074,false,false,false,"ukb-saige-471",null,0.35,0.048,"Nasal polyps || id:ukb-saige-471",true,"MedicineITLab","enigma3-withglobal-inferiortemporal-thickavg",9,16781459,0.014375774,{"v":1.61e-6,"d":"1.61E-06"},32740,"wTHICK_Mean_inferiortemporal_thickavg || id:enigma3-withglobal-inferiortemporal-thickavg",true,"reported","MedicineITLab",2,true,0.000675984,32740,true,{"v":2.03e-5,"d":"2.03E-05"},null,0.000675984,22.14532872,25.26983511,22.14532872]
["rs2124546","A","G","A","G",-0.043755934,0.013,0.7152,0.73,false,false,false,"ukb-saige-471",null,0.66,0.028,"Nasal polyps || id:ukb-saige-471",true,"MedicineITLab","enigma3-withglobal-inferiortemporal-thickavg",3,171835889,0.00911582,{"v":3.81e-6,"d":"3.81E-06"},29519,"wTHICK_Mean_inferiortemporal_thickavg || id:enigma3-withglobal-inferiortemporal-thickavg",true,"reported","MedicineITLab",2,true,0.000779958,29519,true,{"v":6.6e-6,"d":"6.60E-06"},null,0.000779958,23.04,25.26983511,23.04]
["rs6498934","A","G","A","G",-0.034948501,-0.0022,0.5082,0.51,false,false,false,"ukb-saige-471",null,0.93,0.025,"Nasal polyps || id:ukb-saige-471",true,"MedicineITLab","enigma3-withglobal-inferiortemporal-thickavg",16,64105828,0.007863413,{"v":6.81e-6,"d":"6.81E-06"},32336,"wTHICK_Mean_inferiortemporal_thickavg || id:enigma3-withglobal-inferiortemporal-thickavg",true,"reported","MedicineITLab",2,true,0.000610535,32336,true,{"v":2.16e-5,"d":"2.16E-05"},null,0.000610535,19.75308642,25.26983511,19.75308642]
["rs7507079","A","G","A","G",-0.043350384,-0.0048,0.2707,0.28,false,false,false,"ukb-saige-471",null,0.86,0.028,"Nasal polyps || id:ukb-saige-471",true,"MedicineITLab","enigma3-withglobal-inferiortemporal-thickavg",18,51995694,0.008847017,{"v":4.88e-7,"d":"4.88E-07"},32336,"wTHICK_Mean_inferiortemporal_thickavg || id:enigma3-withglobal-inferiortemporal-thickavg",true,"reported","MedicineITLab",2,true,0.000742011,32336,true,{"v":3.13e-6,"d":"3.13E-06"},null,0.000742011,24.01,25.26983511,24.01]
["rs1122688","T","C","T","C",-0.056414179,0.020053967,0.7449,0.506365739,false,false,false,"ebi-eas-GCST90018603",null,0.347888927,0.021363736,"Chronic sinusitis || id:ebi-eas-GCST90018603",true,"MedicineITLab","enigma3-withglobal-insula-surfavg",10,118752250,0.009018816,{"v":3.97e-10,"d":"3.97E-10"},32312,"wSA_Mean_insula_surfavg || id:enigma3-withglobal-insula-surfavg",true,"reported","MedicineITLab",2,true,0.001209525,32312,true,{"v":1.12e-7,"d":"1.12E-07"},null,0.001209525,39.12708933,25.26983511,39.12708933]
["rs11774212","T","C","T","C",0.03493907,0.0164958,0.5045,0.282941715,false,false,false,"ebi-eas-GCST90018603",null,0.496293321,0.024246638,"Chronic sinusitis || id:ebi-eas-GCST90018603",true,"MedicineITLab","enigma3-withglobal-insula-surfavg",8,145686505,0.007878406,{"v":9.21e-6,"d":"9.21E-06"},32207,"wSA_Mean_insula_surfavg || id:enigma3-withglobal-insula-surfavg",true,"reported","MedicineITLab",2,true,0.00061032,32207,true,0.000171169,null,0.00061032,19.66735437,25.26983511,19.66735437]
["rs2255107","T","C","T","C",0.043028947,-0.01198073,0.7711,0.605228421,false,false,false,"ebi-eas-GCST90018603",null,0.582293149,0.021781631,"Chronic sinusitis || id:ebi-eas-GCST90018603",true,"MedicineITLab","enigma3-withglobal-insula-surfavg",3,53060637,0.009360441,{"v":4.29e-6,"d":"4.29E-06"},32312,"wSA_Mean_insula_surfavg || id:enigma3-withglobal-insula-surfavg",true,"reported","MedicineITLab",2,true,0.000653594,32312,true,{"v":7.56e-5,"d":"7.56E-05"},null,0.000653594,21.13142759,25.26983511,21.13142759]
["rs67268350","T","C","T","C",0.125313535,-0.0245156,0.0592,0.356056744,false,false,false,"ebi-eas-GCST90018603",null,0.271670253,0.022302637,"Chronic sinusitis || id:ebi-eas-GCST90018603",true,"MedicineITLab","enigma3-withglobal-insula-surfavg",3,69232051,0.026852037,{"v":3.06e-6,"d":"3.06E-06"},12431,"wSA_Mean_insula_surfavg || id:enigma3-withglobal-insula-surfavg",true,"reported","MedicineITLab",2,true,0.001749222,12431,true,{"v":2.75e-5,"d":"2.75E-05"},null,0.001749222,21.77917908,25.26983511,21.77917908]
["rs7079298","T","C","T","C",-0.035040599,-0.022706294,0.5238,0.630689125,false,false,false,"ebi-eas-GCST90018603",null,0.311387188,0.022430055,"Chronic sinusitis || id:ebi-eas-GCST90018603",true,"MedicineITLab","enigma3-withglobal-insula-surfavg",10,105447781,0.007921406,{"v":9.71e-6,"d":"9.71E-06"},31928,"wSA_Mean_insula_surfavg || id:enigma3-withglobal-insula-surfavg",true,"reported","MedicineITLab",2,true,0.000612531,31928,true,0.000299924,null,0.000612531,19.5676435,25.26983511,19.5676435]
["rs9375452","T","C","T","C",0.04959817,0.007535173,0.2319,0.523234675,false,false,false,"ebi-eas-GCST90018603",null,0.729740968,0.021811358,"Chronic sinusitis || id:ebi-eas-GCST90018603",true,"MedicineITLab","enigma3-withglobal-insula-surfavg",6,127014862,0.009408391,{"v":1.35e-7,"d":"1.35E-07"},31686,"wSA_Mean_insula_surfavg || id:enigma3-withglobal-insula-surfavg",true,"reported","MedicineITLab",2,true,0.000876354,31686,true,{"v":3.07e-6,"d":"3.07E-06"},null,0.000876354,27.79077037,25.26983511,27.79077037]
["rs11678584","A","T","A","T",-0.052855153,0.000353757,0.8653,0.860548,false,true,false,"ukb-b-69",null,0.14,0.000237025,"Non-cancer illness code, self-reported: chronic sinusitis || id:ukb-b-69",true,"igd","enigma3-withglobal-insula-surfavg",2,32563426,0.011518818,{"v":4.46e-6,"d":"4.46E-06"},32312,"wSA_Mean_insula_surfavg || id:enigma3-withglobal-insula-surfavg",true,"reported","MedicineITLab",2,true,0.000651237,32312,true,{"v":5.02e-5,"d":"5.02E-05"},null,0.000651237,21.05517471,25.26983511,21.05517471]
["rs11901774","T","C","T","C",-0.046691127,0.000187947,0.3,0.285521,false,false,false,"ukb-b-69",null,0.3,0.000181347,"Non-cancer illness code, self-reported: chronic sinusitis || id:ukb-b-69",true,"igd","enigma3-withglobal-insula-surfavg",2,33112689,0.008580408,{"v":5.29e-8,"d":"5.29E-08"},32312,"wSA_Mean_insula_surfavg || id:enigma3-withglobal-insula-surfavg",true,"reported","MedicineITLab",2,true,0.000915626,32312,true,{"v":5.87e-7,"d":"5.87E-07"},null,0.000915626,29.61098081,25.26983511,29.61098081]
["rs2895580","A","T","A","T",-0.043593798,{"v":-5.27e-5,"d":"-5.27E-05"},0.7555,0.781825,false,true,false,"ukb-b-69",null,0.79,0.000198574,"Non-cancer illness code, self-reported: chronic sinusitis || id:ukb-b-69",true,"igd","enigma3-withglobal-insula-surfavg",10,13681365,0.00914971,{"v":1.89e-6,"d":"1.89E-06"},32312,"wSA_Mean_insula_surfavg || id:enigma3-withglobal-insula-surfavg",true,"reported","MedicineITLab",2,true,0.00070209,32312,true,{"v":5.68e-6,"d":"5.68E-06"},null,0.00070209,22.70046358,25.26983511,22.70046358]
["rs547232","T","C","T","C",0.038967764,{"v":-6.74e-5,"d":"-6.74E-05"},0.3841,0.390687,false,false,false,"ukb-b-69",null,0.69,0.000167645,"Non-cancer illness code, self-reported: chronic sinusitis || id:ukb-b-69",true,"igd","enigma3-withglobal-insula-surfavg",11,125772999,0.008085059,{"v":1.44e-6,"d":"1.44E-06"},32312,"wSA_Mean_insula_surfavg || id:enigma3-withglobal-insula-surfavg",true,"reported","MedicineITLab",2,true,0.000718448,32312,true,{"v":5.2e-6,"d":"5.20E-06"},null,0.000718448,23.2297522,25.26983511,23.2297522]
["rs7728751","A","G","A","G",-0.061102546,0.000121373,0.7929,0.797453,false,false,false,"ukb-b-69",null,0.55,0.000204208,"Non-cancer illness code, self-reported: chronic sinusitis || id:ukb-b-69",true,"igd","enigma3-withglobal-insula-surfavg",5,82843609,0.009701767,{"v":3.01e-10,"d":"3.01E-10"},32312,"wSA_Mean_insula_surfavg || id:enigma3-withglobal-insula-surfavg",true,"reported","MedicineITLab",2,true,0.00122616,32312,true,{"v":2.92e-9,"d":"2.92E-09"},null,0.00122616,39.66586452,25.26983511,39.66586452]
["rs10527654","A","G","A","G",-0.036874841,-0.000133461,0.4312,0.443917,false,false,false,"ukb-d-J32",null,0.334897,0.000138402,"Diagnoses - main ICD10: J32 Chronic sinusitis || id:ukb-d-J32",true,"igd","enigma3-withglobal-insula-surfavg",14,99683755,0.008097618,{"v":5.27e-6,"d":"5.27E-06"},31071,"wSA_Mean_insula_surfavg || id:enigma3-withglobal-insula-surfavg",true,"reported","MedicineITLab",2,true,0.000667004,31071,true,{"v":4.17e-5,"d":"4.17E-05"},null,0.000667004,20.73698922,25.26983511,20.73698922]
["rs112739559","A","G","A","G",0.084883766,-0.000232162,0.0475,0.0466416,false,false,false,"ukb-d-J32",null,0.485429,0.000332802,"Diagnoses - main ICD10: J32 Chronic sinusitis || id:ukb-d-J32",true,"igd","enigma3-withglobal-insula-surfavg",1,46304837,0.018488241,{"v":4.41e-6,"d":"4.41E-06"},32312,"wSA_Mean_insula_surfavg || id:enigma3-withglobal-insula-surfavg",true,"reported","MedicineITLab",2,true,0.000651985,32312,true,{"v":2.69e-5,"d":"2.69E-05"},null,0.000651985,21.07939187,25.26983511,21.07939187]
["rs13268611","T","C","T","C",0.03707524,{"v":7.19e-5,"d":"7.19E-05"},0.461,0.458602,false,false,false,"ukb-d-J32",null,0.602721,0.000138069,"Diagnoses - main ICD10: J32 Chronic sinusitis || id:ukb-d-J32",true,"igd","enigma3-withglobal-insula-surfavg",8,97864038,0.007889024,{"v":2.61e-6,"d":"2.61E-06"},32312,"wSA_Mean_insula_surfavg || id:enigma3-withglobal-insula-surfavg",true,"reported","MedicineITLab",2,true,0.000683105,32312,true,{"v":1.34e-5,"d":"1.34E-05"},null,0.000683105,22.08621864,25.26983511,22.08621864]
["rs2895580","A","T","A","T",-0.043593798,-0.000249095,0.7555,0.783831,false,true,false,"ukb-d-J32",null,0.136326,0.000167221,"Diagnoses - main ICD10: J32 Chronic sinusitis || id:ukb-d-J32",true,"igd","enigma3-withglobal-insula-surfavg",10,13681365,0.00914971,{"v":1.89e-6,"d":"1.89E-06"},32312,"wSA_Mean_insula_surfavg || id:enigma3-withglobal-insula-surfavg",true,"reported","MedicineITLab",2,true,0.00070209,32312,true,{"v":3.51e-5,"d":"3.51E-05"},null,0.00070209,22.70046358,25.26983511,22.70046358]
["rs58066679","A","G","A","G",0.091414965,0.000121919,0.0831,0.081956,false,false,false,"ukb-d-J32",null,0.626397,0.000250446,"Diagnoses - main ICD10: J32 Chronic sinusitis || id:ukb-d-J32",true,"igd","enigma3-withglobal-insula-surfavg",11,111056158,0.014338194,{"v":1.82e-10,"d":"1.82E-10"},31881,"wSA_Mean_insula_surfavg || id:enigma3-withglobal-insula-surfavg",true,"reported","MedicineITLab",2,true,0.001273467,31881,true,{"v":2.35e-9,"d":"2.35E-09"},null,0.001273467,40.64860919,25.26983511,40.64860919]
["rs7080005","A","G","A","G",0.121585833,{"v":6.08e-5,"d":"6.08E-05"},0.9654,0.965253,false,false,false,"ukb-d-J32",null,0.871382,0.000375807,"Diagnoses - main ICD10: J32 Chronic sinusitis || id:ukb-d-J32",true,"igd","enigma3-withglobal-insula-surfavg",10,134777790,0.025186703,{"v":1.38e-6,"d":"1.38E-06"},23575,"wSA_Mean_insula_surfavg || id:enigma3-withglobal-insula-surfavg",true,"reported","MedicineITLab",2,true,0.000987596,23575,true,{"v":3.55e-6,"d":"3.55E-06"},null,0.000987596,23.30361585,25.26983511,23.30361585]
["rs73166833","A","T","A","T",0.054439188,{"v":-1.81e-5,"d":"-1.81E-05"},0.1625,0.161965,false,true,false,"ukb-d-J32",null,0.923262,0.000188318,"Diagnoses - main ICD10: J32 Chronic sinusitis || id:ukb-d-J32",true,"igd","enigma3-withglobal-insula-surfavg",22,23300049,0.010659141,{"v":3.27e-7,"d":"3.27E-07"},32312,"wSA_Mean_insula_surfavg || id:enigma3-withglobal-insula-surfavg",true,"reported","MedicineITLab",2,true,0.000806662,32312,true,{"v":1.15e-6,"d":"1.15E-06"},null,0.000806662,26.08428168,25.26983511,26.08428168]
["rs78986234","A","T","A","T",-0.043550523,{"v":5.91e-5,"d":"5.91E-05"},0.2721,0.263902,false,true,false,"ukb-d-J32",null,0.706602,0.000157074,"Diagnoses - main ICD10: J32 Chronic sinusitis || id:ukb-d-J32",true,"igd","enigma3-withglobal-insula-surfavg",18,52712071,0.008835949,{"v":8.28e-7,"d":"8.28E-07"},32312,"wSA_Mean_insula_surfavg || id:enigma3-withglobal-insula-surfavg",true,"reported","MedicineITLab",2,true,0.000751306,32312,true,{"v":3.96e-6,"d":"3.96E-06"},null,0.000751306,24.29295702,25.26983511,24.29295702]
["rs11231598","C","G","C","G",0.090072777,-0.012,0.9484,0.951,false,true,false,"ukb-saige-471",null,0.83,0.058,"Nasal polyps || id:ukb-saige-471",true,"MedicineITLab","enigma3-withglobal-insula-surfavg",11,63598994,0.01777144,{"v":4.01e-7,"d":"4.01E-07"},32327,"wSA_Mean_insula_surfavg || id:enigma3-withglobal-insula-surfavg",true,"reported","MedicineITLab",2,true,0.000794069,32327,true,{"v":1.48e-6,"d":"1.48E-06"},null,0.000794069,25.68868544,25.26983511,25.68868544]
["rs11718368","A","C","A","C",0.035491371,0.0084,0.537,0.53,false,false,false,"ukb-saige-471",null,0.74,0.025,"Nasal polyps || id:ukb-saige-471",true,"MedicineITLab","enigma3-withglobal-insula-surfavg",3,147081271,0.007886836,{"v":6.8e-6,"d":"6.80E-06"},32312,"wSA_Mean_insula_surfavg || id:enigma3-withglobal-insula-surfavg",true,"reported","MedicineITLab",2,true,0.00062637,32312,true,{"v":2.31e-5,"d":"2.31E-05"},null,0.00062637,20.25069349,25.26983511,20.25069349]
["rs1553521","T","C","T","C",-0.039992771,0.029,0.2597,0.26,false,false,false,"ukb-saige-471",null,0.3,0.028,"Nasal polyps || id:ukb-saige-471",true,"MedicineITLab","enigma3-withglobal-insula-surfavg",18,50904414,0.008968981,{"v":8.24e-6,"d":"8.24E-06"},32312,"wSA_Mean_insula_surfavg || id:enigma3-withglobal-insula-surfavg",true,"reported","MedicineITLab",2,true,0.000614997,32312,true,{"v":6.32e-5,"d":"6.32E-05"},null,0.000614997,19.88276712,25.26983511,19.88276712]
["rs62419744","T","C","T","C",-0.066136467,0.019,0.9223,0.918,false,false,false,"ukb-saige-471",null,0.68,0.046,"Nasal polyps || id:ukb-saige-471",true,"MedicineITLab","enigma3-withglobal-insula-surfavg",6,71609827,0.014690404,{"v":6.73e-6,"d":"6.73E-06"},32312,"wSA_Mean_insula_surfavg || id:enigma3-withglobal-insula-surfavg",true,"reported","MedicineITLab",2,true,0.00062691,32312,true,{"v":2.51e-5,"d":"2.51E-05"},null,0.00062691,20.26816858,25.26983511,20.26816858]
["rs6419706","T","C","T","C",-0.0375638,-0.013,0.6501,0.64,false,false,false,"ukb-saige-471",null,0.62,0.026,"Nasal polyps || id:ukb-saige-471",true,"MedicineITLab","enigma3-withglobal-insula-surfavg",2,896473,0.008245463,{"v":5.22e-6,"d":"5.22E-06"},32312,"wSA_Mean_insula_surfavg || id:enigma3-withglobal-insula-surfavg",true,"reported","MedicineITLab",2,true,0.000641938,32312,true,{"v":2.22e-5,"d":"2.22E-05"},null,0.000641938,20.75434263,25.26983511,20.75434263]
["rs73166833","A","T","A","T",0.054439188,0.0021,0.1625,0.16,false,true,false,"ukb-saige-471",null,0.95,0.034,"Nasal polyps || id:ukb-saige-471",true,"MedicineITLab","enigma3-withglobal-insula-surfavg",22,23300049,0.010659141,{"v":3.27e-7,"d":"3.27E-07"},32312,"wSA_Mean_insula_surfavg || id:enigma3-withglobal-insula-surfavg",true,"reported","MedicineITLab",2,true,0.000806662,32312,true,{"v":9.99e-7,"d":"9.99E-07"},null,0.000806662,26.08428168,25.26983511,26.08428168]
["rs769977","T","C","T","C",0.035963089,-0.035,0.5885,0.59,false,false,false,"ukb-saige-471",null,0.17,0.025,"Nasal polyps || id:ukb-saige-471",true,"MedicineITLab","enigma3-withglobal-insula-surfavg",1,56115798,0.00799139,{"v":6.79e-6,"d":"6.79E-06"},32312,"wSA_Mean_insula_surfavg || id:enigma3-withglobal-insula-surfavg",true,"reported","MedicineITLab",2,true,0.000626412,32312,true,{"v":8.15e-5,"d":"8.15E-05"},null,0.000626412,20.25206712,25.26983511,20.25206712]
["rs9943120","A","G","A","G",0.036308933,0.025,0.4499,0.46,false,false,false,"ukb-saige-471",null,0.31,0.025,"Nasal polyps || id:ukb-saige-471",true,"MedicineITLab","enigma3-withglobal-insula-surfavg",1,180533775,0.007904892,{"v":4.37e-6,"d":"4.37E-06"},32312,"wSA_Mean_insula_surfavg || id:enigma3-withglobal-insula-surfavg",true,"reported","MedicineITLab",2,true,0.000652551,32312,true,{"v":3.48e-5,"d":"3.48E-05"},null,0.000652551,21.09769696,25.26983511,21.09769696]
["rs2922855","T","C","T","C",-0.038274127,-0.029062517,0.3658,0.477413394,false,false,false,"ebi-eas-GCST90018603",null,0.174192896,0.021387522,"Chronic sinusitis || id:ebi-eas-GCST90018603",true,"MedicineITLab","enigma3-withglobal-insula-thickavg",8,6453021,0.008201599,{"v":6.34e-6,"d":"6.34E-06"},32021,"wTHICK_Mean_insula_thickavg || id:enigma3-withglobal-insula-thickavg",true,"reported","MedicineITLab",2,true,0.000679689,32021,true,0.000221904,null,0.000679689,21.77777778,25.26983511,21.77777778]
["rs6044971","C","G","C","G",0.041377942,-0.06235331,0.7206,0.592619458,false,true,false,"ebi-eas-GCST90018603",null,0.004070189,0.021705698,"Chronic sinusitis || id:ebi-eas-GCST90018603",true,"MedicineITLab","enigma3-withglobal-insula-thickavg",20,17712127,0.008803818,{"v":4.84e-6,"d":"4.84E-06"},32021,"wTHICK_Mean_insula_thickavg || id:enigma3-withglobal-insula-thickavg",true,"reported","MedicineITLab",2,true,0.000689427,32021,true,0.001936853,null,0.000689427,22.09,25.26983511,22.09]
["rs80008719","A","G","A","G",-0.06208848,0.019522034,0.1041,0.139271331,false,false,false,"ebi-eas-GCST90018603",null,0.524841284,0.030699825,"Chronic sinusitis || id:ebi-eas-GCST90018603",true,"MedicineITLab","enigma3-withglobal-insula-thickavg",18,42467897,0.0129351,{"v":1.78e-6,"d":"1.78E-06"},32021,"wTHICK_Mean_insula_thickavg || id:enigma3-withglobal-insula-thickavg",true,"reported","MedicineITLab",2,true,0.000719055,32021,true,{"v":3.93e-5,"d":"3.93E-05"},null,0.000719055,23.04,25.26983511,23.04]
["rs36032364","A","G","A","G",0.040753348,{"v":5.6e-5,"d":"5.60E-05"},0.3055,0.296331,false,false,false,"ukb-b-69",null,0.75,0.000179428,"Non-cancer illness code, self-reported: chronic sinusitis || id:ukb-b-69",true,"igd","enigma3-withglobal-insula-thickavg",6,132747406,0.008670925,{"v":2.91e-6,"d":"2.91E-06"},31324,"wTHICK_Mean_insula_thickavg || id:enigma3-withglobal-insula-thickavg",true,"reported","MedicineITLab",2,true,0.000704758,31324,true,{"v":7.84e-6,"d":"7.84E-06"},null,0.000704758,22.09,25.26983511,22.09]
["rs4396807","C","G","C","G",-0.042174005,0.000197798,0.3321,0.32208,false,true,false,"ukb-b-69",null,0.26,0.000174929,"Non-cancer illness code, self-reported: chronic sinusitis || id:ukb-b-69",true,"igd","enigma3-withglobal-insula-thickavg",22,38138379,0.008434801,{"v":7.92e-7,"d":"7.92E-07"},31661,"wTHICK_Mean_insula_thickavg || id:enigma3-withglobal-insula-thickavg",true,"reported","MedicineITLab",2,true,0.000789042,31661,true,{"v":5.35e-6,"d":"5.35E-06"},null,0.000789042,25,25.26983511,25]
["rs9669278","T","C","T","C",0.039523374,-0.00029145,0.4833,0.48132,false,false,false,"ukb-b-69",null,0.0769999,0.000164646,"Non-cancer illness code, self-reported: chronic sinusitis || id:ukb-b-69",true,"igd","enigma3-withglobal-insula-thickavg",12,66374587,0.007904675,{"v":1.65e-6,"d":"1.65E-06"},32021,"wTHICK_Mean_insula_thickavg || id:enigma3-withglobal-insula-thickavg",true,"reported","MedicineITLab",2,true,0.000780177,32021,true,{"v":1.16e-5,"d":"1.16E-05"},null,0.000780177,25,25.26983511,25]
["rs13050233","A","C","A","C",-0.035727118,0.000181538,0.6153,0.606616,false,false,false,"ukb-d-J32",null,0.198316,0.000141125,"Diagnoses - main ICD10: J32 Chronic sinusitis || id:ukb-d-J32",true,"igd","enigma3-withglobal-insula-thickavg",21,34343695,0.0081198,{"v":8.79e-6,"d":"8.79E-06"},32021,"wTHICK_Mean_insula_thickavg || id:enigma3-withglobal-insula-thickavg",true,"reported","MedicineITLab",2,true,0.000604276,32021,true,0.000118361,null,0.000604276,19.36,25.26983511,19.36]
["rs142743066","A","T","A","T",0.113651528,0.000470332,0.0275,0.0234849,false,true,false,"ukb-d-J32",null,0.320782,0.000473718,"Diagnoses - main ICD10: J32 Chronic sinusitis || id:ukb-d-J32",true,"igd","enigma3-withglobal-insula-thickavg",18,5301065,0.024353899,{"v":2.59e-6,"d":"2.59E-06"},31502,"wTHICK_Mean_insula_thickavg || id:enigma3-withglobal-insula-thickavg",true,"reported","MedicineITLab",2,true,0.00069088,31502,true,{"v":2.74e-5,"d":"2.74E-05"},null,0.00069088,21.77777778,25.26983511,21.77777778]
["rs4396807","C","G","C","G",-0.042174005,{"v":4.75e-5,"d":"4.75E-05"},0.3321,0.318403,false,true,false,"ukb-d-J32",null,0.747658,0.000147549,"Diagnoses - main ICD10: J32 Chronic sinusitis || id:ukb-d-J32",true,"igd","enigma3-withglobal-insula-thickavg",22,38138379,0.008434801,{"v":7.92e-7,"d":"7.92E-07"},31661,"wTHICK_Mean_insula_thickavg || id:enigma3-withglobal-insula-thickavg",true,"reported","MedicineITLab",2,true,0.000789042,31661,true,{"v":2.57e-6,"d":"2.57E-06"},null,0.000789042,25,25.26983511,25]
["rs6842716","T","C","T","C",0.039732612,-0.000148169,0.3508,0.363008,false,false,false,"ukb-d-J32",null,0.310375,0.00014606,"Diagnoses - main ICD10: J32 Chronic sinusitis || id:ukb-d-J32",true,"igd","enigma3-withglobal-insula-thickavg",4,38741723,0.008277627,{"v":2.02e-6,"d":"2.02E-06"},32021,"wTHICK_Mean_insula_thickavg || id:enigma3-withglobal-insula-thickavg",true,"reported","MedicineITLab",2,true,0.000719055,32021,true,{"v":1.63e-5,"d":"1.63E-05"},null,0.000719055,23.04,25.26983511,23.04]
["rs79741282","T","C","T","C",-0.170450485,-0.000281467,0.9879,0.9892092,false,false,false,"ukb-d-J32",null,0.677671,0.000677184,"Diagnoses - main ICD10: J32 Chronic sinusitis || id:ukb-d-J32",true,"igd","enigma3-withglobal-insula-thickavg",3,2653226,0.038312265,{"v":9.04e-6,"d":"9.04E-06"},28479,"wTHICK_Mean_insula_thickavg || id:enigma3-withglobal-insula-thickavg",true,"reported","MedicineITLab",2,true,0.000694584,28479,true,{"v":3.04e-5,"d":"3.04E-05"},null,0.000694584,19.79341941,25.26983511,19.79341941]
["rs13050233","A","C","A","C",-0.035727118,0.039,0.6153,0.61,false,false,false,"ukb-saige-471",null,0.12,0.026,"Nasal polyps || id:ukb-saige-471",true,"MedicineITLab","enigma3-withglobal-insula-thickavg",21,34343695,0.0081198,{"v":8.79e-6,"d":"8.79E-06"},32021,"wTHICK_Mean_insula_thickavg || id:enigma3-withglobal-insula-thickavg",true,"reported","MedicineITLab",2,true,0.000604276,32021,true,0.000133917,null,0.000604276,19.36,25.26983511,19.36]
["rs142743066","A","T","A","T",0.113651528,-0.042,0.0275,0.023,false,true,false,"ukb-saige-471",null,0.62,0.086,"Nasal polyps || id:ukb-saige-471",true,"MedicineITLab","enigma3-withglobal-insula-thickavg",18,5301065,0.024353899,{"v":2.59e-6,"d":"2.59E-06"},31502,"wTHICK_Mean_insula_thickavg || id:enigma3-withglobal-insula-thickavg",true,"reported","MedicineITLab",2,true,0.00069088,31502,true,{"v":1.32e-5,"d":"1.32E-05"},null,0.00069088,21.77777778,25.26983511,21.77777778]
["rs4843226","T","C","T","C",-0.04688197,0.039,0.6079,0.62,false,false,false,"ukb-saige-471",null,0.13,0.026,"Nasal polyps || id:ukb-saige-471",true,"MedicineITLab","enigma3-withglobal-insula-thickavg",16,87225264,0.008114187,{"v":2.14e-8,"d":"2.14E-08"},31829,"wTHICK_Mean_insula_thickavg || id:enigma3-withglobal-insula-thickavg",true,"reported","MedicineITLab",2,true,0.001047781,31829,true,{"v":2.66e-7,"d":"2.66E-07"},null,0.001047781,33.38271605,25.26983511,33.38271605]
["rs62491531","T","C","T","C",-0.06795246,0.00089,0.9261,0.925,false,false,false,"ukb-saige-471",null,0.98,0.047,"Nasal polyps || id:ukb-saige-471",true,"MedicineITLab","enigma3-withglobal-insula-thickavg",7,129555141,0.015100547,{"v":9.43e-6,"d":"9.43E-06"},32021,"wTHICK_Mean_insula_thickavg || id:enigma3-withglobal-insula-thickavg",true,"reported","MedicineITLab",2,true,0.000632037,32021,true,{"v":1.55e-5,"d":"1.55E-05"},null,0.000632037,20.25,25.26983511,20.25]
["rs9669278","T","C","T","C",0.039523374,0.0082,0.4833,0.48,false,false,false,"ukb-saige-471",null,0.74,0.025,"Nasal polyps || id:ukb-saige-471",true,"MedicineITLab","enigma3-withglobal-insula-thickavg",12,66374587,0.007904675,{"v":1.65e-6,"d":"1.65E-06"},32021,"wTHICK_Mean_insula_thickavg || id:enigma3-withglobal-insula-thickavg",true,"reported","MedicineITLab",2,true,0.000780177,32021,true,{"v":2.39e-6,"d":"2.39E-06"},null,0.000780177,25,25.26983511,25]
["rs12591981","T","C","T","C",-0.035740663,-0.016468917,0.46,0.325420125,false,false,false,"ebi-eas-GCST90018603",null,0.478982042,0.023263129,"Chronic sinusitis || id:ebi-eas-GCST90018603",true,"MedicineITLab","enigma3-withglobal-isthmuscingulate-surfavg",15,39378301,0.007921175,{"v":6.43e-6,"d":"6.43E-06"},32062,"wSA_Mean_isthmuscingulate_surfavg || id:enigma3-withglobal-isthmuscingulate-surfavg",true,"reported","MedicineITLab",2,true,0.00063461,32062,true,0.000133871,null,0.00063461,20.35851129,25.26983511,20.35851129]
["rs6969810","T","C","T","C",0.036085406,-0.018183461,0.4026,0.359174449,false,false,false,"ebi-eas-GCST90018603",null,0.413790144,0.022249787,"Chronic sinusitis || id:ebi-eas-GCST90018603",true,"MedicineITLab","enigma3-withglobal-isthmuscingulate-surfavg",7,36868010,0.008005214,{"v":6.56e-6,"d":"6.56E-06"},32422,"wSA_Mean_isthmuscingulate_surfavg || id:enigma3-withglobal-isthmuscingulate-surfavg",true,"reported","MedicineITLab",2,true,0.000626372,32422,true,0.000166674,null,0.000626372,20.31970029,25.26983511,20.31970029]
["rs7837316","A","G","A","G",0.03777033,0.016203391,0.3316,0.315199963,false,false,false,"ebi-eas-GCST90018603",null,0.513079731,0.024773941,"Chronic sinusitis || id:ebi-eas-GCST90018603",true,"MedicineITLab","enigma3-withglobal-isthmuscingulate-surfavg",8,10187992,0.008339032,{"v":5.92e-6,"d":"5.92E-06"},32422,"wSA_Mean_isthmuscingulate_surfavg || id:enigma3-withglobal-isthmuscingulate-surfavg",true,"reported","MedicineITLab",2,true,0.000632386,32422,true,0.00011715,null,0.000632386,20.51493978,25.26983511,20.51493978]
["rs12591981","T","C","T","C",-0.035740663,0.000118009,0.46,0.456099,false,false,false,"ukb-b-69",null,0.48,0.000165466,"Non-cancer illness code, self-reported: chronic sinusitis || id:ukb-b-69",true,"igd","enigma3-withglobal-isthmuscingulate-surfavg",15,39378301,0.007921175,{"v":6.43e-6,"d":"6.43E-06"},32062,"wSA_Mean_isthmuscingulate_surfavg || id:enigma3-withglobal-isthmuscingulate-surfavg",true,"reported","MedicineITLab",2,true,0.00063461,32062,true,{"v":2.9e-5,"d":"2.90E-05"},null,0.00063461,20.35851129,25.26983511,20.35851129]
["rs2357117","T","G","T","G",-0.035721524,0.000242731,0.5672,0.553586,false,false,false,"ukb-b-69",null,0.14,0.000165471,"Non-cancer illness code, self-reported: chronic sinusitis || id:ukb-b-69",true,"igd","enigma3-withglobal-isthmuscingulate-surfavg",14,52114556,0.007923748,{"v":6.54e-6,"d":"6.54E-06"},32422,"wSA_Mean_isthmuscingulate_surfavg || id:enigma3-withglobal-isthmuscingulate-surfavg",true,"reported","MedicineITLab",2,true,0.000626489,32422,true,{"v":6.82e-5,"d":"6.82E-05"},null,0.000626489,20.32350496,25.26983511,20.32350496]
["rs9789786","T","G","T","G",-0.037036475,{"v":1.83e-5,"d":"1.83E-05"},0.4141,0.415722,false,false,false,"ukb-b-69",null,0.91,0.000166621,"Non-cancer illness code, self-reported: chronic sinusitis || id:ukb-b-69",true,"igd","enigma3-withglobal-isthmuscingulate-surfavg",20,7288012,0.007970206,{"v":3.37e-6,"d":"3.37E-06"},32422,"wSA_Mean_isthmuscingulate_surfavg || id:enigma3-withglobal-isthmuscingulate-surfavg",true,"reported","MedicineITLab",2,true,0.000665607,32422,true,{"v":8.06e-6,"d":"8.06E-06"},null,0.000665607,21.59335837,25.26983511,21.59335837]
["rs1123680","A","G","A","G",-0.050078301,{"v":9.37e-5,"d":"9.37E-05"},0.7576,0.761192,false,false,false,"ukb-d-J32",null,0.56482,0.000162778,"Diagnoses - main ICD10: J32 Chronic sinusitis || id:ukb-d-J32",true,"igd","enigma3-withglobal-isthmuscingulate-surfavg",12,78241285,0.009159929,{"v":4.57e-8,"d":"4.57E-08"},32422,"wSA_Mean_isthmuscingulate_surfavg || id:enigma3-withglobal-isthmuscingulate-surfavg",true,"reported","MedicineITLab",2,true,0.000921089,32422,true,{"v":3.96e-7,"d":"3.96E-07"},null,0.000921089,29.88924703,25.26983511,29.88924703]
["rs149442901","A","G","A","G",0.139771326,{"v":-3.53e-5,"d":"-3.53E-05"},0.0206,0.0186788,false,false,false,"ukb-d-J32",null,0.946092,0.00052177,"Diagnoses - main ICD10: J32 Chronic sinusitis || id:ukb-d-J32",true,"igd","enigma3-withglobal-isthmuscingulate-surfavg",6,56864804,0.029155628,{"v":1.64e-6,"d":"1.64E-06"},29133,"wSA_Mean_isthmuscingulate_surfavg || id:enigma3-withglobal-isthmuscingulate-surfavg",true,"reported","MedicineITLab",2,true,0.000788304,29133,true,{"v":4.38e-6,"d":"4.38E-06"},null,0.000788304,22.98218786,25.26983511,22.98218786]
["rs71417313","A","C","A","C",0.108900533,0.000440838,0.9609,0.9621796,false,false,false,"ukb-d-J32",null,0.230044,0.000367289,"Diagnoses - main ICD10: J32 Chronic sinusitis || id:ukb-d-J32",true,"igd","enigma3-withglobal-isthmuscingulate-surfavg",2,104890214,0.024155211,{"v":6.53e-6,"d":"6.53E-06"},22790,"wSA_Mean_isthmuscingulate_surfavg || id:enigma3-withglobal-isthmuscingulate-surfavg",true,"reported","MedicineITLab",2,true,0.000891138,22790,true,{"v":4.51e-5,"d":"4.51E-05"},null,0.000891138,20.32536512,25.26983511,20.32536512]
["rs77443942","A","C","A","C",-0.0985114,0.000794195,0.9502,0.9515933,false,false,false,"ukb-d-J32",null,0.0165356,0.000331345,"Diagnoses - main ICD10: J32 Chronic sinusitis || id:ukb-d-J32",true,"igd","enigma3-withglobal-isthmuscingulate-surfavg",8,15869286,0.021806542,{"v":6.26e-6,"d":"6.26E-06"},22202,"wSA_Mean_isthmuscingulate_surfavg || id:enigma3-withglobal-isthmuscingulate-surfavg",true,"reported","MedicineITLab",2,true,0.000918433,22202,true,0.000140518,null,0.000918433,20.40794959,25.26983511,20.40794959]
["rs9789786","T","G","T","G",-0.037036475,-0.000181206,0.4141,0.415864,false,false,false,"ukb-d-J32",null,0.195401,0.000139953,"Diagnoses - main ICD10: J32 Chronic sinusitis || id:ukb-d-J32",true,"igd","enigma3-withglobal-isthmuscingulate-surfavg",20,7288012,0.007970206,{"v":3.37e-6,"d":"3.37E-06"},32422,"wSA_Mean_isthmuscingulate_surfavg || id:enigma3-withglobal-isthmuscingulate-surfavg",true,"reported","MedicineITLab",2,true,0.000665607,32422,true,{"v":4.52e-5,"d":"4.52E-05"},null,0.000665607,21.59335837,25.26983511,21.59335837]
["rs2357117","T","G","T","G",-0.035721524,-0.043,0.5672,0.55,false,false,false,"ukb-saige-471",null,0.09,0.025,"Nasal polyps || id:ukb-saige-471",true,"MedicineITLab","enigma3-withglobal-isthmuscingulate-surfavg",14,52114556,0.007923748,{"v":6.54e-6,"d":"6.54E-06"},32422,"wSA_Mean_isthmuscingulate_surfavg || id:enigma3-withglobal-isthmuscingulate-surfavg",true,"reported","MedicineITLab",2,true,0.000626489,32422,true,0.000114318,null,0.000626489,20.32350496,25.26983511,20.32350496]
["rs2376160","T","C","T","C",-0.051694994,0.015,0.8535,0.85,false,false,false,"ukb-saige-471",null,0.67,0.036,"Nasal polyps || id:ukb-saige-471",true,"MedicineITLab","enigma3-withglobal-isthmuscingulate-surfavg",2,104984019,0.011411854,{"v":5.9e-6,"d":"5.90E-06"},30687,"wSA_Mean_isthmuscingulate_surfavg || id:enigma3-withglobal-isthmuscingulate-surfavg",true,"reported","MedicineITLab",2,true,0.000668295,30687,true,{"v":2.13e-5,"d":"2.13E-05"},null,0.000668295,20.52034157,25.26983511,20.52034157]
["rs77443942","A","C","A","C",-0.0985114,0.026,0.9502,0.952,false,false,false,"ukb-saige-471",null,0.66,0.06,"Nasal polyps || id:ukb-saige-471",true,"MedicineITLab","enigma3-withglobal-isthmuscingulate-surfavg",8,15869286,0.021806542,{"v":6.26e-6,"d":"6.26E-06"},22202,"wSA_Mean_isthmuscingulate_surfavg || id:enigma3-withglobal-isthmuscingulate-surfavg",true,"reported","MedicineITLab",2,true,0.000918433,22202,true,{"v":1.75e-5,"d":"1.75E-05"},null,0.000918433,20.40794959,25.26983511,20.40794959]
["rs116573347","T","C","T","C",0.116510036,-0.031491156,0.977,0.953438264,false,false,false,"ebi-eas-GCST90018603",null,0.533737398,0.050603567,"Chronic sinusitis || id:ebi-eas-GCST90018603",true,"MedicineITLab","enigma3-withglobal-isthmuscingulate-thickavg",1,115619753,0.026240999,{"v":7.86e-6,"d":"7.86E-06"},32296,"wTHICK_Mean_isthmuscingulate_thickavg || id:enigma3-withglobal-isthmuscingulate-thickavg",true,"reported","MedicineITLab",2,true,0.000610069,32296,true,0.000153335,null,0.000610069,19.7136,25.26983511,19.7136]
["rs17187233","A","C","A","C",0.045364418,-0.005759193,0.2079,0.095814523,false,false,false,"ebi-eas-GCST90018603",null,0.879361627,0.037944715,"Chronic sinusitis || id:ebi-eas-GCST90018603",true,"MedicineITLab","enigma3-withglobal-isthmuscingulate-thickavg",1,208409705,0.009958043,{"v":6.33e-6,"d":"6.33E-06"},30600,"wTHICK_Mean_isthmuscingulate_thickavg || id:enigma3-withglobal-isthmuscingulate-thickavg",true,"reported","MedicineITLab",2,true,0.00067779,30600,true,{"v":4.04e-5,"d":"4.04E-05"},null,0.00067779,20.75308642,25.26983511,20.75308642]
["rs66658795","T","C","T","C",-0.040692879,0.038188952,0.4638,0.074204753,false,false,false,"ebi-eas-GCST90018603",null,0.42521813,0.047891774,"Chronic sinusitis || id:ebi-eas-GCST90018603",true,"MedicineITLab","enigma3-withglobal-isthmuscingulate-thickavg",11,1458722,0.008361551,{"v":1.38e-6,"d":"1.38E-06"},28735,"wTHICK_Mean_isthmuscingulate_thickavg || id:enigma3-withglobal-isthmuscingulate-thickavg",true,"reported","MedicineITLab",2,true,0.000823615,28735,true,{"v":3.19e-5,"d":"3.19E-05"},null,0.000823615,23.68444444,25.26983511,23.68444444]
["rs80043648","C","G","C","G",0.050065974,-0.0729399,0.8457,0.968777407,false,true,false,"ebi-eas-GCST90018603",null,0.237934569,0.061804829,"Chronic sinusitis || id:ebi-eas-GCST90018603",true,"MedicineITLab","enigma3-withglobal-isthmuscingulate-thickavg",4,187389636,0.010857681,{"v":5.33e-6,"d":"5.33E-06"},32483,"wTHICK_Mean_isthmuscingulate_thickavg || id:enigma3-withglobal-isthmuscingulate-thickavg",true,"reported","MedicineITLab",2,true,0.00065418,32483,true,0.000209212,null,0.00065418,21.26234568,25.26983511,21.26234568]
["rs817495","A","G","A","G",-0.037495882,0.037362866,0.5962,0.943151457,false,false,false,"ebi-eas-GCST90018603",null,0.416535374,0.045988084,"Chronic sinusitis || id:ebi-eas-GCST90018603",true,"MedicineITLab","enigma3-withglobal-isthmuscingulate-thickavg",3,117702762,0.007990926,{"v":3.05e-6,"d":"3.05E-06"},32505,"wTHICK_Mean_isthmuscingulate_thickavg || id:enigma3-withglobal-isthmuscingulate-thickavg",true,"reported","MedicineITLab",2,true,0.000676948,32505,true,{"v":8.37e-5,"d":"8.37E-05"},null,0.000676948,22.01775148,25.26983511,22.01775148]
["rs2062727","A","C","A","C",-0.041806257,{"v":-8.94e-5,"d":"-8.94E-05"},0.2319,0.231957,false,false,false,"ukb-b-69",null,0.649999,0.000194937,"Non-cancer illness code, self-reported: chronic sinusitis || id:ukb-b-69",true,"igd","enigma3-withglobal-isthmuscingulate-thickavg",15,63472681,0.009290279,{"v":3.93e-6,"d":"3.93E-06"},32505,"wTHICK_Mean_isthmuscingulate_thickavg || id:enigma3-withglobal-isthmuscingulate-thickavg",true,"reported","MedicineITLab",2,true,0.000622632,32505,true,{"v":2.32e-5,"d":"2.32E-05"},null,0.000622632,20.25,25.26983511,20.25]
["rs2839642","T","C","T","C",0.036698278,{"v":3.37e-5,"d":"3.37E-05"},0.4358,0.441654,false,false,false,"ukb-b-69",null,0.84,0.000164971,"Non-cancer illness code, self-reported: chronic sinusitis || id:ukb-b-69",true,"igd","enigma3-withglobal-isthmuscingulate-thickavg",21,44602306,0.007951293,{"v":4.42e-6,"d":"4.42E-06"},32145,"wTHICK_Mean_isthmuscingulate_thickavg || id:enigma3-withglobal-isthmuscingulate-thickavg",true,"reported","MedicineITLab",2,true,0.00066228,32145,true,{"v":1.03e-5,"d":"1.03E-05"},null,0.00066228,21.30177515,25.26983511,21.30177515]
["rs751670","A","G","A","G",0.052504292,-0.000112784,0.1623,0.161313,false,false,false,"ukb-b-69",null,0.62,0.000225274,"Non-cancer illness code, self-reported: chronic sinusitis || id:ukb-b-69",true,"igd","enigma3-withglobal-isthmuscingulate-thickavg",17,4446457,0.010962435,{"v":2.72e-6,"d":"2.72E-06"},30581,"wTHICK_Mean_isthmuscingulate_thickavg || id:enigma3-withglobal-isthmuscingulate-thickavg",true,"reported","MedicineITLab",2,true,0.000749595,30581,true,{"v":6.38e-6,"d":"6.38E-06"},null,0.000749595,22.93905817,25.26983511,22.93905817]
["rs9330264","T","C","T","C",-0.035482518,0.000142843,0.3652,0.360095,false,false,false,"ukb-b-69",null,0.4,0.000171288,"Non-cancer illness code, self-reported: chronic sinusitis || id:ukb-b-69",true,"igd","enigma3-withglobal-isthmuscingulate-thickavg",1,155095750,0.008143529,{"v":8.97e-6,"d":"8.97E-06"},32505,"wTHICK_Mean_isthmuscingulate_thickavg || id:enigma3-withglobal-isthmuscingulate-thickavg",true,"reported","MedicineITLab",2,true,0.00058375,32505,true,{"v":6.4e-5,"d":"6.40E-05"},null,0.00058375,18.98469388,25.26983511,18.98469388]
["rs10067618","A","G","A","G",0.049802809,{"v":-7.5e-5,"d":"-7.50E-05"},0.4025,0.386286,false,false,false,"ukb-d-J32",null,0.595625,0.000141377,"Diagnoses - main ICD10: J32 Chronic sinusitis || id:ukb-d-J32",true,"igd","enigma3-withglobal-isthmuscingulate-thickavg",5,60010995,0.007993043,{"v":5.33e-10,"d":"5.33E-10"},32505,"wTHICK_Mean_isthmuscingulate_thickavg || id:enigma3-withglobal-isthmuscingulate-thickavg",true,"reported","MedicineITLab",2,true,0.001193003,32505,true,{"v":6.09e-9,"d":"6.09E-09"},null,0.001193003,38.82248521,25.26983511,38.82248521]
["rs1918902","C","G","C","G",-0.03892567,{"v":1.4e-5,"d":"1.40E-05"},0.6695,0.684651,false,true,false,"ukb-d-J32",null,0.925044,0.000148341,"Diagnoses - main ICD10: J32 Chronic sinusitis || id:ukb-d-J32",true,"igd","enigma3-withglobal-isthmuscingulate-thickavg",2,188091511,0.00851499,{"v":5.03e-6,"d":"5.03E-06"},31147,"wTHICK_Mean_isthmuscingulate_thickavg || id:enigma3-withglobal-isthmuscingulate-thickavg",true,"reported","MedicineITLab",2,true,0.000670539,31147,true,{"v":1.31e-5,"d":"1.31E-05"},null,0.000670539,20.89795918,25.26983511,20.89795918]
["rs4684481","A","G","A","G",-0.03801995,{"v":3.81e-6,"d":"3.81E-06"},0.7035,0.71204,false,false,false,"ukb-d-J32",null,0.979991,0.000151925,"Diagnoses - main ICD10: J32 Chronic sinusitis || id:ukb-d-J32",true,"igd","enigma3-withglobal-isthmuscingulate-thickavg",3,5448405,0.00858515,{"v":9.09e-6,"d":"9.09E-06"},32505,"wTHICK_Mean_isthmuscingulate_thickavg || id:enigma3-withglobal-isthmuscingulate-thickavg",true,"reported","MedicineITLab",2,true,0.000603034,32505,true,{"v":2.29e-5,"d":"2.29E-05"},null,0.000603034,19.6122449,25.26983511,19.6122449]
["rs60676888","A","G","A","G",0.035815695,{"v":-7.21e-5,"d":"-7.21E-05"},0.5664,0.533249,false,false,false,"ukb-d-J32",null,0.603822,0.000138874,"Diagnoses - main ICD10: J32 Chronic sinusitis || id:ukb-d-J32",true,"igd","enigma3-withglobal-isthmuscingulate-thickavg",12,133306927,0.007959043,{"v":8.75e-6,"d":"8.75E-06"},32121,"wTHICK_Mean_isthmuscingulate_thickavg || id:enigma3-withglobal-isthmuscingulate-thickavg",true,"reported","MedicineITLab",2,true,0.000630071,32121,true,{"v":3.13e-5,"d":"3.13E-05"},null,0.000630071,20.25,25.26983511,20.25]
["rs80043648","C","G","C","G",0.050065974,-0.000116587,0.8457,0.838847,false,true,false,"ukb-d-J32",null,0.538283,0.000189445,"Diagnoses - main ICD10: J32 Chronic sinusitis || id:ukb-d-J32",true,"igd","enigma3-withglobal-isthmuscingulate-thickavg",4,187389636,0.010857681,{"v":5.33e-6,"d":"5.33E-06"},32483,"wTHICK_Mean_isthmuscingulate_thickavg || id:enigma3-withglobal-isthmuscingulate-thickavg",true,"reported","MedicineITLab",2,true,0.00065418,32483,true,{"v":2.24e-5,"d":"2.24E-05"},null,0.00065418,21.26234568,25.26983511,21.26234568]
["rs9783497","A","G","A","G",0.045429382,{"v":-2.09e-6,"d":"-2.09E-06"},0.3627,0.364824,false,false,false,"ukb-d-J32",null,0.988333,0.000143077,"Diagnoses - main ICD10: J32 Chronic sinusitis || id:ukb-d-J32",true,"igd","enigma3-withglobal-isthmuscingulate-thickavg",12,65830349,0.008153992,{"v":1.58e-8,"d":"1.58E-08"},32505,"wTHICK_Mean_isthmuscingulate_thickavg || id:enigma3-withglobal-isthmuscingulate-thickavg",true,"reported","MedicineITLab",2,true,0.000954103,32505,true,{"v":9.75e-8,"d":"9.75E-08"},null,0.000954103,31.04081633,25.26983511,31.04081633]
["rs114236008","T","C","T","C",-0.114772201,-0.081,0.028,0.026,false,false,false,"ukb-saige-471",null,0.3,0.078,"Nasal polyps || id:ukb-saige-471",true,"MedicineITLab","enigma3-withglobal-isthmuscingulate-thickavg",6,24627071,0.023765961,{"v":1.49e-6,"d":"1.49E-06"},32505,"wTHICK_Mean_isthmuscingulate_thickavg || id:enigma3-withglobal-isthmuscingulate-thickavg",true,"reported","MedicineITLab",2,true,0.000717014,32505,true,{"v":1.34e-5,"d":"1.34E-05"},null,0.000717014,23.32183224,25.26983511,23.32183224]
["rs2062727","A","C","A","C",-0.041806257,-0.014,0.2319,0.23,false,false,false,"ukb-saige-471",null,0.64,0.03,"Nasal polyps || id:ukb-saige-471",true,"MedicineITLab","enigma3-withglobal-isthmuscingulate-thickavg",15,63472681,0.009290279,{"v":3.93e-6,"d":"3.93E-06"},32505,"wTHICK_Mean_isthmuscingulate_thickavg || id:enigma3-withglobal-isthmuscingulate-thickavg",true,"reported","MedicineITLab",2,true,0.000622632,32505,true,{"v":2.72e-5,"d":"2.72E-05"},null,0.000622632,20.25,25.26983511,20.25]
["rs34929358","A","G","A","G",-0.054036822,0.1,0.1448,0.15,false,false,false,"ukb-saige-471",null,0.0052,0.036,"Nasal polyps || id:ukb-saige-471",true,"MedicineITLab","enigma3-withglobal-isthmuscingulate-thickavg",20,47616142,0.011141613,{"v":6.73e-7,"d":"6.73E-07"},32505,"wTHICK_Mean_isthmuscingulate_thickavg || id:enigma3-withglobal-isthmuscingulate-thickavg",true,"reported","MedicineITLab",2,true,0.000723179,32505,true,{"v":9.89e-5,"d":"9.89E-05"},null,0.000723179,23.5225,25.26983511,23.5225]
["rs73077157","A","C","A","C",0.058516334,0.073,0.8721,0.87,false,false,false,"ukb-saige-471",null,0.052,0.037,"Nasal polyps || id:ukb-saige-471",true,"MedicineITLab","enigma3-withglobal-isthmuscingulate-thickavg",3,49749705,0.011930515,{"v":1.18e-6,"d":"1.18E-06"},31471,"wTHICK_Mean_isthmuscingulate_thickavg || id:enigma3-withglobal-isthmuscingulate-thickavg",true,"reported","MedicineITLab",2,true,0.000763873,31471,true,{"v":2.89e-5,"d":"2.89E-05"},null,0.000763873,24.05668934,25.26983511,24.05668934]
["rs884357","T","C","T","C",0.038273557,-0.015,0.3441,0.34,false,false,false,"ukb-saige-471",null,0.57,0.027,"Nasal polyps || id:ukb-saige-471",true,"MedicineITLab","enigma3-withglobal-isthmuscingulate-thickavg",1,200863055,0.008320338,{"v":5.59e-6,"d":"5.59E-06"},31982,"wTHICK_Mean_isthmuscingulate_thickavg || id:enigma3-withglobal-isthmuscingulate-thickavg",true,"reported","MedicineITLab",2,true,0.000661226,31982,true,{"v":1.95e-5,"d":"1.95E-05"},null,0.000661226,21.16,25.26983511,21.16]
["rs9783497","A","G","A","G",0.045429382,-0.022,0.3627,0.36,false,false,false,"ukb-saige-471",null,0.4,0.026,"Nasal polyps || id:ukb-saige-471",true,"MedicineITLab","enigma3-withglobal-isthmuscingulate-thickavg",12,65830349,0.008153992,{"v":1.58e-8,"d":"1.58E-08"},32505,"wTHICK_Mean_isthmuscingulate_thickavg || id:enigma3-withglobal-isthmuscingulate-thickavg",true,"reported","MedicineITLab",2,true,0.000954103,32505,true,{"v":3.06e-7,"d":"3.06E-07"},null,0.000954103,31.04081633,25.26983511,31.04081633]
["rs2043294","A","T","A","T",0.048989617,-0.037949359,0.8203,0.945293801,false,true,false,"ebi-eas-GCST90018603",null,0.421750382,0.047236639,"Chronic sinusitis || id:ebi-eas-GCST90018603",true,"MedicineITLab","enigma3-withglobal-lateraloccipital-surfavg",19,32207820,0.010456084,{"v":2.8e-6,"d":"2.80E-06"},31005,"wSA_Mean_lateraloccipital_surfavg || id:enigma3-withglobal-lateraloccipital-surfavg",true,"reported","MedicineITLab",2,true,0.000707553,31005,true,{"v":7.68e-5,"d":"7.68E-05"},null,0.000707553,21.95179228,25.26983511,21.95179228]
["rs2282710","T","C","T","C",0.04135242,-0.000124316,0.4643,0.761190777,false,false,false,"ebi-eas-GCST90018603",null,0.996084192,0.025330597,"Chronic sinusitis || id:ebi-eas-GCST90018603",true,"MedicineITLab","enigma3-withglobal-lateraloccipital-surfavg",1,18987883,0.00785063,{"v":1.38e-7,"d":"1.38E-07"},32591,"wSA_Mean_lateraloccipital_surfavg || id:enigma3-withglobal-lateraloccipital-surfavg",true,"reported","MedicineITLab",2,true,0.000850653,32591,true,{"v":1.67e-6,"d":"1.67E-06"},null,0.000850653,27.74551657,25.26983511,27.74551657]
["rs4953152","A","G","A","G",0.045530314,-0.028442388,0.3258,0.417961523,false,false,false,"ebi-eas-GCST90018603",null,0.19316535,0.021857373,"Chronic sinusitis || id:ebi-eas-GCST90018603",true,"MedicineITLab","enigma3-withglobal-lateraloccipital-surfavg",2,45170153,0.008353755,{"v":5.03e-8,"d":"5.03E-08"},32591,"wSA_Mean_lateraloccipital_surfavg || id:enigma3-withglobal-lateraloccipital-surfavg",true,"reported","MedicineITLab",2,true,0.000910691,32591,true,{"v":9.92e-6,"d":"9.92E-06"},null,0.000910691,29.70556696,25.26983511,29.70556696]
["rs9400576","A","C","A","C",-0.047601558,-0.039211115,0.8202,0.595995908,false,false,false,"ebi-eas-GCST90018603",null,0.071064002,0.021722788,"Chronic sinusitis || id:ebi-eas-GCST90018603",true,"MedicineITLab","enigma3-withglobal-lateraloccipital-surfavg",6,113217970,0.010196464,{"v":3.04e-6,"d":"3.04E-06"},32591,"wSA_Mean_lateraloccipital_surfavg || id:enigma3-withglobal-lateraloccipital-surfavg",true,"reported","MedicineITLab",2,true,0.000668316,32591,true,0.000467506,null,0.000668316,21.79431179,25.26983511,21.79431179]
["rs9964715","A","G","A","G",0.037616043,0.032762753,0.5803,0.940737615,false,false,false,"ebi-eas-GCST90018603",null,0.50584159,0.049243109,"Chronic sinusitis || id:ebi-eas-GCST90018603",true,"MedicineITLab","enigma3-withglobal-lateraloccipital-surfavg",18,335675,0.007978405,{"v":2.42e-6,"d":"2.42E-06"},32231,"wSA_Mean_lateraloccipital_surfavg || id:enigma3-withglobal-lateraloccipital-surfavg",true,"reported","MedicineITLab",2,true,0.000689236,32231,true,{"v":5.85e-5,"d":"5.85E-05"},null,0.000689236,22.22869779,25.26983511,22.22869779]
["rs2282710","T","C","T","C",0.04135242,{"v":4.4e-5,"d":"4.40E-05"},0.4643,0.47671,false,false,false,"ukb-b-69",null,0.79,0.000163973,"Non-cancer illness code, self-reported: chronic sinusitis || id:ukb-b-69",true,"igd","enigma3-withglobal-lateraloccipital-surfavg",1,18987883,0.00785063,{"v":1.38e-7,"d":"1.38E-07"},32591,"wSA_Mean_lateraloccipital_surfavg || id:enigma3-withglobal-lateraloccipital-surfavg",true,"reported","MedicineITLab",2,true,0.000850653,32591,true,{"v":5.13e-7,"d":"5.13E-07"},null,0.000850653,27.74551657,25.26983511,27.74551657]
["rs3743464","C","G","C","G",-0.044882288,0.000275229,0.2625,0.259523,false,true,false,"ukb-b-69",null,0.15,0.00019022,"Non-cancer illness code, self-reported: chronic sinusitis || id:ukb-b-69",true,"igd","enigma3-withglobal-lateraloccipital-surfavg",15,96865507,0.009208078,{"v":1.09e-6,"d":"1.09E-06"},30439,"wSA_Mean_lateraloccipital_surfavg || id:enigma3-withglobal-lateraloccipital-surfavg",true,"reported","MedicineITLab",2,true,0.000779958,30439,true,{"v":1.29e-5,"d":"1.29E-05"},null,0.000779958,23.75811637,25.26983511,23.75811637]
["rs58577680","T","C","T","C",0.049524026,-0.000236216,0.1598,0.152092,false,false,false,"ukb-b-69",null,0.3,0.000228844,"Non-cancer illness code, self-reported: chronic sinusitis || id:ukb-b-69",true,"igd","enigma3-withglobal-lateraloccipital-surfavg",4,53734294,0.010686284,{"v":3.58e-6,"d":"3.58E-06"},32591,"wSA_Mean_lateraloccipital_surfavg || id:enigma3-withglobal-lateraloccipital-surfavg",true,"reported","MedicineITLab",2,true,0.000658599,32591,true,{"v":2.51e-5,"d":"2.51E-05"},null,0.000658599,21.47724108,25.26983511,21.47724108]
["rs9400576","A","C","A","C",-0.047601558,{"v":-6.16e-5,"d":"-6.16E-05"},0.8202,0.827396,false,false,false,"ukb-b-69",null,0.780001,0.000218281,"Non-cancer illness code, self-reported: chronic sinusitis || id:ukb-b-69",true,"igd","enigma3-withglobal-lateraloccipital-surfavg",6,113217970,0.010196464,{"v":3.04e-6,"d":"3.04E-06"},32591,"wSA_Mean_lateraloccipital_surfavg || id:enigma3-withglobal-lateraloccipital-surfavg",true,"reported","MedicineITLab",2,true,0.000668316,32591,true,{"v":9.02e-6,"d":"9.02E-06"},null,0.000668316,21.79431179,25.26983511,21.79431179]
["rs9964715","A","G","A","G",0.037616043,{"v":-1.48e-5,"d":"-1.48E-05"},0.5803,0.581194,false,false,false,"ukb-b-69",null,0.93,0.000170148,"Non-cancer illness code, self-reported: chronic sinusitis || id:ukb-b-69",true,"igd","enigma3-withglobal-lateraloccipital-surfavg",18,335675,0.007978405,{"v":2.42e-6,"d":"2.42E-06"},32231,"wSA_Mean_lateraloccipital_surfavg || id:enigma3-withglobal-lateraloccipital-surfavg",true,"reported","MedicineITLab",2,true,0.000689236,32231,true,{"v":5.74e-6,"d":"5.74E-06"},null,0.000689236,22.22869779,25.26983511,22.22869779]
["rs2043294","A","T","A","T",0.048989617,0.000141036,0.8203,0.818943,false,true,false,"ukb-d-J32",null,0.435821,0.000180985,"Diagnoses - main ICD10: J32 Chronic sinusitis || id:ukb-d-J32",true,"igd","enigma3-withglobal-lateraloccipital-surfavg",19,32207820,0.010456084,{"v":2.8e-6,"d":"2.80E-06"},31005,"wSA_Mean_lateraloccipital_surfavg || id:enigma3-withglobal-lateraloccipital-surfavg",true,"reported","MedicineITLab",2,true,0.000707553,31005,true,{"v":1.9e-5,"d":"1.90E-05"},null,0.000707553,21.95179228,25.26983511,21.95179228]
["rs2974937","T","C","T","C",0.03778849,0.000149462,0.5336,0.53873,false,false,false,"ukb-d-J32",null,0.278455,0.000137906,"Diagnoses - main ICD10: J32 Chronic sinusitis || id:ukb-d-J32",true,"igd","enigma3-withglobal-lateraloccipital-surfavg",1,155168849,0.007848884,{"v":1.48e-6,"d":"1.48E-06"},32591,"wSA_Mean_lateraloccipital_surfavg || id:enigma3-withglobal-lateraloccipital-surfavg",true,"reported","MedicineITLab",2,true,0.000710761,32591,true,{"v":1.72e-5,"d":"1.72E-05"},null,0.000710761,23.17945678,25.26983511,23.17945678]
["rs34604838","A","T","A","T",0.101312027,-0.000476804,0.0385,0.0379168,false,true,false,"ukb-d-J32",null,0.189518,0.000363415,"Diagnoses - main ICD10: J32 Chronic sinusitis || id:ukb-d-J32",true,"igd","enigma3-withglobal-lateraloccipital-surfavg",8,106888843,0.021478306,{"v":2.39e-6,"d":"2.39E-06"},29259,"wSA_Mean_lateraloccipital_surfavg || id:enigma3-withglobal-lateraloccipital-surfavg",true,"reported","MedicineITLab",2,true,0.00075991,29259,true,{"v":2.95e-5,"d":"2.95E-05"},null,0.00075991,22.24958736,25.26983511,22.24958736]
["rs56318622","A","G","A","G",0.13434866,0.00123804,0.0186,0.0187679,false,false,false,"ukb-d-J32",null,0.0154323,0.000511148,"Diagnoses - main ICD10: J32 Chronic sinusitis || id:ukb-d-J32",true,"igd","enigma3-withglobal-lateraloccipital-surfavg",10,96132171,0.02915553,{"v":4.07e-6,"d":"4.07E-06"},32204,"wSA_Mean_lateraloccipital_surfavg || id:enigma3-withglobal-lateraloccipital-surfavg",true,"reported","MedicineITLab",2,true,0.000658955,32204,true,0.000197756,null,0.000658955,21.23365667,25.26983511,21.23365667]
["rs8076087","A","G","A","G",-0.042042843,0.000288802,0.3242,0.312102,false,false,false,"ukb-d-J32",null,0.0532084,0.000149388,"Diagnoses - main ICD10: J32 Chronic sinusitis || id:ukb-d-J32",true,"igd","enigma3-withglobal-lateraloccipital-surfavg",17,70136055,0.008389745,{"v":5.41e-7,"d":"5.41E-07"},32399,"wSA_Mean_lateraloccipital_surfavg || id:enigma3-withglobal-lateraloccipital-surfavg",true,"reported","MedicineITLab",2,true,0.000774543,32399,true,{"v":2.18e-5,"d":"2.18E-05"},null,0.000774543,25.11230893,25.26983511,25.11230893]
["rs9401907","T","C","T","C",0.057441125,{"v":-1.04e-5,"d":"-1.04E-05"},0.7579,0.766865,false,false,false,"ukb-d-J32",null,0.948901,0.000162967,"Diagnoses - main ICD10: J32 Chronic sinusitis || id:ukb-d-J32",true,"igd","enigma3-withglobal-lateraloccipital-surfavg",6,127096181,0.009176623,{"v":3.86e-10,"d":"3.86E-10"},32322,"wSA_Mean_lateraloccipital_surfavg || id:enigma3-withglobal-lateraloccipital-surfavg",true,"reported","MedicineITLab",2,true,0.001210828,32322,true,{"v":2.27e-9,"d":"2.27E-09"},null,0.001210828,39.18141236,25.26983511,39.18141236]
["rs12485668","T","C","T","C",0.089002795,0.05,0.9455,0.974,false,false,false,"ukb-saige-471",null,0.53,0.079,"Nasal polyps || id:ukb-saige-471",true,"MedicineITLab","enigma3-withglobal-lateraloccipital-surfavg",3,110896803,0.017858665,{"v":6.24e-7,"d":"6.24E-07"},30401,"wSA_Mean_lateraloccipital_surfavg || id:enigma3-withglobal-lateraloccipital-surfavg",true,"reported","MedicineITLab",2,true,0.000816386,30401,true,{"v":3.63e-6,"d":"3.63E-06"},null,0.000816386,24.83758209,25.26983511,24.83758209]
["rs16915479","T","C","T","C",-0.071215969,0.07,0.912,0.917,false,false,false,"ukb-saige-471",null,0.12,0.045,"Nasal polyps || id:ukb-saige-471",true,"MedicineITLab","enigma3-withglobal-lateraloccipital-surfavg",12,19610031,0.013939381,{"v":3.24e-7,"d":"3.24E-07"},32039,"wSA_Mean_lateraloccipital_surfavg || id:enigma3-withglobal-lateraloccipital-surfavg",true,"reported","MedicineITLab",2,true,0.000814071,32039,true,{"v":7.28e-6,"d":"7.28E-06"},null,0.000814071,26.10164083,25.26983511,26.10164083]
["rs3112581","A","G","A","G",0.03522571,{"v":-0.0003,"d":"-3.00E-04"},0.5259,0.53,false,false,false,"ukb-saige-471",null,0.99,0.025,"Nasal polyps || id:ukb-saige-471",true,"MedicineITLab","enigma3-withglobal-lateraloccipital-surfavg",16,52571533,0.007885707,{"v":7.93e-6,"d":"7.93E-06"},32231,"wSA_Mean_lateraloccipital_surfavg || id:enigma3-withglobal-lateraloccipital-surfavg",true,"reported","MedicineITLab",2,true,0.000618761,32231,true,{"v":1.78e-5,"d":"1.78E-05"},null,0.000618761,19.95438181,25.26983511,19.95438181]
["rs56007616","A","G","A","G",0.069325053,0.013,0.8824,0.89,false,false,false,"ukb-saige-471",null,0.74,0.04,"Nasal polyps || id:ukb-saige-471",true,"MedicineITLab","enigma3-withglobal-lateraloccipital-surfavg",3,118994959,0.01215336,{"v":1.17e-8,"d":"1.17E-08"},32591,"wSA_Mean_lateraloccipital_surfavg || id:enigma3-withglobal-lateraloccipital-surfavg",true,"reported","MedicineITLab",2,true,0.000997432,32591,true,{"v":7.02e-8,"d":"7.02E-08"},null,0.000997432,32.53776087,25.26983511,32.53776087]
["rs6466065","T","C","T","C",0.036383389,-0.017,0.6511,0.65,false,false,false,"ukb-saige-471",null,0.51,0.026,"Nasal polyps || id:ukb-saige-471",true,"MedicineITLab","enigma3-withglobal-lateraloccipital-surfavg",7,105074302,0.008218095,{"v":9.55e-6,"d":"9.55E-06"},32572,"wSA_Mean_lateraloccipital_surfavg || id:enigma3-withglobal-lateraloccipital-surfavg",true,"reported","MedicineITLab",2,true,0.00060143,32572,true,{"v":4.64e-5,"d":"4.64E-05"},null,0.00060143,19.60035786,25.26983511,19.60035786]
["rs7639401","A","T","A","T",0.040615365,0.012,0.7264,0.72,false,true,false,"ukb-saige-471",null,0.66,0.028,"Nasal polyps || id:ukb-saige-471",true,"MedicineITLab","enigma3-withglobal-lateraloccipital-surfavg",3,89165250,0.008783368,{"v":3.76e-6,"d":"3.76E-06"},32591,"wSA_Mean_lateraloccipital_surfavg || id:enigma3-withglobal-lateraloccipital-surfavg",true,"reported","MedicineITLab",2,true,0.000655696,32591,true,{"v":1.53e-5,"d":"1.53E-05"},null,0.000655696,21.38250291,25.26983511,21.38250291]
["rs11144180","C","G","C","G",-0.079253058,-0.048508007,0.9482,0.614681911,false,true,false,"ebi-eas-GCST90018603",null,0.028194553,0.022103663,"Chronic sinusitis || id:ebi-eas-GCST90018603",true,"MedicineITLab","enigma3-withglobal-lateraloccipital-thickavg",9,77608459,0.017727658,{"v":5.91e-6,"d":"5.91E-06"},32374,"wTHICK_Mean_lateraloccipital_thickavg || id:enigma3-withglobal-lateraloccipital-thickavg",true,"reported","MedicineITLab",2,true,0.000617009,32374,true,0.001566678,null,0.000617009,19.98615917,25.26983511,19.98615917]
["rs1411164","A","C","A","C",0.088280257,0.141046338,0.9311,0.988280837,false,false,false,"ebi-eas-GCST90018603",null,0.161834083,0.100824469,"Chronic sinusitis || id:ebi-eas-GCST90018603",true,"MedicineITLab","enigma3-withglobal-lateraloccipital-thickavg",9,73655072,0.015508694,{"v":2.53e-8,"d":"2.53E-08"},32374,"wTHICK_Mean_lateraloccipital_thickavg || id:enigma3-withglobal-lateraloccipital-thickavg",true,"reported","MedicineITLab",2,true,0.000999937,32374,true,{"v":4.16e-6,"d":"4.16E-06"},null,0.000999937,32.40236686,25.26983511,32.40236686]
["rs56252104","T","C","T","C",0.046921446,0.010853512,0.2625,0.236187455,false,false,false,"ebi-eas-GCST90018603",null,0.667593078,0.025272833,"Chronic sinusitis || id:ebi-eas-GCST90018603",true,"MedicineITLab","enigma3-withglobal-lateraloccipital-thickavg",19,13123188,0.009155404,{"v":1.41e-6,"d":"1.41E-06"},30788,"wTHICK_Mean_lateraloccipital_thickavg || id:enigma3-withglobal-lateraloccipital-thickavg",true,"reported","MedicineITLab",2,true,0.000852441,30788,true,{"v":6.45e-6,"d":"6.45E-06"},null,0.000852441,26.265625,25.26983511,26.265625]
["rs617067","T","C","T","C",-0.04267244,-0.017671931,0.2201,0.058909928,false,false,false,"ebi-eas-GCST90018603",null,0.69707227,0.045396962,"Chronic sinusitis || id:ebi-eas-GCST90018603",true,"MedicineITLab","enigma3-withglobal-lateraloccipital-thickavg",1,54611295,0.009482764,{"v":8.14e-6,"d":"8.14E-06"},32374,"wTHICK_Mean_lateraloccipital_thickavg || id:enigma3-withglobal-lateraloccipital-thickavg",true,"reported","MedicineITLab",2,true,0.00062515,32374,true,{"v":8.3e-5,"d":"8.30E-05"},null,0.00062515,20.25,25.26983511,20.25]
["rs12285584","T","C","T","C",0.036189838,-0.00020897,0.3627,0.365243,false,false,false,"ukb-b-69",null,0.22,0.00017127,"Non-cancer illness code, self-reported: chronic sinusitis || id:ukb-b-69",true,"igd","enigma3-withglobal-lateraloccipital-thickavg",11,88935088,0.008171899,{"v":9.27e-6,"d":"9.27E-06"},32374,"wTHICK_Mean_lateraloccipital_thickavg || id:enigma3-withglobal-lateraloccipital-thickavg",true,"reported","MedicineITLab",2,true,0.000605473,32374,true,{"v":7.22e-5,"d":"7.22E-05"},null,0.000605473,19.6122449,25.26983511,19.6122449]
["rs4381813","A","C","A","C",0.039261684,-0.000134439,0.3945,0.39815,false,false,false,"ukb-b-69",null,0.42,0.000167978,"Non-cancer illness code, self-reported: chronic sinusitis || id:ukb-b-69",true,"igd","enigma3-withglobal-lateraloccipital-thickavg",2,57417783,0.008083288,{"v":1.38e-6,"d":"1.38E-06"},32014,"wTHICK_Mean_lateraloccipital_thickavg || id:enigma3-withglobal-lateraloccipital-thickavg",true,"reported","MedicineITLab",2,true,0.000736426,32014,true,{"v":7.01e-6,"d":"7.01E-06"},null,0.000736426,23.59183673,25.26983511,23.59183673]
["rs5747112","A","G","A","G",-0.039398278,{"v":8.86e-5,"d":"8.86E-05"},0.4622,0.455136,false,false,false,"ukb-b-69",null,0.59,0.000165028,"Non-cancer illness code, self-reported: chronic sinusitis || id:ukb-b-69",true,"igd","enigma3-withglobal-lateraloccipital-thickavg",22,17891554,0.007879656,{"v":4.73e-7,"d":"4.73E-07"},32374,"wTHICK_Mean_lateraloccipital_thickavg || id:enigma3-withglobal-lateraloccipital-thickavg",true,"reported","MedicineITLab",2,true,0.000771676,32374,true,{"v":2.65e-6,"d":"2.65E-06"},null,0.000771676,25,25.26983511,25]
["rs11144180","C","G","C","G",-0.079253058,0.000398902,0.9482,0.961601,false,true,false,"ukb-d-J32",null,0.264847,0.000357757,"Diagnoses - main ICD10: J32 Chronic sinusitis || id:ukb-d-J32",true,"igd","enigma3-withglobal-lateraloccipital-thickavg",9,77608459,0.017727658,{"v":5.91e-6,"d":"5.91E-06"},32374,"wTHICK_Mean_lateraloccipital_thickavg || id:enigma3-withglobal-lateraloccipital-thickavg",true,"reported","MedicineITLab",2,true,0.000617009,32374,true,{"v":7.42e-5,"d":"7.42E-05"},null,0.000617009,19.98615917,25.26983511,19.98615917]
["rs1411164","A","C","A","C",0.088280257,{"v":-6.1e-5,"d":"-6.10E-05"},0.9311,0.9338532,false,false,false,"ukb-d-J32",null,0.825766,0.00027701,"Diagnoses - main ICD10: J32 Chronic sinusitis || id:ukb-d-J32",true,"igd","enigma3-withglobal-lateraloccipital-thickavg",9,73655072,0.015508694,{"v":2.53e-8,"d":"2.53E-08"},32374,"wTHICK_Mean_lateraloccipital_thickavg || id:enigma3-withglobal-lateraloccipital-thickavg",true,"reported","MedicineITLab",2,true,0.000999937,32374,true,{"v":7.08e-8,"d":"7.08E-08"},null,0.000999937,32.40236686,25.26983511,32.40236686]
["rs28535450","A","C","A","C",-0.041914658,-0.000261427,0.2832,0.24142,false,false,false,"ukb-d-J32",null,0.113983,0.000165403,"Diagnoses - main ICD10: J32 Chronic sinusitis || id:ukb-d-J32",true,"igd","enigma3-withglobal-lateraloccipital-thickavg",3,39762206,0.009200779,{"v":9.02e-6,"d":"9.02E-06"},29077,"wTHICK_Mean_lateraloccipital_thickavg || id:enigma3-withglobal-lateraloccipital-thickavg",true,"reported","MedicineITLab",2,true,0.000713269,29077,true,{"v":7.8e-5,"d":"7.80E-05"},null,0.000713269,20.75308642,25.26983511,20.75308642]
["rs595789","T","C","T","C",0.038290983,0.000229045,0.5407,0.532336,false,false,false,"ukb-d-J32",null,0.0966207,0.000137857,"Diagnoses - main ICD10: J32 Chronic sinusitis || id:ukb-d-J32",true,"igd","enigma3-withglobal-lateraloccipital-thickavg",2,141066069,0.007883438,{"v":8.42e-7,"d":"8.42E-07"},32374,"wTHICK_Mean_lateraloccipital_thickavg || id:enigma3-withglobal-lateraloccipital-thickavg",true,"reported","MedicineITLab",2,true,0.000728242,32374,true,{"v":2.97e-5,"d":"2.97E-05"},null,0.000728242,23.59183673,25.26983511,23.59183673]
["rs62200349","A","G","A","G",0.051674566,0.000258713,0.7926,0.789112,false,false,false,"ukb-d-J32",null,0.125025,0.00016865,"Diagnoses - main ICD10: J32 Chronic sinusitis || id:ukb-d-J32",true,"igd","enigma3-withglobal-lateraloccipital-thickavg",20,16969960,0.009688981,{"v":2.1e-8,"d":"2.10E-08"},32374,"wTHICK_Mean_lateraloccipital_thickavg || id:enigma3-withglobal-lateraloccipital-thickavg",true,"reported","MedicineITLab",2,true,0.000877903,32374,true,{"v":3.03e-6,"d":"3.03E-06"},null,0.000877903,28.44444444,25.26983511,28.44444444]
["rs11144180","C","G","C","G",-0.079253058,-0.0055,0.9482,0.962,false,true,false,"ukb-saige-471",null,0.93,0.065,"Nasal polyps || id:ukb-saige-471",true,"MedicineITLab","enigma3-withglobal-lateraloccipital-thickavg",9,77608459,0.017727658,{"v":5.91e-6,"d":"5.91E-06"},32374,"wTHICK_Mean_lateraloccipital_thickavg || id:enigma3-withglobal-lateraloccipital-thickavg",true,"reported","MedicineITLab",2,true,0.000617009,32374,true,{"v":1.92e-5,"d":"1.92E-05"},null,0.000617009,19.98615917,25.26983511,19.98615917]
["rs245105","T","C","T","C",-0.050311227,0.05,0.7512,0.76,false,false,false,"ukb-saige-471",null,0.089,0.029,"Nasal polyps || id:ukb-saige-471",true,"MedicineITLab","enigma3-withglobal-lateraloccipital-thickavg",5,79928518,0.009147496,{"v":3.94e-8,"d":"3.94E-08"},31943,"wTHICK_Mean_lateraloccipital_thickavg || id:enigma3-withglobal-lateraloccipital-thickavg",true,"reported","MedicineITLab",2,true,0.000946163,31943,true,{"v":1.46e-6,"d":"1.46E-06"},null,0.000946163,30.25,25.26983511,30.25]
["rs4102418","A","G","A","G",0.041248539,0.034,0.2178,0.22,false,false,false,"ukb-saige-471",null,0.26,0.03,"Nasal polyps || id:ukb-saige-471",true,"MedicineITLab","enigma3-withglobal-lateraloccipital-thickavg",3,76964732,0.009518894,{"v":5.2e-6,"d":"5.20E-06"},32374,"wTHICK_Mean_lateraloccipital_thickavg || id:enigma3-withglobal-lateraloccipital-thickavg",true,"reported","MedicineITLab",2,true,0.000579726,32374,true,0.000116991,null,0.000579726,18.77777778,25.26983511,18.77777778]
["rs61966043","A","G","A","G",-0.074579247,0.043,0.0573,0.045,false,false,false,"ukb-saige-471",null,0.47,0.061,"Nasal polyps || id:ukb-saige-471",true,"MedicineITLab","enigma3-withglobal-lateraloccipital-thickavg",13,103490852,0.016904629,{"v":5.61e-6,"d":"5.61E-06"},32374,"wTHICK_Mean_lateraloccipital_thickavg || id:enigma3-withglobal-lateraloccipital-thickavg",true,"reported","MedicineITLab",2,true,0.000600889,32374,true,{"v":5.21e-5,"d":"5.21E-05"},null,0.000600889,19.46366782,25.26983511,19.46366782]
["rs10826995","T","C","T","C",0.040319046,-0.087010107,0.7146,0.997698535,false,false,false,"ebi-eas-GCST90018603",null,0.708127708,0.232416286,"Chronic sinusitis || id:ebi-eas-GCST90018603",true,"MedicineITLab","enigma3-withglobal-lateralorbitofrontal-surfavg",10,32082658,0.008651331,{"v":3.16e-6,"d":"3.16E-06"},32736,"wSA_Mean_lateralorbitofrontal_surfavg || id:enigma3-withglobal-lateralorbitofrontal-surfavg",true,"reported","MedicineITLab",2,true,0.000663082,32736,true,{"v":4.45e-5,"d":"4.45E-05"},null,0.000663082,21.71973975,25.26983511,21.71973975]
["rs11734019","T","C","T","C",0.036895676,0.013771369,0.4992,0.359019254,false,false,false,"ebi-eas-GCST90018603",null,0.535387995,0.022218973,"Chronic sinusitis || id:ebi-eas-GCST90018603",true,"MedicineITLab","enigma3-withglobal-lateralorbitofrontal-surfavg",4,48585325,0.007813906,{"v":2.34e-6,"d":"2.34E-06"},32736,"wSA_Mean_lateralorbitofrontal_surfavg || id:enigma3-withglobal-lateralorbitofrontal-surfavg",true,"reported","MedicineITLab",2,true,0.000680644,32736,true,{"v":5.42e-5,"d":"5.42E-05"},null,0.000680644,22.29536673,25.26983511,22.29536673]
["rs134594","T","C","T","C",-0.037931275,-0.005658165,0.6551,0.665053151,false,false,false,"ebi-eas-GCST90018603",null,0.801602837,0.022517973,"Chronic sinusitis || id:ebi-eas-GCST90018603",true,"MedicineITLab","enigma3-withglobal-lateralorbitofrontal-surfavg",22,29468456,0.008243682,{"v":4.2e-6,"d":"4.20E-06"},32544,"wSA_Mean_lateralorbitofrontal_surfavg || id:enigma3-withglobal-lateralorbitofrontal-surfavg",true,"reported","MedicineITLab",2,true,0.000650168,32544,true,{"v":4.45e-5,"d":"4.45E-05"},null,0.000650168,21.17153605,25.26983511,21.17153605]
["rs1822951","A","G","A","G",-0.044128358,-0.017032705,0.6267,0.350967028,false,false,false,"ebi-eas-GCST90018603",null,0.562575682,0.029416437,"Chronic sinusitis || id:ebi-eas-GCST90018603",true,"MedicineITLab","enigma3-withglobal-lateralorbitofrontal-surfavg",8,8975103,0.008076602,{"v":4.66e-8,"d":"4.66E-08"},32736,"wSA_Mean_lateralorbitofrontal_surfavg || id:enigma3-withglobal-lateralorbitofrontal-surfavg",true,"reported","MedicineITLab",2,true,0.000911136,32736,true,{"v":2.26e-6,"d":"2.26E-06"},null,0.000911136,29.85232644,25.26983511,29.85232644]
["rs344139","T","C","T","C",-0.035209729,-0.037882668,0.4848,0.774498853,false,false,false,"ebi-eas-GCST90018603",null,0.137853419,0.02553029,"Chronic sinusitis || id:ebi-eas-GCST90018603",true,"MedicineITLab","enigma3-withglobal-lateralorbitofrontal-surfavg",4,77659090,0.007863889,{"v":7.56e-6,"d":"7.56E-06"},32353,"wSA_Mean_lateralorbitofrontal_surfavg || id:enigma3-withglobal-lateralorbitofrontal-surfavg",true,"reported","MedicineITLab",2,true,0.00061929,32353,true,0.000534987,null,0.00061929,20.04705445,25.26983511,20.04705445]
["rs67616210","A","G","A","G",-0.043236095,-0.035482196,0.3274,0.050618184,false,false,false,"ebi-eas-GCST90018603",null,0.471642578,0.049293901,"Chronic sinusitis || id:ebi-eas-GCST90018603",true,"MedicineITLab","enigma3-withglobal-lateralorbitofrontal-surfavg",5,122182265,0.008325088,{"v":2.06e-7,"d":"2.06E-07"},32736,"wSA_Mean_lateralorbitofrontal_surfavg || id:enigma3-withglobal-lateralorbitofrontal-surfavg",true,"reported","MedicineITLab",2,true,0.000823301,32736,true,{"v":9.69e-6,"d":"9.69E-06"},null,0.000823301,26.97212944,25.26983511,26.97212944]
["rs75591480","A","G","A","G",0.038938471,-0.028177211,0.6423,0.442961995,false,false,false,"ebi-eas-GCST90018603",null,0.191084446,0.021552463,"Chronic sinusitis || id:ebi-eas-GCST90018603",true,"MedicineITLab","enigma3-withglobal-lateralorbitofrontal-surfavg",2,32552611,0.008150902,{"v":1.78e-6,"d":"1.78E-06"},32736,"wSA_Mean_lateralorbitofrontal_surfavg || id:enigma3-withglobal-lateralorbitofrontal-surfavg",true,"reported","MedicineITLab",2,true,0.000696698,32736,true,0.000143875,null,0.000696698,22.82161599,25.26983511,22.82161599]
["rs10916258","A","C","A","C",0.04978383,-0.0182083,0.1968,0.257553,false,false,false,"finngen_R10_J10_CHRONSINUSITIS",228032181,0.145062,0.0124954,"outcome",true,"textfile","enigma3-withglobal-lateralorbitofrontal-surfavg",1,228219882,0.009842569,{"v":4.24e-7,"d":"4.24E-07"},32628,"wSA_Mean_lateralorbitofrontal_surfavg || id:enigma3-withglobal-lateralorbitofrontal-surfavg",true,"reported","MedicineITLab",2,true,0.00078353,32628,true,null,false,0.00078353,25.58348205,25.26983511,25.58348205]
["rs12652639","T","C","T","C",0.039339458,-0.0122269,0.5537,0.615357,false,false,false,"finngen_R10_J10_CHRONSINUSITIS",31203910,0.275341,0.0112087,"outcome",true,"textfile","enigma3-withglobal-lateralorbitofrontal-surfavg",5,31204017,0.007905408,{"v":6.48e-7,"d":"6.48E-07"},32353,"wSA_Mean_lateralorbitofrontal_surfavg || id:enigma3-withglobal-lateralorbitofrontal-surfavg",true,"reported","MedicineITLab",2,true,0.000764871,32353,true,null,false,0.000764871,24.76327971,25.26983511,24.76327971]
["rs175098","C","G","C","G",-0.047425185,-0.00656642,0.8127,0.857498,false,true,false,"finngen_R10_J10_CHRONSINUSITIS",61040234,0.674045,0.0156119,"outcome",true,"textfile","enigma3-withglobal-lateralorbitofrontal-surfavg",11,60807706,0.010013887,{"v":2.18e-6,"d":"2.18E-06"},32736,"wSA_Mean_lateralorbitofrontal_surfavg || id:enigma3-withglobal-lateralorbitofrontal-surfavg",true,"reported","MedicineITLab",2,true,0.000684725,32736,true,null,false,0.000684725,22.42914149,25.26983511,22.42914149]
["rs2863004","T","C","T","C",-0.047595287,-0.0389208,0.8359,0.902704,false,false,false,"finngen_R10_J10_CHRONSINUSITIS",177486162,0.035827,0.0185435,"outcome",true,"textfile","enigma3-withglobal-lateralorbitofrontal-surfavg",3,177203950,0.010775062,{"v":1e-5,"d":"1.00E-05"},31378,"wSA_Mean_lateralorbitofrontal_surfavg || id:enigma3-withglobal-lateralorbitofrontal-surfavg",true,"reported","MedicineITLab",2,true,0.000621471,31378,true,null,false,0.000621471,19.51139676,25.26983511,19.51139676]
["rs324768","A","G","A","G",-0.036905453,0.00189779,0.6131,0.572271,false,false,false,"finngen_R10_J10_CHRONSINUSITIS",83575321,0.863496,0.0110384,"outcome",true,"textfile","enigma3-withglobal-lateralorbitofrontal-surfavg",12,83969100,0.008021952,{"v":4.21e-6,"d":"4.21E-06"},32736,"wSA_Mean_lateralorbitofrontal_surfavg || id:enigma3-withglobal-lateralorbitofrontal-surfavg",true,"reported","MedicineITLab",2,true,0.000646162,32736,true,null,false,0.000646162,21.16512923,25.26983511,21.16512923]
["rs4897178","T","G","T","G",-0.068532204,0.00883878,0.5579,0.558767,false,false,false,"finngen_R10_J10_CHRONSINUSITIS",126406762,0.420695,0.0109769,"outcome",true,"textfile","enigma3-withglobal-lateralorbitofrontal-surfavg",6,126727908,0.0079396,{"v":6.03e-18,"d":"6.03E-18"},32086,"wSA_Mean_lateralorbitofrontal_surfavg || id:enigma3-withglobal-lateralorbitofrontal-surfavg",true,"reported","MedicineITLab",2,true,0.002316841,32086,true,null,false,0.002316841,74.50615148,25.26983511,74.50615148]
["rs6949868","A","C","A","C",-0.045632308,0.0130043,0.7667,0.784419,false,false,false,"finngen_R10_J10_CHRONSINUSITIS",101417090,0.32828,0.0133024,"outcome",true,"textfile","enigma3-withglobal-lateralorbitofrontal-surfavg",7,101060371,0.009237481,{"v":7.81e-7,"d":"7.81E-07"},32736,"wSA_Mean_lateralorbitofrontal_surfavg || id:enigma3-withglobal-lateralorbitofrontal-surfavg",true,"reported","MedicineITLab",2,true,0.000744929,32736,true,null,false,0.000744929,24.40269497,25.26983511,24.40269497]
["rs72979537","T","C","T","C",0.121403218,0.0401762,0.0268,0.018061,false,false,false,"finngen_R10_J10_CHRONSINUSITIS",234570581,0.327903,0.0410654,"outcome",true,"textfile","enigma3-withglobal-lateralorbitofrontal-surfavg",2,235479225,0.025829158,{"v":2.6e-6,"d":"2.60E-06"},28715,"wSA_Mean_lateralorbitofrontal_surfavg || id:enigma3-withglobal-lateralorbitofrontal-surfavg",true,"reported","MedicineITLab",2,true,0.000768825,28715,true,null,false,0.000768825,22.09224669,25.26983511,22.09224669]
["rs77692431","A","G","A","G",0.075244715,0.0112021,0.9166,0.873991,false,false,false,"finngen_R10_J10_CHRONSINUSITIS",19799337,0.49491,0.0164128,"outcome",true,"textfile","enigma3-withglobal-lateralorbitofrontal-surfavg",11,19820883,0.014223372,{"v":1.22e-7,"d":"1.22E-07"},32305,"wSA_Mean_lateralorbitofrontal_surfavg || id:enigma3-withglobal-lateralorbitofrontal-surfavg",true,"reported","MedicineITLab",2,true,0.000865621,32305,true,null,false,0.000865621,27.98638829,25.26983511,27.98638829]
["rs10916258","A","C","A","C",0.04978383,-0.000193333,0.1968,0.194407,false,false,false,"ukb-b-69",null,0.35,0.000207909,"Non-cancer illness code, self-reported: chronic sinusitis || id:ukb-b-69",true,"igd","enigma3-withglobal-lateralorbitofrontal-surfavg",1,228219882,0.009842569,{"v":4.24e-7,"d":"4.24E-07"},32628,"wSA_Mean_lateralorbitofrontal_surfavg || id:enigma3-withglobal-lateralorbitofrontal-surfavg",true,"reported","MedicineITLab",2,true,0.00078353,32628,true,{"v":3.33e-6,"d":"3.33E-06"},null,0.00078353,25.58348205,25.26983511,25.58348205]
["rs11012730","A","G","A","G",-0.041470756,0.000123691,0.3675,0.351817,false,false,false,"ukb-b-69",null,0.47,0.000172029,"Non-cancer illness code, self-reported: chronic sinusitis || id:ukb-b-69",true,"igd","enigma3-withglobal-lateralorbitofrontal-surfavg",10,21811487,0.008103131,{"v":3.09e-7,"d":"3.09E-07"},32736,"wSA_Mean_lateralorbitofrontal_surfavg || id:enigma3-withglobal-lateralorbitofrontal-surfavg",true,"reported","MedicineITLab",2,true,0.000799525,32736,true,{"v":1.93e-6,"d":"1.93E-06"},null,0.000799525,26.19257677,25.26983511,26.19257677]
["rs1822951","A","G","A","G",-0.044128358,-0.000239031,0.6267,0.620599,false,false,false,"ukb-b-69",null,0.16,0.000168884,"Non-cancer illness code, self-reported: chronic sinusitis || id:ukb-b-69",true,"igd","enigma3-withglobal-lateralorbitofrontal-surfavg",8,8975103,0.008076602,{"v":4.66e-8,"d":"4.66E-08"},32736,"wSA_Mean_lateralorbitofrontal_surfavg || id:enigma3-withglobal-lateralorbitofrontal-surfavg",true,"reported","MedicineITLab",2,true,0.000911136,32736,true,{"v":8.85e-7,"d":"8.85E-07"},null,0.000911136,29.85232644,25.26983511,29.85232644]
["rs2532665","A","G","A","G",0.035757125,{"v":-2.7e-5,"d":"-2.70E-05"},0.5801,0.590647,false,false,false,"ukb-b-69",null,0.87,0.000167688,"Non-cancer illness code, self-reported: chronic sinusitis || id:ukb-b-69",true,"igd","enigma3-withglobal-lateralorbitofrontal-surfavg",10,119328528,0.007916365,{"v":6.28e-6,"d":"6.28E-06"},32736,"wSA_Mean_lateralorbitofrontal_surfavg || id:enigma3-withglobal-lateralorbitofrontal-surfavg",true,"reported","MedicineITLab",2,true,0.000622879,32736,true,{"v":1.54e-5,"d":"1.54E-05"},null,0.000622879,20.40204061,25.26983511,20.40204061]
["rs4721802","A","G","A","G",-0.065419915,{"v":9.95e-5,"d":"9.95E-05"},0.6599,0.661073,false,false,false,"ukb-b-69",null,0.57,0.000173857,"Non-cancer illness code, self-reported: chronic sinusitis || id:ukb-b-69",true,"igd","enigma3-withglobal-lateralorbitofrontal-surfavg",7,19626622,0.008241866,{"v":2.06e-15,"d":"2.06E-15"},32736,"wSA_Mean_lateralorbitofrontal_surfavg || id:enigma3-withglobal-lateralorbitofrontal-surfavg",true,"reported","MedicineITLab",2,true,0.001921032,32736,true,{"v":5.43e-14,"d":"5.43E-14"},null,0.001921032,63.00410908,25.26983511,63.00410908]
["rs7252428","C","G","C","G",0.049099351,0.000132617,0.2654,0.262463,false,true,false,"ukb-b-69",null,0.48,0.0001883,"Non-cancer illness code, self-reported: chronic sinusitis || id:ukb-b-69",true,"igd","enigma3-withglobal-lateralorbitofrontal-surfavg",19,1030650,0.009458745,{"v":2.09e-7,"d":"2.09E-07"},28640,"wSA_Mean_lateralorbitofrontal_surfavg || id:enigma3-withglobal-lateralorbitofrontal-surfavg",true,"reported","MedicineITLab",2,true,0.000940012,28640,true,{"v":1.14e-6,"d":"1.14E-06"},null,0.000940012,26.94538921,25.26983511,26.94538921]
["rs75591480","A","G","A","G",0.038938471,{"v":-5.05e-5,"d":"-5.05E-05"},0.6423,0.650585,false,false,false,"ukb-b-69",null,0.77,0.000172064,"Non-cancer illness code, self-reported: chronic sinusitis || id:ukb-b-69",true,"igd","enigma3-withglobal-lateralorbitofrontal-surfavg",2,32552611,0.008150902,{"v":1.78e-6,"d":"1.78E-06"},32736,"wSA_Mean_lateralorbitofrontal_surfavg || id:enigma3-withglobal-lateralorbitofrontal-surfavg",true,"reported","MedicineITLab",2,true,0.000696698,32736,true,{"v":5.6e-6,"d":"5.60E-06"},null,0.000696698,22.82161599,25.26983511,22.82161599]
["rs10916258","A","C","A","C",0.04978383,{"v":-7.84e-7,"d":"-7.84E-07"},0.1968,0.194415,false,false,false,"ukb-d-J32",null,0.996421,0.000174744,"Diagnoses - main ICD10: J32 Chronic sinusitis || id:ukb-d-J32",true,"igd","enigma3-withglobal-lateralorbitofrontal-surfavg",1,228219882,0.009842569,{"v":4.24e-7,"d":"4.24E-07"},32628,"wSA_Mean_lateralorbitofrontal_surfavg || id:enigma3-withglobal-lateralorbitofrontal-surfavg",true,"reported","MedicineITLab",2,true,0.00078353,32628,true,{"v":1.29e-6,"d":"1.29E-06"},null,0.00078353,25.58348205,25.26983511,25.58348205]
["rs12652639","T","C","T","C",0.039339458,{"v":-8e-5,"d":"-8.00E-05"},0.5537,0.547127,false,false,false,"ukb-d-J32",null,0.564529,0.000138824,"Diagnoses - main ICD10: J32 Chronic sinusitis || id:ukb-d-J32",true,"igd","enigma3-withglobal-lateralorbitofrontal-surfavg",5,31204017,0.007905408,{"v":6.48e-7,"d":"6.48E-07"},32353,"wSA_Mean_lateralorbitofrontal_surfavg || id:enigma3-withglobal-lateralorbitofrontal-surfavg",true,"reported","MedicineITLab",2,true,0.000764871,32353,true,{"v":4.19e-6,"d":"4.19E-06"},null,0.000764871,24.76327971,25.26983511,24.76327971]
["rs13208234","A","G","A","G",-0.044380907,{"v":6.06e-5,"d":"6.06E-05"},0.6316,0.635549,false,false,false,"ukb-d-J32",null,0.67112,0.000142805,"Diagnoses - main ICD10: J32 Chronic sinusitis || id:ukb-d-J32",true,"igd","enigma3-withglobal-lateralorbitofrontal-surfavg",6,7119134,0.008098516,{"v":4.25e-8,"d":"4.25E-08"},32736,"wSA_Mean_lateralorbitofrontal_surfavg || id:enigma3-withglobal-lateralorbitofrontal-surfavg",true,"reported","MedicineITLab",2,true,0.000916609,32736,true,{"v":2.99e-7,"d":"2.99E-07"},null,0.000916609,30.03180368,25.26983511,30.03180368]
["rs2532665","A","G","A","G",0.035757125,0.000189127,0.5801,0.591728,false,false,false,"ukb-d-J32",null,0.179664,0.000140951,"Diagnoses - main ICD10: J32 Chronic sinusitis || id:ukb-d-J32",true,"igd","enigma3-withglobal-lateralorbitofrontal-surfavg",10,119328528,0.007916365,{"v":6.28e-6,"d":"6.28E-06"},32736,"wSA_Mean_lateralorbitofrontal_surfavg || id:enigma3-withglobal-lateralorbitofrontal-surfavg",true,"reported","MedicineITLab",2,true,0.000622879,32736,true,{"v":8.22e-5,"d":"8.22E-05"},null,0.000622879,20.40204061,25.26983511,20.40204061]
["rs317518","T","C","T","C",0.038061221,{"v":6.58e-5,"d":"6.58E-05"},0.6173,0.617709,false,false,false,"ukb-d-J32",null,0.641698,0.000141336,"Diagnoses - main ICD10: J32 Chronic sinusitis || id:ukb-d-J32",true,"igd","enigma3-withglobal-lateralorbitofrontal-surfavg",11,110890363,0.008038211,{"v":2.19e-6,"d":"2.19E-06"},32736,"wSA_Mean_lateralorbitofrontal_surfavg || id:enigma3-withglobal-lateralorbitofrontal-surfavg",true,"reported","MedicineITLab",2,true,0.000684463,32736,true,{"v":1.09e-5,"d":"1.09E-05"},null,0.000684463,22.42056723,25.26983511,22.42056723]
["rs4897178","T","G","T","G",-0.068532204,{"v":-5.67e-5,"d":"-5.67E-05"},0.5579,0.544802,false,false,false,"ukb-d-J32",null,0.681478,0.000138164,"Diagnoses - main ICD10: J32 Chronic sinusitis || id:ukb-d-J32",true,"igd","enigma3-withglobal-lateralorbitofrontal-surfavg",6,126727908,0.0079396,{"v":6.03e-18,"d":"6.03E-18"},32086,"wSA_Mean_lateralorbitofrontal_surfavg || id:enigma3-withglobal-lateralorbitofrontal-surfavg",true,"reported","MedicineITLab",2,true,0.002316841,32086,true,{"v":3.59e-16,"d":"3.59E-16"},null,0.002316841,74.50615148,25.26983511,74.50615148]
["rs6949868","A","C","A","C",-0.045632308,-0.000379019,0.7667,0.767677,false,false,false,"ukb-d-J32",null,0.0200396,0.000162976,"Diagnoses - main ICD10: J32 Chronic sinusitis || id:ukb-d-J32",true,"igd","enigma3-withglobal-lateralorbitofrontal-surfavg",7,101060371,0.009237481,{"v":7.81e-7,"d":"7.81E-07"},32736,"wSA_Mean_lateralorbitofrontal_surfavg || id:enigma3-withglobal-lateralorbitofrontal-surfavg",true,"reported","MedicineITLab",2,true,0.000744929,32736,true,{"v":4.92e-5,"d":"4.92E-05"},null,0.000744929,24.40269497,25.26983511,24.40269497]
["rs75588790","C","G","C","G",0.076151234,0.000559209,0.9194,0.9143064,false,true,false,"ukb-d-J32",null,0.0225715,0.0002452,"Diagnoses - main ICD10: J32 Chronic sinusitis || id:ukb-d-J32",true,"igd","enigma3-withglobal-lateralorbitofrontal-surfavg",2,199739974,0.017023375,{"v":7.7e-6,"d":"7.70E-06"},23265,"wSA_Mean_lateralorbitofrontal_surfavg || id:enigma3-withglobal-lateralorbitofrontal-surfavg",true,"reported","MedicineITLab",2,true,0.000859456,23265,true,0.000160531,null,0.000859456,20.01071295,25.26983511,20.01071295]
["rs7745766","A","C","A","C",-0.049815938,-0.000477273,0.8221,0.830867,false,false,false,"ukb-d-J32",null,0.00969617,0.000184525,"Diagnoses - main ICD10: J32 Chronic sinusitis || id:ukb-d-J32",true,"igd","enigma3-withglobal-lateralorbitofrontal-surfavg",6,170528518,0.010807777,{"v":4.04e-6,"d":"4.04E-06"},29249,"wSA_Mean_lateralorbitofrontal_surfavg || id:enigma3-withglobal-lateralorbitofrontal-surfavg",true,"reported","MedicineITLab",2,true,0.000725884,29249,true,0.000195491,null,0.000725884,21.24535062,25.26983511,21.24535062]
["rs10826995","T","C","T","C",0.040319046,-0.037,0.7146,0.71,false,false,false,"ukb-saige-471",null,0.18,0.028,"Nasal polyps || id:ukb-saige-471",true,"MedicineITLab","enigma3-withglobal-lateralorbitofrontal-surfavg",10,32082658,0.008651331,{"v":3.16e-6,"d":"3.16E-06"},32736,"wSA_Mean_lateralorbitofrontal_surfavg || id:enigma3-withglobal-lateralorbitofrontal-surfavg",true,"reported","MedicineITLab",2,true,0.000663082,32736,true,{"v":3.94e-5,"d":"3.94E-05"},null,0.000663082,21.71973975,25.26983511,21.71973975]
["rs10916258","A","C","A","C",0.04978383,0.019,0.1968,0.19,false,false,false,"ukb-saige-471",null,0.55,0.032,"Nasal polyps || id:ukb-saige-471",true,"MedicineITLab","enigma3-withglobal-lateralorbitofrontal-surfavg",1,228219882,0.009842569,{"v":4.24e-7,"d":"4.24E-07"},32628,"wSA_Mean_lateralorbitofrontal_surfavg || id:enigma3-withglobal-lateralorbitofrontal-surfavg",true,"reported","MedicineITLab",2,true,0.00078353,32628,true,{"v":2.66e-6,"d":"2.66E-06"},null,0.00078353,25.58348205,25.26983511,25.58348205]
["rs134594","T","C","T","C",-0.037931275,0.014,0.6551,0.65,false,false,false,"ukb-saige-471",null,0.6,0.026,"Nasal polyps || id:ukb-saige-471",true,"MedicineITLab","enigma3-withglobal-lateralorbitofrontal-surfavg",22,29468456,0.008243682,{"v":4.2e-6,"d":"4.20E-06"},32544,"wSA_Mean_lateralorbitofrontal_surfavg || id:enigma3-withglobal-lateralorbitofrontal-surfavg",true,"reported","MedicineITLab",2,true,0.000650168,32544,true,{"v":1.93e-5,"d":"1.93E-05"},null,0.000650168,21.17153605,25.26983511,21.17153605]
["rs1822951","A","G","A","G",-0.044128358,-0.039,0.6267,0.62,false,false,false,"ukb-saige-471",null,0.13,0.026,"Nasal polyps || id:ukb-saige-471",true,"MedicineITLab","enigma3-withglobal-lateralorbitofrontal-surfavg",8,8975103,0.008076602,{"v":4.66e-8,"d":"4.66E-08"},32736,"wSA_Mean_lateralorbitofrontal_surfavg || id:enigma3-withglobal-lateralorbitofrontal-surfavg",true,"reported","MedicineITLab",2,true,0.000911136,32736,true,{"v":1.34e-6,"d":"1.34E-06"},null,0.000911136,29.85232644,25.26983511,29.85232644]
["rs324768","A","G","A","G",-0.036905453,0.017,0.6131,0.62,false,false,false,"ukb-saige-471",null,0.51,0.026,"Nasal polyps || id:ukb-saige-471",true,"MedicineITLab","enigma3-withglobal-lateralorbitofrontal-surfavg",12,83969100,0.008021952,{"v":4.21e-6,"d":"4.21E-06"},32736,"wSA_Mean_lateralorbitofrontal_surfavg || id:enigma3-withglobal-lateralorbitofrontal-surfavg",true,"reported","MedicineITLab",2,true,0.000646162,32736,true,{"v":2.25e-5,"d":"2.25E-05"},null,0.000646162,21.16512923,25.26983511,21.16512923]
["rs6729276","A","G","A","G",0.03999631,-0.036,0.3933,0.39,false,false,false,"ukb-saige-471",null,0.16,0.026,"Nasal polyps || id:ukb-saige-471",true,"MedicineITLab","enigma3-withglobal-lateralorbitofrontal-surfavg",2,102158070,0.007997802,{"v":5.71e-7,"d":"5.71E-07"},32736,"wSA_Mean_lateralorbitofrontal_surfavg || id:enigma3-withglobal-lateralorbitofrontal-surfavg",true,"reported","MedicineITLab",2,true,0.000763427,32736,true,{"v":9.85e-6,"d":"9.85E-06"},null,0.000763427,25.00912812,25.26983511,25.00912812]
["rs72979537","T","C","T","C",0.121403218,-0.042,0.0268,0.028,false,false,false,"ukb-saige-471",null,0.58,0.076,"Nasal polyps || id:ukb-saige-471",true,"MedicineITLab","enigma3-withglobal-lateralorbitofrontal-surfavg",2,235479225,0.025829158,{"v":2.6e-6,"d":"2.60E-06"},28715,"wSA_Mean_lateralorbitofrontal_surfavg || id:enigma3-withglobal-lateralorbitofrontal-surfavg",true,"reported","MedicineITLab",2,true,0.000768825,28715,true,{"v":1.12e-5,"d":"1.12E-05"},null,0.000768825,22.09224669,25.26983511,22.09224669]
["rs75591480","A","G","A","G",0.038938471,-0.011,0.6423,0.65,false,false,false,"ukb-saige-471",null,0.67,0.026,"Nasal polyps || id:ukb-saige-471",true,"MedicineITLab","enigma3-withglobal-lateralorbitofrontal-surfavg",2,32552611,0.008150902,{"v":1.78e-6,"d":"1.78E-06"},32736,"wSA_Mean_lateralorbitofrontal_surfavg || id:enigma3-withglobal-lateralorbitofrontal-surfavg",true,"reported","MedicineITLab",2,true,0.000696698,32736,true,{"v":7.74e-6,"d":"7.74E-06"},null,0.000696698,22.82161599,25.26983511,22.82161599]
["rs79487293","T","C","T","C",-0.046499497,-0.011,0.3185,0.33,false,false,false,"ukb-saige-471",null,0.69,0.027,"Nasal polyps || id:ukb-saige-471",true,"MedicineITLab","enigma3-withglobal-lateralorbitofrontal-surfavg",12,65905126,0.00851658,{"v":4.77e-8,"d":"4.77E-08"},31731,"wSA_Mean_lateralorbitofrontal_surfavg || id:enigma3-withglobal-lateralorbitofrontal-surfavg",true,"reported","MedicineITLab",2,true,0.000938646,31731,true,{"v":2.75e-7,"d":"2.75E-07"},null,0.000938646,29.81027864,25.26983511,29.81027864]
["rs961038","A","C","A","C",0.055552071,0.0013,0.8736,0.89,false,false,false,"ukb-saige-471",null,0.97,0.04,"Nasal polyps || id:ukb-saige-471",true,"MedicineITLab","enigma3-withglobal-lateralorbitofrontal-surfavg",12,19175241,0.011684881,{"v":1.99e-6,"d":"1.99E-06"},33143,"wSA_Mean_lateralorbitofrontal_surfavg || id:enigma3-withglobal-lateralorbitofrontal-surfavg",true,"reported","MedicineITLab",2,true,0.000681538,33143,true,{"v":5.21e-6,"d":"5.21E-06"},null,0.000681538,22.60226176,25.26983511,22.60226176]
["rs10832960","A","G","A","G",0.036007687,0.000172364,0.533,0.539716,false,false,false,"ukb-b-69",null,0.29,0.000164491,"Non-cancer illness code, self-reported: chronic sinusitis || id:ukb-b-69",true,"igd","enigma3-withglobal-lateralorbitofrontal-thickavg",11,18651952,0.007904126,{"v":3.82e-6,"d":"3.82E-06"},32134,"wTHICK_Mean_lateralorbitofrontal_thickavg || id:enigma3-withglobal-lateralorbitofrontal-thickavg",true,"reported","MedicineITLab",2,true,0.000645453,32134,true,{"v":3.51e-5,"d":"3.51E-05"},null,0.000645453,20.75308642,25.26983511,20.75308642]
["rs35541336","C","G","C","G",-0.03851901,{"v":1.49e-5,"d":"1.49E-05"},0.5957,0.60299,false,true,false,"ukb-b-69",null,0.93,0.000171815,"Non-cancer illness code, self-reported: chronic sinusitis || id:ukb-b-69",true,"igd","enigma3-withglobal-lateralorbitofrontal-thickavg",4,6254698,0.008647125,{"v":6.73e-6,"d":"6.73E-06"},27747,"wTHICK_Mean_lateralorbitofrontal_thickavg || id:enigma3-withglobal-lateralorbitofrontal-thickavg",true,"reported","MedicineITLab",2,true,0.00071468,27747,true,{"v":1.67e-5,"d":"1.67E-05"},null,0.00071468,19.84297521,25.26983511,19.84297521]
["rs117932367","A","G","A","G",0.155462896,0.000921407,0.0171,0.0143524,false,false,false,"ukb-d-J32",null,0.110986,0.000578127,"Diagnoses - main ICD10: J32 Chronic sinusitis || id:ukb-d-J32",true,"igd","enigma3-withglobal-lateralorbitofrontal-thickavg",11,126407542,0.034641189,{"v":8.75e-6,"d":"8.75E-06"},24772,"wTHICK_Mean_lateralorbitofrontal_thickavg || id:enigma3-withglobal-lateralorbitofrontal-thickavg",true,"reported","MedicineITLab",2,true,0.000812436,24772,true,{"v":8.25e-5,"d":"8.25E-05"},null,0.000812436,20.14039262,25.26983511,20.14039262]
["rs62394879","A","G","A","G",0.071862633,{"v":4.18e-5,"d":"4.18E-05"},0.0949,0.0961024,false,false,false,"ukb-d-J32",null,0.862162,0.000240587,"Diagnoses - main ICD10: J32 Chronic sinusitis || id:ukb-d-J32",true,"igd","enigma3-withglobal-lateralorbitofrontal-thickavg",5,178843321,0.014372527,{"v":9.84e-7,"d":"9.84E-07"},28157,"wTHICK_Mean_lateralorbitofrontal_thickavg || id:enigma3-withglobal-lateralorbitofrontal-thickavg",true,"reported","MedicineITLab",2,true,0.000887154,28157,true,{"v":1.86e-6,"d":"1.86E-06"},null,0.000887154,25,25.26983511,25]
["rs12915264","A","G","A","G",0.100254403,-0.005,0.0454,0.046,false,false,false,"ukb-saige-471",null,0.93,0.06,"Nasal polyps || id:ukb-saige-471",true,"MedicineITLab","enigma3-withglobal-lateralorbitofrontal-thickavg",15,68794973,0.022370817,{"v":6.66e-6,"d":"6.66E-06"},23035,"wTHICK_Mean_lateralorbitofrontal_thickavg || id:enigma3-withglobal-lateralorbitofrontal-thickavg",true,"reported","MedicineITLab",2,true,0.000871193,23035,true,{"v":1.45e-5,"d":"1.45E-05"},null,0.000871193,20.08367627,25.26983511,20.08367627]
["rs17400856","A","G","A","G",-0.049655472,-0.017,0.8428,0.84,false,false,false,"ukb-saige-471",null,0.63,0.034,"Nasal polyps || id:ukb-saige-471",true,"MedicineITLab","enigma3-withglobal-lateralorbitofrontal-thickavg",10,87611314,0.010833921,{"v":6.86e-6,"d":"6.86E-06"},32134,"wTHICK_Mean_lateralorbitofrontal_thickavg || id:enigma3-withglobal-lateralorbitofrontal-thickavg",true,"reported","MedicineITLab",2,true,0.000653343,32134,true,{"v":1.96e-5,"d":"1.96E-05"},null,0.000653343,21.00694444,25.26983511,21.00694444]
["rs1078081","T","C","T","C",0.056313108,-0.046542915,0.1736,0.119177389,false,false,false,"ebi-eas-GCST90018603",null,0.170130041,0.033928698,"Chronic sinusitis || id:ebi-eas-GCST90018603",true,"MedicineITLab","enigma3-withglobal-lingual-surfavg",9,35801436,0.010393139,{"v":6.02e-8,"d":"6.02E-08"},32238,"wSA_Mean_lingual_surfavg || id:enigma3-withglobal-lingual-surfavg",true,"reported","MedicineITLab",2,true,0.00090989,32238,true,{"v":1.26e-5,"d":"1.26E-05"},null,0.00090989,29.35793526,25.26983511,29.35793526]
["rs11124514","T","C","T","C",0.038284083,-0.004356175,0.6552,0.972767485,false,false,false,"ebi-eas-GCST90018603",null,0.946874561,0.065376485,"Chronic sinusitis || id:ebi-eas-GCST90018603",true,"MedicineITLab","enigma3-withglobal-lingual-surfavg",2,36621370,0.008283235,{"v":3.8e-6,"d":"3.80E-06"},32238,"wSA_Mean_lingual_surfavg || id:enigma3-withglobal-lingual-surfavg",true,"reported","MedicineITLab",2,true,0.000662228,32238,true,{"v":2.9e-5,"d":"2.90E-05"},null,0.000662228,21.3617333,25.26983511,21.3617333]
["rs140107310","T","C","T","C",-0.151729532,-0.035351924,0.9831,0.869319238,false,false,false,"ebi-eas-GCST90018603",null,0.267166976,0.031859765,"Chronic sinusitis || id:ebi-eas-GCST90018603",true,"MedicineITLab","enigma3-withglobal-lingual-surfavg",3,35941971,0.03193134,{"v":2.02e-6,"d":"2.02E-06"},29495,"wSA_Mean_lingual_surfavg || id:enigma3-withglobal-lingual-surfavg",true,"reported","MedicineITLab",2,true,0.000764988,29495,true,{"v":8.95e-5,"d":"8.95E-05"},null,0.000764988,22.57906433,25.26983511,22.57906433]
["rs2179597","T","G","T","G",-0.036346058,-0.022108826,0.5594,0.705764451,false,false,false,"ebi-eas-GCST90018603",null,0.346187221,0.023469827,"Chronic sinusitis || id:ebi-eas-GCST90018603",true,"MedicineITLab","enigma3-withglobal-lingual-surfavg",20,50422643,0.007930298,{"v":4.58e-6,"d":"4.58E-06"},32238,"wSA_Mean_lingual_surfavg || id:enigma3-withglobal-lingual-surfavg",true,"reported","MedicineITLab",2,true,0.000651196,32238,true,0.000153843,null,0.000651196,21.00562605,25.26983511,21.00562605]
["rs4843066","T","C","T","C",0.03571658,0.017597598,0.5472,0.252665117,false,false,false,"ebi-eas-GCST90018603",null,0.472915316,0.024517941,"Chronic sinusitis || id:ebi-eas-GCST90018603",true,"MedicineITLab","enigma3-withglobal-lingual-surfavg",15,86062911,0.007954072,{"v":7.11e-6,"d":"7.11E-06"},31878,"wSA_Mean_lingual_surfavg || id:enigma3-withglobal-lingual-surfavg",true,"reported","MedicineITLab",2,true,0.000632153,31878,true,0.000145793,null,0.000632153,20.16325643,25.26983511,20.16325643]
["rs7295050","A","G","A","G",-0.040242965,-0.003468702,0.7214,0.934707444,false,false,false,"ebi-eas-GCST90018603",null,0.937793272,0.044445628,"Chronic sinusitis || id:ebi-eas-GCST90018603",true,"MedicineITLab","enigma3-withglobal-lingual-surfavg",12,130578130,0.00878202,{"v":4.6e-6,"d":"4.60E-06"},32238,"wSA_Mean_lingual_surfavg || id:enigma3-withglobal-lingual-surfavg",true,"reported","MedicineITLab",2,true,0.000650979,32238,true,{"v":3.46e-5,"d":"3.46E-05"},null,0.000650979,20.99863866,25.26983511,20.99863866]
["rs9545145","A","G","A","G",-0.044348857,0.038171961,0.4892,0.480618723,false,false,false,"ebi-eas-GCST90018603",null,0.07403235,0.021367933,"Chronic sinusitis || id:ebi-eas-GCST90018603",true,"MedicineITLab","enigma3-withglobal-lingual-surfavg",13,80173760,0.007874667,{"v":1.78e-8,"d":"1.78E-08"},32238,"wSA_Mean_lingual_surfavg || id:enigma3-withglobal-lingual-surfavg",true,"reported","MedicineITLab",2,true,0.000982952,32238,true,{"v":1.13e-5,"d":"1.13E-05"},null,0.000982952,31.71760871,25.26983511,31.71760871]
["rs1022179","A","C","A","C",-0.045893791,{"v":8.91e-5,"d":"8.91E-05"},0.8081,0.818774,false,false,false,"ukb-b-69",null,0.68,0.000214298,"Non-cancer illness code, self-reported: chronic sinusitis || id:ukb-b-69",true,"igd","enigma3-withglobal-lingual-surfavg",6,165969237,0.010039575,{"v":4.85e-6,"d":"4.85E-06"},31970,"wSA_Mean_lingual_surfavg || id:enigma3-withglobal-lingual-surfavg",true,"reported","MedicineITLab",2,true,0.000653248,31970,true,{"v":1.6e-5,"d":"1.60E-05"},null,0.000653248,20.89667613,25.26983511,20.89667613]
["rs17419290","A","G","A","G",0.045234155,0.000192256,0.5769,0.572659,false,false,false,"ukb-b-69",null,0.25,0.000165438,"Non-cancer illness code, self-reported: chronic sinusitis || id:ukb-b-69",true,"igd","enigma3-withglobal-lingual-surfavg",5,60307904,0.008012431,{"v":1.65e-8,"d":"1.65E-08"},31878,"wSA_Mean_lingual_surfavg || id:enigma3-withglobal-lingual-surfavg",true,"reported","MedicineITLab",2,true,0.000998864,31878,true,{"v":2.41e-7,"d":"2.41E-07"},null,0.000998864,31.87163616,25.26983511,31.87163616]
["rs17690987","T","C","T","C",0.057695612,{"v":8.8e-5,"d":"8.80E-05"},0.7806,0.775046,false,false,false,"ukb-b-69",null,0.649999,0.000195923,"Non-cancer illness code, self-reported: chronic sinusitis || id:ukb-b-69",true,"igd","enigma3-withglobal-lingual-surfavg",17,43931626,0.011028037,{"v":1.68e-7,"d":"1.68E-07"},23980,"wSA_Mean_lingual_surfavg || id:enigma3-withglobal-lingual-surfavg",true,"reported","MedicineITLab",2,true,0.001140199,23980,true,{"v":5.72e-7,"d":"5.72E-07"},null,0.001140199,27.37090465,25.26983511,27.37090465]
["rs4843066","T","C","T","C",0.03571658,0.000111636,0.5472,0.53685,false,false,false,"ukb-b-69",null,0.5,0.00016424,"Non-cancer illness code, self-reported: chronic sinusitis || id:ukb-b-69",true,"igd","enigma3-withglobal-lingual-surfavg",15,86062911,0.007954072,{"v":7.11e-6,"d":"7.11E-06"},31878,"wSA_Mean_lingual_surfavg || id:enigma3-withglobal-lingual-surfavg",true,"reported","MedicineITLab",2,true,0.000632153,31878,true,{"v":3.04e-5,"d":"3.04E-05"},null,0.000632153,20.16325643,25.26983511,20.16325643]
["rs694828","A","T","A","T",-0.043845326,0.000232058,0.2446,0.249065,false,true,false,"ukb-b-69",null,0.23,0.000192071,"Non-cancer illness code, self-reported: chronic sinusitis || id:ukb-b-69",true,"igd","enigma3-withglobal-lingual-surfavg",3,124887321,0.009158902,{"v":1.69e-6,"d":"1.69E-06"},32238,"wSA_Mean_lingual_surfavg || id:enigma3-withglobal-lingual-surfavg",true,"reported","MedicineITLab",2,true,0.000710412,32238,true,{"v":1.56e-5,"d":"1.56E-05"},null,0.000710412,22.91710849,25.26983511,22.91710849]
["rs76341705","A","G","A","G",-0.104250197,0.000114299,0.127,0.124703,false,false,false,"ukb-b-69",null,0.649999,0.000248451,"Non-cancer illness code, self-reported: chronic sinusitis || id:ukb-b-69",true,"igd","enigma3-withglobal-lingual-surfavg",14,59628679,0.01181358,{"v":1.1e-18,"d":"1.10E-18"},32238,"wSA_Mean_lingual_surfavg || id:enigma3-withglobal-lingual-surfavg",true,"reported","MedicineITLab",2,true,0.002409915,32238,true,{"v":4.04e-17,"d":"4.04E-17"},null,0.002409915,77.87368919,25.26983511,77.87368919]
["rs10237280","T","C","T","C",0.05342226,0.000218176,0.3872,0.372128,false,false,false,"ukb-d-J32",null,0.129535,0.000143921,"Diagnoses - main ICD10: J32 Chronic sinusitis || id:ukb-d-J32",true,"igd","enigma3-withglobal-lingual-surfavg",7,18915666,0.00807966,{"v":3.79e-11,"d":"3.79E-11"},32238,"wSA_Mean_lingual_surfavg || id:enigma3-withglobal-lingual-surfavg",true,"reported","MedicineITLab",2,true,0.001354343,32238,true,{"v":3.64e-9,"d":"3.64E-09"},null,0.001354343,43.71780397,25.26983511,43.71780397]
["rs117730299","A","G","A","G",0.080357914,-0.000308835,0.0562,0.0524247,false,false,false,"ukb-d-J32",null,0.315933,0.000307956,"Diagnoses - main ICD10: J32 Chronic sinusitis || id:ukb-d-J32",true,"igd","enigma3-withglobal-lingual-surfavg",14,46832166,0.018150901,{"v":9.55e-6,"d":"9.55E-06"},28595,"wSA_Mean_lingual_surfavg || id:enigma3-withglobal-lingual-surfavg",true,"reported","MedicineITLab",2,true,0.000685021,28595,true,{"v":6.62e-5,"d":"6.62E-05"},null,0.000685021,19.60021878,25.26983511,19.60021878]
["rs1283688","T","C","T","C",0.03686664,{"v":6.07e-5,"d":"6.07E-05"},0.578,0.585416,false,false,false,"ukb-d-J32",null,0.663884,0.000139683,"Diagnoses - main ICD10: J32 Chronic sinusitis || id:ukb-d-J32",true,"igd","enigma3-withglobal-lingual-surfavg",8,108416308,0.007971687,{"v":3.75e-6,"d":"3.75E-06"},32238,"wSA_Mean_lingual_surfavg || id:enigma3-withglobal-lingual-surfavg",true,"reported","MedicineITLab",2,true,0.000663036,32238,true,{"v":1.66e-5,"d":"1.66E-05"},null,0.000663036,21.38782352,25.26983511,21.38782352]
["rs1934057","T","C","T","C",-0.048230851,0.000225958,0.4963,0.480148,false,false,false,"ukb-d-J32",null,0.104214,0.000139071,"Diagnoses - main ICD10: J32 Chronic sinusitis || id:ukb-d-J32",true,"igd","enigma3-withglobal-lingual-surfavg",1,18962095,0.007872336,{"v":8.98e-10,"d":"8.98E-10"},32238,"wSA_Mean_lingual_surfavg || id:enigma3-withglobal-lingual-surfavg",true,"reported","MedicineITLab",2,true,0.001163044,32238,true,{"v":6.52e-8,"d":"6.52E-08"},null,0.001163044,37.5355359,25.26983511,37.5355359]
["rs2043294","A","T","A","T",0.053190738,0.000141036,0.8203,0.818943,false,true,false,"ukb-d-J32",null,0.435821,0.000180985,"Diagnoses - main ICD10: J32 Chronic sinusitis || id:ukb-d-J32",true,"igd","enigma3-withglobal-lingual-surfavg",19,32207820,0.010510829,{"v":4.18e-7,"d":"4.18E-07"},30679,"wSA_Mean_lingual_surfavg || id:enigma3-withglobal-lingual-surfavg",true,"reported","MedicineITLab",2,true,0.000834109,30679,true,{"v":3.49e-6,"d":"3.49E-06"},null,0.000834109,25.60932308,25.26983511,25.60932308]
["rs6496265","C","G","C","G",0.038531645,-0.000181362,0.3226,0.318826,false,true,false,"ukb-d-J32",null,0.227752,0.000150362,"Diagnoses - main ICD10: J32 Chronic sinusitis || id:ukb-d-J32",true,"igd","enigma3-withglobal-lingual-surfavg",15,98442471,0.008422067,{"v":4.76e-6,"d":"4.76E-06"},32238,"wSA_Mean_lingual_surfavg || id:enigma3-withglobal-lingual-surfavg",true,"reported","MedicineITLab",2,true,0.000648895,32238,true,{"v":5.39e-5,"d":"5.39E-05"},null,0.000648895,20.93137194,25.26983511,20.93137194]
["rs7295050","A","G","A","G",-0.040242965,{"v":-3.98e-5,"d":"-3.98E-05"},0.7214,0.720988,false,false,false,"ukb-d-J32",null,0.795036,0.000153334,"Diagnoses - main ICD10: J32 Chronic sinusitis || id:ukb-d-J32",true,"igd","enigma3-withglobal-lingual-surfavg",12,130578130,0.00878202,{"v":4.6e-6,"d":"4.60E-06"},32238,"wSA_Mean_lingual_surfavg || id:enigma3-withglobal-lingual-surfavg",true,"reported","MedicineITLab",2,true,0.000650979,32238,true,{"v":1.59e-5,"d":"1.59E-05"},null,0.000650979,20.99863866,25.26983511,20.99863866]
["rs76890592","A","G","A","G",-0.113009021,-0.000889967,0.9708,0.968301,false,false,false,"ukb-d-J32",null,0.0232959,0.000392305,"Diagnoses - main ICD10: J32 Chronic sinusitis || id:ukb-d-J32",true,"igd","enigma3-withglobal-lingual-surfavg",10,70629934,0.024557225,{"v":4.19e-6,"d":"4.19E-06"},29229,"wSA_Mean_lingual_surfavg || id:enigma3-withglobal-lingual-surfavg",true,"reported","MedicineITLab",2,true,0.00072405,29229,true,0.000141816,null,0.00072405,21.17715644,25.26983511,21.17715644]
["rs1014444","A","G","A","G",0.045770599,-0.039,0.6477,0.67,false,false,false,"ukb-saige-471",null,0.14,0.027,"Nasal polyps || id:ukb-saige-471",true,"MedicineITLab","enigma3-withglobal-lingual-surfavg",2,162868858,0.008240688,{"v":2.79e-8,"d":"2.79E-08"},32238,"wSA_Mean_lingual_surfavg || id:enigma3-withglobal-lingual-surfavg",true,"reported","MedicineITLab",2,true,0.00095607,32238,true,{"v":7.76e-7,"d":"7.76E-07"},null,0.00095607,30.84936982,25.26983511,30.84936982]
["rs11656298","T","C","T","C",-0.059189371,0.028,0.8893,0.9,false,false,false,"ukb-saige-471",null,0.5,0.042,"Nasal polyps || id:ukb-saige-471",true,"MedicineITLab","enigma3-withglobal-lingual-surfavg",17,77285797,0.012618429,{"v":2.72e-6,"d":"2.72E-06"},31878,"wSA_Mean_lingual_surfavg || id:enigma3-withglobal-lingual-surfavg",true,"reported","MedicineITLab",2,true,0.000689784,31878,true,{"v":1.5e-5,"d":"1.50E-05"},null,0.000689784,22.00274424,25.26983511,22.00274424]
["rs11929686","A","G","A","G",-0.050007779,-0.048,0.4526,0.45,false,false,false,"ukb-saige-471",null,0.055,0.025,"Nasal polyps || id:ukb-saige-471",true,"MedicineITLab","enigma3-withglobal-lingual-surfavg",3,104722114,0.007907433,{"v":2.54e-10,"d":"2.54E-10"},32238,"wSA_Mean_lingual_surfavg || id:enigma3-withglobal-lingual-surfavg",true,"reported","MedicineITLab",2,true,0.001239152,32238,true,{"v":2.85e-8,"d":"2.85E-08"},null,0.001239152,39.99485305,25.26983511,39.99485305]
["rs1905346","T","C","T","C",0.041011066,0.0093,0.3546,0.34,false,false,false,"ukb-saige-471",null,0.72,0.026,"Nasal polyps || id:ukb-saige-471",true,"MedicineITLab","enigma3-withglobal-lingual-surfavg",3,88888613,0.008229309,{"v":6.24e-7,"d":"6.24E-07"},32238,"wSA_Mean_lingual_surfavg || id:enigma3-withglobal-lingual-surfavg",true,"reported","MedicineITLab",2,true,0.000769839,32238,true,{"v":2.71e-6,"d":"2.71E-06"},null,0.000769839,24.83564301,25.26983511,24.83564301]
["rs2022130","T","C","T","C",0.055692091,0.0096,0.6823,0.67,false,false,false,"ukb-saige-471",null,0.72,0.027,"Nasal polyps || id:ukb-saige-471",true,"MedicineITLab","enigma3-withglobal-lingual-surfavg",11,30819811,0.008453294,{"v":4.45e-11,"d":"4.45E-11"},32238,"wSA_Mean_lingual_surfavg || id:enigma3-withglobal-lingual-surfavg",true,"reported","MedicineITLab",2,true,0.001344651,32238,true,{"v":4.53e-10,"d":"4.53E-10"},null,0.001344651,43.40453913,25.26983511,43.40453913]
["rs6658691","C","G","C","G",0.036981611,-0.027,0.633,0.62,false,true,false,"ukb-saige-471",null,0.3,0.026,"Nasal polyps || id:ukb-saige-471",true,"MedicineITLab","enigma3-withglobal-lingual-surfavg",1,47945860,0.008168485,{"v":5.97e-6,"d":"5.97E-06"},32238,"wSA_Mean_lingual_surfavg || id:enigma3-withglobal-lingual-surfavg",true,"reported","MedicineITLab",2,true,0.000635435,32238,true,{"v":4.78e-5,"d":"4.78E-05"},null,0.000635435,20.49692047,25.26983511,20.49692047]
["rs76890592","A","G","A","G",-0.113009021,-0.079,0.9708,0.968,false,false,false,"ukb-saige-471",null,0.26,0.071,"Nasal polyps || id:ukb-saige-471",true,"MedicineITLab","enigma3-withglobal-lingual-surfavg",10,70629934,0.024557225,{"v":4.19e-6,"d":"4.19E-06"},29229,"wSA_Mean_lingual_surfavg || id:enigma3-withglobal-lingual-surfavg",true,"reported","MedicineITLab",2,true,0.00072405,29229,true,{"v":3.37e-5,"d":"3.37E-05"},null,0.00072405,21.17715644,25.26983511,21.17715644]
["rs7914158","T","C","T","C",0.044759927,-0.0042,0.3662,0.36,false,false,false,"ukb-saige-471",null,0.87,0.026,"Nasal polyps || id:ukb-saige-471",true,"MedicineITLab","enigma3-withglobal-lingual-surfavg",10,104422321,0.008171036,{"v":4.3e-8,"d":"4.30E-08"},32238,"wSA_Mean_lingual_surfavg || id:enigma3-withglobal-lingual-surfavg",true,"reported","MedicineITLab",2,true,0.000929992,32238,true,{"v":1.78e-7,"d":"1.78E-07"},null,0.000929992,30.00713475,25.26983511,30.00713475]
["rs10495963","T","C","T","C",0.052700255,0.030976627,0.7181,0.816557897,false,false,false,"ebi-eas-GCST90018603",null,0.260046606,0.027503463,"Chronic sinusitis || id:ebi-eas-GCST90018603",true,"MedicineITLab","enigma3-withglobal-lingual-thickavg",2,49391013,0.008783376,{"v":6.06e-10,"d":"6.06E-10"},31982,"wTHICK_Mean_lingual_thickavg || id:enigma3-withglobal-lingual-thickavg",true,"reported","MedicineITLab",2,true,0.001124438,31982,true,{"v":5.62e-7,"d":"5.62E-07"},null,0.001124438,36,25.26983511,36]
["rs1938867","T","C","T","C",0.035047601,-0.004381474,0.5228,0.640523088,false,false,false,"ebi-eas-GCST90018603",null,0.843081444,0.022133857,"Chronic sinusitis || id:ebi-eas-GCST90018603",true,"MedicineITLab","enigma3-withglobal-lingual-thickavg",11,101472289,0.007913974,{"v":9.6e-6,"d":"9.60E-06"},31982,"wTHICK_Mean_lingual_thickavg || id:enigma3-withglobal-lingual-thickavg",true,"reported","MedicineITLab",2,true,0.00061289,31982,true,{"v":7.68e-5,"d":"7.68E-05"},null,0.00061289,19.6122449,25.26983511,19.6122449]
["rs2959101","T","C","T","C",0.034783844,-0.019744157,0.447,0.860068474,false,false,false,"ebi-eas-GCST90018603",null,0.523550066,0.030952647,"Chronic sinusitis || id:ebi-eas-GCST90018603",true,"MedicineITLab","enigma3-withglobal-lingual-thickavg",11,46018139,0.007950593,{"v":2.58e-6,"d":"2.58E-06"},31982,"wTHICK_Mean_lingual_thickavg || id:enigma3-withglobal-lingual-thickavg",true,"reported","MedicineITLab",2,true,0.000598161,31982,true,0.000195802,null,0.000598161,19.140625,25.26983511,19.140625]
["rs6651108","T","G","T","G",-0.102952944,-0.096809035,0.0308,0.016772236,false,false,false,"ebi-eas-GCST90018603",null,0.240224604,0.082430966,"Chronic sinusitis || id:ebi-eas-GCST90018603",true,"MedicineITLab","enigma3-withglobal-lingual-thickavg",7,98890985,0.022878432,{"v":4.21e-6,"d":"4.21E-06"},31982,"wTHICK_Mean_lingual_thickavg || id:enigma3-withglobal-lingual-thickavg",true,"reported","MedicineITLab",2,true,0.000632808,31982,true,0.000297517,null,0.000632808,20.25,25.26983511,20.25]
["rs8032066","T","G","T","G",-0.035065385,0.005600806,0.5278,0.645188388,false,false,false,"ebi-eas-GCST90018603",null,0.802236038,0.022362587,"Chronic sinusitis || id:ebi-eas-GCST90018603",true,"MedicineITLab","enigma3-withglobal-lingual-thickavg",15,70676361,0.00791799,{"v":6.4e-6,"d":"6.40E-06"},31982,"wTHICK_Mean_lingual_thickavg || id:enigma3-withglobal-lingual-thickavg",true,"reported","MedicineITLab",2,true,0.00061289,31982,true,{"v":8.4e-5,"d":"8.40E-05"},null,0.00061289,19.6122449,25.26983511,19.6122449]
["rs11949166","A","T","A","T",-0.039270282,{"v":5.31e-5,"d":"5.31E-05"},0.3107,0.231537,false,true,false,"ukb-b-69",null,0.780001,0.000194369,"Non-cancer illness code, self-reported: chronic sinusitis || id:ukb-b-69",true,"igd","enigma3-withglobal-lingual-thickavg",5,132027681,0.008620306,{"v":1.55e-6,"d":"1.55E-06"},31399,"wTHICK_Mean_lingual_thickavg || id:enigma3-withglobal-lingual-thickavg",true,"reported","MedicineITLab",2,true,0.000660553,31399,true,{"v":1.43e-5,"d":"1.43E-05"},null,0.000660553,20.75308642,25.26983511,20.75308642]
["rs1938867","T","C","T","C",0.035047601,-0.000172696,0.5228,0.535373,false,false,false,"ukb-b-69",null,0.29,0.00016402,"Non-cancer illness code, self-reported: chronic sinusitis || id:ukb-b-69",true,"igd","enigma3-withglobal-lingual-thickavg",11,101472289,0.007913974,{"v":9.6e-6,"d":"9.60E-06"},31982,"wTHICK_Mean_lingual_thickavg || id:enigma3-withglobal-lingual-thickavg",true,"reported","MedicineITLab",2,true,0.00061289,31982,true,{"v":5.95e-5,"d":"5.95E-05"},null,0.00061289,19.6122449,25.26983511,19.6122449]
["rs2959101","T","C","T","C",0.034783844,{"v":5.95e-5,"d":"5.95E-05"},0.447,0.444825,false,false,false,"ukb-b-69",null,0.719999,0.000164769,"Non-cancer illness code, self-reported: chronic sinusitis || id:ukb-b-69",true,"igd","enigma3-withglobal-lingual-thickavg",11,46018139,0.007950593,{"v":2.58e-6,"d":"2.58E-06"},31982,"wTHICK_Mean_lingual_thickavg || id:enigma3-withglobal-lingual-thickavg",true,"reported","MedicineITLab",2,true,0.000598161,31982,true,{"v":3.49e-5,"d":"3.49E-05"},null,0.000598161,19.140625,25.26983511,19.140625]
["rs7317261","T","C","T","C",0.03592219,{"v":5.79e-5,"d":"5.79E-05"},0.5693,0.566115,false,false,false,"ukb-b-69",null,0.73,0.000165702,"Non-cancer illness code, self-reported: chronic sinusitis || id:ukb-b-69",true,"igd","enigma3-withglobal-lingual-thickavg",13,100592264,0.007982709,{"v":1.4e-6,"d":"1.40E-06"},31982,"wTHICK_Mean_lingual_thickavg || id:enigma3-withglobal-lingual-thickavg",true,"reported","MedicineITLab",2,true,0.000632808,31982,true,{"v":2.02e-5,"d":"2.02E-05"},null,0.000632808,20.25,25.26983511,20.25]
["rs1111990","T","C","T","C",-0.046392472,{"v":5.75e-5,"d":"5.75E-05"},0.2226,0.212176,false,false,false,"ukb-d-J32",null,0.736356,0.000170713,"Diagnoses - main ICD10: J32 Chronic sinusitis || id:ukb-d-J32",true,"igd","enigma3-withglobal-lingual-thickavg",3,172656729,0.009710052,{"v":3.94e-6,"d":"3.94E-06"},30624,"wTHICK_Mean_lingual_thickavg || id:enigma3-withglobal-lingual-thickavg",true,"reported","MedicineITLab",2,true,0.000744894,30624,true,{"v":7.04e-6,"d":"7.04E-06"},null,0.000744894,22.82716049,25.26983511,22.82716049]
["rs12529704","T","G","T","G",-0.042404628,{"v":-6.98e-5,"d":"-6.98E-05"},0.2238,0.228904,false,false,false,"ukb-d-J32",null,0.670108,0.000163925,"Diagnoses - main ICD10: J32 Chronic sinusitis || id:ukb-d-J32",true,"igd","enigma3-withglobal-lingual-thickavg",6,77687484,0.009541041,{"v":2.95e-6,"d":"2.95E-06"},31601,"wTHICK_Mean_lingual_thickavg || id:enigma3-withglobal-lingual-thickavg",true,"reported","MedicineITLab",2,true,0.000624727,31601,true,{"v":3.46e-5,"d":"3.46E-05"},null,0.000624727,19.75308642,25.26983511,19.75308642]
["rs13135092","A","G","A","G",0.07850381,-0.000398263,0.9233,0.916902,false,false,false,"ukb-d-J32",null,0.111924,0.000250541,"Diagnoses - main ICD10: J32 Chronic sinusitis || id:ukb-d-J32",true,"igd","enigma3-withglobal-lingual-thickavg",4,103198082,0.014852072,{"v":1.77e-7,"d":"1.77E-07"},31982,"wTHICK_Mean_lingual_thickavg || id:enigma3-withglobal-lingual-thickavg",true,"reported","MedicineITLab",2,true,0.00087287,31982,true,{"v":3.99e-6,"d":"3.99E-06"},null,0.00087287,27.93877551,25.26983511,27.93877551]
["rs1391550","A","G","A","G",0.040866947,{"v":4.99e-5,"d":"4.99E-05"},0.3119,0.308191,false,false,false,"ukb-d-J32",null,0.737415,0.000148954,"Diagnoses - main ICD10: J32 Chronic sinusitis || id:ukb-d-J32",true,"igd","enigma3-withglobal-lingual-thickavg",1,213331403,0.008603568,{"v":6.21e-7,"d":"6.21E-07"},31453,"wTHICK_Mean_lingual_thickavg || id:enigma3-withglobal-lingual-thickavg",true,"reported","MedicineITLab",2,true,0.000716872,31453,true,{"v":8.18e-6,"d":"8.18E-06"},null,0.000716872,22.5625,25.26983511,22.5625]
["rs4515481","A","G","A","G",-0.034970638,{"v":1.25e-5,"d":"1.25E-05"},0.6386,0.637501,false,false,false,"ukb-d-J32",null,0.930379,0.000143466,"Diagnoses - main ICD10: J32 Chronic sinusitis || id:ukb-d-J32",true,"igd","enigma3-withglobal-lingual-thickavg",7,77850940,0.008228385,{"v":9.97e-6,"d":"9.97E-06"},31982,"wTHICK_Mean_lingual_thickavg || id:enigma3-withglobal-lingual-thickavg",true,"reported","MedicineITLab",2,true,0.000564487,31982,true,{"v":5.16e-5,"d":"5.16E-05"},null,0.000564487,18.0625,25.26983511,18.0625]
["rs76021370","T","G","T","G",0.129512149,0.000223717,0.0268,0.0248897,false,false,false,"ukb-d-J32",null,0.611984,0.000441045,"Diagnoses - main ICD10: J32 Chronic sinusitis || id:ukb-d-J32",true,"igd","enigma3-withglobal-lingual-thickavg",7,125180869,0.027318969,{"v":2.64e-6,"d":"2.64E-06"},25666,"wTHICK_Mean_lingual_thickavg || id:enigma3-withglobal-lingual-thickavg",true,"reported","MedicineITLab",2,true,0.000874959,25666,true,{"v":8.61e-6,"d":"8.61E-06"},null,0.000874959,22.47462277,25.26983511,22.47462277]
["rs9506428","T","C","T","C",0.0423323,-0.000234936,0.7511,0.742484,false,false,false,"ukb-d-J32",null,0.142567,0.000160223,"Diagnoses - main ICD10: J32 Chronic sinusitis || id:ukb-d-J32",true,"igd","enigma3-withglobal-lingual-thickavg",13,20709820,0.009524768,{"v":8.63e-6,"d":"8.63E-06"},29463,"wTHICK_Mean_lingual_thickavg || id:enigma3-withglobal-lingual-thickavg",true,"reported","MedicineITLab",2,true,0.000670033,29463,true,0.000108675,null,0.000670033,19.75308642,25.26983511,19.75308642]
["rs10972596","T","G","T","G",-0.076349935,0.0027,0.0584,0.059,false,false,false,"ukb-saige-471",null,0.96,0.053,"Nasal polyps || id:ukb-saige-471",true,"MedicineITLab","enigma3-withglobal-lingual-thickavg",9,35845468,0.016856479,{"v":3.25e-6,"d":"3.25E-06"},31982,"wTHICK_Mean_lingual_thickavg || id:enigma3-withglobal-lingual-thickavg",true,"reported","MedicineITLab",2,true,0.000641101,31982,true,{"v":1.42e-5,"d":"1.42E-05"},null,0.000641101,20.51557093,25.26983511,20.51557093]
["rs13135092","A","G","A","G",0.07850381,0.03,0.9233,0.917,false,false,false,"ukb-saige-471",null,0.51,0.045,"Nasal polyps || id:ukb-saige-471",true,"MedicineITLab","enigma3-withglobal-lingual-thickavg",4,103198082,0.014852072,{"v":1.77e-7,"d":"1.77E-07"},31982,"wTHICK_Mean_lingual_thickavg || id:enigma3-withglobal-lingual-thickavg",true,"reported","MedicineITLab",2,true,0.00087287,31982,true,{"v":9.61e-7,"d":"9.61E-07"},null,0.00087287,27.93877551,25.26983511,27.93877551]
["rs1391550","A","G","A","G",0.040866947,-0.0059,0.3119,0.31,false,false,false,"ukb-saige-471",null,0.83,0.027,"Nasal polyps || id:ukb-saige-471",true,"MedicineITLab","enigma3-withglobal-lingual-thickavg",1,213331403,0.008603568,{"v":6.21e-7,"d":"6.21E-07"},31453,"wTHICK_Mean_lingual_thickavg || id:enigma3-withglobal-lingual-thickavg",true,"reported","MedicineITLab",2,true,0.000716872,31453,true,{"v":6.46e-6,"d":"6.46E-06"},null,0.000716872,22.5625,25.26983511,22.5625]
["rs4075697","C","G","C","G",0.043773081,0.034,0.2158,0.22,false,true,false,"ukb-saige-471",null,0.27,0.03,"Nasal polyps || id:ukb-saige-471",true,"MedicineITLab","enigma3-withglobal-lingual-thickavg",3,39218531,0.009608725,{"v":1.7e-6,"d":"1.70E-06"},31982,"wTHICK_Mean_lingual_thickavg || id:enigma3-withglobal-lingual-thickavg",true,"reported","MedicineITLab",2,true,0.000648519,31982,true,{"v":4.71e-5,"d":"4.71E-05"},null,0.000648519,20.75308642,25.26983511,20.75308642]
["rs4515481","A","G","A","G",-0.034970638,-0.0028,0.6386,0.64,false,false,false,"ukb-saige-471",null,0.91,0.026,"Nasal polyps || id:ukb-saige-471",true,"MedicineITLab","enigma3-withglobal-lingual-thickavg",7,77850940,0.008228385,{"v":9.97e-6,"d":"9.97E-06"},31982,"wTHICK_Mean_lingual_thickavg || id:enigma3-withglobal-lingual-thickavg",true,"reported","MedicineITLab",2,true,0.000564487,31982,true,{"v":4.97e-5,"d":"4.97E-05"},null,0.000564487,18.0625,25.26983511,18.0625]
["rs80351791","T","C","T","C",-0.234716776,-0.0059,0.0097,0.008,false,false,false,"ukb-saige-471",null,0.97,0.14,"Nasal polyps || id:ukb-saige-471",true,"MedicineITLab","enigma3-withglobal-lingual-thickavg",8,98024172,0.050804497,{"v":4.02e-6,"d":"4.02E-06"},20147,"wTHICK_Mean_lingual_thickavg || id:enigma3-withglobal-lingual-thickavg",true,"reported","MedicineITLab",2,true,0.001058417,20147,true,{"v":6.93e-6,"d":"6.93E-06"},null,0.001058417,21.3444,25.26983511,21.3444]
["rs2167418","A","G","A","G",-0.043445902,-0.051734626,0.2149,0.063862901,false,false,false,"ebi-eas-GCST90018603",null,0.234853621,0.043549546,"Chronic sinusitis || id:ebi-eas-GCST90018603",true,"MedicineITLab","enigma3-withglobal-medialorbitofrontal-surfavg",19,52204942,0.009534335,{"v":5.2e-6,"d":"5.20E-06"},32582,"wSA_Mean_medialorbitofrontal_surfavg || id:enigma3-withglobal-medialorbitofrontal-surfavg",true,"reported","MedicineITLab",2,true,0.000636926,32582,true,0.000258925,null,0.000636926,20.76427676,25.26983511,20.76427676]
["rs28537289","A","G","A","G",0.043023526,0.024419676,0.2146,0.669427027,false,false,false,"ebi-eas-GCST90018603",null,0.283849051,0.022785653,"Chronic sinusitis || id:ebi-eas-GCST90018603",true,"MedicineITLab","enigma3-withglobal-medialorbitofrontal-surfavg",4,47823145,0.009539237,{"v":6.48e-6,"d":"6.48E-06"},32582,"wSA_Mean_medialorbitofrontal_surfavg || id:enigma3-withglobal-medialorbitofrontal-surfavg",true,"reported","MedicineITLab",2,true,0.000623968,32582,true,0.000253137,null,0.000623968,20.34158376,25.26983511,20.34158376]
["rs2167418","A","G","A","G",-0.043445902,-0.000245382,0.2149,0.212911,false,false,false,"ukb-b-69",null,0.22,0.000200222,"Non-cancer illness code, self-reported: chronic sinusitis || id:ukb-b-69",true,"igd","enigma3-withglobal-medialorbitofrontal-surfavg",19,52204942,0.009534335,{"v":5.2e-6,"d":"5.20E-06"},32582,"wSA_Mean_medialorbitofrontal_surfavg || id:enigma3-withglobal-medialorbitofrontal-surfavg",true,"reported","MedicineITLab",2,true,0.000636926,32582,true,{"v":4.32e-5,"d":"4.32E-05"},null,0.000636926,20.76427676,25.26983511,20.76427676]
["rs117742314","A","G","A","G",0.120933459,0.00029235,0.9767,0.9768978,false,false,false,"ukb-d-J32",null,0.524307,0.000459149,"Diagnoses - main ICD10: J32 Chronic sinusitis || id:ukb-d-J32",true,"igd","enigma3-withglobal-medialorbitofrontal-surfavg",6,155591086,0.02606592,{"v":3.49e-6,"d":"3.49E-06"},32318,"wSA_Mean_medialorbitofrontal_surfavg || id:enigma3-withglobal-medialorbitofrontal-surfavg",true,"reported","MedicineITLab",2,true,0.000665641,32318,true,{"v":2.03e-5,"d":"2.03E-05"},null,0.000665641,21.52518216,25.26983511,21.52518216]
["rs12575576","T","C","T","C",0.050159206,-0.000336281,0.1439,0.147134,false,false,false,"ukb-d-J32",null,0.0839653,0.000194591,"Diagnoses - main ICD10: J32 Chronic sinusitis || id:ukb-d-J32",true,"igd","enigma3-withglobal-medialorbitofrontal-surfavg",11,110341770,0.011157892,{"v":6.95e-6,"d":"6.95E-06"},32582,"wSA_Mean_medialorbitofrontal_surfavg || id:enigma3-withglobal-medialorbitofrontal-surfavg",true,"reported","MedicineITLab",2,true,0.000619893,32582,true,0.000140191,null,0.000619893,20.20863474,25.26983511,20.20863474]
["rs28618294","T","C","T","C",0.040611788,-0.000151652,0.5691,0.574744,false,false,false,"ukb-d-J32",null,0.282149,0.000141006,"Diagnoses - main ICD10: J32 Chronic sinusitis || id:ukb-d-J32",true,"igd","enigma3-withglobal-medialorbitofrontal-surfavg",12,121995181,0.008706354,{"v":3.09e-6,"d":"3.09E-06"},26879,"wSA_Mean_medialorbitofrontal_surfavg || id:enigma3-withglobal-medialorbitofrontal-surfavg",true,"reported","MedicineITLab",2,true,0.000808908,26879,true,{"v":2.48e-5,"d":"2.48E-05"},null,0.000808908,21.7586298,25.26983511,21.7586298]
["rs72878975","A","G","A","G",0.144801735,0.00107007,0.9834,0.9879219,false,false,false,"ukb-d-J32",null,0.0950692,0.000641053,"Diagnoses - main ICD10: J32 Chronic sinusitis || id:ukb-d-J32",true,"igd","enigma3-withglobal-medialorbitofrontal-surfavg",11,29917267,0.031848832,{"v":5.45e-6,"d":"5.45E-06"},30177,"wSA_Mean_medialorbitofrontal_surfavg || id:enigma3-withglobal-medialorbitofrontal-surfavg",true,"reported","MedicineITLab",2,true,0.000684567,30177,true,{"v":9.47e-5,"d":"9.47E-05"},null,0.000684567,20.67095323,25.26983511,20.67095323]
["rs11939254","T","C","T","C",0.059261307,-0.043,0.0993,0.092,false,false,false,"ukb-saige-471",null,0.32,0.043,"Nasal polyps || id:ukb-saige-471",true,"MedicineITLab","enigma3-withglobal-medialorbitofrontal-surfavg",4,166098031,0.013095084,{"v":6.02e-6,"d":"6.02E-06"},32582,"wSA_Mean_medialorbitofrontal_surfavg || id:enigma3-withglobal-medialorbitofrontal-surfavg",true,"reported","MedicineITLab",2,true,0.000628206,32582,true,{"v":4.66e-5,"d":"4.66E-05"},null,0.000628206,20.47980674,25.26983511,20.47980674]
["rs28537289","A","G","A","G",0.043023526,-0.0085,0.2146,0.2,false,false,false,"ukb-saige-471",null,0.79,0.032,"Nasal polyps || id:ukb-saige-471",true,"MedicineITLab","enigma3-withglobal-medialorbitofrontal-surfavg",4,47823145,0.009539237,{"v":6.48e-6,"d":"6.48E-06"},32582,"wSA_Mean_medialorbitofrontal_surfavg || id:enigma3-withglobal-medialorbitofrontal-surfavg",true,"reported","MedicineITLab",2,true,0.000623968,32582,true,{"v":2.04e-5,"d":"2.04E-05"},null,0.000623968,20.34158376,25.26983511,20.34158376]
["rs72878975","A","G","A","G",0.144801735,0.2,0.9834,0.988,false,false,false,"ukb-saige-471",null,0.087,0.12,"Nasal polyps || id:ukb-saige-471",true,"MedicineITLab","enigma3-withglobal-medialorbitofrontal-surfavg",11,29917267,0.031848832,{"v":5.45e-6,"d":"5.45E-06"},30177,"wSA_Mean_medialorbitofrontal_surfavg || id:enigma3-withglobal-medialorbitofrontal-surfavg",true,"reported","MedicineITLab",2,true,0.000684567,30177,true,{"v":8.28e-5,"d":"8.28E-05"},null,0.000684567,20.67095323,25.26983511,20.67095323]
["rs2677100","T","C","T","C",0.038273379,0.001863283,0.6382,0.959718767,false,false,false,"ebi-eas-GCST90018603",null,0.97243486,0.053922781,"Chronic sinusitis || id:ebi-eas-GCST90018603",true,"MedicineITLab","enigma3-withglobal-medialorbitofrontal-thickavg",6,45420847,0.008255043,{"v":1.99e-6,"d":"1.99E-06"},31757,"wTHICK_Mean_medialorbitofrontal_thickavg || id:enigma3-withglobal-medialorbitofrontal-thickavg",true,"reported","MedicineITLab",2,true,0.000676471,31757,true,{"v":2.52e-5,"d":"2.52E-05"},null,0.000676471,21.49586777,25.26983511,21.49586777]
["rs8098565","A","G","A","G",-0.036451763,-0.017505063,0.3775,0.441803437,false,false,false,"ebi-eas-GCST90018603",null,0.42556643,0.021969169,"Chronic sinusitis || id:ebi-eas-GCST90018603",true,"MedicineITLab","enigma3-withglobal-medialorbitofrontal-thickavg",18,13164588,0.008183049,{"v":4.92e-6,"d":"4.92E-06"},31757,"wTHICK_Mean_medialorbitofrontal_thickavg || id:enigma3-withglobal-medialorbitofrontal-thickavg",true,"reported","MedicineITLab",2,true,0.000624487,31757,true,0.000187847,null,0.000624487,19.84297521,25.26983511,19.84297521]
["rs13417081","A","G","A","G",-0.040704845,-0.000447576,0.3664,0.361424,false,false,false,"ukb-b-69",null,0.016,0.000185571,"Non-cancer illness code, self-reported: chronic sinusitis || id:ukb-b-69",true,"igd","enigma3-withglobal-medialorbitofrontal-thickavg",2,9770050,0.009283561,{"v":5.82e-6,"d":"5.82E-06"},24973,"wTHICK_Mean_medialorbitofrontal_thickavg || id:enigma3-withglobal-medialorbitofrontal-thickavg",true,"reported","MedicineITLab",2,true,0.000769295,24973,true,0.000195564,null,0.000769295,19.22485207,25.26983511,19.22485207]
["rs6838226","A","G","A","G",-0.038333954,-0.000111995,0.4425,0.445532,false,false,false,"ukb-b-69",null,0.5,0.000165281,"Non-cancer illness code, self-reported: chronic sinusitis || id:ukb-b-69",true,"igd","enigma3-withglobal-medialorbitofrontal-thickavg",4,149554651,0.00798624,{"v":2.23e-6,"d":"2.23E-06"},31757,"wTHICK_Mean_medialorbitofrontal_thickavg || id:enigma3-withglobal-medialorbitofrontal-thickavg",true,"reported","MedicineITLab",2,true,0.000725029,31757,true,{"v":7.78e-6,"d":"7.78E-06"},null,0.000725029,23.04,25.26983511,23.04]
["rs7577573","A","G","A","G",-0.041164018,{"v":-9.22e-6,"d":"-9.22E-06"},0.2511,0.245216,false,false,false,"ukb-b-69",null,0.96,0.000192175,"Non-cancer illness code, self-reported: chronic sinusitis || id:ukb-b-69",true,"igd","enigma3-withglobal-medialorbitofrontal-thickavg",2,25716597,0.009147559,{"v":4.21e-6,"d":"4.21E-06"},31757,"wTHICK_Mean_medialorbitofrontal_thickavg || id:enigma3-withglobal-medialorbitofrontal-thickavg",true,"reported","MedicineITLab",2,true,0.000637288,31757,true,{"v":1.42e-5,"d":"1.42E-05"},null,0.000637288,20.25,25.26983511,20.25]
["rs1378358","T","C","T","C",0.046325177,{"v":2.27e-5,"d":"2.27E-05"},0.2024,0.215217,false,false,false,"ukb-d-J32",null,0.892259,0.000167252,"Diagnoses - main ICD10: J32 Chronic sinusitis || id:ukb-d-J32",true,"igd","enigma3-withglobal-medialorbitofrontal-thickavg",17,44787312,0.009872579,{"v":2.98e-6,"d":"2.98E-06"},31757,"wTHICK_Mean_medialorbitofrontal_thickavg || id:enigma3-withglobal-medialorbitofrontal-thickavg",true,"reported","MedicineITLab",2,true,0.000692883,31757,true,{"v":8.21e-6,"d":"8.21E-06"},null,0.000692883,22.01775148,25.26983511,22.01775148]
["rs67116809","A","G","A","G",-0.03637174,-0.000110066,0.3467,0.335102,false,false,false,"ukb-d-J32",null,0.452605,0.000146544,"Diagnoses - main ICD10: J32 Chronic sinusitis || id:ukb-d-J32",true,"igd","enigma3-withglobal-medialorbitofrontal-thickavg",4,156466073,0.00833519,{"v":9.44e-6,"d":"9.44E-06"},31757,"wTHICK_Mean_medialorbitofrontal_thickavg || id:enigma3-withglobal-medialorbitofrontal-thickavg",true,"reported","MedicineITLab",2,true,0.000599273,31757,true,{"v":7.2e-5,"d":"7.20E-05"},null,0.000599273,19.04132231,25.26983511,19.04132231]
["rs77996129","T","C","T","C",0.123392858,-0.000183949,0.9745,0.9686018,false,false,false,"ukb-d-J32",null,0.641715,0.000395332,"Diagnoses - main ICD10: J32 Chronic sinusitis || id:ukb-d-J32",true,"igd","enigma3-withglobal-medialorbitofrontal-thickavg",12,23341409,0.025383674,{"v":1.32e-6,"d":"1.32E-06"},31206,"wTHICK_Mean_medialorbitofrontal_thickavg || id:enigma3-withglobal-medialorbitofrontal-thickavg",true,"reported","MedicineITLab",2,true,0.000756715,31206,true,{"v":5.84e-6,"d":"5.84E-06"},null,0.000756715,23.63040123,25.26983511,23.63040123]
["rs13417081","A","G","A","G",-0.040704845,0.0081,0.3664,0.36,false,false,false,"ukb-saige-471",null,0.78,0.028,"Nasal polyps || id:ukb-saige-471",true,"MedicineITLab","enigma3-withglobal-medialorbitofrontal-thickavg",2,9770050,0.009283561,{"v":5.82e-6,"d":"5.82E-06"},24973,"wTHICK_Mean_medialorbitofrontal_thickavg || id:enigma3-withglobal-medialorbitofrontal-thickavg",true,"reported","MedicineITLab",2,true,0.000769295,24973,true,{"v":2.91e-5,"d":"2.91E-05"},null,0.000769295,19.22485207,25.26983511,19.22485207]
["rs7203371","T","C","T","C",0.040199583,0.0055,0.2868,0.27,false,false,false,"ukb-saige-471",null,0.84,0.028,"Nasal polyps || id:ukb-saige-471",true,"MedicineITLab","enigma3-withglobal-medialorbitofrontal-thickavg",16,74807063,0.008770818,{"v":1.8e-6,"d":"1.80E-06"},31757,"wTHICK_Mean_medialorbitofrontal_thickavg || id:enigma3-withglobal-medialorbitofrontal-thickavg",true,"reported","MedicineITLab",2,true,0.000661095,31757,true,{"v":1.33e-5,"d":"1.33E-05"},null,0.000661095,21.00694444,25.26983511,21.00694444]
["rs7212113","A","G","A","G",0.037908344,0.006,0.6353,0.63,false,false,false,"ukb-saige-471",null,0.82,0.026,"Nasal polyps || id:ukb-saige-471",true,"MedicineITLab","enigma3-withglobal-medialorbitofrontal-thickavg",17,31078344,0.008240944,{"v":5.56e-6,"d":"5.56E-06"},31757,"wTHICK_Mean_medialorbitofrontal_thickavg || id:enigma3-withglobal-medialorbitofrontal-thickavg",true,"reported","MedicineITLab",2,true,0.000665908,31757,true,{"v":1.29e-5,"d":"1.29E-05"},null,0.000665908,21.16,25.26983511,21.16]
["rs10850576","T","C","T","C",-0.140409092,-0.022525963,0.0179,0.168397385,false,false,false,"ebi-eas-GCST90018603",null,0.436683818,0.028960929,"Chronic sinusitis || id:ebi-eas-GCST90018603",true,"MedicineITLab","enigma3-withglobal-middletemporal-surfavg",12,116339576,0.031237389,{"v":6.96e-6,"d":"6.96E-06"},29130,"wSA_Mean_middletemporal_surfavg || id:enigma3-withglobal-middletemporal-surfavg",true,"reported","MedicineITLab",2,true,0.000693153,29130,true,0.000133697,null,0.000693153,20.20416935,25.26983511,20.20416935]
["rs13184027","T","C","T","C",-0.037257617,0.031252096,0.5621,0.774065548,false,false,false,"ebi-eas-GCST90018603",null,0.244791845,0.026869821,"Chronic sinusitis || id:ebi-eas-GCST90018603",true,"MedicineITLab","enigma3-withglobal-middletemporal-surfavg",5,170966719,0.008114252,{"v":4.4e-6,"d":"4.40E-06"},30833,"wSA_Mean_middletemporal_surfavg || id:enigma3-withglobal-middletemporal-surfavg",true,"reported","MedicineITLab",2,true,0.000683359,30833,true,0.000194846,null,0.000683359,21.08303639,25.26983511,21.08303639]
["rs28711421","T","C","T","C",-0.068669474,-0.042893245,0.9027,0.918810543,false,false,false,"ebi-eas-GCST90018603",null,0.268392561,0.038755271,"Chronic sinusitis || id:ebi-eas-GCST90018603",true,"MedicineITLab","enigma3-withglobal-middletemporal-surfavg",9,98230907,0.013503995,{"v":3.67e-7,"d":"3.67E-07"},31193,"wSA_Mean_middletemporal_surfavg || id:enigma3-withglobal-middletemporal-surfavg",true,"reported","MedicineITLab",2,true,0.00082835,31193,true,{"v":2.76e-5,"d":"2.76E-05"},null,0.00082835,25.85847505,25.26983511,25.85847505]
["rs6785158","A","G","A","G",0.040890341,0.02482944,0.7212,0.64848319,false,false,false,"ebi-eas-GCST90018603",null,0.272011462,0.022604231,"Chronic sinusitis || id:ebi-eas-GCST90018603",true,"MedicineITLab","enigma3-withglobal-middletemporal-surfavg",3,150195824,0.00892586,{"v":4.63e-6,"d":"4.63E-06"},31193,"wSA_Mean_middletemporal_surfavg || id:enigma3-withglobal-middletemporal-surfavg",true,"reported","MedicineITLab",2,true,0.000672388,31193,true,0.000186947,null,0.000672388,20.98656533,25.26983511,20.98656533]
["rs7127057","A","G","A","G",-0.041194225,0.007019168,0.3301,0.142329403,false,false,false,"ebi-eas-GCST90018603",null,0.818273537,0.030549191,"Chronic sinusitis || id:ebi-eas-GCST90018603",true,"MedicineITLab","enigma3-withglobal-middletemporal-surfavg",11,92487191,0.00851098,{"v":1.3e-6,"d":"1.30E-06"},31193,"wSA_Mean_middletemporal_surfavg || id:enigma3-withglobal-middletemporal-surfavg",true,"reported","MedicineITLab",2,true,0.000750513,31193,true,{"v":1.52e-5,"d":"1.52E-05"},null,0.000750513,23.42683065,25.26983511,23.42683065]
["rs933998","A","C","A","C",-0.054357043,-0.258756628,0.8567,0.999559082,false,false,false,"ebi-eas-GCST90018603",null,0.613865076,0.512832089,"Chronic sinusitis || id:ebi-eas-GCST90018603",true,"MedicineITLab","enigma3-withglobal-middletemporal-surfavg",15,56113234,0.011353379,{"v":1.69e-6,"d":"1.69E-06"},31576,"wSA_Mean_middletemporal_surfavg || id:enigma3-withglobal-middletemporal-surfavg",true,"reported","MedicineITLab",2,true,0.000725465,31576,true,{"v":3.17e-5,"d":"3.17E-05"},null,0.000725465,22.92246817,25.26983511,22.92246817]
["rs1344762","T","C","T","C",-0.044637573,0.000109119,0.6695,0.675882,false,false,false,"ukb-b-69",null,0.53,0.0001746,"Non-cancer illness code, self-reported: chronic sinusitis || id:ukb-b-69",true,"igd","enigma3-withglobal-middletemporal-surfavg",2,237708487,0.008699293,{"v":2.88e-7,"d":"2.88E-07"},29835,"wSA_Mean_middletemporal_surfavg || id:enigma3-withglobal-middletemporal-surfavg",true,"reported","MedicineITLab",2,true,0.000881766,29835,true,{"v":1.44e-6,"d":"1.44E-06"},null,0.000881766,26.32893159,25.26983511,26.32893159]
["rs1536304","T","C","T","C",-0.036290104,{"v":-9.1e-5,"d":"-9.10E-05"},0.5368,0.529327,false,false,false,"ukb-b-69",null,0.58,0.000164537,"Non-cancer illness code, self-reported: chronic sinusitis || id:ukb-b-69",true,"igd","enigma3-withglobal-middletemporal-surfavg",6,43817837,0.008038057,{"v":6.34e-6,"d":"6.34E-06"},31105,"wSA_Mean_middletemporal_surfavg || id:enigma3-withglobal-middletemporal-surfavg",true,"reported","MedicineITLab",2,true,0.000654919,31105,true,{"v":2.33e-5,"d":"2.33E-05"},null,0.000654919,20.38329015,25.26983511,20.38329015]
["rs57226032","A","G","A","G",-0.041004062,{"v":-5.75e-5,"d":"-5.75E-05"},0.2543,0.24486,false,false,false,"ukb-b-69",null,0.760001,0.000191432,"Non-cancer illness code, self-reported: chronic sinusitis || id:ukb-b-69",true,"igd","enigma3-withglobal-middletemporal-surfavg",6,55474701,0.009244798,{"v":9.19e-6,"d":"9.19E-06"},30833,"wSA_Mean_middletemporal_surfavg || id:enigma3-withglobal-middletemporal-surfavg",true,"reported","MedicineITLab",2,true,0.000637667,30833,true,{"v":2.45e-5,"d":"2.45E-05"},null,0.000637667,19.67247026,25.26983511,19.67247026]
["rs6664681","T","C","T","C",0.051170914,{"v":-2.24e-5,"d":"-2.24E-05"},0.852,0.850836,false,false,false,"ukb-b-69",null,0.92,0.000231494,"Non-cancer illness code, self-reported: chronic sinusitis || id:ukb-b-69",true,"igd","enigma3-withglobal-middletemporal-surfavg",1,157898111,0.011271358,{"v":5.63e-6,"d":"5.63E-06"},31193,"wSA_Mean_middletemporal_surfavg || id:enigma3-withglobal-middletemporal-surfavg",true,"reported","MedicineITLab",2,true,0.000660355,31193,true,{"v":1.25e-5,"d":"1.25E-05"},null,0.000660355,20.6107522,25.26983511,20.6107522]
["rs819817","A","G","A","G",0.04293964,{"v":-2.71e-5,"d":"-2.71E-05"},0.7604,0.761158,false,false,false,"ukb-b-69",null,0.89,0.000192993,"Non-cancer illness code, self-reported: chronic sinusitis || id:ukb-b-69",true,"igd","enigma3-withglobal-middletemporal-surfavg",1,99680661,0.009376914,{"v":4.66e-6,"d":"4.66E-06"},31193,"wSA_Mean_middletemporal_surfavg || id:enigma3-withglobal-middletemporal-surfavg",true,"reported","MedicineITLab",2,true,0.000671855,31193,true,{"v":1.1e-5,"d":"1.10E-05"},null,0.000671855,20.96992583,25.26983511,20.96992583]
["rs12120287","A","G","A","G",0.038270119,{"v":-1.92e-6,"d":"-1.92E-06"},0.5992,0.580259,false,false,false,"ukb-d-J32",null,0.9893,0.000143139,"Diagnoses - main ICD10: J32 Chronic sinusitis || id:ukb-d-J32",true,"igd","enigma3-withglobal-middletemporal-surfavg",1,44275686,0.008265467,{"v":3.66e-6,"d":"3.66E-06"},30455,"wSA_Mean_middletemporal_surfavg || id:enigma3-withglobal-middletemporal-surfavg",true,"reported","MedicineITLab",2,true,0.000703476,30455,true,{"v":8.91e-6,"d":"8.91E-06"},null,0.000703476,21.43802906,25.26983511,21.43802906]
["rs1344762","T","C","T","C",-0.044637573,{"v":4.03e-5,"d":"4.03E-05"},0.6695,0.675339,false,false,false,"ukb-d-J32",null,0.783605,0.000146613,"Diagnoses - main ICD10: J32 Chronic sinusitis || id:ukb-d-J32",true,"igd","enigma3-withglobal-middletemporal-surfavg",2,237708487,0.008699293,{"v":2.88e-7,"d":"2.88E-07"},29835,"wSA_Mean_middletemporal_surfavg || id:enigma3-withglobal-middletemporal-surfavg",true,"reported","MedicineITLab",2,true,0.000881766,29835,true,{"v":1.2e-6,"d":"1.20E-06"},null,0.000881766,26.32893159,25.26983511,26.32893159]
["rs1907333","A","G","A","G",-0.0361871,{"v":-9.18e-5,"d":"-9.18E-05"},0.5569,0.561373,false,false,false,"ukb-d-J32",null,0.507807,0.000138616,"Diagnoses - main ICD10: J32 Chronic sinusitis || id:ukb-d-J32",true,"igd","enigma3-withglobal-middletemporal-surfavg",10,78240418,0.008057318,{"v":7.09e-6,"d":"7.09E-06"},31193,"wSA_Mean_middletemporal_surfavg || id:enigma3-withglobal-middletemporal-surfavg",true,"reported","MedicineITLab",2,true,0.000646274,31193,true,{"v":3.76e-5,"d":"3.76E-05"},null,0.000646274,20.17096064,25.26983511,20.17096064]
["rs4811476","T","C","T","C",-0.037775457,{"v":-8.36e-5,"d":"-8.36E-05"},0.4889,0.490414,false,false,false,"ukb-d-J32",null,0.543524,0.000137614,"Diagnoses - main ICD10: J32 Chronic sinusitis || id:ukb-d-J32",true,"igd","enigma3-withglobal-middletemporal-surfavg",20,52468966,0.008166789,{"v":3.74e-6,"d":"3.74E-06"},29982,"wSA_Mean_middletemporal_surfavg || id:enigma3-withglobal-middletemporal-surfavg",true,"reported","MedicineITLab",2,true,0.000713141,29982,true,{"v":1.9e-5,"d":"1.90E-05"},null,0.000713141,21.39522289,25.26983511,21.39522289]
["rs621952","T","C","T","C",-0.041902815,{"v":-2.93e-5,"d":"-2.93E-05"},0.5117,0.505841,false,false,false,"ukb-d-J32",null,0.83275,0.000138792,"Diagnoses - main ICD10: J32 Chronic sinusitis || id:ukb-d-J32",true,"igd","enigma3-withglobal-middletemporal-surfavg",2,4511132,0.008030997,{"v":1.81e-7,"d":"1.81E-07"},31001,"wSA_Mean_middletemporal_surfavg || id:enigma3-withglobal-middletemporal-surfavg",true,"reported","MedicineITLab",2,true,0.000877442,31001,true,{"v":7.54e-7,"d":"7.54E-07"},null,0.000877442,27.22371938,25.26983511,27.22371938]
["rs72867280","A","G","A","G",0.047268183,{"v":-3.39e-5,"d":"-3.39E-05"},0.2466,0.240494,false,false,false,"ukb-d-J32",null,0.834261,0.000162253,"Diagnoses - main ICD10: J32 Chronic sinusitis || id:ukb-d-J32",true,"igd","enigma3-withglobal-middletemporal-surfavg",6,44041400,0.009300791,{"v":3.73e-7,"d":"3.73E-07"},31087,"wSA_Mean_middletemporal_surfavg || id:enigma3-withglobal-middletemporal-surfavg",true,"reported","MedicineITLab",2,true,0.000830207,31087,true,{"v":1.46e-6,"d":"1.46E-06"},null,0.000830207,25.82843379,25.26983511,25.82843379]
["rs74734063","A","T","A","T",0.101858286,{"v":3.46e-6,"d":"3.46E-06"},0.9451,0.9422078,false,true,false,"ukb-d-J32",null,0.990663,0.000295483,"Diagnoses - main ICD10: J32 Chronic sinusitis || id:ukb-d-J32",true,"igd","enigma3-withglobal-middletemporal-surfavg",6,102927936,0.021089062,{"v":1.37e-6,"d":"1.37E-06"},21646,"wSA_Mean_middletemporal_surfavg || id:enigma3-withglobal-middletemporal-surfavg",true,"reported","MedicineITLab",2,true,0.001076646,21646,true,{"v":2.76e-6,"d":"2.76E-06"},null,0.001076646,23.32803677,25.26983511,23.32803677]
["rs10045552","T","C","T","C",-0.045546209,-0.029,0.3325,0.34,false,false,false,"ukb-saige-471",null,0.27,0.026,"Nasal polyps || id:ukb-saige-471",true,"MedicineITLab","enigma3-withglobal-middletemporal-surfavg",5,106924597,0.008494716,{"v":8.25e-8,"d":"8.25E-08"},31193,"wSA_Mean_middletemporal_surfavg || id:enigma3-withglobal-middletemporal-surfavg",true,"reported","MedicineITLab",2,true,0.000920826,31193,true,{"v":1.19e-6,"d":"1.19E-06"},null,0.000920826,28.74794264,25.26983511,28.74794264]
["rs1344762","T","C","T","C",-0.044637573,-0.0077,0.6695,0.68,false,false,false,"ukb-saige-471",null,0.77,0.027,"Nasal polyps || id:ukb-saige-471",true,"MedicineITLab","enigma3-withglobal-middletemporal-surfavg",2,237708487,0.008699293,{"v":2.88e-7,"d":"2.88E-07"},29835,"wSA_Mean_middletemporal_surfavg || id:enigma3-withglobal-middletemporal-surfavg",true,"reported","MedicineITLab",2,true,0.000881766,29835,true,{"v":1.11e-6,"d":"1.11E-06"},null,0.000881766,26.32893159,25.26983511,26.32893159]
["rs1871186","T","C","T","C",-0.037607033,-0.013,0.6488,0.65,false,false,false,"ukb-saige-471",null,0.62,0.026,"Nasal polyps || id:ukb-saige-471",true,"MedicineITLab","enigma3-withglobal-middletemporal-surfavg",5,52234615,0.008384896,{"v":7.29e-6,"d":"7.29E-06"},31193,"wSA_Mean_middletemporal_surfavg || id:enigma3-withglobal-middletemporal-surfavg",true,"reported","MedicineITLab",2,true,0.000644516,31193,true,{"v":2.9e-5,"d":"2.90E-05"},null,0.000644516,20.11605367,25.26983511,20.11605367]
["rs28711421","T","C","T","C",-0.068669474,-0.0095,0.9027,0.908,false,false,false,"ukb-saige-471",null,0.83,0.043,"Nasal polyps || id:ukb-saige-471",true,"MedicineITLab","enigma3-withglobal-middletemporal-surfavg",9,98230907,0.013503995,{"v":3.67e-7,"d":"3.67E-07"},31193,"wSA_Mean_middletemporal_surfavg || id:enigma3-withglobal-middletemporal-surfavg",true,"reported","MedicineITLab",2,true,0.00082835,31193,true,{"v":1.34e-6,"d":"1.34E-06"},null,0.00082835,25.85847505,25.26983511,25.85847505]
["rs6785158","A","G","A","G",0.040890341,-0.0066,0.7212,0.72,false,false,false,"ukb-saige-471",null,0.81,0.028,"Nasal polyps || id:ukb-saige-471",true,"MedicineITLab","enigma3-withglobal-middletemporal-surfavg",3,150195824,0.00892586,{"v":4.63e-6,"d":"4.63E-06"},31193,"wSA_Mean_middletemporal_surfavg || id:enigma3-withglobal-middletemporal-surfavg",true,"reported","MedicineITLab",2,true,0.000672388,31193,true,{"v":1.39e-5,"d":"1.39E-05"},null,0.000672388,20.98656533,25.26983511,20.98656533]
["rs7124942","C","G","C","G",-0.049950313,0.042,0.836,0.83,false,true,false,"ukb-saige-471",null,0.22,0.034,"Nasal polyps || id:ukb-saige-471",true,"MedicineITLab","enigma3-withglobal-middletemporal-surfavg",11,30602281,0.010809278,{"v":3.82e-6,"d":"3.82E-06"},31193,"wSA_Mean_middletemporal_surfavg || id:enigma3-withglobal-middletemporal-surfavg",true,"reported","MedicineITLab",2,true,0.000684158,31193,true,{"v":3.91e-5,"d":"3.91E-05"},null,0.000684158,21.35418876,25.26983511,21.35418876]
["rs76367437","A","G","A","G",0.19379135,-0.0057,0.9868,0.988,false,false,false,"ukb-saige-471",null,0.96,0.12,"Nasal polyps || id:ukb-saige-471",true,"MedicineITLab","enigma3-withglobal-middletemporal-surfavg",18,56063117,0.040657089,{"v":1.88e-6,"d":"1.88E-06"},23201,"wSA_Mean_middletemporal_surfavg || id:enigma3-withglobal-middletemporal-surfavg",true,"reported","MedicineITLab",2,true,0.000978367,23201,true,{"v":3.84e-6,"d":"3.84E-06"},null,0.000978367,22.71936634,25.26983511,22.71936634]
["rs8061370","A","T","A","T",0.044449383,-0.086,0.7782,0.77,false,true,false,"ukb-saige-471",null,0.004,0.03,"Nasal polyps || id:ukb-saige-471",true,"MedicineITLab","enigma3-withglobal-middletemporal-surfavg",16,11458471,0.00963376,{"v":3.95e-6,"d":"3.95E-06"},31193,"wSA_Mean_middletemporal_surfavg || id:enigma3-withglobal-middletemporal-surfavg",true,"reported","MedicineITLab",2,true,0.000682047,31193,true,0.000248674,null,0.000682047,21.28824478,25.26983511,21.28824478]
["rs2648120","T","C","T","C",0.036119425,0.012469307,0.4512,0.205852374,false,false,false,"ebi-eas-GCST90018603",null,0.636635577,0.026395205,"Chronic sinusitis || id:ebi-eas-GCST90018603",true,"MedicineITLab","enigma3-withglobal-middletemporal-thickavg",4,186785293,0.008026539,{"v":7.2e-6,"d":"7.20E-06"},31324,"wTHICK_Mean_middletemporal_thickavg || id:enigma3-withglobal-middletemporal-thickavg",true,"reported","MedicineITLab",2,true,0.000646093,31324,true,{"v":9.03e-5,"d":"9.03E-05"},null,0.000646093,20.25,25.26983511,20.25]
["rs911737","A","G","A","G",0.037511764,-0.054817026,0.4134,0.628223503,false,false,false,"ebi-eas-GCST90018603",null,0.013166948,0.022110579,"Chronic sinusitis || id:ebi-eas-GCST90018603",true,"MedicineITLab","enigma3-withglobal-middletemporal-thickavg",9,77680812,0.008110652,{"v":3.6e-6,"d":"3.60E-06"},31324,"wTHICK_Mean_middletemporal_thickavg || id:enigma3-withglobal-middletemporal-thickavg",true,"reported","MedicineITLab",2,true,0.00068246,31324,true,0.001324989,null,0.00068246,21.390625,25.26983511,21.390625]
["rs17786098","T","C","T","C",-0.046584254,{"v":8.7e-5,"d":"8.70E-05"},0.7993,0.794753,false,false,false,"ukb-b-69",null,0.67,0.000204148,"Non-cancer illness code, self-reported: chronic sinusitis || id:ukb-b-69",true,"igd","enigma3-withglobal-middletemporal-thickavg",3,1496821,0.009911543,{"v":7.69e-6,"d":"7.69E-06"},31707,"wTHICK_Mean_middletemporal_thickavg || id:enigma3-withglobal-middletemporal-thickavg",true,"reported","MedicineITLab",2,true,0.00069625,31707,true,{"v":9.06e-6,"d":"9.06E-06"},null,0.00069625,22.09,25.26983511,22.09]
["rs4594227","A","G","A","G",0.034774364,0.000130037,0.5476,0.550572,false,false,false,"ukb-b-69",null,0.43,0.000164666,"Non-cancer illness code, self-reported: chronic sinusitis || id:ukb-b-69",true,"igd","enigma3-withglobal-middletemporal-thickavg",15,84497207,0.008024853,{"v":6.03e-6,"d":"6.03E-06"},31324,"wTHICK_Mean_middletemporal_thickavg || id:enigma3-withglobal-middletemporal-thickavg",true,"reported","MedicineITLab",2,true,0.000599148,31324,true,{"v":6.48e-5,"d":"6.48E-05"},null,0.000599148,18.77777778,25.26983511,18.77777778]
["rs10147945","T","C","T","C",-0.053960502,0.000182327,0.8673,0.858627,false,false,false,"ukb-d-J32",null,0.35643,0.000197711,"Diagnoses - main ICD10: J32 Chronic sinusitis || id:ukb-d-J32",true,"igd","enigma3-withglobal-middletemporal-thickavg",14,70585018,0.0117732,{"v":7.07e-6,"d":"7.07E-06"},31324,"wTHICK_Mean_middletemporal_thickavg || id:enigma3-withglobal-middletemporal-thickavg",true,"reported","MedicineITLab",2,true,0.000670227,31324,true,{"v":3.54e-5,"d":"3.54E-05"},null,0.000670227,21.00694444,25.26983511,21.00694444]
["rs10762574","A","C","A","C",0.03820663,{"v":8.99e-5,"d":"8.99E-05"},0.6096,0.607544,false,false,false,"ukb-d-J32",null,0.523498,0.000140929,"Diagnoses - main ICD10: J32 Chronic sinusitis || id:ukb-d-J32",true,"igd","enigma3-withglobal-middletemporal-thickavg",10,75806277,0.008187135,{"v":9.45e-7,"d":"9.45E-07"},31324,"wTHICK_Mean_middletemporal_thickavg || id:enigma3-withglobal-middletemporal-thickavg",true,"reported","MedicineITLab",2,true,0.000694804,31324,true,{"v":1.74e-5,"d":"1.74E-05"},null,0.000694804,21.77777778,25.26983511,21.77777778]
["rs4594227","A","G","A","G",0.034774364,{"v":4.21e-6,"d":"4.21E-06"},0.5476,0.552709,false,false,false,"ukb-d-J32",null,0.975835,0.000138976,"Diagnoses - main ICD10: J32 Chronic sinusitis || id:ukb-d-J32",true,"igd","enigma3-withglobal-middletemporal-thickavg",15,84497207,0.008024853,{"v":6.03e-6,"d":"6.03E-06"},31324,"wTHICK_Mean_middletemporal_thickavg || id:enigma3-withglobal-middletemporal-thickavg",true,"reported","MedicineITLab",2,true,0.000599148,31324,true,{"v":3.36e-5,"d":"3.36E-05"},null,0.000599148,18.77777778,25.26983511,18.77777778]
["rs577454","T","C","T","C",-0.03678444,-0.000161058,0.3692,0.379027,false,false,false,"ukb-d-J32",null,0.256671,0.000141989,"Diagnoses - main ICD10: J32 Chronic sinusitis || id:ukb-d-J32",true,"igd","enigma3-withglobal-middletemporal-thickavg",18,250047,0.008276499,{"v":3.08e-6,"d":"3.08E-06"},31324,"wTHICK_Mean_middletemporal_thickavg || id:enigma3-withglobal-middletemporal-thickavg",true,"reported","MedicineITLab",2,true,0.000630248,31324,true,{"v":8.06e-5,"d":"8.06E-05"},null,0.000630248,19.75308642,25.26983511,19.75308642]
["rs7707060","T","C","T","C",0.045822956,{"v":-5.51e-6,"d":"-5.51E-06"},0.707,0.701518,false,false,false,"ukb-d-J32",null,0.970849,0.000150813,"Diagnoses - main ICD10: J32 Chronic sinusitis || id:ukb-d-J32",true,"igd","enigma3-withglobal-middletemporal-thickavg",5,164828190,0.008774609,{"v":1.13e-7,"d":"1.13E-07"},31324,"wTHICK_Mean_middletemporal_thickavg || id:enigma3-withglobal-middletemporal-thickavg",true,"reported","MedicineITLab",2,true,0.000869928,31324,true,{"v":5.78e-7,"d":"5.78E-07"},null,0.000869928,27.27160494,25.26983511,27.27160494]
["rs17786098","T","C","T","C",-0.046584254,0.028,0.7993,0.79,false,false,false,"ukb-saige-471",null,0.36,0.031,"Nasal polyps || id:ukb-saige-471",true,"MedicineITLab","enigma3-withglobal-middletemporal-thickavg",3,1496821,0.009911543,{"v":7.69e-6,"d":"7.69E-06"},31707,"wTHICK_Mean_middletemporal_thickavg || id:enigma3-withglobal-middletemporal-thickavg",true,"reported","MedicineITLab",2,true,0.00069625,31707,true,{"v":1.92e-5,"d":"1.92E-05"},null,0.00069625,22.09,25.26983511,22.09]
["rs577454","T","C","T","C",-0.03678444,-0.035,0.3692,0.38,false,false,false,"ukb-saige-471",null,0.17,0.026,"Nasal polyps || id:ukb-saige-471",true,"MedicineITLab","enigma3-withglobal-middletemporal-thickavg",18,250047,0.008276499,{"v":3.08e-6,"d":"3.08E-06"},31324,"wTHICK_Mean_middletemporal_thickavg || id:enigma3-withglobal-middletemporal-thickavg",true,"reported","MedicineITLab",2,true,0.000630248,31324,true,{"v":9.18e-5,"d":"9.18E-05"},null,0.000630248,19.75308642,25.26983511,19.75308642]
["rs7155669","A","G","A","G",-0.05813078,0.029,0.3175,0.3,false,false,false,"ukb-saige-471",null,0.29,0.027,"Nasal polyps || id:ukb-saige-471",true,"MedicineITLab","enigma3-withglobal-middletemporal-thickavg",14,59063842,0.008576672,{"v":4.99e-12,"d":"4.99E-12"},31324,"wTHICK_Mean_middletemporal_thickavg || id:enigma3-withglobal-middletemporal-thickavg",true,"reported","MedicineITLab",2,true,0.001464498,31324,true,{"v":4.67e-10,"d":"4.67E-10"},null,0.001464498,45.9382716,25.26983511,45.9382716]
["rs10850057","T","C","T","C",0.069648025,-0.002758273,0.093,0.753772144,false,false,false,"ebi-eas-GCST90018603",null,0.916942837,0.026449262,"Chronic sinusitis || id:ebi-eas-GCST90018603",true,"MedicineITLab","enigma3-withglobal-paracentral-surfavg",12,112991452,0.013561484,{"v":2.81e-7,"d":"2.81E-07"},32206,"wSA_Mean_paracentral_surfavg || id:enigma3-withglobal-paracentral-surfavg",true,"reported","MedicineITLab",2,true,0.000818348,32206,true,{"v":3.58e-6,"d":"3.58E-06"},null,0.000818348,26.37565255,25.26983511,26.37565255]
["rs11594669","A","G","A","G",-0.040739097,0.006240946,0.6817,0.809996208,false,false,false,"ebi-eas-GCST90018603",null,0.820695038,0.027535472,"Chronic sinusitis || id:ebi-eas-GCST90018603",true,"MedicineITLab","enigma3-withglobal-paracentral-surfavg",10,122359040,0.008676511,{"v":2.66e-6,"d":"2.66E-06"},30589,"wSA_Mean_paracentral_surfavg || id:enigma3-withglobal-paracentral-surfavg",true,"reported","MedicineITLab",2,true,0.000720249,30589,true,{"v":2.63e-5,"d":"2.63E-05"},null,0.000720249,22.04613797,25.26983511,22.04613797]
["rs2015633","T","C","T","C",-0.046061027,-0.045885017,0.2809,0.20997128,false,false,false,"ebi-eas-GCST90018603",null,0.080462493,0.026249876,"Chronic sinusitis || id:ebi-eas-GCST90018603",true,"MedicineITLab","enigma3-withglobal-paracentral-surfavg",11,99616274,0.010181702,{"v":6.07e-6,"d":"6.07E-06"},23859,"wSA_Mean_paracentral_surfavg || id:enigma3-withglobal-paracentral-surfavg",true,"reported","MedicineITLab",2,true,0.000857113,23859,true,0.000345067,null,0.000857113,20.46569495,25.26983511,20.46569495]
["rs6583848","T","C","T","C",-0.038924429,-0.005196455,0.6732,0.744428355,false,false,false,"ebi-eas-GCST90018603",null,0.832201693,0.024525618,"Chronic sinusitis || id:ebi-eas-GCST90018603",true,"MedicineITLab","enigma3-withglobal-paracentral-surfavg",10,94670560,0.008354331,{"v":3.17e-6,"d":"3.17E-06"},32543,"wSA_Mean_paracentral_surfavg || id:enigma3-withglobal-paracentral-surfavg",true,"reported","MedicineITLab",2,true,0.000666654,32543,true,{"v":3.3e-5,"d":"3.30E-05"},null,0.000666654,21.70806729,25.26983511,21.70806729]
["rs17748359","A","C","A","C",0.041525748,0.00035347,0.7382,0.73981,false,false,false,"ukb-b-69",null,0.0580003,0.000186395,"Non-cancer illness code, self-reported: chronic sinusitis || id:ukb-b-69",true,"igd","enigma3-withglobal-paracentral-surfavg",8,93291163,0.008913596,{"v":3.18e-6,"d":"3.18E-06"},32543,"wSA_Mean_paracentral_surfavg || id:enigma3-withglobal-paracentral-surfavg",true,"reported","MedicineITLab",2,true,0.000666513,32543,true,{"v":5.91e-5,"d":"5.91E-05"},null,0.000666513,21.70346429,25.26983511,21.70346429]
["rs2760751","A","G","A","G",0.045291859,0.000214647,0.2759,0.27035,false,false,false,"ukb-b-69",null,0.24,0.000184432,"Non-cancer illness code, self-reported: chronic sinusitis || id:ukb-b-69",true,"igd","enigma3-withglobal-paracentral-surfavg",17,2028106,0.008766301,{"v":2.38e-7,"d":"2.38E-07"},32543,"wSA_Mean_paracentral_surfavg || id:enigma3-withglobal-paracentral-surfavg",true,"reported","MedicineITLab",2,true,0.000819635,32543,true,{"v":2.67e-6,"d":"2.67E-06"},null,0.000819635,26.69362356,25.26983511,26.69362356]
["rs9565516","A","T","A","T",-0.043815348,-0.000251148,0.6619,0.668427,false,true,false,"ukb-b-69",null,0.15,0.000174029,"Non-cancer illness code, self-reported: chronic sinusitis || id:ukb-b-69",true,"igd","enigma3-withglobal-paracentral-surfavg",13,80217881,0.008282551,{"v":1.22e-7,"d":"1.22E-07"},32543,"wSA_Mean_paracentral_surfavg || id:enigma3-withglobal-paracentral-surfavg",true,"reported","MedicineITLab",2,true,0.000859251,32543,true,{"v":2.11e-6,"d":"2.11E-06"},null,0.000859251,27.98493506,25.26983511,27.98493506]
["rs10850057","T","C","T","C",0.069648025,-0.000217934,0.093,0.0831345,false,false,false,"ukb-d-J32",null,0.382253,0.000249422,"Diagnoses - main ICD10: J32 Chronic sinusitis || id:ukb-d-J32",true,"igd","enigma3-withglobal-paracentral-surfavg",12,112991452,0.013561484,{"v":2.81e-7,"d":"2.81E-07"},32206,"wSA_Mean_paracentral_surfavg || id:enigma3-withglobal-paracentral-surfavg",true,"reported","MedicineITLab",2,true,0.000818348,32206,true,{"v":3.01e-6,"d":"3.01E-06"},null,0.000818348,26.37565255,25.26983511,26.37565255]
["rs17748359","A","C","A","C",0.041525748,{"v":2.78e-5,"d":"2.78E-05"},0.7382,0.739567,false,false,false,"ukb-d-J32",null,0.858927,0.000156532,"Diagnoses - main ICD10: J32 Chronic sinusitis || id:ukb-d-J32",true,"igd","enigma3-withglobal-paracentral-surfavg",8,93291163,0.008913596,{"v":3.18e-6,"d":"3.18E-06"},32543,"wSA_Mean_paracentral_surfavg || id:enigma3-withglobal-paracentral-surfavg",true,"reported","MedicineITLab",2,true,0.000666513,32543,true,{"v":1.03e-5,"d":"1.03E-05"},null,0.000666513,21.70346429,25.26983511,21.70346429]
["rs17846866","T","G","T","G",-0.071381632,-0.000388241,0.9233,0.9283783,false,false,false,"ukb-d-J32",null,0.146544,0.000267411,"Diagnoses - main ICD10: J32 Chronic sinusitis || id:ukb-d-J32",true,"igd","enigma3-withglobal-paracentral-surfavg",3,186570746,0.015123758,{"v":2.36e-6,"d":"2.36E-06"},30848,"wSA_Mean_paracentral_surfavg || id:enigma3-withglobal-paracentral-surfavg",true,"reported","MedicineITLab",2,true,0.000721674,30848,true,{"v":3.75e-5,"d":"3.75E-05"},null,0.000721674,22.27683695,25.26983511,22.27683695]
["rs61784835","T","C","T","C",-0.038973652,{"v":-1.12e-5,"d":"-1.12E-05"},0.3653,0.354463,false,false,false,"ukb-d-J32",null,0.938002,0.000144278,"Diagnoses - main ICD10: J32 Chronic sinusitis || id:ukb-d-J32",true,"igd","enigma3-withglobal-paracentral-surfavg",1,47974123,0.008192114,{"v":1.96e-6,"d":"1.96E-06"},32113,"wSA_Mean_paracentral_surfavg || id:enigma3-withglobal-paracentral-surfavg",true,"reported","MedicineITLab",2,true,0.000704353,32113,true,{"v":5.73e-6,"d":"5.73E-06"},null,0.000704353,22.63342126,25.26983511,22.63342126]
["rs76067171","A","G","A","G",0.043373126,{"v":8.37e-5,"d":"8.37E-05"},0.7865,0.78301,false,false,false,"ukb-d-J32",null,0.623016,0.000170331,"Diagnoses - main ICD10: J32 Chronic sinusitis || id:ukb-d-J32",true,"igd","enigma3-withglobal-paracentral-surfavg",3,67101641,0.009562777,{"v":5.74e-6,"d":"5.74E-06"},32543,"wSA_Mean_paracentral_surfavg || id:enigma3-withglobal-paracentral-surfavg",true,"reported","MedicineITLab",2,true,0.000631783,32543,true,{"v":2.64e-5,"d":"2.64E-05"},null,0.000631783,20.57185249,25.26983511,20.57185249]
["rs10480105","T","C","T","C",-0.04116815,0.027,0.2412,0.23,false,false,false,"ukb-saige-471",null,0.36,0.029,"Nasal polyps || id:ukb-saige-471",true,"MedicineITLab","enigma3-withglobal-paracentral-surfavg",7,3885512,0.009159726,{"v":6.97e-6,"d":"6.97E-06"},32543,"wSA_Mean_paracentral_surfavg || id:enigma3-withglobal-paracentral-surfavg",true,"reported","MedicineITLab",2,true,0.000620379,32543,true,{"v":4.88e-5,"d":"4.88E-05"},null,0.000620379,20.20029549,25.26983511,20.20029549]
["rs17457359","T","C","T","C",-0.055958107,-0.0014,0.8872,0.89,false,false,false,"ukb-saige-471",null,0.97,0.041,"Nasal polyps || id:ukb-saige-471",true,"MedicineITLab","enigma3-withglobal-paracentral-surfavg",7,16023546,0.012309937,{"v":5.47e-6,"d":"5.47E-06"},32952,"wSA_Mean_paracentral_surfavg || id:enigma3-withglobal-paracentral-surfavg",true,"reported","MedicineITLab",2,true,0.000626739,32952,true,{"v":1.32e-5,"d":"1.32E-05"},null,0.000626739,20.66399793,25.26983511,20.66399793]
["rs1965253","T","C","T","C",-0.03595719,-0.0044,0.409,0.41,false,false,false,"ukb-saige-471",null,0.86,0.025,"Nasal polyps || id:ukb-saige-471",true,"MedicineITLab","enigma3-withglobal-paracentral-surfavg",16,70639655,0.007970368,{"v":6.44e-6,"d":"6.44E-06"},32543,"wSA_Mean_paracentral_surfavg || id:enigma3-withglobal-paracentral-surfavg",true,"reported","MedicineITLab",2,true,0.000625046,32543,true,{"v":1.82e-5,"d":"1.82E-05"},null,0.000625046,20.35235689,25.26983511,20.35235689]
["rs58708371","A","C","A","C",0.040837029,-0.03,0.2594,0.25,false,false,false,"ukb-saige-471",null,0.29,0.029,"Nasal polyps || id:ukb-saige-471",true,"MedicineITLab","enigma3-withglobal-paracentral-surfavg",6,36666385,0.00894033,{"v":4.93e-6,"d":"4.93E-06"},32543,"wSA_Mean_paracentral_surfavg || id:enigma3-withglobal-paracentral-surfavg",true,"reported","MedicineITLab",2,true,0.000640755,32543,true,{"v":4.07e-5,"d":"4.07E-05"},null,0.000640755,20.86417451,25.26983511,20.86417451]
["rs9565516","A","T","A","T",-0.043815348,-0.054,0.6619,0.67,false,true,false,"ukb-saige-471",null,0.041,0.026,"Nasal polyps || id:ukb-saige-471",true,"MedicineITLab","enigma3-withglobal-paracentral-surfavg",13,80217881,0.008282551,{"v":1.22e-7,"d":"1.22E-07"},32543,"wSA_Mean_paracentral_surfavg || id:enigma3-withglobal-paracentral-surfavg",true,"reported","MedicineITLab",2,true,0.000859251,32543,true,{"v":6.51e-6,"d":"6.51E-06"},null,0.000859251,27.98493506,25.26983511,27.98493506]
["rs11759026","A","G","A","G",-0.05902436,0.016832564,0.7622,0.528578972,false,false,false,"ebi-eas-GCST90018603",null,0.451334609,0.022348308,"Chronic sinusitis || id:ebi-eas-GCST90018603",true,"MedicineITLab","enigma3-withglobal-paracentral-thickavg",6,126792095,0.009222556,{"v":4.07e-10,"d":"4.07E-10"},32394,"wTHICK_Mean_paracentral_thickavg || id:enigma3-withglobal-paracentral-thickavg",true,"reported","MedicineITLab",2,true,0.001262913,32394,true,{"v":3.52e-8,"d":"3.52E-08"},null,0.001262913,40.96,25.26983511,40.96]
["rs3762902","T","G","T","G",-0.044743379,0.001968021,0.7504,0.777112219,false,false,false,"ebi-eas-GCST90018603",null,0.938531392,0.025520326,"Chronic sinusitis || id:ebi-eas-GCST90018603",true,"MedicineITLab","enigma3-withglobal-paracentral-thickavg",4,83791649,0.009131302,{"v":2.42e-6,"d":"2.42E-06"},31994,"wTHICK_Mean_paracentral_thickavg || id:enigma3-withglobal-paracentral-thickavg",true,"reported","MedicineITLab",2,true,0.000749937,31994,true,{"v":9.28e-6,"d":"9.28E-06"},null,0.000749937,24.01,25.26983511,24.01]
["rs7718291","A","G","A","G",-0.049021939,0.023067663,0.8117,0.820930985,false,false,false,"ebi-eas-GCST90018603",null,0.409525448,0.02796999,"Chronic sinusitis || id:ebi-eas-GCST90018603",true,"MedicineITLab","enigma3-withglobal-paracentral-thickavg",5,68200642,0.010004477,{"v":3.11e-6,"d":"3.11E-06"},32662,"wTHICK_Mean_paracentral_thickavg || id:enigma3-withglobal-paracentral-thickavg",true,"reported","MedicineITLab",2,true,0.00073461,32662,true,{"v":3.87e-5,"d":"3.87E-05"},null,0.00073461,24.01,25.26983511,24.01]
["rs930176","T","C","T","C",-0.044308162,-0.004877132,0.2677,0.516880275,false,false,false,"ebi-eas-GCST90018603",null,0.825247199,0.022088334,"Chronic sinusitis || id:ebi-eas-GCST90018603",true,"MedicineITLab","enigma3-withglobal-paracentral-thickavg",11,133093579,0.009042482,{"v":1.45e-6,"d":"1.45E-06"},31171,"wTHICK_Mean_paracentral_thickavg || id:enigma3-withglobal-paracentral-thickavg",true,"reported","MedicineITLab",2,true,0.000769724,31171,true,{"v":1.16e-5,"d":"1.16E-05"},null,0.000769724,24.01,25.26983511,24.01]
["rs2525990","A","G","A","G",0.052341013,0.00011395,0.2932,0.280201,false,false,false,"ukb-b-69",null,0.53,0.000182859,"Non-cancer illness code, self-reported: chronic sinusitis || id:ukb-b-69",true,"igd","enigma3-withglobal-paracentral-thickavg",17,54961660,0.008723502,{"v":1.66e-8,"d":"1.66E-08"},31671,"wTHICK_Mean_paracentral_thickavg || id:enigma3-withglobal-paracentral-thickavg",true,"reported","MedicineITLab",2,true,0.001135468,31671,true,{"v":1.64e-8,"d":"1.64E-08"},null,0.001135468,36,25.26983511,36]
["rs6907767","A","G","A","G",-0.040181427,0.000135401,0.7089,0.71039,false,false,false,"ukb-b-69",null,0.450001,0.000180695,"Non-cancer illness code, self-reported: chronic sinusitis || id:ukb-b-69",true,"igd","enigma3-withglobal-paracentral-thickavg",6,20589341,0.008610306,{"v":8.86e-6,"d":"8.86E-06"},32662,"wTHICK_Mean_paracentral_thickavg || id:enigma3-withglobal-paracentral-thickavg",true,"reported","MedicineITLab",2,true,0.000666358,32662,true,{"v":1.58e-5,"d":"1.58E-05"},null,0.000666358,21.77777778,25.26983511,21.77777778]
["rs72760959","T","C","T","C",0.048223169,{"v":-3.94e-5,"d":"-3.94E-05"},0.8034,0.808848,false,false,false,"ukb-b-69",null,0.85,0.000208992,"Non-cancer illness code, self-reported: chronic sinusitis || id:ukb-b-69",true,"igd","enigma3-withglobal-paracentral-thickavg",16,6535859,0.009841463,{"v":2.51e-6,"d":"2.51E-06"},32662,"wTHICK_Mean_paracentral_thickavg || id:enigma3-withglobal-paracentral-thickavg",true,"reported","MedicineITLab",2,true,0.00073461,32662,true,{"v":2.78e-6,"d":"2.78E-06"},null,0.00073461,24.01,25.26983511,24.01]
["rs11759026","A","G","A","G",-0.05902436,{"v":-3.66e-5,"d":"-3.66E-05"},0.7622,0.772632,false,false,false,"ukb-d-J32",null,0.824177,0.000164778,"Diagnoses - main ICD10: J32 Chronic sinusitis || id:ukb-d-J32",true,"igd","enigma3-withglobal-paracentral-thickavg",6,126792095,0.009222556,{"v":4.07e-10,"d":"4.07E-10"},32394,"wTHICK_Mean_paracentral_thickavg || id:enigma3-withglobal-paracentral-thickavg",true,"reported","MedicineITLab",2,true,0.001262913,32394,true,{"v":1.31e-9,"d":"1.31E-09"},null,0.001262913,40.96,25.26983511,40.96]
["rs12571420","T","C","T","C",-0.058433618,{"v":-9.83e-5,"d":"-9.83E-05"},0.8874,0.895203,false,false,false,"ukb-d-J32",null,0.661965,0.00022476,"Diagnoses - main ICD10: J32 Chronic sinusitis || id:ukb-d-J32",true,"igd","enigma3-withglobal-paracentral-thickavg",10,15077055,0.012585702,{"v":2.58e-6,"d":"2.58E-06"},31571,"wTHICK_Mean_paracentral_thickavg || id:enigma3-withglobal-paracentral-thickavg",true,"reported","MedicineITLab",2,true,0.00068236,31571,true,{"v":1.51e-5,"d":"1.51E-05"},null,0.00068236,21.55612245,25.26983511,21.55612245]
["rs3762902","T","G","T","G",-0.044743379,{"v":-8.96e-5,"d":"-8.96E-05"},0.7504,0.795891,false,false,false,"ukb-d-J32",null,0.599115,0.000170483,"Diagnoses - main ICD10: J32 Chronic sinusitis || id:ukb-d-J32",true,"igd","enigma3-withglobal-paracentral-thickavg",4,83791649,0.009131302,{"v":2.42e-6,"d":"2.42E-06"},31994,"wTHICK_Mean_paracentral_thickavg || id:enigma3-withglobal-paracentral-thickavg",true,"reported","MedicineITLab",2,true,0.000749937,31994,true,{"v":5.47e-6,"d":"5.47E-06"},null,0.000749937,24.01,25.26983511,24.01]
["rs7494063","A","C","A","C",-0.049052719,-0.000151856,0.8002,0.8095,false,false,false,"ukb-d-J32",null,0.389269,0.000176382,"Diagnoses - main ICD10: J32 Chronic sinusitis || id:ukb-d-J32",true,"igd","enigma3-withglobal-paracentral-thickavg",14,29549249,0.009810544,{"v":1.94e-6,"d":"1.94E-06"},32470,"wTHICK_Mean_paracentral_thickavg || id:enigma3-withglobal-paracentral-thickavg",true,"reported","MedicineITLab",2,true,0.000769396,32470,true,{"v":5.59e-6,"d":"5.59E-06"},null,0.000769396,25,25.26983511,25]
["rs7854681","A","G","A","G",-0.040233471,{"v":9.15e-5,"d":"9.15E-05"},0.3447,0.343372,false,false,false,"ukb-d-J32",null,0.528462,0.000145174,"Diagnoses - main ICD10: J32 Chronic sinusitis || id:ukb-d-J32",true,"igd","enigma3-withglobal-paracentral-thickavg",9,113674345,0.008229574,{"v":3.77e-7,"d":"3.77E-07"},32662,"wTHICK_Mean_paracentral_thickavg || id:enigma3-withglobal-paracentral-thickavg",true,"reported","MedicineITLab",2,true,0.000731285,32662,true,{"v":6.81e-6,"d":"6.81E-06"},null,0.000731285,23.90123457,25.26983511,23.90123457]
["rs12571420","T","C","T","C",-0.058433618,-0.06,0.8874,0.9,false,false,false,"ukb-saige-471",null,0.14,0.041,"Nasal polyps || id:ukb-saige-471",true,"MedicineITLab","enigma3-withglobal-paracentral-thickavg",10,15077055,0.012585702,{"v":2.58e-6,"d":"2.58E-06"},31571,"wTHICK_Mean_paracentral_thickavg || id:enigma3-withglobal-paracentral-thickavg",true,"reported","MedicineITLab",2,true,0.00068236,31571,true,{"v":4.75e-5,"d":"4.75E-05"},null,0.00068236,21.55612245,25.26983511,21.55612245]
["rs28280","A","G","A","G",0.041199429,0.011,0.3187,0.31,false,false,false,"ukb-saige-471",null,0.67,0.027,"Nasal polyps || id:ukb-saige-471",true,"MedicineITLab","enigma3-withglobal-paracentral-thickavg",3,10526438,0.008828449,{"v":9.43e-6,"d":"9.43E-06"},29525,"wTHICK_Mean_paracentral_thickavg || id:enigma3-withglobal-paracentral-thickavg",true,"reported","MedicineITLab",2,true,0.000737111,29525,true,{"v":1.12e-5,"d":"1.12E-05"},null,0.000737111,21.77777778,25.26983511,21.77777778]
["rs3821184","C","G","C","G",0.037641939,0.042,0.6657,0.69,false,true,false,"ukb-saige-471",null,0.12,0.027,"Nasal polyps || id:ukb-saige-471",true,"MedicineITLab","enigma3-withglobal-paracentral-thickavg",2,188249420,0.008469436,{"v":5.43e-6,"d":"5.43E-06"},31304,"wTHICK_Mean_paracentral_thickavg || id:enigma3-withglobal-paracentral-thickavg",true,"reported","MedicineITLab",2,true,0.000630651,31304,true,0.000115887,null,0.000630651,19.75308642,25.26983511,19.75308642]
["rs7718291","A","G","A","G",-0.049021939,0.024,0.8117,0.81,false,false,false,"ukb-saige-471",null,0.44,0.032,"Nasal polyps || id:ukb-saige-471",true,"MedicineITLab","enigma3-withglobal-paracentral-thickavg",5,68200642,0.010004477,{"v":3.11e-6,"d":"3.11E-06"},32662,"wTHICK_Mean_paracentral_thickavg || id:enigma3-withglobal-paracentral-thickavg",true,"reported","MedicineITLab",2,true,0.00073461,32662,true,{"v":6.79e-6,"d":"6.79E-06"},null,0.00073461,24.01,25.26983511,24.01]
["rs10474080","A","G","A","G",-0.042883367,-0.065532182,0.4144,0.031763323,false,false,false,"ebi-eas-GCST90018603",null,0.278174465,0.060430106,"Chronic sinusitis || id:ebi-eas-GCST90018603",true,"MedicineITLab","enigma3-withglobal-parahippocampal-surfavg",5,82374119,0.00822894,{"v":1.88e-7,"d":"1.88E-07"},30402,"wSA_Mean_parahippocampal_surfavg || id:enigma3-withglobal-parahippocampal-surfavg",true,"reported","MedicineITLab",2,true,0.000892542,30402,true,{"v":1.48e-5,"d":"1.48E-05"},null,0.000892542,27.15750968,25.26983511,27.15750968]
["rs1607232","T","G","T","G",-0.046896398,-0.067663522,0.2106,0.043095887,false,false,false,"ebi-eas-GCST90018603",null,0.219633705,0.055122911,"Chronic sinusitis || id:ebi-eas-GCST90018603",true,"MedicineITLab","enigma3-withglobal-parahippocampal-surfavg",11,111068461,0.009942867,{"v":2.4e-6,"d":"2.40E-06"},30402,"wSA_Mean_parahippocampal_surfavg || id:enigma3-withglobal-parahippocampal-surfavg",true,"reported","MedicineITLab",2,true,0.000731248,30402,true,0.000132606,null,0.000731248,22.24619471,25.26983511,22.24619471]
["rs753396","T","C","T","C",-0.044295945,-0.025298663,0.241,0.43533171,false,false,false,"ebi-eas-GCST90018603",null,0.24006825,0.021534145,"Chronic sinusitis || id:ebi-eas-GCST90018603",true,"MedicineITLab","enigma3-withglobal-parahippocampal-surfavg",17,41476843,0.009479008,{"v":2.97e-6,"d":"2.97E-06"},30402,"wSA_Mean_parahippocampal_surfavg || id:enigma3-withglobal-parahippocampal-surfavg",true,"reported","MedicineITLab",2,true,0.000717822,30402,true,0.000142971,null,0.000717822,21.8374638,25.26983511,21.8374638]
["rs7783338","A","G","A","G",-0.041095378,0.001413493,0.3035,0.245765811,false,false,false,"ebi-eas-GCST90018603",null,0.9572869,0.026391557,"Chronic sinusitis || id:ebi-eas-GCST90018603",true,"MedicineITLab","enigma3-withglobal-parahippocampal-surfavg",7,42763147,0.008880836,{"v":3.7e-6,"d":"3.70E-06"},29971,"wSA_Mean_parahippocampal_surfavg || id:enigma3-withglobal-parahippocampal-surfavg",true,"reported","MedicineITLab",2,true,0.000713996,29971,true,{"v":2.46e-5,"d":"2.46E-05"},null,0.000713996,21.41303417,25.26983511,21.41303417]
["rs1792354","T","C","T","C",-0.051468509,{"v":7.11e-5,"d":"7.11E-05"},0.6631,0.668345,false,false,false,"ukb-b-69",null,0.68,0.000174866,"Non-cancer illness code, self-reported: chronic sinusitis || id:ukb-b-69",true,"igd","enigma3-withglobal-parahippocampal-surfavg",11,92319654,0.008575334,{"v":1.96e-9,"d":"1.96E-09"},30402,"wSA_Mean_parahippocampal_surfavg || id:enigma3-withglobal-parahippocampal-surfavg",true,"reported","MedicineITLab",2,true,0.001183568,30402,true,{"v":1.12e-8,"d":"1.12E-08"},null,0.001183568,36.02310284,25.26983511,36.02310284]
["rs926144","A","G","A","G",-0.045361242,{"v":3.37e-5,"d":"3.37E-05"},0.7945,0.789491,false,false,false,"ukb-b-69",null,0.87,0.000201117,"Non-cancer illness code, self-reported: chronic sinusitis || id:ukb-b-69",true,"igd","enigma3-withglobal-parahippocampal-surfavg",14,94813402,0.010033429,{"v":6.16e-6,"d":"6.16E-06"},30402,"wSA_Mean_parahippocampal_surfavg || id:enigma3-withglobal-parahippocampal-surfavg",true,"reported","MedicineITLab",2,true,0.000671901,30402,true,{"v":1.44e-5,"d":"1.44E-05"},null,0.000671901,20.4395382,25.26983511,20.4395382]
["rs10474080","A","G","A","G",-0.042883367,0.000217509,0.4144,0.413628,false,false,false,"ukb-d-J32",null,0.119506,0.000139711,"Diagnoses - main ICD10: J32 Chronic sinusitis || id:ukb-d-J32",true,"igd","enigma3-withglobal-parahippocampal-surfavg",5,82374119,0.00822894,{"v":1.88e-7,"d":"1.88E-07"},30402,"wSA_Mean_parahippocampal_surfavg || id:enigma3-withglobal-parahippocampal-surfavg",true,"reported","MedicineITLab",2,true,0.000892542,30402,true,{"v":4.87e-6,"d":"4.87E-06"},null,0.000892542,27.15750968,25.26983511,27.15750968]
["rs1792354","T","C","T","C",-0.051468509,0.000227005,0.6631,0.667698,false,false,false,"ukb-d-J32",null,0.121975,0.000146782,"Diagnoses - main ICD10: J32 Chronic sinusitis || id:ukb-d-J32",true,"igd","enigma3-withglobal-parahippocampal-surfavg",11,92319654,0.008575334,{"v":1.96e-9,"d":"1.96E-09"},30402,"wSA_Mean_parahippocampal_surfavg || id:enigma3-withglobal-parahippocampal-surfavg",true,"reported","MedicineITLab",2,true,0.001183568,30402,true,{"v":9.71e-8,"d":"9.71E-08"},null,0.001183568,36.02310284,25.26983511,36.02310284]
["rs4689118","T","C","T","C",-0.036652441,{"v":-3.86e-5,"d":"-3.86E-05"},0.5623,0.575342,false,false,false,"ukb-d-J32",null,0.781797,0.000139436,"Diagnoses - main ICD10: J32 Chronic sinusitis || id:ukb-d-J32",true,"igd","enigma3-withglobal-parahippocampal-surfavg",4,4500129,0.008172073,{"v":7.3e-6,"d":"7.30E-06"},30402,"wSA_Mean_parahippocampal_surfavg || id:enigma3-withglobal-parahippocampal-surfavg",true,"reported","MedicineITLab",2,true,0.000661272,30402,true,{"v":2.34e-5,"d":"2.34E-05"},null,0.000661272,20.11598518,25.26983511,20.11598518]
["rs753396","T","C","T","C",-0.044295945,{"v":3.25e-5,"d":"3.25E-05"},0.241,0.225078,false,false,false,"ukb-d-J32",null,0.843479,0.000164649,"Diagnoses - main ICD10: J32 Chronic sinusitis || id:ukb-d-J32",true,"igd","enigma3-withglobal-parahippocampal-surfavg",17,41476843,0.009479008,{"v":2.97e-6,"d":"2.97E-06"},30402,"wSA_Mean_parahippocampal_surfavg || id:enigma3-withglobal-parahippocampal-surfavg",true,"reported","MedicineITLab",2,true,0.000717822,30402,true,{"v":9.32e-6,"d":"9.32E-06"},null,0.000717822,21.8374638,25.26983511,21.8374638]
["rs926144","A","G","A","G",-0.045361242,{"v":1.52e-5,"d":"1.52E-05"},0.7945,0.788498,false,false,false,"ukb-d-J32",null,0.928301,0.000168719,"Diagnoses - main ICD10: J32 Chronic sinusitis || id:ukb-d-J32",true,"igd","enigma3-withglobal-parahippocampal-surfavg",14,94813402,0.010033429,{"v":6.16e-6,"d":"6.16E-06"},30402,"wSA_Mean_parahippocampal_surfavg || id:enigma3-withglobal-parahippocampal-surfavg",true,"reported","MedicineITLab",2,true,0.000671901,30402,true,{"v":1.59e-5,"d":"1.59E-05"},null,0.000671901,20.4395382,25.26983511,20.4395382]
["rs11058068","C","G","C","G",0.045154209,-0.059,0.7943,0.79,false,true,false,"ukb-saige-471",null,0.056,0.031,"Nasal polyps || id:ukb-saige-471",true,"MedicineITLab","enigma3-withglobal-parahippocampal-surfavg",12,125700343,0.010101706,{"v":7.83e-6,"d":"7.83E-06"},29971,"wSA_Mean_parahippocampal_surfavg || id:enigma3-withglobal-parahippocampal-surfavg",true,"reported","MedicineITLab",2,true,0.000666262,29971,true,0.000143593,null,0.000666262,19.98053115,25.26983511,19.98053115]
["rs34891553","T","G","T","G",0.118346054,-0.019,0.0253,0.022,false,false,false,"ukb-saige-471",null,0.83,0.088,"Nasal polyps || id:ukb-saige-471",true,"MedicineITLab","enigma3-withglobal-parahippocampal-surfavg",2,85389297,0.026689711,{"v":9.25e-6,"d":"9.25E-06"},28446,"wSA_Mean_parahippocampal_surfavg || id:enigma3-withglobal-parahippocampal-surfavg",true,"reported","MedicineITLab",2,true,0.000690763,28446,true,{"v":2.39e-5,"d":"2.39E-05"},null,0.000690763,19.66164324,25.26983511,19.66164324]
["rs75735065","A","G","A","G",0.134456024,0.1,0.0257,0.023,false,false,false,"ukb-saige-471",null,0.22,0.084,"Nasal polyps || id:ukb-saige-471",true,"MedicineITLab","enigma3-withglobal-parahippocampal-surfavg",11,125192514,0.030173416,{"v":8.34e-6,"d":"8.34E-06"},21915,"wSA_Mean_parahippocampal_surfavg || id:enigma3-withglobal-parahippocampal-surfavg",true,"reported","MedicineITLab",2,true,0.00090535,21915,true,{"v":4.85e-5,"d":"4.85E-05"},null,0.00090535,19.85690485,25.26983511,19.85690485]
["rs7783338","A","G","A","G",-0.041095378,-0.015,0.3035,0.31,false,false,false,"ukb-saige-471",null,0.58,0.027,"Nasal polyps || id:ukb-saige-471",true,"MedicineITLab","enigma3-withglobal-parahippocampal-surfavg",7,42763147,0.008880836,{"v":3.7e-6,"d":"3.70E-06"},29971,"wSA_Mean_parahippocampal_surfavg || id:enigma3-withglobal-parahippocampal-surfavg",true,"reported","MedicineITLab",2,true,0.000713996,29971,true,{"v":1.62e-5,"d":"1.62E-05"},null,0.000713996,21.41303417,25.26983511,21.41303417]
["rs11989605","A","G","A","G",0.042752651,0.042837372,0.7822,0.327977034,false,false,false,"ebi-eas-GCST90018603",null,0.059017142,0.022688497,"Chronic sinusitis || id:ebi-eas-GCST90018603",true,"MedicineITLab","enigma3-withglobal-parahippocampal-thickavg",8,122657738,0.009665817,{"v":9.9e-6,"d":"9.90E-06"},31396,"wTHICK_Mean_parahippocampal_thickavg || id:enigma3-withglobal-parahippocampal-thickavg",true,"reported","MedicineITLab",2,true,0.000622776,31396,true,0.001091181,null,0.000622776,19.56360947,25.26983511,19.56360947]
["rs12651936","A","C","A","C",-0.104520965,-0.003450125,0.9708,0.818563312,false,false,false,"ebi-eas-GCST90018603",null,0.901477055,0.027869513,"Chronic sinusitis || id:ebi-eas-GCST90018603",true,"MedicineITLab","enigma3-withglobal-parahippocampal-thickavg",5,77524194,0.02355402,{"v":9.32e-6,"d":"9.32E-06"},31775,"wTHICK_Mean_parahippocampal_thickavg || id:enigma3-withglobal-parahippocampal-thickavg",true,"reported","MedicineITLab",2,true,0.000619369,31775,true,{"v":6.46e-5,"d":"6.46E-05"},null,0.000619369,19.69140625,25.26983511,19.69140625]
["rs2545583","A","G","A","G",-0.036481385,0.015277204,0.3859,0.37605141,false,false,false,"ebi-eas-GCST90018603",null,0.487617537,0.022009992,"Chronic sinusitis || id:ebi-eas-GCST90018603",true,"MedicineITLab","enigma3-withglobal-parahippocampal-thickavg",5,102048098,0.008146329,{"v":9.02e-6,"d":"9.02E-06"},31775,"wTHICK_Mean_parahippocampal_thickavg || id:enigma3-withglobal-parahippocampal-thickavg",true,"reported","MedicineITLab",2,true,0.000630792,31775,true,0.00014568,null,0.000630792,20.05482042,25.26983511,20.05482042]
["rs6054390","A","G","A","G",0.036702213,0.01908976,0.6268,0.868830852,false,false,false,"ebi-eas-GCST90018603",null,0.549142643,0.03186697,"Chronic sinusitis || id:ebi-eas-GCST90018603",true,"MedicineITLab","enigma3-withglobal-parahippocampal-thickavg",20,6592094,0.00819943,{"v":7.85e-6,"d":"7.85E-06"},31775,"wTHICK_Mean_parahippocampal_thickavg || id:enigma3-withglobal-parahippocampal-thickavg",true,"reported","MedicineITLab",2,true,0.00063021,31775,true,0.000125336,null,0.00063021,20.03628118,25.26983511,20.03628118]
["rs8028503","A","G","A","G",-0.060932177,-0.02198746,0.138,0.354846016,false,false,false,"ebi-eas-GCST90018603",null,0.323953744,0.02229139,"Chronic sinusitis || id:ebi-eas-GCST90018603",true,"MedicineITLab","enigma3-withglobal-parahippocampal-thickavg",15,39989140,0.011496637,{"v":1.72e-7,"d":"1.72E-07"},31775,"wTHICK_Mean_parahippocampal_thickavg || id:enigma3-withglobal-parahippocampal-thickavg",true,"reported","MedicineITLab",2,true,0.000883303,31775,true,{"v":9.54e-6,"d":"9.54E-06"},null,0.000883303,28.09,25.26983511,28.09]
["rs12713037","T","C","T","C",-0.038538016,{"v":2.23e-5,"d":"2.23E-05"},0.2957,0.294064,false,false,false,"ukb-b-69",null,0.9,0.000180145,"Non-cancer illness code, self-reported: chronic sinusitis || id:ukb-b-69",true,"igd","enigma3-withglobal-parahippocampal-thickavg",2,49366956,0.008689945,{"v":7.69e-6,"d":"7.69E-06"},31775,"wTHICK_Mean_parahippocampal_thickavg || id:enigma3-withglobal-parahippocampal-thickavg",true,"reported","MedicineITLab",2,true,0.000618611,31775,true,{"v":2.06e-5,"d":"2.06E-05"},null,0.000618611,19.66729679,25.26983511,19.66729679]
["rs352359","C","G","C","G",-0.046235027,{"v":4.29e-5,"d":"4.29E-05"},0.3521,0.348585,false,true,false,"ukb-b-69",null,0.8,0.000172509,"Non-cancer illness code, self-reported: chronic sinusitis || id:ukb-b-69",true,"igd","enigma3-withglobal-parahippocampal-thickavg",5,148663809,0.00871644,{"v":1.23e-7,"d":"1.23E-07"},28822,"wTHICK_Mean_parahippocampal_thickavg || id:enigma3-withglobal-parahippocampal-thickavg",true,"reported","MedicineITLab",2,true,0.000975318,28822,true,{"v":3.67e-7,"d":"3.67E-07"},null,0.000975318,28.13610586,25.26983511,28.13610586]
["rs6054390","A","G","A","G",0.036702213,0.00020116,0.6268,0.627906,false,false,false,"ukb-b-69",null,0.24,0.000170036,"Non-cancer illness code, self-reported: chronic sinusitis || id:ukb-b-69",true,"igd","enigma3-withglobal-parahippocampal-thickavg",20,6592094,0.00819943,{"v":7.85e-6,"d":"7.85E-06"},31775,"wTHICK_Mean_parahippocampal_thickavg || id:enigma3-withglobal-parahippocampal-thickavg",true,"reported","MedicineITLab",2,true,0.00063021,31775,true,{"v":5.58e-5,"d":"5.58E-05"},null,0.00063021,20.03628118,25.26983511,20.03628118]
["rs10852923","T","G","T","G",0.03663554,-0.000146899,0.4966,0.493335,false,false,false,"ukb-d-J32",null,0.286314,0.000137773,"Diagnoses - main ICD10: J32 Chronic sinusitis || id:ukb-d-J32",true,"igd","enigma3-withglobal-parahippocampal-thickavg",17,2086355,0.007931406,{"v":3.93e-6,"d":"3.93E-06"},31775,"wTHICK_Mean_parahippocampal_thickavg || id:enigma3-withglobal-parahippocampal-thickavg",true,"reported","MedicineITLab",2,true,0.00067105,31775,true,{"v":3.71e-5,"d":"3.71E-05"},null,0.00067105,21.33560091,25.26983511,21.33560091]
["rs115914417","A","G","A","G",0.086930152,-0.000323689,0.0548,0.050169,false,false,false,"ukb-d-J32",null,0.307729,0.000317342,"Diagnoses - main ICD10: J32 Chronic sinusitis || id:ukb-d-J32",true,"igd","enigma3-withglobal-parahippocampal-thickavg",4,128035097,0.017312361,{"v":4.02e-7,"d":"4.02E-07"},32184,"wTHICK_Mean_parahippocampal_thickavg || id:enigma3-withglobal-parahippocampal-thickavg",true,"reported","MedicineITLab",2,true,0.000782844,32184,true,{"v":6.21e-6,"d":"6.21E-06"},null,0.000782844,25.21321865,25.26983511,25.21321865]
["rs12713037","T","C","T","C",-0.038538016,{"v":3.96e-5,"d":"3.96E-05"},0.2957,0.295467,false,false,false,"ukb-d-J32",null,0.793531,0.000151133,"Diagnoses - main ICD10: J32 Chronic sinusitis || id:ukb-d-J32",true,"igd","enigma3-withglobal-parahippocampal-thickavg",2,49366956,0.008689945,{"v":7.69e-6,"d":"7.69E-06"},31775,"wTHICK_Mean_parahippocampal_thickavg || id:enigma3-withglobal-parahippocampal-thickavg",true,"reported","MedicineITLab",2,true,0.000618611,31775,true,{"v":2.96e-5,"d":"2.96E-05"},null,0.000618611,19.66729679,25.26983511,19.66729679]
["rs3138489","A","C","A","C",-0.035720562,0.000208115,0.4797,0.480399,false,false,false,"ukb-d-J32",null,0.13393,0.000138856,"Diagnoses - main ICD10: J32 Chronic sinusitis || id:ukb-d-J32",true,"igd","enigma3-withglobal-parahippocampal-thickavg",9,92218862,0.007937903,{"v":9.74e-6,"d":"9.74E-06"},31775,"wTHICK_Mean_parahippocampal_thickavg || id:enigma3-withglobal-parahippocampal-thickavg",true,"reported","MedicineITLab",2,true,0.000636928,31775,true,0.000101261,null,0.000636928,20.25,25.26983511,20.25]
["rs4511120","C","G","C","G",0.087025132,{"v":-3.09e-5,"d":"-3.09E-05"},0.0485,0.0480486,false,true,false,"ukb-d-J32",null,0.923672,0.000322475,"Diagnoses - main ICD10: J32 Chronic sinusitis || id:ukb-d-J32",true,"igd","enigma3-withglobal-parahippocampal-thickavg",1,104404382,0.018459876,{"v":2.43e-6,"d":"2.43E-06"},31775,"wTHICK_Mean_parahippocampal_thickavg || id:enigma3-withglobal-parahippocampal-thickavg",true,"reported","MedicineITLab",2,true,0.000698988,31775,true,{"v":7.06e-6,"d":"7.06E-06"},null,0.000698988,22.2244898,25.26983511,22.2244898]
["rs61881983","C","G","C","G",0.149748004,0.00109282,0.981,0.9831475,false,true,false,"ukb-d-J32",null,0.0497714,0.000557013,"Diagnoses - main ICD10: J32 Chronic sinusitis || id:ukb-d-J32",true,"igd","enigma3-withglobal-parahippocampal-thickavg",11,16813525,0.033277334,{"v":7.26e-6,"d":"7.26E-06"},24206,"wTHICK_Mean_parahippocampal_thickavg || id:enigma3-withglobal-parahippocampal-thickavg",true,"reported","MedicineITLab",2,true,0.000835939,24206,true,0.000111522,null,0.000835939,20.25,25.26983511,20.25]
["rs10852923","T","G","T","G",0.03663554,0.027,0.4966,0.49,false,false,false,"ukb-saige-471",null,0.28,0.025,"Nasal polyps || id:ukb-saige-471",true,"MedicineITLab","enigma3-withglobal-parahippocampal-thickavg",17,2086355,0.007931406,{"v":3.93e-6,"d":"3.93E-06"},31775,"wTHICK_Mean_parahippocampal_thickavg || id:enigma3-withglobal-parahippocampal-thickavg",true,"reported","MedicineITLab",2,true,0.00067105,31775,true,{"v":3.36e-5,"d":"3.36E-05"},null,0.00067105,21.33560091,25.26983511,21.33560091]
["rs115914417","A","G","A","G",0.086930152,-0.095,0.0548,0.05,false,false,false,"ukb-saige-471",null,0.1,0.058,"Nasal polyps || id:ukb-saige-471",true,"MedicineITLab","enigma3-withglobal-parahippocampal-thickavg",4,128035097,0.017312361,{"v":4.02e-7,"d":"4.02E-07"},32184,"wTHICK_Mean_parahippocampal_thickavg || id:enigma3-withglobal-parahippocampal-thickavg",true,"reported","MedicineITLab",2,true,0.000782844,32184,true,{"v":1.21e-5,"d":"1.21E-05"},null,0.000782844,25.21321865,25.26983511,25.21321865]
["rs13144949","T","G","T","G",0.039933675,-0.1,0.3407,0.32,false,false,false,"ukb-saige-471",null,0.00018,0.027,"Nasal polyps || id:ukb-saige-471",true,"MedicineITLab","enigma3-withglobal-parahippocampal-thickavg",4,66456906,0.008367056,{"v":1.48e-6,"d":"1.48E-06"},31775,"wTHICK_Mean_parahippocampal_thickavg || id:enigma3-withglobal-parahippocampal-thickavg",true,"reported","MedicineITLab",2,true,0.000716414,31775,true,0.000346508,null,0.000716414,22.77892562,25.26983511,22.77892562]
["rs206517","C","G","C","G",0.041605551,0.02,0.3237,0.32,false,true,false,"ukb-saige-471",null,0.45,0.027,"Nasal polyps || id:ukb-saige-471",true,"MedicineITLab","enigma3-withglobal-parahippocampal-thickavg",18,10410087,0.008475205,{"v":9.91e-7,"d":"9.91E-07"},31775,"wTHICK_Mean_parahippocampal_thickavg || id:enigma3-withglobal-parahippocampal-thickavg",true,"reported","MedicineITLab",2,true,0.000757905,31775,true,{"v":6.22e-6,"d":"6.22E-06"},null,0.000757905,24.09917355,25.26983511,24.09917355]
["rs4795529","A","G","A","G",-0.041245488,0.021,0.5091,0.52,false,false,false,"ukb-saige-471",null,0.39,0.025,"Nasal polyps || id:ukb-saige-471",true,"MedicineITLab","enigma3-withglobal-parahippocampal-thickavg",17,28443549,0.007931825,{"v":3.07e-7,"d":"3.07E-07"},31775,"wTHICK_Mean_parahippocampal_thickavg || id:enigma3-withglobal-parahippocampal-thickavg",true,"reported","MedicineITLab",2,true,0.000850313,31775,true,{"v":1.83e-6,"d":"1.83E-06"},null,0.000850313,27.04,25.26983511,27.04]
["rs7806963","T","C","T","C",0.036513182,-0.025,0.3562,0.35,false,false,false,"ukb-saige-471",null,0.34,0.026,"Nasal polyps || id:ukb-saige-471",true,"MedicineITLab","enigma3-withglobal-parahippocampal-thickavg",7,138195280,0.00828134,{"v":8.78e-6,"d":"8.78E-06"},31775,"wTHICK_Mean_parahippocampal_thickavg || id:enigma3-withglobal-parahippocampal-thickavg",true,"reported","MedicineITLab",2,true,0.000611469,31775,true,{"v":6.96e-5,"d":"6.96E-05"},null,0.000611469,19.44008264,25.26983511,19.44008264]
["rs11107546","T","C","T","C",0.043936678,0.000749994,0.2954,0.32480271,false,false,false,"ebi-eas-GCST90018603",null,0.97382089,0.022854159,"Chronic sinusitis || id:ebi-eas-GCST90018603",true,"MedicineITLab","enigma3-withglobal-parsopercularis-surfavg",12,78352277,0.008581273,{"v":3.06e-7,"d":"3.06E-07"},32598,"wSA_Mean_parsopercularis_surfavg || id:enigma3-withglobal-parsopercularis-surfavg",true,"reported","MedicineITLab",2,true,0.000803596,32598,true,{"v":3.41e-6,"d":"3.41E-06"},null,0.000803596,26.2150691,25.26983511,26.2150691]
["rs1792802","A","C","A","C",0.046224843,-0.02404556,0.2008,0.303645159,false,false,false,"ebi-eas-GCST90018603",null,0.298846803,0.023144999,"Chronic sinusitis || id:ebi-eas-GCST90018603",true,"MedicineITLab","enigma3-withglobal-parsopercularis-surfavg",11,110214382,0.009773369,{"v":2.25e-6,"d":"2.25E-06"},32598,"wSA_Mean_parsopercularis_surfavg || id:enigma3-withglobal-parsopercularis-surfavg",true,"reported","MedicineITLab",2,true,0.000685804,32598,true,0.000107913,null,0.000685804,22.3698111,25.26983511,22.3698111]
["rs61218176","C","G","C","G",0.04771108,-0.004361011,0.1887,0.176216044,false,true,false,"ebi-eas-GCST90018603",null,0.877662032,0.028330454,"Chronic sinusitis || id:ebi-eas-GCST90018603",true,"MedicineITLab","enigma3-withglobal-parsopercularis-surfavg",9,98329824,0.010006329,{"v":1.86e-6,"d":"1.86E-06"},32598,"wSA_Mean_parsopercularis_surfavg || id:enigma3-withglobal-parsopercularis-surfavg",true,"reported","MedicineITLab",2,true,0.000696982,32598,true,{"v":1.92e-5,"d":"1.92E-05"},null,0.000696982,22.73468724,25.26983511,22.73468724]
["rs7010552","A","G","A","G",-0.071604247,-0.013614572,0.0711,0.12589871,false,false,false,"ebi-eas-GCST90018603",null,0.670812801,0.032031819,"Chronic sinusitis || id:ebi-eas-GCST90018603",true,"MedicineITLab","enigma3-withglobal-parsopercularis-surfavg",8,138577206,0.015234789,{"v":2.6e-6,"d":"2.60E-06"},32598,"wSA_Mean_parsopercularis_surfavg || id:enigma3-withglobal-parsopercularis-surfavg",true,"reported","MedicineITLab",2,true,0.000677245,32598,true,{"v":4.14e-5,"d":"4.14E-05"},null,0.000677245,22.09045477,25.26983511,22.09045477]
["rs1159974","T","C","T","C",-0.047034835,{"v":-5.01e-5,"d":"-5.01E-05"},0.4852,0.475632,false,false,false,"ukb-b-69",null,0.760001,0.000163723,"Non-cancer illness code, self-reported: chronic sinusitis || id:ukb-b-69",true,"igd","enigma3-withglobal-parsopercularis-surfavg",6,126090277,0.007864342,{"v":2.22e-9,"d":"2.22E-09"},32332,"wSA_Mean_parsopercularis_surfavg || id:enigma3-withglobal-parsopercularis-surfavg",true,"reported","MedicineITLab",2,true,0.001105169,32332,true,{"v":1.18e-8,"d":"1.18E-08"},null,0.001105169,35.76963501,25.26983511,35.76963501]
["rs12938190","T","C","T","C",0.042946053,{"v":-3.74e-5,"d":"-3.74E-05"},0.5015,0.507206,false,false,false,"ukb-b-69",null,0.82,0.000165091,"Non-cancer illness code, self-reported: chronic sinusitis || id:ukb-b-69",true,"igd","enigma3-withglobal-parsopercularis-surfavg",17,13054525,0.007829508,{"v":4.13e-8,"d":"4.13E-08"},32598,"wSA_Mean_parsopercularis_surfavg || id:enigma3-withglobal-parsopercularis-surfavg",true,"reported","MedicineITLab",2,true,0.000922173,32598,true,{"v":1.58e-7,"d":"1.58E-07"},null,0.000922173,30.08691011,25.26983511,30.08691011]
["rs441890","T","C","T","C",0.043564045,{"v":-3.58e-5,"d":"-3.58E-05"},0.5773,0.580713,false,false,false,"ukb-b-69",null,0.83,0.000166368,"Non-cancer illness code, self-reported: chronic sinusitis || id:ukb-b-69",true,"igd","enigma3-withglobal-parsopercularis-surfavg",8,71564667,0.007924735,{"v":3.86e-8,"d":"3.86E-08"},32598,"wSA_Mean_parsopercularis_surfavg || id:enigma3-withglobal-parsopercularis-surfavg",true,"reported","MedicineITLab",2,true,0.000926233,32598,true,{"v":1.46e-7,"d":"1.46E-07"},null,0.000926233,30.21947702,25.26983511,30.21947702]
["rs9471128","A","G","A","G",0.038299276,{"v":1.56e-5,"d":"1.56E-05"},0.6081,0.614782,false,false,false,"ukb-b-69",null,0.93,0.000168312,"Non-cancer illness code, self-reported: chronic sinusitis || id:ukb-b-69",true,"igd","enigma3-withglobal-parsopercularis-surfavg",6,39535223,0.008020027,{"v":1.79e-6,"d":"1.79E-06"},32598,"wSA_Mean_parsopercularis_surfavg || id:enigma3-withglobal-parsopercularis-surfavg",true,"reported","MedicineITLab",2,true,0.000699136,32598,true,{"v":4.4e-6,"d":"4.40E-06"},null,0.000699136,22.80496675,25.26983511,22.80496675]
["rs1159974","T","C","T","C",-0.047034835,0.000176667,0.4852,0.472122,false,false,false,"ukb-d-J32",null,0.199691,0.000137759,"Diagnoses - main ICD10: J32 Chronic sinusitis || id:ukb-d-J32",true,"igd","enigma3-withglobal-parsopercularis-surfavg",6,126090277,0.007864342,{"v":2.22e-9,"d":"2.22E-09"},32332,"wSA_Mean_parsopercularis_surfavg || id:enigma3-withglobal-parsopercularis-surfavg",true,"reported","MedicineITLab",2,true,0.001105169,32332,true,{"v":8.27e-8,"d":"8.27E-08"},null,0.001105169,35.76963501,25.26983511,35.76963501]
["rs146072538","A","T","A","T",-0.146577469,0.000513372,0.9772,0.9778297,false,true,false,"ukb-d-J32",null,0.281186,0.000476376,"Diagnoses - main ICD10: J32 Chronic sinusitis || id:ukb-d-J32",true,"igd","enigma3-withglobal-parsopercularis-surfavg",19,53010556,0.032794914,{"v":7.84e-6,"d":"7.84E-06"},20848,"wSA_Mean_parsopercularis_surfavg || id:enigma3-withglobal-parsopercularis-surfavg",true,"reported","MedicineITLab",2,true,0.000957376,20848,true,{"v":4.25e-5,"d":"4.25E-05"},null,0.000957376,19.97659458,25.26983511,19.97659458]
["rs441890","T","C","T","C",0.043564045,0.000150042,0.5773,0.582572,false,false,false,"ukb-d-J32",null,0.283499,0.0001399,"Diagnoses - main ICD10: J32 Chronic sinusitis || id:ukb-d-J32",true,"igd","enigma3-withglobal-parsopercularis-surfavg",8,71564667,0.007924735,{"v":3.86e-8,"d":"3.86E-08"},32598,"wSA_Mean_parsopercularis_surfavg || id:enigma3-withglobal-parsopercularis-surfavg",true,"reported","MedicineITLab",2,true,0.000926233,32598,true,{"v":7.22e-7,"d":"7.22E-07"},null,0.000926233,30.21947702,25.26983511,30.21947702]
["rs61218176","C","G","C","G",0.04771108,{"v":-7.13e-5,"d":"-7.13E-05"},0.1887,0.17901,false,true,false,"ukb-d-J32",null,0.692464,0.000180255,"Diagnoses - main ICD10: J32 Chronic sinusitis || id:ukb-d-J32",true,"igd","enigma3-withglobal-parsopercularis-surfavg",9,98329824,0.010006329,{"v":1.86e-6,"d":"1.86E-06"},32598,"wSA_Mean_parsopercularis_surfavg || id:enigma3-withglobal-parsopercularis-surfavg",true,"reported","MedicineITLab",2,true,0.000696982,32598,true,{"v":8.5e-6,"d":"8.50E-06"},null,0.000696982,22.73468724,25.26983511,22.73468724]
["rs78683549","T","C","T","C",0.042343457,{"v":3.59e-5,"d":"3.59E-05"},0.6978,0.698765,false,false,false,"ukb-d-J32",null,0.811508,0.000150347,"Diagnoses - main ICD10: J32 Chronic sinusitis || id:ukb-d-J32",true,"igd","enigma3-withglobal-parsopercularis-surfavg",3,66044821,0.009372761,{"v":6.25e-6,"d":"6.25E-06"},26972,"wSA_Mean_parsopercularis_surfavg || id:enigma3-withglobal-parsopercularis-surfavg",true,"reported","MedicineITLab",2,true,0.000756185,26972,true,{"v":1.75e-5,"d":"1.75E-05"},null,0.000756185,20.40974237,25.26983511,20.40974237]
["rs9407947","T","C","T","C",0.050104136,{"v":3.02e-5,"d":"3.02E-05"},0.8597,0.874792,false,false,false,"ukb-d-J32",null,0.88441,0.000207784,"Diagnoses - main ICD10: J32 Chronic sinusitis || id:ukb-d-J32",true,"igd","enigma3-withglobal-parsopercularis-surfavg",9,19952814,0.011336542,{"v":9.89e-6,"d":"9.89E-06"},32238,"wSA_Mean_parsopercularis_surfavg || id:enigma3-withglobal-parsopercularis-surfavg",true,"reported","MedicineITLab",2,true,0.000605594,32238,true,{"v":2.76e-5,"d":"2.76E-05"},null,0.000605594,19.5337664,25.26983511,19.5337664]
["rs1205023","T","C","T","C",-0.037517978,0.024,0.5436,0.54,false,false,false,"ukb-saige-471",null,0.34,0.025,"Nasal polyps || id:ukb-saige-471",true,"MedicineITLab","enigma3-withglobal-parsopercularis-surfavg",6,3582177,0.00786029,{"v":1.82e-6,"d":"1.82E-06"},32598,"wSA_Mean_parsopercularis_surfavg || id:enigma3-withglobal-parsopercularis-surfavg",true,"reported","MedicineITLab",2,true,0.000698448,32598,true,{"v":1.56e-5,"d":"1.56E-05"},null,0.000698448,22.78251513,25.26983511,22.78251513]
["rs2033939","A","G","A","G",-0.134921754,-0.035,0.0824,0.082,false,false,false,"ukb-saige-471",null,0.44,0.046,"Nasal polyps || id:ukb-saige-471",true,"MedicineITLab","enigma3-withglobal-parsopercularis-surfavg",15,39633904,0.014223745,{"v":2.41e-21,"d":"2.41E-21"},32598,"wSA_Mean_parsopercularis_surfavg || id:enigma3-withglobal-parsopercularis-surfavg",true,"reported","MedicineITLab",2,true,0.002752799,32598,true,{"v":5.55e-19,"d":"5.55E-19"},null,0.002752799,89.97794174,25.26983511,89.97794174]
["rs3781363","C","G","C","G",-0.075287262,0.056,0.9359,0.938,false,true,false,"ukb-saige-471",null,0.28,0.052,"Nasal polyps || id:ukb-saige-471",true,"MedicineITLab","enigma3-withglobal-parsopercularis-surfavg",10,105365289,0.015984954,{"v":2.48e-6,"d":"2.48E-06"},32598,"wSA_Mean_parsopercularis_surfavg || id:enigma3-withglobal-parsopercularis-surfavg",true,"reported","MedicineITLab",2,true,0.000680081,32598,true,{"v":2.36e-5,"d":"2.36E-05"},null,0.000680081,22.18299849,25.26983511,22.18299849]
["rs73148272","A","C","A","C",0.053918478,0.086,0.1502,0.16,false,false,false,"ukb-saige-471",null,0.017,0.036,"Nasal polyps || id:ukb-saige-471",true,"MedicineITLab","enigma3-withglobal-parsopercularis-surfavg",20,59984434,0.011562318,{"v":3.11e-6,"d":"3.11E-06"},29282,"wSA_Mean_parsopercularis_surfavg || id:enigma3-withglobal-parsopercularis-surfavg",true,"reported","MedicineITLab",2,true,0.00074215,29282,true,0.000109077,null,0.00074215,21.74630195,25.26983511,21.74630195]
["rs11684667","A","G","A","G",0.046381772,-0.019053249,0.1648,0.100546331,false,false,false,"ebi-eas-GCST90018603",null,0.618692423,0.038282261,"Chronic sinusitis || id:ebi-eas-GCST90018603",true,"MedicineITLab","enigma3-withglobal-parsopercularis-thickavg",2,71024560,0.010541312,{"v":8.45e-6,"d":"8.45E-06"},32674,"wTHICK_Mean_parsopercularis_thickavg || id:enigma3-withglobal-parsopercularis-thickavg",true,"reported","MedicineITLab",2,true,0.000592205,32674,true,0.000147231,null,0.000592205,19.36,25.26983511,19.36]
["rs12517522","T","C","T","C",-0.038974216,-0.014641498,0.3139,0.425308861,false,false,false,"ebi-eas-GCST90018603",null,0.498502178,0.021631874,"Chronic sinusitis || id:ebi-eas-GCST90018603",true,"MedicineITLab","enigma3-withglobal-parsopercularis-thickavg",5,128901607,0.008426858,{"v":9.02e-7,"d":"9.02E-07"},32674,"wTHICK_Mean_parsopercularis_thickavg || id:enigma3-withglobal-parsopercularis-thickavg",true,"reported","MedicineITLab",2,true,0.00065428,32674,true,{"v":8.64e-5,"d":"8.64E-05"},null,0.00065428,21.390625,25.26983511,21.390625]
["rs61730027","T","C","T","C",0.099231582,0.008235874,0.0402,0.122648951,false,false,false,"ebi-eas-GCST90018603",null,0.801246443,0.032716533,"Chronic sinusitis || id:ebi-eas-GCST90018603",true,"MedicineITLab","enigma3-withglobal-parsopercularis-thickavg",18,2555005,0.020493479,{"v":1.7e-6,"d":"1.70E-06"},30834,"wTHICK_Mean_parsopercularis_thickavg || id:enigma3-withglobal-parsopercularis-thickavg",true,"reported","MedicineITLab",2,true,0.000759865,30834,true,{"v":1.53e-5,"d":"1.53E-05"},null,0.000759865,23.44598338,25.26983511,23.44598338]
["rs7082619","A","T","A","T",-0.051673991,0.033277217,0.8514,0.64748834,false,true,false,"ebi-eas-GCST90018603",null,0.143200139,0.022730691,"Chronic sinusitis || id:ebi-eas-GCST90018603",true,"MedicineITLab","enigma3-withglobal-parsopercularis-thickavg",10,5865270,0.010994466,{"v":3.44e-6,"d":"3.44E-06"},32674,"wTHICK_Mean_parsopercularis_thickavg || id:enigma3-withglobal-parsopercularis-thickavg",true,"reported","MedicineITLab",2,true,0.000675657,32674,true,0.000245104,null,0.000675657,22.09,25.26983511,22.09]
["rs12517522","T","C","T","C",-0.038974216,0.00019123,0.3139,0.319396,false,false,false,"ukb-b-69",null,0.28,0.000175461,"Non-cancer illness code, self-reported: chronic sinusitis || id:ukb-b-69",true,"igd","enigma3-withglobal-parsopercularis-thickavg",5,128901607,0.008426858,{"v":9.02e-7,"d":"9.02E-07"},32674,"wTHICK_Mean_parsopercularis_thickavg || id:enigma3-withglobal-parsopercularis-thickavg",true,"reported","MedicineITLab",2,true,0.00065428,32674,true,{"v":2.79e-5,"d":"2.79E-05"},null,0.00065428,21.390625,25.26983511,21.390625]
["rs3740221","T","C","T","C",-0.044172039,-0.000355361,0.6153,0.688804,false,false,false,"ukb-b-69",null,0.0439997,0.000176745,"Non-cancer illness code, self-reported: chronic sinusitis || id:ukb-b-69",true,"igd","enigma3-withglobal-parsopercularis-thickavg",10,124329673,0.008642355,{"v":4.8e-7,"d":"4.80E-07"},28257,"wTHICK_Mean_parsopercularis_thickavg || id:enigma3-withglobal-parsopercularis-thickavg",true,"reported","MedicineITLab",2,true,0.000923706,28257,true,{"v":7.5e-6,"d":"7.50E-06"},null,0.000923706,26.12345679,25.26983511,26.12345679]
["rs9459027","T","C","T","C",0.052951508,-0.000187828,0.1697,0.154471,false,false,false,"ukb-b-69",null,0.41,0.000226882,"Non-cancer illness code, self-reported: chronic sinusitis || id:ukb-b-69",true,"igd","enigma3-withglobal-parsopercularis-thickavg",6,164640622,0.010590302,{"v":5.55e-7,"d":"5.55E-07"},31617,"wTHICK_Mean_parsopercularis_thickavg || id:enigma3-withglobal-parsopercularis-thickavg",true,"reported","MedicineITLab",2,true,0.000790139,31617,true,{"v":3.7e-6,"d":"3.70E-06"},null,0.000790139,25,25.26983511,25]
["rs11684667","A","G","A","G",0.046381772,-0.000133732,0.1648,0.160816,false,false,false,"ukb-d-J32",null,0.486902,0.000192352,"Diagnoses - main ICD10: J32 Chronic sinusitis || id:ukb-d-J32",true,"igd","enigma3-withglobal-parsopercularis-thickavg",2,71024560,0.010541312,{"v":8.45e-6,"d":"8.45E-06"},32674,"wTHICK_Mean_parsopercularis_thickavg || id:enigma3-withglobal-parsopercularis-thickavg",true,"reported","MedicineITLab",2,true,0.000592205,32674,true,{"v":6e-5,"d":"6.00E-05"},null,0.000592205,19.36,25.26983511,19.36]
["rs201335","T","C","T","C",-0.045867186,{"v":-2.4e-6,"d":"-2.40E-06"},0.1972,0.190518,false,false,false,"ukb-d-J32",null,0.989054,0.00017503,"Diagnoses - main ICD10: J32 Chronic sinusitis || id:ukb-d-J32",true,"igd","enigma3-withglobal-parsopercularis-thickavg",6,21047814,0.009828683,{"v":3.62e-6,"d":"3.62E-06"},32674,"wTHICK_Mean_parsopercularis_thickavg || id:enigma3-withglobal-parsopercularis-thickavg",true,"reported","MedicineITLab",2,true,0.000666114,32674,true,{"v":8.03e-6,"d":"8.03E-06"},null,0.000666114,21.77777778,25.26983511,21.77777778]
["rs2236031","T","C","T","C",0.049046288,-0.000102317,0.1791,0.178872,false,false,false,"ukb-d-J32",null,0.585068,0.000187394,"Diagnoses - main ICD10: J32 Chronic sinusitis || id:ukb-d-J32",true,"igd","enigma3-withglobal-parsopercularis-thickavg",22,50921694,0.010790183,{"v":6.3e-6,"d":"6.30E-06"},29191,"wTHICK_Mean_parsopercularis_thickavg || id:enigma3-withglobal-parsopercularis-thickavg",true,"reported","MedicineITLab",2,true,0.00070734,29191,true,{"v":2.42e-5,"d":"2.42E-05"},null,0.00070734,20.66115702,25.26983511,20.66115702]
["rs61730027","T","C","T","C",0.099231582,{"v":8.85e-5,"d":"8.85E-05"},0.0402,0.0367578,false,false,false,"ukb-d-J32",null,0.810374,0.000368952,"Diagnoses - main ICD10: J32 Chronic sinusitis || id:ukb-d-J32",true,"igd","enigma3-withglobal-parsopercularis-thickavg",18,2555005,0.020493479,{"v":1.7e-6,"d":"1.70E-06"},30834,"wTHICK_Mean_parsopercularis_thickavg || id:enigma3-withglobal-parsopercularis-thickavg",true,"reported","MedicineITLab",2,true,0.000759865,30834,true,{"v":4.65e-6,"d":"4.65E-06"},null,0.000759865,23.44598338,25.26983511,23.44598338]
["rs6961122","T","C","T","C",-0.061109331,-0.000114594,0.1041,0.106146,false,false,false,"ukb-d-J32",null,0.612195,0.000226049,"Diagnoses - main ICD10: J32 Chronic sinusitis || id:ukb-d-J32",true,"igd","enigma3-withglobal-parsopercularis-thickavg",7,100663854,0.012865122,{"v":3.41e-6,"d":"3.41E-06"},32371,"wTHICK_Mean_parsopercularis_thickavg || id:enigma3-withglobal-parsopercularis-thickavg",true,"reported","MedicineITLab",2,true,0.000696555,32371,true,{"v":1.06e-5,"d":"1.06E-05"},null,0.000696555,22.5625,25.26983511,22.5625]
["rs11684667","A","G","A","G",0.046381772,-0.073,0.1648,0.16,false,false,false,"ukb-saige-471",null,0.036,0.035,"Nasal polyps || id:ukb-saige-471",true,"MedicineITLab","enigma3-withglobal-parsopercularis-thickavg",2,71024560,0.010541312,{"v":8.45e-6,"d":"8.45E-06"},32674,"wTHICK_Mean_parsopercularis_thickavg || id:enigma3-withglobal-parsopercularis-thickavg",true,"reported","MedicineITLab",2,true,0.000592205,32674,true,0.000262392,null,0.000592205,19.36,25.26983511,19.36]
["rs201335","T","C","T","C",-0.045867186,-0.046,0.1972,0.19,false,false,false,"ukb-saige-471",null,0.14,0.032,"Nasal polyps || id:ukb-saige-471",true,"MedicineITLab","enigma3-withglobal-parsopercularis-thickavg",6,21047814,0.009828683,{"v":3.62e-6,"d":"3.62E-06"},32674,"wTHICK_Mean_parsopercularis_thickavg || id:enigma3-withglobal-parsopercularis-thickavg",true,"reported","MedicineITLab",2,true,0.000666114,32674,true,{"v":4.4e-5,"d":"4.40E-05"},null,0.000666114,21.77777778,25.26983511,21.77777778]
["rs3904916","A","G","A","G",0.053197341,0.059,0.8585,0.86,false,false,false,"ukb-saige-471",null,0.096,0.036,"Nasal polyps || id:ukb-saige-471",true,"MedicineITLab","enigma3-withglobal-parsopercularis-thickavg",1,58625501,0.011253284,{"v":9.7e-7,"d":"9.70E-07"},32482,"wTHICK_Mean_parsopercularis_thickavg || id:enigma3-withglobal-parsopercularis-thickavg",true,"reported","MedicineITLab",2,true,0.000687554,32482,true,{"v":4.31e-5,"d":"4.31E-05"},null,0.000687554,22.34710744,25.26983511,22.34710744]
["rs61730027","T","C","T","C",0.099231582,0.0025,0.0402,0.037,false,false,false,"ukb-saige-471",null,0.97,0.067,"Nasal polyps || id:ukb-saige-471",true,"MedicineITLab","enigma3-withglobal-parsopercularis-thickavg",18,2555005,0.020493479,{"v":1.7e-6,"d":"1.70E-06"},30834,"wTHICK_Mean_parsopercularis_thickavg || id:enigma3-withglobal-parsopercularis-thickavg",true,"reported","MedicineITLab",2,true,0.000759865,30834,true,{"v":3.29e-6,"d":"3.29E-06"},null,0.000759865,23.44598338,25.26983511,23.44598338]
["rs9958768","A","T","A","T",-0.040947308,-0.032,0.2704,0.28,false,true,false,"ukb-saige-471",null,0.25,0.028,"Nasal polyps || id:ukb-saige-471",true,"MedicineITLab","enigma3-withglobal-parsopercularis-thickavg",18,47141313,0.008853472,{"v":7.07e-6,"d":"7.07E-06"},32314,"wTHICK_Mean_parsopercularis_thickavg || id:enigma3-withglobal-parsopercularis-thickavg",true,"reported","MedicineITLab",2,true,0.000661565,32314,true,{"v":3.62e-5,"d":"3.62E-05"},null,0.000661565,21.390625,25.26983511,21.390625]
["rs10173922","A","G","A","G",0.037744472,0.01008083,0.6332,0.454628239,false,false,false,"ebi-eas-GCST90018603",null,0.637883184,0.021418474,"Chronic sinusitis || id:ebi-eas-GCST90018603",true,"MedicineITLab","enigma3-withglobal-parsorbitalis-surfavg",2,18924471,0.008107305,{"v":3.23e-6,"d":"3.23E-06"},32733,"wSA_Mean_parsorbitalis_surfavg || id:enigma3-withglobal-parsorbitalis-surfavg",true,"reported","MedicineITLab",2,true,0.00066177,32733,true,{"v":5.38e-5,"d":"5.38E-05"},null,0.00066177,21.67473027,25.26983511,21.67473027]
["rs2396373","A","G","A","G",-0.041546901,0.014319508,0.4123,0.603544659,false,false,false,"ebi-eas-GCST90018603",null,0.515514841,0.022020709,"Chronic sinusitis || id:ebi-eas-GCST90018603",true,"MedicineITLab","enigma3-withglobal-parsorbitalis-surfavg",6,44983134,0.007980695,{"v":1.93e-7,"d":"1.93E-07"},32373,"wSA_Mean_parsorbitalis_surfavg || id:enigma3-withglobal-parsorbitalis-surfavg",true,"reported","MedicineITLab",2,true,0.00083652,32373,true,{"v":7.82e-6,"d":"7.82E-06"},null,0.00083652,27.10165831,25.26983511,27.10165831]
["rs714307","T","C","T","C",-0.035954906,-0.020661494,0.6265,0.821112358,false,false,false,"ebi-eas-GCST90018603",null,0.462156243,0.028099371,"Chronic sinusitis || id:ebi-eas-GCST90018603",true,"MedicineITLab","enigma3-withglobal-parsorbitalis-surfavg",19,10835405,0.008101131,{"v":9.07e-6,"d":"9.07E-06"},32541,"wSA_Mean_parsorbitalis_surfavg || id:enigma3-withglobal-parsorbitalis-surfavg",true,"reported","MedicineITLab",2,true,0.000605004,32541,true,0.000188637,null,0.000605004,19.698131,25.26983511,19.698131]
["rs72691108","A","G","A","G",-0.058469232,-0.076810066,0.2457,0.03819037,false,false,false,"ebi-eas-GCST90018603",null,0.169450905,0.055903732,"Chronic sinusitis || id:ebi-eas-GCST90018603",true,"MedicineITLab","enigma3-withglobal-parsorbitalis-surfavg",1,119762175,0.009073094,{"v":1.17e-10,"d":"1.17E-10"},32733,"wSA_Mean_parsorbitalis_surfavg || id:enigma3-withglobal-parsorbitalis-surfavg",true,"reported","MedicineITLab",2,true,0.001267168,32733,true,{"v":1.23e-7,"d":"1.23E-07"},null,0.001267168,41.52828434,25.26983511,41.52828434]
["rs11076160","A","G","A","G",-0.04002533,{"v":-9.99e-6,"d":"-9.99E-06"},0.2681,0.267555,false,false,false,"ukb-b-69",null,0.96,0.000185154,"Non-cancer illness code, self-reported: chronic sinusitis || id:ukb-b-69",true,"igd","enigma3-withglobal-parsorbitalis-surfavg",16,56673143,0.008766193,{"v":4.98e-6,"d":"4.98E-06"},33140,"wSA_Mean_parsorbitalis_surfavg || id:enigma3-withglobal-parsorbitalis-surfavg",true,"reported","MedicineITLab",2,true,0.000628707,33140,true,{"v":1.1e-5,"d":"1.10E-05"},null,0.000628707,20.8472046,25.26983511,20.8472046]
["rs2287283","T","C","T","C",0.04902373,{"v":-3.42e-5,"d":"-3.42E-05"},0.6171,0.607347,false,false,false,"ukb-b-69",null,0.84,0.000167637,"Non-cancer illness code, self-reported: chronic sinusitis || id:ukb-b-69",true,"igd","enigma3-withglobal-parsorbitalis-surfavg",2,65971597,0.008035967,{"v":1.06e-9,"d":"1.06E-09"},32733,"wSA_Mean_parsorbitalis_surfavg || id:enigma3-withglobal-parsorbitalis-surfavg",true,"reported","MedicineITLab",2,true,0.001135752,32733,true,{"v":5.16e-9,"d":"5.16E-09"},null,0.001135752,37.21657575,25.26983511,37.21657575]
["rs4077419","A","C","A","C",0.03802924,{"v":4.45e-5,"d":"4.45E-05"},0.5629,0.555883,false,false,false,"ukb-b-69",null,0.79,0.000165397,"Non-cancer illness code, self-reported: chronic sinusitis || id:ukb-b-69",true,"igd","enigma3-withglobal-parsorbitalis-surfavg",3,77188041,0.007920386,{"v":1.57e-6,"d":"1.57E-06"},32373,"wSA_Mean_parsorbitalis_surfavg || id:enigma3-withglobal-parsorbitalis-surfavg",true,"reported","MedicineITLab",2,true,0.000711668,32373,true,{"v":4.82e-6,"d":"4.82E-06"},null,0.000711668,23.05380625,25.26983511,23.05380625]
["rs8050418","T","C","T","C",-0.036414174,{"v":-4.07e-6,"d":"-4.07E-06"},0.643,0.626321,false,false,false,"ukb-b-69",null,0.98,0.000169961,"Non-cancer illness code, self-reported: chronic sinusitis || id:ukb-b-69",true,"igd","enigma3-withglobal-parsorbitalis-surfavg",16,54734945,0.00815518,{"v":7.99e-6,"d":"7.99E-06"},32733,"wSA_Mean_parsorbitalis_surfavg || id:enigma3-withglobal-parsorbitalis-surfavg",true,"reported","MedicineITLab",2,true,0.000608766,32733,true,{"v":1.64e-5,"d":"1.64E-05"},null,0.000608766,19.93764422,25.26983511,19.93764422]
["rs878861","A","G","A","G",0.037624454,0.000113405,0.3533,0.344196,false,false,false,"ukb-b-69",null,0.51,0.000172896,"Non-cancer illness code, self-reported: chronic sinusitis || id:ukb-b-69",true,"igd","enigma3-withglobal-parsorbitalis-surfavg",7,52039128,0.008174131,{"v":4.16e-6,"d":"4.16E-06"},32733,"wSA_Mean_parsorbitalis_surfavg || id:enigma3-withglobal-parsorbitalis-surfavg",true,"reported","MedicineITLab",2,true,0.00064687,32733,true,{"v":1.88e-5,"d":"1.88E-05"},null,0.00064687,21.18640167,25.26983511,21.18640167]
["rs11768249","T","C","T","C",-0.036542101,{"v":6.15e-5,"d":"6.15E-05"},0.4752,0.467553,false,false,false,"ukb-d-J32",null,0.656441,0.000138184,"Diagnoses - main ICD10: J32 Chronic sinusitis || id:ukb-d-J32",true,"igd","enigma3-withglobal-parsorbitalis-surfavg",7,148463091,0.007890762,{"v":3.63e-6,"d":"3.63E-06"},32181,"wSA_Mean_parsorbitalis_surfavg || id:enigma3-withglobal-parsorbitalis-surfavg",true,"reported","MedicineITLab",2,true,0.00066602,32181,true,{"v":1.63e-5,"d":"1.63E-05"},null,0.00066602,21.44614134,25.26983511,21.44614134]
["rs2287283","T","C","T","C",0.04902373,{"v":7.08e-5,"d":"7.08E-05"},0.6171,0.605826,false,false,false,"ukb-d-J32",null,0.614888,0.000140791,"Diagnoses - main ICD10: J32 Chronic sinusitis || id:ukb-d-J32",true,"igd","enigma3-withglobal-parsorbitalis-surfavg",2,65971597,0.008035967,{"v":1.06e-9,"d":"1.06E-09"},32733,"wSA_Mean_parsorbitalis_surfavg || id:enigma3-withglobal-parsorbitalis-surfavg",true,"reported","MedicineITLab",2,true,0.001135752,32733,true,{"v":1.23e-8,"d":"1.23E-08"},null,0.001135752,37.21657575,25.26983511,37.21657575]
["rs34561661","T","C","T","C",0.047612248,{"v":-6.88e-5,"d":"-6.88E-05"},0.191,0.201595,false,false,false,"ukb-d-J32",null,0.688895,0.000171932,"Diagnoses - main ICD10: J32 Chronic sinusitis || id:ukb-d-J32",true,"igd","enigma3-withglobal-parsorbitalis-surfavg",1,85777250,0.009939447,{"v":1.67e-6,"d":"1.67E-06"},32733,"wSA_Mean_parsorbitalis_surfavg || id:enigma3-withglobal-parsorbitalis-surfavg",true,"reported","MedicineITLab",2,true,0.000700566,32733,true,{"v":7.79e-6,"d":"7.79E-06"},null,0.000700566,22.94631156,25.26983511,22.94631156]
["rs7147119","A","G","A","G",-0.053809267,-0.000116826,0.3683,0.366695,false,false,false,"ukb-d-J32",null,0.41503,0.000143331,"Diagnoses - main ICD10: J32 Chronic sinusitis || id:ukb-d-J32",true,"igd","enigma3-withglobal-parsorbitalis-surfavg",14,54777745,0.0080976,{"v":3.02e-11,"d":"3.02E-11"},32733,"wSA_Mean_parsorbitalis_surfavg || id:enigma3-withglobal-parsorbitalis-surfavg",true,"reported","MedicineITLab",2,true,0.001347277,32733,true,{"v":8.98e-10,"d":"8.98E-10"},null,0.001347277,44.15719942,25.26983511,44.15719942]
["rs9329203","A","G","A","G",-0.045049284,-0.000166419,0.748,0.744842,false,false,false,"ukb-d-J32",null,0.291654,0.000157817,"Diagnoses - main ICD10: J32 Chronic sinusitis || id:ukb-d-J32",true,"igd","enigma3-withglobal-parsorbitalis-surfavg",8,9412153,0.008998872,{"v":5.56e-7,"d":"5.56E-07"},32733,"wSA_Mean_parsorbitalis_surfavg || id:enigma3-withglobal-parsorbitalis-surfavg",true,"reported","MedicineITLab",2,true,0.000765082,32733,true,{"v":7.16e-6,"d":"7.16E-06"},null,0.000765082,25.06106924,25.26983511,25.06106924]
["rs10173922","A","G","A","G",0.037744472,0.012,0.6332,0.62,false,false,false,"ukb-saige-471",null,0.64,0.026,"Nasal polyps || id:ukb-saige-471",true,"MedicineITLab","enigma3-withglobal-parsorbitalis-surfavg",2,18924471,0.008107305,{"v":3.23e-6,"d":"3.23E-06"},32733,"wSA_Mean_parsorbitalis_surfavg || id:enigma3-withglobal-parsorbitalis-surfavg",true,"reported","MedicineITLab",2,true,0.00066177,32733,true,{"v":1.39e-5,"d":"1.39E-05"},null,0.00066177,21.67473027,25.26983511,21.67473027]
["rs11768249","T","C","T","C",-0.036542101,0.035,0.4752,0.47,false,false,false,"ukb-saige-471",null,0.16,0.025,"Nasal polyps || id:ukb-saige-471",true,"MedicineITLab","enigma3-withglobal-parsorbitalis-surfavg",7,148463091,0.007890762,{"v":3.63e-6,"d":"3.63E-06"},32181,"wSA_Mean_parsorbitalis_surfavg || id:enigma3-withglobal-parsorbitalis-surfavg",true,"reported","MedicineITLab",2,true,0.00066602,32181,true,{"v":4.76e-5,"d":"4.76E-05"},null,0.00066602,21.44614134,25.26983511,21.44614134]
["rs1503738","A","G","A","G",0.045973944,0.034,0.3581,0.35,false,false,false,"ukb-saige-471",null,0.19,0.026,"Nasal polyps || id:ukb-saige-471",true,"MedicineITLab","enigma3-withglobal-parsorbitalis-surfavg",3,147093600,0.008148139,{"v":1.68e-8,"d":"1.68E-08"},32733,"wSA_Mean_parsorbitalis_surfavg || id:enigma3-withglobal-parsorbitalis-surfavg",true,"reported","MedicineITLab",2,true,0.000971684,32733,true,{"v":4.24e-7,"d":"4.24E-07"},null,0.000971684,31.83513439,25.26983511,31.83513439]
["rs4920106","A","G","A","G",-0.037518147,0.032,0.4107,0.42,false,false,false,"ukb-saige-471",null,0.21,0.025,"Nasal polyps || id:ukb-saige-471",true,"MedicineITLab","enigma3-withglobal-parsorbitalis-surfavg",21,43875734,0.007941943,{"v":2.32e-6,"d":"2.32E-06"},32733,"wSA_Mean_parsorbitalis_surfavg || id:enigma3-withglobal-parsorbitalis-surfavg",true,"reported","MedicineITLab",2,true,0.000681356,32733,true,{"v":2.87e-5,"d":"2.87E-05"},null,0.000681356,22.3166594,25.26983511,22.3166594]
["rs72691108","A","G","A","G",-0.058469232,-0.0031,0.2457,0.25,false,false,false,"ukb-saige-471",null,0.92,0.029,"Nasal polyps || id:ukb-saige-471",true,"MedicineITLab","enigma3-withglobal-parsorbitalis-surfavg",1,119762175,0.009073094,{"v":1.17e-10,"d":"1.17E-10"},32733,"wSA_Mean_parsorbitalis_surfavg || id:enigma3-withglobal-parsorbitalis-surfavg",true,"reported","MedicineITLab",2,true,0.001267168,32733,true,{"v":7.24e-10,"d":"7.24E-10"},null,0.001267168,41.52828434,25.26983511,41.52828434]
["rs8050418","T","C","T","C",-0.036414174,0.024,0.643,0.62,false,false,false,"ukb-saige-471",null,0.34,0.026,"Nasal polyps || id:ukb-saige-471",true,"MedicineITLab","enigma3-withglobal-parsorbitalis-surfavg",16,54734945,0.00815518,{"v":7.99e-6,"d":"7.99E-06"},32733,"wSA_Mean_parsorbitalis_surfavg || id:enigma3-withglobal-parsorbitalis-surfavg",true,"reported","MedicineITLab",2,true,0.000608766,32733,true,{"v":5.49e-5,"d":"5.49E-05"},null,0.000608766,19.93764422,25.26983511,19.93764422]
["rs12272883","T","C","T","C",0.037671589,0.119799326,0.6551,0.991311806,false,false,false,"ebi-eas-GCST90018603",null,0.288286791,0.11281735,"Chronic sinusitis || id:ebi-eas-GCST90018603",true,"MedicineITLab","enigma3-withglobal-parsorbitalis-thickavg",11,81263907,0.008219256,{"v":3.24e-6,"d":"3.24E-06"},32738,"wTHICK_Mean_parsorbitalis_thickavg || id:enigma3-withglobal-parsorbitalis-thickavg",true,"reported","MedicineITLab",2,true,0.000641296,32738,true,0.000193686,null,0.000641296,21.00694444,25.26983511,21.00694444]
["rs56782857","C","G","C","G",-0.088402907,0.012010689,0.0462,0.318845485,false,true,false,"ebi-eas-GCST90018603",null,0.603903051,0.023151084,"Chronic sinusitis || id:ebi-eas-GCST90018603",true,"MedicineITLab","enigma3-withglobal-parsorbitalis-thickavg",3,150102666,0.018611138,{"v":1.76e-6,"d":"1.76E-06"},32738,"wTHICK_Mean_parsorbitalis_thickavg || id:enigma3-withglobal-parsorbitalis-thickavg",true,"reported","MedicineITLab",2,true,0.000688751,32738,true,{"v":4.05e-5,"d":"4.05E-05"},null,0.000688751,22.5625,25.26983511,22.5625]
["rs67963579","A","T","A","T",-0.05276518,0.00309355,0.1446,0.170740267,false,true,false,"ebi-eas-GCST90018603",null,0.913692794,0.028543059,"Chronic sinusitis || id:ebi-eas-GCST90018603",true,"MedicineITLab","enigma3-withglobal-parsorbitalis-thickavg",2,51332414,0.011108459,{"v":3.22e-6,"d":"3.22E-06"},32738,"wTHICK_Mean_parsorbitalis_thickavg || id:enigma3-withglobal-parsorbitalis-thickavg",true,"reported","MedicineITLab",2,true,0.000688751,32738,true,{"v":1.91e-5,"d":"1.91E-05"},null,0.000688751,22.5625,25.26983511,22.5625]
["rs17754504","A","G","A","G",0.049250949,-0.000360221,0.1499,0.153131,false,false,false,"ukb-b-69",null,0.11,0.000227503,"Non-cancer illness code, self-reported: chronic sinusitis || id:ukb-b-69",true,"igd","enigma3-withglobal-parsorbitalis-thickavg",7,29614650,0.010944655,{"v":3.97e-6,"d":"3.97E-06"},32738,"wTHICK_Mean_parsorbitalis_thickavg || id:enigma3-withglobal-parsorbitalis-thickavg",true,"reported","MedicineITLab",2,true,0.000618203,32738,true,{"v":8.1e-5,"d":"8.10E-05"},null,0.000618203,20.25,25.26983511,20.25]
["rs3763015","T","C","T","C",0.035998077,0.000125501,0.3929,0.397991,false,false,false,"ukb-b-69",null,0.450001,0.000167258,"Non-cancer illness code, self-reported: chronic sinusitis || id:ukb-b-69",true,"igd","enigma3-withglobal-parsorbitalis-thickavg",5,150397165,0.007999573,{"v":9.17e-6,"d":"9.17E-06"},32738,"wTHICK_Mean_parsorbitalis_thickavg || id:enigma3-withglobal-parsorbitalis-thickavg",true,"reported","MedicineITLab",2,true,0.000618203,32738,true,{"v":3.25e-5,"d":"3.25E-05"},null,0.000618203,20.25,25.26983511,20.25]
["rs11107177","T","G","T","G",0.040546959,-0.000138621,0.318,0.318487,false,false,false,"ukb-d-J32",null,0.350018,0.000148329,"Diagnoses - main ICD10: J32 Chronic sinusitis || id:ukb-d-J32",true,"igd","enigma3-withglobal-parsorbitalis-thickavg",12,78282729,0.008389026,{"v":2.14e-6,"d":"2.14E-06"},32738,"wTHICK_Mean_parsorbitalis_thickavg || id:enigma3-withglobal-parsorbitalis-thickavg",true,"reported","MedicineITLab",2,true,0.000713113,32738,true,{"v":1.31e-5,"d":"1.31E-05"},null,0.000713113,23.36111111,25.26983511,23.36111111]
["rs269675","T","C","T","C",-0.045810105,-0.000173765,0.7652,0.758583,false,false,false,"ukb-d-J32",null,0.283267,0.000161941,"Diagnoses - main ICD10: J32 Chronic sinusitis || id:ukb-d-J32",true,"igd","enigma3-withglobal-parsorbitalis-thickavg",1,166499875,0.009678191,{"v":2.92e-6,"d":"2.92E-06"},29690,"wTHICK_Mean_parsorbitalis_thickavg || id:enigma3-withglobal-parsorbitalis-thickavg",true,"reported","MedicineITLab",2,true,0.000754094,29690,true,{"v":2.1e-5,"d":"2.10E-05"},null,0.000754094,22.40444444,25.26983511,22.40444444]
["rs4750072","T","C","T","C",0.043192655,0.000152457,0.7605,0.764411,false,false,false,"ukb-d-J32",null,0.346712,0.000162019,"Diagnoses - main ICD10: J32 Chronic sinusitis || id:ukb-d-J32",true,"igd","enigma3-withglobal-parsorbitalis-thickavg",10,11726822,0.009204992,{"v":4.23e-6,"d":"4.23E-06"},32378,"wTHICK_Mean_parsorbitalis_thickavg || id:enigma3-withglobal-parsorbitalis-thickavg",true,"reported","MedicineITLab",2,true,0.000679602,32378,true,{"v":2.39e-5,"d":"2.39E-05"},null,0.000679602,22.01775148,25.26983511,22.01775148]
["rs10817985","T","G","T","G",0.04609155,-0.0093,0.2196,0.21,false,false,false,"ukb-saige-471",null,0.77,0.031,"Nasal polyps || id:ukb-saige-471",true,"MedicineITLab","enigma3-withglobal-parsorbitalis-thickavg",9,119812271,0.009489437,{"v":1.21e-6,"d":"1.21E-06"},32378,"wTHICK_Mean_parsorbitalis_thickavg || id:enigma3-withglobal-parsorbitalis-thickavg",true,"reported","MedicineITLab",2,true,0.000728152,32378,true,{"v":4.53e-6,"d":"4.53E-06"},null,0.000728152,23.59183673,25.26983511,23.59183673]
["rs149927961","C","G","C","G",-0.091250182,0.043,0.9554,0.957,false,true,false,"ukb-saige-471",null,0.5,0.063,"Nasal polyps || id:ukb-saige-471",true,"MedicineITLab","enigma3-withglobal-parsorbitalis-thickavg",3,6992404,0.018925964,{"v":1.64e-6,"d":"1.64E-06"},32738,"wTHICK_Mean_parsorbitalis_thickavg || id:enigma3-withglobal-parsorbitalis-thickavg",true,"reported","MedicineITLab",2,true,0.000709606,32738,true,{"v":8.88e-6,"d":"8.88E-06"},null,0.000709606,23.24617347,25.26983511,23.24617347]
["rs34754191","A","C","A","C",0.043511329,-0.0035,0.2958,0.29,false,false,false,"ukb-saige-471",null,0.9,0.028,"Nasal polyps || id:ukb-saige-471",true,"MedicineITLab","enigma3-withglobal-parsorbitalis-thickavg",11,99028573,0.008559606,{"v":9.45e-7,"d":"9.45E-07"},32738,"wTHICK_Mean_parsorbitalis_thickavg || id:enigma3-withglobal-parsorbitalis-thickavg",true,"reported","MedicineITLab",2,true,0.000788731,32738,true,{"v":1.24e-6,"d":"1.24E-06"},null,0.000788731,25.84027778,25.26983511,25.84027778]
["rs6598968","A","G","A","G",-0.067594658,0.0038,0.0914,0.07,false,false,false,"ukb-saige-471",null,0.94,0.051,"Nasal polyps || id:ukb-saige-471",true,"MedicineITLab","enigma3-withglobal-parsorbitalis-thickavg",1,26829582,0.014694491,{"v":2.69e-6,"d":"2.69E-06"},27864,"wTHICK_Mean_parsorbitalis_thickavg || id:enigma3-withglobal-parsorbitalis-thickavg",true,"reported","MedicineITLab",2,true,0.000758881,27864,true,{"v":9.62e-6,"d":"9.62E-06"},null,0.000758881,21.16,25.26983511,21.16]
["rs10058365","A","G","A","G",0.049896208,-0.0061187,0.7947,0.487193288,false,false,false,"ebi-eas-GCST90018603",null,0.774238999,0.021331808,"Chronic sinusitis || id:ebi-eas-GCST90018603",true,"MedicineITLab","enigma3-withglobal-parstriangularis-surfavg",5,124235427,0.009682876,{"v":2.56e-7,"d":"2.56E-07"},32662,"wSA_Mean_parstriangularis_surfavg || id:enigma3-withglobal-parstriangularis-surfavg",true,"reported","MedicineITLab",2,true,0.000812376,32662,true,{"v":4.92e-6,"d":"4.92E-06"},null,0.000812376,26.55378183,25.26983511,26.55378183]
["rs146062573","A","C","A","C",-0.181064402,0.406921937,0.9865,0.997786259,false,false,false,"ebi-eas-GCST90018603",null,0.113691127,0.257249531,"Chronic sinusitis || id:ebi-eas-GCST90018603",true,"MedicineITLab","enigma3-withglobal-parstriangularis-surfavg",16,87098645,0.03823714,{"v":2.19e-6,"d":"2.19E-06"},25658,"wSA_Mean_parstriangularis_surfavg || id:enigma3-withglobal-parstriangularis-surfavg",true,"reported","MedicineITLab",2,true,0.000873227,25658,true,0.000147018,null,0.000873227,22.42308459,25.26983511,22.42308459]
["rs2279829","T","C","T","C",0.12312806,-0.005381658,0.2181,0.179017771,false,false,false,"ebi-eas-GCST90018603",null,0.846797437,0.027854472,"Chronic sinusitis || id:ebi-eas-GCST90018603",true,"MedicineITLab","enigma3-withglobal-parstriangularis-surfavg",3,147106319,0.009450347,{"v":8.35e-39,"d":"8.35E-39"},32662,"wSA_Mean_parstriangularis_surfavg || id:enigma3-withglobal-parstriangularis-surfavg",true,"reported","MedicineITLab",2,true,0.005170719,32662,true,{"v":6.09e-32,"d":"6.09E-32"},null,0.005170719,169.753433,25.26983511,169.753433]
["rs282957","A","G","A","G",0.043060047,-0.002478394,0.2155,0.635833523,false,false,false,"ebi-eas-GCST90018603",null,0.911029733,0.022180046,"Chronic sinusitis || id:ebi-eas-GCST90018603",true,"MedicineITLab","enigma3-withglobal-parstriangularis-surfavg",16,77533525,0.009513068,{"v":6e-6,"d":"6.00E-06"},32662,"wSA_Mean_parstriangularis_surfavg || id:enigma3-withglobal-parstriangularis-surfavg",true,"reported","MedicineITLab",2,true,0.00062693,32662,true,{"v":4.68e-5,"d":"4.68E-05"},null,0.00062693,20.48838612,25.26983511,20.48838612]
["rs4962460","A","G","A","G",0.03791203,-0.007363797,0.5886,0.710658704,false,false,false,"ebi-eas-GCST90018603",null,0.758856312,0.023987638,"Chronic sinusitis || id:ebi-eas-GCST90018603",true,"MedicineITLab","enigma3-withglobal-parstriangularis-surfavg",10,127174421,0.007948468,{"v":1.84e-6,"d":"1.84E-06"},32662,"wSA_Mean_parstriangularis_surfavg || id:enigma3-withglobal-parstriangularis-surfavg",true,"reported","MedicineITLab",2,true,0.000696095,32662,true,{"v":2.54e-5,"d":"2.54E-05"},null,0.000696095,22.75030441,25.26983511,22.75030441]
["rs7786622","A","G","A","G",0.039014054,-0.005586811,0.6295,0.238142051,false,false,false,"ebi-eas-GCST90018603",null,0.82300872,0.024977148,"Chronic sinusitis || id:ebi-eas-GCST90018603",true,"MedicineITLab","enigma3-withglobal-parstriangularis-surfavg",7,19619640,0.008098987,{"v":1.46e-6,"d":"1.46E-06"},32662,"wSA_Mean_parstriangularis_surfavg || id:enigma3-withglobal-parstriangularis-surfavg",true,"reported","MedicineITLab",2,true,0.000709996,32662,true,{"v":1.79e-5,"d":"1.79E-05"},null,0.000709996,23.20495561,25.26983511,23.20495561]
["rs9917251","A","G","A","G",-0.03719814,-0.033447121,0.3506,0.068023387,false,false,false,"ebi-eas-GCST90018603",null,0.431159075,0.042488194,"Chronic sinusitis || id:ebi-eas-GCST90018603",true,"MedicineITLab","enigma3-withglobal-parstriangularis-surfavg",2,196972941,0.008373231,{"v":8.89e-6,"d":"8.89E-06"},31305,"wSA_Mean_parstriangularis_surfavg || id:enigma3-withglobal-parstriangularis-surfavg",true,"reported","MedicineITLab",2,true,0.000630081,31305,true,0.000188042,null,0.000630081,19.73587191,25.26983511,19.73587191]
["rs12694731","T","C","T","C",-0.043700858,0.000264774,0.2076,0.203394,false,false,false,"ukb-b-69",null,0.19,0.000203619,"Non-cancer illness code, self-reported: chronic sinusitis || id:ukb-b-69",true,"igd","enigma3-withglobal-parstriangularis-surfavg",2,228321298,0.009881108,{"v":9.75e-6,"d":"9.75E-06"},31113,"wSA_Mean_parstriangularis_surfavg || id:enigma3-withglobal-parstriangularis-surfavg",true,"reported","MedicineITLab",2,true,0.000628321,31113,true,{"v":7.67e-5,"d":"7.67E-05"},null,0.000628321,19.55999171,25.26983511,19.55999171]
["rs2009896","T","C","T","C",0.048297466,-0.000160137,0.1853,0.173527,false,false,false,"ukb-b-69",null,0.46,0.000216101,"Non-cancer illness code, self-reported: chronic sinusitis || id:ukb-b-69",true,"igd","enigma3-withglobal-parstriangularis-surfavg",14,21082624,0.010738208,{"v":6.87e-6,"d":"6.87E-06"},28705,"wSA_Mean_parstriangularis_surfavg || id:enigma3-withglobal-parstriangularis-surfavg",true,"reported","MedicineITLab",2,true,0.00070429,28705,true,{"v":2.85e-5,"d":"2.85E-05"},null,0.00070429,20.22949705,25.26983511,20.22949705]
["rs28685303","C","G","C","G",0.036333771,-0.000158684,0.6348,0.635365,false,true,false,"ukb-b-69",null,0.35,0.000170333,"Non-cancer illness code, self-reported: chronic sinusitis || id:ukb-b-69",true,"igd","enigma3-withglobal-parstriangularis-surfavg",15,61777458,0.008168963,{"v":8.67e-6,"d":"8.67E-06"},32302,"wSA_Mean_parstriangularis_surfavg || id:enigma3-withglobal-parstriangularis-surfavg",true,"reported","MedicineITLab",2,true,0.000612095,32302,true,{"v":4.87e-5,"d":"4.87E-05"},null,0.000612095,19.78276863,25.26983511,19.78276863]
["rs4962460","A","G","A","G",0.03791203,-0.000169011,0.5886,0.58101,false,false,false,"ukb-b-69",null,0.31,0.000166338,"Non-cancer illness code, self-reported: chronic sinusitis || id:ukb-b-69",true,"igd","enigma3-withglobal-parstriangularis-surfavg",10,127174421,0.007948468,{"v":1.84e-6,"d":"1.84E-06"},32662,"wSA_Mean_parstriangularis_surfavg || id:enigma3-withglobal-parstriangularis-surfavg",true,"reported","MedicineITLab",2,true,0.000696095,32662,true,{"v":1.37e-5,"d":"1.37E-05"},null,0.000696095,22.75030441,25.26983511,22.75030441]
["rs6693283","A","C","A","C",0.037124379,{"v":-4.65e-5,"d":"-4.65E-05"},0.4203,0.425112,false,false,false,"ukb-b-69",null,0.780001,0.000165583,"Non-cancer illness code, self-reported: chronic sinusitis || id:ukb-b-69",true,"igd","enigma3-withglobal-parstriangularis-surfavg",1,178740427,0.007924095,{"v":2.8e-6,"d":"2.80E-06"},32662,"wSA_Mean_parstriangularis_surfavg || id:enigma3-withglobal-parstriangularis-surfavg",true,"reported","MedicineITLab",2,true,0.000671601,32662,true,{"v":8.38e-6,"d":"8.38E-06"},null,0.000671601,21.94921741,25.26983511,21.94921741]
["rs7786622","A","G","A","G",0.039014054,0.000112168,0.6295,0.628251,false,false,false,"ukb-b-69",null,0.51,0.000170906,"Non-cancer illness code, self-reported: chronic sinusitis || id:ukb-b-69",true,"igd","enigma3-withglobal-parstriangularis-surfavg",7,19619640,0.008098987,{"v":1.46e-6,"d":"1.46E-06"},32662,"wSA_Mean_parstriangularis_surfavg || id:enigma3-withglobal-parstriangularis-surfavg",true,"reported","MedicineITLab",2,true,0.000709996,32662,true,{"v":7.24e-6,"d":"7.24E-06"},null,0.000709996,23.20495561,25.26983511,23.20495561]
["rs11655278","T","G","T","G",0.044345257,{"v":-7.39e-5,"d":"-7.39E-05"},0.7003,0.773003,false,false,false,"ukb-d-J32",null,0.663089,0.000169621,"Diagnoses - main ICD10: J32 Chronic sinusitis || id:ukb-d-J32",true,"igd","enigma3-withglobal-parstriangularis-surfavg",17,9129835,0.009994854,{"v":9.13e-6,"d":"9.13E-06"},23830,"wSA_Mean_parstriangularis_surfavg || id:enigma3-withglobal-parstriangularis-surfavg",true,"reported","MedicineITLab",2,true,0.000825458,23830,true,{"v":2.81e-5,"d":"2.81E-05"},null,0.000825458,19.68527352,25.26983511,19.68527352]
["rs118120753","A","G","A","G",0.088283918,-0.000538331,0.0452,0.0429686,false,false,false,"ukb-d-J32",null,0.13091,0.000356386,"Diagnoses - main ICD10: J32 Chronic sinusitis || id:ukb-d-J32",true,"igd","enigma3-withglobal-parstriangularis-surfavg",10,104755570,0.018828051,{"v":2.75e-6,"d":"2.75E-06"},32662,"wSA_Mean_parstriangularis_surfavg || id:enigma3-withglobal-parstriangularis-surfavg",true,"reported","MedicineITLab",2,true,0.000672735,32662,true,{"v":5.02e-5,"d":"5.02E-05"},null,0.000672735,21.98631663,25.26983511,21.98631663]
["rs2009896","T","C","T","C",0.048297466,{"v":-6.31e-5,"d":"-6.31E-05"},0.1853,0.173426,false,false,false,"ukb-d-J32",null,0.728127,0.0001815,"Diagnoses - main ICD10: J32 Chronic sinusitis || id:ukb-d-J32",true,"igd","enigma3-withglobal-parstriangularis-surfavg",14,21082624,0.010738208,{"v":6.87e-6,"d":"6.87E-06"},28705,"wSA_Mean_parstriangularis_surfavg || id:enigma3-withglobal-parstriangularis-surfavg",true,"reported","MedicineITLab",2,true,0.00070429,28705,true,{"v":2.29e-5,"d":"2.29E-05"},null,0.00070429,20.22949705,25.26983511,20.22949705]
["rs2131860","A","G","A","G",0.048242377,-0.000213734,0.8484,0.854764,false,false,false,"ukb-d-J32",null,0.274284,0.000195503,"Diagnoses - main ICD10: J32 Chronic sinusitis || id:ukb-d-J32",true,"igd","enigma3-withglobal-parstriangularis-surfavg",8,104328309,0.01090679,{"v":9.72e-6,"d":"9.72E-06"},32662,"wSA_Mean_parstriangularis_surfavg || id:enigma3-withglobal-parstriangularis-surfavg",true,"reported","MedicineITLab",2,true,0.00059867,32662,true,{"v":8.84e-5,"d":"8.84E-05"},null,0.00059867,19.56426389,25.26983511,19.56426389]
["rs34611983","A","C","A","C",0.038394376,0.000188117,0.655,0.652629,false,false,false,"ukb-d-J32",null,0.193333,0.000144618,"Diagnoses - main ICD10: J32 Chronic sinusitis || id:ukb-d-J32",true,"igd","enigma3-withglobal-parstriangularis-surfavg",14,99731731,0.008526269,{"v":6.7e-6,"d":"6.70E-06"},30418,"wSA_Mean_parstriangularis_surfavg || id:enigma3-withglobal-parstriangularis-surfavg",true,"reported","MedicineITLab",2,true,0.000666232,30418,true,{"v":7.44e-5,"d":"7.44E-05"},null,0.000666232,20.27762808,25.26983511,20.27762808]
["rs55818129","T","G","T","G",-0.064950314,-0.000101493,0.8874,0.882108,false,false,false,"ukb-d-J32",null,0.636749,0.000214913,"Diagnoses - main ICD10: J32 Chronic sinusitis || id:ukb-d-J32",true,"igd","enigma3-withglobal-parstriangularis-surfavg",5,39425092,0.012460387,{"v":1.86e-7,"d":"1.86E-07"},32204,"wSA_Mean_parstriangularis_surfavg || id:enigma3-withglobal-parstriangularis-surfavg",true,"reported","MedicineITLab",2,true,0.000843044,32204,true,{"v":1.18e-6,"d":"1.18E-06"},null,0.000843044,27.1706138,25.26983511,27.1706138]
["rs62398976","T","C","T","C",-0.066178315,{"v":-3.58e-5,"d":"-3.58E-05"},0.086,0.0877682,false,false,false,"ukb-d-J32",null,0.883478,0.000244183,"Diagnoses - main ICD10: J32 Chronic sinusitis || id:ukb-d-J32",true,"igd","enigma3-withglobal-parstriangularis-surfavg",5,128884834,0.014033952,{"v":2.41e-6,"d":"2.41E-06"},32277,"wSA_Mean_parstriangularis_surfavg || id:enigma3-withglobal-parstriangularis-surfavg",true,"reported","MedicineITLab",2,true,0.000688503,32277,true,{"v":7.62e-6,"d":"7.62E-06"},null,0.000688503,22.23675541,25.26983511,22.23675541]
["rs6867851","C","G","C","G",-0.039458727,{"v":6.66e-5,"d":"6.66E-05"},0.4046,0.406664,false,true,false,"ukb-d-J32",null,0.635676,0.000140565,"Diagnoses - main ICD10: J32 Chronic sinusitis || id:ukb-d-J32",true,"igd","enigma3-withglobal-parstriangularis-surfavg",5,92182752,0.007968867,{"v":7.36e-7,"d":"7.36E-07"},32662,"wSA_Mean_parstriangularis_surfavg || id:enigma3-withglobal-parstriangularis-surfavg",true,"reported","MedicineITLab",2,true,0.000750155,32662,true,{"v":4.13e-6,"d":"4.13E-06"},null,0.000750155,24.51844537,25.26983511,24.51844537]
["rs9917251","A","G","A","G",-0.03719814,{"v":4.14e-6,"d":"4.14E-06"},0.3506,0.348653,false,false,false,"ukb-d-J32",null,0.977169,0.000144497,"Diagnoses - main ICD10: J32 Chronic sinusitis || id:ukb-d-J32",true,"igd","enigma3-withglobal-parstriangularis-surfavg",2,196972941,0.008373231,{"v":8.89e-6,"d":"8.89E-06"},31305,"wSA_Mean_parstriangularis_surfavg || id:enigma3-withglobal-parstriangularis-surfavg",true,"reported","MedicineITLab",2,true,0.000630081,31305,true,{"v":2.11e-5,"d":"2.11E-05"},null,0.000630081,19.73587191,25.26983511,19.73587191]
["rs111519922","T","C","T","C",0.128977887,0.13,0.0193,0.017,false,false,false,"ukb-saige-471",null,0.16,0.096,"Nasal polyps || id:ukb-saige-471",true,"MedicineITLab","enigma3-withglobal-parstriangularis-surfavg",11,84102285,0.028555066,{"v":6.28e-6,"d":"6.28E-06"},32379,"wSA_Mean_parstriangularis_surfavg || id:enigma3-withglobal-parstriangularis-surfavg",true,"reported","MedicineITLab",2,true,0.000629729,32379,true,{"v":7.26e-5,"d":"7.26E-05"},null,0.000629729,20.40159762,25.26983511,20.40159762]
["rs1355619","A","G","A","G",-0.038083994,-0.0046,0.669,0.68,false,false,false,"ukb-saige-471",null,0.86,0.027,"Nasal polyps || id:ukb-saige-471",true,"MedicineITLab","enigma3-withglobal-parstriangularis-surfavg",9,98270171,0.008312092,{"v":4.61e-6,"d":"4.61E-06"},32662,"wSA_Mean_parstriangularis_surfavg || id:enigma3-withglobal-parstriangularis-surfavg",true,"reported","MedicineITLab",2,true,0.000642346,32662,true,{"v":1.33e-5,"d":"1.33E-05"},null,0.000642346,20.99250798,25.26983511,20.99250798]
["rs146062573","A","C","A","C",-0.181064402,0.064,0.9865,0.986,false,false,false,"ukb-saige-471",null,0.56,0.11,"Nasal polyps || id:ukb-saige-471",true,"MedicineITLab","enigma3-withglobal-parstriangularis-surfavg",16,87098645,0.03823714,{"v":2.19e-6,"d":"2.19E-06"},25658,"wSA_Mean_parstriangularis_surfavg || id:enigma3-withglobal-parstriangularis-surfavg",true,"reported","MedicineITLab",2,true,0.000873227,25658,true,{"v":8.86e-6,"d":"8.86E-06"},null,0.000873227,22.42308459,25.26983511,22.42308459]
["rs2197659","A","G","A","G",-0.044922212,0.023,0.2244,0.24,false,false,false,"ukb-saige-471",null,0.44,0.029,"Nasal polyps || id:ukb-saige-471",true,"MedicineITLab","enigma3-withglobal-parstriangularis-surfavg",8,41193497,0.00937549,{"v":1.66e-6,"d":"1.66E-06"},32662,"wSA_Mean_parstriangularis_surfavg || id:enigma3-withglobal-parstriangularis-surfavg",true,"reported","MedicineITLab",2,true,0.000702446,32662,true,{"v":1.17e-5,"d":"1.17E-05"},null,0.000702446,22.95801203,25.26983511,22.95801203]
["rs4896381","T","C","T","C",0.036823801,-0.024,0.5175,0.52,false,false,false,"ukb-saige-471",null,0.33,0.025,"Nasal polyps || id:ukb-saige-471",true,"MedicineITLab","enigma3-withglobal-parstriangularis-surfavg",6,138996154,0.007859988,{"v":2.8e-6,"d":"2.80E-06"},32393,"wSA_Mean_parstriangularis_surfavg || id:enigma3-withglobal-parstriangularis-surfavg",true,"reported","MedicineITLab",2,true,0.000677166,32393,true,{"v":2.26e-5,"d":"2.26E-05"},null,0.000677166,21.94893457,25.26983511,21.94893457]
["rs493401","A","G","A","G",0.037337781,0.04,0.5943,0.59,false,false,false,"ukb-saige-471",null,0.12,0.025,"Nasal polyps || id:ukb-saige-471",true,"MedicineITLab","enigma3-withglobal-parstriangularis-surfavg",12,28229358,0.007965729,{"v":2.77e-6,"d":"2.77E-06"},32662,"wSA_Mean_parstriangularis_surfavg || id:enigma3-withglobal-parstriangularis-surfavg",true,"reported","MedicineITLab",2,true,0.000672261,32662,true,{"v":4.9e-5,"d":"4.90E-05"},null,0.000672261,21.97080557,25.26983511,21.97080557]
["rs6693283","A","C","A","C",0.037124379,0.051,0.4203,0.42,false,false,false,"ukb-saige-471",null,0.045,0.025,"Nasal polyps || id:ukb-saige-471",true,"MedicineITLab","enigma3-withglobal-parstriangularis-surfavg",1,178740427,0.007924095,{"v":2.8e-6,"d":"2.80E-06"},32662,"wSA_Mean_parstriangularis_surfavg || id:enigma3-withglobal-parstriangularis-surfavg",true,"reported","MedicineITLab",2,true,0.000671601,32662,true,{"v":8.27e-5,"d":"8.27E-05"},null,0.000671601,21.94921741,25.26983511,21.94921741]
["rs9917251","A","G","A","G",-0.03719814,-0.027,0.3506,0.35,false,false,false,"ukb-saige-471",null,0.3,0.026,"Nasal polyps || id:ukb-saige-471",true,"MedicineITLab","enigma3-withglobal-parstriangularis-surfavg",2,196972941,0.008373231,{"v":8.89e-6,"d":"8.89E-06"},31305,"wSA_Mean_parstriangularis_surfavg || id:enigma3-withglobal-parstriangularis-surfavg",true,"reported","MedicineITLab",2,true,0.000630081,31305,true,{"v":6.52e-5,"d":"6.52E-05"},null,0.000630081,19.73587191,25.26983511,19.73587191]
["rs1979035","A","G","A","G",0.03925423,-0.136957548,0.2676,0.000540918,false,false,false,"ebi-eas-GCST90018603",null,0.772881715,0.474545961,"Chronic sinusitis || id:ebi-eas-GCST90018603",true,"MedicineITLab","enigma3-withglobal-parstriangularis-thickavg",12,65480359,0.008832202,{"v":2.13e-6,"d":"2.13E-06"},32686,"wTHICK_Mean_parstriangularis_thickavg || id:enigma3-withglobal-parstriangularis-thickavg",true,"reported","MedicineITLab",2,true,0.000604001,32686,true,{"v":8.75e-5,"d":"8.75E-05"},null,0.000604001,19.75308642,25.26983511,19.75308642]
["rs4453447","C","G","C","G",0.049131891,0.005013742,0.1444,0.353397859,false,true,false,"ebi-eas-GCST90018603",null,0.825872328,0.022789893,"Chronic sinusitis || id:ebi-eas-GCST90018603",true,"MedicineITLab","enigma3-withglobal-parstriangularis-thickavg",15,27003472,0.011124202,{"v":6.2e-6,"d":"6.20E-06"},32686,"wTHICK_Mean_parstriangularis_thickavg || id:enigma3-withglobal-parstriangularis-thickavg",true,"reported","MedicineITLab",2,true,0.000596479,32686,true,{"v":8.64e-5,"d":"8.64E-05"},null,0.000596479,19.50694444,25.26983511,19.50694444]
["rs6003946","T","C","T","C",0.071375845,-0.045341981,0.0752,0.057609027,false,false,false,"ebi-eas-GCST90018603",null,0.324356566,0.046007025,"Chronic sinusitis || id:ebi-eas-GCST90018603",true,"MedicineITLab","enigma3-withglobal-parstriangularis-thickavg",22,24249301,0.014869968,{"v":2.49e-6,"d":"2.49E-06"},32494,"wTHICK_Mean_parstriangularis_thickavg || id:enigma3-withglobal-parstriangularis-thickavg",true,"reported","MedicineITLab",2,true,0.000708595,32494,true,{"v":7.5e-5,"d":"7.50E-05"},null,0.000708595,23.04,25.26983511,23.04]
["rs10494247","T","C","T","C",-0.034365078,-0.000139565,0.5469,0.538673,false,false,false,"ukb-b-69",null,0.4,0.000164646,"Non-cancer illness code, self-reported: chronic sinusitis || id:ukb-b-69",true,"igd","enigma3-withglobal-parstriangularis-thickavg",1,147113387,0.007854875,{"v":4.33e-6,"d":"4.33E-06"},32686,"wTHICK_Mean_parstriangularis_thickavg || id:enigma3-withglobal-parstriangularis-thickavg",true,"reported","MedicineITLab",2,true,0.000585284,32686,true,{"v":6.07e-5,"d":"6.07E-05"},null,0.000585284,19.140625,25.26983511,19.140625]
["rs480963","T","C","T","C",-0.039610688,{"v":4.06e-5,"d":"4.06E-05"},0.7039,0.70618,false,false,false,"ukb-b-69",null,0.82,0.000179722,"Non-cancer illness code, self-reported: chronic sinusitis || id:ukb-b-69",true,"igd","enigma3-withglobal-parstriangularis-thickavg",1,55136529,0.008564473,{"v":9.22e-6,"d":"9.22E-06"},32686,"wTHICK_Mean_parstriangularis_thickavg || id:enigma3-withglobal-parstriangularis-thickavg",true,"reported","MedicineITLab",2,true,0.00065404,32686,true,{"v":1.03e-5,"d":"1.03E-05"},null,0.00065404,21.390625,25.26983511,21.390625]
["rs6486362","A","G","A","G",0.042671372,{"v":2.64e-5,"d":"2.64E-05"},0.2629,0.268974,false,false,false,"ukb-b-69",null,0.89,0.000185293,"Non-cancer illness code, self-reported: chronic sinusitis || id:ukb-b-69",true,"igd","enigma3-withglobal-parstriangularis-thickavg",11,17348113,0.008931217,{"v":2.51e-6,"d":"2.51E-06"},32326,"wTHICK_Mean_parstriangularis_thickavg || id:enigma3-withglobal-parstriangularis-thickavg",true,"reported","MedicineITLab",2,true,0.0007057,32326,true,{"v":4.6e-6,"d":"4.60E-06"},null,0.0007057,22.82716049,25.26983511,22.82716049]
["rs1209871","T","C","T","C",0.053328327,0.000182541,0.8584,0.8518,false,false,false,"ukb-d-J32",null,0.350679,0.000195592,"Diagnoses - main ICD10: J32 Chronic sinusitis || id:ukb-d-J32",true,"igd","enigma3-withglobal-parstriangularis-thickavg",8,146083788,0.011952901,{"v":4e-6,"d":"4.00E-06"},28774,"wTHICK_Mean_parstriangularis_thickavg || id:enigma3-withglobal-parstriangularis-thickavg",true,"reported","MedicineITLab",2,true,0.000691351,28774,true,{"v":5.35e-5,"d":"5.35E-05"},null,0.000691351,19.90532544,25.26983511,19.90532544]
["rs34646819","T","C","T","C",-0.1243484,{"v":-1.93e-5,"d":"-1.93E-05"},0.0236,0.0122875,false,false,false,"ukb-d-J32",null,0.976007,0.000642653,"Diagnoses - main ICD10: J32 Chronic sinusitis || id:ukb-d-J32",true,"igd","enigma3-withglobal-parstriangularis-thickavg",4,21134021,0.026223132,{"v":2.89e-6,"d":"2.89E-06"},31534,"wTHICK_Mean_parstriangularis_thickavg || id:enigma3-withglobal-parstriangularis-thickavg",true,"reported","MedicineITLab",2,true,0.000712607,31534,true,{"v":5.67e-6,"d":"5.67E-06"},null,0.000712607,22.48595213,25.26983511,22.48595213]
["rs4453447","C","G","C","G",0.049131891,{"v":5.38e-5,"d":"5.38E-05"},0.1444,0.13817,false,true,false,"ukb-d-J32",null,0.788421,0.000200587,"Diagnoses - main ICD10: J32 Chronic sinusitis || id:ukb-d-J32",true,"igd","enigma3-withglobal-parstriangularis-thickavg",15,27003472,0.011124202,{"v":6.2e-6,"d":"6.20E-06"},32686,"wTHICK_Mean_parstriangularis_thickavg || id:enigma3-withglobal-parstriangularis-thickavg",true,"reported","MedicineITLab",2,true,0.000596479,32686,true,{"v":3.3e-5,"d":"3.30E-05"},null,0.000596479,19.50694444,25.26983511,19.50694444]
["rs6984468","A","C","A","C",0.035021826,{"v":-6.57e-6,"d":"-6.57E-06"},0.3932,0.394377,false,false,false,"ukb-d-J32",null,0.962966,0.000141482,"Diagnoses - main ICD10: J32 Chronic sinusitis || id:ukb-d-J32",true,"igd","enigma3-withglobal-parstriangularis-thickavg",8,18896703,0.008004989,{"v":5.95e-6,"d":"5.95E-06"},32686,"wTHICK_Mean_parstriangularis_thickavg || id:enigma3-withglobal-parstriangularis-thickavg",true,"reported","MedicineITLab",2,true,0.000585284,32686,true,{"v":2.97e-5,"d":"2.97E-05"},null,0.000585284,19.140625,25.26983511,19.140625]
["rs76782422","A","C","A","C",-0.111823483,0.000131705,0.0378,0.0375612,false,false,false,"ukb-d-J32",null,0.716515,0.000362702,"Diagnoses - main ICD10: J32 Chronic sinusitis || id:ukb-d-J32",true,"igd","enigma3-withglobal-parstriangularis-thickavg",11,1900670,0.022179864,{"v":5.69e-7,"d":"5.69E-07"},27921,"wTHICK_Mean_parstriangularis_thickavg || id:enigma3-withglobal-parstriangularis-thickavg",true,"reported","MedicineITLab",2,true,0.000909606,27921,true,{"v":1.94e-6,"d":"1.94E-06"},null,0.000909606,25.41840278,25.26983511,25.41840278]
["rs116427902","T","C","T","C",0.174227144,-0.0087,0.0117,0.012,false,false,false,"ukb-saige-471",null,0.94,0.11,"Nasal polyps || id:ukb-saige-471",true,"MedicineITLab","enigma3-withglobal-parstriangularis-thickavg",3,8195933,0.037996345,{"v":4.93e-6,"d":"4.93E-06"},29932,"wTHICK_Mean_parstriangularis_thickavg || id:enigma3-withglobal-parstriangularis-thickavg",true,"reported","MedicineITLab",2,true,0.000701999,29932,true,{"v":1.09e-5,"d":"1.09E-05"},null,0.000701999,21.02558001,25.26983511,21.02558001]
["rs2970478","T","C","T","C",0.03643636,0.0011,0.7114,0.72,false,false,false,"ukb-saige-471",null,0.97,0.028,"Nasal polyps || id:ukb-saige-471",true,"MedicineITLab","enigma3-withglobal-parstriangularis-thickavg",7,101586146,0.008629664,{"v":6.8e-6,"d":"6.80E-06"},32686,"wTHICK_Mean_parstriangularis_thickavg || id:enigma3-withglobal-parstriangularis-thickavg",true,"reported","MedicineITLab",2,true,0.000545143,32686,true,{"v":5.22e-5,"d":"5.22E-05"},null,0.000545143,17.82716049,25.26983511,17.82716049]
["rs3811606","A","G","A","G",-0.060450874,0.011,0.1085,0.1,false,false,false,"ukb-saige-471",null,0.8,0.043,"Nasal polyps || id:ukb-saige-471",true,"MedicineITLab","enigma3-withglobal-parstriangularis-thickavg",2,7568539,0.013223629,{"v":4.73e-6,"d":"4.73E-06"},29542,"wTHICK_Mean_parstriangularis_thickavg || id:enigma3-withglobal-parstriangularis-thickavg",true,"reported","MedicineITLab",2,true,0.000706946,29542,true,{"v":1.42e-5,"d":"1.42E-05"},null,0.000706946,20.89795918,25.26983511,20.89795918]
["rs6984468","A","C","A","C",0.035021826,0.047,0.3932,0.39,false,false,false,"ukb-saige-471",null,0.065,0.026,"Nasal polyps || id:ukb-saige-471",true,"MedicineITLab","enigma3-withglobal-parstriangularis-thickavg",8,18896703,0.008004989,{"v":5.95e-6,"d":"5.95E-06"},32686,"wTHICK_Mean_parstriangularis_thickavg || id:enigma3-withglobal-parstriangularis-thickavg",true,"reported","MedicineITLab",2,true,0.000585284,32686,true,0.00021333,null,0.000585284,19.140625,25.26983511,19.140625]
["rs11252615","T","C","T","C",0.038933061,0.004498322,0.4674,0.572403414,false,false,false,"ebi-eas-GCST90018603",null,0.834167143,0.021486051,"Chronic sinusitis || id:ebi-eas-GCST90018603",true,"MedicineITLab","enigma3-withglobal-pericalcarine-surfavg",10,4642156,0.007922781,{"v":8.92e-7,"d":"8.92E-07"},31976,"wSA_Mean_pericalcarine_surfavg || id:enigma3-withglobal-pericalcarine-surfavg",true,"reported","MedicineITLab",2,true,0.00075467,31976,true,{"v":1.12e-5,"d":"1.12E-05"},null,0.00075467,24.14803517,25.26983511,24.14803517]
["rs1223090","A","G","A","G",0.056516067,0.040148871,0.5575,0.38017883,false,false,false,"ebi-eas-GCST90018603",null,0.067907314,0.021991893,"Chronic sinusitis || id:ebi-eas-GCST90018603",true,"MedicineITLab","enigma3-withglobal-pericalcarine-surfavg",11,31499705,0.007955454,{"v":1.21e-12,"d":"1.21E-12"},31976,"wSA_Mean_pericalcarine_surfavg || id:enigma3-withglobal-pericalcarine-surfavg",true,"reported","MedicineITLab",2,true,0.001575912,31976,true,{"v":1.05e-8,"d":"1.05E-08"},null,0.001575912,50.46774768,25.26983511,50.46774768]
["rs16822665","T","C","T","C",-0.046713181,0.019469548,0.3275,0.754526789,false,false,false,"ebi-eas-GCST90018603",null,0.431838608,0.024768865,"Chronic sinusitis || id:ebi-eas-GCST90018603",true,"MedicineITLab","enigma3-withglobal-pericalcarine-surfavg",2,162901327,0.008422207,{"v":2.91e-8,"d":"2.91E-08"},31976,"wSA_Mean_pericalcarine_surfavg || id:enigma3-withglobal-pericalcarine-surfavg",true,"reported","MedicineITLab",2,true,0.000961197,31976,true,{"v":2.24e-6,"d":"2.24E-06"},null,0.000961197,30.7628871,25.26983511,30.7628871]
["rs17485876","T","C","T","C",0.044018357,-0.019321495,0.2519,0.058282836,false,false,false,"ebi-eas-GCST90018603",null,0.671984075,0.045631278,"Chronic sinusitis || id:ebi-eas-GCST90018603",true,"MedicineITLab","enigma3-withglobal-pericalcarine-surfavg",4,149610277,0.009106133,{"v":1.34e-6,"d":"1.34E-06"},31976,"wSA_Mean_pericalcarine_surfavg || id:enigma3-withglobal-pericalcarine-surfavg",true,"reported","MedicineITLab",2,true,0.000730273,31976,true,{"v":2.33e-5,"d":"2.33E-05"},null,0.000730273,23.36682593,25.26983511,23.36682593]
["rs377780","T","G","T","G",-0.036455155,-0.027442727,0.5611,0.542465733,false,false,false,"ebi-eas-GCST90018603",null,0.200565566,0.021440604,"Chronic sinusitis || id:ebi-eas-GCST90018603",true,"MedicineITLab","enigma3-withglobal-pericalcarine-surfavg",6,88013751,0.00801353,{"v":5.39e-6,"d":"5.39E-06"},31598,"wSA_Mean_pericalcarine_surfavg || id:enigma3-withglobal-pericalcarine-surfavg",true,"reported","MedicineITLab",2,true,0.000654566,31598,true,0.000288169,null,0.000654566,20.69522791,25.26983511,20.69522791]
["rs62115578","T","C","T","C",-0.06861853,0.143036286,0.9257,0.99151787,false,false,false,"ebi-eas-GCST90018603",null,0.240178844,0.121780697,"Chronic sinusitis || id:ebi-eas-GCST90018603",true,"MedicineITLab","enigma3-withglobal-pericalcarine-surfavg",19,51307275,0.015176208,{"v":6.14e-6,"d":"6.14E-06"},31545,"wSA_Mean_pericalcarine_surfavg || id:enigma3-withglobal-pericalcarine-surfavg",true,"reported","MedicineITLab",2,true,0.000647697,31545,true,0.000267934,null,0.000647697,20.44354781,25.26983511,20.44354781]
["rs667801","T","C","T","C",0.041328984,-0.001654673,0.5861,0.733056136,false,false,false,"ebi-eas-GCST90018603",null,0.94554078,0.024223847,"Chronic sinusitis || id:ebi-eas-GCST90018603",true,"MedicineITLab","enigma3-withglobal-pericalcarine-surfavg",11,104003647,0.008025515,{"v":2.61e-7,"d":"2.61E-07"},31976,"wSA_Mean_pericalcarine_surfavg || id:enigma3-withglobal-pericalcarine-surfavg",true,"reported","MedicineITLab",2,true,0.000828718,31976,true,{"v":3.09e-6,"d":"3.09E-06"},null,0.000828718,26.51939627,25.26983511,26.51939627]
["rs7378179","A","T","A","T",-0.049924023,-0.046107825,0.7194,0.725062217,false,true,false,"ebi-eas-GCST90018603",null,0.052962011,0.023825495,"Chronic sinusitis || id:ebi-eas-GCST90018603",true,"MedicineITLab","enigma3-withglobal-pericalcarine-surfavg",4,145284208,0.008797086,{"v":1.39e-8,"d":"1.39E-08"},31976,"wSA_Mean_pericalcarine_surfavg || id:enigma3-withglobal-pericalcarine-surfavg",true,"reported","MedicineITLab",2,true,0.001006253,31976,true,{"v":1.21e-5,"d":"1.21E-05"},null,0.001006253,32.2063448,25.26983511,32.2063448]
["rs10765918","A","G","A","G",0.062774279,-0.000195953,0.7312,0.732196,false,false,false,"ukb-b-69",null,0.29,0.000185294,"Non-cancer illness code, self-reported: chronic sinusitis || id:ukb-b-69",true,"igd","enigma3-withglobal-pericalcarine-surfavg",11,12071855,0.00947577,{"v":3.48e-11,"d":"3.48E-11"},28290,"wSA_Mean_pericalcarine_surfavg || id:enigma3-withglobal-pericalcarine-surfavg",true,"reported","MedicineITLab",2,true,0.001549027,28290,true,{"v":6.59e-10,"d":"6.59E-10"},null,0.001549027,43.8868495,25.26983511,43.8868495]
["rs11252615","T","C","T","C",0.038933061,{"v":8.39e-5,"d":"8.39E-05"},0.4674,0.462179,false,false,false,"ukb-b-69",null,0.61,0.000164706,"Non-cancer illness code, self-reported: chronic sinusitis || id:ukb-b-69",true,"igd","enigma3-withglobal-pericalcarine-surfavg",10,4642156,0.007922781,{"v":8.92e-7,"d":"8.92E-07"},31976,"wSA_Mean_pericalcarine_surfavg || id:enigma3-withglobal-pericalcarine-surfavg",true,"reported","MedicineITLab",2,true,0.00075467,31976,true,{"v":3.79e-6,"d":"3.79E-06"},null,0.00075467,24.14803517,25.26983511,24.14803517]
["rs17179798","A","G","A","G",0.055058868,0.000168652,0.2113,0.21341,false,false,false,"ukb-b-69",null,0.4,0.000199706,"Non-cancer illness code, self-reported: chronic sinusitis || id:ukb-b-69",true,"igd","enigma3-withglobal-pericalcarine-surfavg",12,5314508,0.009681916,{"v":1.3e-8,"d":"1.30E-08"},31976,"wSA_Mean_pericalcarine_surfavg || id:enigma3-withglobal-pericalcarine-surfavg",true,"reported","MedicineITLab",2,true,0.001010406,31976,true,{"v":1.26e-7,"d":"1.26E-07"},null,0.001010406,32.33939498,25.26983511,32.33939498]
["rs1917100","A","G","A","G",-0.039819323,0.000297573,0.6643,0.664738,false,false,false,"ukb-b-69",null,0.0870001,0.000173663,"Non-cancer illness code, self-reported: chronic sinusitis || id:ukb-b-69",true,"igd","enigma3-withglobal-pericalcarine-surfavg",3,78300528,0.008370957,{"v":1.97e-6,"d":"1.97E-06"},31976,"wSA_Mean_pericalcarine_surfavg || id:enigma3-withglobal-pericalcarine-surfavg",true,"reported","MedicineITLab",2,true,0.000707185,31976,true,{"v":3.12e-5,"d":"3.12E-05"},null,0.000707185,22.62755055,25.26983511,22.62755055]
["rs4895532","T","C","T","C",-0.048940957,0.000450122,0.3625,0.362789,false,false,false,"ukb-b-69",null,0.00850002,0.000171019,"Non-cancer illness code, self-reported: chronic sinusitis || id:ukb-b-69",true,"igd","enigma3-withglobal-pericalcarine-surfavg",6,138865324,0.00825632,{"v":3.07e-9,"d":"3.07E-09"},31707,"wSA_Mean_pericalcarine_surfavg || id:enigma3-withglobal-pericalcarine-surfavg",true,"reported","MedicineITLab",2,true,0.001107039,31707,true,{"v":4.04e-7,"d":"4.04E-07"},null,0.001107039,35.13758536,25.26983511,35.13758536]
["rs62367903","A","G","A","G",0.068051633,0.000205002,0.5755,0.572048,false,false,false,"ukb-b-69",null,0.22,0.000165412,"Non-cancer illness code, self-reported: chronic sinusitis || id:ukb-b-69",true,"igd","enigma3-withglobal-pericalcarine-surfavg",5,60318973,0.007991588,{"v":1.66e-17,"d":"1.66E-17"},31976,"wSA_Mean_pericalcarine_surfavg || id:enigma3-withglobal-pericalcarine-surfavg",true,"reported","MedicineITLab",2,true,0.002262716,31976,true,{"v":2.42e-15,"d":"2.42E-15"},null,0.002262716,72.51216692,25.26983511,72.51216692]
["rs7188071","T","C","T","C",0.044944412,{"v":-4.17e-7,"d":"-4.17E-07"},0.3484,0.353139,false,false,false,"ukb-b-69",null,1,0.000171231,"Non-cancer illness code, self-reported: chronic sinusitis || id:ukb-b-69",true,"igd","enigma3-withglobal-pericalcarine-surfavg",16,28917644,0.008309574,{"v":6.34e-8,"d":"6.34E-08"},31870,"wSA_Mean_pericalcarine_surfavg || id:enigma3-withglobal-pericalcarine-surfavg",true,"reported","MedicineITLab",2,true,0.000917151,31870,true,{"v":1.69e-7,"d":"1.69E-07"},null,0.000917151,29.25458397,25.26983511,29.25458397]
["rs7378179","A","T","A","T",-0.049924023,{"v":5.33e-5,"d":"5.33E-05"},0.7194,0.714204,false,true,false,"ukb-b-69",null,0.77,0.0001814,"Non-cancer illness code, self-reported: chronic sinusitis || id:ukb-b-69",true,"igd","enigma3-withglobal-pericalcarine-surfavg",4,145284208,0.008797086,{"v":1.39e-8,"d":"1.39E-08"},31976,"wSA_Mean_pericalcarine_surfavg || id:enigma3-withglobal-pericalcarine-surfavg",true,"reported","MedicineITLab",2,true,0.001006253,31976,true,{"v":6.2e-8,"d":"6.20E-08"},null,0.001006253,32.2063448,25.26983511,32.2063448]
["rs10765918","A","G","A","G",0.062774279,0.000119051,0.7312,0.732188,false,false,false,"ukb-d-J32",null,0.44427,0.000155622,"Diagnoses - main ICD10: J32 Chronic sinusitis || id:ukb-d-J32",true,"igd","enigma3-withglobal-pericalcarine-surfavg",11,12071855,0.00947577,{"v":3.48e-11,"d":"3.48E-11"},28290,"wSA_Mean_pericalcarine_surfavg || id:enigma3-withglobal-pericalcarine-surfavg",true,"reported","MedicineITLab",2,true,0.001549027,28290,true,{"v":6.76e-10,"d":"6.76E-10"},null,0.001549027,43.8868495,25.26983511,43.8868495]
["rs11103221","T","C","T","C",0.046340638,0.000197132,0.6889,0.657428,false,false,false,"ukb-d-J32",null,0.17905,0.000146709,"Diagnoses - main ICD10: J32 Chronic sinusitis || id:ukb-d-J32",true,"igd","enigma3-withglobal-pericalcarine-surfavg",9,138815886,0.008588966,{"v":6.84e-8,"d":"6.84E-08"},31598,"wSA_Mean_pericalcarine_surfavg || id:enigma3-withglobal-pericalcarine-surfavg",true,"reported","MedicineITLab",2,true,0.000920471,31598,true,{"v":1.65e-6,"d":"1.65E-06"},null,0.000920471,29.11000272,25.26983511,29.11000272]
["rs13135092","A","G","A","G",-0.071406829,-0.000398263,0.9226,0.916902,false,false,false,"ukb-d-J32",null,0.111924,0.000250541,"Diagnoses - main ICD10: J32 Chronic sinusitis || id:ukb-d-J32",true,"igd","enigma3-withglobal-pericalcarine-surfavg",4,103198082,0.014792825,{"v":1.39e-6,"d":"1.39E-06"},31976,"wSA_Mean_pericalcarine_surfavg || id:enigma3-withglobal-pericalcarine-surfavg",true,"reported","MedicineITLab",2,true,0.000728222,31976,true,{"v":3.01e-5,"d":"3.01E-05"},null,0.000728222,23.3011443,25.26983511,23.3011443]
["rs140378741","T","G","T","G",-0.095418009,-0.000435876,0.0504,0.0485381,false,false,false,"ukb-d-J32",null,0.187474,0.000330687,"Diagnoses - main ICD10: J32 Chronic sinusitis || id:ukb-d-J32",true,"igd","enigma3-withglobal-pericalcarine-surfavg",14,103229862,0.020947887,{"v":5.24e-6,"d":"5.24E-06"},23789,"wSA_Mean_pericalcarine_surfavg || id:enigma3-withglobal-pericalcarine-surfavg",true,"reported","MedicineITLab",2,true,0.000871489,23789,true,{"v":4.43e-5,"d":"4.43E-05"},null,0.000871489,20.74819221,25.26983511,20.74819221]
["rs16822665","T","C","T","C",-0.046713181,{"v":-4.07e-5,"d":"-4.07E-05"},0.3275,0.303687,false,false,false,"ukb-d-J32",null,0.786459,0.000150149,"Diagnoses - main ICD10: J32 Chronic sinusitis || id:ukb-d-J32",true,"igd","enigma3-withglobal-pericalcarine-surfavg",2,162901327,0.008422207,{"v":2.91e-8,"d":"2.91E-08"},31976,"wSA_Mean_pericalcarine_surfavg || id:enigma3-withglobal-pericalcarine-surfavg",true,"reported","MedicineITLab",2,true,0.000961197,31976,true,{"v":1.62e-7,"d":"1.62E-07"},null,0.000961197,30.7628871,25.26983511,30.7628871]
["rs3087898","A","G","A","G",0.035718884,-0.000166992,0.4269,0.423698,false,false,false,"ukb-d-J32",null,0.23101,0.00013942,"Diagnoses - main ICD10: J32 Chronic sinusitis || id:ukb-d-J32",true,"igd","enigma3-withglobal-pericalcarine-surfavg",2,61765074,0.007992316,{"v":7.85e-6,"d":"7.85E-06"},31976,"wSA_Mean_pericalcarine_surfavg || id:enigma3-withglobal-pericalcarine-surfavg",true,"reported","MedicineITLab",2,true,0.000624284,31976,true,{"v":8.1e-5,"d":"8.10E-05"},null,0.000624284,19.97333067,25.26983511,19.97333067]
["rs4895532","T","C","T","C",-0.048940957,{"v":2.9e-5,"d":"2.90E-05"},0.3625,0.359481,false,false,false,"ukb-d-J32",null,0.840615,0.000144061,"Diagnoses - main ICD10: J32 Chronic sinusitis || id:ukb-d-J32",true,"igd","enigma3-withglobal-pericalcarine-surfavg",6,138865324,0.00825632,{"v":3.07e-9,"d":"3.07E-09"},31707,"wSA_Mean_pericalcarine_surfavg || id:enigma3-withglobal-pericalcarine-surfavg",true,"reported","MedicineITLab",2,true,0.001107039,31707,true,{"v":1.85e-8,"d":"1.85E-08"},null,0.001107039,35.13758536,25.26983511,35.13758536]
["rs56111638","T","C","T","C",-0.041861147,-0.000146393,0.6279,0.60761,false,false,false,"ukb-d-J32",null,0.299122,0.000140991,"Diagnoses - main ICD10: J32 Chronic sinusitis || id:ukb-d-J32",true,"igd","enigma3-withglobal-pericalcarine-surfavg",5,92898661,0.008306427,{"v":4.67e-7,"d":"4.67E-07"},30993,"wSA_Mean_pericalcarine_surfavg || id:enigma3-withglobal-pericalcarine-surfavg",true,"reported","MedicineITLab",2,true,0.000818846,30993,true,{"v":5.53e-6,"d":"5.53E-06"},null,0.000818846,25.39766256,25.26983511,25.39766256]
["rs6741950","C","G","C","G",0.041908478,{"v":-6.33e-5,"d":"-6.33E-05"},0.6486,0.644764,false,true,false,"ukb-d-J32",null,0.660005,0.000143785,"Diagnoses - main ICD10: J32 Chronic sinusitis || id:ukb-d-J32",true,"igd","enigma3-withglobal-pericalcarine-surfavg",2,60309952,0.008279865,{"v":4.16e-7,"d":"4.16E-07"},31976,"wSA_Mean_pericalcarine_surfavg || id:enigma3-withglobal-pericalcarine-surfavg",true,"reported","MedicineITLab",2,true,0.000800594,31976,true,{"v":2.3e-6,"d":"2.30E-06"},null,0.000800594,25.61871089,25.26983511,25.61871089]
["rs67487681","T","C","T","C",0.039692673,0.000105561,0.7042,0.701149,false,false,false,"ukb-d-J32",null,0.484553,0.000151017,"Diagnoses - main ICD10: J32 Chronic sinusitis || id:ukb-d-J32",true,"igd","enigma3-withglobal-pericalcarine-surfavg",4,157071307,0.008661575,{"v":4.59e-6,"d":"4.59E-06"},31976,"wSA_Mean_pericalcarine_surfavg || id:enigma3-withglobal-pericalcarine-surfavg",true,"reported","MedicineITLab",2,true,0.000656364,31976,true,{"v":2.76e-5,"d":"2.76E-05"},null,0.000656364,21.0003729,25.26983511,21.0003729]
["rs74841342","A","T","A","T",-0.128966809,-0.000884162,0.9806,0.983076,false,true,false,"ukb-d-J32",null,0.100423,0.0005382,"Diagnoses - main ICD10: J32 Chronic sinusitis || id:ukb-d-J32",true,"igd","enigma3-withglobal-pericalcarine-surfavg",2,17919187,0.028999725,{"v":8.7e-6,"d":"8.70E-06"},31235,"wSA_Mean_pericalcarine_surfavg || id:enigma3-withglobal-pericalcarine-surfavg",true,"reported","MedicineITLab",2,true,0.000632819,31235,true,0.000143209,null,0.000632819,19.77735204,25.26983511,19.77735204]
["rs8103241","A","G","A","G",-0.039966828,{"v":-8.79e-5,"d":"-8.79E-05"},0.5469,0.543982,false,false,false,"ukb-d-J32",null,0.523468,0.000137796,"Diagnoses - main ICD10: J32 Chronic sinusitis || id:ukb-d-J32",true,"igd","enigma3-withglobal-pericalcarine-surfavg",19,13122612,0.008010233,{"v":6.06e-7,"d":"6.06E-07"},31424,"wSA_Mean_pericalcarine_surfavg || id:enigma3-withglobal-pericalcarine-surfavg",true,"reported","MedicineITLab",2,true,0.000791647,31424,true,{"v":4.14e-6,"d":"4.14E-06"},null,0.000791647,24.89482742,25.26983511,24.89482742]
["rs112288270","A","G","A","G",-0.066571608,0.038,0.077,0.076,false,false,false,"ukb-saige-471",null,0.42,0.047,"Nasal polyps || id:ukb-saige-471",true,"MedicineITLab","enigma3-withglobal-pericalcarine-surfavg",2,127377824,0.014828713,{"v":7.14e-6,"d":"7.14E-06"},31976,"wSA_Mean_pericalcarine_surfavg || id:enigma3-withglobal-pericalcarine-surfavg",true,"reported","MedicineITLab",2,true,0.000629942,31976,true,{"v":4.22e-5,"d":"4.22E-05"},null,0.000629942,20.1544596,25.26983511,20.1544596]
["rs13726","T","C","T","C",0.044193198,-0.02,0.2774,0.26,false,false,false,"ukb-saige-471",null,0.49,0.029,"Nasal polyps || id:ukb-saige-471",true,"MedicineITLab","enigma3-withglobal-pericalcarine-surfavg",17,42239561,0.008829055,{"v":5.57e-7,"d":"5.57E-07"},31976,"wSA_Mean_pericalcarine_surfavg || id:enigma3-withglobal-pericalcarine-surfavg",true,"reported","MedicineITLab",2,true,0.00078297,31976,true,{"v":3.77e-6,"d":"3.77E-06"},null,0.00078297,25.0543075,25.26983511,25.0543075]
["rs163499","T","C","T","C",0.041653265,-0.021,0.567,0.55,false,false,false,"ukb-saige-471",null,0.4,0.025,"Nasal polyps || id:ukb-saige-471",true,"MedicineITLab","enigma3-withglobal-pericalcarine-surfavg",2,45178329,0.008022777,{"v":2.08e-7,"d":"2.08E-07"},31616,"wSA_Mean_pericalcarine_surfavg || id:enigma3-withglobal-pericalcarine-surfavg",true,"reported","MedicineITLab",2,true,0.00085192,31616,true,{"v":1.89e-6,"d":"1.89E-06"},null,0.00085192,26.95557781,25.26983511,26.95557781]
["rs17179798","A","G","A","G",0.055058868,-0.025,0.2113,0.22,false,false,false,"ukb-saige-471",null,0.41,0.03,"Nasal polyps || id:ukb-saige-471",true,"MedicineITLab","enigma3-withglobal-pericalcarine-surfavg",12,5314508,0.009681916,{"v":1.3e-8,"d":"1.30E-08"},31976,"wSA_Mean_pericalcarine_surfavg || id:enigma3-withglobal-pericalcarine-surfavg",true,"reported","MedicineITLab",2,true,0.001010406,31976,true,{"v":1.61e-7,"d":"1.61E-07"},null,0.001010406,32.33939498,25.26983511,32.33939498]
["rs2999158","T","C","T","C",-0.059873221,-0.013,0.3358,0.34,false,false,false,"ukb-saige-471",null,0.63,0.026,"Nasal polyps || id:ukb-saige-471",true,"MedicineITLab","enigma3-withglobal-pericalcarine-surfavg",1,113239478,0.008366604,{"v":8.31e-13,"d":"8.31E-13"},31976,"wSA_Mean_pericalcarine_surfavg || id:enigma3-withglobal-pericalcarine-surfavg",true,"reported","MedicineITLab",2,true,0.001599097,31976,true,{"v":1.55e-11,"d":"1.55E-11"},null,0.001599097,51.21141814,25.26983511,51.21141814]
["rs4811476","T","C","T","C",0.048639747,0.0075,0.4883,0.49,false,false,false,"ukb-saige-471",null,0.76,0.025,"Nasal polyps || id:ukb-saige-471",true,"MedicineITLab","enigma3-withglobal-pericalcarine-surfavg",20,52468966,0.008060514,{"v":1.59e-9,"d":"1.59E-09"},30765,"wSA_Mean_pericalcarine_surfavg || id:enigma3-withglobal-pericalcarine-surfavg",true,"reported","MedicineITLab",2,true,0.001182265,30765,true,{"v":1.01e-8,"d":"1.01E-08"},null,0.001182265,36.41306117,25.26983511,36.41306117]
["rs62367903","A","G","A","G",0.068051633,-0.0072,0.5755,0.57,false,false,false,"ukb-saige-471",null,0.78,0.025,"Nasal polyps || id:ukb-saige-471",true,"MedicineITLab","enigma3-withglobal-pericalcarine-surfavg",5,60318973,0.007991588,{"v":1.66e-17,"d":"1.66E-17"},31976,"wSA_Mean_pericalcarine_surfavg || id:enigma3-withglobal-pericalcarine-surfavg",true,"reported","MedicineITLab",2,true,0.002262716,31976,true,{"v":5.19e-16,"d":"5.19E-16"},null,0.002262716,72.51216692,25.26983511,72.51216692]
["rs6812278","C","G","C","G",0.063646763,-0.018,0.2932,0.29,false,true,false,"ukb-saige-471",null,0.51,0.028,"Nasal polyps || id:ukb-saige-471",true,"MedicineITLab","enigma3-withglobal-pericalcarine-surfavg",4,1002448,0.008775049,{"v":4.08e-13,"d":"4.08E-13"},31283,"wSA_Mean_pericalcarine_surfavg || id:enigma3-withglobal-pericalcarine-surfavg",true,"reported","MedicineITLab",2,true,0.001678971,31283,true,{"v":1.02e-11,"d":"1.02E-11"},null,0.001678971,52.60821304,25.26983511,52.60821304]
["rs7188071","T","C","T","C",0.044944412,0.039,0.3484,0.36,false,false,false,"ukb-saige-471",null,0.14,0.026,"Nasal polyps || id:ukb-saige-471",true,"MedicineITLab","enigma3-withglobal-pericalcarine-surfavg",16,28917644,0.008309574,{"v":6.34e-8,"d":"6.34E-08"},31870,"wSA_Mean_pericalcarine_surfavg || id:enigma3-withglobal-pericalcarine-surfavg",true,"reported","MedicineITLab",2,true,0.000917151,31870,true,{"v":1.66e-6,"d":"1.66E-06"},null,0.000917151,29.25458397,25.26983511,29.25458397]
["rs9545158","A","G","A","G",0.058624725,-0.048,0.4768,0.48,false,false,false,"ukb-saige-471",null,0.057,0.025,"Nasal polyps || id:ukb-saige-471",true,"MedicineITLab","enigma3-withglobal-pericalcarine-surfavg",13,80192906,0.007910644,{"v":1.26e-13,"d":"1.26E-13"},31976,"wSA_Mean_pericalcarine_surfavg || id:enigma3-withglobal-pericalcarine-surfavg",true,"reported","MedicineITLab",2,true,0.001714729,31976,true,{"v":4.16e-11,"d":"4.16E-11"},null,0.001714729,54.92093466,25.26983511,54.92093466]
["rs2243821","A","G","A","G",-0.054795183,0.035991032,0.1257,0.111883733,false,false,false,"ebi-eas-GCST90018603",null,0.286632416,0.033777324,"Chronic sinusitis || id:ebi-eas-GCST90018603",true,"MedicineITLab","enigma3-withglobal-pericalcarine-thickavg",1,207241206,0.012281679,{"v":4.57e-6,"d":"4.57E-06"},30144,"wTHICK_Mean_pericalcarine_thickavg || id:enigma3-withglobal-pericalcarine-thickavg",true,"reported","MedicineITLab",2,true,0.000659949,30144,true,0.000254363,null,0.000659949,19.90532544,25.26983511,19.90532544]
["rs6880369","A","G","A","G",0.043893104,-0.005845582,0.7282,0.422916847,false,false,false,"ebi-eas-GCST90018603",null,0.786617046,0.02159383,"Chronic sinusitis || id:ebi-eas-GCST90018603",true,"MedicineITLab","enigma3-withglobal-pericalcarine-thickavg",5,147077226,0.008978135,{"v":2.1e-6,"d":"2.10E-06"},31318,"wTHICK_Mean_pericalcarine_thickavg || id:enigma3-withglobal-pericalcarine-thickavg",true,"reported","MedicineITLab",2,true,0.000762645,31318,true,{"v":1.35e-5,"d":"1.35E-05"},null,0.000762645,23.90123457,25.26983511,23.90123457]
["rs13262416","C","G","C","G",-0.05173243,-0.0119271,0.734,0.636547,false,true,false,"finngen_R10_J10_CHRONSINUSITIS",23224132,0.294964,0.0113885,"outcome",true,"textfile","enigma3-withglobal-pericalcarine-thickavg",8,23081645,0.009484279,{"v":1.42e-8,"d":"1.42E-08"},28442,"wTHICK_Mean_pericalcarine_thickavg || id:enigma3-withglobal-pericalcarine-thickavg",true,"reported","MedicineITLab",2,true,0.001045041,28442,true,null,false,0.001045041,29.75206612,25.26983511,29.75206612]
["rs148360099","T","C","T","C",0.127696703,0.00168053,0.976,0.9854387,false,false,false,"finngen_R10_J10_CHRONSINUSITIS",55221684,0.970639,0.0456583,"outcome",true,"textfile","enigma3-withglobal-pericalcarine-thickavg",17,53299045,0.028575486,{"v":9.33e-6,"d":"9.33E-06"},26123,"wTHICK_Mean_pericalcarine_thickavg || id:enigma3-withglobal-pericalcarine-thickavg",true,"reported","MedicineITLab",2,true,0.000763924,26123,true,null,false,0.000763924,19.96972656,25.26983511,19.96972656]
["rs35058062","C","G","C","G",0.116730438,-0.0456424,0.9678,0.9712713,false,true,false,"finngen_R10_J10_CHRONSINUSITIS",26217599,0.165931,0.0329453,"outcome",true,"textfile","enigma3-withglobal-pericalcarine-thickavg",8,26075115,0.025841089,{"v":8e-6,"d":"8.00E-06"},24009,"wTHICK_Mean_pericalcarine_thickavg || id:enigma3-withglobal-pericalcarine-thickavg",true,"reported","MedicineITLab",2,true,0.000849258,24009,true,null,false,0.000849258,20.40546968,25.26983511,20.40546968]
["rs73000471","A","G","A","G",-0.076846823,0.0539064,0.9411,0.9093671,false,false,false,"finngen_R10_J10_CHRONSINUSITIS",112487209,0.00505033,0.0192262,"outcome",true,"textfile","enigma3-withglobal-pericalcarine-thickavg",11,112357932,0.016966182,{"v":8.8e-6,"d":"8.80E-06"},31318,"wTHICK_Mean_pericalcarine_thickavg || id:enigma3-withglobal-pericalcarine-thickavg",true,"reported","MedicineITLab",2,true,0.000654686,31318,true,null,false,0.000654686,20.51557093,25.26983511,20.51557093]
["rs8005258","T","G","T","G",0.055865795,-0.0212914,0.1105,0.0517263,false,false,false,"finngen_R10_J10_CHRONSINUSITIS",63033798,0.389062,0.0247195,"outcome",true,"textfile","enigma3-withglobal-pericalcarine-thickavg",14,63500516,0.012741322,{"v":7.45e-6,"d":"7.45E-06"},31318,"wTHICK_Mean_pericalcarine_thickavg || id:enigma3-withglobal-pericalcarine-thickavg",true,"reported","MedicineITLab",2,true,0.000613522,31318,true,null,false,0.000613522,19.22485207,25.26983511,19.22485207]
["rs629404","A","T","A","T",0.047394008,-0.000165628,0.2461,0.246437,false,true,false,"ukb-b-69",null,0.38,0.00018971,"Non-cancer illness code, self-reported: chronic sinusitis || id:ukb-b-69",true,"igd","enigma3-withglobal-pericalcarine-thickavg",12,111982813,0.009272741,{"v":7.73e-7,"d":"7.73E-07"},31318,"wTHICK_Mean_pericalcarine_thickavg || id:enigma3-withglobal-pericalcarine-thickavg",true,"reported","MedicineITLab",2,true,0.000833494,31318,true,{"v":2.29e-6,"d":"2.29E-06"},null,0.000833494,26.12345679,25.26983511,26.12345679]
["rs143694085","A","C","A","C",-0.113405473,-0.000245333,0.9743,0.9772512,false,false,false,"ukb-d-J32",null,0.598358,0.000465736,"Diagnoses - main ICD10: J32 Chronic sinusitis || id:ukb-d-J32",true,"igd","enigma3-withglobal-pericalcarine-thickavg",10,77864475,0.025580182,{"v":7.25e-6,"d":"7.25E-06"},30499,"wTHICK_Mean_pericalcarine_thickavg || id:enigma3-withglobal-pericalcarine-thickavg",true,"reported","MedicineITLab",2,true,0.000644056,30499,true,{"v":3.96e-5,"d":"3.96E-05"},null,0.000644056,19.65444444,25.26983511,19.65444444]
["rs188353489","T","C","T","C",0.1206039,0.000485574,0.0243,0.0278774,false,false,false,"ukb-d-J32",null,0.263364,0.000434138,"Diagnoses - main ICD10: J32 Chronic sinusitis || id:ukb-d-J32",true,"igd","enigma3-withglobal-pericalcarine-thickavg",13,36895114,0.027566606,{"v":9.9e-6,"d":"9.90E-06"},27734,"wTHICK_Mean_pericalcarine_thickavg || id:enigma3-withglobal-pericalcarine-thickavg",true,"reported","MedicineITLab",2,true,0.000689724,27734,true,{"v":8.97e-5,"d":"8.97E-05"},null,0.000689724,19.140625,25.26983511,19.140625]
["rs7032717","A","G","A","G",0.059548328,0.000130176,0.8885,0.883907,false,false,false,"ukb-d-J32",null,0.544103,0.000214592,"Diagnoses - main ICD10: J32 Chronic sinusitis || id:ukb-d-J32",true,"igd","enigma3-withglobal-pericalcarine-thickavg",9,79054389,0.012690627,{"v":4.92e-6,"d":"4.92E-06"},31318,"wTHICK_Mean_pericalcarine_thickavg || id:enigma3-withglobal-pericalcarine-thickavg",true,"reported","MedicineITLab",2,true,0.000702589,31318,true,{"v":1.5e-5,"d":"1.50E-05"},null,0.000702589,22.01775148,25.26983511,22.01775148]
["rs71649080","A","G","A","G",-0.093102157,0.000319455,0.0434,0.0368898,false,false,false,"ukb-d-J32",null,0.383245,0.000366375,"Diagnoses - main ICD10: J32 Chronic sinusitis || id:ukb-d-J32",true,"igd","enigma3-withglobal-pericalcarine-thickavg",1,69008430,0.019600454,{"v":3.54e-6,"d":"3.54E-06"},31328,"wTHICK_Mean_pericalcarine_thickavg || id:enigma3-withglobal-pericalcarine-thickavg",true,"reported","MedicineITLab",2,true,0.00071973,31328,true,{"v":1.64e-5,"d":"1.64E-05"},null,0.00071973,22.5625,25.26983511,22.5625]
["rs143694085","A","C","A","C",-0.113405473,-0.068,0.9743,0.977,false,false,false,"ukb-saige-471",null,0.42,0.084,"Nasal polyps || id:ukb-saige-471",true,"MedicineITLab","enigma3-withglobal-pericalcarine-thickavg",10,77864475,0.025580182,{"v":7.25e-6,"d":"7.25E-06"},30499,"wTHICK_Mean_pericalcarine_thickavg || id:enigma3-withglobal-pericalcarine-thickavg",true,"reported","MedicineITLab",2,true,0.000644056,30499,true,{"v":5.05e-5,"d":"5.05E-05"},null,0.000644056,19.65444444,25.26983511,19.65444444]
["rs2164950","A","G","A","G",-0.074754565,-0.028,0.1278,0.13,false,false,false,"ukb-saige-471",null,0.45,0.038,"Nasal polyps || id:ukb-saige-471",true,"MedicineITLab","enigma3-withglobal-pericalcarine-thickavg",14,59627631,0.01196073,{"v":5.38e-10,"d":"5.38E-10"},31318,"wTHICK_Mean_pericalcarine_thickavg || id:enigma3-withglobal-pericalcarine-thickavg",true,"reported","MedicineITLab",2,true,0.001245812,31318,true,{"v":6.11e-9,"d":"6.11E-09"},null,0.001245812,39.0625,25.26983511,39.0625]
["rs6880369","A","G","A","G",0.043893104,-0.061,0.7282,0.72,false,false,false,"ukb-saige-471",null,0.027,0.028,"Nasal polyps || id:ukb-saige-471",true,"MedicineITLab","enigma3-withglobal-pericalcarine-thickavg",5,147077226,0.008978135,{"v":2.1e-6,"d":"2.10E-06"},31318,"wTHICK_Mean_pericalcarine_thickavg || id:enigma3-withglobal-pericalcarine-thickavg",true,"reported","MedicineITLab",2,true,0.000762645,31318,true,{"v":3.91e-5,"d":"3.91E-05"},null,0.000762645,23.90123457,25.26983511,23.90123457]
["rs12495997","T","G","T","G",0.039083519,0.016071425,0.3073,0.686207564,false,false,false,"ebi-eas-GCST90018603",null,0.485001816,0.023015717,"Chronic sinusitis || id:ebi-eas-GCST90018603",true,"MedicineITLab","enigma3-withglobal-postcentral-surfavg",3,111622732,0.008689474,{"v":6.86e-6,"d":"6.86E-06"},31090,"wSA_Mean_postcentral_surfavg || id:enigma3-withglobal-postcentral-surfavg",true,"reported","MedicineITLab",2,true,0.000650317,31090,true,0.000131056,null,0.000650317,20.23020841,25.26983511,20.23020841]
["rs34322452","A","G","A","G",0.070395818,-0.027096778,0.7418,0.871576135,false,false,false,"ebi-eas-GCST90018603",null,0.399681922,0.032174208,"Chronic sinusitis || id:ebi-eas-GCST90018603",true,"MedicineITLab","enigma3-withglobal-postcentral-surfavg",5,93347836,0.00920839,{"v":2.09e-14,"d":"2.09E-14"},30730,"wSA_Mean_postcentral_surfavg || id:enigma3-withglobal-postcentral-surfavg",true,"reported","MedicineITLab",2,true,0.001898308,30730,true,{"v":2.98e-11,"d":"2.98E-11"},null,0.001898308,58.44216413,25.26983511,58.44216413]
["rs4924346","A","G","A","G",0.218778748,-0.012387875,0.0911,0.023610247,false,false,false,"ebi-eas-GCST90018603",null,0.862555137,0.071555545,"Chronic sinusitis || id:ebi-eas-GCST90018603",true,"MedicineITLab","enigma3-withglobal-postcentral-surfavg",15,39639992,0.013881721,{"v":5.83e-56,"d":"5.83E-56"},31090,"wSA_Mean_postcentral_surfavg || id:enigma3-withglobal-postcentral-surfavg",true,"reported","MedicineITLab",2,true,0.007926377,31090,true,{"v":1.95e-46,"d":"1.95E-46"},null,0.007926377,248.3840034,25.26983511,248.3840034]
["rs9387711","T","G","T","G",-0.036477712,0.02143828,0.5478,0.377941773,false,false,false,"ebi-eas-GCST90018603",null,0.334231406,0.022201434,"Chronic sinusitis || id:ebi-eas-GCST90018603",true,"MedicineITLab","enigma3-withglobal-postcentral-surfavg",6,98286151,0.008055066,{"v":5.94e-6,"d":"5.94E-06"},31090,"wSA_Mean_postcentral_surfavg || id:enigma3-withglobal-postcentral-surfavg",true,"reported","MedicineITLab",2,true,0.000659231,31090,true,0.000181254,null,0.000659231,20.50769878,25.26983511,20.50769878]
["rs11033898","C","G","C","G",0.049788838,{"v":8.33e-5,"d":"8.33E-05"},0.4042,0.398963,false,true,false,"ukb-b-69",null,0.62,0.000167344,"Non-cancer illness code, self-reported: chronic sinusitis || id:ukb-b-69",true,"igd","enigma3-withglobal-postcentral-surfavg",11,37001542,0.008167343,{"v":1.09e-9,"d":"1.09E-09"},31090,"wSA_Mean_postcentral_surfavg || id:enigma3-withglobal-postcentral-surfavg",true,"reported","MedicineITLab",2,true,0.001193963,31090,true,{"v":7.69e-9,"d":"7.69E-09"},null,0.001193963,37.16228482,25.26983511,37.16228482]
["rs285787","A","G","A","G",-0.048048524,{"v":7.75e-5,"d":"7.75E-05"},0.8315,0.829265,false,false,false,"ukb-b-69",null,0.719999,0.000218243,"Non-cancer illness code, self-reported: chronic sinusitis || id:ukb-b-69",true,"igd","enigma3-withglobal-postcentral-surfavg",8,106075248,0.010644291,{"v":6.36e-6,"d":"6.36E-06"},31479,"wSA_Mean_postcentral_surfavg || id:enigma3-withglobal-postcentral-surfavg",true,"reported","MedicineITLab",2,true,0.000646923,31479,true,{"v":1.89e-5,"d":"1.89E-05"},null,0.000646923,20.37636181,25.26983511,20.37636181]
["rs61881152","T","C","T","C",-0.043573921,-0.000131708,0.7717,0.787164,false,false,false,"ukb-b-69",null,0.51,0.000200585,"Non-cancer illness code, self-reported: chronic sinusitis || id:ukb-b-69",true,"igd","enigma3-withglobal-postcentral-surfavg",11,69060312,0.009551379,{"v":5.06e-6,"d":"5.06E-06"},31090,"wSA_Mean_postcentral_surfavg || id:enigma3-withglobal-postcentral-surfavg",true,"reported","MedicineITLab",2,true,0.000669018,31090,true,{"v":2.13e-5,"d":"2.13E-05"},null,0.000669018,20.81234973,25.26983511,20.81234973]
["rs10184627","C","G","C","G",-0.037298872,{"v":6.13e-5,"d":"6.13E-05"},0.5945,0.584716,false,true,false,"ukb-d-J32",null,0.660306,0.000139472,"Diagnoses - main ICD10: J32 Chronic sinusitis || id:ukb-d-J32",true,"igd","enigma3-withglobal-postcentral-surfavg",2,16988320,0.008190621,{"v":5.27e-6,"d":"5.27E-06"},30898,"wSA_Mean_postcentral_surfavg || id:enigma3-withglobal-postcentral-surfavg",true,"reported","MedicineITLab",2,true,0.000670755,30898,true,{"v":2.17e-5,"d":"2.17E-05"},null,0.000670755,20.7375658,25.26983511,20.7375658]
["rs118166900","T","C","T","C",0.157579404,0.000104237,0.9847,0.9829164,false,false,false,"ukb-d-J32",null,0.844679,0.000532057,"Diagnoses - main ICD10: J32 Chronic sinusitis || id:ukb-d-J32",true,"igd","enigma3-withglobal-postcentral-surfavg",7,89698924,0.033484801,{"v":2.53e-6,"d":"2.53E-06"},29579,"wSA_Mean_postcentral_surfavg || id:enigma3-withglobal-postcentral-surfavg",true,"reported","MedicineITLab",2,true,0.000748211,29579,true,{"v":7.83e-6,"d":"7.83E-06"},null,0.000748211,22.14641633,25.26983511,22.14641633]
["rs285787","A","G","A","G",-0.048048524,0.000283858,0.8315,0.828514,false,false,false,"ukb-d-J32",null,0.120845,0.000182988,"Diagnoses - main ICD10: J32 Chronic sinusitis || id:ukb-d-J32",true,"igd","enigma3-withglobal-postcentral-surfavg",8,106075248,0.010644291,{"v":6.36e-6,"d":"6.36E-06"},31479,"wSA_Mean_postcentral_surfavg || id:enigma3-withglobal-postcentral-surfavg",true,"reported","MedicineITLab",2,true,0.000646923,31479,true,0.000100413,null,0.000646923,20.37636181,25.26983511,20.37636181]
["rs344142","A","G","A","G",-0.040364444,{"v":4.83e-5,"d":"4.83E-05"},0.6169,0.616579,false,false,false,"ukb-d-J32",null,0.732786,0.000141346,"Diagnoses - main ICD10: J32 Chronic sinusitis || id:ukb-d-J32",true,"igd","enigma3-withglobal-postcentral-surfavg",4,77662248,0.008246276,{"v":9.84e-7,"d":"9.84E-07"},31090,"wSA_Mean_postcentral_surfavg || id:enigma3-withglobal-postcentral-surfavg",true,"reported","MedicineITLab",2,true,0.000770114,31090,true,{"v":4.22e-6,"d":"4.22E-06"},null,0.000770114,23.95974729,25.26983511,23.95974729]
["rs61842496","T","C","T","C",-0.082758883,{"v":2.94e-5,"d":"2.94E-05"},0.0741,0.0753031,false,false,false,"ukb-d-J32",null,0.911299,0.000264278,"Diagnoses - main ICD10: J32 Chronic sinusitis || id:ukb-d-J32",true,"igd","enigma3-withglobal-postcentral-surfavg",10,34651852,0.016346409,{"v":4.13e-7,"d":"4.13E-07"},27250,"wSA_Mean_postcentral_surfavg || id:enigma3-withglobal-postcentral-surfavg",true,"reported","MedicineITLab",2,true,0.000939813,27250,true,{"v":1.22e-6,"d":"1.22E-06"},null,0.000939813,25.63211899,25.26983511,25.63211899]
["rs78868651","A","G","A","G",0.127041332,-0.000796027,0.0237,0.0214196,false,false,false,"ukb-d-J32",null,0.0981251,0.000481268,"Diagnoses - main ICD10: J32 Chronic sinusitis || id:ukb-d-J32",true,"igd","enigma3-withglobal-postcentral-surfavg",11,11524035,0.026475632,{"v":1.6e-6,"d":"1.60E-06"},30807,"wSA_Mean_postcentral_surfavg || id:enigma3-withglobal-postcentral-surfavg",true,"reported","MedicineITLab",2,true,0.000746882,30807,true,{"v":3.45e-5,"d":"3.45E-05"},null,0.000746882,23.02488177,25.26983511,23.02488177]
["rs117623407","A","G","A","G",0.057451274,-0.017,0.8467,0.85,false,false,false,"ukb-saige-471",null,0.63,0.035,"Nasal polyps || id:ukb-saige-471",true,"MedicineITLab","enigma3-withglobal-postcentral-surfavg",19,32204489,0.011421291,{"v":4.9e-7,"d":"4.90E-07"},29507,"wSA_Mean_postcentral_surfavg || id:enigma3-withglobal-postcentral-surfavg",true,"reported","MedicineITLab",2,true,0.000856843,29507,true,{"v":2.33e-6,"d":"2.33E-06"},null,0.000856843,25.30282095,25.26983511,25.30282095]
["rs1884010","A","G","A","G",-0.041077984,-0.03,0.438,0.44,false,false,false,"ukb-saige-471",null,0.24,0.025,"Nasal polyps || id:ukb-saige-471",true,"MedicineITLab","enigma3-withglobal-postcentral-surfavg",14,29243721,0.008387091,{"v":9.69e-7,"d":"9.69E-07"},28854,"wSA_Mean_postcentral_surfavg || id:enigma3-withglobal-postcentral-surfavg",true,"reported","MedicineITLab",2,true,0.000830728,28854,true,{"v":1.02e-5,"d":"1.02E-05"},null,0.000830728,23.98808135,25.26983511,23.98808135]
["rs313135","T","C","T","C",0.04828867,0.018,0.4854,0.48,false,false,false,"ukb-saige-471",null,0.47,0.025,"Nasal polyps || id:ukb-saige-471",true,"MedicineITLab","enigma3-withglobal-postcentral-surfavg",4,127537734,0.008066404,{"v":2.15e-9,"d":"2.15E-09"},30730,"wSA_Mean_postcentral_surfavg || id:enigma3-withglobal-postcentral-surfavg",true,"reported","MedicineITLab",2,true,0.001164904,30730,true,{"v":2.54e-8,"d":"2.54E-08"},null,0.001164904,35.83690846,25.26983511,35.83690846]
["rs56833280","A","G","A","G",0.058332732,-0.042,0.1066,0.1,false,false,false,"ukb-saige-471",null,0.31,0.042,"Nasal polyps || id:ukb-saige-471",true,"MedicineITLab","enigma3-withglobal-postcentral-surfavg",9,96121967,0.01299111,{"v":7.12e-6,"d":"7.12E-06"},31090,"wSA_Mean_postcentral_surfavg || id:enigma3-withglobal-postcentral-surfavg",true,"reported","MedicineITLab",2,true,0.000648124,31090,true,{"v":5.09e-5,"d":"5.09E-05"},null,0.000648124,20.16193113,25.26983511,20.16193113]
["rs8106076","T","C","T","C",-0.040888403,0.033,0.3708,0.38,false,false,false,"ukb-saige-471",null,0.2,0.026,"Nasal polyps || id:ukb-saige-471",true,"MedicineITLab","enigma3-withglobal-postcentral-surfavg",19,15669229,0.008717431,{"v":2.73e-6,"d":"2.73E-06"},28181,"wSA_Mean_postcentral_surfavg || id:enigma3-withglobal-postcentral-surfavg",true,"reported","MedicineITLab",2,true,0.000780115,28181,true,{"v":2.64e-5,"d":"2.64E-05"},null,0.000780115,22.0000283,25.26983511,22.0000283]
["rs11627050","A","G","A","G",0.037853151,0.036591205,0.6711,0.375327432,false,false,false,"ebi-eas-GCST90018603",null,0.105248658,0.022588227,"Chronic sinusitis || id:ebi-eas-GCST90018603",true,"MedicineITLab","enigma3-withglobal-postcentral-thickavg",14,103833385,0.008652149,{"v":3.83e-6,"d":"3.83E-06"},30243,"wTHICK_Mean_postcentral_thickavg || id:enigma3-withglobal-postcentral-thickavg",true,"reported","MedicineITLab",2,true,0.000632536,30243,true,0.000796346,null,0.000632536,19.140625,25.26983511,19.140625]
["rs1668120","A","C","A","C",-0.054163075,0.029031516,0.7494,0.247623407,false,false,false,"ebi-eas-GCST90018603",null,0.238548309,0.024631723,"Chronic sinusitis || id:ebi-eas-GCST90018603",true,"MedicineITLab","enigma3-withglobal-postcentral-thickavg",18,22224490,0.009219247,{"v":1.29e-9,"d":"1.29E-09"},31292,"wTHICK_Mean_postcentral_thickavg || id:enigma3-withglobal-postcentral-thickavg",true,"reported","MedicineITLab",2,true,0.001101873,31292,true,{"v":1.05e-6,"d":"1.05E-06"},null,0.001101873,34.515625,25.26983511,34.515625]
["rs1918352","A","G","A","G",0.042814904,0.010732523,0.5284,0.567723987,false,false,false,"ebi-eas-GCST90018603",null,0.618524565,0.02155374,"Chronic sinusitis || id:ebi-eas-GCST90018603",true,"MedicineITLab","enigma3-withglobal-postcentral-thickavg",7,99763439,0.008100117,{"v":6.21e-8,"d":"6.21E-08"},30555,"wTHICK_Mean_postcentral_thickavg || id:enigma3-withglobal-postcentral-thickavg",true,"reported","MedicineITLab",2,true,0.000913601,30555,true,{"v":3.59e-6,"d":"3.59E-06"},null,0.000913601,27.93877551,25.26983511,27.93877551]
["rs4823878","T","C","T","C",0.061120492,-0.01209091,0.2863,0.290896192,false,false,false,"ebi-eas-GCST90018603",null,0.606790173,0.023492975,"Chronic sinusitis || id:ebi-eas-GCST90018603",true,"MedicineITLab","enigma3-withglobal-postcentral-thickavg",22,47200354,0.008890253,{"v":7.55e-13,"d":"7.55E-13"},30915,"wTHICK_Mean_postcentral_thickavg || id:enigma3-withglobal-postcentral-thickavg",true,"reported","MedicineITLab",2,true,0.001526654,30915,true,{"v":1.25e-9,"d":"1.25E-09"},null,0.001526654,47.265625,25.26983511,47.265625]
["rs72771785","A","G","A","G",0.037938495,-0.059376685,0.6347,0.615594813,false,false,false,"ebi-eas-GCST90018603",null,0.006855055,0.021960419,"Chronic sinusitis || id:ebi-eas-GCST90018603",true,"MedicineITLab","enigma3-withglobal-postcentral-thickavg",10,12741439,0.008299046,{"v":5.02e-6,"d":"5.02E-06"},31292,"wTHICK_Mean_postcentral_thickavg || id:enigma3-withglobal-postcentral-thickavg",true,"reported","MedicineITLab",2,true,0.000667434,31292,true,0.002134739,null,0.000667434,20.89795918,25.26983511,20.89795918]
["rs10774379","A","C","A","C",-0.040083641,0.000180814,0.6538,0.653709,false,false,false,"ukb-b-69",null,0.29,0.000171766,"Non-cancer illness code, self-reported: chronic sinusitis || id:ukb-b-69",true,"igd","enigma3-withglobal-postcentral-thickavg",12,5949934,0.008907476,{"v":2.16e-6,"d":"2.16E-06"},27823,"wTHICK_Mean_postcentral_thickavg || id:enigma3-withglobal-postcentral-thickavg",true,"reported","MedicineITLab",2,true,0.000727338,27823,true,{"v":3.8e-5,"d":"3.80E-05"},null,0.000727338,20.25,25.26983511,20.25]
["rs17642263","T","G","T","G",0.035635395,0.000379908,0.442,0.447517,false,false,false,"ukb-b-69",null,0.0219999,0.000165292,"Non-cancer illness code, self-reported: chronic sinusitis || id:ukb-b-69",true,"igd","enigma3-withglobal-postcentral-thickavg",2,138637196,0.008046702,{"v":9.08e-6,"d":"9.08E-06"},31292,"wTHICK_Mean_postcentral_thickavg || id:enigma3-withglobal-postcentral-thickavg",true,"reported","MedicineITLab",2,true,0.000626397,31292,true,0.000209509,null,0.000626397,19.6122449,25.26983511,19.6122449]
["rs4778990","A","C","A","C",0.039046147,{"v":-4.86e-5,"d":"-4.86E-05"},0.4934,0.490246,false,false,false,"ukb-b-69",null,0.77,0.000163567,"Non-cancer illness code, self-reported: chronic sinusitis || id:ukb-b-69",true,"igd","enigma3-withglobal-postcentral-thickavg",15,82576751,0.008038913,{"v":5.86e-7,"d":"5.86E-07"},30932,"wTHICK_Mean_postcentral_thickavg || id:enigma3-withglobal-postcentral-thickavg",true,"reported","MedicineITLab",2,true,0.000762168,30932,true,{"v":3.7e-6,"d":"3.70E-06"},null,0.000762168,23.59183673,25.26983511,23.59183673]
["rs55650579","A","G","A","G",-0.048554688,-0.000124904,0.1692,0.165872,false,false,false,"ukb-b-69",null,0.57,0.000220789,"Non-cancer illness code, self-reported: chronic sinusitis || id:ukb-b-69",true,"igd","enigma3-withglobal-postcentral-thickavg",5,111815508,0.010658346,{"v":2.94e-6,"d":"2.94E-06"},31292,"wTHICK_Mean_postcentral_thickavg || id:enigma3-withglobal-postcentral-thickavg",true,"reported","MedicineITLab",2,true,0.00066281,31292,true,{"v":1.99e-5,"d":"1.99E-05"},null,0.00066281,20.75308642,25.26983511,20.75308642]
["rs73032484","T","C","T","C",0.04427316,-0.000288538,0.7752,0.777923,false,false,false,"ukb-b-69",null,0.14,0.000197057,"Non-cancer illness code, self-reported: chronic sinusitis || id:ukb-b-69",true,"igd","enigma3-withglobal-postcentral-thickavg",19,37017158,0.009572575,{"v":2.47e-6,"d":"2.47E-06"},31292,"wTHICK_Mean_postcentral_thickavg || id:enigma3-withglobal-postcentral-thickavg",true,"reported","MedicineITLab",2,true,0.000683158,31292,true,{"v":4e-5,"d":"4.00E-05"},null,0.000683158,21.390625,25.26983511,21.390625]
["rs10774379","A","C","A","C",-0.040083641,0.00026636,0.6538,0.652451,false,false,false,"ukb-d-J32",null,0.0646368,0.000144152,"Diagnoses - main ICD10: J32 Chronic sinusitis || id:ukb-d-J32",true,"igd","enigma3-withglobal-postcentral-thickavg",12,5949934,0.008907476,{"v":2.16e-6,"d":"2.16E-06"},27823,"wTHICK_Mean_postcentral_thickavg || id:enigma3-withglobal-postcentral-thickavg",true,"reported","MedicineITLab",2,true,0.000727338,27823,true,0.00012235,null,0.000727338,20.25,25.26983511,20.25]
["rs13173857","A","C","A","C",-0.039223559,{"v":-2.89e-5,"d":"-2.89E-05"},0.3181,0.321607,false,false,false,"ukb-d-J32",null,0.84474,0.000147786,"Diagnoses - main ICD10: J32 Chronic sinusitis || id:ukb-d-J32",true,"igd","enigma3-withglobal-postcentral-thickavg",5,91379509,0.008580154,{"v":3.62e-6,"d":"3.62E-06"},31292,"wTHICK_Mean_postcentral_thickavg || id:enigma3-withglobal-postcentral-thickavg",true,"reported","MedicineITLab",2,true,0.000667434,31292,true,{"v":1.49e-5,"d":"1.49E-05"},null,0.000667434,20.89795918,25.26983511,20.89795918]
["rs1918352","A","G","A","G",0.042814904,{"v":-5.29e-5,"d":"-5.29E-05"},0.5284,0.550027,false,false,false,"ukb-d-J32",null,0.703152,0.00013874,"Diagnoses - main ICD10: J32 Chronic sinusitis || id:ukb-d-J32",true,"igd","enigma3-withglobal-postcentral-thickavg",7,99763439,0.008100117,{"v":6.21e-8,"d":"6.21E-08"},30555,"wTHICK_Mean_postcentral_thickavg || id:enigma3-withglobal-postcentral-thickavg",true,"reported","MedicineITLab",2,true,0.000913601,30555,true,{"v":6.76e-7,"d":"6.76E-07"},null,0.000913601,27.93877551,25.26983511,27.93877551]
["rs2093620","A","C","A","C",0.037767855,{"v":5.67e-5,"d":"5.67E-05"},0.4653,0.47593,false,false,false,"ukb-d-J32",null,0.680382,0.000137744,"Diagnoses - main ICD10: J32 Chronic sinusitis || id:ukb-d-J32",true,"igd","enigma3-withglobal-postcentral-thickavg",13,80188089,0.008011363,{"v":2.1e-6,"d":"2.10E-06"},31292,"wTHICK_Mean_postcentral_thickavg || id:enigma3-withglobal-postcentral-thickavg",true,"reported","MedicineITLab",2,true,0.00070977,31292,true,{"v":1.06e-5,"d":"1.06E-05"},null,0.00070977,22.2244898,25.26983511,22.2244898]
["rs4778990","A","C","A","C",0.039046147,{"v":7.82e-5,"d":"7.82E-05"},0.4934,0.491293,false,false,false,"ukb-d-J32",null,0.595481,0.000147255,"Diagnoses - main ICD10: J32 Chronic sinusitis || id:ukb-d-J32",true,"igd","enigma3-withglobal-postcentral-thickavg",15,82576751,0.008038913,{"v":5.86e-7,"d":"5.86E-07"},30932,"wTHICK_Mean_postcentral_thickavg || id:enigma3-withglobal-postcentral-thickavg",true,"reported","MedicineITLab",2,true,0.000762168,30932,true,{"v":6.43e-6,"d":"6.43E-06"},null,0.000762168,23.59183673,25.26983511,23.59183673]
["rs7154240","A","G","A","G",-0.042557237,-0.000429996,0.215,0.209303,false,false,false,"ukb-d-J32",null,0.0108368,0.000168762,"Diagnoses - main ICD10: J32 Chronic sinusitis || id:ukb-d-J32",true,"igd","enigma3-withglobal-postcentral-thickavg",14,48260949,0.009727369,{"v":6.8e-6,"d":"6.80E-06"},31292,"wTHICK_Mean_postcentral_thickavg || id:enigma3-withglobal-postcentral-thickavg",true,"reported","MedicineITLab",2,true,0.000611343,31292,true,0.000506895,null,0.000611343,19.140625,25.26983511,19.140625]
["rs73032484","T","C","T","C",0.04427316,{"v":9.2e-7,"d":"9.20E-07"},0.7752,0.777761,false,false,false,"ukb-d-J32",null,0.995566,0.000165544,"Diagnoses - main ICD10: J32 Chronic sinusitis || id:ukb-d-J32",true,"igd","enigma3-withglobal-postcentral-thickavg",19,37017158,0.009572575,{"v":2.47e-6,"d":"2.47E-06"},31292,"wTHICK_Mean_postcentral_thickavg || id:enigma3-withglobal-postcentral-thickavg",true,"reported","MedicineITLab",2,true,0.000683158,31292,true,{"v":9.22e-6,"d":"9.22E-06"},null,0.000683158,21.390625,25.26983511,21.390625]
["rs11639391","T","C","T","C",0.289567664,-0.028,0.0904,0.09,false,false,false,"ukb-saige-471",null,0.53,0.044,"Nasal polyps || id:ukb-saige-471",true,"MedicineITLab","enigma3-withglobal-postcentral-thickavg",15,39631771,0.013843872,{"v":2.07e-97,"d":"2.07E-97"},31292,"wTHICK_Mean_postcentral_thickavg || id:enigma3-withglobal-postcentral-thickavg",true,"reported","MedicineITLab",2,true,0.013789515,31292,true,{"v":3.23e-88,"d":"3.23E-88"},null,0.013789515,437.5069444,25.26983511,437.5069444]
["rs13056230","T","C","T","C",-0.042900319,0.004,0.4126,0.43,false,false,false,"ukb-saige-471",null,0.87,0.025,"Nasal polyps || id:ukb-saige-471",true,"MedicineITLab","enigma3-withglobal-postcentral-thickavg",22,48874310,0.008116277,{"v":7.28e-8,"d":"7.28E-08"},31292,"wTHICK_Mean_postcentral_thickavg || id:enigma3-withglobal-postcentral-thickavg",true,"reported","MedicineITLab",2,true,0.000892101,31292,true,{"v":4.58e-7,"d":"4.58E-07"},null,0.000892101,27.93877551,25.26983511,27.93877551]
["rs17642263","T","G","T","G",0.035635395,0.02,0.442,0.45,false,false,false,"ukb-saige-471",null,0.43,0.025,"Nasal polyps || id:ukb-saige-471",true,"MedicineITLab","enigma3-withglobal-postcentral-thickavg",2,138637196,0.008046702,{"v":9.08e-6,"d":"9.08E-06"},31292,"wTHICK_Mean_postcentral_thickavg || id:enigma3-withglobal-postcentral-thickavg",true,"reported","MedicineITLab",2,true,0.000626397,31292,true,{"v":5.24e-5,"d":"5.24E-05"},null,0.000626397,19.6122449,25.26983511,19.6122449]
["rs3794221","A","G","A","G",0.075868377,0.023,0.0607,0.057,false,false,false,"ukb-saige-471",null,0.68,0.054,"Nasal polyps || id:ukb-saige-471",true,"MedicineITLab","enigma3-withglobal-postcentral-thickavg",12,94575142,0.016735671,{"v":3.66e-6,"d":"3.66E-06"},31292,"wTHICK_Mean_postcentral_thickavg || id:enigma3-withglobal-postcentral-thickavg",true,"reported","MedicineITLab",2,true,0.000656364,31292,true,{"v":2.17e-5,"d":"2.17E-05"},null,0.000656364,20.55111111,25.26983511,20.55111111]
["rs55650579","A","G","A","G",-0.048554688,0.075,0.1692,0.17,false,false,false,"ukb-saige-471",null,0.026,0.034,"Nasal polyps || id:ukb-saige-471",true,"MedicineITLab","enigma3-withglobal-postcentral-thickavg",5,111815508,0.010658346,{"v":2.94e-6,"d":"2.94E-06"},31292,"wTHICK_Mean_postcentral_thickavg || id:enigma3-withglobal-postcentral-thickavg",true,"reported","MedicineITLab",2,true,0.00066281,31292,true,0.000153598,null,0.00066281,20.75308642,25.26983511,20.75308642]
["rs7154240","A","G","A","G",-0.042557237,0.024,0.215,0.21,false,false,false,"ukb-saige-471",null,0.44,0.031,"Nasal polyps || id:ukb-saige-471",true,"MedicineITLab","enigma3-withglobal-postcentral-thickavg",14,48260949,0.009727369,{"v":6.8e-6,"d":"6.80E-06"},31292,"wTHICK_Mean_postcentral_thickavg || id:enigma3-withglobal-postcentral-thickavg",true,"reported","MedicineITLab",2,true,0.000611343,31292,true,{"v":6.33e-5,"d":"6.33E-05"},null,0.000611343,19.140625,25.26983511,19.140625]
["rs11695609","T","C","T","C",-0.050090617,0.005054696,0.5247,0.383590309,false,false,false,"ebi-eas-GCST90018603",null,0.817861497,0.021948659,"Chronic sinusitis || id:ebi-eas-GCST90018603",true,"MedicineITLab","enigma3-withglobal-posteriorcingulate-surfavg",2,37175444,0.007815723,{"v":1.47e-10,"d":"1.47E-10"},32782,"wSA_Mean_posteriorcingulate_surfavg || id:enigma3-withglobal-posteriorcingulate-surfavg",true,"reported","MedicineITLab",2,true,0.001251473,32782,true,{"v":9.94e-9,"d":"9.94E-09"},null,0.001251473,41.07470266,25.26983511,41.07470266]
["rs1331621","T","C","T","C",-0.038731958,0.022393422,0.3538,0.453045427,false,false,false,"ebi-eas-GCST90018603",null,0.296304351,0.0214416,"Chronic sinusitis || id:ebi-eas-GCST90018603",true,"MedicineITLab","enigma3-withglobal-posteriorcingulate-surfavg",9,122174362,0.008234873,{"v":2.56e-6,"d":"2.56E-06"},32230,"wSA_Mean_posteriorcingulate_surfavg || id:enigma3-withglobal-posteriorcingulate-surfavg",true,"reported","MedicineITLab",2,true,0.000685952,32230,true,0.000117111,null,0.000685952,22.12203358,25.26983511,22.12203358]
["rs59570572","T","C","T","C",0.050336463,0.086789648,0.1504,0.033678677,false,false,false,"ebi-eas-GCST90018603",null,0.142711183,0.059210993,"Chronic sinusitis || id:ebi-eas-GCST90018603",true,"MedicineITLab","enigma3-withglobal-posteriorcingulate-surfavg",4,187377003,0.010854657,{"v":3.53e-6,"d":"3.53E-06"},33191,"wSA_Mean_posteriorcingulate_surfavg || id:enigma3-withglobal-posteriorcingulate-surfavg",true,"reported","MedicineITLab",2,true,0.000647527,33191,true,0.000318369,null,0.000647527,21.50469059,25.26983511,21.50469059]
["rs72761270","T","C","T","C",0.051714119,-0.011869184,0.3546,0.101669473,false,false,false,"ebi-eas-GCST90018603",null,0.738110834,0.035498628,"Chronic sinusitis || id:ebi-eas-GCST90018603",true,"MedicineITLab","enigma3-withglobal-posteriorcingulate-surfavg",5,66155020,0.008158883,{"v":2.32e-10,"d":"2.32E-10"},32782,"wSA_Mean_posteriorcingulate_surfavg || id:enigma3-withglobal-posteriorcingulate-surfavg",true,"reported","MedicineITLab",2,true,0.001224097,32782,true,{"v":1.86e-8,"d":"1.86E-08"},null,0.001224097,40.1750886,25.26983511,40.1750886]
["rs12475627","A","G","A","G",0.03732332,{"v":-9.24e-5,"d":"-9.24E-05"},0.6157,0.627506,false,false,false,"ukb-b-69",null,0.59,0.000169874,"Non-cancer illness code, self-reported: chronic sinusitis || id:ukb-b-69",true,"igd","enigma3-withglobal-posteriorcingulate-surfavg",2,11411904,0.00802634,{"v":3.32e-6,"d":"3.32E-06"},32782,"wSA_Mean_posteriorcingulate_surfavg || id:enigma3-withglobal-posteriorcingulate-surfavg",true,"reported","MedicineITLab",2,true,0.00065922,32782,true,{"v":1.34e-5,"d":"1.34E-05"},null,0.00065922,21.62347121,25.26983511,21.62347121]
["rs4426702","A","G","A","G",0.036791049,{"v":-9.94e-5,"d":"-9.94E-05"},0.6553,0.653054,false,false,false,"ukb-b-69",null,0.56,0.000171939,"Non-cancer illness code, self-reported: chronic sinusitis || id:ukb-b-69",true,"igd","enigma3-withglobal-posteriorcingulate-surfavg",3,105125997,0.008214989,{"v":7.51e-6,"d":"7.51E-06"},32782,"wSA_Mean_posteriorcingulate_surfavg || id:enigma3-withglobal-posteriorcingulate-surfavg",true,"reported","MedicineITLab",2,true,0.000611499,32782,true,{"v":2.93e-5,"d":"2.93E-05"},null,0.000611499,20.05720352,25.26983511,20.05720352]
["rs6767715","A","C","A","C",0.034648664,0.000296759,0.5222,0.520933,false,false,false,"ukb-b-69",null,0.0700003,0.000164037,"Non-cancer illness code, self-reported: chronic sinusitis || id:ukb-b-69",true,"igd","enigma3-withglobal-posteriorcingulate-surfavg",3,55190992,0.007816438,{"v":9.31e-6,"d":"9.31E-06"},32782,"wSA_Mean_posteriorcingulate_surfavg || id:enigma3-withglobal-posteriorcingulate-surfavg",true,"reported","MedicineITLab",2,true,0.000599082,32782,true,0.000134523,null,0.000599082,19.6496667,25.26983511,19.6496667]
["rs10807026","A","C","A","C",0.041313498,0.000167426,0.2789,0.265935,false,false,false,"ukb-d-J32",null,0.281818,0.000155565,"Diagnoses - main ICD10: J32 Chronic sinusitis || id:ukb-d-J32",true,"igd","enigma3-withglobal-posteriorcingulate-surfavg",6,27555519,0.008705814,{"v":2.08e-6,"d":"2.08E-06"},32782,"wSA_Mean_posteriorcingulate_surfavg || id:enigma3-withglobal-posteriorcingulate-surfavg",true,"reported","MedicineITLab",2,true,0.000686528,32782,true,{"v":2.31e-5,"d":"2.31E-05"},null,0.000686528,22.51983228,25.26983511,22.51983228]
["rs2412771","T","C","T","C",0.040935445,{"v":-2.4e-5,"d":"-2.40E-05"},0.586,0.583052,false,false,false,"ukb-d-J32",null,0.864734,0.000140781,"Diagnoses - main ICD10: J32 Chronic sinusitis || id:ukb-d-J32",true,"igd","enigma3-withglobal-posteriorcingulate-surfavg",4,57761417,0.007926016,{"v":2.41e-7,"d":"2.41E-07"},32782,"wSA_Mean_posteriorcingulate_surfavg || id:enigma3-withglobal-posteriorcingulate-surfavg",true,"reported","MedicineITLab",2,true,0.000813068,32782,true,{"v":9.82e-7,"d":"9.82E-07"},null,0.000813068,26.67406356,25.26983511,26.67406356]
["rs246512","A","G","A","G",-0.039843168,0.000120837,0.2745,0.27836,false,false,false,"ukb-d-J32",null,0.432245,0.000153862,"Diagnoses - main ICD10: J32 Chronic sinusitis || id:ukb-d-J32",true,"igd","enigma3-withglobal-posteriorcingulate-surfavg",5,52268082,0.008800324,{"v":5.96e-6,"d":"5.96E-06"},32400,"wSA_Mean_posteriorcingulate_surfavg || id:enigma3-withglobal-posteriorcingulate-surfavg",true,"reported","MedicineITLab",2,true,0.000632292,32400,true,{"v":3.93e-5,"d":"3.93E-05"},null,0.000632292,20.49794709,25.26983511,20.49794709]
["rs72794538","T","G","T","G",-0.048378845,0.000434333,0.1746,0.168351,false,false,false,"ukb-d-J32",null,0.018398,0.000184233,"Diagnoses - main ICD10: J32 Chronic sinusitis || id:ukb-d-J32",true,"igd","enigma3-withglobal-posteriorcingulate-surfavg",2,42281656,0.010341359,{"v":2.9e-6,"d":"2.90E-06"},32422,"wSA_Mean_posteriorcingulate_surfavg || id:enigma3-withglobal-posteriorcingulate-surfavg",true,"reported","MedicineITLab",2,true,0.000674605,32422,true,0.00014224,null,0.000674605,21.88546499,25.26983511,21.88546499]
["rs7644748","A","G","A","G",0.039919868,{"v":4.54e-5,"d":"4.54E-05"},0.2505,0.235525,false,false,false,"ukb-d-J32",null,0.780409,0.000162692,"Diagnoses - main ICD10: J32 Chronic sinusitis || id:ukb-d-J32",true,"igd","enigma3-withglobal-posteriorcingulate-surfavg",3,94719822,0.009010748,{"v":9.42e-6,"d":"9.42E-06"},32782,"wSA_Mean_posteriorcingulate_surfavg || id:enigma3-withglobal-posteriorcingulate-surfavg",true,"reported","MedicineITLab",2,true,0.000598394,32782,true,{"v":3.17e-5,"d":"3.17E-05"},null,0.000598394,19.6271144,25.26983511,19.6271144]
["rs11653573","T","C","T","C",-0.134999052,0.036,0.0223,0.022,false,false,false,"ukb-saige-471",null,0.67,0.085,"Nasal polyps || id:ukb-saige-471",true,"MedicineITLab","enigma3-withglobal-posteriorcingulate-surfavg",17,77350605,0.027643347,{"v":1.04e-6,"d":"1.04E-06"},29989,"wSA_Mean_posteriorcingulate_surfavg || id:enigma3-withglobal-posteriorcingulate-surfavg",true,"reported","MedicineITLab",2,true,0.000794698,29989,true,{"v":4.35e-6,"d":"4.35E-06"},null,0.000794698,23.84955065,25.26983511,23.84955065]
["rs2412771","T","C","T","C",0.040935445,-0.0024,0.586,0.58,false,false,false,"ukb-saige-471",null,0.93,0.025,"Nasal polyps || id:ukb-saige-471",true,"MedicineITLab","enigma3-withglobal-posteriorcingulate-surfavg",4,57761417,0.007926016,{"v":2.41e-7,"d":"2.41E-07"},32782,"wSA_Mean_posteriorcingulate_surfavg || id:enigma3-withglobal-posteriorcingulate-surfavg",true,"reported","MedicineITLab",2,true,0.000813068,32782,true,{"v":8.03e-7,"d":"8.03E-07"},null,0.000813068,26.67406356,25.26983511,26.67406356]
["rs66651545","A","C","A","C",0.050811926,0.00062,0.2013,0.19,false,false,false,"ukb-saige-471",null,0.98,0.033,"Nasal polyps || id:ukb-saige-471",true,"MedicineITLab","enigma3-withglobal-posteriorcingulate-surfavg",8,11624047,0.009736132,{"v":1.8e-7,"d":"1.80E-07"},32782,"wSA_Mean_posteriorcingulate_surfavg || id:enigma3-withglobal-posteriorcingulate-surfavg",true,"reported","MedicineITLab",2,true,0.000830212,32782,true,{"v":5.49e-7,"d":"5.49E-07"},null,0.000830212,27.23694663,25.26983511,27.23694663]
["rs77935092","T","C","T","C",0.122704411,-0.15,0.0293,0.025,false,false,false,"ukb-saige-471",null,0.062,0.081,"Nasal polyps || id:ukb-saige-471",true,"MedicineITLab","enigma3-withglobal-posteriorcingulate-surfavg",14,38010904,0.023216341,{"v":1.26e-7,"d":"1.26E-07"},32590,"wSA_Mean_posteriorcingulate_surfavg || id:enigma3-withglobal-posteriorcingulate-surfavg",true,"reported","MedicineITLab",2,true,0.000856452,32590,true,{"v":4.97e-6,"d":"4.97E-06"},null,0.000856452,27.93397984,25.26983511,27.93397984]
["rs12910231","T","C","T","C",0.040849182,0.039419016,0.7162,0.710734564,false,false,false,"ebi-eas-GCST90018603",null,0.092947203,0.023462974,"Chronic sinusitis || id:ebi-eas-GCST90018603",true,"MedicineITLab","enigma3-withglobal-posteriorcingulate-thickavg",15,96221025,0.008691315,{"v":2.8e-6,"d":"2.80E-06"},32545,"wTHICK_Mean_posteriorcingulate_thickavg || id:enigma3-withglobal-posteriorcingulate-thickavg",true,"reported","MedicineITLab",2,true,0.000678334,32545,true,0.000343329,null,0.000678334,22.09,25.26983511,22.09]
["rs13723","A","G","A","G",-0.038325953,0.039616744,0.5134,0.694557102,false,false,false,"ebi-eas-GCST90018603",null,0.08673891,0.023129048,"Chronic sinusitis || id:ebi-eas-GCST90018603",true,"MedicineITLab","enigma3-withglobal-posteriorcingulate-thickavg",17,27941886,0.0078394,{"v":1.69e-6,"d":"1.69E-06"},32545,"wTHICK_Mean_posteriorcingulate_thickavg || id:enigma3-withglobal-posteriorcingulate-thickavg",true,"reported","MedicineITLab",2,true,0.000733912,32545,true,0.000185168,null,0.000733912,23.90123457,25.26983511,23.90123457]
["rs4140858","T","G","T","G",0.061300451,-0.014826205,0.0956,0.089545809,false,false,false,"ebi-eas-GCST90018603",null,0.690983869,0.037296729,"Chronic sinusitis || id:ebi-eas-GCST90018603",true,"MedicineITLab","enigma3-withglobal-posteriorcingulate-thickavg",2,51047765,0.013326185,{"v":7.86e-6,"d":"7.86E-06"},32545,"wTHICK_Mean_posteriorcingulate_thickavg || id:enigma3-withglobal-posteriorcingulate-thickavg",true,"reported","MedicineITLab",2,true,0.000649794,32545,true,{"v":5.8e-5,"d":"5.80E-05"},null,0.000649794,21.16,25.26983511,21.16]
["rs7092176","A","G","A","G",-0.037530486,-0.027916604,0.5343,0.367527037,false,false,false,"ebi-eas-GCST90018603",null,0.205942394,0.02207192,"Chronic sinusitis || id:ebi-eas-GCST90018603",true,"MedicineITLab","enigma3-withglobal-posteriorcingulate-thickavg",10,14692532,0.007855218,{"v":2.83e-6,"d":"2.83E-06"},32545,"wTHICK_Mean_posteriorcingulate_thickavg || id:enigma3-withglobal-posteriorcingulate-thickavg",true,"reported","MedicineITLab",2,true,0.000700954,32545,true,0.000131791,null,0.000700954,22.82716049,25.26983511,22.82716049]
["rs10783206","T","C","T","C",0.03679194,0.000416859,0.4454,0.456735,false,false,false,"ukb-b-69",null,0.012,0.000165325,"Non-cancer illness code, self-reported: chronic sinusitis || id:ukb-b-69",true,"igd","enigma3-withglobal-posteriorcingulate-thickavg",12,47964557,0.007883987,{"v":4.46e-6,"d":"4.46E-06"},32545,"wTHICK_Mean_posteriorcingulate_thickavg || id:enigma3-withglobal-posteriorcingulate-thickavg",true,"reported","MedicineITLab",2,true,0.000668753,32545,true,0.000111523,null,0.000668753,21.77777778,25.26983511,21.77777778]
["rs1618938","T","G","T","G",-0.038209387,0.000161267,0.5997,0.597583,false,false,false,"ukb-b-69",null,0.34,0.000167666,"Non-cancer illness code, self-reported: chronic sinusitis || id:ukb-b-69",true,"igd","enigma3-withglobal-posteriorcingulate-thickavg",8,13143966,0.007997314,{"v":2.73e-6,"d":"2.73E-06"},32545,"wTHICK_Mean_posteriorcingulate_thickavg || id:enigma3-withglobal-posteriorcingulate-thickavg",true,"reported","MedicineITLab",2,true,0.000700954,32545,true,{"v":1.24e-5,"d":"1.24E-05"},null,0.000700954,22.82716049,25.26983511,22.82716049]
["rs240994","T","C","T","C",0.039566353,{"v":-5.46e-5,"d":"-5.46E-05"},0.4305,0.421904,false,false,false,"ukb-b-69",null,0.74,0.000165636,"Non-cancer illness code, self-reported: chronic sinusitis || id:ukb-b-69",true,"igd","enigma3-withglobal-posteriorcingulate-thickavg",6,111675757,0.007913271,{"v":1.34e-6,"d":"1.34E-06"},32545,"wTHICK_Mean_posteriorcingulate_thickavg || id:enigma3-withglobal-posteriorcingulate-thickavg",true,"reported","MedicineITLab",2,true,0.000767625,32545,true,{"v":2.06e-6,"d":"2.06E-06"},null,0.000767625,25,25.26983511,25]
["rs7700617","A","C","A","C",0.039182321,-0.000418317,0.5009,0.497524,false,false,false,"ukb-b-69",null,0.0109999,0.000164114,"Non-cancer illness code, self-reported: chronic sinusitis || id:ukb-b-69",true,"igd","enigma3-withglobal-posteriorcingulate-thickavg",5,39546706,0.007836464,{"v":8.48e-7,"d":"8.48E-07"},32545,"wTHICK_Mean_posteriorcingulate_thickavg || id:enigma3-withglobal-posteriorcingulate-thickavg",true,"reported","MedicineITLab",2,true,0.000767625,32545,true,{"v":2.93e-5,"d":"2.93E-05"},null,0.000767625,25,25.26983511,25]
["rs12880959","T","C","T","C",-0.03919719,0.000122032,0.4862,0.494849,false,false,false,"ukb-d-J32",null,0.37472,0.000137475,"Diagnoses - main ICD10: J32 Chronic sinusitis || id:ukb-d-J32",true,"igd","enigma3-withglobal-posteriorcingulate-thickavg",14,76787228,0.007839438,{"v":1.2e-6,"d":"1.20E-06"},32545,"wTHICK_Mean_posteriorcingulate_thickavg || id:enigma3-withglobal-posteriorcingulate-thickavg",true,"reported","MedicineITLab",2,true,0.000767625,32545,true,{"v":5.81e-6,"d":"5.81E-06"},null,0.000767625,25,25.26983511,25]
["rs12910231","T","C","T","C",0.040849182,{"v":8.76e-5,"d":"8.76E-05"},0.7162,0.716794,false,false,false,"ukb-d-J32",null,0.569727,0.000154038,"Diagnoses - main ICD10: J32 Chronic sinusitis || id:ukb-d-J32",true,"igd","enigma3-withglobal-posteriorcingulate-thickavg",15,96221025,0.008691315,{"v":2.8e-6,"d":"2.80E-06"},32545,"wTHICK_Mean_posteriorcingulate_thickavg || id:enigma3-withglobal-posteriorcingulate-thickavg",true,"reported","MedicineITLab",2,true,0.000678334,32545,true,{"v":1.44e-5,"d":"1.44E-05"},null,0.000678334,22.09,25.26983511,22.09]
["rs2415142","T","G","T","G",0.044688962,{"v":2.57e-5,"d":"2.57E-05"},0.4434,0.451256,false,false,false,"ukb-d-J32",null,0.852786,0.000138356,"Diagnoses - main ICD10: J32 Chronic sinusitis || id:ukb-d-J32",true,"igd","enigma3-withglobal-posteriorcingulate-thickavg",15,73431600,0.007886287,{"v":2.5e-8,"d":"2.50E-08"},32545,"wTHICK_Mean_posteriorcingulate_thickavg || id:enigma3-withglobal-posteriorcingulate-thickavg",true,"reported","MedicineITLab",2,true,0.000985756,32545,true,{"v":7.74e-8,"d":"7.74E-08"},null,0.000985756,32.11111111,25.26983511,32.11111111]
["rs4924345","A","C","A","C",0.073476716,-0.000358201,0.9169,0.9184946,false,false,false,"ukb-d-J32",null,0.155272,0.000252049,"Diagnoses - main ICD10: J32 Chronic sinusitis || id:ukb-d-J32",true,"igd","enigma3-withglobal-posteriorcingulate-thickavg",15,39639898,0.014194366,{"v":1.74e-7,"d":"1.74E-07"},32545,"wTHICK_Mean_posteriorcingulate_thickavg || id:enigma3-withglobal-posteriorcingulate-thickavg",true,"reported","MedicineITLab",2,true,0.000822721,32545,true,{"v":5.4e-6,"d":"5.40E-06"},null,0.000822721,26.79584775,25.26983511,26.79584775]
["rs792234","A","G","A","G",0.040021076,0.000102701,0.3646,0.359523,false,false,false,"ukb-d-J32",null,0.475758,0.000144011,"Diagnoses - main ICD10: J32 Chronic sinusitis || id:ukb-d-J32",true,"igd","enigma3-withglobal-posteriorcingulate-thickavg",10,90151021,0.008186129,{"v":2.86e-6,"d":"2.86E-06"},32185,"wTHICK_Mean_posteriorcingulate_thickavg || id:enigma3-withglobal-posteriorcingulate-thickavg",true,"reported","MedicineITLab",2,true,0.000742115,32185,true,{"v":7.46e-6,"d":"7.46E-06"},null,0.000742115,23.90123457,25.26983511,23.90123457]
["rs12486605","T","C","T","C",-0.036113602,0.014,0.5753,0.57,false,false,false,"ukb-saige-471",null,0.58,0.025,"Nasal polyps || id:ukb-saige-471",true,"MedicineITLab","enigma3-withglobal-posteriorcingulate-thickavg",3,57706503,0.007927376,{"v":9.62e-6,"d":"9.62E-06"},32545,"wTHICK_Mean_posteriorcingulate_thickavg || id:enigma3-withglobal-posteriorcingulate-thickavg",true,"reported","MedicineITLab",2,true,0.000637306,32545,true,{"v":2.41e-5,"d":"2.41E-05"},null,0.000637306,20.75308642,25.26983511,20.75308642]
["rs17097130","T","C","T","C",0.046867935,0.035,0.8038,0.81,false,false,false,"ukb-saige-471",null,0.28,0.032,"Nasal polyps || id:ukb-saige-471",true,"MedicineITLab","enigma3-withglobal-posteriorcingulate-thickavg",14,31191772,0.009866934,{"v":1.11e-6,"d":"1.11E-06"},32545,"wTHICK_Mean_posteriorcingulate_thickavg || id:enigma3-withglobal-posteriorcingulate-thickavg",true,"reported","MedicineITLab",2,true,0.000692833,32545,true,{"v":2.03e-5,"d":"2.03E-05"},null,0.000692833,22.5625,25.26983511,22.5625]
["rs2415142","T","G","T","G",0.044688962,-0.0052,0.4434,0.45,false,false,false,"ukb-saige-471",null,0.84,0.025,"Nasal polyps || id:ukb-saige-471",true,"MedicineITLab","enigma3-withglobal-posteriorcingulate-thickavg",15,73431600,0.007886287,{"v":2.5e-8,"d":"2.50E-08"},32545,"wTHICK_Mean_posteriorcingulate_thickavg || id:enigma3-withglobal-posteriorcingulate-thickavg",true,"reported","MedicineITLab",2,true,0.000985756,32545,true,{"v":7.15e-8,"d":"7.15E-08"},null,0.000985756,32.11111111,25.26983511,32.11111111]
["rs7700617","A","C","A","C",0.039182321,0.026,0.5009,0.5,false,false,false,"ukb-saige-471",null,0.3,0.025,"Nasal polyps || id:ukb-saige-471",true,"MedicineITLab","enigma3-withglobal-posteriorcingulate-thickavg",5,39546706,0.007836464,{"v":8.48e-7,"d":"8.48E-07"},32545,"wTHICK_Mean_posteriorcingulate_thickavg || id:enigma3-withglobal-posteriorcingulate-thickavg",true,"reported","MedicineITLab",2,true,0.000767625,32545,true,{"v":6.27e-6,"d":"6.27E-06"},null,0.000767625,25,25.26983511,25]
["rs792234","A","G","A","G",0.040021076,0.037,0.3646,0.36,false,false,false,"ukb-saige-471",null,0.15,0.026,"Nasal polyps || id:ukb-saige-471",true,"MedicineITLab","enigma3-withglobal-posteriorcingulate-thickavg",10,90151021,0.008186129,{"v":2.86e-6,"d":"2.86E-06"},32185,"wTHICK_Mean_posteriorcingulate_thickavg || id:enigma3-withglobal-posteriorcingulate-thickavg",true,"reported","MedicineITLab",2,true,0.000742115,32185,true,{"v":1.64e-5,"d":"1.64E-05"},null,0.000742115,23.90123457,25.26983511,23.90123457]
["rs189874581","T","C","T","C",-0.136623844,-0.032858857,0.0336,0.16629242,false,false,false,"ebi-eas-GCST90018603",null,0.256963069,0.028986331,"Chronic sinusitis || id:ebi-eas-GCST90018603",true,"MedicineITLab","enigma3-withglobal-precentral-surfavg",15,39578898,0.022226802,{"v":7.91e-10,"d":"7.91E-10"},31133,"wSA_Mean_precentral_surfavg || id:enigma3-withglobal-precentral-surfavg",true,"reported","MedicineITLab",2,true,0.001212214,31133,true,{"v":2.57e-7,"d":"2.57E-07"},null,0.001212214,37.7832267,25.26983511,37.7832267]
["rs4499967","T","C","T","C",-0.064835531,-0.003664196,0.1056,0.56021983,false,false,false,"ebi-eas-GCST90018603",null,0.865830564,0.021687165,"Chronic sinusitis || id:ebi-eas-GCST90018603",true,"MedicineITLab","enigma3-withglobal-precentral-surfavg",6,1487071,0.012955965,{"v":5.61e-7,"d":"5.61E-07"},31515,"wSA_Mean_precentral_surfavg || id:enigma3-withglobal-precentral-surfavg",true,"reported","MedicineITLab",2,true,0.000794057,31515,true,{"v":6.9e-6,"d":"6.90E-06"},null,0.000794057,25.043014,25.26983511,25.043014]
["rs6708607","A","G","A","G",0.04438802,0.104171801,0.7849,0.996861592,false,false,false,"ebi-eas-GCST90018603",null,0.592538758,0.194655187,"Chronic sinusitis || id:ebi-eas-GCST90018603",true,"MedicineITLab","enigma3-withglobal-precentral-surfavg",2,112943872,0.009690992,{"v":4.64e-6,"d":"4.64E-06"},31515,"wSA_Mean_precentral_surfavg || id:enigma3-withglobal-precentral-surfavg",true,"reported","MedicineITLab",2,true,0.000665298,31515,true,{"v":7.49e-5,"d":"7.49E-05"},null,0.000665298,20.97949612,25.26983511,20.97949612]
["rs10064431","T","C","T","C",0.047584155,0.000206194,0.4861,0.477223,false,false,false,"ukb-b-69",null,0.21,0.000163991,"Non-cancer illness code, self-reported: chronic sinusitis || id:ukb-b-69",true,"igd","enigma3-withglobal-precentral-surfavg",5,92950673,0.008056784,{"v":3.5e-9,"d":"3.50E-09"},30802,"wSA_Mean_precentral_surfavg || id:enigma3-withglobal-precentral-surfavg",true,"reported","MedicineITLab",2,true,0.001131251,30802,true,{"v":6.53e-8,"d":"6.53E-08"},null,0.001131251,34.88198893,25.26983511,34.88198893]
["rs4751614","A","T","A","T",0.055145996,-0.000153191,0.7646,0.766003,false,true,false,"ukb-b-69",null,0.43,0.000194379,"Non-cancer illness code, self-reported: chronic sinusitis || id:ukb-b-69",true,"igd","enigma3-withglobal-precentral-surfavg",10,118696266,0.009383868,{"v":4.18e-9,"d":"4.18E-09"},31515,"wSA_Mean_precentral_surfavg || id:enigma3-withglobal-precentral-surfavg",true,"reported","MedicineITLab",2,true,0.001094709,31515,true,{"v":4.11e-8,"d":"4.11E-08"},null,0.001094709,34.53537367,25.26983511,34.53537367]
["rs61850462","A","C","A","C",0.039138077,{"v":1.36e-5,"d":"1.36E-05"},0.6369,0.642985,false,false,false,"ukb-b-69",null,0.94,0.000171345,"Non-cancer illness code, self-reported: chronic sinusitis || id:ukb-b-69",true,"igd","enigma3-withglobal-precentral-surfavg",10,63425712,0.008280136,{"v":2.28e-6,"d":"2.28E-06"},31515,"wSA_Mean_precentral_surfavg || id:enigma3-withglobal-precentral-surfavg",true,"reported","MedicineITLab",2,true,0.000708478,31515,true,{"v":5.29e-6,"d":"5.29E-06"},null,0.000708478,22.34210034,25.26983511,22.34210034]
["rs10064431","T","C","T","C",0.047584155,{"v":4.57e-5,"d":"4.57E-05"},0.4861,0.473837,false,false,false,"ukb-d-J32",null,0.740299,0.000138019,"Diagnoses - main ICD10: J32 Chronic sinusitis || id:ukb-d-J32",true,"igd","enigma3-withglobal-precentral-surfavg",5,92950673,0.008056784,{"v":3.5e-9,"d":"3.50E-09"},30802,"wSA_Mean_precentral_surfavg || id:enigma3-withglobal-precentral-surfavg",true,"reported","MedicineITLab",2,true,0.001131251,30802,true,{"v":2.47e-8,"d":"2.47E-08"},null,0.001131251,34.88198893,25.26983511,34.88198893]
["rs10136727","C","G","C","G",0.040939728,{"v":-1.11e-6,"d":"-1.11E-06"},0.7169,0.730275,false,true,false,"ukb-d-J32",null,0.994307,0.000155215,"Diagnoses - main ICD10: J32 Chronic sinusitis || id:ukb-d-J32",true,"igd","enigma3-withglobal-precentral-surfavg",14,31199109,0.008838796,{"v":3.62e-6,"d":"3.62E-06"},31515,"wSA_Mean_precentral_surfavg || id:enigma3-withglobal-precentral-surfavg",true,"reported","MedicineITLab",2,true,0.000680328,31515,true,{"v":9.02e-6,"d":"9.02E-06"},null,0.000680328,21.45377179,25.26983511,21.45377179]
["rs17756000","T","C","T","C",-0.047079085,{"v":-6.94e-5,"d":"-6.94E-05"},0.2411,0.257046,false,false,false,"ukb-d-J32",null,0.659535,0.000157637,"Diagnoses - main ICD10: J32 Chronic sinusitis || id:ukb-d-J32",true,"igd","enigma3-withglobal-precentral-surfavg",14,69019538,0.009308357,{"v":4.24e-7,"d":"4.24E-07"},31515,"wSA_Mean_precentral_surfavg || id:enigma3-withglobal-precentral-surfavg",true,"reported","MedicineITLab",2,true,0.000811088,31515,true,{"v":2.3e-6,"d":"2.30E-06"},null,0.000811088,25.58055336,25.26983511,25.58055336]
["rs2929680","C","G","C","G",0.045655592,{"v":4.12e-6,"d":"4.12E-06"},0.3841,0.381565,false,true,false,"ukb-d-J32",null,0.976783,0.000141591,"Diagnoses - main ICD10: J32 Chronic sinusitis || id:ukb-d-J32",true,"igd","enigma3-withglobal-precentral-surfavg",15,39075291,0.008235632,{"v":2.96e-8,"d":"2.96E-08"},31133,"wSA_Mean_precentral_surfavg || id:enigma3-withglobal-precentral-surfavg",true,"reported","MedicineITLab",2,true,0.000986217,31133,true,{"v":1.1e-7,"d":"1.10E-07"},null,0.000986217,30.73222903,25.26983511,30.73222903]
["rs62249764","T","C","T","C",0.044912847,0.000167269,0.2014,0.203328,false,false,false,"ukb-d-J32",null,0.33145,0.00017223,"Diagnoses - main ICD10: J32 Chronic sinusitis || id:ukb-d-J32",true,"igd","enigma3-withglobal-precentral-surfavg",3,73350620,0.009928984,{"v":6.08e-6,"d":"6.08E-06"},31515,"wSA_Mean_precentral_surfavg || id:enigma3-withglobal-precentral-surfavg",true,"reported","MedicineITLab",2,true,0.000648873,31515,true,{"v":4.86e-5,"d":"4.86E-05"},null,0.000648873,20.46122237,25.26983511,20.46122237]
["rs853974","T","C","T","C",0.049342763,0.000101899,0.2641,0.261453,false,false,false,"ukb-d-J32",null,0.516276,0.000156986,"Diagnoses - main ICD10: J32 Chronic sinusitis || id:ukb-d-J32",true,"igd","enigma3-withglobal-precentral-surfavg",6,127068983,0.009122165,{"v":6.33e-8,"d":"6.33E-08"},30889,"wSA_Mean_precentral_surfavg || id:enigma3-withglobal-precentral-surfavg",true,"reported","MedicineITLab",2,true,0.000946377,30889,true,{"v":5.48e-7,"d":"5.48E-07"},null,0.000946377,29.25843293,25.26983511,29.25843293]
["rs117467389","T","G","T","G",-0.13596244,-0.071,0.0219,0.024,false,false,false,"ukb-saige-471",null,0.39,0.082,"Nasal polyps || id:ukb-saige-471",true,"MedicineITLab","enigma3-withglobal-precentral-surfavg",19,53103677,0.028199619,{"v":1.43e-6,"d":"1.43E-06"},29332,"wSA_Mean_precentral_surfavg || id:enigma3-withglobal-precentral-surfavg",true,"reported","MedicineITLab",2,true,0.000791945,29332,true,{"v":9.76e-6,"d":"9.76E-06"},null,0.000791945,23.24616995,25.26983511,23.24616995]
["rs17756000","T","C","T","C",-0.047079085,0.016,0.2411,0.26,false,false,false,"ukb-saige-471",null,0.58,0.029,"Nasal polyps || id:ukb-saige-471",true,"MedicineITLab","enigma3-withglobal-precentral-surfavg",14,69019538,0.009308357,{"v":4.24e-7,"d":"4.24E-07"},31515,"wSA_Mean_precentral_surfavg || id:enigma3-withglobal-precentral-surfavg",true,"reported","MedicineITLab",2,true,0.000811088,31515,true,{"v":2.41e-6,"d":"2.41E-06"},null,0.000811088,25.58055336,25.26983511,25.58055336]
["rs6708607","A","G","A","G",0.04438802,-0.025,0.7849,0.79,false,false,false,"ukb-saige-471",null,0.42,0.031,"Nasal polyps || id:ukb-saige-471",true,"MedicineITLab","enigma3-withglobal-precentral-surfavg",2,112943872,0.009690992,{"v":4.64e-6,"d":"4.64E-06"},31515,"wSA_Mean_precentral_surfavg || id:enigma3-withglobal-precentral-surfavg",true,"reported","MedicineITLab",2,true,0.000665298,31515,true,{"v":2.83e-5,"d":"2.83E-05"},null,0.000665298,20.97949612,25.26983511,20.97949612]
["rs6878923","A","T","A","T",0.0433237,0.032,0.2846,0.28,false,true,false,"ukb-saige-471",null,0.25,0.028,"Nasal polyps || id:ukb-saige-471",true,"MedicineITLab","enigma3-withglobal-precentral-surfavg",5,92669631,0.008955455,{"v":1.31e-6,"d":"1.31E-06"},30599,"wSA_Mean_precentral_surfavg || id:enigma3-withglobal-precentral-surfavg",true,"reported","MedicineITLab",2,true,0.000764302,30599,true,{"v":1.35e-5,"d":"1.35E-05"},null,0.000764302,23.40323113,25.26983511,23.40323113]
["rs12409820","T","C","T","C",-0.055344853,0.003097313,0.8771,0.714189349,false,false,false,"ebi-eas-GCST90018603",null,0.896965496,0.023918283,"Chronic sinusitis || id:ebi-eas-GCST90018603",true,"MedicineITLab","enigma3-withglobal-precentral-thickavg",1,68655629,0.012075241,{"v":1.64e-6,"d":"1.64E-06"},31792,"wTHICK_Mean_precentral_thickavg || id:enigma3-withglobal-precentral-thickavg",true,"reported","MedicineITLab",2,true,0.000660367,31792,true,{"v":3.7e-5,"d":"3.70E-05"},null,0.000660367,21.00694444,25.26983511,21.00694444]
["rs2055410","A","G","A","G",0.039945561,0.0188509,0.5614,0.874226581,false,false,false,"ebi-eas-GCST90018603",null,0.558148665,0.032191098,"Chronic sinusitis || id:ebi-eas-GCST90018603",true,"MedicineITLab","enigma3-withglobal-precentral-thickavg",4,101427673,0.007989112,{"v":1.37e-6,"d":"1.37E-06"},31792,"wTHICK_Mean_precentral_thickavg || id:enigma3-withglobal-precentral-thickavg",true,"reported","MedicineITLab",2,true,0.000785793,31792,true,{"v":1.57e-5,"d":"1.57E-05"},null,0.000785793,25,25.26983511,25]
["rs3752962","T","C","T","C",-0.04342655,-0.038806746,0.693,0.844523654,false,false,false,"ebi-eas-GCST90018603",null,0.185681315,0.029322115,"Chronic sinusitis || id:ebi-eas-GCST90018603",true,"MedicineITLab","enigma3-withglobal-precentral-thickavg",17,1939543,0.00868531,{"v":5.79e-7,"d":"5.79E-07"},31132,"wTHICK_Mean_precentral_thickavg || id:enigma3-withglobal-precentral-thickavg",true,"reported","MedicineITLab",2,true,0.000802439,31132,true,{"v":5.63e-5,"d":"5.63E-05"},null,0.000802439,25,25.26983511,25]
["rs1880694","A","G","A","G",-0.066495202,0.0003776,0.1428,0.133063,false,false,false,"ukb-b-69",null,0.12,0.000245584,"Non-cancer illness code, self-reported: chronic sinusitis || id:ukb-b-69",true,"igd","enigma3-withglobal-precentral-thickavg",11,80299652,0.011428863,{"v":2.12e-8,"d":"2.12E-08"},31240,"wTHICK_Mean_precentral_thickavg || id:enigma3-withglobal-precentral-thickavg",true,"reported","MedicineITLab",2,true,0.001082483,31240,true,{"v":1.57e-7,"d":"1.57E-07"},null,0.001082483,33.85123967,25.26983511,33.85123967]
["rs3752962","T","C","T","C",-0.04342655,-0.000267011,0.693,0.679461,false,false,false,"ukb-b-69",null,0.13,0.000175926,"Non-cancer illness code, self-reported: chronic sinusitis || id:ukb-b-69",true,"igd","enigma3-withglobal-precentral-thickavg",17,1939543,0.00868531,{"v":5.79e-7,"d":"5.79E-07"},31132,"wTHICK_Mean_precentral_thickavg || id:enigma3-withglobal-precentral-thickavg",true,"reported","MedicineITLab",2,true,0.000802439,31132,true,{"v":8.26e-6,"d":"8.26E-06"},null,0.000802439,25,25.26983511,25]
["rs62207049","T","C","T","C",0.043734655,{"v":-7.95e-5,"d":"-7.95E-05"},0.1953,0.189752,false,false,false,"ukb-b-69",null,0.709999,0.000209903,"Non-cancer illness code, self-reported: chronic sinusitis || id:ukb-b-69",true,"igd","enigma3-withglobal-precentral-thickavg",20,31400994,0.009939694,{"v":4.13e-6,"d":"4.13E-06"},32185,"wTHICK_Mean_precentral_thickavg || id:enigma3-withglobal-precentral-thickavg",true,"reported","MedicineITLab",2,true,0.000601198,32185,true,{"v":3.22e-5,"d":"3.22E-05"},null,0.000601198,19.36,25.26983511,19.36]
["rs12409820","T","C","T","C",-0.055344853,{"v":7.22e-6,"d":"7.22E-06"},0.8771,0.884201,false,false,false,"ukb-d-J32",null,0.973356,0.000216027,"Diagnoses - main ICD10: J32 Chronic sinusitis || id:ukb-d-J32",true,"igd","enigma3-withglobal-precentral-thickavg",1,68655629,0.012075241,{"v":1.64e-6,"d":"1.64E-06"},31792,"wTHICK_Mean_precentral_thickavg || id:enigma3-withglobal-precentral-thickavg",true,"reported","MedicineITLab",2,true,0.000660367,31792,true,{"v":1.17e-5,"d":"1.17E-05"},null,0.000660367,21.00694444,25.26983511,21.00694444]
["rs13029547","T","C","T","C",-0.036359491,0.000226713,0.5392,0.534255,false,false,false,"ukb-d-J32",null,0.102952,0.000139027,"Diagnoses - main ICD10: J32 Chronic sinusitis || id:ukb-d-J32",true,"igd","enigma3-withglobal-precentral-thickavg",2,174845147,0.007953639,{"v":7.84e-6,"d":"7.84E-06"},31792,"wTHICK_Mean_precentral_thickavg || id:enigma3-withglobal-precentral-thickavg",true,"reported","MedicineITLab",2,true,0.000656943,31792,true,{"v":8.92e-5,"d":"8.92E-05"},null,0.000656943,20.89795918,25.26983511,20.89795918]
["rs2523557","A","G","A","G",-0.047553526,{"v":5.93e-5,"d":"5.93E-05"},0.6435,0.613346,false,false,false,"ukb-d-J32",null,0.674997,0.000141477,"Diagnoses - main ICD10: J32 Chronic sinusitis || id:ukb-d-J32",true,"igd","enigma3-withglobal-precentral-thickavg",6,31331257,0.010461776,{"v":4.39e-6,"d":"4.39E-06"},19895,"wTHICK_Mean_precentral_thickavg || id:enigma3-withglobal-precentral-thickavg",true,"reported","MedicineITLab",2,true,0.001037537,19895,true,{"v":1.5e-5,"d":"1.50E-05"},null,0.001037537,20.66115702,25.26983511,20.66115702]
["rs7005738","A","G","A","G",0.036542536,-0.000154843,0.5634,0.559219,false,false,false,"ukb-d-J32",null,0.264401,0.000138742,"Diagnoses - main ICD10: J32 Chronic sinusitis || id:ukb-d-J32",true,"igd","enigma3-withglobal-precentral-thickavg",8,134457069,0.00799368,{"v":8.96e-6,"d":"8.96E-06"},31792,"wTHICK_Mean_precentral_thickavg || id:enigma3-withglobal-precentral-thickavg",true,"reported","MedicineITLab",2,true,0.000656943,31792,true,{"v":4.81e-5,"d":"4.81E-05"},null,0.000656943,20.89795918,25.26983511,20.89795918]
["rs10956412","A","C","A","C",0.049808548,-0.026,0.8405,0.84,false,false,false,"ukb-saige-471",null,0.45,0.034,"Nasal polyps || id:ukb-saige-471",true,"MedicineITLab","enigma3-withglobal-precentral-thickavg",8,129162497,0.010827945,{"v":3.55e-6,"d":"3.55E-06"},31792,"wTHICK_Mean_precentral_thickavg || id:enigma3-withglobal-precentral-thickavg",true,"reported","MedicineITLab",2,true,0.000665175,31792,true,{"v":2.5e-5,"d":"2.50E-05"},null,0.000665175,21.16,25.26983511,21.16]
["rs12409820","T","C","T","C",-0.055344853,0.018,0.8771,0.88,false,false,false,"ukb-saige-471",null,0.65,0.039,"Nasal polyps || id:ukb-saige-471",true,"MedicineITLab","enigma3-withglobal-precentral-thickavg",1,68655629,0.012075241,{"v":1.64e-6,"d":"1.64E-06"},31792,"wTHICK_Mean_precentral_thickavg || id:enigma3-withglobal-precentral-thickavg",true,"reported","MedicineITLab",2,true,0.000660367,31792,true,{"v":1.85e-5,"d":"1.85E-05"},null,0.000660367,21.00694444,25.26983511,21.00694444]
["rs2277403","A","G","A","G",-0.039644094,-0.0023,0.5033,0.51,false,false,false,"ukb-saige-471",null,0.93,0.025,"Nasal polyps || id:ukb-saige-471",true,"MedicineITLab","enigma3-withglobal-precentral-thickavg",12,5916350,0.007928819,{"v":8.5e-7,"d":"8.50E-07"},31792,"wTHICK_Mean_precentral_thickavg || id:enigma3-withglobal-precentral-thickavg",true,"reported","MedicineITLab",2,true,0.000785793,31792,true,{"v":1.72e-6,"d":"1.72E-06"},null,0.000785793,25,25.26983511,25]
["rs2791407","T","C","T","C",-0.067891633,-0.045,0.0762,0.079,false,false,false,"ukb-saige-471",null,0.33,0.046,"Nasal polyps || id:ukb-saige-471",true,"MedicineITLab","enigma3-withglobal-precentral-thickavg",10,6940303,0.014851295,{"v":4.89e-6,"d":"4.89E-06"},32185,"wTHICK_Mean_precentral_thickavg || id:enigma3-withglobal-precentral-thickavg",true,"reported","MedicineITLab",2,true,0.000648926,32185,true,{"v":3.7e-5,"d":"3.70E-05"},null,0.000648926,20.89795918,25.26983511,20.89795918]
["rs73150969","A","G","A","G",-0.105327146,0.082,0.0474,0.044,false,false,false,"ukb-saige-471",null,0.18,0.062,"Nasal polyps || id:ukb-saige-471",true,"MedicineITLab","enigma3-withglobal-precentral-thickavg",3,103227925,0.020326291,{"v":1.28e-7,"d":"1.28E-07"},26777,"wTHICK_Mean_precentral_thickavg || id:enigma3-withglobal-precentral-thickavg",true,"reported","MedicineITLab",2,true,0.001001843,26777,true,{"v":2.88e-6,"d":"2.88E-06"},null,0.001001843,26.85123967,25.26983511,26.85123967]
["rs78959937","A","C","A","C",0.136569992,-0.078,0.9791,0.981,false,false,false,"ukb-saige-471",null,0.4,0.093,"Nasal polyps || id:ukb-saige-471",true,"MedicineITLab","enigma3-withglobal-precentral-thickavg",3,187908605,0.028997738,{"v":2.02e-6,"d":"2.02E-06"},29038,"wTHICK_Mean_precentral_thickavg || id:enigma3-withglobal-precentral-thickavg",true,"reported","MedicineITLab",2,true,0.000763333,29038,true,{"v":1.53e-5,"d":"1.53E-05"},null,0.000763333,22.18106139,25.26983511,22.18106139]
["rs13166639","T","C","T","C",0.047729745,-0.015299547,0.6405,0.799646318,false,false,false,"ebi-eas-GCST90018603",null,0.567193688,0.026738607,"Chronic sinusitis || id:ebi-eas-GCST90018603",true,"MedicineITLab","enigma3-withglobal-precuneus-surfavg",5,92636386,0.009226922,{"v":2.31e-7,"d":"2.31E-07"},25481,"wSA_Mean_precuneus_surfavg || id:enigma3-withglobal-precuneus-surfavg",true,"reported","MedicineITLab",2,true,0.001049123,25481,true,{"v":4.58e-6,"d":"4.58E-06"},null,0.001049123,26.75866845,25.26983511,26.75866845]
["rs2432803","T","C","T","C",-0.051721956,-0.011685576,0.1784,0.150572641,false,false,false,"ebi-eas-GCST90018603",null,0.714800933,0.031978835,"Chronic sinusitis || id:ebi-eas-GCST90018603",true,"MedicineITLab","enigma3-withglobal-precuneus-surfavg",6,5478922,0.010207987,{"v":4.05e-7,"d":"4.05E-07"},32713,"wSA_Mean_precuneus_surfavg || id:enigma3-withglobal-precuneus-surfavg",true,"reported","MedicineITLab",2,true,0.000784215,32713,true,{"v":8.33e-6,"d":"8.33E-06"},null,0.000784215,25.67259023,25.26983511,25.67259023]
["rs4774220","A","G","A","G",0.044832071,0.006409633,0.2507,0.592202731,false,false,false,"ebi-eas-GCST90018603",null,0.768179218,0.021745451,"Chronic sinusitis || id:ebi-eas-GCST90018603",true,"MedicineITLab","enigma3-withglobal-precuneus-surfavg",15,55962861,0.009067177,{"v":7.63e-7,"d":"7.63E-07"},32353,"wSA_Mean_precuneus_surfavg || id:enigma3-withglobal-precuneus-surfavg",true,"reported","MedicineITLab",2,true,0.000755123,32353,true,{"v":1.19e-5,"d":"1.19E-05"},null,0.000755123,24.44744289,25.26983511,24.44744289]
["rs7111565","T","C","T","C",0.047186941,-0.016844151,0.2468,0.282401272,false,false,false,"ebi-eas-GCST90018603",null,0.477604038,0.023718764,"Chronic sinusitis || id:ebi-eas-GCST90018603",true,"MedicineITLab","enigma3-withglobal-precuneus-surfavg",11,91574389,0.009064222,{"v":1.93e-7,"d":"1.93E-07"},32713,"wSA_Mean_precuneus_surfavg || id:enigma3-withglobal-precuneus-surfavg",true,"reported","MedicineITLab",2,true,0.000827807,32713,true,{"v":9.01e-6,"d":"9.01E-06"},null,0.000827807,27.10082993,25.26983511,27.10082993]
["rs8058405","A","C","A","C",-0.037253446,-0.018327893,0.3581,0.377845849,false,false,false,"ebi-eas-GCST90018603",null,0.405432633,0.022029828,"Chronic sinusitis || id:ebi-eas-GCST90018603",true,"MedicineITLab","enigma3-withglobal-precuneus-surfavg",16,65008099,0.008200138,{"v":5.54e-6,"d":"5.54E-06"},32330,"wSA_Mean_precuneus_surfavg || id:enigma3-withglobal-precuneus-surfavg",true,"reported","MedicineITLab",2,true,0.00063802,32330,true,0.000149291,null,0.00063802,20.63909284,25.26983511,20.63909284]
["rs9399245","T","G","T","G",-0.054665324,-0.002067079,0.7089,0.450718384,false,false,false,"ebi-eas-GCST90018603",null,0.926737941,0.022480517,"Chronic sinusitis || id:ebi-eas-GCST90018603",true,"MedicineITLab","enigma3-withglobal-precuneus-surfavg",6,138868516,0.008636736,{"v":2.46e-10,"d":"2.46E-10"},32444,"wSA_Mean_precuneus_surfavg || id:enigma3-withglobal-precuneus-surfavg",true,"reported","MedicineITLab",2,true,0.001233335,32444,true,{"v":1.05e-8,"d":"1.05E-08"},null,0.001233335,40.06126062,25.26983511,40.06126062]
["rs12609371","A","G","A","G",0.040181129,{"v":-3.74e-5,"d":"-3.74E-05"},0.6701,0.674404,false,false,false,"ukb-b-69",null,0.83,0.000174659,"Non-cancer illness code, self-reported: chronic sinusitis || id:ukb-b-69",true,"igd","enigma3-withglobal-precuneus-surfavg",19,46359553,0.008312316,{"v":1.34e-6,"d":"1.34E-06"},32713,"wSA_Mean_precuneus_surfavg || id:enigma3-withglobal-precuneus-surfavg",true,"reported","MedicineITLab",2,true,0.000713832,32713,true,{"v":3.91e-6,"d":"3.91E-06"},null,0.000713832,23.36684894,25.26983511,23.36684894]
["rs13166639","T","C","T","C",0.047729745,{"v":4.21e-6,"d":"4.21E-06"},0.6405,0.641758,false,false,false,"ukb-b-69",null,0.98,0.000184239,"Non-cancer illness code, self-reported: chronic sinusitis || id:ukb-b-69",true,"igd","enigma3-withglobal-precuneus-surfavg",5,92636386,0.009226922,{"v":2.31e-7,"d":"2.31E-07"},25481,"wSA_Mean_precuneus_surfavg || id:enigma3-withglobal-precuneus-surfavg",true,"reported","MedicineITLab",2,true,0.001049123,25481,true,{"v":4.91e-7,"d":"4.91E-07"},null,0.001049123,26.75866845,25.26983511,26.75866845]
["rs32571","T","C","T","C",-0.03545412,{"v":-3.23e-5,"d":"-3.23E-05"},0.5484,0.549107,false,false,false,"ukb-b-69",null,0.84,0.000164941,"Non-cancer illness code, self-reported: chronic sinusitis || id:ukb-b-69",true,"igd","enigma3-withglobal-precuneus-surfavg",5,14174106,0.007853752,{"v":6.36e-6,"d":"6.36E-06"},32713,"wSA_Mean_precuneus_surfavg || id:enigma3-withglobal-precuneus-surfavg",true,"reported","MedicineITLab",2,true,0.000622608,32713,true,{"v":1.62e-5,"d":"1.62E-05"},null,0.000622608,20.37882292,25.26983511,20.37882292]
["rs62132550","T","C","T","C",-0.03518561,{"v":-2.04e-6,"d":"-2.04E-06"},0.4513,0.443659,false,false,false,"ukb-b-69",null,0.99,0.000164882,"Non-cancer illness code, self-reported: chronic sinusitis || id:ukb-b-69",true,"igd","enigma3-withglobal-precuneus-surfavg",2,37141085,0.007854251,{"v":7.47e-6,"d":"7.47E-06"},32713,"wSA_Mean_precuneus_surfavg || id:enigma3-withglobal-precuneus-surfavg",true,"reported","MedicineITLab",2,true,0.000613141,32713,true,{"v":1.52e-5,"d":"1.52E-05"},null,0.000613141,20.06876537,25.26983511,20.06876537]
["rs7025685","T","C","T","C",0.038988575,{"v":-7.4e-5,"d":"-7.40E-05"},0.2896,0.274505,false,false,false,"ukb-b-69",null,0.69,0.000183657,"Non-cancer illness code, self-reported: chronic sinusitis || id:ukb-b-69",true,"igd","enigma3-withglobal-precuneus-surfavg",9,108951075,0.008616908,{"v":6.05e-6,"d":"6.05E-06"},32713,"wSA_Mean_precuneus_surfavg || id:enigma3-withglobal-precuneus-surfavg",true,"reported","MedicineITLab",2,true,0.00062547,32713,true,{"v":1.96e-5,"d":"1.96E-05"},null,0.00062547,20.47254201,25.26983511,20.47254201]
["rs905124","A","T","A","T",0.054791631,{"v":-3.4e-5,"d":"-3.40E-05"},0.3702,0.379669,false,true,false,"ukb-b-69",null,0.84,0.000169113,"Non-cancer illness code, self-reported: chronic sinusitis || id:ukb-b-69",true,"igd","enigma3-withglobal-precuneus-surfavg",3,190657360,0.008398667,{"v":6.86e-11,"d":"6.86E-11"},30362,"wSA_Mean_precuneus_surfavg || id:enigma3-withglobal-precuneus-surfavg",true,"reported","MedicineITLab",2,true,0.001399902,30362,true,{"v":3.65e-10,"d":"3.65E-10"},null,0.001399902,42.56059388,25.26983511,42.56059388]
["rs10749233","C","G","C","G",-0.054229101,-0.000136755,0.7486,0.758942,false,true,false,"ukb-d-J32",null,0.401844,0.000163128,"Diagnoses - main ICD10: J32 Chronic sinusitis || id:ukb-d-J32",true,"igd","enigma3-withglobal-precuneus-surfavg",10,118777998,0.009007205,{"v":1.74e-9,"d":"1.74E-09"},32713,"wSA_Mean_precuneus_surfavg || id:enigma3-withglobal-precuneus-surfavg",true,"reported","MedicineITLab",2,true,0.001106904,32713,true,{"v":3.34e-8,"d":"3.34E-08"},null,0.001106904,36.24805576,25.26983511,36.24805576]
["rs116856431","T","G","T","G",0.099855835,0.000110439,0.0359,0.0383304,false,false,false,"ukb-d-J32",null,0.761313,0.000363575,"Diagnoses - main ICD10: J32 Chronic sinusitis || id:ukb-d-J32",true,"igd","enigma3-withglobal-precuneus-surfavg",14,83816588,0.021007767,{"v":2e-6,"d":"2.00E-06"},32713,"wSA_Mean_precuneus_surfavg || id:enigma3-withglobal-precuneus-surfavg",true,"reported","MedicineITLab",2,true,0.000690229,32713,true,{"v":8.06e-6,"d":"8.06E-06"},null,0.000690229,22.59368719,25.26983511,22.59368719]
["rs150234929","A","G","A","G",-0.111452385,0.000125881,0.028,0.022822,false,false,false,"ukb-d-J32",null,0.785098,0.000461644,"Diagnoses - main ICD10: J32 Chronic sinusitis || id:ukb-d-J32",true,"igd","enigma3-withglobal-precuneus-surfavg",22,45282905,0.023760599,{"v":2.72e-6,"d":"2.72E-06"},32521,"wSA_Mean_precuneus_surfavg || id:enigma3-withglobal-precuneus-surfavg",true,"reported","MedicineITLab",2,true,0.000676134,32521,true,{"v":1.02e-5,"d":"1.02E-05"},null,0.000676134,22.00209071,25.26983511,22.00209071]
["rs2022932","A","G","A","G",0.049463327,-0.000224697,0.7735,0.76447,false,false,false,"ukb-d-J32",null,0.168586,0.000163207,"Diagnoses - main ICD10: J32 Chronic sinusitis || id:ukb-d-J32",true,"igd","enigma3-withglobal-precuneus-surfavg",8,110623979,0.009482048,{"v":1.82e-7,"d":"1.82E-07"},31717,"wSA_Mean_precuneus_surfavg || id:enigma3-withglobal-precuneus-surfavg",true,"reported","MedicineITLab",2,true,0.000857285,31717,true,{"v":4.03e-6,"d":"4.03E-06"},null,0.000857285,27.21211928,25.26983511,27.21211928]
["rs4934169","A","G","A","G",0.040627403,0.000120412,0.2734,0.272286,false,false,false,"ukb-d-J32",null,0.435051,0.00015426,"Diagnoses - main ICD10: J32 Chronic sinusitis || id:ukb-d-J32",true,"igd","enigma3-withglobal-precuneus-surfavg",10,82203663,0.008768972,{"v":3.6e-6,"d":"3.60E-06"},32713,"wSA_Mean_precuneus_surfavg || id:enigma3-withglobal-precuneus-surfavg",true,"reported","MedicineITLab",2,true,0.000655786,32713,true,{"v":2.54e-5,"d":"2.54E-05"},null,0.000655786,21.46548694,25.26983511,21.46548694]
["rs7111565","T","C","T","C",0.047186941,-0.000173422,0.2468,0.245264,false,false,false,"ukb-d-J32",null,0.278286,0.000159957,"Diagnoses - main ICD10: J32 Chronic sinusitis || id:ukb-d-J32",true,"igd","enigma3-withglobal-precuneus-surfavg",11,91574389,0.009064222,{"v":1.93e-7,"d":"1.93E-07"},32713,"wSA_Mean_precuneus_surfavg || id:enigma3-withglobal-precuneus-surfavg",true,"reported","MedicineITLab",2,true,0.000827807,32713,true,{"v":2.99e-6,"d":"2.99E-06"},null,0.000827807,27.10082993,25.26983511,27.10082993]
["rs74854087","A","C","A","C",-0.050183762,0.000366277,0.8317,0.823928,false,false,false,"ukb-d-J32",null,0.0425814,0.000180628,"Diagnoses - main ICD10: J32 Chronic sinusitis || id:ukb-d-J32",true,"igd","enigma3-withglobal-precuneus-surfavg",3,88919768,0.010446229,{"v":1.56e-6,"d":"1.56E-06"},32713,"wSA_Mean_precuneus_surfavg || id:enigma3-withglobal-precuneus-surfavg",true,"reported","MedicineITLab",2,true,0.000705029,32713,true,{"v":5.94e-5,"d":"5.94E-05"},null,0.000705029,23.0784886,25.26983511,23.0784886]
["rs919798","A","G","A","G",0.038501026,-0.00010642,0.555,0.56524,false,false,false,"ukb-d-J32",null,0.444261,0.000139108,"Diagnoses - main ICD10: J32 Chronic sinusitis || id:ukb-d-J32",true,"igd","enigma3-withglobal-precuneus-surfavg",19,4498154,0.00796625,{"v":1.35e-6,"d":"1.35E-06"},31880,"wSA_Mean_precuneus_surfavg || id:enigma3-withglobal-precuneus-surfavg",true,"reported","MedicineITLab",2,true,0.000732196,31880,true,{"v":1.01e-5,"d":"1.01E-05"},null,0.000732196,23.35805973,25.26983511,23.35805973]
["rs12609371","A","G","A","G",0.040181129,0.0049,0.6701,0.68,false,false,false,"ukb-saige-471",null,0.85,0.027,"Nasal polyps || id:ukb-saige-471",true,"MedicineITLab","enigma3-withglobal-precuneus-surfavg",19,46359553,0.008312316,{"v":1.34e-6,"d":"1.34E-06"},32713,"wSA_Mean_precuneus_surfavg || id:enigma3-withglobal-precuneus-surfavg",true,"reported","MedicineITLab",2,true,0.000713832,32713,true,{"v":4.35e-6,"d":"4.35E-06"},null,0.000713832,23.36684894,25.26983511,23.36684894]
["rs13166639","T","C","T","C",0.047729745,-0.024,0.6405,0.64,false,false,false,"ukb-saige-471",null,0.4,0.028,"Nasal polyps || id:ukb-saige-471",true,"MedicineITLab","enigma3-withglobal-precuneus-surfavg",5,92636386,0.009226922,{"v":2.31e-7,"d":"2.31E-07"},25481,"wSA_Mean_precuneus_surfavg || id:enigma3-withglobal-precuneus-surfavg",true,"reported","MedicineITLab",2,true,0.001049123,25481,true,{"v":1.58e-6,"d":"1.58E-06"},null,0.001049123,26.75866845,25.26983511,26.75866845]
["rs2294629","A","C","A","C",0.041867418,-0.037,0.2462,0.25,false,false,false,"ukb-saige-471",null,0.21,0.029,"Nasal polyps || id:ukb-saige-471",true,"MedicineITLab","enigma3-withglobal-precuneus-surfavg",1,19943823,0.009072452,{"v":3.93e-6,"d":"3.93E-06"},32713,"wSA_Mean_precuneus_surfavg || id:enigma3-withglobal-precuneus-surfavg",true,"reported","MedicineITLab",2,true,0.000650619,32713,true,{"v":4.5e-5,"d":"4.50E-05"},null,0.000650619,21.29624399,25.26983511,21.29624399]
["rs32571","T","C","T","C",-0.03545412,-0.034,0.5484,0.55,false,false,false,"ukb-saige-471",null,0.18,0.025,"Nasal polyps || id:ukb-saige-471",true,"MedicineITLab","enigma3-withglobal-precuneus-surfavg",5,14174106,0.007853752,{"v":6.36e-6,"d":"6.36E-06"},32713,"wSA_Mean_precuneus_surfavg || id:enigma3-withglobal-precuneus-surfavg",true,"reported","MedicineITLab",2,true,0.000622608,32713,true,{"v":7.49e-5,"d":"7.49E-05"},null,0.000622608,20.37882292,25.26983511,20.37882292]
["rs67588230","T","C","T","C",-0.039443201,0.028,0.3221,0.33,false,false,false,"ukb-saige-471",null,0.28,0.026,"Nasal polyps || id:ukb-saige-471",true,"MedicineITLab","enigma3-withglobal-precuneus-surfavg",14,55667030,0.008438594,{"v":2.95e-6,"d":"2.95E-06"},32137,"wSA_Mean_precuneus_surfavg || id:enigma3-withglobal-precuneus-surfavg",true,"reported","MedicineITLab",2,true,0.000679408,32137,true,{"v":2.7e-5,"d":"2.70E-05"},null,0.000679408,21.84762011,25.26983511,21.84762011]
["rs7559976","T","C","T","C",-0.050001297,-0.0083,0.531,0.53,false,false,false,"ukb-saige-471",null,0.74,0.025,"Nasal polyps || id:ukb-saige-471",true,"MedicineITLab","enigma3-withglobal-precuneus-surfavg",2,37748367,0.007829497,{"v":1.7e-10,"d":"1.70E-10"},32713,"wSA_Mean_precuneus_surfavg || id:enigma3-withglobal-precuneus-surfavg",true,"reported","MedicineITLab",2,true,0.00124526,32713,true,{"v":1.51e-9,"d":"1.51E-09"},null,0.00124526,40.78447448,25.26983511,40.78447448]
["rs7782319","A","G","A","G",0.039925612,-0.01,0.5967,0.61,false,false,false,"ukb-saige-471",null,0.7,0.026,"Nasal polyps || id:ukb-saige-471",true,"MedicineITLab","enigma3-withglobal-precuneus-surfavg",7,18923575,0.007966715,{"v":5.4e-7,"d":"5.40E-07"},32713,"wSA_Mean_precuneus_surfavg || id:enigma3-withglobal-precuneus-surfavg",true,"reported","MedicineITLab",2,true,0.000767216,32713,true,{"v":2.5e-6,"d":"2.50E-06"},null,0.000767216,25.11565884,25.26983511,25.11565884]
["rs11022188","A","G","A","G",-0.060787189,0.019062922,0.1065,0.28021731,false,false,false,"ebi-eas-GCST90018603",null,0.421320903,0.023706218,"Chronic sinusitis || id:ebi-eas-GCST90018603",true,"MedicineITLab","enigma3-withglobal-precuneus-thickavg",11,12148752,0.012663998,{"v":4.02e-6,"d":"4.02E-06"},32742,"wTHICK_Mean_precuneus_thickavg || id:enigma3-withglobal-precuneus-thickavg",true,"reported","MedicineITLab",2,true,0.000703231,32742,true,{"v":5.55e-5,"d":"5.55E-05"},null,0.000703231,23.04,25.26983511,23.04]
["rs4326243","A","C","A","C",0.051609139,0.018609927,0.2011,0.232751373,false,false,false,"ebi-eas-GCST90018603",null,0.465863781,0.02552013,"Chronic sinusitis || id:ebi-eas-GCST90018603",true,"MedicineITLab","enigma3-withglobal-precuneus-thickavg",6,152626463,0.009830312,{"v":5.02e-7,"d":"5.02E-07"},32180,"wTHICK_Mean_precuneus_thickavg || id:enigma3-withglobal-precuneus-thickavg",true,"reported","MedicineITLab",2,true,0.00085583,32180,true,{"v":7.44e-6,"d":"7.44E-06"},null,0.00085583,27.5625,25.26983511,27.5625]
["rs62130655","A","G","A","G",-0.037609575,-0.021993965,0.6194,0.469783934,false,false,false,"ebi-eas-GCST90018603",null,0.309421664,0.021638311,"Chronic sinusitis || id:ebi-eas-GCST90018603",true,"MedicineITLab","enigma3-withglobal-precuneus-thickavg",19,3755780,0.008059195,{"v":4.86e-6,"d":"4.86E-06"},32635,"wTHICK_Mean_precuneus_thickavg || id:enigma3-withglobal-precuneus-thickavg",true,"reported","MedicineITLab",2,true,0.000666909,32635,true,0.000131585,null,0.000666909,21.77777778,25.26983511,21.77777778]
["rs9315045","T","C","T","C",-0.045046845,-0.045695562,0.7694,0.77735615,false,false,false,"ebi-eas-GCST90018603",null,0.075190707,0.025681774,"Chronic sinusitis || id:ebi-eas-GCST90018603",true,"MedicineITLab","enigma3-withglobal-precuneus-thickavg",13,31313889,0.009274351,{"v":1.23e-6,"d":"1.23E-06"},32742,"wTHICK_Mean_precuneus_thickavg || id:enigma3-withglobal-precuneus-thickavg",true,"reported","MedicineITLab",2,true,0.000720063,32742,true,0.000235183,null,0.000720063,23.59183673,25.26983511,23.59183673]
["rs11738990","A","C","A","C",0.050019557,0.00023489,0.1759,0.172367,false,false,false,"ukb-b-69",null,0.28,0.000217135,"Non-cancer illness code, self-reported: chronic sinusitis || id:ukb-b-69",true,"igd","enigma3-withglobal-precuneus-thickavg",5,64487371,0.010260422,{"v":7.05e-7,"d":"7.05E-07"},32742,"wTHICK_Mean_precuneus_thickavg || id:enigma3-withglobal-precuneus-thickavg",true,"reported","MedicineITLab",2,true,0.000725363,32742,true,{"v":9.31e-6,"d":"9.31E-06"},null,0.000725363,23.765625,25.26983511,23.765625]
["rs7039165","A","G","A","G",0.045849437,0.000295104,0.7936,0.789399,false,false,false,"ukb-b-69",null,0.14,0.000202071,"Non-cancer illness code, self-reported: chronic sinusitis || id:ukb-b-69",true,"igd","enigma3-withglobal-precuneus-thickavg",9,113649462,0.009652513,{"v":1.18e-6,"d":"1.18E-06"},32742,"wTHICK_Mean_precuneus_thickavg || id:enigma3-withglobal-precuneus-thickavg",true,"reported","MedicineITLab",2,true,0.000688667,32742,true,{"v":2.5e-5,"d":"2.50E-05"},null,0.000688667,22.5625,25.26983511,22.5625]
["rs11620754","T","C","T","C",-0.108131445,0.000148796,0.0321,0.0280396,false,false,false,"ukb-d-J32",null,0.724833,0.000422707,"Diagnoses - main ICD10: J32 Chronic sinusitis || id:ukb-d-J32",true,"igd","enigma3-withglobal-precuneus-thickavg",14,99829382,0.024157025,{"v":6.89e-6,"d":"6.89E-06"},27559,"wTHICK_Mean_precuneus_thickavg || id:enigma3-withglobal-precuneus-thickavg",true,"reported","MedicineITLab",2,true,0.000726557,27559,true,{"v":2.44e-5,"d":"2.44E-05"},null,0.000726557,20.03628118,25.26983511,20.03628118]
["rs11738990","A","C","A","C",0.050019557,{"v":-8.44e-5,"d":"-8.44E-05"},0.1759,0.174651,false,false,false,"ukb-d-J32",null,0.641667,0.000181364,"Diagnoses - main ICD10: J32 Chronic sinusitis || id:ukb-d-J32",true,"igd","enigma3-withglobal-precuneus-thickavg",5,64487371,0.010260422,{"v":7.05e-7,"d":"7.05E-07"},32742,"wTHICK_Mean_precuneus_thickavg || id:enigma3-withglobal-precuneus-thickavg",true,"reported","MedicineITLab",2,true,0.000725363,32742,true,{"v":5.81e-6,"d":"5.81E-06"},null,0.000725363,23.765625,25.26983511,23.765625]
["rs150000053","A","G","A","G",0.170016526,0.000278668,0.0205,0.0191166,false,false,false,"ukb-d-J32",null,0.584689,0.000509869,"Diagnoses - main ICD10: J32 Chronic sinusitis || id:ukb-d-J32",true,"igd","enigma3-withglobal-precuneus-thickavg",2,159291739,0.027801444,{"v":6.71e-10,"d":"6.71E-10"},32181,"wTHICK_Mean_precuneus_thickavg || id:enigma3-withglobal-precuneus-thickavg",true,"reported","MedicineITLab",2,true,0.001160835,32181,true,{"v":1.18e-8,"d":"1.18E-08"},null,0.001160835,37.39792899,25.26983511,37.39792899]
["rs62130655","A","G","A","G",-0.037609575,{"v":-5.7e-5,"d":"-5.70E-05"},0.6194,0.61157,false,false,false,"ukb-d-J32",null,0.687854,0.000141877,"Diagnoses - main ICD10: J32 Chronic sinusitis || id:ukb-d-J32",true,"igd","enigma3-withglobal-precuneus-thickavg",19,3755780,0.008059195,{"v":4.86e-6,"d":"4.86E-06"},32635,"wTHICK_Mean_precuneus_thickavg || id:enigma3-withglobal-precuneus-thickavg",true,"reported","MedicineITLab",2,true,0.000666909,32635,true,{"v":1.34e-5,"d":"1.34E-05"},null,0.000666909,21.77777778,25.26983511,21.77777778]
["rs6658111","T","G","T","G",0.055881722,{"v":1.1e-5,"d":"1.10E-05"},0.6316,0.638069,false,false,false,"ukb-d-J32",null,0.939089,0.000143776,"Diagnoses - main ICD10: J32 Chronic sinusitis || id:ukb-d-J32",true,"igd","enigma3-withglobal-precuneus-thickavg",1,47980916,0.008149418,{"v":2.41e-12,"d":"2.41E-12"},32311,"wTHICK_Mean_precuneus_thickavg || id:enigma3-withglobal-precuneus-thickavg",true,"reported","MedicineITLab",2,true,0.00145322,32311,true,{"v":5.91e-11,"d":"5.91E-11"},null,0.00145322,47.02040816,25.26983511,47.02040816]
["rs9315045","T","C","T","C",-0.045046845,-0.000206715,0.7694,0.772096,false,false,false,"ukb-d-J32",null,0.209726,0.000164802,"Diagnoses - main ICD10: J32 Chronic sinusitis || id:ukb-d-J32",true,"igd","enigma3-withglobal-precuneus-thickavg",13,31313889,0.009274351,{"v":1.23e-6,"d":"1.23E-06"},32742,"wTHICK_Mean_precuneus_thickavg || id:enigma3-withglobal-precuneus-thickavg",true,"reported","MedicineITLab",2,true,0.000720063,32742,true,{"v":1.8e-5,"d":"1.80E-05"},null,0.000720063,23.59183673,25.26983511,23.59183673]
["rs11641011","T","C","T","C",-0.05232006,-0.028,0.4512,0.45,false,false,false,"ukb-saige-471",null,0.27,0.025,"Nasal polyps || id:ukb-saige-471",true,"MedicineITLab","enigma3-withglobal-precuneus-thickavg",16,51446384,0.007848009,{"v":7.22e-11,"d":"7.22E-11"},32742,"wTHICK_Mean_precuneus_thickavg || id:enigma3-withglobal-precuneus-thickavg",true,"reported","MedicineITLab",2,true,0.001355656,32742,true,{"v":1.11e-9,"d":"1.11E-09"},null,0.001355656,44.44444444,25.26983511,44.44444444]
["rs143390400","T","C","T","C",-0.154267989,0.11,0.0191,0.012,false,false,false,"ukb-saige-471",null,0.37,0.12,"Nasal polyps || id:ukb-saige-471",true,"MedicineITLab","enigma3-withglobal-precuneus-thickavg",11,133873565,0.03313138,{"v":2.58e-6,"d":"2.58E-06"},24293,"wTHICK_Mean_precuneus_thickavg || id:enigma3-withglobal-precuneus-thickavg",true,"reported","MedicineITLab",2,true,0.000891743,24293,true,{"v":1.73e-5,"d":"1.73E-05"},null,0.000891743,21.68066406,25.26983511,21.68066406]
["rs4952666","C","G","C","G",-0.03779224,-0.031,0.3685,0.37,false,true,false,"ukb-saige-471",null,0.24,0.026,"Nasal polyps || id:ukb-saige-471",true,"MedicineITLab","enigma3-withglobal-precuneus-thickavg",2,43370839,0.008098337,{"v":3.97e-6,"d":"3.97E-06"},32742,"wTHICK_Mean_precuneus_thickavg || id:enigma3-withglobal-precuneus-thickavg",true,"reported","MedicineITLab",2,true,0.000664731,32742,true,{"v":3.29e-5,"d":"3.29E-05"},null,0.000664731,21.77777778,25.26983511,21.77777778]
["rs6498719","T","C","T","C",0.062032857,-0.057,0.0935,0.09,false,false,false,"ukb-saige-471",null,0.2,0.045,"Nasal polyps || id:ukb-saige-471",true,"MedicineITLab","enigma3-withglobal-precuneus-thickavg",16,17645929,0.013534441,{"v":3.39e-6,"d":"3.39E-06"},32185,"wTHICK_Mean_precuneus_thickavg || id:enigma3-withglobal-precuneus-thickavg",true,"reported","MedicineITLab",2,true,0.000652308,32185,true,{"v":4.96e-5,"d":"4.96E-05"},null,0.000652308,21.00694444,25.26983511,21.00694444]
["rs79187563","A","C","A","C",-0.060532535,0.027,0.906,0.902,false,false,false,"ukb-saige-471",null,0.52,0.042,"Nasal polyps || id:ukb-saige-471",true,"MedicineITLab","enigma3-withglobal-precuneus-thickavg",18,10006072,0.013588936,{"v":8.96e-6,"d":"8.96E-06"},31776,"wTHICK_Mean_precuneus_thickavg || id:enigma3-withglobal-precuneus-thickavg",true,"reported","MedicineITLab",2,true,0.000624114,31776,true,{"v":3.98e-5,"d":"3.98E-05"},null,0.000624114,19.84297521,25.26983511,19.84297521]
["rs12509129","T","C","T","C",-0.036991149,0.006864465,0.365,0.611582483,false,false,false,"ebi-eas-GCST90018603",null,0.755495363,0.022043771,"Chronic sinusitis || id:ebi-eas-GCST90018603",true,"MedicineITLab","enigma3-withglobal-rostralanteriorcingulate-surfavg",4,65364696,0.008137389,{"v":5.47e-6,"d":"5.47E-06"},32560,"wSA_Mean_rostralanteriorcingulate_surfavg || id:enigma3-withglobal-rostralanteriorcingulate-surfavg",true,"reported","MedicineITLab",2,true,0.000634296,32560,true,{"v":6.15e-5,"d":"6.15E-05"},null,0.000634296,20.66452826,25.26983511,20.66452826]
["rs13325388","T","G","T","G",-0.130896877,0.065453753,0.9772,0.978417171,false,false,false,"ebi-eas-GCST90018603",null,0.405937304,0.078758951,"Chronic sinusitis || id:ebi-eas-GCST90018603",true,"MedicineITLab","enigma3-withglobal-rostralanteriorcingulate-surfavg",3,124770976,0.029503846,{"v":9.14e-6,"d":"9.14E-06"},25763,"wSA_Mean_rostralanteriorcingulate_surfavg || id:enigma3-withglobal-rostralanteriorcingulate-surfavg",true,"reported","MedicineITLab",2,true,0.000763496,25763,true,0.000145269,null,0.000763496,19.68345336,25.26983511,19.68345336]
["rs34672561","T","C","T","C",-0.035451771,-0.031151026,0.438,0.22893983,false,false,false,"ebi-eas-GCST90018603",null,0.220665455,0.025434381,"Chronic sinusitis || id:ebi-eas-GCST90018603",true,"MedicineITLab","enigma3-withglobal-rostralanteriorcingulate-surfavg",1,220264913,0.007896171,{"v":7.14e-6,"d":"7.14E-06"},32560,"wSA_Mean_rostralanteriorcingulate_surfavg || id:enigma3-withglobal-rostralanteriorcingulate-surfavg",true,"reported","MedicineITLab",2,true,0.000618752,32560,true,0.000347036,null,0.000618752,20.15778539,25.26983511,20.15778539]
["rs4792721","A","G","A","G",0.038377005,-0.034815014,0.417,0.790183514,false,false,false,"ebi-eas-GCST90018603",null,0.212621736,0.02793271,"Chronic sinusitis || id:ebi-eas-GCST90018603",true,"MedicineITLab","enigma3-withglobal-rostralanteriorcingulate-surfavg",17,16006827,0.00794508,{"v":1.37e-6,"d":"1.37E-06"},32560,"wSA_Mean_rostralanteriorcingulate_surfavg || id:enigma3-withglobal-rostralanteriorcingulate-surfavg",true,"reported","MedicineITLab",2,true,0.000716105,32560,true,0.000105226,null,0.000716105,23.3316579,25.26983511,23.3316579]
["rs9905914","A","G","A","G",0.039449955,-0.037446244,0.487,0.187883962,false,false,false,"ebi-eas-GCST90018603",null,0.190144971,0.028581638,"Chronic sinusitis || id:ebi-eas-GCST90018603",true,"MedicineITLab","enigma3-withglobal-rostralanteriorcingulate-surfavg",17,77772068,0.007873493,{"v":5.44e-7,"d":"5.44E-07"},32261,"wSA_Mean_rostralanteriorcingulate_surfavg || id:enigma3-withglobal-rostralanteriorcingulate-surfavg",true,"reported","MedicineITLab",2,true,0.000777623,32261,true,{"v":5.79e-5,"d":"5.79E-05"},null,0.000777623,25.10487665,25.26983511,25.10487665]
["rs2202895","T","C","T","C",-0.054501903,-0.00021735,0.2218,0.216148,false,false,false,"ukb-b-69",null,0.27,0.000198875,"Non-cancer illness code, self-reported: chronic sinusitis || id:ukb-b-69",true,"igd","enigma3-withglobal-rostralanteriorcingulate-surfavg",17,46584657,0.009455648,{"v":8.22e-9,"d":"8.22E-09"},32368,"wSA_Mean_rostralanteriorcingulate_surfavg || id:enigma3-withglobal-rostralanteriorcingulate-surfavg",true,"reported","MedicineITLab",2,true,0.00102543,32368,true,{"v":1.21e-7,"d":"1.21E-07"},null,0.00102543,33.22314157,25.26983511,33.22314157]
["rs34672561","T","C","T","C",-0.035451771,{"v":8.91e-5,"d":"8.91E-05"},0.438,0.437339,false,false,false,"ukb-b-69",null,0.59,0.000165313,"Non-cancer illness code, self-reported: chronic sinusitis || id:ukb-b-69",true,"igd","enigma3-withglobal-rostralanteriorcingulate-surfavg",1,220264913,0.007896171,{"v":7.14e-6,"d":"7.14E-06"},32560,"wSA_Mean_rostralanteriorcingulate_surfavg || id:enigma3-withglobal-rostralanteriorcingulate-surfavg",true,"reported","MedicineITLab",2,true,0.000618752,32560,true,{"v":2.66e-5,"d":"2.66E-05"},null,0.000618752,20.15778539,25.26983511,20.15778539]
["rs7187736","A","G","A","G",-0.045988461,-0.000348438,0.7751,0.773467,false,false,false,"ukb-b-69",null,0.0749998,0.000195407,"Non-cancer illness code, self-reported: chronic sinusitis || id:ukb-b-69",true,"igd","enigma3-withglobal-rostralanteriorcingulate-surfavg",16,51488206,0.009473511,{"v":1.21e-6,"d":"1.21E-06"},31938,"wSA_Mean_rostralanteriorcingulate_surfavg || id:enigma3-withglobal-rostralanteriorcingulate-surfavg",true,"reported","MedicineITLab",2,true,0.000737352,31938,true,{"v":2.22e-5,"d":"2.22E-05"},null,0.000737352,23.56545331,25.26983511,23.56545331]
["rs12509129","T","C","T","C",-0.036991149,{"v":4.33e-5,"d":"4.33E-05"},0.365,0.363376,false,false,false,"ukb-d-J32",null,0.765392,0.000145092,"Diagnoses - main ICD10: J32 Chronic sinusitis || id:ukb-d-J32",true,"igd","enigma3-withglobal-rostralanteriorcingulate-surfavg",4,65364696,0.008137389,{"v":5.47e-6,"d":"5.47E-06"},32560,"wSA_Mean_rostralanteriorcingulate_surfavg || id:enigma3-withglobal-rostralanteriorcingulate-surfavg",true,"reported","MedicineITLab",2,true,0.000634296,32560,true,{"v":1.98e-5,"d":"1.98E-05"},null,0.000634296,20.66452826,25.26983511,20.66452826]
["rs13252239","T","C","T","C",-0.038984676,{"v":-7.9e-5,"d":"-7.90E-05"},0.6573,0.659265,false,false,false,"ukb-d-J32",null,0.58699,0.00014549,"Diagnoses - main ICD10: J32 Chronic sinusitis || id:ukb-d-J32",true,"igd","enigma3-withglobal-rostralanteriorcingulate-surfavg",8,130665316,0.008254078,{"v":2.32e-6,"d":"2.32E-06"},32560,"wSA_Mean_rostralanteriorcingulate_surfavg || id:enigma3-withglobal-rostralanteriorcingulate-surfavg",true,"reported","MedicineITLab",2,true,0.000684693,32560,true,{"v":1.26e-5,"d":"1.26E-05"},null,0.000684693,22.30749337,25.26983511,22.30749337]
["rs2465076","T","C","T","C",0.03725746,{"v":3.05e-5,"d":"3.05E-05"},0.4866,0.479448,false,false,false,"ukb-d-J32",null,0.825205,0.000138199,"Diagnoses - main ICD10: J32 Chronic sinusitis || id:ukb-d-J32",true,"igd","enigma3-withglobal-rostralanteriorcingulate-surfavg",7,137854311,0.007881446,{"v":2.28e-6,"d":"2.28E-06"},32200,"wSA_Mean_rostralanteriorcingulate_surfavg || id:enigma3-withglobal-rostralanteriorcingulate-surfavg",true,"reported","MedicineITLab",2,true,0.000693561,32200,true,{"v":7.97e-6,"d":"7.97E-06"},null,0.000693561,22.34676469,25.26983511,22.34676469]
["rs34672561","T","C","T","C",-0.035451771,{"v":8.75e-5,"d":"8.75E-05"},0.438,0.438443,false,false,false,"ukb-d-J32",null,0.528673,0.000138882,"Diagnoses - main ICD10: J32 Chronic sinusitis || id:ukb-d-J32",true,"igd","enigma3-withglobal-rostralanteriorcingulate-surfavg",1,220264913,0.007896171,{"v":7.14e-6,"d":"7.14E-06"},32560,"wSA_Mean_rostralanteriorcingulate_surfavg || id:enigma3-withglobal-rostralanteriorcingulate-surfavg",true,"reported","MedicineITLab",2,true,0.000618752,32560,true,{"v":3.81e-5,"d":"3.81E-05"},null,0.000618752,20.15778539,25.26983511,20.15778539]
["rs62132550","T","C","T","C",-0.03493759,{"v":-7.06e-5,"d":"-7.06E-05"},0.4515,0.442885,false,false,false,"ukb-d-J32",null,0.610485,0.000138571,"Diagnoses - main ICD10: J32 Chronic sinusitis || id:ukb-d-J32",true,"igd","enigma3-withglobal-rostralanteriorcingulate-surfavg",2,37141085,0.007872409,{"v":9.07e-6,"d":"9.07E-06"},32560,"wSA_Mean_rostralanteriorcingulate_surfavg || id:enigma3-withglobal-rostralanteriorcingulate-surfavg",true,"reported","MedicineITLab",2,true,0.000604575,32560,true,{"v":4.07e-5,"d":"4.07E-05"},null,0.000604575,19.69566469,25.26983511,19.69566469]
["rs11151327","C","G","C","G",0.036455115,0.039,0.6521,0.66,false,true,false,"ukb-saige-471",null,0.14,0.026,"Nasal polyps || id:ukb-saige-471",true,"MedicineITLab","enigma3-withglobal-rostralanteriorcingulate-surfavg",18,53463114,0.008225094,{"v":9.32e-6,"d":"9.32E-06"},32560,"wSA_Mean_rostralanteriorcingulate_surfavg || id:enigma3-withglobal-rostralanteriorcingulate-surfavg",true,"reported","MedicineITLab",2,true,0.000602998,32560,true,0.000120945,null,0.000602998,19.64424092,25.26983511,19.64424092]
["rs12460840","A","C","A","C",-0.036579387,-0.0066,0.622,0.62,false,false,false,"ukb-saige-471",null,0.8,0.026,"Nasal polyps || id:ukb-saige-471",true,"MedicineITLab","enigma3-withglobal-rostralanteriorcingulate-surfavg",19,52165394,0.008079386,{"v":5.96e-6,"d":"5.96E-06"},32560,"wSA_Mean_rostralanteriorcingulate_surfavg || id:enigma3-withglobal-rostralanteriorcingulate-surfavg",true,"reported","MedicineITLab",2,true,0.000629195,32560,true,{"v":1.87e-5,"d":"1.87E-05"},null,0.000629195,20.49821744,25.26983511,20.49821744]
["rs2202895","T","C","T","C",-0.054501903,0.015,0.2218,0.22,false,false,false,"ukb-saige-471",null,0.62,0.03,"Nasal polyps || id:ukb-saige-471",true,"MedicineITLab","enigma3-withglobal-rostralanteriorcingulate-surfavg",17,46584657,0.009455648,{"v":8.22e-9,"d":"8.22E-09"},32368,"wSA_Mean_rostralanteriorcingulate_surfavg || id:enigma3-withglobal-rostralanteriorcingulate-surfavg",true,"reported","MedicineITLab",2,true,0.00102543,32368,true,{"v":6.6e-8,"d":"6.60E-08"},null,0.00102543,33.22314157,25.26983511,33.22314157]
["rs61784835","T","C","T","C",-0.036480895,-0.04,0.3648,0.35,false,false,false,"ukb-saige-471",null,0.12,0.026,"Nasal polyps || id:ukb-saige-471",true,"MedicineITLab","enigma3-withglobal-rostralanteriorcingulate-surfavg",1,47974123,0.00819269,{"v":8.47e-6,"d":"8.47E-06"},32130,"wSA_Mean_rostralanteriorcingulate_surfavg || id:enigma3-withglobal-rostralanteriorcingulate-surfavg",true,"reported","MedicineITLab",2,true,0.000616774,32130,true,0.000114228,null,0.000616774,19.82795477,25.26983511,19.82795477]
["rs62132550","T","C","T","C",-0.03493759,-0.046,0.4515,0.44,false,false,false,"ukb-saige-471",null,0.068,0.025,"Nasal polyps || id:ukb-saige-471",true,"MedicineITLab","enigma3-withglobal-rostralanteriorcingulate-surfavg",2,37141085,0.007872409,{"v":9.07e-6,"d":"9.07E-06"},32560,"wSA_Mean_rostralanteriorcingulate_surfavg || id:enigma3-withglobal-rostralanteriorcingulate-surfavg",true,"reported","MedicineITLab",2,true,0.000604575,32560,true,0.00017281,null,0.000604575,19.69566469,25.26983511,19.69566469]
["rs112064160","A","G","A","G",0.279185931,-0.920338864,0.0089,0.000916615,false,false,false,"ebi-eas-GCST90018603",null,0.052186575,0.47401262,"Chronic sinusitis || id:ebi-eas-GCST90018603",true,"MedicineITLab","enigma3-withglobal-rostralanteriorcingulate-thickavg",2,43018459,0.061430894,{"v":5.61e-6,"d":"5.61E-06"},15002,"wTHICK_Mean_rostralanteriorcingulate_thickavg || id:enigma3-withglobal-rostralanteriorcingulate-thickavg",true,"reported","MedicineITLab",2,true,0.001375069,15002,true,0.000165166,null,0.001375069,20.6544385,25.26983511,20.6544385]
["rs143773496","C","G","C","G",-0.14560981,-0.302071182,0.9846,0.999377309,false,true,false,"ebi-eas-GCST90018603",null,0.544159995,0.498028172,"Chronic sinusitis || id:ebi-eas-GCST90018603",true,"MedicineITLab","enigma3-withglobal-rostralanteriorcingulate-thickavg",4,61082687,0.032127431,{"v":5.14e-6,"d":"5.14E-06"},31929,"wTHICK_Mean_rostralanteriorcingulate_thickavg || id:enigma3-withglobal-rostralanteriorcingulate-thickavg",true,"reported","MedicineITLab",2,true,0.000642972,31929,true,0.000103899,null,0.000642972,20.54136316,25.26983511,20.54136316]
["rs4073750","A","G","A","G",-0.049050775,-0.011826098,0.1398,0.18560435,false,false,false,"ebi-eas-GCST90018603",null,0.673162716,0.028036461,"Chronic sinusitis || id:ebi-eas-GCST90018603",true,"MedicineITLab","enigma3-withglobal-rostralanteriorcingulate-thickavg",1,202076403,0.011196373,{"v":9e-6,"d":"9.00E-06"},33150,"wTHICK_Mean_rostralanteriorcingulate_thickavg || id:enigma3-withglobal-rostralanteriorcingulate-thickavg",true,"reported","MedicineITLab",2,true,0.000578667,33150,true,0.000142468,null,0.000578667,19.19274376,25.26983511,19.19274376]
["rs2413927","A","T","A","T",-0.0376421,0.000135203,0.6486,0.670895,false,true,false,"ukb-b-69",null,0.44,0.00017514,"Non-cancer illness code, self-reported: chronic sinusitis || id:ukb-b-69",true,"igd","enigma3-withglobal-rostralanteriorcingulate-thickavg",15,49337381,0.008183065,{"v":3.7e-6,"d":"3.70E-06"},32742,"wTHICK_Mean_rostralanteriorcingulate_thickavg || id:enigma3-withglobal-rostralanteriorcingulate-thickavg",true,"reported","MedicineITLab",2,true,0.000645887,32742,true,{"v":2.17e-5,"d":"2.17E-05"},null,0.000645887,21.16,25.26983511,21.16]
["rs323483","T","G","T","G",-0.042325511,{"v":-3.83e-5,"d":"-3.83E-05"},0.323,0.327557,false,false,false,"ukb-b-69",null,0.83,0.000174731,"Non-cancer illness code, self-reported: chronic sinusitis || id:ukb-b-69",true,"igd","enigma3-withglobal-rostralanteriorcingulate-thickavg",18,34796243,0.008353719,{"v":3.09e-7,"d":"3.09E-07"},32742,"wTHICK_Mean_rostralanteriorcingulate_thickavg || id:enigma3-withglobal-rostralanteriorcingulate-thickavg",true,"reported","MedicineITLab",2,true,0.000783476,32742,true,{"v":1.3e-6,"d":"1.30E-06"},null,0.000783476,25.67111111,25.26983511,25.67111111]
["rs118120823","T","G","T","G",0.16608669,{"v":5.16e-5,"d":"5.16E-05"},0.9861,0.9853889,false,false,false,"ukb-d-J32",null,0.931687,0.000601513,"Diagnoses - main ICD10: J32 Chronic sinusitis || id:ukb-d-J32",true,"igd","enigma3-withglobal-rostralanteriorcingulate-thickavg",16,58207032,0.037131163,{"v":8e-6,"d":"8.00E-06"},26440,"wTHICK_Mean_rostralanteriorcingulate_thickavg || id:enigma3-withglobal-rostralanteriorcingulate-thickavg",true,"reported","MedicineITLab",2,true,0.000756198,26440,true,{"v":1.75e-5,"d":"1.75E-05"},null,0.000756198,20.00748722,25.26983511,20.00748722]
["rs2545493","A","G","A","G",0.051882013,{"v":8.35e-5,"d":"8.35E-05"},0.1288,0.126195,false,false,false,"ukb-d-J32",null,0.688571,0.000208408,"Diagnoses - main ICD10: J32 Chronic sinusitis || id:ukb-d-J32",true,"igd","enigma3-withglobal-rostralanteriorcingulate-thickavg",5,60336004,0.011590662,{"v":5.33e-6,"d":"5.33E-06"},33150,"wTHICK_Mean_rostralanteriorcingulate_thickavg || id:enigma3-withglobal-rostralanteriorcingulate-thickavg",true,"reported","MedicineITLab",2,true,0.000604084,33150,true,{"v":3.08e-5,"d":"3.08E-05"},null,0.000604084,20.03628118,25.26983511,20.03628118]
["rs308362","A","G","A","G",-0.051504322,{"v":-6.44e-5,"d":"-6.44E-05"},0.1482,0.141916,false,false,false,"ukb-d-J32",null,0.745883,0.000198647,"Diagnoses - main ICD10: J32 Chronic sinusitis || id:ukb-d-J32",true,"igd","enigma3-withglobal-rostralanteriorcingulate-thickavg",5,82823791,0.010995305,{"v":3.9e-6,"d":"3.90E-06"},32742,"wTHICK_Mean_rostralanteriorcingulate_thickavg || id:enigma3-withglobal-rostralanteriorcingulate-thickavg",true,"reported","MedicineITLab",2,true,0.000669735,32742,true,{"v":1.13e-5,"d":"1.13E-05"},null,0.000669735,21.94182825,25.26983511,21.94182825]
["rs72941936","A","T","A","T",0.072443582,{"v":1.54e-6,"d":"1.54E-06"},0.9362,0.9354534,false,true,false,"ukb-d-J32",null,0.995729,0.000286926,"Diagnoses - main ICD10: J32 Chronic sinusitis || id:ukb-d-J32",true,"igd","enigma3-withglobal-rostralanteriorcingulate-thickavg",6,53601200,0.016098574,{"v":8.53e-6,"d":"8.53E-06"},32282,"wTHICK_Mean_rostralanteriorcingulate_thickavg || id:enigma3-withglobal-rostralanteriorcingulate-thickavg",true,"reported","MedicineITLab",2,true,0.00062693,32282,true,{"v":1.64e-5,"d":"1.64E-05"},null,0.00062693,20.25,25.26983511,20.25]
["rs76207710","A","G","A","G",0.077572054,{"v":-7.01e-5,"d":"-7.01E-05"},0.0545,0.0492413,false,false,false,"ukb-d-J32",null,0.826876,0.000320479,"Diagnoses - main ICD10: J32 Chronic sinusitis || id:ukb-d-J32",true,"igd","enigma3-withglobal-rostralanteriorcingulate-thickavg",20,62144953,0.017238234,{"v":5.96e-6,"d":"5.96E-06"},32635,"wTHICK_Mean_rostralanteriorcingulate_thickavg || id:enigma3-withglobal-rostralanteriorcingulate-thickavg",true,"reported","MedicineITLab",2,true,0.000620153,32635,true,{"v":2.18e-5,"d":"2.18E-05"},null,0.000620153,20.25,25.26983511,20.25]
["rs118120823","T","G","T","G",0.16608669,-0.055,0.9861,0.985,false,false,false,"ukb-saige-471",null,0.61,0.11,"Nasal polyps || id:ukb-saige-471",true,"MedicineITLab","enigma3-withglobal-rostralanteriorcingulate-thickavg",16,58207032,0.037131163,{"v":8e-6,"d":"8.00E-06"},26440,"wTHICK_Mean_rostralanteriorcingulate_thickavg || id:enigma3-withglobal-rostralanteriorcingulate-thickavg",true,"reported","MedicineITLab",2,true,0.000756198,26440,true,{"v":2.63e-5,"d":"2.63E-05"},null,0.000756198,20.00748722,25.26983511,20.00748722]
["rs2545493","A","G","A","G",0.051882013,-0.0071,0.1288,0.13,false,false,false,"ukb-saige-471",null,0.85,0.038,"Nasal polyps || id:ukb-saige-471",true,"MedicineITLab","enigma3-withglobal-rostralanteriorcingulate-thickavg",5,60336004,0.011590662,{"v":5.33e-6,"d":"5.33E-06"},33150,"wTHICK_Mean_rostralanteriorcingulate_thickavg || id:enigma3-withglobal-rostralanteriorcingulate-thickavg",true,"reported","MedicineITLab",2,true,0.000604084,33150,true,{"v":2.17e-5,"d":"2.17E-05"},null,0.000604084,20.03628118,25.26983511,20.03628118]
["rs7139887","A","G","A","G",-0.160598684,0.23,0.0164,0.016,false,false,false,"ukb-saige-471",null,0.031,0.1,"Nasal polyps || id:ukb-saige-471",true,"MedicineITLab","enigma3-withglobal-rostralanteriorcingulate-thickavg",13,77409626,0.034159085,{"v":2.64e-6,"d":"2.64E-06"},26544,"wTHICK_Mean_rostralanteriorcingulate_thickavg || id:enigma3-withglobal-rostralanteriorcingulate-thickavg",true,"reported","MedicineITLab",2,true,0.000832102,26544,true,{"v":7.14e-5,"d":"7.14E-05"},null,0.000832102,22.10403208,25.26983511,22.10403208]
["rs75721280","T","C","T","C",0.036590072,0.0094,0.3616,0.36,false,false,false,"ukb-saige-471",null,0.72,0.026,"Nasal polyps || id:ukb-saige-471",true,"MedicineITLab","enigma3-withglobal-rostralanteriorcingulate-thickavg",4,4780454,0.008131127,{"v":8.03e-6,"d":"8.03E-06"},32742,"wTHICK_Mean_rostralanteriorcingulate_thickavg || id:enigma3-withglobal-rostralanteriorcingulate-thickavg",true,"reported","MedicineITLab",2,true,0.000618127,32742,true,{"v":2.41e-5,"d":"2.41E-05"},null,0.000618127,20.25,25.26983511,20.25]
["rs12403161","A","G","A","G",-0.040752029,0.043252302,0.2572,0.296532626,false,false,false,"ebi-eas-GCST90018603",null,0.062478065,0.023217879,"Chronic sinusitis || id:ebi-eas-GCST90018603",true,"MedicineITLab","enigma3-withglobal-rostralmiddlefrontal-surfavg",1,227224185,0.009008357,{"v":6.07e-6,"d":"6.07E-06"},32232,"wSA_Mean_rostralmiddlefrontal_surfavg || id:enigma3-withglobal-rostralmiddlefrontal-surfavg",true,"reported","MedicineITLab",2,true,0.000634558,32232,true,0.000806339,null,0.000634558,20.46479094,25.26983511,20.46479094]
["rs1257415","A","C","A","C",0.043081046,-0.042475665,0.4951,0.163146049,false,false,false,"ebi-eas-GCST90018603",null,0.139780806,0.028765706,"Chronic sinusitis || id:ebi-eas-GCST90018603",true,"MedicineITLab","enigma3-withglobal-rostralmiddlefrontal-surfavg",14,99698931,0.007932831,{"v":5.61e-8,"d":"5.61E-08"},31757,"wSA_Mean_rostralmiddlefrontal_surfavg || id:enigma3-withglobal-rostralmiddlefrontal-surfavg",true,"reported","MedicineITLab",2,true,0.000927899,31757,true,{"v":1.39e-5,"d":"1.39E-05"},null,0.000927899,29.49280366,25.26983511,29.49280366]
["rs2279829","T","C","T","C",0.049586196,-0.005381658,0.2176,0.179017771,false,false,false,"ebi-eas-GCST90018603",null,0.846797437,0.027854472,"Chronic sinusitis || id:ebi-eas-GCST90018603",true,"MedicineITLab","enigma3-withglobal-rostralmiddlefrontal-surfavg",3,147106319,0.009485725,{"v":1.72e-7,"d":"1.72E-07"},32614,"wSA_Mean_rostralmiddlefrontal_surfavg || id:enigma3-withglobal-rostralmiddlefrontal-surfavg",true,"reported","MedicineITLab",2,true,0.000837219,32614,true,{"v":2.93e-6,"d":"2.93E-06"},null,0.000837219,27.32627918,25.26983511,27.32627918]
["rs36006722","A","G","A","G",0.043027607,0.035029402,0.6275,0.713570583,false,false,false,"ebi-eas-GCST90018603",null,0.141786991,0.023843006,"Chronic sinusitis || id:ebi-eas-GCST90018603",true,"MedicineITLab","enigma3-withglobal-rostralmiddlefrontal-surfavg",13,101026704,0.008095399,{"v":1.07e-7,"d":"1.07E-07"},32614,"wSA_Mean_rostralmiddlefrontal_surfavg || id:enigma3-withglobal-rostralmiddlefrontal-surfavg",true,"reported","MedicineITLab",2,true,0.000865495,32614,true,{"v":2.38e-5,"d":"2.38E-05"},null,0.000865495,28.2499621,25.26983511,28.2499621]
["rs4722006","T","C","T","C",-0.039221511,0.014762067,0.422,0.197167944,false,false,false,"ebi-eas-GCST90018603",null,0.581920138,0.026811743,"Chronic sinusitis || id:ebi-eas-GCST90018603",true,"MedicineITLab","enigma3-withglobal-rostralmiddlefrontal-surfavg",7,2765723,0.007925253,{"v":7.47e-7,"d":"7.47E-07"},32614,"wSA_Mean_rostralmiddlefrontal_surfavg || id:enigma3-withglobal-rostralmiddlefrontal-surfavg",true,"reported","MedicineITLab",2,true,0.000750445,32614,true,{"v":1.92e-5,"d":"1.92E-05"},null,0.000750445,24.49189504,25.26983511,24.49189504]
["rs823114","A","G","A","G",0.038436335,-0.031834114,0.547,0.507633998,false,false,false,"ebi-eas-GCST90018603",null,0.134526809,0.021272564,"Chronic sinusitis || id:ebi-eas-GCST90018603",true,"MedicineITLab","enigma3-withglobal-rostralmiddlefrontal-surfavg",1,205719532,0.007863112,{"v":1.02e-6,"d":"1.02E-06"},32614,"wSA_Mean_rostralmiddlefrontal_surfavg || id:enigma3-withglobal-rostralmiddlefrontal-surfavg",true,"reported","MedicineITLab",2,true,0.000732149,32614,true,0.000130173,null,0.000732149,23.89433728,25.26983511,23.89433728]
["rs11175838","T","C","T","C",-0.050345489,0.000412836,0.8541,0.844263,false,false,false,"ukb-b-69",null,0.0680002,0.000225947,"Non-cancer illness code, self-reported: chronic sinusitis || id:ukb-b-69",true,"igd","enigma3-withglobal-rostralmiddlefrontal-surfavg",12,66005684,0.011052068,{"v":5.23e-6,"d":"5.23E-06"},32830,"wSA_Mean_rostralmiddlefrontal_surfavg || id:enigma3-withglobal-rostralmiddlefrontal-surfavg",true,"reported","MedicineITLab",2,true,0.000631706,32830,true,{"v":8.45e-5,"d":"8.45E-05"},null,0.000631706,20.7507592,25.26983511,20.7507592]
["rs1257415","A","C","A","C",0.043081046,{"v":-1.41e-5,"d":"-1.41E-05"},0.4951,0.505025,false,false,false,"ukb-b-69",null,0.93,0.000164421,"Non-cancer illness code, self-reported: chronic sinusitis || id:ukb-b-69",true,"igd","enigma3-withglobal-rostralmiddlefrontal-surfavg",14,99698931,0.007932831,{"v":5.61e-8,"d":"5.61E-08"},31757,"wSA_Mean_rostralmiddlefrontal_surfavg || id:enigma3-withglobal-rostralmiddlefrontal-surfavg",true,"reported","MedicineITLab",2,true,0.000927899,31757,true,{"v":1.69e-7,"d":"1.69E-07"},null,0.000927899,29.49280366,25.26983511,29.49280366]
["rs28645132","A","G","A","G",-0.045437888,{"v":-6.14e-5,"d":"-6.14E-05"},0.7104,0.706538,false,false,false,"ukb-b-69",null,0.73,0.000179998,"Non-cancer illness code, self-reported: chronic sinusitis || id:ukb-b-69",true,"igd","enigma3-withglobal-rostralmiddlefrontal-surfavg",5,93963999,0.00862901,{"v":1.4e-7,"d":"1.40E-07"},32614,"wSA_Mean_rostralmiddlefrontal_surfavg || id:enigma3-withglobal-rostralmiddlefrontal-surfavg",true,"reported","MedicineITLab",2,true,0.000849509,32614,true,{"v":5.7e-7,"d":"5.70E-07"},null,0.000849509,27.727729,25.26983511,27.727729]
["rs314862","A","G","A","G",-0.040799166,0.000250377,0.3014,0.30508,false,false,false,"ukb-b-69",null,0.16,0.000178683,"Non-cancer illness code, self-reported: chronic sinusitis || id:ukb-b-69",true,"igd","enigma3-withglobal-rostralmiddlefrontal-surfavg",13,23288394,0.008708653,{"v":2.8e-6,"d":"2.80E-06"},31291,"wSA_Mean_rostralmiddlefrontal_surfavg || id:enigma3-withglobal-rostralmiddlefrontal-surfavg",true,"reported","MedicineITLab",2,true,0.000700978,31291,true,{"v":2.9e-5,"d":"2.90E-05"},null,0.000700978,21.94828614,25.26983511,21.94828614]
["rs6682671","T","C","T","C",0.050014522,0.00037057,0.6478,0.65359,false,false,false,"ukb-b-69",null,0.0309999,0.000172286,"Non-cancer illness code, self-reported: chronic sinusitis || id:ukb-b-69",true,"igd","enigma3-withglobal-rostralmiddlefrontal-surfavg",1,17311882,0.008238412,{"v":1.27e-9,"d":"1.27E-09"},32254,"wSA_Mean_rostralmiddlefrontal_surfavg || id:enigma3-withglobal-rostralmiddlefrontal-surfavg",true,"reported","MedicineITLab",2,true,0.001141439,32254,true,{"v":1.04e-7,"d":"1.04E-07"},null,0.001141439,36.85574461,25.26983511,36.85574461]
["rs10139160","T","C","T","C",0.040493063,-0.000235096,0.5278,0.5323,false,false,false,"ukb-d-J32",null,0.0886237,0.000138071,"Diagnoses - main ICD10: J32 Chronic sinusitis || id:ukb-d-J32",true,"igd","enigma3-withglobal-rostralmiddlefrontal-surfavg",14,75096350,0.007863271,{"v":2.61e-7,"d":"2.61E-07"},32422,"wSA_Mean_rostralmiddlefrontal_surfavg || id:enigma3-withglobal-rostralmiddlefrontal-surfavg",true,"reported","MedicineITLab",2,true,0.00081731,32422,true,{"v":8.85e-6,"d":"8.85E-06"},null,0.00081731,26.51885265,25.26983511,26.51885265]
["rs10778056","T","C","T","C",-0.037669009,{"v":-4.02e-5,"d":"-4.02E-05"},0.3171,0.30615,false,false,false,"ukb-d-J32",null,0.789818,0.000150753,"Diagnoses - main ICD10: J32 Chronic sinusitis || id:ukb-d-J32",true,"igd","enigma3-withglobal-rostralmiddlefrontal-surfavg",12,101023579,0.008411745,{"v":7.53e-6,"d":"7.53E-06"},32614,"wSA_Mean_rostralmiddlefrontal_surfavg || id:enigma3-withglobal-rostralmiddlefrontal-surfavg",true,"reported","MedicineITLab",2,true,0.000614542,32614,true,{"v":2.54e-5,"d":"2.54E-05"},null,0.000614542,20.05377512,25.26983511,20.05377512]
["rs118069738","A","G","A","G",0.214632479,0.000300693,0.9883,0.9891057,false,false,false,"ukb-d-J32",null,0.655063,0.000673081,"Diagnoses - main ICD10: J32 Chronic sinusitis || id:ukb-d-J32",true,"igd","enigma3-withglobal-rostralmiddlefrontal-surfavg",8,62935993,0.045809054,{"v":2.79e-6,"d":"2.79E-06"},20586,"wSA_Mean_rostralmiddlefrontal_surfavg || id:enigma3-withglobal-rostralmiddlefrontal-surfavg",true,"reported","MedicineITLab",2,true,0.001065358,20586,true,{"v":8.48e-6,"d":"8.48E-06"},null,0.001065358,21.95271479,25.26983511,21.95271479]
["rs1767390","A","G","A","G",0.037483557,-0.000271787,0.6365,0.636124,false,false,false,"ukb-d-J32",null,0.0593882,0.00014416,"Diagnoses - main ICD10: J32 Chronic sinusitis || id:ukb-d-J32",true,"igd","enigma3-withglobal-rostralmiddlefrontal-surfavg",14,85699908,0.008137737,{"v":4.1e-6,"d":"4.10E-06"},32614,"wSA_Mean_rostralmiddlefrontal_surfavg || id:enigma3-withglobal-rostralmiddlefrontal-surfavg",true,"reported","MedicineITLab",2,true,0.000650151,32614,true,0.000109632,null,0.000650151,21.21652689,25.26983511,21.21652689]
["rs2276133","A","G","A","G",-0.048574618,0.000163478,0.2504,0.24716,false,false,false,"ukb-d-J32",null,0.306717,0.000159938,"Diagnoses - main ICD10: J32 Chronic sinusitis || id:ukb-d-J32",true,"igd","enigma3-withglobal-rostralmiddlefrontal-surfavg",11,65562257,0.00903383,{"v":7.57e-8,"d":"7.57E-08"},32614,"wSA_Mean_rostralmiddlefrontal_surfavg || id:enigma3-withglobal-rostralmiddlefrontal-surfavg",true,"reported","MedicineITLab",2,true,0.000885753,32614,true,{"v":1.21e-6,"d":"1.21E-06"},null,0.000885753,28.91178939,25.26983511,28.91178939]
["rs4670555","T","C","T","C",0.040324148,-0.000105604,0.4733,0.479062,false,false,false,"ukb-d-J32",null,0.44419,0.00013802,"Diagnoses - main ICD10: J32 Chronic sinusitis || id:ukb-d-J32",true,"igd","enigma3-withglobal-rostralmiddlefrontal-surfavg",2,36635947,0.007839173,{"v":2.69e-7,"d":"2.69E-07"},32614,"wSA_Mean_rostralmiddlefrontal_surfavg || id:enigma3-withglobal-rostralmiddlefrontal-surfavg",true,"reported","MedicineITLab",2,true,0.0008107,32614,true,{"v":2.53e-6,"d":"2.53E-06"},null,0.0008107,26.46000271,25.26983511,26.46000271]
["rs4722006","T","C","T","C",-0.039221511,0.000315985,0.422,0.419793,false,false,false,"ukb-d-J32",null,0.0237591,0.000139754,"Diagnoses - main ICD10: J32 Chronic sinusitis || id:ukb-d-J32",true,"igd","enigma3-withglobal-rostralmiddlefrontal-surfavg",7,2765723,0.007925253,{"v":7.47e-7,"d":"7.47E-07"},32614,"wSA_Mean_rostralmiddlefrontal_surfavg || id:enigma3-withglobal-rostralmiddlefrontal-surfavg",true,"reported","MedicineITLab",2,true,0.000750445,32614,true,{"v":4.35e-5,"d":"4.35E-05"},null,0.000750445,24.49189504,25.26983511,24.49189504]
["rs75184421","A","G","A","G",0.130758022,-0.000513686,0.9805,0.9804579,false,false,false,"ukb-d-J32",null,0.301502,0.000497171,"Diagnoses - main ICD10: J32 Chronic sinusitis || id:ukb-d-J32",true,"igd","enigma3-withglobal-rostralmiddlefrontal-surfavg",1,247562823,0.028703529,{"v":5.23e-6,"d":"5.23E-06"},31722,"wSA_Mean_rostralmiddlefrontal_surfavg || id:enigma3-withglobal-rostralmiddlefrontal-surfavg",true,"reported","MedicineITLab",2,true,0.000653806,31722,true,{"v":4.63e-5,"d":"4.63E-05"},null,0.000653806,20.75229356,25.26983511,20.75229356]
["rs9971479","C","G","C","G",-0.044770104,{"v":-7.29e-5,"d":"-7.29E-05"},0.7525,0.750149,false,true,false,"ukb-d-J32",null,0.647359,0.000159395,"Diagnoses - main ICD10: J32 Chronic sinusitis || id:ukb-d-J32",true,"igd","enigma3-withglobal-rostralmiddlefrontal-surfavg",11,114996133,0.009069707,{"v":7.97e-7,"d":"7.97E-07"},32614,"wSA_Mean_rostralmiddlefrontal_surfavg || id:enigma3-withglobal-rostralmiddlefrontal-surfavg",true,"reported","MedicineITLab",2,true,0.0007466,32614,true,{"v":4.32e-6,"d":"4.32E-06"},null,0.0007466,24.36630721,25.26983511,24.36630721]
["rs10283100","A","G","A","G",0.126519227,-0.034,0.0558,0.06,false,false,false,"ukb-saige-471",null,0.54,0.055,"Nasal polyps || id:ukb-saige-471",true,"MedicineITLab","enigma3-withglobal-rostralmiddlefrontal-surfavg",8,120596023,0.019257476,{"v":5.04e-11,"d":"5.04E-11"},25549,"wSA_Mean_rostralmiddlefrontal_surfavg || id:enigma3-withglobal-rostralmiddlefrontal-surfavg",true,"reported","MedicineITLab",2,true,0.001686713,25549,true,{"v":5.24e-10,"d":"5.24E-10"},null,0.001686713,43.16326668,25.26983511,43.16326668]
["rs13019832","A","G","A","G",-0.041811427,-0.038,0.4143,0.42,false,false,false,"ukb-saige-471",null,0.14,0.025,"Nasal polyps || id:ukb-saige-471",true,"MedicineITLab","enigma3-withglobal-rostralmiddlefrontal-surfavg",2,60710571,0.007945421,{"v":1.42e-7,"d":"1.42E-07"},32614,"wSA_Mean_rostralmiddlefrontal_surfavg || id:enigma3-withglobal-rostralmiddlefrontal-surfavg",true,"reported","MedicineITLab",2,true,0.000848419,32614,true,{"v":3.56e-6,"d":"3.56E-06"},null,0.000848419,27.69211878,25.26983511,27.69211878]
["rs150319067","T","C","T","C",0.110387036,-0.076,0.9693,0.967,false,false,false,"ukb-saige-471",null,0.28,0.07,"Nasal polyps || id:ukb-saige-471",true,"MedicineITLab","enigma3-withglobal-rostralmiddlefrontal-surfavg",19,46363594,0.023745106,{"v":3.34e-6,"d":"3.34E-06"},29781,"wSA_Mean_rostralmiddlefrontal_surfavg || id:enigma3-withglobal-rostralmiddlefrontal-surfavg",true,"reported","MedicineITLab",2,true,0.000725208,29781,true,{"v":2.75e-5,"d":"2.75E-05"},null,0.000725208,21.61164887,25.26983511,21.61164887]
["rs1993876","T","C","T","C",0.037047266,0.014,0.3377,0.34,false,false,false,"ukb-saige-471",null,0.59,0.026,"Nasal polyps || id:ukb-saige-471",true,"MedicineITLab","enigma3-withglobal-rostralmiddlefrontal-surfavg",5,122253602,0.008276944,{"v":7.61e-6,"d":"7.61E-06"},32614,"wSA_Mean_rostralmiddlefrontal_surfavg || id:enigma3-withglobal-rostralmiddlefrontal-surfavg",true,"reported","MedicineITLab",2,true,0.000613943,32614,true,{"v":3.3e-5,"d":"3.30E-05"},null,0.000613943,20.03421295,25.26983511,20.03421295]
["rs41698","T","C","T","C",0.061299631,0.0058,0.1025,0.098,false,false,false,"ukb-saige-471",null,0.89,0.042,"Nasal polyps || id:ukb-saige-471",true,"MedicineITLab","enigma3-withglobal-rostralmiddlefrontal-surfavg",7,120637844,0.012895779,{"v":2e-6,"d":"2.00E-06"},32662,"wSA_Mean_rostralmiddlefrontal_surfavg || id:enigma3-withglobal-rostralmiddlefrontal-surfavg",true,"reported","MedicineITLab",2,true,0.00069136,32662,true,{"v":5.93e-6,"d":"5.93E-06"},null,0.00069136,22.59542808,25.26983511,22.59542808]
["rs4670555","T","C","T","C",0.040324148,-0.043,0.4733,0.48,false,false,false,"ukb-saige-471",null,0.088,0.025,"Nasal polyps || id:ukb-saige-471",true,"MedicineITLab","enigma3-withglobal-rostralmiddlefrontal-surfavg",2,36635947,0.007839173,{"v":2.69e-7,"d":"2.69E-07"},32614,"wSA_Mean_rostralmiddlefrontal_surfavg || id:enigma3-withglobal-rostralmiddlefrontal-surfavg",true,"reported","MedicineITLab",2,true,0.0008107,32614,true,{"v":7.95e-6,"d":"7.95E-06"},null,0.0008107,26.46000271,25.26983511,26.46000271]
["rs7529537","T","C","T","C",0.064665447,0.024,0.8796,0.88,false,false,false,"ukb-saige-471",null,0.54,0.038,"Nasal polyps || id:ukb-saige-471",true,"MedicineITLab","enigma3-withglobal-rostralmiddlefrontal-surfavg",1,119799080,0.01204541,{"v":7.94e-8,"d":"7.94E-08"},32513,"wSA_Mean_rostralmiddlefrontal_surfavg || id:enigma3-withglobal-rostralmiddlefrontal-surfavg",true,"reported","MedicineITLab",2,true,0.000885699,32513,true,{"v":6.22e-7,"d":"6.22E-07"},null,0.000885699,28.82049462,25.26983511,28.82049462]
["rs10103320","T","G","T","G",0.052205237,0.025390311,0.175,0.051303995,false,false,false,"ebi-eas-GCST90018603",null,0.598230098,0.048183766,"Chronic sinusitis || id:ebi-eas-GCST90018603",true,"MedicineITLab","enigma3-withglobal-rostralmiddlefrontal-thickavg",8,51482870,0.010441047,{"v":1.9e-7,"d":"1.90E-07"},31745,"wTHICK_Mean_rostralmiddlefrontal_thickavg || id:enigma3-withglobal-rostralmiddlefrontal-thickavg",true,"reported","MedicineITLab",2,true,0.000786955,31745,true,{"v":1.41e-5,"d":"1.41E-05"},null,0.000786955,25,25.26983511,25]
["rs10983184","T","C","T","C",-0.03637833,0.016006903,0.6444,0.517574887,false,false,false,"ebi-eas-GCST90018603",null,0.457020872,0.021521559,"Chronic sinusitis || id:ebi-eas-GCST90018603",true,"MedicineITLab","enigma3-withglobal-rostralmiddlefrontal-thickavg",9,119234058,0.008214462,{"v":6.29e-6,"d":"6.29E-06"},32319,"wTHICK_Mean_rostralmiddlefrontal_thickavg || id:enigma3-withglobal-rostralmiddlefrontal-thickavg",true,"reported","MedicineITLab",2,true,0.000606503,32319,true,0.000195562,null,0.000606503,19.6122449,25.26983511,19.6122449]
["rs6671321","T","C","T","C",-0.089721122,-0.030251451,0.9403,0.974333882,false,false,false,"ebi-eas-GCST90018603",null,0.675428146,0.072249186,"Chronic sinusitis || id:ebi-eas-GCST90018603",true,"MedicineITLab","enigma3-withglobal-rostralmiddlefrontal-thickavg",1,247527168,0.017722691,{"v":4.32e-7,"d":"4.32E-07"},28334,"wTHICK_Mean_rostralmiddlefrontal_thickavg || id:enigma3-withglobal-rostralmiddlefrontal-thickavg",true,"reported","MedicineITLab",2,true,0.000903775,28334,true,{"v":6.97e-6,"d":"6.97E-06"},null,0.000903775,25.62890625,25.26983511,25.62890625]
["rs1741344","T","C","T","C",-0.038786123,-0.000279649,0.6379,0.634509,false,false,false,"ukb-b-69",null,0.1,0.000169885,"Non-cancer illness code, self-reported: chronic sinusitis || id:ukb-b-69",true,"igd","enigma3-withglobal-rostralmiddlefrontal-thickavg",20,4101800,0.00822736,{"v":8.59e-7,"d":"8.59E-07"},31959,"wTHICK_Mean_rostralmiddlefrontal_thickavg || id:enigma3-withglobal-rostralmiddlefrontal-thickavg",true,"reported","MedicineITLab",2,true,0.000694967,31959,true,{"v":3.46e-5,"d":"3.46E-05"},null,0.000694967,22.2244898,25.26983511,22.2244898]
["rs28613648","A","G","A","G",-0.043760719,{"v":-4.15e-5,"d":"-4.15E-05"},0.2255,0.223584,false,false,false,"ukb-b-69",null,0.83,0.000198438,"Non-cancer illness code, self-reported: chronic sinusitis || id:ukb-b-69",true,"igd","enigma3-withglobal-rostralmiddlefrontal-thickavg",4,4607566,0.009461777,{"v":6.59e-6,"d":"6.59E-06"},31959,"wTHICK_Mean_rostralmiddlefrontal_thickavg || id:enigma3-withglobal-rostralmiddlefrontal-thickavg",true,"reported","MedicineITLab",2,true,0.000668909,31959,true,{"v":9.89e-6,"d":"9.89E-06"},null,0.000668909,21.390625,25.26983511,21.390625]
["rs10471511","A","G","A","G",0.109144418,0.000356092,0.9705,0.979345,false,false,false,"ukb-d-J32",null,0.461383,0.000483445,"Diagnoses - main ICD10: J32 Chronic sinusitis || id:ukb-d-J32",true,"igd","enigma3-withglobal-rostralmiddlefrontal-thickavg",5,60573539,0.023222217,{"v":3.12e-6,"d":"3.12E-06"},32365,"wTHICK_Mean_rostralmiddlefrontal_thickavg || id:enigma3-withglobal-rostralmiddlefrontal-thickavg",true,"reported","MedicineITLab",2,true,0.000682104,32365,true,{"v":1.78e-5,"d":"1.78E-05"},null,0.000682104,22.09,25.26983511,22.09]
["rs1093083","T","C","T","C",0.062142474,{"v":-1.12e-5,"d":"-1.12E-05"},0.0854,0.0920532,false,false,false,"ukb-d-J32",null,0.963028,0.000240577,"Diagnoses - main ICD10: J32 Chronic sinusitis || id:ukb-d-J32",true,"igd","enigma3-withglobal-rostralmiddlefrontal-thickavg",10,97225263,0.014069994,{"v":7.04e-6,"d":"7.04E-06"},32319,"wTHICK_Mean_rostralmiddlefrontal_thickavg || id:enigma3-withglobal-rostralmiddlefrontal-thickavg",true,"reported","MedicineITLab",2,true,0.000603248,32319,true,{"v":2.47e-5,"d":"2.47E-05"},null,0.000603248,19.50694444,25.26983511,19.50694444]
["rs17867159","C","G","C","G",0.083585356,0.000585374,0.0524,0.0490983,false,true,false,"ukb-d-J32",null,0.0713149,0.000324582,"Diagnoses - main ICD10: J32 Chronic sinusitis || id:ukb-d-J32",true,"igd","enigma3-withglobal-rostralmiddlefrontal-thickavg",7,127004654,0.018574524,{"v":5.7e-6,"d":"5.70E-06"},29168,"wTHICK_Mean_rostralmiddlefrontal_thickavg || id:enigma3-withglobal-rostralmiddlefrontal-thickavg",true,"reported","MedicineITLab",2,true,0.00069382,29168,true,0.000125513,null,0.00069382,20.25,25.26983511,20.25]
["rs4661039","A","G","A","G",-0.037826751,{"v":-2.05e-6,"d":"-2.05E-06"},0.6951,0.689369,false,false,false,"ukb-d-J32",null,0.989069,0.00014934,"Diagnoses - main ICD10: J32 Chronic sinusitis || id:ukb-d-J32",true,"igd","enigma3-withglobal-rostralmiddlefrontal-thickavg",1,156340213,0.008541524,{"v":8.24e-6,"d":"8.24E-06"},32319,"wTHICK_Mean_rostralmiddlefrontal_thickavg || id:enigma3-withglobal-rostralmiddlefrontal-thickavg",true,"reported","MedicineITLab",2,true,0.000606503,32319,true,{"v":2.25e-5,"d":"2.25E-05"},null,0.000606503,19.6122449,25.26983511,19.6122449]
["rs7123066","T","C","T","C",-0.076013167,0.000354002,0.0585,0.0543212,false,false,false,"ukb-d-J32",null,0.24501,0.000304503,"Diagnoses - main ICD10: J32 Chronic sinusitis || id:ukb-d-J32",true,"igd","enigma3-withglobal-rostralmiddlefrontal-thickavg",11,118804266,0.01727572,{"v":8.19e-6,"d":"8.19E-06"},30400,"wTHICK_Mean_rostralmiddlefrontal_thickavg || id:enigma3-withglobal-rostralmiddlefrontal-thickavg",true,"reported","MedicineITLab",2,true,0.000636479,30400,true,{"v":9.57e-5,"d":"9.57E-05"},null,0.000636479,19.36,25.26983511,19.36]
["rs111297085","T","C","T","C",0.091917436,-0.067,0.0468,0.045,false,false,false,"ukb-saige-471",null,0.27,0.06,"Nasal polyps || id:ukb-saige-471",true,"MedicineITLab","enigma3-withglobal-rostralmiddlefrontal-thickavg",6,36217698,0.01861619,{"v":7.28e-7,"d":"7.28E-07"},32319,"wTHICK_Mean_rostralmiddlefrontal_thickavg || id:enigma3-withglobal-rostralmiddlefrontal-thickavg",true,"reported","MedicineITLab",2,true,0.000753799,32319,true,{"v":9.08e-6,"d":"9.08E-06"},null,0.000753799,24.37890625,25.26983511,24.37890625]
["rs17867159","C","G","C","G",0.083585356,-0.0017,0.0524,0.049,false,true,false,"ukb-saige-471",null,0.98,0.059,"Nasal polyps || id:ukb-saige-471",true,"MedicineITLab","enigma3-withglobal-rostralmiddlefrontal-thickavg",7,127004654,0.018574524,{"v":5.7e-6,"d":"5.70E-06"},29168,"wTHICK_Mean_rostralmiddlefrontal_thickavg || id:enigma3-withglobal-rostralmiddlefrontal-thickavg",true,"reported","MedicineITLab",2,true,0.00069382,29168,true,{"v":1.47e-5,"d":"1.47E-05"},null,0.00069382,20.25,25.26983511,20.25]
["rs28613648","A","G","A","G",-0.043760719,-0.048,0.2255,0.22,false,false,false,"ukb-saige-471",null,0.11,0.03,"Nasal polyps || id:ukb-saige-471",true,"MedicineITLab","enigma3-withglobal-rostralmiddlefrontal-thickavg",4,4607566,0.009461777,{"v":6.59e-6,"d":"6.59E-06"},31959,"wTHICK_Mean_rostralmiddlefrontal_thickavg || id:enigma3-withglobal-rostralmiddlefrontal-thickavg",true,"reported","MedicineITLab",2,true,0.000668909,31959,true,{"v":6.1e-5,"d":"6.10E-05"},null,0.000668909,21.390625,25.26983511,21.390625]
["rs7236701","T","G","T","G",-0.043617869,-0.046,0.6183,0.62,false,false,false,"ukb-saige-471",null,0.079,0.026,"Nasal polyps || id:ukb-saige-471",true,"MedicineITLab","enigma3-withglobal-rostralmiddlefrontal-thickavg",18,74322185,0.008252029,{"v":6.21e-7,"d":"6.21E-07"},31086,"wTHICK_Mean_rostralmiddlefrontal_thickavg || id:enigma3-withglobal-rostralmiddlefrontal-thickavg",true,"reported","MedicineITLab",2,true,0.000898008,31086,true,{"v":4.05e-6,"d":"4.05E-06"},null,0.000898008,27.93877551,25.26983511,27.93877551]
["rs10843114","T","C","T","C",-0.038029954,-0.053514052,0.33,0.066685119,false,false,false,"ebi-eas-GCST90018603",null,0.208807303,0.042577853,"Chronic sinusitis || id:ebi-eas-GCST90018603",true,"MedicineITLab","enigma3-withglobal-superiorfrontal-surfavg",12,28303296,0.008417773,{"v":6.25e-6,"d":"6.25E-06"},31896,"wSA_Mean_superiorfrontal_surfavg || id:enigma3-withglobal-superiorfrontal-surfavg",true,"reported","MedicineITLab",2,true,0.000639544,31896,true,0.000316656,null,0.000639544,20.41066512,25.26983511,20.41066512]
["rs1473608","T","G","T","G",-0.05138746,0.003064592,0.1692,0.142253506,false,false,false,"ebi-eas-GCST90018603",null,0.919478983,0.030315472,"Chronic sinusitis || id:ebi-eas-GCST90018603",true,"MedicineITLab","enigma3-withglobal-superiorfrontal-surfavg",15,71628256,0.010497443,{"v":9.82e-7,"d":"9.82E-07"},32256,"wSA_Mean_superiorfrontal_surfavg || id:enigma3-withglobal-superiorfrontal-surfavg",true,"reported","MedicineITLab",2,true,0.000742405,32256,true,{"v":1.01e-5,"d":"1.01E-05"},null,0.000742405,23.96333528,25.26983511,23.96333528]
["rs354085","T","C","T","C",-0.044533896,-0.020567685,0.2605,0.105602205,false,false,false,"ebi-eas-GCST90018603",null,0.555694412,0.034904926,"Chronic sinusitis || id:ebi-eas-GCST90018603",true,"MedicineITLab","enigma3-withglobal-superiorfrontal-surfavg",7,149337185,0.009020583,{"v":7.93e-7,"d":"7.93E-07"},31875,"wSA_Mean_superiorfrontal_surfavg || id:enigma3-withglobal-superiorfrontal-surfavg",true,"reported","MedicineITLab",2,true,0.000764112,31875,true,{"v":2.06e-5,"d":"2.06E-05"},null,0.000764112,24.37318025,25.26983511,24.37318025]
["rs4915928","A","G","A","G",0.069097439,0.046612169,0.1457,0.006105331,false,false,false,"ebi-eas-GCST90018603",null,0.73318695,0.136736983,"Chronic sinusitis || id:ebi-eas-GCST90018603",true,"MedicineITLab","enigma3-withglobal-superiorfrontal-surfavg",1,64235727,0.011153213,{"v":5.82e-10,"d":"5.82E-10"},32256,"wSA_Mean_superiorfrontal_surfavg || id:enigma3-withglobal-superiorfrontal-surfavg",true,"reported","MedicineITLab",2,true,0.001188568,32256,true,{"v":3.79e-8,"d":"3.79E-08"},null,0.001188568,38.38167586,25.26983511,38.38167586]
["rs10835817","A","G","A","G",-0.039205789,0.000117037,0.5415,0.534105,false,false,false,"ukb-b-69",null,0.48,0.000165105,"Non-cancer illness code, self-reported: chronic sinusitis || id:ukb-b-69",true,"igd","enigma3-withglobal-superiorfrontal-surfavg",11,31791099,0.007898753,{"v":6.92e-7,"d":"6.92E-07"},32256,"wSA_Mean_superiorfrontal_surfavg || id:enigma3-withglobal-superiorfrontal-surfavg",true,"reported","MedicineITLab",2,true,0.000763252,32256,true,{"v":3.88e-6,"d":"3.88E-06"},null,0.000763252,24.63674755,25.26983511,24.63674755]
["rs17384381","C","G","C","G",0.04439408,{"v":5.44e-5,"d":"5.44E-05"},0.799,0.787014,false,true,false,"ukb-b-69",null,0.79,0.000199924,"Non-cancer illness code, self-reported: chronic sinusitis || id:ukb-b-69",true,"igd","enigma3-withglobal-superiorfrontal-surfavg",1,85897570,0.009821646,{"v":6.18e-6,"d":"6.18E-06"},32256,"wSA_Mean_superiorfrontal_surfavg || id:enigma3-withglobal-superiorfrontal-surfavg",true,"reported","MedicineITLab",2,true,0.000633028,32256,true,{"v":1.71e-5,"d":"1.71E-05"},null,0.000633028,20.43061942,25.26983511,20.43061942]
["rs17767210","T","C","T","C",-0.03764971,-0.000309656,0.5864,0.590356,false,false,false,"ukb-b-69",null,0.0629999,0.000166577,"Non-cancer illness code, self-reported: chronic sinusitis || id:ukb-b-69",true,"igd","enigma3-withglobal-superiorfrontal-surfavg",4,145330792,0.008036999,{"v":2.81e-6,"d":"2.81E-06"},31896,"wSA_Mean_superiorfrontal_surfavg || id:enigma3-withglobal-superiorfrontal-surfavg",true,"reported","MedicineITLab",2,true,0.000687587,31896,true,{"v":4.94e-5,"d":"4.94E-05"},null,0.000687587,21.94499359,25.26983511,21.94499359]
["rs10411647","A","G","A","G",-0.036352399,{"v":-1.2e-5,"d":"-1.20E-05"},0.5676,0.567304,false,false,false,"ukb-d-J32",null,0.931504,0.000139179,"Diagnoses - main ICD10: J32 Chronic sinusitis || id:ukb-d-J32",true,"igd","enigma3-withglobal-superiorfrontal-surfavg",19,45877865,0.00798961,{"v":5.37e-6,"d":"5.37E-06"},31896,"wSA_Mean_superiorfrontal_surfavg || id:enigma3-withglobal-superiorfrontal-surfavg",true,"reported","MedicineITLab",2,true,0.000648671,31896,true,{"v":1.45e-5,"d":"1.45E-05"},null,0.000648671,20.70212899,25.26983511,20.70212899]
["rs111825821","A","C","A","C",0.142627706,0.000470135,0.0165,0.0148279,false,false,false,"ukb-d-J32",null,0.420552,0.000583681,"Diagnoses - main ICD10: J32 Chronic sinusitis || id:ukb-d-J32",true,"igd","enigma3-withglobal-superiorfrontal-surfavg",19,33512746,0.031082891,{"v":4.46e-6,"d":"4.46E-06"},31872,"wSA_Mean_superiorfrontal_surfavg || id:enigma3-withglobal-superiorfrontal-surfavg",true,"reported","MedicineITLab",2,true,0.000660231,31872,true,{"v":3.06e-5,"d":"3.06E-05"},null,0.000660231,21.05547253,25.26983511,21.05547253]
["rs1473608","T","G","T","G",-0.05138746,-0.000228277,0.1692,0.17055,false,false,false,"ukb-d-J32",null,0.211527,0.000182712,"Diagnoses - main ICD10: J32 Chronic sinusitis || id:ukb-d-J32",true,"igd","enigma3-withglobal-superiorfrontal-surfavg",15,71628256,0.010497443,{"v":9.82e-7,"d":"9.82E-07"},32256,"wSA_Mean_superiorfrontal_surfavg || id:enigma3-withglobal-superiorfrontal-surfavg",true,"reported","MedicineITLab",2,true,0.000742405,32256,true,{"v":1.48e-5,"d":"1.48E-05"},null,0.000742405,23.96333528,25.26983511,23.96333528]
["rs17384381","C","G","C","G",0.04439408,0.000104875,0.799,0.786569,false,true,false,"ukb-d-J32",null,0.531951,0.000167793,"Diagnoses - main ICD10: J32 Chronic sinusitis || id:ukb-d-J32",true,"igd","enigma3-withglobal-superiorfrontal-surfavg",1,85897570,0.009821646,{"v":6.18e-6,"d":"6.18E-06"},32256,"wSA_Mean_superiorfrontal_surfavg || id:enigma3-withglobal-superiorfrontal-surfavg",true,"reported","MedicineITLab",2,true,0.000633028,32256,true,{"v":3.31e-5,"d":"3.31E-05"},null,0.000633028,20.43061942,25.26983511,20.43061942]
["rs4842266","A","G","A","G",-0.05493603,0.00013433,0.6789,0.696053,false,false,false,"ukb-d-J32",null,0.369984,0.000149837,"Diagnoses - main ICD10: J32 Chronic sinusitis || id:ukb-d-J32",true,"igd","enigma3-withglobal-superiorfrontal-surfavg",12,79951566,0.008497188,{"v":1.01e-10,"d":"1.01E-10"},31727,"wSA_Mean_superiorfrontal_surfavg || id:enigma3-withglobal-superiorfrontal-surfavg",true,"reported","MedicineITLab",2,true,0.001315802,31727,true,{"v":2.81e-9,"d":"2.81E-09"},null,0.001315802,41.79882857,25.26983511,41.79882857]
["rs6912198","A","G","A","G",-0.039588171,-0.000152007,0.5232,0.508444,false,false,false,"ukb-d-J32",null,0.26951,0.000137664,"Diagnoses - main ICD10: J32 Chronic sinusitis || id:ukb-d-J32",true,"igd","enigma3-withglobal-superiorfrontal-surfavg",6,126995938,0.007960281,{"v":6.59e-7,"d":"6.59E-07"},31608,"wSA_Mean_superiorfrontal_surfavg || id:enigma3-withglobal-superiorfrontal-surfavg",true,"reported","MedicineITLab",2,true,0.000781925,31608,true,{"v":8.39e-6,"d":"8.39E-06"},null,0.000781925,24.73284655,25.26983511,24.73284655]
["rs11728558","T","G","T","G",0.090594821,-0.037,0.0468,0.046,false,false,false,"ukb-saige-471",null,0.54,0.06,"Nasal polyps || id:ukb-saige-471",true,"MedicineITLab","enigma3-withglobal-superiorfrontal-surfavg",4,89475992,0.019400982,{"v":3.02e-6,"d":"3.02E-06"},29758,"wSA_Mean_superiorfrontal_surfavg || id:enigma3-withglobal-superiorfrontal-surfavg",true,"reported","MedicineITLab",2,true,0.000732262,29758,true,{"v":1.44e-5,"d":"1.44E-05"},null,0.000732262,21.80516135,25.26983511,21.80516135]
["rs12989517","A","G","A","G",-0.040255598,-0.036,0.3674,0.37,false,false,false,"ukb-saige-471",null,0.17,0.026,"Nasal polyps || id:ukb-saige-471",true,"MedicineITLab","enigma3-withglobal-superiorfrontal-surfavg",2,144498693,0.008163857,{"v":8.18e-7,"d":"8.18E-07"},32256,"wSA_Mean_superiorfrontal_surfavg || id:enigma3-withglobal-superiorfrontal-surfavg",true,"reported","MedicineITLab",2,true,0.00075327,32256,true,{"v":1.31e-5,"d":"1.31E-05"},null,0.00075327,24.31429804,25.26983511,24.31429804]
["rs17669337","T","C","T","C",-0.043879531,-0.036,0.4108,0.41,false,false,false,"ukb-saige-471",null,0.16,0.025,"Nasal polyps || id:ukb-saige-471",true,"MedicineITLab","enigma3-withglobal-superiorfrontal-surfavg",5,92187932,0.007999155,{"v":4.12e-8,"d":"4.12E-08"},32256,"wSA_Mean_superiorfrontal_surfavg || id:enigma3-withglobal-superiorfrontal-surfavg",true,"reported","MedicineITLab",2,true,0.000932067,32256,true,{"v":1.08e-6,"d":"1.08E-06"},null,0.000932067,30.0909354,25.26983511,30.0909354]
["rs4842266","A","G","A","G",-0.05493603,-0.01,0.6789,0.7,false,false,false,"ukb-saige-471",null,0.71,0.027,"Nasal polyps || id:ukb-saige-471",true,"MedicineITLab","enigma3-withglobal-superiorfrontal-surfavg",12,79951566,0.008497188,{"v":1.01e-10,"d":"1.01E-10"},31727,"wSA_Mean_superiorfrontal_surfavg || id:enigma3-withglobal-superiorfrontal-surfavg",true,"reported","MedicineITLab",2,true,0.001315802,31727,true,{"v":9.56e-10,"d":"9.56E-10"},null,0.001315802,41.79882857,25.26983511,41.79882857]
["rs80181608","A","G","A","G",0.101403422,0.024,0.0363,0.038,false,false,false,"ukb-saige-471",null,0.72,0.067,"Nasal polyps || id:ukb-saige-471",true,"MedicineITLab","enigma3-withglobal-superiorfrontal-surfavg",11,64120800,0.021722641,{"v":3.04e-6,"d":"3.04E-06"},30270,"wSA_Mean_superiorfrontal_surfavg || id:enigma3-withglobal-superiorfrontal-surfavg",true,"reported","MedicineITLab",2,true,0.000719422,30270,true,{"v":1.07e-5,"d":"1.07E-05"},null,0.000719422,21.79114146,25.26983511,21.79114146]
["rs12239819","A","G","A","G",0.048290686,0.010955958,0.8036,0.996478882,false,false,false,"ebi-eas-GCST90018603",null,0.959131104,0.213799892,"Chronic sinusitis || id:ebi-eas-GCST90018603",true,"MedicineITLab","enigma3-withglobal-superiorfrontal-thickavg",1,110484409,0.009905782,{"v":1.58e-6,"d":"1.58E-06"},32264,"wTHICK_Mean_superiorfrontal_thickavg || id:enigma3-withglobal-superiorfrontal-thickavg",true,"reported","MedicineITLab",2,true,0.000736102,32264,true,{"v":9.96e-6,"d":"9.96E-06"},null,0.000736102,23.765625,25.26983511,23.765625]
["rs16886814","A","G","A","G",0.060227035,0.01985991,0.9133,0.720213194,false,false,false,"ebi-eas-GCST90018603",null,0.403403328,0.023768426,"Chronic sinusitis || id:ebi-eas-GCST90018603",true,"MedicineITLab","enigma3-withglobal-superiorfrontal-thickavg",6,22720838,0.013898546,{"v":8.35e-6,"d":"8.35E-06"},32672,"wTHICK_Mean_superiorfrontal_thickavg || id:enigma3-withglobal-superiorfrontal-thickavg",true,"reported","MedicineITLab",2,true,0.000574441,32672,true,0.000324622,null,0.000574441,18.77777778,25.26983511,18.77777778]
["rs7305141","A","G","A","G",0.053119686,-0.022349543,0.8326,0.585081272,false,false,false,"ebi-eas-GCST90018603",null,0.301329112,0.021623274,"Chronic sinusitis || id:ebi-eas-GCST90018603",true,"MedicineITLab","enigma3-withglobal-superiorfrontal-thickavg",12,80015573,0.011066601,{"v":9.29e-7,"d":"9.29E-07"},29271,"wTHICK_Mean_superiorfrontal_thickavg || id:enigma3-withglobal-superiorfrontal-thickavg",true,"reported","MedicineITLab",2,true,0.000786562,29271,true,{"v":6.44e-5,"d":"6.44E-05"},null,0.000786562,23.04,25.26983511,23.04]
["rs12031389","T","C","T","C",0.041110714,-0.000129695,0.4617,0.459505,false,false,false,"ukb-b-69",null,0.43,0.000164251,"Non-cancer illness code, self-reported: chronic sinusitis || id:ukb-b-69",true,"igd","enigma3-withglobal-superiorfrontal-thickavg",1,201521609,0.008888803,{"v":7.44e-6,"d":"7.44E-06"},25443,"wTHICK_Mean_superiorfrontal_thickavg || id:enigma3-withglobal-superiorfrontal-thickavg",true,"reported","MedicineITLab",2,true,0.000840087,25443,true,{"v":1.55e-5,"d":"1.55E-05"},null,0.000840087,21.390625,25.26983511,21.390625]
["rs12826251","A","G","A","G",-0.0397121,-0.00019013,0.4393,0.450657,false,false,false,"ukb-b-69",null,0.25,0.000165932,"Non-cancer illness code, self-reported: chronic sinusitis || id:ukb-b-69",true,"igd","enigma3-withglobal-superiorfrontal-thickavg",12,109259366,0.00794242,{"v":9.31e-7,"d":"9.31E-07"},32156,"wTHICK_Mean_superiorfrontal_thickavg || id:enigma3-withglobal-superiorfrontal-thickavg",true,"reported","MedicineITLab",2,true,0.000776904,32156,true,{"v":5.57e-6,"d":"5.57E-06"},null,0.000776904,25,25.26983511,25]
["rs8137902","A","G","A","G",-0.046068849,-0.000352017,0.7279,0.829671,false,false,false,"ukb-b-69",null,0.16,0.000249626,"Non-cancer illness code, self-reported: chronic sinusitis || id:ukb-b-69",true,"igd","enigma3-withglobal-superiorfrontal-thickavg",22,46443147,0.009423174,{"v":1.33e-6,"d":"1.33E-06"},28408,"wTHICK_Mean_superiorfrontal_thickavg || id:enigma3-withglobal-superiorfrontal-thickavg",true,"reported","MedicineITLab",2,true,0.000840708,28408,true,{"v":1.05e-5,"d":"1.05E-05"},null,0.000840708,23.90123457,25.26983511,23.90123457]
["rs1024771","T","C","T","C",0.039775186,{"v":7.28e-5,"d":"7.28E-05"},0.6801,0.673662,false,false,false,"ukb-d-J32",null,0.62069,0.000147164,"Diagnoses - main ICD10: J32 Chronic sinusitis || id:ukb-d-J32",true,"igd","enigma3-withglobal-superiorfrontal-thickavg",9,113741295,0.008437161,{"v":4.59e-6,"d":"4.59E-06"},32264,"wTHICK_Mean_superiorfrontal_thickavg || id:enigma3-withglobal-superiorfrontal-thickavg",true,"reported","MedicineITLab",2,true,0.000688401,32264,true,{"v":1.22e-5,"d":"1.22E-05"},null,0.000688401,22.2244898,25.26983511,22.2244898]
["rs12779836","T","C","T","C",0.042306792,0.00018406,0.6768,0.667929,false,false,false,"ukb-d-J32",null,0.208096,0.000146216,"Diagnoses - main ICD10: J32 Chronic sinusitis || id:ukb-d-J32",true,"igd","enigma3-withglobal-superiorfrontal-thickavg",10,72203892,0.008461358,{"v":8.5e-7,"d":"8.50E-07"},31904,"wTHICK_Mean_superiorfrontal_thickavg || id:enigma3-withglobal-superiorfrontal-thickavg",true,"reported","MedicineITLab",2,true,0.000783036,31904,true,{"v":9.27e-6,"d":"9.27E-06"},null,0.000783036,25,25.26983511,25]
["rs7199462","T","G","T","G",0.044819396,-0.000171797,0.4865,0.505248,false,false,false,"ukb-d-J32",null,0.212067,0.000137668,"Diagnoses - main ICD10: J32 Chronic sinusitis || id:ukb-d-J32",true,"igd","enigma3-withglobal-superiorfrontal-thickavg",16,30158757,0.007909305,{"v":1.37e-7,"d":"1.37E-07"},31964,"wTHICK_Mean_superiorfrontal_thickavg || id:enigma3-withglobal-superiorfrontal-thickavg",true,"reported","MedicineITLab",2,true,0.001003657,31964,true,{"v":3.88e-7,"d":"3.88E-07"},null,0.001003657,32.11111111,25.26983511,32.11111111]
["rs73147332","T","C","T","C",-0.150905515,0.000180358,0.9819,0.9859162,false,false,false,"ukb-d-J32",null,0.757103,0.000583141,"Diagnoses - main ICD10: J32 Chronic sinusitis || id:ukb-d-J32",true,"igd","enigma3-withglobal-superiorfrontal-thickavg",21,25810418,0.030603216,{"v":1.11e-6,"d":"1.11E-06"},30017,"wTHICK_Mean_superiorfrontal_thickavg || id:enigma3-withglobal-superiorfrontal-thickavg",true,"reported","MedicineITLab",2,true,0.000809443,30017,true,{"v":3.29e-6,"d":"3.29E-06"},null,0.000809443,24.31510107,25.26983511,24.31510107]
["rs1024771","T","C","T","C",0.039775186,-0.023,0.6801,0.67,false,false,false,"ukb-saige-471",null,0.38,0.027,"Nasal polyps || id:ukb-saige-471",true,"MedicineITLab","enigma3-withglobal-superiorfrontal-thickavg",9,113741295,0.008437161,{"v":4.59e-6,"d":"4.59E-06"},32264,"wTHICK_Mean_superiorfrontal_thickavg || id:enigma3-withglobal-superiorfrontal-thickavg",true,"reported","MedicineITLab",2,true,0.000688401,32264,true,{"v":1.73e-5,"d":"1.73E-05"},null,0.000688401,22.2244898,25.26983511,22.2244898]
["rs12826251","A","G","A","G",-0.0397121,-0.0087,0.4393,0.46,false,false,false,"ukb-saige-471",null,0.73,0.025,"Nasal polyps || id:ukb-saige-471",true,"MedicineITLab","enigma3-withglobal-superiorfrontal-thickavg",12,109259366,0.00794242,{"v":9.31e-7,"d":"9.31E-07"},32156,"wTHICK_Mean_superiorfrontal_thickavg || id:enigma3-withglobal-superiorfrontal-thickavg",true,"reported","MedicineITLab",2,true,0.000776904,32156,true,{"v":2.46e-6,"d":"2.46E-06"},null,0.000776904,25,25.26983511,25]
["rs138262388","A","C","A","C",0.10332584,0.0099,0.0373,0.041,false,false,false,"ukb-saige-471",null,0.88,0.064,"Nasal polyps || id:ukb-saige-471",true,"MedicineITLab","enigma3-withglobal-superiorfrontal-thickavg",17,43276993,0.021752808,{"v":2.93e-6,"d":"2.93E-06"},29406,"wTHICK_Mean_superiorfrontal_thickavg || id:enigma3-withglobal-superiorfrontal-thickavg",true,"reported","MedicineITLab",2,true,0.000766739,29406,true,{"v":5.62e-6,"d":"5.62E-06"},null,0.000766739,22.5625,25.26983511,22.5625]
["rs7305141","A","G","A","G",0.053119686,-0.00054,0.8326,0.84,false,false,false,"ukb-saige-471",null,0.99,0.034,"Nasal polyps || id:ukb-saige-471",true,"MedicineITLab","enigma3-withglobal-superiorfrontal-thickavg",12,80015573,0.011066601,{"v":9.29e-7,"d":"9.29E-07"},29271,"wTHICK_Mean_superiorfrontal_thickavg || id:enigma3-withglobal-superiorfrontal-thickavg",true,"reported","MedicineITLab",2,true,0.000786562,29271,true,{"v":3.73e-6,"d":"3.73E-06"},null,0.000786562,23.04,25.26983511,23.04]
["rs76900097","C","G","C","G",-0.136974662,-0.045,0.0181,0.013,false,true,false,"ukb-saige-471",null,0.68,0.11,"Nasal polyps || id:ukb-saige-471",true,"MedicineITLab","enigma3-withglobal-superiorfrontal-thickavg",5,110570123,0.030199138,{"v":7.21e-6,"d":"7.21E-06"},30830,"wTHICK_Mean_superiorfrontal_thickavg || id:enigma3-withglobal-superiorfrontal-thickavg",true,"reported","MedicineITLab",2,true,0.000666893,30830,true,{"v":2.07e-5,"d":"2.07E-05"},null,0.000666893,20.57270408,25.26983511,20.57270408]
["rs10962712","A","G","A","G",0.037429262,-0.010711935,0.3636,0.909599258,false,false,false,"ebi-eas-GCST90018603",null,0.774969977,0.03747003,"Chronic sinusitis || id:ebi-eas-GCST90018603",true,"MedicineITLab","enigma3-withglobal-superiorparietal-surfavg",9,16929023,0.008211373,{"v":5.16e-6,"d":"5.16E-06"},32028,"wSA_Mean_superiorparietal_surfavg || id:enigma3-withglobal-superiorparietal-surfavg",true,"reported","MedicineITLab",2,true,0.000648346,32028,true,{"v":5.45e-5,"d":"5.45E-05"},null,0.000648346,20.77738739,25.26983511,20.77738739]
["rs1884368","T","C","T","C",0.048537706,0.048276874,0.2468,0.040885759,false,false,false,"ebi-eas-GCST90018603",null,0.423237448,0.060284508,"Chronic sinusitis || id:ebi-eas-GCST90018603",true,"MedicineITLab","enigma3-withglobal-superiorparietal-surfavg",1,61839973,0.009263982,{"v":1.61e-7,"d":"1.61E-07"},31316,"wSA_Mean_superiorparietal_surfavg || id:enigma3-withglobal-superiorparietal-surfavg",true,"reported","MedicineITLab",2,true,0.000875879,31316,true,{"v":8.35e-6,"d":"8.35E-06"},null,0.000875879,27.45130904,25.26983511,27.45130904]
["rs28661002","T","C","T","C",0.044659784,0.035202353,0.7525,0.942175109,false,false,false,"ebi-eas-GCST90018603",null,0.444844651,0.046074091,"Chronic sinusitis || id:ebi-eas-GCST90018603",true,"MedicineITLab","enigma3-withglobal-superiorparietal-surfavg",9,126335211,0.009152325,{"v":1.06e-6,"d":"1.06E-06"},32028,"wSA_Mean_superiorparietal_surfavg || id:enigma3-withglobal-superiorparietal-surfavg",true,"reported","MedicineITLab",2,true,0.000742925,32028,true,{"v":3.6e-5,"d":"3.60E-05"},null,0.000742925,23.8106035,25.26983511,23.8106035]
["rs57066736","A","G","A","G",0.055321279,0.016651148,0.1202,0.307435411,false,false,false,"ebi-eas-GCST90018603",null,0.489310762,0.024083043,"Chronic sinusitis || id:ebi-eas-GCST90018603",true,"MedicineITLab","enigma3-withglobal-superiorparietal-surfavg",4,54567251,0.012146435,{"v":5.25e-6,"d":"5.25E-06"},32028,"wSA_Mean_superiorparietal_surfavg || id:enigma3-withglobal-superiorparietal-surfavg",true,"reported","MedicineITLab",2,true,0.000647296,32028,true,0.000110981,null,0.000647296,20.7437251,25.26983511,20.7437251]
["rs72706378","T","C","T","C",0.038085791,-0.013407279,0.4331,0.501450808,false,false,false,"ebi-eas-GCST90018603",null,0.54667062,0.022243272,"Chronic sinusitis || id:ebi-eas-GCST90018603",true,"MedicineITLab","enigma3-withglobal-superiorparietal-surfavg",9,13230265,0.007971345,{"v":1.77e-6,"d":"1.77E-06"},32028,"wSA_Mean_superiorparietal_surfavg || id:enigma3-withglobal-superiorparietal-surfavg",true,"reported","MedicineITLab",2,true,0.00071228,32028,true,{"v":4.04e-5,"d":"4.04E-05"},null,0.00071228,22.82773033,25.26983511,22.82773033]
["rs7733115","T","C","T","C",-0.045505856,0.0176268,0.2293,0.346484851,false,false,false,"ebi-eas-GCST90018603",null,0.442395383,0.022946945,"Chronic sinusitis || id:ebi-eas-GCST90018603",true,"MedicineITLab","enigma3-withglobal-superiorparietal-surfavg",5,61197078,0.009424009,{"v":1.37e-6,"d":"1.37E-06"},31836,"wSA_Mean_superiorparietal_surfavg || id:enigma3-withglobal-superiorparietal-surfavg",true,"reported","MedicineITLab",2,true,0.000731904,31836,true,{"v":4.38e-5,"d":"4.38E-05"},null,0.000731904,23.31649023,25.26983511,23.31649023]
["rs1226580","T","G","T","G",-0.038515906,0.000254944,0.6603,0.666061,false,false,false,"ukb-b-69",null,0.14,0.000173916,"Non-cancer illness code, self-reported: chronic sinusitis || id:ukb-b-69",true,"igd","enigma3-withglobal-superiorparietal-surfavg",2,157164291,0.008340089,{"v":3.87e-6,"d":"3.87E-06"},32028,"wSA_Mean_superiorparietal_surfavg || id:enigma3-withglobal-superiorparietal-surfavg",true,"reported","MedicineITLab",2,true,0.000665498,32028,true,{"v":4.26e-5,"d":"4.26E-05"},null,0.000665498,21.32744818,25.26983511,21.32744818]
["rs1776723","A","G","A","G",0.039591633,{"v":2.53e-5,"d":"2.53E-05"},0.5137,0.508341,false,false,false,"ukb-b-69",null,0.88,0.000166583,"Non-cancer illness code, self-reported: chronic sinusitis || id:ukb-b-69",true,"igd","enigma3-withglobal-superiorparietal-surfavg",6,43870079,0.008516594,{"v":3.34e-6,"d":"3.34E-06"},27575,"wSA_Mean_superiorparietal_surfavg || id:enigma3-withglobal-superiorparietal-surfavg",true,"reported","MedicineITLab",2,true,0.00078316,27575,true,{"v":7.48e-6,"d":"7.48E-06"},null,0.00078316,21.61100333,25.26983511,21.61100333]
["rs4762097","A","G","A","G",-0.039995605,{"v":-3.89e-5,"d":"-3.89E-05"},0.6395,0.635386,false,false,false,"ukb-b-69",null,0.82,0.000170281,"Non-cancer illness code, self-reported: chronic sinusitis || id:ukb-b-69",true,"igd","enigma3-withglobal-superiorparietal-surfavg",12,65835548,0.008226224,{"v":1.16e-6,"d":"1.16E-06"},32028,"wSA_Mean_superiorparietal_surfavg || id:enigma3-withglobal-superiorparietal-surfavg",true,"reported","MedicineITLab",2,true,0.000737565,32028,true,{"v":3.43e-6,"d":"3.43E-06"},null,0.000737565,23.63869532,25.26983511,23.63869532]
["rs72706378","T","C","T","C",0.038085791,{"v":-2.12e-5,"d":"-2.12E-05"},0.4331,0.426833,false,false,false,"ukb-b-69",null,0.9,0.000166424,"Non-cancer illness code, self-reported: chronic sinusitis || id:ukb-b-69",true,"igd","enigma3-withglobal-superiorparietal-surfavg",9,13230265,0.007971345,{"v":1.77e-6,"d":"1.77E-06"},32028,"wSA_Mean_superiorparietal_surfavg || id:enigma3-withglobal-superiorparietal-surfavg",true,"reported","MedicineITLab",2,true,0.00071228,32028,true,{"v":4.48e-6,"d":"4.48E-06"},null,0.00071228,22.82773033,25.26983511,22.82773033]
["rs7980991","A","C","A","C",-0.055920293,{"v":-5e-5,"d":"-5.00E-05"},0.7643,0.77177,false,false,false,"ukb-b-69",null,0.8,0.000195013,"Non-cancer illness code, self-reported: chronic sinusitis || id:ukb-b-69",true,"igd","enigma3-withglobal-superiorparietal-surfavg",12,6545417,0.009792576,{"v":1.13e-8,"d":"1.13E-08"},28913,"wSA_Mean_superiorparietal_surfavg || id:enigma3-withglobal-superiorparietal-surfavg",true,"reported","MedicineITLab",2,true,0.001126659,28913,true,{"v":4.33e-8,"d":"4.33E-08"},null,0.001126659,32.60956485,25.26983511,32.60956485]
["rs114489117","A","T","A","T",-0.086271855,-0.000122152,0.105,0.10659,false,true,false,"ukb-d-J32",null,0.584353,0.000223297,"Diagnoses - main ICD10: J32 Chronic sinusitis || id:ukb-d-J32",true,"igd","enigma3-withglobal-superiorparietal-surfavg",5,92948485,0.012880227,{"v":2.11e-11,"d":"2.11E-11"},32028,"wSA_Mean_superiorparietal_surfavg || id:enigma3-withglobal-superiorparietal-surfavg",true,"reported","MedicineITLab",2,true,0.00139888,32028,true,{"v":3.81e-10,"d":"3.81E-10"},null,0.00139888,44.86330377,25.26983511,44.86330377]
["rs142794140","T","C","T","C",-0.135566623,-0.000169707,0.0194,0.0145883,false,false,false,"ukb-d-J32",null,0.769506,0.000579165,"Diagnoses - main ICD10: J32 Chronic sinusitis || id:ukb-d-J32",true,"igd","enigma3-withglobal-superiorparietal-surfavg",4,181837659,0.029805061,{"v":5.4e-6,"d":"5.40E-06"},29568,"wSA_Mean_superiorparietal_surfavg || id:enigma3-withglobal-superiorparietal-surfavg",true,"reported","MedicineITLab",2,true,0.000699245,29568,true,{"v":1.77e-5,"d":"1.77E-05"},null,0.000699245,20.68833448,25.26983511,20.68833448]
["rs146435021","C","G","C","G",-0.170736118,0.000330977,0.9864,0.9832424,false,true,false,"ukb-d-J32",null,0.548511,0.000551633,"Diagnoses - main ICD10: J32 Chronic sinusitis || id:ukb-d-J32",true,"igd","enigma3-withglobal-superiorparietal-surfavg",1,184377030,0.035878757,{"v":1.95e-6,"d":"1.95E-06"},28933,"wSA_Mean_superiorparietal_surfavg || id:enigma3-withglobal-superiorparietal-surfavg",true,"reported","MedicineITLab",2,true,0.000782119,28933,true,{"v":1.01e-5,"d":"1.01E-05"},null,0.000782119,22.64519285,25.26983511,22.64519285]
["rs35737824","T","C","T","C",-0.119301157,0.000413807,0.0325,0.03064,false,false,false,"ukb-d-J32",null,0.299194,0.000398595,"Diagnoses - main ICD10: J32 Chronic sinusitis || id:ukb-d-J32",true,"igd","enigma3-withglobal-superiorparietal-surfavg",5,79831299,0.026751424,{"v":8.21e-6,"d":"8.21E-06"},22202,"wSA_Mean_superiorparietal_surfavg || id:enigma3-withglobal-superiorparietal-surfavg",true,"reported","MedicineITLab",2,true,0.000895063,22202,true,{"v":4.54e-5,"d":"4.54E-05"},null,0.000895063,19.88820164,25.26983511,19.88820164]
["rs40084","T","C","T","C",-0.040702037,0.000142112,0.6171,0.615853,false,false,false,"ukb-d-J32",null,0.315297,0.000141521,"Diagnoses - main ICD10: J32 Chronic sinusitis || id:ukb-d-J32",true,"igd","enigma3-withglobal-superiorparietal-surfavg",5,60344744,0.00816743,{"v":6.25e-7,"d":"6.25E-07"},31699,"wSA_Mean_superiorparietal_surfavg || id:enigma3-withglobal-superiorparietal-surfavg",true,"reported","MedicineITLab",2,true,0.000782894,31699,true,{"v":7.05e-6,"d":"7.05E-06"},null,0.000782894,24.83484743,25.26983511,24.83484743]
["rs6022786","A","G","A","G",0.046597853,{"v":-8.89e-5,"d":"-8.89E-05"},0.4125,0.411575,false,false,false,"ukb-d-J32",null,0.524874,0.000139744,"Diagnoses - main ICD10: J32 Chronic sinusitis || id:ukb-d-J32",true,"igd","enigma3-withglobal-superiorparietal-surfavg",20,52447303,0.008022119,{"v":6.3e-9,"d":"6.30E-09"},32028,"wSA_Mean_superiorparietal_surfavg || id:enigma3-withglobal-superiorparietal-surfavg",true,"reported","MedicineITLab",2,true,0.001052431,32028,true,{"v":7.26e-8,"d":"7.26E-08"},null,0.001052431,33.74066534,25.26983511,33.74066534]
["rs738129","T","C","T","C",0.046277208,{"v":-7.18e-5,"d":"-7.18E-05"},0.1906,0.190442,false,false,false,"ukb-d-J32",null,0.682053,0.000175318,"Diagnoses - main ICD10: J32 Chronic sinusitis || id:ukb-d-J32",true,"igd","enigma3-withglobal-superiorparietal-surfavg",22,21971041,0.010116703,{"v":4.78e-6,"d":"4.78E-06"},31648,"wSA_Mean_superiorparietal_surfavg || id:enigma3-withglobal-superiorparietal-surfavg",true,"reported","MedicineITLab",2,true,0.00066077,31648,true,{"v":1.96e-5,"d":"1.96E-05"},null,0.00066077,20.9245577,25.26983511,20.9245577]
["rs79335077","A","G","A","G",0.072072818,-0.000105961,0.0751,0.0616912,false,false,false,"ukb-d-J32",null,0.71101,0.000285994,"Diagnoses - main ICD10: J32 Chronic sinusitis || id:ukb-d-J32",true,"igd","enigma3-withglobal-superiorparietal-surfavg",9,83461125,0.015071771,{"v":1.74e-6,"d":"1.74E-06"},31668,"wSA_Mean_superiorparietal_surfavg || id:enigma3-withglobal-superiorparietal-surfavg",true,"reported","MedicineITLab",2,true,0.000721619,31668,true,{"v":7.49e-6,"d":"7.49E-06"},null,0.000721619,22.8672763,25.26983511,22.8672763]
["rs113270900","C","G","C","G",0.042825388,-0.021,0.759,0.76,false,true,false,"ukb-saige-471",null,0.47,0.029,"Nasal polyps || id:ukb-saige-471",true,"MedicineITLab","enigma3-withglobal-superiorparietal-surfavg",3,147033897,0.009235459,{"v":3.53e-6,"d":"3.53E-06"},32028,"wSA_Mean_superiorparietal_surfavg || id:enigma3-withglobal-superiorparietal-surfavg",true,"reported","MedicineITLab",2,true,0.000670952,32028,true,{"v":2.05e-5,"d":"2.05E-05"},null,0.000670952,21.50233456,25.26983511,21.50233456]
["rs142050688","T","C","T","C",-0.146033104,0.02,0.0205,0.022,false,false,false,"ukb-saige-471",null,0.81,0.086,"Nasal polyps || id:ukb-saige-471",true,"MedicineITLab","enigma3-withglobal-superiorparietal-surfavg",6,87515005,0.02787202,{"v":1.61e-7,"d":"1.61E-07"},32028,"wSA_Mean_superiorparietal_surfavg || id:enigma3-withglobal-superiorparietal-surfavg",true,"reported","MedicineITLab",2,true,0.000856428,32028,true,{"v":6.57e-7,"d":"6.57E-07"},null,0.000856428,27.45147805,25.26983511,27.45147805]
["rs142794140","T","C","T","C",-0.135566623,-0.089,0.0194,0.015,false,false,false,"ukb-saige-471",null,0.4,0.1,"Nasal polyps || id:ukb-saige-471",true,"MedicineITLab","enigma3-withglobal-superiorparietal-surfavg",4,181837659,0.029805061,{"v":5.4e-6,"d":"5.40E-06"},29568,"wSA_Mean_superiorparietal_surfavg || id:enigma3-withglobal-superiorparietal-surfavg",true,"reported","MedicineITLab",2,true,0.000699245,29568,true,{"v":3.31e-5,"d":"3.31E-05"},null,0.000699245,20.68833448,25.26983511,20.68833448]
["rs35737824","T","C","T","C",-0.119301157,0.12,0.0325,0.031,false,false,false,"ukb-saige-471",null,0.096,0.072,"Nasal polyps || id:ukb-saige-471",true,"MedicineITLab","enigma3-withglobal-superiorparietal-surfavg",5,79831299,0.026751424,{"v":8.21e-6,"d":"8.21E-06"},22202,"wSA_Mean_superiorparietal_surfavg || id:enigma3-withglobal-superiorparietal-surfavg",true,"reported","MedicineITLab",2,true,0.000895063,22202,true,{"v":7.72e-5,"d":"7.72E-05"},null,0.000895063,19.88820164,25.26983511,19.88820164]
["rs4659762","A","G","A","G",-0.03717346,-0.033,0.3345,0.33,false,false,false,"ukb-saige-471",null,0.21,0.027,"Nasal polyps || id:ukb-saige-471",true,"MedicineITLab","enigma3-withglobal-superiorparietal-surfavg",1,237167218,0.008397184,{"v":9.56e-6,"d":"9.56E-06"},31836,"wSA_Mean_superiorparietal_surfavg || id:enigma3-withglobal-superiorparietal-surfavg",true,"reported","MedicineITLab",2,true,0.000615234,31836,true,{"v":8.74e-5,"d":"8.74E-05"},null,0.000615234,19.59740788,25.26983511,19.59740788]
["rs6554054","A","G","A","G",-0.069406534,-0.023,0.1421,0.13,false,false,false,"ukb-saige-471",null,0.53,0.037,"Nasal polyps || id:ukb-saige-471",true,"MedicineITLab","enigma3-withglobal-superiorparietal-surfavg",4,53702875,0.011310013,{"v":8.42e-10,"d":"8.42E-10"},32028,"wSA_Mean_superiorparietal_surfavg || id:enigma3-withglobal-superiorparietal-surfavg",true,"reported","MedicineITLab",2,true,0.001174523,32028,true,{"v":1.01e-8,"d":"1.01E-08"},null,0.001174523,37.65949911,25.26983511,37.65949911]
["rs79335077","A","G","A","G",0.072072818,0.12,0.0751,0.062,false,false,false,"ukb-saige-471",null,0.019,0.052,"Nasal polyps || id:ukb-saige-471",true,"MedicineITLab","enigma3-withglobal-superiorparietal-surfavg",9,83461125,0.015071771,{"v":1.74e-6,"d":"1.74E-06"},31668,"wSA_Mean_superiorparietal_surfavg || id:enigma3-withglobal-superiorparietal-surfavg",true,"reported","MedicineITLab",2,true,0.000721619,31668,true,{"v":7.19e-5,"d":"7.19E-05"},null,0.000721619,22.8672763,25.26983511,22.8672763]
["rs35288226","A","G","A","G",0.038129554,0.024949856,0.3409,0.111249253,false,false,false,"ebi-eas-GCST90018603",null,0.487698246,0.035952126,"Chronic sinusitis || id:ebi-eas-GCST90018603",true,"MedicineITLab","enigma3-withglobal-superiorparietal-thickavg",9,139345366,0.00834084,{"v":2.63e-6,"d":"2.63E-06"},31968,"wTHICK_Mean_superiorparietal_thickavg || id:enigma3-withglobal-superiorparietal-thickavg",true,"reported","MedicineITLab",2,true,0.000653329,31968,true,0.00010426,null,0.000653329,20.89795918,25.26983511,20.89795918]
["rs4900344","T","C","T","C",0.037731192,0.095714674,0.3283,0.016895939,false,false,false,"ebi-eas-GCST90018603",null,0.265159339,0.085898271,"Chronic sinusitis || id:ebi-eas-GCST90018603",true,"MedicineITLab","enigma3-withglobal-superiorparietal-thickavg",14,97236203,0.008519947,{"v":5.75e-6,"d":"5.75E-06"},31218,"wTHICK_Mean_superiorparietal_thickavg || id:enigma3-withglobal-superiorparietal-thickavg",true,"reported","MedicineITLab",2,true,0.000627881,31218,true,0.00033081,null,0.000627881,19.6122449,25.26983511,19.6122449]
["rs1452628","A","T","A","T",-0.061284277,{"v":-9.84e-5,"d":"-9.84E-05"},0.6301,0.61952,false,true,false,"ukb-b-69",null,0.56,0.000168926,"Non-cancer illness code, self-reported: chronic sinusitis || id:ukb-b-69",true,"igd","enigma3-withglobal-superiorparietal-thickavg",1,215139887,0.008171237,{"v":4.82e-13,"d":"4.82E-13"},32075,"wTHICK_Mean_superiorparietal_thickavg || id:enigma3-withglobal-superiorparietal-thickavg",true,"reported","MedicineITLab",2,true,0.001750741,32075,true,{"v":1.23e-12,"d":"1.23E-12"},null,0.001750741,56.25,25.26983511,56.25]
["rs216527","T","C","T","C",0.041075333,-0.00011482,0.627,0.618276,false,false,false,"ukb-b-69",null,0.5,0.000168585,"Non-cancer illness code, self-reported: chronic sinusitis || id:ukb-b-69",true,"igd","enigma3-withglobal-superiorparietal-thickavg",14,60649224,0.008215067,{"v":8.14e-7,"d":"8.14E-07"},31656,"wTHICK_Mean_superiorparietal_thickavg || id:enigma3-withglobal-superiorparietal-thickavg",true,"reported","MedicineITLab",2,true,0.000789166,31656,true,{"v":3.1e-6,"d":"3.10E-06"},null,0.000789166,25,25.26983511,25]
["rs10423295","T","C","T","C",-0.09376545,0.000319579,0.0465,0.0511292,false,false,false,"ukb-d-J32",null,0.31608,0.000318767,"Diagnoses - main ICD10: J32 Chronic sinusitis || id:ukb-d-J32",true,"igd","enigma3-withglobal-superiorparietal-thickavg",19,51968212,0.020715623,{"v":5.84e-6,"d":"5.84E-06"},26260,"wTHICK_Mean_superiorparietal_thickavg || id:enigma3-withglobal-superiorparietal-thickavg",true,"reported","MedicineITLab",2,true,0.000779631,26260,true,{"v":3.98e-5,"d":"3.98E-05"},null,0.000779631,20.48753463,25.26983511,20.48753463]
["rs12870174","T","C","T","C",0.047968093,0.000149004,0.1495,0.156838,false,false,false,"ukb-d-J32",null,0.431974,0.000189616,"Diagnoses - main ICD10: J32 Chronic sinusitis || id:ukb-d-J32",true,"igd","enigma3-withglobal-superiorparietal-thickavg",13,81472765,0.01106956,{"v":7.02e-6,"d":"7.02E-06"},32075,"wTHICK_Mean_superiorparietal_thickavg || id:enigma3-withglobal-superiorparietal-thickavg",true,"reported","MedicineITLab",2,true,0.000585127,32075,true,{"v":8.57e-5,"d":"8.57E-05"},null,0.000585127,18.77777778,25.26983511,18.77777778]
["rs216527","T","C","T","C",0.041075333,-0.000400629,0.627,0.619702,false,false,false,"ukb-d-J32",null,0.00468403,0.000141664,"Diagnoses - main ICD10: J32 Chronic sinusitis || id:ukb-d-J32",true,"igd","enigma3-withglobal-superiorparietal-thickavg",14,60649224,0.008215067,{"v":8.14e-7,"d":"8.14E-07"},31656,"wTHICK_Mean_superiorparietal_thickavg || id:enigma3-withglobal-superiorparietal-thickavg",true,"reported","MedicineITLab",2,true,0.000789166,31656,true,{"v":6.58e-5,"d":"6.58E-05"},null,0.000789166,25,25.26983511,25]
["rs61784835","T","C","T","C",-0.042431141,{"v":-1.12e-5,"d":"-1.12E-05"},0.3653,0.354463,false,false,false,"ukb-d-J32",null,0.938002,0.000144278,"Diagnoses - main ICD10: J32 Chronic sinusitis || id:ukb-d-J32",true,"igd","enigma3-withglobal-superiorparietal-thickavg",1,47974123,0.0082505,{"v":1.34e-7,"d":"1.34E-07"},31656,"wTHICK_Mean_superiorparietal_thickavg || id:enigma3-withglobal-superiorparietal-thickavg",true,"reported","MedicineITLab",2,true,0.000834868,31656,true,{"v":9.18e-7,"d":"9.18E-07"},null,0.000834868,26.44897959,25.26983511,26.44897959]
["rs10423295","T","C","T","C",-0.09376545,0.0085,0.0465,0.051,false,false,false,"ukb-saige-471",null,0.88,0.058,"Nasal polyps || id:ukb-saige-471",true,"MedicineITLab","enigma3-withglobal-superiorparietal-thickavg",19,51968212,0.020715623,{"v":5.84e-6,"d":"5.84E-06"},26260,"wTHICK_Mean_superiorparietal_thickavg || id:enigma3-withglobal-superiorparietal-thickavg",true,"reported","MedicineITLab",2,true,0.000779631,26260,true,{"v":1.39e-5,"d":"1.39E-05"},null,0.000779631,20.48753463,25.26983511,20.48753463]
["rs12186878","A","C","A","C",-0.049980828,-0.0032,0.1694,0.17,false,false,false,"ukb-saige-471",null,0.92,0.033,"Nasal polyps || id:ukb-saige-471",true,"MedicineITLab","enigma3-withglobal-superiorparietal-thickavg",5,92980916,0.01052228,{"v":2.31e-6,"d":"2.31E-06"},32075,"wTHICK_Mean_superiorparietal_thickavg || id:enigma3-withglobal-superiorparietal-thickavg",true,"reported","MedicineITLab",2,true,0.000702979,32075,true,{"v":5.62e-6,"d":"5.62E-06"},null,0.000702979,22.5625,25.26983511,22.5625]
["rs4821703","T","C","T","C",0.04059648,0.039,0.3002,0.29,false,false,false,"ukb-saige-471",null,0.16,0.028,"Nasal polyps || id:ukb-saige-471",true,"MedicineITLab","enigma3-withglobal-superiorparietal-thickavg",22,38136676,0.008611375,{"v":1.77e-6,"d":"1.77E-06"},32075,"wTHICK_Mean_superiorparietal_thickavg || id:enigma3-withglobal-superiorparietal-thickavg",true,"reported","MedicineITLab",2,true,0.000692455,32075,true,{"v":3.32e-5,"d":"3.32E-05"},null,0.000692455,22.2244898,25.26983511,22.2244898]
["rs4843226","T","C","T","C",0.08634209,0.039,0.6072,0.62,false,false,false,"ukb-saige-471",null,0.13,0.026,"Nasal polyps || id:ukb-saige-471",true,"MedicineITLab","enigma3-withglobal-superiorparietal-thickavg",16,87225264,0.008094571,{"v":1.93e-25,"d":"1.93E-25"},31883,"wTHICK_Mean_superiorparietal_thickavg || id:enigma3-withglobal-superiorparietal-thickavg",true,"reported","MedicineITLab",2,true,0.003556136,31883,true,{"v":7.42e-23,"d":"7.42E-23"},null,0.003556136,113.7777778,25.26983511,113.7777778]
["rs79169685","T","C","T","C",-0.184087164,-0.21,0.0133,0.013,false,false,false,"ukb-saige-471",null,0.05,0.11,"Nasal polyps || id:ukb-saige-471",true,"MedicineITLab","enigma3-withglobal-superiorparietal-thickavg",4,145973060,0.039048792,{"v":1.92e-6,"d":"1.92E-06"},24967,"wTHICK_Mean_superiorparietal_thickavg || id:enigma3-withglobal-superiorparietal-thickavg",true,"reported","MedicineITLab",2,true,0.000889434,24967,true,{"v":4.06e-5,"d":"4.06E-05"},null,0.000889434,22.2244898,25.26983511,22.2244898]
["rs12661489","T","C","T","C",0.039717016,-0.027595665,0.5556,0.196062692,false,false,false,"ebi-eas-GCST90018603",null,0.305656793,0.026938949,"Chronic sinusitis || id:ebi-eas-GCST90018603",true,"MedicineITLab","enigma3-withglobal-superiortemporal-surfavg",6,79941833,0.008171827,{"v":1.17e-6,"d":"1.17E-06"},30303,"wSA_Mean_superiortemporal_surfavg || id:enigma3-withglobal-superiortemporal-surfavg",true,"reported","MedicineITLab",2,true,0.000778968,30303,true,{"v":5.42e-5,"d":"5.42E-05"},null,0.000778968,23.6219046,25.26983511,23.6219046]
["rs389020","A","G","A","G",0.058407106,-0.008907345,0.6715,0.697142478,false,false,false,"ebi-eas-GCST90018603",null,0.700913356,0.023190908,"Chronic sinusitis || id:ebi-eas-GCST90018603",true,"MedicineITLab","enigma3-withglobal-superiortemporal-surfavg",2,150007758,0.008642488,{"v":1.4e-11,"d":"1.40E-11"},30303,"wSA_Mean_superiortemporal_surfavg || id:enigma3-withglobal-superiortemporal-surfavg",true,"reported","MedicineITLab",2,true,0.001505022,30303,true,{"v":1.63e-9,"d":"1.63E-09"},null,0.001505022,45.67240032,25.26983511,45.67240032]
["rs6588308","A","G","A","G",0.062037667,-0.009926246,0.0943,0.218035808,false,false,false,"ebi-eas-GCST90018603",null,0.706169628,0.026329192,"Chronic sinusitis || id:ebi-eas-GCST90018603",true,"MedicineITLab","enigma3-withglobal-superiortemporal-surfavg",1,68756492,0.013945716,{"v":8.65e-6,"d":"8.65E-06"},30084,"wSA_Mean_superiortemporal_surfavg || id:enigma3-withglobal-superiortemporal-surfavg",true,"reported","MedicineITLab",2,true,0.000657411,30084,true,{"v":8.74e-5,"d":"8.74E-05"},null,0.000657411,19.78924761,25.26983511,19.78924761]
["rs7601767","A","G","A","G",0.053597134,0.001259657,0.3757,0.037246063,false,false,false,"ebi-eas-GCST90018603",null,0.982314298,0.056824376,"Chronic sinusitis || id:ebi-eas-GCST90018603",true,"MedicineITLab","enigma3-withglobal-superiortemporal-surfavg",2,48277490,0.008381977,{"v":1.61e-10,"d":"1.61E-10"},30303,"wSA_Mean_superiortemporal_surfavg || id:enigma3-withglobal-superiortemporal-surfavg",true,"reported","MedicineITLab",2,true,0.001347559,30303,true,{"v":5.11e-9,"d":"5.11E-09"},null,0.001347559,40.88747088,25.26983511,40.88747088]
["rs77915478","A","T","A","T",-0.09404204,-0.086612774,0.042,0.166834725,false,true,false,"ebi-eas-GCST90018603",null,0.002540531,0.028694248,"Chronic sinusitis || id:ebi-eas-GCST90018603",true,"MedicineITLab","enigma3-withglobal-superiortemporal-surfavg",4,119874090,0.020243916,{"v":3.39e-6,"d":"3.39E-06"},30303,"wSA_Mean_superiortemporal_surfavg || id:enigma3-withglobal-superiortemporal-surfavg",true,"reported","MedicineITLab",2,true,0.000711687,30303,true,0.00238438,null,0.000711687,21.58017854,25.26983511,21.58017854]
["rs1785181","T","C","T","C",0.042156129,0.000368393,0.665,0.677655,false,false,false,"ukb-b-69",null,0.0359998,0.000175886,"Non-cancer illness code, self-reported: chronic sinusitis || id:ukb-b-69",true,"igd","enigma3-withglobal-superiortemporal-surfavg",18,13514870,0.008603027,{"v":9.58e-7,"d":"9.58E-07"},30303,"wSA_Mean_superiortemporal_surfavg || id:enigma3-withglobal-superiortemporal-surfavg",true,"reported","MedicineITLab",2,true,0.000791804,30303,true,{"v":2.36e-5,"d":"2.36E-05"},null,0.000791804,24.01147646,25.26983511,24.01147646]
["rs2180127","T","C","T","C",0.054428964,-0.000139088,0.8162,0.826901,false,false,false,"ukb-b-69",null,0.52,0.000217008,"Non-cancer illness code, self-reported: chronic sinusitis || id:ukb-b-69",true,"igd","enigma3-withglobal-superiortemporal-surfavg",6,92010010,0.010483164,{"v":2.08e-7,"d":"2.08E-07"},30303,"wSA_Mean_superiortemporal_surfavg || id:enigma3-withglobal-superiortemporal-surfavg",true,"reported","MedicineITLab",2,true,0.000888858,30303,true,{"v":1.11e-6,"d":"1.11E-06"},null,0.000888858,26.95723748,25.26983511,26.95723748]
["rs61862020","A","G","A","G",0.038521194,0.000109851,0.3202,0.32482,false,false,false,"ukb-b-69",null,0.53,0.000174897,"Non-cancer illness code, self-reported: chronic sinusitis || id:ukb-b-69",true,"igd","enigma3-withglobal-superiortemporal-surfavg",10,133235744,0.008703921,{"v":9.61e-6,"d":"9.61E-06"},30303,"wSA_Mean_superiortemporal_surfavg || id:enigma3-withglobal-superiortemporal-surfavg",true,"reported","MedicineITLab",2,true,0.000645999,30303,true,{"v":3.61e-5,"d":"3.61E-05"},null,0.000645999,19.58707374,25.26983511,19.58707374]
["rs7914304","A","G","A","G",-0.036424353,0.000109916,0.5349,0.519116,false,false,false,"ukb-b-69",null,0.5,0.000164849,"Non-cancer illness code, self-reported: chronic sinusitis || id:ukb-b-69",true,"igd","enigma3-withglobal-superiortemporal-surfavg",10,48351783,0.008141486,{"v":7.68e-6,"d":"7.68E-06"},30303,"wSA_Mean_superiortemporal_surfavg || id:enigma3-withglobal-superiortemporal-surfavg",true,"reported","MedicineITLab",2,true,0.000660135,30303,true,{"v":3.07e-5,"d":"3.07E-05"},null,0.000660135,20.01595735,25.26983511,20.01595735]
["rs9468690","A","G","A","G",-0.038734172,{"v":5.59e-5,"d":"5.59E-05"},0.389,0.385352,false,false,false,"ukb-b-69",null,0.74,0.000168449,"Non-cancer illness code, self-reported: chronic sinusitis || id:ukb-b-69",true,"igd","enigma3-withglobal-superiortemporal-surfavg",6,11239119,0.008329256,{"v":3.31e-6,"d":"3.31E-06"},30303,"wSA_Mean_superiortemporal_surfavg || id:enigma3-withglobal-superiortemporal-surfavg",true,"reported","MedicineITLab",2,true,0.000713197,30303,true,{"v":9.76e-6,"d":"9.76E-06"},null,0.000713197,21.62599827,25.26983511,21.62599827]
["rs17209296","T","C","T","C",-0.047428384,{"v":-3.33e-5,"d":"-3.33E-05"},0.7738,0.77418,false,false,false,"ukb-d-J32",null,0.839649,0.000164575,"Diagnoses - main ICD10: J32 Chronic sinusitis || id:ukb-d-J32",true,"igd","enigma3-withglobal-superiortemporal-surfavg",19,10087022,0.009817918,{"v":1.36e-6,"d":"1.36E-06"},29614,"wSA_Mean_superiortemporal_surfavg || id:enigma3-withglobal-superiortemporal-surfavg",true,"reported","MedicineITLab",2,true,0.000787459,29614,true,{"v":4.48e-6,"d":"4.48E-06"},null,0.000787459,23.33661395,25.26983511,23.33661395]
["rs389020","A","G","A","G",0.058407106,0.000159929,0.6715,0.667773,false,false,false,"ukb-d-J32",null,0.273141,0.000145939,"Diagnoses - main ICD10: J32 Chronic sinusitis || id:ukb-d-J32",true,"igd","enigma3-withglobal-superiortemporal-surfavg",2,150007758,0.008642488,{"v":1.4e-11,"d":"1.40E-11"},30303,"wSA_Mean_superiortemporal_surfavg || id:enigma3-withglobal-superiortemporal-surfavg",true,"reported","MedicineITLab",2,true,0.001505022,30303,true,{"v":6.22e-10,"d":"6.22E-10"},null,0.001505022,45.67240032,25.26983511,45.67240032]
["rs4690466","A","C","A","C",-0.050027191,0.00029375,0.2517,0.250456,false,false,false,"ukb-d-J32",null,0.0640531,0.000158628,"Diagnoses - main ICD10: J32 Chronic sinusitis || id:ukb-d-J32",true,"igd","enigma3-withglobal-superiortemporal-surfavg",4,177761366,0.009438364,{"v":1.16e-7,"d":"1.16E-07"},29774,"wSA_Mean_superiortemporal_surfavg || id:enigma3-withglobal-superiortemporal-surfavg",true,"reported","MedicineITLab",2,true,0.00094276,29774,true,{"v":4.59e-6,"d":"4.59E-06"},null,0.00094276,28.09433947,25.26983511,28.09433947]
["rs6868592","A","G","A","G",-0.039188989,0.000286983,0.3233,0.315154,false,false,false,"ukb-d-J32",null,0.0535895,0.000148685,"Diagnoses - main ICD10: J32 Chronic sinusitis || id:ukb-d-J32",true,"igd","enigma3-withglobal-superiortemporal-surfavg",5,95418321,0.008681797,{"v":6.37e-6,"d":"6.37E-06"},30303,"wSA_Mean_superiortemporal_surfavg || id:enigma3-withglobal-superiortemporal-surfavg",true,"reported","MedicineITLab",2,true,0.000671986,30303,true,0.000145749,null,0.000671986,20.3755292,25.26983511,20.3755292]
["rs7107246","A","C","A","C",-0.069701296,0.000158232,0.0899,0.0918508,false,false,false,"ukb-d-J32",null,0.507331,0.000238661,"Diagnoses - main ICD10: J32 Chronic sinusitis || id:ukb-d-J32",true,"igd","enigma3-withglobal-superiortemporal-surfavg",11,42015852,0.014195785,{"v":9.11e-7,"d":"9.11E-07"},30303,"wSA_Mean_superiortemporal_surfavg || id:enigma3-withglobal-superiortemporal-surfavg",true,"reported","MedicineITLab",2,true,0.000794988,30303,true,{"v":5.87e-6,"d":"5.87E-06"},null,0.000794988,24.10809375,25.26983511,24.10809375]
["rs7914304","A","G","A","G",-0.036424353,-0.000276432,0.5349,0.516889,false,false,false,"ukb-d-J32",null,0.0457257,0.000138359,"Diagnoses - main ICD10: J32 Chronic sinusitis || id:ukb-d-J32",true,"igd","enigma3-withglobal-superiortemporal-surfavg",10,48351783,0.008141486,{"v":7.68e-6,"d":"7.68E-06"},30303,"wSA_Mean_superiortemporal_surfavg || id:enigma3-withglobal-superiortemporal-surfavg",true,"reported","MedicineITLab",2,true,0.000660135,30303,true,0.000183341,null,0.000660135,20.01595735,25.26983511,20.01595735]
["rs1182736","T","C","T","C",-0.048961942,-0.0055,0.1731,0.17,false,false,false,"ukb-saige-471",null,0.87,0.033,"Nasal polyps || id:ukb-saige-471",true,"MedicineITLab","enigma3-withglobal-superiortemporal-surfavg",7,18738319,0.010733279,{"v":5.07e-6,"d":"5.07E-06"},30303,"wSA_Mean_superiortemporal_surfavg || id:enigma3-withglobal-superiortemporal-surfavg",true,"reported","MedicineITLab",2,true,0.000686274,30303,true,{"v":1.36e-5,"d":"1.36E-05"},null,0.000686274,20.80905906,25.26983511,20.80905906]
["rs143927182","A","C","A","C",0.067743852,0.035,0.096,0.1,false,false,false,"ukb-saige-471",null,0.4,0.041,"Nasal polyps || id:ukb-saige-471",true,"MedicineITLab","enigma3-withglobal-superiortemporal-surfavg",1,205370469,0.013783631,{"v":8.88e-7,"d":"8.88E-07"},30303,"wSA_Mean_superiortemporal_surfavg || id:enigma3-withglobal-superiortemporal-surfavg",true,"reported","MedicineITLab",2,true,0.000796543,30303,true,{"v":6.58e-6,"d":"6.58E-06"},null,0.000796543,24.15530166,25.26983511,24.15530166]
["rs389020","A","G","A","G",0.058407106,-0.056,0.6715,0.67,false,false,false,"ukb-saige-471",null,0.036,0.026,"Nasal polyps || id:ukb-saige-471",true,"MedicineITLab","enigma3-withglobal-superiortemporal-surfavg",2,150007758,0.008642488,{"v":1.4e-11,"d":"1.40E-11"},30303,"wSA_Mean_superiortemporal_surfavg || id:enigma3-withglobal-superiortemporal-surfavg",true,"reported","MedicineITLab",2,true,0.001505022,30303,true,{"v":2.95e-9,"d":"2.95E-09"},null,0.001505022,45.67240032,25.26983511,45.67240032]
["rs61803844","A","G","A","G",0.04906696,-0.027,0.2302,0.24,false,false,false,"ukb-saige-471",null,0.37,0.03,"Nasal polyps || id:ukb-saige-471",true,"MedicineITLab","enigma3-withglobal-superiortemporal-surfavg",1,160162911,0.010165852,{"v":1.39e-6,"d":"1.39E-06"},27281,"wSA_Mean_superiortemporal_surfavg || id:enigma3-withglobal-superiortemporal-surfavg",true,"reported","MedicineITLab",2,true,0.00085328,27281,true,{"v":9.1e-6,"d":"9.10E-06"},null,0.00085328,23.29650136,25.26983511,23.29650136]
["rs6868592","A","G","A","G",-0.039188989,-0.052,0.3233,0.32,false,false,false,"ukb-saige-471",null,0.055,0.027,"Nasal polyps || id:ukb-saige-471",true,"MedicineITLab","enigma3-withglobal-superiortemporal-surfavg",5,95418321,0.008681797,{"v":6.37e-6,"d":"6.37E-06"},30303,"wSA_Mean_superiortemporal_surfavg || id:enigma3-withglobal-superiortemporal-surfavg",true,"reported","MedicineITLab",2,true,0.000671986,30303,true,0.000126129,null,0.000671986,20.3755292,25.26983511,20.3755292]
["rs7874052","A","T","A","T",0.045613268,0.042,0.3365,0.34,false,true,false,"ukb-saige-471",null,0.11,0.026,"Nasal polyps || id:ukb-saige-471",true,"MedicineITLab","enigma3-withglobal-superiortemporal-surfavg",9,113340786,0.008592938,{"v":1.11e-7,"d":"1.11E-07"},30303,"wSA_Mean_superiortemporal_surfavg || id:enigma3-withglobal-superiortemporal-surfavg",true,"reported","MedicineITLab",2,true,0.000929048,30303,true,{"v":2.84e-6,"d":"2.84E-06"},null,0.000929048,28.1772751,25.26983511,28.1772751]
["rs9434608","T","C","T","C",-0.041956018,0.025,0.7056,0.7,false,false,false,"ukb-saige-471",null,0.36,0.028,"Nasal polyps || id:ukb-saige-471",true,"MedicineITLab","enigma3-withglobal-superiortemporal-surfavg",1,8185985,0.008909421,{"v":2.49e-6,"d":"2.49E-06"},30303,"wSA_Mean_superiortemporal_surfavg || id:enigma3-withglobal-superiortemporal-surfavg",true,"reported","MedicineITLab",2,true,0.000731333,30303,true,{"v":1.72e-5,"d":"1.72E-05"},null,0.000731333,22.17632527,25.26983511,22.17632527]
["rs1738052","A","G","A","G",0.038099613,-0.037304562,0.3781,0.515506489,false,false,false,"ebi-eas-GCST90018603",null,0.080714655,0.021358946,"Chronic sinusitis || id:ebi-eas-GCST90018603",true,"MedicineITLab","enigma3-withglobal-superiortemporal-thickavg",1,44694354,0.00836333,{"v":1.94e-6,"d":"1.94E-06"},30382,"wTHICK_Mean_superiortemporal_thickavg || id:enigma3-withglobal-superiortemporal-thickavg",true,"reported","MedicineITLab",2,true,0.00068265,30382,true,0.000529213,null,0.00068265,20.75308642,25.26983511,20.75308642]
["rs62515046","T","G","T","G",-0.040210246,-0.019944918,0.4527,0.180645676,false,false,false,"ebi-eas-GCST90018603",null,0.472027153,0.027732681,"Chronic sinusitis || id:ebi-eas-GCST90018603",true,"MedicineITLab","enigma3-withglobal-superiortemporal-thickavg",8,77165846,0.008224823,{"v":4.57e-7,"d":"4.57E-07"},29810,"wTHICK_Mean_superiortemporal_thickavg || id:enigma3-withglobal-superiortemporal-thickavg",true,"reported","MedicineITLab",2,true,0.000801197,29810,true,{"v":2.75e-5,"d":"2.75E-05"},null,0.000801197,23.90123457,25.26983511,23.90123457]
["rs7854371","A","G","A","G",-0.049698123,0.015280757,0.1731,0.372986375,false,false,false,"ebi-eas-GCST90018603",null,0.488202047,0.022044704,"Chronic sinusitis || id:ebi-eas-GCST90018603",true,"MedicineITLab","enigma3-withglobal-superiortemporal-thickavg",9,32111669,0.010719203,{"v":1.71e-6,"d":"1.71E-06"},30382,"wTHICK_Mean_superiortemporal_thickavg || id:enigma3-withglobal-superiortemporal-thickavg",true,"reported","MedicineITLab",2,true,0.000707066,30382,true,{"v":7.38e-5,"d":"7.38E-05"},null,0.000707066,21.49586777,25.26983511,21.49586777]
["rs1738052","A","G","A","G",0.038099613,{"v":-8.1e-5,"d":"-8.10E-05"},0.3781,0.378161,false,false,false,"ukb-b-69",null,0.630001,0.00016897,"Non-cancer illness code, self-reported: chronic sinusitis || id:ukb-b-69",true,"igd","enigma3-withglobal-superiortemporal-thickavg",1,44694354,0.00836333,{"v":1.94e-6,"d":"1.94E-06"},30382,"wTHICK_Mean_superiortemporal_thickavg || id:enigma3-withglobal-superiortemporal-thickavg",true,"reported","MedicineITLab",2,true,0.00068265,30382,true,{"v":1.76e-5,"d":"1.76E-05"},null,0.00068265,20.75308642,25.26983511,20.75308642]
["rs61784835","T","C","T","C",-0.058337091,0.000287527,0.3658,0.356597,false,false,false,"ukb-b-69",null,0.0940005,0.000171453,"Non-cancer illness code, self-reported: chronic sinusitis || id:ukb-b-69",true,"igd","enigma3-withglobal-superiortemporal-thickavg",1,47974123,0.008468287,{"v":2.97e-11,"d":"2.97E-11"},30009,"wTHICK_Mean_superiortemporal_thickavg || id:enigma3-withglobal-superiortemporal-thickavg",true,"reported","MedicineITLab",2,true,0.001579027,30009,true,{"v":3.84e-10,"d":"3.84E-10"},null,0.001579027,47.45679012,25.26983511,47.45679012]
["rs843222","A","G","A","G",0.03694384,{"v":2.99e-5,"d":"2.99E-05"},0.5773,0.587068,false,false,false,"ukb-b-69",null,0.86,0.000166042,"Non-cancer illness code, self-reported: chronic sinusitis || id:ukb-b-69",true,"igd","enigma3-withglobal-superiortemporal-thickavg",2,156449779,0.008209742,{"v":8.65e-6,"d":"8.65E-06"},30382,"wTHICK_Mean_superiortemporal_thickavg || id:enigma3-withglobal-superiortemporal-thickavg",true,"reported","MedicineITLab",2,true,0.000666113,30382,true,{"v":1.6e-5,"d":"1.60E-05"},null,0.000666113,20.25,25.26983511,20.25]
["rs1392140","A","G","A","G",-0.04043626,-0.000125476,0.7265,0.724983,false,false,false,"ukb-d-J32",null,0.416124,0.000154306,"Diagnoses - main ICD10: J32 Chronic sinusitis || id:ukb-d-J32",true,"igd","enigma3-withglobal-superiortemporal-thickavg",1,56101822,0.009098159,{"v":5.88e-6,"d":"5.88E-06"},30382,"wTHICK_Mean_superiortemporal_thickavg || id:enigma3-withglobal-superiortemporal-thickavg",true,"reported","MedicineITLab",2,true,0.000649778,30382,true,{"v":5.31e-5,"d":"5.31E-05"},null,0.000649778,19.75308642,25.26983511,19.75308642]
["rs150837669","T","C","T","C",-0.178601228,-0.000617541,0.9861,0.9870215,false,false,false,"ukb-d-J32",null,0.330971,0.000635224,"Diagnoses - main ICD10: J32 Chronic sinusitis || id:ukb-d-J32",true,"igd","enigma3-withglobal-superiortemporal-thickavg",7,44451303,0.037910638,{"v":2.67e-6,"d":"2.67E-06"},25361,"wTHICK_Mean_superiortemporal_thickavg || id:enigma3-withglobal-superiortemporal-thickavg",true,"reported","MedicineITLab",2,true,0.000874449,25361,true,{"v":1.68e-5,"d":"1.68E-05"},null,0.000874449,22.1945679,25.26983511,22.1945679]
["rs4864680","T","G","T","G",-0.04240296,-0.00014029,0.77,0.775812,false,false,false,"ukb-d-J32",null,0.394946,0.000164915,"Diagnoses - main ICD10: J32 Chronic sinusitis || id:ukb-d-J32",true,"igd","enigma3-withglobal-superiortemporal-thickavg",4,53708421,0.009637036,{"v":5.94e-6,"d":"5.94E-06"},30382,"wTHICK_Mean_superiortemporal_thickavg || id:enigma3-withglobal-superiortemporal-thickavg",true,"reported","MedicineITLab",2,true,0.000636856,30382,true,{"v":6.65e-5,"d":"6.65E-05"},null,0.000636856,19.36,25.26983511,19.36]
["rs61784835","T","C","T","C",-0.058337091,{"v":-1.12e-5,"d":"-1.12E-05"},0.3658,0.354463,false,false,false,"ukb-d-J32",null,0.938002,0.000144278,"Diagnoses - main ICD10: J32 Chronic sinusitis || id:ukb-d-J32",true,"igd","enigma3-withglobal-superiortemporal-thickavg",1,47974123,0.008468287,{"v":2.97e-11,"d":"2.97E-11"},30009,"wTHICK_Mean_superiortemporal_thickavg || id:enigma3-withglobal-superiortemporal-thickavg",true,"reported","MedicineITLab",2,true,0.001579027,30009,true,{"v":4.22e-11,"d":"4.22E-11"},null,0.001579027,47.45679012,25.26983511,47.45679012]
["rs7854371","A","G","A","G",-0.049698123,{"v":3.98e-5,"d":"3.98E-05"},0.1731,0.17245,false,false,false,"ukb-d-J32",null,0.82729,0.000182229,"Diagnoses - main ICD10: J32 Chronic sinusitis || id:ukb-d-J32",true,"igd","enigma3-withglobal-superiortemporal-thickavg",9,32111669,0.010719203,{"v":1.71e-6,"d":"1.71E-06"},30382,"wTHICK_Mean_superiortemporal_thickavg || id:enigma3-withglobal-superiortemporal-thickavg",true,"reported","MedicineITLab",2,true,0.000707066,30382,true,{"v":1.13e-5,"d":"1.13E-05"},null,0.000707066,21.49586777,25.26983511,21.49586777]
["rs1344762","T","C","T","C",0.04607638,-0.0077,0.67,0.68,false,false,false,"ukb-saige-471",null,0.77,0.027,"Nasal polyps || id:ukb-saige-471",true,"MedicineITLab","enigma3-withglobal-superiortemporal-thickavg",2,237708487,0.008823137,{"v":8.08e-8,"d":"8.08E-08"},29024,"wTHICK_Mean_superiortemporal_thickavg || id:enigma3-withglobal-superiortemporal-thickavg",true,"reported","MedicineITLab",2,true,0.000938805,29024,true,{"v":6.91e-7,"d":"6.91E-07"},null,0.000938805,27.27160494,25.26983511,27.27160494]
["rs247558","A","C","A","C",-0.063497298,-0.0058,0.9033,0.9,false,false,false,"ukb-saige-471",null,0.89,0.042,"Nasal polyps || id:ukb-saige-471",true,"MedicineITLab","enigma3-withglobal-superiortemporal-thickavg",5,88710913,0.01380376,{"v":2.53e-6,"d":"2.53E-06"},30022,"wTHICK_Mean_superiortemporal_thickavg || id:enigma3-withglobal-superiortemporal-thickavg",true,"reported","MedicineITLab",2,true,0.000704367,30022,true,{"v":1.1e-5,"d":"1.10E-05"},null,0.000704367,21.16,25.26983511,21.16]
["rs4843227","T","C","T","C",-0.048872695,0.04,0.599,0.62,false,false,false,"ukb-saige-471",null,0.12,0.026,"Nasal polyps || id:ukb-saige-471",true,"MedicineITLab","enigma3-withglobal-superiortemporal-thickavg",16,87225139,0.008299137,{"v":9.2e-10,"d":"9.20E-10"},30190,"wTHICK_Mean_superiortemporal_thickavg || id:enigma3-withglobal-superiortemporal-thickavg",true,"reported","MedicineITLab",2,true,0.00114745,30190,true,{"v":1.42e-7,"d":"1.42E-07"},null,0.00114745,34.67901235,25.26983511,34.67901235]
["rs6966919","A","G","A","G",-0.058473194,-0.088,0.8913,0.91,false,false,false,"ukb-saige-471",null,0.039,0.043,"Nasal polyps || id:ukb-saige-471",true,"MedicineITLab","enigma3-withglobal-superiortemporal-thickavg",7,98824306,0.012994043,{"v":8.29e-6,"d":"8.29E-06"},30547,"wTHICK_Mean_superiortemporal_thickavg || id:enigma3-withglobal-superiortemporal-thickavg",true,"reported","MedicineITLab",2,true,0.000662517,30547,true,0.00015374,null,0.000662517,20.25,25.26983511,20.25]
["rs7854371","A","G","A","G",-0.049698123,0.034,0.1731,0.17,false,false,false,"ukb-saige-471",null,0.31,0.033,"Nasal polyps || id:ukb-saige-471",true,"MedicineITLab","enigma3-withglobal-superiortemporal-thickavg",9,32111669,0.010719203,{"v":1.71e-6,"d":"1.71E-06"},30382,"wTHICK_Mean_superiortemporal_thickavg || id:enigma3-withglobal-superiortemporal-thickavg",true,"reported","MedicineITLab",2,true,0.000707066,30382,true,{"v":2.78e-5,"d":"2.78E-05"},null,0.000707066,21.49586777,25.26983511,21.49586777]
["rs1443168","T","C","T","C",-0.035742272,0.012112817,0.5225,0.645521693,false,false,false,"ebi-eas-GCST90018603",null,0.587299311,0.022317332,"Chronic sinusitis || id:ebi-eas-GCST90018603",true,"MedicineITLab","enigma3-withglobal-supramarginal-surfavg",4,128331996,0.007956696,{"v":7.05e-6,"d":"7.05E-06"},31637,"wSA_Mean_supramarginal_surfavg || id:enigma3-withglobal-supramarginal-surfavg",true,"reported","MedicineITLab",2,true,0.000637462,31637,true,0.000106645,null,0.000637462,20.17895871,25.26983511,20.17895871]
["rs28395235","A","T","A","T",0.047861459,0.03718344,0.6827,0.73004767,false,true,false,"ebi-eas-GCST90018603",null,0.125142032,0.024246748,"Chronic sinusitis || id:ebi-eas-GCST90018603",true,"MedicineITLab","enigma3-withglobal-supramarginal-surfavg",15,39063464,0.008537594,{"v":2.07e-8,"d":"2.07E-08"},31637,"wSA_Mean_supramarginal_surfavg || id:enigma3-withglobal-supramarginal-surfavg",true,"reported","MedicineITLab",2,true,0.000992434,31637,true,{"v":7.3e-6,"d":"7.30E-06"},null,0.000992434,31.42685389,25.26983511,31.42685389]
["rs4924345","A","C","A","C",0.194852544,0.325034184,0.9171,0.997597898,false,false,false,"ebi-eas-GCST90018603",null,0.211025959,0.259871571,"Chronic sinusitis || id:ebi-eas-GCST90018603",true,"MedicineITLab","enigma3-withglobal-supramarginal-surfavg",15,39639898,0.014376667,{"v":7.56e-42,"d":"7.56E-42"},31637,"wSA_Mean_supramarginal_surfavg || id:enigma3-withglobal-supramarginal-surfavg",true,"reported","MedicineITLab",2,true,0.005773157,31637,true,{"v":2.45e-32,"d":"2.45E-32"},null,0.005773157,183.6943239,25.26983511,183.6943239]
["rs597821","A","G","A","G",-0.052304032,-0.01022754,0.146,0.080340738,false,false,false,"ebi-eas-GCST90018603",null,0.79341368,0.039054245,"Chronic sinusitis || id:ebi-eas-GCST90018603",true,"MedicineITLab","enigma3-withglobal-supramarginal-surfavg",10,132157842,0.011551717,{"v":5.96e-6,"d":"5.96E-06"},30033,"wSA_Mean_supramarginal_surfavg || id:enigma3-withglobal-supramarginal-surfavg",true,"reported","MedicineITLab",2,true,0.000682199,30033,true,{"v":5.29e-5,"d":"5.29E-05"},null,0.000682199,20.50110332,25.26983511,20.50110332]
["rs9371585","T","C","T","C",0.037821841,-0.034862911,0.5949,0.824055278,false,false,false,"ebi-eas-GCST90018603",null,0.21608807,0.028183497,"Chronic sinusitis || id:ebi-eas-GCST90018603",true,"MedicineITLab","enigma3-withglobal-supramarginal-surfavg",6,152648145,0.008130095,{"v":3.29e-6,"d":"3.29E-06"},31369,"wSA_Mean_supramarginal_surfavg || id:enigma3-withglobal-supramarginal-surfavg",true,"reported","MedicineITLab",2,true,0.00068948,31369,true,0.000183124,null,0.00068948,21.64183453,25.26983511,21.64183453]
["rs12186804","T","C","T","C",0.047801432,0.000390671,0.8131,0.813435,false,false,false,"ukb-b-69",null,0.0669993,0.000213178,"Non-cancer illness code, self-reported: chronic sinusitis || id:ukb-b-69",true,"igd","enigma3-withglobal-supramarginal-surfavg",5,71471713,0.01019468,{"v":2.75e-6,"d":"2.75E-06"},31637,"wSA_Mean_supramarginal_surfavg || id:enigma3-withglobal-supramarginal-surfavg",true,"reported","MedicineITLab",2,true,0.000694489,31637,true,{"v":4.65e-5,"d":"4.65E-05"},null,0.000694489,21.98541293,25.26983511,21.98541293]
["rs2164950","A","G","A","G",0.098622698,{"v":7.85e-5,"d":"7.85E-05"},0.1261,0.124804,false,false,false,"ukb-b-69",null,0.75,0.000247814,"Non-cancer illness code, self-reported: chronic sinusitis || id:ukb-b-69",true,"igd","enigma3-withglobal-supramarginal-surfavg",14,59627631,0.011963181,{"v":1.67e-16,"d":"1.67E-16"},31637,"wSA_Mean_supramarginal_surfavg || id:enigma3-withglobal-supramarginal-surfavg",true,"reported","MedicineITLab",2,true,0.002143683,31637,true,{"v":2.96e-15,"d":"2.96E-15"},null,0.002143683,67.96110066,25.26983511,67.96110066]
["rs2546106","A","C","A","C",-0.036701601,{"v":3.56e-6,"d":"3.56E-06"},0.4861,0.492847,false,false,false,"ukb-b-69",null,0.98,0.000163805,"Non-cancer illness code, self-reported: chronic sinusitis || id:ukb-b-69",true,"igd","enigma3-withglobal-supramarginal-surfavg",5,112145261,0.007951568,{"v":3.92e-6,"d":"3.92E-06"},31637,"wSA_Mean_supramarginal_surfavg || id:enigma3-withglobal-supramarginal-surfavg",true,"reported","MedicineITLab",2,true,0.000672983,31637,true,{"v":8.21e-6,"d":"8.21E-06"},null,0.000672983,21.30416273,25.26983511,21.30416273]
["rs61407096","A","G","A","G",0.066927525,0.000288333,0.8547,0.856518,false,false,false,"ukb-b-69",null,0.22,0.00023706,"Non-cancer illness code, self-reported: chronic sinusitis || id:ukb-b-69",true,"igd","enigma3-withglobal-supramarginal-surfavg",4,1785791,0.012978178,{"v":2.51e-7,"d":"2.51E-07"},23879,"wSA_Mean_supramarginal_surfavg || id:enigma3-withglobal-supramarginal-surfavg",true,"reported","MedicineITLab",2,true,0.001112548,23879,true,{"v":1.95e-6,"d":"1.95E-06"},null,0.001112548,26.59390125,25.26983511,26.59390125]
["rs9934708","A","C","A","C",-0.043829124,{"v":6.44e-5,"d":"6.44E-05"},0.2159,0.222894,false,false,false,"ukb-b-69",null,0.74,0.000197844,"Non-cancer illness code, self-reported: chronic sinusitis || id:ukb-b-69",true,"igd","enigma3-withglobal-supramarginal-surfavg",16,54480038,0.009688793,{"v":6.08e-6,"d":"6.08E-06"},31445,"wSA_Mean_supramarginal_surfavg || id:enigma3-withglobal-supramarginal-surfavg",true,"reported","MedicineITLab",2,true,0.000650399,31445,true,{"v":1.75e-5,"d":"1.75E-05"},null,0.000650399,20.4637964,25.26983511,20.4637964]
["rs12186804","T","C","T","C",0.047801432,0.00017811,0.8131,0.813527,false,false,false,"ukb-d-J32",null,0.319861,0.000179051,"Diagnoses - main ICD10: J32 Chronic sinusitis || id:ukb-d-J32",true,"igd","enigma3-withglobal-supramarginal-surfavg",5,71471713,0.01019468,{"v":2.75e-6,"d":"2.75E-06"},31637,"wSA_Mean_supramarginal_surfavg || id:enigma3-withglobal-supramarginal-surfavg",true,"reported","MedicineITLab",2,true,0.000694489,31637,true,{"v":2.52e-5,"d":"2.52E-05"},null,0.000694489,21.98541293,25.26983511,21.98541293]
["rs1996991","T","C","T","C",-0.121260823,-0.000339481,0.9778,0.986538,false,false,false,"ukb-d-J32",null,0.570214,0.000597954,"Diagnoses - main ICD10: J32 Chronic sinusitis || id:ukb-d-J32",true,"igd","enigma3-withglobal-supramarginal-surfavg",7,54250014,0.026917593,{"v":6.64e-6,"d":"6.64E-06"},31772,"wSA_Mean_supramarginal_surfavg || id:enigma3-withglobal-supramarginal-surfavg",true,"reported","MedicineITLab",2,true,0.000638372,31772,true,{"v":3.22e-5,"d":"3.22E-05"},null,0.000638372,20.29404291,25.26983511,20.29404291]
["rs28421555","T","C","T","C",-0.051550435,-0.000100632,0.8292,0.828339,false,false,false,"ukb-d-J32",null,0.582966,0.000183281,"Diagnoses - main ICD10: J32 Chronic sinusitis || id:ukb-d-J32",true,"igd","enigma3-withglobal-supramarginal-surfavg",2,40474678,0.010493703,{"v":8.99e-7,"d":"8.99E-07"},32038,"wSA_Mean_supramarginal_surfavg || id:enigma3-withglobal-supramarginal-surfavg",true,"reported","MedicineITLab",2,true,0.000752735,32038,true,{"v":5.34e-6,"d":"5.34E-06"},null,0.000752735,24.13276841,25.26983511,24.13276841]
["rs4869124","T","G","T","G",-0.038734843,-0.000131417,0.3361,0.317446,false,false,false,"ukb-d-J32",null,0.375745,0.000148366,"Diagnoses - main ICD10: J32 Chronic sinusitis || id:ukb-d-J32",true,"igd","enigma3-withglobal-supramarginal-surfavg",5,92018490,0.008413371,{"v":4.15e-6,"d":"4.15E-06"},31637,"wSA_Mean_supramarginal_surfavg || id:enigma3-withglobal-supramarginal-surfavg",true,"reported","MedicineITLab",2,true,0.000669584,31637,true,{"v":3.14e-5,"d":"3.14E-05"},null,0.000669584,21.19646834,25.26983511,21.19646834]
["rs7248174","A","C","A","C",-0.067927467,{"v":8.44e-5,"d":"8.44E-05"},0.8975,0.917971,false,false,false,"ukb-d-J32",null,0.737165,0.000251403,"Diagnoses - main ICD10: J32 Chronic sinusitis || id:ukb-d-J32",true,"igd","enigma3-withglobal-supramarginal-surfavg",19,55747016,0.013899238,{"v":1.02e-6,"d":"1.02E-06"},28112,"wSA_Mean_supramarginal_surfavg || id:enigma3-withglobal-supramarginal-surfavg",true,"reported","MedicineITLab",2,true,0.000848944,28112,true,{"v":3.9e-6,"d":"3.90E-06"},null,0.000848944,23.8840985,25.26983511,23.8840985]
["rs75106871","C","G","C","G",0.095958143,0.000408292,0.0385,0.0452608,false,true,false,"ukb-d-J32",null,0.218288,0.000331649,"Diagnoses - main ICD10: J32 Chronic sinusitis || id:ukb-d-J32",true,"igd","enigma3-withglobal-supramarginal-surfavg",1,58237100,0.020836681,{"v":4.12e-6,"d":"4.12E-06"},31091,"wSA_Mean_supramarginal_surfavg || id:enigma3-withglobal-supramarginal-surfavg",true,"reported","MedicineITLab",2,true,0.000681716,31091,true,{"v":4.66e-5,"d":"4.66E-05"},null,0.000681716,21.20833618,25.26983511,21.20833618]
["rs10498973","A","G","A","G",0.062589942,-0.00075,0.0991,0.092,false,false,false,"ukb-saige-471",null,0.99,0.043,"Nasal polyps || id:ukb-saige-471",true,"MedicineITLab","enigma3-withglobal-supramarginal-surfavg",6,91978768,0.013300685,{"v":2.53e-6,"d":"2.53E-06"},31637,"wSA_Mean_supramarginal_surfavg || id:enigma3-withglobal-supramarginal-surfavg",true,"reported","MedicineITLab",2,true,0.000699503,31637,true,{"v":6.13e-6,"d":"6.13E-06"},null,0.000699503,22.14425495,25.26983511,22.14425495]
["rs17011924","A","G","A","G",0.04301202,-0.03,0.6541,0.64,false,false,false,"ukb-saige-471",null,0.24,0.026,"Nasal polyps || id:ukb-saige-471",true,"MedicineITLab","enigma3-withglobal-supramarginal-surfavg",4,87391315,0.008354527,{"v":2.63e-7,"d":"2.63E-07"},31637,"wSA_Mean_supramarginal_surfavg || id:enigma3-withglobal-supramarginal-surfavg",true,"reported","MedicineITLab",2,true,0.000837152,31637,true,{"v":3.53e-6,"d":"3.53E-06"},null,0.000837152,26.50549681,25.26983511,26.50549681]
["rs2002924","A","G","A","G",0.043302231,0.014,0.2134,0.22,false,false,false,"ukb-saige-471",null,0.64,0.03,"Nasal polyps || id:ukb-saige-471",true,"MedicineITLab","enigma3-withglobal-supramarginal-surfavg",14,59093565,0.009700412,{"v":8.05e-6,"d":"8.05E-06"},31637,"wSA_Mean_supramarginal_surfavg || id:enigma3-withglobal-supramarginal-surfavg",true,"reported","MedicineITLab",2,true,0.000629505,31637,true,{"v":3.09e-5,"d":"3.09E-05"},null,0.000629505,19.92692156,25.26983511,19.92692156]
["rs35378400","A","G","A","G",-0.048737665,0.0085,0.2644,0.27,false,false,false,"ukb-saige-471",null,0.77,0.029,"Nasal polyps || id:ukb-saige-471",true,"MedicineITLab","enigma3-withglobal-supramarginal-surfavg",8,28316133,0.009732757,{"v":5.51e-7,"d":"5.51E-07"},27116,"wSA_Mean_supramarginal_surfavg || id:enigma3-withglobal-supramarginal-surfavg",true,"reported","MedicineITLab",2,true,0.00092398,27116,true,{"v":1.86e-6,"d":"1.86E-06"},null,0.00092398,25.0759649,25.26983511,25.0759649]
["rs6568755","A","G","A","G",-0.045203412,0.036,0.1966,0.18,false,false,false,"ukb-saige-471",null,0.27,0.032,"Nasal polyps || id:ukb-saige-471",true,"MedicineITLab","enigma3-withglobal-supramarginal-surfavg",6,113423678,0.010000074,{"v":6.18e-6,"d":"6.18E-06"},31637,"wSA_Mean_supramarginal_surfavg || id:enigma3-withglobal-supramarginal-surfavg",true,"reported","MedicineITLab",2,true,0.000645487,31637,true,{"v":5.31e-5,"d":"5.31E-05"},null,0.000645487,20.43318294,25.26983511,20.43318294]
["rs724972","A","T","A","T",-0.041565883,-0.024,0.5918,0.6,false,true,false,"ukb-saige-471",null,0.34,0.025,"Nasal polyps || id:ukb-saige-471",true,"MedicineITLab","enigma3-withglobal-supramarginal-surfavg",3,89581408,0.008085293,{"v":2.73e-7,"d":"2.73E-07"},31637,"wSA_Mean_supramarginal_surfavg || id:enigma3-withglobal-supramarginal-surfavg",true,"reported","MedicineITLab",2,true,0.000834741,31637,true,{"v":2.82e-6,"d":"2.82E-06"},null,0.000834741,26.4291071,25.26983511,26.4291071]
["rs9371585","T","C","T","C",0.037821841,-0.0097,0.5949,0.59,false,false,false,"ukb-saige-471",null,0.7,0.025,"Nasal polyps || id:ukb-saige-471",true,"MedicineITLab","enigma3-withglobal-supramarginal-surfavg",6,152648145,0.008130095,{"v":3.29e-6,"d":"3.29E-06"},31369,"wSA_Mean_supramarginal_surfavg || id:enigma3-withglobal-supramarginal-surfavg",true,"reported","MedicineITLab",2,true,0.00068948,31369,true,{"v":1.24e-5,"d":"1.24E-05"},null,0.00068948,21.64183453,25.26983511,21.64183453]
["rs10065985","A","G","A","G",-0.039209707,-0.006247986,0.6592,0.505867776,false,false,false,"ebi-eas-GCST90018603",null,0.770301376,0.021398625,"Chronic sinusitis || id:ebi-eas-GCST90018603",true,"MedicineITLab","enigma3-withglobal-supramarginal-thickavg",5,64097475,0.00840208,{"v":1.66e-6,"d":"1.66E-06"},31507,"wTHICK_Mean_supramarginal_thickavg || id:enigma3-withglobal-supramarginal-thickavg",true,"reported","MedicineITLab",2,true,0.000690771,31507,true,{"v":3.5e-5,"d":"3.50E-05"},null,0.000690771,21.77777778,25.26983511,21.77777778]
["rs34644701","T","C","T","C",-0.047488544,0.122368056,0.172,0.010123574,false,false,false,"ebi-eas-GCST90018603",null,0.246062789,0.105492827,"Chronic sinusitis || id:ebi-eas-GCST90018603",true,"MedicineITLab","enigma3-withglobal-supramarginal-thickavg",14,52087184,0.01055301,{"v":2.5e-6,"d":"2.50E-06"},31507,"wTHICK_Mean_supramarginal_thickavg || id:enigma3-withglobal-supramarginal-thickavg",true,"reported","MedicineITLab",2,true,0.000642342,31507,true,0.000281751,null,0.000642342,20.25,25.26983511,20.25]
["rs11250157","A","G","A","G",0.038502546,{"v":2.16e-5,"d":"2.16E-05"},0.5095,0.502498,false,false,false,"ukb-b-69",null,0.89,0.000163666,"Non-cancer illness code, self-reported: chronic sinusitis || id:ukb-b-69",true,"igd","enigma3-withglobal-supramarginal-thickavg",8,11525435,0.007966044,{"v":9.3e-7,"d":"9.30E-07"},31507,"wTHICK_Mean_supramarginal_thickavg || id:enigma3-withglobal-supramarginal-thickavg",true,"reported","MedicineITLab",2,true,0.000740955,31507,true,{"v":3.44e-6,"d":"3.44E-06"},null,0.000740955,23.36111111,25.26983511,23.36111111]
["rs2282910","T","C","T","C",-0.04056614,-0.000203919,0.6577,0.666205,false,false,false,"ukb-b-69",null,0.24,0.00017411,"Non-cancer illness code, self-reported: chronic sinusitis || id:ukb-b-69",true,"igd","enigma3-withglobal-supramarginal-thickavg",7,28844824,0.008392994,{"v":8.31e-7,"d":"8.31E-07"},31507,"wTHICK_Mean_supramarginal_thickavg || id:enigma3-withglobal-supramarginal-thickavg",true,"reported","MedicineITLab",2,true,0.000740955,31507,true,{"v":1.18e-5,"d":"1.18E-05"},null,0.000740955,23.36111111,25.26983511,23.36111111]
["rs865010","T","C","T","C",0.041931307,{"v":-1.93e-6,"d":"-1.93E-06"},0.3071,0.297538,false,false,false,"ukb-b-69",null,0.99,0.000180446,"Non-cancer illness code, self-reported: chronic sinusitis || id:ukb-b-69",true,"igd","enigma3-withglobal-supramarginal-thickavg",3,62579596,0.008632916,{"v":2.85e-7,"d":"2.85E-07"},31507,"wTHICK_Mean_supramarginal_thickavg || id:enigma3-withglobal-supramarginal-thickavg",true,"reported","MedicineITLab",2,true,0.000748268,31507,true,{"v":2.65e-6,"d":"2.65E-06"},null,0.000748268,23.59183673,25.26983511,23.59183673]
["rs4532809","T","C","T","C",0.03832106,-0.000192847,0.3231,0.306931,false,false,false,"ukb-d-J32",null,0.196262,0.00014923,"Diagnoses - main ICD10: J32 Chronic sinusitis || id:ukb-d-J32",true,"igd","enigma3-withglobal-supramarginal-thickavg",1,162187454,0.008515791,{"v":9.65e-6,"d":"9.65E-06"},31507,"wTHICK_Mean_supramarginal_thickavg || id:enigma3-withglobal-supramarginal-thickavg",true,"reported","MedicineITLab",2,true,0.000642342,31507,true,{"v":7.84e-5,"d":"7.84E-05"},null,0.000642342,20.25,25.26983511,20.25]
["rs62395784","T","C","T","C",0.141133447,0.000768759,0.9806,0.9826422,false,false,false,"ukb-d-J32",null,0.144661,0.000527033,"Diagnoses - main ICD10: J32 Chronic sinusitis || id:ukb-d-J32",true,"igd","enigma3-withglobal-supramarginal-thickavg",6,31559546,0.03051534,{"v":5.7e-6,"d":"5.70E-06"},28206,"wTHICK_Mean_supramarginal_thickavg || id:enigma3-withglobal-supramarginal-thickavg",true,"reported","MedicineITLab",2,true,0.00075785,28206,true,{"v":4.88e-5,"d":"4.88E-05"},null,0.00075785,21.390625,25.26983511,21.390625]
["rs11250157","A","G","A","G",0.038502546,0.032,0.5095,0.5,false,false,false,"ukb-saige-471",null,0.2,0.025,"Nasal polyps || id:ukb-saige-471",true,"MedicineITLab","enigma3-withglobal-supramarginal-thickavg",8,11525435,0.007966044,{"v":9.3e-7,"d":"9.30E-07"},31507,"wTHICK_Mean_supramarginal_thickavg || id:enigma3-withglobal-supramarginal-thickavg",true,"reported","MedicineITLab",2,true,0.000740955,31507,true,{"v":1.7e-5,"d":"1.70E-05"},null,0.000740955,23.36111111,25.26983511,23.36111111]
["rs2239332","A","G","A","G",0.063504916,0.017,0.8979,0.9,false,false,false,"ukb-saige-471",null,0.69,0.042,"Nasal polyps || id:ukb-saige-471",true,"MedicineITLab","enigma3-withglobal-supramarginal-thickavg",16,22824579,0.013230191,{"v":1.71e-6,"d":"1.71E-06"},31138,"wTHICK_Mean_supramarginal_thickavg || id:enigma3-withglobal-supramarginal-thickavg",true,"reported","MedicineITLab",2,true,0.000739432,31138,true,{"v":6.47e-6,"d":"6.47E-06"},null,0.000739432,23.04,25.26983511,23.04]
["rs4777260","T","G","T","G",-0.040196279,-0.016,0.3561,0.36,false,false,false,"ukb-saige-471",null,0.56,0.026,"Nasal polyps || id:ukb-saige-471",true,"MedicineITLab","enigma3-withglobal-supramarginal-thickavg",15,70637842,0.008316472,{"v":5.91e-6,"d":"5.91E-06"},31507,"wTHICK_Mean_supramarginal_thickavg || id:enigma3-withglobal-supramarginal-thickavg",true,"reported","MedicineITLab",2,true,0.000740955,31507,true,{"v":7.38e-6,"d":"7.38E-06"},null,0.000740955,23.36111111,25.26983511,23.36111111]
["rs11799962","T","C","T","C",-0.038801404,0.005307555,0.5973,0.090819044,false,false,false,"ebi-eas-GCST90018603",null,0.886396504,0.037150745,"Chronic sinusitis || id:ebi-eas-GCST90018603",true,"MedicineITLab","enigma3-withglobal-temporalpole-surfavg",1,155121727,0.008125579,{"v":1.79e-6,"d":"1.79E-06"},31463,"wSA_Mean_temporalpole_surfavg || id:enigma3-withglobal-temporalpole-surfavg",true,"reported","MedicineITLab",2,true,0.000724268,31463,true,{"v":1.71e-5,"d":"1.71E-05"},null,0.000724268,22.80269663,25.26983511,22.80269663]
["rs160472","T","C","T","C",0.042361455,-0.015578208,0.6471,0.867144627,false,false,false,"ebi-eas-GCST90018603",null,0.61912624,0.031338867,"Chronic sinusitis || id:ebi-eas-GCST90018603",true,"MedicineITLab","enigma3-withglobal-temporalpole-surfavg",14,59115448,0.008288348,{"v":3.2e-7,"d":"3.20E-07"},31848,"wSA_Mean_temporalpole_surfavg || id:enigma3-withglobal-temporalpole-surfavg",true,"reported","MedicineITLab",2,true,0.000819586,31848,true,{"v":8.4e-6,"d":"8.40E-06"},null,0.000819586,26.12195997,25.26983511,26.12195997]
["rs6737323","T","C","T","C",-0.035475701,-0.009207115,0.4896,0.097947517,false,false,false,"ebi-eas-GCST90018603",null,0.802038657,0.036724226,"Chronic sinusitis || id:ebi-eas-GCST90018603",true,"MedicineITLab","enigma3-withglobal-temporalpole-surfavg",2,29299355,0.007969179,{"v":8.52e-6,"d":"8.52E-06"},31488,"wSA_Mean_temporalpole_surfavg || id:enigma3-withglobal-temporalpole-surfavg",true,"reported","MedicineITLab",2,true,0.00062899,31488,true,{"v":7.51e-5,"d":"7.51E-05"},null,0.00062899,19.81685744,25.26983511,19.81685744]
["rs6542443","C","G","C","G",0.047052912,-0.000423678,0.1721,0.172735,false,true,false,"ukb-b-69",null,0.0519996,0.000217617,"Non-cancer illness code, self-reported: chronic sinusitis || id:ukb-b-69",true,"igd","enigma3-withglobal-temporalpole-surfavg",2,119047595,0.010494002,{"v":7.33e-6,"d":"7.33E-06"},31848,"wSA_Mean_temporalpole_surfavg || id:enigma3-withglobal-temporalpole-surfavg",true,"reported","MedicineITLab",2,true,0.000630902,31848,true,0.000121713,null,0.000630902,20.10438208,25.26983511,20.10438208]
["rs6737323","T","C","T","C",-0.035475701,-0.000300462,0.4896,0.47552,false,false,false,"ukb-b-69",null,0.0659994,0.00016371,"Non-cancer illness code, self-reported: chronic sinusitis || id:ukb-b-69",true,"igd","enigma3-withglobal-temporalpole-surfavg",2,29299355,0.007969179,{"v":8.52e-6,"d":"8.52E-06"},31488,"wSA_Mean_temporalpole_surfavg || id:enigma3-withglobal-temporalpole-surfavg",true,"reported","MedicineITLab",2,true,0.00062899,31488,true,0.000121108,null,0.00062899,19.81685744,25.26983511,19.81685744]
["rs11856688","A","G","A","G",0.077004099,{"v":9.27e-5,"d":"9.27E-05"},0.9311,0.9285613,false,false,false,"ukb-d-J32",null,0.745441,0.000285469,"Diagnoses - main ICD10: J32 Chronic sinusitis || id:ukb-d-J32",true,"igd","enigma3-withglobal-temporalpole-surfavg",15,47540559,0.017157336,{"v":7.18e-6,"d":"7.18E-06"},26458,"wSA_Mean_temporalpole_surfavg || id:enigma3-withglobal-temporalpole-surfavg",true,"reported","MedicineITLab",2,true,0.000760805,26458,true,{"v":2.17e-5,"d":"2.17E-05"},null,0.000760805,20.14317608,25.26983511,20.14317608]
["rs142848041","A","T","A","T",-0.114763649,0.00116985,0.0292,0.0285549,false,true,false,"ukb-d-J32",null,0.00501141,0.000416865,"Diagnoses - main ICD10: J32 Chronic sinusitis || id:ukb-d-J32",true,"igd","enigma3-withglobal-temporalpole-surfavg",2,234408263,0.024995236,{"v":4.4e-6,"d":"4.40E-06"},28213,"wSA_Mean_temporalpole_surfavg || id:enigma3-withglobal-temporalpole-surfavg",true,"reported","MedicineITLab",2,true,0.000746709,28213,true,0.000246349,null,0.000746709,21.0811456,25.26983511,21.0811456]
["rs73084102","T","G","T","G",-0.09254093,-0.000121123,0.9398,0.9376249,false,false,false,"ukb-d-J32",null,0.67063,0.000284805,"Diagnoses - main ICD10: J32 Chronic sinusitis || id:ukb-d-J32",true,"igd","enigma3-withglobal-temporalpole-surfavg",3,59180083,0.017951431,{"v":2.54e-7,"d":"2.54E-07"},27400,"wSA_Mean_temporalpole_surfavg || id:enigma3-withglobal-temporalpole-surfavg",true,"reported","MedicineITLab",2,true,0.000969013,27400,true,{"v":1.2e-6,"d":"1.20E-06"},null,0.000969013,26.57477211,25.26983511,26.57477211]
["rs930145","A","G","A","G",-0.049673049,{"v":-3.7e-5,"d":"-3.70E-05"},0.839,0.841285,false,false,false,"ukb-d-J32",null,0.845136,0.000189212,"Diagnoses - main ICD10: J32 Chronic sinusitis || id:ukb-d-J32",true,"igd","enigma3-withglobal-temporalpole-surfavg",1,68629530,0.01077752,{"v":4.05e-6,"d":"4.05E-06"},31848,"wSA_Mean_temporalpole_surfavg || id:enigma3-withglobal-temporalpole-surfavg",true,"reported","MedicineITLab",2,true,0.000666591,31848,true,{"v":1.29e-5,"d":"1.29E-05"},null,0.000666591,21.24241834,25.26983511,21.24241834]
["rs112407208","T","C","T","C",0.133631702,-0.11,0.9819,0.981,false,false,false,"ukb-saige-471",null,0.24,0.091,"Nasal polyps || id:ukb-saige-471",true,"MedicineITLab","enigma3-withglobal-temporalpole-surfavg",17,5502438,0.029882399,{"v":7.75e-6,"d":"7.75E-06"},31488,"wSA_Mean_temporalpole_surfavg || id:enigma3-withglobal-temporalpole-surfavg",true,"reported","MedicineITLab",2,true,0.000634738,31488,true,{"v":7.08e-5,"d":"7.08E-05"},null,0.000634738,19.99806942,25.26983511,19.99806942]
["rs2139446","A","G","A","G",-0.046044768,0.049,0.7592,0.76,false,false,false,"ukb-saige-471",null,0.095,0.029,"Nasal polyps || id:ukb-saige-471",true,"MedicineITLab","enigma3-withglobal-temporalpole-surfavg",15,78644706,0.009263665,{"v":6.68e-7,"d":"6.68E-07"},31848,"wSA_Mean_temporalpole_surfavg || id:enigma3-withglobal-temporalpole-surfavg",true,"reported","MedicineITLab",2,true,0.000775181,31848,true,{"v":1.58e-5,"d":"1.58E-05"},null,0.000775181,24.70557317,25.26983511,24.70557317]
["rs76718054","T","C","T","C",0.140647805,-0.12,0.0224,0.02,false,false,false,"ukb-saige-471",null,0.18,0.088,"Nasal polyps || id:ukb-saige-471",true,"MedicineITLab","enigma3-withglobal-temporalpole-surfavg",7,75579715,0.031281228,{"v":6.92e-6,"d":"6.92E-06"},23316,"wSA_Mean_temporalpole_surfavg || id:enigma3-withglobal-temporalpole-surfavg",true,"reported","MedicineITLab",2,true,0.000866373,23316,true,{"v":5.22e-5,"d":"5.22E-05"},null,0.000866373,20.21614475,25.26983511,20.21614475]
["rs79777919","C","G","C","G",-0.108060901,-0.13,0.9699,0.971,false,true,false,"ukb-saige-471",null,0.089,0.077,"Nasal polyps || id:ukb-saige-471",true,"MedicineITLab","enigma3-withglobal-temporalpole-surfavg",12,109464618,0.02357606,{"v":4.57e-6,"d":"4.57E-06"},30794,"wSA_Mean_temporalpole_surfavg || id:enigma3-withglobal-temporalpole-surfavg",true,"reported","MedicineITLab",2,true,0.000681806,30794,true,{"v":7.54e-5,"d":"7.54E-05"},null,0.000681806,21.00848457,25.26983511,21.00848457]
["rs1910024","T","C","T","C",0.041807199,-0.021832446,0.288,0.146576213,false,false,false,"ebi-eas-GCST90018603",null,0.472486851,0.030388741,"Chronic sinusitis || id:ebi-eas-GCST90018603",true,"MedicineITLab","enigma3-withglobal-temporalpole-thickavg",5,55928713,0.008741505,{"v":1.45e-6,"d":"1.45E-06"},31889,"wTHICK_Mean_temporalpole_thickavg || id:enigma3-withglobal-temporalpole-thickavg",true,"reported","MedicineITLab",2,true,0.000716811,31889,true,{"v":4.82e-5,"d":"4.82E-05"},null,0.000716811,22.87334594,25.26983511,22.87334594]
["rs2922860","T","G","T","G",-0.037692045,0.041883629,0.6324,0.94306017,false,false,false,"ebi-eas-GCST90018603",null,0.3660943,0.046341008,"Chronic sinusitis || id:ebi-eas-GCST90018603",true,"MedicineITLab","enigma3-withglobal-temporalpole-thickavg",8,6439465,0.008210148,{"v":3.83e-6,"d":"3.83E-06"},31889,"wTHICK_Mean_temporalpole_thickavg || id:enigma3-withglobal-temporalpole-thickavg",true,"reported","MedicineITLab",2,true,0.000660536,31889,true,0.000137222,null,0.000660536,21.07644628,25.26983511,21.07644628]
["rs11021225","A","G","A","G",-0.036461577,0.000174657,0.4757,0.476404,false,false,false,"ukb-b-69",null,0.29,0.000163791,"Non-cancer illness code, self-reported: chronic sinusitis || id:ukb-b-69",true,"igd","enigma3-withglobal-temporalpole-thickavg",11,95314371,0.00792643,{"v":6.8e-6,"d":"6.80E-06"},31889,"wTHICK_Mean_temporalpole_thickavg || id:enigma3-withglobal-temporalpole-thickavg",true,"reported","MedicineITLab",2,true,0.000663153,31889,true,{"v":2.94e-5,"d":"2.94E-05"},null,0.000663153,21.16,25.26983511,21.16]
["rs36004933","A","G","A","G",-0.057687142,{"v":-5.21e-6,"d":"-5.21E-06"},0.8242,0.820026,false,false,false,"ukb-b-69",null,0.98,0.000214495,"Non-cancer illness code, self-reported: chronic sinusitis || id:ukb-b-69",true,"igd","enigma3-withglobal-temporalpole-thickavg",2,237506621,0.010626579,{"v":7.85e-8,"d":"7.85E-08"},30531,"wTHICK_Mean_temporalpole_thickavg || id:enigma3-withglobal-temporalpole-thickavg",true,"reported","MedicineITLab",2,true,0.000964361,30531,true,{"v":1.51e-7,"d":"1.51E-07"},null,0.000964361,29.46938776,25.26983511,29.46938776]
["rs4146557","T","C","T","C",0.042585263,{"v":1.77e-5,"d":"1.77E-05"},0.3379,0.347846,false,false,false,"ukb-b-69",null,0.92,0.000172128,"Non-cancer illness code, self-reported: chronic sinusitis || id:ukb-b-69",true,"igd","enigma3-withglobal-temporalpole-thickavg",14,38487844,0.009505639,{"v":9.18e-6,"d":"9.18E-06"},24716,"wTHICK_Mean_temporalpole_thickavg || id:enigma3-withglobal-temporalpole-thickavg",true,"reported","MedicineITLab",2,true,0.000811448,24716,true,{"v":1.42e-5,"d":"1.42E-05"},null,0.000811448,20.0704,25.26983511,20.0704]
["rs4591248","A","C","A","C",0.036829143,0.000117876,0.4857,0.492227,false,false,false,"ukb-b-69",null,0.47,0.000163824,"Non-cancer illness code, self-reported: chronic sinusitis || id:ukb-b-69",true,"igd","enigma3-withglobal-temporalpole-thickavg",18,48822483,0.007920246,{"v":5.6e-6,"d":"5.60E-06"},31889,"wTHICK_Mean_temporalpole_thickavg || id:enigma3-withglobal-temporalpole-thickavg",true,"reported","MedicineITLab",2,true,0.000677638,31889,true,{"v":1.6e-5,"d":"1.60E-05"},null,0.000677638,21.6225,25.26983511,21.6225]
["rs9462572","T","C","T","C",-0.04417225,{"v":4.88e-5,"d":"4.88E-05"},0.2502,0.253773,false,false,false,"ukb-b-69",null,0.8,0.000188547,"Non-cancer illness code, self-reported: chronic sinusitis || id:ukb-b-69",true,"igd","enigma3-withglobal-temporalpole-thickavg",6,39791764,0.009139086,{"v":1.88e-6,"d":"1.88E-06"},31889,"wTHICK_Mean_temporalpole_thickavg || id:enigma3-withglobal-temporalpole-thickavg",true,"reported","MedicineITLab",2,true,0.000732085,31889,true,{"v":4.05e-6,"d":"4.05E-06"},null,0.000732085,23.36111111,25.26983511,23.36111111]
["rs10150490","C","G","C","G",0.045000192,-0.000104124,0.1862,0.178708,false,true,false,"ukb-d-J32",null,0.573132,0.000184799,"Diagnoses - main ICD10: J32 Chronic sinusitis || id:ukb-d-J32",true,"igd","enigma3-withglobal-temporalpole-thickavg",14,72489001,0.010227316,{"v":8.52e-6,"d":"8.52E-06"},31529,"wTHICK_Mean_temporalpole_thickavg || id:enigma3-withglobal-temporalpole-thickavg",true,"reported","MedicineITLab",2,true,0.0006137,31529,true,{"v":4.92e-5,"d":"4.92E-05"},null,0.0006137,19.36,25.26983511,19.36]
["rs11021225","A","G","A","G",-0.036461577,0.000187217,0.4757,0.47766,false,false,false,"ukb-d-J32",null,0.173426,0.00013753,"Diagnoses - main ICD10: J32 Chronic sinusitis || id:ukb-d-J32",true,"igd","enigma3-withglobal-temporalpole-thickavg",11,95314371,0.00792643,{"v":6.8e-6,"d":"6.80E-06"},31889,"wTHICK_Mean_temporalpole_thickavg || id:enigma3-withglobal-temporalpole-thickavg",true,"reported","MedicineITLab",2,true,0.000663153,31889,true,{"v":5.79e-5,"d":"5.79E-05"},null,0.000663153,21.16,25.26983511,21.16]
["rs111637864","T","G","T","G",-0.047799164,{"v":8.47e-5,"d":"8.47E-05"},0.17,0.182121,false,false,false,"ukb-d-J32",null,0.636278,0.000179185,"Diagnoses - main ICD10: J32 Chronic sinusitis || id:ukb-d-J32",true,"igd","enigma3-withglobal-temporalpole-thickavg",7,45942990,0.010538398,{"v":4.55e-6,"d":"4.55E-06"},31889,"wTHICK_Mean_temporalpole_thickavg || id:enigma3-withglobal-temporalpole-thickavg",true,"reported","MedicineITLab",2,true,0.000644759,31889,true,{"v":2.52e-5,"d":"2.52E-05"},null,0.000644759,20.57270408,25.26983511,20.57270408]
["rs113981818","A","T","A","T",-0.075599875,{"v":-7.3e-5,"d":"-7.30E-05"},0.9252,0.9260918,false,true,false,"ukb-d-J32",null,0.78381,0.000266016,"Diagnoses - main ICD10: J32 Chronic sinusitis || id:ukb-d-J32",true,"igd","enigma3-withglobal-temporalpole-thickavg",12,82288913,0.015046577,{"v":3.89e-7,"d":"3.89E-07"},31889,"wTHICK_Mean_temporalpole_thickavg || id:enigma3-withglobal-temporalpole-thickavg",true,"reported","MedicineITLab",2,true,0.00079106,31889,true,{"v":2.16e-6,"d":"2.16E-06"},null,0.00079106,25.24449732,25.26983511,25.24449732]
["rs11704737","A","T","A","T",0.038399284,{"v":-8.59e-5,"d":"-8.59E-05"},0.7066,0.71829,false,true,false,"ukb-d-J32",null,0.57677,0.00015388,"Diagnoses - main ICD10: J32 Chronic sinusitis || id:ukb-d-J32",true,"igd","enigma3-withglobal-temporalpole-thickavg",22,38103545,0.008694177,{"v":6.21e-6,"d":"6.21E-06"},31889,"wTHICK_Mean_temporalpole_thickavg || id:enigma3-withglobal-temporalpole-thickavg",true,"reported","MedicineITLab",2,true,0.000611378,31889,true,{"v":4.62e-5,"d":"4.62E-05"},null,0.000611378,19.50694444,25.26983511,19.50694444]
["rs11748736","A","C","A","C",-0.075334023,{"v":-5.44e-5,"d":"-5.44E-05"},0.941,0.9417737,false,false,false,"ukb-d-J32",null,0.852893,0.000293486,"Diagnoses - main ICD10: J32 Chronic sinusitis || id:ukb-d-J32",true,"igd","enigma3-withglobal-temporalpole-thickavg",5,140703949,0.01669966,{"v":7.72e-6,"d":"7.72E-06"},32275,"wTHICK_Mean_temporalpole_thickavg || id:enigma3-withglobal-temporalpole-thickavg",true,"reported","MedicineITLab",2,true,0.000630165,32275,true,{"v":1.97e-5,"d":"1.97E-05"},null,0.000630165,20.35012346,25.26983511,20.35012346]
["rs11860417","T","C","T","C",-0.041849511,0.000146348,0.7166,0.713021,false,false,false,"ukb-d-J32",null,0.336607,0.000152305,"Diagnoses - main ICD10: J32 Chronic sinusitis || id:ukb-d-J32",true,"igd","enigma3-withglobal-temporalpole-thickavg",16,87230537,0.008810423,{"v":1.33e-6,"d":"1.33E-06"},31697,"wTHICK_Mean_temporalpole_thickavg || id:enigma3-withglobal-temporalpole-thickavg",true,"reported","MedicineITLab",2,true,0.000711357,31697,true,{"v":1.86e-5,"d":"1.86E-05"},null,0.000711357,22.5625,25.26983511,22.5625]
["rs12457891","A","T","A","T",0.041394226,{"v":-8.31e-5,"d":"-8.31E-05"},0.7406,0.734528,false,true,false,"ukb-d-J32",null,0.59348,0.00015566,"Diagnoses - main ICD10: J32 Chronic sinusitis || id:ukb-d-J32",true,"igd","enigma3-withglobal-temporalpole-thickavg",18,52025656,0.009031468,{"v":3.73e-6,"d":"3.73E-06"},31889,"wTHICK_Mean_temporalpole_thickavg || id:enigma3-withglobal-temporalpole-thickavg",true,"reported","MedicineITLab",2,true,0.00065836,31889,true,{"v":2.23e-5,"d":"2.23E-05"},null,0.00065836,21.00694444,25.26983511,21.00694444]
["rs13344413","A","G","A","G",-0.044006981,-0.000196292,0.4589,0.472914,false,false,false,"ukb-d-J32",null,0.155276,0.000138123,"Diagnoses - main ICD10: J32 Chronic sinusitis || id:ukb-d-J32",true,"igd","enigma3-withglobal-temporalpole-thickavg",19,39143289,0.007966781,{"v":3.53e-8,"d":"3.53E-08"},31697,"wTHICK_Mean_temporalpole_thickavg || id:enigma3-withglobal-temporalpole-thickavg",true,"reported","MedicineITLab",2,true,0.000961765,31697,true,{"v":9.99e-7,"d":"9.99E-07"},null,0.000961765,30.51247166,25.26983511,30.51247166]
["rs144081844","T","C","T","C",0.149639304,-0.000273534,0.0153,0.0133245,false,false,false,"ukb-d-J32",null,0.656875,0.000615747,"Diagnoses - main ICD10: J32 Chronic sinusitis || id:ukb-d-J32",true,"igd","enigma3-withglobal-temporalpole-thickavg",7,136896857,0.033440838,{"v":7.44e-6,"d":"7.44E-06"},29659,"wTHICK_Mean_temporalpole_thickavg || id:enigma3-withglobal-temporalpole-thickavg",true,"reported","MedicineITLab",2,true,0.000674709,29659,true,{"v":2.93e-5,"d":"2.93E-05"},null,0.000674709,20.02336496,25.26983511,20.02336496]
["rs149769005","A","G","A","G",0.111132353,0.000347017,0.0253,0.020088,false,false,false,"ukb-d-J32",null,0.480168,0.000491502,"Diagnoses - main ICD10: J32 Chronic sinusitis || id:ukb-d-J32",true,"igd","enigma3-withglobal-temporalpole-thickavg",3,12146130,0.025321296,{"v":9.86e-6,"d":"9.86E-06"},31606,"wTHICK_Mean_temporalpole_thickavg || id:enigma3-withglobal-temporalpole-thickavg",true,"reported","MedicineITLab",2,true,0.000609119,31606,true,{"v":6.13e-5,"d":"6.13E-05"},null,0.000609119,19.26234568,25.26983511,19.26234568]
["rs1910024","T","C","T","C",0.041807199,0.000154797,0.288,0.287537,false,false,false,"ukb-d-J32",null,0.313186,0.000153483,"Diagnoses - main ICD10: J32 Chronic sinusitis || id:ukb-d-J32",true,"igd","enigma3-withglobal-temporalpole-thickavg",5,55928713,0.008741505,{"v":1.45e-6,"d":"1.45E-06"},31889,"wTHICK_Mean_temporalpole_thickavg || id:enigma3-withglobal-temporalpole-thickavg",true,"reported","MedicineITLab",2,true,0.000716811,31889,true,{"v":1.73e-5,"d":"1.73E-05"},null,0.000716811,22.87334594,25.26983511,22.87334594]
["rs1948948","T","C","T","C",0.043721518,{"v":-1.6e-6,"d":"-1.60E-06"},0.4349,0.43973,false,false,false,"ukb-d-J32",null,0.990787,0.00013854,"Diagnoses - main ICD10: J32 Chronic sinusitis || id:ukb-d-J32",true,"igd","enigma3-withglobal-temporalpole-thickavg",16,51442679,0.007983929,{"v":4.56e-8,"d":"4.56E-08"},31889,"wTHICK_Mean_temporalpole_thickavg || id:enigma3-withglobal-temporalpole-thickavg",true,"reported","MedicineITLab",2,true,0.000939583,31889,true,{"v":1.56e-7,"d":"1.56E-07"},null,0.000939583,29.98866213,25.26983511,29.98866213]
["rs1949227","T","C","T","C",-0.069753678,-0.000263618,0.9248,0.929368,false,false,false,"ukb-d-J32",null,0.326148,0.000268477,"Diagnoses - main ICD10: J32 Chronic sinusitis || id:ukb-d-J32",true,"igd","enigma3-withglobal-temporalpole-thickavg",1,227348850,0.014920573,{"v":2.64e-6,"d":"2.64E-06"},32275,"wTHICK_Mean_temporalpole_thickavg || id:enigma3-withglobal-temporalpole-thickavg",true,"reported","MedicineITLab",2,true,0.000676753,32275,true,{"v":2.7e-5,"d":"2.70E-05"},null,0.000676753,21.855625,25.26983511,21.855625]
["rs2388447","A","C","A","C",-0.07080253,{"v":4.95e-5,"d":"4.95E-05"},0.0801,0.0763689,false,false,false,"ukb-d-J32",null,0.854522,0.000270175,"Diagnoses - main ICD10: J32 Chronic sinusitis || id:ukb-d-J32",true,"igd","enigma3-withglobal-temporalpole-thickavg",5,8445657,0.015658252,{"v":5.22e-6,"d":"5.22E-06"},27658,"wTHICK_Mean_temporalpole_thickavg || id:enigma3-withglobal-temporalpole-thickavg",true,"reported","MedicineITLab",2,true,0.000738755,27658,true,{"v":1.64e-5,"d":"1.64E-05"},null,0.000738755,20.44612476,25.26983511,20.44612476]
["rs2922860","T","G","T","G",-0.037692045,0.000267388,0.6324,0.620801,false,false,false,"ukb-d-J32",null,0.0598467,0.000142082,"Diagnoses - main ICD10: J32 Chronic sinusitis || id:ukb-d-J32",true,"igd","enigma3-withglobal-temporalpole-thickavg",8,6439465,0.008210148,{"v":3.83e-6,"d":"3.83E-06"},31889,"wTHICK_Mean_temporalpole_thickavg || id:enigma3-withglobal-temporalpole-thickavg",true,"reported","MedicineITLab",2,true,0.000660536,31889,true,0.000111447,null,0.000660536,21.07644628,25.26983511,21.07644628]
["rs36004933","A","G","A","G",-0.057687142,0.000191102,0.8242,0.820407,false,false,false,"ukb-d-J32",null,0.289606,0.000180457,"Diagnoses - main ICD10: J32 Chronic sinusitis || id:ukb-d-J32",true,"igd","enigma3-withglobal-temporalpole-thickavg",2,237506621,0.010626579,{"v":7.85e-8,"d":"7.85E-08"},30531,"wTHICK_Mean_temporalpole_thickavg || id:enigma3-withglobal-temporalpole-thickavg",true,"reported","MedicineITLab",2,true,0.000964361,30531,true,{"v":8.82e-7,"d":"8.82E-07"},null,0.000964361,29.46938776,25.26983511,29.46938776]
["rs3858678","A","T","A","T",0.04381586,{"v":9.95e-5,"d":"9.95E-05"},0.2795,0.265924,false,true,false,"ukb-d-J32",null,0.523467,0.000156011,"Diagnoses - main ICD10: J32 Chronic sinusitis || id:ukb-d-J32",true,"igd","enigma3-withglobal-temporalpole-thickavg",12,16169031,0.0089117,{"v":9.92e-7,"d":"9.92E-07"},31241,"wTHICK_Mean_temporalpole_thickavg || id:enigma3-withglobal-temporalpole-thickavg",true,"reported","MedicineITLab",2,true,0.00077323,31241,true,{"v":5.73e-6,"d":"5.73E-06"},null,0.00077323,24.17361111,25.26983511,24.17361111]
["rs4146557","T","C","T","C",0.042585263,{"v":3.45e-5,"d":"3.45E-05"},0.3379,0.349898,false,false,false,"ukb-d-J32",null,0.811215,0.00014449,"Diagnoses - main ICD10: J32 Chronic sinusitis || id:ukb-d-J32",true,"igd","enigma3-withglobal-temporalpole-thickavg",14,38487844,0.009505639,{"v":9.18e-6,"d":"9.18E-06"},24716,"wTHICK_Mean_temporalpole_thickavg || id:enigma3-withglobal-temporalpole-thickavg",true,"reported","MedicineITLab",2,true,0.000811448,24716,true,{"v":1.93e-5,"d":"1.93E-05"},null,0.000811448,20.0704,25.26983511,20.0704]
["rs4591248","A","C","A","C",0.036829143,{"v":-1.94e-5,"d":"-1.94E-05"},0.4857,0.491085,false,false,false,"ukb-d-J32",null,0.88814,0.000137686,"Diagnoses - main ICD10: J32 Chronic sinusitis || id:ukb-d-J32",true,"igd","enigma3-withglobal-temporalpole-thickavg",18,48822483,0.007920246,{"v":5.6e-6,"d":"5.60E-06"},31889,"wTHICK_Mean_temporalpole_thickavg || id:enigma3-withglobal-temporalpole-thickavg",true,"reported","MedicineITLab",2,true,0.000677638,31889,true,{"v":1e-5,"d":"1.00E-05"},null,0.000677638,21.6225,25.26983511,21.6225]
["rs523352","T","C","T","C",-0.134000483,{"v":8.51e-5,"d":"8.51E-05"},0.0246,0.023517,false,false,false,"ukb-d-J32",null,0.853259,0.000460024,"Diagnoses - main ICD10: J32 Chronic sinusitis || id:ukb-d-J32",true,"igd","enigma3-withglobal-temporalpole-thickavg",8,102578341,0.028714389,{"v":3.43e-6,"d":"3.43E-06"},25253,"wTHICK_Mean_temporalpole_thickavg || id:enigma3-withglobal-temporalpole-thickavg",true,"reported","MedicineITLab",2,true,0.000861709,25253,true,{"v":8.06e-6,"d":"8.06E-06"},null,0.000861709,21.77777778,25.26983511,21.77777778]
["rs61895095","A","C","A","C",-0.088405839,0.000198,0.95,0.95828,false,false,false,"ukb-d-J32",null,0.564186,0.000343372,"Diagnoses - main ICD10: J32 Chronic sinusitis || id:ukb-d-J32",true,"igd","enigma3-withglobal-temporalpole-thickavg",11,75298468,0.018265669,{"v":1.62e-6,"d":"1.62E-06"},31529,"wTHICK_Mean_temporalpole_thickavg || id:enigma3-withglobal-temporalpole-thickavg",true,"reported","MedicineITLab",2,true,0.000742481,31529,true,{"v":7.55e-6,"d":"7.55E-06"},null,0.000742481,23.4256,25.26983511,23.4256]
["rs72652660","T","G","T","G",0.116290964,{"v":-2.84e-5,"d":"-2.84E-05"},0.9733,0.9778307,false,false,false,"ukb-d-J32",null,0.951491,0.000466857,"Diagnoses - main ICD10: J32 Chronic sinusitis || id:ukb-d-J32",true,"igd","enigma3-withglobal-temporalpole-thickavg",8,65168348,0.024892954,{"v":2.71e-6,"d":"2.71E-06"},31030,"wTHICK_Mean_temporalpole_thickavg || id:enigma3-withglobal-temporalpole-thickavg",true,"reported","MedicineITLab",2,true,0.000702878,31030,true,{"v":7.99e-6,"d":"7.99E-06"},null,0.000702878,21.82423702,25.26983511,21.82423702]
["rs9462572","T","C","T","C",-0.04417225,-0.000138739,0.2502,0.252893,false,false,false,"ukb-d-J32",null,0.38166,0.000158588,"Diagnoses - main ICD10: J32 Chronic sinusitis || id:ukb-d-J32",true,"igd","enigma3-withglobal-temporalpole-thickavg",6,39791764,0.009139086,{"v":1.88e-6,"d":"1.88E-06"},31889,"wTHICK_Mean_temporalpole_thickavg || id:enigma3-withglobal-temporalpole-thickavg",true,"reported","MedicineITLab",2,true,0.000732085,31889,true,{"v":1.17e-5,"d":"1.17E-05"},null,0.000732085,23.36111111,25.26983511,23.36111111]
["rs10150490","C","G","C","G",0.045000192,-0.018,0.1862,0.18,false,true,false,"ukb-saige-471",null,0.6,0.034,"Nasal polyps || id:ukb-saige-471",true,"MedicineITLab","enigma3-withglobal-temporalpole-thickavg",14,72489001,0.010227316,{"v":8.52e-6,"d":"8.52E-06"},31529,"wTHICK_Mean_temporalpole_thickavg || id:enigma3-withglobal-temporalpole-thickavg",true,"reported","MedicineITLab",2,true,0.0006137,31529,true,{"v":4.33e-5,"d":"4.33E-05"},null,0.0006137,19.36,25.26983511,19.36]
["rs11021225","A","G","A","G",-0.036461577,-0.02,0.4757,0.48,false,false,false,"ukb-saige-471",null,0.42,0.025,"Nasal polyps || id:ukb-saige-471",true,"MedicineITLab","enigma3-withglobal-temporalpole-thickavg",11,95314371,0.00792643,{"v":6.8e-6,"d":"6.80E-06"},31889,"wTHICK_Mean_temporalpole_thickavg || id:enigma3-withglobal-temporalpole-thickavg",true,"reported","MedicineITLab",2,true,0.000663153,31889,true,{"v":2.62e-5,"d":"2.62E-05"},null,0.000663153,21.16,25.26983511,21.16]
["rs111637864","T","G","T","G",-0.047799164,-0.038,0.17,0.18,false,false,false,"ukb-saige-471",null,0.24,0.032,"Nasal polyps || id:ukb-saige-471",true,"MedicineITLab","enigma3-withglobal-temporalpole-thickavg",7,45942990,0.010538398,{"v":4.55e-6,"d":"4.55E-06"},31889,"wTHICK_Mean_temporalpole_thickavg || id:enigma3-withglobal-temporalpole-thickavg",true,"reported","MedicineITLab",2,true,0.000644759,31889,true,{"v":5.42e-5,"d":"5.42E-05"},null,0.000644759,20.57270408,25.26983511,20.57270408]
["rs113981818","A","T","A","T",-0.075599875,-0.021,0.9252,0.926,false,true,false,"ukb-saige-471",null,0.66,0.048,"Nasal polyps || id:ukb-saige-471",true,"MedicineITLab","enigma3-withglobal-temporalpole-thickavg",12,82288913,0.015046577,{"v":3.89e-7,"d":"3.89E-07"},31889,"wTHICK_Mean_temporalpole_thickavg || id:enigma3-withglobal-temporalpole-thickavg",true,"reported","MedicineITLab",2,true,0.00079106,31889,true,{"v":2.45e-6,"d":"2.45E-06"},null,0.00079106,25.24449732,25.26983511,25.24449732]
["rs11704737","A","T","A","T",0.038399284,-0.041,0.7066,0.72,false,true,false,"ukb-saige-471",null,0.14,0.028,"Nasal polyps || id:ukb-saige-471",true,"MedicineITLab","enigma3-withglobal-temporalpole-thickavg",22,38103545,0.008694177,{"v":6.21e-6,"d":"6.21E-06"},31889,"wTHICK_Mean_temporalpole_thickavg || id:enigma3-withglobal-temporalpole-thickavg",true,"reported","MedicineITLab",2,true,0.000611378,31889,true,0.000119873,null,0.000611378,19.50694444,25.26983511,19.50694444]
["rs11748736","A","C","A","C",-0.075334023,-0.088,0.941,0.942,false,false,false,"ukb-saige-471",null,0.099,0.053,"Nasal polyps || id:ukb-saige-471",true,"MedicineITLab","enigma3-withglobal-temporalpole-thickavg",5,140703949,0.01669966,{"v":7.72e-6,"d":"7.72E-06"},32275,"wTHICK_Mean_temporalpole_thickavg || id:enigma3-withglobal-temporalpole-thickavg",true,"reported","MedicineITLab",2,true,0.000630165,32275,true,0.000104888,null,0.000630165,20.35012346,25.26983511,20.35012346]
["rs11860417","T","C","T","C",-0.041849511,0.047,0.7166,0.71,false,false,false,"ukb-saige-471",null,0.088,0.028,"Nasal polyps || id:ukb-saige-471",true,"MedicineITLab","enigma3-withglobal-temporalpole-thickavg",16,87230537,0.008810423,{"v":1.33e-6,"d":"1.33E-06"},31697,"wTHICK_Mean_temporalpole_thickavg || id:enigma3-withglobal-temporalpole-thickavg",true,"reported","MedicineITLab",2,true,0.000711357,31697,true,{"v":3.95e-5,"d":"3.95E-05"},null,0.000711357,22.5625,25.26983511,22.5625]
["rs12457891","A","T","A","T",0.041394226,0.0028,0.7406,0.73,false,true,false,"ukb-saige-471",null,0.92,0.028,"Nasal polyps || id:ukb-saige-471",true,"MedicineITLab","enigma3-withglobal-temporalpole-thickavg",18,52025656,0.009031468,{"v":3.73e-6,"d":"3.73E-06"},31889,"wTHICK_Mean_temporalpole_thickavg || id:enigma3-withglobal-temporalpole-thickavg",true,"reported","MedicineITLab",2,true,0.00065836,31889,true,{"v":1.19e-5,"d":"1.19E-05"},null,0.00065836,21.00694444,25.26983511,21.00694444]
["rs13344413","A","G","A","G",-0.044006981,-0.021,0.4589,0.47,false,false,false,"ukb-saige-471",null,0.39,0.025,"Nasal polyps || id:ukb-saige-471",true,"MedicineITLab","enigma3-withglobal-temporalpole-thickavg",19,39143289,0.007966781,{"v":3.53e-8,"d":"3.53E-08"},31697,"wTHICK_Mean_temporalpole_thickavg || id:enigma3-withglobal-temporalpole-thickavg",true,"reported","MedicineITLab",2,true,0.000961765,31697,true,{"v":3.7e-7,"d":"3.70E-07"},null,0.000961765,30.51247166,25.26983511,30.51247166]
["rs149769005","A","G","A","G",0.111132353,0.044,0.0253,0.02,false,false,false,"ukb-saige-471",null,0.63,0.09,"Nasal polyps || id:ukb-saige-471",true,"MedicineITLab","enigma3-withglobal-temporalpole-thickavg",3,12146130,0.025321296,{"v":9.86e-6,"d":"9.86E-06"},31606,"wTHICK_Mean_temporalpole_thickavg || id:enigma3-withglobal-temporalpole-thickavg",true,"reported","MedicineITLab",2,true,0.000609119,31606,true,{"v":4.34e-5,"d":"4.34E-05"},null,0.000609119,19.26234568,25.26983511,19.26234568]
["rs1910024","T","C","T","C",0.041807199,-0.0061,0.288,0.29,false,false,false,"ukb-saige-471",null,0.82,0.028,"Nasal polyps || id:ukb-saige-471",true,"MedicineITLab","enigma3-withglobal-temporalpole-thickavg",5,55928713,0.008741505,{"v":1.45e-6,"d":"1.45E-06"},31889,"wTHICK_Mean_temporalpole_thickavg || id:enigma3-withglobal-temporalpole-thickavg",true,"reported","MedicineITLab",2,true,0.000716811,31889,true,{"v":5.64e-6,"d":"5.64E-06"},null,0.000716811,22.87334594,25.26983511,22.87334594]
["rs1948948","T","C","T","C",0.043721518,-0.026,0.4349,0.44,false,false,false,"ukb-saige-471",null,0.29,0.025,"Nasal polyps || id:ukb-saige-471",true,"MedicineITLab","enigma3-withglobal-temporalpole-thickavg",16,51442679,0.007983929,{"v":4.56e-8,"d":"4.56E-08"},31889,"wTHICK_Mean_temporalpole_thickavg || id:enigma3-withglobal-temporalpole-thickavg",true,"reported","MedicineITLab",2,true,0.000939583,31889,true,{"v":6.32e-7,"d":"6.32E-07"},null,0.000939583,29.98866213,25.26983511,29.98866213]
["rs1949227","T","C","T","C",-0.069753678,-0.029,0.9248,0.93,false,false,false,"ukb-saige-471",null,0.56,0.049,"Nasal polyps || id:ukb-saige-471",true,"MedicineITLab","enigma3-withglobal-temporalpole-thickavg",1,227348850,0.014920573,{"v":2.64e-6,"d":"2.64E-06"},32275,"wTHICK_Mean_temporalpole_thickavg || id:enigma3-withglobal-temporalpole-thickavg",true,"reported","MedicineITLab",2,true,0.000676753,32275,true,{"v":1.49e-5,"d":"1.49E-05"},null,0.000676753,21.855625,25.26983511,21.855625]
["rs2388447","A","C","A","C",-0.07080253,-0.056,0.0801,0.076,false,false,false,"ukb-saige-471",null,0.25,0.049,"Nasal polyps || id:ukb-saige-471",true,"MedicineITLab","enigma3-withglobal-temporalpole-thickavg",5,8445657,0.015658252,{"v":5.22e-6,"d":"5.22E-06"},27658,"wTHICK_Mean_temporalpole_thickavg || id:enigma3-withglobal-temporalpole-thickavg",true,"reported","MedicineITLab",2,true,0.000738755,27658,true,{"v":4.56e-5,"d":"4.56E-05"},null,0.000738755,20.44612476,25.26983511,20.44612476]
["rs2922860","T","G","T","G",-0.037692045,-0.0014,0.6324,0.62,false,false,false,"ukb-saige-471",null,0.96,0.026,"Nasal polyps || id:ukb-saige-471",true,"MedicineITLab","enigma3-withglobal-temporalpole-thickavg",8,6439465,0.008210148,{"v":3.83e-6,"d":"3.83E-06"},31889,"wTHICK_Mean_temporalpole_thickavg || id:enigma3-withglobal-temporalpole-thickavg",true,"reported","MedicineITLab",2,true,0.000660536,31889,true,{"v":1.08e-5,"d":"1.08E-05"},null,0.000660536,21.07644628,25.26983511,21.07644628]
["rs36004933","A","G","A","G",-0.057687142,0.086,0.8242,0.82,false,false,false,"ukb-saige-471",null,0.0081,0.033,"Nasal polyps || id:ukb-saige-471",true,"MedicineITLab","enigma3-withglobal-temporalpole-thickavg",2,237506621,0.010626579,{"v":7.85e-8,"d":"7.85E-08"},30531,"wTHICK_Mean_temporalpole_thickavg || id:enigma3-withglobal-temporalpole-thickavg",true,"reported","MedicineITLab",2,true,0.000964361,30531,true,{"v":5.92e-6,"d":"5.92E-06"},null,0.000964361,29.46938776,25.26983511,29.46938776]
["rs3858678","A","T","A","T",0.04381586,-0.012,0.2795,0.27,false,true,false,"ukb-saige-471",null,0.68,0.028,"Nasal polyps || id:ukb-saige-471",true,"MedicineITLab","enigma3-withglobal-temporalpole-thickavg",12,16169031,0.0089117,{"v":9.92e-7,"d":"9.92E-07"},31241,"wTHICK_Mean_temporalpole_thickavg || id:enigma3-withglobal-temporalpole-thickavg",true,"reported","MedicineITLab",2,true,0.00077323,31241,true,{"v":3.92e-6,"d":"3.92E-06"},null,0.00077323,24.17361111,25.26983511,24.17361111]
["rs4146557","T","C","T","C",0.042585263,0.029,0.3379,0.35,false,false,false,"ukb-saige-471",null,0.26,0.026,"Nasal polyps || id:ukb-saige-471",true,"MedicineITLab","enigma3-withglobal-temporalpole-thickavg",14,38487844,0.009505639,{"v":9.18e-6,"d":"9.18E-06"},24716,"wTHICK_Mean_temporalpole_thickavg || id:enigma3-withglobal-temporalpole-thickavg",true,"reported","MedicineITLab",2,true,0.000811448,24716,true,{"v":4.63e-5,"d":"4.63E-05"},null,0.000811448,20.0704,25.26983511,20.0704]
["rs4591248","A","C","A","C",0.036829143,-0.045,0.4857,0.49,false,false,false,"ukb-saige-471",null,0.069,0.025,"Nasal polyps || id:ukb-saige-471",true,"MedicineITLab","enigma3-withglobal-temporalpole-thickavg",18,48822483,0.007920246,{"v":5.6e-6,"d":"5.60E-06"},31889,"wTHICK_Mean_temporalpole_thickavg || id:enigma3-withglobal-temporalpole-thickavg",true,"reported","MedicineITLab",2,true,0.000677638,31889,true,{"v":6.93e-5,"d":"6.93E-05"},null,0.000677638,21.6225,25.26983511,21.6225]
["rs523352","T","C","T","C",-0.134000483,0.12,0.0246,0.02,false,false,false,"ukb-saige-471",null,0.17,0.084,"Nasal polyps || id:ukb-saige-471",true,"MedicineITLab","enigma3-withglobal-temporalpole-thickavg",8,102578341,0.028714389,{"v":3.43e-6,"d":"3.43E-06"},25253,"wTHICK_Mean_temporalpole_thickavg || id:enigma3-withglobal-temporalpole-thickavg",true,"reported","MedicineITLab",2,true,0.000861709,25253,true,{"v":3.02e-5,"d":"3.02E-05"},null,0.000861709,21.77777778,25.26983511,21.77777778]
["rs61895095","A","C","A","C",-0.088405839,-0.11,0.95,0.959,false,false,false,"ukb-saige-471",null,0.068,0.062,"Nasal polyps || id:ukb-saige-471",true,"MedicineITLab","enigma3-withglobal-temporalpole-thickavg",11,75298468,0.018265669,{"v":1.62e-6,"d":"1.62E-06"},31529,"wTHICK_Mean_temporalpole_thickavg || id:enigma3-withglobal-temporalpole-thickavg",true,"reported","MedicineITLab",2,true,0.000742481,31529,true,{"v":3.01e-5,"d":"3.01E-05"},null,0.000742481,23.4256,25.26983511,23.4256]
["rs72652660","T","G","T","G",0.116290964,0.093,0.9733,0.978,false,false,false,"ukb-saige-471",null,0.27,0.085,"Nasal polyps || id:ukb-saige-471",true,"MedicineITLab","enigma3-withglobal-temporalpole-thickavg",8,65168348,0.024892954,{"v":2.71e-6,"d":"2.71E-06"},31030,"wTHICK_Mean_temporalpole_thickavg || id:enigma3-withglobal-temporalpole-thickavg",true,"reported","MedicineITLab",2,true,0.000702878,31030,true,{"v":2.66e-5,"d":"2.66E-05"},null,0.000702878,21.82423702,25.26983511,21.82423702]
["rs9462572","T","C","T","C",-0.04417225,-0.043,0.2502,0.25,false,false,false,"ukb-saige-471",null,0.13,0.029,"Nasal polyps || id:ukb-saige-471",true,"MedicineITLab","enigma3-withglobal-temporalpole-thickavg",6,39791764,0.009139086,{"v":1.88e-6,"d":"1.88E-06"},31889,"wTHICK_Mean_temporalpole_thickavg || id:enigma3-withglobal-temporalpole-thickavg",true,"reported","MedicineITLab",2,true,0.000732085,31889,true,{"v":2.22e-5,"d":"2.22E-05"},null,0.000732085,23.36111111,25.26983511,23.36111111]
["rs10818910","A","G","A","G",0.039180623,-0.004110546,0.3208,0.22087034,false,false,false,"ebi-eas-GCST90018603",null,0.874431958,0.026010927,"Chronic sinusitis || id:ebi-eas-GCST90018603",true,"MedicineITLab","enigma3-withglobal-transversetemporal-surfavg",9,126800472,0.008368696,{"v":2.84e-6,"d":"2.84E-06"},32746,"wSA_Mean_transversetemporal_surfavg || id:enigma3-withglobal-transversetemporal-surfavg",true,"reported","MedicineITLab",2,true,0.000668967,32746,true,{"v":2.76e-5,"d":"2.76E-05"},null,0.000668967,21.9193192,25.26983511,21.9193192]
["rs112315969","A","T","A","T",-0.056175389,0.106720758,0.8336,0.992855513,false,true,false,"ebi-eas-GCST90018603",null,0.416717104,0.131408485,"Chronic sinusitis || id:ebi-eas-GCST90018603",true,"MedicineITLab","enigma3-withglobal-transversetemporal-surfavg",6,56713763,0.010487535,{"v":8.51e-8,"d":"8.51E-08"},32746,"wSA_Mean_transversetemporal_surfavg || id:enigma3-withglobal-transversetemporal-surfavg",true,"reported","MedicineITLab",2,true,0.000875454,32746,true,{"v":5.8e-6,"d":"5.80E-06"},null,0.000875454,28.69097456,25.26983511,28.69097456]
["rs11684511","A","G","A","G",0.063538143,0.012286316,0.3843,0.623043488,false,false,false,"ebi-eas-GCST90018603",null,0.576794112,0.022015583,"Chronic sinusitis || id:ebi-eas-GCST90018603",true,"MedicineITLab","enigma3-withglobal-transversetemporal-surfavg",2,150037201,0.008025722,{"v":2.42e-15,"d":"2.42E-15"},32746,"wSA_Mean_transversetemporal_surfavg || id:enigma3-withglobal-transversetemporal-surfavg",true,"reported","MedicineITLab",2,true,0.001910463,32746,true,{"v":3.25e-12,"d":"3.25E-12"},null,0.001910463,62.67593235,25.26983511,62.67593235]
["rs1178102","T","C","T","C",-0.05011262,0.013283651,0.1733,0.419446673,false,false,false,"ebi-eas-GCST90018603",null,0.539297909,0.021639015,"Chronic sinusitis || id:ebi-eas-GCST90018603",true,"MedicineITLab","enigma3-withglobal-transversetemporal-surfavg",7,18737866,0.010320235,{"v":1.2e-6,"d":"1.20E-06"},32746,"wSA_Mean_transversetemporal_surfavg || id:enigma3-withglobal-transversetemporal-surfavg",true,"reported","MedicineITLab",2,true,0.000719566,32746,true,{"v":3.17e-5,"d":"3.17E-05"},null,0.000719566,23.57843962,25.26983511,23.57843962]
["rs11785060","T","C","T","C",0.044693006,-0.006729108,0.3508,0.140274395,false,false,false,"ebi-eas-GCST90018603",null,0.827436518,0.030868816,"Chronic sinusitis || id:ebi-eas-GCST90018603",true,"MedicineITLab","enigma3-withglobal-transversetemporal-surfavg",8,145046662,0.008243819,{"v":5.92e-8,"d":"5.92E-08"},32278,"wSA_Mean_transversetemporal_surfavg || id:enigma3-withglobal-transversetemporal-surfavg",true,"reported","MedicineITLab",2,true,0.000909803,32278,true,{"v":1.26e-6,"d":"1.26E-06"},null,0.000909803,29.3915324,25.26983511,29.3915324]
["rs1275955","A","G","A","G",-0.035149246,0.021313437,0.5729,0.113634491,false,false,false,"ebi-eas-GCST90018603",null,0.532605111,0.034154276,"Chronic sinusitis || id:ebi-eas-GCST90018603",true,"MedicineITLab","enigma3-withglobal-transversetemporal-surfavg",2,26853746,0.007920647,{"v":9.09e-6,"d":"9.09E-06"},32554,"wSA_Mean_transversetemporal_surfavg || id:enigma3-withglobal-transversetemporal-surfavg",true,"reported","MedicineITLab",2,true,0.000604603,32554,true,0.000157349,null,0.000604603,19.69294903,25.26983511,19.69294903]
["rs13079799","A","C","A","C",-0.037091746,0.01028716,0.4077,0.630569948,false,false,false,"ebi-eas-GCST90018603",null,0.640741065,0.022044091,"Chronic sinusitis || id:ebi-eas-GCST90018603",true,"MedicineITLab","enigma3-withglobal-transversetemporal-surfavg",3,124603318,0.007949386,{"v":3.08e-6,"d":"3.08E-06"},32746,"wSA_Mean_transversetemporal_surfavg || id:enigma3-withglobal-transversetemporal-surfavg",true,"reported","MedicineITLab",2,true,0.000664457,32746,true,{"v":5.13e-5,"d":"5.13E-05"},null,0.000664457,21.77145163,25.26983511,21.77145163]
["rs151013782","A","G","A","G",0.119460338,-0.01024332,0.9767,0.987952884,false,false,false,"ebi-eas-GCST90018603",null,0.919088132,0.100837528,"Chronic sinusitis || id:ebi-eas-GCST90018603",true,"MedicineITLab","enigma3-withglobal-transversetemporal-surfavg",6,141578027,0.026787035,{"v":8.22e-6,"d":"8.22E-06"},30602,"wSA_Mean_transversetemporal_surfavg || id:enigma3-withglobal-transversetemporal-surfavg",true,"reported","MedicineITLab",2,true,0.000649523,30602,true,{"v":5.39e-5,"d":"5.39E-05"},null,0.000649523,19.88832379,25.26983511,19.88832379]
["rs16909892","T","G","T","G",-0.054790304,0.043070819,0.1117,0.103456623,false,false,false,"ebi-eas-GCST90018603",null,0.219898305,0.035108305,"Chronic sinusitis || id:ebi-eas-GCST90018603",true,"MedicineITLab","enigma3-withglobal-transversetemporal-surfavg",9,98227810,0.01240176,{"v":9.97e-6,"d":"9.97E-06"},32746,"wSA_Mean_transversetemporal_surfavg || id:enigma3-withglobal-transversetemporal-surfavg",true,"reported","MedicineITLab",2,true,0.000595731,32746,true,0.000451377,null,0.000595731,19.51824578,25.26983511,19.51824578]
["rs2033939","A","G","A","G",-0.078451896,-0.320650756,0.0826,0.001901552,false,false,false,"ebi-eas-GCST90018603",null,0.213948438,0.258010607,"Chronic sinusitis || id:ebi-eas-GCST90018603",true,"MedicineITLab","enigma3-withglobal-transversetemporal-surfavg",15,39633904,0.014188847,{"v":3.22e-8,"d":"3.22E-08"},32746,"wSA_Mean_transversetemporal_surfavg || id:enigma3-withglobal-transversetemporal-surfavg",true,"reported","MedicineITLab",2,true,0.000932772,32746,true,{"v":6.43e-6,"d":"6.43E-06"},null,0.000932772,30.57121419,25.26983511,30.57121419]
["rs2409691","T","C","T","C",0.043675926,-0.044206606,0.483,0.030959435,false,false,false,"ebi-eas-GCST90018603",null,0.470718753,0.061286549,"Chronic sinusitis || id:ebi-eas-GCST90018603",true,"MedicineITLab","enigma3-withglobal-transversetemporal-surfavg",8,10943276,0.007816158,{"v":2.3e-8,"d":"2.30E-08"},32746,"wSA_Mean_transversetemporal_surfavg || id:enigma3-withglobal-transversetemporal-surfavg",true,"reported","MedicineITLab",2,true,0.000952691,32746,true,{"v":1.74e-6,"d":"1.74E-06"},null,0.000952691,31.22465086,25.26983511,31.22465086]
["rs2548226","T","C","T","C",0.041566412,-0.040283958,0.4135,0.297093684,false,false,false,"ebi-eas-GCST90018603",null,0.084442378,0.023346626,"Chronic sinusitis || id:ebi-eas-GCST90018603",true,"MedicineITLab","enigma3-withglobal-transversetemporal-surfavg",5,96275186,0.007931682,{"v":1.6e-7,"d":"1.60E-07"},32746,"wSA_Mean_transversetemporal_surfavg || id:enigma3-withglobal-transversetemporal-surfavg",true,"reported","MedicineITLab",2,true,0.000838028,32746,true,{"v":5.15e-5,"d":"5.15E-05"},null,0.000838028,27.46340786,25.26983511,27.46340786]
["rs2959112","T","C","T","C",-0.036994597,0.021306505,0.3767,0.352073667,false,false,false,"ebi-eas-GCST90018603",null,0.340777363,0.022365972,"Chronic sinusitis || id:ebi-eas-GCST90018603",true,"MedicineITLab","enigma3-withglobal-transversetemporal-surfavg",11,28944386,0.008061821,{"v":4.46e-6,"d":"4.46E-06"},32746,"wSA_Mean_transversetemporal_surfavg || id:enigma3-withglobal-transversetemporal-surfavg",true,"reported","MedicineITLab",2,true,0.000642687,32746,true,0.000158466,null,0.000642687,21.05766788,25.26983511,21.05766788]
["rs4312310","C","G","C","G",-0.072004545,-0.005809338,0.0708,0.266508834,false,true,false,"ebi-eas-GCST90018603",null,0.813970845,0.024688385,"Chronic sinusitis || id:ebi-eas-GCST90018603",true,"MedicineITLab","enigma3-withglobal-transversetemporal-surfavg",16,87210363,0.015402897,{"v":2.94e-6,"d":"2.94E-06"},32015,"wSA_Mean_transversetemporal_surfavg || id:enigma3-withglobal-transversetemporal-surfavg",true,"reported","MedicineITLab",2,true,0.000682169,32015,true,{"v":3.14e-5,"d":"3.14E-05"},null,0.000682169,21.8531986,25.26983511,21.8531986]
["rs4706391","A","T","A","T",-0.065409238,0.015444264,0.182,0.242920053,false,true,false,"ebi-eas-GCST90018603",null,0.535295792,0.024912422,"Chronic sinusitis || id:ebi-eas-GCST90018603",true,"MedicineITLab","enigma3-withglobal-transversetemporal-surfavg",6,92009564,0.010121153,{"v":1.03e-10,"d":"1.03E-10"},32746,"wSA_Mean_transversetemporal_surfavg || id:enigma3-withglobal-transversetemporal-surfavg",true,"reported","MedicineITLab",2,true,0.001273893,32746,true,{"v":1.92e-8,"d":"1.92E-08"},null,0.001273893,41.76554862,25.26983511,41.76554862]
["rs58220457","T","C","T","C",-0.040746087,-0.003901688,0.7462,0.664417971,false,false,false,"ebi-eas-GCST90018603",null,0.863424681,0.022682078,"Chronic sinusitis || id:ebi-eas-GCST90018603",true,"MedicineITLab","enigma3-withglobal-transversetemporal-surfavg",18,26672772,0.008976543,{"v":5.64e-6,"d":"5.64E-06"},32746,"wSA_Mean_transversetemporal_surfavg || id:enigma3-withglobal-transversetemporal-surfavg",true,"reported","MedicineITLab",2,true,0.000628852,32746,true,{"v":4.98e-5,"d":"4.98E-05"},null,0.000628852,20.60409723,25.26983511,20.60409723]
["rs6110212","T","G","T","G",0.047464413,-0.014734966,0.1624,0.360367136,false,false,false,"ebi-eas-GCST90018603",null,0.512733344,0.022510307,"Chronic sinusitis || id:ebi-eas-GCST90018603",true,"MedicineITLab","enigma3-withglobal-transversetemporal-surfavg",20,14227633,0.010686328,{"v":8.94e-6,"d":"8.94E-06"},32170,"wSA_Mean_transversetemporal_surfavg || id:enigma3-withglobal-transversetemporal-surfavg",true,"reported","MedicineITLab",2,true,0.000612899,32170,true,0.00015968,null,0.000612899,19.72782637,25.26983511,19.72782637]
["rs62180561","A","C","A","C",-0.040699405,-0.007650285,0.2582,0.304522069,false,false,false,"ebi-eas-GCST90018603",null,0.743641212,0.023392846,"Chronic sinusitis || id:ebi-eas-GCST90018603",true,"MedicineITLab","enigma3-withglobal-transversetemporal-surfavg",2,222302800,0.009116974,{"v":8.03e-6,"d":"8.03E-06"},31389,"wSA_Mean_transversetemporal_surfavg || id:enigma3-withglobal-transversetemporal-surfavg",true,"reported","MedicineITLab",2,true,0.000634526,31389,true,{"v":8.12e-5,"d":"8.12E-05"},null,0.000634526,19.92850149,25.26983511,19.92850149]
["rs7610812","T","G","T","G",-0.039360167,-0.005769823,0.2698,0.049459063,false,false,false,"ebi-eas-GCST90018603",null,0.907341554,0.049572157,"Chronic sinusitis || id:ebi-eas-GCST90018603",true,"MedicineITLab","enigma3-withglobal-transversetemporal-surfavg",3,89544397,0.008801256,{"v":7.76e-6,"d":"7.76E-06"},32746,"wSA_Mean_transversetemporal_surfavg || id:enigma3-withglobal-transversetemporal-surfavg",true,"reported","MedicineITLab",2,true,0.000610418,32746,true,{"v":5.85e-5,"d":"5.85E-05"},null,0.000610418,19.99974916,25.26983511,19.99974916]
["rs949279","A","G","A","G",0.041630893,-0.062989346,0.3295,0.055081171,false,false,false,"ebi-eas-GCST90018603",null,0.187888256,0.047833278,"Chronic sinusitis || id:ebi-eas-GCST90018603",true,"MedicineITLab","enigma3-withglobal-transversetemporal-surfavg",11,111072779,0.008310472,{"v":5.46e-7,"d":"5.46E-07"},32746,"wSA_Mean_transversetemporal_surfavg || id:enigma3-withglobal-transversetemporal-surfavg",true,"reported","MedicineITLab",2,true,0.0007658,32746,true,{"v":6.11e-5,"d":"6.11E-05"},null,0.0007658,25.09458894,25.26983511,25.09458894]
["rs976423","A","T","A","T",-0.043566909,0.011355538,0.2302,0.358965385,false,true,false,"ebi-eas-GCST90018603",null,0.61085108,0.022315687,"Chronic sinusitis || id:ebi-eas-GCST90018603",true,"MedicineITLab","enigma3-withglobal-transversetemporal-surfavg",8,120587502,0.009279646,{"v":2.67e-6,"d":"2.67E-06"},32746,"wSA_Mean_transversetemporal_surfavg || id:enigma3-withglobal-transversetemporal-surfavg",true,"reported","MedicineITLab",2,true,0.000672708,32746,true,{"v":4.94e-5,"d":"4.94E-05"},null,0.000672708,22.04198488,25.26983511,22.04198488]
["rs9844184","A","G","A","G",-0.046449951,0.024951179,0.7577,0.666920649,false,false,false,"ebi-eas-GCST90018603",null,0.269867633,0.022613663,"Chronic sinusitis || id:ebi-eas-GCST90018603",true,"MedicineITLab","enigma3-withglobal-transversetemporal-surfavg",3,150132039,0.009116365,{"v":3.49e-7,"d":"3.49E-07"},32746,"wSA_Mean_transversetemporal_surfavg || id:enigma3-withglobal-transversetemporal-surfavg",true,"reported","MedicineITLab",2,true,0.00079223,32746,true,{"v":2.98e-5,"d":"2.98E-05"},null,0.00079223,25.96134303,25.26983511,25.96134303]
["rs9907611","A","G","A","G",-0.038396704,0.018209396,0.6724,0.745286738,false,false,false,"ebi-eas-GCST90018603",null,0.457207519,0.024493006,"Chronic sinusitis || id:ebi-eas-GCST90018603",true,"MedicineITLab","enigma3-withglobal-transversetemporal-surfavg",17,11625791,0.008323237,{"v":3.96e-6,"d":"3.96E-06"},32746,"wSA_Mean_transversetemporal_surfavg || id:enigma3-withglobal-transversetemporal-surfavg",true,"reported","MedicineITLab",2,true,0.000649515,32746,true,0.000101714,null,0.000649515,21.28155674,25.26983511,21.28155674]
["rs10818910","A","G","A","G",0.039180623,{"v":9.15e-5,"d":"9.15E-05"},0.3208,0.317512,false,false,false,"ukb-b-69",null,0.61,0.000177378,"Non-cancer illness code, self-reported: chronic sinusitis || id:ukb-b-69",true,"igd","enigma3-withglobal-transversetemporal-surfavg",9,126800472,0.008368696,{"v":2.84e-6,"d":"2.84E-06"},32746,"wSA_Mean_transversetemporal_surfavg || id:enigma3-withglobal-transversetemporal-surfavg",true,"reported","MedicineITLab",2,true,0.000668967,32746,true,{"v":1.13e-5,"d":"1.13E-05"},null,0.000668967,21.9193192,25.26983511,21.9193192]
["rs112145243","T","C","T","C",-0.050204452,{"v":5.58e-5,"d":"5.58E-05"},0.1866,0.190632,false,false,false,"ukb-b-69",null,0.79,0.000209236,"Non-cancer illness code, self-reported: chronic sinusitis || id:ukb-b-69",true,"igd","enigma3-withglobal-transversetemporal-surfavg",22,22604916,0.010475258,{"v":1.65e-6,"d":"1.65E-06"},30000,"wSA_Mean_transversetemporal_surfavg || id:enigma3-withglobal-transversetemporal-surfavg",true,"reported","MedicineITLab",2,true,0.000765121,30000,true,{"v":4.69e-6,"d":"4.69E-06"},null,0.000765121,22.96968174,25.26983511,22.96968174]
["rs112315969","A","T","A","T",-0.056175389,{"v":9.38e-5,"d":"9.38E-05"},0.8336,0.816708,false,true,false,"ukb-b-69",null,0.66,0.000211862,"Non-cancer illness code, self-reported: chronic sinusitis || id:ukb-b-69",true,"igd","enigma3-withglobal-transversetemporal-surfavg",6,56713763,0.010487535,{"v":8.51e-8,"d":"8.51E-08"},32746,"wSA_Mean_transversetemporal_surfavg || id:enigma3-withglobal-transversetemporal-surfavg",true,"reported","MedicineITLab",2,true,0.000875454,32746,true,{"v":4.15e-7,"d":"4.15E-07"},null,0.000875454,28.69097456,25.26983511,28.69097456]
["rs11684511","A","G","A","G",0.063538143,{"v":5.39e-5,"d":"5.39E-05"},0.3843,0.375733,false,false,false,"ukb-b-69",null,0.75,0.000169252,"Non-cancer illness code, self-reported: chronic sinusitis || id:ukb-b-69",true,"igd","enigma3-withglobal-transversetemporal-surfavg",2,150037201,0.008025722,{"v":2.42e-15,"d":"2.42E-15"},32746,"wSA_Mean_transversetemporal_surfavg || id:enigma3-withglobal-transversetemporal-surfavg",true,"reported","MedicineITLab",2,true,0.001910463,32746,true,{"v":3.84e-14,"d":"3.84E-14"},null,0.001910463,62.67593235,25.26983511,62.67593235]
["rs1178102","T","C","T","C",-0.05011262,-0.000120555,0.1733,0.172414,false,false,false,"ukb-b-69",null,0.58,0.000217373,"Non-cancer illness code, self-reported: chronic sinusitis || id:ukb-b-69",true,"igd","enigma3-withglobal-transversetemporal-surfavg",7,18737866,0.010320235,{"v":1.2e-6,"d":"1.20E-06"},32746,"wSA_Mean_transversetemporal_surfavg || id:enigma3-withglobal-transversetemporal-surfavg",true,"reported","MedicineITLab",2,true,0.000719566,32746,true,{"v":5.38e-6,"d":"5.38E-06"},null,0.000719566,23.57843962,25.26983511,23.57843962]
["rs11785060","T","C","T","C",0.044693006,{"v":6.97e-5,"d":"6.97E-05"},0.3508,0.35548,false,false,false,"ukb-b-69",null,0.68,0.000171454,"Non-cancer illness code, self-reported: chronic sinusitis || id:ukb-b-69",true,"igd","enigma3-withglobal-transversetemporal-surfavg",8,145046662,0.008243819,{"v":5.92e-8,"d":"5.92E-08"},32278,"wSA_Mean_transversetemporal_surfavg || id:enigma3-withglobal-transversetemporal-surfavg",true,"reported","MedicineITLab",2,true,0.000909803,32278,true,{"v":2.79e-7,"d":"2.79E-07"},null,0.000909803,29.3915324,25.26983511,29.3915324]
["rs1275955","A","G","A","G",-0.035149246,0.000112001,0.5729,0.58199,false,false,false,"ukb-b-69",null,0.5,0.00016644,"Non-cancer illness code, self-reported: chronic sinusitis || id:ukb-b-69",true,"igd","enigma3-withglobal-transversetemporal-surfavg",2,26853746,0.007920647,{"v":9.09e-6,"d":"9.09E-06"},32554,"wSA_Mean_transversetemporal_surfavg || id:enigma3-withglobal-transversetemporal-surfavg",true,"reported","MedicineITLab",2,true,0.000604603,32554,true,{"v":3.85e-5,"d":"3.85E-05"},null,0.000604603,19.69294903,25.26983511,19.69294903]
["rs13079799","A","C","A","C",-0.037091746,0.000165652,0.4077,0.405856,false,false,false,"ukb-b-69",null,0.32,0.000166916,"Non-cancer illness code, self-reported: chronic sinusitis || id:ukb-b-69",true,"igd","enigma3-withglobal-transversetemporal-surfavg",3,124603318,0.007949386,{"v":3.08e-6,"d":"3.08E-06"},32746,"wSA_Mean_transversetemporal_surfavg || id:enigma3-withglobal-transversetemporal-surfavg",true,"reported","MedicineITLab",2,true,0.000664457,32746,true,{"v":2.1e-5,"d":"2.10E-05"},null,0.000664457,21.77145163,25.26983511,21.77145163]
["rs2409691","T","C","T","C",0.043675926,{"v":8.99e-8,"d":"8.99E-08"},0.483,0.482722,false,false,false,"ukb-b-69",null,1,0.000164057,"Non-cancer illness code, self-reported: chronic sinusitis || id:ukb-b-69",true,"igd","enigma3-withglobal-transversetemporal-surfavg",8,10943276,0.007816158,{"v":2.3e-8,"d":"2.30E-08"},32746,"wSA_Mean_transversetemporal_surfavg || id:enigma3-withglobal-transversetemporal-surfavg",true,"reported","MedicineITLab",2,true,0.000952691,32746,true,{"v":6.7e-8,"d":"6.70E-08"},null,0.000952691,31.22465086,25.26983511,31.22465086]
["rs2548226","T","C","T","C",0.041566412,{"v":-3.62e-5,"d":"-3.62E-05"},0.4135,0.427386,false,false,false,"ukb-b-69",null,0.83,0.00016628,"Non-cancer illness code, self-reported: chronic sinusitis || id:ukb-b-69",true,"igd","enigma3-withglobal-transversetemporal-surfavg",5,96275186,0.007931682,{"v":1.6e-7,"d":"1.60E-07"},32746,"wSA_Mean_transversetemporal_surfavg || id:enigma3-withglobal-transversetemporal-surfavg",true,"reported","MedicineITLab",2,true,0.000838028,32746,true,{"v":5.51e-7,"d":"5.51E-07"},null,0.000838028,27.46340786,25.26983511,27.46340786]
["rs2959112","T","C","T","C",-0.036994597,{"v":-2.54e-5,"d":"-2.54E-05"},0.3767,0.381332,false,false,false,"ukb-b-69",null,0.88,0.000168344,"Non-cancer illness code, self-reported: chronic sinusitis || id:ukb-b-69",true,"igd","enigma3-withglobal-transversetemporal-surfavg",11,28944386,0.008061821,{"v":4.46e-6,"d":"4.46E-06"},32746,"wSA_Mean_transversetemporal_surfavg || id:enigma3-withglobal-transversetemporal-surfavg",true,"reported","MedicineITLab",2,true,0.000642687,32746,true,{"v":1.11e-5,"d":"1.11E-05"},null,0.000642687,21.05766788,25.26983511,21.05766788]
["rs4706391","A","T","A","T",-0.065409238,0.000158591,0.182,0.172558,false,true,false,"ukb-b-69",null,0.46,0.000216983,"Non-cancer illness code, self-reported: chronic sinusitis || id:ukb-b-69",true,"igd","enigma3-withglobal-transversetemporal-surfavg",6,92009564,0.010121153,{"v":1.03e-10,"d":"1.03E-10"},32746,"wSA_Mean_transversetemporal_surfavg || id:enigma3-withglobal-transversetemporal-surfavg",true,"reported","MedicineITLab",2,true,0.001273893,32746,true,{"v":1.39e-9,"d":"1.39E-09"},null,0.001273893,41.76554862,25.26983511,41.76554862]
["rs56675820","C","G","C","G",-0.053916363,{"v":5.94e-5,"d":"5.94E-05"},0.1309,0.130022,false,true,false,"ukb-b-69",null,0.81,0.000245093,"Non-cancer illness code, self-reported: chronic sinusitis || id:ukb-b-69",true,"igd","enigma3-withglobal-transversetemporal-surfavg",16,2023227,0.012114082,{"v":8.55e-6,"d":"8.55E-06"},29931,"wSA_Mean_transversetemporal_surfavg || id:enigma3-withglobal-transversetemporal-surfavg",true,"reported","MedicineITLab",2,true,0.000661425,29931,true,{"v":2.11e-5,"d":"2.11E-05"},null,0.000661425,19.80888945,25.26983511,19.80888945]
["rs58220457","T","C","T","C",-0.040746087,-0.000150618,0.7462,0.75548,false,false,false,"ukb-b-69",null,0.43,0.000191373,"Non-cancer illness code, self-reported: chronic sinusitis || id:ukb-b-69",true,"igd","enigma3-withglobal-transversetemporal-surfavg",18,26672772,0.008976543,{"v":5.64e-6,"d":"5.64E-06"},32746,"wSA_Mean_transversetemporal_surfavg || id:enigma3-withglobal-transversetemporal-surfavg",true,"reported","MedicineITLab",2,true,0.000628852,32746,true,{"v":2.87e-5,"d":"2.87E-05"},null,0.000628852,20.60409723,25.26983511,20.60409723]
["rs6110212","T","G","T","G",0.047464413,0.000593428,0.1624,0.163793,false,false,false,"ukb-b-69",null,0.00739997,0.00022141,"Non-cancer illness code, self-reported: chronic sinusitis || id:ukb-b-69",true,"igd","enigma3-withglobal-transversetemporal-surfavg",20,14227633,0.010686328,{"v":8.94e-6,"d":"8.94E-06"},32170,"wSA_Mean_transversetemporal_surfavg || id:enigma3-withglobal-transversetemporal-surfavg",true,"reported","MedicineITLab",2,true,0.000612899,32170,true,0.000304767,null,0.000612899,19.72782637,25.26983511,19.72782637]
["rs62180561","A","C","A","C",-0.040699405,{"v":2.84e-5,"d":"2.84E-05"},0.2582,0.255853,false,false,false,"ukb-b-69",null,0.88,0.000187851,"Non-cancer illness code, self-reported: chronic sinusitis || id:ukb-b-69",true,"igd","enigma3-withglobal-transversetemporal-surfavg",2,222302800,0.009116974,{"v":8.03e-6,"d":"8.03E-06"},31389,"wSA_Mean_transversetemporal_surfavg || id:enigma3-withglobal-transversetemporal-surfavg",true,"reported","MedicineITLab",2,true,0.000634526,31389,true,{"v":1.86e-5,"d":"1.86E-05"},null,0.000634526,19.92850149,25.26983511,19.92850149]
["rs7315185","A","T","A","T",0.05599229,0.000348824,0.1431,0.140484,false,true,false,"ukb-b-69",null,0.14,0.0002355,"Non-cancer illness code, self-reported: chronic sinusitis || id:ukb-b-69",true,"igd","enigma3-withglobal-transversetemporal-surfavg",12,53924359,0.011303847,{"v":7.29e-7,"d":"7.29E-07"},31889,"wSA_Mean_transversetemporal_surfavg || id:enigma3-withglobal-transversetemporal-surfavg",true,"reported","MedicineITLab",2,true,0.000768876,31889,true,{"v":1.01e-5,"d":"1.01E-05"},null,0.000768876,24.53601037,25.26983511,24.53601037]
["rs7610812","T","G","T","G",-0.039360167,{"v":-1.14e-5,"d":"-1.14E-05"},0.2698,0.255856,false,false,false,"ukb-b-69",null,0.95,0.000192195,"Non-cancer illness code, self-reported: chronic sinusitis || id:ukb-b-69",true,"igd","enigma3-withglobal-transversetemporal-surfavg",3,89544397,0.008801256,{"v":7.76e-6,"d":"7.76E-06"},32746,"wSA_Mean_transversetemporal_surfavg || id:enigma3-withglobal-transversetemporal-surfavg",true,"reported","MedicineITLab",2,true,0.000610418,32746,true,{"v":1.66e-5,"d":"1.66E-05"},null,0.000610418,19.99974916,25.26983511,19.99974916]
["rs7714191","C","G","C","G",-0.050907702,{"v":-5.7e-5,"d":"-5.70E-05"},0.4071,0.419379,false,true,false,"ukb-b-69",null,0.73,0.000166673,"Non-cancer illness code, self-reported: chronic sinusitis || id:ukb-b-69",true,"igd","enigma3-withglobal-transversetemporal-surfavg",5,131341541,0.007948882,{"v":1.52e-10,"d":"1.52E-10"},32746,"wSA_Mean_transversetemporal_surfavg || id:enigma3-withglobal-transversetemporal-surfavg",true,"reported","MedicineITLab",2,true,0.001251064,32746,true,{"v":1.06e-9,"d":"1.06E-09"},null,0.001251064,41.01615386,25.26983511,41.01615386]
["rs949279","A","G","A","G",0.041630893,{"v":-9.58e-5,"d":"-9.58E-05"},0.3295,0.328516,false,false,false,"ukb-b-69",null,0.58,0.00017498,"Non-cancer illness code, self-reported: chronic sinusitis || id:ukb-b-69",true,"igd","enigma3-withglobal-transversetemporal-surfavg",11,111072779,0.008310472,{"v":5.46e-7,"d":"5.46E-07"},32746,"wSA_Mean_transversetemporal_surfavg || id:enigma3-withglobal-transversetemporal-surfavg",true,"reported","MedicineITLab",2,true,0.0007658,32746,true,{"v":2.61e-6,"d":"2.61E-06"},null,0.0007658,25.09458894,25.26983511,25.09458894]
["rs9615351","C","G","C","G",-0.051804711,0.00016126,0.7547,0.748115,false,true,false,"ukb-b-69",null,0.4,0.000190119,"Non-cancer illness code, self-reported: chronic sinusitis || id:ukb-b-69",true,"igd","enigma3-withglobal-transversetemporal-surfavg",22,46760481,0.009727564,{"v":1e-7,"d":"1.00E-07"},28516,"wSA_Mean_transversetemporal_surfavg || id:enigma3-withglobal-transversetemporal-surfavg",true,"reported","MedicineITLab",2,true,0.000993666,28516,true,{"v":6.92e-7,"d":"6.92E-07"},null,0.000993666,28.36157239,25.26983511,28.36157239]
["rs976423","A","T","A","T",-0.043566909,{"v":-8.31e-5,"d":"-8.31E-05"},0.2302,0.229106,false,true,false,"ukb-b-69",null,0.67,0.00019536,"Non-cancer illness code, self-reported: chronic sinusitis || id:ukb-b-69",true,"igd","enigma3-withglobal-transversetemporal-surfavg",8,120587502,0.009279646,{"v":2.67e-6,"d":"2.67E-06"},32746,"wSA_Mean_transversetemporal_surfavg || id:enigma3-withglobal-transversetemporal-surfavg",true,"reported","MedicineITLab",2,true,0.000672708,32746,true,{"v":9.55e-6,"d":"9.55E-06"},null,0.000672708,22.04198488,25.26983511,22.04198488]
["rs9844184","A","G","A","G",-0.046449951,-0.000225801,0.7577,0.756319,false,false,false,"ukb-b-69",null,0.24,0.000190526,"Non-cancer illness code, self-reported: chronic sinusitis || id:ukb-b-69",true,"igd","enigma3-withglobal-transversetemporal-surfavg",3,150132039,0.009116365,{"v":3.49e-7,"d":"3.49E-07"},32746,"wSA_Mean_transversetemporal_surfavg || id:enigma3-withglobal-transversetemporal-surfavg",true,"reported","MedicineITLab",2,true,0.00079223,32746,true,{"v":3.86e-6,"d":"3.86E-06"},null,0.00079223,25.96134303,25.26983511,25.96134303]
["rs9907611","A","G","A","G",-0.038396704,-0.000219455,0.6724,0.671083,false,false,false,"ukb-b-69",null,0.21,0.000176216,"Non-cancer illness code, self-reported: chronic sinusitis || id:ukb-b-69",true,"igd","enigma3-withglobal-transversetemporal-surfavg",17,11625791,0.008323237,{"v":3.96e-6,"d":"3.96E-06"},32746,"wSA_Mean_transversetemporal_surfavg || id:enigma3-withglobal-transversetemporal-surfavg",true,"reported","MedicineITLab",2,true,0.000649515,32746,true,{"v":3.51e-5,"d":"3.51E-05"},null,0.000649515,21.28155674,25.26983511,21.28155674]
["rs10818910","A","G","A","G",0.039180623,{"v":5.47e-5,"d":"5.47E-05"},0.3208,0.317945,false,false,false,"ukb-d-J32",null,0.713566,0.000149057,"Diagnoses - main ICD10: J32 Chronic sinusitis || id:ukb-d-J32",true,"igd","enigma3-withglobal-transversetemporal-surfavg",9,126800472,0.008368696,{"v":2.84e-6,"d":"2.84E-06"},32746,"wSA_Mean_transversetemporal_surfavg || id:enigma3-withglobal-transversetemporal-surfavg",true,"reported","MedicineITLab",2,true,0.000668967,32746,true,{"v":1.21e-5,"d":"1.21E-05"},null,0.000668967,21.9193192,25.26983511,21.9193192]
["rs112145243","T","C","T","C",-0.050204452,-0.000313689,0.1866,0.190956,false,false,false,"ukb-d-J32",null,0.0741379,0.00017566,"Diagnoses - main ICD10: J32 Chronic sinusitis || id:ukb-d-J32",true,"igd","enigma3-withglobal-transversetemporal-surfavg",22,22604916,0.010475258,{"v":1.65e-6,"d":"1.65E-06"},30000,"wSA_Mean_transversetemporal_surfavg || id:enigma3-withglobal-transversetemporal-surfavg",true,"reported","MedicineITLab",2,true,0.000765121,30000,true,{"v":3.96e-5,"d":"3.96E-05"},null,0.000765121,22.96968174,25.26983511,22.96968174]
["rs112315969","A","T","A","T",-0.056175389,{"v":-6.92e-5,"d":"-6.92E-05"},0.8336,0.816129,false,true,false,"ukb-d-J32",null,0.697381,0.000177854,"Diagnoses - main ICD10: J32 Chronic sinusitis || id:ukb-d-J32",true,"igd","enigma3-withglobal-transversetemporal-surfavg",6,56713763,0.010487535,{"v":8.51e-8,"d":"8.51E-08"},32746,"wSA_Mean_transversetemporal_surfavg || id:enigma3-withglobal-transversetemporal-surfavg",true,"reported","MedicineITLab",2,true,0.000875454,32746,true,{"v":5.28e-7,"d":"5.28E-07"},null,0.000875454,28.69097456,25.26983511,28.69097456]
["rs114545294","A","G","A","G",-0.126608431,-0.000675975,0.9772,0.9768653,false,false,false,"ukb-d-J32",null,0.157905,0.000478683,"Diagnoses - main ICD10: J32 Chronic sinusitis || id:ukb-d-J32",true,"igd","enigma3-withglobal-transversetemporal-surfavg",1,201425206,0.028488168,{"v":8.82e-6,"d":"8.82E-06"},27634,"wSA_Mean_transversetemporal_surfavg || id:enigma3-withglobal-transversetemporal-surfavg",true,"reported","MedicineITLab",2,true,0.000714288,27634,true,{"v":9.37e-5,"d":"9.37E-05"},null,0.000714288,19.75132335,25.26983511,19.75132335]
["rs114734258","A","G","A","G",-0.177710698,0.00012113,0.0138,0.0135354,false,false,false,"ukb-d-J32",null,0.839028,0.000596294,"Diagnoses - main ICD10: J32 Chronic sinusitis || id:ukb-d-J32",true,"igd","enigma3-withglobal-transversetemporal-surfavg",3,71467715,0.039361006,{"v":6.33e-6,"d":"6.33E-06"},23695,"wSA_Mean_transversetemporal_surfavg || id:enigma3-withglobal-transversetemporal-surfavg",true,"reported","MedicineITLab",2,true,0.00085961,23695,true,{"v":1.54e-5,"d":"1.54E-05"},null,0.00085961,20.38425137,25.26983511,20.38425137]
["rs11684511","A","G","A","G",0.063538143,{"v":7.97e-5,"d":"7.97E-05"},0.3843,0.375351,false,false,false,"ukb-d-J32",null,0.575062,0.000142212,"Diagnoses - main ICD10: J32 Chronic sinusitis || id:ukb-d-J32",true,"igd","enigma3-withglobal-transversetemporal-surfavg",2,150037201,0.008025722,{"v":2.42e-15,"d":"2.42E-15"},32746,"wSA_Mean_transversetemporal_surfavg || id:enigma3-withglobal-transversetemporal-surfavg",true,"reported","MedicineITLab",2,true,0.001910463,32746,true,{"v":1.2e-13,"d":"1.20E-13"},null,0.001910463,62.67593235,25.26983511,62.67593235]
["rs1178102","T","C","T","C",-0.05011262,{"v":3.23e-5,"d":"3.23E-05"},0.1733,0.171649,false,false,false,"ukb-d-J32",null,0.859812,0.000183015,"Diagnoses - main ICD10: J32 Chronic sinusitis || id:ukb-d-J32",true,"igd","enigma3-withglobal-transversetemporal-surfavg",7,18737866,0.010320235,{"v":1.2e-6,"d":"1.20E-06"},32746,"wSA_Mean_transversetemporal_surfavg || id:enigma3-withglobal-transversetemporal-surfavg",true,"reported","MedicineITLab",2,true,0.000719566,32746,true,{"v":4.26e-6,"d":"4.26E-06"},null,0.000719566,23.57843962,25.26983511,23.57843962]
["rs11785060","T","C","T","C",0.044693006,0.000187358,0.3508,0.354974,false,false,false,"ukb-d-J32",null,0.193276,0.000144016,"Diagnoses - main ICD10: J32 Chronic sinusitis || id:ukb-d-J32",true,"igd","enigma3-withglobal-transversetemporal-surfavg",8,145046662,0.008243819,{"v":5.92e-8,"d":"5.92E-08"},32278,"wSA_Mean_transversetemporal_surfavg || id:enigma3-withglobal-transversetemporal-surfavg",true,"reported","MedicineITLab",2,true,0.000909803,32278,true,{"v":1.43e-6,"d":"1.43E-06"},null,0.000909803,29.3915324,25.26983511,29.3915324]
["rs117972946","C","G","C","G",-0.111159803,0.00111682,0.0258,0.0246845,false,true,false,"ukb-d-J32",null,0.0146117,0.000457362,"Diagnoses - main ICD10: J32 Chronic sinusitis || id:ukb-d-J32",true,"igd","enigma3-withglobal-transversetemporal-surfavg",8,4314591,0.024804331,{"v":7.41e-6,"d":"7.41E-06"},32315,"wSA_Mean_transversetemporal_surfavg || id:enigma3-withglobal-transversetemporal-surfavg",true,"reported","MedicineITLab",2,true,0.000621146,32315,true,0.000326525,null,0.000621146,20.08355046,25.26983511,20.08355046]
["rs118159070","C","G","C","G",-0.149871755,-0.000609795,0.9856,0.98818,false,true,false,"ukb-d-J32",null,0.364402,0.000672314,"Diagnoses - main ICD10: J32 Chronic sinusitis || id:ukb-d-J32",true,"igd","enigma3-withglobal-transversetemporal-surfavg",9,71306055,0.033306729,{"v":6.8e-6,"d":"6.80E-06"},31739,"wSA_Mean_transversetemporal_surfavg || id:enigma3-withglobal-transversetemporal-surfavg",true,"reported","MedicineITLab",2,true,0.000637577,31739,true,{"v":4.99e-5,"d":"4.99E-05"},null,0.000637577,20.2476967,25.26983511,20.2476967]
["rs1275955","A","G","A","G",-0.035149246,0.000338851,0.5729,0.582368,false,false,false,"ukb-d-J32",null,0.015449,0.000139924,"Diagnoses - main ICD10: J32 Chronic sinusitis || id:ukb-d-J32",true,"igd","enigma3-withglobal-transversetemporal-surfavg",2,26853746,0.007920647,{"v":9.09e-6,"d":"9.09E-06"},32554,"wSA_Mean_transversetemporal_surfavg || id:enigma3-withglobal-transversetemporal-surfavg",true,"reported","MedicineITLab",2,true,0.000604603,32554,true,0.000380143,null,0.000604603,19.69294903,25.26983511,19.69294903]
["rs13079799","A","C","A","C",-0.037091746,0.000104214,0.4077,0.404168,false,false,false,"ukb-d-J32",null,0.457603,0.000140298,"Diagnoses - main ICD10: J32 Chronic sinusitis || id:ukb-d-J32",true,"igd","enigma3-withglobal-transversetemporal-surfavg",3,124603318,0.007949386,{"v":3.08e-6,"d":"3.08E-06"},32746,"wSA_Mean_transversetemporal_surfavg || id:enigma3-withglobal-transversetemporal-surfavg",true,"reported","MedicineITLab",2,true,0.000664457,32746,true,{"v":2.11e-5,"d":"2.11E-05"},null,0.000664457,21.77145163,25.26983511,21.77145163]
["rs138011928","T","C","T","C",-0.116218154,0.000355272,0.0264,0.0234994,false,false,false,"ukb-d-J32",null,0.450299,0.00047061,"Diagnoses - main ICD10: J32 Chronic sinusitis || id:ukb-d-J32",true,"igd","enigma3-withglobal-transversetemporal-surfavg",16,54224402,0.026287504,{"v":9.83e-6,"d":"9.83E-06"},28133,"wSA_Mean_transversetemporal_surfavg || id:enigma3-withglobal-transversetemporal-surfavg",true,"reported","MedicineITLab",2,true,0.000694324,28133,true,{"v":5.02e-5,"d":"5.02E-05"},null,0.000694324,19.54561081,25.26983511,19.54561081]
["rs151013782","A","G","A","G",0.119460338,-0.000763353,0.9767,0.9790429,false,false,false,"ukb-d-J32",null,0.118645,0.000489175,"Diagnoses - main ICD10: J32 Chronic sinusitis || id:ukb-d-J32",true,"igd","enigma3-withglobal-transversetemporal-surfavg",6,141578027,0.026787035,{"v":8.22e-6,"d":"8.22E-06"},30602,"wSA_Mean_transversetemporal_surfavg || id:enigma3-withglobal-transversetemporal-surfavg",true,"reported","MedicineITLab",2,true,0.000649523,30602,true,0.000120401,null,0.000649523,19.88832379,25.26983511,19.88832379]
["rs16909892","T","G","T","G",-0.054790304,-0.00012517,0.1117,0.108125,false,false,false,"ukb-d-J32",null,0.572155,0.000221587,"Diagnoses - main ICD10: J32 Chronic sinusitis || id:ukb-d-J32",true,"igd","enigma3-withglobal-transversetemporal-surfavg",9,98227810,0.01240176,{"v":9.97e-6,"d":"9.97E-06"},32746,"wSA_Mean_transversetemporal_surfavg || id:enigma3-withglobal-transversetemporal-surfavg",true,"reported","MedicineITLab",2,true,0.000595731,32746,true,{"v":4.76e-5,"d":"4.76E-05"},null,0.000595731,19.51824578,25.26983511,19.51824578]
["rs17829698","A","C","A","C",0.119320479,0.00094744,0.0272,0.030402,false,false,false,"ukb-d-J32",null,0.0186939,0.000402894,"Diagnoses - main ICD10: J32 Chronic sinusitis || id:ukb-d-J32",true,"igd","enigma3-withglobal-transversetemporal-surfavg",5,64888529,0.02650197,{"v":6.73e-6,"d":"6.73E-06"},26886,"wSA_Mean_transversetemporal_surfavg || id:enigma3-withglobal-transversetemporal-surfavg",true,"reported","MedicineITLab",2,true,0.000753447,26886,true,0.00019607,null,0.000753447,20.27092956,25.26983511,20.27092956]
["rs2033939","A","G","A","G",-0.078451896,0.000345824,0.0826,0.0814961,false,false,false,"ukb-d-J32",null,0.168942,0.000251396,"Diagnoses - main ICD10: J32 Chronic sinusitis || id:ukb-d-J32",true,"igd","enigma3-withglobal-transversetemporal-surfavg",15,39633904,0.014188847,{"v":3.22e-8,"d":"3.22E-08"},32746,"wSA_Mean_transversetemporal_surfavg || id:enigma3-withglobal-transversetemporal-surfavg",true,"reported","MedicineITLab",2,true,0.000932772,32746,true,{"v":9.74e-7,"d":"9.74E-07"},null,0.000932772,30.57121419,25.26983511,30.57121419]
["rs2409691","T","C","T","C",0.043675926,0.000190056,0.483,0.482391,false,false,false,"ukb-d-J32",null,0.167776,0.000137783,"Diagnoses - main ICD10: J32 Chronic sinusitis || id:ukb-d-J32",true,"igd","enigma3-withglobal-transversetemporal-surfavg",8,10943276,0.007816158,{"v":2.3e-8,"d":"2.30E-08"},32746,"wSA_Mean_transversetemporal_surfavg || id:enigma3-withglobal-transversetemporal-surfavg",true,"reported","MedicineITLab",2,true,0.000952691,32746,true,{"v":7.34e-7,"d":"7.34E-07"},null,0.000952691,31.22465086,25.26983511,31.22465086]
["rs2548226","T","C","T","C",0.041566412,{"v":-6.42e-6,"d":"-6.42E-06"},0.4135,0.431302,false,false,false,"ukb-d-J32",null,0.963374,0.000139808,"Diagnoses - main ICD10: J32 Chronic sinusitis || id:ukb-d-J32",true,"igd","enigma3-withglobal-transversetemporal-surfavg",5,96275186,0.007931682,{"v":1.6e-7,"d":"1.60E-07"},32746,"wSA_Mean_transversetemporal_surfavg || id:enigma3-withglobal-transversetemporal-surfavg",true,"reported","MedicineITLab",2,true,0.000838028,32746,true,{"v":5.61e-7,"d":"5.61E-07"},null,0.000838028,27.46340786,25.26983511,27.46340786]
["rs2959112","T","C","T","C",-0.036994597,{"v":7.08e-5,"d":"7.08E-05"},0.3767,0.381807,false,false,false,"ukb-d-J32",null,0.616682,0.000141441,"Diagnoses - main ICD10: J32 Chronic sinusitis || id:ukb-d-J32",true,"igd","enigma3-withglobal-transversetemporal-surfavg",11,28944386,0.008061821,{"v":4.46e-6,"d":"4.46E-06"},32746,"wSA_Mean_transversetemporal_surfavg || id:enigma3-withglobal-transversetemporal-surfavg",true,"reported","MedicineITLab",2,true,0.000642687,32746,true,{"v":2.15e-5,"d":"2.15E-05"},null,0.000642687,21.05766788,25.26983511,21.05766788]
["rs4312310","C","G","C","G",-0.072004545,0.000119948,0.0708,0.0689416,false,true,false,"ukb-d-J32",null,0.662111,0.00027448,"Diagnoses - main ICD10: J32 Chronic sinusitis || id:ukb-d-J32",true,"igd","enigma3-withglobal-transversetemporal-surfavg",16,87210363,0.015402897,{"v":2.94e-6,"d":"2.94E-06"},32015,"wSA_Mean_transversetemporal_surfavg || id:enigma3-withglobal-transversetemporal-surfavg",true,"reported","MedicineITLab",2,true,0.000682169,32015,true,{"v":1.33e-5,"d":"1.33E-05"},null,0.000682169,21.8531986,25.26983511,21.8531986]
["rs4706391","A","T","A","T",-0.065409238,0.000163463,0.182,0.170043,false,true,false,"ukb-d-J32",null,0.372871,0.000183438,"Diagnoses - main ICD10: J32 Chronic sinusitis || id:ukb-d-J32",true,"igd","enigma3-withglobal-transversetemporal-surfavg",6,92009564,0.010121153,{"v":1.03e-10,"d":"1.03E-10"},32746,"wSA_Mean_transversetemporal_surfavg || id:enigma3-withglobal-transversetemporal-surfavg",true,"reported","MedicineITLab",2,true,0.001273893,32746,true,{"v":3.03e-9,"d":"3.03E-09"},null,0.001273893,41.76554862,25.26983511,41.76554862]
["rs56675820","C","G","C","G",-0.053916363,{"v":-3.11e-5,"d":"-3.11E-05"},0.1309,0.131231,false,true,false,"ukb-d-J32",null,0.879447,0.000205122,"Diagnoses - main ICD10: J32 Chronic sinusitis || id:ukb-d-J32",true,"igd","enigma3-withglobal-transversetemporal-surfavg",16,2023227,0.012114082,{"v":8.55e-6,"d":"8.55E-06"},29931,"wSA_Mean_transversetemporal_surfavg || id:enigma3-withglobal-transversetemporal-surfavg",true,"reported","MedicineITLab",2,true,0.000661425,29931,true,{"v":2.29e-5,"d":"2.29E-05"},null,0.000661425,19.80888945,25.26983511,19.80888945]
["rs58220457","T","C","T","C",-0.040746087,0.000300143,0.7462,0.756237,false,false,false,"ukb-d-J32",null,0.0621956,0.000160943,"Diagnoses - main ICD10: J32 Chronic sinusitis || id:ukb-d-J32",true,"igd","enigma3-withglobal-transversetemporal-surfavg",18,26672772,0.008976543,{"v":5.64e-6,"d":"5.64E-06"},32746,"wSA_Mean_transversetemporal_surfavg || id:enigma3-withglobal-transversetemporal-surfavg",true,"reported","MedicineITLab",2,true,0.000628852,32746,true,0.000139946,null,0.000628852,20.60409723,25.26983511,20.60409723]
["rs6110212","T","G","T","G",0.047464413,{"v":1.34e-5,"d":"1.34E-05"},0.1624,0.162235,false,false,false,"ukb-d-J32",null,0.942675,0.000186709,"Diagnoses - main ICD10: J32 Chronic sinusitis || id:ukb-d-J32",true,"igd","enigma3-withglobal-transversetemporal-surfavg",20,14227633,0.010686328,{"v":8.94e-6,"d":"8.94E-06"},32170,"wSA_Mean_transversetemporal_surfavg || id:enigma3-withglobal-transversetemporal-surfavg",true,"reported","MedicineITLab",2,true,0.000612899,32170,true,{"v":2.28e-5,"d":"2.28E-05"},null,0.000612899,19.72782637,25.26983511,19.72782637]
["rs62078100","C","G","C","G",-0.086845878,{"v":-9.08e-5,"d":"-9.08E-05"},0.0443,0.04487,false,true,false,"ukb-d-J32",null,0.786604,0.000335292,"Diagnoses - main ICD10: J32 Chronic sinusitis || id:ukb-d-J32",true,"igd","enigma3-withglobal-transversetemporal-surfavg",17,80494268,0.019418001,{"v":7.73e-6,"d":"7.73E-06"},31303,"wSA_Mean_transversetemporal_surfavg || id:enigma3-withglobal-transversetemporal-surfavg",true,"reported","MedicineITLab",2,true,0.000638636,31303,true,{"v":2.52e-5,"d":"2.52E-05"},null,0.000638636,20.00273523,25.26983511,20.00273523]
["rs62180561","A","C","A","C",-0.040699405,0.000153127,0.2582,0.255301,false,false,false,"ukb-d-J32",null,0.332063,0.000157868,"Diagnoses - main ICD10: J32 Chronic sinusitis || id:ukb-d-J32",true,"igd","enigma3-withglobal-transversetemporal-surfavg",2,222302800,0.009116974,{"v":8.03e-6,"d":"8.03E-06"},31389,"wSA_Mean_transversetemporal_surfavg || id:enigma3-withglobal-transversetemporal-surfavg",true,"reported","MedicineITLab",2,true,0.000634526,31389,true,{"v":6.14e-5,"d":"6.14E-05"},null,0.000634526,19.92850149,25.26983511,19.92850149]
["rs72775393","T","C","T","C",0.074359842,0.000193077,0.9295,0.9224131,false,false,false,"ukb-d-J32",null,0.452353,0.000256923,"Diagnoses - main ICD10: J32 Chronic sinusitis || id:ukb-d-J32",true,"igd","enigma3-withglobal-transversetemporal-surfavg",5,94259317,0.015259576,{"v":1.1e-6,"d":"1.10E-06"},32746,"wSA_Mean_transversetemporal_surfavg || id:enigma3-withglobal-transversetemporal-surfavg",true,"reported","MedicineITLab",2,true,0.000724679,32746,true,{"v":8.64e-6,"d":"8.64E-06"},null,0.000724679,23.74608362,25.26983511,23.74608362]
["rs72834200","A","G","A","G",-0.093193233,{"v":5.64e-5,"d":"5.64E-05"},0.954,0.960322,false,false,false,"ukb-d-J32",null,0.873162,0.000353585,"Diagnoses - main ICD10: J32 Chronic sinusitis || id:ukb-d-J32",true,"igd","enigma3-withglobal-transversetemporal-surfavg",6,18503847,0.018646634,{"v":5.8e-7,"d":"5.80E-07"},32746,"wSA_Mean_transversetemporal_surfavg || id:enigma3-withglobal-transversetemporal-surfavg",true,"reported","MedicineITLab",2,true,0.000762263,32746,true,{"v":2.15e-6,"d":"2.15E-06"},null,0.000762263,24.97858672,25.26983511,24.97858672]
["rs7315185","A","T","A","T",0.05599229,0.000228987,0.1431,0.140881,false,true,false,"ukb-d-J32",null,0.246526,0.000197602,"Diagnoses - main ICD10: J32 Chronic sinusitis || id:ukb-d-J32",true,"igd","enigma3-withglobal-transversetemporal-surfavg",12,53924359,0.011303847,{"v":7.29e-7,"d":"7.29E-07"},31889,"wSA_Mean_transversetemporal_surfavg || id:enigma3-withglobal-transversetemporal-surfavg",true,"reported","MedicineITLab",2,true,0.000768876,31889,true,{"v":9.99e-6,"d":"9.99E-06"},null,0.000768876,24.53601037,25.26983511,24.53601037]
["rs74174912","C","G","C","G",0.069821165,-0.000124427,0.9175,0.9147437,false,true,false,"ukb-d-J32",null,0.617583,0.000249212,"Diagnoses - main ICD10: J32 Chronic sinusitis || id:ukb-d-J32",true,"igd","enigma3-withglobal-transversetemporal-surfavg",20,43296659,0.015326175,{"v":5.21e-6,"d":"5.21E-06"},28103,"wSA_Mean_transversetemporal_surfavg || id:enigma3-withglobal-transversetemporal-surfavg",true,"reported","MedicineITLab",2,true,0.000738013,28103,true,{"v":2.11e-5,"d":"2.11E-05"},null,0.000738013,20.75422904,25.26983511,20.75422904]
["rs74318475","A","G","A","G",0.066516081,{"v":4.29e-6,"d":"4.29E-06"},0.0729,0.0698611,false,false,false,"ukb-d-J32",null,0.987409,0.000271761,"Diagnoses - main ICD10: J32 Chronic sinusitis || id:ukb-d-J32",true,"igd","enigma3-withglobal-transversetemporal-surfavg",7,82636925,0.01502665,{"v":9.57e-6,"d":"9.57E-06"},32746,"wSA_Mean_transversetemporal_surfavg || id:enigma3-withglobal-transversetemporal-surfavg",true,"reported","MedicineITLab",2,true,0.00059805,32746,true,{"v":2.3e-5,"d":"2.30E-05"},null,0.00059805,19.59426403,25.26983511,19.59426403]
["rs75061235","A","G","A","G",0.081625901,-0.000139092,0.067,0.0605058,false,false,false,"ukb-d-J32",null,0.633146,0.000291412,"Diagnoses - main ICD10: J32 Chronic sinusitis || id:ukb-d-J32",true,"igd","enigma3-withglobal-transversetemporal-surfavg",9,111490920,0.015622839,{"v":1.74e-7,"d":"1.74E-07"},32746,"wSA_Mean_transversetemporal_surfavg || id:enigma3-withglobal-transversetemporal-surfavg",true,"reported","MedicineITLab",2,true,0.000832995,32746,true,{"v":1.15e-6,"d":"1.15E-06"},null,0.000832995,27.29832913,25.26983511,27.29832913]
["rs75924992","T","G","T","G",-0.074589758,{"v":6.85e-5,"d":"6.85E-05"},0.9419,0.9382684,false,false,false,"ukb-d-J32",null,0.815143,0.000292783,"Diagnoses - main ICD10: J32 Chronic sinusitis || id:ukb-d-J32",true,"igd","enigma3-withglobal-transversetemporal-surfavg",14,80151037,0.016699228,{"v":7.94e-6,"d":"7.94E-06"},32746,"wSA_Mean_transversetemporal_surfavg || id:enigma3-withglobal-transversetemporal-surfavg",true,"reported","MedicineITLab",2,true,0.000608933,32746,true,{"v":2.56e-5,"d":"2.56E-05"},null,0.000608933,19.95104252,25.26983511,19.95104252]
["rs7610812","T","G","T","G",-0.039360167,{"v":-3.22e-6,"d":"-3.22E-06"},0.2698,0.258811,false,false,false,"ukb-d-J32",null,0.984037,0.000161045,"Diagnoses - main ICD10: J32 Chronic sinusitis || id:ukb-d-J32",true,"igd","enigma3-withglobal-transversetemporal-surfavg",3,89544397,0.008801256,{"v":7.76e-6,"d":"7.76E-06"},32746,"wSA_Mean_transversetemporal_surfavg || id:enigma3-withglobal-transversetemporal-surfavg",true,"reported","MedicineITLab",2,true,0.000610418,32746,true,{"v":1.9e-5,"d":"1.90E-05"},null,0.000610418,19.99974916,25.26983511,19.99974916]
["rs79164888","A","G","A","G",0.074402367,0.000361255,0.0576,0.0521349,false,false,false,"ukb-d-J32",null,0.24655,0.000311756,"Diagnoses - main ICD10: J32 Chronic sinusitis || id:ukb-d-J32",true,"igd","enigma3-withglobal-transversetemporal-surfavg",2,161490004,0.016767168,{"v":9.1e-6,"d":"9.10E-06"},32746,"wSA_Mean_transversetemporal_surfavg || id:enigma3-withglobal-transversetemporal-surfavg",true,"reported","MedicineITLab",2,true,0.000600982,32746,true,{"v":9.06e-5,"d":"9.06E-05"},null,0.000600982,19.69037906,25.26983511,19.69037906]
["rs79636486","A","G","A","G",-0.07304847,-0.000118698,0.9336,0.9368876,false,false,false,"ukb-d-J32",null,0.67566,0.000283698,"Diagnoses - main ICD10: J32 Chronic sinusitis || id:ukb-d-J32",true,"igd","enigma3-withglobal-transversetemporal-surfavg",12,69799499,0.015689567,{"v":3.22e-6,"d":"3.22E-06"},32746,"wSA_Mean_transversetemporal_surfavg || id:enigma3-withglobal-transversetemporal-surfavg",true,"reported","MedicineITLab",2,true,0.000661578,32746,true,{"v":1.44e-5,"d":"1.44E-05"},null,0.000661578,21.67705658,25.26983511,21.67705658]
["rs949279","A","G","A","G",0.041630893,-0.000166511,0.3295,0.327878,false,false,false,"ukb-d-J32",null,0.257448,0.000147037,"Diagnoses - main ICD10: J32 Chronic sinusitis || id:ukb-d-J32",true,"igd","enigma3-withglobal-transversetemporal-surfavg",11,111072779,0.008310472,{"v":5.46e-7,"d":"5.46E-07"},32746,"wSA_Mean_transversetemporal_surfavg || id:enigma3-withglobal-transversetemporal-surfavg",true,"reported","MedicineITLab",2,true,0.0007658,32746,true,{"v":7.84e-6,"d":"7.84E-06"},null,0.0007658,25.09458894,25.26983511,25.09458894]
["rs9615351","C","G","C","G",-0.051804711,0.00049524,0.7547,0.746994,false,true,false,"ukb-d-J32",null,0.00189697,0.00015945,"Diagnoses - main ICD10: J32 Chronic sinusitis || id:ukb-d-J32",true,"igd","enigma3-withglobal-transversetemporal-surfavg",22,46760481,0.009727564,{"v":1e-7,"d":"1.00E-07"},28516,"wSA_Mean_transversetemporal_surfavg || id:enigma3-withglobal-transversetemporal-surfavg",true,"reported","MedicineITLab",2,true,0.000993666,28516,true,{"v":1.82e-5,"d":"1.82E-05"},null,0.000993666,28.36157239,25.26983511,28.36157239]
["rs976423","A","T","A","T",-0.043566909,0.000137005,0.2302,0.230514,false,true,false,"ukb-d-J32",null,0.40276,0.000163744,"Diagnoses - main ICD10: J32 Chronic sinusitis || id:ukb-d-J32",true,"igd","enigma3-withglobal-transversetemporal-surfavg",8,120587502,0.009279646,{"v":2.67e-6,"d":"2.67E-06"},32746,"wSA_Mean_transversetemporal_surfavg || id:enigma3-withglobal-transversetemporal-surfavg",true,"reported","MedicineITLab",2,true,0.000672708,32746,true,{"v":2.1e-5,"d":"2.10E-05"},null,0.000672708,22.04198488,25.26983511,22.04198488]
["rs9844184","A","G","A","G",-0.046449951,0.000264887,0.7577,0.756449,false,false,false,"ukb-d-J32",null,0.0979535,0.000160066,"Diagnoses - main ICD10: J32 Chronic sinusitis || id:ukb-d-J32",true,"igd","enigma3-withglobal-transversetemporal-surfavg",3,150132039,0.009116365,{"v":3.49e-7,"d":"3.49E-07"},32746,"wSA_Mean_transversetemporal_surfavg || id:enigma3-withglobal-transversetemporal-surfavg",true,"reported","MedicineITLab",2,true,0.00079223,32746,true,{"v":1.08e-5,"d":"1.08E-05"},null,0.00079223,25.96134303,25.26983511,25.96134303]
["rs9907611","A","G","A","G",-0.038396704,{"v":-8.18e-5,"d":"-8.18E-05"},0.6724,0.670302,false,false,false,"ukb-d-J32",null,0.580514,0.000148072,"Diagnoses - main ICD10: J32 Chronic sinusitis || id:ukb-d-J32",true,"igd","enigma3-withglobal-transversetemporal-surfavg",17,11625791,0.008323237,{"v":3.96e-6,"d":"3.96E-06"},32746,"wSA_Mean_transversetemporal_surfavg || id:enigma3-withglobal-transversetemporal-surfavg",true,"reported","MedicineITLab",2,true,0.000649515,32746,true,{"v":2.07e-5,"d":"2.07E-05"},null,0.000649515,21.28155674,25.26983511,21.28155674]
["rs10818910","A","G","A","G",0.039180623,0.0017,0.3208,0.32,false,false,false,"ukb-saige-471",null,0.95,0.027,"Nasal polyps || id:ukb-saige-471",true,"MedicineITLab","enigma3-withglobal-transversetemporal-surfavg",9,126800472,0.008368696,{"v":2.84e-6,"d":"2.84E-06"},32746,"wSA_Mean_transversetemporal_surfavg || id:enigma3-withglobal-transversetemporal-surfavg",true,"reported","MedicineITLab",2,true,0.000668967,32746,true,{"v":7.45e-6,"d":"7.45E-06"},null,0.000668967,21.9193192,25.26983511,21.9193192]
["rs111930215","A","C","A","C",-0.166360504,-0.065,0.0151,0.0052,false,false,false,"ukb-saige-471",null,0.73,0.19,"Nasal polyps || id:ukb-saige-471",true,"MedicineITLab","enigma3-withglobal-transversetemporal-surfavg",22,19006241,0.037645304,{"v":9.91e-6,"d":"9.91E-06"},23706,"wSA_Mean_transversetemporal_surfavg || id:enigma3-withglobal-transversetemporal-surfavg",true,"reported","MedicineITLab",2,true,0.000823189,23706,true,{"v":2.56e-5,"d":"2.56E-05"},null,0.000823189,19.52894706,25.26983511,19.52894706]
["rs112145243","T","C","T","C",-0.050204452,-0.03,0.1866,0.19,false,false,false,"ukb-saige-471",null,0.35,0.032,"Nasal polyps || id:ukb-saige-471",true,"MedicineITLab","enigma3-withglobal-transversetemporal-surfavg",22,22604916,0.010475258,{"v":1.65e-6,"d":"1.65E-06"},30000,"wSA_Mean_transversetemporal_surfavg || id:enigma3-withglobal-transversetemporal-surfavg",true,"reported","MedicineITLab",2,true,0.000765121,30000,true,{"v":1.25e-5,"d":"1.25E-05"},null,0.000765121,22.96968174,25.26983511,22.96968174]
["rs112315969","A","T","A","T",-0.056175389,-0.066,0.8336,0.82,false,true,false,"ukb-saige-471",null,0.041,0.032,"Nasal polyps || id:ukb-saige-471",true,"MedicineITLab","enigma3-withglobal-transversetemporal-surfavg",6,56713763,0.010487535,{"v":8.51e-8,"d":"8.51E-08"},32746,"wSA_Mean_transversetemporal_surfavg || id:enigma3-withglobal-transversetemporal-surfavg",true,"reported","MedicineITLab",2,true,0.000875454,32746,true,{"v":4.79e-6,"d":"4.79E-06"},null,0.000875454,28.69097456,25.26983511,28.69097456]
["rs114545294","A","G","A","G",-0.126608431,0.067,0.9772,0.977,false,false,false,"ukb-saige-471",null,0.44,0.087,"Nasal polyps || id:ukb-saige-471",true,"MedicineITLab","enigma3-withglobal-transversetemporal-surfavg",1,201425206,0.028488168,{"v":8.82e-6,"d":"8.82E-06"},27634,"wSA_Mean_transversetemporal_surfavg || id:enigma3-withglobal-transversetemporal-surfavg",true,"reported","MedicineITLab",2,true,0.000714288,27634,true,{"v":4.17e-5,"d":"4.17E-05"},null,0.000714288,19.75132335,25.26983511,19.75132335]
["rs114734258","A","G","A","G",-0.177710698,0.1,0.0138,0.013,false,false,false,"ukb-saige-471",null,0.34,0.11,"Nasal polyps || id:ukb-saige-471",true,"MedicineITLab","enigma3-withglobal-transversetemporal-surfavg",3,71467715,0.039361006,{"v":6.33e-6,"d":"6.33E-06"},23695,"wSA_Mean_transversetemporal_surfavg || id:enigma3-withglobal-transversetemporal-surfavg",true,"reported","MedicineITLab",2,true,0.00085961,23695,true,{"v":3.08e-5,"d":"3.08E-05"},null,0.00085961,20.38425137,25.26983511,20.38425137]
["rs11684511","A","G","A","G",0.063538143,-0.033,0.3843,0.38,false,false,false,"ukb-saige-471",null,0.2,0.026,"Nasal polyps || id:ukb-saige-471",true,"MedicineITLab","enigma3-withglobal-transversetemporal-surfavg",2,150037201,0.008025722,{"v":2.42e-15,"d":"2.42E-15"},32746,"wSA_Mean_transversetemporal_surfavg || id:enigma3-withglobal-transversetemporal-surfavg",true,"reported","MedicineITLab",2,true,0.001910463,32746,true,{"v":4.1e-13,"d":"4.10E-13"},null,0.001910463,62.67593235,25.26983511,62.67593235]
["rs117703392","T","C","T","C",0.184302271,-0.036,0.0115,0.0095,false,false,false,"ukb-saige-471",null,0.79,0.13,"Nasal polyps || id:ukb-saige-471",true,"MedicineITLab","enigma3-withglobal-transversetemporal-surfavg",16,55942015,0.040328605,{"v":4.88e-6,"d":"4.88E-06"},27025,"wSA_Mean_transversetemporal_surfavg || id:enigma3-withglobal-transversetemporal-surfavg",true,"reported","MedicineITLab",2,true,0.000772264,27025,true,{"v":1.36e-5,"d":"1.36E-05"},null,0.000772264,20.88502327,25.26983511,20.88502327]
["rs1178102","T","C","T","C",-0.05011262,-0.00014,0.1733,0.17,false,false,false,"ukb-saige-471",null,1,0.033,"Nasal polyps || id:ukb-saige-471",true,"MedicineITLab","enigma3-withglobal-transversetemporal-surfavg",7,18737866,0.010320235,{"v":1.2e-6,"d":"1.20E-06"},32746,"wSA_Mean_transversetemporal_surfavg || id:enigma3-withglobal-transversetemporal-surfavg",true,"reported","MedicineITLab",2,true,0.000719566,32746,true,{"v":3.11e-6,"d":"3.11E-06"},null,0.000719566,23.57843962,25.26983511,23.57843962]
["rs11785060","T","C","T","C",0.044693006,-0.015,0.3508,0.35,false,false,false,"ukb-saige-471",null,0.58,0.026,"Nasal polyps || id:ukb-saige-471",true,"MedicineITLab","enigma3-withglobal-transversetemporal-surfavg",8,145046662,0.008243819,{"v":5.92e-8,"d":"5.92E-08"},32278,"wSA_Mean_transversetemporal_surfavg || id:enigma3-withglobal-transversetemporal-surfavg",true,"reported","MedicineITLab",2,true,0.000909803,32278,true,{"v":4.37e-7,"d":"4.37E-07"},null,0.000909803,29.3915324,25.26983511,29.3915324]
["rs117972946","C","G","C","G",-0.111159803,-0.051,0.0258,0.025,false,true,false,"ukb-saige-471",null,0.54,0.083,"Nasal polyps || id:ukb-saige-471",true,"MedicineITLab","enigma3-withglobal-transversetemporal-surfavg",8,4314591,0.024804331,{"v":7.41e-6,"d":"7.41E-06"},32315,"wSA_Mean_transversetemporal_surfavg || id:enigma3-withglobal-transversetemporal-surfavg",true,"reported","MedicineITLab",2,true,0.000621146,32315,true,{"v":3.5e-5,"d":"3.50E-05"},null,0.000621146,20.08355046,25.26983511,20.08355046]
["rs118159070","C","G","C","G",-0.149871755,0.019,0.9856,0.988,false,true,false,"ukb-saige-471",null,0.87,0.12,"Nasal polyps || id:ukb-saige-471",true,"MedicineITLab","enigma3-withglobal-transversetemporal-surfavg",9,71306055,0.033306729,{"v":6.8e-6,"d":"6.80E-06"},31739,"wSA_Mean_transversetemporal_surfavg || id:enigma3-withglobal-transversetemporal-surfavg",true,"reported","MedicineITLab",2,true,0.000637577,31739,true,{"v":1.83e-5,"d":"1.83E-05"},null,0.000637577,20.2476967,25.26983511,20.2476967]
["rs1275955","A","G","A","G",-0.035149246,-0.043,0.5729,0.58,false,false,false,"ukb-saige-471",null,0.087,0.025,"Nasal polyps || id:ukb-saige-471",true,"MedicineITLab","enigma3-withglobal-transversetemporal-surfavg",2,26853746,0.007920647,{"v":9.09e-6,"d":"9.09E-06"},32554,"wSA_Mean_transversetemporal_surfavg || id:enigma3-withglobal-transversetemporal-surfavg",true,"reported","MedicineITLab",2,true,0.000604603,32554,true,0.000151423,null,0.000604603,19.69294903,25.26983511,19.69294903]
["rs13079799","A","C","A","C",-0.037091746,-0.024,0.4077,0.4,false,false,false,"ukb-saige-471",null,0.35,0.025,"Nasal polyps || id:ukb-saige-471",true,"MedicineITLab","enigma3-withglobal-transversetemporal-surfavg",3,124603318,0.007949386,{"v":3.08e-6,"d":"3.08E-06"},32746,"wSA_Mean_transversetemporal_surfavg || id:enigma3-withglobal-transversetemporal-surfavg",true,"reported","MedicineITLab",2,true,0.000664457,32746,true,{"v":2.48e-5,"d":"2.48E-05"},null,0.000664457,21.77145163,25.26983511,21.77145163]
["rs138011928","T","C","T","C",-0.116218154,0.032,0.0264,0.023,false,false,false,"ukb-saige-471",null,0.71,0.086,"Nasal polyps || id:ukb-saige-471",true,"MedicineITLab","enigma3-withglobal-transversetemporal-surfavg",16,54224402,0.026287504,{"v":9.83e-6,"d":"9.83E-06"},28133,"wSA_Mean_transversetemporal_surfavg || id:enigma3-withglobal-transversetemporal-surfavg",true,"reported","MedicineITLab",2,true,0.000694324,28133,true,{"v":2.99e-5,"d":"2.99E-05"},null,0.000694324,19.54561081,25.26983511,19.54561081]
["rs150047948","T","C","T","C",0.206890635,0.098,0.011,0.0074,false,false,false,"ukb-saige-471",null,0.52,0.15,"Nasal polyps || id:ukb-saige-471",true,"MedicineITLab","enigma3-withglobal-transversetemporal-surfavg",7,145115456,0.046461607,{"v":8.47e-6,"d":"8.47E-06"},21273,"wSA_Mean_transversetemporal_surfavg || id:enigma3-withglobal-transversetemporal-surfavg",true,"reported","MedicineITLab",2,true,0.000931324,21273,true,{"v":2.81e-5,"d":"2.81E-05"},null,0.000931324,19.82865247,25.26983511,19.82865247]
["rs151013782","A","G","A","G",0.119460338,0.005,0.9767,0.979,false,false,false,"ukb-saige-471",null,0.96,0.089,"Nasal polyps || id:ukb-saige-471",true,"MedicineITLab","enigma3-withglobal-transversetemporal-surfavg",6,141578027,0.026787035,{"v":8.22e-6,"d":"8.22E-06"},30602,"wSA_Mean_transversetemporal_surfavg || id:enigma3-withglobal-transversetemporal-surfavg",true,"reported","MedicineITLab",2,true,0.000649523,30602,true,{"v":1.87e-5,"d":"1.87E-05"},null,0.000649523,19.88832379,25.26983511,19.88832379]
["rs16909892","T","G","T","G",-0.054790304,0.037,0.1117,0.11,false,false,false,"ukb-saige-471",null,0.36,0.04,"Nasal polyps || id:ukb-saige-471",true,"MedicineITLab","enigma3-withglobal-transversetemporal-surfavg",9,98227810,0.01240176,{"v":9.97e-6,"d":"9.97E-06"},32746,"wSA_Mean_transversetemporal_surfavg || id:enigma3-withglobal-transversetemporal-surfavg",true,"reported","MedicineITLab",2,true,0.000595731,32746,true,{"v":6.67e-5,"d":"6.67E-05"},null,0.000595731,19.51824578,25.26983511,19.51824578]
["rs17829698","A","C","A","C",0.119320479,-0.033,0.0272,0.03,false,false,false,"ukb-saige-471",null,0.65,0.073,"Nasal polyps || id:ukb-saige-471",true,"MedicineITLab","enigma3-withglobal-transversetemporal-surfavg",5,64888529,0.02650197,{"v":6.73e-6,"d":"6.73E-06"},26886,"wSA_Mean_transversetemporal_surfavg || id:enigma3-withglobal-transversetemporal-surfavg",true,"reported","MedicineITLab",2,true,0.000753447,26886,true,{"v":2.23e-5,"d":"2.23E-05"},null,0.000753447,20.27092956,25.26983511,20.27092956]
["rs2033939","A","G","A","G",-0.078451896,-0.035,0.0826,0.082,false,false,false,"ukb-saige-471",null,0.44,0.046,"Nasal polyps || id:ukb-saige-471",true,"MedicineITLab","enigma3-withglobal-transversetemporal-surfavg",15,39633904,0.014188847,{"v":3.22e-8,"d":"3.22E-08"},32746,"wSA_Mean_transversetemporal_surfavg || id:enigma3-withglobal-transversetemporal-surfavg",true,"reported","MedicineITLab",2,true,0.000932772,32746,true,{"v":3.39e-7,"d":"3.39E-07"},null,0.000932772,30.57121419,25.26983511,30.57121419]
["rs2409691","T","C","T","C",0.043675926,-0.035,0.483,0.48,false,false,false,"ukb-saige-471",null,0.16,0.025,"Nasal polyps || id:ukb-saige-471",true,"MedicineITLab","enigma3-withglobal-transversetemporal-surfavg",8,10943276,0.007816158,{"v":2.3e-8,"d":"2.30E-08"},32746,"wSA_Mean_transversetemporal_surfavg || id:enigma3-withglobal-transversetemporal-surfavg",true,"reported","MedicineITLab",2,true,0.000952691,32746,true,{"v":6.36e-7,"d":"6.36E-07"},null,0.000952691,31.22465086,25.26983511,31.22465086]
["rs2548226","T","C","T","C",0.041566412,0.0016,0.4135,0.43,false,false,false,"ukb-saige-471",null,0.95,0.025,"Nasal polyps || id:ukb-saige-471",true,"MedicineITLab","enigma3-withglobal-transversetemporal-surfavg",5,96275186,0.007931682,{"v":1.6e-7,"d":"1.60E-07"},32746,"wSA_Mean_transversetemporal_surfavg || id:enigma3-withglobal-transversetemporal-surfavg",true,"reported","MedicineITLab",2,true,0.000838028,32746,true,{"v":5.26e-7,"d":"5.26E-07"},null,0.000838028,27.46340786,25.26983511,27.46340786]
["rs2959112","T","C","T","C",-0.036994597,0.022,0.3767,0.38,false,false,false,"ukb-saige-471",null,0.39,0.026,"Nasal polyps || id:ukb-saige-471",true,"MedicineITLab","enigma3-withglobal-transversetemporal-surfavg",11,28944386,0.008061821,{"v":4.46e-6,"d":"4.46E-06"},32746,"wSA_Mean_transversetemporal_surfavg || id:enigma3-withglobal-transversetemporal-surfavg",true,"reported","MedicineITLab",2,true,0.000642687,32746,true,{"v":2.99e-5,"d":"2.99E-05"},null,0.000642687,21.05766788,25.26983511,21.05766788]
["rs4312310","C","G","C","G",-0.072004545,0.075,0.0708,0.069,false,true,false,"ukb-saige-471",null,0.13,0.05,"Nasal polyps || id:ukb-saige-471",true,"MedicineITLab","enigma3-withglobal-transversetemporal-surfavg",16,87210363,0.015402897,{"v":2.94e-6,"d":"2.94E-06"},32015,"wSA_Mean_transversetemporal_surfavg || id:enigma3-withglobal-transversetemporal-surfavg",true,"reported","MedicineITLab",2,true,0.000682169,32015,true,{"v":4.44e-5,"d":"4.44E-05"},null,0.000682169,21.8531986,25.26983511,21.8531986]
["rs4706391","A","T","A","T",-0.065409238,-0.039,0.182,0.17,false,true,false,"ukb-saige-471",null,0.25,0.033,"Nasal polyps || id:ukb-saige-471",true,"MedicineITLab","enigma3-withglobal-transversetemporal-surfavg",6,92009564,0.010121153,{"v":1.03e-10,"d":"1.03E-10"},32746,"wSA_Mean_transversetemporal_surfavg || id:enigma3-withglobal-transversetemporal-surfavg",true,"reported","MedicineITLab",2,true,0.001273893,32746,true,{"v":4.09e-9,"d":"4.09E-09"},null,0.001273893,41.76554862,25.26983511,41.76554862]
["rs56675820","C","G","C","G",-0.053916363,-0.0055,0.1309,0.13,false,true,false,"ukb-saige-471",null,0.88,0.037,"Nasal polyps || id:ukb-saige-471",true,"MedicineITLab","enigma3-withglobal-transversetemporal-surfavg",16,2023227,0.012114082,{"v":8.55e-6,"d":"8.55E-06"},29931,"wSA_Mean_transversetemporal_surfavg || id:enigma3-withglobal-transversetemporal-surfavg",true,"reported","MedicineITLab",2,true,0.000661425,29931,true,{"v":2.13e-5,"d":"2.13E-05"},null,0.000661425,19.80888945,25.26983511,19.80888945]
["rs58220457","T","C","T","C",-0.040746087,-0.018,0.7462,0.76,false,false,false,"ukb-saige-471",null,0.53,0.029,"Nasal polyps || id:ukb-saige-471",true,"MedicineITLab","enigma3-withglobal-transversetemporal-surfavg",18,26672772,0.008976543,{"v":5.64e-6,"d":"5.64E-06"},32746,"wSA_Mean_transversetemporal_surfavg || id:enigma3-withglobal-transversetemporal-surfavg",true,"reported","MedicineITLab",2,true,0.000628852,32746,true,{"v":2.81e-5,"d":"2.81E-05"},null,0.000628852,20.60409723,25.26983511,20.60409723]
["rs6110212","T","G","T","G",0.047464413,0.0093,0.1624,0.16,false,false,false,"ukb-saige-471",null,0.78,0.034,"Nasal polyps || id:ukb-saige-471",true,"MedicineITLab","enigma3-withglobal-transversetemporal-surfavg",20,14227633,0.010686328,{"v":8.94e-6,"d":"8.94E-06"},32170,"wSA_Mean_transversetemporal_surfavg || id:enigma3-withglobal-transversetemporal-surfavg",true,"reported","MedicineITLab",2,true,0.000612899,32170,true,{"v":2.73e-5,"d":"2.73E-05"},null,0.000612899,19.72782637,25.26983511,19.72782637]
["rs62078100","C","G","C","G",-0.086845878,-0.017,0.0443,0.044,false,true,false,"ukb-saige-471",null,0.78,0.061,"Nasal polyps || id:ukb-saige-471",true,"MedicineITLab","enigma3-withglobal-transversetemporal-surfavg",17,80494268,0.019418001,{"v":7.73e-6,"d":"7.73E-06"},31303,"wSA_Mean_transversetemporal_surfavg || id:enigma3-withglobal-transversetemporal-surfavg",true,"reported","MedicineITLab",2,true,0.000638636,31303,true,{"v":2.35e-5,"d":"2.35E-05"},null,0.000638636,20.00273523,25.26983511,20.00273523]
["rs62180561","A","C","A","C",-0.040699405,0.01,0.2582,0.26,false,false,false,"ukb-saige-471",null,0.72,0.029,"Nasal polyps || id:ukb-saige-471",true,"MedicineITLab","enigma3-withglobal-transversetemporal-surfavg",2,222302800,0.009116974,{"v":8.03e-6,"d":"8.03E-06"},31389,"wSA_Mean_transversetemporal_surfavg || id:enigma3-withglobal-transversetemporal-surfavg",true,"reported","MedicineITLab",2,true,0.000634526,31389,true,{"v":2.65e-5,"d":"2.65E-05"},null,0.000634526,19.92850149,25.26983511,19.92850149]
["rs72775393","T","C","T","C",0.074359842,0.032,0.9295,0.922,false,false,false,"ukb-saige-471",null,0.5,0.047,"Nasal polyps || id:ukb-saige-471",true,"MedicineITLab","enigma3-withglobal-transversetemporal-surfavg",5,94259317,0.015259576,{"v":1.1e-6,"d":"1.10E-06"},32746,"wSA_Mean_transversetemporal_surfavg || id:enigma3-withglobal-transversetemporal-surfavg",true,"reported","MedicineITLab",2,true,0.000724679,32746,true,{"v":7.03e-6,"d":"7.03E-06"},null,0.000724679,23.74608362,25.26983511,23.74608362]
["rs72834200","A","G","A","G",-0.093193233,-0.042,0.954,0.96,false,false,false,"ukb-saige-471",null,0.51,0.065,"Nasal polyps || id:ukb-saige-471",true,"MedicineITLab","enigma3-withglobal-transversetemporal-surfavg",6,18503847,0.018646634,{"v":5.8e-7,"d":"5.80E-07"},32746,"wSA_Mean_transversetemporal_surfavg || id:enigma3-withglobal-transversetemporal-surfavg",true,"reported","MedicineITLab",2,true,0.000762263,32746,true,{"v":3.8e-6,"d":"3.80E-06"},null,0.000762263,24.97858672,25.26983511,24.97858672]
["rs7315185","A","T","A","T",0.05599229,0.011,0.1431,0.14,false,true,false,"ukb-saige-471",null,0.75,0.036,"Nasal polyps || id:ukb-saige-471",true,"MedicineITLab","enigma3-withglobal-transversetemporal-surfavg",12,53924359,0.011303847,{"v":7.29e-7,"d":"7.29E-07"},31889,"wSA_Mean_transversetemporal_surfavg || id:enigma3-withglobal-transversetemporal-surfavg",true,"reported","MedicineITLab",2,true,0.000768876,31889,true,{"v":2.87e-6,"d":"2.87E-06"},null,0.000768876,24.53601037,25.26983511,24.53601037]
["rs74174912","C","G","C","G",0.069821165,0.0011,0.9175,0.915,false,true,false,"ukb-saige-471",null,0.98,0.045,"Nasal polyps || id:ukb-saige-471",true,"MedicineITLab","enigma3-withglobal-transversetemporal-surfavg",20,43296659,0.015326175,{"v":5.21e-6,"d":"5.21E-06"},28103,"wSA_Mean_transversetemporal_surfavg || id:enigma3-withglobal-transversetemporal-surfavg",true,"reported","MedicineITLab",2,true,0.000738013,28103,true,{"v":1.11e-5,"d":"1.11E-05"},null,0.000738013,20.75422904,25.26983511,20.75422904]
["rs74318475","A","G","A","G",0.066516081,-0.0066,0.0729,0.07,false,false,false,"ukb-saige-471",null,0.89,0.049,"Nasal polyps || id:ukb-saige-471",true,"MedicineITLab","enigma3-withglobal-transversetemporal-surfavg",7,82636925,0.01502665,{"v":9.57e-6,"d":"9.57E-06"},32746,"wSA_Mean_transversetemporal_surfavg || id:enigma3-withglobal-transversetemporal-surfavg",true,"reported","MedicineITLab",2,true,0.00059805,32746,true,{"v":2.5e-5,"d":"2.50E-05"},null,0.00059805,19.59426403,25.26983511,19.59426403]
["rs75061235","A","G","A","G",0.081625901,-0.074,0.067,0.061,false,false,false,"ukb-saige-471",null,0.16,0.053,"Nasal polyps || id:ukb-saige-471",true,"MedicineITLab","enigma3-withglobal-transversetemporal-surfavg",9,111490920,0.015622839,{"v":1.74e-7,"d":"1.74E-07"},32746,"wSA_Mean_transversetemporal_surfavg || id:enigma3-withglobal-transversetemporal-surfavg",true,"reported","MedicineITLab",2,true,0.000832995,32746,true,{"v":3.62e-6,"d":"3.62E-06"},null,0.000832995,27.29832913,25.26983511,27.29832913]
["rs75924992","T","G","T","G",-0.074589758,-0.05,0.9419,0.938,false,false,false,"ukb-saige-471",null,0.34,0.053,"Nasal polyps || id:ukb-saige-471",true,"MedicineITLab","enigma3-withglobal-transversetemporal-surfavg",14,80151037,0.016699228,{"v":7.94e-6,"d":"7.94E-06"},32746,"wSA_Mean_transversetemporal_surfavg || id:enigma3-withglobal-transversetemporal-surfavg",true,"reported","MedicineITLab",2,true,0.000608933,32746,true,{"v":5.59e-5,"d":"5.59E-05"},null,0.000608933,19.95104252,25.26983511,19.95104252]
["rs7610812","T","G","T","G",-0.039360167,0.019,0.2698,0.26,false,false,false,"ukb-saige-471",null,0.5,0.029,"Nasal polyps || id:ukb-saige-471",true,"MedicineITLab","enigma3-withglobal-transversetemporal-surfavg",3,89544397,0.008801256,{"v":7.76e-6,"d":"7.76E-06"},32746,"wSA_Mean_transversetemporal_surfavg || id:enigma3-withglobal-transversetemporal-surfavg",true,"reported","MedicineITLab",2,true,0.000610418,32746,true,{"v":3.88e-5,"d":"3.88E-05"},null,0.000610418,19.99974916,25.26983511,19.99974916]
["rs79164888","A","G","A","G",0.074402367,0.12,0.0576,0.052,false,false,false,"ukb-saige-471",null,0.029,0.057,"Nasal polyps || id:ukb-saige-471",true,"MedicineITLab","enigma3-withglobal-transversetemporal-surfavg",2,161490004,0.016767168,{"v":9.1e-6,"d":"9.10E-06"},32746,"wSA_Mean_transversetemporal_surfavg || id:enigma3-withglobal-transversetemporal-surfavg",true,"reported","MedicineITLab",2,true,0.000600982,32746,true,0.000233786,null,0.000600982,19.69037906,25.26983511,19.69037906]
["rs79636486","A","G","A","G",-0.07304847,-0.036,0.9336,0.936,false,false,false,"ukb-saige-471",null,0.48,0.051,"Nasal polyps || id:ukb-saige-471",true,"MedicineITLab","enigma3-withglobal-transversetemporal-surfavg",12,69799499,0.015689567,{"v":3.22e-6,"d":"3.22E-06"},32746,"wSA_Mean_transversetemporal_surfavg || id:enigma3-withglobal-transversetemporal-surfavg",true,"reported","MedicineITLab",2,true,0.000661578,32746,true,{"v":1.89e-5,"d":"1.89E-05"},null,0.000661578,21.67705658,25.26983511,21.67705658]
["rs949279","A","G","A","G",0.041630893,0.00085,0.3295,0.33,false,false,false,"ukb-saige-471",null,0.97,0.027,"Nasal polyps || id:ukb-saige-471",true,"MedicineITLab","enigma3-withglobal-transversetemporal-surfavg",11,111072779,0.008310472,{"v":5.46e-7,"d":"5.46E-07"},32746,"wSA_Mean_transversetemporal_surfavg || id:enigma3-withglobal-transversetemporal-surfavg",true,"reported","MedicineITLab",2,true,0.0007658,32746,true,{"v":1.56e-6,"d":"1.56E-06"},null,0.0007658,25.09458894,25.26983511,25.09458894]
["rs9615351","C","G","C","G",-0.051804711,-0.0027,0.7547,0.75,false,true,false,"ukb-saige-471",null,0.93,0.029,"Nasal polyps || id:ukb-saige-471",true,"MedicineITLab","enigma3-withglobal-transversetemporal-surfavg",22,46760481,0.009727564,{"v":1e-7,"d":"1.00E-07"},28516,"wSA_Mean_transversetemporal_surfavg || id:enigma3-withglobal-transversetemporal-surfavg",true,"reported","MedicineITLab",2,true,0.000993666,28516,true,{"v":3.1e-7,"d":"3.10E-07"},null,0.000993666,28.36157239,25.26983511,28.36157239]
["rs976423","A","T","A","T",-0.043566909,-0.038,0.2302,0.23,false,true,false,"ukb-saige-471",null,0.2,0.03,"Nasal polyps || id:ukb-saige-471",true,"MedicineITLab","enigma3-withglobal-transversetemporal-surfavg",8,120587502,0.009279646,{"v":2.67e-6,"d":"2.67E-06"},32746,"wSA_Mean_transversetemporal_surfavg || id:enigma3-withglobal-transversetemporal-surfavg",true,"reported","MedicineITLab",2,true,0.000672708,32746,true,{"v":3.19e-5,"d":"3.19E-05"},null,0.000672708,22.04198488,25.26983511,22.04198488]
["rs9844184","A","G","A","G",-0.046449951,-0.008,0.7577,0.76,false,false,false,"ukb-saige-471",null,0.78,0.029,"Nasal polyps || id:ukb-saige-471",true,"MedicineITLab","enigma3-withglobal-transversetemporal-surfavg",3,150132039,0.009116365,{"v":3.49e-7,"d":"3.49E-07"},32746,"wSA_Mean_transversetemporal_surfavg || id:enigma3-withglobal-transversetemporal-surfavg",true,"reported","MedicineITLab",2,true,0.00079223,32746,true,{"v":1.45e-6,"d":"1.45E-06"},null,0.00079223,25.96134303,25.26983511,25.96134303]
["rs9907611","A","G","A","G",-0.038396704,-0.026,0.6724,0.67,false,false,false,"ukb-saige-471",null,0.33,0.027,"Nasal polyps || id:ukb-saige-471",true,"MedicineITLab","enigma3-withglobal-transversetemporal-surfavg",17,11625791,0.008323237,{"v":3.96e-6,"d":"3.96E-06"},32746,"wSA_Mean_transversetemporal_surfavg || id:enigma3-withglobal-transversetemporal-surfavg",true,"reported","MedicineITLab",2,true,0.000649515,32746,true,{"v":3.11e-5,"d":"3.11E-05"},null,0.000649515,21.28155674,25.26983511,21.28155674]
["rs10902645","T","G","T","G",-0.052567858,-0.010101246,0.1405,0.883233227,false,false,false,"ebi-eas-GCST90018603",null,0.75970485,0.03302481,"Chronic sinusitis || id:ebi-eas-GCST90018603",true,"MedicineITLab","enigma3-withglobal-transversetemporal-thickavg",1,27179062,0.011304916,{"v":2.91e-6,"d":"2.91E-06"},32378,"wTHICK_Mean_transversetemporal_thickavg || id:enigma3-withglobal-transversetemporal-thickavg",true,"reported","MedicineITLab",2,true,0.00066741,32378,true,{"v":4.02e-5,"d":"4.02E-05"},null,0.00066741,21.6225,25.26983511,21.6225]
["rs12221335","A","T","A","T",0.069326726,-0.049118953,0.0871,0.263000855,false,true,false,"ebi-eas-GCST90018603",null,0.043294168,0.024305955,"Chronic sinusitis || id:ebi-eas-GCST90018603",true,"MedicineITLab","enigma3-withglobal-transversetemporal-thickavg",10,104769392,0.013865345,{"v":4.29e-7,"d":"4.29E-07"},32686,"wTHICK_Mean_transversetemporal_thickavg || id:enigma3-withglobal-transversetemporal-thickavg",true,"reported","MedicineITLab",2,true,0.000764316,32686,true,0.000208369,null,0.000764316,25,25.26983511,25]
["rs1805155","A","G","A","G",-0.059270028,-0.042084095,0.889,0.896101184,false,false,false,"ebi-eas-GCST90018603",null,0.227482346,0.034870456,"Chronic sinusitis || id:ebi-eas-GCST90018603",true,"MedicineITLab","enigma3-withglobal-transversetemporal-thickavg",9,98238379,0.012446706,{"v":3.35e-6,"d":"3.35E-06"},32686,"wTHICK_Mean_transversetemporal_thickavg || id:enigma3-withglobal-transversetemporal-thickavg",true,"reported","MedicineITLab",2,true,0.000693306,32686,true,0.000128062,null,0.000693306,22.67573696,25.26983511,22.67573696]
["rs2299552","T","G","T","G",0.037217529,-0.005869893,0.3169,0.747460599,false,false,false,"ebi-eas-GCST90018603",null,0.814783304,0.025057195,"Chronic sinusitis || id:ebi-eas-GCST90018603",true,"MedicineITLab","enigma3-withglobal-transversetemporal-thickavg",7,126834514,0.008403958,{"v":9.36e-6,"d":"9.36E-06"},32686,"wTHICK_Mean_transversetemporal_thickavg || id:enigma3-withglobal-transversetemporal-thickavg",true,"reported","MedicineITLab",2,true,0.000599697,32686,true,{"v":8.46e-5,"d":"8.46E-05"},null,0.000599697,19.6122449,25.26983511,19.6122449]
["rs28559898","T","G","T","G",0.038665267,0.029141587,0.3706,0.841678346,false,false,false,"ebi-eas-GCST90018603",null,0.444472466,0.038110385,"Chronic sinusitis || id:ebi-eas-GCST90018603",true,"MedicineITLab","enigma3-withglobal-transversetemporal-thickavg",8,9041611,0.008360058,{"v":3.07e-6,"d":"3.07E-06"},30651,"wTHICK_Mean_transversetemporal_thickavg || id:enigma3-withglobal-transversetemporal-thickavg",true,"reported","MedicineITLab",2,true,0.000697436,30651,true,{"v":8.84e-5,"d":"8.84E-05"},null,0.000697436,21.390625,25.26983511,21.390625]
["rs2868443","A","T","A","T",0.039144546,-0.020558557,0.6869,0.844734318,false,true,false,"ebi-eas-GCST90018603",null,0.485911865,0.029503154,"Chronic sinusitis || id:ebi-eas-GCST90018603",true,"MedicineITLab","enigma3-withglobal-transversetemporal-thickavg",3,146369709,0.008431133,{"v":3.73e-6,"d":"3.73E-06"},32686,"wTHICK_Mean_transversetemporal_thickavg || id:enigma3-withglobal-transversetemporal-thickavg",true,"reported","MedicineITLab",2,true,0.000659097,32686,true,{"v":8.36e-5,"d":"8.36E-05"},null,0.000659097,21.55612245,25.26983511,21.55612245]
["rs2923091","A","G","A","G",-0.036583382,0.032694376,0.6011,0.939554904,false,false,false,"ebi-eas-GCST90018603",null,0.480621035,0.04635501,"Chronic sinusitis || id:ebi-eas-GCST90018603",true,"MedicineITLab","enigma3-withglobal-transversetemporal-thickavg",11,10358145,0.00812964,{"v":6.31e-6,"d":"6.31E-06"},31533,"wTHICK_Mean_transversetemporal_thickavg || id:enigma3-withglobal-transversetemporal-thickavg",true,"reported","MedicineITLab",2,true,0.000641813,31533,true,0.000135034,null,0.000641813,20.25,25.26983511,20.25]
["rs59784165","T","C","T","C",0.079642528,0.046197149,0.9444,0.841660982,false,false,false,"ebi-eas-GCST90018603",null,0.115954355,0.029387806,"Chronic sinusitis || id:ebi-eas-GCST90018603",true,"MedicineITLab","enigma3-withglobal-transversetemporal-thickavg",4,21299509,0.017220006,{"v":3.13e-6,"d":"3.13E-06"},32093,"wTHICK_Mean_transversetemporal_thickavg || id:enigma3-withglobal-transversetemporal-thickavg",true,"reported","MedicineITLab",2,true,0.000666117,32093,true,0.000363078,null,0.000666117,21.390625,25.26983511,21.390625]
["rs72784444","T","C","T","C",-0.047429381,0.033629233,0.827,0.442068683,false,false,false,"ebi-eas-GCST90018603",null,0.120385881,0.021652194,"Chronic sinusitis || id:ebi-eas-GCST90018603",true,"MedicineITLab","enigma3-withglobal-transversetemporal-thickavg",5,92577776,0.010337173,{"v":7.46e-6,"d":"7.46E-06"},32686,"wTHICK_Mean_transversetemporal_thickavg || id:enigma3-withglobal-transversetemporal-thickavg",true,"reported","MedicineITLab",2,true,0.00064369,32686,true,0.000418042,null,0.00064369,21.05190311,25.26983511,21.05190311]
["rs74252535","T","C","T","C",0.058219551,0.009956841,0.8975,0.859531744,false,false,false,"ebi-eas-GCST90018603",null,0.746153691,0.030758031,"Chronic sinusitis || id:ebi-eas-GCST90018603",true,"MedicineITLab","enigma3-withglobal-transversetemporal-thickavg",17,66431369,0.012937678,{"v":7.65e-6,"d":"7.65E-06"},32453,"wTHICK_Mean_transversetemporal_thickavg || id:enigma3-withglobal-transversetemporal-thickavg",true,"reported","MedicineITLab",2,true,0.000623629,32453,true,{"v":7.44e-5,"d":"7.44E-05"},null,0.000623629,20.25,25.26983511,20.25]
["rs10788953","A","C","A","C",-0.035785448,{"v":-1.92e-5,"d":"-1.92E-05"},0.436,0.422871,false,false,false,"ukb-b-69",null,0.91,0.000165301,"Non-cancer illness code, self-reported: chronic sinusitis || id:ukb-b-69",true,"igd","enigma3-withglobal-transversetemporal-thickavg",1,53738975,0.007884929,{"v":5.72e-6,"d":"5.72E-06"},32686,"wTHICK_Mean_transversetemporal_thickavg || id:enigma3-withglobal-transversetemporal-thickavg",true,"reported","MedicineITLab",2,true,0.000629808,32686,true,{"v":1.33e-5,"d":"1.33E-05"},null,0.000629808,20.59763314,25.26983511,20.59763314]
["rs10902645","T","G","T","G",-0.052567858,-0.000116312,0.1405,0.127852,false,false,false,"ukb-b-69",null,0.64,0.00024577,"Non-cancer illness code, self-reported: chronic sinusitis || id:ukb-b-69",true,"igd","enigma3-withglobal-transversetemporal-thickavg",1,27179062,0.011304916,{"v":2.91e-6,"d":"2.91E-06"},32378,"wTHICK_Mean_transversetemporal_thickavg || id:enigma3-withglobal-transversetemporal-thickavg",true,"reported","MedicineITLab",2,true,0.00066741,32378,true,{"v":1.22e-5,"d":"1.22E-05"},null,0.00066741,21.6225,25.26983511,21.6225]
["rs12066547","T","C","T","C",0.041060817,{"v":-9.4e-8,"d":"-9.40E-08"},0.2922,0.302672,false,false,false,"ukb-b-69",null,1,0.000185549,"Non-cancer illness code, self-reported: chronic sinusitis || id:ukb-b-69",true,"igd","enigma3-withglobal-transversetemporal-thickavg",1,244542476,0.009475573,{"v":8.57e-6,"d":"8.57E-06"},26909,"wTHICK_Mean_transversetemporal_thickavg || id:enigma3-withglobal-transversetemporal-thickavg",true,"reported","MedicineITLab",2,true,0.00069739,26909,true,{"v":2.53e-5,"d":"2.53E-05"},null,0.00069739,18.77777778,25.26983511,18.77777778]
["rs2299552","T","G","T","G",0.037217529,{"v":-8.91e-5,"d":"-8.91E-05"},0.3169,0.312897,false,false,false,"ukb-b-69",null,0.61,0.000176452,"Non-cancer illness code, self-reported: chronic sinusitis || id:ukb-b-69",true,"igd","enigma3-withglobal-transversetemporal-thickavg",7,126834514,0.008403958,{"v":9.36e-6,"d":"9.36E-06"},32686,"wTHICK_Mean_transversetemporal_thickavg || id:enigma3-withglobal-transversetemporal-thickavg",true,"reported","MedicineITLab",2,true,0.000599697,32686,true,{"v":3.33e-5,"d":"3.33E-05"},null,0.000599697,19.6122449,25.26983511,19.6122449]
["rs28559898","T","G","T","G",0.038665267,0.000140799,0.3706,0.360546,false,false,false,"ukb-b-69",null,0.43,0.000177973,"Non-cancer illness code, self-reported: chronic sinusitis || id:ukb-b-69",true,"igd","enigma3-withglobal-transversetemporal-thickavg",8,9041611,0.008360058,{"v":3.07e-6,"d":"3.07E-06"},30651,"wTHICK_Mean_transversetemporal_thickavg || id:enigma3-withglobal-transversetemporal-thickavg",true,"reported","MedicineITLab",2,true,0.000697436,30651,true,{"v":1.86e-5,"d":"1.86E-05"},null,0.000697436,21.390625,25.26983511,21.390625]
["rs2868443","A","T","A","T",0.039144546,{"v":8.9e-6,"d":"8.90E-06"},0.6869,0.692439,false,true,false,"ukb-b-69",null,0.96,0.00017795,"Non-cancer illness code, self-reported: chronic sinusitis || id:ukb-b-69",true,"igd","enigma3-withglobal-transversetemporal-thickavg",3,146369709,0.008431133,{"v":3.73e-6,"d":"3.73E-06"},32686,"wTHICK_Mean_transversetemporal_thickavg || id:enigma3-withglobal-transversetemporal-thickavg",true,"reported","MedicineITLab",2,true,0.000659097,32686,true,{"v":7.69e-6,"d":"7.69E-06"},null,0.000659097,21.55612245,25.26983511,21.55612245]
["rs68044532","T","C","T","C",0.054902289,{"v":-4.06e-7,"d":"-4.06E-07"},0.8132,0.811675,false,false,false,"ukb-b-69",null,1,0.000210157,"Non-cancer illness code, self-reported: chronic sinusitis || id:ukb-b-69",true,"igd","enigma3-withglobal-transversetemporal-thickavg",9,76172756,0.010754057,{"v":3.34e-7,"d":"3.34E-07"},28437,"wTHICK_Mean_transversetemporal_thickavg || id:enigma3-withglobal-transversetemporal-thickavg",true,"reported","MedicineITLab",2,true,0.000915767,28437,true,{"v":7.27e-7,"d":"7.27E-07"},null,0.000915767,26.06371191,25.26983511,26.06371191]
["rs72784444","T","C","T","C",-0.047429381,{"v":1.93e-5,"d":"1.93E-05"},0.827,0.833049,false,false,false,"ukb-b-69",null,0.93,0.000221105,"Non-cancer illness code, self-reported: chronic sinusitis || id:ukb-b-69",true,"igd","enigma3-withglobal-transversetemporal-thickavg",5,92577776,0.010337173,{"v":7.46e-6,"d":"7.46E-06"},32686,"wTHICK_Mean_transversetemporal_thickavg || id:enigma3-withglobal-transversetemporal-thickavg",true,"reported","MedicineITLab",2,true,0.00064369,32686,true,{"v":1.03e-5,"d":"1.03E-05"},null,0.00064369,21.05190311,25.26983511,21.05190311]
["rs78293299","T","C","T","C",0.062608937,{"v":1.11e-5,"d":"1.11E-05"},0.8715,0.867267,false,false,false,"ukb-b-69",null,0.96,0.000245875,"Non-cancer illness code, self-reported: chronic sinusitis || id:ukb-b-69",true,"igd","enigma3-withglobal-transversetemporal-thickavg",12,42118026,0.013264605,{"v":3.43e-6,"d":"3.43E-06"},25355,"wTHICK_Mean_transversetemporal_thickavg || id:enigma3-withglobal-transversetemporal-thickavg",true,"reported","MedicineITLab",2,true,0.000877957,25355,true,{"v":4.54e-6,"d":"4.54E-06"},null,0.000877957,22.2784,25.26983511,22.2784]
["rs79859748","A","G","A","G",0.046928042,0.000172229,0.2084,0.210951,false,false,false,"ukb-b-69",null,0.39,0.000200751,"Non-cancer illness code, self-reported: chronic sinusitis || id:ukb-b-69",true,"igd","enigma3-withglobal-transversetemporal-thickavg",12,24214515,0.009626265,{"v":2.21e-6,"d":"2.21E-06"},32686,"wTHICK_Mean_transversetemporal_thickavg || id:enigma3-withglobal-transversetemporal-thickavg",true,"reported","MedicineITLab",2,true,0.000726605,32686,true,{"v":7.1e-6,"d":"7.10E-06"},null,0.000726605,23.765625,25.26983511,23.765625]
["rs8021574","A","G","A","G",-0.049599526,0.000250835,0.1517,0.152358,false,false,false,"ukb-b-69",null,0.27,0.00022815,"Non-cancer illness code, self-reported: chronic sinusitis || id:ukb-b-69",true,"igd","enigma3-withglobal-transversetemporal-thickavg",14,58849874,0.01083208,{"v":3.75e-6,"d":"3.75E-06"},33095,"wTHICK_Mean_transversetemporal_thickavg || id:enigma3-withglobal-transversetemporal-thickavg",true,"reported","MedicineITLab",2,true,0.00063317,33095,true,{"v":3.49e-5,"d":"3.49E-05"},null,0.00063317,20.966759,25.26983511,20.966759]
["rs10788953","A","C","A","C",-0.035785448,{"v":-5.24e-5,"d":"-5.24E-05"},0.436,0.424947,false,false,false,"ukb-d-J32",null,0.705862,0.000138854,"Diagnoses - main ICD10: J32 Chronic sinusitis || id:ukb-d-J32",true,"igd","enigma3-withglobal-transversetemporal-thickavg",1,53738975,0.007884929,{"v":5.72e-6,"d":"5.72E-06"},32686,"wTHICK_Mean_transversetemporal_thickavg || id:enigma3-withglobal-transversetemporal-thickavg",true,"reported","MedicineITLab",2,true,0.000629808,32686,true,{"v":2.27e-5,"d":"2.27E-05"},null,0.000629808,20.59763314,25.26983511,20.59763314]
["rs10902645","T","G","T","G",-0.052567858,{"v":-9.15e-5,"d":"-9.15E-05"},0.1405,0.12669,false,false,false,"ukb-d-J32",null,0.658996,0.000207445,"Diagnoses - main ICD10: J32 Chronic sinusitis || id:ukb-d-J32",true,"igd","enigma3-withglobal-transversetemporal-thickavg",1,27179062,0.011304916,{"v":2.91e-6,"d":"2.91E-06"},32378,"wTHICK_Mean_transversetemporal_thickavg || id:enigma3-withglobal-transversetemporal-thickavg",true,"reported","MedicineITLab",2,true,0.00066741,32378,true,{"v":1.51e-5,"d":"1.51E-05"},null,0.00066741,21.6225,25.26983511,21.6225]
["rs114897647","T","C","T","C",0.086393367,-0.000163088,0.0416,0.0396497,false,false,false,"ukb-d-J32",null,0.643975,0.000352891,"Diagnoses - main ICD10: J32 Chronic sinusitis || id:ukb-d-J32",true,"igd","enigma3-withglobal-transversetemporal-thickavg",16,78093455,0.019582497,{"v":7.33e-6,"d":"7.33E-06"},32686,"wTHICK_Mean_transversetemporal_thickavg || id:enigma3-withglobal-transversetemporal-thickavg",true,"reported","MedicineITLab",2,true,0.000595156,32686,true,{"v":4.29e-5,"d":"4.29E-05"},null,0.000595156,19.46366782,25.26983511,19.46366782]
["rs116750038","A","G","A","G",0.205950772,0.000314615,0.9879,0.9859647,false,false,false,"ukb-d-J32",null,0.600112,0.000600134,"Diagnoses - main ICD10: J32 Chronic sinusitis || id:ukb-d-J32",true,"igd","enigma3-withglobal-transversetemporal-thickavg",5,55243211,0.04395592,{"v":2.94e-6,"d":"2.94E-06"},21629,"wTHICK_Mean_transversetemporal_thickavg || id:enigma3-withglobal-transversetemporal-thickavg",true,"reported","MedicineITLab",2,true,0.00101404,21629,true,{"v":9.62e-6,"d":"9.62E-06"},null,0.00101404,21.95290999,25.26983511,21.95290999]
["rs117236536","A","G","A","G",-0.100819924,0.00055755,0.0387,0.0293927,false,false,false,"ukb-d-J32",null,0.183805,0.000419484,"Diagnoses - main ICD10: J32 Chronic sinusitis || id:ukb-d-J32",true,"igd","enigma3-withglobal-transversetemporal-thickavg",17,48536535,0.020270673,{"v":6.62e-7,"d":"6.62E-07"},32686,"wTHICK_Mean_transversetemporal_thickavg || id:enigma3-withglobal-transversetemporal-thickavg",true,"reported","MedicineITLab",2,true,0.000756297,32686,true,{"v":1.19e-5,"d":"1.19E-05"},null,0.000756297,24.73753463,25.26983511,24.73753463]
["rs12066547","T","C","T","C",0.041060817,0.000166468,0.2922,0.302832,false,false,false,"ukb-d-J32",null,0.285594,0.000155893,"Diagnoses - main ICD10: J32 Chronic sinusitis || id:ukb-d-J32",true,"igd","enigma3-withglobal-transversetemporal-thickavg",1,244542476,0.009475573,{"v":8.57e-6,"d":"8.57E-06"},26909,"wTHICK_Mean_transversetemporal_thickavg || id:enigma3-withglobal-transversetemporal-thickavg",true,"reported","MedicineITLab",2,true,0.00069739,26909,true,{"v":9.67e-5,"d":"9.67E-05"},null,0.00069739,18.77777778,25.26983511,18.77777778]
["rs12221335","A","T","A","T",0.069326726,{"v":-4.09e-5,"d":"-4.09E-05"},0.0871,0.0768337,false,true,false,"ukb-d-J32",null,0.8741,0.000257825,"Diagnoses - main ICD10: J32 Chronic sinusitis || id:ukb-d-J32",true,"igd","enigma3-withglobal-transversetemporal-thickavg",10,104769392,0.013865345,{"v":4.29e-7,"d":"4.29E-07"},32686,"wTHICK_Mean_transversetemporal_thickavg || id:enigma3-withglobal-transversetemporal-thickavg",true,"reported","MedicineITLab",2,true,0.000764316,32686,true,{"v":2.12e-6,"d":"2.12E-06"},null,0.000764316,25,25.26983511,25]
["rs150344302","A","G","A","G",0.151611927,0.000794343,0.0215,0.0222033,false,false,false,"ukb-d-J32",null,0.0975596,0.000479444,"Diagnoses - main ICD10: J32 Chronic sinusitis || id:ukb-d-J32",true,"igd","enigma3-withglobal-transversetemporal-thickavg",16,11454478,0.03374923,{"v":7.98e-6,"d":"7.98E-06"},20848,"wTHICK_Mean_transversetemporal_thickavg || id:enigma3-withglobal-transversetemporal-thickavg",true,"reported","MedicineITLab",2,true,0.000967155,20848,true,{"v":6.89e-5,"d":"6.89E-05"},null,0.000967155,20.1808284,25.26983511,20.1808284]
["rs1805155","A","G","A","G",-0.059270028,0.000149026,0.889,0.891835,false,false,false,"ukb-d-J32",null,0.50077,0.000221344,"Diagnoses - main ICD10: J32 Chronic sinusitis || id:ukb-d-J32",true,"igd","enigma3-withglobal-transversetemporal-thickavg",9,98238379,0.012446706,{"v":3.35e-6,"d":"3.35E-06"},32686,"wTHICK_Mean_transversetemporal_thickavg || id:enigma3-withglobal-transversetemporal-thickavg",true,"reported","MedicineITLab",2,true,0.000693306,32686,true,{"v":1.27e-5,"d":"1.27E-05"},null,0.000693306,22.67573696,25.26983511,22.67573696]
["rs187247072","T","C","T","C",-0.059342645,0.000122246,0.0987,0.0996887,false,false,false,"ukb-d-J32",null,0.599066,0.00023252,"Diagnoses - main ICD10: J32 Chronic sinusitis || id:ukb-d-J32",true,"igd","enigma3-withglobal-transversetemporal-thickavg",11,98475858,0.013187254,{"v":5.26e-6,"d":"5.26E-06"},32302,"wTHICK_Mean_transversetemporal_thickavg || id:enigma3-withglobal-transversetemporal-thickavg",true,"reported","MedicineITLab",2,true,0.000626542,32302,true,{"v":3.18e-5,"d":"3.18E-05"},null,0.000626542,20.25,25.26983511,20.25]
["rs187887171","T","C","T","C",-0.074574119,0.000490651,0.0687,0.0712797,false,false,false,"ukb-d-J32",null,0.0665028,0.000267381,"Diagnoses - main ICD10: J32 Chronic sinusitis || id:ukb-d-J32",true,"igd","enigma3-withglobal-transversetemporal-thickavg",8,97755396,0.015636509,{"v":2.84e-6,"d":"2.84E-06"},31942,"wTHICK_Mean_transversetemporal_thickavg || id:enigma3-withglobal-transversetemporal-thickavg",true,"reported","MedicineITLab",2,true,0.000711627,31942,true,{"v":5.17e-5,"d":"5.17E-05"},null,0.000711627,22.74556213,25.26983511,22.74556213]
["rs2299552","T","G","T","G",0.037217529,{"v":-2.34e-5,"d":"-2.34E-05"},0.3169,0.314285,false,false,false,"ukb-d-J32",null,0.874689,0.000148139,"Diagnoses - main ICD10: J32 Chronic sinusitis || id:ukb-d-J32",true,"igd","enigma3-withglobal-transversetemporal-thickavg",7,126834514,0.008403958,{"v":9.36e-6,"d":"9.36E-06"},32686,"wTHICK_Mean_transversetemporal_thickavg || id:enigma3-withglobal-transversetemporal-thickavg",true,"reported","MedicineITLab",2,true,0.000599697,32686,true,{"v":2.73e-5,"d":"2.73E-05"},null,0.000599697,19.6122449,25.26983511,19.6122449]
["rs28559898","T","G","T","G",0.038665267,-0.000257564,0.3706,0.361853,false,false,false,"ukb-d-J32",null,0.0845006,0.000149299,"Diagnoses - main ICD10: J32 Chronic sinusitis || id:ukb-d-J32",true,"igd","enigma3-withglobal-transversetemporal-thickavg",8,9041611,0.008360058,{"v":3.07e-6,"d":"3.07E-06"},30651,"wTHICK_Mean_transversetemporal_thickavg || id:enigma3-withglobal-transversetemporal-thickavg",true,"reported","MedicineITLab",2,true,0.000697436,30651,true,{"v":7.58e-5,"d":"7.58E-05"},null,0.000697436,21.390625,25.26983511,21.390625]
["rs2868443","A","T","A","T",0.039144546,0.000284054,0.6869,0.692181,false,true,false,"ukb-d-J32",null,0.0570007,0.000149242,"Diagnoses - main ICD10: J32 Chronic sinusitis || id:ukb-d-J32",true,"igd","enigma3-withglobal-transversetemporal-thickavg",3,146369709,0.008431133,{"v":3.73e-6,"d":"3.73E-06"},32686,"wTHICK_Mean_transversetemporal_thickavg || id:enigma3-withglobal-transversetemporal-thickavg",true,"reported","MedicineITLab",2,true,0.000659097,32686,true,{"v":9.73e-5,"d":"9.73E-05"},null,0.000659097,21.55612245,25.26983511,21.55612245]
["rs2923091","A","G","A","G",-0.036583382,-0.000111279,0.6011,0.530649,false,false,false,"ukb-d-J32",null,0.420625,0.000138177,"Diagnoses - main ICD10: J32 Chronic sinusitis || id:ukb-d-J32",true,"igd","enigma3-withglobal-transversetemporal-thickavg",11,10358145,0.00812964,{"v":6.31e-6,"d":"6.31E-06"},31533,"wTHICK_Mean_transversetemporal_thickavg || id:enigma3-withglobal-transversetemporal-thickavg",true,"reported","MedicineITLab",2,true,0.000641813,31533,true,{"v":4.37e-5,"d":"4.37E-05"},null,0.000641813,20.25,25.26983511,20.25]
["rs59784165","T","C","T","C",0.079642528,0.000294001,0.9444,0.9461215,false,false,false,"ukb-d-J32",null,0.335547,0.000305296,"Diagnoses - main ICD10: J32 Chronic sinusitis || id:ukb-d-J32",true,"igd","enigma3-withglobal-transversetemporal-thickavg",4,21299509,0.017220006,{"v":3.13e-6,"d":"3.13E-06"},32093,"wTHICK_Mean_transversetemporal_thickavg || id:enigma3-withglobal-transversetemporal-thickavg",true,"reported","MedicineITLab",2,true,0.000666117,32093,true,{"v":3.23e-5,"d":"3.23E-05"},null,0.000666117,21.390625,25.26983511,21.390625]
["rs68044532","T","C","T","C",0.054902289,0.000215643,0.8132,0.81097,false,false,false,"ukb-d-J32",null,0.221316,0.000176317,"Diagnoses - main ICD10: J32 Chronic sinusitis || id:ukb-d-J32",true,"igd","enigma3-withglobal-transversetemporal-thickavg",9,76172756,0.010754057,{"v":3.34e-7,"d":"3.34E-07"},28437,"wTHICK_Mean_transversetemporal_thickavg || id:enigma3-withglobal-transversetemporal-thickavg",true,"reported","MedicineITLab",2,true,0.000915767,28437,true,{"v":4.56e-6,"d":"4.56E-06"},null,0.000915767,26.06371191,25.26983511,26.06371191]
["rs72784444","T","C","T","C",-0.047429381,{"v":5.66e-5,"d":"5.66E-05"},0.827,0.833034,false,false,false,"ukb-d-J32",null,0.760522,0.000185702,"Diagnoses - main ICD10: J32 Chronic sinusitis || id:ukb-d-J32",true,"igd","enigma3-withglobal-transversetemporal-thickavg",5,92577776,0.010337173,{"v":7.46e-6,"d":"7.46E-06"},32686,"wTHICK_Mean_transversetemporal_thickavg || id:enigma3-withglobal-transversetemporal-thickavg",true,"reported","MedicineITLab",2,true,0.00064369,32686,true,{"v":1.67e-5,"d":"1.67E-05"},null,0.00064369,21.05190311,25.26983511,21.05190311]
["rs72831258","T","C","T","C",-0.140731357,0.000420362,0.0202,0.0169308,false,false,false,"ukb-d-J32",null,0.440535,0.000545011,"Diagnoses - main ICD10: J32 Chronic sinusitis || id:ukb-d-J32",true,"igd","enigma3-withglobal-transversetemporal-thickavg",2,123818454,0.028554188,{"v":7.53e-7,"d":"7.53E-07"},30962,"wTHICK_Mean_transversetemporal_thickavg || id:enigma3-withglobal-transversetemporal-thickavg",true,"reported","MedicineITLab",2,true,0.000783972,30962,true,{"v":6.4e-6,"d":"6.40E-06"},null,0.000783972,24.29081633,25.26983511,24.29081633]
["rs74252535","T","C","T","C",0.058219551,0.000148606,0.8975,0.892628,false,false,false,"ukb-d-J32",null,0.503912,0.000222348,"Diagnoses - main ICD10: J32 Chronic sinusitis || id:ukb-d-J32",true,"igd","enigma3-withglobal-transversetemporal-thickavg",17,66431369,0.012937678,{"v":7.65e-6,"d":"7.65E-06"},32453,"wTHICK_Mean_transversetemporal_thickavg || id:enigma3-withglobal-transversetemporal-thickavg",true,"reported","MedicineITLab",2,true,0.000623629,32453,true,{"v":3.82e-5,"d":"3.82E-05"},null,0.000623629,20.25,25.26983511,20.25]
["rs78293299","T","C","T","C",0.062608937,0.000184454,0.8715,0.865034,false,false,false,"ukb-d-J32",null,0.368394,0.000205066,"Diagnoses - main ICD10: J32 Chronic sinusitis || id:ukb-d-J32",true,"igd","enigma3-withglobal-transversetemporal-thickavg",12,42118026,0.013264605,{"v":3.43e-6,"d":"3.43E-06"},25355,"wTHICK_Mean_transversetemporal_thickavg || id:enigma3-withglobal-transversetemporal-thickavg",true,"reported","MedicineITLab",2,true,0.000877957,25355,true,{"v":1.48e-5,"d":"1.48E-05"},null,0.000877957,22.2784,25.26983511,22.2784]
["rs79859748","A","G","A","G",0.046928042,{"v":-7.78e-5,"d":"-7.78E-05"},0.2084,0.212894,false,false,false,"ukb-d-J32",null,0.642957,0.000167922,"Diagnoses - main ICD10: J32 Chronic sinusitis || id:ukb-d-J32",true,"igd","enigma3-withglobal-transversetemporal-thickavg",12,24214515,0.009626265,{"v":2.21e-6,"d":"2.21E-06"},32686,"wTHICK_Mean_transversetemporal_thickavg || id:enigma3-withglobal-transversetemporal-thickavg",true,"reported","MedicineITLab",2,true,0.000726605,32686,true,{"v":5.78e-6,"d":"5.78E-06"},null,0.000726605,23.765625,25.26983511,23.765625]
["rs8021574","A","G","A","G",-0.049599526,0.000207576,0.1517,0.151139,false,false,false,"ukb-d-J32",null,0.280233,0.000192236,"Diagnoses - main ICD10: J32 Chronic sinusitis || id:ukb-d-J32",true,"igd","enigma3-withglobal-transversetemporal-thickavg",14,58849874,0.01083208,{"v":3.75e-6,"d":"3.75E-06"},33095,"wTHICK_Mean_transversetemporal_thickavg || id:enigma3-withglobal-transversetemporal-thickavg",true,"reported","MedicineITLab",2,true,0.00063317,33095,true,{"v":4.72e-5,"d":"4.72E-05"},null,0.00063317,20.966759,25.26983511,20.966759]
["rs80258756","T","C","T","C",0.06019841,-0.000113707,0.1031,0.100992,false,false,false,"ukb-d-J32",null,0.621051,0.000230008,"Diagnoses - main ICD10: J32 Chronic sinusitis || id:ukb-d-J32",true,"igd","enigma3-withglobal-transversetemporal-thickavg",6,69100912,0.012857913,{"v":3.77e-6,"d":"3.77E-06"},32686,"wTHICK_Mean_transversetemporal_thickavg || id:enigma3-withglobal-transversetemporal-thickavg",true,"reported","MedicineITLab",2,true,0.000670197,32686,true,{"v":1.42e-5,"d":"1.42E-05"},null,0.000670197,21.91942149,25.26983511,21.91942149]
["rs10788953","A","C","A","C",-0.035785448,-0.0075,0.436,0.43,false,false,false,"ukb-saige-471",null,0.77,0.025,"Nasal polyps || id:ukb-saige-471",true,"MedicineITLab","enigma3-withglobal-transversetemporal-thickavg",1,53738975,0.007884929,{"v":5.72e-6,"d":"5.72E-06"},32686,"wTHICK_Mean_transversetemporal_thickavg || id:enigma3-withglobal-transversetemporal-thickavg",true,"reported","MedicineITLab",2,true,0.000629808,32686,true,{"v":1.89e-5,"d":"1.89E-05"},null,0.000629808,20.59763314,25.26983511,20.59763314]
["rs10902645","T","G","T","G",-0.052567858,0.074,0.1405,0.13,false,false,false,"ukb-saige-471",null,0.05,0.038,"Nasal polyps || id:ukb-saige-471",true,"MedicineITLab","enigma3-withglobal-transversetemporal-thickavg",1,27179062,0.011304916,{"v":2.91e-6,"d":"2.91E-06"},32378,"wTHICK_Mean_transversetemporal_thickavg || id:enigma3-withglobal-transversetemporal-thickavg",true,"reported","MedicineITLab",2,true,0.00066741,32378,true,{"v":8.42e-5,"d":"8.42E-05"},null,0.00066741,21.6225,25.26983511,21.6225]
["rs114897647","T","C","T","C",0.086393367,0.0086,0.0416,0.04,false,false,false,"ukb-saige-471",null,0.89,0.064,"Nasal polyps || id:ukb-saige-471",true,"MedicineITLab","enigma3-withglobal-transversetemporal-thickavg",16,78093455,0.019582497,{"v":7.33e-6,"d":"7.33E-06"},32686,"wTHICK_Mean_transversetemporal_thickavg || id:enigma3-withglobal-transversetemporal-thickavg",true,"reported","MedicineITLab",2,true,0.000595156,32686,true,{"v":2.65e-5,"d":"2.65E-05"},null,0.000595156,19.46366782,25.26983511,19.46366782]
["rs116750038","A","G","A","G",0.205950772,0.2,0.9879,0.986,false,false,false,"ukb-saige-471",null,0.072,0.11,"Nasal polyps || id:ukb-saige-471",true,"MedicineITLab","enigma3-withglobal-transversetemporal-thickavg",5,55243211,0.04395592,{"v":2.94e-6,"d":"2.94E-06"},21629,"wTHICK_Mean_transversetemporal_thickavg || id:enigma3-withglobal-transversetemporal-thickavg",true,"reported","MedicineITLab",2,true,0.00101404,21629,true,{"v":3.39e-5,"d":"3.39E-05"},null,0.00101404,21.95290999,25.26983511,21.95290999]
["rs117236536","A","G","A","G",-0.100819924,0.00047,0.0387,0.03,false,false,false,"ukb-saige-471",null,0.99,0.076,"Nasal polyps || id:ukb-saige-471",true,"MedicineITLab","enigma3-withglobal-transversetemporal-thickavg",17,48536535,0.020270673,{"v":6.62e-7,"d":"6.62E-07"},32686,"wTHICK_Mean_transversetemporal_thickavg || id:enigma3-withglobal-transversetemporal-thickavg",true,"reported","MedicineITLab",2,true,0.000756297,32686,true,{"v":1.78e-6,"d":"1.78E-06"},null,0.000756297,24.73753463,25.26983511,24.73753463]
["rs12066547","T","C","T","C",0.041060817,0.00097,0.2922,0.3,false,false,false,"ukb-saige-471",null,0.97,0.028,"Nasal polyps || id:ukb-saige-471",true,"MedicineITLab","enigma3-withglobal-transversetemporal-thickavg",1,244542476,0.009475573,{"v":8.57e-6,"d":"8.57E-06"},26909,"wTHICK_Mean_transversetemporal_thickavg || id:enigma3-withglobal-transversetemporal-thickavg",true,"reported","MedicineITLab",2,true,0.00069739,26909,true,{"v":2.88e-5,"d":"2.88E-05"},null,0.00069739,18.77777778,25.26983511,18.77777778]
["rs12221335","A","T","A","T",0.069326726,-0.11,0.0871,0.077,false,true,false,"ukb-saige-471",null,0.017,0.047,"Nasal polyps || id:ukb-saige-471",true,"MedicineITLab","enigma3-withglobal-transversetemporal-thickavg",10,104769392,0.013865345,{"v":4.29e-7,"d":"4.29E-07"},32686,"wTHICK_Mean_transversetemporal_thickavg || id:enigma3-withglobal-transversetemporal-thickavg",true,"reported","MedicineITLab",2,true,0.000764316,32686,true,{"v":3.25e-5,"d":"3.25E-05"},null,0.000764316,25,25.26983511,25]
["rs150344302","A","G","A","G",0.151611927,0.099,0.0215,0.022,false,false,false,"ukb-saige-471",null,0.26,0.087,"Nasal polyps || id:ukb-saige-471",true,"MedicineITLab","enigma3-withglobal-transversetemporal-thickavg",16,11454478,0.03374923,{"v":7.98e-6,"d":"7.98E-06"},20848,"wTHICK_Mean_transversetemporal_thickavg || id:enigma3-withglobal-transversetemporal-thickavg",true,"reported","MedicineITLab",2,true,0.000967155,20848,true,{"v":3.76e-5,"d":"3.76E-05"},null,0.000967155,20.1808284,25.26983511,20.1808284]
["rs1805155","A","G","A","G",-0.059270028,-0.031,0.889,0.89,false,false,false,"ukb-saige-471",null,0.43,0.04,"Nasal polyps || id:ukb-saige-471",true,"MedicineITLab","enigma3-withglobal-transversetemporal-thickavg",9,98238379,0.012446706,{"v":3.35e-6,"d":"3.35E-06"},32686,"wTHICK_Mean_transversetemporal_thickavg || id:enigma3-withglobal-transversetemporal-thickavg",true,"reported","MedicineITLab",2,true,0.000693306,32686,true,{"v":1.3e-5,"d":"1.30E-05"},null,0.000693306,22.67573696,25.26983511,22.67573696]
["rs2299552","T","G","T","G",0.037217529,-0.021,0.3169,0.31,false,false,false,"ukb-saige-471",null,0.43,0.027,"Nasal polyps || id:ukb-saige-471",true,"MedicineITLab","enigma3-withglobal-transversetemporal-thickavg",7,126834514,0.008403958,{"v":9.36e-6,"d":"9.36E-06"},32686,"wTHICK_Mean_transversetemporal_thickavg || id:enigma3-withglobal-transversetemporal-thickavg",true,"reported","MedicineITLab",2,true,0.000599697,32686,true,{"v":5.36e-5,"d":"5.36E-05"},null,0.000599697,19.6122449,25.26983511,19.6122449]
["rs28559898","T","G","T","G",0.038665267,0.02,0.3706,0.36,false,false,false,"ukb-saige-471",null,0.47,0.027,"Nasal polyps || id:ukb-saige-471",true,"MedicineITLab","enigma3-withglobal-transversetemporal-thickavg",8,9041611,0.008360058,{"v":3.07e-6,"d":"3.07E-06"},30651,"wTHICK_Mean_transversetemporal_thickavg || id:enigma3-withglobal-transversetemporal-thickavg",true,"reported","MedicineITLab",2,true,0.000697436,30651,true,{"v":2.09e-5,"d":"2.09E-05"},null,0.000697436,21.390625,25.26983511,21.390625]
["rs2868443","A","T","A","T",0.039144546,0.068,0.6869,0.69,false,true,false,"ukb-saige-471",null,0.012,0.027,"Nasal polyps || id:ukb-saige-471",true,"MedicineITLab","enigma3-withglobal-transversetemporal-thickavg",3,146369709,0.008431133,{"v":3.73e-6,"d":"3.73E-06"},32686,"wTHICK_Mean_transversetemporal_thickavg || id:enigma3-withglobal-transversetemporal-thickavg",true,"reported","MedicineITLab",2,true,0.000659097,32686,true,0.00016782,null,0.000659097,21.55612245,25.26983511,21.55612245]
["rs59784165","T","C","T","C",0.079642528,0.0092,0.9444,0.946,false,false,false,"ukb-saige-471",null,0.87,0.056,"Nasal polyps || id:ukb-saige-471",true,"MedicineITLab","enigma3-withglobal-transversetemporal-thickavg",4,21299509,0.017220006,{"v":3.13e-6,"d":"3.13E-06"},32093,"wTHICK_Mean_transversetemporal_thickavg || id:enigma3-withglobal-transversetemporal-thickavg",true,"reported","MedicineITLab",2,true,0.000666117,32093,true,{"v":1.08e-5,"d":"1.08E-05"},null,0.000666117,21.390625,25.26983511,21.390625]
["rs68044532","T","C","T","C",0.054902289,-0.074,0.8132,0.81,false,false,false,"ukb-saige-471",null,0.02,0.032,"Nasal polyps || id:ukb-saige-471",true,"MedicineITLab","enigma3-withglobal-transversetemporal-thickavg",9,76172756,0.010754057,{"v":3.34e-7,"d":"3.34E-07"},28437,"wTHICK_Mean_transversetemporal_thickavg || id:enigma3-withglobal-transversetemporal-thickavg",true,"reported","MedicineITLab",2,true,0.000915767,28437,true,{"v":1.5e-5,"d":"1.50E-05"},null,0.000915767,26.06371191,25.26983511,26.06371191]
["rs72784444","T","C","T","C",-0.047429381,0.034,0.827,0.83,false,false,false,"ukb-saige-471",null,0.32,0.034,"Nasal polyps || id:ukb-saige-471",true,"MedicineITLab","enigma3-withglobal-transversetemporal-thickavg",5,92577776,0.010337173,{"v":7.46e-6,"d":"7.46E-06"},32686,"wTHICK_Mean_transversetemporal_thickavg || id:enigma3-withglobal-transversetemporal-thickavg",true,"reported","MedicineITLab",2,true,0.00064369,32686,true,{"v":3.61e-5,"d":"3.61E-05"},null,0.00064369,21.05190311,25.26983511,21.05190311]
["rs72831258","T","C","T","C",-0.140731357,-0.017,0.0202,0.017,false,false,false,"ukb-saige-471",null,0.86,0.099,"Nasal polyps || id:ukb-saige-471",true,"MedicineITLab","enigma3-withglobal-transversetemporal-thickavg",2,123818454,0.028554188,{"v":7.53e-7,"d":"7.53E-07"},30962,"wTHICK_Mean_transversetemporal_thickavg || id:enigma3-withglobal-transversetemporal-thickavg",true,"reported","MedicineITLab",2,true,0.000783972,30962,true,{"v":2.62e-6,"d":"2.62E-06"},null,0.000783972,24.29081633,25.26983511,24.29081633]
["rs74252535","T","C","T","C",0.058219551,-0.054,0.8975,0.89,false,false,false,"ukb-saige-471",null,0.18,0.04,"Nasal polyps || id:ukb-saige-471",true,"MedicineITLab","enigma3-withglobal-transversetemporal-thickavg",17,66431369,0.012937678,{"v":7.65e-6,"d":"7.65E-06"},32453,"wTHICK_Mean_transversetemporal_thickavg || id:enigma3-withglobal-transversetemporal-thickavg",true,"reported","MedicineITLab",2,true,0.000623629,32453,true,{"v":7.75e-5,"d":"7.75E-05"},null,0.000623629,20.25,25.26983511,20.25]
["rs78293299","T","C","T","C",0.062608937,-0.018,0.8715,0.87,false,false,false,"ukb-saige-471",null,0.62,0.037,"Nasal polyps || id:ukb-saige-471",true,"MedicineITLab","enigma3-withglobal-transversetemporal-thickavg",12,42118026,0.013264605,{"v":3.43e-6,"d":"3.43E-06"},25355,"wTHICK_Mean_transversetemporal_thickavg || id:enigma3-withglobal-transversetemporal-thickavg",true,"reported","MedicineITLab",2,true,0.000877957,25355,true,{"v":8.41e-6,"d":"8.41E-06"},null,0.000877957,22.2784,25.26983511,22.2784]
["rs79859748","A","G","A","G",0.046928042,-0.064,0.2084,0.21,false,false,false,"ukb-saige-471",null,0.036,0.03,"Nasal polyps || id:ukb-saige-471",true,"MedicineITLab","enigma3-withglobal-transversetemporal-thickavg",12,24214515,0.009626265,{"v":2.21e-6,"d":"2.21E-06"},32686,"wTHICK_Mean_transversetemporal_thickavg || id:enigma3-withglobal-transversetemporal-thickavg",true,"reported","MedicineITLab",2,true,0.000726605,32686,true,{"v":4.26e-5,"d":"4.26E-05"},null,0.000726605,23.765625,25.26983511,23.765625]
["rs8021574","A","G","A","G",-0.049599526,0.031,0.1517,0.15,false,false,false,"ukb-saige-471",null,0.37,0.035,"Nasal polyps || id:ukb-saige-471",true,"MedicineITLab","enigma3-withglobal-transversetemporal-thickavg",14,58849874,0.01083208,{"v":3.75e-6,"d":"3.75E-06"},33095,"wTHICK_Mean_transversetemporal_thickavg || id:enigma3-withglobal-transversetemporal-thickavg",true,"reported","MedicineITLab",2,true,0.00063317,33095,true,{"v":3.32e-5,"d":"3.32E-05"},null,0.00063317,20.966759,25.26983511,20.966759]
["rs80258756","T","C","T","C",0.06019841,-0.01,0.1031,0.1,false,false,false,"ukb-saige-471",null,0.8,0.042,"Nasal polyps || id:ukb-saige-471",true,"MedicineITLab","enigma3-withglobal-transversetemporal-thickavg",6,69100912,0.012857913,{"v":3.77e-6,"d":"3.77E-06"},32686,"wTHICK_Mean_transversetemporal_thickavg || id:enigma3-withglobal-transversetemporal-thickavg",true,"reported","MedicineITLab",2,true,0.000670197,32686,true,{"v":9.33e-6,"d":"9.33E-06"},null,0.000670197,21.91942149,25.26983511,21.91942149]

{"sheet":"Table S2","index":1,"n_rows":273,"n_cols":14,"rows_kept":273}
["id.exposure","id.outcome","outcome","exposure","method","nsnp","b","se","pval","lo_ci","up_ci","or","or_lci95","or_uci95"]
["enigma3-withglobal-pericalcarine-thickavg","finngen_R10_J10_CHRONSINUSITIS","outcome","wTHICK_Mean_pericalcarine_thickavg || id:enigma3-withglobal-pericalcarine-thickavg","Inverse variance weighted",23,-0.211883342,0.069291009,0.002229115,-0.347693719,-0.076072964,0.809059075,0.706315174,0.926748584]
["enigma3-withglobal-lateralorbitofrontal-surfavg","finngen_R10_J10_CHRONSINUSITIS","outcome","wSA_Mean_lateralorbitofrontal_surfavg || id:enigma3-withglobal-lateralorbitofrontal-surfavg","Inverse variance weighted (multiplicative random effects)",56,0.112443381,0.044562444,0.011626684,0.025100991,0.19978577,1.119008898,1.025418674,1.221141126]
["enigma3-withglobal-bankssts-thickavg","finngen_R10_J10_CHRONSINUSITIS","outcome","wTHICK_Mean_bankssts_thickavg || id:enigma3-withglobal-bankssts-thickavg","MR Egger",15,0.631930854,0.249527507,0.025006049,0.142856939,1.121004768,1.881239473,1.15356476,3.067935217]
["enigma3-withglobal-supramarginal-surfavg","finngen_R10_J10_CHRONSINUSITIS","outcome","wSA_Mean_supramarginal_surfavg || id:enigma3-withglobal-supramarginal-surfavg","MR Egger",37,-0.216065543,0.092517148,0.025380695,-0.397399153,-0.034731933,0.805682493,0.672065715,0.965864298]
["enigma3-withglobal-isthmuscingulate-thickavg","finngen_R10_J10_CHRONSINUSITIS","outcome","wTHICK_Mean_isthmuscingulate_thickavg || id:enigma3-withglobal-isthmuscingulate-thickavg","Weighted median",31,-0.14995733,0.068674361,0.028991658,-0.284559077,-0.015355583,0.860744704,0.752345907,0.984761713]
["enigma3-withglobal-transversetemporal-surfavg","finngen_R10_J10_CHRONSINUSITIS","outcome","wSA_Mean_transversetemporal_surfavg || id:enigma3-withglobal-transversetemporal-surfavg","Weighted median",46,-0.131514026,0.06466472,0.041973451,-0.258256876,-0.004771175,0.876766978,0.772396796,0.995240189]
["enigma3-withglobal-supramarginal-surfavg","finngen_R10_J10_CHRONSINUSITIS","outcome","wSA_Mean_supramarginal_surfavg || id:enigma3-withglobal-supramarginal-surfavg","Weighted median",37,-0.121889255,0.060572902,0.044191099,-0.240612144,-0.003166366,0.8852464,0.786146479,0.996838641]
["enigma3-withglobal-cuneus-surfavg","finngen_R10_J10_CHRONSINUSITIS","outcome","wSA_Mean_cuneus_surfavg || id:enigma3-withglobal-cuneus-surfavg","Weighted median",42,0.130652182,0.065683814,0.046689315,0.001911906,0.259392458,1.139571349,1.001913735,1.296142387]
["enigma3-withglobal-supramarginal-surfavg","finngen_R10_J10_CHRONSINUSITIS","outcome","wSA_Mean_supramarginal_surfavg || id:enigma3-withglobal-supramarginal-surfavg","Weighted mode",37,-0.142871766,0.070948756,0.051558726,-0.281931328,-0.003812205,0.866865223,0.754325483,0.996195053]
["enigma3-withglobal-isthmuscingulate-thickavg","finngen_R10_J10_CHRONSINUSITIS","outcome","wTHICK_Mean_isthmuscingulate_thickavg || id:enigma3-withglobal-isthmuscingulate-thickavg","Weighted mode",31,-0.248035042,0.12262614,0.052097551,-0.488382277,-0.007687807,0.780332599,0.613618256,0.992341669]
["enigma3-withglobal-precentral-surfavg","finngen_R10_J10_CHRONSINUSITIS","outcome","wSA_Mean_precentral_surfavg || id:enigma3-withglobal-precentral-surfavg","MR Egger",29,0.127080243,0.063024259,0.053809166,0.003552696,0.25060779,1.135508131,1.003559015,1.284806072]
["enigma3-withglobal-cuneus-surfavg","finngen_R10_J10_CHRONSINUSITIS","outcome","wSA_Mean_cuneus_surfavg || id:enigma3-withglobal-cuneus-surfavg","MR Egger",42,0.3187405,0.164331303,0.059500537,-0.003348855,0.640829855,1.375394364,0.996656747,1.898055336]
["enigma3-withglobal-lateraloccipital-thickavg","finngen_R10_J10_CHRONSINUSITIS","outcome","wTHICK_Mean_lateraloccipital_thickavg || id:enigma3-withglobal-lateraloccipital-thickavg","Inverse variance weighted",28,0.100844089,0.053844429,0.061085126,-0.004690992,0.206379171,1.106104175,0.995319993,1.2292192]
["enigma3-withglobal-frontalpole-surfavg","finngen_R10_J10_CHRONSINUSITIS","outcome","wSA_Mean_frontalpole_surfavg || id:enigma3-withglobal-frontalpole-surfavg","MR Egger",24,-0.284203104,0.149778369,0.070965099,-0.577768708,0.009362499,0.75261377,0.561149058,1.009406464]
["enigma3-withglobal-lateralorbitofrontal-surfavg","finngen_R10_J10_CHRONSINUSITIS","outcome","wSA_Mean_lateralorbitofrontal_surfavg || id:enigma3-withglobal-lateralorbitofrontal-surfavg","Weighted median",56,0.102155362,0.057349781,0.074868591,-0.01025021,0.214560933,1.10755553,0.989802144,1.239317634]
["enigma3-withglobal-inferiortemporal-surfavg","finngen_R10_J10_CHRONSINUSITIS","outcome","wSA_Mean_inferiortemporal_surfavg || id:enigma3-withglobal-inferiortemporal-surfavg","MR Egger",40,-0.272751337,0.150534697,0.077912648,-0.567799343,0.022296669,0.761282067,0.566771337,1.022547098]
["enigma3-withglobal-rostralanteriorcingulate-surfavg","finngen_R10_J10_CHRONSINUSITIS","outcome","wSA_Mean_rostralanteriorcingulate_surfavg || id:enigma3-withglobal-rostralanteriorcingulate-surfavg","MR Egger",30,0.425975356,0.238495276,0.084918709,-0.041475384,0.893426097,1.531083043,0.959372951,2.443486949]
["enigma3-withglobal-isthmuscingulate-thickavg","finngen_R10_J10_CHRONSINUSITIS","outcome","wTHICK_Mean_isthmuscingulate_thickavg || id:enigma3-withglobal-isthmuscingulate-thickavg","Inverse variance weighted",31,-0.087372304,0.050726779,0.084995301,-0.186796792,0.012052183,0.916335876,0.829612303,1.012125104]
["enigma3-withglobal-paracentral-surfavg","finngen_R10_J10_CHRONSINUSITIS","outcome","wSA_Mean_paracentral_surfavg || id:enigma3-withglobal-paracentral-surfavg","Inverse variance weighted",29,-0.100860685,0.058783845,0.086200639,-0.216077021,0.014355652,0.904058973,0.805673245,1.014459189]
["enigma3-withglobal-medialorbitofrontal-thickavg","finngen_R10_J10_CHRONSINUSITIS","outcome","wTHICK_Mean_medialorbitofrontal_thickavg || id:enigma3-withglobal-medialorbitofrontal-thickavg","Weighted median",19,-0.205445008,0.123515593,0.096249934,-0.447535572,0.036645555,0.814284872,0.639201478,1.037325281]
["enigma3-withglobal-cuneus-surfavg","finngen_R10_J10_CHRONSINUSITIS","outcome","wSA_Mean_cuneus_surfavg || id:enigma3-withglobal-cuneus-surfavg","Weighted mode",42,0.188821037,0.112346125,0.100423964,-0.031377368,0.409019442,1.207824777,0.969109793,1.505340987]
["enigma3-withglobal-caudalanteriorcingulate-surfavg","finngen_R10_J10_CHRONSINUSITIS","outcome","wSA_Mean_caudalanteriorcingulate_surfavg || id:enigma3-withglobal-caudalanteriorcingulate-surfavg","Inverse variance weighted (multiplicative random effects)",26,-0.106245442,0.066910205,0.112313257,-0.237389444,0.024898561,0.899203919,0.78868408,1.025211118]
["enigma3-withglobal-inferiorparietal-surfavg","finngen_R10_J10_CHRONSINUSITIS","outcome","wSA_Mean_inferiorparietal_surfavg || id:enigma3-withglobal-inferiorparietal-surfavg","Inverse variance weighted",38,-0.066043564,0.041703084,0.113270793,-0.147781607,0.01569448,0.936090084,0.862619484,1.015818285]
["enigma3-withglobal-postcentral-thickavg","finngen_R10_J10_CHRONSINUSITIS","outcome","wTHICK_Mean_postcentral_thickavg || id:enigma3-withglobal-postcentral-thickavg","Weighted median",40,0.089007182,0.056306887,0.113934928,-0.021354317,0.199368681,1.093088506,0.978872072,1.220631906]
["enigma3-withglobal-parsorbitalis-surfavg","finngen_R10_J10_CHRONSINUSITIS","outcome","wSA_Mean_parsorbitalis_surfavg || id:enigma3-withglobal-parsorbitalis-surfavg","Inverse variance weighted",33,0.082692691,0.054725387,0.130776202,-0.024569068,0.18995445,1.086207956,0.975730295,1.209194518]
["enigma3-withglobal-paracentral-thickavg","finngen_R10_J10_CHRONSINUSITIS","outcome","wTHICK_Mean_paracentral_thickavg || id:enigma3-withglobal-paracentral-thickavg","MR Egger",28,-0.260853483,0.169797334,0.136555034,-0.593656258,0.071949291,0.770393787,0.552304222,1.074600851]
["enigma3-withglobal-precentral-surfavg","finngen_R10_J10_CHRONSINUSITIS","outcome","wSA_Mean_precentral_surfavg || id:enigma3-withglobal-precentral-surfavg","Weighted median",29,0.076986206,0.051846129,0.137570881,-0.024632206,0.178604619,1.080027179,0.975668691,1.195547953]
["enigma3-withglobal-transversetemporal-surfavg","finngen_R10_J10_CHRONSINUSITIS","outcome","wSA_Mean_transversetemporal_surfavg || id:enigma3-withglobal-transversetemporal-surfavg","MR Egger",46,-0.183754896,0.126168778,0.152375582,-0.431045701,0.06353591,0.83213974,0.649829212,1.06559775]
["enigma3-withglobal-pericalcarine-thickavg","finngen_R10_J10_CHRONSINUSITIS","outcome","wTHICK_Mean_pericalcarine_thickavg || id:enigma3-withglobal-pericalcarine-thickavg","Weighted median",23,-0.135492008,0.095535344,0.156120825,-0.322741282,0.051757266,0.873286143,0.724161184,1.053120084]
["enigma3-withglobal-precuneus-thickavg","finngen_R10_J10_CHRONSINUSITIS","outcome","wTHICK_Mean_precuneus_thickavg || id:enigma3-withglobal-precuneus-thickavg","Inverse variance weighted",31,-0.077475702,0.055099433,0.159692332,-0.18547059,0.030519186,0.925449511,0.830713267,1.03098967]
["enigma3-withglobal-parstriangularis-surfavg","finngen_R10_J10_CHRONSINUSITIS","outcome","wSA_Mean_parstriangularis_surfavg || id:enigma3-withglobal-parstriangularis-surfavg","Weighted median",53,0.087023891,0.061926924,0.159941759,-0.034352879,0.208400662,1.090922743,0.966230482,1.231706569]
["enigma3-withglobal-transversetemporal-surfavg","finngen_R10_J10_CHRONSINUSITIS","outcome","wSA_Mean_transversetemporal_surfavg || id:enigma3-withglobal-transversetemporal-surfavg","Inverse variance weighted (multiplicative random effects)",46,-0.068126625,0.049084269,0.165151566,-0.164331793,0.028078542,0.93414218,0.848460462,1.02847646]
["enigma3-withglobal-precentral-surfavg","finngen_R10_J10_CHRONSINUSITIS","outcome","wSA_Mean_precentral_surfavg || id:enigma3-withglobal-precentral-surfavg","Weighted mode",29,0.07677041,0.053913766,0.165510982,-0.028900572,0.182441392,1.079794138,0.971513055,1.200143811]
["enigma3-withglobal-postcentral-surfavg","finngen_R10_J10_CHRONSINUSITIS","outcome","wSA_Mean_postcentral_surfavg || id:enigma3-withglobal-postcentral-surfavg","Inverse variance weighted",28,-0.069927962,0.050460766,0.16581142,-0.168831064,0.02897514,0.93246099,0.844651583,1.029399003]
["enigma3-withglobal-postcentral-surfavg","finngen_R10_J10_CHRONSINUSITIS","outcome","wSA_Mean_postcentral_surfavg || id:enigma3-withglobal-postcentral-surfavg","MR Egger",28,0.132685568,0.093594676,0.168163465,-0.050759996,0.316131132,1.141890895,0.950506769,1.371810132]
["enigma3-withglobal-posteriorcingulate-surfavg","finngen_R10_J10_CHRONSINUSITIS","outcome","wSA_Mean_posteriorcingulate_surfavg || id:enigma3-withglobal-posteriorcingulate-surfavg","Weighted mode",26,-0.263900065,0.192584813,0.182771979,-0.641366299,0.113566169,0.768050291,0.526572477,1.120266013]
["enigma3-withglobal-pericalcarine-surfavg","finngen_R10_J10_CHRONSINUSITIS","outcome","wSA_Mean_pericalcarine_surfavg || id:enigma3-withglobal-pericalcarine-surfavg","Inverse variance weighted",63,0.047090923,0.035522318,0.184948548,-0.02253282,0.116714666,1.048217311,0.977719148,1.123798725]
["enigma3-withglobal-inferiorparietal-surfavg","finngen_R10_J10_CHRONSINUSITIS","outcome","wSA_Mean_inferiorparietal_surfavg || id:enigma3-withglobal-inferiorparietal-surfavg","Weighted median",38,-0.081870642,0.062378768,0.189359548,-0.204133028,0.040391744,0.92139114,0.815353899,1.041218585]
["enigma3-withglobal-inferiorparietal-surfavg","finngen_R10_J10_CHRONSINUSITIS","outcome","wSA_Mean_inferiorparietal_surfavg || id:enigma3-withglobal-inferiorparietal-surfavg","Weighted mode",38,-0.18967509,0.144983499,0.198856815,-0.473842748,0.094492568,0.827227865,0.622605151,1.099100994]
["enigma3-withglobal-isthmuscingulate-surfavg","finngen_R10_J10_CHRONSINUSITIS","outcome","wSA_Mean_isthmuscingulate_surfavg || id:enigma3-withglobal-isthmuscingulate-surfavg","Inverse variance weighted",27,0.075580219,0.059442999,0.203560117,-0.040928058,0.192088497,1.078509742,0.959898185,1.21177775]
["enigma3-withglobal-precuneus-thickavg","finngen_R10_J10_CHRONSINUSITIS","outcome","wTHICK_Mean_precuneus_thickavg || id:enigma3-withglobal-precuneus-thickavg","MR Egger",31,0.208550625,0.160403811,0.203785059,-0.105840844,0.522942095,1.231891293,0.899567808,1.686983621]
["enigma3-withglobal-precuneus-thickavg","finngen_R10_J10_CHRONSINUSITIS","outcome","wTHICK_Mean_precuneus_thickavg || id:enigma3-withglobal-precuneus-thickavg","Weighted median",31,-0.09535424,0.075520199,0.206721368,-0.243373831,0.052665351,0.909050855,0.783978384,1.05407684]
["enigma3-withglobal-parsorbitalis-thickavg","finngen_R10_J10_CHRONSINUSITIS","outcome","wTHICK_Mean_parsorbitalis_thickavg || id:enigma3-withglobal-parsorbitalis-thickavg","MR Egger",19,-0.271388871,0.209981262,0.213495712,-0.682952144,0.140174402,0.762319994,0.505123591,1.150474426]
["enigma3-withglobal-medialorbitofrontal-thickavg","finngen_R10_J10_CHRONSINUSITIS","outcome","wTHICK_Mean_medialorbitofrontal_thickavg || id:enigma3-withglobal-medialorbitofrontal-thickavg","Weighted mode",19,-0.320150061,0.248829476,0.214527425,-0.807855833,0.167555712,0.726040079,0.445812939,1.182411163]
["enigma3-withglobal-lingual-surfavg","finngen_R10_J10_CHRONSINUSITIS","outcome","wSA_Mean_lingual_surfavg || id:enigma3-withglobal-lingual-surfavg","Weighted mode",50,0.143743647,0.114635035,0.215818945,-0.08094102,0.368428315,1.154588089,0.922248084,1.445461019]
["enigma3-withglobal-lateralorbitofrontal-thickavg","finngen_R10_J10_CHRONSINUSITIS","outcome","wTHICK_Mean_lateralorbitofrontal_thickavg || id:enigma3-withglobal-lateralorbitofrontal-thickavg","Weighted mode",12,-0.282916507,0.216387038,0.21772555,-0.707035101,0.141202087,0.753582704,0.493104036,1.151657359]
["enigma3-withglobal-supramarginal-thickavg","finngen_R10_J10_CHRONSINUSITIS","outcome","wTHICK_Mean_supramarginal_thickavg || id:enigma3-withglobal-supramarginal-thickavg","MR Egger",16,0.610922507,0.476163691,0.220322455,-0.322358327,1.54420334,1.842129993,0.724438558,4.684238396]
["enigma3-withglobal-transversetemporal-surfavg","finngen_R10_J10_CHRONSINUSITIS","outcome","wSA_Mean_transversetemporal_surfavg || id:enigma3-withglobal-transversetemporal-surfavg","Weighted mode",46,-0.127015536,0.102289677,0.220771711,-0.327503302,0.07347223,0.88071999,0.720720911,1.076238649]
["enigma3-withglobal-parstriangularis-surfavg","finngen_R10_J10_CHRONSINUSITIS","outcome","wSA_Mean_parstriangularis_surfavg || id:enigma3-withglobal-parstriangularis-surfavg","Weighted mode",53,0.095713775,0.077575031,0.222816918,-0.056333285,0.247760835,1.100444044,0.945224054,1.281153489]
["enigma3-withglobal-lateraloccipital-thickavg","finngen_R10_J10_CHRONSINUSITIS","outcome","wTHICK_Mean_lateraloccipital_thickavg || id:enigma3-withglobal-lateraloccipital-thickavg","Weighted median",28,0.089745877,0.074543816,0.228614868,-0.056360002,0.235851757,1.093896265,0.945198801,1.265986623]
["enigma3-withglobal-rostralanteriorcingulate-surfavg","finngen_R10_J10_CHRONSINUSITIS","outcome","wSA_Mean_rostralanteriorcingulate_surfavg || id:enigma3-withglobal-rostralanteriorcingulate-surfavg","Inverse variance weighted (multiplicative random effects)",30,-0.086421029,0.071861107,0.229126505,-0.227268798,0.05442674,0.917207979,0.796706601,1.055935116]
["enigma3-withglobal-entorhinal-thickavg","finngen_R10_J10_CHRONSINUSITIS","outcome","wTHICK_Mean_entorhinal_thickavg || id:enigma3-withglobal-entorhinal-thickavg","Inverse variance weighted",21,-0.087898067,0.073237649,0.230071002,-0.231443858,0.055647725,0.915854228,0.793387237,1.057225184]
["enigma3-withglobal-parsorbitalis-surfavg","finngen_R10_J10_CHRONSINUSITIS","outcome","wSA_Mean_parsorbitalis_surfavg || id:enigma3-withglobal-parsorbitalis-surfavg","Weighted median",33,0.08624588,0.072294744,0.232878851,-0.055451818,0.227943579,1.090074323,0.946057605,1.256014458]
["enigma3-withglobal-superiortemporal-surfavg","finngen_R10_J10_CHRONSINUSITIS","outcome","wSA_Mean_superiortemporal_surfavg || id:enigma3-withglobal-superiortemporal-surfavg","MR Egger",38,0.216786413,0.179993574,0.236289329,-0.136000992,0.569573819,1.242078782,0.872841767,1.767513609]
["enigma3-withglobal-inferiorparietal-thickavg","finngen_R10_J10_CHRONSINUSITIS","outcome","wTHICK_Mean_inferiorparietal_thickavg || id:enigma3-withglobal-inferiorparietal-thickavg","MR Egger",26,0.187314485,0.160152779,0.253647365,-0.126584962,0.501213932,1.206006496,0.881099287,1.650723921]
["enigma3-withglobal-superiorparietal-surfavg","finngen_R10_J10_CHRONSINUSITIS","outcome","wSA_Mean_superiorparietal_surfavg || id:enigma3-withglobal-superiorparietal-surfavg","MR Egger",47,-0.119520365,0.105168782,0.2617791,-0.325651178,0.086610448,0.887345937,0.722057013,1.090471802]
["enigma3-withglobal-isthmuscingulate-surfavg","finngen_R10_J10_CHRONSINUSITIS","outcome","wSA_Mean_isthmuscingulate_surfavg || id:enigma3-withglobal-isthmuscingulate-surfavg","Weighted median",27,0.087999526,0.079673413,0.269374993,-0.068160364,0.244159416,1.091987604,0.934110664,1.276547816]
["enigma3-withglobal-parsorbitalis-thickavg","finngen_R10_J10_CHRONSINUSITIS","outcome","wTHICK_Mean_parsorbitalis_thickavg || id:enigma3-withglobal-parsorbitalis-thickavg","Inverse variance weighted",19,-0.069514205,0.063305824,0.272174068,-0.19359362,0.05456521,0.932846882,0.82399269,1.056081341]
["enigma3-withglobal-postcentral-thickavg","finngen_R10_J10_CHRONSINUSITIS","outcome","wTHICK_Mean_postcentral_thickavg || id:enigma3-withglobal-postcentral-thickavg","Weighted mode",40,0.064822845,0.058977375,0.278457348,-0.05077281,0.180418501,1.066969989,0.950494589,1.197718504]
["enigma3-withglobal-inferiortemporal-surfavg","finngen_R10_J10_CHRONSINUSITIS","outcome","wSA_Mean_inferiortemporal_surfavg || id:enigma3-withglobal-inferiortemporal-surfavg","Weighted median",40,-0.074689794,0.06940247,0.281845186,-0.210718635,0.061339046,0.928031322,0.810001941,1.063259347]
["enigma3-withglobal-lateralorbitofrontal-surfavg","finngen_R10_J10_CHRONSINUSITIS","outcome","wSA_Mean_lateralorbitofrontal_surfavg || id:enigma3-withglobal-lateralorbitofrontal-surfavg","Weighted mode",56,0.11372057,0.106019132,0.288115774,-0.094076928,0.321518069,1.120438997,0.910212739,1.379219926]
["enigma3-withglobal-inferiortemporal-surfavg","finngen_R10_J10_CHRONSINUSITIS","outcome","wSA_Mean_inferiortemporal_surfavg || id:enigma3-withglobal-inferiortemporal-surfavg","Weighted mode",40,-0.13848444,0.129414838,0.29116078,-0.392137523,0.115168642,0.870676798,0.675611196,1.122062648]
["enigma3-withglobal-precuneus-surfavg","finngen_R10_J10_CHRONSINUSITIS","outcome","wSA_Mean_precuneus_surfavg || id:enigma3-withglobal-precuneus-surfavg","Weighted median",42,0.063887102,0.061992655,0.30274757,-0.057618502,0.185392705,1.065972046,0.944010017,1.203691043]
["enigma3-withglobal-lingual-surfavg","finngen_R10_J10_CHRONSINUSITIS","outcome","wSA_Mean_lingual_surfavg || id:enigma3-withglobal-lingual-surfavg","Weighted median",50,0.060548135,0.058815906,0.303267463,-0.054731041,0.175827311,1.062418736,0.946739748,1.192232155]
["enigma3-withglobal-rostralanteriorcingulate-thickavg","finngen_R10_J10_CHRONSINUSITIS","outcome","wTHICK_Mean_rostralanteriorcingulate_thickavg || id:enigma3-withglobal-rostralanteriorcingulate-thickavg","Weighted mode",29,-0.139892456,0.134384621,0.306787878,-0.403286314,0.123501401,0.869451734,0.66812078,1.13145159]
["enigma3-withglobal-pericalcarine-surfavg","finngen_R10_J10_CHRONSINUSITIS","outcome","wSA_Mean_pericalcarine_surfavg || id:enigma3-withglobal-pericalcarine-surfavg","Weighted mode",63,0.128301207,0.125940645,0.312283716,-0.118542456,0.375144871,1.136895392,0.888214105,1.455202216]
["enigma3-withglobal-supramarginal-surfavg","finngen_R10_J10_CHRONSINUSITIS","outcome","wSA_Mean_supramarginal_surfavg || id:enigma3-withglobal-supramarginal-surfavg","Inverse variance weighted",37,-0.040095186,0.04035935,0.320488417,-0.119199513,0.03900914,0.96069799,0.88763069,1.039779988]
["enigma3-withglobal-rostralanteriorcingulate-surfavg","finngen_R10_J10_CHRONSINUSITIS","outcome","wSA_Mean_rostralanteriorcingulate_surfavg || id:enigma3-withglobal-rostralanteriorcingulate-surfavg","Weighted mode",30,-0.150407685,0.149617538,0.323076309,-0.443658059,0.142842689,0.86035715,0.641684801,1.153548322]
["enigma3-withglobal-postcentral-thickavg","finngen_R10_J10_CHRONSINUSITIS","outcome","wTHICK_Mean_postcentral_thickavg || id:enigma3-withglobal-postcentral-thickavg","MR Egger",40,0.07546575,0.076211507,0.328332869,-0.073908805,0.224840304,1.078386292,0.928756388,1.252122741]
["enigma3-withglobal-caudalmiddlefrontal-thickavg","finngen_R10_J10_CHRONSINUSITIS","outcome","wTHICK_Mean_caudalmiddlefrontal_thickavg || id:enigma3-withglobal-caudalmiddlefrontal-thickavg","MR Egger",32,0.116719286,0.12019186,0.339259549,-0.118856761,0.352295332,1.123803917,0.887934979,1.422328521]
["enigma3-withglobal-paracentral-thickavg","finngen_R10_J10_CHRONSINUSITIS","outcome","wTHICK_Mean_paracentral_thickavg || id:enigma3-withglobal-paracentral-thickavg","Weighted mode",28,-0.138130508,0.142471035,0.340884435,-0.417373737,0.141112721,0.870985014,0.658774665,1.151554445]
["enigma3-withglobal-cuneus-surfavg","finngen_R10_J10_CHRONSINUSITIS","outcome","wSA_Mean_cuneus_surfavg || id:enigma3-withglobal-cuneus-surfavg","Inverse variance weighted (multiplicative random effects)",42,0.05201914,0.054771697,0.342241895,-0.055333387,0.159371667,1.053395904,0.946169654,1.172773747]
["enigma3-withglobal-frontalpole-thickavg","finngen_R10_J10_CHRONSINUSITIS","outcome","wTHICK_Mean_frontalpole_thickavg || id:enigma3-withglobal-frontalpole-thickavg","MR Egger",24,-0.195057993,0.203992008,0.34935942,-0.594882328,0.204766342,0.822786941,0.551627473,1.227238278]
["enigma3-withglobal-bankssts-thickavg","finngen_R10_J10_CHRONSINUSITIS","outcome","wTHICK_Mean_bankssts_thickavg || id:enigma3-withglobal-bankssts-thickavg","Weighted mode",15,0.156790676,0.162115521,0.349878655,-0.160955745,0.474537096,1.169750731,0.851329746,1.607270014]
["enigma3-withglobal-middletemporal-surfavg","finngen_R10_J10_CHRONSINUSITIS","outcome","wSA_Mean_middletemporal_surfavg || id:enigma3-withglobal-middletemporal-surfavg","Inverse variance weighted",45,-0.046813973,0.0501741,0.350804147,-0.14515521,0.051527264,0.9542649,0.864888044,1.052877891]
["enigma3-withglobal-rostralanteriorcingulate-thickavg","finngen_R10_J10_CHRONSINUSITIS","outcome","wTHICK_Mean_rostralanteriorcingulate_thickavg || id:enigma3-withglobal-rostralanteriorcingulate-thickavg","MR Egger",29,0.141654497,0.151301967,0.357450403,-0.154897358,0.438206353,1.152178499,0.856503086,1.549924706]
["enigma3-withglobal-entorhinal-surfavg","finngen_R10_J10_CHRONSINUSITIS","outcome","wSA_Mean_entorhinal_surfavg || id:enigma3-withglobal-entorhinal-surfavg","Weighted median",34,0.061613199,0.067659686,0.36248834,-0.070999786,0.194226184,1.063550883,0.931462092,1.214370923]
["enigma3-withglobal-paracentral-surfavg","finngen_R10_J10_CHRONSINUSITIS","outcome","wSA_Mean_paracentral_surfavg || id:enigma3-withglobal-paracentral-surfavg","MR Egger",29,0.195955765,0.212742408,0.365158704,-0.221019354,0.612930885,1.216473094,0.801701164,1.845833404]
["enigma3-withglobal-rostralmiddlefrontal-surfavg","finngen_R10_J10_CHRONSINUSITIS","outcome","wSA_Mean_rostralmiddlefrontal_surfavg || id:enigma3-withglobal-rostralmiddlefrontal-surfavg","MR Egger",47,0.134888085,0.148104962,0.367274784,-0.155397639,0.42517381,1.144408701,0.856074701,1.529856301]
["enigma3-withglobal-superiortemporal-surfavg","finngen_R10_J10_CHRONSINUSITIS","outcome","wSA_Mean_superiortemporal_surfavg || id:enigma3-withglobal-superiortemporal-surfavg","Inverse variance weighted",38,-0.041118138,0.04567294,0.367974709,-0.1306371,0.048400824,0.959715744,0.877536174,1.049591272]
["enigma3-withglobal-postcentral-surfavg","finngen_R10_J10_CHRONSINUSITIS","outcome","wSA_Mean_postcentral_surfavg || id:enigma3-withglobal-postcentral-surfavg","Weighted median",28,-0.061104086,0.068656546,0.373467767,-0.195670916,0.073462745,0.940725319,0.82228279,1.076228441]
["enigma3-withglobal-superiortemporal-thickavg","finngen_R10_J10_CHRONSINUSITIS","outcome","wTHICK_Mean_superiortemporal_thickavg || id:enigma3-withglobal-superiortemporal-thickavg","Weighted median",29,0.06370555,0.07318589,0.384047877,-0.079738795,0.207149895,1.065778534,0.9233575,1.230166954]
["enigma3-withglobal-rostralanteriorcingulate-surfavg","finngen_R10_J10_CHRONSINUSITIS","outcome","wSA_Mean_rostralanteriorcingulate_surfavg || id:enigma3-withglobal-rostralanteriorcingulate-surfavg","Weighted median",30,-0.069952969,0.08251236,0.39655618,-0.231677196,0.091771257,0.932437672,0.793202131,1.096114065]
["enigma3-withglobal-insula-surfavg","finngen_R10_J10_CHRONSINUSITIS","outcome","wSA_Mean_insula_surfavg || id:enigma3-withglobal-insula-surfavg","Weighted mode",45,-0.10355733,0.121340055,0.398033764,-0.341383837,0.134269178,0.901624331,0.71078603,1.143700637]
["enigma3-withglobal-precuneus-surfavg","finngen_R10_J10_CHRONSINUSITIS","outcome","wSA_Mean_precuneus_surfavg || id:enigma3-withglobal-precuneus-surfavg","Weighted mode",42,0.104055102,0.122532202,0.400697968,-0.136108014,0.344218218,1.109661598,0.872748359,1.410886482]
["enigma3-withglobal-parstriangularis-thickavg","finngen_R10_J10_CHRONSINUSITIS","outcome","wTHICK_Mean_parstriangularis_thickavg || id:enigma3-withglobal-parstriangularis-thickavg","MR Egger",30,-0.104631653,0.123642806,0.404592652,-0.346971553,0.137708247,0.900656215,0.706825435,1.147640673]
["enigma3-withglobal-caudalmiddlefrontal-surfavg","finngen_R10_J10_CHRONSINUSITIS","outcome","wSA_Mean_caudalmiddlefrontal_surfavg || id:enigma3-withglobal-caudalmiddlefrontal-surfavg","Inverse variance weighted (multiplicative random effects)",27,-0.057606042,0.06943419,0.406736973,-0.193697053,0.07848497,0.944021779,0.823907466,1.081647098]
["enigma3-withglobal-temporalpole-surfavg","finngen_R10_J10_CHRONSINUSITIS","outcome","wSA_Mean_temporalpole_surfavg || id:enigma3-withglobal-temporalpole-surfavg","Inverse variance weighted",25,0.048521095,0.058651601,0.408080323,-0.066436043,0.163478234,1.049717516,0.93572276,1.177599723]
["enigma3-withglobal-rostralmiddlefrontal-surfavg","finngen_R10_J10_CHRONSINUSITIS","outcome","wSA_Mean_rostralmiddlefrontal_surfavg || id:enigma3-withglobal-rostralmiddlefrontal-surfavg","Inverse variance weighted (multiplicative random effects)",47,0.04223677,0.051084626,0.408350419,-0.057889097,0.142362637,1.043141434,0.943754606,1.152994692]
["enigma3-withglobal-superiortemporal-thickavg","finngen_R10_J10_CHRONSINUSITIS","outcome","wTHICK_Mean_superiortemporal_thickavg || id:enigma3-withglobal-superiortemporal-thickavg","Weighted mode",29,0.10431937,0.125062318,0.411262765,-0.140802774,0.349441515,1.109954885,0.868660617,1.418275241]
["enigma3-withglobal-entorhinal-thickavg","finngen_R10_J10_CHRONSINUSITIS","outcome","wTHICK_Mean_entorhinal_thickavg || id:enigma3-withglobal-entorhinal-thickavg","Weighted median",21,-0.069867343,0.085458342,0.413608334,-0.237365693,0.097631007,0.932517517,0.788702812,1.102555874]
["enigma3-withglobal-caudalanteriorcingulate-surfavg","finngen_R10_J10_CHRONSINUSITIS","outcome","wSA_Mean_caudalanteriorcingulate_surfavg || id:enigma3-withglobal-caudalanteriorcingulate-surfavg","Weighted median",26,-0.06342105,0.077895008,0.415538225,-0.216095266,0.089253167,0.938548215,0.805658546,1.093357423]
["enigma3-withglobal-superiorparietal-surfavg","finngen_R10_J10_CHRONSINUSITIS","outcome","wSA_Mean_superiorparietal_surfavg || id:enigma3-withglobal-superiorparietal-surfavg","Weighted median",47,0.046334945,0.057006636,0.416333229,-0.065398062,0.158067952,1.047425182,0.936694527,1.17124578]
["enigma3-withglobal-fusiform-thickavg","finngen_R10_J10_CHRONSINUSITIS","outcome","wTHICK_Mean_fusiform_thickavg || id:enigma3-withglobal-fusiform-thickavg","Weighted mode",17,-0.178537275,0.216615144,0.421935187,-0.603102957,0.246028408,0.836492876,0.547111337,1.278935904]
["enigma3-withglobal-posteriorcingulate-thickavg","finngen_R10_J10_CHRONSINUSITIS","outcome","wTHICK_Mean_posteriorcingulate_thickavg || id:enigma3-withglobal-posteriorcingulate-thickavg","Weighted median",28,-0.068835705,0.087871782,0.433412628,-0.241064398,0.103392988,0.933480034,0.785791021,1.108927119]
["enigma3-withglobal-parahippocampal-thickavg","finngen_R10_J10_CHRONSINUSITIS","outcome","wTHICK_Mean_parahippocampal_thickavg || id:enigma3-withglobal-parahippocampal-thickavg","Inverse variance weighted",35,-0.041998971,0.053735597,0.434458124,-0.147320742,0.063322799,0.958870767,0.863017127,1.065370684]
["enigma3-withglobal-parsopercularis-surfavg","finngen_R10_J10_CHRONSINUSITIS","outcome","wSA_Mean_parsopercularis_surfavg || id:enigma3-withglobal-parsopercularis-surfavg","Inverse variance weighted",32,-0.038949434,0.050036699,0.436323014,-0.137021364,0.059122495,0.961799342,0.871951597,1.060905189]
["enigma3-withglobal-parahippocampal-thickavg","finngen_R10_J10_CHRONSINUSITIS","outcome","wTHICK_Mean_parahippocampal_thickavg || id:enigma3-withglobal-parahippocampal-thickavg","MR Egger",35,0.125360004,0.159380938,0.437161455,-0.187026634,0.437746642,1.133556464,0.829421645,1.549212352]
["enigma3-withglobal-posteriorcingulate-surfavg","finngen_R10_J10_CHRONSINUSITIS","outcome","wSA_Mean_posteriorcingulate_surfavg || id:enigma3-withglobal-posteriorcingulate-surfavg","Weighted median",26,-0.064910531,0.084608125,0.442968396,-0.230742456,0.100921395,0.937151306,0.793943915,1.106189686]
["enigma3-withglobal-superiortemporal-thickavg","finngen_R10_J10_CHRONSINUSITIS","outcome","wTHICK_Mean_superiortemporal_thickavg || id:enigma3-withglobal-superiortemporal-thickavg","Inverse variance weighted",29,-0.040293016,0.053380475,0.450352885,-0.144918747,0.064332716,0.960507954,0.865092581,1.066447164]
["enigma3-withglobal-isthmuscingulate-surfavg","finngen_R10_J10_CHRONSINUSITIS","outcome","wSA_Mean_isthmuscingulate_surfavg || id:enigma3-withglobal-isthmuscingulate-surfavg","Weighted mode",27,0.098128355,0.128513573,0.452000632,-0.153758248,0.350014957,1.103104365,0.857479294,1.419088774]
["enigma3-withglobal-supramarginal-thickavg","finngen_R10_J10_CHRONSINUSITIS","outcome","wTHICK_Mean_supramarginal_thickavg || id:enigma3-withglobal-supramarginal-thickavg","Weighted median",16,-0.083992734,0.112867395,0.456772538,-0.305212829,0.137227361,0.919437936,0.73696651,1.147088922]
["enigma3-withglobal-rostralmiddlefrontal-thickavg","finngen_R10_J10_CHRONSINUSITIS","outcome","wTHICK_Mean_rostralmiddlefrontal_thickavg || id:enigma3-withglobal-rostralmiddlefrontal-thickavg","MR Egger",27,-0.11101936,0.148105727,0.460494629,-0.401306585,0.179267865,0.894921423,0.669444788,1.19634116]
["enigma3-withglobal-medialorbitofrontal-thickavg","finngen_R10_J10_CHRONSINUSITIS","outcome","wTHICK_Mean_medialorbitofrontal_thickavg || id:enigma3-withglobal-medialorbitofrontal-thickavg","MR Egger",19,-0.430871836,0.573165294,0.462488349,-1.554275812,0.69253214,0.649942205,0.211342379,1.998770296]
["enigma3-withglobal-superiorfrontal-thickavg","finngen_R10_J10_CHRONSINUSITIS","outcome","wTHICK_Mean_superiorfrontal_thickavg || id:enigma3-withglobal-superiorfrontal-thickavg","MR Egger",26,-0.181720524,0.245011471,0.465476786,-0.661943008,0.298501959,0.833834344,0.515848063,1.347838178]
["enigma3-withglobal-parstriangularis-thickavg","finngen_R10_J10_CHRONSINUSITIS","outcome","wTHICK_Mean_parstriangularis_thickavg || id:enigma3-withglobal-parstriangularis-thickavg","Weighted mode",30,-0.103361531,0.140041007,0.466396746,-0.377841904,0.171118843,0.901800886,0.685338841,1.186631763]
["enigma3-withglobal-supramarginal-thickavg","finngen_R10_J10_CHRONSINUSITIS","outcome","wTHICK_Mean_supramarginal_thickavg || id:enigma3-withglobal-supramarginal-thickavg","Weighted mode",16,-0.142987722,0.192887811,0.469959103,-0.521047833,0.235072388,0.866764711,0.593897916,1.265000336]
["enigma3-withglobal-precuneus-thickavg","finngen_R10_J10_CHRONSINUSITIS","outcome","wTHICK_Mean_precuneus_thickavg || id:enigma3-withglobal-precuneus-thickavg","Weighted mode",31,-0.091787827,0.126066741,0.472204138,-0.33887864,0.155302985,0.912298694,0.712568921,1.168011798]
["enigma3-withglobal-superiorparietal-thickavg","finngen_R10_J10_CHRONSINUSITIS","outcome","wTHICK_Mean_superiorparietal_thickavg || id:enigma3-withglobal-superiorparietal-thickavg","Weighted median",26,-0.05361469,0.074694294,0.472887833,-0.200015507,0.092786127,0.947797232,0.818718057,1.097227043]
["enigma3-withglobal-posteriorcingulate-thickavg","finngen_R10_J10_CHRONSINUSITIS","outcome","wTHICK_Mean_posteriorcingulate_thickavg || id:enigma3-withglobal-posteriorcingulate-thickavg","Inverse variance weighted (multiplicative random effects)",28,-0.050832504,0.071955231,0.479910655,-0.191864757,0.090199748,0.950437851,0.825418493,1.094392865]
["enigma3-withglobal-superiorfrontal-thickavg","finngen_R10_J10_CHRONSINUSITIS","outcome","wTHICK_Mean_superiorfrontal_thickavg || id:enigma3-withglobal-superiorfrontal-thickavg","Inverse variance weighted (multiplicative random effects)",26,0.056994083,0.081058977,0.481981775,-0.101881512,0.215869678,1.058649546,0.903136556,1.240940647]
["enigma3-withglobal-medialorbitofrontal-thickavg","finngen_R10_J10_CHRONSINUSITIS","outcome","wTHICK_Mean_medialorbitofrontal_thickavg || id:enigma3-withglobal-medialorbitofrontal-thickavg","Inverse variance weighted (multiplicative random effects)",19,-0.08602453,0.12337698,0.485646703,-0.32784341,0.15579435,0.917571723,0.72047583,1.168585859]
["enigma3-withglobal-parahippocampal-surfavg","finngen_R10_J10_CHRONSINUSITIS","outcome","wSA_Mean_parahippocampal_surfavg || id:enigma3-withglobal-parahippocampal-surfavg","Inverse variance weighted (multiplicative random effects)",27,0.05352811,0.07716893,0.487902696,-0.097722994,0.204779213,1.054986647,0.906900086,1.227254073]
["enigma3-withglobal-lateralorbitofrontal-thickavg","finngen_R10_J10_CHRONSINUSITIS","outcome","wTHICK_Mean_lateralorbitofrontal_thickavg || id:enigma3-withglobal-lateralorbitofrontal-thickavg","Inverse variance weighted",12,-0.060364604,0.088256241,0.493994233,-0.233346835,0.112617628,0.941421225,0.791878874,1.119203899]
["enigma3-withglobal-bankssts-thickavg","finngen_R10_J10_CHRONSINUSITIS","outcome","wTHICK_Mean_bankssts_thickavg || id:enigma3-withglobal-bankssts-thickavg","Weighted median",15,0.068071443,0.099773033,0.495072703,-0.127483702,0.263626587,1.070441781,0.880307763,1.301642055]
["enigma3-withglobal-lateralorbitofrontal-thickavg","finngen_R10_J10_CHRONSINUSITIS","outcome","wTHICK_Mean_lateralorbitofrontal_thickavg || id:enigma3-withglobal-lateralorbitofrontal-thickavg","MR Egger",12,-0.147266148,0.208506744,0.496133913,-0.555939365,0.26140707,0.863064244,0.573533251,1.298756243]
["enigma3-withglobal-precentral-thickavg","finngen_R10_J10_CHRONSINUSITIS","outcome","wTHICK_Mean_precentral_thickavg || id:enigma3-withglobal-precentral-thickavg","Inverse variance weighted",27,0.0371897,0.055243742,0.500824517,-0.071088035,0.145467436,1.03788989,0.931379895,1.156580071]
["enigma3-withglobal-superiorfrontal-thickavg","finngen_R10_J10_CHRONSINUSITIS","outcome","wTHICK_Mean_superiorfrontal_thickavg || id:enigma3-withglobal-superiorfrontal-thickavg","Weighted mode",26,-0.091818606,0.136078311,0.506028386,-0.358532096,0.174894884,0.912270615,0.6987012,1.191121004]
["enigma3-withglobal-parsopercularis-thickavg","finngen_R10_J10_CHRONSINUSITIS","outcome","wTHICK_Mean_parsopercularis_thickavg || id:enigma3-withglobal-parsopercularis-thickavg","MR Egger",29,-0.110715129,0.169037961,0.518027403,-0.442029532,0.220599275,0.895193728,0.642730654,1.246823697]
["enigma3-withglobal-paracentral-surfavg","finngen_R10_J10_CHRONSINUSITIS","outcome","wSA_Mean_paracentral_surfavg || id:enigma3-withglobal-paracentral-surfavg","Weighted median",29,-0.049785402,0.079630871,0.531838303,-0.205861909,0.106291105,0.951433578,0.813945467,1.11214558]
["enigma3-withglobal-bankssts-thickavg","finngen_R10_J10_CHRONSINUSITIS","outcome","wTHICK_Mean_bankssts_thickavg || id:enigma3-withglobal-bankssts-thickavg","Inverse variance weighted",15,0.055553693,0.089546039,0.534999391,-0.119956543,0.231063929,1.057125776,0.886958981,1.259939784]
["enigma3-withglobal-caudalmiddlefrontal-surfavg","finngen_R10_J10_CHRONSINUSITIS","outcome","wSA_Mean_caudalmiddlefrontal_surfavg || id:enigma3-withglobal-caudalmiddlefrontal-surfavg","MR Egger",27,0.150770585,0.240361092,0.536171626,-0.320337155,0.621878325,1.16272988,0.725904254,1.862422994]
["enigma3-withglobal-temporalpole-surfavg","finngen_R10_J10_CHRONSINUSITIS","outcome","wSA_Mean_temporalpole_surfavg || id:enigma3-withglobal-temporalpole-surfavg","Weighted median",25,0.049595766,0.080253819,0.536584327,-0.107701719,0.206893251,1.050846223,0.897895381,1.22985128]
["enigma3-withglobal-lateraloccipital-thickavg","finngen_R10_J10_CHRONSINUSITIS","outcome","wTHICK_Mean_lateraloccipital_thickavg || id:enigma3-withglobal-lateraloccipital-thickavg","MR Egger",28,0.110320801,0.176571832,0.537552133,-0.235759989,0.456401592,1.116636232,0.789970252,1.578384084]
["enigma3-withglobal-entorhinal-thickavg","finngen_R10_J10_CHRONSINUSITIS","outcome","wTHICK_Mean_entorhinal_thickavg || id:enigma3-withglobal-entorhinal-thickavg","MR Egger",21,-0.114304934,0.183463253,0.540665465,-0.47389291,0.245283043,0.891985918,0.62257392,1.277982986]
["enigma3-withglobal-parsorbitalis-thickavg","finngen_R10_J10_CHRONSINUSITIS","outcome","wTHICK_Mean_parsorbitalis_thickavg || id:enigma3-withglobal-parsorbitalis-thickavg","Weighted mode",19,-0.081518509,0.132304392,0.545513463,-0.340835117,0.1777981,0.92171565,0.711176159,1.19458411]
["enigma3-withglobal-fusiform-surfavg","finngen_R10_J10_CHRONSINUSITIS","outcome","wSA_Mean_fusiform_surfavg || id:enigma3-withglobal-fusiform-surfavg","MR Egger",34,-0.124357989,0.205569504,0.549482503,-0.527274218,0.278558239,0.883063657,0.590211567,1.32122355]
["enigma3-withglobal-superiorfrontal-thickavg","finngen_R10_J10_CHRONSINUSITIS","outcome","wTHICK_Mean_superiorfrontal_thickavg || id:enigma3-withglobal-superiorfrontal-thickavg","Weighted median",26,-0.053955913,0.090484287,0.550973849,-0.231305115,0.123393289,0.947473877,0.793497321,1.131329272]
["enigma3-withglobal-transversetemporal-thickavg","finngen_R10_J10_CHRONSINUSITIS","outcome","wTHICK_Mean_transversetemporal_thickavg || id:enigma3-withglobal-transversetemporal-thickavg","MR Egger",23,-0.087895179,0.145049099,0.551030001,-0.372191413,0.196401055,0.915856873,0.689222304,1.217014897]
["enigma3-withglobal-precuneus-surfavg","finngen_R10_J10_CHRONSINUSITIS","outcome","wSA_Mean_precuneus_surfavg || id:enigma3-withglobal-precuneus-surfavg","Inverse variance weighted (multiplicative random effects)",42,0.03137299,0.052802812,0.55240927,-0.072120522,0.134866503,1.03187031,0.930418753,1.144384002]
["enigma3-withglobal-caudalanteriorcingulate-surfavg","finngen_R10_J10_CHRONSINUSITIS","outcome","wSA_Mean_caudalanteriorcingulate_surfavg || id:enigma3-withglobal-caudalanteriorcingulate-surfavg","MR Egger",26,-0.095361847,0.163011877,0.564008225,-0.414865126,0.224141433,0.909043941,0.660429349,1.251247975]
["enigma3-withglobal-lateraloccipital-surfavg","finngen_R10_J10_CHRONSINUSITIS","outcome","wSA_Mean_lateraloccipital_surfavg || id:enigma3-withglobal-lateraloccipital-surfavg","Inverse variance weighted (multiplicative random effects)",39,-0.031975833,0.057306023,0.576855446,-0.144295638,0.080343973,0.968529989,0.865631796,1.083659753]
["enigma3-withglobal-parsopercularis-surfavg","finngen_R10_J10_CHRONSINUSITIS","outcome","wSA_Mean_parsopercularis_surfavg || id:enigma3-withglobal-parsopercularis-surfavg","MR Egger",32,-0.076643154,0.137774335,0.582135326,-0.34668085,0.193394542,0.926220312,0.707030941,1.213361421]
["enigma3-withglobal-parahippocampal-thickavg","finngen_R10_J10_CHRONSINUSITIS","outcome","wTHICK_Mean_parahippocampal_thickavg || id:enigma3-withglobal-parahippocampal-thickavg","Weighted mode",35,0.066715827,0.121637291,0.586944974,-0.171693263,0.305124917,1.068991657,0.842237479,1.356794479]
["enigma3-withglobal-bankssts-surfavg","finngen_R10_J10_CHRONSINUSITIS","outcome","wSA_Mean_bankssts_surfavg || id:enigma3-withglobal-bankssts-surfavg","MR Egger",34,-0.103770698,0.193403838,0.595289813,-0.482842221,0.275300825,0.901431974,0.617027169,1.31692678]
["enigma3-withglobal-paracentral-thickavg","finngen_R10_J10_CHRONSINUSITIS","outcome","wTHICK_Mean_paracentral_thickavg || id:enigma3-withglobal-paracentral-thickavg","Weighted median",28,-0.040276002,0.076186822,0.597049738,-0.189602174,0.109050169,0.960524296,0.827288185,1.115218299]
["enigma3-withglobal-parsopercularis-surfavg","finngen_R10_J10_CHRONSINUSITIS","outcome","wSA_Mean_parsopercularis_surfavg || id:enigma3-withglobal-parsopercularis-surfavg","Weighted mode",32,0.072506237,0.137044757,0.600525328,-0.196101487,0.34111396,1.075199512,0.821928816,1.406513518]
["enigma3-withglobal-superiortemporal-surfavg","finngen_R10_J10_CHRONSINUSITIS","outcome","wSA_Mean_superiortemporal_surfavg || id:enigma3-withglobal-superiortemporal-surfavg","Weighted median",38,-0.033272457,0.064010286,0.603203951,-0.158732617,0.092187703,0.967274983,0.853224466,1.096570632]
["enigma3-withglobal-precentral-thickavg","finngen_R10_J10_CHRONSINUSITIS","outcome","wTHICK_Mean_precentral_thickavg || id:enigma3-withglobal-precentral-thickavg","Weighted mode",27,0.069768957,0.133062039,0.60448814,-0.191032639,0.330570553,1.072260414,0.826105624,1.391761976]
["enigma3-withglobal-insula-thickavg","finngen_R10_J10_CHRONSINUSITIS","outcome","wTHICK_Mean_insula_thickavg || id:enigma3-withglobal-insula-thickavg","MR Egger",31,0.104788247,0.202250144,0.608310657,-0.291622035,0.501198529,1.110475439,0.747050842,1.650698496]
["enigma3-withglobal-lingual-thickavg","finngen_R10_J10_CHRONSINUSITIS","outcome","wTHICK_Mean_lingual_thickavg || id:enigma3-withglobal-lingual-thickavg","Weighted median",37,0.038044364,0.074457988,0.609385551,-0.107893293,0.183982021,1.038777316,0.897723385,1.201994212]
["enigma3-withglobal-frontalpole-surfavg","finngen_R10_J10_CHRONSINUSITIS","outcome","wSA_Mean_frontalpole_surfavg || id:enigma3-withglobal-frontalpole-surfavg","Weighted mode",24,-0.088635078,0.174655966,0.616647292,-0.430960771,0.253690615,0.915179482,0.649884405,1.288773016]
["enigma3-withglobal-lateraloccipital-surfavg","finngen_R10_J10_CHRONSINUSITIS","outcome","wSA_Mean_lateraloccipital_surfavg || id:enigma3-withglobal-lateraloccipital-surfavg","MR Egger",39,0.082485332,0.165291404,0.620712637,-0.24148582,0.406456483,1.085982744,0.785459941,1.5014878]
["enigma3-withglobal-superiorfrontal-surfavg","finngen_R10_J10_CHRONSINUSITIS","outcome","wSA_Mean_superiorfrontal_surfavg || id:enigma3-withglobal-superiorfrontal-surfavg","Weighted median",32,0.038115388,0.077223413,0.621607803,-0.113242501,0.189473277,1.038851097,0.892934097,1.208612826]
["enigma3-withglobal-superiorparietal-thickavg","finngen_R10_J10_CHRONSINUSITIS","outcome","wTHICK_Mean_superiorparietal_thickavg || id:enigma3-withglobal-superiorparietal-thickavg","Weighted mode",26,-0.045169137,0.091242279,0.624890627,-0.224004005,0.13366573,0.955835801,0.799311933,1.143010682]
["enigma3-withglobal-parahippocampal-surfavg","finngen_R10_J10_CHRONSINUSITIS","outcome","wSA_Mean_parahippocampal_surfavg || id:enigma3-withglobal-parahippocampal-surfavg","MR Egger",27,-0.135034103,0.273050573,0.625243706,-0.670213226,0.400145021,0.873686116,0.51159948,1.492041059]
["enigma3-withglobal-parstriangularis-surfavg","finngen_R10_J10_CHRONSINUSITIS","outcome","wSA_Mean_parstriangularis_surfavg || id:enigma3-withglobal-parstriangularis-surfavg","MR Egger",53,-0.061338936,0.125316593,0.626606478,-0.306959459,0.184281587,0.940504415,0.735680426,1.202354343]
["enigma3-withglobal-insula-thickavg","finngen_R10_J10_CHRONSINUSITIS","outcome","wTHICK_Mean_insula_thickavg || id:enigma3-withglobal-insula-thickavg","Weighted median",31,0.03544419,0.072950412,0.627061539,-0.107538616,0.178426997,1.036079823,0.898041843,1.195335617]
["enigma3-withglobal-rostralmiddlefrontal-thickavg","finngen_R10_J10_CHRONSINUSITIS","outcome","wTHICK_Mean_rostralmiddlefrontal_thickavg || id:enigma3-withglobal-rostralmiddlefrontal-thickavg","Inverse variance weighted (multiplicative random effects)",27,-0.032251389,0.066446767,0.627412605,-0.162487052,0.097984273,0.968263141,0.850027097,1.102945439]
["enigma3-withglobal-fusiform-surfavg","finngen_R10_J10_CHRONSINUSITIS","outcome","wSA_Mean_fusiform_surfavg || id:enigma3-withglobal-fusiform-surfavg","Weighted median",34,-0.039016775,0.080385474,0.627413223,-0.196572303,0.118538753,0.961734576,0.821541929,1.125850503]
["enigma3-withglobal-posteriorcingulate-thickavg","finngen_R10_J10_CHRONSINUSITIS","outcome","wTHICK_Mean_posteriorcingulate_thickavg || id:enigma3-withglobal-posteriorcingulate-thickavg","MR Egger",28,-0.13978113,0.289662517,0.633442423,-0.707519663,0.427957402,0.869548533,0.492865154,1.53412073]
["enigma3-withglobal-lateralorbitofrontal-thickavg","finngen_R10_J10_CHRONSINUSITIS","outcome","wTHICK_Mean_lateralorbitofrontal_thickavg || id:enigma3-withglobal-lateralorbitofrontal-thickavg","Weighted median",12,-0.055282911,0.118651243,0.641267193,-0.287839347,0.177273526,0.946217415,0.749882053,1.193957626]
["enigma3-withglobal-entorhinal-surfavg","finngen_R10_J10_CHRONSINUSITIS","outcome","wSA_Mean_entorhinal_surfavg || id:enigma3-withglobal-entorhinal-surfavg","Weighted mode",34,0.053385121,0.114195985,0.643224062,-0.17043901,0.277209252,1.054835806,0.84329452,1.319442438]
["enigma3-withglobal-frontalpole-thickavg","finngen_R10_J10_CHRONSINUSITIS","outcome","wTHICK_Mean_frontalpole_thickavg || id:enigma3-withglobal-frontalpole-thickavg","Weighted median",24,0.039438612,0.085463984,0.64446524,-0.128070796,0.20694802,1.040226639,0.879791091,1.229918638]
["enigma3-withglobal-middletemporal-surfavg","finngen_R10_J10_CHRONSINUSITIS","outcome","wSA_Mean_middletemporal_surfavg || id:enigma3-withglobal-middletemporal-surfavg","Weighted median",45,-0.030570765,0.066604042,0.646239452,-0.161114687,0.099973157,0.969891795,0.851194445,1.105141252]
["enigma3-withglobal-fusiform-surfavg","finngen_R10_J10_CHRONSINUSITIS","outcome","wSA_Mean_fusiform_surfavg || id:enigma3-withglobal-fusiform-surfavg","Inverse variance weighted (multiplicative random effects)",34,-0.033178169,0.072597003,0.647657786,-0.175468295,0.109111956,0.967366189,0.839064,1.115287206]
["enigma3-withglobal-rostralmiddlefrontal-thickavg","finngen_R10_J10_CHRONSINUSITIS","outcome","wTHICK_Mean_rostralmiddlefrontal_thickavg || id:enigma3-withglobal-rostralmiddlefrontal-thickavg","Weighted mode",27,0.059098953,0.131499329,0.656850062,-0.198639731,0.316837637,1.060880213,0.819845205,1.372779665]
["enigma3-withglobal-posteriorcingulate-surfavg","finngen_R10_J10_CHRONSINUSITIS","outcome","wSA_Mean_posteriorcingulate_surfavg || id:enigma3-withglobal-posteriorcingulate-surfavg","MR Egger",26,-0.11610241,0.259331848,0.658386005,-0.624392832,0.392188012,0.890384035,0.535586521,1.480215984]
["enigma3-withglobal-superiorfrontal-surfavg","finngen_R10_J10_CHRONSINUSITIS","outcome","wSA_Mean_superiorfrontal_surfavg || id:enigma3-withglobal-superiorfrontal-surfavg","Inverse variance weighted",32,0.025055212,0.05686191,0.65947899,-0.086394132,0.136504556,1.025371732,0.917232649,1.1462601]
["enigma3-withglobal-caudalmiddlefrontal-thickavg","finngen_R10_J10_CHRONSINUSITIS","outcome","wTHICK_Mean_caudalmiddlefrontal_thickavg || id:enigma3-withglobal-caudalmiddlefrontal-thickavg","Weighted mode",32,-0.050011238,0.112582499,0.659970227,-0.270672937,0.17065046,0.951218734,0.762865961,1.186076096]
["enigma3-withglobal-caudalmiddlefrontal-thickavg","finngen_R10_J10_CHRONSINUSITIS","outcome","wTHICK_Mean_caudalmiddlefrontal_thickavg || id:enigma3-withglobal-caudalmiddlefrontal-thickavg","Inverse variance weighted",32,-0.025149501,0.057604019,0.662406676,-0.138053379,0.087754377,0.975164113,0.871052195,1.091719938]
["enigma3-withglobal-parstriangularis-surfavg","finngen_R10_J10_CHRONSINUSITIS","outcome","wSA_Mean_parstriangularis_surfavg || id:enigma3-withglobal-parstriangularis-surfavg","Inverse variance weighted (multiplicative random effects)",53,0.020825445,0.047880855,0.663603765,-0.07302103,0.114671921,1.021043808,0.92958128,1.121505434]
["enigma3-withglobal-middletemporal-thickavg","finngen_R10_J10_CHRONSINUSITIS","outcome","wTHICK_Mean_middletemporal_thickavg || id:enigma3-withglobal-middletemporal-thickavg","Inverse variance weighted (multiplicative random effects)",21,0.03720866,0.085826536,0.664627392,-0.131011351,0.205428672,1.037909569,0.877207817,1.228051383]
["enigma3-withglobal-superiorparietal-thickavg","finngen_R10_J10_CHRONSINUSITIS","outcome","wTHICK_Mean_superiorparietal_thickavg || id:enigma3-withglobal-superiorparietal-thickavg","MR Egger",26,0.062878302,0.143751836,0.665725915,-0.218875297,0.344631901,1.064897236,0.803421901,1.411470263]
["enigma3-withglobal-bankssts-surfavg","finngen_R10_J10_CHRONSINUSITIS","outcome","wSA_Mean_bankssts_surfavg || id:enigma3-withglobal-bankssts-surfavg","Inverse variance weighted",34,0.023333926,0.05432982,0.667569192,-0.083152522,0.129820374,1.023608292,0.920210784,1.138623839]
["enigma3-withglobal-inferiorparietal-thickavg","finngen_R10_J10_CHRONSINUSITIS","outcome","wTHICK_Mean_inferiorparietal_thickavg || id:enigma3-withglobal-inferiorparietal-thickavg","Inverse variance weighted",26,0.029949858,0.07029295,0.670055374,-0.107824323,0.167724039,1.030402867,0.897785303,1.182610212]
["enigma3-withglobal-caudalanteriorcingulate-thickavg","finngen_R10_J10_CHRONSINUSITIS","outcome","wTHICK_Mean_caudalanteriorcingulate_thickavg || id:enigma3-withglobal-caudalanteriorcingulate-thickavg","Weighted mode",18,-0.069953209,0.161929458,0.671172294,-0.387334947,0.247428529,0.932437448,0.678863673,1.280727824]
["enigma3-withglobal-frontalpole-surfavg","finngen_R10_J10_CHRONSINUSITIS","outcome","wSA_Mean_frontalpole_surfavg || id:enigma3-withglobal-frontalpole-surfavg","Weighted median",24,-0.035062234,0.083236833,0.673583783,-0.198206428,0.128081959,0.965545325,0.820200524,1.136646158]
["enigma3-withglobal-insula-thickavg","finngen_R10_J10_CHRONSINUSITIS","outcome","wTHICK_Mean_insula_thickavg || id:enigma3-withglobal-insula-thickavg","Inverse variance weighted",31,0.023148877,0.055310019,0.675559993,-0.085258761,0.131556514,1.023418892,0.91827464,1.140602366]
["enigma3-withglobal-paracentral-surfavg","finngen_R10_J10_CHRONSINUSITIS","outcome","wSA_Mean_paracentral_surfavg || id:enigma3-withglobal-paracentral-surfavg","Weighted mode",29,-0.060449107,0.145639547,0.681261477,-0.345902619,0.225004404,0.941341675,0.707581389,1.252328232]
["enigma3-withglobal-rostralmiddlefrontal-surfavg","finngen_R10_J10_CHRONSINUSITIS","outcome","wSA_Mean_rostralmiddlefrontal_surfavg || id:enigma3-withglobal-rostralmiddlefrontal-surfavg","Weighted median",47,0.024821214,0.060499458,0.681606661,-0.093757723,0.143400152,1.025131825,0.91050333,1.154191561]
["enigma3-withglobal-parstriangularis-thickavg","finngen_R10_J10_CHRONSINUSITIS","outcome","wTHICK_Mean_parstriangularis_thickavg || id:enigma3-withglobal-parstriangularis-thickavg","Inverse variance weighted",30,0.021185724,0.051709677,0.682022206,-0.080165243,0.122536692,1.021411735,0.92296382,1.130360594]
["enigma3-withglobal-inferiortemporal-thickavg","finngen_R10_J10_CHRONSINUSITIS","outcome","wTHICK_Mean_inferiortemporal_thickavg || id:enigma3-withglobal-inferiortemporal-thickavg","Inverse variance weighted",26,-0.028775699,0.070472997,0.683037041,-0.166902773,0.109351375,0.971634379,0.846281889,1.115554259]
["enigma3-withglobal-inferiortemporal-thickavg","finngen_R10_J10_CHRONSINUSITIS","outcome","wTHICK_Mean_inferiortemporal_thickavg || id:enigma3-withglobal-inferiortemporal-thickavg","MR Egger",26,0.083963853,0.206816605,0.688352741,-0.321396692,0.489324399,1.08758958,0.725135539,1.631213797]
["enigma3-withglobal-parahippocampal-surfavg","finngen_R10_J10_CHRONSINUSITIS","outcome","wSA_Mean_parahippocampal_surfavg || id:enigma3-withglobal-parahippocampal-surfavg","Weighted median",27,0.033338487,0.0839297,0.691205839,-0.131163725,0.197840698,1.033900442,0.877074164,1.218768227]
["enigma3-withglobal-isthmuscingulate-thickavg","finngen_R10_J10_CHRONSINUSITIS","outcome","wTHICK_Mean_isthmuscingulate_thickavg || id:enigma3-withglobal-isthmuscingulate-thickavg","MR Egger",31,0.078058387,0.198725545,0.697343447,-0.31144368,0.467560454,1.081185784,0.732388857,1.596095692]
["enigma3-withglobal-lingual-thickavg","finngen_R10_J10_CHRONSINUSITIS","outcome","wTHICK_Mean_lingual_thickavg || id:enigma3-withglobal-lingual-thickavg","Weighted mode",37,0.056247256,0.144726548,0.699827862,-0.227416777,0.33991129,1.057859214,0.796588713,1.404822963]
["enigma3-withglobal-lateraloccipital-surfavg","finngen_R10_J10_CHRONSINUSITIS","outcome","wSA_Mean_lateraloccipital_surfavg || id:enigma3-withglobal-lateraloccipital-surfavg","Weighted median",39,-0.025171045,0.06547085,0.700636156,-0.153493912,0.103151822,0.975143104,0.857705986,1.108659715]
["enigma3-withglobal-medialorbitofrontal-surfavg","finngen_R10_J10_CHRONSINUSITIS","outcome","wSA_Mean_medialorbitofrontal_surfavg || id:enigma3-withglobal-medialorbitofrontal-surfavg","Inverse variance weighted",20,-0.022742932,0.059997002,0.70463752,-0.140337056,0.094851193,0.977513739,0.869065262,1.099495231]
["enigma3-withglobal-cuneus-thickavg","finngen_R10_J10_CHRONSINUSITIS","outcome","wTHICK_Mean_cuneus_thickavg || id:enigma3-withglobal-cuneus-thickavg","Inverse variance weighted",18,-0.027419344,0.072741505,0.706216544,-0.169992694,0.115154005,0.972953153,0.84367098,1.122046226]
["enigma3-withglobal-medialorbitofrontal-surfavg","finngen_R10_J10_CHRONSINUSITIS","outcome","wSA_Mean_medialorbitofrontal_surfavg || id:enigma3-withglobal-medialorbitofrontal-surfavg","MR Egger",20,-0.049915175,0.130881922,0.707388931,-0.306443742,0.206613392,0.951310116,0.736059926,1.229507143]
["enigma3-withglobal-pericalcarine-surfavg","finngen_R10_J10_CHRONSINUSITIS","outcome","wSA_Mean_pericalcarine_surfavg || id:enigma3-withglobal-pericalcarine-surfavg","Weighted median",63,0.018553101,0.049941346,0.710266787,-0.079331938,0.11643814,1.018726279,0.923733251,1.123488009]
["enigma3-withglobal-frontalpole-surfavg","finngen_R10_J10_CHRONSINUSITIS","outcome","wSA_Mean_frontalpole_surfavg || id:enigma3-withglobal-frontalpole-surfavg","Inverse variance weighted",24,-0.021836959,0.058975009,0.711177757,-0.137427977,0.093754059,0.978399741,0.871597123,1.098289598]
["enigma3-withglobal-medialorbitofrontal-surfavg","finngen_R10_J10_CHRONSINUSITIS","outcome","wSA_Mean_medialorbitofrontal_surfavg || id:enigma3-withglobal-medialorbitofrontal-surfavg","Weighted mode",20,-0.042472633,0.113971919,0.713527059,-0.265857593,0.180912327,0.958416694,0.766548281,1.198310116]
["enigma3-withglobal-lateraloccipital-surfavg","finngen_R10_J10_CHRONSINUSITIS","outcome","wSA_Mean_lateraloccipital_surfavg || id:enigma3-withglobal-lateraloccipital-surfavg","Weighted mode",39,-0.036958056,0.099927658,0.71354898,-0.232816267,0.158900154,0.963716556,0.792299132,1.172220899]
["enigma3-withglobal-paracentral-thickavg","finngen_R10_J10_CHRONSINUSITIS","outcome","wTHICK_Mean_paracentral_thickavg || id:enigma3-withglobal-paracentral-thickavg","Inverse variance weighted",28,-0.019389165,0.053557916,0.717335292,-0.12436268,0.08558435,0.980797596,0.883059515,1.089353444]
["enigma3-withglobal-parsopercularis-thickavg","finngen_R10_J10_CHRONSINUSITIS","outcome","wTHICK_Mean_parsopercularis_thickavg || id:enigma3-withglobal-parsopercularis-thickavg","Weighted mode",29,0.057200567,0.157428503,0.719077464,-0.251359298,0.365760433,1.058868163,0.77774288,1.441609838]
["enigma3-withglobal-postcentral-thickavg","finngen_R10_J10_CHRONSINUSITIS","outcome","wTHICK_Mean_postcentral_thickavg || id:enigma3-withglobal-postcentral-thickavg","Inverse variance weighted",40,0.015223289,0.042368884,0.719368043,-0.067819724,0.098266303,1.015339754,0.934428913,1.103256546]
["enigma3-withglobal-inferiorparietal-surfavg","finngen_R10_J10_CHRONSINUSITIS","outcome","wSA_Mean_inferiorparietal_surfavg || id:enigma3-withglobal-inferiorparietal-surfavg","MR Egger",38,0.039617223,0.110289978,0.721536677,-0.176551133,0.255785579,1.040412452,0.838155921,1.291475779]
["enigma3-withglobal-insula-surfavg","finngen_R10_J10_CHRONSINUSITIS","outcome","wSA_Mean_insula_surfavg || id:enigma3-withglobal-insula-surfavg","Weighted median",45,-0.021819422,0.062093153,0.72528964,-0.143522001,0.099883158,0.9784169,0.86630174,1.105041796]
["enigma3-withglobal-caudalmiddlefrontal-thickavg","finngen_R10_J10_CHRONSINUSITIS","outcome","wTHICK_Mean_caudalmiddlefrontal_thickavg || id:enigma3-withglobal-caudalmiddlefrontal-thickavg","Weighted median",32,-0.027306975,0.078327699,0.727371043,-0.180829264,0.126215315,0.97306249,0.834577839,1.134526423]
["enigma3-withglobal-parsorbitalis-thickavg","finngen_R10_J10_CHRONSINUSITIS","outcome","wTHICK_Mean_parsorbitalis_thickavg || id:enigma3-withglobal-parsorbitalis-thickavg","Weighted median",19,-0.028680224,0.082947989,0.729521934,-0.191258283,0.133897835,0.97172715,0.82591924,1.143276011]
["enigma3-withglobal-caudalanteriorcingulate-thickavg","finngen_R10_J10_CHRONSINUSITIS","outcome","wTHICK_Mean_caudalanteriorcingulate_thickavg || id:enigma3-withglobal-caudalanteriorcingulate-thickavg","Weighted median",18,-0.033665861,0.097374267,0.729540576,-0.224519425,0.157187703,0.966894528,0.798900058,1.170215246]
["enigma3-withglobal-middletemporal-thickavg","finngen_R10_J10_CHRONSINUSITIS","outcome","wTHICK_Mean_middletemporal_thickavg || id:enigma3-withglobal-middletemporal-thickavg","Weighted mode",21,-0.06317532,0.180821051,0.730455595,-0.417584581,0.291233941,0.938778872,0.658635781,1.338077578]
["enigma3-withglobal-entorhinal-surfavg","finngen_R10_J10_CHRONSINUSITIS","outcome","wSA_Mean_entorhinal_surfavg || id:enigma3-withglobal-entorhinal-surfavg","MR Egger",34,0.061070784,0.178897979,0.735054975,-0.289569255,0.411710822,1.062974153,0.748585948,1.509397889]
["enigma3-withglobal-temporalpole-surfavg","finngen_R10_J10_CHRONSINUSITIS","outcome","wSA_Mean_temporalpole_surfavg || id:enigma3-withglobal-temporalpole-surfavg","Weighted mode",25,0.039641386,0.117775681,0.739356051,-0.191198949,0.270481722,1.040437592,0.825968246,1.310595642]
["enigma3-withglobal-pericalcarine-thickavg","finngen_R10_J10_CHRONSINUSITIS","outcome","wTHICK_Mean_pericalcarine_thickavg || id:enigma3-withglobal-pericalcarine-thickavg","Weighted mode",23,-0.053696631,0.160754472,0.74152096,-0.368775397,0.261382134,0.947719571,0.691580724,1.298723858]
["enigma3-withglobal-precentral-thickavg","finngen_R10_J10_CHRONSINUSITIS","outcome","wTHICK_Mean_precentral_thickavg || id:enigma3-withglobal-precentral-thickavg","MR Egger",27,0.046888704,0.140825228,0.741943093,-0.229128743,0.322906152,1.048005364,0.795226147,1.381135728]
["enigma3-withglobal-rostralanteriorcingulate-thickavg","finngen_R10_J10_CHRONSINUSITIS","outcome","wTHICK_Mean_rostralanteriorcingulate_thickavg || id:enigma3-withglobal-rostralanteriorcingulate-thickavg","Weighted median",29,-0.027077457,0.083094661,0.744528178,-0.189942992,0.135788078,0.973285851,0.827006279,1.145439124]
["enigma3-withglobal-superiortemporal-surfavg","finngen_R10_J10_CHRONSINUSITIS","outcome","wSA_Mean_superiortemporal_surfavg || id:enigma3-withglobal-superiortemporal-surfavg","Weighted mode",38,-0.034616168,0.109090763,0.752788122,-0.248434063,0.179201727,0.965976118,0.780021292,1.196262038]
["enigma3-withglobal-parsopercularis-thickavg","finngen_R10_J10_CHRONSINUSITIS","outcome","wTHICK_Mean_parsopercularis_thickavg || id:enigma3-withglobal-parsopercularis-thickavg","Weighted median",29,0.02385587,0.079078189,0.762900243,-0.131137382,0.178849121,1.024142697,0.877097269,1.195840304]
["enigma3-withglobal-precentral-thickavg","finngen_R10_J10_CHRONSINUSITIS","outcome","wTHICK_Mean_precentral_thickavg || id:enigma3-withglobal-precentral-thickavg","Weighted median",27,0.0225515,0.075493459,0.765152741,-0.125415679,0.17051868,1.022807708,0.882130144,1.185919804]
["enigma3-withglobal-caudalanteriorcingulate-surfavg","finngen_R10_J10_CHRONSINUSITIS","outcome","wSA_Mean_caudalanteriorcingulate_surfavg || id:enigma3-withglobal-caudalanteriorcingulate-surfavg","Weighted mode",26,-0.033490999,0.111951037,0.76729269,-0.252915031,0.185933034,0.967063616,0.77653386,1.204341607]
["enigma3-withglobal-entorhinal-surfavg","finngen_R10_J10_CHRONSINUSITIS","outcome","wSA_Mean_entorhinal_surfavg || id:enigma3-withglobal-entorhinal-surfavg","Inverse variance weighted (multiplicative random effects)",34,-0.01662327,0.056509989,0.768631701,-0.127382847,0.094136308,0.983514134,0.880396551,1.098709498]
["enigma3-withglobal-lingual-surfavg","finngen_R10_J10_CHRONSINUSITIS","outcome","wSA_Mean_lingual_surfavg || id:enigma3-withglobal-lingual-surfavg","MR Egger",50,-0.048347622,0.165695174,0.771707211,-0.373110163,0.276414919,0.952802514,0.688589371,1.318394777]
["enigma3-withglobal-medialorbitofrontal-surfavg","finngen_R10_J10_CHRONSINUSITIS","outcome","wSA_Mean_medialorbitofrontal_surfavg || id:enigma3-withglobal-medialorbitofrontal-surfavg","Weighted median",20,-0.023569972,0.081272004,0.771805965,-0.182863099,0.135723155,0.97670563,0.83288217,1.145364761]
["enigma3-withglobal-parstriangularis-thickavg","finngen_R10_J10_CHRONSINUSITIS","outcome","wTHICK_Mean_parstriangularis_thickavg || id:enigma3-withglobal-parstriangularis-thickavg","Weighted median",30,-0.021044529,0.073517071,0.774683862,-0.165137989,0.12304893,0.979175362,0.847776712,1.130939757]
["enigma3-withglobal-cuneus-thickavg","finngen_R10_J10_CHRONSINUSITIS","outcome","wTHICK_Mean_cuneus_thickavg || id:enigma3-withglobal-cuneus-thickavg","MR Egger",18,0.056349947,0.2008019,0.782594569,-0.337221778,0.449921672,1.057967851,0.713750528,1.568189347]
["enigma3-withglobal-transversetemporal-thickavg","finngen_R10_J10_CHRONSINUSITIS","outcome","wTHICK_Mean_transversetemporal_thickavg || id:enigma3-withglobal-transversetemporal-thickavg","Weighted median",23,0.024526934,0.092779621,0.791504909,-0.157321124,0.206374992,1.024830194,0.854429637,1.229214063]
["enigma3-withglobal-inferiorparietal-thickavg","finngen_R10_J10_CHRONSINUSITIS","outcome","wTHICK_Mean_inferiorparietal_thickavg || id:enigma3-withglobal-inferiorparietal-thickavg","Weighted mode",26,-0.043269745,0.16206438,0.79166612,-0.36091593,0.274376439,0.957653033,0.697037596,1.315709994]
["enigma3-withglobal-transversetemporal-thickavg","finngen_R10_J10_CHRONSINUSITIS","outcome","wTHICK_Mean_transversetemporal_thickavg || id:enigma3-withglobal-transversetemporal-thickavg","Weighted mode",23,0.031783264,0.11996962,0.793531627,-0.20335719,0.266923719,1.032293746,0.815986727,1.305940824]
["enigma3-withglobal-parsorbitalis-surfavg","finngen_R10_J10_CHRONSINUSITIS","outcome","wSA_Mean_parsorbitalis_surfavg || id:enigma3-withglobal-parsorbitalis-surfavg","Weighted mode",33,0.050538808,0.192519665,0.794609088,-0.326799735,0.42787735,1.051837682,0.721228165,1.533997925]
["enigma3-withglobal-pericalcarine-surfavg","finngen_R10_J10_CHRONSINUSITIS","outcome","wSA_Mean_pericalcarine_surfavg || id:enigma3-withglobal-pericalcarine-surfavg","MR Egger",63,-0.030742173,0.11911588,0.797209093,-0.264209298,0.202724951,0.969725562,0.767812821,1.22473556]
["enigma3-withglobal-temporalpole-thickavg","finngen_R10_J10_CHRONSINUSITIS","outcome","wTHICK_Mean_temporalpole_thickavg || id:enigma3-withglobal-temporalpole-thickavg","Inverse variance weighted",23,0.015142204,0.059275502,0.798371953,-0.101037781,0.131322188,1.015257428,0.903898882,1.140335124]
["enigma3-withglobal-middletemporal-thickavg","finngen_R10_J10_CHRONSINUSITIS","outcome","wTHICK_Mean_middletemporal_thickavg || id:enigma3-withglobal-middletemporal-thickavg","Weighted median",21,-0.024934057,0.09952316,0.802173473,-0.219999451,0.170131338,0.975374229,0.802519239,1.185460537]
["enigma3-withglobal-middletemporal-surfavg","finngen_R10_J10_CHRONSINUSITIS","outcome","wSA_Mean_middletemporal_surfavg || id:enigma3-withglobal-middletemporal-surfavg","Weighted mode",45,0.031688188,0.130720206,0.809587102,-0.224523416,0.287899792,1.032195604,0.79889687,1.333623657]
["enigma3-withglobal-rostralanteriorcingulate-thickavg","finngen_R10_J10_CHRONSINUSITIS","outcome","wTHICK_Mean_rostralanteriorcingulate_thickavg || id:enigma3-withglobal-rostralanteriorcingulate-thickavg","Inverse variance weighted (multiplicative random effects)",29,-0.016967213,0.071822785,0.813248618,-0.157739872,0.123805446,0.983175919,0.854071921,1.131795654]
["enigma3-withglobal-entorhinal-thickavg","finngen_R10_J10_CHRONSINUSITIS","outcome","wTHICK_Mean_entorhinal_thickavg || id:enigma3-withglobal-entorhinal-thickavg","Weighted mode",21,0.034934489,0.151550143,0.820033623,-0.262103792,0.33197277,1.035551867,0.769431159,1.393714897]
["enigma3-withglobal-frontalpole-thickavg","finngen_R10_J10_CHRONSINUSITIS","outcome","wTHICK_Mean_frontalpole_thickavg || id:enigma3-withglobal-frontalpole-thickavg","Inverse variance weighted (multiplicative random effects)",24,-0.016509048,0.072830182,0.820673619,-0.159256205,0.126238108,0.983626479,0.852777845,1.134552282]
["enigma3-withglobal-posteriorcingulate-thickavg","finngen_R10_J10_CHRONSINUSITIS","outcome","wTHICK_Mean_posteriorcingulate_thickavg || id:enigma3-withglobal-posteriorcingulate-thickavg","Weighted mode",28,-0.035070588,0.154096413,0.821680703,-0.337099558,0.266958382,0.965537259,0.713837768,1.305986092]
["enigma3-withglobal-postcentral-surfavg","finngen_R10_J10_CHRONSINUSITIS","outcome","wSA_Mean_postcentral_surfavg || id:enigma3-withglobal-postcentral-surfavg","Weighted mode",28,0.017051809,0.076541505,0.82538459,-0.132969542,0.167073159,1.017198021,0.875491758,1.181840725]
["enigma3-withglobal-precuneus-surfavg","finngen_R10_J10_CHRONSINUSITIS","outcome","wSA_Mean_precuneus_surfavg || id:enigma3-withglobal-precuneus-surfavg","MR Egger",42,-0.030432766,0.140337659,0.829424484,-0.305494577,0.244629045,0.970025649,0.736758901,1.277147461]
["enigma3-withglobal-insula-surfavg","finngen_R10_J10_CHRONSINUSITIS","outcome","wSA_Mean_insula_surfavg || id:enigma3-withglobal-insula-surfavg","Inverse variance weighted",45,0.009274443,0.045439582,0.838271499,-0.079787137,0.098336023,1.009317584,0.923312865,1.103333468]
["enigma3-withglobal-middletemporal-thickavg","finngen_R10_J10_CHRONSINUSITIS","outcome","wTHICK_Mean_middletemporal_thickavg || id:enigma3-withglobal-middletemporal-thickavg","MR Egger",21,0.076121185,0.369949673,0.839166281,-0.648980175,0.801222544,1.079093336,0.522578444,2.228263415]
["enigma3-withglobal-parahippocampal-surfavg","finngen_R10_J10_CHRONSINUSITIS","outcome","wSA_Mean_parahippocampal_surfavg || id:enigma3-withglobal-parahippocampal-surfavg","Weighted mode",27,0.031964772,0.160802202,0.843978634,-0.283207543,0.347137087,1.032481132,0.753363416,1.415010691]
["enigma3-withglobal-superiortemporal-thickavg","finngen_R10_J10_CHRONSINUSITIS","outcome","wTHICK_Mean_superiortemporal_thickavg || id:enigma3-withglobal-superiortemporal-thickavg","MR Egger",29,0.026299617,0.134749696,0.846718159,-0.237809788,0.290409021,1.026648503,0.788352631,1.336974226]
["enigma3-withglobal-fusiform-thickavg","finngen_R10_J10_CHRONSINUSITIS","outcome","wTHICK_Mean_fusiform_thickavg || id:enigma3-withglobal-fusiform-thickavg","Weighted median",17,-0.01960953,0.104350414,0.850939365,-0.224136342,0.184917282,0.980581486,0.799206162,1.203118917]
["enigma3-withglobal-superiorparietal-surfavg","finngen_R10_J10_CHRONSINUSITIS","outcome","wSA_Mean_superiorparietal_surfavg || id:enigma3-withglobal-superiorparietal-surfavg","Weighted mode",47,0.01981993,0.105254275,0.851465667,-0.186478449,0.226118308,1.020017648,0.829876446,1.253723983]
["enigma3-withglobal-pericalcarine-thickavg","finngen_R10_J10_CHRONSINUSITIS","outcome","wTHICK_Mean_pericalcarine_thickavg || id:enigma3-withglobal-pericalcarine-thickavg","MR Egger",23,-0.042732169,0.227626419,0.852890874,-0.488879949,0.403415612,0.958167983,0.613312951,1.496928903]
["enigma3-withglobal-temporalpole-surfavg","finngen_R10_J10_CHRONSINUSITIS","outcome","wSA_Mean_temporalpole_surfavg || id:enigma3-withglobal-temporalpole-surfavg","MR Egger",25,0.02614639,0.14111571,0.854631018,-0.250440401,0.302733182,1.026491206,0.778457874,1.353553264]
["enigma3-withglobal-cuneus-thickavg","finngen_R10_J10_CHRONSINUSITIS","outcome","wTHICK_Mean_cuneus_thickavg || id:enigma3-withglobal-cuneus-thickavg","Weighted mode",18,0.030250849,0.164756485,0.856492027,-0.292671862,0.353173559,1.030713055,0.746266979,1.423578197]
["enigma3-withglobal-inferiortemporal-surfavg","finngen_R10_J10_CHRONSINUSITIS","outcome","wSA_Mean_inferiortemporal_surfavg || id:enigma3-withglobal-inferiortemporal-surfavg","Inverse variance weighted",40,-0.009032365,0.050725962,0.85867431,-0.10845525,0.090390521,0.991008305,0.897219044,1.094601665]
["enigma3-withglobal-inferiorparietal-thickavg","finngen_R10_J10_CHRONSINUSITIS","outcome","wTHICK_Mean_inferiorparietal_thickavg || id:enigma3-withglobal-inferiorparietal-thickavg","Weighted median",26,-0.014457651,0.086725993,0.867602222,-0.184440597,0.155525295,0.985646359,0.831569336,1.168271487]
["enigma3-withglobal-caudalanteriorcingulate-thickavg","finngen_R10_J10_CHRONSINUSITIS","outcome","wTHICK_Mean_caudalanteriorcingulate_thickavg || id:enigma3-withglobal-caudalanteriorcingulate-thickavg","Inverse variance weighted",18,-0.011304622,0.068748641,0.869389406,-0.146051958,0.123442713,0.988759035,0.864112805,1.131385189]
["enigma3-withglobal-lingual-thickavg","finngen_R10_J10_CHRONSINUSITIS","outcome","wTHICK_Mean_lingual_thickavg || id:enigma3-withglobal-lingual-thickavg","Inverse variance weighted (multiplicative random effects)",37,0.011390476,0.069768009,0.870312018,-0.12535482,0.148135773,1.011455595,0.88218383,1.159670338]
["enigma3-withglobal-rostralmiddlefrontal-thickavg","finngen_R10_J10_CHRONSINUSITIS","outcome","wTHICK_Mean_rostralmiddlefrontal_thickavg || id:enigma3-withglobal-rostralmiddlefrontal-thickavg","Weighted median",27,0.013072367,0.080880347,0.871600378,-0.145453112,0.171597847,1.013158184,0.86463043,1.187200301]
["enigma3-withglobal-fusiform-thickavg","finngen_R10_J10_CHRONSINUSITIS","outcome","wTHICK_Mean_fusiform_thickavg || id:enigma3-withglobal-fusiform-thickavg","MR Egger",17,-0.037535128,0.245060994,0.880308465,-0.517854676,0.442784419,0.963160583,0.595797356,1.557036631]
["enigma3-withglobal-superiorparietal-surfavg","finngen_R10_J10_CHRONSINUSITIS","outcome","wSA_Mean_superiorparietal_surfavg || id:enigma3-withglobal-superiorparietal-surfavg","Inverse variance weighted",47,0.00640336,0.043600872,0.883240055,-0.079054348,0.091861069,1.006423906,0.923989706,1.096212514]
["enigma3-withglobal-temporalpole-thickavg","finngen_R10_J10_CHRONSINUSITIS","outcome","wTHICK_Mean_temporalpole_thickavg || id:enigma3-withglobal-temporalpole-thickavg","Weighted mode",23,0.02272395,0.156561523,0.885918822,-0.284136636,0.329584535,1.022984106,0.752663797,1.39039035]
["enigma3-withglobal-bankssts-surfavg","finngen_R10_J10_CHRONSINUSITIS","outcome","wSA_Mean_bankssts_surfavg || id:enigma3-withglobal-bankssts-surfavg","Weighted mode",34,-0.019951054,0.14737835,0.893139331,-0.30881262,0.268910512,0.980246651,0.734318354,1.308538037]
["enigma3-withglobal-insula-surfavg","finngen_R10_J10_CHRONSINUSITIS","outcome","wSA_Mean_insula_surfavg || id:enigma3-withglobal-insula-surfavg","MR Egger",45,-0.019011423,0.145826072,0.896881279,-0.304830524,0.266807679,0.981168154,0.737248309,1.305789291]
["enigma3-withglobal-superiorfrontal-surfavg","finngen_R10_J10_CHRONSINUSITIS","outcome","wSA_Mean_superiorfrontal_surfavg || id:enigma3-withglobal-superiorfrontal-surfavg","MR Egger",32,-0.024466282,0.201494117,0.904164652,-0.419394752,0.370462188,0.975830592,0.657444617,1.448403896]
["enigma3-withglobal-caudalmiddlefrontal-surfavg","finngen_R10_J10_CHRONSINUSITIS","outcome","wSA_Mean_caudalmiddlefrontal_surfavg || id:enigma3-withglobal-caudalmiddlefrontal-surfavg","Weighted median",27,0.009150256,0.080919774,0.909968621,-0.1494525,0.167753012,1.009192248,0.861179343,1.182644476]
["enigma3-withglobal-parsopercularis-surfavg","finngen_R10_J10_CHRONSINUSITIS","outcome","wSA_Mean_parsopercularis_surfavg || id:enigma3-withglobal-parsopercularis-surfavg","Weighted median",32,-0.007876195,0.070560985,0.911122711,-0.146175725,0.130423335,0.992154741,0.864005862,1.139310591]
["enigma3-withglobal-precentral-surfavg","finngen_R10_J10_CHRONSINUSITIS","outcome","wSA_Mean_precentral_surfavg || id:enigma3-withglobal-precentral-surfavg","Inverse variance weighted",29,-0.004537064,0.043103531,0.916169756,-0.089019985,0.079945857,0.995473213,0.914827291,1.083228417]
["enigma3-withglobal-posteriorcingulate-surfavg","finngen_R10_J10_CHRONSINUSITIS","outcome","wSA_Mean_posteriorcingulate_surfavg || id:enigma3-withglobal-posteriorcingulate-surfavg","Inverse variance weighted (multiplicative random effects)",26,0.007170462,0.070856925,0.919394596,-0.13170911,0.146050034,1.007196231,0.876595951,1.157254089]
["enigma3-withglobal-parahippocampal-thickavg","finngen_R10_J10_CHRONSINUSITIS","outcome","wTHICK_Mean_parahippocampal_thickavg || id:enigma3-withglobal-parahippocampal-thickavg","Weighted median",35,0.006927764,0.071111729,0.922392196,-0.132451225,0.146306754,1.006951817,0.875945657,1.157551217]
["enigma3-withglobal-temporalpole-thickavg","finngen_R10_J10_CHRONSINUSITIS","outcome","wTHICK_Mean_temporalpole_thickavg || id:enigma3-withglobal-temporalpole-thickavg","MR Egger",23,-0.017820127,0.184203265,0.9238489,-0.378858526,0.343218272,0.982337713,0.684642465,1.409476378]
["enigma3-withglobal-lingual-surfavg","finngen_R10_J10_CHRONSINUSITIS","outcome","wSA_Mean_lingual_surfavg || id:enigma3-withglobal-lingual-surfavg","Inverse variance weighted (multiplicative random effects)",50,0.004151868,0.04666065,0.929097745,-0.087303006,0.095606742,1.004160499,0.916399379,1.100326267]
["enigma3-withglobal-inferiortemporal-thickavg","finngen_R10_J10_CHRONSINUSITIS","outcome","wTHICK_Mean_inferiortemporal_thickavg || id:enigma3-withglobal-inferiortemporal-thickavg","Weighted median",26,-0.007990924,0.091153808,0.930143587,-0.186652387,0.170670539,0.992040918,0.829732112,1.186099911]
["enigma3-withglobal-insula-thickavg","finngen_R10_J10_CHRONSINUSITIS","outcome","wTHICK_Mean_insula_thickavg || id:enigma3-withglobal-insula-thickavg","Weighted mode",31,-0.011587376,0.13455831,0.93194785,-0.275321663,0.252146912,0.988479499,0.759327836,1.286785067]
["enigma3-withglobal-inferiortemporal-thickavg","finngen_R10_J10_CHRONSINUSITIS","outcome","wTHICK_Mean_inferiortemporal_thickavg || id:enigma3-withglobal-inferiortemporal-thickavg","Weighted mode",26,0.015103204,0.176537745,0.93250383,-0.330910776,0.361117184,1.015217833,0.718269253,1.434931602]
["enigma3-withglobal-caudalmiddlefrontal-surfavg","finngen_R10_J10_CHRONSINUSITIS","outcome","wSA_Mean_caudalmiddlefrontal_surfavg || id:enigma3-withglobal-caudalmiddlefrontal-surfavg","Weighted mode",27,-0.010740017,0.128229408,0.933891772,-0.262069657,0.240589623,0.989317451,0.769457424,1.271998929]
["enigma3-withglobal-rostralmiddlefrontal-surfavg","finngen_R10_J10_CHRONSINUSITIS","outcome","wSA_Mean_rostralmiddlefrontal_surfavg || id:enigma3-withglobal-rostralmiddlefrontal-surfavg","Weighted mode",47,0.00783085,0.111064031,0.944095356,-0.209854651,0.22551635,1.007861591,0.810702072,1.25296952]
["enigma3-withglobal-superiorparietal-thickavg","finngen_R10_J10_CHRONSINUSITIS","outcome","wTHICK_Mean_superiorparietal_thickavg || id:enigma3-withglobal-superiorparietal-thickavg","Inverse variance weighted",26,0.004183662,0.059929776,0.944345357,-0.113278699,0.121646024,1.004192426,0.892901774,1.129354267]
["enigma3-withglobal-parsorbitalis-surfavg","finngen_R10_J10_CHRONSINUSITIS","outcome","wSA_Mean_parsorbitalis_surfavg || id:enigma3-withglobal-parsorbitalis-surfavg","MR Egger",33,0.012520736,0.194312325,0.949036686,-0.368331421,0.393372892,1.012599448,0.691887837,1.481970902]
["enigma3-withglobal-middletemporal-surfavg","finngen_R10_J10_CHRONSINUSITIS","outcome","wSA_Mean_middletemporal_surfavg || id:enigma3-withglobal-middletemporal-surfavg","MR Egger",45,0.010373411,0.161671073,0.949137261,-0.306501892,0.327248714,1.010427401,0.736017126,1.387146437]
["enigma3-withglobal-lateraloccipital-thickavg","finngen_R10_J10_CHRONSINUSITIS","outcome","wTHICK_Mean_lateraloccipital_thickavg || id:enigma3-withglobal-lateraloccipital-thickavg","Weighted mode",28,0.007462218,0.147598056,0.960050148,-0.281829973,0.296754408,1.007490129,0.754401942,1.345484819]
["enigma3-withglobal-fusiform-surfavg","finngen_R10_J10_CHRONSINUSITIS","outcome","wSA_Mean_fusiform_surfavg || id:enigma3-withglobal-fusiform-surfavg","Weighted mode",34,-0.00763796,0.152913989,0.960463833,-0.307349379,0.292073459,0.992391136,0.735393625,1.339201391]
["enigma3-withglobal-lateralorbitofrontal-surfavg","finngen_R10_J10_CHRONSINUSITIS","outcome","wSA_Mean_lateralorbitofrontal_surfavg || id:enigma3-withglobal-lateralorbitofrontal-surfavg","MR Egger",56,-0.007517373,0.168936922,0.964671507,-0.33863374,0.323598995,0.992510812,0.71274345,1.382092969]
["enigma3-withglobal-bankssts-surfavg","finngen_R10_J10_CHRONSINUSITIS","outcome","wSA_Mean_bankssts_surfavg || id:enigma3-withglobal-bankssts-surfavg","Weighted median",34,-0.002926161,0.070254949,0.966777231,-0.140625861,0.134773539,0.997078116,0.868814308,1.14427762]
["enigma3-withglobal-supramarginal-thickavg","finngen_R10_J10_CHRONSINUSITIS","outcome","wTHICK_Mean_supramarginal_thickavg || id:enigma3-withglobal-supramarginal-thickavg","Inverse variance weighted",16,0.003377633,0.082461524,0.967327701,-0.158246954,0.165002219,1.003383343,0.853638946,1.179395736]
["enigma3-withglobal-transversetemporal-thickavg","finngen_R10_J10_CHRONSINUSITIS","outcome","wTHICK_Mean_transversetemporal_thickavg || id:enigma3-withglobal-transversetemporal-thickavg","Inverse variance weighted",23,-0.002380538,0.060364544,0.96854276,-0.120695043,0.115933968,0.997622294,0.886304203,1.122921721]
["enigma3-withglobal-isthmuscingulate-surfavg","finngen_R10_J10_CHRONSINUSITIS","outcome","wSA_Mean_isthmuscingulate_surfavg || id:enigma3-withglobal-isthmuscingulate-surfavg","MR Egger",27,-0.006152442,0.189423639,0.974347351,-0.377422774,0.36511789,0.993866446,0.685626148,1.44068384]
["enigma3-withglobal-temporalpole-thickavg","finngen_R10_J10_CHRONSINUSITIS","outcome","wTHICK_Mean_temporalpole_thickavg || id:enigma3-withglobal-temporalpole-thickavg","Weighted median",23,-0.002103579,0.080660655,0.979194032,-0.160198463,0.155991305,0.997898632,0.851974687,1.16881604]
["enigma3-withglobal-caudalanteriorcingulate-thickavg","finngen_R10_J10_CHRONSINUSITIS","outcome","wTHICK_Mean_caudalanteriorcingulate_thickavg || id:enigma3-withglobal-caudalanteriorcingulate-thickavg","MR Egger",18,0.003780969,0.195022671,0.984771829,-0.378463466,0.386025404,1.003788126,0.684912993,1.471122043]
["enigma3-withglobal-frontalpole-thickavg","finngen_R10_J10_CHRONSINUSITIS","outcome","wTHICK_Mean_frontalpole_thickavg || id:enigma3-withglobal-frontalpole-thickavg","Weighted mode",24,-0.002521826,0.142889176,0.986071216,-0.282584611,0.277540959,0.997481351,0.753832857,1.319880179]
["enigma3-withglobal-cuneus-thickavg","finngen_R10_J10_CHRONSINUSITIS","outcome","wTHICK_Mean_cuneus_thickavg || id:enigma3-withglobal-cuneus-thickavg","Weighted median",18,0.001163511,0.102857018,0.990974578,-0.200436245,0.202763268,1.001164189,0.818373664,1.224782488]
["enigma3-withglobal-fusiform-thickavg","finngen_R10_J10_CHRONSINUSITIS","outcome","wTHICK_Mean_fusiform_thickavg || id:enigma3-withglobal-fusiform-thickavg","Inverse variance weighted",17,-0.000568268,0.071261587,0.993637423,-0.140240978,0.139104442,0.999431894,0.869148765,1.149244123]
["enigma3-withglobal-lingual-thickavg","finngen_R10_J10_CHRONSINUSITIS","outcome","wTHICK_Mean_lingual_thickavg || id:enigma3-withglobal-lingual-thickavg","MR Egger",37,0.001981511,0.250732508,0.993739348,-0.489454204,0.493417226,1.001983476,0.612960854,1.637903755]
["enigma3-withglobal-superiorfrontal-surfavg","finngen_R10_J10_CHRONSINUSITIS","outcome","wSA_Mean_superiorfrontal_surfavg || id:enigma3-withglobal-superiorfrontal-surfavg","Weighted mode",32,0.000772591,0.167483979,0.996348991,-0.327496008,0.329041189,1.000772889,0.720726168,1.389635093]
["enigma3-withglobal-parsopercularis-thickavg","finngen_R10_J10_CHRONSINUSITIS","outcome","wTHICK_Mean_parsopercularis_thickavg || id:enigma3-withglobal-parsopercularis-thickavg","Inverse variance weighted",29,{"v":-3.94e-5,"d":"-3.94E-05"},0.056599701,0.999444073,-0.11097485,0.110895979,0.999960565,0.894961257,1.11727868]

{"sheet":"Table S3","index":2,"n_rows":681,"n_cols":8,"rows_kept":681}
["id.exposure","id.outcome","outcome","exposure","method","Q","Q_df","Q_pval"]
["enigma3-withglobal-bankssts-surfavg","ebi-eas-GCST90018603","Chronic sinusitis || id:ebi-eas-GCST90018603","wSA_Mean_bankssts_surfavg || id:enigma3-withglobal-bankssts-surfavg","MR Egger",30.5714344829494,25,0.203604047745013]
["enigma3-withglobal-bankssts-surfavg","ebi-eas-GCST90018603","Chronic sinusitis || id:ebi-eas-GCST90018603","wSA_Mean_bankssts_surfavg || id:enigma3-withglobal-bankssts-surfavg","Inverse variance weighted",31.0995032846443,26,0.224584393975843]
["enigma3-withglobal-bankssts-surfavg","finngen_R10_J10_CHRONSINUSITIS","outcome","wSA_Mean_bankssts_surfavg || id:enigma3-withglobal-bankssts-surfavg","MR Egger",39.0513519673469,32,0.1824850306907]
["enigma3-withglobal-bankssts-surfavg","finngen_R10_J10_CHRONSINUSITIS","outcome","wSA_Mean_bankssts_surfavg || id:enigma3-withglobal-bankssts-surfavg","Inverse variance weighted",39.6243934136481,33,0.198399754792543]
["enigma3-withglobal-bankssts-surfavg","ukb-b-69","Non-cancer illness code, self-reported: chronic sinusitis || id:ukb-b-69","wSA_Mean_bankssts_surfavg || id:enigma3-withglobal-bankssts-surfavg","MR Egger",18.3474122041806,22,0.685203018104578]
["enigma3-withglobal-bankssts-surfavg","ukb-b-69","Non-cancer illness code, self-reported: chronic sinusitis || id:ukb-b-69","wSA_Mean_bankssts_surfavg || id:enigma3-withglobal-bankssts-surfavg","Inverse variance weighted",20.3169424312791,23,0.622724588722607]
["enigma3-withglobal-bankssts-surfavg","ukb-d-J32","Diagnoses - main ICD10: J32 Chronic sinusitis || id:ukb-d-J32","wSA_Mean_bankssts_surfavg || id:enigma3-withglobal-bankssts-surfavg","MR Egger",34.0913190729277,32,0.36732711878298]
["enigma3-withglobal-bankssts-surfavg","ukb-d-J32","Diagnoses - main ICD10: J32 Chronic sinusitis || id:ukb-d-J32","wSA_Mean_bankssts_surfavg || id:enigma3-withglobal-bankssts-surfavg","Inverse variance weighted",34.6599947578894,33,0.388648586383577]
["enigma3-withglobal-bankssts-surfavg","ukb-saige-471","Nasal polyps || id:ukb-saige-471","wSA_Mean_bankssts_surfavg || id:enigma3-withglobal-bankssts-surfavg","MR Egger",22.7391446628596,32,0.886352715547332]
["enigma3-withglobal-bankssts-surfavg","ukb-saige-471","Nasal polyps || id:ukb-saige-471","wSA_Mean_bankssts_surfavg || id:enigma3-withglobal-bankssts-surfavg","Inverse variance weighted",22.8767567720248,33,0.906279368851451]
["enigma3-withglobal-bankssts-thickavg","ebi-eas-GCST90018603","Chronic sinusitis || id:ebi-eas-GCST90018603","wTHICK_Mean_bankssts_thickavg || id:enigma3-withglobal-bankssts-thickavg","MR Egger",18.1657742557089,12,0.110748974067263]
["enigma3-withglobal-bankssts-thickavg","ebi-eas-GCST90018603","Chronic sinusitis || id:ebi-eas-GCST90018603","wTHICK_Mean_bankssts_thickavg || id:enigma3-withglobal-bankssts-thickavg","Inverse variance weighted",21.2410944517088,13,0.0682949037034195]
["enigma3-withglobal-bankssts-thickavg","finngen_R10_J10_CHRONSINUSITIS","outcome","wTHICK_Mean_bankssts_thickavg || id:enigma3-withglobal-bankssts-thickavg","MR Egger",15.5521724412298,13,0.274159900763532]
["enigma3-withglobal-bankssts-thickavg","finngen_R10_J10_CHRONSINUSITIS","outcome","wTHICK_Mean_bankssts_thickavg || id:enigma3-withglobal-bankssts-thickavg","Inverse variance weighted",22.6083471028374,14,0.0669486275446884]
["enigma3-withglobal-bankssts-thickavg","ukb-b-69","Non-cancer illness code, self-reported: chronic sinusitis || id:ukb-b-69","wTHICK_Mean_bankssts_thickavg || id:enigma3-withglobal-bankssts-thickavg","MR Egger",18.543515579611,11,0.0697960942580121]
["enigma3-withglobal-bankssts-thickavg","ukb-b-69","Non-cancer illness code, self-reported: chronic sinusitis || id:ukb-b-69","wTHICK_Mean_bankssts_thickavg || id:enigma3-withglobal-bankssts-thickavg","Inverse variance weighted",20.8225060950755,12,0.0530407711578853]
["enigma3-withglobal-bankssts-thickavg","ukb-d-J32","Diagnoses - main ICD10: J32 Chronic sinusitis || id:ukb-d-J32","wTHICK_Mean_bankssts_thickavg || id:enigma3-withglobal-bankssts-thickavg","MR Egger",18.0616296717202,15,0.259439369179032]
["enigma3-withglobal-bankssts-thickavg","ukb-d-J32","Diagnoses - main ICD10: J32 Chronic sinusitis || id:ukb-d-J32","wTHICK_Mean_bankssts_thickavg || id:enigma3-withglobal-bankssts-thickavg","Inverse variance weighted",18.0752282029761,16,0.319510195276484]
["enigma3-withglobal-bankssts-thickavg","ukb-saige-471","Nasal polyps || id:ukb-saige-471","wTHICK_Mean_bankssts_thickavg || id:enigma3-withglobal-bankssts-thickavg","MR Egger",29.7866394959881,15,0.0127145377317025]
["enigma3-withglobal-bankssts-thickavg","ukb-saige-471","Nasal polyps || id:ukb-saige-471","wTHICK_Mean_bankssts_thickavg || id:enigma3-withglobal-bankssts-thickavg","Inverse variance weighted",32.1949093412579,16,0.00943140911610403]
["enigma3-withglobal-caudalanteriorcingulate-surfavg","ebi-eas-GCST90018603","Chronic sinusitis || id:ebi-eas-GCST90018603","wSA_Mean_caudalanteriorcingulate_surfavg || id:enigma3-withglobal-caudalanteriorcingulate-surfavg","MR Egger",19.0192891416563,20,0.520572523642977]
["enigma3-withglobal-caudalanteriorcingulate-surfavg","ebi-eas-GCST90018603","Chronic sinusitis || id:ebi-eas-GCST90018603","wSA_Mean_caudalanteriorcingulate_surfavg || id:enigma3-withglobal-caudalanteriorcingulate-surfavg","Inverse variance weighted",19.0317915820829,21,0.583100602954388]
["enigma3-withglobal-caudalanteriorcingulate-surfavg","finngen_R10_J10_CHRONSINUSITIS","outcome","wSA_Mean_caudalanteriorcingulate_surfavg || id:enigma3-withglobal-caudalanteriorcingulate-surfavg","MR Egger",40.2336650114098,24,0.0201832965388047]
["enigma3-withglobal-caudalanteriorcingulate-surfavg","finngen_R10_J10_CHRONSINUSITIS","outcome","wSA_Mean_caudalanteriorcingulate_surfavg || id:enigma3-withglobal-caudalanteriorcingulate-surfavg","Inverse variance weighted",40.2427280258718,25,0.0275327002584277]
["enigma3-withglobal-caudalanteriorcingulate-surfavg","ukb-b-69","Non-cancer illness code, self-reported: chronic sinusitis || id:ukb-b-69","wSA_Mean_caudalanteriorcingulate_surfavg || id:enigma3-withglobal-caudalanteriorcingulate-surfavg","MR Egger",19.4813828539119,18,0.362760406049998]
["enigma3-withglobal-caudalanteriorcingulate-surfavg","ukb-b-69","Non-cancer illness code, self-reported: chronic sinusitis || id:ukb-b-69","wSA_Mean_caudalanteriorcingulate_surfavg || id:enigma3-withglobal-caudalanteriorcingulate-surfavg","Inverse variance weighted",20.2434993954729,19,0.380061738266246]
["enigma3-withglobal-caudalanteriorcingulate-surfavg","ukb-d-J32","Diagnoses - main ICD10: J32 Chronic sinusitis || id:ukb-d-J32","wSA_Mean_caudalanteriorcingulate_surfavg || id:enigma3-withglobal-caudalanteriorcingulate-surfavg","MR Egger",12.4463580914401,23,0.962993667925832]
["enigma3-withglobal-caudalanteriorcingulate-surfavg","ukb-d-J32","Diagnoses - main ICD10: J32 Chronic sinusitis || id:ukb-d-J32","wSA_Mean_caudalanteriorcingulate_surfavg || id:enigma3-withglobal-caudalanteriorcingulate-surfavg","Inverse variance weighted",12.5764772701605,24,0.972600082481512]
["enigma3-withglobal-caudalanteriorcingulate-surfavg","ukb-saige-471","Nasal polyps || id:ukb-saige-471","wSA_Mean_caudalanteriorcingulate_surfavg || id:enigma3-withglobal-caudalanteriorcingulate-surfavg","MR Egger",24.2355000370552,23,0.3908653055078]
["enigma3-withglobal-caudalanteriorcingulate-surfavg","ukb-saige-471","Nasal polyps || id:ukb-saige-471","wSA_Mean_caudalanteriorcingulate_surfavg || id:enigma3-withglobal-caudalanteriorcingulate-surfavg","Inverse variance weighted",24.3260574409542,24,0.443084362536944]
["enigma3-withglobal-caudalanteriorcingulate-thickavg","ebi-eas-GCST90018603","Chronic sinusitis || id:ebi-eas-GCST90018603","wTHICK_Mean_caudalanteriorcingulate_thickavg || id:enigma3-withglobal-caudalanteriorcingulate-thickavg","MR Egger",21.3876645289009,10,0.0185467949804046]
["enigma3-withglobal-caudalanteriorcingulate-thickavg","ebi-eas-GCST90018603","Chronic sinusitis || id:ebi-eas-GCST90018603","wTHICK_Mean_caudalanteriorcingulate_thickavg || id:enigma3-withglobal-caudalanteriorcingulate-thickavg","Inverse variance weighted",21.3928830442655,11,0.0295217767639539]
["enigma3-withglobal-caudalanteriorcingulate-thickavg","finngen_R10_J10_CHRONSINUSITIS","outcome","wTHICK_Mean_caudalanteriorcingulate_thickavg || id:enigma3-withglobal-caudalanteriorcingulate-thickavg","MR Egger",17.955950147175,16,0.326482743060969]
["enigma3-withglobal-caudalanteriorcingulate-thickavg","finngen_R10_J10_CHRONSINUSITIS","outcome","wTHICK_Mean_caudalanteriorcingulate_thickavg || id:enigma3-withglobal-caudalanteriorcingulate-thickavg","Inverse variance weighted",17.9636860659461,17,0.391135297868643]
["enigma3-withglobal-caudalanteriorcingulate-thickavg","ukb-b-69","Non-cancer illness code, self-reported: chronic sinusitis || id:ukb-b-69","wTHICK_Mean_caudalanteriorcingulate_thickavg || id:enigma3-withglobal-caudalanteriorcingulate-thickavg","MR Egger",5.66189387372319,8,0.685045045503151]
["enigma3-withglobal-caudalanteriorcingulate-thickavg","ukb-b-69","Non-cancer illness code, self-reported: chronic sinusitis || id:ukb-b-69","wTHICK_Mean_caudalanteriorcingulate_thickavg || id:enigma3-withglobal-caudalanteriorcingulate-thickavg","Inverse variance weighted",7.92563990320816,9,0.541657001538791]
["enigma3-withglobal-caudalanteriorcingulate-thickavg","ukb-d-J32","Diagnoses - main ICD10: J32 Chronic sinusitis || id:ukb-d-J32","wTHICK_Mean_caudalanteriorcingulate_thickavg || id:enigma3-withglobal-caudalanteriorcingulate-thickavg","MR Egger",14.7261856650558,17,0.615196813793082]
["enigma3-withglobal-caudalanteriorcingulate-thickavg","ukb-d-J32","Diagnoses - main ICD10: J32 Chronic sinusitis || id:ukb-d-J32","wTHICK_Mean_caudalanteriorcingulate_thickavg || id:enigma3-withglobal-caudalanteriorcingulate-thickavg","Inverse variance weighted",15.3189246868655,18,0.639964723769052]
["enigma3-withglobal-caudalanteriorcingulate-thickavg","ukb-saige-471","Nasal polyps || id:ukb-saige-471","wTHICK_Mean_caudalanteriorcingulate_thickavg || id:enigma3-withglobal-caudalanteriorcingulate-thickavg","MR Egger",19.3905165085065,15,0.196579774611346]
["enigma3-withglobal-caudalanteriorcingulate-thickavg","ukb-saige-471","Nasal polyps || id:ukb-saige-471","wTHICK_Mean_caudalanteriorcingulate_thickavg || id:enigma3-withglobal-caudalanteriorcingulate-thickavg","Inverse variance weighted",20.3473303844293,16,0.204982794415822]
["enigma3-withglobal-caudalmiddlefrontal-surfavg","ebi-eas-GCST90018603","Chronic sinusitis || id:ebi-eas-GCST90018603","wSA_Mean_caudalmiddlefrontal_surfavg || id:enigma3-withglobal-caudalmiddlefrontal-surfavg","MR Egger",8.28099460516904,17,0.960163496174033]
["enigma3-withglobal-caudalmiddlefrontal-surfavg","ebi-eas-GCST90018603","Chronic sinusitis || id:ebi-eas-GCST90018603","wSA_Mean_caudalmiddlefrontal_surfavg || id:enigma3-withglobal-caudalmiddlefrontal-surfavg","Inverse variance weighted",8.49801791145185,18,0.970263556310714]
["enigma3-withglobal-caudalmiddlefrontal-surfavg","finngen_R10_J10_CHRONSINUSITIS","outcome","wSA_Mean_caudalmiddlefrontal_surfavg || id:enigma3-withglobal-caudalmiddlefrontal-surfavg","MR Egger",43.2465876032117,25,0.0131495052389022]
["enigma3-withglobal-caudalmiddlefrontal-surfavg","finngen_R10_J10_CHRONSINUSITIS","outcome","wSA_Mean_caudalmiddlefrontal_surfavg || id:enigma3-withglobal-caudalmiddlefrontal-surfavg","Inverse variance weighted",44.665970490409,26,0.0128037798297335]
["enigma3-withglobal-caudalmiddlefrontal-surfavg","ukb-b-69","Non-cancer illness code, self-reported: chronic sinusitis || id:ukb-b-69","wSA_Mean_caudalmiddlefrontal_surfavg || id:enigma3-withglobal-caudalmiddlefrontal-surfavg","MR Egger",20.3246304535008,17,0.257962615473035]
["enigma3-withglobal-caudalmiddlefrontal-surfavg","ukb-b-69","Non-cancer illness code, self-reported: chronic sinusitis || id:ukb-b-69","wSA_Mean_caudalmiddlefrontal_surfavg || id:enigma3-withglobal-caudalmiddlefrontal-surfavg","Inverse variance weighted",21.9247906359655,18,0.235341316745781]
["enigma3-withglobal-caudalmiddlefrontal-surfavg","ukb-d-J32","Diagnoses - main ICD10: J32 Chronic sinusitis || id:ukb-d-J32","wSA_Mean_caudalmiddlefrontal_surfavg || id:enigma3-withglobal-caudalmiddlefrontal-surfavg","MR Egger",22.3058157464371,25,0.61802936786905]
["enigma3-withglobal-caudalmiddlefrontal-surfavg","ukb-d-J32","Diagnoses - main ICD10: J32 Chronic sinusitis || id:ukb-d-J32","wSA_Mean_caudalmiddlefrontal_surfavg || id:enigma3-withglobal-caudalmiddlefrontal-surfavg","Inverse variance weighted",22.668016756696,26,0.651653387486102]
["enigma3-withglobal-caudalmiddlefrontal-surfavg","ukb-saige-471","Nasal polyps || id:ukb-saige-471","wSA_Mean_caudalmiddlefrontal_surfavg || id:enigma3-withglobal-caudalmiddlefrontal-surfavg","MR Egger",37.6666518767824,26,0.0650108931211487]
["enigma3-withglobal-caudalmiddlefrontal-surfavg","ukb-saige-471","Nasal polyps || id:ukb-saige-471","wSA_Mean_caudalmiddlefrontal_surfavg || id:enigma3-withglobal-caudalmiddlefrontal-surfavg","Inverse variance weighted",37.7414373127694,27,0.0820383785513459]
["enigma3-withglobal-caudalmiddlefrontal-thickavg","ebi-eas-GCST90018603","Chronic sinusitis || id:ebi-eas-GCST90018603","wTHICK_Mean_caudalmiddlefrontal_thickavg || id:enigma3-withglobal-caudalmiddlefrontal-thickavg","MR Egger",26.6610215555867,17,0.0632301679662809]
["enigma3-withglobal-caudalmiddlefrontal-thickavg","ebi-eas-GCST90018603","Chronic sinusitis || id:ebi-eas-GCST90018603","wTHICK_Mean_caudalmiddlefrontal_thickavg || id:enigma3-withglobal-caudalmiddlefrontal-thickavg","Inverse variance weighted",29.0048713983291,18,0.0483195604737382]
["enigma3-withglobal-caudalmiddlefrontal-thickavg","finngen_R10_J10_CHRONSINUSITIS","outcome","wTHICK_Mean_caudalmiddlefrontal_thickavg || id:enigma3-withglobal-caudalmiddlefrontal-thickavg","MR Egger",39.6989136634116,30,0.110828706893348]
["enigma3-withglobal-caudalmiddlefrontal-thickavg","finngen_R10_J10_CHRONSINUSITIS","outcome","wTHICK_Mean_caudalmiddlefrontal_thickavg || id:enigma3-withglobal-caudalmiddlefrontal-thickavg","Inverse variance weighted",42.0746169858353,31,0.0885740627567973]
["enigma3-withglobal-caudalmiddlefrontal-thickavg","ukb-b-69","Non-cancer illness code, self-reported: chronic sinusitis || id:ukb-b-69","wTHICK_Mean_caudalmiddlefrontal_thickavg || id:enigma3-withglobal-caudalmiddlefrontal-thickavg","MR Egger",15.6040425704975,15,0.408843715518496]
["enigma3-withglobal-caudalmiddlefrontal-thickavg","ukb-b-69","Non-cancer illness code, self-reported: chronic sinusitis || id:ukb-b-69","wTHICK_Mean_caudalmiddlefrontal_thickavg || id:enigma3-withglobal-caudalmiddlefrontal-thickavg","Inverse variance weighted",15.9117899850978,16,0.459134056618174]
["enigma3-withglobal-caudalmiddlefrontal-thickavg","ukb-d-J32","Diagnoses - main ICD10: J32 Chronic sinusitis || id:ukb-d-J32","wTHICK_Mean_caudalmiddlefrontal_thickavg || id:enigma3-withglobal-caudalmiddlefrontal-thickavg","MR Egger",28.8967110690468,28,0.417780902498385]
["enigma3-withglobal-caudalmiddlefrontal-thickavg","ukb-d-J32","Diagnoses - main ICD10: J32 Chronic sinusitis || id:ukb-d-J32","wTHICK_Mean_caudalmiddlefrontal_thickavg || id:enigma3-withglobal-caudalmiddlefrontal-thickavg","Inverse variance weighted",29.0751881712571,29,0.461155306129399]
["enigma3-withglobal-caudalmiddlefrontal-thickavg","ukb-saige-471","Nasal polyps || id:ukb-saige-471","wTHICK_Mean_caudalmiddlefrontal_thickavg || id:enigma3-withglobal-caudalmiddlefrontal-thickavg","MR Egger",36.9333960769374,29,0.147935500365005]
["enigma3-withglobal-caudalmiddlefrontal-thickavg","ukb-saige-471","Nasal polyps || id:ukb-saige-471","wTHICK_Mean_caudalmiddlefrontal_thickavg || id:enigma3-withglobal-caudalmiddlefrontal-thickavg","Inverse variance weighted",36.9724411153263,30,0.177948791192236]
["enigma3-withglobal-cuneus-surfavg","ebi-eas-GCST90018603","Chronic sinusitis || id:ebi-eas-GCST90018603","wSA_Mean_cuneus_surfavg || id:enigma3-withglobal-cuneus-surfavg","MR Egger",26.6006281799892,26,0.430500918027779]
["enigma3-withglobal-cuneus-surfavg","ebi-eas-GCST90018603","Chronic sinusitis || id:ebi-eas-GCST90018603","wSA_Mean_cuneus_surfavg || id:enigma3-withglobal-cuneus-surfavg","Inverse variance weighted",26.8006313092418,27,0.474590361449086]
["enigma3-withglobal-cuneus-surfavg","finngen_R10_J10_CHRONSINUSITIS","outcome","wSA_Mean_cuneus_surfavg || id:enigma3-withglobal-cuneus-surfavg","MR Egger",63.521217129564,40,0.0103785731800148]
["enigma3-withglobal-cuneus-surfavg","finngen_R10_J10_CHRONSINUSITIS","outcome","wSA_Mean_cuneus_surfavg || id:enigma3-withglobal-cuneus-surfavg","Inverse variance weighted",68.200961868707,41,0.00483284935855834]
["enigma3-withglobal-cuneus-surfavg","ukb-b-69","Non-cancer illness code, self-reported: chronic sinusitis || id:ukb-b-69","wSA_Mean_cuneus_surfavg || id:enigma3-withglobal-cuneus-surfavg","MR Egger",22.4687305820481,25,0.608555437373853]
["enigma3-withglobal-cuneus-surfavg","ukb-b-69","Non-cancer illness code, self-reported: chronic sinusitis || id:ukb-b-69","wSA_Mean_cuneus_surfavg || id:enigma3-withglobal-cuneus-surfavg","Inverse variance weighted",22.7159705887814,26,0.648961459093244]
["enigma3-withglobal-cuneus-surfavg","ukb-d-J32","Diagnoses - main ICD10: J32 Chronic sinusitis || id:ukb-d-J32","wSA_Mean_cuneus_surfavg || id:enigma3-withglobal-cuneus-surfavg","MR Egger",31.4396674314061,39,0.800031115827716]
["enigma3-withglobal-cuneus-surfavg","ukb-d-J32","Diagnoses - main ICD10: J32 Chronic sinusitis || id:ukb-d-J32","wSA_Mean_cuneus_surfavg || id:enigma3-withglobal-cuneus-surfavg","Inverse variance weighted",31.4463655976367,40,0.831086529133462]
["enigma3-withglobal-cuneus-surfavg","ukb-saige-471","Nasal polyps || id:ukb-saige-471","wSA_Mean_cuneus_surfavg || id:enigma3-withglobal-cuneus-surfavg","MR Egger",27.976005091978,39,0.905337063275666]
["enigma3-withglobal-cuneus-surfavg","ukb-saige-471","Nasal polyps || id:ukb-saige-471","wSA_Mean_cuneus_surfavg || id:enigma3-withglobal-cuneus-surfavg","Inverse variance weighted",27.9815047824501,40,0.923872221106855]
["enigma3-withglobal-cuneus-thickavg","ebi-eas-GCST90018603","Chronic sinusitis || id:ebi-eas-GCST90018603","wTHICK_Mean_cuneus_thickavg || id:enigma3-withglobal-cuneus-thickavg","MR Egger",3.39845681301713,8,0.906925952719624]
["enigma3-withglobal-cuneus-thickavg","ebi-eas-GCST90018603","Chronic sinusitis || id:ebi-eas-GCST90018603","wTHICK_Mean_cuneus_thickavg || id:enigma3-withglobal-cuneus-thickavg","Inverse variance weighted",4.5228254802089,9,0.87376649804143]
["enigma3-withglobal-cuneus-thickavg","finngen_R10_J10_CHRONSINUSITIS","outcome","wTHICK_Mean_cuneus_thickavg || id:enigma3-withglobal-cuneus-thickavg","MR Egger",13.8053520699354,16,0.613212084162341]
["enigma3-withglobal-cuneus-thickavg","finngen_R10_J10_CHRONSINUSITIS","outcome","wTHICK_Mean_cuneus_thickavg || id:enigma3-withglobal-cuneus-thickavg","Inverse variance weighted",14.0056740458823,17,0.666700253349957]
["enigma3-withglobal-cuneus-thickavg","ukb-b-69","Non-cancer illness code, self-reported: chronic sinusitis || id:ukb-b-69","wTHICK_Mean_cuneus_thickavg || id:enigma3-withglobal-cuneus-thickavg","MR Egger",5.62375447547582,8,0.689293842720583]
["enigma3-withglobal-cuneus-thickavg","ukb-b-69","Non-cancer illness code, self-reported: chronic sinusitis || id:ukb-b-69","wTHICK_Mean_cuneus_thickavg || id:enigma3-withglobal-cuneus-thickavg","Inverse variance weighted",5.80135736662195,9,0.759622929065533]
["enigma3-withglobal-cuneus-thickavg","ukb-d-J32","Diagnoses - main ICD10: J32 Chronic sinusitis || id:ukb-d-J32","wTHICK_Mean_cuneus_thickavg || id:enigma3-withglobal-cuneus-thickavg","MR Egger",13.4023667005988,17,0.708861269352055]
["enigma3-withglobal-cuneus-thickavg","ukb-d-J32","Diagnoses - main ICD10: J32 Chronic sinusitis || id:ukb-d-J32","wTHICK_Mean_cuneus_thickavg || id:enigma3-withglobal-cuneus-thickavg","Inverse variance weighted",13.8769370296019,18,0.737077604319714]
["enigma3-withglobal-cuneus-thickavg","ukb-saige-471","Nasal polyps || id:ukb-saige-471","wTHICK_Mean_cuneus_thickavg || id:enigma3-withglobal-cuneus-thickavg","MR Egger",11.4862521353902,16,0.778524337415961]
["enigma3-withglobal-cuneus-thickavg","ukb-saige-471","Nasal polyps || id:ukb-saige-471","wTHICK_Mean_cuneus_thickavg || id:enigma3-withglobal-cuneus-thickavg","Inverse variance weighted",20.5686597912528,17,0.246180435420446]
["enigma3-withglobal-entorhinal-surfavg","ebi-eas-GCST90018603","Chronic sinusitis || id:ebi-eas-GCST90018603","wSA_Mean_entorhinal_surfavg || id:enigma3-withglobal-entorhinal-surfavg","MR Egger",18.8440359659453,18,0.401486268809118]
["enigma3-withglobal-entorhinal-surfavg","ebi-eas-GCST90018603","Chronic sinusitis || id:ebi-eas-GCST90018603","wSA_Mean_entorhinal_surfavg || id:enigma3-withglobal-entorhinal-surfavg","Inverse variance weighted",18.8469126934561,19,0.46669573812706]
["enigma3-withglobal-entorhinal-surfavg","finngen_R10_J10_CHRONSINUSITIS","outcome","wSA_Mean_entorhinal_surfavg || id:enigma3-withglobal-entorhinal-surfavg","MR Egger",48.434322540697,32,0.0313610734783199]
["enigma3-withglobal-entorhinal-surfavg","finngen_R10_J10_CHRONSINUSITIS","outcome","wSA_Mean_entorhinal_surfavg || id:enigma3-withglobal-entorhinal-surfavg","Inverse variance weighted",48.7523033808096,33,0.0379751069056158]
["enigma3-withglobal-entorhinal-surfavg","ukb-b-69","Non-cancer illness code, self-reported: chronic sinusitis || id:ukb-b-69","wSA_Mean_entorhinal_surfavg || id:enigma3-withglobal-entorhinal-surfavg","MR Egger",30.6611028712438,21,0.0794860217841994]
["enigma3-withglobal-entorhinal-surfavg","ukb-b-69","Non-cancer illness code, self-reported: chronic sinusitis || id:ukb-b-69","wSA_Mean_entorhinal_surfavg || id:enigma3-withglobal-entorhinal-surfavg","Inverse variance weighted",30.6683955390975,22,0.103103217519859]
["enigma3-withglobal-entorhinal-surfavg","ukb-d-J32","Diagnoses - main ICD10: J32 Chronic sinusitis || id:ukb-d-J32","wSA_Mean_entorhinal_surfavg || id:enigma3-withglobal-entorhinal-surfavg","MR Egger",42.1389229505653,35,0.189476827435483]
["enigma3-withglobal-entorhinal-surfavg","ukb-d-J32","Diagnoses - main ICD10: J32 Chronic sinusitis || id:ukb-d-J32","wSA_Mean_entorhinal_surfavg || id:enigma3-withglobal-entorhinal-surfavg","Inverse variance weighted",42.658532652511,36,0.206537009487687]
["enigma3-withglobal-entorhinal-surfavg","ukb-saige-471","Nasal polyps || id:ukb-saige-471","wSA_Mean_entorhinal_surfavg || id:enigma3-withglobal-entorhinal-surfavg","MR Egger",39.4161252139281,34,0.240471829867629]
["enigma3-withglobal-entorhinal-surfavg","ukb-saige-471","Nasal polyps || id:ukb-saige-471","wSA_Mean_entorhinal_surfavg || id:enigma3-withglobal-entorhinal-surfavg","Inverse variance weighted",39.50616983619,35,0.275573733405691]
["enigma3-withglobal-entorhinal-thickavg","ebi-eas-GCST90018603","Chronic sinusitis || id:ebi-eas-GCST90018603","wTHICK_Mean_entorhinal_thickavg || id:enigma3-withglobal-entorhinal-thickavg","MR Egger",15.5907516846477,12,0.210707339730293]
["enigma3-withglobal-entorhinal-thickavg","ebi-eas-GCST90018603","Chronic sinusitis || id:ebi-eas-GCST90018603","wTHICK_Mean_entorhinal_thickavg || id:enigma3-withglobal-entorhinal-thickavg","Inverse variance weighted",16.2718181288073,13,0.234762874715002]
["enigma3-withglobal-entorhinal-thickavg","finngen_R10_J10_CHRONSINUSITIS","outcome","wTHICK_Mean_entorhinal_thickavg || id:enigma3-withglobal-entorhinal-thickavg","MR Egger",30.4526728654731,19,0.0463126488988127]
["enigma3-withglobal-entorhinal-thickavg","finngen_R10_J10_CHRONSINUSITIS","outcome","wTHICK_Mean_entorhinal_thickavg || id:enigma3-withglobal-entorhinal-thickavg","Inverse variance weighted",30.4925602878769,20,0.0622559184473904]
["enigma3-withglobal-entorhinal-thickavg","ukb-b-69","Non-cancer illness code, self-reported: chronic sinusitis || id:ukb-b-69","wTHICK_Mean_entorhinal_thickavg || id:enigma3-withglobal-entorhinal-thickavg","MR Egger",5.35495406982667,7,0.616731803234092]
["enigma3-withglobal-entorhinal-thickavg","ukb-b-69","Non-cancer illness code, self-reported: chronic sinusitis || id:ukb-b-69","wTHICK_Mean_entorhinal_thickavg || id:enigma3-withglobal-entorhinal-thickavg","Inverse variance weighted",5.60889307291962,8,0.690947994616569]
["enigma3-withglobal-entorhinal-thickavg","ukb-d-J32","Diagnoses - main ICD10: J32 Chronic sinusitis || id:ukb-d-J32","wTHICK_Mean_entorhinal_thickavg || id:enigma3-withglobal-entorhinal-thickavg","MR Egger",24.5477618335007,20,0.219283053770925]
["enigma3-withglobal-entorhinal-thickavg","ukb-d-J32","Diagnoses - main ICD10: J32 Chronic sinusitis || id:ukb-d-J32","wTHICK_Mean_entorhinal_thickavg || id:enigma3-withglobal-entorhinal-thickavg","Inverse variance weighted",24.9680608231122,21,0.248550045058028]
["enigma3-withglobal-entorhinal-thickavg","ukb-saige-471","Nasal polyps || id:ukb-saige-471","wTHICK_Mean_entorhinal_thickavg || id:enigma3-withglobal-entorhinal-thickavg","MR Egger",16.5165272697467,20,0.684107284922346]
["enigma3-withglobal-entorhinal-thickavg","ukb-saige-471","Nasal polyps || id:ukb-saige-471","wTHICK_Mean_entorhinal_thickavg || id:enigma3-withglobal-entorhinal-thickavg","Inverse variance weighted",16.5539994344461,21,0.73776156757921]
["enigma3-withglobal-frontalpole-surfavg","ebi-eas-GCST90018603","Chronic sinusitis || id:ebi-eas-GCST90018603","wSA_Mean_frontalpole_surfavg || id:enigma3-withglobal-frontalpole-surfavg","MR Egger",6.971949385631,13,0.903591323981798]
["enigma3-withglobal-frontalpole-surfavg","ebi-eas-GCST90018603","Chronic sinusitis || id:ebi-eas-GCST90018603","wSA_Mean_frontalpole_surfavg || id:enigma3-withglobal-frontalpole-surfavg","Inverse variance weighted",7.00214438526402,14,0.93462920703375]
["enigma3-withglobal-frontalpole-surfavg","finngen_R10_J10_CHRONSINUSITIS","outcome","wSA_Mean_frontalpole_surfavg || id:enigma3-withglobal-frontalpole-surfavg","MR Egger",17.3861407183928,22,0.741700608286621]
["enigma3-withglobal-frontalpole-surfavg","finngen_R10_J10_CHRONSINUSITIS","outcome","wSA_Mean_frontalpole_surfavg || id:enigma3-withglobal-frontalpole-surfavg","Inverse variance weighted",21.0175914664493,23,0.580013177233616]
["enigma3-withglobal-frontalpole-surfavg","ukb-b-69","Non-cancer illness code, self-reported: chronic sinusitis || id:ukb-b-69","wSA_Mean_frontalpole_surfavg || id:enigma3-withglobal-frontalpole-surfavg","MR Egger",6.2760680709899,8,0.616338466603378]
["enigma3-withglobal-frontalpole-surfavg","ukb-b-69","Non-cancer illness code, self-reported: chronic sinusitis || id:ukb-b-69","wSA_Mean_frontalpole_surfavg || id:enigma3-withglobal-frontalpole-surfavg","Inverse variance weighted",6.81322462239243,9,0.656558234725362]
["enigma3-withglobal-frontalpole-surfavg","ukb-d-J32","Diagnoses - main ICD10: J32 Chronic sinusitis || id:ukb-d-J32","wSA_Mean_frontalpole_surfavg || id:enigma3-withglobal-frontalpole-surfavg","MR Egger",48.8913597330067,21,0.000519284724092719]
["enigma3-withglobal-frontalpole-surfavg","ukb-d-J32","Diagnoses - main ICD10: J32 Chronic sinusitis || id:ukb-d-J32","wSA_Mean_frontalpole_surfavg || id:enigma3-withglobal-frontalpole-surfavg","Inverse variance weighted",48.9015473584165,22,0.000823689047711786]
["enigma3-withglobal-frontalpole-surfavg","ukb-saige-471","Nasal polyps || id:ukb-saige-471","wSA_Mean_frontalpole_surfavg || id:enigma3-withglobal-frontalpole-surfavg","MR Egger",21.882277553621,20,0.346932613668789]
["enigma3-withglobal-frontalpole-surfavg","ukb-saige-471","Nasal polyps || id:ukb-saige-471","wSA_Mean_frontalpole_surfavg || id:enigma3-withglobal-frontalpole-surfavg","Inverse variance weighted",21.9456679075259,21,0.402646647035341]
["enigma3-withglobal-frontalpole-thickavg","ebi-eas-GCST90018603","Chronic sinusitis || id:ebi-eas-GCST90018603","wTHICK_Mean_frontalpole_thickavg || id:enigma3-withglobal-frontalpole-thickavg","MR Egger",16.7839923629212,14,0.267871833728701]
["enigma3-withglobal-frontalpole-thickavg","ebi-eas-GCST90018603","Chronic sinusitis || id:ebi-eas-GCST90018603","wTHICK_Mean_frontalpole_thickavg || id:enigma3-withglobal-frontalpole-thickavg","Inverse variance weighted",16.7845716862513,15,0.331905033108528]
["enigma3-withglobal-frontalpole-thickavg","finngen_R10_J10_CHRONSINUSITIS","outcome","wTHICK_Mean_frontalpole_thickavg || id:enigma3-withglobal-frontalpole-thickavg","MR Egger",35.461270323123,22,0.0346526265998413]
["enigma3-withglobal-frontalpole-thickavg","finngen_R10_J10_CHRONSINUSITIS","outcome","wTHICK_Mean_frontalpole_thickavg || id:enigma3-withglobal-frontalpole-thickavg","Inverse variance weighted",36.877632524376,23,0.0334855958780641]
["enigma3-withglobal-frontalpole-thickavg","ukb-b-69","Non-cancer illness code, self-reported: chronic sinusitis || id:ukb-b-69","wTHICK_Mean_frontalpole_thickavg || id:enigma3-withglobal-frontalpole-thickavg","MR Egger",5.48390253978172,6,0.483404433297339]
["enigma3-withglobal-frontalpole-thickavg","ukb-b-69","Non-cancer illness code, self-reported: chronic sinusitis || id:ukb-b-69","wTHICK_Mean_frontalpole_thickavg || id:enigma3-withglobal-frontalpole-thickavg","Inverse variance weighted",7.42778511349441,7,0.385736835257805]
["enigma3-withglobal-frontalpole-thickavg","ukb-d-J32","Diagnoses - main ICD10: J32 Chronic sinusitis || id:ukb-d-J32","wTHICK_Mean_frontalpole_thickavg || id:enigma3-withglobal-frontalpole-thickavg","MR Egger",30.672296974199,24,0.163457861009684]
["enigma3-withglobal-frontalpole-thickavg","ukb-d-J32","Diagnoses - main ICD10: J32 Chronic sinusitis || id:ukb-d-J32","wTHICK_Mean_frontalpole_thickavg || id:enigma3-withglobal-frontalpole-thickavg","Inverse variance weighted",31.0548692707804,25,0.187208328762258]
["enigma3-withglobal-frontalpole-thickavg","ukb-saige-471","Nasal polyps || id:ukb-saige-471","wTHICK_Mean_frontalpole_thickavg || id:enigma3-withglobal-frontalpole-thickavg","MR Egger",20.8778054876724,20,0.404356051750383]
["enigma3-withglobal-frontalpole-thickavg","ukb-saige-471","Nasal polyps || id:ukb-saige-471","wTHICK_Mean_frontalpole_thickavg || id:enigma3-withglobal-frontalpole-thickavg","Inverse variance weighted",23.2596568191387,21,0.330291807562919]
["enigma3-withglobal-fusiform-surfavg","ebi-eas-GCST90018603","Chronic sinusitis || id:ebi-eas-GCST90018603","wSA_Mean_fusiform_surfavg || id:enigma3-withglobal-fusiform-surfavg","MR Egger",18.0767123315585,20,0.582354740548605]
["enigma3-withglobal-fusiform-surfavg","ebi-eas-GCST90018603","Chronic sinusitis || id:ebi-eas-GCST90018603","wSA_Mean_fusiform_surfavg || id:enigma3-withglobal-fusiform-surfavg","Inverse variance weighted",19.5913117013763,21,0.547263477308577]
["enigma3-withglobal-fusiform-surfavg","finngen_R10_J10_CHRONSINUSITIS","outcome","wSA_Mean_fusiform_surfavg || id:enigma3-withglobal-fusiform-surfavg","MR Egger",72.0302423914571,32,{"v":6.46949327992834e-5,"d":"6.47E-05"}]
["enigma3-withglobal-fusiform-surfavg","finngen_R10_J10_CHRONSINUSITIS","outcome","wSA_Mean_fusiform_surfavg || id:enigma3-withglobal-fusiform-surfavg","Inverse variance weighted",72.5379169329303,33,{"v":8.60936835522375e-5,"d":"8.61E-05"}]
["enigma3-withglobal-fusiform-surfavg","ukb-b-69","Non-cancer illness code, self-reported: chronic sinusitis || id:ukb-b-69","wSA_Mean_fusiform_surfavg || id:enigma3-withglobal-fusiform-surfavg","MR Egger",14.5872533204658,19,0.74844505669483]
["enigma3-withglobal-fusiform-surfavg","ukb-b-69","Non-cancer illness code, self-reported: chronic sinusitis || id:ukb-b-69","wSA_Mean_fusiform_surfavg || id:enigma3-withglobal-fusiform-surfavg","Inverse variance weighted",15.6878825971612,20,0.735788906494912]
["enigma3-withglobal-fusiform-surfavg","ukb-d-J32","Diagnoses - main ICD10: J32 Chronic sinusitis || id:ukb-d-J32","wSA_Mean_fusiform_surfavg || id:enigma3-withglobal-fusiform-surfavg","MR Egger",26.7697306475162,31,0.68368945613487]
["enigma3-withglobal-fusiform-surfavg","ukb-d-J32","Diagnoses - main ICD10: J32 Chronic sinusitis || id:ukb-d-J32","wSA_Mean_fusiform_surfavg || id:enigma3-withglobal-fusiform-surfavg","Inverse variance weighted",28.4794789509233,32,0.645457348779374]
["enigma3-withglobal-fusiform-surfavg","ukb-saige-471","Nasal polyps || id:ukb-saige-471","wSA_Mean_fusiform_surfavg || id:enigma3-withglobal-fusiform-surfavg","MR Egger",41.2180971873037,31,0.103800808425114]
["enigma3-withglobal-fusiform-surfavg","ukb-saige-471","Nasal polyps || id:ukb-saige-471","wSA_Mean_fusiform_surfavg || id:enigma3-withglobal-fusiform-surfavg","Inverse variance weighted",41.2208615865351,32,0.127337357577245]
["enigma3-withglobal-fusiform-thickavg","ebi-eas-GCST90018603","Chronic sinusitis || id:ebi-eas-GCST90018603","wTHICK_Mean_fusiform_thickavg || id:enigma3-withglobal-fusiform-thickavg","MR Egger",8.68657247249484,10,0.562084744465759]
["enigma3-withglobal-fusiform-thickavg","ebi-eas-GCST90018603","Chronic sinusitis || id:ebi-eas-GCST90018603","wTHICK_Mean_fusiform_thickavg || id:enigma3-withglobal-fusiform-thickavg","Inverse variance weighted",10.5463395146524,11,0.482013276121777]
["enigma3-withglobal-fusiform-thickavg","finngen_R10_J10_CHRONSINUSITIS","outcome","wTHICK_Mean_fusiform_thickavg || id:enigma3-withglobal-fusiform-thickavg","MR Egger",15.190946839494,15,0.437752437517135]
["enigma3-withglobal-fusiform-thickavg","finngen_R10_J10_CHRONSINUSITIS","outcome","wTHICK_Mean_fusiform_thickavg || id:enigma3-withglobal-fusiform-thickavg","Inverse variance weighted",15.2161497791381,16,0.50886798418543]
["enigma3-withglobal-fusiform-thickavg","ukb-b-69","Non-cancer illness code, self-reported: chronic sinusitis || id:ukb-b-69","wTHICK_Mean_fusiform_thickavg || id:enigma3-withglobal-fusiform-thickavg","MR Egger",5.14063292304795,8,0.742444807257414]
["enigma3-withglobal-fusiform-thickavg","ukb-b-69","Non-cancer illness code, self-reported: chronic sinusitis || id:ukb-b-69","wTHICK_Mean_fusiform_thickavg || id:enigma3-withglobal-fusiform-thickavg","Inverse variance weighted",5.45031091156176,9,0.793421001005596]
["enigma3-withglobal-fusiform-thickavg","ukb-d-J32","Diagnoses - main ICD10: J32 Chronic sinusitis || id:ukb-d-J32","wTHICK_Mean_fusiform_thickavg || id:enigma3-withglobal-fusiform-thickavg","MR Egger",14.2270771779766,15,0.508381496175547]
["enigma3-withglobal-fusiform-thickavg","ukb-d-J32","Diagnoses - main ICD10: J32 Chronic sinusitis || id:ukb-d-J32","wTHICK_Mean_fusiform_thickavg || id:enigma3-withglobal-fusiform-thickavg","Inverse variance weighted",15.3836156593479,16,0.496741609929234]
["enigma3-withglobal-fusiform-thickavg","ukb-saige-471","Nasal polyps || id:ukb-saige-471","wTHICK_Mean_fusiform_thickavg || id:enigma3-withglobal-fusiform-thickavg","MR Egger",11.3181268807908,13,0.584185979916392]
["enigma3-withglobal-fusiform-thickavg","ukb-saige-471","Nasal polyps || id:ukb-saige-471","wTHICK_Mean_fusiform_thickavg || id:enigma3-withglobal-fusiform-thickavg","Inverse variance weighted",11.3726707369701,14,0.656543533405007]
["enigma3-withglobal-inferiorparietal-surfavg","ebi-eas-GCST90018603","Chronic sinusitis || id:ebi-eas-GCST90018603","wSA_Mean_inferiorparietal_surfavg || id:enigma3-withglobal-inferiorparietal-surfavg","MR Egger",21.2336814098956,27,0.775222945412902]
["enigma3-withglobal-inferiorparietal-surfavg","ebi-eas-GCST90018603","Chronic sinusitis || id:ebi-eas-GCST90018603","wSA_Mean_inferiorparietal_surfavg || id:enigma3-withglobal-inferiorparietal-surfavg","Inverse variance weighted",21.6106105070808,28,0.798991475105225]
["enigma3-withglobal-inferiorparietal-surfavg","finngen_R10_J10_CHRONSINUSITIS","outcome","wSA_Mean_inferiorparietal_surfavg || id:enigma3-withglobal-inferiorparietal-surfavg","MR Egger",33.7588019326005,36,0.575633083335775]
["enigma3-withglobal-inferiorparietal-surfavg","finngen_R10_J10_CHRONSINUSITIS","outcome","wSA_Mean_inferiorparietal_surfavg || id:enigma3-withglobal-inferiorparietal-surfavg","Inverse variance weighted",34.8297361222722,37,0.571194699477581]
["enigma3-withglobal-inferiorparietal-surfavg","ukb-b-69","Non-cancer illness code, self-reported: chronic sinusitis || id:ukb-b-69","wSA_Mean_inferiorparietal_surfavg || id:enigma3-withglobal-inferiorparietal-surfavg","MR Egger",26.810157613985,21,0.177225665222424]
["enigma3-withglobal-inferiorparietal-surfavg","ukb-b-69","Non-cancer illness code, self-reported: chronic sinusitis || id:ukb-b-69","wSA_Mean_inferiorparietal_surfavg || id:enigma3-withglobal-inferiorparietal-surfavg","Inverse variance weighted",26.8961885457035,22,0.215195915688002]
["enigma3-withglobal-inferiorparietal-surfavg","ukb-d-J32","Diagnoses - main ICD10: J32 Chronic sinusitis || id:ukb-d-J32","wSA_Mean_inferiorparietal_surfavg || id:enigma3-withglobal-inferiorparietal-surfavg","MR Egger",28.1241074498843,36,0.822747957988547]
["enigma3-withglobal-inferiorparietal-surfavg","ukb-d-J32","Diagnoses - main ICD10: J32 Chronic sinusitis || id:ukb-d-J32","wSA_Mean_inferiorparietal_surfavg || id:enigma3-withglobal-inferiorparietal-surfavg","Inverse variance weighted",28.1243291777468,37,0.852892219278863]
["enigma3-withglobal-inferiorparietal-surfavg","ukb-saige-471","Nasal polyps || id:ukb-saige-471","wSA_Mean_inferiorparietal_surfavg || id:enigma3-withglobal-inferiorparietal-surfavg","MR Egger",36.8685557127856,36,0.428551806151162]
["enigma3-withglobal-inferiorparietal-surfavg","ukb-saige-471","Nasal polyps || id:ukb-saige-471","wSA_Mean_inferiorparietal_surfavg || id:enigma3-withglobal-inferiorparietal-surfavg","Inverse variance weighted",36.8908368941445,37,0.474121567403397]
["enigma3-withglobal-inferiorparietal-thickavg","ebi-eas-GCST90018603","Chronic sinusitis || id:ebi-eas-GCST90018603","wTHICK_Mean_inferiorparietal_thickavg || id:enigma3-withglobal-inferiorparietal-thickavg","MR Egger",14.4915441899974,15,0.488622707501512]
["enigma3-withglobal-inferiorparietal-thickavg","ebi-eas-GCST90018603","Chronic sinusitis || id:ebi-eas-GCST90018603","wTHICK_Mean_inferiorparietal_thickavg || id:enigma3-withglobal-inferiorparietal-thickavg","Inverse variance weighted",14.5264976625162,16,0.559552466489993]
["enigma3-withglobal-inferiorparietal-thickavg","finngen_R10_J10_CHRONSINUSITIS","outcome","wTHICK_Mean_inferiorparietal_thickavg || id:enigma3-withglobal-inferiorparietal-thickavg","MR Egger",35.1905636553537,24,0.0656247431992663]
["enigma3-withglobal-inferiorparietal-thickavg","finngen_R10_J10_CHRONSINUSITIS","outcome","wTHICK_Mean_inferiorparietal_thickavg || id:enigma3-withglobal-inferiorparietal-thickavg","Inverse variance weighted",36.9408096188363,25,0.0584875454052434]
["enigma3-withglobal-inferiorparietal-thickavg","ukb-b-69","Non-cancer illness code, self-reported: chronic sinusitis || id:ukb-b-69","wTHICK_Mean_inferiorparietal_thickavg || id:enigma3-withglobal-inferiorparietal-thickavg","MR Egger",9.61021024145542,11,0.56575170916637]
["enigma3-withglobal-inferiorparietal-thickavg","ukb-b-69","Non-cancer illness code, self-reported: chronic sinusitis || id:ukb-b-69","wTHICK_Mean_inferiorparietal_thickavg || id:enigma3-withglobal-inferiorparietal-thickavg","Inverse variance weighted",9.73492709509333,12,0.639202684545407]
["enigma3-withglobal-inferiorparietal-thickavg","ukb-d-J32","Diagnoses - main ICD10: J32 Chronic sinusitis || id:ukb-d-J32","wTHICK_Mean_inferiorparietal_thickavg || id:enigma3-withglobal-inferiorparietal-thickavg","MR Egger",23.7359699675385,23,0.418547244479962]
["enigma3-withglobal-inferiorparietal-thickavg","ukb-d-J32","Diagnoses - main ICD10: J32 Chronic sinusitis || id:ukb-d-J32","wTHICK_Mean_inferiorparietal_thickavg || id:enigma3-withglobal-inferiorparietal-thickavg","Inverse variance weighted",24.9037471948604,24,0.411006342601412]
["enigma3-withglobal-inferiorparietal-thickavg","ukb-saige-471","Nasal polyps || id:ukb-saige-471","wTHICK_Mean_inferiorparietal_thickavg || id:enigma3-withglobal-inferiorparietal-thickavg","MR Egger",17.6568317614973,23,0.775828316572525]
["enigma3-withglobal-inferiorparietal-thickavg","ukb-saige-471","Nasal polyps || id:ukb-saige-471","wTHICK_Mean_inferiorparietal_thickavg || id:enigma3-withglobal-inferiorparietal-thickavg","Inverse variance weighted",18.2373370763101,24,0.791345721290768]
["enigma3-withglobal-inferiortemporal-surfavg","ebi-eas-GCST90018603","Chronic sinusitis || id:ebi-eas-GCST90018603","wSA_Mean_inferiortemporal_surfavg || id:enigma3-withglobal-inferiortemporal-surfavg","MR Egger",27.5304885952208,30,0.595301817106138]
["enigma3-withglobal-inferiortemporal-surfavg","ebi-eas-GCST90018603","Chronic sinusitis || id:ebi-eas-GCST90018603","wSA_Mean_inferiortemporal_surfavg || id:enigma3-withglobal-inferiortemporal-surfavg","Inverse variance weighted",27.947288802781,31,0.623884934278022]
["enigma3-withglobal-inferiortemporal-surfavg","finngen_R10_J10_CHRONSINUSITIS","outcome","wSA_Mean_inferiortemporal_surfavg || id:enigma3-withglobal-inferiortemporal-surfavg","MR Egger",38.0407489645881,38,0.467628671761627]
["enigma3-withglobal-inferiortemporal-surfavg","finngen_R10_J10_CHRONSINUSITIS","outcome","wSA_Mean_inferiortemporal_surfavg || id:enigma3-withglobal-inferiortemporal-surfavg","Inverse variance weighted",41.4807777034834,39,0.363043870958076]
["enigma3-withglobal-inferiortemporal-surfavg","ukb-b-69","Non-cancer illness code, self-reported: chronic sinusitis || id:ukb-b-69","wSA_Mean_inferiortemporal_surfavg || id:enigma3-withglobal-inferiortemporal-surfavg","MR Egger",19.3944620948169,25,0.777824673072806]
["enigma3-withglobal-inferiortemporal-surfavg","ukb-b-69","Non-cancer illness code, self-reported: chronic sinusitis || id:ukb-b-69","wSA_Mean_inferiortemporal_surfavg || id:enigma3-withglobal-inferiortemporal-surfavg","Inverse variance weighted",19.6579308405261,26,0.807483746643649]
["enigma3-withglobal-inferiortemporal-surfavg","ukb-d-J32","Diagnoses - main ICD10: J32 Chronic sinusitis || id:ukb-d-J32","wSA_Mean_inferiortemporal_surfavg || id:enigma3-withglobal-inferiortemporal-surfavg","MR Egger",39.6231026223525,39,0.442096156618643]
["enigma3-withglobal-inferiortemporal-surfavg","ukb-d-J32","Diagnoses - main ICD10: J32 Chronic sinusitis || id:ukb-d-J32","wSA_Mean_inferiortemporal_surfavg || id:enigma3-withglobal-inferiortemporal-surfavg","Inverse variance weighted",39.9718938873486,40,0.471506111306071]
["enigma3-withglobal-inferiortemporal-surfavg","ukb-saige-471","Nasal polyps || id:ukb-saige-471","wSA_Mean_inferiortemporal_surfavg || id:enigma3-withglobal-inferiortemporal-surfavg","MR Egger",33.2805199520454,36,0.598615979980607]
["enigma3-withglobal-inferiortemporal-surfavg","ukb-saige-471","Nasal polyps || id:ukb-saige-471","wSA_Mean_inferiortemporal_surfavg || id:enigma3-withglobal-inferiortemporal-surfavg","Inverse variance weighted",33.4444197018071,37,0.636504420654075]
["enigma3-withglobal-inferiortemporal-thickavg","ebi-eas-GCST90018603","Chronic sinusitis || id:ebi-eas-GCST90018603","wTHICK_Mean_inferiortemporal_thickavg || id:enigma3-withglobal-inferiortemporal-thickavg","MR Egger",18.0501564373777,18,0.452353040904026]
["enigma3-withglobal-inferiortemporal-thickavg","ebi-eas-GCST90018603","Chronic sinusitis || id:ebi-eas-GCST90018603","wTHICK_Mean_inferiortemporal_thickavg || id:enigma3-withglobal-inferiortemporal-thickavg","Inverse variance weighted",23.6193825845081,19,0.211159679751355]
["enigma3-withglobal-inferiortemporal-thickavg","finngen_R10_J10_CHRONSINUSITIS","outcome","wTHICK_Mean_inferiortemporal_thickavg || id:enigma3-withglobal-inferiortemporal-thickavg","MR Egger",31.3859794914678,24,0.142962563648934]
["enigma3-withglobal-inferiortemporal-thickavg","finngen_R10_J10_CHRONSINUSITIS","outcome","wTHICK_Mean_inferiortemporal_thickavg || id:enigma3-withglobal-inferiortemporal-thickavg","Inverse variance weighted",31.8272091782144,25,0.163072735875734]
["enigma3-withglobal-inferiortemporal-thickavg","ukb-b-69","Non-cancer illness code, self-reported: chronic sinusitis || id:ukb-b-69","wTHICK_Mean_inferiortemporal_thickavg || id:enigma3-withglobal-inferiortemporal-thickavg","MR Egger",13.1348328605529,12,0.359317137852431]
["enigma3-withglobal-inferiortemporal-thickavg","ukb-b-69","Non-cancer illness code, self-reported: chronic sinusitis || id:ukb-b-69","wTHICK_Mean_inferiortemporal_thickavg || id:enigma3-withglobal-inferiortemporal-thickavg","Inverse variance weighted",13.6209874721948,13,0.401066670521969]
["enigma3-withglobal-inferiortemporal-thickavg","ukb-d-J32","Diagnoses - main ICD10: J32 Chronic sinusitis || id:ukb-d-J32","wTHICK_Mean_inferiortemporal_thickavg || id:enigma3-withglobal-inferiortemporal-thickavg","MR Egger",35.6670405242006,25,0.0768060275681144]
["enigma3-withglobal-inferiortemporal-thickavg","ukb-d-J32","Diagnoses - main ICD10: J32 Chronic sinusitis || id:ukb-d-J32","wTHICK_Mean_inferiortemporal_thickavg || id:enigma3-withglobal-inferiortemporal-thickavg","Inverse variance weighted",38.7030191779227,26,0.0520314431358212]
["enigma3-withglobal-inferiortemporal-thickavg","ukb-saige-471","Nasal polyps || id:ukb-saige-471","wTHICK_Mean_inferiortemporal_thickavg || id:enigma3-withglobal-inferiortemporal-thickavg","MR Egger",22.8727626365117,24,0.527319429324964]
["enigma3-withglobal-inferiortemporal-thickavg","ukb-saige-471","Nasal polyps || id:ukb-saige-471","wTHICK_Mean_inferiortemporal_thickavg || id:enigma3-withglobal-inferiortemporal-thickavg","Inverse variance weighted",23.0905219782473,25,0.572277382791511]
["enigma3-withglobal-insula-surfavg","ebi-eas-GCST90018603","Chronic sinusitis || id:ebi-eas-GCST90018603","wSA_Mean_insula_surfavg || id:enigma3-withglobal-insula-surfavg","MR Egger",41.0856245338032,36,0.257513088598754]
["enigma3-withglobal-insula-surfavg","ebi-eas-GCST90018603","Chronic sinusitis || id:ebi-eas-GCST90018603","wSA_Mean_insula_surfavg || id:enigma3-withglobal-insula-surfavg","Inverse variance weighted",43.5752271346041,37,0.211921077149242]
["enigma3-withglobal-insula-surfavg","finngen_R10_J10_CHRONSINUSITIS","outcome","wSA_Mean_insula_surfavg || id:enigma3-withglobal-insula-surfavg","MR Egger",50.8447966981819,43,0.192072529756962]
["enigma3-withglobal-insula-surfavg","finngen_R10_J10_CHRONSINUSITIS","outcome","wSA_Mean_insula_surfavg || id:enigma3-withglobal-insula-surfavg","Inverse variance weighted",50.8941874596707,44,0.220659764074576]
["enigma3-withglobal-insula-surfavg","ukb-b-69","Non-cancer illness code, self-reported: chronic sinusitis || id:ukb-b-69","wSA_Mean_insula_surfavg || id:enigma3-withglobal-insula-surfavg","MR Egger",30.4006403750317,27,0.296455764921049]
["enigma3-withglobal-insula-surfavg","ukb-b-69","Non-cancer illness code, self-reported: chronic sinusitis || id:ukb-b-69","wSA_Mean_insula_surfavg || id:enigma3-withglobal-insula-surfavg","Inverse variance weighted",30.4129956542101,28,0.343752437719359]
["enigma3-withglobal-insula-surfavg","ukb-d-J32","Diagnoses - main ICD10: J32 Chronic sinusitis || id:ukb-d-J32","wSA_Mean_insula_surfavg || id:enigma3-withglobal-insula-surfavg","MR Egger",31.9403122869633,44,0.9120389535814]
["enigma3-withglobal-insula-surfavg","ukb-d-J32","Diagnoses - main ICD10: J32 Chronic sinusitis || id:ukb-d-J32","wSA_Mean_insula_surfavg || id:enigma3-withglobal-insula-surfavg","Inverse variance weighted",32.0027354307301,45,0.927537650979035]
["enigma3-withglobal-insula-surfavg","ukb-saige-471","Nasal polyps || id:ukb-saige-471","wSA_Mean_insula_surfavg || id:enigma3-withglobal-insula-surfavg","MR Egger",43.4156875924305,40,0.327930143464145]
["enigma3-withglobal-insula-surfavg","ukb-saige-471","Nasal polyps || id:ukb-saige-471","wSA_Mean_insula_surfavg || id:enigma3-withglobal-insula-surfavg","Inverse variance weighted",43.5407370216,41,0.36380105322606]
["enigma3-withglobal-insula-thickavg","ebi-eas-GCST90018603","Chronic sinusitis || id:ebi-eas-GCST90018603","wTHICK_Mean_insula_thickavg || id:enigma3-withglobal-insula-thickavg","MR Egger",30.1031917110012,18,0.0364552454312487]
["enigma3-withglobal-insula-thickavg","ebi-eas-GCST90018603","Chronic sinusitis || id:ebi-eas-GCST90018603","wTHICK_Mean_insula_thickavg || id:enigma3-withglobal-insula-thickavg","Inverse variance weighted",30.6401904139144,19,0.0441954570754653]
["enigma3-withglobal-insula-thickavg","finngen_R10_J10_CHRONSINUSITIS","outcome","wTHICK_Mean_insula_thickavg || id:enigma3-withglobal-insula-thickavg","MR Egger",32.1567336259485,29,0.313035879770069]
["enigma3-withglobal-insula-thickavg","finngen_R10_J10_CHRONSINUSITIS","outcome","wTHICK_Mean_insula_thickavg || id:enigma3-withglobal-insula-thickavg","Inverse variance weighted",32.3524585275367,30,0.351318910602327]
["enigma3-withglobal-insula-thickavg","ukb-b-69","Non-cancer illness code, self-reported: chronic sinusitis || id:ukb-b-69","wTHICK_Mean_insula_thickavg || id:enigma3-withglobal-insula-thickavg","MR Egger",22.8216418012015,17,0.155147757647393]
["enigma3-withglobal-insula-thickavg","ukb-b-69","Non-cancer illness code, self-reported: chronic sinusitis || id:ukb-b-69","wTHICK_Mean_insula_thickavg || id:enigma3-withglobal-insula-thickavg","Inverse variance weighted",22.8219038419223,18,0.19752699838097]
["enigma3-withglobal-insula-thickavg","ukb-d-J32","Diagnoses - main ICD10: J32 Chronic sinusitis || id:ukb-d-J32","wTHICK_Mean_insula_thickavg || id:enigma3-withglobal-insula-thickavg","MR Egger",25.1978054657281,29,0.667943538919294]
["enigma3-withglobal-insula-thickavg","ukb-d-J32","Diagnoses - main ICD10: J32 Chronic sinusitis || id:ukb-d-J32","wTHICK_Mean_insula_thickavg || id:enigma3-withglobal-insula-thickavg","Inverse variance weighted",28.6308665276906,30,0.53704332949273]
["enigma3-withglobal-insula-thickavg","ukb-saige-471","Nasal polyps || id:ukb-saige-471","wTHICK_Mean_insula_thickavg || id:enigma3-withglobal-insula-thickavg","MR Egger",39.0237925976599,26,0.0485001506248894]
["enigma3-withglobal-insula-thickavg","ukb-saige-471","Nasal polyps || id:ukb-saige-471","wTHICK_Mean_insula_thickavg || id:enigma3-withglobal-insula-thickavg","Inverse variance weighted",40.3405243937573,27,0.0475967842598095]
["enigma3-withglobal-isthmuscingulate-surfavg","ebi-eas-GCST90018603","Chronic sinusitis || id:ebi-eas-GCST90018603","wSA_Mean_isthmuscingulate_surfavg || id:enigma3-withglobal-isthmuscingulate-surfavg","MR Egger",28.2701970756897,17,0.0418783961382774]
["enigma3-withglobal-isthmuscingulate-surfavg","ebi-eas-GCST90018603","Chronic sinusitis || id:ebi-eas-GCST90018603","wSA_Mean_isthmuscingulate_surfavg || id:enigma3-withglobal-isthmuscingulate-surfavg","Inverse variance weighted",28.3497995649427,18,0.0569276789527901]
["enigma3-withglobal-isthmuscingulate-surfavg","finngen_R10_J10_CHRONSINUSITIS","outcome","wSA_Mean_isthmuscingulate_surfavg || id:enigma3-withglobal-isthmuscingulate-surfavg","MR Egger",29.9224845922293,25,0.227204593213839]
["enigma3-withglobal-isthmuscingulate-surfavg","finngen_R10_J10_CHRONSINUSITIS","outcome","wSA_Mean_isthmuscingulate_surfavg || id:enigma3-withglobal-isthmuscingulate-surfavg","Inverse variance weighted",30.1705111193439,26,0.260607157772443]
["enigma3-withglobal-isthmuscingulate-surfavg","ukb-b-69","Non-cancer illness code, self-reported: chronic sinusitis || id:ukb-b-69","wSA_Mean_isthmuscingulate_surfavg || id:enigma3-withglobal-isthmuscingulate-surfavg","MR Egger",6.64283813221896,14,0.94760489214119]
["enigma3-withglobal-isthmuscingulate-surfavg","ukb-b-69","Non-cancer illness code, self-reported: chronic sinusitis || id:ukb-b-69","wSA_Mean_isthmuscingulate_surfavg || id:enigma3-withglobal-isthmuscingulate-surfavg","Inverse variance weighted",6.74911770909768,15,0.96424120639997]
["enigma3-withglobal-isthmuscingulate-surfavg","ukb-d-J32","Diagnoses - main ICD10: J32 Chronic sinusitis || id:ukb-d-J32","wSA_Mean_isthmuscingulate_surfavg || id:enigma3-withglobal-isthmuscingulate-surfavg","MR Egger",32.9284976262608,26,0.16418254640269]
["enigma3-withglobal-isthmuscingulate-surfavg","ukb-d-J32","Diagnoses - main ICD10: J32 Chronic sinusitis || id:ukb-d-J32","wSA_Mean_isthmuscingulate_surfavg || id:enigma3-withglobal-isthmuscingulate-surfavg","Inverse variance weighted",34.0220548381928,27,0.165407196713104]
["enigma3-withglobal-isthmuscingulate-surfavg","ukb-saige-471","Nasal polyps || id:ukb-saige-471","wSA_Mean_isthmuscingulate_surfavg || id:enigma3-withglobal-isthmuscingulate-surfavg","MR Egger",15.1761388969147,21,0.814010998633275]
["enigma3-withglobal-isthmuscingulate-surfavg","ukb-saige-471","Nasal polyps || id:ukb-saige-471","wSA_Mean_isthmuscingulate_surfavg || id:enigma3-withglobal-isthmuscingulate-surfavg","Inverse variance weighted",15.5425716961473,22,0.83792143503557]
["enigma3-withglobal-isthmuscingulate-thickavg","ebi-eas-GCST90018603","Chronic sinusitis || id:ebi-eas-GCST90018603","wTHICK_Mean_isthmuscingulate_thickavg || id:enigma3-withglobal-isthmuscingulate-thickavg","MR Egger",29.2562937936442,23,0.171962199716272]
["enigma3-withglobal-isthmuscingulate-thickavg","ebi-eas-GCST90018603","Chronic sinusitis || id:ebi-eas-GCST90018603","wTHICK_Mean_isthmuscingulate_thickavg || id:enigma3-withglobal-isthmuscingulate-thickavg","Inverse variance weighted",29.9918489463593,24,0.185022101869866]
["enigma3-withglobal-isthmuscingulate-thickavg","finngen_R10_J10_CHRONSINUSITIS","outcome","wTHICK_Mean_isthmuscingulate_thickavg || id:enigma3-withglobal-isthmuscingulate-thickavg","MR Egger",19.6792348840793,29,0.902617957546624]
["enigma3-withglobal-isthmuscingulate-thickavg","finngen_R10_J10_CHRONSINUSITIS","outcome","wTHICK_Mean_isthmuscingulate_thickavg || id:enigma3-withglobal-isthmuscingulate-thickavg","Inverse variance weighted",20.4205221203606,30,0.905129988030365]
["enigma3-withglobal-isthmuscingulate-thickavg","ukb-b-69","Non-cancer illness code, self-reported: chronic sinusitis || id:ukb-b-69","wTHICK_Mean_isthmuscingulate_thickavg || id:enigma3-withglobal-isthmuscingulate-thickavg","MR Egger",18.1375332794018,24,0.796286120665987]
["enigma3-withglobal-isthmuscingulate-thickavg","ukb-b-69","Non-cancer illness code, self-reported: chronic sinusitis || id:ukb-b-69","wTHICK_Mean_isthmuscingulate_thickavg || id:enigma3-withglobal-isthmuscingulate-thickavg","Inverse variance weighted",19.1283957879854,25,0.790922980492033]
["enigma3-withglobal-isthmuscingulate-thickavg","ukb-d-J32","Diagnoses - main ICD10: J32 Chronic sinusitis || id:ukb-d-J32","wTHICK_Mean_isthmuscingulate_thickavg || id:enigma3-withglobal-isthmuscingulate-thickavg","MR Egger",49.7431385509642,33,0.030857835109733]
["enigma3-withglobal-isthmuscingulate-thickavg","ukb-d-J32","Diagnoses - main ICD10: J32 Chronic sinusitis || id:ukb-d-J32","wTHICK_Mean_isthmuscingulate_thickavg || id:enigma3-withglobal-isthmuscingulate-thickavg","Inverse variance weighted",50.5070827393876,34,0.0340037650356429]
["enigma3-withglobal-isthmuscingulate-thickavg","ukb-saige-471","Nasal polyps || id:ukb-saige-471","wTHICK_Mean_isthmuscingulate_thickavg || id:enigma3-withglobal-isthmuscingulate-thickavg","MR Egger",47.8653453066183,31,0.0271093785331409]
["enigma3-withglobal-isthmuscingulate-thickavg","ukb-saige-471","Nasal polyps || id:ukb-saige-471","wTHICK_Mean_isthmuscingulate_thickavg || id:enigma3-withglobal-isthmuscingulate-thickavg","Inverse variance weighted",47.8659212799652,32,0.0353895426585938]
["enigma3-withglobal-lateraloccipital-surfavg","ebi-eas-GCST90018603","Chronic sinusitis || id:ebi-eas-GCST90018603","wSA_Mean_lateraloccipital_surfavg || id:enigma3-withglobal-lateraloccipital-surfavg","MR Egger",32.8247562117976,25,0.135507738849227]
["enigma3-withglobal-lateraloccipital-surfavg","ebi-eas-GCST90018603","Chronic sinusitis || id:ebi-eas-GCST90018603","wSA_Mean_lateraloccipital_surfavg || id:enigma3-withglobal-lateraloccipital-surfavg","Inverse variance weighted",34.2273058812029,26,0.129396316009721]
["enigma3-withglobal-lateraloccipital-surfavg","finngen_R10_J10_CHRONSINUSITIS","outcome","wSA_Mean_lateraloccipital_surfavg || id:enigma3-withglobal-lateraloccipital-surfavg","MR Egger",67.2992471799836,37,0.0016909032087224]
["enigma3-withglobal-lateraloccipital-surfavg","finngen_R10_J10_CHRONSINUSITIS","outcome","wSA_Mean_lateraloccipital_surfavg || id:enigma3-withglobal-lateraloccipital-surfavg","Inverse variance weighted",68.2922667949479,38,0.00184364193339933]
["enigma3-withglobal-lateraloccipital-surfavg","ukb-b-69","Non-cancer illness code, self-reported: chronic sinusitis || id:ukb-b-69","wSA_Mean_lateraloccipital_surfavg || id:enigma3-withglobal-lateraloccipital-surfavg","MR Egger",27.4218422824701,27,0.441222482218173]
["enigma3-withglobal-lateraloccipital-surfavg","ukb-b-69","Non-cancer illness code, self-reported: chronic sinusitis || id:ukb-b-69","wSA_Mean_lateraloccipital_surfavg || id:enigma3-withglobal-lateraloccipital-surfavg","Inverse variance weighted",27.4858548033261,28,0.49192581184331]
["enigma3-withglobal-lateraloccipital-surfavg","ukb-d-J32","Diagnoses - main ICD10: J32 Chronic sinusitis || id:ukb-d-J32","wSA_Mean_lateraloccipital_surfavg || id:enigma3-withglobal-lateraloccipital-surfavg","MR Egger",50.7139394647662,37,0.0659437987951873]
["enigma3-withglobal-lateraloccipital-surfavg","ukb-d-J32","Diagnoses - main ICD10: J32 Chronic sinusitis || id:ukb-d-J32","wSA_Mean_lateraloccipital_surfavg || id:enigma3-withglobal-lateraloccipital-surfavg","Inverse variance weighted",51.1075317804746,38,0.0758711944780411]
["enigma3-withglobal-lateraloccipital-surfavg","ukb-saige-471","Nasal polyps || id:ukb-saige-471","wSA_Mean_lateraloccipital_surfavg || id:enigma3-withglobal-lateraloccipital-surfavg","MR Egger",43.642653963074,37,0.209892930319429]
["enigma3-withglobal-lateraloccipital-surfavg","ukb-saige-471","Nasal polyps || id:ukb-saige-471","wSA_Mean_lateraloccipital_surfavg || id:enigma3-withglobal-lateraloccipital-surfavg","Inverse variance weighted",48.2691902735813,38,0.12283246837326]
["enigma3-withglobal-lateraloccipital-thickavg","ebi-eas-GCST90018603","Chronic sinusitis || id:ebi-eas-GCST90018603","wTHICK_Mean_lateraloccipital_thickavg || id:enigma3-withglobal-lateraloccipital-thickavg","MR Egger",20.4504736446609,18,0.308037374031859]
["enigma3-withglobal-lateraloccipital-thickavg","ebi-eas-GCST90018603","Chronic sinusitis || id:ebi-eas-GCST90018603","wTHICK_Mean_lateraloccipital_thickavg || id:enigma3-withglobal-lateraloccipital-thickavg","Inverse variance weighted",22.2922425537933,19,0.26995413054022]
["enigma3-withglobal-lateraloccipital-thickavg","finngen_R10_J10_CHRONSINUSITIS","outcome","wTHICK_Mean_lateraloccipital_thickavg || id:enigma3-withglobal-lateraloccipital-thickavg","MR Egger",26.2592882119523,26,0.448925332116511]
["enigma3-withglobal-lateraloccipital-thickavg","finngen_R10_J10_CHRONSINUSITIS","outcome","wTHICK_Mean_lateraloccipital_thickavg || id:enigma3-withglobal-lateraloccipital-thickavg","Inverse variance weighted",26.2624990217213,27,0.504071304671866]
["enigma3-withglobal-lateraloccipital-thickavg","ukb-b-69","Non-cancer illness code, self-reported: chronic sinusitis || id:ukb-b-69","wTHICK_Mean_lateraloccipital_thickavg || id:enigma3-withglobal-lateraloccipital-thickavg","MR Egger",22.4425472427476,17,0.16829313584788]
["enigma3-withglobal-lateraloccipital-thickavg","ukb-b-69","Non-cancer illness code, self-reported: chronic sinusitis || id:ukb-b-69","wTHICK_Mean_lateraloccipital_thickavg || id:enigma3-withglobal-lateraloccipital-thickavg","Inverse variance weighted",22.6502968981189,18,0.204388105128512]
["enigma3-withglobal-lateraloccipital-thickavg","ukb-d-J32","Diagnoses - main ICD10: J32 Chronic sinusitis || id:ukb-d-J32","wTHICK_Mean_lateraloccipital_thickavg || id:enigma3-withglobal-lateraloccipital-thickavg","MR Egger",37.448657978061,26,0.0680698868963259]
["enigma3-withglobal-lateraloccipital-thickavg","ukb-d-J32","Diagnoses - main ICD10: J32 Chronic sinusitis || id:ukb-d-J32","wTHICK_Mean_lateraloccipital_thickavg || id:enigma3-withglobal-lateraloccipital-thickavg","Inverse variance weighted",37.5802365512726,27,0.0847362129395582]
["enigma3-withglobal-lateraloccipital-thickavg","ukb-saige-471","Nasal polyps || id:ukb-saige-471","wTHICK_Mean_lateraloccipital_thickavg || id:enigma3-withglobal-lateraloccipital-thickavg","MR Egger",36.1538502016266,26,0.0888758062840851]
["enigma3-withglobal-lateraloccipital-thickavg","ukb-saige-471","Nasal polyps || id:ukb-saige-471","wTHICK_Mean_lateraloccipital_thickavg || id:enigma3-withglobal-lateraloccipital-thickavg","Inverse variance weighted",43.8305997827814,27,0.0215261347187142]
["enigma3-withglobal-lateralorbitofrontal-surfavg","ebi-eas-GCST90018603","Chronic sinusitis || id:ebi-eas-GCST90018603","wSA_Mean_lateralorbitofrontal_surfavg || id:enigma3-withglobal-lateralorbitofrontal-surfavg","MR Egger",30.3197570783329,35,0.693490029906886]
["enigma3-withglobal-lateralorbitofrontal-surfavg","ebi-eas-GCST90018603","Chronic sinusitis || id:ebi-eas-GCST90018603","wSA_Mean_lateralorbitofrontal_surfavg || id:enigma3-withglobal-lateralorbitofrontal-surfavg","Inverse variance weighted",30.4896755284968,36,0.727785848120598]
["enigma3-withglobal-lateralorbitofrontal-surfavg","finngen_R10_J10_CHRONSINUSITIS","outcome","wSA_Mean_lateralorbitofrontal_surfavg || id:enigma3-withglobal-lateralorbitofrontal-surfavg","MR Egger",76.9761000572325,54,0.0216983364585121]
["enigma3-withglobal-lateralorbitofrontal-surfavg","finngen_R10_J10_CHRONSINUSITIS","outcome","wSA_Mean_lateralorbitofrontal_surfavg || id:enigma3-withglobal-lateralorbitofrontal-surfavg","Inverse variance weighted",77.7491103875804,55,0.0234071454378535]
["enigma3-withglobal-lateralorbitofrontal-surfavg","ukb-b-69","Non-cancer illness code, self-reported: chronic sinusitis || id:ukb-b-69","wSA_Mean_lateralorbitofrontal_surfavg || id:enigma3-withglobal-lateralorbitofrontal-surfavg","MR Egger",27.6153009028699,36,0.840625965898572]
["enigma3-withglobal-lateralorbitofrontal-surfavg","ukb-b-69","Non-cancer illness code, self-reported: chronic sinusitis || id:ukb-b-69","wSA_Mean_lateralorbitofrontal_surfavg || id:enigma3-withglobal-lateralorbitofrontal-surfavg","Inverse variance weighted",28.2763150790136,37,0.847961842527977]
["enigma3-withglobal-lateralorbitofrontal-surfavg","ukb-d-J32","Diagnoses - main ICD10: J32 Chronic sinusitis || id:ukb-d-J32","wSA_Mean_lateralorbitofrontal_surfavg || id:enigma3-withglobal-lateralorbitofrontal-surfavg","MR Egger",69.3145029752363,55,0.0927465392442718]
["enigma3-withglobal-lateralorbitofrontal-surfavg","ukb-d-J32","Diagnoses - main ICD10: J32 Chronic sinusitis || id:ukb-d-J32","wSA_Mean_lateralorbitofrontal_surfavg || id:enigma3-withglobal-lateralorbitofrontal-surfavg","Inverse variance weighted",71.2979935847442,56,0.0817655513367963]
["enigma3-withglobal-lateralorbitofrontal-surfavg","ukb-saige-471","Nasal polyps || id:ukb-saige-471","wSA_Mean_lateralorbitofrontal_surfavg || id:enigma3-withglobal-lateralorbitofrontal-surfavg","MR Egger",35.5141091158332,49,0.925503651067334]
["enigma3-withglobal-lateralorbitofrontal-surfavg","ukb-saige-471","Nasal polyps || id:ukb-saige-471","wSA_Mean_lateralorbitofrontal_surfavg || id:enigma3-withglobal-lateralorbitofrontal-surfavg","Inverse variance weighted",35.6323391091425,50,0.937594880018816]
["enigma3-withglobal-lateralorbitofrontal-thickavg","ebi-eas-GCST90018603","Chronic sinusitis || id:ebi-eas-GCST90018603","wTHICK_Mean_lateralorbitofrontal_thickavg || id:enigma3-withglobal-lateralorbitofrontal-thickavg","MR Egger",3.06175167036946,4,0.547545118516889]
["enigma3-withglobal-lateralorbitofrontal-thickavg","ebi-eas-GCST90018603","Chronic sinusitis || id:ebi-eas-GCST90018603","wTHICK_Mean_lateralorbitofrontal_thickavg || id:enigma3-withglobal-lateralorbitofrontal-thickavg","Inverse variance weighted",3.06706378900814,5,0.689647196168367]
["enigma3-withglobal-lateralorbitofrontal-thickavg","finngen_R10_J10_CHRONSINUSITIS","outcome","wTHICK_Mean_lateralorbitofrontal_thickavg || id:enigma3-withglobal-lateralorbitofrontal-thickavg","MR Egger",12.6736612676784,10,0.242494342456231]
["enigma3-withglobal-lateralorbitofrontal-thickavg","finngen_R10_J10_CHRONSINUSITIS","outcome","wTHICK_Mean_lateralorbitofrontal_thickavg || id:enigma3-withglobal-lateralorbitofrontal-thickavg","Inverse variance weighted",12.9464362699642,11,0.296840731455844]
["enigma3-withglobal-lateralorbitofrontal-thickavg","ukb-b-69","Non-cancer illness code, self-reported: chronic sinusitis || id:ukb-b-69","wTHICK_Mean_lateralorbitofrontal_thickavg || id:enigma3-withglobal-lateralorbitofrontal-thickavg","MR Egger",5.95203084292489,6,0.428585051561354]
["enigma3-withglobal-lateralorbitofrontal-thickavg","ukb-b-69","Non-cancer illness code, self-reported: chronic sinusitis || id:ukb-b-69","wTHICK_Mean_lateralorbitofrontal_thickavg || id:enigma3-withglobal-lateralorbitofrontal-thickavg","Inverse variance weighted",6.33327218684626,7,0.501417792037363]
["enigma3-withglobal-lateralorbitofrontal-thickavg","ukb-d-J32","Diagnoses - main ICD10: J32 Chronic sinusitis || id:ukb-d-J32","wTHICK_Mean_lateralorbitofrontal_thickavg || id:enigma3-withglobal-lateralorbitofrontal-thickavg","MR Egger",9.86100071524668,13,0.705259417798676]
["enigma3-withglobal-lateralorbitofrontal-thickavg","ukb-d-J32","Diagnoses - main ICD10: J32 Chronic sinusitis || id:ukb-d-J32","wTHICK_Mean_lateralorbitofrontal_thickavg || id:enigma3-withglobal-lateralorbitofrontal-thickavg","Inverse variance weighted",11.3794991252396,14,0.655999723389533]
["enigma3-withglobal-lateralorbitofrontal-thickavg","ukb-saige-471","Nasal polyps || id:ukb-saige-471","wTHICK_Mean_lateralorbitofrontal_thickavg || id:enigma3-withglobal-lateralorbitofrontal-thickavg","MR Egger",12.2261402949518,11,0.346887334727481]
["enigma3-withglobal-lateralorbitofrontal-thickavg","ukb-saige-471","Nasal polyps || id:ukb-saige-471","wTHICK_Mean_lateralorbitofrontal_thickavg || id:enigma3-withglobal-lateralorbitofrontal-thickavg","Inverse variance weighted",12.6990193800362,12,0.391291452453528]
["enigma3-withglobal-lingual-surfavg","ebi-eas-GCST90018603","Chronic sinusitis || id:ebi-eas-GCST90018603","wSA_Mean_lingual_surfavg || id:enigma3-withglobal-lingual-surfavg","MR Egger",44.0228126967012,38,0.231774604068388]
["enigma3-withglobal-lingual-surfavg","ebi-eas-GCST90018603","Chronic sinusitis || id:ebi-eas-GCST90018603","wSA_Mean_lingual_surfavg || id:enigma3-withglobal-lingual-surfavg","Inverse variance weighted",44.243327724647,39,0.259865036660921]
["enigma3-withglobal-lingual-surfavg","finngen_R10_J10_CHRONSINUSITIS","outcome","wSA_Mean_lingual_surfavg || id:enigma3-withglobal-lingual-surfavg","MR Egger",75.4192527042907,48,0.0069650478095781]
["enigma3-withglobal-lingual-surfavg","finngen_R10_J10_CHRONSINUSITIS","outcome","wSA_Mean_lingual_surfavg || id:enigma3-withglobal-lingual-surfavg","Inverse variance weighted",75.5908487289687,49,0.00871531291559327]
["enigma3-withglobal-lingual-surfavg","ukb-b-69","Non-cancer illness code, self-reported: chronic sinusitis || id:ukb-b-69","wSA_Mean_lingual_surfavg || id:enigma3-withglobal-lingual-surfavg","MR Egger",36.6485702773241,34,0.346918580117376]
["enigma3-withglobal-lingual-surfavg","ukb-b-69","Non-cancer illness code, self-reported: chronic sinusitis || id:ukb-b-69","wSA_Mean_lingual_surfavg || id:enigma3-withglobal-lingual-surfavg","Inverse variance weighted",36.6531668596643,35,0.392025164657489]
["enigma3-withglobal-lingual-surfavg","ukb-d-J32","Diagnoses - main ICD10: J32 Chronic sinusitis || id:ukb-d-J32","wSA_Mean_lingual_surfavg || id:enigma3-withglobal-lingual-surfavg","MR Egger",52.6752400999065,48,0.298031092262815]
["enigma3-withglobal-lingual-surfavg","ukb-d-J32","Diagnoses - main ICD10: J32 Chronic sinusitis || id:ukb-d-J32","wSA_Mean_lingual_surfavg || id:enigma3-withglobal-lingual-surfavg","Inverse variance weighted",53.344951269433,49,0.310832584522138]
["enigma3-withglobal-lingual-surfavg","ukb-saige-471","Nasal polyps || id:ukb-saige-471","wSA_Mean_lingual_surfavg || id:enigma3-withglobal-lingual-surfavg","MR Egger",50.0642944544429,41,0.156746917745198]
["enigma3-withglobal-lingual-surfavg","ukb-saige-471","Nasal polyps || id:ukb-saige-471","wSA_Mean_lingual_surfavg || id:enigma3-withglobal-lingual-surfavg","Inverse variance weighted",50.0922762979989,42,0.183107971679632]
["enigma3-withglobal-lingual-thickavg","ebi-eas-GCST90018603","Chronic sinusitis || id:ebi-eas-GCST90018603","wTHICK_Mean_lingual_thickavg || id:enigma3-withglobal-lingual-thickavg","MR Egger",23.8342288729862,26,0.585443790139063]
["enigma3-withglobal-lingual-thickavg","ebi-eas-GCST90018603","Chronic sinusitis || id:ebi-eas-GCST90018603","wTHICK_Mean_lingual_thickavg || id:enigma3-withglobal-lingual-thickavg","Inverse variance weighted",30.0427591763252,27,0.312235987419036]
["enigma3-withglobal-lingual-thickavg","finngen_R10_J10_CHRONSINUSITIS","outcome","wTHICK_Mean_lingual_thickavg || id:enigma3-withglobal-lingual-thickavg","MR Egger",71.7816004014188,35,0.000244766518623226]
["enigma3-withglobal-lingual-thickavg","finngen_R10_J10_CHRONSINUSITIS","outcome","wTHICK_Mean_lingual_thickavg || id:enigma3-withglobal-lingual-thickavg","Inverse variance weighted",71.7847383635541,36,0.000361048530665914]
["enigma3-withglobal-lingual-thickavg","ukb-b-69","Non-cancer illness code, self-reported: chronic sinusitis || id:ukb-b-69","wTHICK_Mean_lingual_thickavg || id:enigma3-withglobal-lingual-thickavg","MR Egger",20.8442940437922,25,0.701258975629112]
["enigma3-withglobal-lingual-thickavg","ukb-b-69","Non-cancer illness code, self-reported: chronic sinusitis || id:ukb-b-69","wTHICK_Mean_lingual_thickavg || id:enigma3-withglobal-lingual-thickavg","Inverse variance weighted",21.4730156219478,26,0.717155111536252]
["enigma3-withglobal-lingual-thickavg","ukb-d-J32","Diagnoses - main ICD10: J32 Chronic sinusitis || id:ukb-d-J32","wTHICK_Mean_lingual_thickavg || id:enigma3-withglobal-lingual-thickavg","MR Egger",35.7972612700678,38,0.571731981372219]
["enigma3-withglobal-lingual-thickavg","ukb-d-J32","Diagnoses - main ICD10: J32 Chronic sinusitis || id:ukb-d-J32","wTHICK_Mean_lingual_thickavg || id:enigma3-withglobal-lingual-thickavg","Inverse variance weighted",37.3962516695784,39,0.543122229423216]
["enigma3-withglobal-lingual-thickavg","ukb-saige-471","Nasal polyps || id:ukb-saige-471","wTHICK_Mean_lingual_thickavg || id:enigma3-withglobal-lingual-thickavg","MR Egger",52.3974070043658,34,0.0227815586442761]
["enigma3-withglobal-lingual-thickavg","ukb-saige-471","Nasal polyps || id:ukb-saige-471","wTHICK_Mean_lingual_thickavg || id:enigma3-withglobal-lingual-thickavg","Inverse variance weighted",52.7754545946603,35,0.0273625163991067]
["enigma3-withglobal-medialorbitofrontal-surfavg","ebi-eas-GCST90018603","Chronic sinusitis || id:ebi-eas-GCST90018603","wSA_Mean_medialorbitofrontal_surfavg || id:enigma3-withglobal-medialorbitofrontal-surfavg","MR Egger",5.47841162887401,8,0.705430614022209]
["enigma3-withglobal-medialorbitofrontal-surfavg","ebi-eas-GCST90018603","Chronic sinusitis || id:ebi-eas-GCST90018603","wSA_Mean_medialorbitofrontal_surfavg || id:enigma3-withglobal-medialorbitofrontal-surfavg","Inverse variance weighted",5.73097100367837,9,0.766512604316893]
["enigma3-withglobal-medialorbitofrontal-surfavg","finngen_R10_J10_CHRONSINUSITIS","outcome","wSA_Mean_medialorbitofrontal_surfavg || id:enigma3-withglobal-medialorbitofrontal-surfavg","MR Egger",8.61327661912315,18,0.968039784311585]
["enigma3-withglobal-medialorbitofrontal-surfavg","finngen_R10_J10_CHRONSINUSITIS","outcome","wSA_Mean_medialorbitofrontal_surfavg || id:enigma3-withglobal-medialorbitofrontal-surfavg","Inverse variance weighted",8.6678447612402,19,0.978598518911064]
["enigma3-withglobal-medialorbitofrontal-surfavg","ukb-b-69","Non-cancer illness code, self-reported: chronic sinusitis || id:ukb-b-69","wSA_Mean_medialorbitofrontal_surfavg || id:enigma3-withglobal-medialorbitofrontal-surfavg","MR Egger",5.30087742574704,8,0.72498695748146]
["enigma3-withglobal-medialorbitofrontal-surfavg","ukb-b-69","Non-cancer illness code, self-reported: chronic sinusitis || id:ukb-b-69","wSA_Mean_medialorbitofrontal_surfavg || id:enigma3-withglobal-medialorbitofrontal-surfavg","Inverse variance weighted",10.5878820794066,9,0.30501789933427]
["enigma3-withglobal-medialorbitofrontal-surfavg","ukb-d-J32","Diagnoses - main ICD10: J32 Chronic sinusitis || id:ukb-d-J32","wSA_Mean_medialorbitofrontal_surfavg || id:enigma3-withglobal-medialorbitofrontal-surfavg","MR Egger",12.1601257514475,17,0.790345436925015]
["enigma3-withglobal-medialorbitofrontal-surfavg","ukb-d-J32","Diagnoses - main ICD10: J32 Chronic sinusitis || id:ukb-d-J32","wSA_Mean_medialorbitofrontal_surfavg || id:enigma3-withglobal-medialorbitofrontal-surfavg","Inverse variance weighted",13.2658391340335,18,0.775544367222421]
["enigma3-withglobal-medialorbitofrontal-surfavg","ukb-saige-471","Nasal polyps || id:ukb-saige-471","wSA_Mean_medialorbitofrontal_surfavg || id:enigma3-withglobal-medialorbitofrontal-surfavg","MR Egger",13.57497501803,16,0.630344246477226]
["enigma3-withglobal-medialorbitofrontal-surfavg","ukb-saige-471","Nasal polyps || id:ukb-saige-471","wSA_Mean_medialorbitofrontal_surfavg || id:enigma3-withglobal-medialorbitofrontal-surfavg","Inverse variance weighted",13.8822514141332,17,0.675418699529674]
["enigma3-withglobal-medialorbitofrontal-thickavg","ebi-eas-GCST90018603","Chronic sinusitis || id:ebi-eas-GCST90018603","wTHICK_Mean_medialorbitofrontal_thickavg || id:enigma3-withglobal-medialorbitofrontal-thickavg","MR Egger",14.375653758958,12,0.277365600583096]
["enigma3-withglobal-medialorbitofrontal-thickavg","ebi-eas-GCST90018603","Chronic sinusitis || id:ebi-eas-GCST90018603","wTHICK_Mean_medialorbitofrontal_thickavg || id:enigma3-withglobal-medialorbitofrontal-thickavg","Inverse variance weighted",14.6144849724596,13,0.332033620543215]
["enigma3-withglobal-medialorbitofrontal-thickavg","finngen_R10_J10_CHRONSINUSITIS","outcome","wTHICK_Mean_medialorbitofrontal_thickavg || id:enigma3-withglobal-medialorbitofrontal-thickavg","MR Egger",51.3994301738466,17,{"v":2.55478538262415e-5,"d":"2.55E-05"}]
["enigma3-withglobal-medialorbitofrontal-thickavg","finngen_R10_J10_CHRONSINUSITIS","outcome","wTHICK_Mean_medialorbitofrontal_thickavg || id:enigma3-withglobal-medialorbitofrontal-thickavg","Inverse variance weighted",52.5490665558584,18,{"v":3.08002096810339e-5,"d":"3.08E-05"}]
["enigma3-withglobal-medialorbitofrontal-thickavg","ukb-b-69","Non-cancer illness code, self-reported: chronic sinusitis || id:ukb-b-69","wTHICK_Mean_medialorbitofrontal_thickavg || id:enigma3-withglobal-medialorbitofrontal-thickavg","MR Egger",20.6392820314641,13,0.0803764538381555]
["enigma3-withglobal-medialorbitofrontal-thickavg","ukb-b-69","Non-cancer illness code, self-reported: chronic sinusitis || id:ukb-b-69","wTHICK_Mean_medialorbitofrontal_thickavg || id:enigma3-withglobal-medialorbitofrontal-thickavg","Inverse variance weighted",23.0734384611585,14,0.0590851838554473]
["enigma3-withglobal-medialorbitofrontal-thickavg","ukb-d-J32","Diagnoses - main ICD10: J32 Chronic sinusitis || id:ukb-d-J32","wTHICK_Mean_medialorbitofrontal_thickavg || id:enigma3-withglobal-medialorbitofrontal-thickavg","MR Egger",9.24688804876939,17,0.932196389532438]
["enigma3-withglobal-medialorbitofrontal-thickavg","ukb-d-J32","Diagnoses - main ICD10: J32 Chronic sinusitis || id:ukb-d-J32","wTHICK_Mean_medialorbitofrontal_thickavg || id:enigma3-withglobal-medialorbitofrontal-thickavg","Inverse variance weighted",16.195638442505,18,0.578895800500272]
["enigma3-withglobal-medialorbitofrontal-thickavg","ukb-saige-471","Nasal polyps || id:ukb-saige-471","wTHICK_Mean_medialorbitofrontal_thickavg || id:enigma3-withglobal-medialorbitofrontal-thickavg","MR Egger",17.1661140543034,17,0.443167878414405]
["enigma3-withglobal-medialorbitofrontal-thickavg","ukb-saige-471","Nasal polyps || id:ukb-saige-471","wTHICK_Mean_medialorbitofrontal_thickavg || id:enigma3-withglobal-medialorbitofrontal-thickavg","Inverse variance weighted",18.8053018321594,18,0.403903937357182]
["enigma3-withglobal-middletemporal-surfavg","ebi-eas-GCST90018603","Chronic sinusitis || id:ebi-eas-GCST90018603","wSA_Mean_middletemporal_surfavg || id:enigma3-withglobal-middletemporal-surfavg","MR Egger",41.040214527099,32,0.131363970980284]
["enigma3-withglobal-middletemporal-surfavg","ebi-eas-GCST90018603","Chronic sinusitis || id:ebi-eas-GCST90018603","wSA_Mean_middletemporal_surfavg || id:enigma3-withglobal-middletemporal-surfavg","Inverse variance weighted",41.2719428337463,33,0.152837612471931]
["enigma3-withglobal-middletemporal-surfavg","finngen_R10_J10_CHRONSINUSITIS","outcome","wSA_Mean_middletemporal_surfavg || id:enigma3-withglobal-middletemporal-surfavg","MR Egger",58.3102991138086,43,0.0596399467870676]
["enigma3-withglobal-middletemporal-surfavg","finngen_R10_J10_CHRONSINUSITIS","outcome","wSA_Mean_middletemporal_surfavg || id:enigma3-withglobal-middletemporal-surfavg","Inverse variance weighted",58.4984562590169,44,0.0705381454383063]
["enigma3-withglobal-middletemporal-surfavg","ukb-b-69","Non-cancer illness code, self-reported: chronic sinusitis || id:ukb-b-69","wSA_Mean_middletemporal_surfavg || id:enigma3-withglobal-middletemporal-surfavg","MR Egger",24.0939743047651,25,0.513948966102996]
["enigma3-withglobal-middletemporal-surfavg","ukb-b-69","Non-cancer illness code, self-reported: chronic sinusitis || id:ukb-b-69","wSA_Mean_middletemporal_surfavg || id:enigma3-withglobal-middletemporal-surfavg","Inverse variance weighted",24.7461447463386,26,0.533378822167379]
["enigma3-withglobal-middletemporal-surfavg","ukb-d-J32","Diagnoses - main ICD10: J32 Chronic sinusitis || id:ukb-d-J32","wSA_Mean_middletemporal_surfavg || id:enigma3-withglobal-middletemporal-surfavg","MR Egger",38.240311534816,43,0.677551438453163]
["enigma3-withglobal-middletemporal-surfavg","ukb-d-J32","Diagnoses - main ICD10: J32 Chronic sinusitis || id:ukb-d-J32","wSA_Mean_middletemporal_surfavg || id:enigma3-withglobal-middletemporal-surfavg","Inverse variance weighted",40.8945405508226,44,0.605496525994368]
["enigma3-withglobal-middletemporal-surfavg","ukb-saige-471","Nasal polyps || id:ukb-saige-471","wSA_Mean_middletemporal_surfavg || id:enigma3-withglobal-middletemporal-surfavg","MR Egger",52.4579745329524,41,0.108282644662683]
["enigma3-withglobal-middletemporal-surfavg","ukb-saige-471","Nasal polyps || id:ukb-saige-471","wSA_Mean_middletemporal_surfavg || id:enigma3-withglobal-middletemporal-surfavg","Inverse variance weighted",52.4832341211283,42,0.128837977668947]
["enigma3-withglobal-middletemporal-thickavg","ebi-eas-GCST90018603","Chronic sinusitis || id:ebi-eas-GCST90018603","wTHICK_Mean_middletemporal_thickavg || id:enigma3-withglobal-middletemporal-thickavg","MR Egger",21.9250495884559,13,0.0565340136976782]
["enigma3-withglobal-middletemporal-thickavg","ebi-eas-GCST90018603","Chronic sinusitis || id:ebi-eas-GCST90018603","wTHICK_Mean_middletemporal_thickavg || id:enigma3-withglobal-middletemporal-thickavg","Inverse variance weighted",26.5908871077036,14,0.0217500263619824]
["enigma3-withglobal-middletemporal-thickavg","finngen_R10_J10_CHRONSINUSITIS","outcome","wTHICK_Mean_middletemporal_thickavg || id:enigma3-withglobal-middletemporal-thickavg","MR Egger",34.820799836896,19,0.0146770534596]
["enigma3-withglobal-middletemporal-thickavg","finngen_R10_J10_CHRONSINUSITIS","outcome","wTHICK_Mean_middletemporal_thickavg || id:enigma3-withglobal-middletemporal-thickavg","Inverse variance weighted",34.8422925766773,20,0.0209604812946178]
["enigma3-withglobal-middletemporal-thickavg","ukb-b-69","Non-cancer illness code, self-reported: chronic sinusitis || id:ukb-b-69","wTHICK_Mean_middletemporal_thickavg || id:enigma3-withglobal-middletemporal-thickavg","MR Egger",14.5094250687777,15,0.487295994307598]
["enigma3-withglobal-middletemporal-thickavg","ukb-b-69","Non-cancer illness code, self-reported: chronic sinusitis || id:ukb-b-69","wTHICK_Mean_middletemporal_thickavg || id:enigma3-withglobal-middletemporal-thickavg","Inverse variance weighted",14.5129496124178,16,0.560557074664039]
["enigma3-withglobal-middletemporal-thickavg","ukb-d-J32","Diagnoses - main ICD10: J32 Chronic sinusitis || id:ukb-d-J32","wTHICK_Mean_middletemporal_thickavg || id:enigma3-withglobal-middletemporal-thickavg","MR Egger",13.8345712293595,21,0.876599619047912]
["enigma3-withglobal-middletemporal-thickavg","ukb-d-J32","Diagnoses - main ICD10: J32 Chronic sinusitis || id:ukb-d-J32","wTHICK_Mean_middletemporal_thickavg || id:enigma3-withglobal-middletemporal-thickavg","Inverse variance weighted",15.2904140679128,22,0.849476253192391]
["enigma3-withglobal-middletemporal-thickavg","ukb-saige-471","Nasal polyps || id:ukb-saige-471","wTHICK_Mean_middletemporal_thickavg || id:enigma3-withglobal-middletemporal-thickavg","MR Egger",24.126524316761,20,0.236909005148874]
["enigma3-withglobal-middletemporal-thickavg","ukb-saige-471","Nasal polyps || id:ukb-saige-471","wTHICK_Mean_middletemporal_thickavg || id:enigma3-withglobal-middletemporal-thickavg","Inverse variance weighted",24.4735667528018,21,0.270683015863326]
["enigma3-withglobal-paracentral-surfavg","ebi-eas-GCST90018603","Chronic sinusitis || id:ebi-eas-GCST90018603","wSA_Mean_paracentral_surfavg || id:enigma3-withglobal-paracentral-surfavg","MR Egger",15.441814496351,18,0.631440681242825]
["enigma3-withglobal-paracentral-surfavg","ebi-eas-GCST90018603","Chronic sinusitis || id:ebi-eas-GCST90018603","wSA_Mean_paracentral_surfavg || id:enigma3-withglobal-paracentral-surfavg","Inverse variance weighted",17.2523401488613,19,0.572776857114435]
["enigma3-withglobal-paracentral-surfavg","finngen_R10_J10_CHRONSINUSITIS","outcome","wSA_Mean_paracentral_surfavg || id:enigma3-withglobal-paracentral-surfavg","MR Egger",31.1013542810948,27,0.266997437098778]
["enigma3-withglobal-paracentral-surfavg","finngen_R10_J10_CHRONSINUSITIS","outcome","wSA_Mean_paracentral_surfavg || id:enigma3-withglobal-paracentral-surfavg","Inverse variance weighted",33.5213791972949,28,0.217076642067933]
["enigma3-withglobal-paracentral-surfavg","ukb-b-69","Non-cancer illness code, self-reported: chronic sinusitis || id:ukb-b-69","wSA_Mean_paracentral_surfavg || id:enigma3-withglobal-paracentral-surfavg","MR Egger",25.5735961758033,16,0.0603311083172767]
["enigma3-withglobal-paracentral-surfavg","ukb-b-69","Non-cancer illness code, self-reported: chronic sinusitis || id:ukb-b-69","wSA_Mean_paracentral_surfavg || id:enigma3-withglobal-paracentral-surfavg","Inverse variance weighted",25.5850643631622,17,0.0823593213381576]
["enigma3-withglobal-paracentral-surfavg","ukb-d-J32","Diagnoses - main ICD10: J32 Chronic sinusitis || id:ukb-d-J32","wSA_Mean_paracentral_surfavg || id:enigma3-withglobal-paracentral-surfavg","MR Egger",26.3216676164449,28,0.555368348593542]
["enigma3-withglobal-paracentral-surfavg","ukb-d-J32","Diagnoses - main ICD10: J32 Chronic sinusitis || id:ukb-d-J32","wSA_Mean_paracentral_surfavg || id:enigma3-withglobal-paracentral-surfavg","Inverse variance weighted",26.3217715266308,29,0.608246467082926]
["enigma3-withglobal-paracentral-surfavg","ukb-saige-471","Nasal polyps || id:ukb-saige-471","wSA_Mean_paracentral_surfavg || id:enigma3-withglobal-paracentral-surfavg","MR Egger",15.7127262335724,25,0.923115476470747]
["enigma3-withglobal-paracentral-surfavg","ukb-saige-471","Nasal polyps || id:ukb-saige-471","wSA_Mean_paracentral_surfavg || id:enigma3-withglobal-paracentral-surfavg","Inverse variance weighted",16.6773950836423,26,0.918505612750137]
["enigma3-withglobal-paracentral-thickavg","ebi-eas-GCST90018603","Chronic sinusitis || id:ebi-eas-GCST90018603","wTHICK_Mean_paracentral_thickavg || id:enigma3-withglobal-paracentral-thickavg","MR Egger",14.1893773057673,20,0.820765673127299]
["enigma3-withglobal-paracentral-thickavg","ebi-eas-GCST90018603","Chronic sinusitis || id:ebi-eas-GCST90018603","wTHICK_Mean_paracentral_thickavg || id:enigma3-withglobal-paracentral-thickavg","Inverse variance weighted",14.2098170680032,21,0.860419098201481]
["enigma3-withglobal-paracentral-thickavg","finngen_R10_J10_CHRONSINUSITIS","outcome","wTHICK_Mean_paracentral_thickavg || id:enigma3-withglobal-paracentral-thickavg","MR Egger",25.9872353375875,26,0.463806591339205]
["enigma3-withglobal-paracentral-thickavg","finngen_R10_J10_CHRONSINUSITIS","outcome","wTHICK_Mean_paracentral_thickavg || id:enigma3-withglobal-paracentral-thickavg","Inverse variance weighted",28.2222647427219,27,0.399582956947128]
["enigma3-withglobal-paracentral-thickavg","ukb-b-69","Non-cancer illness code, self-reported: chronic sinusitis || id:ukb-b-69","wTHICK_Mean_paracentral_thickavg || id:enigma3-withglobal-paracentral-thickavg","MR Egger",15.403493920026,19,0.696630533808682]
["enigma3-withglobal-paracentral-thickavg","ukb-b-69","Non-cancer illness code, self-reported: chronic sinusitis || id:ukb-b-69","wTHICK_Mean_paracentral_thickavg || id:enigma3-withglobal-paracentral-thickavg","Inverse variance weighted",16.4820198160687,20,0.686306465716276]
["enigma3-withglobal-paracentral-thickavg","ukb-d-J32","Diagnoses - main ICD10: J32 Chronic sinusitis || id:ukb-d-J32","wTHICK_Mean_paracentral_thickavg || id:enigma3-withglobal-paracentral-thickavg","MR Egger",21.8494172422558,26,0.69690687520951]
["enigma3-withglobal-paracentral-thickavg","ukb-d-J32","Diagnoses - main ICD10: J32 Chronic sinusitis || id:ukb-d-J32","wTHICK_Mean_paracentral_thickavg || id:enigma3-withglobal-paracentral-thickavg","Inverse variance weighted",22.699726384844,27,0.701033955339838]
["enigma3-withglobal-paracentral-thickavg","ukb-saige-471","Nasal polyps || id:ukb-saige-471","wTHICK_Mean_paracentral_thickavg || id:enigma3-withglobal-paracentral-thickavg","MR Egger",32.8656185756362,26,0.166032491856646]
["enigma3-withglobal-paracentral-thickavg","ukb-saige-471","Nasal polyps || id:ukb-saige-471","wTHICK_Mean_paracentral_thickavg || id:enigma3-withglobal-paracentral-thickavg","Inverse variance weighted",33.1077604411221,27,0.193537002958795]
["enigma3-withglobal-parahippocampal-surfavg","ebi-eas-GCST90018603","Chronic sinusitis || id:ebi-eas-GCST90018603","wSA_Mean_parahippocampal_surfavg || id:enigma3-withglobal-parahippocampal-surfavg","MR Egger",28.2144472821756,17,0.0424940086950507]
["enigma3-withglobal-parahippocampal-surfavg","ebi-eas-GCST90018603","Chronic sinusitis || id:ebi-eas-GCST90018603","wSA_Mean_parahippocampal_surfavg || id:enigma3-withglobal-parahippocampal-surfavg","Inverse variance weighted",29.0194021301525,18,0.0481424560394234]
["enigma3-withglobal-parahippocampal-surfavg","finngen_R10_J10_CHRONSINUSITIS","outcome","wSA_Mean_parahippocampal_surfavg || id:enigma3-withglobal-parahippocampal-surfavg","MR Egger",53.6192168837712,25,0.000744280014785252]
["enigma3-withglobal-parahippocampal-surfavg","finngen_R10_J10_CHRONSINUSITIS","outcome","wSA_Mean_parahippocampal_surfavg || id:enigma3-withglobal-parahippocampal-surfavg","Inverse variance weighted",54.7326565121946,26,0.000820048553897899]
["enigma3-withglobal-parahippocampal-surfavg","ukb-b-69","Non-cancer illness code, self-reported: chronic sinusitis || id:ukb-b-69","wSA_Mean_parahippocampal_surfavg || id:enigma3-withglobal-parahippocampal-surfavg","MR Egger",9.99378391057284,12,0.616506015088416]
["enigma3-withglobal-parahippocampal-surfavg","ukb-b-69","Non-cancer illness code, self-reported: chronic sinusitis || id:ukb-b-69","wSA_Mean_parahippocampal_surfavg || id:enigma3-withglobal-parahippocampal-surfavg","Inverse variance weighted",11.7458505406937,13,0.548586200629521]
["enigma3-withglobal-parahippocampal-surfavg","ukb-d-J32","Diagnoses - main ICD10: J32 Chronic sinusitis || id:ukb-d-J32","wSA_Mean_parahippocampal_surfavg || id:enigma3-withglobal-parahippocampal-surfavg","MR Egger",16.3537897805332,26,0.927310366125442]
["enigma3-withglobal-parahippocampal-surfavg","ukb-d-J32","Diagnoses - main ICD10: J32 Chronic sinusitis || id:ukb-d-J32","wSA_Mean_parahippocampal_surfavg || id:enigma3-withglobal-parahippocampal-surfavg","Inverse variance weighted",16.3881196128975,27,0.945140866471947]
["enigma3-withglobal-parahippocampal-surfavg","ukb-saige-471","Nasal polyps || id:ukb-saige-471","wSA_Mean_parahippocampal_surfavg || id:enigma3-withglobal-parahippocampal-surfavg","MR Egger",26.025113385939,22,0.250605344651555]
["enigma3-withglobal-parahippocampal-surfavg","ukb-saige-471","Nasal polyps || id:ukb-saige-471","wSA_Mean_parahippocampal_surfavg || id:enigma3-withglobal-parahippocampal-surfavg","Inverse variance weighted",26.0257237602018,23,0.299653346484041]
["enigma3-withglobal-parahippocampal-thickavg","ebi-eas-GCST90018603","Chronic sinusitis || id:ebi-eas-GCST90018603","wTHICK_Mean_parahippocampal_thickavg || id:enigma3-withglobal-parahippocampal-thickavg","MR Egger",33.5365239998123,26,0.147095708696754]
["enigma3-withglobal-parahippocampal-thickavg","ebi-eas-GCST90018603","Chronic sinusitis || id:ebi-eas-GCST90018603","wTHICK_Mean_parahippocampal_thickavg || id:enigma3-withglobal-parahippocampal-thickavg","Inverse variance weighted",34.6152562941147,27,0.148882243983172]
["enigma3-withglobal-parahippocampal-thickavg","finngen_R10_J10_CHRONSINUSITIS","outcome","wTHICK_Mean_parahippocampal_thickavg || id:enigma3-withglobal-parahippocampal-thickavg","MR Egger",42.4578717269999,33,0.125299917271448]
["enigma3-withglobal-parahippocampal-thickavg","finngen_R10_J10_CHRONSINUSITIS","outcome","wTHICK_Mean_parahippocampal_thickavg || id:enigma3-withglobal-parahippocampal-thickavg","Inverse variance weighted",44.0569874516116,34,0.115900142670939]
["enigma3-withglobal-parahippocampal-thickavg","ukb-b-69","Non-cancer illness code, self-reported: chronic sinusitis || id:ukb-b-69","wTHICK_Mean_parahippocampal_thickavg || id:enigma3-withglobal-parahippocampal-thickavg","MR Egger",26.5426059659389,21,0.186510382151872]
["enigma3-withglobal-parahippocampal-thickavg","ukb-b-69","Non-cancer illness code, self-reported: chronic sinusitis || id:ukb-b-69","wTHICK_Mean_parahippocampal_thickavg || id:enigma3-withglobal-parahippocampal-thickavg","Inverse variance weighted",29.6008965229528,22,0.128491638465531]
["enigma3-withglobal-parahippocampal-thickavg","ukb-d-J32","Diagnoses - main ICD10: J32 Chronic sinusitis || id:ukb-d-J32","wTHICK_Mean_parahippocampal_thickavg || id:enigma3-withglobal-parahippocampal-thickavg","MR Egger",34.4672396310752,35,0.493662514729853]
["enigma3-withglobal-parahippocampal-thickavg","ukb-d-J32","Diagnoses - main ICD10: J32 Chronic sinusitis || id:ukb-d-J32","wTHICK_Mean_parahippocampal_thickavg || id:enigma3-withglobal-parahippocampal-thickavg","Inverse variance weighted",35.0183174077431,36,0.515121246551286]
["enigma3-withglobal-parahippocampal-thickavg","ukb-saige-471","Nasal polyps || id:ukb-saige-471","wTHICK_Mean_parahippocampal_thickavg || id:enigma3-withglobal-parahippocampal-thickavg","MR Egger",38.8934943617045,30,0.128132680740269]
["enigma3-withglobal-parahippocampal-thickavg","ukb-saige-471","Nasal polyps || id:ukb-saige-471","wTHICK_Mean_parahippocampal_thickavg || id:enigma3-withglobal-parahippocampal-thickavg","Inverse variance weighted",38.9468668796846,31,0.154551084359066]
["enigma3-withglobal-parsopercularis-surfavg","ebi-eas-GCST90018603","Chronic sinusitis || id:ebi-eas-GCST90018603","wSA_Mean_parsopercularis_surfavg || id:enigma3-withglobal-parsopercularis-surfavg","MR Egger",15.6324418055199,22,0.833699596114865]
["enigma3-withglobal-parsopercularis-surfavg","ebi-eas-GCST90018603","Chronic sinusitis || id:ebi-eas-GCST90018603","wSA_Mean_parsopercularis_surfavg || id:enigma3-withglobal-parsopercularis-surfavg","Inverse variance weighted",16.8658798328297,23,0.815780811134396]
["enigma3-withglobal-parsopercularis-surfavg","finngen_R10_J10_CHRONSINUSITIS","outcome","wSA_Mean_parsopercularis_surfavg || id:enigma3-withglobal-parsopercularis-surfavg","MR Egger",34.3826080680484,30,0.26579594769154]
["enigma3-withglobal-parsopercularis-surfavg","finngen_R10_J10_CHRONSINUSITIS","outcome","wSA_Mean_parsopercularis_surfavg || id:enigma3-withglobal-parsopercularis-surfavg","Inverse variance weighted",34.4818868384593,31,0.304786063123105]
["enigma3-withglobal-parsopercularis-surfavg","ukb-b-69","Non-cancer illness code, self-reported: chronic sinusitis || id:ukb-b-69","wSA_Mean_parsopercularis_surfavg || id:enigma3-withglobal-parsopercularis-surfavg","MR Egger",22.2863968093295,19,0.270235450472467]
["enigma3-withglobal-parsopercularis-surfavg","ukb-b-69","Non-cancer illness code, self-reported: chronic sinusitis || id:ukb-b-69","wSA_Mean_parsopercularis_surfavg || id:enigma3-withglobal-parsopercularis-surfavg","Inverse variance weighted",22.655489008974,20,0.306025611767104]
["enigma3-withglobal-parsopercularis-surfavg","ukb-d-J32","Diagnoses - main ICD10: J32 Chronic sinusitis || id:ukb-d-J32","wSA_Mean_parsopercularis_surfavg || id:enigma3-withglobal-parsopercularis-surfavg","MR Egger",34.7699831923713,30,0.251106093708727]
["enigma3-withglobal-parsopercularis-surfavg","ukb-d-J32","Diagnoses - main ICD10: J32 Chronic sinusitis || id:ukb-d-J32","wSA_Mean_parsopercularis_surfavg || id:enigma3-withglobal-parsopercularis-surfavg","Inverse variance weighted",34.8016923714962,31,0.291727030077266]
["enigma3-withglobal-parsopercularis-surfavg","ukb-saige-471","Nasal polyps || id:ukb-saige-471","wSA_Mean_parsopercularis_surfavg || id:enigma3-withglobal-parsopercularis-surfavg","MR Egger",23.844146997942,30,0.77902973252253]
["enigma3-withglobal-parsopercularis-surfavg","ukb-saige-471","Nasal polyps || id:ukb-saige-471","wSA_Mean_parsopercularis_surfavg || id:enigma3-withglobal-parsopercularis-surfavg","Inverse variance weighted",23.9732633453328,31,0.811634064141003]
["enigma3-withglobal-parsopercularis-thickavg","ebi-eas-GCST90018603","Chronic sinusitis || id:ebi-eas-GCST90018603","wTHICK_Mean_parsopercularis_thickavg || id:enigma3-withglobal-parsopercularis-thickavg","MR Egger",23.3301029513845,17,0.138809339801606]
["enigma3-withglobal-parsopercularis-thickavg","ebi-eas-GCST90018603","Chronic sinusitis || id:ebi-eas-GCST90018603","wTHICK_Mean_parsopercularis_thickavg || id:enigma3-withglobal-parsopercularis-thickavg","Inverse variance weighted",23.9670007889783,18,0.156111865816953]
["enigma3-withglobal-parsopercularis-thickavg","finngen_R10_J10_CHRONSINUSITIS","outcome","wTHICK_Mean_parsopercularis_thickavg || id:enigma3-withglobal-parsopercularis-thickavg","MR Egger",31.4320187890975,27,0.253772549732777]
["enigma3-withglobal-parsopercularis-thickavg","finngen_R10_J10_CHRONSINUSITIS","outcome","wTHICK_Mean_parsopercularis_thickavg || id:enigma3-withglobal-parsopercularis-thickavg","Inverse variance weighted",31.9954205209481,28,0.274697324355566]
["enigma3-withglobal-parsopercularis-thickavg","ukb-b-69","Non-cancer illness code, self-reported: chronic sinusitis || id:ukb-b-69","wTHICK_Mean_parsopercularis_thickavg || id:enigma3-withglobal-parsopercularis-thickavg","MR Egger",28.616379193466,17,0.0382314987308103]
["enigma3-withglobal-parsopercularis-thickavg","ukb-b-69","Non-cancer illness code, self-reported: chronic sinusitis || id:ukb-b-69","wTHICK_Mean_parsopercularis_thickavg || id:enigma3-withglobal-parsopercularis-thickavg","Inverse variance weighted",29.0536406390177,18,0.0477274242062561]
["enigma3-withglobal-parsopercularis-thickavg","ukb-d-J32","Diagnoses - main ICD10: J32 Chronic sinusitis || id:ukb-d-J32","wTHICK_Mean_parsopercularis_thickavg || id:enigma3-withglobal-parsopercularis-thickavg","MR Egger",24.85821586588,28,0.635541193464676]
["enigma3-withglobal-parsopercularis-thickavg","ukb-d-J32","Diagnoses - main ICD10: J32 Chronic sinusitis || id:ukb-d-J32","wTHICK_Mean_parsopercularis_thickavg || id:enigma3-withglobal-parsopercularis-thickavg","Inverse variance weighted",25.0444196681013,29,0.675940382986715]
["enigma3-withglobal-parsopercularis-thickavg","ukb-saige-471","Nasal polyps || id:ukb-saige-471","wTHICK_Mean_parsopercularis_thickavg || id:enigma3-withglobal-parsopercularis-thickavg","MR Egger",28.7166708981313,26,0.32412290249251]
["enigma3-withglobal-parsopercularis-thickavg","ukb-saige-471","Nasal polyps || id:ukb-saige-471","wTHICK_Mean_parsopercularis_thickavg || id:enigma3-withglobal-parsopercularis-thickavg","Inverse variance weighted",29.1971941984807,27,0.351402534526201]
["enigma3-withglobal-parsorbitalis-surfavg","ebi-eas-GCST90018603","Chronic sinusitis || id:ebi-eas-GCST90018603","wSA_Mean_parsorbitalis_surfavg || id:enigma3-withglobal-parsorbitalis-surfavg","MR Egger",20.1293025822164,23,0.634099527665747]
["enigma3-withglobal-parsorbitalis-surfavg","ebi-eas-GCST90018603","Chronic sinusitis || id:ebi-eas-GCST90018603","wSA_Mean_parsorbitalis_surfavg || id:enigma3-withglobal-parsorbitalis-surfavg","Inverse variance weighted",20.1310011124791,24,0.689302484336552]
["enigma3-withglobal-parsorbitalis-surfavg","finngen_R10_J10_CHRONSINUSITIS","outcome","wSA_Mean_parsorbitalis_surfavg || id:enigma3-withglobal-parsorbitalis-surfavg","MR Egger",39.5673597051033,31,0.13909028199292]
["enigma3-withglobal-parsorbitalis-surfavg","finngen_R10_J10_CHRONSINUSITIS","outcome","wSA_Mean_parsorbitalis_surfavg || id:enigma3-withglobal-parsorbitalis-surfavg","Inverse variance weighted",39.7485874669226,32,0.163108157621861]
["enigma3-withglobal-parsorbitalis-surfavg","ukb-b-69","Non-cancer illness code, self-reported: chronic sinusitis || id:ukb-b-69","wSA_Mean_parsorbitalis_surfavg || id:enigma3-withglobal-parsorbitalis-surfavg","MR Egger",14.7434961704464,24,0.928040017122249]
["enigma3-withglobal-parsorbitalis-surfavg","ukb-b-69","Non-cancer illness code, self-reported: chronic sinusitis || id:ukb-b-69","wSA_Mean_parsorbitalis_surfavg || id:enigma3-withglobal-parsorbitalis-surfavg","Inverse variance weighted",14.7510370085064,25,0.947010034803962]
["enigma3-withglobal-parsorbitalis-surfavg","ukb-d-J32","Diagnoses - main ICD10: J32 Chronic sinusitis || id:ukb-d-J32","wSA_Mean_parsorbitalis_surfavg || id:enigma3-withglobal-parsorbitalis-surfavg","MR Egger",28.0612627882105,32,0.66632648083247]
["enigma3-withglobal-parsorbitalis-surfavg","ukb-d-J32","Diagnoses - main ICD10: J32 Chronic sinusitis || id:ukb-d-J32","wSA_Mean_parsorbitalis_surfavg || id:enigma3-withglobal-parsorbitalis-surfavg","Inverse variance weighted",30.1052336530714,33,0.611993354338951]
["enigma3-withglobal-parsorbitalis-surfavg","ukb-saige-471","Nasal polyps || id:ukb-saige-471","wSA_Mean_parsorbitalis_surfavg || id:enigma3-withglobal-parsorbitalis-surfavg","MR Egger",26.5199667955537,31,0.696055908763924]
["enigma3-withglobal-parsorbitalis-surfavg","ukb-saige-471","Nasal polyps || id:ukb-saige-471","wSA_Mean_parsorbitalis_surfavg || id:enigma3-withglobal-parsorbitalis-surfavg","Inverse variance weighted",27.3288411445847,32,0.702114468202231]
["enigma3-withglobal-parsorbitalis-thickavg","ebi-eas-GCST90018603","Chronic sinusitis || id:ebi-eas-GCST90018603","wTHICK_Mean_parsorbitalis_thickavg || id:enigma3-withglobal-parsorbitalis-thickavg","MR Egger",7.38005224790239,15,0.946233135871859]
["enigma3-withglobal-parsorbitalis-thickavg","ebi-eas-GCST90018603","Chronic sinusitis || id:ebi-eas-GCST90018603","wTHICK_Mean_parsorbitalis_thickavg || id:enigma3-withglobal-parsorbitalis-thickavg","Inverse variance weighted",8.27824523703385,16,0.940147800906824]
["enigma3-withglobal-parsorbitalis-thickavg","finngen_R10_J10_CHRONSINUSITIS","outcome","wTHICK_Mean_parsorbitalis_thickavg || id:enigma3-withglobal-parsorbitalis-thickavg","MR Egger",14.0344271623817,17,0.664663483843113]
["enigma3-withglobal-parsorbitalis-thickavg","finngen_R10_J10_CHRONSINUSITIS","outcome","wTHICK_Mean_parsorbitalis_thickavg || id:enigma3-withglobal-parsorbitalis-thickavg","Inverse variance weighted",15.0511138556296,18,0.658454484925109]
["enigma3-withglobal-parsorbitalis-thickavg","ukb-b-69","Non-cancer illness code, self-reported: chronic sinusitis || id:ukb-b-69","wTHICK_Mean_parsorbitalis_thickavg || id:enigma3-withglobal-parsorbitalis-thickavg","MR Egger",14.6142319124549,11,0.200847331446348]
["enigma3-withglobal-parsorbitalis-thickavg","ukb-b-69","Non-cancer illness code, self-reported: chronic sinusitis || id:ukb-b-69","wTHICK_Mean_parsorbitalis_thickavg || id:enigma3-withglobal-parsorbitalis-thickavg","Inverse variance weighted",15.5686443565743,12,0.211800998589411]
["enigma3-withglobal-parsorbitalis-thickavg","ukb-d-J32","Diagnoses - main ICD10: J32 Chronic sinusitis || id:ukb-d-J32","wTHICK_Mean_parsorbitalis_thickavg || id:enigma3-withglobal-parsorbitalis-thickavg","MR Egger",21.416109507045,19,0.314270557677528]
["enigma3-withglobal-parsorbitalis-thickavg","ukb-d-J32","Diagnoses - main ICD10: J32 Chronic sinusitis || id:ukb-d-J32","wTHICK_Mean_parsorbitalis_thickavg || id:enigma3-withglobal-parsorbitalis-thickavg","Inverse variance weighted",22.8506102614093,20,0.296189313245371]
["enigma3-withglobal-parsorbitalis-thickavg","ukb-saige-471","Nasal polyps || id:ukb-saige-471","wTHICK_Mean_parsorbitalis_thickavg || id:enigma3-withglobal-parsorbitalis-thickavg","MR Egger",9.94981914967942,18,0.933531897828655]
["enigma3-withglobal-parsorbitalis-thickavg","ukb-saige-471","Nasal polyps || id:ukb-saige-471","wTHICK_Mean_parsorbitalis_thickavg || id:enigma3-withglobal-parsorbitalis-thickavg","Inverse variance weighted",10.4529575789697,19,0.940873627876349]
["enigma3-withglobal-parstriangularis-surfavg","ebi-eas-GCST90018603","Chronic sinusitis || id:ebi-eas-GCST90018603","wSA_Mean_parstriangularis_surfavg || id:enigma3-withglobal-parstriangularis-surfavg","MR Egger",43.9896169750924,36,0.169265892270335]
["enigma3-withglobal-parstriangularis-surfavg","ebi-eas-GCST90018603","Chronic sinusitis || id:ebi-eas-GCST90018603","wSA_Mean_parstriangularis_surfavg || id:enigma3-withglobal-parstriangularis-surfavg","Inverse variance weighted",45.048475830588,37,0.170662245621281]
["enigma3-withglobal-parstriangularis-surfavg","finngen_R10_J10_CHRONSINUSITIS","outcome","wSA_Mean_parstriangularis_surfavg || id:enigma3-withglobal-parstriangularis-surfavg","MR Egger",91.7778162811811,51,0.00040287120485969]
["enigma3-withglobal-parstriangularis-surfavg","finngen_R10_J10_CHRONSINUSITIS","outcome","wSA_Mean_parstriangularis_surfavg || id:enigma3-withglobal-parstriangularis-surfavg","Inverse variance weighted",92.6851499363677,52,0.000446110229875386]
["enigma3-withglobal-parstriangularis-surfavg","ukb-b-69","Non-cancer illness code, self-reported: chronic sinusitis || id:ukb-b-69","wSA_Mean_parstriangularis_surfavg || id:enigma3-withglobal-parstriangularis-surfavg","MR Egger",29.3358059676365,36,0.776347065628668]
["enigma3-withglobal-parstriangularis-surfavg","ukb-b-69","Non-cancer illness code, self-reported: chronic sinusitis || id:ukb-b-69","wSA_Mean_parstriangularis_surfavg || id:enigma3-withglobal-parstriangularis-surfavg","Inverse variance weighted",31.7193051140416,37,0.71471720342706]
["enigma3-withglobal-parstriangularis-surfavg","ukb-d-J32","Diagnoses - main ICD10: J32 Chronic sinusitis || id:ukb-d-J32","wSA_Mean_parstriangularis_surfavg || id:enigma3-withglobal-parstriangularis-surfavg","MR Egger",44.2640388055025,51,0.736303519095308]
["enigma3-withglobal-parstriangularis-surfavg","ukb-d-J32","Diagnoses - main ICD10: J32 Chronic sinusitis || id:ukb-d-J32","wSA_Mean_parstriangularis_surfavg || id:enigma3-withglobal-parstriangularis-surfavg","Inverse variance weighted",44.6433914274741,52,0.755617857124936]
["enigma3-withglobal-parstriangularis-surfavg","ukb-saige-471","Nasal polyps || id:ukb-saige-471","wSA_Mean_parstriangularis_surfavg || id:enigma3-withglobal-parstriangularis-surfavg","MR Egger",65.886324055074,46,0.0287084505609057]
["enigma3-withglobal-parstriangularis-surfavg","ukb-saige-471","Nasal polyps || id:ukb-saige-471","wSA_Mean_parstriangularis_surfavg || id:enigma3-withglobal-parstriangularis-surfavg","Inverse variance weighted",66.2378484518511,47,0.0335640210431636]
["enigma3-withglobal-parstriangularis-thickavg","ebi-eas-GCST90018603","Chronic sinusitis || id:ebi-eas-GCST90018603","wTHICK_Mean_parstriangularis_thickavg || id:enigma3-withglobal-parstriangularis-thickavg","MR Egger",12.5691974876761,15,0.635534260825769]
["enigma3-withglobal-parstriangularis-thickavg","ebi-eas-GCST90018603","Chronic sinusitis || id:ebi-eas-GCST90018603","wTHICK_Mean_parstriangularis_thickavg || id:enigma3-withglobal-parstriangularis-thickavg","Inverse variance weighted",13.2146349187032,16,0.657004326370814]
["enigma3-withglobal-parstriangularis-thickavg","finngen_R10_J10_CHRONSINUSITIS","outcome","wTHICK_Mean_parstriangularis_thickavg || id:enigma3-withglobal-parstriangularis-thickavg","MR Egger",28.2986983548132,28,0.448706156396654]
["enigma3-withglobal-parstriangularis-thickavg","finngen_R10_J10_CHRONSINUSITIS","outcome","wTHICK_Mean_parstriangularis_thickavg || id:enigma3-withglobal-parstriangularis-thickavg","Inverse variance weighted",29.5647582771391,29,0.435960675220201]
["enigma3-withglobal-parstriangularis-thickavg","ukb-b-69","Non-cancer illness code, self-reported: chronic sinusitis || id:ukb-b-69","wTHICK_Mean_parstriangularis_thickavg || id:enigma3-withglobal-parstriangularis-thickavg","MR Egger",7.37407931021126,14,0.919328039403596]
["enigma3-withglobal-parstriangularis-thickavg","ukb-b-69","Non-cancer illness code, self-reported: chronic sinusitis || id:ukb-b-69","wTHICK_Mean_parstriangularis_thickavg || id:enigma3-withglobal-parstriangularis-thickavg","Inverse variance weighted",7.52011102415359,15,0.941580037247283]
["enigma3-withglobal-parstriangularis-thickavg","ukb-d-J32","Diagnoses - main ICD10: J32 Chronic sinusitis || id:ukb-d-J32","wTHICK_Mean_parstriangularis_thickavg || id:enigma3-withglobal-parstriangularis-thickavg","MR Egger",23.9492361940661,26,0.578868097905439]
["enigma3-withglobal-parstriangularis-thickavg","ukb-d-J32","Diagnoses - main ICD10: J32 Chronic sinusitis || id:ukb-d-J32","wTHICK_Mean_parstriangularis_thickavg || id:enigma3-withglobal-parstriangularis-thickavg","Inverse variance weighted",23.9952213413583,27,0.630581158028118]
["enigma3-withglobal-parstriangularis-thickavg","ukb-saige-471","Nasal polyps || id:ukb-saige-471","wTHICK_Mean_parstriangularis_thickavg || id:enigma3-withglobal-parstriangularis-thickavg","MR Egger",22.7527737710438,27,0.698220247836902]
["enigma3-withglobal-parstriangularis-thickavg","ukb-saige-471","Nasal polyps || id:ukb-saige-471","wTHICK_Mean_parstriangularis_thickavg || id:enigma3-withglobal-parstriangularis-thickavg","Inverse variance weighted",24.654695370753,28,0.646557766177161]
["enigma3-withglobal-pericalcarine-surfavg","ebi-eas-GCST90018603","Chronic sinusitis || id:ebi-eas-GCST90018603","wSA_Mean_pericalcarine_surfavg || id:enigma3-withglobal-pericalcarine-surfavg","MR Egger",39.2758539689486,47,0.780901056155743]
["enigma3-withglobal-pericalcarine-surfavg","ebi-eas-GCST90018603","Chronic sinusitis || id:ebi-eas-GCST90018603","wSA_Mean_pericalcarine_surfavg || id:enigma3-withglobal-pericalcarine-surfavg","Inverse variance weighted",39.2767898877156,48,0.811003966659211]
["enigma3-withglobal-pericalcarine-surfavg","finngen_R10_J10_CHRONSINUSITIS","outcome","wSA_Mean_pericalcarine_surfavg || id:enigma3-withglobal-pericalcarine-surfavg","MR Egger",77.3350703236394,61,0.0772979493128108]
["enigma3-withglobal-pericalcarine-surfavg","finngen_R10_J10_CHRONSINUSITIS","outcome","wSA_Mean_pericalcarine_surfavg || id:enigma3-withglobal-pericalcarine-surfavg","Inverse variance weighted",77.9297074123786,62,0.0834311989268088]
["enigma3-withglobal-pericalcarine-surfavg","ukb-b-69","Non-cancer illness code, self-reported: chronic sinusitis || id:ukb-b-69","wSA_Mean_pericalcarine_surfavg || id:enigma3-withglobal-pericalcarine-surfavg","MR Egger",45.5774947331936,45,0.447932439505061]
["enigma3-withglobal-pericalcarine-surfavg","ukb-b-69","Non-cancer illness code, self-reported: chronic sinusitis || id:ukb-b-69","wSA_Mean_pericalcarine_surfavg || id:enigma3-withglobal-pericalcarine-surfavg","Inverse variance weighted",46.3967998642598,46,0.455896453687238]
["enigma3-withglobal-pericalcarine-surfavg","ukb-d-J32","Diagnoses - main ICD10: J32 Chronic sinusitis || id:ukb-d-J32","wSA_Mean_pericalcarine_surfavg || id:enigma3-withglobal-pericalcarine-surfavg","MR Egger",79.3394555467106,64,0.0936865920826169]
["enigma3-withglobal-pericalcarine-surfavg","ukb-d-J32","Diagnoses - main ICD10: J32 Chronic sinusitis || id:ukb-d-J32","wSA_Mean_pericalcarine_surfavg || id:enigma3-withglobal-pericalcarine-surfavg","Inverse variance weighted",80.064698762241,65,0.0987763372496478]
["enigma3-withglobal-pericalcarine-surfavg","ukb-saige-471","Nasal polyps || id:ukb-saige-471","wSA_Mean_pericalcarine_surfavg || id:enigma3-withglobal-pericalcarine-surfavg","MR Egger",68.943532875695,59,0.176422205573431]
["enigma3-withglobal-pericalcarine-surfavg","ukb-saige-471","Nasal polyps || id:ukb-saige-471","wSA_Mean_pericalcarine_surfavg || id:enigma3-withglobal-pericalcarine-surfavg","Inverse variance weighted",69.6723675904259,60,0.18415022849169]
["enigma3-withglobal-pericalcarine-thickavg","ebi-eas-GCST90018603","Chronic sinusitis || id:ebi-eas-GCST90018603","wTHICK_Mean_pericalcarine_thickavg || id:enigma3-withglobal-pericalcarine-thickavg","MR Egger",12.5875365201779,11,0.321135887061371]
["enigma3-withglobal-pericalcarine-thickavg","ebi-eas-GCST90018603","Chronic sinusitis || id:ebi-eas-GCST90018603","wTHICK_Mean_pericalcarine_thickavg || id:enigma3-withglobal-pericalcarine-thickavg","Inverse variance weighted",13.4248868628188,12,0.338928875122208]
["enigma3-withglobal-pericalcarine-thickavg","finngen_R10_J10_CHRONSINUSITIS","outcome","wTHICK_Mean_pericalcarine_thickavg || id:enigma3-withglobal-pericalcarine-thickavg","MR Egger",29.1719151821366,21,0.109934928002196]
["enigma3-withglobal-pericalcarine-thickavg","finngen_R10_J10_CHRONSINUSITIS","outcome","wTHICK_Mean_pericalcarine_thickavg || id:enigma3-withglobal-pericalcarine-thickavg","Inverse variance weighted",30.0189157265355,22,0.118005381951979]
["enigma3-withglobal-pericalcarine-thickavg","ukb-b-69","Non-cancer illness code, self-reported: chronic sinusitis || id:ukb-b-69","wTHICK_Mean_pericalcarine_thickavg || id:enigma3-withglobal-pericalcarine-thickavg","MR Egger",4.11476543240281,9,0.903697739048005]
["enigma3-withglobal-pericalcarine-thickavg","ukb-b-69","Non-cancer illness code, self-reported: chronic sinusitis || id:ukb-b-69","wTHICK_Mean_pericalcarine_thickavg || id:enigma3-withglobal-pericalcarine-thickavg","Inverse variance weighted",4.71944147025403,10,0.909114615739123]
["enigma3-withglobal-pericalcarine-thickavg","ukb-d-J32","Diagnoses - main ICD10: J32 Chronic sinusitis || id:ukb-d-J32","wTHICK_Mean_pericalcarine_thickavg || id:enigma3-withglobal-pericalcarine-thickavg","MR Egger",18.4382922612351,20,0.55855985642566]
["enigma3-withglobal-pericalcarine-thickavg","ukb-d-J32","Diagnoses - main ICD10: J32 Chronic sinusitis || id:ukb-d-J32","wTHICK_Mean_pericalcarine_thickavg || id:enigma3-withglobal-pericalcarine-thickavg","Inverse variance weighted",18.697463868915,21,0.604540527893814]
["enigma3-withglobal-pericalcarine-thickavg","ukb-saige-471","Nasal polyps || id:ukb-saige-471","wTHICK_Mean_pericalcarine_thickavg || id:enigma3-withglobal-pericalcarine-thickavg","MR Egger",19.0761487947345,18,0.387148395191471]
["enigma3-withglobal-pericalcarine-thickavg","ukb-saige-471","Nasal polyps || id:ukb-saige-471","wTHICK_Mean_pericalcarine_thickavg || id:enigma3-withglobal-pericalcarine-thickavg","Inverse variance weighted",20.8570365689713,19,0.344753887150177]
["enigma3-withglobal-postcentral-surfavg","ebi-eas-GCST90018603","Chronic sinusitis || id:ebi-eas-GCST90018603","wSA_Mean_postcentral_surfavg || id:enigma3-withglobal-postcentral-surfavg","MR Egger",14.1184702329296,18,0.721336315562724]
["enigma3-withglobal-postcentral-surfavg","ebi-eas-GCST90018603","Chronic sinusitis || id:ebi-eas-GCST90018603","wSA_Mean_postcentral_surfavg || id:enigma3-withglobal-postcentral-surfavg","Inverse variance weighted",14.1696213622653,19,0.773714961424851]
["enigma3-withglobal-postcentral-surfavg","finngen_R10_J10_CHRONSINUSITIS","outcome","wSA_Mean_postcentral_surfavg || id:enigma3-withglobal-postcentral-surfavg","MR Egger",30.7645991003672,26,0.237153047714979]
["enigma3-withglobal-postcentral-surfavg","finngen_R10_J10_CHRONSINUSITIS","outcome","wSA_Mean_postcentral_surfavg || id:enigma3-withglobal-postcentral-surfavg","Inverse variance weighted",38.097074501739,27,0.0763406629715734]
["enigma3-withglobal-postcentral-surfavg","ukb-b-69","Non-cancer illness code, self-reported: chronic sinusitis || id:ukb-b-69","wSA_Mean_postcentral_surfavg || id:enigma3-withglobal-postcentral-surfavg","MR Egger",15.2265941718733,21,0.811412610452397]
["enigma3-withglobal-postcentral-surfavg","ukb-b-69","Non-cancer illness code, self-reported: chronic sinusitis || id:ukb-b-69","wSA_Mean_postcentral_surfavg || id:enigma3-withglobal-postcentral-surfavg","Inverse variance weighted",16.1573690144019,22,0.807999393902975]
["enigma3-withglobal-postcentral-surfavg","ukb-d-J32","Diagnoses - main ICD10: J32 Chronic sinusitis || id:ukb-d-J32","wSA_Mean_postcentral_surfavg || id:enigma3-withglobal-postcentral-surfavg","MR Egger",38.249222264215,28,0.0937758030548095]
["enigma3-withglobal-postcentral-surfavg","ukb-d-J32","Diagnoses - main ICD10: J32 Chronic sinusitis || id:ukb-d-J32","wSA_Mean_postcentral_surfavg || id:enigma3-withglobal-postcentral-surfavg","Inverse variance weighted",38.3504790603948,29,0.114738371753394]
["enigma3-withglobal-postcentral-surfavg","ukb-saige-471","Nasal polyps || id:ukb-saige-471","wSA_Mean_postcentral_surfavg || id:enigma3-withglobal-postcentral-surfavg","MR Egger",32.0255401086069,29,0.318753362286979]
["enigma3-withglobal-postcentral-surfavg","ukb-saige-471","Nasal polyps || id:ukb-saige-471","wSA_Mean_postcentral_surfavg || id:enigma3-withglobal-postcentral-surfavg","Inverse variance weighted",32.2177844053571,30,0.357468297229792]
["enigma3-withglobal-postcentral-thickavg","ebi-eas-GCST90018603","Chronic sinusitis || id:ebi-eas-GCST90018603","wTHICK_Mean_postcentral_thickavg || id:enigma3-withglobal-postcentral-thickavg","MR Egger",27.8621617431697,29,0.525291878767273]
["enigma3-withglobal-postcentral-thickavg","ebi-eas-GCST90018603","Chronic sinusitis || id:ebi-eas-GCST90018603","wTHICK_Mean_postcentral_thickavg || id:enigma3-withglobal-postcentral-thickavg","Inverse variance weighted",28.4856558357991,30,0.544717489117426]
["enigma3-withglobal-postcentral-thickavg","finngen_R10_J10_CHRONSINUSITIS","outcome","wTHICK_Mean_postcentral_thickavg || id:enigma3-withglobal-postcentral-thickavg","MR Egger",50.6477423216977,38,0.0822722194496591]
["enigma3-withglobal-postcentral-thickavg","finngen_R10_J10_CHRONSINUSITIS","outcome","wTHICK_Mean_postcentral_thickavg || id:enigma3-withglobal-postcentral-thickavg","Inverse variance weighted",51.8543832033739,39,0.0816044951679568]
["enigma3-withglobal-postcentral-thickavg","ukb-b-69","Non-cancer illness code, self-reported: chronic sinusitis || id:ukb-b-69","wTHICK_Mean_postcentral_thickavg || id:enigma3-withglobal-postcentral-thickavg","MR Egger",35.0765778559535,24,0.0672733931288303]
["enigma3-withglobal-postcentral-thickavg","ukb-b-69","Non-cancer illness code, self-reported: chronic sinusitis || id:ukb-b-69","wTHICK_Mean_postcentral_thickavg || id:enigma3-withglobal-postcentral-thickavg","Inverse variance weighted",35.0889741806031,25,0.0866055630504612]
["enigma3-withglobal-postcentral-thickavg","ukb-d-J32","Diagnoses - main ICD10: J32 Chronic sinusitis || id:ukb-d-J32","wTHICK_Mean_postcentral_thickavg || id:enigma3-withglobal-postcentral-thickavg","MR Egger",41.2130053165139,40,0.417337864543302]
["enigma3-withglobal-postcentral-thickavg","ukb-d-J32","Diagnoses - main ICD10: J32 Chronic sinusitis || id:ukb-d-J32","wTHICK_Mean_postcentral_thickavg || id:enigma3-withglobal-postcentral-thickavg","Inverse variance weighted",42.3809198421642,41,0.411254182415075]
["enigma3-withglobal-postcentral-thickavg","ukb-saige-471","Nasal polyps || id:ukb-saige-471","wTHICK_Mean_postcentral_thickavg || id:enigma3-withglobal-postcentral-thickavg","MR Egger",47.7565240849458,36,0.090951001275517]
["enigma3-withglobal-postcentral-thickavg","ukb-saige-471","Nasal polyps || id:ukb-saige-471","wTHICK_Mean_postcentral_thickavg || id:enigma3-withglobal-postcentral-thickavg","Inverse variance weighted",47.8595044923513,37,0.108907029841278]
["enigma3-withglobal-posteriorcingulate-surfavg","ebi-eas-GCST90018603","Chronic sinusitis || id:ebi-eas-GCST90018603","wSA_Mean_posteriorcingulate_surfavg || id:enigma3-withglobal-posteriorcingulate-surfavg","MR Egger",14.1996437393317,19,0.771931159908357]
["enigma3-withglobal-posteriorcingulate-surfavg","ebi-eas-GCST90018603","Chronic sinusitis || id:ebi-eas-GCST90018603","wSA_Mean_posteriorcingulate_surfavg || id:enigma3-withglobal-posteriorcingulate-surfavg","Inverse variance weighted",14.2000842146906,20,0.820207975396134]
["enigma3-withglobal-posteriorcingulate-surfavg","finngen_R10_J10_CHRONSINUSITIS","outcome","wSA_Mean_posteriorcingulate_surfavg || id:enigma3-withglobal-posteriorcingulate-surfavg","MR Egger",41.2282285135707,24,0.0157215932936273]
["enigma3-withglobal-posteriorcingulate-surfavg","finngen_R10_J10_CHRONSINUSITIS","outcome","wSA_Mean_posteriorcingulate_surfavg || id:enigma3-withglobal-posteriorcingulate-surfavg","Inverse variance weighted",41.6487569181637,25,0.0195983498725025]
["enigma3-withglobal-posteriorcingulate-surfavg","ukb-b-69","Non-cancer illness code, self-reported: chronic sinusitis || id:ukb-b-69","wSA_Mean_posteriorcingulate_surfavg || id:enigma3-withglobal-posteriorcingulate-surfavg","MR Egger",28.8295634524892,18,0.0505022479718096]
["enigma3-withglobal-posteriorcingulate-surfavg","ukb-b-69","Non-cancer illness code, self-reported: chronic sinusitis || id:ukb-b-69","wSA_Mean_posteriorcingulate_surfavg || id:enigma3-withglobal-posteriorcingulate-surfavg","Inverse variance weighted",30.9481687605626,19,0.0409046287887881]
["enigma3-withglobal-posteriorcingulate-surfavg","ukb-d-J32","Diagnoses - main ICD10: J32 Chronic sinusitis || id:ukb-d-J32","wSA_Mean_posteriorcingulate_surfavg || id:enigma3-withglobal-posteriorcingulate-surfavg","MR Egger",33.3182685110743,24,0.0975341619054903]
["enigma3-withglobal-posteriorcingulate-surfavg","ukb-d-J32","Diagnoses - main ICD10: J32 Chronic sinusitis || id:ukb-d-J32","wSA_Mean_posteriorcingulate_surfavg || id:enigma3-withglobal-posteriorcingulate-surfavg","Inverse variance weighted",33.4538251786717,25,0.120107286393156]
["enigma3-withglobal-posteriorcingulate-surfavg","ukb-saige-471","Nasal polyps || id:ukb-saige-471","wSA_Mean_posteriorcingulate_surfavg || id:enigma3-withglobal-posteriorcingulate-surfavg","MR Egger",26.791927798315,22,0.219236059833137]
["enigma3-withglobal-posteriorcingulate-surfavg","ukb-saige-471","Nasal polyps || id:ukb-saige-471","wSA_Mean_posteriorcingulate_surfavg || id:enigma3-withglobal-posteriorcingulate-surfavg","Inverse variance weighted",26.8073048117931,23,0.264255843179481]
["enigma3-withglobal-posteriorcingulate-thickavg","ebi-eas-GCST90018603","Chronic sinusitis || id:ebi-eas-GCST90018603","wTHICK_Mean_posteriorcingulate_thickavg || id:enigma3-withglobal-posteriorcingulate-thickavg","MR Egger",27.2052396565762,24,0.294977578557374]
["enigma3-withglobal-posteriorcingulate-thickavg","ebi-eas-GCST90018603","Chronic sinusitis || id:ebi-eas-GCST90018603","wTHICK_Mean_posteriorcingulate_thickavg || id:enigma3-withglobal-posteriorcingulate-thickavg","Inverse variance weighted",27.2106198946315,25,0.345445147736777]
["enigma3-withglobal-posteriorcingulate-thickavg","finngen_R10_J10_CHRONSINUSITIS","outcome","wTHICK_Mean_posteriorcingulate_thickavg || id:enigma3-withglobal-posteriorcingulate-thickavg","MR Egger",47.6645409802216,26,0.00590593279477494]
["enigma3-withglobal-posteriorcingulate-thickavg","finngen_R10_J10_CHRONSINUSITIS","outcome","wTHICK_Mean_posteriorcingulate_thickavg || id:enigma3-withglobal-posteriorcingulate-thickavg","Inverse variance weighted",47.8491968162676,27,0.00798134875543251]
["enigma3-withglobal-posteriorcingulate-thickavg","ukb-b-69","Non-cancer illness code, self-reported: chronic sinusitis || id:ukb-b-69","wTHICK_Mean_posteriorcingulate_thickavg || id:enigma3-withglobal-posteriorcingulate-thickavg","MR Egger",25.1701609371874,18,0.120300387414926]
["enigma3-withglobal-posteriorcingulate-thickavg","ukb-b-69","Non-cancer illness code, self-reported: chronic sinusitis || id:ukb-b-69","wTHICK_Mean_posteriorcingulate_thickavg || id:enigma3-withglobal-posteriorcingulate-thickavg","Inverse variance weighted",26.733874879125,19,0.11100621995941]
["enigma3-withglobal-posteriorcingulate-thickavg","ukb-d-J32","Diagnoses - main ICD10: J32 Chronic sinusitis || id:ukb-d-J32","wTHICK_Mean_posteriorcingulate_thickavg || id:enigma3-withglobal-posteriorcingulate-thickavg","MR Egger",41.7986415374262,28,0.045289338507283]
["enigma3-withglobal-posteriorcingulate-thickavg","ukb-d-J32","Diagnoses - main ICD10: J32 Chronic sinusitis || id:ukb-d-J32","wTHICK_Mean_posteriorcingulate_thickavg || id:enigma3-withglobal-posteriorcingulate-thickavg","Inverse variance weighted",41.8903396699118,29,0.0574462067965011]
["enigma3-withglobal-posteriorcingulate-thickavg","ukb-saige-471","Nasal polyps || id:ukb-saige-471","wTHICK_Mean_posteriorcingulate_thickavg || id:enigma3-withglobal-posteriorcingulate-thickavg","MR Egger",17.3445245228209,26,0.898305587914495]
["enigma3-withglobal-posteriorcingulate-thickavg","ukb-saige-471","Nasal polyps || id:ukb-saige-471","wTHICK_Mean_posteriorcingulate_thickavg || id:enigma3-withglobal-posteriorcingulate-thickavg","Inverse variance weighted",17.9541586381571,27,0.904914586195205]
["enigma3-withglobal-precentral-surfavg","ebi-eas-GCST90018603","Chronic sinusitis || id:ebi-eas-GCST90018603","wSA_Mean_precentral_surfavg || id:enigma3-withglobal-precentral-surfavg","MR Egger",26.6160526141382,24,0.322665298986847]
["enigma3-withglobal-precentral-surfavg","ebi-eas-GCST90018603","Chronic sinusitis || id:ebi-eas-GCST90018603","wSA_Mean_precentral_surfavg || id:enigma3-withglobal-precentral-surfavg","Inverse variance weighted",26.6166033942039,25,0.375305399104912]
["enigma3-withglobal-precentral-surfavg","finngen_R10_J10_CHRONSINUSITIS","outcome","wSA_Mean_precentral_surfavg || id:enigma3-withglobal-precentral-surfavg","MR Egger",28.1808051288458,27,0.401696981332001]
["enigma3-withglobal-precentral-surfavg","finngen_R10_J10_CHRONSINUSITIS","outcome","wSA_Mean_precentral_surfavg || id:enigma3-withglobal-precentral-surfavg","Inverse variance weighted",35.5735572499019,28,0.153781374335633]
["enigma3-withglobal-precentral-surfavg","ukb-b-69","Non-cancer illness code, self-reported: chronic sinusitis || id:ukb-b-69","wSA_Mean_precentral_surfavg || id:enigma3-withglobal-precentral-surfavg","MR Egger",10.4178936379437,17,0.885178147156308]
["enigma3-withglobal-precentral-surfavg","ukb-b-69","Non-cancer illness code, self-reported: chronic sinusitis || id:ukb-b-69","wSA_Mean_precentral_surfavg || id:enigma3-withglobal-precentral-surfavg","Inverse variance weighted",10.5830275714976,18,0.911206506127574]
["enigma3-withglobal-precentral-surfavg","ukb-d-J32","Diagnoses - main ICD10: J32 Chronic sinusitis || id:ukb-d-J32","wSA_Mean_precentral_surfavg || id:enigma3-withglobal-precentral-surfavg","MR Egger",21.5872032676625,27,0.758046479428438]
["enigma3-withglobal-precentral-surfavg","ukb-d-J32","Diagnoses - main ICD10: J32 Chronic sinusitis || id:ukb-d-J32","wSA_Mean_precentral_surfavg || id:enigma3-withglobal-precentral-surfavg","Inverse variance weighted",22.9768758784851,28,0.734196780391461]
["enigma3-withglobal-precentral-surfavg","ukb-saige-471","Nasal polyps || id:ukb-saige-471","wSA_Mean_precentral_surfavg || id:enigma3-withglobal-precentral-surfavg","MR Egger",14.1455366892603,23,0.922627716986168]
["enigma3-withglobal-precentral-surfavg","ukb-saige-471","Nasal polyps || id:ukb-saige-471","wSA_Mean_precentral_surfavg || id:enigma3-withglobal-precentral-surfavg","Inverse variance weighted",14.5884621062982,24,0.932224686971598]
["enigma3-withglobal-precentral-thickavg","ebi-eas-GCST90018603","Chronic sinusitis || id:ebi-eas-GCST90018603","wTHICK_Mean_precentral_thickavg || id:enigma3-withglobal-precentral-thickavg","MR Egger",14.7844814478497,15,0.467050018143375]
["enigma3-withglobal-precentral-thickavg","ebi-eas-GCST90018603","Chronic sinusitis || id:ebi-eas-GCST90018603","wTHICK_Mean_precentral_thickavg || id:enigma3-withglobal-precentral-thickavg","Inverse variance weighted",18.348101260119,16,0.303910557771781]
["enigma3-withglobal-precentral-thickavg","finngen_R10_J10_CHRONSINUSITIS","outcome","wTHICK_Mean_precentral_thickavg || id:enigma3-withglobal-precentral-thickavg","MR Egger",23.6329788675906,25,0.540652648570933]
["enigma3-withglobal-precentral-thickavg","finngen_R10_J10_CHRONSINUSITIS","outcome","wTHICK_Mean_precentral_thickavg || id:enigma3-withglobal-precentral-thickavg","Inverse variance weighted",23.6385850287466,26,0.596622946224993]
["enigma3-withglobal-precentral-thickavg","ukb-b-69","Non-cancer illness code, self-reported: chronic sinusitis || id:ukb-b-69","wTHICK_Mean_precentral_thickavg || id:enigma3-withglobal-precentral-thickavg","MR Egger",14.6152637446283,15,0.479468702665535]
["enigma3-withglobal-precentral-thickavg","ukb-b-69","Non-cancer illness code, self-reported: chronic sinusitis || id:ukb-b-69","wTHICK_Mean_precentral_thickavg || id:enigma3-withglobal-precentral-thickavg","Inverse variance weighted",17.0749556249461,16,0.38076286517248]
["enigma3-withglobal-precentral-thickavg","ukb-d-J32","Diagnoses - main ICD10: J32 Chronic sinusitis || id:ukb-d-J32","wTHICK_Mean_precentral_thickavg || id:enigma3-withglobal-precentral-thickavg","MR Egger",20.8726488280597,26,0.748507428090966]
["enigma3-withglobal-precentral-thickavg","ukb-d-J32","Diagnoses - main ICD10: J32 Chronic sinusitis || id:ukb-d-J32","wTHICK_Mean_precentral_thickavg || id:enigma3-withglobal-precentral-thickavg","Inverse variance weighted",22.4740276650894,27,0.712918834052424]
["enigma3-withglobal-precentral-thickavg","ukb-saige-471","Nasal polyps || id:ukb-saige-471","wTHICK_Mean_precentral_thickavg || id:enigma3-withglobal-precentral-thickavg","MR Egger",20.1213110449783,25,0.740433135425032]
["enigma3-withglobal-precentral-thickavg","ukb-saige-471","Nasal polyps || id:ukb-saige-471","wTHICK_Mean_precentral_thickavg || id:enigma3-withglobal-precentral-thickavg","Inverse variance weighted",23.9900060782188,26,0.576536740375769]
["enigma3-withglobal-precuneus-surfavg","ebi-eas-GCST90018603","Chronic sinusitis || id:ebi-eas-GCST90018603","wSA_Mean_precuneus_surfavg || id:enigma3-withglobal-precuneus-surfavg","MR Egger",34.2583681865009,37,0.598263695388847]
["enigma3-withglobal-precuneus-surfavg","ebi-eas-GCST90018603","Chronic sinusitis || id:ebi-eas-GCST90018603","wSA_Mean_precuneus_surfavg || id:enigma3-withglobal-precuneus-surfavg","Inverse variance weighted",35.4676247141899,38,0.587142977273257]
["enigma3-withglobal-precuneus-surfavg","finngen_R10_J10_CHRONSINUSITIS","outcome","wSA_Mean_precuneus_surfavg || id:enigma3-withglobal-precuneus-surfavg","MR Egger",76.4295722450237,40,0.000458005185619438]
["enigma3-withglobal-precuneus-surfavg","finngen_R10_J10_CHRONSINUSITIS","outcome","wSA_Mean_precuneus_surfavg || id:enigma3-withglobal-precuneus-surfavg","Inverse variance weighted",76.8626681730358,41,0.000583378536252796]
["enigma3-withglobal-precuneus-surfavg","ukb-b-69","Non-cancer illness code, self-reported: chronic sinusitis || id:ukb-b-69","wSA_Mean_precuneus_surfavg || id:enigma3-withglobal-precuneus-surfavg","MR Egger",31.2332676918801,38,0.773366799631669]
["enigma3-withglobal-precuneus-surfavg","ukb-b-69","Non-cancer illness code, self-reported: chronic sinusitis || id:ukb-b-69","wSA_Mean_precuneus_surfavg || id:enigma3-withglobal-precuneus-surfavg","Inverse variance weighted",31.2941622970184,39,0.805320653496738]
["enigma3-withglobal-precuneus-surfavg","ukb-d-J32","Diagnoses - main ICD10: J32 Chronic sinusitis || id:ukb-d-J32","wSA_Mean_precuneus_surfavg || id:enigma3-withglobal-precuneus-surfavg","MR Egger",39.9290085856658,42,0.562245823506554]
["enigma3-withglobal-precuneus-surfavg","ukb-d-J32","Diagnoses - main ICD10: J32 Chronic sinusitis || id:ukb-d-J32","wSA_Mean_precuneus_surfavg || id:enigma3-withglobal-precuneus-surfavg","Inverse variance weighted",41.5972373220909,43,0.532190375368931]
["enigma3-withglobal-precuneus-surfavg","ukb-saige-471","Nasal polyps || id:ukb-saige-471","wSA_Mean_precuneus_surfavg || id:enigma3-withglobal-precuneus-surfavg","MR Egger",36.4737592701355,41,0.671881219685313]
["enigma3-withglobal-precuneus-surfavg","ukb-saige-471","Nasal polyps || id:ukb-saige-471","wSA_Mean_precuneus_surfavg || id:enigma3-withglobal-precuneus-surfavg","Inverse variance weighted",37.4905232377133,42,0.669065964523397]
["enigma3-withglobal-precuneus-thickavg","ebi-eas-GCST90018603","Chronic sinusitis || id:ebi-eas-GCST90018603","wTHICK_Mean_precuneus_thickavg || id:enigma3-withglobal-precuneus-thickavg","MR Egger",14.9548755885797,18,0.665063188614266]
["enigma3-withglobal-precuneus-thickavg","ebi-eas-GCST90018603","Chronic sinusitis || id:ebi-eas-GCST90018603","wTHICK_Mean_precuneus_thickavg || id:enigma3-withglobal-precuneus-thickavg","Inverse variance weighted",14.9638725586229,19,0.724890727457873]
["enigma3-withglobal-precuneus-thickavg","finngen_R10_J10_CHRONSINUSITIS","outcome","wTHICK_Mean_precuneus_thickavg || id:enigma3-withglobal-precuneus-thickavg","MR Egger",28.2383974558818,29,0.505195129939357]
["enigma3-withglobal-precuneus-thickavg","finngen_R10_J10_CHRONSINUSITIS","outcome","wTHICK_Mean_precuneus_thickavg || id:enigma3-withglobal-precuneus-thickavg","Inverse variance weighted",31.8161301826825,30,0.376127475808307]
["enigma3-withglobal-precuneus-thickavg","ukb-b-69","Non-cancer illness code, self-reported: chronic sinusitis || id:ukb-b-69","wTHICK_Mean_precuneus_thickavg || id:enigma3-withglobal-precuneus-thickavg","MR Egger",22.4964521744188,14,0.0689727783201278]
["enigma3-withglobal-precuneus-thickavg","ukb-b-69","Non-cancer illness code, self-reported: chronic sinusitis || id:ukb-b-69","wTHICK_Mean_precuneus_thickavg || id:enigma3-withglobal-precuneus-thickavg","Inverse variance weighted",22.6875315071904,15,0.0910032403431945]
["enigma3-withglobal-precuneus-thickavg","ukb-d-J32","Diagnoses - main ICD10: J32 Chronic sinusitis || id:ukb-d-J32","wTHICK_Mean_precuneus_thickavg || id:enigma3-withglobal-precuneus-thickavg","MR Egger",16.9952597120862,29,0.962254835948126]
["enigma3-withglobal-precuneus-thickavg","ukb-d-J32","Diagnoses - main ICD10: J32 Chronic sinusitis || id:ukb-d-J32","wTHICK_Mean_precuneus_thickavg || id:enigma3-withglobal-precuneus-thickavg","Inverse variance weighted",17.0057928632706,30,0.972505109187905]
["enigma3-withglobal-precuneus-thickavg","ukb-saige-471","Nasal polyps || id:ukb-saige-471","wTHICK_Mean_precuneus_thickavg || id:enigma3-withglobal-precuneus-thickavg","MR Egger",35.9677143396111,29,0.17450675214904]
["enigma3-withglobal-precuneus-thickavg","ukb-saige-471","Nasal polyps || id:ukb-saige-471","wTHICK_Mean_precuneus_thickavg || id:enigma3-withglobal-precuneus-thickavg","Inverse variance weighted",36.1245249278513,30,0.204028628220712]
["enigma3-withglobal-rostralanteriorcingulate-surfavg","ebi-eas-GCST90018603","Chronic sinusitis || id:ebi-eas-GCST90018603","wSA_Mean_rostralanteriorcingulate_surfavg || id:enigma3-withglobal-rostralanteriorcingulate-surfavg","MR Egger",20.8557808194712,24,0.647217898602459]
["enigma3-withglobal-rostralanteriorcingulate-surfavg","ebi-eas-GCST90018603","Chronic sinusitis || id:ebi-eas-GCST90018603","wSA_Mean_rostralanteriorcingulate_surfavg || id:enigma3-withglobal-rostralanteriorcingulate-surfavg","Inverse variance weighted",22.7719086140233,25,0.590880525605032]
["enigma3-withglobal-rostralanteriorcingulate-surfavg","finngen_R10_J10_CHRONSINUSITIS","outcome","wSA_Mean_rostralanteriorcingulate_surfavg || id:enigma3-withglobal-rostralanteriorcingulate-surfavg","MR Egger",43.8105112206727,28,0.029008680905899]
["enigma3-withglobal-rostralanteriorcingulate-surfavg","finngen_R10_J10_CHRONSINUSITIS","outcome","wSA_Mean_rostralanteriorcingulate_surfavg || id:enigma3-withglobal-rostralanteriorcingulate-surfavg","Inverse variance weighted",51.6586140498783,29,0.00594910864602105]
["enigma3-withglobal-rostralanteriorcingulate-surfavg","ukb-b-69","Non-cancer illness code, self-reported: chronic sinusitis || id:ukb-b-69","wSA_Mean_rostralanteriorcingulate_surfavg || id:enigma3-withglobal-rostralanteriorcingulate-surfavg","MR Egger",29.721509907039,19,0.0554513741614613]
["enigma3-withglobal-rostralanteriorcingulate-surfavg","ukb-b-69","Non-cancer illness code, self-reported: chronic sinusitis || id:ukb-b-69","wSA_Mean_rostralanteriorcingulate_surfavg || id:enigma3-withglobal-rostralanteriorcingulate-surfavg","Inverse variance weighted",32.8701210318157,20,0.0348644642013868]
["enigma3-withglobal-rostralanteriorcingulate-surfavg","ukb-d-J32","Diagnoses - main ICD10: J32 Chronic sinusitis || id:ukb-d-J32","wSA_Mean_rostralanteriorcingulate_surfavg || id:enigma3-withglobal-rostralanteriorcingulate-surfavg","MR Egger",26.774042094156,31,0.683474808358007]
["enigma3-withglobal-rostralanteriorcingulate-surfavg","ukb-d-J32","Diagnoses - main ICD10: J32 Chronic sinusitis || id:ukb-d-J32","wSA_Mean_rostralanteriorcingulate_surfavg || id:enigma3-withglobal-rostralanteriorcingulate-surfavg","Inverse variance weighted",27.145586457809,32,0.71088486403879]
["enigma3-withglobal-rostralanteriorcingulate-surfavg","ukb-saige-471","Nasal polyps || id:ukb-saige-471","wSA_Mean_rostralanteriorcingulate_surfavg || id:enigma3-withglobal-rostralanteriorcingulate-surfavg","MR Egger",19.5457236951826,26,0.81258134182347]
["enigma3-withglobal-rostralanteriorcingulate-surfavg","ukb-saige-471","Nasal polyps || id:ukb-saige-471","wSA_Mean_rostralanteriorcingulate_surfavg || id:enigma3-withglobal-rostralanteriorcingulate-surfavg","Inverse variance weighted",19.5474949041628,27,0.849198992350862]
["enigma3-withglobal-rostralanteriorcingulate-thickavg","ebi-eas-GCST90018603","Chronic sinusitis || id:ebi-eas-GCST90018603","wTHICK_Mean_rostralanteriorcingulate_thickavg || id:enigma3-withglobal-rostralanteriorcingulate-thickavg","MR Egger",13.971666925453,14,0.451824038018221]
["enigma3-withglobal-rostralanteriorcingulate-thickavg","ebi-eas-GCST90018603","Chronic sinusitis || id:ebi-eas-GCST90018603","wTHICK_Mean_rostralanteriorcingulate_thickavg || id:enigma3-withglobal-rostralanteriorcingulate-thickavg","Inverse variance weighted",14.9430021339362,15,0.455530639824133]
["enigma3-withglobal-rostralanteriorcingulate-thickavg","finngen_R10_J10_CHRONSINUSITIS","outcome","wTHICK_Mean_rostralanteriorcingulate_thickavg || id:enigma3-withglobal-rostralanteriorcingulate-thickavg","MR Egger",53.4098001769576,27,0.00179539163441856]
["enigma3-withglobal-rostralanteriorcingulate-thickavg","finngen_R10_J10_CHRONSINUSITIS","outcome","wTHICK_Mean_rostralanteriorcingulate_thickavg || id:enigma3-withglobal-rostralanteriorcingulate-thickavg","Inverse variance weighted",56.2045928610313,28,0.00121449340712872]
["enigma3-withglobal-rostralanteriorcingulate-thickavg","ukb-b-69","Non-cancer illness code, self-reported: chronic sinusitis || id:ukb-b-69","wTHICK_Mean_rostralanteriorcingulate_thickavg || id:enigma3-withglobal-rostralanteriorcingulate-thickavg","MR Egger",13.9869150127195,8,0.0821071097217402]
["enigma3-withglobal-rostralanteriorcingulate-thickavg","ukb-b-69","Non-cancer illness code, self-reported: chronic sinusitis || id:ukb-b-69","wTHICK_Mean_rostralanteriorcingulate_thickavg || id:enigma3-withglobal-rostralanteriorcingulate-thickavg","Inverse variance weighted",17.0931511545569,9,0.0472770651990818]
["enigma3-withglobal-rostralanteriorcingulate-thickavg","ukb-d-J32","Diagnoses - main ICD10: J32 Chronic sinusitis || id:ukb-d-J32","wTHICK_Mean_rostralanteriorcingulate_thickavg || id:enigma3-withglobal-rostralanteriorcingulate-thickavg","MR Egger",17.1848186636907,26,0.903393235011744]
["enigma3-withglobal-rostralanteriorcingulate-thickavg","ukb-d-J32","Diagnoses - main ICD10: J32 Chronic sinusitis || id:ukb-d-J32","wTHICK_Mean_rostralanteriorcingulate_thickavg || id:enigma3-withglobal-rostralanteriorcingulate-thickavg","Inverse variance weighted",17.7308695130687,27,0.911530314164683]
["enigma3-withglobal-rostralanteriorcingulate-thickavg","ukb-saige-471","Nasal polyps || id:ukb-saige-471","wTHICK_Mean_rostralanteriorcingulate_thickavg || id:enigma3-withglobal-rostralanteriorcingulate-thickavg","MR Egger",29.469798698991,24,0.202949969032682]
["enigma3-withglobal-rostralanteriorcingulate-thickavg","ukb-saige-471","Nasal polyps || id:ukb-saige-471","wTHICK_Mean_rostralanteriorcingulate_thickavg || id:enigma3-withglobal-rostralanteriorcingulate-thickavg","Inverse variance weighted",29.5832725454604,25,0.240272325508501]
["enigma3-withglobal-rostralmiddlefrontal-surfavg","ebi-eas-GCST90018603","Chronic sinusitis || id:ebi-eas-GCST90018603","wSA_Mean_rostralmiddlefrontal_surfavg || id:enigma3-withglobal-rostralmiddlefrontal-surfavg","MR Egger",54.5150478088815,35,0.0188544708250397]
["enigma3-withglobal-rostralmiddlefrontal-surfavg","ebi-eas-GCST90018603","Chronic sinusitis || id:ebi-eas-GCST90018603","wSA_Mean_rostralmiddlefrontal_surfavg || id:enigma3-withglobal-rostralmiddlefrontal-surfavg","Inverse variance weighted",55.6331192737106,36,0.0193894492689223]
["enigma3-withglobal-rostralmiddlefrontal-surfavg","finngen_R10_J10_CHRONSINUSITIS","outcome","wSA_Mean_rostralmiddlefrontal_surfavg || id:enigma3-withglobal-rostralmiddlefrontal-surfavg","MR Egger",77.1900667376098,45,0.00199503992864571]
["enigma3-withglobal-rostralmiddlefrontal-surfavg","finngen_R10_J10_CHRONSINUSITIS","outcome","wSA_Mean_rostralmiddlefrontal_surfavg || id:enigma3-withglobal-rostralmiddlefrontal-surfavg","Inverse variance weighted",77.9532688681387,46,0.00226083745669231]
["enigma3-withglobal-rostralmiddlefrontal-surfavg","ukb-b-69","Non-cancer illness code, self-reported: chronic sinusitis || id:ukb-b-69","wSA_Mean_rostralmiddlefrontal_surfavg || id:enigma3-withglobal-rostralmiddlefrontal-surfavg","MR Egger",30.3377698548718,31,0.499906234936615]
["enigma3-withglobal-rostralmiddlefrontal-surfavg","ukb-b-69","Non-cancer illness code, self-reported: chronic sinusitis || id:ukb-b-69","wSA_Mean_rostralmiddlefrontal_surfavg || id:enigma3-withglobal-rostralmiddlefrontal-surfavg","Inverse variance weighted",32.2161810785492,32,0.456057772135129]
["enigma3-withglobal-rostralmiddlefrontal-surfavg","ukb-d-J32","Diagnoses - main ICD10: J32 Chronic sinusitis || id:ukb-d-J32","wSA_Mean_rostralmiddlefrontal_surfavg || id:enigma3-withglobal-rostralmiddlefrontal-surfavg","MR Egger",55.5711023362673,46,0.157581821221765]
["enigma3-withglobal-rostralmiddlefrontal-surfavg","ukb-d-J32","Diagnoses - main ICD10: J32 Chronic sinusitis || id:ukb-d-J32","wSA_Mean_rostralmiddlefrontal_surfavg || id:enigma3-withglobal-rostralmiddlefrontal-surfavg","Inverse variance weighted",55.6438152026168,47,0.181430111421359]
["enigma3-withglobal-rostralmiddlefrontal-surfavg","ukb-saige-471","Nasal polyps || id:ukb-saige-471","wSA_Mean_rostralmiddlefrontal_surfavg || id:enigma3-withglobal-rostralmiddlefrontal-surfavg","MR Egger",50.3086491412777,44,0.237878590382662]
["enigma3-withglobal-rostralmiddlefrontal-surfavg","ukb-saige-471","Nasal polyps || id:ukb-saige-471","wSA_Mean_rostralmiddlefrontal_surfavg || id:enigma3-withglobal-rostralmiddlefrontal-surfavg","Inverse variance weighted",50.668332910047,45,0.259871106627367]
["enigma3-withglobal-rostralmiddlefrontal-thickavg","ebi-eas-GCST90018603","Chronic sinusitis || id:ebi-eas-GCST90018603","wTHICK_Mean_rostralmiddlefrontal_thickavg || id:enigma3-withglobal-rostralmiddlefrontal-thickavg","MR Egger",13.5921682092417,14,0.480515251709006]
["enigma3-withglobal-rostralmiddlefrontal-thickavg","ebi-eas-GCST90018603","Chronic sinusitis || id:ebi-eas-GCST90018603","wTHICK_Mean_rostralmiddlefrontal_thickavg || id:enigma3-withglobal-rostralmiddlefrontal-thickavg","Inverse variance weighted",14.988420608597,15,0.452251621960331]
["enigma3-withglobal-rostralmiddlefrontal-thickavg","finngen_R10_J10_CHRONSINUSITIS","outcome","wTHICK_Mean_rostralmiddlefrontal_thickavg || id:enigma3-withglobal-rostralmiddlefrontal-thickavg","MR Egger",39.2035097704146,25,0.0351458375049104]
["enigma3-withglobal-rostralmiddlefrontal-thickavg","finngen_R10_J10_CHRONSINUSITIS","outcome","wTHICK_Mean_rostralmiddlefrontal_thickavg || id:enigma3-withglobal-rostralmiddlefrontal-thickavg","Inverse variance weighted",39.7624091949825,26,0.0411561725275998]
["enigma3-withglobal-rostralmiddlefrontal-thickavg","ukb-b-69","Non-cancer illness code, self-reported: chronic sinusitis || id:ukb-b-69","wTHICK_Mean_rostralmiddlefrontal_thickavg || id:enigma3-withglobal-rostralmiddlefrontal-thickavg","MR Egger",8.15462947890826,9,0.518641648474908]
["enigma3-withglobal-rostralmiddlefrontal-thickavg","ukb-b-69","Non-cancer illness code, self-reported: chronic sinusitis || id:ukb-b-69","wTHICK_Mean_rostralmiddlefrontal_thickavg || id:enigma3-withglobal-rostralmiddlefrontal-thickavg","Inverse variance weighted",9.16350468214591,10,0.516659982159948]
["enigma3-withglobal-rostralmiddlefrontal-thickavg","ukb-d-J32","Diagnoses - main ICD10: J32 Chronic sinusitis || id:ukb-d-J32","wTHICK_Mean_rostralmiddlefrontal_thickavg || id:enigma3-withglobal-rostralmiddlefrontal-thickavg","MR Egger",29.6519709504623,25,0.237585186341753]
["enigma3-withglobal-rostralmiddlefrontal-thickavg","ukb-d-J32","Diagnoses - main ICD10: J32 Chronic sinusitis || id:ukb-d-J32","wTHICK_Mean_rostralmiddlefrontal_thickavg || id:enigma3-withglobal-rostralmiddlefrontal-thickavg","Inverse variance weighted",30.4880852400826,26,0.247885633018786]
["enigma3-withglobal-rostralmiddlefrontal-thickavg","ukb-saige-471","Nasal polyps || id:ukb-saige-471","wTHICK_Mean_rostralmiddlefrontal_thickavg || id:enigma3-withglobal-rostralmiddlefrontal-thickavg","MR Egger",34.7463592210877,22,0.0411742917271303]
["enigma3-withglobal-rostralmiddlefrontal-thickavg","ukb-saige-471","Nasal polyps || id:ukb-saige-471","wTHICK_Mean_rostralmiddlefrontal_thickavg || id:enigma3-withglobal-rostralmiddlefrontal-thickavg","Inverse variance weighted",35.1355619412663,23,0.0504253949389304]
["enigma3-withglobal-superiorfrontal-surfavg","ebi-eas-GCST90018603","Chronic sinusitis || id:ebi-eas-GCST90018603","wSA_Mean_superiorfrontal_surfavg || id:enigma3-withglobal-superiorfrontal-surfavg","MR Egger",31.438394692263,25,0.174910527346541]
["enigma3-withglobal-superiorfrontal-surfavg","ebi-eas-GCST90018603","Chronic sinusitis || id:ebi-eas-GCST90018603","wSA_Mean_superiorfrontal_surfavg || id:enigma3-withglobal-superiorfrontal-surfavg","Inverse variance weighted",32.9894216143172,26,0.162405099233222]
["enigma3-withglobal-superiorfrontal-surfavg","finngen_R10_J10_CHRONSINUSITIS","outcome","wSA_Mean_superiorfrontal_surfavg || id:enigma3-withglobal-superiorfrontal-surfavg","MR Egger",35.475874067823,30,0.225737716678817]
["enigma3-withglobal-superiorfrontal-surfavg","finngen_R10_J10_CHRONSINUSITIS","outcome","wSA_Mean_superiorfrontal_surfavg || id:enigma3-withglobal-superiorfrontal-surfavg","Inverse variance weighted",35.5536929371055,31,0.262383365982989]
["enigma3-withglobal-superiorfrontal-surfavg","ukb-b-69","Non-cancer illness code, self-reported: chronic sinusitis || id:ukb-b-69","wSA_Mean_superiorfrontal_surfavg || id:enigma3-withglobal-superiorfrontal-surfavg","MR Egger",34.8446236502483,16,0.00417345049529239]
["enigma3-withglobal-superiorfrontal-surfavg","ukb-b-69","Non-cancer illness code, self-reported: chronic sinusitis || id:ukb-b-69","wSA_Mean_superiorfrontal_surfavg || id:enigma3-withglobal-superiorfrontal-surfavg","Inverse variance weighted",34.921374250591,17,0.00637077253222424]
["enigma3-withglobal-superiorfrontal-surfavg","ukb-d-J32","Diagnoses - main ICD10: J32 Chronic sinusitis || id:ukb-d-J32","wSA_Mean_superiorfrontal_surfavg || id:enigma3-withglobal-superiorfrontal-surfavg","MR Egger",30.6968467537875,30,0.430417591133902]
["enigma3-withglobal-superiorfrontal-surfavg","ukb-d-J32","Diagnoses - main ICD10: J32 Chronic sinusitis || id:ukb-d-J32","wSA_Mean_superiorfrontal_surfavg || id:enigma3-withglobal-superiorfrontal-surfavg","Inverse variance weighted",30.8150630689586,31,0.475559282244794]
["enigma3-withglobal-superiorfrontal-surfavg","ukb-saige-471","Nasal polyps || id:ukb-saige-471","wSA_Mean_superiorfrontal_surfavg || id:enigma3-withglobal-superiorfrontal-surfavg","MR Egger",26.6269694021355,26,0.429091375181305]
["enigma3-withglobal-superiorfrontal-surfavg","ukb-saige-471","Nasal polyps || id:ukb-saige-471","wSA_Mean_superiorfrontal_surfavg || id:enigma3-withglobal-superiorfrontal-surfavg","Inverse variance weighted",26.8561777915948,27,0.471575006029871]
["enigma3-withglobal-superiorfrontal-thickavg","ebi-eas-GCST90018603","Chronic sinusitis || id:ebi-eas-GCST90018603","wTHICK_Mean_superiorfrontal_thickavg || id:enigma3-withglobal-superiorfrontal-thickavg","MR Egger",12.5064840459897,18,0.820017570704552]
["enigma3-withglobal-superiorfrontal-thickavg","ebi-eas-GCST90018603","Chronic sinusitis || id:ebi-eas-GCST90018603","wTHICK_Mean_superiorfrontal_thickavg || id:enigma3-withglobal-superiorfrontal-thickavg","Inverse variance weighted",13.5864455063408,19,0.807243808991368]
["enigma3-withglobal-superiorfrontal-thickavg","finngen_R10_J10_CHRONSINUSITIS","outcome","wTHICK_Mean_superiorfrontal_thickavg || id:enigma3-withglobal-superiorfrontal-thickavg","MR Egger",42.9439417659219,24,0.0100946630674388]
["enigma3-withglobal-superiorfrontal-thickavg","finngen_R10_J10_CHRONSINUSITIS","outcome","wTHICK_Mean_superiorfrontal_thickavg || id:enigma3-withglobal-superiorfrontal-thickavg","Inverse variance weighted",44.8506293585447,25,0.00869622176580476]
["enigma3-withglobal-superiorfrontal-thickavg","ukb-b-69","Non-cancer illness code, self-reported: chronic sinusitis || id:ukb-b-69","wTHICK_Mean_superiorfrontal_thickavg || id:enigma3-withglobal-superiorfrontal-thickavg","MR Egger",16.2135409214551,14,0.300508293054857]
["enigma3-withglobal-superiorfrontal-thickavg","ukb-b-69","Non-cancer illness code, self-reported: chronic sinusitis || id:ukb-b-69","wTHICK_Mean_superiorfrontal_thickavg || id:enigma3-withglobal-superiorfrontal-thickavg","Inverse variance weighted",17.2957970792704,15,0.301491346764933]
["enigma3-withglobal-superiorfrontal-thickavg","ukb-d-J32","Diagnoses - main ICD10: J32 Chronic sinusitis || id:ukb-d-J32","wTHICK_Mean_superiorfrontal_thickavg || id:enigma3-withglobal-superiorfrontal-thickavg","MR Egger",29.3501089286256,24,0.2072323926457]
["enigma3-withglobal-superiorfrontal-thickavg","ukb-d-J32","Diagnoses - main ICD10: J32 Chronic sinusitis || id:ukb-d-J32","wTHICK_Mean_superiorfrontal_thickavg || id:enigma3-withglobal-superiorfrontal-thickavg","Inverse variance weighted",30.0700645519791,25,0.221676250742192]
["enigma3-withglobal-superiorfrontal-thickavg","ukb-saige-471","Nasal polyps || id:ukb-saige-471","wTHICK_Mean_superiorfrontal_thickavg || id:enigma3-withglobal-superiorfrontal-thickavg","MR Egger",21.3402517004039,25,0.673491909878645]
["enigma3-withglobal-superiorfrontal-thickavg","ukb-saige-471","Nasal polyps || id:ukb-saige-471","wTHICK_Mean_superiorfrontal_thickavg || id:enigma3-withglobal-superiorfrontal-thickavg","Inverse variance weighted",21.3406198569385,26,0.72417506076008]
["enigma3-withglobal-superiorparietal-surfavg","ebi-eas-GCST90018603","Chronic sinusitis || id:ebi-eas-GCST90018603","wSA_Mean_superiorparietal_surfavg || id:enigma3-withglobal-superiorparietal-surfavg","MR Egger",26.5283420230656,33,0.7799416651414]
["enigma3-withglobal-superiorparietal-surfavg","ebi-eas-GCST90018603","Chronic sinusitis || id:ebi-eas-GCST90018603","wSA_Mean_superiorparietal_surfavg || id:enigma3-withglobal-superiorparietal-surfavg","Inverse variance weighted",27.0599865800029,34,0.795146795721319]
["enigma3-withglobal-superiorparietal-surfavg","finngen_R10_J10_CHRONSINUSITIS","outcome","wSA_Mean_superiorparietal_surfavg || id:enigma3-withglobal-superiorparietal-surfavg","MR Egger",55.8370267393955,45,0.129087021461571]
["enigma3-withglobal-superiorparietal-surfavg","finngen_R10_J10_CHRONSINUSITIS","outcome","wSA_Mean_superiorparietal_surfavg || id:enigma3-withglobal-superiorparietal-surfavg","Inverse variance weighted",57.9782333365826,46,0.110744670004492]
["enigma3-withglobal-superiorparietal-surfavg","ukb-b-69","Non-cancer illness code, self-reported: chronic sinusitis || id:ukb-b-69","wSA_Mean_superiorparietal_surfavg || id:enigma3-withglobal-superiorparietal-surfavg","MR Egger",28.8804708330623,25,0.268943549422567]
["enigma3-withglobal-superiorparietal-surfavg","ukb-b-69","Non-cancer illness code, self-reported: chronic sinusitis || id:ukb-b-69","wSA_Mean_superiorparietal_surfavg || id:enigma3-withglobal-superiorparietal-surfavg","Inverse variance weighted",29.1702412301613,26,0.303397423472988]
["enigma3-withglobal-superiorparietal-surfavg","ukb-d-J32","Diagnoses - main ICD10: J32 Chronic sinusitis || id:ukb-d-J32","wSA_Mean_superiorparietal_surfavg || id:enigma3-withglobal-superiorparietal-surfavg","MR Egger",31.1946112908577,46,0.953314226689869]
["enigma3-withglobal-superiorparietal-surfavg","ukb-d-J32","Diagnoses - main ICD10: J32 Chronic sinusitis || id:ukb-d-J32","wSA_Mean_superiorparietal_surfavg || id:enigma3-withglobal-superiorparietal-surfavg","Inverse variance weighted",31.8092325178849,47,0.956003116330007]
["enigma3-withglobal-superiorparietal-surfavg","ukb-saige-471","Nasal polyps || id:ukb-saige-471","wSA_Mean_superiorparietal_surfavg || id:enigma3-withglobal-superiorparietal-surfavg","MR Egger",53.5133468601454,42,0.109691592048463]
["enigma3-withglobal-superiorparietal-surfavg","ukb-saige-471","Nasal polyps || id:ukb-saige-471","wSA_Mean_superiorparietal_surfavg || id:enigma3-withglobal-superiorparietal-surfavg","Inverse variance weighted",53.9801546147093,43,0.121692160478962]
["enigma3-withglobal-superiorparietal-thickavg","ebi-eas-GCST90018603","Chronic sinusitis || id:ebi-eas-GCST90018603","wTHICK_Mean_superiorparietal_thickavg || id:enigma3-withglobal-superiorparietal-thickavg","MR Egger",9.8221255982956,12,0.631562080968033]
["enigma3-withglobal-superiorparietal-thickavg","ebi-eas-GCST90018603","Chronic sinusitis || id:ebi-eas-GCST90018603","wTHICK_Mean_superiorparietal_thickavg || id:enigma3-withglobal-superiorparietal-thickavg","Inverse variance weighted",10.0792715580286,13,0.687439556064607]
["enigma3-withglobal-superiorparietal-thickavg","finngen_R10_J10_CHRONSINUSITIS","outcome","wTHICK_Mean_superiorparietal_thickavg || id:enigma3-withglobal-superiorparietal-thickavg","MR Egger",34.1396645692058,24,0.0822173221941957]
["enigma3-withglobal-superiorparietal-thickavg","finngen_R10_J10_CHRONSINUSITIS","outcome","wTHICK_Mean_superiorparietal_thickavg || id:enigma3-withglobal-superiorparietal-thickavg","Inverse variance weighted",34.4287012386607,25,0.0990575880116352]
["enigma3-withglobal-superiorparietal-thickavg","ukb-b-69","Non-cancer illness code, self-reported: chronic sinusitis || id:ukb-b-69","wTHICK_Mean_superiorparietal_thickavg || id:enigma3-withglobal-superiorparietal-thickavg","MR Egger",26.0170407543434,11,0.00645213306613007]
["enigma3-withglobal-superiorparietal-thickavg","ukb-b-69","Non-cancer illness code, self-reported: chronic sinusitis || id:ukb-b-69","wTHICK_Mean_superiorparietal_thickavg || id:enigma3-withglobal-superiorparietal-thickavg","Inverse variance weighted",32.3770666785352,12,0.00120992295648506]
["enigma3-withglobal-superiorparietal-thickavg","ukb-d-J32","Diagnoses - main ICD10: J32 Chronic sinusitis || id:ukb-d-J32","wTHICK_Mean_superiorparietal_thickavg || id:enigma3-withglobal-superiorparietal-thickavg","MR Egger",18.9973088443206,23,0.701380812995135]
["enigma3-withglobal-superiorparietal-thickavg","ukb-d-J32","Diagnoses - main ICD10: J32 Chronic sinusitis || id:ukb-d-J32","wTHICK_Mean_superiorparietal_thickavg || id:enigma3-withglobal-superiorparietal-thickavg","Inverse variance weighted",21.3282233047586,24,0.619294961882682]
["enigma3-withglobal-superiorparietal-thickavg","ukb-saige-471","Nasal polyps || id:ukb-saige-471","wTHICK_Mean_superiorparietal_thickavg || id:enigma3-withglobal-superiorparietal-thickavg","MR Egger",19.7015878298647,22,0.601699952750032]
["enigma3-withglobal-superiorparietal-thickavg","ukb-saige-471","Nasal polyps || id:ukb-saige-471","wTHICK_Mean_superiorparietal_thickavg || id:enigma3-withglobal-superiorparietal-thickavg","Inverse variance weighted",20.0887794555046,23,0.63655038391298]
["enigma3-withglobal-superiortemporal-surfavg","ebi-eas-GCST90018603","Chronic sinusitis || id:ebi-eas-GCST90018603","wSA_Mean_superiortemporal_surfavg || id:enigma3-withglobal-superiortemporal-surfavg","MR Egger",25.8812482421883,27,0.525198526323099]
["enigma3-withglobal-superiortemporal-surfavg","ebi-eas-GCST90018603","Chronic sinusitis || id:ebi-eas-GCST90018603","wSA_Mean_superiortemporal_surfavg || id:enigma3-withglobal-superiortemporal-surfavg","Inverse variance weighted",29.916372627616,28,0.36722661227102]
["enigma3-withglobal-superiortemporal-surfavg","finngen_R10_J10_CHRONSINUSITIS","outcome","wSA_Mean_superiortemporal_surfavg || id:enigma3-withglobal-superiortemporal-surfavg","MR Egger",22.4025886679114,36,0.962764721326652]
["enigma3-withglobal-superiortemporal-surfavg","finngen_R10_J10_CHRONSINUSITIS","outcome","wSA_Mean_superiortemporal_surfavg || id:enigma3-withglobal-superiortemporal-surfavg","Inverse variance weighted",24.5969500916222,37,0.941130805540886]
["enigma3-withglobal-superiortemporal-surfavg","ukb-b-69","Non-cancer illness code, self-reported: chronic sinusitis || id:ukb-b-69","wSA_Mean_superiortemporal_surfavg || id:enigma3-withglobal-superiortemporal-surfavg","MR Egger",20.3665233565162,25,0.727344490844434]
["enigma3-withglobal-superiortemporal-surfavg","ukb-b-69","Non-cancer illness code, self-reported: chronic sinusitis || id:ukb-b-69","wSA_Mean_superiortemporal_surfavg || id:enigma3-withglobal-superiortemporal-surfavg","Inverse variance weighted",20.4684282500362,26,0.768854351102374]
["enigma3-withglobal-superiortemporal-surfavg","ukb-d-J32","Diagnoses - main ICD10: J32 Chronic sinusitis || id:ukb-d-J32","wSA_Mean_superiortemporal_surfavg || id:enigma3-withglobal-superiortemporal-surfavg","MR Egger",40.7690349342756,38,0.349621726458445]
["enigma3-withglobal-superiortemporal-surfavg","ukb-d-J32","Diagnoses - main ICD10: J32 Chronic sinusitis || id:ukb-d-J32","wSA_Mean_superiortemporal_surfavg || id:enigma3-withglobal-superiortemporal-surfavg","Inverse variance weighted",42.9706487994575,39,0.304978529649153]
["enigma3-withglobal-superiortemporal-surfavg","ukb-saige-471","Nasal polyps || id:ukb-saige-471","wSA_Mean_superiortemporal_surfavg || id:enigma3-withglobal-superiortemporal-surfavg","MR Egger",49.0475332916008,37,0.0888609445541006]
["enigma3-withglobal-superiortemporal-surfavg","ukb-saige-471","Nasal polyps || id:ukb-saige-471","wSA_Mean_superiortemporal_surfavg || id:enigma3-withglobal-superiortemporal-surfavg","Inverse variance weighted",50.8473358386301,38,0.0794406492175553]
["enigma3-withglobal-superiortemporal-thickavg","ebi-eas-GCST90018603","Chronic sinusitis || id:ebi-eas-GCST90018603","wTHICK_Mean_superiortemporal_thickavg || id:enigma3-withglobal-superiortemporal-thickavg","MR Egger",17.5181199230422,17,0.419831785137116]
["enigma3-withglobal-superiortemporal-thickavg","ebi-eas-GCST90018603","Chronic sinusitis || id:ebi-eas-GCST90018603","wTHICK_Mean_superiortemporal_thickavg || id:enigma3-withglobal-superiortemporal-thickavg","Inverse variance weighted",18.3074661160913,18,0.435577131469486]
["enigma3-withglobal-superiortemporal-thickavg","finngen_R10_J10_CHRONSINUSITIS","outcome","wTHICK_Mean_superiortemporal_thickavg || id:enigma3-withglobal-superiortemporal-thickavg","MR Egger",34.2785239871765,27,0.158099276998454]
["enigma3-withglobal-superiortemporal-thickavg","finngen_R10_J10_CHRONSINUSITIS","outcome","wTHICK_Mean_superiortemporal_thickavg || id:enigma3-withglobal-superiortemporal-thickavg","Inverse variance weighted",34.6480943080332,28,0.180343982326925]
["enigma3-withglobal-superiortemporal-thickavg","ukb-b-69","Non-cancer illness code, self-reported: chronic sinusitis || id:ukb-b-69","wTHICK_Mean_superiortemporal_thickavg || id:enigma3-withglobal-superiortemporal-thickavg","MR Egger",20.4453585729024,14,0.116713889975398]
["enigma3-withglobal-superiortemporal-thickavg","ukb-b-69","Non-cancer illness code, self-reported: chronic sinusitis || id:ukb-b-69","wTHICK_Mean_superiortemporal_thickavg || id:enigma3-withglobal-superiortemporal-thickavg","Inverse variance weighted",20.5120115267037,15,0.153158423975239]
["enigma3-withglobal-superiortemporal-thickavg","ukb-d-J32","Diagnoses - main ICD10: J32 Chronic sinusitis || id:ukb-d-J32","wTHICK_Mean_superiortemporal_thickavg || id:enigma3-withglobal-superiortemporal-thickavg","MR Egger",31.7875425176509,29,0.32927592420397]
["enigma3-withglobal-superiortemporal-thickavg","ukb-d-J32","Diagnoses - main ICD10: J32 Chronic sinusitis || id:ukb-d-J32","wTHICK_Mean_superiortemporal_thickavg || id:enigma3-withglobal-superiortemporal-thickavg","Inverse variance weighted",31.8644449998192,30,0.37385829675178]
["enigma3-withglobal-superiortemporal-thickavg","ukb-saige-471","Nasal polyps || id:ukb-saige-471","wTHICK_Mean_superiortemporal_thickavg || id:enigma3-withglobal-superiortemporal-thickavg","MR Egger",39.0623942474216,27,0.0625361718328181]
["enigma3-withglobal-superiortemporal-thickavg","ukb-saige-471","Nasal polyps || id:ukb-saige-471","wTHICK_Mean_superiortemporal_thickavg || id:enigma3-withglobal-superiortemporal-thickavg","Inverse variance weighted",39.1756902341464,28,0.0781381952026064]
["enigma3-withglobal-supramarginal-surfavg","ebi-eas-GCST90018603","Chronic sinusitis || id:ebi-eas-GCST90018603","wSA_Mean_supramarginal_surfavg || id:enigma3-withglobal-supramarginal-surfavg","MR Egger",22.9907865929583,30,0.815638448820632]
["enigma3-withglobal-supramarginal-surfavg","ebi-eas-GCST90018603","Chronic sinusitis || id:ebi-eas-GCST90018603","wSA_Mean_supramarginal_surfavg || id:enigma3-withglobal-supramarginal-surfavg","Inverse variance weighted",23.729812219822,31,0.821412928806803]
["enigma3-withglobal-supramarginal-surfavg","finngen_R10_J10_CHRONSINUSITIS","outcome","wSA_Mean_supramarginal_surfavg || id:enigma3-withglobal-supramarginal-surfavg","MR Egger",26.3518187402443,35,0.853624585794169]
["enigma3-withglobal-supramarginal-surfavg","finngen_R10_J10_CHRONSINUSITIS","outcome","wSA_Mean_supramarginal_surfavg || id:enigma3-withglobal-supramarginal-surfavg","Inverse variance weighted",30.8198027652091,36,0.713234249383762]
["enigma3-withglobal-supramarginal-surfavg","ukb-b-69","Non-cancer illness code, self-reported: chronic sinusitis || id:ukb-b-69","wSA_Mean_supramarginal_surfavg || id:enigma3-withglobal-supramarginal-surfavg","MR Egger",23.1269629224893,25,0.570149643864558]
["enigma3-withglobal-supramarginal-surfavg","ukb-b-69","Non-cancer illness code, self-reported: chronic sinusitis || id:ukb-b-69","wSA_Mean_supramarginal_surfavg || id:enigma3-withglobal-supramarginal-surfavg","Inverse variance weighted",23.1351232127646,26,0.625291819509814]
["enigma3-withglobal-supramarginal-surfavg","ukb-d-J32","Diagnoses - main ICD10: J32 Chronic sinusitis || id:ukb-d-J32","wSA_Mean_supramarginal_surfavg || id:enigma3-withglobal-supramarginal-surfavg","MR Egger",31.3974904771661,37,0.728665682101119]
["enigma3-withglobal-supramarginal-surfavg","ukb-d-J32","Diagnoses - main ICD10: J32 Chronic sinusitis || id:ukb-d-J32","wSA_Mean_supramarginal_surfavg || id:enigma3-withglobal-supramarginal-surfavg","Inverse variance weighted",31.4833322127155,38,0.76343327232961]
["enigma3-withglobal-supramarginal-surfavg","ukb-saige-471","Nasal polyps || id:ukb-saige-471","wSA_Mean_supramarginal_surfavg || id:enigma3-withglobal-supramarginal-surfavg","MR Egger",24.9392715043314,36,0.917241764281394]
["enigma3-withglobal-supramarginal-surfavg","ukb-saige-471","Nasal polyps || id:ukb-saige-471","wSA_Mean_supramarginal_surfavg || id:enigma3-withglobal-supramarginal-surfavg","Inverse variance weighted",25.3249984169974,37,0.927024783307172]
["enigma3-withglobal-supramarginal-thickavg","ebi-eas-GCST90018603","Chronic sinusitis || id:ebi-eas-GCST90018603","wTHICK_Mean_supramarginal_thickavg || id:enigma3-withglobal-supramarginal-thickavg","MR Egger",9.65274048750311,13,0.722054426011309]
["enigma3-withglobal-supramarginal-thickavg","ebi-eas-GCST90018603","Chronic sinusitis || id:ebi-eas-GCST90018603","wTHICK_Mean_supramarginal_thickavg || id:enigma3-withglobal-supramarginal-thickavg","Inverse variance weighted",11.1905790730089,14,0.671003794564493]
["enigma3-withglobal-supramarginal-thickavg","finngen_R10_J10_CHRONSINUSITIS","outcome","wTHICK_Mean_supramarginal_thickavg || id:enigma3-withglobal-supramarginal-thickavg","MR Egger",15.120040411008,14,0.369998411218159]
["enigma3-withglobal-supramarginal-thickavg","finngen_R10_J10_CHRONSINUSITIS","outcome","wTHICK_Mean_supramarginal_thickavg || id:enigma3-withglobal-supramarginal-thickavg","Inverse variance weighted",16.9301905298068,15,0.323054734358829]
["enigma3-withglobal-supramarginal-thickavg","ukb-b-69","Non-cancer illness code, self-reported: chronic sinusitis || id:ukb-b-69","wTHICK_Mean_supramarginal_thickavg || id:enigma3-withglobal-supramarginal-thickavg","MR Egger",8.19025450863476,10,0.610259149392856]
["enigma3-withglobal-supramarginal-thickavg","ukb-b-69","Non-cancer illness code, self-reported: chronic sinusitis || id:ukb-b-69","wTHICK_Mean_supramarginal_thickavg || id:enigma3-withglobal-supramarginal-thickavg","Inverse variance weighted",14.4107372123998,11,0.211092859876225]
["enigma3-withglobal-supramarginal-thickavg","ukb-d-J32","Diagnoses - main ICD10: J32 Chronic sinusitis || id:ukb-d-J32","wTHICK_Mean_supramarginal_thickavg || id:enigma3-withglobal-supramarginal-thickavg","MR Egger",20.6741339221958,15,0.147567897891332]
["enigma3-withglobal-supramarginal-thickavg","ukb-d-J32","Diagnoses - main ICD10: J32 Chronic sinusitis || id:ukb-d-J32","wTHICK_Mean_supramarginal_thickavg || id:enigma3-withglobal-supramarginal-thickavg","Inverse variance weighted",22.2634834289527,16,0.134885958795927]
["enigma3-withglobal-supramarginal-thickavg","ukb-saige-471","Nasal polyps || id:ukb-saige-471","wTHICK_Mean_supramarginal_thickavg || id:enigma3-withglobal-supramarginal-thickavg","MR Egger",12.6331135685361,15,0.630612612129348]
["enigma3-withglobal-supramarginal-thickavg","ukb-saige-471","Nasal polyps || id:ukb-saige-471","wTHICK_Mean_supramarginal_thickavg || id:enigma3-withglobal-supramarginal-thickavg","Inverse variance weighted",15.4252365925371,16,0.493741546153777]
["enigma3-withglobal-temporalpole-surfavg","ebi-eas-GCST90018603","Chronic sinusitis || id:ebi-eas-GCST90018603","wSA_Mean_temporalpole_surfavg || id:enigma3-withglobal-temporalpole-surfavg","MR Egger",8.35768014610224,13,0.819542756298439]
["enigma3-withglobal-temporalpole-surfavg","ebi-eas-GCST90018603","Chronic sinusitis || id:ebi-eas-GCST90018603","wSA_Mean_temporalpole_surfavg || id:enigma3-withglobal-temporalpole-surfavg","Inverse variance weighted",9.21738280684247,14,0.816877925686018]
["enigma3-withglobal-temporalpole-surfavg","finngen_R10_J10_CHRONSINUSITIS","outcome","wSA_Mean_temporalpole_surfavg || id:enigma3-withglobal-temporalpole-surfavg","MR Egger",12.3875766625556,23,0.96404738849402]
["enigma3-withglobal-temporalpole-surfavg","finngen_R10_J10_CHRONSINUSITIS","outcome","wSA_Mean_temporalpole_surfavg || id:enigma3-withglobal-temporalpole-surfavg","Inverse variance weighted",12.4179662802537,24,0.974776731600478]
["enigma3-withglobal-temporalpole-surfavg","ukb-b-69","Non-cancer illness code, self-reported: chronic sinusitis || id:ukb-b-69","wSA_Mean_temporalpole_surfavg || id:enigma3-withglobal-temporalpole-surfavg","MR Egger",8.04017974218373,8,0.429555115281271]
["enigma3-withglobal-temporalpole-surfavg","ukb-b-69","Non-cancer illness code, self-reported: chronic sinusitis || id:ukb-b-69","wSA_Mean_temporalpole_surfavg || id:enigma3-withglobal-temporalpole-surfavg","Inverse variance weighted",9.48344852732082,9,0.393895100558151]
["enigma3-withglobal-temporalpole-surfavg","ukb-d-J32","Diagnoses - main ICD10: J32 Chronic sinusitis || id:ukb-d-J32","wSA_Mean_temporalpole_surfavg || id:enigma3-withglobal-temporalpole-surfavg","MR Egger",18.1399976491159,23,0.749851839267807]
["enigma3-withglobal-temporalpole-surfavg","ukb-d-J32","Diagnoses - main ICD10: J32 Chronic sinusitis || id:ukb-d-J32","wSA_Mean_temporalpole_surfavg || id:enigma3-withglobal-temporalpole-surfavg","Inverse variance weighted",18.5555886720942,24,0.775255967741886]
["enigma3-withglobal-temporalpole-surfavg","ukb-saige-471","Nasal polyps || id:ukb-saige-471","wSA_Mean_temporalpole_surfavg || id:enigma3-withglobal-temporalpole-surfavg","MR Egger",37.7248170762456,20,0.00956647113725417]
["enigma3-withglobal-temporalpole-surfavg","ukb-saige-471","Nasal polyps || id:ukb-saige-471","wSA_Mean_temporalpole_surfavg || id:enigma3-withglobal-temporalpole-surfavg","Inverse variance weighted",39.1352918923025,21,0.00945642756489362]
["enigma3-withglobal-temporalpole-thickavg","ebi-eas-GCST90018603","Chronic sinusitis || id:ebi-eas-GCST90018603","wTHICK_Mean_temporalpole_thickavg || id:enigma3-withglobal-temporalpole-thickavg","MR Egger",13.2726978128857,13,0.426975306094532]
["enigma3-withglobal-temporalpole-thickavg","ebi-eas-GCST90018603","Chronic sinusitis || id:ebi-eas-GCST90018603","wTHICK_Mean_temporalpole_thickavg || id:enigma3-withglobal-temporalpole-thickavg","Inverse variance weighted",13.3894764845681,14,0.496111028176042]
["enigma3-withglobal-temporalpole-thickavg","finngen_R10_J10_CHRONSINUSITIS","outcome","wTHICK_Mean_temporalpole_thickavg || id:enigma3-withglobal-temporalpole-thickavg","MR Egger",15.2997880063852,21,0.807614292218598]
["enigma3-withglobal-temporalpole-thickavg","finngen_R10_J10_CHRONSINUSITIS","outcome","wTHICK_Mean_temporalpole_thickavg || id:enigma3-withglobal-temporalpole-thickavg","Inverse variance weighted",15.3355083608703,22,0.847441777824909]
["enigma3-withglobal-temporalpole-thickavg","ukb-b-69","Non-cancer illness code, self-reported: chronic sinusitis || id:ukb-b-69","wTHICK_Mean_temporalpole_thickavg || id:enigma3-withglobal-temporalpole-thickavg","MR Egger",18.6173508826026,13,0.135453959132665]
["enigma3-withglobal-temporalpole-thickavg","ukb-b-69","Non-cancer illness code, self-reported: chronic sinusitis || id:ukb-b-69","wTHICK_Mean_temporalpole_thickavg || id:enigma3-withglobal-temporalpole-thickavg","Inverse variance weighted",19.5270379180135,14,0.145771811281787]
["enigma3-withglobal-temporalpole-thickavg","ukb-d-J32","Diagnoses - main ICD10: J32 Chronic sinusitis || id:ukb-d-J32","wTHICK_Mean_temporalpole_thickavg || id:enigma3-withglobal-temporalpole-thickavg","MR Egger",14.4203123052715,22,0.885892806909568]
["enigma3-withglobal-temporalpole-thickavg","ukb-d-J32","Diagnoses - main ICD10: J32 Chronic sinusitis || id:ukb-d-J32","wTHICK_Mean_temporalpole_thickavg || id:enigma3-withglobal-temporalpole-thickavg","Inverse variance weighted",14.7912086321305,23,0.901960285250492]
["enigma3-withglobal-temporalpole-thickavg","ukb-saige-471","Nasal polyps || id:ukb-saige-471","wTHICK_Mean_temporalpole_thickavg || id:enigma3-withglobal-temporalpole-thickavg","MR Egger",31.9950235865069,21,0.0586181688181161]
["enigma3-withglobal-temporalpole-thickavg","ukb-saige-471","Nasal polyps || id:ukb-saige-471","wTHICK_Mean_temporalpole_thickavg || id:enigma3-withglobal-temporalpole-thickavg","Inverse variance weighted",33.990164313832,22,0.0492374941413444]
["enigma3-withglobal-transversetemporal-surfavg","ebi-eas-GCST90018603","Chronic sinusitis || id:ebi-eas-GCST90018603","wSA_Mean_transversetemporal_surfavg || id:enigma3-withglobal-transversetemporal-surfavg","MR Egger",9.0581974065238,21,0.988748736707557]
["enigma3-withglobal-transversetemporal-surfavg","ebi-eas-GCST90018603","Chronic sinusitis || id:ebi-eas-GCST90018603","wSA_Mean_transversetemporal_surfavg || id:enigma3-withglobal-transversetemporal-surfavg","Inverse variance weighted",10.6941647337368,22,0.978843875975681]
["enigma3-withglobal-transversetemporal-surfavg","finngen_R10_J10_CHRONSINUSITIS","outcome","wSA_Mean_transversetemporal_surfavg || id:enigma3-withglobal-transversetemporal-surfavg","MR Egger",62.9800051765525,44,0.0315952257068995]
["enigma3-withglobal-transversetemporal-surfavg","finngen_R10_J10_CHRONSINUSITIS","outcome","wSA_Mean_transversetemporal_surfavg || id:enigma3-withglobal-transversetemporal-surfavg","Inverse variance weighted",64.3966568616631,45,0.0303229370811712]
["enigma3-withglobal-transversetemporal-surfavg","ukb-b-69","Non-cancer illness code, self-reported: chronic sinusitis || id:ukb-b-69","wSA_Mean_transversetemporal_surfavg || id:enigma3-withglobal-transversetemporal-surfavg","MR Egger",16.6812792496504,22,0.780698267025272]
["enigma3-withglobal-transversetemporal-surfavg","ukb-b-69","Non-cancer illness code, self-reported: chronic sinusitis || id:ukb-b-69","wSA_Mean_transversetemporal_surfavg || id:enigma3-withglobal-transversetemporal-surfavg","Inverse variance weighted",16.6815539356039,23,0.824580021712746]
["enigma3-withglobal-transversetemporal-surfavg","ukb-d-J32","Diagnoses - main ICD10: J32 Chronic sinusitis || id:ukb-d-J32","wSA_Mean_transversetemporal_surfavg || id:enigma3-withglobal-transversetemporal-surfavg","MR Egger",55.2325861749747,40,0.0550757129597461]
["enigma3-withglobal-transversetemporal-surfavg","ukb-d-J32","Diagnoses - main ICD10: J32 Chronic sinusitis || id:ukb-d-J32","wSA_Mean_transversetemporal_surfavg || id:enigma3-withglobal-transversetemporal-surfavg","Inverse variance weighted",56.86114673479,41,0.0507492976299887]
["enigma3-withglobal-transversetemporal-surfavg","ukb-saige-471","Nasal polyps || id:ukb-saige-471","wSA_Mean_transversetemporal_surfavg || id:enigma3-withglobal-transversetemporal-surfavg","MR Egger",32.73277096004,43,0.87213123324308]
["enigma3-withglobal-transversetemporal-surfavg","ukb-saige-471","Nasal polyps || id:ukb-saige-471","wSA_Mean_transversetemporal_surfavg || id:enigma3-withglobal-transversetemporal-surfavg","Inverse variance weighted",33.2364944964198,44,0.8818715663585]
["enigma3-withglobal-transversetemporal-thickavg","ebi-eas-GCST90018603","Chronic sinusitis || id:ebi-eas-GCST90018603","wTHICK_Mean_transversetemporal_thickavg || id:enigma3-withglobal-transversetemporal-thickavg","MR Egger",11.1712716538905,8,0.192182291911074]
["enigma3-withglobal-transversetemporal-thickavg","ebi-eas-GCST90018603","Chronic sinusitis || id:ebi-eas-GCST90018603","wTHICK_Mean_transversetemporal_thickavg || id:enigma3-withglobal-transversetemporal-thickavg","Inverse variance weighted",12.0188119131807,9,0.21225085635282]
["enigma3-withglobal-transversetemporal-thickavg","finngen_R10_J10_CHRONSINUSITIS","outcome","wTHICK_Mean_transversetemporal_thickavg || id:enigma3-withglobal-transversetemporal-thickavg","MR Egger",20.5460159298489,21,0.486950561570156]
["enigma3-withglobal-transversetemporal-thickavg","finngen_R10_J10_CHRONSINUSITIS","outcome","wTHICK_Mean_transversetemporal_thickavg || id:enigma3-withglobal-transversetemporal-thickavg","Inverse variance weighted",20.9664011743687,22,0.52281545064382]
["enigma3-withglobal-transversetemporal-thickavg","ukb-b-69","Non-cancer illness code, self-reported: chronic sinusitis || id:ukb-b-69","wTHICK_Mean_transversetemporal_thickavg || id:enigma3-withglobal-transversetemporal-thickavg","MR Egger",3.02204460252646,9,0.963414558116407]
["enigma3-withglobal-transversetemporal-thickavg","ukb-b-69","Non-cancer illness code, self-reported: chronic sinusitis || id:ukb-b-69","wTHICK_Mean_transversetemporal_thickavg || id:enigma3-withglobal-transversetemporal-thickavg","Inverse variance weighted",3.03152310825299,10,0.980672448005885]
["enigma3-withglobal-transversetemporal-thickavg","ukb-d-J32","Diagnoses - main ICD10: J32 Chronic sinusitis || id:ukb-d-J32","wTHICK_Mean_transversetemporal_thickavg || id:enigma3-withglobal-transversetemporal-thickavg","MR Egger",23.7276875285095,22,0.361663723827307]
["enigma3-withglobal-transversetemporal-thickavg","ukb-d-J32","Diagnoses - main ICD10: J32 Chronic sinusitis || id:ukb-d-J32","wTHICK_Mean_transversetemporal_thickavg || id:enigma3-withglobal-transversetemporal-thickavg","Inverse variance weighted",23.7793518017152,23,0.416109632075448]
["enigma3-withglobal-transversetemporal-thickavg","ukb-saige-471","Nasal polyps || id:ukb-saige-471","wTHICK_Mean_transversetemporal_thickavg || id:enigma3-withglobal-transversetemporal-thickavg","MR Egger",33.0916267654625,19,0.0234616476021575]
["enigma3-withglobal-transversetemporal-thickavg","ukb-saige-471","Nasal polyps || id:ukb-saige-471","wTHICK_Mean_transversetemporal_thickavg || id:enigma3-withglobal-transversetemporal-thickavg","Inverse variance weighted",34.5992046233768,20,0.0223457735905519]

{"sheet":"Table S4","index":3,"n_rows":341,"n_cols":7,"rows_kept":341}
["id.exposure","id.outcome","outcome","exposure","egger_intercept","se","pval"]
["enigma3-withglobal-cuneus-thickavg","ukb-saige-471","Nasal polyps || id:ukb-saige-471","wTHICK_Mean_cuneus_thickavg || id:enigma3-withglobal-cuneus-thickavg",-0.0588065501304163,0.0195130522258825,0.00824046786659806]
["enigma3-withglobal-precentral-surfavg","finngen_R10_J10_CHRONSINUSITIS","outcome","wSA_Mean_precentral_surfavg || id:enigma3-withglobal-precentral-surfavg",-0.0108695283054055,0.00408415712530891,0.0129433544486012]
["enigma3-withglobal-medialorbitofrontal-thickavg","ukb-d-J32","Diagnoses - main ICD10: J32 Chronic sinusitis || id:ukb-d-J32","wTHICK_Mean_medialorbitofrontal_thickavg || id:enigma3-withglobal-medialorbitofrontal-thickavg",0.000385370778415863,0.000146192611585603,0.0173357272056114]
["enigma3-withglobal-lingual-thickavg","ebi-eas-GCST90018603","Chronic sinusitis || id:ebi-eas-GCST90018603","wTHICK_Mean_lingual_thickavg || id:enigma3-withglobal-lingual-thickavg",-0.0608964354587673,0.0244397899816633,0.0194188958852488]
["enigma3-withglobal-postcentral-surfavg","finngen_R10_J10_CHRONSINUSITIS","outcome","wSA_Mean_postcentral_surfavg || id:enigma3-withglobal-postcentral-surfavg",-0.0142516392739823,0.00572503927017009,0.0195218350325648]
["enigma3-withglobal-lateraloccipital-thickavg","ukb-saige-471","Nasal polyps || id:ukb-saige-471","wTHICK_Mean_lateraloccipital_thickavg || id:enigma3-withglobal-lateraloccipital-thickavg",-0.056110638284201,0.0238807039778717,0.0266633508658177]
["enigma3-withglobal-inferiortemporal-thickavg","ebi-eas-GCST90018603","Chronic sinusitis || id:ebi-eas-GCST90018603","wTHICK_Mean_inferiortemporal_thickavg || id:enigma3-withglobal-inferiortemporal-thickavg",-0.0479630266077869,0.0203522948781747,0.0299718738359636]
["enigma3-withglobal-bankssts-thickavg","finngen_R10_J10_CHRONSINUSITIS","outcome","wTHICK_Mean_bankssts_thickavg || id:enigma3-withglobal-bankssts-thickavg",-0.0315405534175499,0.0129869899206334,0.0304091364699954]
["enigma3-withglobal-supramarginal-thickavg","ukb-b-69","Non-cancer illness code, self-reported: chronic sinusitis || id:ukb-b-69","wTHICK_Mean_supramarginal_thickavg || id:enigma3-withglobal-supramarginal-thickavg",0.0015319941695926,0.000614249864078531,0.0317668816167305]
["enigma3-withglobal-rostralanteriorcingulate-surfavg","finngen_R10_J10_CHRONSINUSITIS","outcome","wSA_Mean_rostralanteriorcingulate_surfavg || id:enigma3-withglobal-rostralanteriorcingulate-surfavg",-0.0240203799059201,0.0107252561790021,0.0332392008777779]
["enigma3-withglobal-supramarginal-surfavg","finngen_R10_J10_CHRONSINUSITIS","outcome","wSA_Mean_supramarginal_surfavg || id:enigma3-withglobal-supramarginal-surfavg",0.0112792030056747,0.00533608338392956,0.0417348103109021]
["enigma3-withglobal-medialorbitofrontal-surfavg","ukb-b-69","Non-cancer illness code, self-reported: chronic sinusitis || id:ukb-b-69","wSA_Mean_medialorbitofrontal_surfavg || id:enigma3-withglobal-medialorbitofrontal-surfavg",-0.00183558490849034,0.000798306438744139,0.0505221679968852]
["enigma3-withglobal-superiortemporal-surfavg","ebi-eas-GCST90018603","Chronic sinusitis || id:ebi-eas-GCST90018603","wSA_Mean_superiortemporal_surfavg || id:enigma3-withglobal-superiortemporal-surfavg",-0.0402132549298189,0.02001892551695,0.0546590573709871]
["enigma3-withglobal-lateraloccipital-surfavg","ukb-saige-471","Nasal polyps || id:ukb-saige-471","wSA_Mean_lateraloccipital_surfavg || id:enigma3-withglobal-lateraloccipital-surfavg",0.0307857668915945,0.0155444980743818,0.055119971227028]
["enigma3-withglobal-precentral-thickavg","ukb-saige-471","Nasal polyps || id:ukb-saige-471","wTHICK_Mean_precentral_thickavg || id:enigma3-withglobal-precentral-thickavg",0.03311435818711,0.0168358130334618,0.0603877543020373]
["enigma3-withglobal-precuneus-thickavg","finngen_R10_J10_CHRONSINUSITIS","outcome","wTHICK_Mean_precuneus_thickavg || id:enigma3-withglobal-precuneus-thickavg",-0.0156702559723456,0.00828461143364228,0.0685848272957084]
["enigma3-withglobal-frontalpole-surfavg","finngen_R10_J10_CHRONSINUSITIS","outcome","wSA_Mean_frontalpole_surfavg || id:enigma3-withglobal-frontalpole-surfavg",0.0156487675407702,0.00821183207917666,0.0698484330087898]
["enigma3-withglobal-inferiortemporal-surfavg","finngen_R10_J10_CHRONSINUSITIS","outcome","wSA_Mean_inferiortemporal_surfavg || id:enigma3-withglobal-inferiortemporal-surfavg",0.01296019557791,0.0069913855268181,0.0715517665875335]
["enigma3-withglobal-insula-thickavg","ukb-d-J32","Diagnoses - main ICD10: J32 Chronic sinusitis || id:ukb-d-J32","wTHICK_Mean_insula_thickavg || id:enigma3-withglobal-insula-thickavg",-0.00020578709950805,0.000111065041180523,0.074105330264621]
["enigma3-withglobal-precentral-thickavg","ebi-eas-GCST90018603","Chronic sinusitis || id:ebi-eas-GCST90018603","wTHICK_Mean_precentral_thickavg || id:enigma3-withglobal-precentral-thickavg",-0.0248571143067116,0.0131675515438462,0.0785598933620511]
["enigma3-withglobal-cuneus-surfavg","finngen_R10_J10_CHRONSINUSITIS","outcome","wSA_Mean_cuneus_surfavg || id:enigma3-withglobal-cuneus-surfavg",-0.0144711042664563,0.00842985297496037,0.0937788386337136]
["enigma3-withglobal-middletemporal-surfavg","ukb-d-J32","Diagnoses - main ICD10: J32 Chronic sinusitis || id:ukb-d-J32","wSA_Mean_middletemporal_surfavg || id:enigma3-withglobal-middletemporal-surfavg",0.000134916942309766,{"v":8.28127665931797e-5,"d":"8.28E-05"},0.110580117274246]
["enigma3-withglobal-supramarginal-thickavg","ukb-saige-471","Nasal polyps || id:ukb-saige-471","wTHICK_Mean_supramarginal_thickavg || id:enigma3-withglobal-supramarginal-thickavg",-0.0442803955491703,0.0264998988823667,0.115455586713128]
["enigma3-withglobal-middletemporal-thickavg","ebi-eas-GCST90018603","Chronic sinusitis || id:ebi-eas-GCST90018603","wTHICK_Mean_middletemporal_thickavg || id:enigma3-withglobal-middletemporal-thickavg",-0.0989387245906477,0.0594839935793125,0.120162464468217]
["enigma3-withglobal-superiorparietal-thickavg","ukb-b-69","Non-cancer illness code, self-reported: chronic sinusitis || id:ukb-b-69","wTHICK_Mean_superiorparietal_thickavg || id:enigma3-withglobal-superiorparietal-thickavg",-0.000475960780159284,0.000290251405097608,0.129298394136311]
["enigma3-withglobal-parstriangularis-surfavg","ukb-b-69","Non-cancer illness code, self-reported: chronic sinusitis || id:ukb-b-69","wSA_Mean_parstriangularis_surfavg || id:enigma3-withglobal-parstriangularis-surfavg",-0.000142048944442504,{"v":9.2009042348649e-5,"d":"9.20E-05"},0.131368633496799]
["enigma3-withglobal-parahippocampal-thickavg","ukb-b-69","Non-cancer illness code, self-reported: chronic sinusitis || id:ukb-b-69","wTHICK_Mean_parahippocampal_thickavg || id:enigma3-withglobal-parahippocampal-thickavg",0.000358261020006917,0.000230315050396233,0.1347635950034]
["enigma3-withglobal-precentral-thickavg","ukb-b-69","Non-cancer illness code, self-reported: chronic sinusitis || id:ukb-b-69","wTHICK_Mean_precentral_thickavg || id:enigma3-withglobal-precentral-thickavg",0.000506307657178787,0.000322830190043842,0.137652090065705]
["enigma3-withglobal-superiorparietal-thickavg","ukb-d-J32","Diagnoses - main ICD10: J32 Chronic sinusitis || id:ukb-d-J32","wTHICK_Mean_superiorparietal_thickavg || id:enigma3-withglobal-superiorparietal-thickavg",-0.000146114983464372,{"v":9.57043295494519e-5,"d":"9.57E-05"},0.140463065586573]
["enigma3-withglobal-frontalpole-thickavg","ukb-saige-471","Nasal polyps || id:ukb-saige-471","wTHICK_Mean_frontalpole_thickavg || id:enigma3-withglobal-frontalpole-thickavg",0.0347516311761654,0.0230062213949587,0.14654652735416]
["enigma3-withglobal-paracentral-thickavg","finngen_R10_J10_CHRONSINUSITIS","outcome","wTHICK_Mean_paracentral_thickavg || id:enigma3-withglobal-paracentral-thickavg",0.0124809396759267,0.00834844640552359,0.146953594846829]
["enigma3-withglobal-superiortemporal-surfavg","finngen_R10_J10_CHRONSINUSITIS","outcome","wSA_Mean_superiortemporal_surfavg || id:enigma3-withglobal-superiortemporal-surfavg",-0.0133437468800898,0.0090079032968451,0.147217074365745]
["enigma3-withglobal-insula-surfavg","ebi-eas-GCST90018603","Chronic sinusitis || id:ebi-eas-GCST90018603","wSA_Mean_insula_surfavg || id:enigma3-withglobal-insula-surfavg",0.0161355153702824,0.0109247503909879,0.14837924525409]
["enigma3-withglobal-inferiortemporal-thickavg","ukb-d-J32","Diagnoses - main ICD10: J32 Chronic sinusitis || id:ukb-d-J32","wTHICK_Mean_inferiortemporal_thickavg || id:enigma3-withglobal-inferiortemporal-thickavg",0.000178421931708033,0.000122310125964071,0.157080048593399]
["enigma3-withglobal-paracentral-surfavg","finngen_R10_J10_CHRONSINUSITIS","outcome","wSA_Mean_paracentral_surfavg || id:enigma3-withglobal-paracentral-surfavg",-0.0148488211077364,0.0102444777725244,0.158729709921539]
["enigma3-withglobal-superiortemporal-surfavg","ukb-d-J32","Diagnoses - main ICD10: J32 Chronic sinusitis || id:ukb-d-J32","wSA_Mean_superiortemporal_surfavg || id:enigma3-withglobal-superiortemporal-surfavg",-0.000153118476617188,0.000106888366742873,0.160174024919545]
["enigma3-withglobal-parsorbitalis-surfavg","ukb-d-J32","Diagnoses - main ICD10: J32 Chronic sinusitis || id:ukb-d-J32","wSA_Mean_parsorbitalis_surfavg || id:enigma3-withglobal-parsorbitalis-surfavg",-0.000140194092980618,{"v":9.80601074301793e-5,"d":"9.81E-05"},0.162501510389019]
["enigma3-withglobal-caudalanteriorcingulate-thickavg","ukb-b-69","Non-cancer illness code, self-reported: chronic sinusitis || id:ukb-b-69","wTHICK_Mean_caudalanteriorcingulate_thickavg || id:enigma3-withglobal-caudalanteriorcingulate-thickavg",-0.000578356777680723,0.00038439876048188,0.170846816838761]
["enigma3-withglobal-rostralanteriorcingulate-surfavg","ukb-b-69","Non-cancer illness code, self-reported: chronic sinusitis || id:ukb-b-69","wSA_Mean_rostralanteriorcingulate_surfavg || id:enigma3-withglobal-rostralanteriorcingulate-surfavg",-0.000504673806208122,0.000355721311977345,0.172172784181004]
["enigma3-withglobal-bankssts-surfavg","ukb-b-69","Non-cancer illness code, self-reported: chronic sinusitis || id:ukb-b-69","wSA_Mean_bankssts_surfavg || id:enigma3-withglobal-bankssts-surfavg",-0.000332376414386179,0.000236836630223654,0.174455360111458]
["enigma3-withglobal-rostralanteriorcingulate-surfavg","ebi-eas-GCST90018603","Chronic sinusitis || id:ebi-eas-GCST90018603","wSA_Mean_rostralanteriorcingulate_surfavg || id:enigma3-withglobal-rostralanteriorcingulate-surfavg",0.0268807164924487,0.0194190779542763,0.179021635853872]
["enigma3-withglobal-parstriangularis-thickavg","ukb-saige-471","Nasal polyps || id:ukb-saige-471","wTHICK_Mean_parstriangularis_thickavg || id:enigma3-withglobal-parstriangularis-thickavg",0.0232000778586061,0.0168226007146689,0.179181340905861]
["enigma3-withglobal-bankssts-thickavg","ebi-eas-GCST90018603","Chronic sinusitis || id:ebi-eas-GCST90018603","wTHICK_Mean_bankssts_thickavg || id:enigma3-withglobal-bankssts-thickavg",-0.0603109101331487,0.0423142887783277,0.179556649495582]
["enigma3-withglobal-rostralmiddlefrontal-surfavg","ukb-b-69","Non-cancer illness code, self-reported: chronic sinusitis || id:ukb-b-69","wSA_Mean_rostralmiddlefrontal_surfavg || id:enigma3-withglobal-rostralmiddlefrontal-surfavg",-0.000377877714157809,0.000275712173761145,0.180358092611001]
["enigma3-withglobal-caudalmiddlefrontal-thickavg","finngen_R10_J10_CHRONSINUSITIS","outcome","wTHICK_Mean_caudalmiddlefrontal_thickavg || id:enigma3-withglobal-caudalmiddlefrontal-thickavg",-0.00975915844390444,0.00728358093539971,0.19034429171509]
["enigma3-withglobal-paracentral-surfavg","ebi-eas-GCST90018603","Chronic sinusitis || id:ebi-eas-GCST90018603","wSA_Mean_paracentral_surfavg || id:enigma3-withglobal-paracentral-surfavg",-0.0397793265311643,0.029563448018414,0.195151290594853]
["enigma3-withglobal-superiorparietal-surfavg","finngen_R10_J10_CHRONSINUSITIS","outcome","wSA_Mean_superiorparietal_surfavg || id:enigma3-withglobal-superiorparietal-surfavg",0.00780931691271092,0.00594481913812875,0.195627610848295]
["enigma3-withglobal-fusiform-surfavg","ukb-d-J32","Diagnoses - main ICD10: J32 Chronic sinusitis || id:ukb-d-J32","wSA_Mean_fusiform_surfavg || id:enigma3-withglobal-fusiform-surfavg",-0.000122041353189166,{"v":9.33342245794018e-5,"d":"9.33E-05"},0.200632924291103]
["enigma3-withglobal-fusiform-thickavg","ebi-eas-GCST90018603","Chronic sinusitis || id:ebi-eas-GCST90018603","wTHICK_Mean_fusiform_thickavg || id:enigma3-withglobal-fusiform-thickavg",0.0389355906746746,0.0285507482121263,0.202560125907039]
["enigma3-withglobal-precuneus-surfavg","ukb-d-J32","Diagnoses - main ICD10: J32 Chronic sinusitis || id:ukb-d-J32","wSA_Mean_precuneus_surfavg || id:enigma3-withglobal-precuneus-surfavg",0.000115669256408339,{"v":8.95550631995454e-5,"d":"8.96E-05"},0.20355886079543]
["enigma3-withglobal-parahippocampal-surfavg","ukb-b-69","Non-cancer illness code, self-reported: chronic sinusitis || id:ukb-b-69","wSA_Mean_parahippocampal_surfavg || id:enigma3-withglobal-parahippocampal-surfavg",0.000630688678089936,0.000476474568793614,0.210280487267455]
["enigma3-withglobal-pericalcarine-thickavg","ukb-saige-471","Nasal polyps || id:ukb-saige-471","wTHICK_Mean_pericalcarine_thickavg || id:enigma3-withglobal-pericalcarine-thickavg",-0.0331911526921495,0.0256043147387941,0.211242896391298]
["enigma3-withglobal-frontalpole-thickavg","ukb-b-69","Non-cancer illness code, self-reported: chronic sinusitis || id:ukb-b-69","wTHICK_Mean_frontalpole_thickavg || id:enigma3-withglobal-frontalpole-thickavg",-0.000763288824365127,0.000547461887620535,0.212688941533197]
["enigma3-withglobal-lingual-thickavg","ukb-d-J32","Diagnoses - main ICD10: J32 Chronic sinusitis || id:ukb-d-J32","wTHICK_Mean_lingual_thickavg || id:enigma3-withglobal-lingual-thickavg",0.000117505182868714,{"v":9.29253262659509e-5,"d":"9.29E-05"},0.213747219568908]
["enigma3-withglobal-transversetemporal-surfavg","ebi-eas-GCST90018603","Chronic sinusitis || id:ebi-eas-GCST90018603","wSA_Mean_transversetemporal_surfavg || id:enigma3-withglobal-transversetemporal-surfavg",-0.0319011709216342,0.0249413129123856,0.214833257155115]
["enigma3-withglobal-lateralorbitofrontal-surfavg","ukb-d-J32","Diagnoses - main ICD10: J32 Chronic sinusitis || id:ukb-d-J32","wSA_Mean_lateralorbitofrontal_surfavg || id:enigma3-withglobal-lateralorbitofrontal-surfavg",-0.000111202610838248,{"v":8.86401783952247e-5,"d":"8.86E-05"},0.214951208508533]
["enigma3-withglobal-supramarginal-thickavg","finngen_R10_J10_CHRONSINUSITIS","outcome","wTHICK_Mean_supramarginal_thickavg || id:enigma3-withglobal-supramarginal-thickavg",-0.026089397606095,0.0201520491199066,0.216394818057618]
["enigma3-withglobal-precentral-thickavg","ukb-d-J32","Diagnoses - main ICD10: J32 Chronic sinusitis || id:ukb-d-J32","wTHICK_Mean_precentral_thickavg || id:enigma3-withglobal-precentral-thickavg",0.000124230941558552,{"v":9.81708913886722e-5,"d":"9.82E-05"},0.216931359185464]
["enigma3-withglobal-lateraloccipital-thickavg","ebi-eas-GCST90018603","Chronic sinusitis || id:ebi-eas-GCST90018603","wTHICK_Mean_lateraloccipital_thickavg || id:enigma3-withglobal-lateraloccipital-thickavg",-0.0344688499482126,0.0270722690614263,0.21913962222501]
["enigma3-withglobal-rostralanteriorcingulate-thickavg","ukb-b-69","Non-cancer illness code, self-reported: chronic sinusitis || id:ukb-b-69","wTHICK_Mean_rostralanteriorcingulate_thickavg || id:enigma3-withglobal-rostralanteriorcingulate-thickavg",-0.00078953412979537,0.000592338073582733,0.219270689529414]
["enigma3-withglobal-medialorbitofrontal-thickavg","ukb-saige-471","Nasal polyps || id:ukb-saige-471","wTHICK_Mean_medialorbitofrontal_thickavg || id:enigma3-withglobal-medialorbitofrontal-thickavg",-0.0291422803062367,0.0228728727433728,0.219771843016795]
["enigma3-withglobal-fusiform-surfavg","ebi-eas-GCST90018603","Chronic sinusitis || id:ebi-eas-GCST90018603","wSA_Mean_fusiform_surfavg || id:enigma3-withglobal-fusiform-surfavg",0.0443683470320856,0.0360515850082128,0.232716835585295]
["enigma3-withglobal-supramarginal-thickavg","ebi-eas-GCST90018603","Chronic sinusitis || id:ebi-eas-GCST90018603","wTHICK_Mean_supramarginal_thickavg || id:enigma3-withglobal-supramarginal-thickavg",0.0485418856520483,0.0391436451850112,0.236857342969814]
["enigma3-withglobal-medialorbitofrontal-thickavg","ukb-b-69","Non-cancer illness code, self-reported: chronic sinusitis || id:ukb-b-69","wTHICK_Mean_medialorbitofrontal_thickavg || id:enigma3-withglobal-medialorbitofrontal-thickavg",0.000528669558875867,0.000426958514326153,0.237528664237826]
["enigma3-withglobal-caudalmiddlefrontal-thickavg","ebi-eas-GCST90018603","Chronic sinusitis || id:ebi-eas-GCST90018603","wTHICK_Mean_caudalmiddlefrontal_thickavg || id:enigma3-withglobal-caudalmiddlefrontal-thickavg",-0.0178712328312243,0.0146185249249576,0.238195555013404]
["enigma3-withglobal-lateralorbitofrontal-thickavg","ukb-d-J32","Diagnoses - main ICD10: J32 Chronic sinusitis || id:ukb-d-J32","wTHICK_Mean_lateralorbitofrontal_thickavg || id:enigma3-withglobal-lateralorbitofrontal-thickavg",-0.000150142647020337,0.000121841965848642,0.239669727564239]
["enigma3-withglobal-middletemporal-thickavg","ukb-d-J32","Diagnoses - main ICD10: J32 Chronic sinusitis || id:ukb-d-J32","wTHICK_Mean_middletemporal_thickavg || id:enigma3-withglobal-middletemporal-thickavg",0.000147855649527094,0.000122540790113711,0.241009867197681]
["enigma3-withglobal-rostralanteriorcingulate-thickavg","finngen_R10_J10_CHRONSINUSITIS","outcome","wTHICK_Mean_rostralanteriorcingulate_thickavg || id:enigma3-withglobal-rostralanteriorcingulate-thickavg",-0.0113093063938563,0.00951458314950416,0.244935647059528]
["enigma3-withglobal-precentral-surfavg","ukb-d-J32","Diagnoses - main ICD10: J32 Chronic sinusitis || id:ukb-d-J32","wSA_Mean_precentral_surfavg || id:enigma3-withglobal-precentral-surfavg",{"v":-5.92449453839828e-5,"d":"-5.92E-05"},{"v":5.02568257025968e-5,"d":"5.03E-05"},0.248744989888252]
["enigma3-withglobal-superiortemporal-surfavg","ukb-saige-471","Nasal polyps || id:ukb-saige-471","wSA_Mean_superiortemporal_surfavg || id:enigma3-withglobal-superiortemporal-surfavg",0.0257312577792453,0.0220829102755927,0.251390741009999]
["enigma3-withglobal-rostralmiddlefrontal-thickavg","ebi-eas-GCST90018603","Chronic sinusitis || id:ebi-eas-GCST90018603","wTHICK_Mean_rostralmiddlefrontal_thickavg || id:enigma3-withglobal-rostralmiddlefrontal-thickavg",-0.041236695307765,0.0348981084237356,0.257035334744674]
["enigma3-withglobal-caudalmiddlefrontal-surfavg","ukb-b-69","Non-cancer illness code, self-reported: chronic sinusitis || id:ukb-b-69","wSA_Mean_caudalmiddlefrontal_surfavg || id:enigma3-withglobal-caudalmiddlefrontal-surfavg",0.000244234999641736,0.000211112057481802,0.263312665406796]
["enigma3-withglobal-temporalpole-surfavg","ukb-b-69","Non-cancer illness code, self-reported: chronic sinusitis || id:ukb-b-69","wSA_Mean_temporalpole_surfavg || id:enigma3-withglobal-temporalpole-surfavg",0.000654332929175363,0.000546025660124373,0.265071526124999]
["enigma3-withglobal-posteriorcingulate-surfavg","ukb-b-69","Non-cancer illness code, self-reported: chronic sinusitis || id:ukb-b-69","wSA_Mean_posteriorcingulate_surfavg || id:enigma3-withglobal-posteriorcingulate-surfavg",-0.00035260235877445,0.000306579397049976,0.265146980058623]
["enigma3-withglobal-temporalpole-thickavg","ukb-saige-471","Nasal polyps || id:ukb-saige-471","wTHICK_Mean_temporalpole_thickavg || id:enigma3-withglobal-temporalpole-thickavg",-0.0319378553298301,0.0279094033530504,0.265358832422168]
["enigma3-withglobal-bankssts-thickavg","ukb-b-69","Non-cancer illness code, self-reported: chronic sinusitis || id:ukb-b-69","wTHICK_Mean_bankssts_thickavg || id:enigma3-withglobal-bankssts-thickavg",-0.000407714495004339,0.000350658674627882,0.26955109424184]
["enigma3-withglobal-parstriangularis-thickavg","finngen_R10_J10_CHRONSINUSITIS","outcome","wTHICK_Mean_parstriangularis_thickavg || id:enigma3-withglobal-parstriangularis-thickavg",0.0074603501815776,0.00666555470337962,0.272548012124]
["enigma3-withglobal-parahippocampal-thickavg","finngen_R10_J10_CHRONSINUSITIS","outcome","wTHICK_Mean_parahippocampal_thickavg || id:enigma3-withglobal-parahippocampal-thickavg",-0.00862048366551619,0.00773239135698299,0.27296676872034]
["enigma3-withglobal-parsorbitalis-thickavg","ukb-d-J32","Diagnoses - main ICD10: J32 Chronic sinusitis || id:ukb-d-J32","wTHICK_Mean_parsorbitalis_thickavg || id:enigma3-withglobal-parsorbitalis-thickavg",-0.000162189583376664,0.00014376926639434,0.273311940114356]
["enigma3-withglobal-superiorfrontal-surfavg","ebi-eas-GCST90018603","Chronic sinusitis || id:ebi-eas-GCST90018603","wSA_Mean_superiorfrontal_surfavg || id:enigma3-withglobal-superiorfrontal-surfavg",-0.0222544268223878,0.0200385790330342,0.277317390985932]
["enigma3-withglobal-precuneus-surfavg","ebi-eas-GCST90018603","Chronic sinusitis || id:ebi-eas-GCST90018603","wSA_Mean_precuneus_surfavg || id:enigma3-withglobal-precuneus-surfavg",-0.0268704300012341,0.0244351717635563,0.278583082451595]
["enigma3-withglobal-parsopercularis-surfavg","ebi-eas-GCST90018603","Chronic sinusitis || id:ebi-eas-GCST90018603","wSA_Mean_parsopercularis_surfavg || id:enigma3-withglobal-parsopercularis-surfavg",-0.0186705742030931,0.0168112113361762,0.278730897870768]
["enigma3-withglobal-transversetemporal-surfavg","ukb-d-J32","Diagnoses - main ICD10: J32 Chronic sinusitis || id:ukb-d-J32","wSA_Mean_transversetemporal_surfavg || id:enigma3-withglobal-transversetemporal-surfavg",-0.000115793328421037,0.000106622601560019,0.283975734217287]
["enigma3-withglobal-inferiorparietal-thickavg","finngen_R10_J10_CHRONSINUSITIS","outcome","wTHICK_Mean_inferiorparietal_thickavg || id:enigma3-withglobal-inferiorparietal-thickavg",-0.0091641122847465,0.00838780547738629,0.285436753818046]
["enigma3-withglobal-bankssts-thickavg","ukb-saige-471","Nasal polyps || id:ukb-saige-471","wTHICK_Mean_bankssts_thickavg || id:enigma3-withglobal-bankssts-thickavg",-0.0397123641976413,0.0360610438441289,0.2881443529885]
["enigma3-withglobal-postcentral-thickavg","ukb-d-J32","Diagnoses - main ICD10: J32 Chronic sinusitis || id:ukb-d-J32","wTHICK_Mean_postcentral_thickavg || id:enigma3-withglobal-postcentral-thickavg",{"v":-5.48669248398277e-5,"d":"-5.49E-05"},{"v":5.15338081869685e-5,"d":"5.15E-05"},0.293406508050732]
["enigma3-withglobal-inferiorparietal-thickavg","ukb-d-J32","Diagnoses - main ICD10: J32 Chronic sinusitis || id:ukb-d-J32","wTHICK_Mean_inferiorparietal_thickavg || id:enigma3-withglobal-inferiorparietal-thickavg",{"v":9.58529047335237e-5,"d":"9.59E-05"},{"v":9.01083114067636e-5,"d":"9.01E-05"},0.29848234375608]
["enigma3-withglobal-fusiform-thickavg","ukb-d-J32","Diagnoses - main ICD10: J32 Chronic sinusitis || id:ukb-d-J32","wTHICK_Mean_fusiform_thickavg || id:enigma3-withglobal-fusiform-thickavg",0.000140707866564117,0.000130839336906692,0.299179025349245]
["enigma3-withglobal-supramarginal-thickavg","ukb-d-J32","Diagnoses - main ICD10: J32 Chronic sinusitis || id:ukb-d-J32","wTHICK_Mean_supramarginal_thickavg || id:enigma3-withglobal-supramarginal-thickavg",-0.000184464076066847,0.000171779022969245,0.299863828416137]
["enigma3-withglobal-posteriorcingulate-thickavg","ukb-b-69","Non-cancer illness code, self-reported: chronic sinusitis || id:ukb-b-69","wTHICK_Mean_posteriorcingulate_thickavg || id:enigma3-withglobal-posteriorcingulate-thickavg",-0.000392641565996012,0.000371299498528886,0.304279117110803]
["enigma3-withglobal-fusiform-surfavg","ukb-b-69","Non-cancer illness code, self-reported: chronic sinusitis || id:ukb-b-69","wSA_Mean_fusiform_surfavg || id:enigma3-withglobal-fusiform-surfavg",-0.000268791599196991,0.000256209459778485,0.307290302328196]
["enigma3-withglobal-inferiorparietal-surfavg","finngen_R10_J10_CHRONSINUSITIS","outcome","wSA_Mean_inferiorparietal_surfavg || id:enigma3-withglobal-inferiorparietal-surfavg",-0.00657543270707104,0.00635393760402423,0.307636445462604]
["enigma3-withglobal-medialorbitofrontal-surfavg","ukb-d-J32","Diagnoses - main ICD10: J32 Chronic sinusitis || id:ukb-d-J32","wSA_Mean_medialorbitofrontal_surfavg || id:enigma3-withglobal-medialorbitofrontal-surfavg",-0.000129972460962201,0.000123603298106931,0.307734072801751]
["enigma3-withglobal-lateraloccipital-surfavg","ebi-eas-GCST90018603","Chronic sinusitis || id:ebi-eas-GCST90018603","wSA_Mean_lateraloccipital_surfavg || id:enigma3-withglobal-lateraloccipital-surfavg",0.0218838966324654,0.0211736768170606,0.311245180225176]
["enigma3-withglobal-paracentral-thickavg","ukb-b-69","Non-cancer illness code, self-reported: chronic sinusitis || id:ukb-b-69","wTHICK_Mean_paracentral_thickavg || id:enigma3-withglobal-paracentral-thickavg",0.000272336533046042,0.000262234975927274,0.312064142874375]
["enigma3-withglobal-superiorfrontal-thickavg","finngen_R10_J10_CHRONSINUSITIS","outcome","wTHICK_Mean_superiorfrontal_thickavg || id:enigma3-withglobal-superiorfrontal-thickavg",0.0123742026795761,0.0119873389826484,0.31223518883956]
["enigma3-withglobal-superiorfrontal-thickavg","ebi-eas-GCST90018603","Chronic sinusitis || id:ebi-eas-GCST90018603","wTHICK_Mean_superiorfrontal_thickavg || id:enigma3-withglobal-superiorfrontal-thickavg",-0.0145777605310053,0.0140277069018753,0.312465121628015]
["enigma3-withglobal-precuneus-surfavg","ukb-saige-471","Nasal polyps || id:ukb-saige-471","wSA_Mean_precuneus_surfavg || id:enigma3-withglobal-precuneus-surfavg",0.0160354111925809,0.0159026692845058,0.319201990321674]
["enigma3-withglobal-cuneus-thickavg","ebi-eas-GCST90018603","Chronic sinusitis || id:ebi-eas-GCST90018603","wTHICK_Mean_cuneus_thickavg || id:enigma3-withglobal-cuneus-thickavg",-0.0531400759307424,0.0501150079195483,0.31994071818276]
["enigma3-withglobal-transversetemporal-surfavg","finngen_R10_J10_CHRONSINUSITIS","outcome","wSA_Mean_transversetemporal_surfavg || id:enigma3-withglobal-transversetemporal-surfavg",0.00712885268968019,0.0071657740021351,0.325250247625463]
["enigma3-withglobal-parsorbitalis-thickavg","finngen_R10_J10_CHRONSINUSITIS","outcome","wTHICK_Mean_parsorbitalis_thickavg || id:enigma3-withglobal-parsorbitalis-thickavg",0.0105688143287079,0.0104817234878544,0.327443410861603]
["enigma3-withglobal-isthmuscingulate-thickavg","ukb-b-69","Non-cancer illness code, self-reported: chronic sinusitis || id:ukb-b-69","wTHICK_Mean_isthmuscingulate_thickavg || id:enigma3-withglobal-isthmuscingulate-thickavg",0.000243808822428126,0.000244930415227406,0.329462554779266]
["enigma3-withglobal-paracentral-surfavg","ukb-saige-471","Nasal polyps || id:ukb-saige-471","wSA_Mean_paracentral_surfavg || id:enigma3-withglobal-paracentral-surfavg",-0.022971417302718,0.0233883004293366,0.335423610134864]
["enigma3-withglobal-rostralanteriorcingulate-thickavg","ebi-eas-GCST90018603","Chronic sinusitis || id:ebi-eas-GCST90018603","wTHICK_Mean_rostralanteriorcingulate_thickavg || id:enigma3-withglobal-rostralanteriorcingulate-thickavg",0.0296557685645289,0.0300901683954749,0.341074882330996]
["enigma3-withglobal-rostralmiddlefrontal-thickavg","ukb-b-69","Non-cancer illness code, self-reported: chronic sinusitis || id:ukb-b-69","wTHICK_Mean_rostralmiddlefrontal_thickavg || id:enigma3-withglobal-rostralmiddlefrontal-thickavg",-0.000492968177216642,0.000490795035489933,0.341411797372277]
["enigma3-withglobal-postcentral-surfavg","ukb-b-69","Non-cancer illness code, self-reported: chronic sinusitis || id:ukb-b-69","wSA_Mean_postcentral_surfavg || id:enigma3-withglobal-postcentral-surfavg",0.000120975830225997,0.000125393866222035,0.345641112952412]
["enigma3-withglobal-postcentral-thickavg","finngen_R10_J10_CHRONSINUSITIS","outcome","wTHICK_Mean_postcentral_thickavg || id:enigma3-withglobal-postcentral-thickavg",-0.0044012026521203,0.00462562685250723,0.347372586823242]
["enigma3-withglobal-superiorfrontal-thickavg","ukb-b-69","Non-cancer illness code, self-reported: chronic sinusitis || id:ukb-b-69","wTHICK_Mean_superiorfrontal_thickavg || id:enigma3-withglobal-superiorfrontal-thickavg",0.00050949374580672,0.000527046268272791,0.350099501123038]
["enigma3-withglobal-insula-thickavg","ukb-saige-471","Nasal polyps || id:ukb-saige-471","wTHICK_Mean_insula_thickavg || id:enigma3-withglobal-insula-thickavg",-0.0232243071194171,0.0247954599034972,0.357565371988077]
["enigma3-withglobal-parstriangularis-surfavg","ebi-eas-GCST90018603","Chronic sinusitis || id:ebi-eas-GCST90018603","wSA_Mean_parstriangularis_surfavg || id:enigma3-withglobal-parstriangularis-surfavg",0.0136914060611974,0.014707974029296,0.358114832017615]
["enigma3-withglobal-parsorbitalis-thickavg","ebi-eas-GCST90018603","Chronic sinusitis || id:ebi-eas-GCST90018603","wTHICK_Mean_parsorbitalis_thickavg || id:enigma3-withglobal-parsorbitalis-thickavg",0.0233472780177098,0.0246349352129511,0.35828608865785]
["enigma3-withglobal-frontalpole-thickavg","finngen_R10_J10_CHRONSINUSITIS","outcome","wTHICK_Mean_frontalpole_thickavg || id:enigma3-withglobal-frontalpole-thickavg",0.0110144450309235,0.0117500918094715,0.358734390746267]
["enigma3-withglobal-isthmuscingulate-surfavg","ukb-d-J32","Diagnoses - main ICD10: J32 Chronic sinusitis || id:ukb-d-J32","wSA_Mean_isthmuscingulate_surfavg || id:enigma3-withglobal-isthmuscingulate-surfavg",-0.000106229538132722,0.000114320423042399,0.361319295421138]
["enigma3-withglobal-transversetemporal-thickavg","ukb-saige-471","Nasal polyps || id:ukb-saige-471","wTHICK_Mean_transversetemporal_thickavg || id:enigma3-withglobal-transversetemporal-thickavg",-0.0261008070723981,0.0280540986353986,0.363848630609384]
["enigma3-withglobal-paracentral-thickavg","ukb-d-J32","Diagnoses - main ICD10: J32 Chronic sinusitis || id:ukb-d-J32","wTHICK_Mean_paracentral_thickavg || id:enigma3-withglobal-paracentral-thickavg",-0.000106822690468218,0.000115844411516648,0.364943142646165]
["enigma3-withglobal-parahippocampal-thickavg","ebi-eas-GCST90018603","Chronic sinusitis || id:ebi-eas-GCST90018603","wTHICK_Mean_parahippocampal_thickavg || id:enigma3-withglobal-parahippocampal-thickavg",-0.0159866365759246,0.0174812551394237,0.368856968051885]
["enigma3-withglobal-temporalpole-surfavg","ebi-eas-GCST90018603","Chronic sinusitis || id:ebi-eas-GCST90018603","wSA_Mean_temporalpole_surfavg || id:enigma3-withglobal-temporalpole-surfavg",-0.02133526894522,0.0230103903623707,0.370716705862929]
["enigma3-withglobal-pericalcarine-surfavg","ukb-b-69","Non-cancer illness code, self-reported: chronic sinusitis || id:ukb-b-69","wSA_Mean_pericalcarine_surfavg || id:enigma3-withglobal-pericalcarine-surfavg",-0.000100152719696004,0.000111354783476529,0.373226354426211]
["enigma3-withglobal-caudalmiddlefrontal-surfavg","finngen_R10_J10_CHRONSINUSITIS","outcome","wSA_Mean_caudalmiddlefrontal_surfavg || id:enigma3-withglobal-caudalmiddlefrontal-surfavg",-0.011098543539594,0.0122524270604336,0.373676804033508]
["enigma3-withglobal-parsorbitalis-surfavg","ukb-saige-471","Nasal polyps || id:ukb-saige-471","wSA_Mean_parsorbitalis_surfavg || id:enigma3-withglobal-parsorbitalis-surfavg",-0.0160122230932263,0.0178037341517798,0.3753866299055]
["enigma3-withglobal-superiortemporal-thickavg","ebi-eas-GCST90018603","Chronic sinusitis || id:ebi-eas-GCST90018603","wTHICK_Mean_superiortemporal_thickavg || id:enigma3-withglobal-superiortemporal-thickavg",-0.0132532368329068,0.0151428453231808,0.393655189302926]
["enigma3-withglobal-isthmuscingulate-thickavg","finngen_R10_J10_CHRONSINUSITIS","outcome","wTHICK_Mean_isthmuscingulate_thickavg || id:enigma3-withglobal-isthmuscingulate-thickavg",-0.00821579598438412,0.0095423729226432,0.396311787756987]
["enigma3-withglobal-supramarginal-surfavg","ebi-eas-GCST90018603","Chronic sinusitis || id:ebi-eas-GCST90018603","wSA_Mean_supramarginal_surfavg || id:enigma3-withglobal-supramarginal-surfavg",0.0122024686834711,0.0141944298392747,0.396790982827829]
["enigma3-withglobal-temporalpole-surfavg","ukb-saige-471","Nasal polyps || id:ukb-saige-471","wSA_Mean_temporalpole_surfavg || id:enigma3-withglobal-temporalpole-surfavg",-0.0220898913779012,0.0255452104955682,0.397436723703222]
["enigma3-withglobal-rostralmiddlefrontal-surfavg","ebi-eas-GCST90018603","Chronic sinusitis || id:ebi-eas-GCST90018603","wSA_Mean_rostralmiddlefrontal_surfavg || id:enigma3-withglobal-rostralmiddlefrontal-surfavg",-0.039844867909148,0.0470285713790332,0.40261336271481]
["enigma3-withglobal-caudalanteriorcingulate-thickavg","ukb-saige-471","Nasal polyps || id:ukb-saige-471","wTHICK_Mean_caudalanteriorcingulate_thickavg || id:enigma3-withglobal-caudalanteriorcingulate-thickavg",0.0239323256823735,0.0278176367125832,0.403149542710467]
["enigma3-withglobal-rostralmiddlefrontal-thickavg","ukb-d-J32","Diagnoses - main ICD10: J32 Chronic sinusitis || id:ukb-d-J32","wTHICK_Mean_rostralmiddlefrontal_thickavg || id:enigma3-withglobal-rostralmiddlefrontal-thickavg",-0.000106267450864781,0.00012656808775101,0.409086386641469]
["enigma3-withglobal-pericalcarine-thickavg","ebi-eas-GCST90018603","Chronic sinusitis || id:ebi-eas-GCST90018603","wTHICK_Mean_pericalcarine_thickavg || id:enigma3-withglobal-pericalcarine-thickavg",-0.0337376568171236,0.0394398581475816,0.410563963284473]
["enigma3-withglobal-caudalanteriorcingulate-surfavg","ukb-b-69","Non-cancer illness code, self-reported: chronic sinusitis || id:ukb-b-69","wSA_Mean_caudalanteriorcingulate_surfavg || id:enigma3-withglobal-caudalanteriorcingulate-surfavg",0.000209623418010971,0.000249805929177432,0.412394286222406]
["enigma3-withglobal-parsorbitalis-thickavg","ukb-b-69","Non-cancer illness code, self-reported: chronic sinusitis || id:ukb-b-69","wTHICK_Mean_parsorbitalis_thickavg || id:enigma3-withglobal-parsorbitalis-thickavg",-0.000495147021031557,0.000584194923512118,0.414737961974422]
["enigma3-withglobal-lateralorbitofrontal-surfavg","ukb-b-69","Non-cancer illness code, self-reported: chronic sinusitis || id:ukb-b-69","wSA_Mean_lateralorbitofrontal_surfavg || id:enigma3-withglobal-lateralorbitofrontal-surfavg",0.000148973438954987,0.000183232900579596,0.421546715986215]
["enigma3-withglobal-middletemporal-surfavg","ukb-b-69","Non-cancer illness code, self-reported: chronic sinusitis || id:ukb-b-69","wSA_Mean_middletemporal_surfavg || id:enigma3-withglobal-middletemporal-surfavg",-0.000204470059598937,0.000253191526941996,0.426955147678009]
["enigma3-withglobal-pericalcarine-surfavg","ukb-saige-471","Nasal polyps || id:ukb-saige-471","wSA_Mean_pericalcarine_surfavg || id:enigma3-withglobal-pericalcarine-surfavg",-0.0106429236136122,0.0134761917355628,0.432832027573681]
["enigma3-withglobal-parstriangularis-thickavg","ebi-eas-GCST90018603","Chronic sinusitis || id:ebi-eas-GCST90018603","wTHICK_Mean_parstriangularis_thickavg || id:enigma3-withglobal-parstriangularis-thickavg",0.0105401308934813,0.0131195497353996,0.434295572683098]
["enigma3-withglobal-lingual-thickavg","ukb-b-69","Non-cancer illness code, self-reported: chronic sinusitis || id:ukb-b-69","wTHICK_Mean_lingual_thickavg || id:enigma3-withglobal-lingual-thickavg",0.000198725892385341,0.000250625509546583,0.435285536494812]
["enigma3-withglobal-postcentral-thickavg","ebi-eas-GCST90018603","Chronic sinusitis || id:ebi-eas-GCST90018603","wTHICK_Mean_postcentral_thickavg || id:enigma3-withglobal-postcentral-thickavg",-0.00959003285107318,0.0121451790940387,0.436160784779886]
["enigma3-withglobal-superiorparietal-surfavg","ukb-d-J32","Diagnoses - main ICD10: J32 Chronic sinusitis || id:ukb-d-J32","wSA_Mean_superiorparietal_surfavg || id:enigma3-withglobal-superiorparietal-surfavg",{"v":5.05661683712427e-5,"d":"5.06E-05"},{"v":6.44994882314492e-5,"d":"6.45E-05"},0.437071566828891]
["enigma3-withglobal-lingual-surfavg","ukb-d-J32","Diagnoses - main ICD10: J32 Chronic sinusitis || id:ukb-d-J32","wSA_Mean_lingual_surfavg || id:enigma3-withglobal-lingual-surfavg",{"v":7.17620296316521e-5,"d":"7.18E-05"},{"v":9.18615111476488e-5,"d":"9.19E-05"},0.438522172991409]
["enigma3-withglobal-temporalpole-thickavg","ukb-b-69","Non-cancer illness code, self-reported: chronic sinusitis || id:ukb-b-69","wTHICK_Mean_temporalpole_thickavg || id:enigma3-withglobal-temporalpole-thickavg",-0.000406879856900656,0.000510513761242726,0.439764852919741]
["enigma3-withglobal-posteriorcingulate-thickavg","ukb-saige-471","Nasal polyps || id:ukb-saige-471","wTHICK_Mean_posteriorcingulate_thickavg || id:enigma3-withglobal-posteriorcingulate-thickavg",0.0154390957599536,0.0197736676213438,0.441977003560559]
["enigma3-withglobal-pericalcarine-thickavg","finngen_R10_J10_CHRONSINUSITIS","outcome","wTHICK_Mean_pericalcarine_thickavg || id:enigma3-withglobal-pericalcarine-thickavg",-0.00954410607342315,0.0122226742225825,0.443603135643779]
["enigma3-withglobal-pericalcarine-surfavg","ukb-d-J32","Diagnoses - main ICD10: J32 Chronic sinusitis || id:ukb-d-J32","wSA_Mean_pericalcarine_surfavg || id:enigma3-withglobal-pericalcarine-surfavg",{"v":-5.72691909769166e-5,"d":"-5.73E-05"},{"v":7.48744821253485e-5,"d":"7.49E-05"},0.447160633469168]
["enigma3-withglobal-superiorfrontal-thickavg","ukb-d-J32","Diagnoses - main ICD10: J32 Chronic sinusitis || id:ukb-d-J32","wTHICK_Mean_superiorfrontal_thickavg || id:enigma3-withglobal-superiorfrontal-thickavg",{"v":8.25225375139738e-5,"d":"8.25E-05"},0.000107552113109556,0.450398211437735]
["enigma3-withglobal-caudalanteriorcingulate-thickavg","ukb-d-J32","Diagnoses - main ICD10: J32 Chronic sinusitis || id:ukb-d-J32","wTHICK_Mean_caudalanteriorcingulate_thickavg || id:enigma3-withglobal-caudalanteriorcingulate-thickavg",-0.000101310784657696,0.000131590312853208,0.451928289694726]
["enigma3-withglobal-inferiorparietal-thickavg","ukb-saige-471","Nasal polyps || id:ukb-saige-471","wTHICK_Mean_inferiorparietal_thickavg || id:enigma3-withglobal-inferiorparietal-thickavg",-0.0120865654810347,0.0158635290823472,0.453856949507432]
["enigma3-withglobal-isthmuscingulate-thickavg","ebi-eas-GCST90018603","Chronic sinusitis || id:ebi-eas-GCST90018603","wTHICK_Mean_isthmuscingulate_thickavg || id:enigma3-withglobal-isthmuscingulate-thickavg",0.0184129042625868,0.0242136583473374,0.454720268440067]
["enigma3-withglobal-pericalcarine-thickavg","ukb-b-69","Non-cancer illness code, self-reported: chronic sinusitis || id:ukb-b-69","wTHICK_Mean_pericalcarine_thickavg || id:enigma3-withglobal-pericalcarine-thickavg",0.000231638677829797,0.000297885729219825,0.45675259955508]
["enigma3-withglobal-transversetemporal-thickavg","ebi-eas-GCST90018603","Chronic sinusitis || id:ebi-eas-GCST90018603","wTHICK_Mean_transversetemporal_thickavg || id:enigma3-withglobal-transversetemporal-thickavg",-0.03330234737903,0.0427465422980326,0.458364571951317]
["enigma3-withglobal-parahippocampal-thickavg","ukb-d-J32","Diagnoses - main ICD10: J32 Chronic sinusitis || id:ukb-d-J32","wTHICK_Mean_parahippocampal_thickavg || id:enigma3-withglobal-parahippocampal-thickavg",{"v":-6.64442069811945e-5,"d":"-6.64E-05"},{"v":8.95056959274498e-5,"d":"8.95E-05"},0.462830879661022]
["enigma3-withglobal-lateraloccipital-surfavg","finngen_R10_J10_CHRONSINUSITIS","outcome","wSA_Mean_lateraloccipital_surfavg || id:enigma3-withglobal-lateraloccipital-surfavg",-0.00629367875085312,0.00851784825491524,0.46464077232917]
["enigma3-withglobal-lateralorbitofrontal-surfavg","finngen_R10_J10_CHRONSINUSITIS","outcome","wSA_Mean_lateralorbitofrontal_surfavg || id:enigma3-withglobal-lateralorbitofrontal-surfavg",0.00589523464758915,0.00800551949042283,0.464676751039387]
["enigma3-withglobal-rostralanteriorcingulate-thickavg","ukb-d-J32","Diagnoses - main ICD10: J32 Chronic sinusitis || id:ukb-d-J32","wTHICK_Mean_rostralanteriorcingulate_thickavg || id:enigma3-withglobal-rostralanteriorcingulate-thickavg",{"v":-7.66826250438908e-5,"d":"-7.67E-05"},0.000103772057587092,0.466554993295967]
["enigma3-withglobal-bankssts-surfavg","ukb-d-J32","Diagnoses - main ICD10: J32 Chronic sinusitis || id:ukb-d-J32","wSA_Mean_bankssts_surfavg || id:enigma3-withglobal-bankssts-surfavg",{"v":7.68386516074389e-5,"d":"7.68E-05"},0.000105170592099072,0.47033337272291]
["enigma3-withglobal-superiorparietal-surfavg","ebi-eas-GCST90018603","Chronic sinusitis || id:ebi-eas-GCST90018603","wSA_Mean_superiorparietal_surfavg || id:enigma3-withglobal-superiorparietal-surfavg",-0.0120888848800093,0.0165796575479232,0.471059937091748]
["enigma3-withglobal-parahippocampal-surfavg","finngen_R10_J10_CHRONSINUSITIS","outcome","wSA_Mean_parahippocampal_surfavg || id:enigma3-withglobal-parahippocampal-surfavg",0.010189049471702,0.0141413399581515,0.477891449755206]
["enigma3-withglobal-parstriangularis-surfavg","finngen_R10_J10_CHRONSINUSITIS","outcome","wSA_Mean_parstriangularis_surfavg || id:enigma3-withglobal-parstriangularis-surfavg",0.00467288613656433,0.00658090256283011,0.480896464269434]
["enigma3-withglobal-isthmuscingulate-thickavg","ukb-d-J32","Diagnoses - main ICD10: J32 Chronic sinusitis || id:ukb-d-J32","wTHICK_Mean_isthmuscingulate_thickavg || id:enigma3-withglobal-isthmuscingulate-thickavg",{"v":9.44296240286115e-5,"d":"9.44E-05"},0.000132643834089825,0.481527367194333]
["enigma3-withglobal-transversetemporal-surfavg","ukb-saige-471","Nasal polyps || id:ukb-saige-471","wSA_Mean_transversetemporal_surfavg || id:enigma3-withglobal-transversetemporal-surfavg",0.0107706429021603,0.0151755872293253,0.481699765924918]
["enigma3-withglobal-entorhinal-thickavg","ebi-eas-GCST90018603","Chronic sinusitis || id:ebi-eas-GCST90018603","wTHICK_Mean_entorhinal_thickavg || id:enigma3-withglobal-entorhinal-thickavg",-0.0260657499714436,0.036001316939395,0.482929122081962]
["enigma3-withglobal-frontalpole-surfavg","ukb-b-69","Non-cancer illness code, self-reported: chronic sinusitis || id:ukb-b-69","wSA_Mean_frontalpole_surfavg || id:enigma3-withglobal-frontalpole-surfavg",0.000312109785082566,0.000425850288839891,0.484532082007985]
["enigma3-withglobal-parsorbitalis-thickavg","ukb-saige-471","Nasal polyps || id:ukb-saige-471","wTHICK_Mean_parsorbitalis_thickavg || id:enigma3-withglobal-parsorbitalis-thickavg",-0.0174067921955314,0.0245400249458524,0.487211447294139]
["enigma3-withglobal-parsopercularis-thickavg","finngen_R10_J10_CHRONSINUSITIS","outcome","wTHICK_Mean_parsopercularis_thickavg || id:enigma3-withglobal-parsopercularis-thickavg",0.00623827473581854,0.00896725797853869,0.492578918181424]
["enigma3-withglobal-parahippocampal-surfavg","ebi-eas-GCST90018603","Chronic sinusitis || id:ebi-eas-GCST90018603","wSA_Mean_parahippocampal_surfavg || id:enigma3-withglobal-parahippocampal-surfavg",-0.021402410122604,0.0307318167262932,0.495575439913629]
["enigma3-withglobal-pericalcarine-surfavg","finngen_R10_J10_CHRONSINUSITIS","outcome","wSA_Mean_pericalcarine_surfavg || id:enigma3-withglobal-pericalcarine-surfavg",0.00427283976693751,0.00623898490727235,0.496025545673296]
["enigma3-withglobal-bankssts-surfavg","finngen_R10_J10_CHRONSINUSITIS","outcome","wSA_Mean_bankssts_surfavg || id:enigma3-withglobal-bankssts-surfavg",0.0064236865919332,0.00937420344092176,0.498119522352072]
["enigma3-withglobal-cuneus-thickavg","ukb-d-J32","Diagnoses - main ICD10: J32 Chronic sinusitis || id:ukb-d-J32","wTHICK_Mean_cuneus_thickavg || id:enigma3-withglobal-cuneus-thickavg",{"v":-7.27498454416752e-5,"d":"-7.27E-05"},0.000105604344228699,0.500186797479425]
["enigma3-withglobal-parsopercularis-thickavg","ebi-eas-GCST90018603","Chronic sinusitis || id:ebi-eas-GCST90018603","wTHICK_Mean_parsopercularis_thickavg || id:enigma3-withglobal-parsopercularis-thickavg",-0.0165785363055348,0.0243357740503787,0.504893685624164]
["enigma3-withglobal-rostralmiddlefrontal-surfavg","finngen_R10_J10_CHRONSINUSITIS","outcome","wSA_Mean_rostralmiddlefrontal_surfavg || id:enigma3-withglobal-rostralmiddlefrontal-surfavg",-0.00493504929035099,0.00739854226270067,0.508159063258758]
["enigma3-withglobal-precentral-surfavg","ukb-saige-471","Nasal polyps || id:ukb-saige-471","wSA_Mean_precentral_surfavg || id:enigma3-withglobal-precentral-surfavg",-0.00644936938439103,0.00969062862264988,0.512333476633202]
["enigma3-withglobal-parsopercularis-thickavg","ukb-saige-471","Nasal polyps || id:ukb-saige-471","wTHICK_Mean_parsopercularis_thickavg || id:enigma3-withglobal-parsopercularis-thickavg",-0.0137718069177281,0.0208792104210097,0.515314839806337]
["enigma3-withglobal-entorhinal-surfavg","ukb-d-J32","Diagnoses - main ICD10: J32 Chronic sinusitis || id:ukb-d-J32","wSA_Mean_entorhinal_surfavg || id:enigma3-withglobal-entorhinal-surfavg",{"v":6.91558482409157e-5,"d":"6.92E-05"},0.000105268389865216,0.515511289810726]
["enigma3-withglobal-bankssts-surfavg","ebi-eas-GCST90018603","Chronic sinusitis || id:ebi-eas-GCST90018603","wSA_Mean_bankssts_surfavg || id:enigma3-withglobal-bankssts-surfavg",-0.0105446712637268,0.0160463290666798,0.517096104146945]
["enigma3-withglobal-inferiortemporal-thickavg","ukb-b-69","Non-cancer illness code, self-reported: chronic sinusitis || id:ukb-b-69","wTHICK_Mean_inferiortemporal_thickavg || id:enigma3-withglobal-inferiortemporal-thickavg",0.000316505667369766,0.000474915056409977,0.517733790677113]
["enigma3-withglobal-inferiortemporal-surfavg","ebi-eas-GCST90018603","Chronic sinusitis || id:ebi-eas-GCST90018603","wSA_Mean_inferiortemporal_surfavg || id:enigma3-withglobal-inferiortemporal-surfavg",-0.0108855395328614,0.0168611035703565,0.523445687075897]
["enigma3-withglobal-transversetemporal-thickavg","finngen_R10_J10_CHRONSINUSITIS","outcome","wTHICK_Mean_transversetemporal_thickavg || id:enigma3-withglobal-transversetemporal-thickavg",0.00518172851186496,0.00799191623184606,0.523771963528754]
["enigma3-withglobal-temporalpole-surfavg","ukb-d-J32","Diagnoses - main ICD10: J32 Chronic sinusitis || id:ukb-d-J32","wSA_Mean_temporalpole_surfavg || id:enigma3-withglobal-temporalpole-surfavg",{"v":6.19639766000135e-5,"d":"6.20E-05"},{"v":9.61183268351522e-5,"d":"9.61E-05"},0.525523564722105]
["enigma3-withglobal-lateralorbitofrontal-thickavg","ukb-saige-471","Nasal polyps || id:ukb-saige-471","wTHICK_Mean_lateralorbitofrontal_thickavg || id:enigma3-withglobal-lateralorbitofrontal-thickavg",-0.0158571906711222,0.0243108162165469,0.527622606018346]
["enigma3-withglobal-supramarginal-surfavg","ukb-saige-471","Nasal polyps || id:ukb-saige-471","wSA_Mean_supramarginal_surfavg || id:enigma3-withglobal-supramarginal-surfavg",0.00775800916385128,0.0124913770498497,0.538466940289447]
["enigma3-withglobal-superiorparietal-thickavg","ukb-saige-471","Nasal polyps || id:ukb-saige-471","wTHICK_Mean_superiorparietal_thickavg || id:enigma3-withglobal-superiorparietal-thickavg",0.011353683867282,0.0182462583478942,0.540175505129903]
["enigma3-withglobal-parstriangularis-surfavg","ukb-d-J32","Diagnoses - main ICD10: J32 Chronic sinusitis || id:ukb-d-J32","wSA_Mean_parstriangularis_surfavg || id:enigma3-withglobal-parstriangularis-surfavg",{"v":-3.83692071141493e-5,"d":"-3.84E-05"},{"v":6.22961603684691e-5,"d":"6.23E-05"},0.540689168908371]
["enigma3-withglobal-inferiorparietal-surfavg","ebi-eas-GCST90018603","Chronic sinusitis || id:ebi-eas-GCST90018603","wSA_Mean_inferiorparietal_surfavg || id:enigma3-withglobal-inferiorparietal-surfavg",-0.012414641124888,0.0202210795453086,0.544389995822568]
["enigma3-withglobal-medialorbitofrontal-thickavg","finngen_R10_J10_CHRONSINUSITIS","outcome","wTHICK_Mean_medialorbitofrontal_thickavg || id:enigma3-withglobal-medialorbitofrontal-thickavg",0.0154382229828549,0.0250363924882288,0.545647952891849]
["enigma3-withglobal-rostralanteriorcingulate-surfavg","ukb-d-J32","Diagnoses - main ICD10: J32 Chronic sinusitis || id:ukb-d-J32","wSA_Mean_rostralanteriorcingulate_surfavg || id:enigma3-withglobal-rostralanteriorcingulate-surfavg",{"v":-6.355172845249e-5,"d":"-6.36E-05"},0.000104261034096595,0.546605708633327]
["enigma3-withglobal-superiorparietal-surfavg","ukb-saige-471","Nasal polyps || id:ukb-saige-471","wSA_Mean_superiorparietal_surfavg || id:enigma3-withglobal-superiorparietal-surfavg",0.00831857665914694,0.0137431537098908,0.548244015814328]
["enigma3-withglobal-temporalpole-thickavg","ukb-d-J32","Diagnoses - main ICD10: J32 Chronic sinusitis || id:ukb-d-J32","wTHICK_Mean_temporalpole_thickavg || id:enigma3-withglobal-temporalpole-thickavg",{"v":-7.06966071560814e-5,"d":"-7.07E-05"},0.000116083984258601,0.548753985151054]
["enigma3-withglobal-isthmuscingulate-surfavg","ukb-saige-471","Nasal polyps || id:ukb-saige-471","wSA_Mean_isthmuscingulate_surfavg || id:enigma3-withglobal-isthmuscingulate-surfavg",0.0117239385083328,0.0193676247404267,0.551441567266319]
["enigma3-withglobal-caudalmiddlefrontal-surfavg","ukb-d-J32","Diagnoses - main ICD10: J32 Chronic sinusitis || id:ukb-d-J32","wSA_Mean_caudalmiddlefrontal_surfavg || id:enigma3-withglobal-caudalmiddlefrontal-surfavg",{"v":-6.81643691756006e-5,"d":"-6.82E-05"},0.000113261573610188,0.552705748044814]
["enigma3-withglobal-rostralmiddlefrontal-thickavg","finngen_R10_J10_CHRONSINUSITIS","outcome","wTHICK_Mean_rostralmiddlefrontal_thickavg || id:enigma3-withglobal-rostralmiddlefrontal-thickavg",0.00510435042761923,0.0085500001348263,0.555876056183025]
["enigma3-withglobal-lateralorbitofrontal-thickavg","ukb-b-69","Non-cancer illness code, self-reported: chronic sinusitis || id:ukb-b-69","wTHICK_Mean_lateralorbitofrontal_thickavg || id:enigma3-withglobal-lateralorbitofrontal-thickavg",0.000318412891601996,0.000515692299979277,0.559627829406867]
["enigma3-withglobal-inferiortemporal-surfavg","ukb-d-J32","Diagnoses - main ICD10: J32 Chronic sinusitis || id:ukb-d-J32","wSA_Mean_inferiortemporal_surfavg || id:enigma3-withglobal-inferiortemporal-surfavg",{"v":4.91210620003245e-5,"d":"4.91E-05"},{"v":8.38352924730202e-5,"d":"8.38E-05"},0.561302753713173]
["enigma3-withglobal-entorhinal-thickavg","ukb-d-J32","Diagnoses - main ICD10: J32 Chronic sinusitis || id:ukb-d-J32","wTHICK_Mean_entorhinal_thickavg || id:enigma3-withglobal-entorhinal-thickavg",{"v":-8.21054145741472e-5,"d":"-8.21E-05"},0.000140308369570771,0.564972457105053]
["enigma3-withglobal-inferiortemporal-thickavg","finngen_R10_J10_CHRONSINUSITIS","outcome","wTHICK_Mean_inferiortemporal_thickavg || id:enigma3-withglobal-inferiortemporal-thickavg",-0.00577344405640317,0.00993950649763468,0.566751159629916]
["enigma3-withglobal-rostralmiddlefrontal-surfavg","ukb-saige-471","Nasal polyps || id:ukb-saige-471","wSA_Mean_rostralmiddlefrontal_surfavg || id:enigma3-withglobal-rostralmiddlefrontal-surfavg",-0.00868855514148197,0.0154910955040973,0.577728587892534]
["enigma3-withglobal-insula-thickavg","ebi-eas-GCST90018603","Chronic sinusitis || id:ebi-eas-GCST90018603","wTHICK_Mean_insula_thickavg || id:enigma3-withglobal-insula-thickavg",-0.0151153282171897,0.0266747884148022,0.577948587549728]
["enigma3-withglobal-parsopercularis-surfavg","ukb-b-69","Non-cancer illness code, self-reported: chronic sinusitis || id:ukb-b-69","wSA_Mean_parsopercularis_surfavg || id:enigma3-withglobal-parsopercularis-surfavg",0.000224233638843767,0.000399738943360855,0.581387385008009]
["enigma3-withglobal-medialorbitofrontal-surfavg","ukb-saige-471","Nasal polyps || id:ukb-saige-471","wSA_Mean_medialorbitofrontal_surfavg || id:enigma3-withglobal-medialorbitofrontal-surfavg",-0.0116660104870311,0.0210454279911553,0.587021532346284]
["enigma3-withglobal-frontalpole-thickavg","ukb-d-J32","Diagnoses - main ICD10: J32 Chronic sinusitis || id:ukb-d-J32","wTHICK_Mean_frontalpole_thickavg || id:enigma3-withglobal-frontalpole-thickavg",{"v":7.08036624067725e-5,"d":"7.08E-05"},0.00012940959947319,0.589342441642718]
["enigma3-withglobal-fusiform-thickavg","ukb-b-69","Non-cancer illness code, self-reported: chronic sinusitis || id:ukb-b-69","wTHICK_Mean_fusiform_thickavg || id:enigma3-withglobal-fusiform-thickavg",-0.000182725057043329,0.000328354473458616,0.593098455154461]
["enigma3-withglobal-superiortemporal-thickavg","finngen_R10_J10_CHRONSINUSITIS","outcome","wTHICK_Mean_superiortemporal_thickavg || id:enigma3-withglobal-superiortemporal-thickavg",-0.00407527862075305,0.00755332092181354,0.593940000883301]
["enigma3-withglobal-caudalmiddlefrontal-thickavg","ukb-b-69","Non-cancer illness code, self-reported: chronic sinusitis || id:ukb-b-69","wTHICK_Mean_caudalmiddlefrontal_thickavg || id:enigma3-withglobal-caudalmiddlefrontal-thickavg",0.00014714859519303,0.000270540225367052,0.59449860616566]
["enigma3-withglobal-lateraloccipital-surfavg","ukb-d-J32","Diagnoses - main ICD10: J32 Chronic sinusitis || id:ukb-d-J32","wSA_Mean_lateraloccipital_surfavg || id:enigma3-withglobal-lateraloccipital-surfavg",{"v":-5.32363259635747e-5,"d":"-5.32E-05"},{"v":9.93453586646262e-5,"d":"9.93E-05"},0.595254473316437]
["enigma3-withglobal-middletemporal-thickavg","ukb-saige-471","Nasal polyps || id:ukb-saige-471","wTHICK_Mean_middletemporal_thickavg || id:enigma3-withglobal-middletemporal-thickavg",-0.0130320595080481,0.0242970834791594,0.597623612182779]
["enigma3-withglobal-inferiortemporal-surfavg","ukb-b-69","Non-cancer illness code, self-reported: chronic sinusitis || id:ukb-b-69","wSA_Mean_inferiortemporal_surfavg || id:enigma3-withglobal-inferiortemporal-surfavg",-0.000116457997347249,0.000226884467749819,0.612253565906448]
["enigma3-withglobal-pericalcarine-thickavg","ukb-d-J32","Diagnoses - main ICD10: J32 Chronic sinusitis || id:ukb-d-J32","wTHICK_Mean_pericalcarine_thickavg || id:enigma3-withglobal-pericalcarine-thickavg",{"v":6.49879620079471e-5,"d":"6.50E-05"},0.000127655404632441,0.616260611430443]
["enigma3-withglobal-parsopercularis-thickavg","ukb-b-69","Non-cancer illness code, self-reported: chronic sinusitis || id:ukb-b-69","wTHICK_Mean_parsopercularis_thickavg || id:enigma3-withglobal-parsopercularis-thickavg",-0.00023920162282124,0.000469327939519584,0.616836325500832]
["enigma3-withglobal-superiorparietal-surfavg","ukb-b-69","Non-cancer illness code, self-reported: chronic sinusitis || id:ukb-b-69","wSA_Mean_superiorparietal_surfavg || id:enigma3-withglobal-superiorparietal-surfavg",{"v":-6.97393602474209e-5,"d":"-6.97E-05"},0.000139246113158072,0.620868173255758]
["enigma3-withglobal-superiorparietal-thickavg","ebi-eas-GCST90018603","Chronic sinusitis || id:ebi-eas-GCST90018603","wTHICK_Mean_superiorparietal_thickavg || id:enigma3-withglobal-superiorparietal-thickavg",0.0129153200464106,0.0254692009557818,0.621277257152583]
["enigma3-withglobal-parstriangularis-surfavg","ukb-saige-471","Nasal polyps || id:ukb-saige-471","wSA_Mean_parstriangularis_surfavg || id:enigma3-withglobal-parstriangularis-surfavg",0.00684892333889164,0.0138249411865222,0.622673799132284]
["enigma3-withglobal-cuneus-surfavg","ukb-b-69","Non-cancer illness code, self-reported: chronic sinusitis || id:ukb-b-69","wSA_Mean_cuneus_surfavg || id:enigma3-withglobal-cuneus-surfavg",{"v":-7.4507917448689e-5,"d":"-7.45E-05"},0.000149845274395005,0.623370172874247]
["enigma3-withglobal-lingual-thickavg","ukb-saige-471","Nasal polyps || id:ukb-saige-471","wTHICK_Mean_lingual_thickavg || id:enigma3-withglobal-lingual-thickavg",0.009614231868588,0.0194113970994545,0.623582867682874]
["enigma3-withglobal-rostralmiddlefrontal-thickavg","ukb-saige-471","Nasal polyps || id:ukb-saige-471","wTHICK_Mean_rostralmiddlefrontal_thickavg || id:enigma3-withglobal-rostralmiddlefrontal-thickavg",0.0113750394212674,0.0229143894040502,0.624525555099827]
["enigma3-withglobal-posteriorcingulate-surfavg","finngen_R10_J10_CHRONSINUSITIS","outcome","wSA_Mean_posteriorcingulate_surfavg || id:enigma3-withglobal-posteriorcingulate-surfavg",0.00609334025056901,0.0123154271148233,0.625259509106661]
["enigma3-withglobal-medialorbitofrontal-surfavg","ebi-eas-GCST90018603","Chronic sinusitis || id:ebi-eas-GCST90018603","wSA_Mean_medialorbitofrontal_surfavg || id:enigma3-withglobal-medialorbitofrontal-surfavg",0.0406006283794697,0.080788772276655,0.628818210548405]
["enigma3-withglobal-entorhinal-thickavg","ukb-b-69","Non-cancer illness code, self-reported: chronic sinusitis || id:ukb-b-69","wTHICK_Mean_entorhinal_thickavg || id:enigma3-withglobal-entorhinal-thickavg",-0.000199202462325157,0.000395302897122715,0.629784513439542]
["enigma3-withglobal-precuneus-surfavg","finngen_R10_J10_CHRONSINUSITIS","outcome","wSA_Mean_precuneus_surfavg || id:enigma3-withglobal-precuneus-surfavg",0.00326992757171677,0.00686826118062541,0.636598699139835]
["enigma3-withglobal-fusiform-surfavg","finngen_R10_J10_CHRONSINUSITIS","outcome","wSA_Mean_fusiform_surfavg || id:enigma3-withglobal-fusiform-surfavg",0.00519430315310347,0.0109374743849341,0.638077329556597]
["enigma3-withglobal-superiorfrontal-surfavg","ukb-saige-471","Nasal polyps || id:ukb-saige-471","wSA_Mean_superiorfrontal_surfavg || id:enigma3-withglobal-superiorfrontal-surfavg",-0.00967571055131634,0.0204522837224393,0.640098823943467]
["enigma3-withglobal-inferiortemporal-thickavg","ukb-saige-471","Nasal polyps || id:ukb-saige-471","wTHICK_Mean_inferiortemporal_thickavg || id:enigma3-withglobal-inferiortemporal-thickavg",0.00843632180417643,0.0180785976782337,0.644960837882236]
["enigma3-withglobal-caudalmiddlefrontal-surfavg","ebi-eas-GCST90018603","Chronic sinusitis || id:ebi-eas-GCST90018603","wSA_Mean_caudalmiddlefrontal_surfavg || id:enigma3-withglobal-caudalmiddlefrontal-surfavg",0.0101559149714792,0.0218004705855312,0.647230488757546]
["enigma3-withglobal-entorhinal-surfavg","finngen_R10_J10_CHRONSINUSITIS","outcome","wSA_Mean_entorhinal_surfavg || id:enigma3-withglobal-entorhinal-surfavg",-0.00455396119976968,0.00993551710723137,0.649797497351488]
["enigma3-withglobal-lateralorbitofrontal-thickavg","finngen_R10_J10_CHRONSINUSITIS","outcome","wTHICK_Mean_lateralorbitofrontal_thickavg || id:enigma3-withglobal-lateralorbitofrontal-thickavg",0.00525900335133933,0.0113358009473248,0.652633284156631]
["enigma3-withglobal-isthmuscingulate-surfavg","finngen_R10_J10_CHRONSINUSITIS","outcome","wSA_Mean_isthmuscingulate_surfavg || id:enigma3-withglobal-isthmuscingulate-surfavg",0.00437842158770492,0.00961827814360706,0.65288066316546]
["enigma3-withglobal-superiorparietal-thickavg","finngen_R10_J10_CHRONSINUSITIS","outcome","wTHICK_Mean_superiorparietal_thickavg || id:enigma3-withglobal-superiorparietal-thickavg",-0.00392356839046635,0.00870419794607186,0.65620339665751]
["enigma3-withglobal-cuneus-thickavg","finngen_R10_J10_CHRONSINUSITIS","outcome","wTHICK_Mean_cuneus_thickavg || id:enigma3-withglobal-cuneus-thickavg",-0.00483598743659125,0.0108049028470747,0.66046134460393]
["enigma3-withglobal-cuneus-surfavg","ebi-eas-GCST90018603","Chronic sinusitis || id:ebi-eas-GCST90018603","wSA_Mean_cuneus_surfavg || id:enigma3-withglobal-cuneus-surfavg",-0.0103357689154635,0.0233767250019153,0.662044446856701]
["enigma3-withglobal-medialorbitofrontal-thickavg","ebi-eas-GCST90018603","Chronic sinusitis || id:ebi-eas-GCST90018603","wTHICK_Mean_medialorbitofrontal_thickavg || id:enigma3-withglobal-medialorbitofrontal-thickavg",0.0249766814569302,0.0559387002810839,0.663186248741243]
["enigma3-withglobal-lingual-surfavg","ebi-eas-GCST90018603","Chronic sinusitis || id:ebi-eas-GCST90018603","wSA_Mean_lingual_surfavg || id:enigma3-withglobal-lingual-surfavg",-0.00629017411279613,0.0144175234436209,0.665097541393899]
["enigma3-withglobal-paracentral-thickavg","ukb-saige-471","Nasal polyps || id:ukb-saige-471","wTHICK_Mean_paracentral_thickavg || id:enigma3-withglobal-paracentral-thickavg",-0.0103505136133185,0.0236489133646439,0.665237036327612]
["enigma3-withglobal-parsopercularis-thickavg","ukb-d-J32","Diagnoses - main ICD10: J32 Chronic sinusitis || id:ukb-d-J32","wTHICK_Mean_parsopercularis_thickavg || id:enigma3-withglobal-parsopercularis-thickavg",{"v":-4.68660109847017e-5,"d":"-4.69E-05"},0.000108608475460488,0.66939956951495]
["enigma3-withglobal-middletemporal-surfavg","ebi-eas-GCST90018603","Chronic sinusitis || id:ebi-eas-GCST90018603","wSA_Mean_middletemporal_surfavg || id:enigma3-withglobal-middletemporal-surfavg",-0.00632285811813982,0.0148748883464468,0.673631001637332]
["enigma3-withglobal-insula-thickavg","finngen_R10_J10_CHRONSINUSITIS","outcome","wTHICK_Mean_insula_thickavg || id:enigma3-withglobal-insula-thickavg",-0.00416174795633512,0.00990580326451902,0.67748547050512]
["enigma3-withglobal-postcentral-surfavg","ukb-saige-471","Nasal polyps || id:ukb-saige-471","wSA_Mean_postcentral_surfavg || id:enigma3-withglobal-postcentral-surfavg",-0.00511761212962753,0.012265630209957,0.679581500010764]
["enigma3-withglobal-caudalmiddlefrontal-thickavg","ukb-d-J32","Diagnoses - main ICD10: J32 Chronic sinusitis || id:ukb-d-J32","wTHICK_Mean_caudalmiddlefrontal_thickavg || id:enigma3-withglobal-caudalmiddlefrontal-thickavg",{"v":4.43589261407581e-5,"d":"4.44E-05"},0.000106668199158941,0.680683318593836]
["enigma3-withglobal-lateralorbitofrontal-surfavg","ebi-eas-GCST90018603","Chronic sinusitis || id:ebi-eas-GCST90018603","wSA_Mean_lateralorbitofrontal_surfavg || id:enigma3-withglobal-lateralorbitofrontal-surfavg",-0.00786070197137234,0.0190695770921352,0.682698233584524]
["enigma3-withglobal-cuneus-thickavg","ukb-b-69","Non-cancer illness code, self-reported: chronic sinusitis || id:ukb-b-69","wTHICK_Mean_cuneus_thickavg || id:enigma3-withglobal-cuneus-thickavg",{"v":-9.15984501087573e-5,"d":"-9.16E-05"},0.00021735173417353,0.684536579094201]
["enigma3-withglobal-inferiortemporal-surfavg","ukb-saige-471","Nasal polyps || id:ukb-saige-471","wSA_Mean_inferiortemporal_surfavg || id:enigma3-withglobal-inferiortemporal-surfavg",0.00645292779720712,0.0159392418559298,0.687986818001329]
["enigma3-withglobal-precentral-surfavg","ukb-b-69","Non-cancer illness code, self-reported: chronic sinusitis || id:ukb-b-69","wSA_Mean_precentral_surfavg || id:enigma3-withglobal-precentral-surfavg",{"v":8.58116516101311e-5,"d":"8.58E-05"},0.000211167995701466,0.689542958031069]
["enigma3-withglobal-lateraloccipital-thickavg","ukb-b-69","Non-cancer illness code, self-reported: chronic sinusitis || id:ukb-b-69","wTHICK_Mean_lateraloccipital_thickavg || id:enigma3-withglobal-lateraloccipital-thickavg",-0.000162967602273936,0.000410811633125463,0.696526748036551]
["enigma3-withglobal-parstriangularis-thickavg","ukb-b-69","Non-cancer illness code, self-reported: chronic sinusitis || id:ukb-b-69","wTHICK_Mean_parstriangularis_thickavg || id:enigma3-withglobal-parstriangularis-thickavg",0.000124135573910822,0.000324842366130935,0.708094969847613]
["enigma3-withglobal-parsorbitalis-surfavg","finngen_R10_J10_CHRONSINUSITIS","outcome","wSA_Mean_parsorbitalis_surfavg || id:enigma3-withglobal-parsorbitalis-surfavg",0.0034315218700427,0.00910672236079587,0.708880444449733]
["enigma3-withglobal-middletemporal-surfavg","finngen_R10_J10_CHRONSINUSITIS","outcome","wSA_Mean_middletemporal_surfavg || id:enigma3-withglobal-middletemporal-surfavg",-0.00294317769993882,0.0079012268972369,0.711353102148345]
["enigma3-withglobal-bankssts-surfavg","ukb-saige-471","Nasal polyps || id:ukb-saige-471","wSA_Mean_bankssts_surfavg || id:enigma3-withglobal-bankssts-surfavg",-0.00668917988931118,0.0180320270323641,0.713111158655701]
["enigma3-withglobal-caudalanteriorcingulate-surfavg","ukb-d-J32","Diagnoses - main ICD10: J32 Chronic sinusitis || id:ukb-d-J32","wSA_Mean_caudalanteriorcingulate_surfavg || id:enigma3-withglobal-caudalanteriorcingulate-surfavg",{"v":-5.1785482402416e-5,"d":"-5.18E-05"},0.00014356129574347,0.721600430455885]
["enigma3-withglobal-parsopercularis-surfavg","ukb-saige-471","Nasal polyps || id:ukb-saige-471","wSA_Mean_parsopercularis_surfavg || id:enigma3-withglobal-parsopercularis-surfavg",0.00607672322151758,0.0169113718900316,0.721866941966234]
["enigma3-withglobal-precuneus-thickavg","ukb-saige-471","Nasal polyps || id:ukb-saige-471","wTHICK_Mean_precuneus_thickavg || id:enigma3-withglobal-precuneus-thickavg",-0.00693562228843298,0.0195054135610025,0.724732896520581]
["enigma3-withglobal-inferiorparietal-thickavg","ukb-b-69","Non-cancer illness code, self-reported: chronic sinusitis || id:ukb-b-69","wTHICK_Mean_inferiorparietal_thickavg || id:enigma3-withglobal-inferiorparietal-thickavg",0.00018944492102539,0.000536439060796571,0.730648624177668]
["enigma3-withglobal-lateralorbitofrontal-surfavg","ukb-saige-471","Nasal polyps || id:ukb-saige-471","wSA_Mean_lateralorbitofrontal_surfavg || id:enigma3-withglobal-lateralorbitofrontal-surfavg",0.00527620802801833,0.0153446885452601,0.732433355772368]
["enigma3-withglobal-precuneus-thickavg","ukb-b-69","Non-cancer illness code, self-reported: chronic sinusitis || id:ukb-b-69","wTHICK_Mean_precuneus_thickavg || id:enigma3-withglobal-precuneus-thickavg",0.000134492261569955,0.00039001690985122,0.735342568186863]
["enigma3-withglobal-insula-surfavg","ukb-saige-471","Nasal polyps || id:ukb-saige-471","wSA_Mean_insula_surfavg || id:enigma3-withglobal-insula-surfavg",0.00540647278225262,0.015928193033873,0.736063159442575]
["enigma3-withglobal-superiorfrontal-surfavg","ukb-d-J32","Diagnoses - main ICD10: J32 Chronic sinusitis || id:ukb-d-J32","wSA_Mean_superiorfrontal_surfavg || id:enigma3-withglobal-superiorfrontal-surfavg",{"v":3.60923460853984e-5,"d":"3.61E-05"},0.000106184874899037,0.736299452924182]
["enigma3-withglobal-temporalpole-thickavg","ebi-eas-GCST90018603","Chronic sinusitis || id:ebi-eas-GCST90018603","wTHICK_Mean_temporalpole_thickavg || id:enigma3-withglobal-temporalpole-thickavg",-0.00575317333628169,0.0170111479081472,0.740611822975241]
["enigma3-withglobal-lingual-surfavg","finngen_R10_J10_CHRONSINUSITIS","outcome","wSA_Mean_lingual_surfavg || id:enigma3-withglobal-lingual-surfavg",0.00267064717017779,0.00808134035495067,0.74248240830685]
["enigma3-withglobal-isthmuscingulate-surfavg","ukb-b-69","Non-cancer illness code, self-reported: chronic sinusitis || id:ukb-b-69","wSA_Mean_isthmuscingulate_surfavg || id:enigma3-withglobal-isthmuscingulate-surfavg",{"v":-8.68337944975835e-5,"d":"-8.68E-05"},0.00026635685053206,0.7492420823432]
["enigma3-withglobal-superiortemporal-surfavg","ukb-b-69","Non-cancer illness code, self-reported: chronic sinusitis || id:ukb-b-69","wSA_Mean_superiortemporal_surfavg || id:enigma3-withglobal-superiortemporal-surfavg",{"v":-6.82222690344309e-5,"d":"-6.82E-05"},0.000213711867780266,0.752207694149871]
["enigma3-withglobal-posteriorcingulate-thickavg","finngen_R10_J10_CHRONSINUSITIS","outcome","wTHICK_Mean_posteriorcingulate_thickavg || id:enigma3-withglobal-posteriorcingulate-thickavg",0.00422618499719517,0.0133161297577876,0.753495018114019]
["enigma3-withglobal-posteriorcingulate-surfavg","ukb-d-J32","Diagnoses - main ICD10: J32 Chronic sinusitis || id:ukb-d-J32","wSA_Mean_posteriorcingulate_surfavg || id:enigma3-withglobal-posteriorcingulate-surfavg",{"v":3.98347228537438e-5,"d":"3.98E-05"},0.000127478501289587,0.757373290387923]
["enigma3-withglobal-rostralanteriorcingulate-thickavg","ukb-saige-471","Nasal polyps || id:ukb-saige-471","wTHICK_Mean_rostralanteriorcingulate_thickavg || id:enigma3-withglobal-rostralanteriorcingulate-thickavg",-0.00657858013086516,0.0216404976916004,0.763752554223727]
["enigma3-withglobal-lateraloccipital-thickavg","ukb-d-J32","Diagnoses - main ICD10: J32 Chronic sinusitis || id:ukb-d-J32","wTHICK_Mean_lateraloccipital_thickavg || id:enigma3-withglobal-lateraloccipital-thickavg",{"v":4.36927702919481e-5,"d":"4.37E-05"},0.000144560103528898,0.764868918604652]
["enigma3-withglobal-parsopercularis-surfavg","finngen_R10_J10_CHRONSINUSITIS","outcome","wSA_Mean_parsopercularis_surfavg || id:enigma3-withglobal-parsopercularis-surfavg",0.00219999443108765,0.00747484458963274,0.770540511039898]
["enigma3-withglobal-supramarginal-surfavg","ukb-d-J32","Diagnoses - main ICD10: J32 Chronic sinusitis || id:ukb-d-J32","wSA_Mean_supramarginal_surfavg || id:enigma3-withglobal-supramarginal-surfavg",{"v":2.00865442723528e-5,"d":"2.01E-05"},{"v":6.85576593079985e-5,"d":"6.86E-05"},0.771168587278446]
["enigma3-withglobal-caudalanteriorcingulate-surfavg","ukb-saige-471","Nasal polyps || id:ukb-saige-471","wSA_Mean_caudalanteriorcingulate_surfavg || id:enigma3-withglobal-caudalanteriorcingulate-surfavg",-0.00567054941738526,0.0193430623658436,0.77203108780101]
["enigma3-withglobal-superiortemporal-thickavg","ukb-saige-471","Nasal polyps || id:ukb-saige-471","wTHICK_Mean_superiortemporal_thickavg || id:enigma3-withglobal-superiortemporal-thickavg",-0.00597002393818209,0.0213337085085733,0.781733045278036]
["enigma3-withglobal-postcentral-thickavg","ukb-saige-471","Nasal polyps || id:ukb-saige-471","wTHICK_Mean_postcentral_thickavg || id:enigma3-withglobal-postcentral-thickavg",0.00305037731359096,0.010948165752477,0.782130735920008]
["enigma3-withglobal-entorhinal-surfavg","ukb-saige-471","Nasal polyps || id:ukb-saige-471","wSA_Mean_entorhinal_surfavg || id:enigma3-withglobal-entorhinal-surfavg",0.0053045459246704,0.0190334199265837,0.782165924265306]
["enigma3-withglobal-postcentral-surfavg","ukb-d-J32","Diagnoses - main ICD10: J32 Chronic sinusitis || id:ukb-d-J32","wSA_Mean_postcentral_surfavg || id:enigma3-withglobal-postcentral-surfavg",{"v":2.05515700133511e-5,"d":"2.06E-05"},{"v":7.54857896819788e-5,"d":"7.55E-05"},0.787421728436751]
["enigma3-withglobal-superiortemporal-thickavg","ukb-d-J32","Diagnoses - main ICD10: J32 Chronic sinusitis || id:ukb-d-J32","wTHICK_Mean_superiortemporal_thickavg || id:enigma3-withglobal-superiortemporal-thickavg",{"v":-2.62538261650406e-5,"d":"-2.63E-05"},{"v":9.91178571957709e-5,"d":"9.91E-05"},0.792979508994178]
["enigma3-withglobal-inferiorparietal-surfavg","ukb-b-69","Non-cancer illness code, self-reported: chronic sinusitis || id:ukb-b-69","wSA_Mean_inferiorparietal_surfavg || id:enigma3-withglobal-inferiorparietal-surfavg",{"v":-4.38339055353106e-5,"d":"-4.38E-05"},0.000168858485754993,0.797708296272478]
["enigma3-withglobal-superiorfrontal-surfavg","finngen_R10_J10_CHRONSINUSITIS","outcome","wSA_Mean_superiorfrontal_surfavg || id:enigma3-withglobal-superiorfrontal-surfavg",0.00253735905701299,0.00989111826525684,0.799293449758705]
["enigma3-withglobal-lateraloccipital-surfavg","ukb-b-69","Non-cancer illness code, self-reported: chronic sinusitis || id:ukb-b-69","wSA_Mean_lateraloccipital_surfavg || id:enigma3-withglobal-lateraloccipital-surfavg",{"v":3.40949245074015e-5,"d":"3.41E-05"},0.00013580748299826,0.803673674634782]
["enigma3-withglobal-insula-surfavg","ukb-d-J32","Diagnoses - main ICD10: J32 Chronic sinusitis || id:ukb-d-J32","wSA_Mean_insula_surfavg || id:enigma3-withglobal-insula-surfavg",{"v":2.02709103396159e-5,"d":"2.03E-05"},{"v":8.11335416508972e-5,"d":"8.11E-05"},0.803869086111811]
["enigma3-withglobal-posteriorcingulate-thickavg","ukb-d-J32","Diagnoses - main ICD10: J32 Chronic sinusitis || id:ukb-d-J32","wTHICK_Mean_posteriorcingulate_thickavg || id:enigma3-withglobal-posteriorcingulate-thickavg",{"v":3.2928736001618e-5,"d":"3.29E-05"},0.000132860806007761,0.806063783663119]
["enigma3-withglobal-precuneus-surfavg","ukb-b-69","Non-cancer illness code, self-reported: chronic sinusitis || id:ukb-b-69","wSA_Mean_precuneus_surfavg || id:enigma3-withglobal-precuneus-surfavg",{"v":-2.89741303125634e-5,"d":"-2.90E-05"},0.000117414301737011,0.806415818349451]
["enigma3-withglobal-rostralmiddlefrontal-surfavg","ukb-d-J32","Diagnoses - main ICD10: J32 Chronic sinusitis || id:ukb-d-J32","wSA_Mean_rostralmiddlefrontal_surfavg || id:enigma3-withglobal-rostralmiddlefrontal-surfavg",{"v":-2.21204003515165e-5,"d":"-2.21E-05"},{"v":9.01639522770683e-5,"d":"9.02E-05"},0.807288084103553]
["enigma3-withglobal-frontalpole-surfavg","ukb-saige-471","Nasal polyps || id:ukb-saige-471","wSA_Mean_frontalpole_surfavg || id:enigma3-withglobal-frontalpole-surfavg",-0.00467796458718778,0.0194346446805208,0.812236049638726]
["enigma3-withglobal-medialorbitofrontal-surfavg","finngen_R10_J10_CHRONSINUSITIS","outcome","wSA_Mean_medialorbitofrontal_surfavg || id:enigma3-withglobal-medialorbitofrontal-surfavg",0.00176946871783533,0.00757483723646249,0.817932936170447]
["enigma3-withglobal-fusiform-thickavg","ukb-saige-471","Nasal polyps || id:ukb-saige-471","wTHICK_Mean_fusiform_thickavg || id:enigma3-withglobal-fusiform-thickavg",-0.00603246303518787,0.025829842023321,0.818974592658196]
["enigma3-withglobal-caudalmiddlefrontal-surfavg","ukb-saige-471","Nasal polyps || id:ukb-saige-471","wSA_Mean_caudalmiddlefrontal_surfavg || id:enigma3-withglobal-caudalmiddlefrontal-surfavg",-0.00525498186772577,0.0231288767602797,0.822041897945029]
["enigma3-withglobal-postcentral-surfavg","ebi-eas-GCST90018603","Chronic sinusitis || id:ebi-eas-GCST90018603","wSA_Mean_postcentral_surfavg || id:enigma3-withglobal-postcentral-surfavg",0.00319511557971143,0.0141272932286225,0.823620502308411]
["enigma3-withglobal-transversetemporal-thickavg","ukb-d-J32","Diagnoses - main ICD10: J32 Chronic sinusitis || id:ukb-d-J32","wTHICK_Mean_transversetemporal_thickavg || id:enigma3-withglobal-transversetemporal-thickavg",{"v":2.5167788960076e-5,"d":"2.52E-05"},0.0001149916401058,0.828771948253541]
["enigma3-withglobal-isthmuscingulate-surfavg","ebi-eas-GCST90018603","Chronic sinusitis || id:ebi-eas-GCST90018603","wSA_Mean_isthmuscingulate_surfavg || id:enigma3-withglobal-isthmuscingulate-surfavg",0.00856162975237281,0.0391320928907791,0.829420346173416]
["enigma3-withglobal-parstriangularis-thickavg","ukb-d-J32","Diagnoses - main ICD10: J32 Chronic sinusitis || id:ukb-d-J32","wTHICK_Mean_parstriangularis_thickavg || id:enigma3-withglobal-parstriangularis-thickavg",{"v":2.11157500847115e-5,"d":"2.11E-05"},{"v":9.84685907145341e-5,"d":"9.85E-05"},0.831875796738114]
["enigma3-withglobal-superiortemporal-thickavg","ukb-b-69","Non-cancer illness code, self-reported: chronic sinusitis || id:ukb-b-69","wTHICK_Mean_superiortemporal_thickavg || id:enigma3-withglobal-superiortemporal-thickavg",{"v":-7.59955690885019e-5,"d":"-7.60E-05"},0.000355722977901069,0.833910148109683]
["enigma3-withglobal-insula-surfavg","finngen_R10_J10_CHRONSINUSITIS","outcome","wSA_Mean_insula_surfavg || id:enigma3-withglobal-insula-surfavg",0.00145104415817179,0.00709981116517086,0.839022528524466]
["enigma3-withglobal-parahippocampal-thickavg","ukb-saige-471","Nasal polyps || id:ukb-saige-471","wTHICK_Mean_parahippocampal_thickavg || id:enigma3-withglobal-parahippocampal-thickavg",-0.00389546855878735,0.0191990045643277,0.840583453643562]
["enigma3-withglobal-entorhinal-thickavg","ukb-saige-471","Nasal polyps || id:ukb-saige-471","wTHICK_Mean_entorhinal_thickavg || id:enigma3-withglobal-entorhinal-thickavg",0.00442404997494967,0.0228541794483536,0.848459354395087]
["enigma3-withglobal-temporalpole-thickavg","finngen_R10_J10_CHRONSINUSITIS","outcome","wTHICK_Mean_temporalpole_thickavg || id:enigma3-withglobal-temporalpole-thickavg",0.00174532794067259,0.00923462280853446,0.851908820308527]
["enigma3-withglobal-superiorfrontal-surfavg","ukb-b-69","Non-cancer illness code, self-reported: chronic sinusitis || id:ukb-b-69","wSA_Mean_superiorfrontal_surfavg || id:enigma3-withglobal-superiorfrontal-surfavg",{"v":-7.2420984452973e-5,"d":"-7.24E-05"},0.000385772647223399,0.853448668524546]
["enigma3-withglobal-inferiorparietal-thickavg","ebi-eas-GCST90018603","Chronic sinusitis || id:ebi-eas-GCST90018603","wTHICK_Mean_inferiorparietal_thickavg || id:enigma3-withglobal-inferiorparietal-thickavg",-0.00438103493027353,0.0234331974442403,0.854198428806803]
["enigma3-withglobal-parahippocampal-surfavg","ukb-d-J32","Diagnoses - main ICD10: J32 Chronic sinusitis || id:ukb-d-J32","wSA_Mean_parahippocampal_surfavg || id:enigma3-withglobal-parahippocampal-surfavg",{"v":2.45834952864171e-5,"d":"2.46E-05"},0.000132680710857562,0.854444803678357]
["enigma3-withglobal-caudalmiddlefrontal-thickavg","ukb-saige-471","Nasal polyps || id:ukb-saige-471","wTHICK_Mean_caudalmiddlefrontal_thickavg || id:enigma3-withglobal-caudalmiddlefrontal-thickavg",0.00340286415725273,0.019434452396883,0.862222234821635]
["enigma3-withglobal-temporalpole-surfavg","finngen_R10_J10_CHRONSINUSITIS","outcome","wSA_Mean_temporalpole_surfavg || id:enigma3-withglobal-temporalpole-surfavg",0.00132131929181802,0.00757958028660539,0.86313449285788]
["enigma3-withglobal-frontalpole-surfavg","ebi-eas-GCST90018603","Chronic sinusitis || id:ebi-eas-GCST90018603","wSA_Mean_frontalpole_surfavg || id:enigma3-withglobal-frontalpole-surfavg",-0.00313065245073991,0.0180163720932557,0.864725183269217]
["enigma3-withglobal-parsopercularis-surfavg","ukb-d-J32","Diagnoses - main ICD10: J32 Chronic sinusitis || id:ukb-d-J32","wSA_Mean_parsopercularis_surfavg || id:enigma3-withglobal-parsopercularis-surfavg",{"v":-1.65766418501609e-5,"d":"-1.66E-05"},0.000100217985276527,0.869734149720687]
["enigma3-withglobal-entorhinal-thickavg","finngen_R10_J10_CHRONSINUSITIS","outcome","wTHICK_Mean_entorhinal_thickavg || id:enigma3-withglobal-entorhinal-thickavg",0.00180800245052773,0.0114608528554467,0.876314649639504]
["enigma3-withglobal-fusiform-thickavg","finngen_R10_J10_CHRONSINUSITIS","outcome","wTHICK_Mean_fusiform_thickavg || id:enigma3-withglobal-fusiform-thickavg",0.00182533085993769,0.0115707840699033,0.876755115588]
["enigma3-withglobal-lingual-surfavg","ukb-saige-471","Nasal polyps || id:ukb-saige-471","wSA_Mean_lingual_surfavg || id:enigma3-withglobal-lingual-surfavg",0.00279119428297669,0.0184384337211754,0.880419043666868]
["enigma3-withglobal-inferiorparietal-surfavg","ukb-saige-471","Nasal polyps || id:ukb-saige-471","wSA_Mean_inferiorparietal_surfavg || id:enigma3-withglobal-inferiorparietal-surfavg",-0.00231106950519502,0.0156682579313108,0.883560321564948]
["enigma3-withglobal-paracentral-thickavg","ebi-eas-GCST90018603","Chronic sinusitis || id:ebi-eas-GCST90018603","wTHICK_Mean_paracentral_thickavg || id:enigma3-withglobal-paracentral-thickavg",0.00374037042888983,0.0261623466073757,0.887746265696513]
["enigma3-withglobal-middletemporal-surfavg","ukb-saige-471","Nasal polyps || id:ukb-saige-471","wSA_Mean_middletemporal_surfavg || id:enigma3-withglobal-middletemporal-surfavg",0.00235599215737627,0.0167677402704419,0.888947121437673]
["enigma3-withglobal-posteriorcingulate-surfavg","ukb-saige-471","Nasal polyps || id:ukb-saige-471","wSA_Mean_posteriorcingulate_surfavg || id:enigma3-withglobal-posteriorcingulate-surfavg",-0.00252205829682584,0.0224444912211987,0.911550077546974]
["enigma3-withglobal-caudalanteriorcingulate-surfavg","ebi-eas-GCST90018603","Chronic sinusitis || id:ebi-eas-GCST90018603","wSA_Mean_caudalanteriorcingulate_surfavg || id:enigma3-withglobal-caudalanteriorcingulate-surfavg",-0.00188947633610407,0.0168983406317112,0.912085231491055]
["enigma3-withglobal-middletemporal-thickavg","finngen_R10_J10_CHRONSINUSITIS","outcome","wTHICK_Mean_middletemporal_thickavg || id:enigma3-withglobal-middletemporal-thickavg",-0.00186173192111496,0.0171915021445349,0.914898157054462]
["enigma3-withglobal-bankssts-thickavg","ukb-d-J32","Diagnoses - main ICD10: J32 Chronic sinusitis || id:ukb-d-J32","wTHICK_Mean_bankssts_thickavg || id:enigma3-withglobal-bankssts-thickavg",{"v":1.65576482567184e-5,"d":"1.66E-05"},0.000155806469823532,0.916775868509534]
["enigma3-withglobal-insula-surfavg","ukb-b-69","Non-cancer illness code, self-reported: chronic sinusitis || id:ukb-b-69","wSA_Mean_insula_surfavg || id:enigma3-withglobal-insula-surfavg",{"v":2.2906983567132e-5,"d":"2.29E-05"},0.000218675992635044,0.917346057816259]
["enigma3-withglobal-precuneus-thickavg","ukb-d-J32","Diagnoses - main ICD10: J32 Chronic sinusitis || id:ukb-d-J32","wTHICK_Mean_precuneus_thickavg || id:enigma3-withglobal-precuneus-thickavg",{"v":9.93739421393081e-6,"d":"9.94E-06"},{"v":9.68263051419368e-5,"d":"9.68E-05"},0.918962133878053]
["enigma3-withglobal-transversetemporal-thickavg","ukb-b-69","Non-cancer illness code, self-reported: chronic sinusitis || id:ukb-b-69","wTHICK_Mean_transversetemporal_thickavg || id:enigma3-withglobal-transversetemporal-thickavg",{"v":3.38775607615442e-5,"d":"3.39E-05"},0.000347970313548693,0.924576062784245]
["enigma3-withglobal-precuneus-thickavg","ebi-eas-GCST90018603","Chronic sinusitis || id:ebi-eas-GCST90018603","wTHICK_Mean_precuneus_thickavg || id:enigma3-withglobal-precuneus-thickavg",0.00285300470290461,0.0300783736681603,0.925480049313031]
["enigma3-withglobal-postcentral-thickavg","ukb-b-69","Non-cancer illness code, self-reported: chronic sinusitis || id:ukb-b-69","wTHICK_Mean_postcentral_thickavg || id:enigma3-withglobal-postcentral-thickavg",{"v":-3.27858910562722e-5,"d":"-3.28E-05"},0.000355994679959177,0.92738574556578]
["enigma3-withglobal-supramarginal-surfavg","ukb-b-69","Non-cancer illness code, self-reported: chronic sinusitis || id:ukb-b-69","wSA_Mean_supramarginal_surfavg || id:enigma3-withglobal-supramarginal-surfavg",{"v":-1.20742199757838e-5,"d":"-1.21E-05"},0.000133661484427814,0.928741414718957]
["enigma3-withglobal-parsorbitalis-surfavg","ukb-b-69","Non-cancer illness code, self-reported: chronic sinusitis || id:ukb-b-69","wSA_Mean_parsorbitalis_surfavg || id:enigma3-withglobal-parsorbitalis-surfavg",{"v":1.84118184080002e-5,"d":"1.84E-05"},0.00021202490421893,0.931520740011011]
["enigma3-withglobal-paracentral-surfavg","ukb-b-69","Non-cancer illness code, self-reported: chronic sinusitis || id:ukb-b-69","wSA_Mean_paracentral_surfavg || id:enigma3-withglobal-paracentral-surfavg",{"v":4.73612948383863e-5,"d":"4.74E-05"},0.000559129089659483,0.933546380952531]
["enigma3-withglobal-caudalanteriorcingulate-thickavg","finngen_R10_J10_CHRONSINUSITIS","outcome","wTHICK_Mean_caudalanteriorcingulate_thickavg || id:enigma3-withglobal-caudalanteriorcingulate-thickavg",-0.000870726869363199,0.0104874571662028,0.934861080958905]
["enigma3-withglobal-cuneus-surfavg","ukb-d-J32","Diagnoses - main ICD10: J32 Chronic sinusitis || id:ukb-d-J32","wSA_Mean_cuneus_surfavg || id:enigma3-withglobal-cuneus-surfavg",{"v":6.74128299344187e-6,"d":"6.74E-06"},{"v":8.2369152619257e-5,"d":"8.24E-05"},0.935190692596324]
["enigma3-withglobal-precentral-thickavg","finngen_R10_J10_CHRONSINUSITIS","outcome","wTHICK_Mean_precentral_thickavg || id:enigma3-withglobal-precentral-thickavg",-0.00054533301875326,0.00728331351961788,0.940910646967921]
["enigma3-withglobal-cuneus-surfavg","ukb-saige-471","Nasal polyps || id:ukb-saige-471","wSA_Mean_cuneus_surfavg || id:enigma3-withglobal-cuneus-surfavg",0.0010731061292357,0.0144701672750838,0.941262232775354]
["enigma3-withglobal-caudalanteriorcingulate-surfavg","finngen_R10_J10_CHRONSINUSITIS","outcome","wSA_Mean_caudalanteriorcingulate_surfavg || id:enigma3-withglobal-caudalanteriorcingulate-surfavg",-0.000612109003125596,0.0083249495010329,0.94199610117261]
["enigma3-withglobal-entorhinal-surfavg","ukb-b-69","Non-cancer illness code, self-reported: chronic sinusitis || id:ukb-b-69","wSA_Mean_entorhinal_surfavg || id:enigma3-withglobal-entorhinal-surfavg",{"v":2.43653836699621e-5,"d":"2.44E-05"},0.000344757939305157,0.944326025839022]
["enigma3-withglobal-lateralorbitofrontal-thickavg","ebi-eas-GCST90018603","Chronic sinusitis || id:ebi-eas-GCST90018603","wTHICK_Mean_lateralorbitofrontal_thickavg || id:enigma3-withglobal-lateralorbitofrontal-thickavg",0.0137194031371638,0.188235414584917,0.945397199177747]
["enigma3-withglobal-posteriorcingulate-thickavg","ebi-eas-GCST90018603","Chronic sinusitis || id:ebi-eas-GCST90018603","wTHICK_Mean_posteriorcingulate_thickavg || id:enigma3-withglobal-posteriorcingulate-thickavg",-0.00227322099329898,0.0329960208450564,0.94564495900841]
["enigma3-withglobal-frontalpole-surfavg","ukb-d-J32","Diagnoses - main ICD10: J32 Chronic sinusitis || id:ukb-d-J32","wSA_Mean_frontalpole_surfavg || id:enigma3-withglobal-frontalpole-surfavg",{"v":1.04912325319088e-5,"d":"1.05E-05"},0.000158597537380153,0.947884102901371]
["enigma3-withglobal-lingual-surfavg","ukb-b-69","Non-cancer illness code, self-reported: chronic sinusitis || id:ukb-b-69","wSA_Mean_lingual_surfavg || id:enigma3-withglobal-lingual-surfavg",{"v":9.44763587001823e-6,"d":"9.45E-06"},0.00014467539745612,0.94831577582606]
["enigma3-withglobal-middletemporal-thickavg","ukb-b-69","Non-cancer illness code, self-reported: chronic sinusitis || id:ukb-b-69","wTHICK_Mean_middletemporal_thickavg || id:enigma3-withglobal-middletemporal-thickavg",{"v":-1.64327981043241e-5,"d":"-1.64E-05"},0.000276796167964293,0.953442830989316]
["enigma3-withglobal-lateraloccipital-thickavg","finngen_R10_J10_CHRONSINUSITIS","outcome","wTHICK_Mean_lateraloccipital_thickavg || id:enigma3-withglobal-lateraloccipital-thickavg",-0.000475002415889479,0.00842448442269211,0.955467326643583]
["enigma3-withglobal-entorhinal-surfavg","ebi-eas-GCST90018603","Chronic sinusitis || id:ebi-eas-GCST90018603","wSA_Mean_entorhinal_surfavg || id:enigma3-withglobal-entorhinal-surfavg",-0.000943015281951585,0.0179895407740741,0.958771262028329]
["enigma3-withglobal-caudalanteriorcingulate-thickavg","ebi-eas-GCST90018603","Chronic sinusitis || id:ebi-eas-GCST90018603","wTHICK_Mean_caudalanteriorcingulate_thickavg || id:enigma3-withglobal-caudalanteriorcingulate-thickavg",-0.0015507509590405,0.0313942604508441,0.961576390226277]
["enigma3-withglobal-fusiform-surfavg","ukb-saige-471","Nasal polyps || id:ukb-saige-471","wSA_Mean_fusiform_surfavg || id:enigma3-withglobal-fusiform-surfavg",0.000877226493568103,0.0192386449736424,0.963923845897829]
["enigma3-withglobal-rostralanteriorcingulate-surfavg","ukb-saige-471","Nasal polyps || id:ukb-saige-471","wSA_Mean_rostralanteriorcingulate_surfavg || id:enigma3-withglobal-rostralanteriorcingulate-surfavg",-0.000931822088324807,0.0221410441648041,0.966751889657506]
["enigma3-withglobal-parsorbitalis-surfavg","ebi-eas-GCST90018603","Chronic sinusitis || id:ebi-eas-GCST90018603","wSA_Mean_parsorbitalis_surfavg || id:enigma3-withglobal-parsorbitalis-surfavg",-0.00181531037852251,0.0440467882013424,0.967481588187672]
["enigma3-withglobal-lingual-thickavg","finngen_R10_J10_CHRONSINUSITIS","outcome","wTHICK_Mean_lingual_thickavg || id:enigma3-withglobal-lingual-thickavg",0.000438166344883459,0.0112017974017391,0.969020401560872]
["enigma3-withglobal-pericalcarine-surfavg","ebi-eas-GCST90018603","Chronic sinusitis || id:ebi-eas-GCST90018603","wSA_Mean_pericalcarine_surfavg || id:enigma3-withglobal-pericalcarine-surfavg",0.000605948923372622,0.0198069196703759,0.975723836378317]
["enigma3-withglobal-parahippocampal-surfavg","ukb-saige-471","Nasal polyps || id:ukb-saige-471","wSA_Mean_parahippocampal_surfavg || id:enigma3-withglobal-parahippocampal-surfavg",0.000602342538820902,0.026517367257755,0.982082365197328]
["enigma3-withglobal-precentral-surfavg","ebi-eas-GCST90018603","Chronic sinusitis || id:ebi-eas-GCST90018603","wSA_Mean_precentral_surfavg || id:enigma3-withglobal-precentral-surfavg",-0.000336335171626001,0.015092089805438,0.982404446752408]
["enigma3-withglobal-frontalpole-thickavg","ebi-eas-GCST90018603","Chronic sinusitis || id:ebi-eas-GCST90018603","wTHICK_Mean_frontalpole_thickavg || id:enigma3-withglobal-frontalpole-thickavg",-0.000361148980669824,0.0164289384659097,0.98277216220463]
["enigma3-withglobal-posteriorcingulate-surfavg","ebi-eas-GCST90018603","Chronic sinusitis || id:ebi-eas-GCST90018603","wSA_Mean_posteriorcingulate_surfavg || id:enigma3-withglobal-posteriorcingulate-surfavg",0.000752235245041112,0.0358420522685274,0.98347446457134]
["enigma3-withglobal-isthmuscingulate-thickavg","ukb-saige-471","Nasal polyps || id:ukb-saige-471","wTHICK_Mean_isthmuscingulate_thickavg || id:enigma3-withglobal-isthmuscingulate-thickavg",0.000491826231726643,0.0254647986183263,0.984714422032525]
["enigma3-withglobal-superiorfrontal-thickavg","ukb-saige-471","Nasal polyps || id:ukb-saige-471","wTHICK_Mean_superiorfrontal_thickavg || id:enigma3-withglobal-superiorfrontal-thickavg",-0.000334702527040486,0.0174438657093703,0.984843922542481]
["enigma3-withglobal-transversetemporal-surfavg","ukb-b-69","Non-cancer illness code, self-reported: chronic sinusitis || id:ukb-b-69","wSA_Mean_transversetemporal_surfavg || id:enigma3-withglobal-transversetemporal-surfavg",{"v":3.64591473017985e-6,"d":"3.65E-06"},0.000219982575009745,0.986926133910638]
["enigma3-withglobal-inferiorparietal-surfavg","ukb-d-J32","Diagnoses - main ICD10: J32 Chronic sinusitis || id:ukb-d-J32","wSA_Mean_inferiorparietal_surfavg || id:enigma3-withglobal-inferiorparietal-surfavg",{"v":1.31500965477199e-6,"d":"1.32E-06"},{"v":8.83118141309552e-5,"d":"8.83E-05"},0.988201734758618]
["enigma3-withglobal-insula-thickavg","ukb-b-69","Non-cancer illness code, self-reported: chronic sinusitis || id:ukb-b-69","wTHICK_Mean_insula_thickavg || id:enigma3-withglobal-insula-thickavg",{"v":6.42176412912356e-6,"d":"6.42E-06"},0.000459641188365106,0.98901557071024]
["enigma3-withglobal-paracentral-surfavg","ukb-d-J32","Diagnoses - main ICD10: J32 Chronic sinusitis || id:ukb-d-J32","wSA_Mean_paracentral_surfavg || id:enigma3-withglobal-paracentral-surfavg",{"v":-1.38320007145113e-6,"d":"-1.38E-06"},0.000135692530581108,0.991939081573681]